{"text_format":"3","workbook":"xls","n_sheets":30,"sheets":["Ruas Ben","M. Calc Dre","Terrap.","BASE E SUB","Cub","Pavim.","Coord","MAT. PETREO","MAT BETUMINOSO","MF e Sarj.","CALÇADA","PISO TATIL","Sinal.","Mem. Calc.","Orçam.","QCI MEDIÇÃO","Resumo","Crono Basico","BDI","QCI","COMPOSIÇÕES","SICRO DESONERADO","SICRO SEM DEN","M O COM DESONERAÇÃO","MATERIAL SICRO","EQUIPAMENTO COM DESONERAÇÃO","MOBILIZAÇÃO","M CALC PVD","SINAPI DESO","SINAPI NAO DES"],"not_rendered":{"images":3,"external_links":1,"defined_names":30,"comments":2},"read":"whole","date_system":"1900","formulas":"cached_only"}

{"sheet":"Ruas Ben","index":0,"n_rows":27,"n_cols":19,"rows_kept":27,"merged":[[0,0,0,16],[1,0,1,16],[2,1,2,12],[2,13,2,14],[3,1,3,12],[3,13,5,14],[4,1,4,12],[5,1,5,12],[6,0,6,16],[7,0,8,0],[7,1,8,1],[7,2,7,7],[7,8,7,9],[7,10,8,10],[7,11,8,11],[7,12,8,12],[7,13,8,13],[7,14,8,14],[7,15,8,15],[7,16,8,16],[9,0,9,1],[21,0,21,1],[21,8,22,8],[21,9,22,9],[21,10,22,10],[21,11,22,11],[21,12,22,12],[21,13,22,13],[21,14,22,14],[21,15,22,15],[21,16,22,16],[22,0,22,1],[22,2,22,7]],"flags":["formulas_cached_only"]}
["ONO EMPREENDIMENTOS - ME"]
["CNPJ: 40.553.092/0001-51"]
["OBRA:","PAVIMENTAÇÃO ASFALTICA",{"$nulls":11},"REFERENCIA:",null,"BDI DESON","BDI NÃO DES"]
["LOCAL:","JARDIM BANDEIRANTES E ADJACÊNCIAS",{"$nulls":11},"SINAPI 12/2023 - SICRO 07/2023 ANP 12/2023",null,{"v":0.2671,"d":"26.71%"},{"v":0.2067,"d":"20.67%"}]
["PROPR.:","CNPJ: 40.553.092/0001-51",{"$nulls":13},"DIFERENCIADO","DIFERENCIADO"]
["ÁREA (M²):",{"v":19026.65,"d":"19,026.65"},{"$nulls":13},{"v":0.15,"d":"15.00%"},{"v":0.15,"d":"15.00%"}]
["RELAÇÃO DE RUAS BENEFICIADAS - DRENAGEM"]
["ITEM","RUA","TUBULAÇÃO",{"$nulls":5},"BOCA DE LOBO",null,"POÇO DE VISITA (Ø60)","POÇO DE VISITA (Ø80)","POÇO DE VISITA (Ø100)","POÇO DE VISITA (Ø120)","POÇO DE VISITA DUPLO","CAIXA DE PASSAGEM","DISSIPADOR"]
[null,null,"Ø 40cm","Ø 60cm","Ø 80cm","Ø 100cm","Ø 120cm","Ø 150cm","SIMP","DUPLA"]
["TRECHO 01"]
[1,"RUA  MARCELINO PENACHIONI",{"v":188,"d":"188.00"},null,{"v":144,"d":"144.00"},{"v":185,"d":"185.00"},{"v":95,"d":"95.00"},null,34,null,null,3,4,2,null,null,1]
[2]
[3]
[4]
[5]
[6]
[7]
[8]
[9]
[10]
[]
["TOTAL PARCIAL - M",null,{"v":188,"d":"188.00"},{"v":0,"d":"0.00"},{"v":144,"d":"144.00"},{"v":185,"d":"185.00"},{"v":95,"d":"95.00"},{"v":0,"d":"0.00"},34,0,0,3,4,2,0,0,1,null,0]
["TOTAL GERAL - M",null,{"v":612,"d":"612.00"}]
[]
[]
[null,"Engº Yuri Bispo Neves Vuolo"]
[null,"ENGº CIVIL"]

{"sheet":"M. Calc Dre","index":1,"n_rows":101,"n_cols":15,"rows_kept":101,"merged":[[0,0,0,11],[1,0,1,11],[2,1,2,8],[3,1,3,8],[3,9,5,9],[4,1,4,8],[5,1,5,8],[6,0,6,11],[8,1,8,8],[8,10,8,11],[22,1,22,8],[22,10,22,11],[36,1,36,6],[42,1,42,8],[42,10,42,11],[56,1,56,8],[56,10,56,11],[57,0,58,0],[57,1,58,1],[57,2,58,2],[57,3,58,3],[57,4,57,6],[57,7,58,8],[57,9,58,9],[57,10,58,10],[57,11,58,11],[73,1,73,8],[73,10,73,11],[74,0,75,0],[74,1,75,1],[74,2,75,2],[74,3,75,3],[74,4,74,6],[74,7,75,8],[74,9,75,9],[74,10,75,10],[74,11,75,11],[90,1,90,8],[90,10,90,11],[91,4,91,6],[91,10,91,11],[92,4,92,6],[93,4,93,6],[94,4,94,6],[95,4,95,6],[96,4,96,6],[97,4,97,6]],"flags":["formulas_cached_only"]}
["ONO EMPREENDIMENTOS - ME"]
["CNPJ: 40.553.092/0001-51"]
["OBRA:","PAVIMENTAÇÃO ASFALTICA",{"$nulls":7},"REFERENCIA:","BDI DESON","BDI NÃO DES"]
["LOCAL:","JARDIM BANDEIRANTES E ADJACÊNCIAS",{"$nulls":7},"SINAPI 12/2023 - SICRO 07/2023 ANP 12/2023",{"v":0.2671,"d":"26.71%"},{"v":0.2067,"d":"20.67%"}]
["PROPR.:","CNPJ: 40.553.092/0001-51",{"$nulls":8},"DIFERENCIADO","DIFERENCIADO"]
["ÁREA (M²):",{"v":19026.65,"d":"19,026.65"},{"$nulls":8},{"v":0.15,"d":"15.00%"},{"v":0.15,"d":"15.00%"}]
["PLANILHA CÁLCULO DE DRENAGEM - ESCAVAÇÃO E REATERRO"]
["ITEM","DISCRIMINAÇÃO","UNID","QUANT","LARG","ALT","COMPR",{"$nulls":3},"EXTENSÃO","TOTAL"]
["1.0","ESCAVACAO DE VALA NAO ESCORADA EM MATERIAL 1A CATEGORIA, PROFUNDIDADE ATE 1,5 M ",{"$nulls":7},"m³",{"v":1547.526,"d":"1,547.526"},null,null,"item","chamine"]
["1.1","Tubulação D=40cm","m",{"v":188,"d":"188.00"},{"v":1,"d":"1.00"},{"v":1.5,"d":"1.50"},{"$nulls":5},{"v":282,"d":"282.000"},null,1.5]
["1.2","Tubulação D=60cm","m",{"v":0,"d":"0.00"},{"v":1.2,"d":"1.20"},{"v":1.5,"d":"1.50"},{"$nulls":5},{"v":0,"d":"0.000"},null,1.7]
["1.3","Tubulação D=80cm","m",{"v":144,"d":"144.00"},{"v":1.4,"d":"1.40"},{"v":1.5,"d":"1.50"},{"$nulls":5},{"v":302.4,"d":"302.400"},null,1.9]
["1.4","Tubulação D=100cm","m",{"v":185,"d":"185.00"},{"v":1.6,"d":"1.60"},{"v":1.5,"d":"1.50"},{"$nulls":5},{"v":444,"d":"444.000"},null,2.1]
["1.5","Tubulação D=120cm","m",{"v":95,"d":"95.00"},{"v":1.8,"d":"1.80"},{"v":1.5,"d":"1.50"},{"$nulls":5},{"v":256.5,"d":"256.500"},null,2.5]
["1.6","Tubulação D=150cm","m",{"v":0,"d":"0.00"},{"v":2.1,"d":"2.10"},{"v":1.5,"d":"1.50"},{"$nulls":5},{"v":0,"d":"0.000"},null,2.8]
["1.7","Boca de lobo simples","und",{"v":34,"d":"34.00"},{"v":1.9,"d":"1.90"},{"v":1.5,"d":"1.50"},{"v":1.9,"d":"1.90"},{"$nulls":4},{"v":184.11,"d":"184.110"},null,1.5]
["1.8","Poço de Visita duplo  - Coletor de Ø80","und",{"v":0,"d":"0.00"},{"v":2.6,"d":"2.60"},{"v":1.5,"d":"1.50"},{"v":2.9,"d":"2.90"},{"$nulls":4},{"v":0,"d":"0.000"},null,1.5,1]
["1.9","Poço de Visita - Coletor de Ø100","und",{"v":4,"d":"4.00"},{"v":2.5,"d":"2.50"},{"v":1.5,"d":"1.50"},{"v":2.9,"d":"2.90"},{"$nulls":4},{"v":43.5,"d":"43.500"},null,1.3,1]
["1.10","Poço de Visita - Coletor de Ø80","und",{"v":3,"d":"3.00"},{"v":2.4,"d":"2.40"},{"v":1.5,"d":"1.50"},{"v":2.9,"d":"2.90"},{"$nulls":4},{"v":31.32,"d":"31.320"},null,1,1]
["1.11","Poço de Visita - Coletor de Ø60","und",{"v":0,"d":"0.00"},{"v":2.3,"d":"2.30"},{"v":1.5,"d":"1.50"},{"v":2.9,"d":"2.90"},{"$nulls":4},{"v":0,"d":"0.000"},null,0.8,1]
["1.12","Caixa Coletora","und",{"v":0,"d":"0.00"},{"v":2.5,"d":"2.50"},{"v":1.5,"d":"1.50"},{"v":2.9,"d":"2.90"},{"$nulls":4},{"v":0,"d":"0.000"},null,1.5,1]
["1.13","Dissipador de energia","und",{"v":1,"d":"1.00"},{"v":2.2,"d":"2.20"},0.35,{"v":4.8,"d":"4.80"},{"$nulls":4},3.696,null,0.35]
["2.0","ESCAVACAO DE VALA NAO ESCORADA EM MATERIAL DE 1A CATEGORIA COM PROFUNDIDADE DE 1,5 ATE 3M",{"$nulls":7},"m³",{"v":462.88,"d":"462.880"}]
["2.1","Tubulação D=40cm","m",{"v":188,"d":"188.00"},{"v":1,"d":"1.00"},{"v":0,"d":"0.00"},{"$nulls":5},{"v":0,"d":"0.000"}]
["2.2","Tubulação D=60cm","m",{"v":0,"d":"0.00"},{"v":1.2,"d":"1.20"},{"v":0.2,"d":"0.20"},{"$nulls":5},{"v":0,"d":"0.000"}]
["2.3","Tubulação D=80cm","m",{"v":144,"d":"144.00"},{"v":1.4,"d":"1.40"},{"v":0.4,"d":"0.40"},{"$nulls":5},{"v":80.64,"d":"80.640"}]
["2.4","Tubulação D=100cm","m",{"v":185,"d":"185.00"},{"v":1.6,"d":"1.60"},{"v":0.6,"d":"0.60"},{"$nulls":5},{"v":177.6,"d":"177.600"}]
["2.5","Tubulação D=120cm","m",{"v":95,"d":"95.00"},{"v":1.8,"d":"1.80"},{"v":1,"d":"1.00"},{"$nulls":5},{"v":171,"d":"171.000"}]
["2.6","Tubulação D=150cm","m",{"v":0,"d":"0.00"},{"v":2.1,"d":"2.10"},{"v":1.3,"d":"1.30"},{"$nulls":5},{"v":0,"d":"0.000"}]
["2.7","Boca de lobo simples","und",{"v":34,"d":"34.00"},{"v":1.9,"d":"1.90"},{"v":0,"d":"0.00"},{"$nulls":5},{"v":0,"d":"0.000"}]
["2.8","Poço de Visita duplo  - Coletor de Ø80","und",{"v":0,"d":"0.00"},{"v":2.6,"d":"2.60"},{"v":1,"d":"1.00"},{"v":2.9,"d":"2.90"},{"$nulls":4},{"v":0,"d":"0.000"}]
["2.9","Poço de Visita - Coletor de Ø100","und",{"v":4,"d":"4.00"},{"v":2.5,"d":"2.50"},{"v":0.8,"d":"0.80"},{"v":2.9,"d":"2.90"},{"$nulls":4},{"v":23.2,"d":"23.200"}]
["2.10","Poço de Visita - Coletor de Ø80","und",{"v":3,"d":"3.00"},{"v":2.4,"d":"2.40"},{"v":0.5,"d":"0.50"},{"v":2.9,"d":"2.90"},{"$nulls":4},{"v":10.44,"d":"10.440"}]
["2.11","Poço de Visita - Coletor de Ø60","und",{"v":0,"d":"0.00"},{"v":2.3,"d":"2.30"},{"v":0.3,"d":"0.30"},{"v":2.9,"d":"2.90"},{"$nulls":4},{"v":0,"d":"0.000"}]
["2.12","Caixa Coletora","und",{"v":0,"d":"0.00"},{"v":2.5,"d":"2.50"},{"v":1,"d":"1.00"},{"v":2.9,"d":"2.90"},{"$nulls":4},{"v":0,"d":"0.000"}]
["2.13","Dissipador de energia","und",{"v":1,"d":"1.00"},{"v":2.2,"d":"2.20"},{"v":0,"d":"0.00"},{"v":4.8,"d":"4.80"},{"$nulls":4},{"v":0,"d":"0.000"}]
["3.0","ESCORAMENTO DE VALAS DESCONTINUO",{"$nulls":5},"Lados",null,"Reaproveitamento","m²",199.91]
["3.1","Tubulação D=60cm","m",{"v":0,"d":"0.00"},null,{"v":1.7,"d":"1.70"},null,{"v":2,"d":"2.00"},null,{"v":9,"d":"9.00"},null,{"v":0,"d":"0.00"}]
["3.2","Tubulação D=80cm","m",{"v":144,"d":"144.00"},null,{"v":1.9,"d":"1.90"},null,{"v":2,"d":"2.00"},null,{"v":9,"d":"9.00"},null,{"v":60.8,"d":"60.80"}]
["3.3","Tubulação D=100cm","m",{"v":185,"d":"185.00"},null,{"v":2.1,"d":"2.10"},null,{"v":2,"d":"2.00"},null,{"v":9,"d":"9.00"},null,86.33]
["3.4","Tubulação D=120cm","m",{"v":95,"d":"95.00"},null,{"v":2.5,"d":"2.50"},null,{"v":2,"d":"2.00"},null,{"v":9,"d":"9.00"},null,52.78]
["3.5","Tubulação D=150cm","m",{"v":0,"d":"0.00"},null,{"v":2.8,"d":"2.80"},null,{"v":2,"d":"2.00"},null,{"v":9,"d":"9.00"},null,{"v":0,"d":"0.00"}]
["4.0","LASTRO DE AREIA MEDIA",{"$nulls":7},"m³",85.66]
["4.1","Tubulação D=40cm","m",{"v":188,"d":"188.00"},{"v":1,"d":"1.00"},{"v":0.1,"d":"0.10"},{"$nulls":5},{"v":18.8,"d":"18.80"}]
["4.2","Tubulação D=60cm","m",{"v":0,"d":"0.00"},{"v":1.2,"d":"1.20"},{"v":0.1,"d":"0.10"},{"$nulls":5},{"v":0,"d":"0.00"}]
["4.3","Tubulação D=80cm","m",{"v":144,"d":"144.00"},{"v":1.4,"d":"1.40"},{"v":0.1,"d":"0.10"},{"$nulls":5},20.16]
["4.4","Tubulação D=100cm","m",{"v":185,"d":"185.00"},{"v":1.6,"d":"1.60"},{"v":0.1,"d":"0.10"},{"$nulls":5},{"v":29.6,"d":"29.60"}]
["4.5","Tubulação D=120cm","m",{"v":95,"d":"95.00"},{"v":1.8,"d":"1.80"},{"v":0.1,"d":"0.10"},{"$nulls":5},{"v":17.1,"d":"17.10"}]
["4.6","Tubulação D=150cm","m",{"v":0,"d":"0.00"},{"v":2.1,"d":"2.10"},{"v":0.1,"d":"0.10"},{"$nulls":5},{"v":0,"d":"0.00"}]
["4.7","Boca de lobo simples","und",{"v":34,"d":"34.00"},{"v":1.9,"d":"1.90"},null,{"v":1.9,"d":"1.90"},{"$nulls":4},{"v":0,"d":"0.00"}]
["4.8","Poço de Visita duplo  - Coletor de Ø80","und",{"v":0,"d":"0.00"},{"v":2.6,"d":"2.60"},null,{"v":2.9,"d":"2.90"},{"$nulls":4},{"v":0,"d":"0.00"}]
["4.9","Poço de Visita - Coletor de Ø100","und",{"v":4,"d":"4.00"},{"v":2.5,"d":"2.50"},null,{"v":2.9,"d":"2.90"},{"$nulls":4},{"v":0,"d":"0.00"}]
["4.10","Poço de Visita - Coletor de Ø80","und",{"v":3,"d":"3.00"},{"v":2.4,"d":"2.40"},null,{"v":2.9,"d":"2.90"},{"$nulls":4},{"v":0,"d":"0.00"}]
["4.11","Poço de Visita - Coletor de Ø60","und",{"v":0,"d":"0.00"},{"v":2.3,"d":"2.30"},null,{"v":2.9,"d":"2.90"},{"$nulls":4},{"v":0,"d":"0.00"}]
["4.12","Caixa Coletora","und",{"v":0,"d":"0.00"},{"v":2.5,"d":"2.50"},null,{"v":2.9,"d":"2.90"},{"$nulls":4},{"v":0,"d":"0.00"}]
["4.13","Dissipador de energia","und",{"v":1,"d":"1.00"},{"v":2.2,"d":"2.20"},null,{"v":4.8,"d":"4.80"},{"$nulls":4},{"v":0,"d":"0.00"}]
["5.0","REATERRO MECANIZADO DE VALA  PROFUNDIDADE ATÉ 1,5 M",{"$nulls":7},"m³",{"v":1198.781,"d":"1,198.781"}]
["ITEM","DISCRIMINAÇÃO","UNID","QUANT","DISPOSITIVO",null,null,"(A) Área da Seção",null,"(V1) Volume do Dispositivo","(V2)    Volume de Escavação","Reaterro=V2-V1               ( m³ )"]
[{"$nulls":4},"B                 largura ","H                  altura ","L              comprim."]
["5.1","Tubulação D=40cm","m",{"v":188,"d":"188.00"},{"$nulls":3},"π x r²",0.12566,23.624,{"v":282,"d":"282.00"},258.376]
["5.2","Tubulação D=60cm","m",{"v":0,"d":"0.00"},{"$nulls":3},"π x r²",0.28274,{"v":0,"d":"0.000"},{"v":0,"d":"0.00"},{"v":0,"d":"0.000"}]
["5.3","Tubulação D=80cm","m",{"v":144,"d":"144.00"},{"$nulls":3},"π x r²",0.50266,72.383,{"v":302.4,"d":"302.40"},230.017]
["5.4","Tubulação D=100cm","m",{"v":185,"d":"185.00"},{"$nulls":3},"π x r²",{"v":0.7854,"d":"0.78540"},145.299,{"v":444,"d":"444.00"},298.701]
["5.5","Tubulação D=120cm","m",{"v":95,"d":"95.00"},{"$nulls":3},"π x r²",1.13098,107.443,{"v":256.5,"d":"256.50"},149.057]
["5.6","Tubulação D=150cm","m",{"v":0,"d":"0.00"},{"$nulls":3},"π x r²",1.76715,{"v":0,"d":"0.000"},{"v":0,"d":"0.00"},{"v":0,"d":"0.000"}]
["5.7","Boca de lobo simples","und",{"v":34,"d":"34.00"},{"v":1.4,"d":"1.40"},{"v":1.5,"d":"1.50"},{"v":1.4,"d":"1.40"},null,null,{"v":0,"d":"0.000"},184.11,{"v":184.11,"d":"184.110"}]
["5.8","Poço de Visita duplo  - Coletor de Ø80","und",{"v":0,"d":"0.00"},{"v":1.7,"d":"1.70"},{"v":1.5,"d":"1.50"},{"v":1.9,"d":"1.90"},null,null,{"v":0,"d":"0.000"},{"v":0,"d":"0.00"},{"v":0,"d":"0.000"}]
["5.9","Poço de Visita - Coletor de Ø100","und",{"v":4,"d":"4.00"},{"v":1.5,"d":"1.50"},{"v":1.5,"d":"1.50"},{"v":1.9,"d":"1.90"},null,null,{"v":0,"d":"0.000"},{"v":43.5,"d":"43.50"},{"v":43.5,"d":"43.500"}]
["5.10","Poço de Visita - Coletor de Ø80","und",{"v":3,"d":"3.00"},{"v":1.4,"d":"1.40"},{"v":1.5,"d":"1.50"},{"v":1.9,"d":"1.90"},null,null,{"v":0,"d":"0.000"},31.32,{"v":31.32,"d":"31.320"}]
["5.11","Poço de Visita - Coletor de Ø60","und",{"v":0,"d":"0.00"},{"v":1.3,"d":"1.30"},{"v":1.5,"d":"1.50"},{"v":1.9,"d":"1.90"},null,null,{"v":0,"d":"0.000"},{"v":0,"d":"0.00"},{"v":0,"d":"0.000"}]
["5.12","Caixa Coletora","und",{"v":0,"d":"0.00"},{"v":1.5,"d":"1.50"},{"v":1.5,"d":"1.50"},{"v":1.9,"d":"1.90"},null,null,{"v":0,"d":"0.000"},{"v":0,"d":"0.00"},{"v":0,"d":"0.000"}]
["5.13","Dissipador de energia","und",{"v":1,"d":"1.00"},{"$nulls":5},{"v":0,"d":"0.000"},{"v":3.7,"d":"3.70"},{"v":3.7,"d":"3.700"}]
[]
["6.0","REATERRO MECANIZADO DE VALA PROFUNDIDADE DE 1,5 A 3,0 M",{"$nulls":7},"m³",{"v":449.77,"d":"449.770"}]
["ITEM","DISCRIMINAÇÃO","UNID","QUANT","DISPOSITIVO",null,null,"(A) Área da Seção",null,"(V1) Volume do Dispositivo","(V2)    Volume de Escavação","Reaterro=V2-V1               ( m³ )"]
[{"$nulls":4},"B                 largura ","H                  altura ","L              comprim."]
["6.1","Tubulação D=40cm","m",{"v":188,"d":"188.00"},{"$nulls":3},"π x r²",null,{"v":0,"d":"0.000"},{"v":0,"d":"0.000"},{"v":0,"d":"0.000"}]
["6.2","Tubulação D=60cm","m",{"v":0,"d":"0.00"},{"$nulls":3},"π x r²",null,{"v":0,"d":"0.000"},{"v":0,"d":"0.000"},{"v":0,"d":"0.000"}]
["6.3","Tubulação D=80cm","m",{"v":144,"d":"144.00"},{"$nulls":3},"π x r²",null,{"v":0,"d":"0.000"},{"v":80.64,"d":"80.640"},{"v":80.64,"d":"80.640"}]
["6.4","Tubulação D=100cm","m",{"v":185,"d":"185.00"},{"$nulls":3},"π x r²",null,{"v":0,"d":"0.000"},{"v":177.6,"d":"177.600"},{"v":177.6,"d":"177.600"}]
["6.5","Tubulação D=120cm","m",{"v":95,"d":"95.00"},{"$nulls":3},"π x r²",null,{"v":0,"d":"0.000"},{"v":171,"d":"171.000"},{"v":171,"d":"171.000"}]
["6.6","Tubulação D=150cm","m",{"v":0,"d":"0.00"},{"$nulls":3},"π x r²",null,{"v":0,"d":"0.000"},{"v":0,"d":"0.000"},{"v":0,"d":"0.000"}]
["6.7","Boca de lobo simples","und",{"v":34,"d":"34.00"},{"v":1.4,"d":"1.40"},{"v":0,"d":"0.00"},{"v":1.4,"d":"1.40"},null,null,{"v":0,"d":"0.000"},{"v":0,"d":"0.000"},{"v":0,"d":"0.000"}]
["6.8","Poço de Visita duplo  - Coletor de Ø80","und",{"v":0,"d":"0.00"},{"v":1.7,"d":"1.70"},{"v":1,"d":"1.00"},{"v":1.9,"d":"1.90"},null,null,{"v":0,"d":"0.000"},{"v":0,"d":"0.000"},{"v":0,"d":"0.000"}]
["6.9","Poço de Visita - Coletor de Ø100","und",{"v":4,"d":"4.00"},{"v":1.5,"d":"1.50"},{"v":0.8,"d":"0.80"},{"v":1.9,"d":"1.90"},null,null,{"v":9.12,"d":"9.120"},{"v":23.2,"d":"23.200"},{"v":14.08,"d":"14.080"}]
["6.10","Poço de Visita - Coletor de Ø80","und",{"v":3,"d":"3.00"},{"v":1.4,"d":"1.40"},{"v":0.5,"d":"0.50"},{"v":1.9,"d":"1.90"},null,null,{"v":3.99,"d":"3.990"},{"v":10.44,"d":"10.440"},{"v":6.45,"d":"6.450"}]
["6.11","Poço de Visita - Coletor de Ø60","und",{"v":0,"d":"0.00"},{"v":1.3,"d":"1.30"},{"v":0.3,"d":"0.30"},{"v":1.9,"d":"1.90"},null,null,{"v":0,"d":"0.000"},{"v":0,"d":"0.000"},{"v":0,"d":"0.000"}]
["6.12","Caixa Coletora","und",{"v":0,"d":"0.00"},{"v":1.5,"d":"1.50"},{"v":1,"d":"1.00"},{"v":1.9,"d":"1.90"},null,null,{"v":0,"d":"0.000"},{"v":0,"d":"0.000"},{"v":0,"d":"0.000"}]
["6.13","Dissipador de energia","und",{"v":1,"d":"1.00"},{"$nulls":5},{"v":0,"d":"0.000"},{"v":0,"d":"0.000"},{"v":0,"d":"0.000"}]
[]
["7.0","SINALIZACAO DE TRANSITO - NOTURNA",{"$nulls":7},"m",{"v":153,"d":"153.000"}]
["ITEM","DISCRIMINAÇÃO","UNID","QUANT","REAPROVEITAMENTO",{"$nulls":5},"TOTAL"]
["6.1","Tubulação D=40cm","m",{"v":188,"d":"188.00"},{"v":4,"d":"4.00"},{"$nulls":6},{"v":47,"d":"47.00"}]
["6.2","Tubulação D=60cm","m",{"v":0,"d":"0.00"},{"v":4,"d":"4.00"},{"$nulls":6},{"v":0,"d":"0.00"}]
["6.3","Tubulação D=80cm","m",{"v":144,"d":"144.00"},{"v":4,"d":"4.00"},{"$nulls":6},{"v":36,"d":"36.00"}]
["6.4","Tubulação D=100cm","m",{"v":185,"d":"185.00"},{"v":4,"d":"4.00"},{"$nulls":6},46.25]
["6.5","Tubulação D=120cm","m",{"v":95,"d":"95.00"},{"v":4,"d":"4.00"},{"$nulls":6},23.75]
["6.6","Tubulação D=150cm","m",{"v":0,"d":"0.00"},{"v":4,"d":"4.00"},{"$nulls":6},{"v":0,"d":"0.00"}]
[]
[null,"Engº Yuri Bispo Neves Vuolo"]
[null,"ENGº CIVIL"]

{"sheet":"Terrap.","index":2,"n_rows":43,"n_cols":19,"rows_kept":43,"hidden":true,"merged":[[0,0,0,15],[1,0,1,15],[2,1,2,11],[2,12,2,13],[3,1,3,11],[3,12,5,13],[4,1,4,11],[5,1,5,11],[6,0,6,15],[7,0,8,0],[7,1,8,1],[7,2,7,7],[7,8,8,8],[7,9,8,9],[7,10,8,10],[7,11,7,14],[7,15,8,15],[8,2,8,4],[8,5,8,7],[9,0,9,15],[37,0,37,1],[38,0,38,1],[38,8,38,15]],"flags":["formulas_cached_only"]}
["ONO EMPREENDIMENTOS - ME"]
["CNPJ: 40.553.092/0001-51"]
["OBRA:","PAVIMENTAÇÃO ASFALTICA",{"$nulls":10},"REFERENCIA:",null,"BDI DESON","BDI NÃO DES"]
["LOCAL:","JARDIM BANDEIRANTES E ADJACÊNCIAS",{"$nulls":10},"SINAPI 12/2023 - SICRO 07/2023 ANP 12/2023",null,{"v":0.2671,"d":"26.71%"},{"v":0.2067,"d":"20.67%"}]
["PROPR.:","CNPJ: 40.553.092/0001-51",{"$nulls":12},"DIFERENCIADO","DIFERENCIADO"]
["ÁREA (m²):",{"v":21528.98,"d":"21,528.98"},{"$nulls":12},{"v":0.15,"d":"15.00%"},{"v":0.15,"d":"15.00%"}]
["QUADRO DEMONSTRATIVO DE TERRAPLENAGEM"]
["Item","Rua/Avenida","ESTAQUEAMENTO",{"$nulls":5},"Extensão (m)","Largura (m)","Área (m²)","Limpa-Rodas",{"$nulls":3},"Área Total (m²)"]
[null,null,"INICIAL",null,null,"FINAL",{"$nulls":5},"Código","Quant.","Área Parcial (m²)","Área Total  (m²)"]
["LOTE 01"]
[1,"RUA CERES",{"v":0,"d":"0.00"},"+",{"v":0,"d":"0.00"},{"v":14,"d":"14.00"},"+",0.98,280.98,{"v":7.3,"d":"7.30"},{"v":2051.15,"d":"2,051.15"},"LR-01",{"v":3,"d":"3.00"},26.31,78.93,{"v":2130.08,"d":"2,130.08"},null,"REC TOTAL",{"v":2024382.61,"d":"2,024,382.61"}]
[2,"TRAVESSA N° 04 T1",{"v":0,"d":"0.00"},"+",{"v":0,"d":"0.00"},{"v":2,"d":"2.00"},"+",{"v":18.5,"d":"18.50"},{"v":58.5,"d":"58.50"},{"v":7.3,"d":"7.30"},427.05,{"$nulls":3},0,427.05,null,"REC GOV",{"v":2381626.61,"d":"2,381,626.61"}]
[3,"TRAVESSA N° 04 T2",{"v":0,"d":"0.00"},"+",{"v":0,"d":"0.00"},{"v":4,"d":"4.00"},"+",7.36,87.36,{"v":7.3,"d":"7.30"},637.73,{"$nulls":3},0,637.73]
[4,"RUA DO CAFÉ T1",{"v":0,"d":"0.00"},"+",{"v":0,"d":"0.00"},{"v":2,"d":"2.00"},"+",18.39,58.39,{"v":7.3,"d":"7.30"},426.25,{"$nulls":3},0,426.25,null,"CONTRA",{"v":357244,"d":"357,244.00"}]
[5,"RUA DO CAFÉ T2",{"v":0,"d":"0.00"},"+",{"v":0,"d":"0.00"},{"v":4,"d":"4.00"},"+",7.97,87.97,{"v":7.3,"d":"7.30"},642.18,{"$nulls":3},0,642.18]
[6,"RUA DO CAFÉ T3",{"v":0,"d":"0.00"},"+",{"v":0,"d":"0.00"},{"v":3,"d":"3.00"},"+",15.85,75.85,{"v":7.3,"d":"7.30"},553.71,{"$nulls":3},0,553.71]
[7,"TRAVESSA N° 03 T1",{"v":0,"d":"0.00"},"+",{"v":0,"d":"0.00"},{"v":2,"d":"2.00"},"+",18.36,58.36,{"v":7.3,"d":"7.30"},426.03,{"$nulls":3},0,426.03]
[8,"TRAVESSA N° 03 T2",{"v":0,"d":"0.00"},"+",{"v":0,"d":"0.00"},{"v":4,"d":"4.00"},"+",7.73,87.73,{"v":7.3,"d":"7.30"},640.43,{"$nulls":3},0,640.43]
[9,"RUA DOM PEDRO T1",{"v":0,"d":"0.00"},"+",{"v":0,"d":"0.00"},{"v":2,"d":"2.00"},"+",18.27,58.27,{"v":7.3,"d":"7.30"},425.37,{"$nulls":3},0,425.37]
[10,"RUA DOM PEDRO T2",{"v":0,"d":"0.00"},"+",{"v":0,"d":"0.00"},{"v":4,"d":"4.00"},"+",7.49,87.49,{"v":7.3,"d":"7.30"},638.68,{"$nulls":3},0,638.68]
[11,"RUA DOM PEDRO T3",{"v":0,"d":"0.00"},"+",{"v":0,"d":"0.00"},{"v":2,"d":"2.00"},"+",{"v":0,"d":"0.00"},{"v":40,"d":"40.00"},{"v":7.3,"d":"7.30"},{"v":292,"d":"292.00"},{"$nulls":3},0,{"v":292,"d":"292.00"}]
[12,"TRAVESSA N° 02 T1",{"v":0,"d":"0.00"},"+",{"v":0,"d":"0.00"},{"v":2,"d":"2.00"},"+",18.21,58.21,{"v":7.3,"d":"7.30"},424.93,{"$nulls":3},0,424.93]
[13,"TRAVESSA N° 02 T2",{"v":0,"d":"0.00"},"+",{"v":0,"d":"0.00"},{"v":4,"d":"4.00"},"+",7.24,87.24,{"v":7.3,"d":"7.30"},636.85,{"$nulls":3},0,636.85]
[14,"RUA SANTA CECILIA T1",{"v":0,"d":"0.00"},"+",{"v":0,"d":"0.00"},{"v":2,"d":"2.00"},"+",18.08,58.08,{"v":7.3,"d":"7.30"},423.98,{"$nulls":3},0,423.98]
[15,"RUA SANTA CECILIA T2",{"v":0,"d":"0.00"},"+",{"v":0,"d":"0.00"},{"v":4,"d":"4.00"},"+",7.04,87.04,{"v":7.3,"d":"7.30"},635.39,{"$nulls":3},0,635.39]
[16,"RUA SANTA CECILIA T3",{"v":0,"d":"0.00"},"+",{"v":0,"d":"0.00"},{"v":3,"d":"3.00"},"+",{"v":15,"d":"15.00"},{"v":75,"d":"75.00"},{"v":7.3,"d":"7.30"},{"v":547.5,"d":"547.50"},{"$nulls":3},0,{"v":547.5,"d":"547.50"}]
[17,"TRAVESSA N° 01 T1",{"v":0,"d":"0.00"},"+",{"v":0,"d":"0.00"},{"v":2,"d":"2.00"},"+",18.04,58.04,{"v":7.3,"d":"7.30"},423.69,{"$nulls":3},0,423.69]
[18,"TRAVESSA N° 01 T2",{"v":0,"d":"0.00"},"+",{"v":0,"d":"0.00"},{"v":4,"d":"4.00"},"+",6.76,86.76,{"v":7.3,"d":"7.30"},633.35,{"$nulls":3},0,633.35]
[19,"RUA 07 DE SETEMBRO T1",{"v":0,"d":"0.00"},"+",{"v":0,"d":"0.00"},{"v":2,"d":"2.00"},"+",17.97,57.97,{"v":7.3,"d":"7.30"},423.18,{"$nulls":3},0,423.18]
[20,"RUA 07 DE SETEMBRO T2",{"v":0,"d":"0.00"},"+",{"v":0,"d":"0.00"},{"v":4,"d":"4.00"},"+",6.52,86.52,{"v":7.3,"d":"7.30"},{"v":631.6,"d":"631.60"},{"$nulls":3},0,{"v":631.6,"d":"631.60"}]
[21,"RUA 07 DE SETEMBRO T3",{"v":0,"d":"0.00"},"+",{"v":0,"d":"0.00"},{"v":3,"d":"3.00"},"+",{"v":15,"d":"15.00"},{"v":75,"d":"75.00"},{"v":7.3,"d":"7.30"},{"v":547.5,"d":"547.50"},{"$nulls":3},0,{"v":547.5,"d":"547.50"}]
[22,"RUA MARCELINO PENACHIONI",{"v":0,"d":"0.00"},"+",{"v":0,"d":"0.00"},{"v":24,"d":"24.00"},"+",15.94,495.94,{"v":7.3,"d":"7.30"},{"v":3620.36,"d":"3,620.36"},"LR-01",{"v":17,"d":"17.00"},26.31,447.27,{"v":4067.63,"d":"4,067.63"}]
[23,"RUA 15 JUNHO",{"v":0,"d":"0.00"},"+",{"v":0,"d":"0.00"},{"v":3,"d":"3.00"},"+",15.85,75.85,{"v":7.3,"d":"7.30"},553.71,{"$nulls":3},0,553.71]
[24,"RUA 01",{"v":0,"d":"0.00"},"+",{"v":0,"d":"0.00"},{"v":2,"d":"2.00"},"+",17.91,57.91,{"v":7.3,"d":"7.30"},422.74,{"$nulls":3},0,422.74]
[25,"RUA FELINTRO MULLER",{"v":0,"d":"0.00"},"+",{"v":0,"d":"0.00"},{"v":24,"d":"24.00"},"+",9.78,489.78,{"v":7.3,"d":"7.30"},{"v":3575.39,"d":"3,575.39"},"LR-01",{"v":13,"d":"13.00"},26.31,342.03,{"v":3917.42,"d":"3,917.42"}]
[26,{"$nulls":7},0,null,0,{"$nulls":3},0,0]
[27,{"$nulls":9},0,{"$nulls":3},0,0]
["Totais Parciais - m²",{"$nulls":7},{"v":2830.24,"d":"2,830.24"},null,{"v":20660.75,"d":"20,660.75"},{"$nulls":3},868.23,{"v":21528.98,"d":"21,528.98"}]
["Total Geral - m²",{"$nulls":7},{"v":21528.98,"d":"21,528.98"}]
[]
[null,"Engº Yuri Bispo Neves Vuolo"]
[null,"ENGº CIVIL"]
[null," CREA - MT 047573"]

{"sheet":"BASE E SUB","index":3,"n_rows":43,"n_cols":16,"rows_kept":43,"hidden":true,"merged":[[0,0,0,15],[1,0,1,15],[2,1,2,11],[2,12,2,13],[3,1,3,11],[3,12,5,13],[4,1,4,11],[5,1,5,11],[6,0,6,15],[7,0,8,0],[7,1,8,1],[7,2,8,2],[7,3,8,3],[7,4,8,4],[7,5,7,8],[7,9,8,9],[7,10,8,10],[7,11,8,11],[7,12,8,12],[7,13,8,13],[7,14,8,14],[7,15,8,15],[9,0,9,15],[37,0,37,1]],"flags":["formulas_cached_only"]}
["ONO EMPREENDIMENTOS - ME"]
["CNPJ: 40.553.092/0001-51"]
["OBRA:","PAVIMENTAÇÃO ASFALTICA",{"$nulls":10},"REFERENCIA:",null,"BDI DESON","BDI NÃO DES"]
["LOCAL:","JARDIM BANDEIRANTES E ADJACÊNCIAS",{"$nulls":10},"SINAPI 12/2023 - SICRO 07/2023 ANP 12/2023",null,{"v":0.2671,"d":"26.71%"},{"v":0.2067,"d":"20.67%"}]
["PROPR.:","CNPJ: 40.553.092/0001-51",{"$nulls":12},"DIFERENCIADO","DIFERENCIADO"]
["ÁREA (M²):",{"v":19026.65,"d":"19,026.65"},{"$nulls":12},{"v":0.15,"d":"15.00%"},{"v":0.15,"d":"15.00%"}]
["QUADRO DEMONSTRATIVO MATERIAL DE BASE E SUB-BASE"]
["Item","Rua/Avenida","Área Total (m²)","Altura de Sub-Base (m)","Altura de Base (m)","Volume de escavação MF (m³)",{"$nulls":3},"Volume de Sub-Base (m³)","Volume de Base (m³)","Volume Total (m³)","DMT (km) (N PAV)","DMT (km) (PAV)","M. Trans. (N Pav)","M. Trans. (Pav)"]
[{"$nulls":5},"Ext. MF (m)","Prof. (m)","Largura (m)","Volume (m³)"]
["LOTE 01"]
[1,"RUA CERES",{"v":2130.08,"d":"2,130.08"},0.15,0.15,{"$nulls":3},{"v":0,"d":"0.00"},319.51,319.51,639.02,{"v":1.7,"d":"1.70"},{"v":4.3,"d":"4.30"},{"v":1086.33,"d":"1,086.33"},{"v":2747.79,"d":"2,747.79"}]
[2,"TRAVESSA N° 04 T1",427.05,0.15,0.15,{"$nulls":3},{"v":0,"d":"0.00"},64.06,64.06,128.12,{"v":1.7,"d":"1.70"},{"v":4.3,"d":"4.30"},{"v":217.8,"d":"217.80"},550.92]
[3,"TRAVESSA N° 04 T2",637.73,0.15,0.15,{"$nulls":3},{"v":0,"d":"0.00"},95.66,95.66,191.32,{"v":1.7,"d":"1.70"},{"v":4.3,"d":"4.30"},325.24,822.68]
[4,"RUA DO CAFÉ T1",426.25,0.15,0.15,{"$nulls":3},{"v":0,"d":"0.00"},63.94,63.94,127.88,{"v":1.7,"d":"1.70"},{"v":4.3,"d":"4.30"},{"v":217.4,"d":"217.40"},549.88]
[5,"RUA DO CAFÉ T2",642.18,0.15,0.15,{"$nulls":3},{"v":0,"d":"0.00"},96.33,96.33,192.66,{"v":1.7,"d":"1.70"},{"v":4.3,"d":"4.30"},327.52,828.44]
[6,"RUA DO CAFÉ T3",553.71,0.15,0.15,{"$nulls":3},{"v":0,"d":"0.00"},83.06,83.06,166.12,{"v":1.7,"d":"1.70"},{"v":4.3,"d":"4.30"},{"v":282.4,"d":"282.40"},714.32]
[7,"TRAVESSA N° 03 T1",426.03,0.15,0.15,{"$nulls":3},{"v":0,"d":"0.00"},{"v":63.9,"d":"63.90"},{"v":63.9,"d":"63.90"},{"v":127.8,"d":"127.80"},{"v":1.7,"d":"1.70"},{"v":4.3,"d":"4.30"},217.26,549.54]
[8,"TRAVESSA N° 03 T2",640.43,0.15,0.15,{"$nulls":3},{"v":0,"d":"0.00"},96.06,96.06,192.12,{"v":1.7,"d":"1.70"},{"v":4.3,"d":"4.30"},{"v":326.6,"d":"326.60"},826.12]
[9,"RUA DOM PEDRO T1",425.37,0.15,0.15,{"$nulls":3},{"v":0,"d":"0.00"},63.81,63.81,127.62,{"v":1.7,"d":"1.70"},{"v":4.3,"d":"4.30"},216.95,548.77]
[10,"RUA DOM PEDRO T2",638.68,0.15,0.15,{"$nulls":3},{"v":0,"d":"0.00"},{"v":95.8,"d":"95.80"},{"v":95.8,"d":"95.80"},{"v":191.6,"d":"191.60"},{"v":1.7,"d":"1.70"},{"v":4.3,"d":"4.30"},325.72,823.88]
[11,"RUA DOM PEDRO T3",{"v":292,"d":"292.00"},0.15,0.15,{"$nulls":3},{"v":0,"d":"0.00"},{"v":43.8,"d":"43.80"},{"v":43.8,"d":"43.80"},{"v":87.6,"d":"87.60"},{"v":1.7,"d":"1.70"},{"v":4.3,"d":"4.30"},148.92,376.68]
[12,"TRAVESSA N° 02 T1",424.93,0.15,0.15,{"$nulls":3},{"v":0,"d":"0.00"},63.74,63.74,127.48,{"v":1.7,"d":"1.70"},{"v":4.3,"d":"4.30"},216.72,548.16]
[13,"TRAVESSA N° 02 T2",636.85,0.15,0.15,{"$nulls":3},{"v":0,"d":"0.00"},95.53,95.53,191.06,{"v":1.7,"d":"1.70"},{"v":4.3,"d":"4.30"},{"v":324.8,"d":"324.80"},821.56]
[14,"RUA SANTA CECILIA T1",423.98,0.15,0.15,{"$nulls":3},{"v":0,"d":"0.00"},{"v":63.6,"d":"63.60"},{"v":63.6,"d":"63.60"},{"v":127.2,"d":"127.20"},{"v":1.7,"d":"1.70"},{"v":4.3,"d":"4.30"},216.24,546.96]
[15,"RUA SANTA CECILIA T2",635.39,0.15,0.15,{"$nulls":3},{"v":0,"d":"0.00"},95.31,95.31,190.62,{"v":1.7,"d":"1.70"},{"v":4.3,"d":"4.30"},324.05,819.67]
[16,"RUA SANTA CECILIA T3",{"v":547.5,"d":"547.50"},0.15,0.15,{"$nulls":3},{"v":0,"d":"0.00"},82.13,82.13,164.26,{"v":1.7,"d":"1.70"},{"v":4.3,"d":"4.30"},279.24,706.32]
[17,"TRAVESSA N° 01 T1",423.69,0.15,0.15,{"$nulls":3},{"v":0,"d":"0.00"},63.55,63.55,{"v":127.1,"d":"127.10"},{"v":1.7,"d":"1.70"},{"v":4.3,"d":"4.30"},216.07,546.53]
[18,"TRAVESSA N° 01 T2",633.35,0.15,0.15,{"$nulls":3},{"v":0,"d":"0.00"},{"v":95,"d":"95.00"},{"v":95,"d":"95.00"},{"v":190,"d":"190.00"},{"v":1.7,"d":"1.70"},{"v":4.3,"d":"4.30"},{"v":323,"d":"323.00"},{"v":817,"d":"817.00"}]
[19,"RUA 07 DE SETEMBRO T1",423.18,0.15,{"v":0.2,"d":"0.20"},{"$nulls":3},{"v":0,"d":"0.00"},63.48,84.64,148.12,{"v":1.7,"d":"1.70"},{"v":4.3,"d":"4.30"},{"v":251.8,"d":"251.80"},636.92]
[20,"RUA 07 DE SETEMBRO T2",{"v":631.6,"d":"631.60"},0.15,{"v":0.2,"d":"0.20"},{"$nulls":3},{"v":0,"d":"0.00"},94.74,126.32,221.06,{"v":1.7,"d":"1.70"},{"v":4.3,"d":"4.30"},{"v":375.8,"d":"375.80"},950.56]
[21,"RUA 07 DE SETEMBRO T3",{"v":547.5,"d":"547.50"},0.15,{"v":0.2,"d":"0.20"},{"$nulls":3},{"v":0,"d":"0.00"},82.13,{"v":109.5,"d":"109.50"},191.63,{"v":1.7,"d":"1.70"},{"v":4.3,"d":"4.30"},325.77,824.01]
[22,"RUA MARCELINO PENACHIONI",{"v":4067.63,"d":"4,067.63"},0.15,0.15,{"$nulls":3},{"v":0,"d":"0.00"},610.14,610.14,{"v":1220.28,"d":"1,220.28"},{"v":1.7,"d":"1.70"},{"v":4.3,"d":"4.30"},{"v":2074.48,"d":"2,074.48"},{"v":5247.2,"d":"5,247.20"}]
[23,"RUA 15 JUNHO",553.71,0.15,0.15,{"$nulls":3},{"v":0,"d":"0.00"},83.06,83.06,166.12,{"v":1.7,"d":"1.70"},{"v":4.3,"d":"4.30"},{"v":282.4,"d":"282.40"},714.32]
[24,"RUA 01",422.74,0.15,0.15,{"$nulls":3},{"v":0,"d":"0.00"},63.41,63.41,126.82,{"v":1.7,"d":"1.70"},{"v":4.3,"d":"4.30"},215.59,545.33]
[25,"RUA FELINTRO MULLER",{"v":3917.42,"d":"3,917.42"},0.15,0.15,{"$nulls":3},{"v":0,"d":"0.00"},587.61,587.61,{"v":1175.22,"d":"1,175.22"},{"v":1.7,"d":"1.70"},{"v":4.3,"d":"4.30"},{"v":1997.87,"d":"1,997.87"},{"v":5053.45,"d":"5,053.45"}]
[26,{"v":0,"d":"0.00"},{"v":0,"d":"0.00"},{"$nulls":5},{"v":0,"d":"0.00"},{"v":0,"d":"0.00"},{"v":0,"d":"0.00"},{"v":0,"d":"0.00"},{"v":1.7,"d":"1.70"},{"v":4.3,"d":"4.30"},{"v":0,"d":"0.00"},{"v":0,"d":"0.00"}]
[]
["Totais Parciais",null,{"v":21528.98,"d":"21,528.98"},{"$nulls":6},{"v":3229.36,"d":"3,229.36"},{"v":3309.47,"d":"3,309.47"},{"v":6538.83,"d":"6,538.83"},null,null,{"v":11115.97,"d":"11,115.97"},{"v":28117.01,"d":"28,117.01"}]
[]
[]
[null,"Engº Yuri Bispo Neves Vuolo"]
[null,"ENGº CIVIL"]
[null," CREA - MT 047573"]

{"sheet":"Cub","index":4,"n_rows":56,"n_cols":10,"rows_kept":56,"hidden":true,"merged":[[0,0,0,8],[1,0,1,8],[2,1,2,5],[3,1,3,5],[3,6,5,6],[4,1,4,5],[5,1,5,5],[6,0,6,8],[7,0,7,4],[7,5,7,6],[7,7,7,8],[8,0,8,4],[9,0,9,8],[10,1,10,4],[11,1,11,4],[12,1,12,4],[13,1,13,4],[14,1,14,4],[15,1,15,4],[16,1,16,4],[17,1,17,4],[18,1,18,4],[19,1,19,4],[20,1,20,4],[21,1,21,4],[22,1,22,4],[23,1,23,4],[24,1,24,4],[25,1,25,4],[26,1,26,4],[27,1,27,4],[28,1,28,4],[29,1,29,4],[30,1,30,4],[31,1,31,4],[32,1,32,4],[33,1,33,4],[34,1,34,4],[35,0,35,4],[36,0,36,4],[37,0,37,4],[44,0,44,7],[45,0,45,7],[46,0,46,7],[47,0,47,7]],"flags":["formulas_cached_only"]}
["ONO EMPREENDIMENTOS - ME"]
["CNPJ: 40.553.092/0001-51"]
["OBRA:","PAVIMENTAÇÃO ASFALTICA",{"$nulls":4},"REFERENCIA:","BDI DESON","BDI NÃO DES"]
["LOCAL:","JARDIM BANDEIRANTES E ADJACÊNCIAS",{"$nulls":4},"SINAPI 12/2023 - SICRO 07/2023 ANP 12/2023",{"v":0.2671,"d":"26.71%"},{"v":0.2067,"d":"20.67%"}]
["PROPR.:","CNPJ: 40.553.092/0001-51",{"$nulls":5},"DIFERENCIADO","DIFERENCIADO"]
["ÁREA (M²):",{"v":21528.98,"d":"21,528.98"},{"$nulls":5},{"v":0.15,"d":"15.00%"},{"v":0.15,"d":"15.00%"}]
["CUBAÇÃO PAVIMENTAÇÃO"]
[{"$nulls":5},"VOLUME PARCIAL",null,"VOLUME ACUMULADO"]
["RUA / AVENIDA",{"$nulls":4},"VOLUME DE CORTE                         (m³)","VOLUME DE ATERRO                          (m³)","VOLUME DE CORTE                (m³)","VOLUME DE ATERRO          (m³)"]
["LOTE 01"]
[1,"RUA CERES",{"$nulls":3},{"v":639.02,"d":"639.020"},0,{"v":639.02,"d":"639.020"},0]
[2,"TRAVESSA N° 04 T1",{"$nulls":3},{"v":128.12,"d":"128.120"},0,{"v":128.12,"d":"128.120"},0]
[3,"TRAVESSA N° 04 T2",{"$nulls":3},{"v":191.32,"d":"191.320"},0,{"v":191.32,"d":"191.320"},0]
[4,"RUA DO CAFÉ T1",{"$nulls":3},{"v":127.88,"d":"127.880"},0,{"v":127.88,"d":"127.880"},0]
[5,"RUA DO CAFÉ T2",{"$nulls":3},{"v":192.66,"d":"192.660"},0,{"v":192.66,"d":"192.660"},0]
[6,"RUA DO CAFÉ T3",{"$nulls":3},{"v":166.12,"d":"166.120"},0,{"v":166.12,"d":"166.120"},0]
[7,"TRAVESSA N° 03 T1",{"$nulls":3},{"v":127.8,"d":"127.800"},0,{"v":127.8,"d":"127.800"},0]
[8,"TRAVESSA N° 03 T2",{"$nulls":3},{"v":192.12,"d":"192.120"},0,{"v":192.12,"d":"192.120"},0]
[9,"RUA DOM PEDRO T1",{"$nulls":3},{"v":127.62,"d":"127.620"},0,{"v":127.62,"d":"127.620"},0]
[10,"RUA DOM PEDRO T2",{"$nulls":3},{"v":191.6,"d":"191.600"},0,{"v":191.6,"d":"191.600"},0]
[11,"RUA DOM PEDRO T3",{"$nulls":3},{"v":87.6,"d":"87.600"},0,{"v":87.6,"d":"87.600"}]
[12,"TRAVESSA N° 02 T1",{"$nulls":3},{"v":127.48,"d":"127.480"},0,{"v":127.48,"d":"127.480"}]
[13,"TRAVESSA N° 02 T2",{"$nulls":3},{"v":191.06,"d":"191.060"},0,{"v":191.06,"d":"191.060"}]
[14,"RUA SANTA CECILIA T1",{"$nulls":3},{"v":127.2,"d":"127.200"},0,{"v":127.2,"d":"127.200"}]
[15,"RUA SANTA CECILIA T2",{"$nulls":3},{"v":190.62,"d":"190.620"},0,{"v":190.62,"d":"190.620"}]
[16,"RUA SANTA CECILIA T3",{"$nulls":3},{"v":164.26,"d":"164.260"},0,{"v":164.26,"d":"164.260"}]
[17,"TRAVESSA N° 01 T1",{"$nulls":3},{"v":127.1,"d":"127.100"},0,{"v":127.1,"d":"127.100"}]
[18,"TRAVESSA N° 01 T2",{"$nulls":3},{"v":190,"d":"190.000"},0,{"v":190,"d":"190.000"}]
[19,"RUA 07 DE SETEMBRO T1",{"$nulls":3},{"v":148.12,"d":"148.120"},0,{"v":148.12,"d":"148.120"}]
[20,"RUA 07 DE SETEMBRO T2",{"$nulls":3},{"v":221.06,"d":"221.060"},0,{"v":221.06,"d":"221.060"}]
[21,"RUA 07 DE SETEMBRO T3",{"$nulls":3},{"v":191.63,"d":"191.630"},0,{"v":191.63,"d":"191.630"}]
[22,"RUA MARCELINO PENACHIONI",{"$nulls":3},{"v":1220.28,"d":"1,220.280"},0,{"v":1220.28,"d":"1,220.280"}]
[23,"RUA 15 JUNHO",{"$nulls":3},{"v":166.12,"d":"166.120"},0,{"v":166.12,"d":"166.120"}]
[24,"RUA 01",{"$nulls":3},{"v":126.82,"d":"126.820"},0,{"v":126.82,"d":"126.820"}]
[25,"RUA FELINTRO MULLER",{"$nulls":3},{"v":1175.22,"d":"1,175.220"},0,{"v":1175.22,"d":"1,175.220"}]
["TOTAL DE VOLUMES",{"$nulls":4},{"v":6538.83,"d":"6,538.830"}]
[]
[]
["COMPENSAÇÃO"]
[]
[{"$nulls":6},"CORTE",{"v":6538.83,"d":"6,538.830"},null,{"v":6538.83,"d":"6,538.83"}]
[{"$nulls":6},"ATERRO"]
[{"$nulls":6},"COMPENSAÇÃO",{"v":6538.83,"d":"6,538.830"}]
[]
["MATERIAL DE BOTA FORA",{"$nulls":7},{"v":6538.83,"d":"6,538.830"}]
["DMT DE BOTA FORA (Km)",{"$nulls":7},{"v":2,"d":"2.000"}]
["CONVERSÃO M³/T",{"$nulls":7},{"v":1,"d":"1.000"}]
["MATERIAL DE BOTA FORA (m³xKm)",{"$nulls":7},{"v":13077.66,"d":"13,077.660"}]
[]
[]
[]
[]
[]
[{"$nulls":5},"Engº Yuri Bispo Neves Vuolo"]
[{"$nulls":5},"ENGº CIVIL"]
[{"$nulls":5}," CREA - MT 047573"]

{"sheet":"Pavim.","index":5,"n_rows":44,"n_cols":10,"rows_kept":44,"hidden":true,"merged":[[0,0,0,9],[1,0,1,9],[2,1,2,6],[3,1,3,6],[3,7,5,7],[4,1,4,6],[5,1,5,6],[6,0,6,9],[7,0,8,0],[7,1,8,1],[7,2,8,2],[7,3,8,3],[7,4,8,4],[7,5,7,8],[7,9,8,9],[9,0,9,9],[37,0,37,1],[38,0,38,1],[38,2,38,9]],"flags":["formulas_cached_only"]}
["ONO EMPREENDIMENTOS - ME"]
["CNPJ: 40.553.092/0001-51"]
["OBRA:","PAVIMENTAÇÃO ASFALTICA",{"$nulls":5},"REFERENCIA:","BDI DESON","BDI NÃO DES"]
["LOCAL:","JARDIM BANDEIRANTES E ADJACÊNCIAS",{"$nulls":5},"SINAPI 12/2023 - SICRO 07/2023 ANP 12/2023",{"v":0.2671,"d":"26.71%"},{"v":0.2067,"d":"20.67%"}]
["PROPR.:","CNPJ: 40.553.092/0001-51",{"$nulls":6},"DIFERENCIADO","DIFERENCIADO"]
["ÁREA (M²):",{"v":19026.65,"d":"19,026.65"},{"$nulls":6},{"v":0.15,"d":"15.00%"},{"v":0.15,"d":"15.00%"}]
["QUADRO QUANTITATIVO DE PAVIMENTAÇÃO"]
["Item","Rua/Avenida","Extensão (m)","Largura (m)","Área (m²)","Limpa-Rodas",{"$nulls":3},"Área Total (m²)"]
[{"$nulls":5},"Código","Quant.","Área Parcial (m²)","Área Total (m²)"]
["LOTE 01"]
[1,"RUA CERES",280.98,{"v":6.4,"d":"6.40"},{"v":1798.27,"d":"1,798.27"},"LR-01",{"v":3,"d":"3.0"},27.67,83.01,{"v":1881.28,"d":"1,881.28"}]
[2,"TRAVESSA N° 04 T1",{"v":58.5,"d":"58.50"},{"v":6.4,"d":"6.40"},{"v":374.4,"d":"374.40"},0,{"v":0,"d":"0.0"},null,{"v":0,"d":"0.00"},{"v":374.4,"d":"374.40"}]
[3,"TRAVESSA N° 04 T2",87.36,{"v":6.4,"d":"6.40"},{"v":559.1,"d":"559.10"},0,{"v":0,"d":"0.0"},null,{"v":0,"d":"0.00"},{"v":559.1,"d":"559.10"}]
[4,"RUA DO CAFÉ T1",58.39,{"v":6.4,"d":"6.40"},{"v":373.7,"d":"373.70"},0,{"v":0,"d":"0.0"},null,{"v":0,"d":"0.00"},{"v":373.7,"d":"373.70"}]
[5,"RUA DO CAFÉ T2",87.97,{"v":6.4,"d":"6.40"},563.01,0,{"v":0,"d":"0.0"},null,{"v":0,"d":"0.00"},563.01]
[6,"RUA DO CAFÉ T3",75.85,{"v":6.4,"d":"6.40"},485.44,0,{"v":0,"d":"0.0"},null,{"v":0,"d":"0.00"},485.44]
[7,"TRAVESSA N° 03 T1",58.36,{"v":6.4,"d":"6.40"},{"v":373.5,"d":"373.50"},0,{"v":0,"d":"0.0"},null,{"v":0,"d":"0.00"},{"v":373.5,"d":"373.50"}]
[8,"TRAVESSA N° 03 T2",87.73,{"v":6.4,"d":"6.40"},561.47,0,{"v":0,"d":"0.0"},null,{"v":0,"d":"0.00"},561.47]
[9,"RUA DOM PEDRO T1",58.27,{"v":6.4,"d":"6.40"},372.93,0,{"v":0,"d":"0.0"},null,{"v":0,"d":"0.00"},372.93]
[10,"RUA DOM PEDRO T2",87.49,{"v":6.4,"d":"6.40"},559.94,0,{"v":0,"d":"0.0"},null,{"v":0,"d":"0.00"},559.94]
[11,"RUA DOM PEDRO T3",{"v":40,"d":"40.00"},{"v":6.4,"d":"6.40"},{"v":256,"d":"256.00"},0,{"v":0,"d":"0.0"},null,{"v":0,"d":"0.00"},{"v":256,"d":"256.00"}]
[12,"TRAVESSA N° 02 T1",58.21,{"v":6.4,"d":"6.40"},372.54,0,{"v":0,"d":"0.0"},null,{"v":0,"d":"0.00"},372.54]
[13,"TRAVESSA N° 02 T2",87.24,{"v":6.4,"d":"6.40"},558.34,0,{"v":0,"d":"0.0"},null,{"v":0,"d":"0.00"},558.34]
[14,"RUA SANTA CECILIA T1",58.08,{"v":6.4,"d":"6.40"},371.71,0,{"v":0,"d":"0.0"},null,{"v":0,"d":"0.00"},371.71]
[15,"RUA SANTA CECILIA T2",87.04,{"v":6.4,"d":"6.40"},557.06,0,{"v":0,"d":"0.0"},null,{"v":0,"d":"0.00"},557.06]
[16,"RUA SANTA CECILIA T3",{"v":75,"d":"75.00"},{"v":6.4,"d":"6.40"},{"v":480,"d":"480.00"},0,{"v":0,"d":"0.0"},null,{"v":0,"d":"0.00"},{"v":480,"d":"480.00"}]
[17,"TRAVESSA N° 01 T1",58.04,{"v":6.4,"d":"6.40"},371.46,0,{"v":0,"d":"0.0"},null,{"v":0,"d":"0.00"},371.46]
[18,"TRAVESSA N° 01 T2",86.76,{"v":6.4,"d":"6.40"},555.26,0,{"v":0,"d":"0.0"},null,{"v":0,"d":"0.00"},555.26]
[19,"RUA 07 DE SETEMBRO T1",57.97,{"v":6.4,"d":"6.40"},371.01,0,{"v":0,"d":"0.0"},null,{"v":0,"d":"0.00"},371.01]
[20,"RUA 07 DE SETEMBRO T2",86.52,{"v":6.4,"d":"6.40"},553.73,0,{"v":0,"d":"0.0"},null,{"v":0,"d":"0.00"},553.73]
[21,"RUA 07 DE SETEMBRO T3",{"v":75,"d":"75.00"},{"v":6.4,"d":"6.40"},{"v":480,"d":"480.00"},0,{"v":0,"d":"0.0"},null,{"v":0,"d":"0.00"},{"v":480,"d":"480.00"}]
[22,"RUA MARCELINO PENACHIONI",495.94,{"v":6.4,"d":"6.40"},{"v":3174.02,"d":"3,174.02"},"LR-01",{"v":17,"d":"17.0"},27.67,470.39,{"v":3644.41,"d":"3,644.41"}]
[23,"RUA 15 JUNHO",75.85,{"v":6.4,"d":"6.40"},485.44,0,{"v":0,"d":"0.0"},null,{"v":0,"d":"0.00"},485.44]
[24,"RUA 01",57.91,{"v":6.4,"d":"6.40"},370.62,0,{"v":0,"d":"0.0"},null,{"v":0,"d":"0.00"},370.62]
[25,"RUA FELINTRO MULLER",489.78,{"v":6.4,"d":"6.40"},{"v":3134.59,"d":"3,134.59"},"LR-01",{"v":13,"d":"13.0"},27.67,359.71,{"v":3494.3,"d":"3,494.30"}]
[26,0,{"v":0,"d":"0.00"},{"v":-0.9,"d":"-0.90"},0,0,{"v":0,"d":"0.0"},null,{"v":0,"d":"0.00"},0]
[]
["Totais Parciais - m²",null,{"v":2830.24,"d":"2,830.24"},null,{"v":18113.54,"d":"18,113.54"},{"$nulls":3},913.11,{"v":19026.65,"d":"19,026.65"}]
["Total Geral - m²",null,{"v":19026.65,"d":"19,026.65"}]
[]
[]
[null,"Engº Yuri Bispo Neves Vuolo"]
[null,"ENGº CIVIL"]
[null," CREA - MT 047573"]

{"sheet":"Coord","index":6,"n_rows":41,"n_cols":8,"rows_kept":41,"hidden":true,"merged":[[0,0,0,7],[1,0,1,7],[2,1,2,4],[3,1,3,4],[3,5,5,5],[4,1,4,4],[5,1,5,4],[6,0,6,7],[7,0,8,0],[7,1,8,1],[7,2,7,3],[7,4,7,5],[7,6,7,7],[9,0,9,7]],"flags":["formulas_cached_only"]}
["ONO EMPREENDIMENTOS - ME"]
["CNPJ: 40.553.092/0001-51"]
["OBRA:","PAVIMENTAÇÃO ASFALTICA",{"$nulls":3},"REFERENCIA:","BDI DESON","BDI NÃO DES"]
["LOCAL:","JARDIM BANDEIRANTES E ADJACÊNCIAS",{"$nulls":3},"SINAPI 12/2023 - SICRO 07/2023 ANP 12/2023",{"v":0.2671,"d":"26.71%"},{"v":0.2067,"d":"20.67%"}]
["PROPR.:","CNPJ: 40.553.092/0001-51",{"$nulls":4},"DIFERENCIADO","DIFERENCIADO"]
["ÁREA (M²):",{"v":19026.65,"d":"19,026.65"},{"$nulls":4},{"v":0.15,"d":"15.00%"},{"v":0.15,"d":"15.00%"}]
["QUADRO DE COORDENADAS"]
["Item","Rua/Avenida","Coordenada Inicial",null,"Coordenada Final",null,"Logradouros"]
[null,null,"Latitude","Longitude","Latitude","Longitude","Inicial ","Final"]
["LOTE 01"]
[1,"RUA CERES"," 15°37'19.49\"S"," 58°11'29.20\"O"," 15°37'19.77\"S"," 58°11'22.13\"O","PROJETADA IV","AV QUATRO MARCO"]
[2,"TRAVESSA N° 04 T1"," 15°37'21.18\"S"," 58°11'30.92\"O"," 15°37'21.15\"S"," 58°11'28.87\"O","PROJETADA IV","MARCELINO PENACHIONE"]
[3,"TRAVESSA N° 04 T2"," 15°37'21.17\"S"," 58°11'28.40\"O"," 15°37'21.16\"S"," 58°11'25.23\"O","MARCELINO PENACHIONE","FELINTRO MULLER"]
[4,"RUA DO CAFÉ T1"," 15°37'22.65\"S"," 58°11'30.84\"O"," 15°37'22.81\"S"," 58°11'28.86\"O","PROJETADA IV","MARCELINO PENACHIONE"]
[5,"RUA DO CAFÉ T2"," 15°37'22.63\"S"," 58°11'28.31\"O"," 15°37'22.80\"S"," 58°11'25.33\"O","MARCELINO PENACHIONE","FELINTRO MULLER"]
[6,"RUA DO CAFÉ T3"," 15°37'22.80\"S"," 58°11'24.96\"O"," 15°37'22.86\"S"," 58°11'22.29\"O","MARCELINO PENACHIONE","FELINTRO MULLER"]
[7,"TRAVESSA N° 03 T1"," 15°37'24.26\"S"," 58°11'30.85\"O"," 15°37'24.28\"S"," 58°11'28.87\"O","PROJETADA IV","MARCELINO PENACHIONE"]
[8,"TRAVESSA N° 03 T2"," 15°37'24.22\"S"," 58°11'28.40\"O"," 15°37'24.23\"S"," 58°11'25.45\"O","MARCELINO PENACHIONE","FELINTRO MULLER"]
[9,"RUA DOM PEDRO T1"," 15°37'25.87\"S"," 58°11'30.95\"O"," 15°37'25.85\"S"," 58°11'28.84\"O","PROJETADA IV","MARCELINO PENACHIONE"]
[10,"RUA DOM PEDRO T2"," 15°37'25.75\"S"," 58°11'28.39\"O"," 15°37'25.89\"S"," 58°11'25.39\"O","MARCELINO PENACHIONE","FELINTRO MULLER"]
[11,"RUA DOM PEDRO T3"," 15°37'25.89\"S"," 58°11'25.39\"O"," 15°37'25.92\"S"," 58°11'23.85\"O","MARCELINO PENACHIONE","AV QUATRO MARCO"]
[12,"TRAVESSA N° 02 T1"," 15°37'27.48\"S"," 58°11'30.91\"O"," 15°37'27.46\"S"," 58°11'28.85\"O","PROJETADA IV","MARCELINO PENACHIONE"]
[13,"TRAVESSA N° 02 T2"," 15°37'27.29\"S"," 58°11'28.41\"O"," 15°37'27.56\"S"," 58°11'25.34\"O","MARCELINO PENACHIONE","FELINTRO MULLER"]
[14,"RUA SANTA CECILIA T1"," 15°37'29.03\"S"," 58°11'30.90\"O"," 15°37'29.03\"S"," 58°11'28.82\"O","PROJETADA IV","MARCELINO PENACHIONE"]
[15,"RUA SANTA CECILIA T2"," 15°37'28.93\"S"," 58°11'28.47\"O"," 15°37'29.12\"S"," 58°11'25.46\"O","MARCELINO PENACHIONE","FELINTRO MULLER"]
[16,"RUA SANTA CECILIA T3"," 15°37'29.05\"S"," 58°11'25.07\"O"," 15°37'29.17\"S"," 58°11'22.41\"O","FELINTRO MULLER","AV QUATRO MARCO"]
[17,"TRAVESSA N° 01 T1"," 15°37'30.62\"S"," 58°11'30.96\"O"," 15°37'30.61\"S"," 58°11'28.85\"O","PROJETADA IV","MARCELINO PENACHIONE"]
[18,"TRAVESSA N° 01 T2"," 15°37'30.47\"S"," 58°11'28.44\"O"," 15°37'30.56\"S"," 58°11'25.46\"O","MARCELINO PENACHIONE","FELINTRO MULLER"]
[19,"RUA 07 DE SETEMBRO T1"," 15°37'32.08\"S"," 58°11'30.97\"O"," 15°37'32.26\"S"," 58°11'28.86\"O","PROJETADA IV","MARCELINO PENACHIONE"]
[20,"RUA 07 DE SETEMBRO T2"," 15°37'32.15\"S"," 58°11'28.49\"O"," 15°37'32.23\"S"," 58°11'25.47\"O","MARCELINO PENACHIONE","FELINTRO MULLER"]
[21,"RUA 07 DE SETEMBRO T3"," 15°37'32.20\"S"," 58°11'25.03\"O"," 15°37'32.33\"S"," 58°11'22.48\"O","FELINTRO MULLER","AV QUATRO MARCO"]
[22,"RUA MARCELINO PENACHIONI"," 15°37'34.85\"S"," 58°11'28.89\"O"," 15°37'19.62\"S"," 58°11'28.68\"O","PROXIIMO  RUA 01","CERES"]
[23,"RUA 15 JUNHO"," 15°37'35.40\"S"," 58°11'25.37\"O"," 15°37'35.45\"S"," 58°11'22.57\"O","FELINTRO MULLER","AV QUATRO MARCO"]
[24,"RUA 01"," 15°37'33.68\"S"," 58°11'31.21\"O"," 15°37'33.79\"S"," 58°11'28.97\"O","PROJETADA IV","MARCELINO PENACHIONE"]
[25,"RUA FELINTRO MULLER"," 15°37'35.48\"S"," 58°11'25.53\"O"," 15°37'19.64\"S"," 58°11'25.07\"O","15 DE JUNHO","CERES"]
[26,0]
[]
[]
[null,"Engº Yuri Bispo Neves Vuolo"]
[null,"ENGº CIVIL"]
[null," CREA - MT 047573"]

{"sheet":"MAT. PETREO","index":7,"n_rows":43,"n_cols":12,"rows_kept":43,"hidden":true,"merged":[[0,0,0,11],[1,0,1,11],[2,1,2,7],[2,8,2,9],[3,1,3,7],[3,8,5,9],[4,1,4,7],[5,1,5,7],[6,0,6,11],[7,0,8,0],[7,1,8,1],[7,2,8,2],[7,3,8,3],[7,4,8,4],[7,5,8,5],[7,6,8,6],[7,7,8,7],[7,8,8,8],[7,9,8,9],[7,10,8,10],[7,11,8,11],[9,0,9,11],[37,0,37,1]],"flags":["formulas_cached_only"]}
["ONO EMPREENDIMENTOS - ME"]
["CNPJ: 40.553.092/0001-51"]
["OBRA:","PAVIMENTAÇÃO ASFALTICA",{"$nulls":6},"REFERENCIA:",null,"BDI DESON","BDI NÃO DES"]
["LOCAL:","JARDIM BANDEIRANTES E ADJACÊNCIAS",{"$nulls":6},"SINAPI 12/2023 - SICRO 07/2023 ANP 12/2023",null,{"v":0.2671,"d":"26.71%"},{"v":0.2067,"d":"20.67%"}]
["PROPR.:","CNPJ: 40.553.092/0001-51",{"$nulls":8},"DIFERENCIADO","DIFERENCIADO"]
["ÁREA (M²):",{"v":19026.65,"d":"19,026.65"},{"$nulls":8},{"v":0.15,"d":"15.00%"},{"v":0.15,"d":"15.00%"}]
["QUADRO DEMONSTRATIVO DE MATERIAL PÉTREO ( PAVIMENTADA)"]
["Item","Rua/Avenida","Área Total (m²)","Brita 2   (kg/m²)","Brita 0 ou Pedrisco (kg/m²)","Volume de Brita 2 (t)","Volume de Brita 0 (t)","Volume Total (t)","DMT  ATE 30,0 KM(Pav.)   (km)","DMT  >  30,0 KM(Pav.)   (km)","Mom Transp ATE 30,0 KM (txkm)","Mom Transp > 30,0 KM (txkm)"]
[]
["LOTE 01"]
[1,"RUA CERES",{"v":1881.28,"d":"1,881.28"},34.58,10.08,65.05,18.96,84.01,{"v":30,"d":"30.00"},{"v":102,"d":"102.00"},{"v":2520.3,"d":"2,520.30"},{"v":8569.02,"d":"8,569.02"}]
[2,"TRAVESSA N° 04 T1",{"v":374.4,"d":"374.40"},34.58,10.08,12.95,3.77,16.72,{"v":30,"d":"30.00"},{"v":102,"d":"102.00"},{"v":501.6,"d":"501.60"},{"v":1705.44,"d":"1,705.44"}]
[3,"TRAVESSA N° 04 T2",{"v":559.1,"d":"559.10"},34.58,10.08,19.33,5.64,24.97,{"v":30,"d":"30.00"},{"v":102,"d":"102.00"},{"v":749.1,"d":"749.10"},{"v":2546.94,"d":"2,546.94"}]
[4,"RUA DO CAFÉ T1",{"v":373.7,"d":"373.70"},34.58,10.08,12.92,3.77,16.69,{"v":30,"d":"30.00"},{"v":102,"d":"102.00"},{"v":500.7,"d":"500.70"},{"v":1702.38,"d":"1,702.38"}]
[5,"RUA DO CAFÉ T2",563.01,34.58,10.08,19.47,5.68,25.15,{"v":30,"d":"30.00"},{"v":102,"d":"102.00"},{"v":754.5,"d":"754.50"},{"v":2565.3,"d":"2,565.30"}]
[6,"RUA DO CAFÉ T3",485.44,34.58,10.08,16.79,4.89,21.68,{"v":30,"d":"30.00"},{"v":102,"d":"102.00"},{"v":650.4,"d":"650.40"},{"v":2211.36,"d":"2,211.36"}]
[7,"TRAVESSA N° 03 T1",{"v":373.5,"d":"373.50"},34.58,10.08,12.92,3.76,16.68,{"v":30,"d":"30.00"},{"v":102,"d":"102.00"},{"v":500.4,"d":"500.40"},{"v":1701.36,"d":"1,701.36"}]
[8,"TRAVESSA N° 03 T2",561.47,34.58,10.08,19.42,5.66,25.08,{"v":30,"d":"30.00"},{"v":102,"d":"102.00"},{"v":752.4,"d":"752.40"},{"v":2558.16,"d":"2,558.16"}]
[9,"RUA DOM PEDRO T1",372.93,34.58,10.08,{"v":12.9,"d":"12.90"},3.76,16.66,{"v":30,"d":"30.00"},{"v":102,"d":"102.00"},{"v":499.8,"d":"499.80"},{"v":1699.32,"d":"1,699.32"}]
[10,"RUA DOM PEDRO T2",559.94,34.58,10.08,19.36,5.64,{"v":25,"d":"25.00"},{"v":30,"d":"30.00"},{"v":102,"d":"102.00"},{"v":750,"d":"750.00"},{"v":2550,"d":"2,550.00"}]
[11,"RUA DOM PEDRO T3",{"v":256,"d":"256.00"},34.58,10.08,8.85,2.58,11.43,{"v":30,"d":"30.00"},{"v":102,"d":"102.00"},{"v":342.9,"d":"342.90"},{"v":1165.86,"d":"1,165.86"}]
[12,"TRAVESSA N° 02 T1",372.54,34.58,10.08,12.88,3.76,16.64,{"v":30,"d":"30.00"},{"v":102,"d":"102.00"},{"v":499.2,"d":"499.20"},{"v":1697.28,"d":"1,697.28"}]
[13,"TRAVESSA N° 02 T2",558.34,34.58,10.08,19.31,5.63,24.94,{"v":30,"d":"30.00"},{"v":102,"d":"102.00"},{"v":748.2,"d":"748.20"},{"v":2543.88,"d":"2,543.88"}]
[14,"RUA SANTA CECILIA T1",371.71,34.58,10.08,12.85,3.75,{"v":16.6,"d":"16.60"},{"v":30,"d":"30.00"},{"v":102,"d":"102.00"},{"v":498,"d":"498.00"},{"v":1693.2,"d":"1,693.20"}]
[15,"RUA SANTA CECILIA T2",557.06,34.58,10.08,19.26,5.62,24.88,{"v":30,"d":"30.00"},{"v":102,"d":"102.00"},{"v":746.4,"d":"746.40"},{"v":2537.76,"d":"2,537.76"}]
[16,"RUA SANTA CECILIA T3",{"v":480,"d":"480.00"},34.58,10.08,{"v":16.6,"d":"16.60"},4.84,21.44,{"v":30,"d":"30.00"},{"v":102,"d":"102.00"},{"v":643.2,"d":"643.20"},{"v":2186.88,"d":"2,186.88"}]
[17,"TRAVESSA N° 01 T1",371.46,34.58,10.08,12.85,3.74,16.59,{"v":30,"d":"30.00"},{"v":102,"d":"102.00"},{"v":497.7,"d":"497.70"},{"v":1692.18,"d":"1,692.18"}]
[18,"TRAVESSA N° 01 T2",555.26,34.58,10.08,{"v":19.2,"d":"19.20"},{"v":5.6,"d":"5.60"},{"v":24.8,"d":"24.80"},{"v":30,"d":"30.00"},{"v":102,"d":"102.00"},{"v":744,"d":"744.00"},{"v":2529.6,"d":"2,529.60"}]
[19,"RUA 07 DE SETEMBRO T1",371.01,34.58,10.08,12.83,3.74,16.57,{"v":30,"d":"30.00"},{"v":102,"d":"102.00"},{"v":497.1,"d":"497.10"},{"v":1690.14,"d":"1,690.14"}]
[20,"RUA 07 DE SETEMBRO T2",553.73,34.58,10.08,19.15,5.58,24.73,{"v":30,"d":"30.00"},{"v":102,"d":"102.00"},{"v":741.9,"d":"741.90"},{"v":2522.46,"d":"2,522.46"}]
[21,"RUA 07 DE SETEMBRO T3",{"v":480,"d":"480.00"},34.58,10.08,{"v":16.6,"d":"16.60"},4.84,21.44,{"v":30,"d":"30.00"},{"v":102,"d":"102.00"},{"v":643.2,"d":"643.20"},{"v":2186.88,"d":"2,186.88"}]
[22,"RUA MARCELINO PENACHIONI",{"v":3644.41,"d":"3,644.41"},34.58,10.08,126.02,36.74,162.76,{"v":30,"d":"30.00"},{"v":102,"d":"102.00"},{"v":4882.8,"d":"4,882.80"},{"v":16601.52,"d":"16,601.52"}]
[23,"RUA 15 JUNHO",485.44,34.58,10.08,16.79,4.89,21.68,{"v":30,"d":"30.00"},{"v":102,"d":"102.00"},{"v":650.4,"d":"650.40"},{"v":2211.36,"d":"2,211.36"}]
[24,"RUA 01",370.62,34.58,10.08,12.82,3.74,16.56,{"v":30,"d":"30.00"},{"v":102,"d":"102.00"},{"v":496.8,"d":"496.80"},{"v":1689.12,"d":"1,689.12"}]
[25,"RUA FELINTRO MULLER",{"v":3494.3,"d":"3,494.30"},34.58,10.08,120.83,35.22,156.05,{"v":30,"d":"30.00"},{"v":102,"d":"102.00"},{"v":4681.5,"d":"4,681.50"},{"v":15917.1,"d":"15,917.10"}]
[26,{"v":0,"d":"0.00"},{"v":0,"d":"0.00"},34.58,10.08,{"v":0,"d":"0.00"},{"v":0,"d":"0.00"},{"v":0,"d":"0.00"},{"v":30,"d":"30.00"},{"v":102,"d":"102.00"},{"v":0,"d":"0.00"},{"v":0,"d":"0.00"}]
[]
["Totais Parciais - m²",null,{"v":19026.65,"d":"19,026.65"},null,null,657.95,{"v":191.8,"d":"191.80"},849.75,null,null,{"v":25492.5,"d":"25,492.50"},{"v":86674.5,"d":"86,674.50"}]
[]
[]
[null,"Engº Yuri Bispo Neves Vuolo"]
[null,"ENGº CIVIL"]
[null," CREA - MT 047573"]

{"sheet":"MAT BETUMINOSO","index":8,"n_rows":43,"n_cols":12,"rows_kept":43,"hidden":true,"merged":[[0,0,0,11],[1,0,1,11],[2,1,2,8],[3,1,3,8],[3,9,5,9],[4,1,4,8],[5,1,5,8],[6,0,6,11],[7,0,8,0],[7,1,8,1],[7,2,8,2],[7,3,8,3],[7,4,8,4],[7,5,8,5],[7,6,8,6],[7,7,8,7],[7,8,8,8],[7,9,8,9],[7,10,8,10],[7,11,8,11],[9,0,9,11],[36,0,36,1],[38,2,39,2],[38,4,39,4],[38,5,39,5],[38,6,39,6]],"flags":["formulas_cached_only"]}
["ONO EMPREENDIMENTOS - ME"]
["CNPJ: 40.553.092/0001-51"]
["OBRA:","PAVIMENTAÇÃO ASFALTICA",{"$nulls":7},"REFERENCIA:","BDI DESON","BDI NÃO DES"]
["LOCAL:","JARDIM BANDEIRANTES E ADJACÊNCIAS",{"$nulls":7},"SINAPI 12/2023 - SICRO 07/2023 ANP 12/2023",{"v":0.2671,"d":"26.71%"},{"v":0.2067,"d":"20.67%"}]
["PROPR.:","CNPJ: 40.553.092/0001-51",{"$nulls":8},"DIFERENCIADO","DIFERENCIADO"]
["ÁREA (M²):",{"v":19026.65,"d":"19,026.65"},{"$nulls":8},{"v":0.15,"d":"15.00%"},{"v":0.15,"d":"15.00%"}]
["QUADRO DEMONSTRATIVO DE MATERIAL DE BETUMINOSO ( PAVIMENTADA)"]
["Item","Rua/Avenida","Área Total (m²)","CM-30 (Kg/m²)","RR - 2C (Kg/m²)","Volume de CM-30 (t)","Volume RR-2C (t)","Volume Total (t)","DMT  ATE 30,0 KM(Pav.)   (km)","DMT  >  30,0 KM(Pav.)   (km)","Mom Trans ATE 30,0 KM (txkm)","Mom Trans > 30,0 KM (txkm)"]
[]
["LOTE 01"]
[1,"RUA CERES",{"v":1881.28,"d":"1,881.28"},{"v":1.2,"d":"1.20"},{"v":3.5,"d":"3.50"},2.26,6.58,8.84,{"v":30,"d":"30.00"},{"v":281,"d":"281.00"},{"v":265.2,"d":"265.20"},{"v":2484.04,"d":"2,484.04"}]
[2,"TRAVESSA N° 04 T1",{"v":374.4,"d":"374.40"},{"v":1.2,"d":"1.20"},{"v":3.5,"d":"3.50"},0.45,1.31,1.76,{"v":30,"d":"30.00"},{"v":281,"d":"281.00"},{"v":52.8,"d":"52.80"},494.56]
[3,"TRAVESSA N° 04 T2",{"v":559.1,"d":"559.10"},{"v":1.2,"d":"1.20"},{"v":3.5,"d":"3.50"},0.67,1.96,2.63,{"v":30,"d":"30.00"},{"v":281,"d":"281.00"},{"v":78.9,"d":"78.90"},739.03]
[4,"RUA DO CAFÉ T1",{"v":373.7,"d":"373.70"},{"v":1.2,"d":"1.20"},{"v":3.5,"d":"3.50"},0.45,1.31,1.76,{"v":30,"d":"30.00"},{"v":281,"d":"281.00"},{"v":52.8,"d":"52.80"},494.56]
[5,"RUA DO CAFÉ T2",563.01,{"v":1.2,"d":"1.20"},{"v":3.5,"d":"3.50"},0.68,1.97,2.65,{"v":30,"d":"30.00"},{"v":281,"d":"281.00"},{"v":79.5,"d":"79.50"},744.65]
[6,"RUA DO CAFÉ T3",485.44,{"v":1.2,"d":"1.20"},{"v":3.5,"d":"3.50"},0.58,{"v":1.7,"d":"1.70"},2.28,{"v":30,"d":"30.00"},{"v":281,"d":"281.00"},{"v":68.4,"d":"68.40"},640.68]
[7,"TRAVESSA N° 03 T1",{"v":373.5,"d":"373.50"},{"v":1.2,"d":"1.20"},{"v":3.5,"d":"3.50"},0.45,1.31,1.76,{"v":30,"d":"30.00"},{"v":281,"d":"281.00"},{"v":52.8,"d":"52.80"},494.56]
[8,"TRAVESSA N° 03 T2",561.47,{"v":1.2,"d":"1.20"},{"v":3.5,"d":"3.50"},0.67,1.97,2.64,{"v":30,"d":"30.00"},{"v":281,"d":"281.00"},{"v":79.2,"d":"79.20"},741.84]
[9,"RUA DOM PEDRO T1",372.93,{"v":1.2,"d":"1.20"},{"v":3.5,"d":"3.50"},0.45,1.31,1.76,{"v":30,"d":"30.00"},{"v":281,"d":"281.00"},{"v":52.8,"d":"52.80"},494.56]
[10,"RUA DOM PEDRO T2",559.94,{"v":1.2,"d":"1.20"},{"v":3.5,"d":"3.50"},0.67,1.96,2.63,{"v":30,"d":"30.00"},{"v":281,"d":"281.00"},{"v":78.9,"d":"78.90"},739.03]
[11,"RUA DOM PEDRO T3",{"v":256,"d":"256.00"},{"v":1.2,"d":"1.20"},{"v":3.5,"d":"3.50"},0.31,{"v":0.9,"d":"0.90"},1.21,{"v":30,"d":"30.00"},{"v":281,"d":"281.00"},{"v":36.3,"d":"36.30"},340.01]
[12,"TRAVESSA N° 02 T1",372.54,{"v":1.2,"d":"1.20"},{"v":3.5,"d":"3.50"},0.45,{"v":1.3,"d":"1.30"},1.75,{"v":30,"d":"30.00"},{"v":281,"d":"281.00"},{"v":52.5,"d":"52.50"},491.75]
[13,"TRAVESSA N° 02 T2",558.34,{"v":1.2,"d":"1.20"},{"v":3.5,"d":"3.50"},0.67,1.95,2.62,{"v":30,"d":"30.00"},{"v":281,"d":"281.00"},{"v":78.6,"d":"78.60"},736.22]
[14,"RUA SANTA CECILIA T1",371.71,{"v":1.2,"d":"1.20"},{"v":3.5,"d":"3.50"},0.45,{"v":1.3,"d":"1.30"},1.75,{"v":30,"d":"30.00"},{"v":281,"d":"281.00"},{"v":52.5,"d":"52.50"},491.75]
[15,"RUA SANTA CECILIA T2",557.06,{"v":1.2,"d":"1.20"},{"v":3.5,"d":"3.50"},0.67,1.95,2.62,{"v":30,"d":"30.00"},{"v":281,"d":"281.00"},{"v":78.6,"d":"78.60"},736.22]
[16,"RUA SANTA CECILIA T3",{"v":480,"d":"480.00"},{"v":1.2,"d":"1.20"},{"v":3.5,"d":"3.50"},0.58,1.68,2.26,{"v":30,"d":"30.00"},{"v":281,"d":"281.00"},{"v":67.8,"d":"67.80"},635.06]
[17,"TRAVESSA N° 01 T1",371.46,{"v":1.2,"d":"1.20"},{"v":3.5,"d":"3.50"},0.45,{"v":1.3,"d":"1.30"},1.75,{"v":30,"d":"30.00"},{"v":281,"d":"281.00"},{"v":52.5,"d":"52.50"},491.75]
[18,"TRAVESSA N° 01 T2",555.26,{"v":1.2,"d":"1.20"},{"v":3.5,"d":"3.50"},0.67,1.94,2.61,{"v":30,"d":"30.00"},{"v":281,"d":"281.00"},{"v":78.3,"d":"78.30"},733.41]
[19,"RUA 07 DE SETEMBRO T1",371.01,{"v":1.2,"d":"1.20"},{"v":3.5,"d":"3.50"},0.45,{"v":1.3,"d":"1.30"},1.75,{"v":30,"d":"30.00"},{"v":281,"d":"281.00"},{"v":52.5,"d":"52.50"},491.75]
[20,"RUA 07 DE SETEMBRO T2",553.73,{"v":1.2,"d":"1.20"},{"v":3.5,"d":"3.50"},0.66,1.94,{"v":2.6,"d":"2.60"},{"v":30,"d":"30.00"},{"v":281,"d":"281.00"},{"v":78,"d":"78.00"},{"v":730.6,"d":"730.60"}]
[21,"RUA 07 DE SETEMBRO T3",{"v":480,"d":"480.00"},{"v":1.2,"d":"1.20"},{"v":3.5,"d":"3.50"},0.58,1.68,2.26,{"v":30,"d":"30.00"},{"v":281,"d":"281.00"},{"v":67.8,"d":"67.80"},635.06]
[22,"RUA MARCELINO PENACHIONI",{"v":3644.41,"d":"3,644.41"},{"v":1.2,"d":"1.20"},{"v":3.5,"d":"3.50"},4.37,12.76,17.13,{"v":30,"d":"30.00"},{"v":281,"d":"281.00"},{"v":513.9,"d":"513.90"},{"v":4813.53,"d":"4,813.53"}]
[23,"RUA 15 JUNHO",485.44,{"v":1.2,"d":"1.20"},{"v":3.5,"d":"3.50"},0.58,{"v":1.7,"d":"1.70"},2.28,{"v":30,"d":"30.00"},{"v":281,"d":"281.00"},{"v":68.4,"d":"68.40"},640.68]
[24,"RUA 01",370.62,{"v":1.2,"d":"1.20"},{"v":3.5,"d":"3.50"},0.44,{"v":1.3,"d":"1.30"},1.74,{"v":30,"d":"30.00"},{"v":281,"d":"281.00"},{"v":52.2,"d":"52.20"},488.94]
[25,"RUA FELINTRO MULLER",{"v":3494.3,"d":"3,494.30"},{"v":1.2,"d":"1.20"},{"v":3.5,"d":"3.50"},4.19,12.23,16.42,{"v":30,"d":"30.00"},{"v":281,"d":"281.00"},{"v":492.6,"d":"492.60"},{"v":4614.02,"d":"4,614.02"}]
[]
["Totais Parciais - m²",null,{"v":19026.65,"d":"19,026.65"},null,null,22.85,66.61,89.46,null,null,{"v":2683.8,"d":"2,683.80"},{"v":25138.26,"d":"25,138.26"}]
[]
[null,null,"MATERIAL","2023-12-01","PIS+COFINS","CUSTO (KG)","CUSTO (t)"]
[{"$nulls":3},"CUSTO ANP"]
[null,"Engº Yuri Bispo Neves Vuolo","CM - 30",5.57322,{"v":0.0365,"d":"3.65%"},5.77664253,{"v":5776.64,"d":"5,776.64"}]
[null,"ENGº CIVIL","RR-2C",3.01049,{"v":0.0365,"d":"3.65%"},3.120372885,{"v":3120.37,"d":"3,120.37"}]
[null," CREA - MT 047573"]

{"sheet":"MF e Sarj.","index":9,"n_rows":79,"n_cols":10,"rows_kept":79,"hidden":true,"merged":[[0,0,0,9],[1,0,1,9],[2,1,2,5],[2,6,2,7],[3,1,3,5],[3,6,5,7],[4,1,4,5],[5,1,5,5],[6,0,6,9],[7,0,8,0],[7,1,8,1],[7,2,7,3],[7,4,8,4],[7,5,7,8],[7,9,8,9],[9,0,9,9],[37,0,37,1],[38,0,38,1],[38,2,38,9],[40,0,40,9],[41,0,42,0],[41,1,42,1],[41,2,41,3],[41,4,42,4],[41,5,41,8],[41,9,42,9],[43,0,43,9],[71,0,71,1],[72,0,72,1],[72,2,72,9]],"flags":["formulas_cached_only"]}
["ONO EMPREENDIMENTOS - ME"]
["CNPJ: 40.553.092/0001-51"]
["OBRA:","PAVIMENTAÇÃO ASFALTICA",{"$nulls":4},"REFERENCIA:",null,"BDI DESON","BDI NÃO DES"]
["LOCAL:","JARDIM BANDEIRANTES E ADJACÊNCIAS",{"$nulls":4},"SINAPI 12/2023 - SICRO 07/2023 ANP 12/2023",null,{"v":0.2671,"d":"26.71%"},{"v":0.2067,"d":"20.67%"}]
["PROPR.:","CNPJ: 40.553.092/0001-51",{"$nulls":6},"DIFERENCIADO","DIFERENCIADO"]
["ÁREA (M²):",{"v":19026.65,"d":"19,026.65"},{"$nulls":6},{"v":0.15,"d":"15.00%"},{"v":0.15,"d":"15.00%"}]
["QUADRO QUANTITATIVO DE MEIO-FIO COM SARJETA RETO"]
["Item","Rua/Avenida","Extensão (m)",null,"Ext. (m)","Limpa-Rodas",{"$nulls":3},"Extensão Total (m)"]
[null,null,"Lado Direito","Lado esquerdo",null,"Código","Quant.","Ext. Parcial (m)","Ext. Total (m)"]
["LOTE 01"]
[1,"RUA CERES",{"v":280.9,"d":"280.90"},239.56,520.46,"LR-01",{"v":3,"d":"3.0"},null,{"v":0,"d":"0.00"},520.46]
[2,"TRAVESSA N° 04 T1",{"v":58.5,"d":"58.50"},{"v":58.5,"d":"58.50"},{"v":117,"d":"117.00"},0,{"v":0,"d":"0.0"},null,{"v":0,"d":"0.00"},{"v":117,"d":"117.00"}]
[3,"TRAVESSA N° 04 T2",87.36,87.36,174.72,0,{"v":0,"d":"0.0"},null,{"v":0,"d":"0.00"},174.72]
[4,"RUA DO CAFÉ T1",58.39,58.39,116.78,0,{"v":0,"d":"0.0"},null,{"v":0,"d":"0.00"},116.78]
[5,"RUA DO CAFÉ T2",87.97,87.97,175.94,0,{"v":0,"d":"0.0"},null,{"v":0,"d":"0.00"},175.94]
[6,"RUA DO CAFÉ T3",75.85,75.85,{"v":151.7,"d":"151.70"},0,{"v":0,"d":"0.0"},null,{"v":0,"d":"0.00"},{"v":151.7,"d":"151.70"}]
[7,"TRAVESSA N° 03 T1",58.36,58.36,116.72,0,{"v":0,"d":"0.0"},null,{"v":0,"d":"0.00"},116.72]
[8,"TRAVESSA N° 03 T2",87.73,87.73,175.46,0,{"v":0,"d":"0.0"},null,{"v":0,"d":"0.00"},175.46]
[9,"RUA DOM PEDRO T1",58.27,58.27,116.54,0,{"v":0,"d":"0.0"},null,{"v":0,"d":"0.00"},116.54]
[10,"RUA DOM PEDRO T2",87.49,87.49,174.98,0,{"v":0,"d":"0.0"},null,{"v":0,"d":"0.00"},174.98]
[11,"RUA DOM PEDRO T3",{"v":40,"d":"40.00"},{"v":40,"d":"40.00"},{"v":80,"d":"80.00"},0,{"v":0,"d":"0.0"},null,{"v":0,"d":"0.00"},{"v":80,"d":"80.00"}]
[12,"TRAVESSA N° 02 T1",58.21,58.21,116.42,0,{"v":0,"d":"0.0"},null,{"v":0,"d":"0.00"},116.42]
[13,"TRAVESSA N° 02 T2",87.24,87.24,174.48,0,{"v":0,"d":"0.0"},null,{"v":0,"d":"0.00"},174.48]
[14,"RUA SANTA CECILIA T1",58.08,58.08,116.16,0,{"v":0,"d":"0.0"},null,{"v":0,"d":"0.00"},116.16]
[15,"RUA SANTA CECILIA T2",87.04,87.04,174.08,0,{"v":0,"d":"0.0"},null,{"v":0,"d":"0.00"},174.08]
[16,"RUA SANTA CECILIA T3",{"v":75,"d":"75.00"},{"v":75,"d":"75.00"},{"v":150,"d":"150.00"},0,{"v":0,"d":"0.0"},null,{"v":0,"d":"0.00"},{"v":150,"d":"150.00"}]
[17,"TRAVESSA N° 01 T1",58.04,58.04,116.08,0,{"v":0,"d":"0.0"},null,{"v":0,"d":"0.00"},116.08]
[18,"TRAVESSA N° 01 T2",86.76,86.76,173.52,0,{"v":0,"d":"0.0"},null,{"v":0,"d":"0.00"},173.52]
[19,"RUA 07 DE SETEMBRO T1",57.97,57.97,115.94,0,{"v":0,"d":"0.0"},null,{"v":0,"d":"0.00"},115.94]
[20,"RUA 07 DE SETEMBRO T2",86.52,86.52,173.04,0,{"v":0,"d":"0.0"},null,{"v":0,"d":"0.00"},173.04]
[21,"RUA 07 DE SETEMBRO T3",{"v":75,"d":"75.00"},{"v":75,"d":"75.00"},{"v":150,"d":"150.00"},0,{"v":0,"d":"0.0"},null,{"v":0,"d":"0.00"},{"v":150,"d":"150.00"}]
[22,"RUA MARCELINO PENACHIONI",376.29,376.18,752.47,"LR-01",{"v":17,"d":"17.0"},null,{"v":0,"d":"0.00"},752.47]
[23,"RUA 15 JUNHO",75.85,75.85,{"v":151.7,"d":"151.70"},0,{"v":0,"d":"0.0"},null,{"v":0,"d":"0.00"},{"v":151.7,"d":"151.70"}]
[24,"RUA 01",57.91,57.91,115.82,0,{"v":0,"d":"0.0"},null,{"v":0,"d":"0.00"},115.82]
[25,"RUA FELINTRO MULLER",383.41,423.28,806.69,"LR-01",{"v":13,"d":"13.0"},null,{"v":0,"d":"0.00"},806.69]
[26,0]
[]
["Totais Parciais - m",null,{"v":2604.14,"d":"2,604.14"},{"v":2602.56,"d":"2,602.56"},{"v":5206.7,"d":"5,206.70"},{"$nulls":3},{"v":0,"d":"0.00"},{"v":5206.7,"d":"5,206.70"}]
["Total Geral  - m",null,{"v":5206.7,"d":"5,206.70"}]
[]
["QUADRO QUANTITATIVO DE MEIO-FIO COM SARJETA CURVO"]
["Item","Rua/Avenida","Extensão (m)",null,"Ext. (m)","Limpa-Rodas",{"$nulls":3},"Extensão Total (m)"]
[null,null,"Lado Direito","Lado esquerdo",null,"Código","Quant.","Ext. Parcial (m)","Ext. Total (m)"]
["LOTE 01"]
[1,"RUA CERES",null,null,{"v":0,"d":"0.00"},"LR-01",{"v":3,"d":"3.0"},9.43,28.29,28.29]
[2,"TRAVESSA N° 04 T1",null,null,{"v":0,"d":"0.00"},0,{"v":0,"d":"0.0"},null,{"v":0,"d":"0.00"},{"v":0,"d":"0.00"}]
[3,"TRAVESSA N° 04 T2",null,null,{"v":0,"d":"0.00"},0,{"v":0,"d":"0.0"},null,{"v":0,"d":"0.00"},{"v":0,"d":"0.00"}]
[4,"RUA DO CAFÉ T1",null,null,{"v":0,"d":"0.00"},0,{"v":0,"d":"0.0"},null,{"v":0,"d":"0.00"},{"v":0,"d":"0.00"}]
[5,"RUA DO CAFÉ T2",null,null,{"v":0,"d":"0.00"},0,{"v":0,"d":"0.0"},null,{"v":0,"d":"0.00"},{"v":0,"d":"0.00"}]
[6,"RUA DO CAFÉ T3",null,null,{"v":0,"d":"0.00"},0,{"v":0,"d":"0.0"},null,{"v":0,"d":"0.00"},{"v":0,"d":"0.00"}]
[7,"TRAVESSA N° 03 T1",null,null,{"v":0,"d":"0.00"},0,{"v":0,"d":"0.0"},null,{"v":0,"d":"0.00"},{"v":0,"d":"0.00"}]
[8,"TRAVESSA N° 03 T2",null,null,{"v":0,"d":"0.00"},0,{"v":0,"d":"0.0"},null,{"v":0,"d":"0.00"},{"v":0,"d":"0.00"}]
[9,"RUA DOM PEDRO T1",null,null,{"v":0,"d":"0.00"},0,{"v":0,"d":"0.0"},null,{"v":0,"d":"0.00"},{"v":0,"d":"0.00"}]
[10,"RUA DOM PEDRO T2",null,null,{"v":0,"d":"0.00"},0,{"v":0,"d":"0.0"},null,{"v":0,"d":"0.00"},{"v":0,"d":"0.00"}]
[11,"RUA DOM PEDRO T3",null,null,{"v":0,"d":"0.00"},0,{"v":0,"d":"0.0"},null,{"v":0,"d":"0.00"},{"v":0,"d":"0.00"}]
[12,"TRAVESSA N° 02 T1",null,null,{"v":0,"d":"0.00"},0,{"v":0,"d":"0.0"},null,{"v":0,"d":"0.00"},{"v":0,"d":"0.00"}]
[13,"TRAVESSA N° 02 T2",null,null,{"v":0,"d":"0.00"},0,{"v":0,"d":"0.0"},null,{"v":0,"d":"0.00"},{"v":0,"d":"0.00"}]
[14,"RUA SANTA CECILIA T1",null,null,{"v":0,"d":"0.00"},0,{"v":0,"d":"0.0"},null,{"v":0,"d":"0.00"},{"v":0,"d":"0.00"}]
[15,"RUA SANTA CECILIA T2",null,null,{"v":0,"d":"0.00"},0,{"v":0,"d":"0.0"},null,{"v":0,"d":"0.00"},{"v":0,"d":"0.00"}]
[16,"RUA SANTA CECILIA T3",null,null,{"v":0,"d":"0.00"},0,{"v":0,"d":"0.0"},null,{"v":0,"d":"0.00"},{"v":0,"d":"0.00"}]
[17,"TRAVESSA N° 01 T1",null,null,{"v":0,"d":"0.00"},0,{"v":0,"d":"0.0"},null,{"v":0,"d":"0.00"},{"v":0,"d":"0.00"}]
[18,"TRAVESSA N° 01 T2",null,null,{"v":0,"d":"0.00"},0,{"v":0,"d":"0.0"},null,{"v":0,"d":"0.00"},{"v":0,"d":"0.00"}]
[19,"RUA 07 DE SETEMBRO T1",null,null,{"v":0,"d":"0.00"},0,{"v":0,"d":"0.0"},null,{"v":0,"d":"0.00"},{"v":0,"d":"0.00"}]
[20,"RUA 07 DE SETEMBRO T2",null,null,{"v":0,"d":"0.00"},0,{"v":0,"d":"0.0"},null,{"v":0,"d":"0.00"},{"v":0,"d":"0.00"}]
[21,"RUA 07 DE SETEMBRO T3",null,null,{"v":0,"d":"0.00"},0,{"v":0,"d":"0.0"},null,{"v":0,"d":"0.00"},{"v":0,"d":"0.00"}]
[22,"RUA MARCELINO PENACHIONI",null,null,{"v":0,"d":"0.00"},"LR-01",{"v":17,"d":"17.0"},9.43,160.31,160.31]
[23,"RUA 15 JUNHO",null,null,{"v":0,"d":"0.00"},0,{"v":0,"d":"0.0"},null,{"v":0,"d":"0.00"},{"v":0,"d":"0.00"}]
[24,"RUA 01",null,null,{"v":0,"d":"0.00"},0,{"v":0,"d":"0.0"},null,{"v":0,"d":"0.00"},{"v":0,"d":"0.00"}]
[25,"RUA FELINTRO MULLER",null,null,{"v":0,"d":"0.00"},"LR-01",{"v":13,"d":"13.0"},9.43,122.59,122.59]
[]
[]
["Totais Parciais - m",null,{"v":0,"d":"0.00"},{"v":0,"d":"0.00"},{"v":0,"d":"0.00"},{"$nulls":3},311.19,311.19]
["Total Geral  - m",null,311.19]
[]
[]
[]
[null,"Engº Yuri Bispo Neves Vuolo"]
[null,"ENGº CIVIL"]
[null," CREA - MT 047573"]

{"sheet":"CALÇADA","index":10,"n_rows":29,"n_cols":13,"rows_kept":29,"hidden":true,"merged":[[0,0,0,12],[1,0,1,12],[2,1,2,12],[3,1,3,7],[3,9,5,12],[4,1,4,3],[4,5,4,7],[5,1,5,3],[5,5,5,6],[6,0,6,12],[7,0,8,0],[7,1,8,1],[7,2,8,2],[7,3,8,3],[7,4,8,4],[7,5,7,9],[7,10,8,10],[7,11,8,11],[7,12,8,12],[9,0,9,12],[21,0,21,1],[22,0,22,1],[22,2,22,12]],"flags":["formulas_cached_only"]}
["ONO EMPREENDIMENTOS - ME"]
["CNPJ: 40.553.092/0001-51"]
["OBRA:","PAVIMENTAÇÃO ASFALTICA"]
["LOCAL:","JARDIM BANDEIRANTES E ADJACÊNCIAS",{"$nulls":7},"BDI DESON"]
["PROPR.:","CNPJ: 40.553.092/0001-51",null,null,"DATA:",{"v":0,"d":"0.00%"}]
["ÁREA (M²):",{"v":19026.65,"d":"19,026.65"},null,null,"BDI:",{"v":0,"d":"0.00%"},null,"TABELA:"]
["QUADRO QUANTITATIVO DE CALÇADA"]
["Item","Rua/Avenida","Extensão (m)","Largura     (m)","Área (m²)","Limpa-Rodas",{"$nulls":4},"Area Total (m²)","Espessura  (m²)","Volume Total (m³)"]
[{"$nulls":5},"Código","Quant.","Ext (m)","Largura (m)","Area Total (m²)"]
["LOTE 01"]
[1,"RUA CERES",548.75,{"v":1.5,"d":"1.50"},823.13,"LR-01",{"v":3,"d":"3.0"},9.43,{"v":1.5,"d":"1.50"},42.44,865.57,0.06,51.93]
[2,"TRAVESSA N° 04 T1",{"v":117,"d":"117.00"},{"v":1.5,"d":"1.50"},{"v":175.5,"d":"175.50"},0,{"v":0,"d":"0.0"},{"v":0,"d":"0.00"},{"v":1.5,"d":"1.50"},{"v":0,"d":"0.00"},{"v":175.5,"d":"175.50"},0.06,10.53]
[4,"RUA DO CAFÉ T1",174.72,{"v":1.5,"d":"1.50"},262.08,0,{"v":0,"d":"0.0"},{"v":0,"d":"0.00"},{"v":1.5,"d":"1.50"},{"v":0,"d":"0.00"},262.08,0.06,15.72]
[7,"TRAVESSA N° 03 T1",116.78,{"v":1.5,"d":"1.50"},175.17,0,{"v":0,"d":"0.0"},{"v":0,"d":"0.00"},{"v":1.5,"d":"1.50"},{"v":0,"d":"0.00"},175.17,0.06,10.51]
[9,"RUA DOM PEDRO T1",175.94,{"v":1.5,"d":"1.50"},263.91,0,{"v":0,"d":"0.0"},{"v":0,"d":"0.00"},{"v":1.5,"d":"1.50"},{"v":0,"d":"0.00"},263.91,0.06,15.83]
[12,"TRAVESSA N° 02 T1",{"v":151.7,"d":"151.70"},{"v":1.5,"d":"1.50"},227.55,0,{"v":0,"d":"0.0"},{"v":0,"d":"0.00"},{"v":1.5,"d":"1.50"},{"v":0,"d":"0.00"},227.55,0.06,13.65]
[14,"RUA SANTA CECILIA T1",116.72,{"v":1.5,"d":"1.50"},175.08,0,{"v":0,"d":"0.0"},{"v":0,"d":"0.00"},{"v":1.5,"d":"1.50"},{"v":0,"d":"0.00"},175.08,0.06,{"v":10.5,"d":"10.50"}]
[17,"TRAVESSA N° 01 T1",175.46,{"v":1.5,"d":"1.50"},263.19,0,{"v":0,"d":"0.0"},{"v":0,"d":"0.00"},{"v":1.5,"d":"1.50"},{"v":0,"d":"0.00"},263.19,0.06,15.79]
[19,"RUA 07 DE SETEMBRO T1",116.54,{"v":1.5,"d":"1.50"},174.81,0,{"v":0,"d":"0.0"},{"v":0,"d":"0.00"},{"v":1.5,"d":"1.50"},{"v":0,"d":"0.00"},174.81,0.06,10.48]
[{"$error":"#REF!"},{"$error":"#REF!"},{"$error":"#REF!"},{"v":1.5,"d":"1.50"},{"$error":"#REF!"},{"$error":"#REF!"},{"$error":"#REF!"},{"$error":"#REF!"},{"v":1.5,"d":"1.50"},{"$error":"#REF!"},{"$error":"#REF!"},0.06,{"$error":"#REF!"}]
[]
["Totais Parciais",null,{"$error":"#REF!"},null,{"$error":"#REF!"},{"$nulls":4},{"$error":"#REF!"},{"$error":"#REF!"},null,{"$error":"#REF!"}]
["Total Geral ",null,{"$error":"#REF!"}]
[]
[]
[]
[null,"Engº Yuri Bispo Neves Vuolo"]
[null,"ENGº CIVIL"]
[null," CREA - MT 047573"]

{"sheet":"PISO TATIL","index":11,"n_rows":30,"n_cols":14,"rows_kept":30,"hidden":true,"merged":[[0,0,0,13],[1,0,1,13],[2,1,2,7],[2,8,5,13],[3,1,3,7],[4,1,4,3],[4,5,4,7],[5,1,5,3],[5,5,5,6],[6,0,6,10],[7,1,7,13],[8,1,9,1],[8,2,9,2],[8,3,8,5],[8,6,8,10],[8,11,9,11],[8,12,9,12],[8,13,9,13],[10,1,10,13],[21,1,21,2]],"flags":["formulas_cached_only"]}
["ONO EMPREENDIMENTOS - ME"]
["CNPJ: 40.553.092/0001-51"]
["OBRA:","PAVIMENTAÇÃO ASFALTICA",{"$nulls":6},"BDI DESON"]
["LOCAL:","JARDIM BANDEIRANTES E ADJACÊNCIAS"]
["PROPR.:","CNPJ: 40.553.092/0001-51",null,null,"DATA:",{"v":0,"d":"0.00%"}]
["ÁREA (M²):",{"v":19026.65,"d":"19,026.65"},null,null,"BDI:",{"v":0,"d":"0.00%"},null,"TABELA:"]
[]
[null,"QUADRO QUANTITATIVO DE PISO TATIL"]
[null,"Item","Rua/Avenida","Extensão",null,null,"Cruzamentos / Rampas PNE",{"$nulls":4},"Quant. Total (und)","Area por Piso     (m²)","Area     Total        (m²)"]
[{"$nulls":3},"Extensão MF           (m)","Quant / m  (und)","Quant. Parcial  (und)","Quant. De Faixas","Quant. Rampa / Faixa (und)","Quant. Rampa   (und)","Quant Piso / Rampa (und)","Quant Parcial (und)"]
[null,"LOTE 01"]
[null,1,"RUA CERES",548.75,{"v":4,"d":"4.0"},{"v":2195,"d":"2195.0"},2,{"v":2,"d":"2.0"},{"v":4,"d":"4.0"},{"v":14,"d":"14.0"},{"v":56,"d":"56.00"},{"v":2251,"d":"2251.00"},0.063,141.81]
[null,2,"TRAVESSA N° 04 T1",{"v":117,"d":"117.00"},{"v":4,"d":"4.0"},{"v":468,"d":"468.0"},4,{"v":2,"d":"2.0"},{"v":8,"d":"8.0"},{"v":14,"d":"14.0"},{"v":112,"d":"112.00"},{"v":580,"d":"580.00"},0.063,36.54]
[null,4,"RUA DO CAFÉ T1",174.72,{"v":4,"d":"4.0"},698.9,4,{"v":2,"d":"2.0"},{"v":8,"d":"8.0"},{"v":14,"d":"14.0"},{"v":112,"d":"112.00"},{"v":811,"d":"811.00"},0.063,51.09]
[null,7,"TRAVESSA N° 03 T1",116.78,{"v":4,"d":"4.0"},467.1,2,{"v":2,"d":"2.0"},{"v":4,"d":"4.0"},{"v":14,"d":"14.0"},{"v":56,"d":"56.00"},{"v":523,"d":"523.00"},0.063,32.94]
[null,9,"RUA DOM PEDRO T1",175.94,{"v":4,"d":"4.0"},703.8,2,{"v":2,"d":"2.0"},{"v":4,"d":"4.0"},{"v":14,"d":"14.0"},{"v":56,"d":"56.00"},{"v":760,"d":"760.00"},0.063,47.88]
[null,12,"TRAVESSA N° 02 T1",{"v":151.7,"d":"151.70"},{"v":4,"d":"4.0"},606.8,2,{"v":2,"d":"2.0"},{"v":4,"d":"4.0"},{"v":14,"d":"14.0"},{"v":56,"d":"56.00"},{"v":663,"d":"663.00"},0.063,41.76]
[null,14,"RUA SANTA CECILIA T1",116.72,{"v":4,"d":"4.0"},466.9,6,{"v":2,"d":"2.0"},{"v":12,"d":"12.0"},{"v":14,"d":"14.0"},{"v":168,"d":"168.00"},{"v":635,"d":"635.00"},0.063,{"v":40,"d":"40.00"}]
[null,19,"RUA 07 DE SETEMBRO T1",175.46,{"v":4,"d":"4.0"},701.8,6,{"v":2,"d":"2.0"},{"v":12,"d":"12.0"},{"v":14,"d":"14.0"},{"v":168,"d":"168.00"},{"v":870,"d":"870.00"},0.063,54.81]
[null,{"$error":"#REF!"},{"$error":"#REF!"},116.54,{"v":4,"d":"4.0"},466.2,null,null,{"v":0,"d":"0.0"},{"v":14,"d":"14.0"},{"v":0,"d":"0.00"},{"v":466,"d":"466.00"},0.063,29.35]
[]
[null,"Totais Parciais",null,{"v":1693.61,"d":"1,693.61"},null,{"v":6774.5,"d":"6,774.50"},{"$nulls":4},{"v":784,"d":"784.00"},{"v":7559,"d":"7,559.00"},null,476.18]
[]
[]
[]
[]
[]
[null,null,"Engº Yuri Bispo Neves Vuolo"]
[null,null,"ENGº CIVIL"]
[null,null," CREA - MT 047573"]

{"sheet":"Sinal.","index":12,"n_rows":74,"n_cols":10,"rows_kept":74,"hidden":true,"merged":[[0,0,0,9],[1,0,1,9],[2,1,2,5],[2,6,2,7],[3,1,3,5],[3,6,5,7],[4,1,4,5],[5,1,5,5],[6,0,6,9],[29,0,29,9],[49,10,49,11],[51,0,51,9],[52,0,52,9],[53,0,53,6],[54,0,54,6],[55,0,55,6],[56,0,56,6]],"flags":["formulas_cached_only"]}
["ONO EMPREENDIMENTOS - ME"]
["CNPJ: 40.553.092/0001-51"]
["OBRA:","PAVIMENTAÇÃO ASFALTICA",{"$nulls":4},"REFERENCIA:",null,"BDI DESON","BDI NÃO DES"]
["LOCAL:","JARDIM BANDEIRANTES E ADJACÊNCIAS",{"$nulls":4},"SINAPI 12/2023 - SICRO 07/2023 ANP 12/2023",null,{"v":0.2671,"d":"26.71%"},{"v":0.2067,"d":"20.67%"}]
["PROPR.:","CNPJ: 40.553.092/0001-51",{"$nulls":6},"DIFERENCIADO","DIFERENCIADO"]
["ÁREA (M²):",{"v":19026.65,"d":"19,026.65"},{"$nulls":6},{"v":0.15,"d":"15.00%"},{"v":0.15,"d":"15.00%"}]
["SINALIZAÇÃO HORIZONTAL E VERTICAL"]
["1-MEMORIAL DE CÁLCULO DO FORNECIMENTO E IMPLANTAÇÃO DE PLACAS DE SINALIZAÇÃO"]
["1.1","R-01 (Pare)","Área =",0.29,"x",{"v":46,"d":"46.00"},"ud","=",13.34,"m²"]
[]
["1.2","A-32b (faixa ped.)","Área =",0.25,"x",{"v":66,"d":"66.00"},"ud","=",{"v":16.5,"d":"16.50"},"m²"]
[]
["1.3","R-05  (∆) (Nome das Ruas)","Área =",0.09,"x",{"v":50,"d":"50.00"},"ud","=",{"v":4.5,"d":"4.50"},"m²"]
[{"$nulls":3},"A= 0,45*0,20"]
["1.4","A-2a  (∆) (curva a esquerda)","Área =",0.25,"x",null,"ud","=",{"v":0,"d":"0.00"},"m²"]
[]
["1.5","A-2b  (∆) (curva a direita)","Área =",0.25,"x",null,"ud","=",{"v":0,"d":"0.00"},"m²"]
[]
["1.6","A36  (∆) (animais silvestres)","Área =",0.25,"x",null,"ud","=",{"v":0,"d":"0.00"},"m²"]
[]
["1.7","C.1  (∆) (Nome das Ruas)","Área =",0.11,"x",null,"ud","=",{"v":0,"d":"0.00"},"m²"]
[]
["1.8","C.2  (∆) (Nome das Ruas)","Área =",0.11,"x",null,"ud","=",{"v":0,"d":"0.00"},"m²"]
[]
["1.9","R28  (∆) (sentido de pista)","Área =",0.21,"x",null,"ud","=",{"v":0,"d":"0.00"},"m²"]
[]
["1.10","R19  (∆) (Limite de velocidade)","Área =",0.21,"x",null,"ud","=",{"v":0,"d":"0.00"},"m²"]
[]
[{"$nulls":5},"TOTAL",null,null,34.34,"m²"]
[]
["2-SUPORTE E TRAVESSAS PARA FIXAÇÃO DAS PLACAS"]
["2.1","PLACAS DE SINALIZAÇÃO",null,null,"=",{"v":112,"d":"112.00"},"ud"]
[]
["2.2","PLACAS DE INDICAÇÃO D RUA",null,null,"=",{"v":50,"d":"50.00"},"ud"]
[]
["3-TINTA ACRILICA PARA PINTURA VIÁRIA"]
["3.1","LISTRAS \"SECCIONADAS\" DE 4M",null,"Largura","Comp.","Fator","Cadencia",null,"Total"]
["3.1.1",null,null,0.12,142.19,0.33,"01:02:00",null,5.63,"m²"]
["3.1.2","LISTRAS \"CONTINUA CENTRO PISTA\"",null,0.12,564.67,{"v":1,"d":"1.00"},"01:02:00",null,67.76,"m²"]
[]
["3.2","LETREIRO \"PARE\"",null,null,"ÁREA(m²)","Quant",null,null,"Total"]
["3.2.1",{"$nulls":3},4.12,{"v":46,"d":"46.00"},null,null,189.52,"m²"]
["3.3","FAIXAS DE PEDRESTRES",null,null,"Comprim","Largura","Quant faixa","Nr. Bloco","Total"]
["3.3.1",{"$nulls":3},{"v":4,"d":"4.00"},{"v":0.4,"d":"0.40"},{"v":7,"d":"7.00"},{"v":66,"d":"66.00"},{"v":739.2,"d":"739.20"},"m²"]
["3.5","FAIXA DE RETENÇÃO",null,null,"Comprim","Largura","Quant",null,"Total"]
["3.5.1",{"$nulls":3},{"v":5.8,"d":"5.80"},{"v":0.4,"d":"0.40"},{"v":46,"d":"46.00"},null,106.72,"m²"]
["3.6","LINHA DE APROXIMAÇÃO (AMARELA/BRANCA)",null,null,"Comprim","Largura","Quant",null,"Total"]
["3.6.1",{"$nulls":3},{"v":20,"d":"20.00"},0.12,{"v":46,"d":"46.00"},null,{"v":110.4,"d":"110.40"},"m²"]
["3.9","FAIXAS D BORDO",null,null,"Comprim.","Largura",null,null,"Total"]
["3.9.1","(Extensão do meio fio reto + curvo) ",null,null,{"v":5517.89,"d":"5,517.89"},{"v":0.1,"d":"0.10"},null,null,551.79,"m²"]
[{"$nulls":5},"TOTAL ",null,null,{"v":1771.02,"d":"1,771.02"},"m²"]
[]
["RESUMO"]
["PLACAS DE SINALIZAÇÃO VERTICAL - IDENTIFICAÇÃO DE RUAS",{"$nulls":7},{"v":50,"d":"50.00"},"UND"]
["PLACAS DE SINALIZAÇÃO VERTICAL - REGULAMENTAIS",{"$nulls":7},29.84,"M²"]
["SUPORTE PARA PLACA DE SINALIZAÇÃO VERTICAL",{"$nulls":7},{"v":162,"d":"162.00"},"UND"]
["SINALIZAÇÃO HORIZONTAL - PINTURA ACRILICA",{"$nulls":7},{"v":1771.02,"d":"1,771.02"},"M²"]
[]
[]
[]
[null,"Engº Yuri Bispo Neves Vuolo"]
[null,"ENGº CIVIL"]
[null," CREA - MT 047573"]
{"$rows_empty":7}
[null,0.4,4,7,{"v":11.2,"d":"11.20"}]
[null,0.12,20,1,{"v":2.4,"d":"2.40"}]
[null,0.4,5.8,1,2.32]
[{"$nulls":4},15.92]

{"sheet":"Mem. Calc.","index":13,"n_rows":72,"n_cols":6,"rows_kept":72,"merged":[[0,0,0,4],[1,0,1,4],[3,2,5,2],[3,6,4,7],[3,8,4,9],[3,12,5,15],[6,0,6,4]],"flags":["formulas_cached_only"]}
["ONO EMPREENDIMENTOS - ME"]
["CNPJ: 40.553.092/0001-51"]
["Obra: ","PAVIMENTAÇÃO ASFALTICA","REFERENCIA:","BDI DESON","BDI NÃO DES"]
["Local: ","JARDIM BANDEIRANTES E ADJACÊNCIAS","SINAPI 12/2023 - SICRO 07/2023 ANP 12/2023",{"v":0.2671,"d":"26.71%"},{"v":0.2067,"d":"20.67%"}]
["PROPR.:","CNPJ: 40.553.092/0001-51",null,"DIFERENCIADO","DIFERENCIADO"]
["ÁREAS:",{"v":21528.98,"d":"21,528.98"},null,{"v":0.15,"d":"15.00%"},{"v":0.15,"d":"15.00%"}]
["MEMÓRIA DE CÁLCULO"]
["ITEM","DESCRIÇÃO","UNIDADE","CALCULO","QUANT."]
[1,"SERVIÇOS PRELIMINARES GERAL"]
["1.1","EXECUÇÃO DE DEPÓSITO EM CANTEIRO DE OBRA EM CHAPA DE MADEIRA COMPENSADA, NÃO INCLUSO MOBILIÁRIO. AF_04/2016","M2","3X3",{"v":9,"d":"9.00"}]
["1.2","PLACA DE OBRA EM CHAPA DE ACO GALVANIZADO ","M2","=5,0*2,5",{"v":12.5,"d":"12.50"}]
["1.3","PLACA DE CONVENIO EM CHAPA DE ACO GALVANIZADO ","M2","=2,50*1,25",3.13]
[2,"ADMINISTRAÇÃO DE CANTEIRO DE OBRA"]
["2.1","ADMINISTRAÇÃO LOCAL DA OBRA","UND","Ver Planilha de Composição",{"v":1,"d":"1.00"},{"$error":"#REF!"}]
[3,"DRENAGEM DE ÁGUAS PLUVIAIS"]
["3.1","MOVIMENTO DE TERRA"]
["3.1.1","ESCAVAÇÃO MECANIZADA DE VALA COM PROF. ATÉ 1,5 M (MÉDIA MONTANTE E JUSANTE/UMA COMPOSIÇÃO POR TRECHO), ESCAVADEIRA (0,8 M3), LARG. DE 1,5 M A 2,5 M, EM SOLO DE 1A CATEGORIA, LOCAIS COM BAIXO NÍVEL DE INTERFERÊNCIA. AF_02/2021","M3","Ver planilha de Drenagem",{"v":1547.53,"d":"1,547.53"}]
["3.1.2","ESCAVAÇÃO MECANIZADA DE VALA COM PROF. MAIOR QUE 1,5 M E ATÉ 3,0 M(MÉDIA MONTANTE E JUSANTE/UMA COMPOSIÇÃO POR TRECHO), ESCAVADEIRA (0,8 M3), LARG. MENOR QUE 1,5 M, EM SOLO DE 1A CATEGORIA, LOCAIS COM BAIXO NÍVEL DE INTERFERÊNCIA. AF_02/2021","M3","Ver planilha de Drenagem",462.88]
["3.1.3","ESCORAMENTO DE VALA, TIPO DESCONTÍNUO, COM PROFUNDIDADE DE 0 A 1,5 M, LARGURA MENOR QUE 1,5 M. AF_08/2020","M2","Ver planilha de Drenagem",199.91]
["3.1.4","LASTRO COM MATERIAL GRANULAR (AREIA MÉDIA), APLICADO EM PISOS OU LAJES SOBRE SOLO, ESPESSURA DE *10 CM*. AF_07/2019","M3","Ver planilha de Drenagem",85.66]
["3.1.5","REATERRO MECANIZADO DE VALA COM RETROESCAVADEIRA (CAPACIDADE   DA   CAÇAMBA   DA RETRO: 0,26 M³/POTÊNCIA: 88 HP), LARGURA DE 0,8 A 1,5 M, PROFUNDIDADE ATÉ 1,5 M, COM SOLO (SEM SUBSTITUIÇÃO) DE 1ª CATEGORIA, COM COMPACTADOR DE SOLOS DE PERCUSSÃO AF_08/2023","M3","Ver planilha de Drenagem",{"v":1198.78,"d":"1,198.78"}]
["3.1.6","REATERRO MECANIZADO DE VALA COM RETROESCAVADEIRA (CAPACIDADE   DA   CAÇAMBA   DA RETRO: 0,26 M³/POTÊNCIA: 88 HP), LARGURA DE 0,8 A 1,5 M, PROFUNDIDADE DE 1,5 A 3,0 M, COM SOLO (SEM SUBSTITUIÇÃO) DE 1ª CATEGORIA, COM COMPACTADOR DE SOLOS DE PERCUSSÃO. AF_08/2023","M3","Ver planilha de Drenagem",449.77]
["3.2","FORNECIMENTO E ASSENTAMENTO DE TUBOS"]
["3.2.1","TUBO DE CONCRETO PARA REDES COLETORAS DE ÁGUAS PLUVIAIS, DIÂMETRO DE 400 MM, JUNTA RÍGIDA, INSTALADO EM LOCAL COM BAIXO NÍVEL DE INTERFERÊNCIAS - FORNECIMENTO E ASSENTAMENTO. AF_12/2015","M","Ver planilha de Drenagem",{"v":188,"d":"188.00"}]
["3.2.2","TUBO DE CONCRETO PARA REDES COLETORAS DE ÁGUAS PLUVIAIS, DIÂMETRO DE 800 MM, JUNTA RÍGIDA, INSTALADO EM LOCAL COM BAIXO NÍVEL DE INTERFERÊNCIAS - FORNECIMENTO E ASSENTAMENTO. AF_12/2015","M","Ver planilha de Drenagem",{"v":144,"d":"144.00"}]
["3.2.3","TUBO DE CONCRETO PARA REDES COLETORAS DE ÁGUAS PLUVIAIS, DIÂMETRO DE 1000 MM, JUNTA RÍGIDA, INSTALADO EM LOCAL COM BAIXO NÍVEL DE INTERFERÊNCIAS - FORNECIMENTO E ASSENTAMENTO. AF_12/2015","M","Ver planilha de Drenagem",{"v":185,"d":"185.00"}]
["3.2.4","TUBO DE CONCRETO PARA REDES COLETORAS DE ÁGUAS PLUVIAIS, DIÂMETRO DE 1200 MM, JUNTA RÍGIDA, INSTALADO EM LOCAL COM BAIXO NÍVEL DE INTERFERÊNCIAS - FORNECIMENTO E ASSENTAMENTO. AF_12/2015","M","Ver planilha de Drenagem",{"v":95,"d":"95.00"}]
["3.3","ELEMENTOS AUXILIARES"]
["3.3.1","Poço de visita - PVI 03 - areia e brita comerciais -TUBO 800 mm","UND","Ver planilha de Drenagem",{"v":3,"d":"3.00"}]
["3.3.2","Poço de visita - PVI 04 - areia e brita comerciais - TUBO 1000 mm","UND","Ver planilha de Drenagem",{"v":4,"d":"4.00"}]
["3.3.3","Poço de visita - PVI 06 - areia e brita comerciais - TUBO 1200 mm","UND","Ver projeto de Drenagem",{"v":2,"d":"2.00"}]
["3.3.4","Dissipador de energia - DEB 06 - areia, brita e pedra de mão comerciais - TUBO 1200 mm","UND","Ver projeto de Drenagem",{"v":1,"d":"1.00"}]
["3.3.5","CAIXA PARA BOCA DE LOBO SIMPLES RETANGULAR, EM ALVENARIA COM TIJOLOS CERÂMICOS MACIÇOS, DIMENSÕES INTERNAS: 0,6X1X1,2 M. AF_12/2020","UN","Ver projeto de Drenagem",{"v":34,"d":"34.00"}]
["3.3.6","TAMPÃO FERRO FUNDIDO ARTICULADO TDA-600MM, 300KG/CM², P/POÇO DE VISITAS E CAIXAS .FORNECIMENTO INSTALAÇÃO.","UND","Ver projeto de Drenagem",{"v":9,"d":"9.00"}]
["3.4","SINALIZAÇÃO"]
["2.5.1","SINALIZAÇÃO NOTURNA COM TELA TAPUME PVC, BALDE PLÁSTICO FIAÇÃO E LÂMPADA, REUTILIZAÇÃO 7 VEZES","M","=ext drenagem /7",87.43]
["4.0","PAVIMENTAÇÃO EM TSD"]
["4.1","TERRAPLANAGEM"]
["4.1.1","ESCAVACAO MECANICA DE MATERIAL 1A. CATEGORIA, PROVENIENTE DE CORTE DE SUBLEITO (C/TRATOR ESTEIRAS 160HP)","M3","Ver Planilha de Cubação                    Material de Corte",{"v":6538.83,"d":"6,538.83"}]
["4.1.2","TRANSPORTE COM CAMINHÃO BASCULANTE DE 14 M³, EM VIA URBANA EM REVESTIMENTO PRIMÁRIO (UNIDADE: M3XKM). AF_07/2020","M3XKM","Ver Planilha de Cubação                 Transporte de Bota Fora",{"v":13077.66,"d":"13,077.66"}]
["4.3","PAVIMENTAÇÃO"]
["4.3.1","REGULARIZACAO E COMPACTACAO DE SUBLEITO ATE 20 CM DE ESPESSURA","m²","Área da terraplenagem do pav. ",{"v":21528.98,"d":"21,528.98"}]
["4.3.2","ESCAVACAO E CARGA MATERIAL 1A CATEGORIA, UTILIZANDO TRATOR DE ESTEIRAS DE 110 A 160HP COM LAMINA, PESO OPERACIONAL * 13T E PA CARREGADEIRA COM 170 HP.","m³","volume da base+sub-base",{"v":6538.83,"d":"6,538.83"}]
["4.3.3","TRANSPORTE COM CAMINHÃO BASCULANTE DE 14 M³, EM VIA URBANA EM REVESTIMENTO PRIMÁRIO (UNIDADE: M3XKM). AF_07/2020","M3XKM","Ver Planilha de Base e SubBase* fator de empolamento (10,00%)",{"v":11115.97,"d":"11,115.97"}]
["4.3.4","TRANSPORTE COM CAMINHÃO BASCULANTE DE 14 M³, EM VIA URBANA PAVIMENTADA, ADICIONAL PARA DMT EXCEDENTE A 30 KM (UNIDADE: M3XKM). AF_07/2020","M3XKM","Ver Planilha de Base e SubBase* fator de empolamento (10,00%)",{"v":28117.01,"d":"28,117.01"}]
["4.3.5","EXECUÇÃO E COMPACTAÇÃO DE BASE COM SOLO ESTABILIZADO GRANULOMETRICAMENTE - EXCLUSIVE ESCAVAÇÃO, CARGA E TRANSPORTE E SOLO. AF_09/2017","m³","Ver Planilha de Base e SubBase",{"v":3229.36,"d":"3,229.36"}]
["4.3.6","EXECUÇÃO E COMPACTAÇÃO DE SUB BASE COM SOLO ESTABILIZADO GRANULOMETRICAMENTE - EXCLUSIVE ESCAVAÇÃO, CARGA E TRANSPORTE E SOLO. AF_09/2017","m³","Ver Planilha de Base e SubBase",{"v":3309.47,"d":"3,309.47"}]
["4.3.7","IMPRIMACAO DE BASE DE PAVIMENTACAO SEM EMULSAO CM-30","M2","área de pavimentação",{"v":19026.65,"d":"19,026.65"}]
["4.3.8","TRATAMENTO SUPERFICIAL DUPLO - TSD, COM EMULSAO RR-2C","M2","área de pavimentação",{"v":19026.65,"d":"19,026.65"}]
["4.3.9","CAPA SELANTE COMPREENDENDO APLICAÇÃO DE ASFALTO NA PROPORÇÃO DE 0,7 A 1,5L / M2, DISTRIBUIÇÃO DE AGREGADOS DE 5 A 15KG/M2 E COMPACTAÇÃO COM ROLO - COM EMULSAO RR-2C, INCLUSO APLICACAO E COMPACTACAO","M2","área de pavimentação",{"v":19026.65,"d":"19,026.65"}]
["4.3.10","TRANSPORTE COM CAMINHÃO TANQUE DE TRANSPORTE DE MATERIAL ASFÁLTICO DE 30000 L, EM VIA URBANA PAVIMENTADA, DMT ATÉ 30KM (UNIDADE: TXKM). AF_07/2020","TXKM","Ver Quantitativo de Transporte (CM30 + RR-2C)",{"v":2683.8,"d":"2,683.80"}]
["4.3.11","TRANSPORTE COM CAMINHÃO TANQUE DE TRANSPORTE DE MATERIAL ASFÁLTICO DE 30000 L, EM VIA URBANA PAVIMENTADA, ADICIONAL PARA DMT EXCEDENTE A 30 KM (UNIDADE: TXKM). AF_07/2020","TXKM","Ver Quantitativo de Transporte (CM30 + RR-2C)",{"v":25138.26,"d":"25,138.26"}]
["4.3.12","TRANSPORTE COM CAMINHÃO BASCULANTE DE 10 M³, EM VIA URBANA PAVIMENTADA, DMT ATÉ 30 KM (UNIDADE: M3XKM). AF_07/2020","M3XKM","Ver Quantitativo de Transporte (Brita)",{"v":25492.5,"d":"25,492.50"}]
["4.3.13","TRANSPORTE COM CAMINHÃO BASCULANTE DE 10 M³, EM VIA URBANA PAVIMENTADA, ADICIONAL PARA DMT EXCEDENTE A 30 KM (UNIDADE: M3XKM). AF_07/2020","M3XKM","Ver Quantitativo de Transporte (Brita)",{"v":86674.5,"d":"86,674.50"}]
["4.4","OBRAS COMPLEMENTARES DE PAVIMENTAÇÃO"]
["4.4.1","GUIA (MEIO-FIO) E SARJETA CONJUGADOS DE CONCRETO, MOLDADA  IN LOCO  EM TRECHO RETO COM EXTRUSORA, 45 CM BASE (15 CM BASE DA GUIA + 30 CM BASE DA SARJETA) X 22 CM ALTURA. AF_06/2016","M","Extensão total do meio fio RETO .Com sarjeta",{"v":5206.7,"d":"5,206.70"}]
["4.4.2","GUIA (MEIO-FIO) E SARJETA CONJUGADOS DE CONCRETO, MOLDADA  IN LOCO  EM TRECHO CURVO COM EXTRUSORA, 45 CM BASE (15 CM BASE DA GUIA + 30 CM BASE DA SARJETA) X 22 CM ALTURA. AF_06/2016","M","Extensão total do meio fio CURVO Com sarjeta",311.19]
["4.4.3","PREPARO DE FUNDO DE VALA COM LARGURA MENOR QUE 1,5 M (ACERTO DO SOLO NATURAL). AF_08/2020","M2","EXT MEIO FIO *0,45",{"v":2483.05,"d":"2,483.05"}]
["4.4.4","EXECUÇÃO DE PASSEIO (CALÇADA) OU PISO DE CONCRETO COM CONCRETO MOLDADO IN LOCO, FEITO EM OBRA, ACABAMENTO CONVENCIONAL, NÃO ARMADO. AF_08/2022","M3","EXT MEIO FIO * 1,50*0,06",496.61]
["4.4.5","Piso tátil direcional e/ou alerta, de concreto, na cor natural, p/deficientes visuais, dimensões 25x25cm, aplicado com argamassa industrializada ac-ii, rejuntado, exclusive regularização de base","m²","=Nº DE RAMPA X Nº PISO POR RAMPA X AREA UNIT PISO",24.75]
["4.5","SINALIZAÇÃO VIÁRIA"]
["4.5.1","CONFECÇÃO DE SUPORTE E TRAVESSA PARA PLACA DE SINALIZAÇÃO","UND","Ver planilha de sinalização",{"v":162,"d":"162.00"}]
["4.5.2","Placa em aço nº 16 galvanizado com película retrorrefletiva tipo I + III - confecção","UND","Ver planilha de sinalização",29.84]
["4.5.3","PLACA DE ACO ESMALTADA PARA IDENTIFICACAO DE RUA, *45 CM X 20* CM - FORNECIMENTO E INSTALAÇÃO","UND","Ver planilha de sinalização",{"v":50,"d":"50.00"}]
["4.5.4","PINTURA DE SINALIZAÇÃO VERTICAL DE SEGURANÇA, FAIXAS AMARELA E PRETA, APLICAÇÃO MANUAL, 2 DEMÃOS. AF_05/2021","M2","Ver planilha de sinalização",{"v":1771.02,"d":"1,771.02"}]
[]
[]
[]
[]
[null,"Engº Yuri Bispo Neves Vuolo"]
[null,"ENGº CIVIL"]
[null," CREA - MT 047573"]

{"sheet":"Orçam.","index":14,"n_rows":97,"n_cols":18,"rows_kept":97,"merged":[[0,0,1,8],[0,9,0,11],[0,12,0,13],[0,15,0,17],[1,9,1,11],[1,12,1,13],[1,15,1,17],[2,0,3,8],[2,9,2,11],[2,12,2,13],[2,15,2,17],[3,9,3,11],[3,12,3,13],[3,15,3,17],[4,1,4,5],[4,9,4,11],[4,12,4,13],[4,15,4,17],[5,1,5,5],[5,6,7,6],[5,9,5,11],[5,12,5,13],[5,15,5,17],[6,1,6,5],[6,9,6,11],[6,12,6,13],[6,15,6,17],[7,1,7,5],[7,9,7,11],[7,12,7,13],[7,15,7,17],[8,0,9,17],[10,0,10,8],[10,9,10,11],[10,12,10,14],[10,15,10,17],[11,0,12,0],[11,1,12,1],[11,2,12,2],[11,3,12,3],[11,4,12,4],[11,5,12,5],[11,6,11,8],[86,0,86,5],[87,0,87,5],[88,0,88,5],[88,9,88,10],[90,0,90,9],[93,7,93,8],[94,0,94,14],[94,15,94,17],[95,15,95,17],[96,15,96,17],[98,1,106,13]],"flags":["formulas_cached_only"]}
["ESTADO DE MATO GROSSO",{"$nulls":8},"PERÍODO DA MEDIÇÃO",null,null,"1° MEDIÇÃO ",null,{"v":96282.55,"d":"R$96,282.55"},"PERÍODO DA MEDIÇÃO "]
[{"$nulls":9},"23/09/2024 a 09/01/2025",null,null,"2° MEDIÇÃO ",null,null,"23/09/2024 a 09/01/2025"]
["PREFEITURA MUNICIPAL DE SÃO JOSÉ DOS QUATRO MARCOS",{"$nulls":8},"VALOR DA MEDIÇÃO ",null,null,"3° MEDIÇÃO ",null,null,"VALOR DO CONTRATO "]
[{"$nulls":9},{"v":96282.55,"d":"R$96,282.55"},null,null,"4° MEDIÇÃO ",null,null,{"v":2024382.61,"d":"R$2,024,382.61"}]
["OBRA:","PAVIMENTAÇÃO ASFALTICA",{"$nulls":4},"REFERENCIA:","BDI DESON","BDI NÃO DES","VALOR ACUMULADO ANTERIOR ",null,null,"5° MEDIÇÃO ",null,null,"VALOR ACUMULADO"]
["LOCAL:","JARDIM BANDEIRANTES E ADJACÊNCIAS",{"$nulls":4},"SINAPI 12/2023 - SICRO 07/2023 ANP 12/2023",{"v":0.2671,"d":"26.71%"},{"v":0.2067,"d":"20.67%"},{"$nulls":3},"6° MEDIÇÃO ",null,null,{"v":96282.55,"d":"R$96,282.55"}]
["PROPR.:","CNPJ: 40.553.092/0001-51",{"$nulls":5},"DIFERENCIADO","DIFERENCIADO","VALOR ACUMULADO",null,null,"7° MEDIÇÃO ",null,null,"SALDO DE CONVÊNIO "]
["ÁREA (m²):",{"v":19026.65,"d":"19,026.65"},{"$nulls":5},{"v":0.15,"d":"15.00%"},{"v":0.15,"d":"15.00%"},{"v":96282.55,"d":"R$ 96,282.55"},null,null,"8° MEDIÇÃO ",null,null,{"v":1928100.06,"d":"R$ 1,928,100.06"}]
["PLANILHA ORÇAMENTÁRIA"]
[]
[{"$nulls":9},"1°MEDIÇÃO",null,null,"RESUMO DE MEDIÇÃO",null,null,"SALDO DE MEDIÇÃO"]
["ITEM","CODIGO","FONTE","DESCRIÇÃO DO ITEM","UNID","QUANT","SISTEMA NÃO DESONERADO",null,null,"QUANT","(%)","PREÇO TOTAL","QUANT","(%)","PREÇO TOTAL","QUANT","(%)","PREÇO TOTAL"]
[{"$nulls":6},"PREÇO UNIT SEM BDI","PREÇO UNIT COM BDI","VALOR PARCIAL              COM BDI"]
[1,null,null,"SERVIÇOS PRELIMINARES"]
["1.1",{"v":93584,"d":"93584.00"},"SINAPI","EXECUÇÃO DE DEPÓSITO EM CANTEIRO DE OBRA EM CHAPA DE MADEIRA COMPENSADA, NÃO INCLUSO MOBILIÁRIO. AF_04/2016","M2",{"v":9,"d":"9.00"},714.61,862.32,{"v":7760.88,"d":"7,760.88"},{"v":9,"d":"9.00"},{"v":1,"d":"100.00%"},{"v":7760.88,"d":"R$ 7,760.88"},{"v":9,"d":"9.00"},{"v":1,"d":"100.00%"},{"v":7760.88,"d":"R$ 7,760.88"},0,{"v":0,"d":"0.00%"},0]
["1.2","COMP 01","SINAPI","PLACA DE OBRA EM CHAPA DE ACO GALVANIZADO ","M2",{"v":12.5,"d":"12.50"},303.64,{"v":366.4,"d":"366.40"},{"v":4580,"d":"4,580.00"},{"v":12.5,"d":"12.50"},{"v":1,"d":"100.00%"},{"v":4580,"d":"R$ 4,580.00"},{"v":12.5,"d":"12.50"},{"v":1,"d":"100.00%"},{"v":4580,"d":"R$ 4,580.00"},0,{"v":0,"d":"0.00%"},0]
["1.3","COMP 01","SINAPI","PLACA DE CONVENIO EM CHAPA DE ACO GALVANIZADO ","M2",3.13,303.64,{"v":366.4,"d":"366.40"},{"v":1146.83,"d":"1,146.83"},3.13,{"v":1,"d":"100.00%"},{"v":1146.83,"d":"R$ 1,146.83"},3.13,{"v":1,"d":"100.00%"},{"v":1146.83,"d":"R$ 1,146.83"},0,{"v":0,"d":"0.00%"},0]
[{"$nulls":3},"TOTAL DO ITEM",{"$nulls":4},{"v":13487.71,"d":"13,487.71"},null,null,{"v":13487.71,"d":"13,487.71"},null,null,{"v":13487.71,"d":"13,487.71"},null,null,0]
[2,null,null,"ADMINISTRAÇÃO DE CANTEIRO DE OBRA"]
["2.1","COPOSIÇÃO 12",null,"ADMINISTRAÇÃO LOCAL DA OBRA","UND",{"v":1,"d":"1.00"},{"v":34935.73,"d":"34,935.73"},{"v":42156.95,"d":"42,156.95"},{"v":42156.95,"d":"42,156.95"},null,{"v":0,"d":"0.00%"},0,0,{"v":0,"d":"0.00%"},0,{"v":1,"d":"1.00"},{"v":1,"d":"100.00%"},{"v":42156.95,"d":"R$ 42,156.95"}]
[{"$nulls":3},"TOTAL DO ITEM",{"$nulls":4},{"v":42156.95,"d":"42,156.95"},null,null,0,null,null,0,null,null,{"v":42156.95,"d":"42,156.95"}]
[3,null,null,"DRENAGEM DE ÁGUAS PLUVIAIS"]
["3.1",null,null,"MOVIMENTO DE TERRA"]
["3.1.1",90091,"SINAPI","ESCAVAÇÃO MECANIZADA DE VALA COM PROF. ATÉ 1,5 M (MÉDIA MONTANTE E JUSANTE/UMA COMPOSIÇÃO POR TRECHO), ESCAVADEIRA (0,8 M3), LARG. DE 1,5 M A 2,5 M, EM SOLO DE 1A CATEGORIA, LOCAIS COM BAIXO NÍVEL DE INTERFERÊNCIA. AF_02/2021","M3",{"v":1547.53,"d":"1,547.53"},4.79,5.78,{"v":8944.72,"d":"8,944.72"},{"v":252.7,"d":"252.70"},null,{"v":1460.6,"d":"R$ 1,460.60"},252.7,{"v":0.1633,"d":"16.33%"},{"v":1460.6,"d":"R$ 1,460.60"},{"v":1294.83,"d":"1,294.83"},{"v":0.8367,"d":"83.67%"},{"v":7484.12,"d":"R$ 7,484.12"}]
["3.1.2",90092,"SINAPI","ESCAVAÇÃO MECANIZADA DE VALA COM PROF. MAIOR QUE 1,5 M E ATÉ 3,0 M(MÉDIA MONTANTE E JUSANTE/UMA COMPOSIÇÃO POR TRECHO), ESCAVADEIRA (0,8 M3), LARG. MENOR QUE 1,5 M, EM SOLO DE 1A CATEGORIA, LOCAIS COM BAIXO NÍVEL DE INTERFERÊNCIA. AF_02/2021","M3",462.88,4.72,{"v":5.7,"d":"5.70"},{"v":2638.42,"d":"2,638.42"},{"v":144,"d":"144.00"},null,{"v":820.8,"d":"R$ 820.80"},144,{"v":0.3111,"d":"31.11%"},{"v":820.8,"d":"R$ 820.80"},318.88,{"v":0.6889,"d":"68.89%"},{"v":1817.62,"d":"R$ 1,817.62"}]
["3.1.3",101576,"SINAPI","ESCORAMENTO DE VALA, TIPO DESCONTÍNUO, COM PROFUNDIDADE DE 0 A 1,5 M, LARGURA MENOR QUE 1,5 M. AF_08/2020","M2",199.91,30.41,{"v":36.7,"d":"36.70"},{"v":7336.7,"d":"7,336.70"},null,{"v":0,"d":"0.00%"},0,0,{"v":0,"d":"0.00%"},0,199.91,{"v":1,"d":"100.00%"},{"v":7336.7,"d":"R$ 7,336.70"}]
["3.1.4",100323,"SINAPI","LASTRO COM MATERIAL GRANULAR (AREIA MÉDIA), APLICADO EM PISOS OU LAJES SOBRE SOLO, ESPESSURA DE *10 CM*. AF_07/2019","M3",85.66,162.14,195.65,{"v":16759.38,"d":"16,759.38"},null,{"v":0,"d":"0.00%"},0,0,{"v":0,"d":"0.00%"},0,85.66,{"v":1,"d":"100.00%"},{"v":16759.38,"d":"R$ 16,759.38"}]
["3.1.5",93379,"SINAPI","REATERRO MECANIZADO DE VALA COM RETROESCAVADEIRA (CAPACIDADE   DA   CAÇAMBA   DA RETRO: 0,26 M³/POTÊNCIA: 88 HP), LARGURA DE 0,8 A 1,5 M, PROFUNDIDADE ATÉ 1,5 M, COM SOLO (SEM SUBSTITUIÇÃO) DE 1ª CATEGORIA, COM COMPACTADOR DE SOLOS DE PERCUSSÃO AF_08/2023","M3",{"v":1198.78,"d":"1,198.78"},13.02,15.71,{"v":18832.83,"d":"18,832.83"},159.46,null,{"v":2505.11,"d":"R$ 2,505.11"},159.46,{"v":0.133,"d":"13.30%"},{"v":2505.11,"d":"R$ 2,505.11"},{"v":1039.32,"d":"1,039.32"},{"v":0.867,"d":"86.70%"},{"v":16327.72,"d":"R$ 16,327.72"}]
["3.1.6",93381,"SINAPI","REATERRO MECANIZADO DE VALA COM RETROESCAVADEIRA (CAPACIDADE   DA   CAÇAMBA   DA RETRO: 0,26 M³/POTÊNCIA: 88 HP), LARGURA DE 0,8 A 1,5 M, PROFUNDIDADE DE 1,5 A 3,0 M, COM SOLO (SEM SUBSTITUIÇÃO) DE 1ª CATEGORIA, COM COMPACTADOR DE SOLOS DE PERCUSSÃO. AF_08/2023","M3",449.77,8.99,10.85,{"v":4880,"d":"4,880.00"},{"v":144,"d":"144.00"},null,{"v":1562.4,"d":"R$ 1,562.40"},144,{"v":0.3202,"d":"32.02%"},{"v":1562.4,"d":"R$ 1,562.40"},305.77,{"v":0.6798,"d":"67.98%"},{"v":3317.6,"d":"R$ 3,317.60"}]
[{"$nulls":3},"TOTAL DO ITEM",{"$nulls":4},{"v":59392.05,"d":"59,392.05"},null,null,{"v":6348.91,"d":"6,348.91"},null,null,{"v":6348.91,"d":"6,348.91"},null,null,{"v":53043.14,"d":"53,043.14"}]
["3.2",null,null,"FORNECIMENTO E ASSENTAMENTO DE TUBOS"]
["3.2.1",92210,"SINAPI","TUBO DE CONCRETO PARA REDES COLETORAS DE ÁGUAS PLUVIAIS, DIÂMETRO DE 400 MM, JUNTA RÍGIDA, INSTALADO EM LOCAL COM BAIXO NÍVEL DE INTERFERÊNCIAS - FORNECIMENTO E ASSENTAMENTO. AF_12/2015","M",{"v":188,"d":"188.00"},142.34,171.76,{"v":32290.88,"d":"32,290.88"},{"v":22,"d":"22.00"},{"v":0.117,"d":"11.70%"},{"v":3778.72,"d":"R$ 3,778.72"},22,{"v":0.117,"d":"11.70%"},{"v":3778.72,"d":"R$ 3,778.72"},{"v":166,"d":"166.00"},{"v":0.883,"d":"88.30%"},{"v":28512.16,"d":"R$ 28,512.16"}]
["3.2.2",92214,"SINAPI","TUBO DE CONCRETO PARA REDES COLETORAS DE ÁGUAS PLUVIAIS, DIÂMETRO DE 800 MM, JUNTA RÍGIDA, INSTALADO EM LOCAL COM BAIXO NÍVEL DE INTERFERÊNCIAS - FORNECIMENTO E ASSENTAMENTO. AF_12/2015","M",{"v":144,"d":"144.00"},408.84,493.35,{"v":71042.4,"d":"71,042.40"},null,{"v":0,"d":"0.00%"},0,0,{"v":0,"d":"0.00%"},0,{"v":144,"d":"144.00"},{"v":1,"d":"100.00%"},{"v":71042.4,"d":"R$ 71,042.40"}]
["3.2.3",92216,"SINAPI","TUBO DE CONCRETO PARA REDES COLETORAS DE ÁGUAS PLUVIAIS, DIÂMETRO DE 1000 MM, JUNTA RÍGIDA, INSTALADO EM LOCAL COM BAIXO NÍVEL DE INTERFERÊNCIAS - FORNECIMENTO E ASSENTAMENTO. AF_12/2015","M",{"v":95,"d":"95.00"},491.43,593.01,{"v":56335.95,"d":"56,335.95"},null,{"v":0,"d":"0.00%"},0,0,{"v":0,"d":"0.00%"},0,{"v":95,"d":"95.00"},{"v":1,"d":"100.00%"},{"v":56335.95,"d":"R$ 56,335.95"}]
["3.2.4",92816,"SINAPI","TUBO DE CONCRETO PARA REDES COLETORAS DE ÁGUAS PLUVIAIS, DIÂMETRO DE 1200 MM, JUNTA RÍGIDA, INSTALADO EM LOCAL COM BAIXO NÍVEL DE INTERFERÊNCIAS - FORNECIMENTO E ASSENTAMENTO. AF_12/2015","M",{"v":95,"d":"95.00"},708.75,855.25,{"v":81248.75,"d":"81,248.75"},{"v":80,"d":"80.00"},{"v":0.8421,"d":"84.21%"},{"v":68420,"d":"R$ 68,420.00"},80,{"v":0.8421,"d":"84.21%"},{"v":68420,"d":"R$ 68,420.00"},{"v":15,"d":"15.00"},{"v":0.1579,"d":"15.79%"},{"v":12828.75,"d":"R$ 12,828.75"}]
[{"$nulls":3},"TOTAL DO ITEM",{"$nulls":4},{"v":240917.98,"d":"240,917.98"},null,null,{"v":72198.72,"d":"72,198.72"},null,null,{"v":72198.72,"d":"72,198.72"},null,null,{"v":168719.26,"d":"168,719.26"}]
["3.3",null,null,"ELEMENTOS AUXILIARES"]
["3.3.1",2003682,"SICRO","Poço de visita - PVI 03 - areia e brita comerciais -TUBO 800 mm","UND",{"v":3,"d":"3.00"},{"v":1979.58,"d":"1,979.58"},{"v":2388.76,"d":"2,388.76"},{"v":7166.28,"d":"7,166.28"},null,{"v":0,"d":"0.00%"},0,0,{"v":0,"d":"0.00%"},0,{"v":3,"d":"3.00"},{"v":1,"d":"100.00%"},{"v":7166.28,"d":"R$ 7,166.28"}]
["3.3.2",2003684,"SICRO","Poço de visita - PVI 04 - areia e brita comerciais - TUBO 1000 mm","UND",{"v":4,"d":"4.00"},{"v":2373.91,"d":"2,373.91"},{"v":2864.6,"d":"2,864.60"},{"v":11458.4,"d":"11,458.40"},null,{"v":0,"d":"0.00%"},0,0,{"v":0,"d":"0.00%"},0,{"v":4,"d":"4.00"},{"v":1,"d":"100.00%"},{"v":11458.4,"d":"R$ 11,458.40"}]
["3.3.3",2003688,"SICRO","Poço de visita - PVI 06 - areia e brita comerciais - TUBO 1200 mm","UND",{"v":2,"d":"2.00"},{"v":3488.66,"d":"3,488.66"},{"v":4209.77,"d":"4,209.77"},{"v":8419.54,"d":"8,419.54"},{"v":1,"d":"1.00"},{"v":0.5,"d":"50.00%"},{"v":4209.77,"d":"R$ 4,209.77"},1,{"v":0.5,"d":"50.00%"},{"v":4209.77,"d":"R$ 4,209.77"},{"v":1,"d":"1.00"},{"v":0.5,"d":"50.00%"},{"v":4209.77,"d":"R$ 4,209.77"}]
["3.3.4",2003459,"SICRO","Dissipador de energia - DEB 06 - areia, brita e pedra de mão comerciais - TUBO 1200 mm","UND",{"v":2,"d":"2.00"},{"v":2914.67,"d":"2,914.67"},{"v":3517.13,"d":"3,517.13"},{"v":7034.26,"d":"7,034.26"},null,{"v":0,"d":"0.00%"},0,0,{"v":0,"d":"0.00%"},0,{"v":2,"d":"2.00"},{"v":1,"d":"100.00%"},{"v":7034.26,"d":"R$ 7,034.26"}]
["3.3.5",97949,"SINAPI","CAIXA PARA BOCA DE LOBO SIMPLES RETANGULAR, EM ALVENARIA COM TIJOLOS CERÂMICOS MACIÇOS, DIMENSÕES INTERNAS: 0,6X1X1,2 M. AF_12/2020","UN",{"v":34,"d":"34.00"},{"v":1565.16,"d":"1,565.16"},{"v":1888.68,"d":"1,888.68"},{"v":64215.12,"d":"64,215.12"},null,{"v":0,"d":"0.00%"},0,0,{"v":0,"d":"0.00%"},0,{"v":34,"d":"34.00"},{"v":1,"d":"100.00%"},{"v":64215.12,"d":"R$ 64,215.12"}]
["3.3.6","COPOSIÇÃO 17","SINAPI","TAMPÃO FERRO FUNDIDO ARTICULADO TDA-600MM, 300KG/CM², P/POÇO DE VISITAS E CAIXAS .FORNECIMENTO INSTALAÇÃO.","UND",{"v":9,"d":"9.00"},196.35,236.94,{"v":2132.46,"d":"2,132.46"},null,{"v":0,"d":"0.00%"},0,0,{"v":0,"d":"0.00%"},0,{"v":9,"d":"9.00"},{"v":1,"d":"100.00%"},{"v":2132.46,"d":"R$ 2,132.46"}]
[{"$nulls":3},"TOTAL DO ITEM",{"$nulls":4},{"v":100426.06,"d":"100,426.06"},null,null,{"v":4209.77,"d":"4,209.77"},null,null,{"v":4209.77,"d":"4,209.77"},null,null,{"v":96216.29,"d":"96,216.29"}]
["3.4",null,null,"SINALIZAÇÃO"]
["3.4.1","COPOSIÇÃO 13","SINAPI","SINALIZAÇÃO NOTURNA COM TELA TAPUME PVC, BALDE PLÁSTICO FIAÇÃO E LÂMPADA, REUTILIZAÇÃO 7 VEZES","M",87.43,2.13,2.57,{"v":224.7,"d":"224.70"},14.57,null,{"v":37.44,"d":"R$ 37.44"},14.57,{"v":0.1666,"d":"16.66%"},{"v":37.44,"d":"R$ 37.44"},72.86,{"v":0.8334,"d":"83.34%"},{"v":187.26,"d":"R$ 187.26"}]
[{"$nulls":3},"TOTAL DO ITEM",{"$nulls":4},{"v":224.7,"d":"224.70"},null,null,37.44,null,null,37.44,null,null,187.26]
["4.0",null,null,"PAVIMENTAÇÃO EM TSD"]
["4.1",null,null,"TERRAPLENAGEM"]
["4.1.1","COPOSIÇÃO 10","SINAPI","ESCAVACAO MECANICA DE MATERIAL 1A. CATEGORIA, PROVENIENTE DE CORTE DE SUBLEITO (C/TRATOR ESTEIRAS 160HP)","M3",{"v":6538.83,"d":"6,538.83"},1.76,2.12,{"v":13862.32,"d":"13,862.32"},null,{"v":0,"d":"0.00%"},0,0,{"v":0,"d":"0.00%"},0,{"v":6538.83,"d":"6,538.83"},{"v":1,"d":"100.00%"},{"v":13862.32,"d":"R$ 13,862.32"}]
["4.1.2",93592,"SINAPI","TRANSPORTE COM CAMINHÃO BASCULANTE DE 14 M³, EM VIA URBANA EM REVESTIMENTO PRIMÁRIO (UNIDADE: M3XKM). AF_07/2020","M3XKM",{"v":13077.66,"d":"13,077.66"},1.96,2.37,{"v":30994.05,"d":"30,994.05"},null,{"v":0,"d":"0.00%"},0,0,{"v":0,"d":"0.00%"},0,{"v":13077.66,"d":"13,077.66"},{"v":1,"d":"100.00%"},{"v":30994.05,"d":"R$ 30,994.05"}]
[{"$nulls":3},"TOTAL DO ITEM",{"$nulls":4},{"v":44856.37,"d":"44,856.37"},null,null,0,null,null,0,null,null,{"v":44856.37,"d":"44,856.37"}]
["4.2",null,null,"AQUISIÇÃO MATERIAL BETUMINOSO"]
["4.2.1","ANP","****","AQUISIÇÃO DE MATERIAL BETUMINOSO CM-30 (Kg/m²)","T",22.85,{"v":5776.64,"d":"5,776.640"},{"v":6643.14,"d":"6,643.14"},{"v":151795.74,"d":"151,795.74"},null,{"v":0,"d":"0.00%"},0,0,{"v":0,"d":"0.00%"},0,22.85,{"v":1,"d":"100.00%"},{"v":151795.74,"d":"R$ 151,795.74"}]
["4.2.2","ANP","****","AQUISIÇÃO DE MATERIAL BETUMINOSO RR - 2C (Kg/m²)","T",66.61,{"v":3120.37,"d":"3,120.370"},{"v":3588.43,"d":"3,588.43"},{"v":239025.32,"d":"239,025.32"},null,{"v":0,"d":"0.00%"},0,0,{"v":0,"d":"0.00%"},0,66.61,{"v":1,"d":"100.00%"},{"v":239025.32,"d":"R$ 239,025.32"}]
[{"$nulls":8},{"v":390821.06,"d":"390,821.06"},null,null,0,null,null,0,null,null,{"v":390821.06,"d":"390,821.06"}]
[]
["4.3",null,null,"PAVIMENTAÇÃO"]
["4.3.1","COMP 03","SINAPI","REGULARIZACAO E COMPACTACAO DE SUBLEITO ATE 20 CM DE ESPESSURA","m²",{"v":21528.98,"d":"21,528.98"},{"v":1.8,"d":"1.80"},2.17,{"v":46717.89,"d":"46,717.89"},null,{"v":0,"d":"0.00%"},0,0,{"v":0,"d":"0.00%"},0,{"v":21528.98,"d":"21,528.98"},{"v":1,"d":"100.00%"},{"v":46717.89,"d":"R$ 46,717.89"}]
["4.3.2","COPOSIÇÃO 11","SINAPI","ESCAVACAO E CARGA MATERIAL 1A CATEGORIA, UTILIZANDO TRATOR DE ESTEIRAS DE 110 A 160HP COM LAMINA, PESO OPERACIONAL * 13T E PA CARREGADEIRA COM 170 HP.","m³",{"v":6538.83,"d":"6,538.83"},3.19,3.85,{"v":25174.5,"d":"25,174.50"},null,{"v":0,"d":"0.00%"},0,0,{"v":0,"d":"0.00%"},0,{"v":6538.83,"d":"6,538.83"},{"v":1,"d":"100.00%"},{"v":25174.5,"d":"R$ 25,174.50"}]
["4.3.3",93592,"SINAPI","TRANSPORTE COM CAMINHÃO BASCULANTE DE 14 M³, EM VIA URBANA EM REVESTIMENTO PRIMÁRIO (UNIDADE: M3XKM). AF_07/2020","M3XKM",{"v":11115.97,"d":"11,115.97"},1.96,2.37,{"v":26344.85,"d":"26,344.85"},null,{"v":0,"d":"0.00%"},0,0,{"v":0,"d":"0.00%"},0,{"v":11115.97,"d":"11,115.97"},{"v":1,"d":"100.00%"},{"v":26344.85,"d":"R$ 26,344.85"}]
["4.3.4",93593,"SINAPI","TRANSPORTE COM CAMINHÃO BASCULANTE DE 14 M³, EM VIA URBANA PAVIMENTADA, ADICIONAL PARA DMT EXCEDENTE A 30 KM (UNIDADE: M3XKM). AF_07/2020","M3XKM",{"v":28117.01,"d":"28,117.01"},0.71,0.86,{"v":24180.63,"d":"24,180.63"},null,{"v":0,"d":"0.00%"},0,0,{"v":0,"d":"0.00%"},0,{"v":28117.01,"d":"28,117.01"},{"v":1,"d":"100.00%"},{"v":24180.63,"d":"R$ 24,180.63"}]
["4.3.5","COMPOSIÇÃO 07","SINAPI","EXECUÇÃO E COMPACTAÇÃO DE BASE COM SOLO ESTABILIZADO GRANULOMETRICAMENTE - EXCLUSIVE ESCAVAÇÃO, CARGA E TRANSPORTE E SOLO. AF_09/2017","m³",{"v":3229.36,"d":"3,229.36"},{"v":6.7,"d":"6.70"},8.08,{"v":26093.23,"d":"26,093.23"},null,{"v":0,"d":"0.00%"},0,0,{"v":0,"d":"0.00%"},0,{"v":3229.36,"d":"3,229.36"},{"v":1,"d":"100.00%"},{"v":26093.23,"d":"R$ 26,093.23"}]
["4.3.6","COMPOSIÇÃO 07","SINAPI","EXECUÇÃO E COMPACTAÇÃO DE SUB BASE COM SOLO ESTABILIZADO GRANULOMETRICAMENTE - EXCLUSIVE ESCAVAÇÃO, CARGA E TRANSPORTE E SOLO. AF_09/2017","m³",{"v":3309.47,"d":"3,309.47"},{"v":6.7,"d":"6.70"},8.08,{"v":26740.52,"d":"26,740.52"},null,{"v":0,"d":"0.00%"},0,0,{"v":0,"d":"0.00%"},0,{"v":3309.47,"d":"3,309.47"},{"v":1,"d":"100.00%"},{"v":26740.52,"d":"R$ 26,740.52"}]
["4.3.7","COMP 06",null,"IMPRIMACAO DE BASE DE PAVIMENTACAO SEM EMULSAO CM-30","M2",{"v":19026.65,"d":"19,026.65"},0.96,1.16,{"v":22070.91,"d":"22,070.91"},null,{"v":0,"d":"0.00%"},0,0,{"v":0,"d":"0.00%"},0,{"v":19026.65,"d":"19,026.65"},{"v":1,"d":"100.00%"},{"v":22070.91,"d":"R$ 22,070.91"}]
["4.3.8","COMP 04",null,"TRATAMENTO SUPERFICIAL DUPLO - TSD, COM EMULSAO RR-2C","M2",{"v":19026.65,"d":"19,026.65"},7.64,9.22,{"v":175425.71,"d":"175,425.71"},null,{"v":0,"d":"0.00%"},0,0,{"v":0,"d":"0.00%"},0,{"v":19026.65,"d":"19,026.65"},{"v":1,"d":"100.00%"},{"v":175425.71,"d":"R$ 175,425.71"}]
["4.3.9","COMP 05",null,"CAPA SELANTE COMPREENDENDO APLICAÇÃO DE ASFALTO NA PROPORÇÃO DE 0,7 A 1,5L / M2, DISTRIBUIÇÃO DE AGREGADOS DE 5 A 15KG/M2 E COMPACTAÇÃO COM ROLO - COM EMULSAO RR-2C, INCLUSO APLICACAO E COMPACTACAO","M2",{"v":19026.65,"d":"19,026.65"},1.61,1.94,{"v":36911.7,"d":"36,911.70"},null,{"v":0,"d":"0.00%"},0,0,{"v":0,"d":"0.00%"},0,{"v":19026.65,"d":"19,026.65"},{"v":1,"d":"100.00%"},{"v":36911.7,"d":"R$ 36,911.70"}]
["4.3.10",102330,"****","TRANSPORTE COM CAMINHÃO TANQUE DE TRANSPORTE DE MATERIAL ASFÁLTICO DE 30000 L, EM VIA URBANA PAVIMENTADA, DMT ATÉ 30KM (UNIDADE: TXKM). AF_07/2020","TXKM",{"v":2683.8,"d":"2,683.80"},1.18,1.36,{"v":3649.96,"d":"3,649.96"},null,{"v":0,"d":"0.00%"},0,0,{"v":0,"d":"0.00%"},0,{"v":2683.8,"d":"2,683.80"},{"v":1,"d":"100.00%"},{"v":3649.96,"d":"R$ 3,649.96"}]
["4.3.11",102331,"****","TRANSPORTE COM CAMINHÃO TANQUE DE TRANSPORTE DE MATERIAL ASFÁLTICO DE 30000 L, EM VIA URBANA PAVIMENTADA, ADICIONAL PARA DMT EXCEDENTE A 30 KM (UNIDADE: TXKM). AF_07/2020","TXKM",{"v":25138.26,"d":"25,138.26"},0.46,0.53,{"v":13323.27,"d":"13,323.27"},null,{"v":0,"d":"0.00%"},0,0,{"v":0,"d":"0.00%"},0,{"v":25138.26,"d":"25,138.26"},{"v":1,"d":"100.00%"},{"v":13323.27,"d":"R$ 13,323.27"}]
["4.3.12",95875,"SINAPI","TRANSPORTE COM CAMINHÃO BASCULANTE DE 10 M³, EM VIA URBANA PAVIMENTADA, DMT ATÉ 30 KM (UNIDADE: M3XKM). AF_07/2020","M3XKM",{"v":25492.5,"d":"25,492.50"},2.08,2.51,{"v":63986.18,"d":"63,986.18"},null,{"v":0,"d":"0.00%"},0,0,{"v":0,"d":"0.00%"},0,{"v":25492.5,"d":"25,492.50"},{"v":1,"d":"100.00%"},{"v":63986.18,"d":"R$ 63,986.18"}]
["4.3.13",93590,"SINAPI","TRANSPORTE COM CAMINHÃO BASCULANTE DE 10 M³, EM VIA URBANA PAVIMENTADA, ADICIONAL PARA DMT EXCEDENTE A 30 KM (UNIDADE: M3XKM). AF_07/2020","M3XKM",{"v":86674.5,"d":"86,674.50"},0.82,0.99,{"v":85807.76,"d":"85,807.76"},null,{"v":0,"d":"0.00%"},0,0,{"v":0,"d":"0.00%"},0,{"v":86674.5,"d":"86,674.50"},{"v":1,"d":"100.00%"},{"v":85807.76,"d":"R$ 85,807.76"}]
[{"$nulls":3},"TOTAL DO ITEM",{"$nulls":4},{"v":576427.11,"d":"576,427.11"},null,null,0,null,null,0,null,null,{"v":576427.11,"d":"576,427.11"}]
["4.4",null,null,"OBRAS COMPLEMENTARES"]
["4.4.1",94267,"SINAPI","GUIA (MEIO-FIO) E SARJETA CONJUGADOS DE CONCRETO, MOLDADA  IN LOCO  EM TRECHO RETO COM EXTRUSORA, 45 CM BASE (15 CM BASE DA GUIA + 30 CM BASE DA SARJETA) X 22 CM ALTURA. AF_06/2016","M",{"v":5206.7,"d":"5,206.70"},54.05,65.22,{"v":339580.97,"d":"339,580.97"},null,{"v":0,"d":"0.00%"},0,0,{"v":0,"d":"0.00%"},0,{"v":5206.7,"d":"5,206.70"},{"v":1,"d":"100.00%"},{"v":339580.97,"d":"R$ 339,580.97"}]
["4.4.2",94268,"SINAPI","GUIA (MEIO-FIO) E SARJETA CONJUGADOS DE CONCRETO, MOLDADA  IN LOCO  EM TRECHO CURVO COM EXTRUSORA, 45 CM BASE (15 CM BASE DA GUIA + 30 CM BASE DA SARJETA) X 22 CM ALTURA. AF_06/2016","M",311.19,57.69,69.61,{"v":21661.94,"d":"21,661.94"},null,{"v":0,"d":"0.00%"},0,0,{"v":0,"d":"0.00%"},0,311.19,{"v":1,"d":"100.00%"},{"v":21661.94,"d":"R$ 21,661.94"}]
["4.4.3",101616,"SINAPI","PREPARO DE FUNDO DE VALA COM LARGURA MENOR QUE 1,5 M (ACERTO DO SOLO NATURAL). AF_08/2020","M2",{"v":2483.05,"d":"2,483.05"},4.84,5.84,{"v":14501.01,"d":"14,501.01"},null,{"v":0,"d":"0.00%"},0,0,{"v":0,"d":"0.00%"},0,{"v":2483.05,"d":"2,483.05"},{"v":1,"d":"100.00%"},{"v":14501.01,"d":"R$ 14,501.01"}]
["4.4.4",94990,"SINAPI","EXECUÇÃO DE PASSEIO (CALÇADA) OU PISO DE CONCRETO COM CONCRETO MOLDADO IN LOCO, FEITO EM OBRA, ACABAMENTO CONVENCIONAL, NÃO ARMADO. AF_08/2022","M3",null,690.57,833.31,0]
["4.4.5","COPOSIÇÃO 16",null,"Piso tátil direcional e/ou alerta, de concreto, na cor natural, p/deficientes visuais, dimensões 25x25cm, aplicado com argamassa industrializada ac-ii, rejuntado, exclusive regularização de base","m²",null,128.46,155.01,0]
[{"$nulls":3},"TOTAL DO ITEM",{"$nulls":4},{"v":375743.92,"d":"375,743.92"},null,null,0,null,null,0,null,null,{"v":375743.92,"d":"375,743.92"}]
["4.5",null,null,"SINALIZAÇÃO VIÁRIA"]
["4.5.1","COMPOSIÇÃO 08",null,"CONFECÇÃO DE SUPORTE E TRAVESSA PARA PLACA DE SINALIZAÇÃO","UND",{"v":162,"d":"162.00"},135.97,164.07,{"v":26579.34,"d":"26,579.34"},null,{"v":0,"d":"0.00%"},0,0,{"v":0,"d":"0.00%"},0,{"v":162,"d":"162.00"},{"v":1,"d":"100.00%"},{"v":26579.34,"d":"R$ 26,579.34"}]
["4.5.2",5213417,"SICRO","Placa em aço nº 16 galvanizado com película retrorrefletiva tipo I + III - confecção","UND",29.84,368.05,444.13,{"v":13252.84,"d":"13,252.84"},null,{"v":0,"d":"0.00%"},0,0,{"v":0,"d":"0.00%"},0,29.84,{"v":1,"d":"100.00%"},{"v":13252.84,"d":"R$ 13,252.84"}]
["4.5.3","COMPOSIÇÃO 09",null,"PLACA DE ACO ESMALTADA PARA IDENTIFICACAO DE RUA, *45 CM X 20* CM - FORNECIMENTO E INSTALAÇÃO","UND",{"v":50,"d":"50.00"},70.89,85.54,{"v":4277,"d":"4,277.00"},null,{"v":0,"d":"0.00%"},0,0,{"v":0,"d":"0.00%"},0,{"v":50,"d":"50.00"},{"v":1,"d":"100.00%"},{"v":4277,"d":"R$ 4,277.00"}]
["4.5.4",102520,null,"PINTURA DE SINALIZAÇÃO VERTICAL DE SEGURANÇA, FAIXAS AMARELA E PRETA, APLICAÇÃO MANUAL, 2 DEMÃOS. AF_05/2021","M2",{"v":1771.02,"d":"1,771.02"},63.55,76.69,{"v":135819.52,"d":"135,819.52"},null,{"v":0,"d":"0.00%"},0,0,{"v":0,"d":"0.00%"},0,{"v":1771.02,"d":"1,771.02"},{"v":1,"d":"100.00%"},{"v":135819.52,"d":"R$ 135,819.52"}]
[{"$nulls":3},"TOTAL DO ITEM",{"$nulls":4},{"v":179928.7,"d":"179,928.70"},null,null,0,null,null,0,null,null,{"v":179928.7,"d":"179,928.70"}]
[]
[]
["TOTAL DA PLANILHA",{"$nulls":7},{"v":2024382.61,"d":"2,024,382.61"},null,null,{"v":96282.55,"d":"96,282.55"},null,null,{"v":96282.55,"d":"96,282.55"},null,null,{"v":1928100.06,"d":"1,928,100.06"}]
["%",{"$nulls":7},{"v":1,"d":"100.00%"},null,null,{"v":0.0476,"d":"4.76%"},null,null,{"v":0.0476,"d":"4.76%"},null,null,{"v":0.9524,"d":"95.24%"}]
[]
["SÃO JOSÉ DOS QUATRO MARCOS - MT, 09 de Janeiro de 2025."]
[]
[]
[]
["VALOR DA MEDIÇÃO R$ 96.282,55 (Noventa e seis mil, Duzentos e oitenta e dois reais e cinquenta e cinco centavos).",{"$nulls":14},"Luiz Guilherme Cadore Silva"]
[{"$nulls":15},"Engenheiro Civil / Fiscal de Obras"]
[{"$nulls":15},"CREA-MT 041303"]

{"sheet":"QCI MEDIÇÃO","index":15,"n_rows":35,"n_cols":12,"rows_kept":35,"merged":[[0,0,0,6],[1,0,1,6],[2,1,2,2],[2,3,2,4],[3,1,3,2],[3,3,5,4],[4,1,4,2],[5,1,5,2],[6,0,6,6],[7,0,8,0],[7,1,8,2],[7,3,7,6],[9,1,9,2],[10,1,10,2],[11,1,11,2],[12,1,12,2],[13,1,13,2],[14,1,14,2],[15,1,15,2],[16,1,16,2],[17,1,17,2],[18,1,18,2],[19,1,19,2],[20,1,20,2],[21,1,21,2],[22,1,22,2],[23,1,23,2],[24,1,24,2],[25,1,25,2],[26,0,26,2],[27,0,27,2]],"flags":["formulas_cached_only"]}
["ONO EMPREENDIMENTOS - ME"]
["CNPJ: 40.553.092/0001-51"]
["OBRA:","PAVIMENTAÇÃO ASFALTICA",null,"REFERENCIA:",null,"BDI DESON","BDI NÃO DES"]
["LOCAL:","JARDIM BANDEIRANTES E ADJACÊNCIAS",null,"SINAPI 12/2023 - SICRO 07/2023 ANP 12/2023",null,{"v":0.2671,"d":"26.71%"},{"v":0.2067,"d":"20.67%"}]
["PROPR.:","CNPJ: 40.553.092/0001-51",{"$nulls":3},"DIFERENCIADO","DIFERENCIADO"]
["ÁREA (m²):",{"v":21528.98,"d":"21,528.98"},{"$nulls":3},{"v":0.15,"d":"15.00%"},{"v":0.15,"d":"15.00%"}]
["QCI - 1ª MEDIÇÃO"]
["ITEM","DESCRIÇÃO",null,"INVESTIMENTO"]
[{"$nulls":3},"UNIÃO","CONTRA P.","TOTAL","OUTROS",null,"REC TOTAL",{"v":96282.55,"d":"96,282.55"},null,{"v":0.9596,"d":"95.96%"}]
[1,"SERVIÇOS PRELIMINARES",null,{"v":12791.36,"d":"12,791.36"},696.35,{"v":13487.71,"d":"13,487.71"},null,null,"REC GOV",{"v":2381626.61,"d":"2,381,626.61"}]
[{"$nulls":8},"CONTRA",{"v":2285344.06,"d":"2,285,344.06"},null,{"v":0.05162865,"d":"5.162865%"}]
[2,"ADMINISTRAÇÃO DE CANTEIRO DE OBRA",null,{"v":0,"d":"0.00"},{"v":0,"d":"0.00"},{"v":0,"d":"0.00"}]
[]
[3,"DRENAGEM DE ÁGUAS PLUVIAIS"]
["3.1","MOVIMENTO DE TERRA",null,{"v":6021.12,"d":"6,021.12"},327.79,{"v":6348.91,"d":"6,348.91"},{"$nulls":3},{"v":2258666.27,"d":"2,258,666.27"},{"v":91250.11,"d":"91,250.11"}]
["3.2","FORNECIMENTO E ASSENTAMENTO DE TUBOS",null,{"v":68471.2,"d":"68,471.20"},{"v":3727.52,"d":"3,727.52"},{"v":72198.72,"d":"72,198.72"},{"$nulls":3},{"v":122960.34,"d":"122,960.34"},{"v":4967.59,"d":"4,967.59"}]
["3.3","ELEMENTOS AUXILIARES",null,{"v":3992.43,"d":"3,992.43"},217.34,{"v":4209.77,"d":"4,209.77"},{"$nulls":3},{"v":2381626.61,"d":"2,381,626.61"},{"v":96217.7,"d":"96,217.70"}]
["3.4","SINALIZAÇÃO",null,35.51,1.93,37.44]
[]
["4.0","PAVIMENTAÇÃO EM TSD"]
["4.1","TERRAPLENAGEM",null,{"v":0,"d":"0.00"},{"v":0,"d":"0.00"},{"v":0,"d":"0.00"}]
["4.2","AQUISIÇÃO MATERIAL BETUMINOSO",null,{"v":0,"d":"0.00"},{"v":0,"d":"0.00"},{"v":0,"d":"0.00"}]
["4.3","PAVIMENTAÇÃO",null,{"v":0,"d":"0.00"},{"v":0,"d":"0.00"},{"v":0,"d":"0.00"}]
["4.4","OBRAS COMPLEMENTARES",null,{"v":0,"d":"0.00"},{"v":0,"d":"0.00"},{"v":0,"d":"0.00"}]
["4.5","SINALIZAÇÃO VIÁRIA",null,{"v":0,"d":"0.00"},{"v":0,"d":"0.00"},{"v":0,"d":"0.00"}]
[]
["TOTAL",null,null,{"v":91311.62,"d":"91,311.62"},{"v":4970.93,"d":"4,970.93"},{"v":96282.55,"d":"96,282.55"},{"v":0,"d":"0.00"}]
[]
[]
[]
[]
[]
[null,"Luiz Guilherme Cadore Silva"]
[null,"Engenheiro Civil / Fiscal de Obras"]
[null,"CREA-MT 041303"]

{"sheet":"Resumo","index":16,"n_rows":35,"n_cols":11,"rows_kept":35,"merged":[[0,0,0,7],[1,0,1,7],[2,1,2,2],[2,3,2,4],[2,6,2,7],[3,1,3,2],[3,3,5,4],[3,6,3,7],[4,1,4,2],[4,6,4,7],[5,1,5,2],[5,6,5,7],[6,0,6,7],[7,0,8,0],[7,1,8,3],[7,4,7,5],[7,6,7,7],[9,1,9,3],[10,1,10,3],[11,1,11,3],[12,1,12,3],[13,1,13,3],[14,1,14,3],[15,1,15,3],[16,1,16,3],[17,1,17,3],[18,1,18,3],[19,1,19,3],[20,1,20,3],[21,1,21,3],[22,1,22,3],[23,1,23,3],[24,1,24,3],[25,1,25,3],[26,1,26,3],[27,1,27,3]],"flags":["formulas_cached_only"]}
["ONO EMPREENDIMENTOS - ME"]
["CNPJ: 40.553.092/0001-51"]
["Obra: ","PAVIMENTAÇÃO ASFALTICA",null,"REFERENCIA:",null,"BDI DESON","BDI NÃO DES"]
["Local: ","JARDIM BANDEIRANTES E ADJACÊNCIAS",null,"SINAPI 12/2023 - SICRO 07/2023 ANP 12/2023",null,{"v":0.2671,"d":"26.71%"},{"v":0.2067,"d":"20.67%"}]
["PROPR.:","CNPJ: 40.553.092/0001-51",{"$nulls":3},"DIFERENCIADO","DIFERENCIADO"]
["ÁREAS:",{"v":21528.98,"d":"21,528.98"},{"$nulls":3},{"v":0.15,"d":"15.00%"},{"v":0.15,"d":"15.00%"}]
["RESUMO SINTÉTICO"]
["ITEM","DESCRIÇÃO DOS SERVIÇOS",null,null,"DESONERADO",null,"NÃO DESONERADO"]
[{"$nulls":4},"VALOR ÍTEM","%","VALOR ÍTEM","%"]
[]
[1,"SERVIÇOS PRELIMINARES",null,null,{"$error":"#REF!"},{"$error":"#REF!"},13487.71,{"v":0.0067,"d":"0.67%"}]
[]
[2,"ADMINISTRAÇÃO DE CANTEIRO DE OBRA",null,null,{"$error":"#REF!"},{"$error":"#REF!"},42156.95,{"v":0.0208,"d":"2.08%"}]
[]
[3,"DRENAGEM DE ÁGUAS PLUVIAIS"]
["3.1","MOVIMENTO DE TERRA",null,null,{"$error":"#REF!"},{"$error":"#REF!"},{"v":59392.05,"d":"59,392.05"},{"v":0.0293,"d":"2.93%"}]
["3.2","FORNECIMENTO E ASSENTAMENTO DE TUBOS",null,null,{"$error":"#REF!"},{"$error":"#REF!"},{"v":240917.98,"d":"240,917.98"},{"v":0.119,"d":"11.90%"}]
["3.3","ELEMENTOS AUXILIARES",null,null,{"$error":"#REF!"},{"$error":"#REF!"},100426.06,{"v":0.0496,"d":"4.96%"}]
["3.4","SINALIZAÇÃO",null,null,{"$error":"#REF!"},{"$error":"#REF!"},{"v":224.7,"d":"224.70"},{"v":0.0001,"d":"0.01%"}]
[]
["4.0","PAVIMENTAÇÃO EM TSD"]
["4.1","TERRAPLENAGEM",null,null,{"$error":"#REF!"},{"$error":"#REF!"},{"v":44856.37,"d":"44,856.37"},{"v":0.0222,"d":"2.22%"}]
["4.2","AQUISIÇÃO MATERIAL BETUMINOSO",null,null,{"$error":"#REF!"},{"$error":"#REF!"},{"v":390821.06,"d":"390,821.06"},{"v":0.1931,"d":"19.31%"}]
["4.3","PAVIMENTAÇÃO",null,null,{"$error":"#REF!"},{"$error":"#REF!"},{"v":576427.11,"d":"576,427.11"},{"v":0.2847,"d":"28.47%"}]
["4.4","OBRAS COMPLEMENTARES",null,null,{"$error":"#REF!"},{"$error":"#REF!"},{"v":375743.92,"d":"375,743.92"},{"v":0.1856,"d":"18.56%"}]
["4.5","SINALIZAÇÃO VIÁRIA",null,null,{"$error":"#REF!"},{"$error":"#REF!"},{"v":179928.7,"d":"179,928.70"},{"v":0.0889,"d":"8.89%"}]
[{"$nulls":10},"fator"]
[null,"TOTAL",null,null,{"$error":"#REF!"},{"$error":"#REF!"},{"v":2024382.61,"d":"2,024,382.61"},{"v":1,"d":"100.0%"},null,null,{"v":0.821,"d":"0.8210"}]
[]
[]
[{"$nulls":9},{"v":2381626.61,"d":"2,381,626.61"}]
[{"$nulls":9},{"v":2024382.61,"d":"2,024,382.61"},0]
[null,"Engº Yuri Bispo Neves Vuolo"]
[null,"ENGº CIVIL"]
[null," CREA - MT 047573",{"$nulls":7},{"v":357244,"d":"357,244.00"}]

{"sheet":"Crono Basico","index":17,"n_rows":34,"n_cols":20,"rows_kept":34,"merged":[[0,0,0,17],[1,0,1,17],[2,1,2,11],[2,12,2,13],[2,14,2,15],[2,16,2,17],[3,1,3,11],[3,12,5,13],[3,14,3,15],[3,16,3,17],[4,1,4,11],[4,14,4,15],[4,16,4,17],[5,1,5,11],[5,14,5,15],[5,16,5,17],[6,0,6,17],[7,0,9,0],[7,1,9,1],[7,2,8,3],[7,4,7,17],[8,4,8,5],[8,6,8,7],[8,8,8,9],[8,10,8,11],[8,12,8,13],[8,14,8,15],[8,16,8,17],[28,0,28,1],[29,0,29,1]],"flags":["formulas_cached_only"]}
["ONO EMPREENDIMENTOS - ME"]
["CNPJ: 40.553.092/0001-51"]
["OBRA:","PAVIMENTAÇÃO ASFALTICA",{"$nulls":10},"REFERENCIA:",null,"BDI DESON",null,"BDI NÃO DES"]
["LOCAL:","JARDIM BANDEIRANTES E ADJACÊNCIAS",{"$nulls":10},"SINAPI 12/2023 - SICRO 07/2023 ANP 12/2023",null,{"v":0.2671,"d":"26.71%"},null,{"v":0.2067,"d":"20.67%"}]
["PROPR.:","CNPJ: 40.553.092/0001-51",{"$nulls":12},"DIFERENCIADO",null,"DIFERENCIADO"]
["ÁREA (M²):",{"v":19026.65,"d":"19,026.65"},{"$nulls":12},{"v":0.15,"d":"15.00%"},null,{"v":0.15,"d":"15.00%"}]
["CRONOGRAMA FISICO FINANCEIRO"]
["ITEM","DESCRIÇÃO / ETAPA","PERIODO",null,"À Executar"]
[{"$nulls":4},"30 DIAS",null,"60 DIAS",null,"90 DIAS",null,"120 DIAS",null,"150 DIAS",null,"180 DIAS",null,"TOTAL"]
[null,null,"Valor(R$)","%","Valor(R$)","%","Valor (R$)","%","Valor (R$)","%","Valor (R$)","%","Valor (R$)","%","Valor (R$)","%","Valor (R$)","%"]
[]
[1,"SERVIÇOS PRELIMINARES",{"v":13487.71,"d":"13,487.71"},{"$error":"#REF!"},{"v":10790.17,"d":"10,790.17"},80,{"v":2697.54,"d":"2,697.54"},20,{"$nulls":8},{"v":13487.71,"d":"13,487.71"},100]
[{"$nulls":19},{"v":0,"d":"0.00"}]
[2,"ADMINISTRAÇÃO DE CANTEIRO DE OBRA",{"v":42156.95,"d":"42,156.95"},{"$error":"#REF!"},{"v":6323.54,"d":"6,323.54"},15,{"v":6323.54,"d":"6,323.54"},15,{"v":6323.54,"d":"6,323.54"},15,{"v":6323.54,"d":"6,323.54"},15,{"v":8431.39,"d":"8,431.39"},20,{"v":8431.39,"d":"8,431.39"},20,{"v":42156.94,"d":"42,156.94"},100,null,0.01]
[{"$nulls":19},{"v":0,"d":"0.00"}]
[3,"DRENAGEM DE ÁGUAS PLUVIAIS",{"$nulls":17},{"v":0,"d":"0.00"}]
["3.1","MOVIMENTO DE TERRA",{"v":59392.05,"d":"59,392.05"},{"$error":"#REF!"},{"v":0,"d":"0.00"},null,{"v":29696.03,"d":"29,696.03"},50,{"v":29696.03,"d":"29,696.03"},50,{"v":0,"d":"0.00"},null,{"v":0,"d":"0.00"},null,{"v":0,"d":"0.00"},null,{"v":59392.05,"d":"59,392.05"},100,null,{"v":0,"d":"0.00"}]
["3.2","FORNECIMENTO E ASSENTAMENTO DE TUBOS",{"v":240917.98,"d":"240,917.98"},{"$error":"#REF!"},{"v":0,"d":"0.00"},null,{"v":120458.99,"d":"120,458.99"},50,{"v":120458.99,"d":"120,458.99"},50,{"v":0,"d":"0.00"},null,{"v":0,"d":"0.00"},null,{"v":0,"d":"0.00"},null,{"v":240917.98,"d":"240,917.98"},100,null,{"v":0,"d":"0.00"}]
["3.3","ELEMENTOS AUXILIARES",{"v":100426.06,"d":"100,426.06"},{"$error":"#REF!"},{"v":0,"d":"0.00"},null,{"v":0,"d":"0.00"},null,{"v":50213.03,"d":"50,213.03"},50,{"v":50213.03,"d":"50,213.03"},50,{"v":0,"d":"0.00"},null,{"v":0,"d":"0.00"},null,{"v":100426.05,"d":"100,426.05"},100,null,0.01]
["3.4","SINALIZAÇÃO",{"v":224.7,"d":"224.70"},{"$error":"#REF!"},{"v":0,"d":"0.00"},null,{"v":0,"d":"0.00"},null,112.35,50,112.35,50,{"v":0,"d":"0.00"},null,{"v":0,"d":"0.00"},null,{"v":224.7,"d":"224.70"},100,null,{"v":0,"d":"0.00"}]
[{"$nulls":19},{"v":0,"d":"0.00"}]
["4.0","PAVIMENTAÇÃO EM TSD",{"$nulls":17},{"v":0,"d":"0.00"}]
["4.1","TERRAPLENAGEM",{"v":44856.37,"d":"44,856.37"},{"$error":"#REF!"},{"v":22428.19,"d":"22,428.19"},50,{"v":22428.19,"d":"22,428.19"},50,{"v":0,"d":"0.00"},null,{"v":0,"d":"0.00"},null,{"v":0,"d":"0.00"},null,{"v":0,"d":"0.00"},null,{"v":44856.38,"d":"44,856.38"},100,null,-0.01]
["4.2","AQUISIÇÃO MATERIAL BETUMINOSO",{"v":390821.06,"d":"390,821.06"},{"$error":"#REF!"},{"v":390821.06,"d":"390,821.06"},100,{"v":0,"d":"0.00"},null,{"v":0,"d":"0.00"},null,{"v":0,"d":"0.00"},null,{"v":0,"d":"0.00"},null,{"v":0,"d":"0.00"},null,{"v":390821.06,"d":"390,821.06"},100,null,{"v":0,"d":"0.00"}]
["4.3","PAVIMENTAÇÃO",{"v":576427.11,"d":"576,427.11"},{"$error":"#REF!"},{"v":172928.13,"d":"172,928.13"},30,{"v":288213.56,"d":"288,213.56"},50,{"v":115285.42,"d":"115,285.42"},20,{"v":0,"d":"0.00"},null,{"v":0,"d":"0.00"},null,{"v":0,"d":"0.00"},null,{"v":576427.11,"d":"576,427.11"},100,null,{"v":0,"d":"0.00"}]
["4.4","OBRAS COMPLEMENTARES",{"v":375743.92,"d":"375,743.92"},{"$error":"#REF!"},{"v":0,"d":"0.00"},null,{"v":0,"d":"0.00"},null,{"v":75148.78,"d":"75,148.78"},20,{"v":150297.57,"d":"150,297.57"},40,{"v":150297.57,"d":"150,297.57"},40,{"v":0,"d":"0.00"},null,{"v":375743.92,"d":"375,743.92"},100,null,{"v":0,"d":"0.00"}]
["4.5","SINALIZAÇÃO VIÁRIA",{"v":179928.7,"d":"179,928.70"},{"$error":"#REF!"},{"v":0,"d":"0.00"},null,{"v":0,"d":"0.00"},null,{"v":0,"d":"0.00"},null,{"v":0,"d":"0.00"},null,{"v":89964.35,"d":"89,964.35"},50,{"v":89964.35,"d":"89,964.35"},50,{"v":179928.7,"d":"179,928.70"},100,null,{"v":0,"d":"0.00"}]
[]
["Valor Do Mês",null,{"v":2024382.61,"d":"2,024,382.61"},{"$error":"#REF!"},{"v":603291.09,"d":"603,291.09"},{"v":0.298,"d":"29.80%"},{"v":469817.85,"d":"469,817.85"},{"v":0.2321,"d":"23.21%"},{"v":397238.14,"d":"397,238.14"},{"v":0.1962,"d":"19.62%"},{"v":206946.49,"d":"206,946.49"},{"v":0.1022,"d":"10.22%"},{"v":248693.31,"d":"248,693.31"},{"v":0.1228,"d":"12.28%"},{"v":98395.74,"d":"98,395.74"},{"v":0.049,"d":"4.9%"},{"v":2024382.6,"d":"2,024,382.60"},{"v":1,"d":"100.0%"}]
["Valor Acomulado",{"$nulls":3},{"v":603291.09,"d":"603,291.09"},{"v":0.298,"d":"29.80%"},{"v":1073108.94,"d":"1,073,108.94"},{"v":0.5301,"d":"53.01%"},{"v":1470347.08,"d":"1,470,347.08"},{"v":0.7263,"d":"72.63%"},{"v":1677293.57,"d":"1,677,293.57"},{"v":0.8285,"d":"82.85%"},{"v":1925986.88,"d":"1,925,986.88"},{"v":0.9513,"d":"95.13%"},{"v":2024382.62,"d":"2,024,382.62"},{"v":1,"d":"100.0%"}]
[]
[null,"Engº Yuri Bispo Neves Vuolo"]
[null,"ENGº CIVIL"]
[null," CREA - MT 047573"]

{"sheet":"BDI","index":18,"n_rows":112,"n_cols":4,"rows_kept":112,"merged":[[0,0,0,3],[1,0,1,3],[2,1,2,2],[3,1,3,2],[3,3,5,3],[4,1,4,2],[5,1,5,2],[6,0,6,3],[12,0,12,3],[13,0,13,3],[38,0,38,3],[39,0,39,3],[63,0,63,3],[106,0,106,3]],"flags":["formulas_cached_only"]}
["ONO EMPREENDIMENTOS - ME"]
["CNPJ: 40.553.092/0001-51"]
["OBRA:","PAVIMENTAÇÃO ASFALTICA",null,"REFERENCIA:"]
["LOCAL:","JARDIM BANDEIRANTES E ADJACÊNCIAS",null,"SINAPI 12/2023 - SICRO 07/2023 ANP 12/2023"]
["PROPR.:","CNPJ: 40.553.092/0001-51"]
["ÁREA (m²):",{"v":21528.98,"d":"21,528.98"}]
["COMPOSIÇÃO DE BDI"]
[]
[]
[]
[]
["COMPOSIÇÃO DA PARCELA DE BDI (BONIFICAÇÕES E DESPESAS INDIRETAS) COM DESONERAÇÃO - OBRAS"]
["CÁLCULO DE BDI DETALHADO"]
["Conforme Acórdão nº. 2622 de 25 de setembro de 2013 do T.C.U."]
[]
[null,"Descrição Despesas","%"]
[]
[null,"Administração Central (AC)",{"v":0.0401,"d":"4.01%"}]
[]
[null,"Custos financeiros (DF)",{"v":0.0111,"d":"1.11%"}]
[]
[null,"Riscos ( C )",{"v":0.0056,"d":"0.56%"}]
[]
[null,"Seguros e Garantias (S)",{"v":0.004,"d":"0.40%"}]
[]
[null,"Lucro ( L )",{"v":0.073,"d":"7.30%"}]
[]
[null,"Impostos - Tributos ( I )",{"v":0.1015,"d":"10.15%"}]
[null,"COFINS",{"v":0.03,"d":"3.00%"}]
[null,"PIS",{"v":0.0065,"d":"0.65%"}]
[null,"ISS",{"v":0.02,"d":"2.00%"}]
[null,"CPRB  Lei nº 13161/2015",{"v":0.045,"d":"4.50%"}]
[]
[null,"Total",{"v":0.2671,"d":"26.71%"}]
[]
[]
[]
[]
["CÁLCULO DE BDI DETALHADO"]
["Conforme Acórdão nº. 2622 de 25 de setembro de 2013 do T.C.U."]
[]
[null,"Descrição Despesas","%"]
[]
[null,"Administração Central (AC)",{"v":0.0401,"d":"4.01%"}]
[]
[null,"Custos financeiros (DF)",{"v":0.0111,"d":"1.11%"}]
[]
[null,"Riscos ( C )",{"v":0.0056,"d":"0.56%"}]
[]
[null,"Seguros e Garantias (S)",{"v":0.004,"d":"0.40%"}]
[]
[null,"Lucro ( L )",{"v":0.073,"d":"7.30%"}]
[]
[null,"Impostos - Tributos ( I )",{"v":0.0565,"d":"5.65%"}]
[null,"COFINS",{"v":0.03,"d":"3.00%"}]
[null,"PIS",{"v":0.0065,"d":"0.65%"}]
[null,"ISS",{"v":0.02,"d":"2.00%"}]
[]
[]
[null,"Total",{"v":0.2067,"d":"20.67%"}]
[]
[]
[]
["CÁLCULO DE BDI AQUISIÇÃO"]
[]
[null,"Descrição Despesas","%"]
[]
[null,"Administração Central (AC)",{"v":0.0345,"d":"3.45%"}]
[]
[null,"Custos financeiros (DF)",{"v":0.0085,"d":"0.85%"}]
[]
[null,"Riscos ( C )",{"v":0.0085,"d":"0.85%"}]
[]
[null,"Seguros e Garantias (S)",{"v":0.0048,"d":"0.48%"}]
[]
[null,"Lucro ( L )",{"v":0.0486,"d":"4.86%"}]
[]
[null,"Impostos - Tributos ( I )",{"v":0.0365,"d":"3.65%"}]
[null,"COFINS",{"v":0.03,"d":"3.00%"}]
[null,"PIS",{"v":0.0065,"d":"0.65%"}]
[null,"ISS"]
[]
[]
[null,"Total",{"v":0.15,"d":"15.0%"}]
[]
[]
[]
[]
[]
[]
["onde:"]
[]
["AC = taxa de Administração Central;"]
[]
["S = taxa de seguros;"]
[]
["R = taxa de riscos;"]
[]
["G = taxa de garantias;"]
[]
["DF = taxa das despesas financeiras;"]
[]
["L = taxa de lucro;"]
[]
["I = taxa de tributos/impostos (PIS, COFINS, ISSQN);"]
[]
["CPRB = contribuição previdenciária sobre a receita bruta (incluir 4,5% a partir de 01/12/2015, Lei 13.161/2015)."]
[]
[]
[null,"Engº Yuri Bispo Neves Vuolo"]
[null,"ENGº CIVIL"]
[null," CREA - MT 047573"]

{"sheet":"QCI","index":19,"n_rows":35,"n_cols":12,"rows_kept":35,"merged":[[0,0,0,6],[1,0,1,6],[2,1,2,2],[2,3,2,4],[3,1,3,2],[3,3,5,4],[4,1,4,2],[5,1,5,2],[6,0,6,6],[7,0,8,0],[7,1,8,2],[7,3,7,6],[9,1,9,2],[10,1,10,2],[11,1,11,2],[12,1,12,2],[13,1,13,2],[14,1,14,2],[15,1,15,2],[16,1,16,2],[17,1,17,2],[18,1,18,2],[19,1,19,2],[20,1,20,2],[21,1,21,2],[22,1,22,2],[23,1,23,2],[24,1,24,2],[25,1,25,2],[26,0,26,2],[27,0,27,2]],"flags":["formulas_cached_only"]}
["ONO EMPREENDIMENTOS - ME"]
["CNPJ: 40.553.092/0001-51"]
["OBRA:","PAVIMENTAÇÃO ASFALTICA",null,"REFERENCIA:",null,"BDI DESON","BDI NÃO DES"]
["LOCAL:","JARDIM BANDEIRANTES E ADJACÊNCIAS",null,"SINAPI 12/2023 - SICRO 07/2023 ANP 12/2023",null,{"v":0.2671,"d":"26.71%"},{"v":0.2067,"d":"20.67%"}]
["PROPR.:","CNPJ: 40.553.092/0001-51",{"$nulls":3},"DIFERENCIADO","DIFERENCIADO"]
["ÁREA (m²):",{"v":21528.98,"d":"21,528.98"},{"$nulls":3},{"v":0.15,"d":"15.00%"},{"v":0.15,"d":"15.00%"}]
["QCI - QUADRO DE COMPOSIÇÃO DO INVESTIMENTO"]
["ITEM","DESCRIÇÃO",null,"INVESTIMENTO"]
[{"$nulls":3},"UNIÃO","CONTRA P.","TOTAL","OUTROS",null,"REC TOTAL",{"v":2024382.61,"d":"2,024,382.61"},null,{"v":0.15,"d":"15.00%"}]
[1,"SERVIÇOS PRELIMINARES",null,{"v":12791.36,"d":"12,791.36"},696.35,{"v":13487.71,"d":"13,487.71"},null,null,"REC GOV",{"v":2381626.61,"d":"2,381,626.61"}]
[{"$nulls":8},"CONTRA",{"v":357244,"d":"357,244.00"},null,{"v":0.05162872,"d":"5.162872%"}]
[2,"ADMINISTRAÇÃO DE CANTEIRO DE OBRA",null,{"v":39980.45,"d":"39,980.45"},{"v":2176.5,"d":"2,176.50"},{"v":42156.95,"d":"42,156.95"}]
[]
[3,"DRENAGEM DE ÁGUAS PLUVIAIS"]
["3.1","MOVIMENTO DE TERRA",null,{"v":56325.71,"d":"56,325.71"},{"v":3066.34,"d":"3,066.34"},{"v":59392.05,"d":"59,392.05"},{"$nulls":3},{"v":2258666.27,"d":"2,258,666.27"},{"v":1919866.32,"d":"1,919,866.32"}]
["3.2","FORNECIMENTO E ASSENTAMENTO DE TUBOS",null,{"v":228479.69,"d":"228,479.69"},{"v":12438.29,"d":"12,438.29"},{"v":240917.98,"d":"240,917.98"},{"$nulls":3},{"v":122960.34,"d":"122,960.34"},{"v":104516.28,"d":"104,516.28"}]
["3.3","ELEMENTOS AUXILIARES",null,{"v":95241.19,"d":"95,241.19"},{"v":5184.87,"d":"5,184.87"},{"v":100426.06,"d":"100,426.06"},{"$nulls":3},{"v":2381626.61,"d":"2,381,626.61"},{"v":2024382.6,"d":"2,024,382.60"}]
["3.4","SINALIZAÇÃO",null,{"v":213.1,"d":"213.10"},{"v":11.6,"d":"11.60"},{"v":224.7,"d":"224.70"}]
[]
["4.0","PAVIMENTAÇÃO EM TSD"]
["4.1","TERRAPLENAGEM",null,{"v":42540.49,"d":"42,540.49"},{"v":2315.88,"d":"2,315.88"},{"v":44856.37,"d":"44,856.37"}]
["4.2","AQUISIÇÃO MATERIAL BETUMINOSO",null,{"v":370643.47,"d":"370,643.47"},{"v":20177.59,"d":"20,177.59"},{"v":390821.06,"d":"390,821.06"}]
["4.3","PAVIMENTAÇÃO",null,{"v":546666.92,"d":"546,666.92"},{"v":29760.19,"d":"29,760.19"},{"v":576427.11,"d":"576,427.11"}]
["4.4","OBRAS COMPLEMENTARES",null,{"v":356344.74,"d":"356,344.74"},{"v":19399.18,"d":"19,399.18"},{"v":375743.92,"d":"375,743.92"}]
["4.5","SINALIZAÇÃO VIÁRIA",null,{"v":170639.21,"d":"170,639.21"},{"v":9289.49,"d":"9,289.49"},{"v":179928.7,"d":"179,928.70"}]
[]
["TOTAL",null,null,{"v":1919866.33,"d":"1,919,866.33"},{"v":104516.28,"d":"104,516.28"},{"v":2024382.61,"d":"2,024,382.61"},{"v":0,"d":"0.00"}]
[]
[]
[]
[]
[]
[null,"Engº Yuri Bispo Neves Vuolo"]
[null,"ENGº CIVIL"]
[null," CREA - MT 047573"]

{"sheet":"COMPOSIÇÕES","index":20,"n_rows":211,"n_cols":9,"rows_kept":211,"merged":[[0,0,0,7],[1,0,1,7],[2,1,2,2],[2,3,2,4],[2,6,2,7],[3,1,3,2],[3,3,5,4],[3,6,3,7],[4,1,4,2],[4,6,4,7],[5,1,5,2],[5,6,5,7],[6,0,6,7],[7,0,7,7],[8,0,8,7],[9,4,9,5],[9,6,9,7],[17,0,17,3],[19,4,19,5],[19,6,19,7],[20,0,20,7],[30,0,30,4],[32,4,32,5],[32,6,32,7],[33,0,33,7],[56,4,56,5],[56,6,56,7],[57,0,57,7],[75,4,75,5],[75,6,75,7],[76,0,76,5],[95,4,95,5],[95,6,95,7],[107,4,107,5],[107,6,107,7],[108,0,108,7],[109,0,109,7],[113,0,113,4],[114,0,114,5],[118,0,118,4],[119,0,119,4],[121,4,121,5],[121,6,121,7],[122,0,122,7],[123,0,123,7],[127,0,127,4],[128,0,128,5],[130,0,130,4],[131,0,131,4],[134,4,134,5],[134,6,134,7],[137,0,137,4],[139,4,139,5],[139,6,139,7],[144,0,144,4],[146,4,146,5],[146,6,146,7],[149,0,149,4],[151,1,151,2],[152,1,152,2],[153,1,153,2],[155,4,155,5],[155,6,155,7],[162,0,162,4],[164,4,164,5],[164,6,164,7],[177,0,177,4],[179,4,179,5],[179,6,179,7],[183,0,183,4],[185,4,185,5],[185,6,185,7],[191,0,191,4],[201,4,201,5],[201,6,201,7],[205,0,205,4]],"flags":["formulas_cached_only"]}
["ONO EMPREENDIMENTOS - ME"]
["CNPJ: 40.553.092/0001-51"]
["OBRA:","PAVIMENTAÇÃO ASFALTICA",null,"REFERENCIA:",null,"BDI DESON","BDI NÃO DES"]
["LOCAL:","JARDIM BANDEIRANTES E ADJACÊNCIAS",null,"SINAPI 12/2023 - SICRO 07/2023 ANP 12/2023",null,{"v":0.2671,"d":"26.71%"},{"v":0.2067,"d":"20.67%"}]
["PROPR.:","CNPJ: 40.553.092/0001-51",{"$nulls":3},"DIFERENCIADO","DIFERENCIADO"]
["ÁREA (M²):",{"v":21528.98,"d":"21,528.98"},{"$nulls":3},{"v":0.15,"d":"15.00%"},{"v":0.15,"d":"15.00%"}]
[]
["COMPOSIÇÃO DE CUSTOS UNITÁRIOS"]
[]
["COMP 01","PLACA DE OBRA EM CHAPA DE ACO GALVANIZADO","M2","Qtde ","SISTEMA DESON",null,"SISTEMA NÃO DESON"]
["00051/ORSE","Equipamentos                  ",null,null,"Custo Unit ","Custo Total ","Custo Unit ","Custo Total "]
[4417,"SARRAFO NAO APARELHADO *2,5 X 7* CM, EM MACARANDUBA/MASSARANDUBA, ANGELIM, PEROBA-ROSA OU EQUIVALENTE DA REGIAO - BRUTA                                                                                                                                                                                                                                                                                                                                                                                   ","M     ",{"v":1,"d":"1.00"},5.02,5.02,5.02,5.02]
[5075,"PREGO DE ACO POLIDO COM CABECA 18 X 30 (2 3/4 X 10)                                                                                                                                                                                                                                                                                                                                                                                                                                                       ","KG    ",0.15,15.37,2.31,15.37,2.31]
[4813,"PLACA DE OBRA (PARA CONSTRUCAO CIVIL) EM CHAPA GALVANIZADA *N. 22*, ADESIVADA, DE *2,4 X 1,2* M (SEM POSTES PARA FIXACAO)                                                                                                                                                                                                                                                                                                                                                                                 ","M2    ",{"v":1,"d":"1.00"},205.25,205.25,205.25,205.25]
[4430,"CAIBRO NAO APARELHADO *5 X 6* CM, EM MACARANDUBA/MASSARANDUBA, ANGELIM OU EQUIVALENTE DA REGIAO - BRUTA                                                                                                                                                                                                                                                                                                                                                                                                   ","M     ",{"v":4,"d":"4.00"},9.24,36.96,9.24,36.96]
[88262,"CARPINTEIRO DE FORMAS COM ENCARGOS COMPLEMENTARES","H",{"v":1,"d":"1.00"},18.57,18.57,20.74,20.74]
[88316,"SERVENTE COM ENCARGOS COMPLEMENTARES","H",{"v":2,"d":"2.00"},15.06,30.12,16.68,33.36]
["TOTAL DO SERVIÇO >>>",{"$nulls":4},{"v":298.23,"d":"298.230 "},null,{"v":303.64,"d":"303.640 "}]
[]
["COMP 03","REGULARIZACAO E COMPACTACAO DE SUBLEITO ATE 20 CM DE ESPESSURA",null,"M2","SISTEMA DESON",null,"SISTEMA NÃO DESON"]
["REFERENCIA: SINAPI - 72961"]
["Cód. Sinapi","Equipamentos                  ","Unid ","Qtde ","Custo Unit ","Custo Total ","Custo Unit ","Custo Total "]
[5901,"CAMINHÃO PIPA 10.000 L TRUCADO, PESO BRUTO TOTAL 23.000 KG, CARGA ÚTIL MÁXIMA 15.935 KG, DISTÂNCIA ENTRE EIXOS 4,8 M, POTÊNCIA 230 CV, INCLUSIVE TANQUE DE AÇO PARA TRANSPORTE DE ÁGUA - CHP DIURNO. AF_06/2014","CHP","0,0016109",262.23,0.42,{"v":265,"d":"265.00"},0.43]
[5903,"CAMINHÃO PIPA 10.000 L TRUCADO, PESO BRUTO TOTAL 23.000 KG, CARGA ÚTIL MÁXIMA 15.935 KG, DISTÂNCIA ENTRE EIXOS 4,8 M, POTÊNCIA 230 CV, INCLUSIVE TANQUE DE AÇO PARA TRANSPORTE DE ÁGUA - CHI DIURNO. AF_06/2014","CHI","0,0010739",59.99,0.06,62.77,0.07]
[5932,"MOTONIVELADORA POTÊNCIA BÁSICA LÍQUIDA (PRIMEIRA MARCHA) 125 HP, PESO BRUTO 13032 KG, LARGURA DA LÂMINA DE 3,7 M - CHP DIURNO. AF_06/2014","CHP","0,0018525",201.07,0.37,203.73,0.38]
[5934,"MOTONIVELADORA POTÊNCIA BÁSICA LÍQUIDA (PRIMEIRA MARCHA) 125 HP, PESO BRUTO 13032 KG, LARGURA DA LÂMINA DE 3,7 M - CHI DIURNO. AF_06/2014","CHI","0,0008323",71.83,0.06,74.49,0.06]
[7049,"ROLO COMPACTADOR PE DE CARNEIRO VIBRATORIO, POTENCIA 125 HP, PESO OPERACIONAL SEM/COM LASTRO 11,95 / 13,30 T, IMPACTO DINAMICO 38,5 / 22,5 T, LARGURA DE TRABALHO 2,15 M - CHP DIURNO. AF_06/2014","CHP","0,0026849",180.93,0.49,182.77,0.49]
[88316,"SERVENTE COM ENCARGOS COMPLEMENTARES","H","0,0107396",15.06,0.16,16.68,0.18]
[96028,"TRATOR DE PNEUS COM POTÊNCIA DE 85 CV, TRAÇÃO 4X4, COM GRADE DE DISCOS ACOPLADA - CHP DIURNO. AF_02/2017","CHP","0,0013424",104.64,0.14,106.54,0.14]
[96029,"TRATOR DE PNEUS COM POTÊNCIA DE 85 CV, TRAÇÃO 4X4, COM GRADE DE DISCOS ACOPLADA - CHI DIURNO. AF_02/2017","CHI","0,0013424",33.83,0.05,35.73,0.05]
["TOTAL DO SERVIÇO",{"$nulls":4},{"v":1.75,"d":"1.750 "},null,{"v":1.8,"d":"1.800 "}]
[]
["COMP 04","TRATAMENTO SUPERFICIAL DUPLO - TSD, COM EMULSAO RR-2C",null,"M2","SISTEMA DESON",null,"SISTEMA NÃO DESON"]
["REFERENCIA: SINAPI - 72958"]
["Cód. Sinapi","Equipamentos                  ","Unid ","Qtde ","Custo Unit ","Custo Total ","Custo Unit ","Custo Total "]
[6879,"ROLO COMPACTADOR DE PNEUS ESTÁTICO, PRESSÃO VARIÁVEL, POTÊNCIA 111 HP, PESO SEM/COM LASTRO 9,5 / 26 T, LARGURA DE TRABALHO 1,90 M - CHP DIURNO. AF_07/2014","CHP",{"v":0.00462,"d":"0.004620"},172.17,{"v":0.8,"d":"0.80"},174.01,{"v":0.8,"d":"0.80"}]
[6880,"ROLO COMPACTADOR DE PNEUS ESTÁTICO, PRESSÃO VARIÁVEL, POTÊNCIA 111 HP, PESO SEM/COM LASTRO 9,5 / 26 T, LARGURA DE TRABALHO 1,90 M - CHI DIURNO. AF_07/2014","CHI",{"v":0.00308,"d":"0.003080"},67.74,0.21,69.58,0.21]
[67826,"CAMINHÃO BASCULANTE 6 M3 TOCO, PESO BRUTO TOTAL 16.000 KG, CARGA ÚTIL MÁXIMA 11.130 KG, DISTÂNCIA ENTRE EIXOS 5,36 M, POTÊNCIA 185 CV, INCLUSIVE CAÇAMBA METÁLICA - CHP DIURNO. AF_06/2014","CHP",{"v":0.00769,"d":"0.007690"},154.34,1.19,157.22,1.21]
[83362,"ESPARGIDOR DE ASFALTO PRESSURIZADO, TANQUE 6 M3 COM ISOLAÇÃO TÉRMICA, AQUECIDO COM 2 MAÇARICOS, COM BARRA ESPARGIDORA 3,60 M, MONTADO SOBRE CAMINHÃO  TOCO, PBT 14.300 KG, POTÊNCIA 185 CV - CHP DIURNO. AF_05/2023","CHP",{"v":0.00385,"d":"0.003850"},{"v":226.6,"d":"226.60"},0.87,229.38,0.88]
[91486,"ESPARGIDOR DE ASFALTO PRESSURIZADO, TANQUE 6 M3 COM ISOLAÇÃO TÉRMICA, AQUECIDO COM 2 MAÇARICOS, COM BARRA ESPARGIDORA 3,60 M, MONTADO SOBRE CAMINHÃO  TOCO, PBT 14.300 KG, POTÊNCIA 185 CV - CHI DIURNO. AF_05/2023","CHI",{"v":0.00385,"d":"0.003850"},55.99,0.22,58.77,0.23]
[95127,"DISTRIBUIDOR DE AGREGADOS AUTOPROPELIDO, CAP 3 M3, A DIESEL, POTÊNCIA 176CV - CHP DIURNO. AF_07/2016","CHP",{"v":0.00769,"d":"0.007690"},{"v":172.2,"d":"172.20"},1.32,174.11,1.34]
[null,"Total de equipamentos                                                               ",{"$nulls":3},{"v":4.61,"d":"4.610 "},null,{"v":4.67,"d":"4.670 "}]
[]
["Cód. Sinapi","Mao de Obra                   ","Unid ","Qtde ","Custo Unit ","Custo Total ","Custo Unit ","Custo Total "]
[88316,"SERVENTE COM ENCARGOS COMPLEMENTARES","H",0.05385,{"v":15.06,"d":"15.06 "},0.81,16.68,{"v":0.9,"d":"0.90"}]
[null,"Total de mão de obra                                                                 ",{"$nulls":3},{"v":0.81,"d":"0.810 "},null,{"v":0.9,"d":"0.900 "}]
[]
["Cód. Sinapi","Material                      ","Unid ","Qtde ","Custo Unit ","Custo Total ","Custo Unit ","Custo Total "]
["ANP - 06 / 2021","EMULSÃO ASFÁLTICA CATIÔNICA RR-2C P/ USO EM PAVIMENTAÇÃO ASFÁLTICA","KG    ",{"v":2.3,"d":"2.30"},null,0,null,0,"TON"]
[4748,"PEDRA BRITADA OU BICA CORRIDA, NAO CLASSIFICADA (POSTO PEDREIRA/FORNECEDOR, SEM FRETE)                                                                                                                                                                                                                                                                                                                                                                                                                    ","m³",0.02,103.72,2.07,103.72,2.07,{"v":1.4,"d":"1.40"}]
[null,"Total de material                                                            ",{"$nulls":3},{"v":2.07,"d":"2.070 "},null,{"v":2.07,"d":"2.070 "},{"v":32,"d":"32.00"}]
[]
[null,"Preco de Custo                                                        ",{"$nulls":3},{"v":7.49,"d":"7.49 "},null,{"v":7.64,"d":"7.64 "}]
[null,"Bonificacao                                                           ",{"$nulls":3},{"v":0,"d":"0.00 "},null,{"v":0,"d":"0.00 "}]
[null,"Preco de Venda                                                        ",{"$nulls":3},{"v":7.49,"d":"7.49 "},null,{"v":7.64,"d":"7.64 "}]
[]
["COMP 05","CAPA SELANTE COMPREENDENDO APLICAÇÃO DE ASFALTO NA PROPORÇÃO DE 0,7 A 1,5L / M2, DISTRIBUIÇÃO DE AGREGADOS DE 5 A 15KG/M2 E COMPACTAÇÃO COM ROLO - COM EMULSAO RR-2C, INCLUSO APLICACAO E COMPACTACAO","M2",null,"SISTEMA DESON",null,"SISTEMA NÃO DESON"]
["REFERENCIA: SINAPI - 73760/1"]
["Cód. Sinapi","Equipamentos                  ","Unid ","Qtde ","Custo Unit ","Custo Total ","Custo Unit ","Custo Total "]
[6879,"ROLO COMPACTADOR DE PNEUS ESTÁTICO, PRESSÃO VARIÁVEL, POTÊNCIA 111 HP, PESO SEM/COM LASTRO 9,5 / 26 T, LARGURA DE TRABALHO 1,90 M - CHP DIURNO. AF_07/2014","CHP",0.0001674,172.17,0.03,174.01,0.03]
[7030,"TANQUE DE ASFALTO ESTACIONÁRIO COM SERPENTINA, CAPACIDADE 30.000 L - CHP DIURNO. AF_05/2023","CHP",{"v":0.001067,"d":"0.0010670"},220.22,0.23,220.22,0.23]
[83362,"ESPARGIDOR DE ASFALTO PRESSURIZADO, TANQUE 6 M3 COM ISOLAÇÃO TÉRMICA, AQUECIDO COM 2 MAÇARICOS, COM BARRA ESPARGIDORA 3,60 M, MONTADO SOBRE CAMINHÃO  TOCO, PBT 14.300 KG, POTÊNCIA 185 CV - CHP DIURNO. AF_05/2023","CHP",{"v":0.000747,"d":"0.0007470"},{"v":226.6,"d":"226.60"},0.17,229.38,0.17]
[96035,"CAMINHÃO BASCULANTE 10 M3, TRUCADO, POTÊNCIA 230 CV, INCLUSIVE CAÇAMBA METÁLICA, COM DISTRIBUIDOR DE AGREGADOS ACOPLADO - CHP DIURNO. AF_02/2017","CHP",{"v":0.001067,"d":"0.0010670"},229.94,0.25,232.82,0.25]
[null,"Total de equipamentos                                                               ",{"$nulls":3},{"v":0.68,"d":"0.680 "},null,{"v":0.68,"d":"0.680 "}]
["Cód. Sinapi","Mao de Obra                   ","Unid ","Qtde ","Custo Unit ","Custo Total ","Custo Unit ","Custo Total "]
[88316,"SERVENTE COM ENCARGOS COMPLEMENTARES","H",{"v":0.0043,"d":"0.00430"},{"v":15.06,"d":"15.06 "},0.06,16.68,0.07]
[null,"Total de mão de obra                                                                 ",{"$nulls":3},{"v":0.06,"d":"0.060 "}]
["Cód. Sinapi","Material                      ","Unid ","Qtde ","Custo Unit ","Custo Total ","Custo Unit ","Custo Total "]
["ANP - 07 / 2021","EMULSAO ASFALTICA CATIONICA RR-2C P/ USO EM PAVIMENTACAO ASFALTICA","KG",{"v":1.2,"d":"1.2000000"},null,0,null,0,"TON"]
[4720,"PEDRA BRITADA N. 0, OU PEDRISCO (4,8 A 9,5 MM) POSTO PEDREIRA/FORNECEDOR, SEM FRETE                                                                                                                                                                                                                                                                                                                                                                                                                       ","m³",{"v":0.0072,"d":"0.007200"},{"v":129.64,"d":"129.64 "},0.93,129.64,0.93,{"v":1.4,"d":"1.40"}]
[null,"Total de material                                                            ",{"$nulls":3},{"v":0.93,"d":"0.930 "},null,{"v":0.93,"d":"0.930 "},{"v":45,"d":"45.00"}]
[null,"Preco de Custo                                                        ",{"$nulls":3},{"v":1.67,"d":"1.67 "},null,{"v":1.61,"d":"1.61 "}]
[null,"Bonificacao                                                           ",{"$nulls":3},{"v":0,"d":"0.00 "},null,{"v":0,"d":"0.00 "}]
[null,"Preco de Venda                                                        ",{"$nulls":3},{"v":1.67,"d":"1.67 "},null,{"v":1.61,"d":"1.61 "}]
[]
["COMP 06","IMPRIMACAO DE BASE DE PAVIMENTACAO SEM EMULSAO CM-30","M2",null,"SISTEMA DESON",null,"SISTEMA NÃO DESON"]
["REFERENCIA: SINAPI - 102470"]
["Cód. SINAPI","Equipamentos                  ","Unid ","Qtde ","Custo Unit ","Custo Total ","Custo Unit ","Custo Total "]
[91486,"ESPARGIDOR DE ASFALTO PRESSURIZADO, TANQUE 6 M3 COM ISOLAÇÃO TÉRMICA, AQUECIDO COM 2 MAÇARICOS, COM BARRA ESPARGIDORA 3,60 M, MONTADO SOBRE CAMINHÃO  TOCO, PBT 14.300 KG, POTÊNCIA 185 CV - CHI DIURNO. AF_05/2023","CHI",{"v":0.0049,"d":"0.0049000"},{"v":55.99,"d":"55.99 "},0.27,58.77,0.29]
[89035,"TRATOR DE PNEUS, POTÊNCIA 85 CV, TRAÇÃO 4X4, PESO COM LASTRO DE 4.675 KG - CHP DIURNO. AF_06/2014","CHP",{"v":0.0017,"d":"0.0017000"},{"v":97.8,"d":"97.80 "},0.17,99.7,0.17]
[89036,"TRATOR DE PNEUS, POTÊNCIA 85 CV, TRAÇÃO 4X4, PESO COM LASTRO DE 4.675 KG - CHI DIURNO. AF_06/2014","CHI",{"v":0.0041,"d":"0.0041000"},{"v":30.16,"d":"30.16 "},0.12,32.06,0.13]
[83362,"ESPARGIDOR DE ASFALTO PRESSURIZADO, TANQUE 6 M3 COM ISOLAÇÃO TÉRMICA, AQUECIDO COM 2 MAÇARICOS, COM BARRA ESPARGIDORA 3,60 M, MONTADO SOBRE CAMINHÃO  TOCO, PBT 14.300 KG, POTÊNCIA 185 CV - CHP DIURNO. AF_05/2023","CHP",{"v":0.001,"d":"0.0010000"},{"v":226.6,"d":"226.60 "},0.23,229.38,0.23]
[5839,"VASSOURA MECÂNICA REBOCÁVEL COM ESCOVA CILÍNDRICA, LARGURA ÚTIL DE VARRIMENTO DE 2,44 M - CHP DIURNO. AF_06/2014","CHP",{"v":0.002,"d":"0.0020000"},{"v":8.12,"d":"8.12 "},0.02,8.12,0.02]
[5841,"VASSOURA MECÂNICA REBOCÁVEL COM ESCOVA CILÍNDRICA, LARGURA ÚTIL DE VARRIMENTO DE 2,44 M - CHI DIURNO. AF_06/2014","CHI",{"v":0.004,"d":"0.0040000"},{"v":4.08,"d":"4.08 "},0.02,4.08,0.02]
[null,"Total de equipamentos                                                               ",{"$nulls":3},{"v":0.83,"d":"0.830 "},null,{"v":0.86,"d":"0.860 "}]
["Cód. SINAPI","Mao de Obra                   ","Unid ","Qtde ","Custo Unit ","Custo Total ","Custo Unit ","Custo Total "]
[88316,"SERVENTE COM ENCARGOS COMPLEMENTARES","H",{"v":0.0058,"d":"0.00580"},{"v":15.06,"d":"15.06 "},0.09,16.68,{"v":0.1,"d":"0.10"}]
[null,"Total de mão de obra                                                                 ",{"$nulls":3},{"v":0.09,"d":"0.090 "},null,{"v":0.1,"d":"0.100 "}]
["Cód. SINAPI","Material                      ","Unid ","Qtde ","Custo Unit ","Custo Total ","Custo Unit ","Custo Total "]
["ANP - 007/2021","ASFALTO DILUIDO DE PETROLEO CM-30","KG",{"v":1.2,"d":"1.2000000"},null,{"v":0,"d":"0.000 "},null,0]
[null,"Total de material                                                            ",{"$nulls":3},{"v":0,"d":"0.000 "},null,{"v":0,"d":"0.000 "}]
[null,"Preco de Custo                                                        ",{"$nulls":3},{"v":0.92,"d":"0.92 "},null,{"v":0.96,"d":"0.96 "}]
[null,"Bonificacao                                                           ",{"$nulls":3},{"v":0,"d":"0.00 "},null,{"v":0,"d":"0.00 "}]
[null,"Preco de Venda                                                        ",{"$nulls":3},{"v":0.92,"d":"0.92 "},null,{"v":0.96,"d":"0.96 "}]
[]
["COMPOSIÇÃO 07","EXECUÇÃO E COMPACTAÇÃO DE BASE E OU SUB BASE COM SOLO ESTABILIZADO GRANULOMETRICAMENTE - EXCLUSIVE ESCAVAÇÃO, CARGA E TRANSPORTE E SOLO. AF_09/2017\n","M2",null,"SISTEMA DESON",null,"SISTEMA NÃO DESON"]
[5901,"CAMINHÃO PIPA 10.000 L TRUCADO, PESO BRUTO TOTAL 23.000 KG, CARGA ÚTIL MÁXIMA 15.935 KG, DISTÂNCIA ENTRE EIXOS 4,8 M, POTÊNCIA 230 CV, INCLUSIVE TANQUE DE AÇO PARA TRANSPORTE DE ÁGUA - CHP DIURNO. AF_06/2014","CHP","0,0064000",{"v":262.23,"d":"262.23 "},1.68,265,{"v":1.7,"d":"1.70"}]
[5903,"CAMINHÃO PIPA 10.000 L TRUCADO, PESO BRUTO TOTAL 23.000 KG, CARGA ÚTIL MÁXIMA 15.935 KG, DISTÂNCIA ENTRE EIXOS 4,8 M, POTÊNCIA 230 CV, INCLUSIVE TANQUE DE AÇO PARA TRANSPORTE DE ÁGUA - CHI DIURNO. AF_06/2014","CHI","0,0095000",{"v":59.99,"d":"59.99 "},0.57,62.77,{"v":0.6,"d":"0.60"}]
[5921,"GRADE DE DISCO REBOCÁVEL COM 20 DISCOS 24\" X 6 MM COM PNEUS PARA TRANSPORTE - CHP DIURNO. AF_06/2014","CHP","0,0027000",{"v":4.31,"d":"4.31 "},0.01,4.31,0.01]
[5932,"MOTONIVELADORA POTÊNCIA BÁSICA LÍQUIDA (PRIMEIRA MARCHA) 125 HP, PESO BRUTO 13032 KG, LARGURA DA LÂMINA DE 3,7 M - CHP DIURNO. AF_06/2014","CHP","0,0077000",{"v":201.07,"d":"201.07 "},1.55,203.73,1.57]
[73436,"ROLO COMPACTADOR VIBRATÓRIO PÉ DE CARNEIRO PARA SOLOS, POTÊNCIA 80 HP, PESO OPERACIONAL SEM/COM LASTRO 7,4 / 8,8 T, LARGURA DE TRABALHO 1,68 M - CHP DIURNO. AF_02/2016","CHP","0,0074000",{"v":131.53,"d":"131.53 "},0.97,133.37,0.99]
[88316,"SERVENTE COM ENCARGOS COMPLEMENTARES","H","0,0558000",{"v":15.06,"d":"15.06 "},0.84,16.68,0.93]
[89035,"TRATOR DE PNEUS, POTÊNCIA 85 CV, TRAÇÃO 4X4, PESO COM LASTRO DE 4.675 KG - CHP DIURNO. AF_06/2014","CHP","0,0027000",{"v":97.8,"d":"97.80 "},0.26,99.7,0.27]
[93244,"ROLO COMPACTADOR VIBRATÓRIO PÉ DE CARNEIRO PARA SOLOS, POTÊNCIA 80 HP, PESO OPERACIONAL SEM/COM LASTRO 7,4 / 8,8 T, LARGURA DE TRABALHO 1,68 M - CHI DIURNO. AF_02/2016","CHI","0,0086000",{"v":50.33,"d":"50.33 "},0.43,52.17,0.45]
[96463,"ROLO COMPACTADOR DE PNEUS, ESTATICO, PRESSAO VARIAVEL, POTENCIA 110 HP, PESO SEM/COM LASTRO 10,8/27 T, LARGURA DE ROLAGEM 2,30 M - CHP DIURNO. AF_06/2017","CHP","0,0010000",{"v":178.05,"d":"178.05 "},0.18,179.89,0.18]
[{"$nulls":5},{"v":6.49,"d":"6.490 "},null,{"v":6.7,"d":"6.700 "}]
[]
["COMPOSIÇÃO 08","CONFECÇÃO DE SUPORTE E TRAVESSA PARA PLACA DE SINALIZAÇÃO","UND",null,"SISTEMA DESON",null,"SISTEMA NÃO DESON"]
["REFERÊNCIA: ORSE / 10808"]
["MATERIAIS"]
[4417,"SARRAFO NAO APARELHADO *2,5 X 7* CM, EM MACARANDUBA/MASSARANDUBA, ANGELIM, PEROBA-ROSA OU EQUIVALENTE DA REGIAO - BRUTA                                                                                                                                                                                                                                                                                                                                                                                   ","M     ",{"v":1.4,"d":"1.40"},5.02,7.03,5.02,7.03]
[4433,"CAIBRO NAO APARELHADO *6 X 6* CM, EM MACARANDUBA/MASSARANDUBA, ANGELIM OU EQUIVALENTE DA REGIAO - BRUTA                                                                                                                                                                                                                                                                                                                                                                                                   ","M     ",{"v":3,"d":"3.00"},18.06,54.18,18.06,54.18]
[7288,"TINTA ESMALTE SINTETICO PREMIUM FOSCO                                                                                                                                                                                                                                                                                                                                                                                                                                                                     ","L     ",0.33,28.87,9.53,28.87,9.53]
["TOTAL DO ITEM >>>",{"$nulls":4},{"v":70.74,"d":"70.740 "},null,{"v":70.74,"d":"70.740 "}]
["MAO DE OBRA"]
[88262,"CARPINTEIRO DE FORMAS COM ENCARGOS COMPLEMENTARES","H",{"v":1,"d":"1.00"},18.57,18.57,20.74,20.74]
[88310,"PINTOR COM ENCARGOS COMPLEMENTARES","H",{"v":0.5,"d":"0.50"},20.09,10.05,22.26,11.13]
[88316,"SERVENTE COM ENCARGOS COMPLEMENTARES","H",{"v":2,"d":"2.00"},15.06,30.12,16.68,33.36]
["TOTAL DO ITEM >>>",{"$nulls":4},{"v":58.74,"d":"58.740 "},null,{"v":65.23,"d":"65.230 "}]
["TOTAL DA COMPOSIÇÃO>>>",{"$nulls":4},129.48,null,135.97]
[]
["COMPOSIÇÃO 09","PLACA DE ACO ESMALTADA PARA IDENTIFICACAO DE RUA, *45 CM X 20* CM - FORNECIMENTO E INSTALAÇÃO","UND",null,"SISTEMA DESON",null,"SISTEMA NÃO DESON"]
["COMPOSIÇÃO PROPRIA"]
["MATERIAIS"]
[11950,"BUCHA DE NYLON SEM ABA S6, COM PARAFUSO DE 4,20 X 40 MM EM ACO ZINCADO COM ROSCA SOBERBA, CABECA CHATA E FENDA PHILLIPS                                                                                                                                                                                                                                                                                                                                                                                   ","UN    ",{"v":2,"d":"2.00"},0.16,0.32,0.16,0.32]
[13521,"PLACA DE ACO ESMALTADA PARA  IDENTIFICACAO DE RUA, *45 CM X 20* CM                                                                                                                                                                                                                                                                                                                                                                                                                                        ","UN    ",{"v":1,"d":"1.00"},67.73,67.73,67.73,67.73]
[]
["TOTAL DO ITEM >>>",{"$nulls":4},{"v":68.05,"d":"68.050 "},null,{"v":68.05,"d":"68.050 "}]
["MAO DE OBRA"]
[88316,"SERVENTE COM ENCARGOS COMPLEMENTARES","H",0.17,15.06,2.56,16.68,2.84]
["TOTAL DO ITEM >>>",{"$nulls":4},2.56,null,2.84]
["TOTAL DA COMPOSIÇÃO>>>",{"$nulls":4},70.61,null,70.89]
[]
[]
["COPOSIÇÃO 10","ESCAVACAO MECANICA DE MATERIAL 1A. CATEGORIA, PROVENIENTE DE CORTE DE SUBLEITO (C/TRATOR ESTEIRAS  160HP)","M³",null,"SISTEMA DESON",null,"SISTEMA NÃO DESON"]
[5847,"TRATOR DE ESTEIRAS, POTÊNCIA 170 HP, PESO OPERACIONAL 19 T, CAÇAMBA 5,2 M3 - CHP DIURNO. AF_06/2014","CHP","0,0079400",204.84,1.63,206.74,1.64]
[88316,"SERVENTE COM ENCARGOS COMPLEMENTARES","H","0,0069000",15.06,{"v":0.1,"d":"0.10"},16.68,0.12]
["TOTAL DO ITEM >>>",{"$nulls":4},{"v":1.73,"d":"1.730 "},null,{"v":1.76,"d":"1.760 "}]
[]
["COPOSIÇÃO 11","ESCAVACAO MECANICA DE MATERIAL 1A. CATEGORIA, PROVENIENTE DE CORTE DE SUBLEITO (C/TRATOR ESTEIRAS  160HP)","M³",null,"SISTEMA DESON",null,"SISTEMA NÃO DESON"]
[5851,"TRATOR DE ESTEIRAS, POTÊNCIA 150 HP, PESO OPERACIONAL 16,7 T, COM RODA MOTRIZ ELEVADA E LÂMINA 3,18 M3 - CHP DIURNO. AF_06/2014","CHP","0,0093458",195.18,1.82,197.09,1.84]
[5944,"PÁ CARREGADEIRA SOBRE RODAS, POTÊNCIA 197 HP, CAPACIDADE DA CAÇAMBA 2,5 A 3,5 M3, PESO OPERACIONAL 18338 KG - CHP DIURNO. AF_06/2014","CHP","0,0054206",{"v":176.1,"d":"176.10"},0.95,177.96,0.96]
[5946,"PÁ CARREGADEIRA SOBRE RODAS, POTÊNCIA 197 HP, CAPACIDADE DA CAÇAMBA 2,5 A 3,5 M3, PESO OPERACIONAL 18338 KG - CHI DIURNO. AF_06/2014","CHI","0,0039252",67.27,0.26,69.13,0.27]
[88316,"SERVENTE COM ENCARGOS COMPLEMENTARES","H","0,0069000",15.06,{"v":0.1,"d":"0.10"},16.68,0.12]
["TOTAL DO ITEM >>>",{"$nulls":4},{"v":3.13,"d":"3.130 "},null,{"v":3.19,"d":"3.190 "}]
[]
["COPOSIÇÃO 12","ADMINISTRAÇÃO LOCAL DA OBRA","UND","HORAS","SISTEMA DESON",null,"SISTEMA NÃO DESON"]
[90778,"ENGENHEIRO CIVIL DE OBRA PLENO COM ENCARGOS COMPLEMENTARES","H",{"v":144,"d":"144.00"},{"v":82.5,"d":"82.50"},{"v":11880,"d":"11,880.00"},94.73,{"v":13641.12,"d":"13,641.12"}]
[90780,"MESTRE DE OBRAS COM ENCARGOS COMPLEMENTARES","H",{"v":432,"d":"432.00"},43.96,{"v":18990.72,"d":"18,990.72"},49.29,{"v":21294.61,"d":"21,294.61"}]
["TOTAL DO ITEM >>>",{"$nulls":4},{"v":30870.72,"d":"30,870.720 "},null,{"v":34935.73,"d":"34,935.730 "}]
[]
[{"$nulls":3},"HORAS","DIAS","MESES","TOTAL"]
[null,"ENGENHEIRO CIVIL DE OBRA PLENO COM ENCARGOS COMPLEMENTARES",null,3,{"v":8,"d":"8.00"},{"v":6,"d":"6.00"},{"v":144,"d":"144.00"}]
[null,"MESTRE DE OBRAS COM ENCARGOS COMPLEMENTARES",null,4,{"v":18,"d":"18.00"},{"v":6,"d":"6.00"},{"v":432,"d":"432.00"}]
[]
["COPOSIÇÃO 13","SINALIZAÇÃO NOTURNA COM TELA TAPUME PVC, BALDE PLÁSTICO FIAÇÃO E LÂMPADA, REUTILIZAÇÃO 7 VEZES","M     ",null,"SISTEMA DESON",null,"SISTEMA NÃO DESON"]
[939,"FIO DE COBRE, SOLIDO, CLASSE 1, ISOLACAO EM PVC/A, ANTICHAMA BWF-B, 450/750V, SECAO NOMINAL 2,5 MM2                                                                                                                                                                                                                                                                                                                                                                                                       ","M     ",0.31,1.88,0.58,1.88,0.58]
[4815,"BALDE VERMELHO PARA SINALIZACAO DE VIAS                                                                                                                                                                                                                                                                                                                                                                                                                                                                   ","UN    ",0.04,6.08,0.24,6.08,0.24]
[3753,"LAMPADA FLUORESCENTE TUBULAR T10, DE 20 OU 40 W, BIVOLT                                                                                                                                                                                                                                                                                                                                                                                                                                                   ","UN    ",0.07,4.87,0.34,4.87,0.34]
[13329,"SOQUETE DE PVC / TERMOPLASTICO BASE E27, COM RABICHO, PARA LAMPADAS                                                                                                                                                                                                                                                                                                                                                                                                                                       ","UN    ",0.07,2.96,0.21,2.96,0.21]
[88247,"AUXILIAR DE ELETRICISTA COM ENCARGOS COMPLEMENTARES","H",0.03,16.24,0.49,18.03,0.54]
[88264,"ELETRICISTA COM ENCARGOS COMPLEMENTARES","H",0.01,19.61,{"v":0.2,"d":"0.20"},{"v":21.9,"d":"21.90"},0.22]
["TOTAL DO ITEM >>>",{"$nulls":4},{"v":2.06,"d":"2.060 "},null,{"v":2.13,"d":"2.130 "}]
[]
["COPOSIÇÃO 14","CAIXA PARA POÇO DE VISTA  DUPLO RETANGULAR PARA TUBO DE 800 mm, EM ALVENARIA COM TIJOLOS CERÂMICOS MACIÇOS, DIMENSÕES INTERNAS: 1,50X2,2X1,1 M. AF_12/2020","UND",null,"SISTEMA DESON",null,"SISTEMA NÃO DESON"]
[96521,"ESCAVAÇÃO MECANIZADA PARA BLOCO DE COROAMENTO OU SAPATA COM RETROESCAVADEIRA (INCLUINDO ESCAVAÇÃO PARA COLOCAÇÃO DE FÔRMAS). AF_06/2017","M3",12.01,33.18,398.49,34.57,415.19]
[101617,"PREPARO DE FUNDO DE VALA COM LARGURA MAIOR OU IGUAL A 1,5 M E MENOR QUE 2,5 M (ACERTO DO SOLO NATURAL). AF_08/2020","M2",5.22,2.15,11.22,2.38,12.42]
[95241,"LASTRO DE CONCRETO MAGRO, APLICADO EM PISOS, LAJES SOBRE SOLO OU RADIERS, ESPESSURA DE 5 CM. AF_07/2016","M2",4.94,26.85,132.64,27.89,137.78]
[7258,"TIJOLO CERAMICO MACICO COMUM *5 X 10 X 20* CM (L X A X C)                                                                                                                                                                                                                                                                                                                                                                                                                                                 ","UN    ",{"v":1578,"d":"1,578.00"},0.65,{"v":1025.7,"d":"1,025.70"},0.65,{"v":1025.7,"d":"1,025.70"}]
[87529,"MASSA ÚNICA, PARA RECEBIMENTO DE PINTURA, EM ARGAMASSA TRAÇO 1:2:8, PREPARO MECÂNICO COM BETONEIRA 400L, APLICADA MANUALMENTE EM FACES INTERNAS DE PAREDES, ESPESSURA DE 20MM, COM EXECUÇÃO DE TALISCAS. AF_06/2014","M2",7.89,29.56,233.23,31.15,245.77]
[88309,"PEDREIRO COM ENCARGOS COMPLEMENTARES","H",{"v":4,"d":"4.00"},18.84,75.36,21.03,84.12]
[88316,"SERVENTE COM ENCARGOS COMPLEMENTARES","H",{"v":4,"d":"4.00"},15.06,60.24,16.68,66.72]
[89998,"ARMAÇÃO DE CINTA DE ALVENARIA ESTRUTURAL; DIÂMETRO DE 10,0 MM. AF_09/2021","KG",133.97,9.06,{"v":1213.77,"d":"1,213.77"},9.21,{"v":1233.86,"d":"1,233.86"}]
[92768,"ARMAÇÃO DE LAJE DE ESTRUTURA CONVENCIONAL DE CONCRETO ARMADO UTILIZANDO AÇO CA-60 DE 5,0 MM - MONTAGEM. AF_06/2022","KG",9.24,11.62,107.37,11.96,110.51]
[94970,"CONCRETO FCK = 20MPA, TRAÇO 1:2,7:3 (EM MASSA SECA DE CIMENTO/ AREIA MÉDIA/ BRITA 1) - PREPARO MECÂNICO COM BETONEIRA 600 L. AF_05/2021","M3",1.64,431.64,707.89,437.07,716.79]
[95241,"LASTRO DE CONCRETO MAGRO, APLICADO EM PISOS, LAJES SOBRE SOLO OU RADIERS, ESPESSURA DE 5 CM. AF_07/2016","M2",4.94,26.85,132.64,27.89,137.78]
[87316,"ARGAMASSA TRAÇO 1:4 (EM VOLUME DE CIMENTO E AREIA GROSSA ÚMIDA) PARA CHAPISCO CONVENCIONAL, PREPARO MECÂNICO COM BETONEIRA 400 L. AF_08/2019","M3",0.61,427.18,260.58,434.92,{"v":265.3,"d":"265.30"}]
["TOTAL DO ITEM >>>",{"$nulls":4},{"v":4359.13,"d":"4,359.130 "},null,{"v":4451.94,"d":"4,451.940 "}]
[]
["COPOSIÇÃO 15","TAMPÃO FERRO FUNDIDO ARTICULADO TDA-600MM, 300KG/CM², P/POÇO DE VISITAS E CAIXAS .FORNECIMENTO INSTALAÇÃO.","UND","QUANT","SISTEMA DESON",null,"SISTEMA NÃO DESON"]
[6240,"TAMPAO FOFO SIMPLES COM BASE / REQUADRO, CLASSE D400 CARGA MAX. 40 T, REDONDO, TAMPA 600 MM, REDE PLUVIAL/ESGOTO (COM INSCRICAO EM RELEVO DO TIPO DE REDE)                                                                                                                                                                                                                                                                                                                                                ","UN    ",0.31,621.23,192.58,621.23,192.58]
[88316,"SERVENTE COM ENCARGOS COMPLEMENTARES","H",{"v":0.1,"d":"0.10"},15.06,1.51,16.68,1.67]
[88309,"PEDREIRO COM ENCARGOS COMPLEMENTARES","H",{"v":0.1,"d":"0.10"},18.84,1.88,21.03,{"v":2.1,"d":"2.10"}]
["TOTAL DO ITEM >>>",{"$nulls":4},{"v":195.97,"d":"195.970 "},null,{"v":196.35,"d":"196.350 "}]
[]
["COPOSIÇÃO 16","Piso tátil direcional e/ou alerta, de concreto, na cor natural, p/deficientes visuais, dimensões 25x25cm, aplicado com argamassa industrializada ac-ii, rejuntado, exclusive regularização de base","m²","QUANT","SISTEMA DESON",null,"SISTEMA NÃO DESON"]
["COTAÇÃO","PISO TATIL DE CONCRETO - 0,25 x 0,25m COR NATURAL","PEÇA",{"v":16,"d":"16.00"},{"v":5.5,"d":"5.50"},{"v":88,"d":"88.00"},{"v":5.5,"d":"5.50"},{"v":88,"d":"88.00"}]
[34353,"ARGAMASSA COLANTE AC II                                                                                                                                                                                                                                                                                                                                                                                                                                                                                   ","KG    ",{"v":4,"d":"4.00"},1.76,7.04,1.76,7.04]
[34357,"REJUNTE CIMENTICIO, QUALQUER COR                                                                                                                                                                                                                                                                                                                                                                                                                                                                          ","KG    ",0.52,5.54,2.88,5.54,2.88]
[88316,"SERVENTE COM ENCARGOS COMPLEMENTARES","H",{"v":1.2,"d":"1.20"},15.06,18.07,16.68,20.02]
[88309,"PEDREIRO COM ENCARGOS COMPLEMENTARES","H",{"v":0.5,"d":"0.50"},18.84,9.42,21.03,10.52]
["TOTAL DO ITEM >>>",{"$nulls":4},{"v":125.41,"d":"125.410 "},null,{"v":128.46,"d":"128.460 "}]
[]
["COTAÇÃO","PISO TATIL DE CONCRETO - 0,25 x 0,25m COR NATURAL"]
["DATA","EMPRESA","UND","QTD.","CNPJ","P.Unit","V.Total(R$)"]
["2022-05-21","E.J.P. DE SOUZA INDUSTRIA E REPRESENTAÇÃO","und",{"v":1,"d":"1.00"},"31.627.333\\0001-79",6.22,6.22]
["2022-05-23","BLOCOS BRASIL","und",{"v":1,"d":"1.00"},"05.221.826/0001-02",4.77,4.77]
["2022-05-24","ALEIXO PRIME PRE MOLDADOS E CONSTRUCOES EIRELI","und",{"v":1,"d":"1.00"},{"v":35496123000140,"d":"35,496,123,000,140.00"},{"v":5.5,"d":"5.50"},{"v":5.5,"d":"5.50"}]
[{"$nulls":5},{"v":5.5,"d":"5.50"}]
[]
[]
["COPOSIÇÃO 17","TAMPÃO FERRO FUNDIDO ARTICULADO TDA-600MM, 300KG/CM², P/POÇO DE VISITAS E CAIXAS .FORNECIMENTO INSTALAÇÃO.","UND","QUANT","SISTEMA DESON",null,"SISTEMA NÃO DESON"]
[6240,"TAMPAO FOFO SIMPLES COM BASE / REQUADRO, CLASSE D400 CARGA MAX. 40 T, REDONDO, TAMPA 600 MM, REDE PLUVIAL/ESGOTO (COM INSCRICAO EM RELEVO DO TIPO DE REDE)                                                                                                                                                                                                                                                                                                                                                ","UN    ",0.31,621.23,192.58,621.23,192.58]
[88316,"SERVENTE COM ENCARGOS COMPLEMENTARES","H",{"v":0.1,"d":"0.10"},15.06,1.51,16.68,1.67]
[88309,"PEDREIRO COM ENCARGOS COMPLEMENTARES","H",{"v":0.1,"d":"0.10"},18.84,1.88,21.03,{"v":2.1,"d":"2.10"}]
["TOTAL DO ITEM >>>",{"$nulls":4},{"v":195.97,"d":"195.970 "},null,{"v":196.35,"d":"196.350 "}]
[]
[]
[null,0]
[null,0]
[null,0]

{"sheet":"SICRO DESONERADO","index":21,"n_rows":443,"n_cols":9,"rows_kept":443,"hidden":true,"merged":[[0,0,0,8],[1,0,1,8],[2,1,2,4],[2,5,2,6],[3,1,3,4],[3,5,5,6],[4,1,4,4],[5,1,5,4],[6,0,6,8],[7,0,7,8],[8,0,8,8],[12,1,12,6],[12,7,12,8],[13,0,14,1],[13,2,14,2],[13,3,13,4],[13,5,13,6],[16,6,16,8],[19,2,19,6],[20,2,20,6],[21,2,21,6],[24,6,24,8],[27,2,27,6],[28,6,28,8],[29,2,29,6],[31,7,31,8],[34,2,34,6],[35,0,36,1],[35,2,36,2],[35,3,36,3],[35,4,35,6],[35,8,36,8],[39,2,39,6],[40,4,40,6],[46,1,46,6],[46,7,46,8],[47,0,48,1],[47,2,48,2],[47,3,47,4],[47,5,47,6],[55,6,55,8],[58,2,58,6],[59,2,59,6],[60,2,60,6],[63,6,63,8],[69,2,69,6],[70,6,70,8],[71,2,71,6],[73,7,73,8],[79,2,79,6],[80,0,81,1],[80,2,81,2],[80,3,81,3],[80,4,80,6],[80,8,81,8],[87,2,87,6],[88,4,88,6],[94,1,94,6],[94,7,94,8],[95,0,96,1],[95,2,96,2],[95,3,95,4],[95,5,95,6],[100,6,100,8],[103,2,103,6],[104,2,104,6],[105,2,105,6],[108,6,108,8],[113,2,113,6],[114,6,114,8],[115,2,115,6],[117,7,117,8],[122,2,122,6],[123,0,124,1],[123,2,124,2],[123,3,124,3],[123,4,123,6],[123,8,124,8],[129,2,129,6],[130,4,130,6],[136,1,136,6],[136,7,136,8],[137,0,138,1],[137,2,138,2],[137,3,137,4],[137,5,137,6],[140,6,140,8],[142,2,142,6],[143,2,143,6],[144,2,144,6],[147,6,147,8],[148,2,148,6],[149,6,149,8],[150,2,150,6],[152,7,152,8],[153,2,153,6],[154,0,155,1],[154,2,155,2],[154,3,155,3],[154,4,154,6],[154,8,155,8],[156,2,156,6],[157,4,157,6],[164,1,164,6],[164,7,164,8],[165,0,166,1],[165,2,166,2],[165,3,165,4],[165,5,165,6],[168,6,168,8],[169,2,169,6],[170,2,170,6],[171,2,171,6],[174,6,174,8],[175,2,175,6],[176,6,176,8],[180,2,180,6],[182,7,182,8],[183,2,183,6],[184,0,185,1],[184,2,185,2],[184,3,185,3],[184,4,184,6],[184,8,185,8],[186,2,186,6],[187,4,187,6],[193,1,193,6],[193,7,193,8],[194,0,195,1],[194,2,195,2],[194,3,194,4],[194,5,194,6],[197,6,197,8],[198,2,198,6],[199,2,199,6],[200,2,200,6],[203,6,203,8],[204,2,204,6],[205,6,205,8],[209,2,209,6],[211,7,211,8],[212,2,212,6],[213,0,214,1],[213,2,214,2],[213,3,214,3],[213,4,213,6],[213,8,214,8],[215,2,215,6],[216,4,216,6],[222,1,222,6],[222,7,222,8],[223,0,224,1],[223,2,224,2],[223,3,223,4],[223,5,223,6],[226,6,226,8],[228,2,228,6],[229,2,229,6],[230,2,230,6],[233,6,233,8],[235,2,235,6],[236,6,236,8],[240,2,240,6],[242,7,242,8],[244,2,244,6],[245,0,246,1],[245,2,246,2],[245,3,246,3],[245,4,245,6],[245,8,246,8],[248,2,248,6],[249,4,249,6],[255,1,255,6],[255,7,255,8],[256,0,257,1],[256,2,257,2],[256,3,256,4],[256,5,256,6],[264,6,264,8],[269,2,269,6],[270,2,270,6],[271,2,271,6],[274,6,274,8],[278,2,278,6],[279,6,279,8],[281,2,281,6],[283,7,283,8],[287,2,287,6],[288,0,289,1],[288,2,289,2],[288,3,289,3],[288,4,288,6],[288,8,289,8],[293,2,293,6],[294,4,294,6],[301,1,301,6],[301,7,301,8],[302,0,303,1],[302,2,303,2],[302,3,302,4],[302,5,302,6],[306,6,306,8],[308,2,308,6],[309,2,309,6],[310,2,310,6],[313,6,313,8],[314,2,314,6],[315,6,315,8],[316,2,316,6],[318,7,318,8],[319,2,319,6],[320,0,321,1],[320,2,321,2],[320,3,321,3],[320,4,320,6],[320,8,321,8],[322,2,322,6],[323,4,323,6],[329,1,329,6],[329,7,329,8],[330,0,331,1],[330,2,331,2],[330,3,330,4],[330,5,330,6],[335,6,335,8],[337,2,337,6],[338,2,338,6],[339,2,339,6],[342,6,342,8],[343,2,343,6],[344,6,344,8],[345,2,345,6],[347,7,347,8],[348,2,348,6],[349,0,350,1],[349,2,350,2],[349,3,350,3],[349,4,349,6],[349,8,350,8],[351,2,351,6],[352,4,352,6],[358,1,358,6],[358,7,358,8],[359,0,360,1],[359,2,360,2],[359,3,359,4],[359,5,359,6],[363,6,363,8],[364,2,364,6],[365,2,365,6],[366,2,366,6],[369,6,369,8],[370,2,370,6],[371,6,371,8],[372,2,372,6],[374,7,374,8],[375,2,375,6],[376,0,377,1],[376,2,377,2],[376,3,377,3],[376,4,376,6],[376,8,377,8],[378,2,378,6],[379,4,379,6],[385,1,385,6],[385,7,385,8],[386,0,387,1],[386,2,387,2],[386,3,386,4],[386,5,386,6],[391,6,391,8],[394,2,394,6],[395,2,395,6],[396,2,396,6],[399,6,399,8],[401,2,401,6],[402,6,402,8],[403,2,403,6],[405,7,405,8],[407,2,407,6],[408,0,409,1],[408,2,409,2],[408,3,409,3],[408,4,408,6],[408,8,409,8],[411,2,411,6],[412,4,412,6],[418,1,418,6],[418,7,418,8],[419,0,420,1],[419,2,420,2],[419,3,419,4],[419,5,419,6],[422,6,422,8],[423,2,423,6],[424,2,424,6],[425,2,425,6],[428,6,428,8],[429,2,429,6],[430,6,430,8],[434,2,434,6],[436,7,436,8],[437,2,437,6],[438,0,439,1],[438,2,439,2],[438,3,439,3],[438,4,438,6],[438,8,439,8],[440,2,440,6],[441,4,441,6]],"flags":["formulas_cached_only"]}
["ONO EMPREENDIMENTOS - ME"]
["CNPJ: 40.553.092/0001-51"]
["OBRA:","PAVIMENTAÇÃO ASFALTICA",{"$nulls":3},"REFERENCIA:",null,"BDI DESON","BDI NÃO DES"]
["LOCAL:","JARDIM BANDEIRANTES E ADJACÊNCIAS",{"$nulls":3},"SINAPI 12/2023 - SICRO 07/2023 ANP 12/2023",null,0.267,0.207]
["PROPR.:","CNPJ: 40.553.092/0001-51",{"$nulls":5},"DIFERENCIADO","DIFERENCIADO"]
["ÁREA (M²):",{"v":21528.98,"d":"21528.980"},{"$nulls":5},{"v":0.15,"d":"0.150"},{"v":0.15,"d":"0.150"}]
[]
["COMPOSIÇÕES SICRO DESONERADAS"]
[]
["CGCIT",{"$nulls":7},"DNIT"]
["SISTEMA DE CUSTOS REFERENCIAIS DE OBRAS - SICRO",null,null,"Mato Grosso"]
["Custo Unitário de Referência",{"$nulls":5},"Produção da equipe ",{"v":1,"d":"1.000"},"kg"]
["0407820","Armação em aço CA-60 - fornecimento, preparo e colocação",{"$nulls":5},"Valores em reais (R$)"]
["A - EQUIPAMENTOS",null,"Quantidade","Utilização",null,"Custo Horário",null,null,"Custo"]
[{"$nulls":3},"Operativa","Improdutiva","Produtivo","Improdutivo",null,"Horário Total"]
[{"$nulls":6},"Custo horário total de equipamentos"]
["B - MÃO DE OBRA",null,"Quantidade","Unidade",null,"Custo Horário","Custo Horário Total"]
["P9801","Ajudante",{"v":0.08,"d":"0.080"},"h",null,{"v":20.55,"d":"20.550"},null,null,1.644]
["P9805","Armador",{"v":0.08,"d":"0.080"},"h",null,25.865,null,null,2.069]
[null,null,"Custo horário total de mão de obra",{"$nulls":5},3.713]
[null,null,"Custo horário total de execução",{"$nulls":5},3.713]
[null,null,"Custo unitário de execução",{"$nulls":5},3.624]
[{"$nulls":6},"Custo do FIC",null,"-"]
[{"$nulls":6},"Custo do FIT",null,"-"]
["C - MATERIAL",null,"Quantidade","Unidade",null,"Preço Unitário","Custo Unitário"]
["M0014","Aço CA 60",{"v":1.1,"d":"1.100"},"kg",null,9.617,null,null,10.579]
["M0075","Arame liso recozido em aço-carbono - D = 1,24 mm (18 BWG)",0.015,"kg",null,{"v":9.07,"d":"9.070"},null,null,0.136]
[null,null,"Custo unitário total de material",{"$nulls":5},10.715]
["D - ATIVIDADES AUXILIARES",null,"Quantidade","Unidade",null,"Custo Unitário","Custo Unitário"]
[null,null,"Custo total de atividades auxiliares"]
[{"$nulls":6},"Subtotal",null,14.339]
["E - TEMPO FIXO",null,"Código","Quantidade","Unidade",null,"Custo Unitário","Custo Unitário"]
["M0014","Aço CA 60 - Caminhão carroceria 15 t","5914655",0.001,"t",null,31.955,null,0.032]
["M0075","Arame liso recozido em aço-carbono - D = 1,24 mm (18 BWG) - Caminhão carroceria 15 t","5914655",{"v":0,"d":"0.000"},"t",null,31.955,null,{"v":0,"d":"0.000"}]
[null,null,"Custo unitário total de tempo fixo",{"$nulls":5},0.032]
["F - MOMENTO DE TRANSPORTE",null,"Quantidade","Unidade","DMT",{"$nulls":3},"Custo Unitário"]
[{"$nulls":4},"LN","RP","P"]
["M0014","Aço CA 60 - Caminhão carroceria 15 t",0.001,"tkm","5914449","5914464","5914479"]
["M0075","Arame liso recozido em aço-carbono - D = 1,24 mm (18 BWG) - Caminhão carroceria 15 t",{"v":0,"d":"0.000"},"tkm","5914449","5914464","5914479"]
[null,null,"Custo unitário total de transporte"]
[{"$nulls":4},"Custo unitário direto total",{"$nulls":3},14.371]
[]
[]
["CGCIT",{"$nulls":7},"DNIT"]
["SISTEMA DE CUSTOS REFERENCIAIS DE OBRAS - SICRO",null,null,"Mato Grosso"]
["Custo Unitário de Referência",{"$nulls":5},"Produção da equipe ",3.929,"m³"]
["1107892","Concreto fck = 20 MPa - confecção em betoneira e lançamento manual - areia e brita comerciais",{"$nulls":5},"Valores em reais (R$)"]
["A - EQUIPAMENTOS",null,"Quantidade","Utilização",null,"Custo Horário",null,null,"Custo"]
[{"$nulls":3},"Operativa","Improdutiva","Produtivo","Improdutivo",null,"Horário Total"]
["E9010","Balança plataforma digital com mesa de 75 x 75 cm com capacidade de 500 kg",{"v":1,"d":"1.000"},{"v":1,"d":"1.000"},{"v":0,"d":"0.000"},1.465,0.984,null,1.465]
["E9519","Betoneira com motor a gasolina com capacidade de 600 l - 10 kW",{"v":1,"d":"1.000"},{"v":1,"d":"1.000"},{"v":0,"d":"0.000"},46.634,22.837,null,46.634]
["E9521","Grupo gerador - 2,5/3 kVA",{"v":1,"d":"1.000"},{"v":1,"d":"1.000"},{"v":0,"d":"0.000"},4.203,0.217,null,4.203]
["E9071","Transportador manual carrinho de mão com capacidade de 80 l",{"v":4,"d":"4.000"},{"v":0.9,"d":"0.900"},{"v":0.1,"d":"0.100"},0.702,0.477,null,2.718]
["E9064","Transportador manual gerica com capacidade de 180 l",{"v":3,"d":"3.000"},{"v":0.41,"d":"0.410"},{"v":0.59,"d":"0.590"},1.514,1.029,null,3.684]
[{"$nulls":6},"Custo horário total de equipamentos",null,58.704]
["B - MÃO DE OBRA",null,"Quantidade","Unidade",null,"Custo Horário","Custo Horário Total"]
["P9821","Pedreiro",{"v":1,"d":"1.000"},"h",null,25.766,null,null,25.766]
["P9824","Servente",{"v":9,"d":"9.000"},"h",null,19.571,null,null,176.139]
[null,null,"Custo horário total de mão de obra",{"$nulls":5},201.905]
[null,null,"Custo horário total de execução",{"$nulls":5},260.609]
[null,null,"Custo unitário de execução",{"$nulls":5},{"v":66.33,"d":"66.330"}]
[{"$nulls":6},"Custo do FIC",null,"-"]
[{"$nulls":6},"Custo do FIT",null,"-"]
["C - MATERIAL",null,"Quantidade","Unidade",null,"Preço Unitário","Custo Unitário"]
["M0030","Aditivo plastificante e retardador de pega para concreto e argamassa",0.846,"kg",null,6.258,null,null,5.294]
["M0082","Areia média lavada",0.633,"m³",null,125.154,null,null,79.222]
["M0191","Brita 1",0.368,"m³",null,153.975,null,null,56.663]
["M0192","Brita 2",0.368,"m³",null,149.896,null,null,55.162]
["M0424","Cimento Portland CP II - 32 - saco",282.152,"kg",null,0.619,null,null,174.652]
[null,null,"Custo unitário total de material",{"$nulls":5},370.993]
["D - ATIVIDADES AUXILIARES",null,"Quantidade","Unidade",null,"Custo Unitário","Custo Unitário"]
[null,null,"Custo total de atividades auxiliares"]
[{"$nulls":6},"Subtotal",null,437.323]
["E - TEMPO FIXO",null,"Código","Quantidade","Unidade",null,"Custo Unitário","Custo Unitário"]
["M0030","Aditivo plastificante e retardador de pega para concreto e argamassa - Caminhão carroceria 15 t","5914655",0.001,"t",null,31.955,null,0.032]
["M0082","Areia média lavada - Caminhão basculante 10 m³","5914647",{"v":0.95,"d":"0.950"},"t",null,1.674,null,{"v":1.59,"d":"1.590"}]
["M0191","Brita 1 - Caminhão basculante 10 m³","5914647",0.551,"t",null,1.674,null,0.922]
["M0192","Brita 2 - Caminhão basculante 10 m³","5914647",0.551,"t",null,1.674,null,0.922]
["M0424","Cimento Portland CP II - 32 - saco - Caminhão carroceria 15 t","5914655",0.282,"t",null,{"v":33.38,"d":"33.380"},null,9.413]
[null,null,"Custo unitário total de tempo fixo",{"$nulls":5},12.879]
["F - MOMENTO DE TRANSPORTE",null,"Quantidade","Unidade","DMT",{"$nulls":3},"Custo Unitário"]
[{"$nulls":4},"LN","RP","P"]
["M0030","Aditivo plastificante e retardador de pega para concreto e argamassa - Caminhão carroceria 15 t",0.001,"tkm","5914449","5914464","5914479"]
["M0082","Areia média lavada - Caminhão basculante 10 m³",{"v":0.95,"d":"0.950"},"tkm","5914359","5914374","5914389"]
["M0191","Brita 1 - Caminhão basculante 10 m³",0.551,"tkm","5914359","5914374","5914389"]
["M0192","Brita 2 - Caminhão basculante 10 m³",0.551,"tkm","5914359","5914374","5914389"]
["M0424","Cimento Portland CP II - 32 - saco - Caminhão carroceria 15 t",0.282,"tkm","5914449","5914464","5914479"]
[null,null,"Custo unitário total de transporte"]
[{"$nulls":4},"Custo unitário direto total",{"$nulls":3},450.202]
[]
[]
["CGCIT",{"$nulls":7},"DNIT"]
["SISTEMA DE CUSTOS REFERENCIAIS DE OBRAS - SICRO",null,null,"Mato Grosso"]
["Custo Unitário de Referência",{"$nulls":5},"Produção da equipe ",{"v":1,"d":"1.000"},"m²"]
["3103302","Fôrmas de tábuas de pinho para dispositivos de drenagem - utilização de 3 vezes - confecção, instalação e retirada",{"$nulls":5},"Valores em reais (R$)"]
["A - EQUIPAMENTOS",null,"Quantidade","Utilização",null,"Custo Horário",null,null,"Custo"]
[{"$nulls":3},"Operativa","Improdutiva","Produtivo","Improdutivo",null,"Horário Total"]
["E9066","Grupo gerador - 13/14 kVA",0.094,{"v":1,"d":"1.000"},{"v":0,"d":"0.000"},18.945,3.852,null,1.781]
["E9535","Serra circular com bancada - D = 30 cm - 4 kW",0.094,{"v":1,"d":"1.000"},{"v":0,"d":"0.000"},20.341,20.052,null,1.912]
[{"$nulls":6},"Custo horário total de equipamentos",null,3.693]
["B - MÃO DE OBRA",null,"Quantidade","Unidade",null,"Custo Horário","Custo Horário Total"]
["P9801","Ajudante",{"v":0.9,"d":"0.900"},"h",null,{"v":20.55,"d":"20.550"},null,null,18.495]
["P9808","Carpinteiro",{"v":0.9,"d":"0.900"},"h",null,{"v":25.83,"d":"25.830"},null,null,23.247]
[null,null,"Custo horário total de mão de obra",{"$nulls":5},41.742]
[null,null,"Custo horário total de execução",{"$nulls":5},45.435]
[null,null,"Custo unitário de execução",{"$nulls":5},45.435]
[{"$nulls":6},"Custo do FIC",null,"-"]
[{"$nulls":6},"Custo do FIT",null,"-"]
["C - MATERIAL",null,"Quantidade","Unidade",null,"Preço Unitário","Custo Unitário"]
["M0560","Desmoldante para fôrmas de madeira",0.019,"l",null,12.228,null,null,0.232]
["M1205","Prego de ferro",0.027,"kg",null,17.301,null,null,0.467]
["M0290","Tábua - E = 2,5 cm e L = 10 cm",1.215,"m",null,{"v":3.94,"d":"3.940"},null,null,4.787]
["M1429","Tábua de pinho de terceira - E = 2,5 cm",0.404,"m²",null,40.383,null,null,16.315]
[null,null,"Custo unitário total de material",{"$nulls":5},21.801]
["D - ATIVIDADES AUXILIARES",null,"Quantidade","Unidade",null,"Custo Unitário","Custo Unitário"]
[null,null,"Custo total de atividades auxiliares"]
[{"$nulls":6},"Subtotal",null,67.236]
["E - TEMPO FIXO",null,"Código","Quantidade","Unidade",null,"Custo Unitário","Custo Unitário"]
["M0560","Desmoldante para fôrmas de madeira - Caminhão carroceria 15 t","5914655",{"v":0,"d":"0.000"},"t",null,31.955,null,{"v":0,"d":"0.000"}]
["M1205","Prego de ferro - Caminhão carroceria 15 t","5914655",{"v":0,"d":"0.000"},"t",null,31.955,null,{"v":0,"d":"0.000"}]
["M0290","Tábua - E = 2,5 cm e L = 10 cm - Caminhão carroceria 15 t","5914655",0.003,"t",null,31.955,null,0.096]
["M1429","Tábua de pinho de terceira - E = 2,5 cm - Caminhão carroceria 15 t","5914655",{"v":0.01,"d":"0.010"},"t",null,31.955,null,{"v":0.32,"d":"0.320"}]
[null,null,"Custo unitário total de tempo fixo",{"$nulls":5},0.416]
["F - MOMENTO DE TRANSPORTE",null,"Quantidade","Unidade","DMT",{"$nulls":3},"Custo Unitário"]
[{"$nulls":4},"LN","RP","P"]
["M0560","Desmoldante para fôrmas de madeira - Caminhão carroceria 15 t",{"v":0,"d":"0.000"},"tkm","5914449","5914464","5914479"]
["M1205","Prego de ferro - Caminhão carroceria 15 t",{"v":0,"d":"0.000"},"tkm","5914449","5914464","5914479"]
["M0290","Tábua - E = 2,5 cm e L = 10 cm - Caminhão carroceria 15 t",0.003,"tkm","5914449","5914464","5914479"]
["M1429","Tábua de pinho de terceira - E = 2,5 cm - Caminhão carroceria 15 t",{"v":0.01,"d":"0.010"},"tkm","5914449","5914464","5914479"]
[null,null,"Custo unitário total de transporte"]
[{"$nulls":4},"Custo unitário direto total",{"$nulls":3},67.652]
[]
[]
["CGCIT",{"$nulls":7},"DNIT"]
["SISTEMA DE CUSTOS REFERENCIAIS DE OBRAS - SICRO",null,null,"Mato Grosso",null,null,"FIC",0.035]
["Custo Unitário de Referência",{"$nulls":5},"Produção da equipe ",{"v":0.5,"d":"0.500"},"m³"]
["4805750","Escavação manual em material de 1ª categoria na profundidade de até 1 m",{"$nulls":5},"Valores em reais (R$)"]
["A - EQUIPAMENTOS",null,"Quantidade","Utilização",null,"Custo Horário",null,null,"Custo"]
[{"$nulls":3},"Operativa","Improdutiva","Produtivo","Improdutivo",null,"Horário Total"]
[{"$nulls":6},"Custo horário total de equipamentos"]
["B - MÃO DE OBRA",null,"Quantidade","Unidade",null,"Custo Horário","Custo Horário Total"]
["P9824","Servente",{"v":1,"d":"1.000"},"h",null,19.571,null,null,19.571]
[null,null,"Custo horário total de mão de obra",{"$nulls":5},19.571]
[null,null,"Custo horário total de execução",{"$nulls":5},19.571]
[null,null,"Custo unitário de execução",{"$nulls":5},39.142]
[{"$nulls":6},"Custo do FIC",null,{"v":1.37,"d":"1.370"}]
[{"$nulls":6},"Custo do FIT",null,"-"]
["C - MATERIAL",null,"Quantidade","Unidade",null,"Preço Unitário","Custo Unitário"]
[null,null,"Custo unitário total de material"]
["D - ATIVIDADES AUXILIARES",null,"Quantidade","Unidade",null,"Custo Unitário","Custo Unitário"]
[null,null,"Custo total de atividades auxiliares"]
[{"$nulls":6},"Subtotal",null,40.512]
["E - TEMPO FIXO",null,"Código","Quantidade","Unidade",null,"Custo Unitário","Custo Unitário"]
[null,null,"Custo unitário total de tempo fixo"]
["F - MOMENTO DE TRANSPORTE",null,"Quantidade","Unidade","DMT",{"$nulls":3},"Custo Unitário"]
[{"$nulls":4},"LN","RP","P"]
[null,null,"Custo unitário total de transporte"]
[{"$nulls":4},"Custo unitário direto total",{"$nulls":3},40.512]
["Obs."]
[]
[]
["CGCIT",{"$nulls":7},"DNIT"]
["SISTEMA DE CUSTOS REFERENCIAIS DE OBRAS - SICRO",null,null,"Mato Grosso"]
["Custo Unitário de Referência",{"$nulls":5},"Produção da equipe ",{"v":1,"d":"1.000"},"un"]
["2003684","Poço de visita - PVI 04 - areia e brita comerciais",{"$nulls":5},"Valores em reais (R$)"]
["A - EQUIPAMENTOS",null,"Quantidade","Utilização",null,"Custo Horário",null,null,"Custo"]
[{"$nulls":3},"Operativa","Improdutiva","Produtivo","Improdutivo",null,"Horário Total"]
[{"$nulls":6},"Custo horário total de equipamentos"]
["B - MÃO DE OBRA",null,"Quantidade","Unidade",null,"Custo Horário","Custo Horário Total"]
[null,null,"Custo horário total de mão de obra"]
[null,null,"Custo horário total de execução"]
[null,null,"Custo unitário de execução"]
[{"$nulls":6},"Custo do FIC",null,"-"]
[{"$nulls":6},"Custo do FIT",null,"-"]
["C - MATERIAL",null,"Quantidade","Unidade",null,"Preço Unitário","Custo Unitário"]
[null,null,"Custo unitário total de material"]
["D - ATIVIDADES AUXILIARES",null,"Quantidade","Unidade",null,"Custo Unitário","Custo Unitário"]
["0407820","Armação em aço CA-60 - fornecimento, preparo e colocação",{"v":22.9,"d":"22.900"},"kg",null,14.371,null,null,329.096]
["1107892","Concreto fck = 20 MPa - confecção em betoneira e lançamento manual - areia e brita comerciais",{"v":2.48,"d":"2.480"},"m³",null,450.202,null,null,1116.501]
["3103302","Fôrmas de tábuas de pinho para dispositivos de drenagem - utilização de 3 vezes - confecção, instalação e retirada",{"v":19.64,"d":"19.640"},"m²",null,67.652,null,null,1328.685]
[null,null,"Custo total de atividades auxiliares",{"$nulls":5},2774.282]
[{"$nulls":6},"Subtotal",null,2774.282]
["E - TEMPO FIXO",null,"Código","Quantidade","Unidade",null,"Custo Unitário","Custo Unitário"]
[null,null,"Custo unitário total de tempo fixo"]
["F - MOMENTO DE TRANSPORTE",null,"Quantidade","Unidade","DMT",{"$nulls":3},"Custo Unitário"]
[{"$nulls":4},"LN","RP","P"]
[null,null,"Custo unitário total de transporte"]
[{"$nulls":4},"Custo unitário direto total",{"$nulls":3},2774.282]
["Obs."]
[]
["CGCIT",{"$nulls":7},"DNIT"]
["SISTEMA DE CUSTOS REFERENCIAIS DE OBRAS - SICRO",null,null,"Mato Grosso"]
["Custo Unitário de Referência",{"$nulls":5},"Produção da equipe ",{"v":1,"d":"1.000"},"un"]
["2003688","Poço de visita - PVI 06 - areia e brita comerciais",{"$nulls":5},"Valores em reais (R$)"]
["A - EQUIPAMENTOS",null,"Quantidade","Utilização",null,"Custo Horário",null,null,"Custo"]
[{"$nulls":3},"Operativa","Improdutiva","Produtivo","Improdutivo",null,"Horário Total"]
[{"$nulls":6},"Custo horário total de equipamentos"]
["B - MÃO DE OBRA",null,"Quantidade","Unidade",null,"Custo Horário","Custo Horário Total"]
[null,null,"Custo horário total de mão de obra"]
[null,null,"Custo horário total de execução"]
[null,null,"Custo unitário de execução"]
[{"$nulls":6},"Custo do FIC",null,"-"]
[{"$nulls":6},"Custo do FIT",null,"-"]
["C - MATERIAL",null,"Quantidade","Unidade",null,"Preço Unitário","Custo Unitário"]
[null,null,"Custo unitário total de material"]
["D - ATIVIDADES AUXILIARES",null,"Quantidade","Unidade",null,"Custo Unitário","Custo Unitário"]
["0407820","Armação em aço CA-60 - fornecimento, preparo e colocação",{"v":31.6,"d":"31.600"},"kg",null,14.371,null,null,454.124]
["1107892","Concreto fck = 20 MPa - confecção em betoneira e lançamento manual - areia e brita comerciais",{"v":3.5,"d":"3.500"},"m³",null,450.202,null,null,1575.707]
["3103302","Fôrmas de tábuas de pinho para dispositivos de drenagem - utilização de 3 vezes - confecção, instalação e retirada",{"v":30.19,"d":"30.190"},"m²",null,67.652,null,null,2042.414]
[null,null,"Custo total de atividades auxiliares",{"$nulls":5},4072.245]
[{"$nulls":6},"Subtotal",null,4072.245]
["E - TEMPO FIXO",null,"Código","Quantidade","Unidade",null,"Custo Unitário","Custo Unitário"]
[null,null,"Custo unitário total de tempo fixo"]
["F - MOMENTO DE TRANSPORTE",null,"Quantidade","Unidade","DMT",{"$nulls":3},"Custo Unitário"]
[{"$nulls":4},"LN","RP","P"]
[null,null,"Custo unitário total de transporte"]
[{"$nulls":4},"Custo unitário direto total",{"$nulls":3},4072.245]
["Obs."]
[]
["CGCIT",{"$nulls":7},"DNIT"]
["SISTEMA DE CUSTOS REFERENCIAIS DE OBRAS - SICRO",null,null,"Mato Grosso"]
["Custo Unitário de Referência",{"$nulls":5},"Produção da equipe ",{"v":1,"d":"1.000"},"un"]
["2003459","Dissipador de energia - DEB 06 - areia, brita e pedra de mão comerciais",{"$nulls":5},"Valores em reais (R$)"]
["A - EQUIPAMENTOS",null,"Quantidade","Utilização",null,"Custo Horário",null,null,"Custo"]
[{"$nulls":3},"Operativa","Improdutiva","Produtivo","Improdutivo",null,"Horário Total"]
[{"$nulls":6},"Custo horário total de equipamentos"]
["B - MÃO DE OBRA",null,"Quantidade","Unidade",null,"Custo Horário","Custo Horário Total"]
["P9824","Servente",3.754,"h",null,19.571,null,null,{"v":73.47,"d":"73.470"}]
[null,null,"Custo horário total de mão de obra",{"$nulls":5},{"v":73.47,"d":"73.470"}]
[null,null,"Custo horário total de execução",{"$nulls":5},{"v":73.47,"d":"73.470"}]
[null,null,"Custo unitário de execução",{"$nulls":5},{"v":73.47,"d":"73.470"}]
[{"$nulls":6},"Custo do FIC",null,"-"]
[{"$nulls":6},"Custo do FIT",null,"-"]
["C - MATERIAL",null,"Quantidade","Unidade",null,"Preço Unitário","Custo Unitário"]
["M1097","Pedra de mão ou rachão",{"v":2.82,"d":"2.820"},"m³",null,142.819,null,null,{"v":402.75,"d":"402.750"}]
[null,null,"Custo unitário total de material",{"$nulls":5},{"v":402.75,"d":"402.750"}]
["D - ATIVIDADES AUXILIARES",null,"Quantidade","Unidade",null,"Custo Unitário","Custo Unitário"]
["1107892","Concreto fck = 20 MPa - confecção em betoneira e lançamento manual - areia e brita comerciais",{"v":3.42,"d":"3.420"},"m³",null,450.202,null,null,1539.691]
["4805750","Escavação manual em material de 1ª categoria na profundidade de até 1 m",{"v":11.72,"d":"11.720"},"m³",null,40.512,null,null,474.801]
["3103302","Fôrmas de tábuas de pinho para dispositivos de drenagem - utilização de 3 vezes - confecção, instalação e retirada",{"v":13.56,"d":"13.560"},"m²",null,67.652,null,null,917.361]
[null,null,"Custo total de atividades auxiliares",{"$nulls":5},2931.853]
[{"$nulls":6},"Subtotal",null,3408.073]
["E - TEMPO FIXO",null,"Código","Quantidade","Unidade",null,"Custo Unitário","Custo Unitário"]
["M1097","Pedra de mão ou rachão - Caminhão basculante 10 m³","5914647",{"v":4.23,"d":"4.230"},"t",null,1.674,null,7.081]
[null,null,"Custo unitário total de tempo fixo",{"$nulls":5},7.081]
["F - MOMENTO DE TRANSPORTE",null,"Quantidade","Unidade","DMT",{"$nulls":3},"Custo Unitário"]
[{"$nulls":4},"LN","RP","P"]
["M1097","Pedra de mão ou rachão - Caminhão basculante 10 m³",{"v":4.23,"d":"4.230"},"tkm","5914359","5914374","5914389"]
[null,null,"Custo unitário total de transporte"]
[{"$nulls":4},"Custo unitário direto total",{"$nulls":3},3415.154]
["Obs."]
[]
["CGCIT",{"$nulls":7},"DNIT"]
["SISTEMA DE CUSTOS REFERENCIAIS DE OBRAS - SICRO",null,null,"Mato Grosso"]
["Custo Unitário de Referência",{"$nulls":5},"Produção da equipe ",{"v":4,"d":"4.000"},"m²"]
["5213417","Placa em aço nº 16 galvanizado com película retrorrefletiva tipo I + III - confecção",{"$nulls":5},"Valores em reais (R$)"]
["A - EQUIPAMENTOS",null,"Quantidade","Utilização",null,"Custo Horário",null,null,"Custo"]
[{"$nulls":3},"Operativa","Improdutiva","Produtivo","Improdutivo",null,"Horário Total"]
["E9568","Furadeira de impacto de 12,5 mm - 0,80 kW",0.151,{"v":1,"d":"1.000"},{"v":0,"d":"0.000"},0.205,0.136,null,0.031]
["E9066","Grupo gerador - 13/14 kVA",0.482,{"v":1,"d":"1.000"},{"v":0,"d":"0.000"},18.202,4.824,null,8.773]
["E9623","Máquina de bancada guilhotina - 4,00 kW",0.201,{"v":1,"d":"1.000"},{"v":0,"d":"0.000"},14.865,9.449,null,2.988]
["E9622","Máquina de bancada universal para corte de chapa - 1,50 kW",0.482,{"v":1,"d":"1.000"},{"v":0,"d":"0.000"},{"v":11.54,"d":"11.540"},7.336,null,5.562]
["E9507","Plotadora de recorte com computador e programa computacional",0.482,{"v":1,"d":"1.000"},{"v":0,"d":"0.000"},23.653,14.911,null,11.401]
[{"$nulls":6},"Custo horário total de equipamentos",null,28.755]
["B - MÃO DE OBRA",null,"Quantidade","Unidade",null,"Custo Horário","Custo Horário Total"]
["P9801","Ajudante",{"v":2,"d":"2.000"},"h",null,{"v":20.55,"d":"20.550"},null,null,{"v":41.1,"d":"41.100"}]
["P9830","Montador",{"v":1,"d":"1.000"},"h",null,25.161,null,null,25.161]
["P9823","Serralheiro",{"v":1,"d":"1.000"},"h",null,25.772,null,null,25.772]
["P9824","Servente",{"v":2,"d":"2.000"},"h",null,19.571,null,null,39.142]
[null,null,"Custo horário total de mão de obra",{"$nulls":5},131.175]
[null,null,"Custo horário total de execução",{"$nulls":5},{"v":159.93,"d":"159.930"}]
[null,null,"Custo unitário de execução",{"$nulls":5},39.983]
[{"$nulls":6},"Custo do FIC",null,"-"]
[{"$nulls":6},"Custo do FIT",null,"-"]
["C - MATERIAL",null,"Quantidade","Unidade",null,"Preço Unitário","Custo Unitário"]
["M1367","Chapa fina em aço galvanizado",11.775,"kg",null,11.952,null,null,140.735]
["M3235","Película retrorrefletiva tipo I",{"v":1,"d":"1.000"},"m²",null,149.665,null,null,149.665]
["M3237","Película retrorrefletiva tipo III",{"v":0.4,"d":"0.400"},"m²",null,242.605,null,null,97.042]
[null,null,"Custo unitário total de material",{"$nulls":5},387.442]
["D - ATIVIDADES AUXILIARES",null,"Quantidade","Unidade",null,"Custo Unitário","Custo Unitário"]
["5212552","Pintura eletrostática a pó com tinta poliéster em chapa de aço",{"v":1,"d":"1.000"},"m²",null,15.129,null,null,15.129]
[null,null,"Custo total de atividades auxiliares",{"$nulls":5},15.129]
[{"$nulls":6},"Subtotal",null,442.554]
["E - TEMPO FIXO",null,"Código","Quantidade","Unidade",null,"Custo Unitário","Custo Unitário"]
["M1367","Chapa fina em aço galvanizado - Caminhão carroceria 15 t","5914333",0.012,"t",null,32.146,null,0.386]
["M3235","Película retrorrefletiva tipo I - Caminhão carroceria 15 t","5914655",{"v":0,"d":"0.000"},"t",null,31.955,null,{"v":0,"d":"0.000"}]
["M3237","Película retrorrefletiva tipo III - Caminhão carroceria 15 t","5914655",{"v":0,"d":"0.000"},"t",null,31.955,null,{"v":0,"d":"0.000"}]
[null,null,"Custo unitário total de tempo fixo",{"$nulls":5},0.386]
["F - MOMENTO DE TRANSPORTE",null,"Quantidade","Unidade","DMT",{"$nulls":3},"Custo Unitário"]
[{"$nulls":4},"LN","RP","P"]
["M1367","Chapa fina em aço galvanizado - Caminhão carroceria 15 t",0.012,"tkm","5914449","5914464","5914479"]
["M3235","Película retrorrefletiva tipo I - Caminhão carroceria 15 t",{"v":0,"d":"0.000"},"tkm","5914449","5914464","5914479"]
["M3237","Película retrorrefletiva tipo III - Caminhão carroceria 15 t",{"v":0,"d":"0.000"},"tkm","5914449","5914464","5914479"]
[null,null,"Custo unitário total de transporte"]
[{"$nulls":4},"Custo unitário direto total",{"$nulls":3},{"v":442.94,"d":"442.940"}]
["Obs."]
[]
[]
["CGCIT",{"$nulls":7},"DNIT"]
["SISTEMA DE CUSTOS REFERENCIAIS DE OBRAS - SICRO",null,null,"Mato Grosso"]
["Custo Unitário de Referência",{"$nulls":5},"Produção da equipe ",{"v":11.84,"d":"11.840"},"t"]
["5914655","Carga, manobra e descarga de materiais diversos em caminhão carroceria de 15 t - carga e descarga manuais",{"$nulls":5},"Valores em reais (R$)"]
["A - EQUIPAMENTOS",null,"Quantidade","Utilização",null,"Custo Horário",null,null,"Custo"]
[{"$nulls":3},"Operativa","Improdutiva","Produtivo","Improdutivo",null,"Horário Total"]
["E9592","Caminhão carroceria com capacidade de 15 t - 188 kW",{"v":1,"d":"1.000"},{"v":1,"d":"1.000"},{"v":0,"d":"0.000"},260.925,76.285,null,260.925]
[{"$nulls":6},"Custo horário total de equipamentos",null,260.925]
["B - MÃO DE OBRA",null,"Quantidade","Unidade",null,"Custo Horário","Custo Horário Total"]
["P9824","Servente",{"v":6,"d":"6.000"},"h",null,19.571,null,null,117.426]
[null,null,"Custo horário total de mão de obra",{"$nulls":5},117.426]
[null,null,"Custo horário total de execução",{"$nulls":5},378.351]
[null,null,"Custo unitário de execução",{"$nulls":5},31.955]
[{"$nulls":6},"Custo do FIC",null,"-"]
[{"$nulls":6},"Custo do FIT",null,"-"]
["C - MATERIAL",null,"Quantidade","Unidade",null,"Preço Unitário","Custo Unitário"]
[null,null,"Custo unitário total de material"]
["D - ATIVIDADES AUXILIARES",null,"Quantidade","Unidade",null,"Custo Unitário","Custo Unitário"]
[null,null,"Custo total de atividades auxiliares"]
[{"$nulls":6},"Subtotal",null,31.955]
["E - TEMPO FIXO",null,"Código","Quantidade","Unidade",null,"Custo Unitário","Custo Unitário"]
[null,null,"Custo unitário total de tempo fixo"]
["F - MOMENTO DE TRANSPORTE",null,"Quantidade","Unidade","DMT",{"$nulls":3},"Custo Unitário"]
[{"$nulls":4},"LN","RP","P"]
[null,null,"Custo unitário total de transporte"]
[{"$nulls":4},"Custo unitário direto total",{"$nulls":3},31.955]
["Obs."]
[]
["CGCIT",{"$nulls":7},"DNIT"]
["SISTEMA DE CUSTOS REFERENCIAIS DE OBRAS - SICRO",null,null,"Mato Grosso"]
["Custo Unitário de Referência",{"$nulls":5},"Produção da equipe ",{"v":21.37,"d":"21.370"},"t"]
["5914333","Carga, manobra e descarga de materiais diversos em caminhão carroceria de 15 t - carga e descarga com caminhão guindauto de 20 t.m",{"$nulls":5},"Valores em reais (R$)"]
["A - EQUIPAMENTOS",null,"Quantidade","Utilização",null,"Custo Horário",null,null,"Custo"]
[{"$nulls":3},"Operativa","Improdutiva","Produtivo","Improdutivo",null,"Horário Total"]
["E9592","Caminhão carroceria com capacidade de 15 t - 188 kW",{"v":2,"d":"2.000"},{"v":0.53,"d":"0.530"},{"v":0.47,"d":"0.470"},260.925,76.285,null,348.288]
["E9686","Caminhão carroceria com guindauto com capacidade de 20 t.m - 136 kW",{"v":1,"d":"1.000"},{"v":1,"d":"1.000"},{"v":0,"d":"0.000"},299.525,111.489,null,299.525]
[{"$nulls":6},"Custo horário total de equipamentos",null,647.813]
["B - MÃO DE OBRA",null,"Quantidade","Unidade",null,"Custo Horário","Custo Horário Total"]
["P9824","Servente",{"v":2,"d":"2.000"},"h",null,19.571,null,null,39.142]
[null,null,"Custo horário total de mão de obra",{"$nulls":5},39.142]
[null,null,"Custo horário total de execução",{"$nulls":5},686.955]
[null,null,"Custo unitário de execução",{"$nulls":5},32.146]
[{"$nulls":6},"Custo do FIC",null,"-"]
[{"$nulls":6},"Custo do FIT",null,"-"]
["C - MATERIAL",null,"Quantidade","Unidade",null,"Preço Unitário","Custo Unitário"]
[null,null,"Custo unitário total de material"]
["D - ATIVIDADES AUXILIARES",null,"Quantidade","Unidade",null,"Custo Unitário","Custo Unitário"]
[null,null,"Custo total de atividades auxiliares"]
[{"$nulls":6},"Subtotal",null,32.146]
["E - TEMPO FIXO",null,"Código","Quantidade","Unidade",null,"Custo Unitário","Custo Unitário"]
[null,null,"Custo unitário total de tempo fixo"]
["F - MOMENTO DE TRANSPORTE",null,"Quantidade","Unidade","DMT",{"$nulls":3},"Custo Unitário"]
[{"$nulls":4},"LN","RP","P"]
[null,null,"Custo unitário total de transporte"]
[{"$nulls":4},"Custo unitário direto total",{"$nulls":3},32.146]
["Obs."]
[]
["CGCIT",{"$nulls":7},"DNIT"]
["SISTEMA DE CUSTOS REFERENCIAIS DE OBRAS - SICRO",null,null,"Mato Grosso"]
["Custo Unitário de Referência",{"$nulls":5},"Produção da equipe ",{"v":457.16,"d":"457.160"},"t"]
["5914647","Carga, manobra e descarga de agregados ou solos em caminhão basculante de 10 m³ - carga com carregadeira de 3,40 m³ (exclusa) e descarga livre",{"$nulls":5},"Valores em reais (R$)"]
["A - EQUIPAMENTOS",null,"Quantidade","Utilização",null,"Custo Horário",null,null,"Custo"]
[{"$nulls":3},"Operativa","Improdutiva","Produtivo","Improdutivo",null,"Horário Total"]
["E9579","Caminhão basculante com capacidade de 10 m³ - 188 kW",{"v":3,"d":"3.000"},{"v":0.86,"d":"0.860"},{"v":0.14,"d":"0.140"},282.437,87.191,null,765.308]
[{"$nulls":6},"Custo horário total de equipamentos",null,765.308]
["B - MÃO DE OBRA",null,"Quantidade","Unidade",null,"Custo Horário","Custo Horário Total"]
[null,null,"Custo horário total de mão de obra"]
[null,null,"Custo horário total de execução",{"$nulls":5},765.308]
[null,null,"Custo unitário de execução",{"$nulls":5},1.674]
[{"$nulls":6},"Custo do FIC",null,"-"]
[{"$nulls":6},"Custo do FIT",null,"-"]
["C - MATERIAL",null,"Quantidade","Unidade",null,"Preço Unitário","Custo Unitário"]
[null,null,"Custo unitário total de material"]
["D - ATIVIDADES AUXILIARES",null,"Quantidade","Unidade",null,"Custo Unitário","Custo Unitário"]
[null,null,"Custo total de atividades auxiliares"]
[{"$nulls":6},"Subtotal",null,1.674]
["E - TEMPO FIXO",null,"Código","Quantidade","Unidade",null,"Custo Unitário","Custo Unitário"]
[null,null,"Custo unitário total de tempo fixo"]
["F - MOMENTO DE TRANSPORTE",null,"Quantidade","Unidade","DMT",{"$nulls":3},"Custo Unitário"]
[{"$nulls":4},"LN","RP","P"]
[null,null,"Custo unitário total de transporte"]
[{"$nulls":4},"Custo unitário direto total",{"$nulls":3},1.674]
["Obs."]
[]
["CGCIT",{"$nulls":7},"DNIT"]
["SISTEMA DE CUSTOS REFERENCIAIS DE OBRAS - SICRO",null,null,"Mato Grosso"]
["Custo Unitário de Referência",{"$nulls":5},"Produção da equipe ",{"v":19.15,"d":"19.150"},"m²"]
["5212552","Pintura eletrostática a pó com tinta poliéster em chapa de aço",{"$nulls":5},"Valores em reais (R$)"]
["A - EQUIPAMENTOS",null,"Quantidade","Utilização",null,"Custo Horário",null,null,"Custo"]
[{"$nulls":3},"Operativa","Improdutiva","Produtivo","Improdutivo",null,"Horário Total"]
["E9076","Equipamento para pintura eletrostática com cabine dupla de 7,00 kW e estufa de 80.000 kCal",{"v":1,"d":"1.000"},{"v":1,"d":"1.000"},{"v":0,"d":"0.000"},41.034,35.201,null,41.034]
["E9066","Grupo gerador - 13/14 kVA",{"v":1,"d":"1.000"},{"v":1,"d":"1.000"},{"v":0,"d":"0.000"},18.202,4.824,null,18.202]
[{"$nulls":6},"Custo horário total de equipamentos",null,59.236]
["B - MÃO DE OBRA",null,"Quantidade","Unidade",null,"Custo Horário","Custo Horário Total"]
["P9801","Ajudante",{"v":1,"d":"1.000"},"h",null,{"v":20.55,"d":"20.550"},null,null,{"v":20.55,"d":"20.550"}]
["P9822","Pintor",{"v":2,"d":"2.000"},"h",null,25.908,null,null,51.816]
[null,null,"Custo horário total de mão de obra",{"$nulls":5},72.366]
[null,null,"Custo horário total de execução",{"$nulls":5},131.602]
[null,null,"Custo unitário de execução",{"$nulls":5},6.872]
[{"$nulls":6},"Custo do FIC",null,"-"]
[{"$nulls":6},"Custo do FIT",null,"-"]
["C - MATERIAL",null,"Quantidade","Unidade",null,"Preço Unitário","Custo Unitário"]
["M3153","Tinta em pó à base de resina poliéster",0.112,"kg",null,73.721,null,null,8.257]
[null,null,"Custo unitário total de material",{"$nulls":5},8.257]
["D - ATIVIDADES AUXILIARES",null,"Quantidade","Unidade",null,"Custo Unitário","Custo Unitário"]
[null,null,"Custo total de atividades auxiliares"]
[{"$nulls":6},"Subtotal",null,15.129]
["E - TEMPO FIXO",null,"Código","Quantidade","Unidade",null,"Custo Unitário","Custo Unitário"]
["M3153","Tinta em pó à base de resina poliéster - Caminhão carroceria 15 t","5914655",{"v":0,"d":"0.000"},"t",null,31.955,null,{"v":0,"d":"0.000"}]
[null,null,"Custo unitário total de tempo fixo",{"$nulls":5},{"v":0,"d":"0.000"}]
["F - MOMENTO DE TRANSPORTE",null,"Quantidade","Unidade","DMT",{"$nulls":3},"Custo Unitário"]
[{"$nulls":4},"LN","RP","P"]
["M3153","Tinta em pó à base de resina poliéster - Caminhão carroceria 15 t",{"v":0,"d":"0.000"},"tkm","5914449","5914464","5914479"]
[null,null,"Custo unitário total de transporte"]
[{"$nulls":4},"Custo unitário direto total",{"$nulls":3},15.129]
["Obs."]
[]
["CGCIT",{"$nulls":7},"DNIT"]
["SISTEMA DE CUSTOS REFERENCIAIS DE OBRAS - SICRO",null,null,"Mato Grosso"]
["Custo Unitário de Referência",{"$nulls":5},"Produção da equipe ",{"v":1,"d":"1.000"},"un"]
["2003682","Poço de visita - PVI 03 - areia e brita comerciais -TUBO 800 mm",{"$nulls":5},"Valores em reais (R$)"]
["A - EQUIPAMENTOS",null,"Quantidade","Utilização",null,"Custo Horário",null,null,"Custo"]
[{"$nulls":3},"Operativa","Improdutiva","Produtivo","Improdutivo",null,"Horário Total"]
[{"$nulls":6},"Custo horário total de equipamentos"]
["B - MÃO DE OBRA",null,"Quantidade","Unidade",null,"Custo Horário","Custo Horário Total"]
[null,null,"Custo horário total de mão de obra"]
[null,null,"Custo horário total de execução"]
[null,null,"Custo unitário de execução"]
[{"$nulls":6},"Custo do FIC",null,"-"]
[{"$nulls":6},"Custo do FIT",null,"-"]
["C - MATERIAL",null,"Quantidade","Unidade",null,"Preço Unitário","Custo Unitário"]
[null,null,"Custo unitário total de material"]
["D - ATIVIDADES AUXILIARES",null,"Quantidade","Unidade",null,"Custo Unitário","Custo Unitário"]
["0407820","Armação em aço CA-60 - fornecimento, preparo e colocação",{"v":17.5,"d":"17.500"},"kg",null,14.371,null,null,251.493]
["1107892","Concreto fck = 20 MPa - confecção em betoneira e lançamento manual - areia e brita comerciais",{"v":2.08,"d":"2.080"},"m³",null,450.202,null,null,{"v":936.42,"d":"936.420"}]
["3103302","Fôrmas de tábuas de pinho para dispositivos de drenagem - utilização de 3 vezes - confecção, instalação e retirada",{"v":16.63,"d":"16.630"},"m²",null,67.652,null,null,1125.053]
[null,null,"Custo total de atividades auxiliares",{"$nulls":5},2312.966]
[{"$nulls":6},"Subtotal",null,2312.966]
["E - TEMPO FIXO",null,"Código","Quantidade","Unidade",null,"Custo Unitário","Custo Unitário"]
[null,null,"Custo unitário total de tempo fixo"]
["F - MOMENTO DE TRANSPORTE",null,"Quantidade","Unidade","DMT",{"$nulls":3},"Custo Unitário"]
[{"$nulls":4},"LN","RP","P"]
[null,null,"Custo unitário total de transporte"]
[{"$nulls":4},"Custo unitário direto total",{"$nulls":3},2312.966]
["Obs."]

{"sheet":"SICRO SEM DEN","index":22,"n_rows":6373,"n_cols":9,"rows_kept":6373,"hidden":true,"merged":[[0,1,0,2]],"flags":["formulas_cached_only"]}
["CGCIT","SISTEMA DE CUSTOS REFERENCIAIS DE OBRAS - SICRO",null,"DNIT",null,null,0.821,null,"DNIT"]
[null,"Mato Grosso - Julho/2023"]
["Código","Descrição do Serviço","Unidade","Custo Unitário (R$)",{"$nulls":4},"Custo Unitário (R$)"]
[307731,"Aparelho de apoio de neoprene fretado para estruturas moldadas no local - fornecimento e instalação","dm³",96.71,{"$nulls":4},117.79]
[307732,"Aparelho de apoio de neoprene fretado para estruturas pré-moldadas - fornecimento e instalação","dm³",75.41,{"$nulls":4},91.85]
[308308,"Aparelho de apoio metálico elastomérico fixo com capacidade de 1.500 kN - fornecimento e instalação","un",{"v":11679.93,"d":"11,679.93"},{"$nulls":4},{"v":14226.47,"d":"14,226.47"}]
[308313,"Aparelho de apoio metálico elastomérico fixo com capacidade de 10.000 kN - fornecimento e instalação","un",{"v":76484.73,"d":"76,484.73"},{"$nulls":4},{"v":93160.45,"d":"93,160.45"}]
[308309,"Aparelho de apoio metálico elastomérico fixo com capacidade de 2.500 kN - fornecimento e instalação","un",{"v":19073.73,"d":"19,073.73"},{"$nulls":4},{"v":23232.31,"d":"23,232.31"}]
[308310,"Aparelho de apoio metálico elastomérico fixo com capacidade de 4.000 kN - fornecimento e instalação","un",{"v":30715.19,"d":"30,715.19"},{"$nulls":4},{"v":37411.92,"d":"37,411.92"}]
[308311,"Aparelho de apoio metálico elastomérico fixo com capacidade de 5.500 kN - fornecimento e instalação","un",{"v":41217.25,"d":"41,217.25"},{"$nulls":4},{"v":50203.72,"d":"50,203.72"}]
[308312,"Aparelho de apoio metálico elastomérico fixo com capacidade de 7.500 kN - fornecimento e instalação","un",{"v":56536.59,"d":"56,536.59"},{"$nulls":4},{"v":68863.08,"d":"68,863.08"}]
[308307,"Aparelho de apoio metálico elastomérico fixo com capacidade de 700 kN - fornecimento e instalação","un",{"v":8336.27,"d":"8,336.27"},{"$nulls":4},{"v":10153.8,"d":"10,153.80"}]
[308322,"Aparelho de apoio metálico elastomérico multidirecional com capacidade de 1.500 kN - fornecimento e instalação","un",{"v":7519.43,"d":"7,519.43"},{"$nulls":4},{"v":9158.87,"d":"9,158.87"}]
[308327,"Aparelho de apoio metálico elastomérico multidirecional com capacidade de 10.000 kN - fornecimento e instalação","un",{"v":48908.04,"d":"48,908.04"},{"$nulls":4},{"v":59571.3,"d":"59,571.30"}]
[308323,"Aparelho de apoio metálico elastomérico multidirecional com capacidade de 2.500 kN - fornecimento e instalação","un",{"v":10449.7,"d":"10,449.70"},{"$nulls":4},{"v":12728.01,"d":"12,728.01"}]
[308324,"Aparelho de apoio metálico elastomérico multidirecional com capacidade de 4.000 kN - fornecimento e instalação","un",{"v":17404.35,"d":"17,404.35"},{"$nulls":4},{"v":21198.97,"d":"21,198.97"}]
[308325,"Aparelho de apoio metálico elastomérico multidirecional com capacidade de 5.500 kN - fornecimento e instalação","un",{"v":24991.96,"d":"24,991.96"},{"$nulls":4},{"v":30440.88,"d":"30,440.88"}]
[308326,"Aparelho de apoio metálico elastomérico multidirecional com capacidade de 7.500 kN - fornecimento e instalação","un",{"v":35344.94,"d":"35,344.94"},{"$nulls":4},{"v":43051.08,"d":"43,051.08"}]
[308321,"Aparelho de apoio metálico elastomérico multidirecional com capacidade de 700 kN - fornecimento e instalação","un",{"v":4347.16,"d":"4,347.16"},{"$nulls":4},{"v":5294.96,"d":"5,294.96"}]
[308315,"Aparelho de apoio metálico elastomérico unidirecional com capacidade de 1.500 kN - fornecimento e instalação","un",{"v":8896.12,"d":"8,896.12"},{"$nulls":4},{"v":10835.71,"d":"10,835.71"}]
[308320,"Aparelho de apoio metálico elastomérico unidirecional com capacidade de 10.000 kN - fornecimento e instalação","un",{"v":51998.85,"d":"51,998.85"},{"$nulls":4},{"v":63335.99,"d":"63,335.99"}]
[308316,"Aparelho de apoio metálico elastomérico unidirecional com capacidade de 2.500 kN - fornecimento e instalação","un",{"v":12194.44,"d":"12,194.44"},{"$nulls":4},{"v":14853.15,"d":"14,853.15"}]
[308317,"Aparelho de apoio metálico elastomérico unidirecional com capacidade de 4.000 kN - fornecimento e instalação","un",{"v":21809.04,"d":"21,809.04"},{"$nulls":4},{"v":26564,"d":"26,564.00"}]
[308318,"Aparelho de apoio metálico elastomérico unidirecional com capacidade de 5.500 kN - fornecimento e instalação","un",{"v":28338.46,"d":"28,338.46"},{"$nulls":4},{"v":34517,"d":"34,517.00"}]
[308319,"Aparelho de apoio metálico elastomérico unidirecional com capacidade de 7.500 kN - fornecimento e instalação","un",{"v":39320.6,"d":"39,320.60"},{"$nulls":4},{"v":47893.55,"d":"47,893.55"}]
[308314,"Aparelho de apoio metálico elastomérico unidirecional com capacidade de 700 kN - fornecimento e instalação","un",{"v":5503.6,"d":"5,503.60"},{"$nulls":4},{"v":6703.53,"d":"6,703.53"}]
[308250,"Aparelho de apoio metálico esférico fixo com capacidade de 1.000 kN - fornecimento e instalação","un",{"v":4772.81,"d":"4,772.81"},{"$nulls":4},{"v":5813.41,"d":"5,813.41"}]
[308251,"Aparelho de apoio metálico esférico fixo com capacidade de 1.500 kN - fornecimento e instalação","un",{"v":7092.51,"d":"7,092.51"},{"$nulls":4},{"v":8638.87,"d":"8,638.87"}]
[308268,"Aparelho de apoio metálico esférico fixo com capacidade de 10.000 kN - fornecimento e instalação","un",{"v":105822.64,"d":"105,822.64"},{"$nulls":4},{"v":128894.81,"d":"128,894.81"}]
[308252,"Aparelho de apoio metálico esférico fixo com capacidade de 2.000 kN - fornecimento e instalação","un",{"v":8970.3,"d":"8,970.30"},{"$nulls":4},{"v":10926.07,"d":"10,926.07"}]
[308253,"Aparelho de apoio metálico esférico fixo com capacidade de 2.500 kN - fornecimento e instalação","un",{"v":11313.32,"d":"11,313.32"},{"$nulls":4},{"v":13779.93,"d":"13,779.93"}]
[308254,"Aparelho de apoio metálico esférico fixo com capacidade de 3.000 kN - fornecimento e instalação","un",{"v":12992.52,"d":"12,992.52"},{"$nulls":4},{"v":15825.24,"d":"15,825.24"}]
[308255,"Aparelho de apoio metálico esférico fixo com capacidade de 3.500 kN - fornecimento e instalação","un",{"v":15690.02,"d":"15,690.02"},{"$nulls":4},{"v":19110.86,"d":"19,110.86"}]
[308256,"Aparelho de apoio metálico esférico fixo com capacidade de 4.000 kN - fornecimento e instalação","un",{"v":18493.6,"d":"18,493.60"},{"$nulls":4},{"v":22525.7,"d":"22,525.70"}]
[308257,"Aparelho de apoio metálico esférico fixo com capacidade de 4.500 kN - fornecimento e instalação","un",{"v":46821.23,"d":"46,821.23"},{"$nulls":4},{"v":57029.51,"d":"57,029.51"}]
[308258,"Aparelho de apoio metálico esférico fixo com capacidade de 5.000 kN - fornecimento e instalação","un",{"v":52055.8,"d":"52,055.80"},{"$nulls":4},{"v":63405.36,"d":"63,405.36"}]
[308259,"Aparelho de apoio metálico esférico fixo com capacidade de 5.500 kN - fornecimento e instalação","un",{"v":56455.06,"d":"56,455.06"},{"$nulls":4},{"v":68763.77,"d":"68,763.77"}]
[308260,"Aparelho de apoio metálico esférico fixo com capacidade de 6.000 kN - fornecimento e instalação","un",{"v":60896.3,"d":"60,896.30"},{"$nulls":4},{"v":74173.33,"d":"74,173.33"}]
[308261,"Aparelho de apoio metálico esférico fixo com capacidade de 6.500 kN - fornecimento e instalação","un",{"v":69200.62,"d":"69,200.62"},{"$nulls":4},{"v":84288.21,"d":"84,288.21"}]
[308262,"Aparelho de apoio metálico esférico fixo com capacidade de 7.000 kN - fornecimento e instalação","un",{"v":71408.53,"d":"71,408.53"},{"$nulls":4},{"v":86977.5,"d":"86,977.50"}]
[308263,"Aparelho de apoio metálico esférico fixo com capacidade de 7.500 kN - fornecimento e instalação","un",{"v":79781.41,"d":"79,781.41"},{"$nulls":4},{"v":97175.9,"d":"97,175.90"}]
[308264,"Aparelho de apoio metálico esférico fixo com capacidade de 8.000 kN - fornecimento e instalação","un",{"v":85298.34,"d":"85,298.34"},{"$nulls":4},{"v":103895.66,"d":"103,895.66"}]
[308265,"Aparelho de apoio metálico esférico fixo com capacidade de 8.500 kN - fornecimento e instalação","un",{"v":87369.33,"d":"87,369.33"},{"$nulls":4},{"v":106418.18,"d":"106,418.18"}]
[308266,"Aparelho de apoio metálico esférico fixo com capacidade de 9.000 kN - fornecimento e instalação","un",{"v":94415.05,"d":"94,415.05"},{"$nulls":4},{"v":115000.06,"d":"115,000.06"}]
[308267,"Aparelho de apoio metálico esférico fixo com capacidade de 9.500 kN - fornecimento e instalação","un",{"v":99556.55,"d":"99,556.55"},{"$nulls":4},{"v":121262.55,"d":"121,262.55"}]
[308288,"Aparelho de apoio metálico esférico multidirecional com capacidade de 1.000 kN - fornecimento e instalação","un",{"v":10621.94,"d":"10,621.94"},{"$nulls":4},{"v":12937.81,"d":"12,937.81"}]
[308289,"Aparelho de apoio metálico esférico multidirecional com capacidade de 1.500 kN - fornecimento e instalação","un",{"v":15023.91,"d":"15,023.91"},{"$nulls":4},{"v":18299.53,"d":"18,299.53"}]
[308306,"Aparelho de apoio metálico esférico multidirecional com capacidade de 10.000 kN - fornecimento e instalação","un",{"v":99823.72,"d":"99,823.72"},{"$nulls":4},{"v":121587.97,"d":"121,587.97"}]
[308290,"Aparelho de apoio metálico esférico multidirecional com capacidade de 2.000 kN - fornecimento e instalação","un",{"v":19986.24,"d":"19,986.24"},{"$nulls":4},{"v":24343.78,"d":"24,343.78"}]
[308291,"Aparelho de apoio metálico esférico multidirecional com capacidade de 2.500 kN - fornecimento e instalação","un",{"v":23815.88,"d":"23,815.88"},{"$nulls":4},{"v":29008.38,"d":"29,008.38"}]
[308292,"Aparelho de apoio metálico esférico multidirecional com capacidade de 3.000 kN - fornecimento e instalação","un",{"v":27902.28,"d":"27,902.28"},{"$nulls":4},{"v":33985.72,"d":"33,985.72"}]
[308293,"Aparelho de apoio metálico esférico multidirecional com capacidade de 3.500 kN - fornecimento e instalação","un",{"v":31711.21,"d":"31,711.21"},{"$nulls":4},{"v":38625.1,"d":"38,625.10"}]
[308294,"Aparelho de apoio metálico esférico multidirecional com capacidade de 4.000 kN - fornecimento e instalação","un",{"v":36176.9,"d":"36,176.90"},{"$nulls":4},{"v":44064.43,"d":"44,064.43"}]
[308295,"Aparelho de apoio metálico esférico multidirecional com capacidade de 4.500 kN - fornecimento e instalação","un",{"v":41920.46,"d":"41,920.46"},{"$nulls":4},{"v":51060.24,"d":"51,060.24"}]
[308296,"Aparelho de apoio metálico esférico multidirecional com capacidade de 5.000 kN - fornecimento e instalação","un",{"v":46669.58,"d":"46,669.58"},{"$nulls":4},{"v":56844.8,"d":"56,844.80"}]
[308297,"Aparelho de apoio metálico esférico multidirecional com capacidade de 5.500 kN - fornecimento e instalação","un",{"v":50556.96,"d":"50,556.96"},{"$nulls":4},{"v":61579.73,"d":"61,579.73"}]
[308298,"Aparelho de apoio metálico esférico multidirecional com capacidade de 6.000 kN - fornecimento e instalação","un",{"v":57673.16,"d":"57,673.16"},{"$nulls":4},{"v":70247.45,"d":"70,247.45"}]
[308299,"Aparelho de apoio metálico esférico multidirecional com capacidade de 6.500 kN - fornecimento e instalação","un",{"v":62323.58,"d":"62,323.58"},{"$nulls":4},{"v":75911.79,"d":"75,911.79"}]
[308300,"Aparelho de apoio metálico esférico multidirecional com capacidade de 7.000 kN - fornecimento e instalação","un",{"v":67106.72,"d":"67,106.72"},{"$nulls":4},{"v":81737.78,"d":"81,737.78"}]
[308301,"Aparelho de apoio metálico esférico multidirecional com capacidade de 7.500 kN - fornecimento e instalação","un",{"v":72423.54,"d":"72,423.54"},{"$nulls":4},{"v":88213.81,"d":"88,213.81"}]
[308302,"Aparelho de apoio metálico esférico multidirecional com capacidade de 8.000 kN - fornecimento e instalação","un",{"v":77168.01,"d":"77,168.01"},{"$nulls":4},{"v":93992.7,"d":"93,992.70"}]
[308303,"Aparelho de apoio metálico esférico multidirecional com capacidade de 8.500 kN - fornecimento e instalação","un",{"v":84909.84,"d":"84,909.84"},{"$nulls":4},{"v":103422.46,"d":"103,422.46"}]
[308304,"Aparelho de apoio metálico esférico multidirecional com capacidade de 9.000 kN - fornecimento e instalação","un",{"v":89475.94,"d":"89,475.94"},{"$nulls":4},{"v":108984.09,"d":"108,984.09"}]
[308305,"Aparelho de apoio metálico esférico multidirecional com capacidade de 9.500 kN - fornecimento e instalação","un",{"v":95053.41,"d":"95,053.41"},{"$nulls":4},{"v":115777.6,"d":"115,777.60"}]
[308269,"Aparelho de apoio metálico esférico unidirecional com capacidade de 1.000 kN - fornecimento e instalação","un",{"v":8321.88,"d":"8,321.88"},{"$nulls":4},{"v":10136.27,"d":"10,136.27"}]
[308270,"Aparelho de apoio metálico esférico unidirecional com capacidade de 1.500 kN - fornecimento e instalação","un",{"v":12106.11,"d":"12,106.11"},{"$nulls":4},{"v":14745.57,"d":"14,745.57"}]
[308287,"Aparelho de apoio metálico esférico unidirecional com capacidade de 10.000 kN - fornecimento e instalação","un",{"v":111178.79,"d":"111,178.79"},{"$nulls":4},{"v":135418.74,"d":"135,418.74"}]
[308271,"Aparelho de apoio metálico esférico unidirecional com capacidade de 2.000 kN - fornecimento e instalação","un",{"v":14792.4,"d":"14,792.40"},{"$nulls":4},{"v":18017.54,"d":"18,017.54"}]
[308272,"Aparelho de apoio metálico esférico unidirecional com capacidade de 2.500 kN - fornecimento e instalação","un",{"v":17441.06,"d":"17,441.06"},{"$nulls":4},{"v":21243.68,"d":"21,243.68"}]
[308273,"Aparelho de apoio metálico esférico unidirecional com capacidade de 3.000 kN - fornecimento e instalação","un",{"v":21410.42,"d":"21,410.42"},{"$nulls":4},{"v":26078.47,"d":"26,078.47"}]
[308274,"Aparelho de apoio metálico esférico unidirecional com capacidade de 3.500 kN - fornecimento e instalação","un",{"v":24636.6,"d":"24,636.60"},{"$nulls":4},{"v":30008.04,"d":"30,008.04"}]
[308275,"Aparelho de apoio metálico esférico unidirecional com capacidade de 4.000 kN - fornecimento e instalação","un",{"v":32098.62,"d":"32,098.62"},{"$nulls":4},{"v":39096.98,"d":"39,096.98"}]
[308276,"Aparelho de apoio metálico esférico unidirecional com capacidade de 4.500 kN - fornecimento e instalação","un",{"v":49073.98,"d":"49,073.98"},{"$nulls":4},{"v":59773.42,"d":"59,773.42"}]
[308277,"Aparelho de apoio metálico esférico unidirecional com capacidade de 5.000 kN - fornecimento e instalação","un",{"v":54340.34,"d":"54,340.34"},{"$nulls":4},{"v":66187.99,"d":"66,187.99"}]
[308278,"Aparelho de apoio metálico esférico unidirecional com capacidade de 5.500 kN - fornecimento e instalação","un",{"v":59050.64,"d":"59,050.64"},{"$nulls":4},{"v":71925.26,"d":"71,925.26"}]
[308279,"Aparelho de apoio metálico esférico unidirecional com capacidade de 6.000 kN - fornecimento e instalação","un",{"v":62101.66,"d":"62,101.66"},{"$nulls":4},{"v":75641.48,"d":"75,641.48"}]
[308280,"Aparelho de apoio metálico esférico unidirecional com capacidade de 6.500 kN - fornecimento e instalação","un",{"v":70951.24,"d":"70,951.24"},{"$nulls":4},{"v":86420.51,"d":"86,420.51"}]
[308281,"Aparelho de apoio metálico esférico unidirecional com capacidade de 7.000 kN - fornecimento e instalação","un",{"v":76211.95,"d":"76,211.95"},{"$nulls":4},{"v":92828.2,"d":"92,828.20"}]
[308282,"Aparelho de apoio metálico esférico unidirecional com capacidade de 7.500 kN - fornecimento e instalação","un",{"v":81961.23,"d":"81,961.23"},{"$nulls":4},{"v":99830.98,"d":"99,830.98"}]
[308283,"Aparelho de apoio metálico esférico unidirecional com capacidade de 8.000 kN - fornecimento e instalação","un",{"v":87068.36,"d":"87,068.36"},{"$nulls":4},{"v":106051.59,"d":"106,051.59"}]
[308284,"Aparelho de apoio metálico esférico unidirecional com capacidade de 8.500 kN - fornecimento e instalação","un",{"v":94173.5,"d":"94,173.50"},{"$nulls":4},{"v":114705.85,"d":"114,705.85"}]
[308285,"Aparelho de apoio metálico esférico unidirecional com capacidade de 9.000 kN - fornecimento e instalação","un",{"v":99992.35,"d":"99,992.35"},{"$nulls":4},{"v":121793.36,"d":"121,793.36"}]
[308286,"Aparelho de apoio metálico esférico unidirecional com capacidade de 9.500 kN - fornecimento e instalação","un",{"v":105846.29,"d":"105,846.29"},{"$nulls":4},{"v":128923.62,"d":"128,923.62"}]
[307733,"Junta de dilatação em elastômero e perfil VV - L = 20 mm e H = 40 mm - fornecimento e instalação","m",357.46,{"$nulls":4},{"v":435.4,"d":"435.40"}]
[307734,"Junta de dilatação em elastômero e perfil VV - L = 25 mm e H = 50 mm - fornecimento e instalação","m",461.85,{"$nulls":4},562.55]
[307735,"Junta de dilatação em elastômero e perfil VV - L = 35 mm e H = 60 mm - fornecimento e instalação","m",795.94,{"$nulls":4},969.48]
[307736,"Junta de dilatação em elastômero e perfil VV - L = 40 mm e H = 70 mm - fornecimento e instalação","m",{"v":1060.9,"d":"1,060.90"},{"$nulls":4},{"v":1292.2,"d":"1,292.20"}]
[307737,"Junta de dilatação em elastômero e perfil VV - L = 50 mm e H = 80 mm - fornecimento e instalação","m",{"v":1293.26,"d":"1,293.26"},{"$nulls":4},{"v":1575.23,"d":"1,575.23"}]
[307730,"Junta de dilatação em perfil extrudado de borracha vulcanizada","m",{"v":0,"d":"0.00"},{"$nulls":4},{"v":0,"d":"0.00"}]
[307084,"Lábios poliméricos em junta de pavimento de concreto - L = 20 mm e H = 30 mm - confecção e assentamento","m",25.39,{"$nulls":4},30.92]
[407818,"Armação em aço CA-25 - fornecimento, preparo e colocação","kg",11.29,{"$nulls":4},13.75]
[407819,"Armação em aço CA-50 - fornecimento, preparo e colocação","kg",11.08,{"$nulls":4},13.49]
[407820,"Armação em aço CA-60 - fornecimento, preparo e colocação","kg",12.21,{"$nulls":4},14.87]
[407740,"Chumbador tipo espera em aço CA-25 para fixação de estrutura metálica em concreto - fornecimento e instalação","kg",13.44,{"$nulls":4},16.37]
[408037,"Luva de emenda com rosca cônica para aço CA-50 - D = 12,5 mm - fornecimento e instalação","un",21.72,{"$nulls":4},26.46]
[408038,"Luva de emenda com rosca cônica para aço CA-50 - D = 16 mm - fornecimento e instalação","un",31.82,{"$nulls":4},38.76]
[408039,"Luva de emenda com rosca cônica para aço CA-50 - D = 20 mm - fornecimento e instalação","un",42.05,{"$nulls":4},51.22]
[408041,"Luva de emenda com rosca cônica para aço CA-50 - D = 25 mm - fornecimento e instalação","un",{"v":59.2,"d":"59.20"},{"$nulls":4},72.11]
[408042,"Luva de emenda com rosca cônica para aço CA-50 - D = 32 mm - fornecimento e instalação","un",{"v":89.2,"d":"89.20"},{"$nulls":4},108.65]
[408031,"Luva de emenda prensada para aço CA-50 - D = 12,5 mm - fornecimento e instalação","un",20.71,{"$nulls":4},25.23]
[408032,"Luva de emenda prensada para aço CA-50 - D = 16 mm - fornecimento e instalação","un",28.28,{"$nulls":4},34.45]
[408033,"Luva de emenda prensada para aço CA-50 - D = 20 mm - fornecimento e instalação","un",39.95,{"$nulls":4},48.66]
[408035,"Luva de emenda prensada para aço CA-50 - D = 25 mm - fornecimento e instalação","un",{"v":73.8,"d":"73.80"},{"$nulls":4},89.89]
[408036,"Luva de emenda prensada para aço CA-50 - D = 32 mm - fornecimento e instalação","un",143.59,{"$nulls":4},{"v":174.9,"d":"174.90"}]
[408067,"Tela de aço eletrossoldada - fornecimento, preparo e colocação","kg",11.73,{"$nulls":4},14.29]
[407743,"Treliça nervurada três barras longitudinais interligadas por duas diagonais sinusoidal - fornecimento e instalação","kg",12.77,{"$nulls":4},15.55]
[607137,"Arco metálico galvanizado tipo MP 152S - arco alto - vão = 10,08 m e altura = 6,12 m - aterro rodoviário mínimo = 0,90 m e máximo = 5,00 m - areia e brita comerciais","m",{"v":49894.94,"d":"49,894.94"},{"$nulls":4},{"v":60773.37,"d":"60,773.37"}]
[606785,"Arco metálico galvanizado tipo MP 152S - arco alto - vão = 10,08 m e altura = 6,12 m - aterro rodoviário mínimo = 0,90 m e máximo = 5,00 m - areia extraída e brita produzida","m",{"v":49342.92,"d":"49,342.92"},{"$nulls":4},{"v":60101,"d":"60,101.00"}]
[607139,"Arco metálico galvanizado tipo MP 152S - arco alto - vão = 10,31 m e altura = 6,17 m - aterro rodoviário mínimo = 0,90 m e máximo = 4,90 m - areia e brita comerciais","m",{"v":50566.18,"d":"50,566.18"},{"$nulls":4},{"v":61590.96,"d":"61,590.96"}]
[606787,"Arco metálico galvanizado tipo MP 152S - arco alto - vão = 10,31 m e altura = 6,17 m - aterro rodoviário mínimo = 0,90 m e máximo = 4,90 m - areia extraída e brita produzida","m",{"v":49721.97,"d":"49,721.97"},{"$nulls":4},{"v":60562.69,"d":"60,562.69"}]
[607140,"Arco metálico galvanizado tipo MP 152S - arco alto - vão = 10,36 m e altura = 5,38 m - aterro rodoviário mínimo = 1,20 m e máximo = 3,60 m - areia e brita comerciais","m",{"v":46186.56,"d":"46,186.56"},{"$nulls":4},{"v":56256.47,"d":"56,256.47"}]
[606788,"Arco metálico galvanizado tipo MP 152S - arco alto - vão = 10,36 m e altura = 5,38 m - aterro rodoviário mínimo = 1,20 m e máximo = 3,60 m - areia extraída e brita produzida","m",{"v":45982.16,"d":"45,982.16"},{"$nulls":4},{"v":56007.5,"d":"56,007.50"}]
[607141,"Arco metálico galvanizado tipo MP 152S - arco alto - vão = 10,54 m e altura = 6,05 m - aterro rodoviário mínimo = 1,20 m e máximo = 4,20 m - areia e brita comerciais","m",{"v":51456.93,"d":"51,456.93"},{"$nulls":4},{"v":62675.92,"d":"62,675.92"}]
[606789,"Arco metálico galvanizado tipo MP 152S - arco alto - vão = 10,54 m e altura = 6,05 m - aterro rodoviário mínimo = 1,20 m e máximo = 4,20 m - areia extraída e brita produzida","m",{"v":50883.23,"d":"50,883.23"},{"$nulls":4},{"v":61977.14,"d":"61,977.14"}]
[607144,"Arco metálico galvanizado tipo MP 152S - arco alto - vão = 10,57 m e altura = 5,41 m - aterro rodoviário mínimo = 1,20 m e máximo = 4,10 m - areia e brita comerciais","m",{"v":60276.13,"d":"60,276.13"},{"$nulls":4},{"v":73417.94,"d":"73,417.94"}]
[606792,"Arco metálico galvanizado tipo MP 152S - arco alto - vão = 10,57 m e altura = 5,41 m - aterro rodoviário mínimo = 1,20 m e máximo = 4,10 m - areia extraída e brita produzida","m",{"v":59752.13,"d":"59,752.13"},{"$nulls":4},{"v":72779.69,"d":"72,779.69"}]
[607142,"Arco metálico galvanizado tipo MP 152S - arco alto - vão = 10,74 m e altura = 6,48 m - aterro rodoviário mínimo = 1,20 m e máximo = 4,70 m - areia e brita comerciais","m",{"v":53982,"d":"53,982.00"},{"$nulls":4},{"v":65751.52,"d":"65,751.52"}]
[606790,"Arco metálico galvanizado tipo MP 152S - arco alto - vão = 10,74 m e altura = 6,48 m - aterro rodoviário mínimo = 1,20 m e máximo = 4,70 m - areia extraída e brita produzida","m",{"v":53364.93,"d":"53,364.93"},{"$nulls":4},{"v":64999.91,"d":"64,999.91"}]
[607145,"Arco metálico galvanizado tipo MP 152S - arco alto - vão = 10,77 m e altura = 6,10 m - aterro rodoviário mínimo = 1,20 m e máximo = 4,70 m - areia e brita comerciais","m",{"v":66540.56,"d":"66,540.56"},{"$nulls":4},{"v":81048.19,"d":"81,048.19"}]
[606793,"Arco metálico galvanizado tipo MP 152S - arco alto - vão = 10,77 m e altura = 6,10 m - aterro rodoviário mínimo = 1,20 m e máximo = 4,70 m - areia extraída e brita produzida","m",{"v":65954.5,"d":"65,954.50"},{"$nulls":4},{"v":80334.35,"d":"80,334.35"}]
[607146,"Arco metálico galvanizado tipo MP 152S - arco alto - vão = 10,97 m e altura = 6,53 m - aterro rodoviário mínimo = 1,20 m e máximo = 4,70 m - areia e brita comerciais","m",{"v":69420.07,"d":"69,420.07"},{"$nulls":4},{"v":84555.51,"d":"84,555.51"}]
[606794,"Arco metálico galvanizado tipo MP 152S - arco alto - vão = 10,97 m e altura = 6,53 m - aterro rodoviário mínimo = 1,20 m e máximo = 4,70 m - areia extraída e brita produzida","m",{"v":68783.99,"d":"68,783.99"},{"$nulls":4},{"v":83780.74,"d":"83,780.74"}]
[607143,"Arco metálico galvanizado tipo MP 152S - arco alto - vão = 11,35 m e altura = 7,12 m - aterro rodoviário mínimo = 1,20 m e máximo = 4,70 m - areia e brita comerciais","m",{"v":58320.38,"d":"58,320.38"},{"$nulls":4},{"v":71035.79,"d":"71,035.79"}]
[606791,"Arco metálico galvanizado tipo MP 152S - arco alto - vão = 11,35 m e altura = 7,12 m - aterro rodoviário mínimo = 1,20 m e máximo = 4,70 m - areia extraída e brita produzida","m",{"v":57609.96,"d":"57,609.96"},{"$nulls":4},{"v":70170.47,"d":"70,170.47"}]
[607147,"Arco metálico galvanizado tipo MP 152S - arco alto - vão = 11,58 m e altura = 7,16 m - aterro rodoviário mínimo = 1,20 m e máximo = 6,40 m - areia e brita comerciais","m",{"v":74902.06,"d":"74,902.06"},{"$nulls":4},{"v":91232.72,"d":"91,232.72"}]
[606795,"Arco metálico galvanizado tipo MP 152S - arco alto - vão = 11,58 m e altura = 7,16 m - aterro rodoviário mínimo = 1,20 m e máximo = 6,40 m - areia extraída e brita produzida","m",{"v":74169.1,"d":"74,169.10"},{"$nulls":4},{"v":90339.95,"d":"90,339.95"}]
[607112,"Arco metálico galvanizado tipo MP 152S - arco alto - vão = 6,12 m e altura = 2,77 m - aterro rodoviário mínimo = 0,75 m e máximo = 5,40 m - areia e brita comerciais","m",{"v":24181.39,"d":"24,181.39"},{"$nulls":4},{"v":29453.58,"d":"29,453.58"}]
[606760,"Arco metálico galvanizado tipo MP 152S - arco alto - vão = 6,12 m e altura = 2,77 m - aterro rodoviário mínimo = 0,75 m e máximo = 5,40 m - areia extraída e brita produzida","m",{"v":23989.26,"d":"23,989.26"},{"$nulls":4},{"v":29219.56,"d":"29,219.56"}]
[607113,"Arco metálico galvanizado tipo MP 152S - arco alto - vão = 6,30 m e altura = 3,68 m - aterro rodoviário mínimo = 0,75 m e máximo = 7,50 m - areia e brita comerciais","m",{"v":28553.9,"d":"28,553.90"},{"$nulls":4},{"v":34779.41,"d":"34,779.41"}]
[606761,"Arco metálico galvanizado tipo MP 152S - arco alto - vão = 6,30 m e altura = 3,68 m - aterro rodoviário mínimo = 0,75 m e máximo = 7,50 m - areia extraída e brita produzida","m",{"v":28333.05,"d":"28,333.05"},{"$nulls":4},{"v":34510.41,"d":"34,510.41"}]
[606762,"Arco metálico galvanizado tipo MP 152S - arco alto - vão = 6,55 m e altura = 3,56 m - aterro rodoviário mínimo = 0,75 m e máximo = 4,9 m - areia extraída e brita produzida","m",{"v":28509.15,"d":"28,509.15"},{"$nulls":4},{"v":34724.91,"d":"34,724.91"}]
[607114,"Arco metálico galvanizado tipo MP 152S - arco alto - vão = 6,55 m e altura = 3,56 m - aterro rodoviário mínimo = 0,75 m e máximo = 4,90 m - areia e brita comerciais","m",{"v":28734.19,"d":"28,734.19"},{"$nulls":4},{"v":34999.01,"d":"34,999.01"}]
[607116,"Arco metálico galvanizado tipo MP 152S - arco alto - vão = 6,78 m e altura = 3,61 m - aterro rodoviário mínimo = 0,75 m e máximo = 4,80 m - areia e brita comerciais","m",{"v":30012.23,"d":"30,012.23"},{"$nulls":4},{"v":36555.7,"d":"36,555.70"}]
[606764,"Arco metálico galvanizado tipo MP 152S - arco alto - vão = 6,78 m e altura = 3,61 m - aterro rodoviário mínimo = 0,75 m e máximo = 4,80 m - areia extraída e brita produzida","m",{"v":29777.72,"d":"29,777.72"},{"$nulls":4},{"v":36270.06,"d":"36,270.06"}]
[607115,"Arco metálico galvanizado tipo MP 152S - arco alto - vão = 6,96 m e altura = 4,42 m - aterro rodoviário mínimo = 0,75 m e máximo = 8,10 m - areia e brita comerciais","m",{"v":34080.43,"d":"34,080.43"},{"$nulls":4},{"v":41510.88,"d":"41,510.88"}]
[606763,"Arco metálico galvanizado tipo MP 152S - arco alto - vão = 6,96 m e altura = 4,42 m - aterro rodoviário mínimo = 0,75 m e máximo = 8,10 m - areia extraída e brita produzida","m",{"v":33798.31,"d":"33,798.31"},{"$nulls":4},{"v":41167.25,"d":"41,167.25"}]
[607117,"Arco metálico galvanizado tipo MP 152S - arco alto - vão = 6,99 m e altura = 4,27 m - aterro rodoviário mínimo = 0,75 m e máximo = 5,70 m - areia e brita comerciais","m",{"v":34068.4,"d":"34,068.40"},{"$nulls":4},{"v":41496.23,"d":"41,496.23"}]
[606765,"Arco metálico galvanizado tipo MP 152S - arco alto - vão = 6,99 m e altura = 4,27 m - aterro rodoviário mínimo = 0,75 m e máximo = 5,70 m - areia extraída e brita produzida","m",{"v":33794.03,"d":"33,794.03"},{"$nulls":4},{"v":41162.03,"d":"41,162.03"}]
[607118,"Arco metálico galvanizado tipo MP 152S - arco alto - vão = 7,01 m e altura = 3,63 m - aterro rodoviário mínimo = 0,75 m e máximo = 4,60 m - areia e brita comerciais","m",{"v":30540.29,"d":"30,540.29"},{"$nulls":4},{"v":37198.89,"d":"37,198.89"}]
[606766,"Arco metálico galvanizado tipo MP 152S - arco alto - vão = 7,01 m e altura = 3,63 m - aterro rodoviário mínimo = 0,75 m e máximo = 4,60 m - areia extraída e brita produzida","m",{"v":30298.19,"d":"30,298.19"},{"$nulls":4},{"v":36904.01,"d":"36,904.01"}]
[607120,"Arco metálico galvanizado tipo MP 152S - arco alto - vão = 7,24 m e altura = 3,68 m - aterro rodoviário mínimo = 0,90 m e máximo = 4,4 m - areia e brita comerciais","m",{"v":31102.16,"d":"31,102.16"},{"$nulls":4},{"v":37883.27,"d":"37,883.27"}]
[606768,"Arco metálico galvanizado tipo MP 152S - arco alto - vão = 7,24 m e altura = 3,68 m - aterro rodoviário mínimo = 0,90 m e máximo = 4,40 m - areia extraída e brita produzida","m",{"v":30847.23,"d":"30,847.23"},{"$nulls":4},{"v":37572.75,"d":"37,572.75"}]
[607119,"Arco metálico galvanizado tipo MP 152S - arco alto - vão = 7,42 m e altura = 4,52 m - aterro rodoviário mínimo = 0,90 m e máximo = 6,40 m - areia e brita comerciais","m",{"v":35748.09,"d":"35,748.09"},{"$nulls":4},{"v":43542.13,"d":"43,542.13"}]
[606767,"Arco metálico galvanizado tipo MP 152S - arco alto - vão = 7,42 m e altura = 4,52 m - aterro rodoviário mínimo = 0,90 m e máximo = 6,40 m - areia extraída e brita produzida","m",{"v":35437.19,"d":"35,437.19"},{"$nulls":4},{"v":43163.45,"d":"43,163.45"}]
[607121,"Arco metálico galvanizado tipo MP 152S - arco alto - vão = 7,47 m e altura = 4,19 m - aterro rodoviário mínimo = 0,90 m e máximo = 4,30 m - areia e brita comerciais","m",{"v":33681.91,"d":"33,681.91"},{"$nulls":4},{"v":41025.47,"d":"41,025.47"}]
[606769,"Arco metálico galvanizado tipo MP 152S - arco alto - vão = 7,47 m e altura = 4,19 m - aterro rodoviário mínimo = 0,90 m e máximo = 4,30 m - areia extraída e brita produzida","m",{"v":33391.26,"d":"33,391.26"},{"$nulls":4},{"v":40671.45,"d":"40,671.45"}]
[607123,"Arco metálico galvanizado tipo MP 152S - arco alto - vão = 7,67 m e altura = 3,99 m - aterro rodoviário mínimo = 0,90 m e máximo = 4,10 m - areia e brita comerciais","m",{"v":33233.63,"d":"33,233.63"},{"$nulls":4},{"v":40479.45,"d":"40,479.45"}]
[606771,"Arco metálico galvanizado tipo MP 152S - arco alto - vão = 7,67 m e altura = 3,99 m - aterro rodoviário mínimo = 0,90 m e máximo = 4,10 m - areia extraída e brita produzida","m",{"v":32944.06,"d":"32,944.06"},{"$nulls":4},{"v":40126.75,"d":"40,126.75"}]
[607122,"Arco metálico galvanizado tipo MP 152S - arco alto - vão = 7,85 m e altura = 4,60 m - aterro rodoviário mínimo = 0,90 m e máximo = 6,00 m - areia e brita comerciais","m",{"v":36862.48,"d":"36,862.48"},{"$nulls":4},{"v":44899.49,"d":"44,899.49"}]
[606770,"Arco metálico galvanizado tipo MP 152S - arco alto - vão = 7,85 m e altura = 4,60 m - aterro rodoviário mínimo = 0,90 m e máximo = 6,00 m - areia extraída e brita produzida","m",{"v":36528.52,"d":"36,528.52"},{"$nulls":4},{"v":44492.72,"d":"44,492.72"}]
[607125,"Arco metálico galvanizado tipo MP 152S - arco alto - vão = 7,90 m e altura = 4,04 m - aterro rodoviário mínimo = 0,90 m e máximo = 4,00 m - areia e brita comerciais","m",{"v":34355.53,"d":"34,355.53"},{"$nulls":4},{"v":41845.96,"d":"41,845.96"}]
[606773,"Arco metálico galvanizado tipo MP 152S - arco alto - vão = 7,90 m e altura = 4,04 m - aterro rodoviário mínimo = 0,90 m e máximo = 4,00 m - areia extraída e brita produzida","m",{"v":34050.86,"d":"34,050.86"},{"$nulls":4},{"v":41474.86,"d":"41,474.86"}]
[607124,"Arco metálico galvanizado tipo MP 152S - arco alto - vão = 8,08 m e altura = 4,65 m - aterro rodoviário mínimo = 0,90 m e máximo = 5,80 m - areia e brita comerciais","m",{"v":37417.23,"d":"37,417.23"},{"$nulls":4},{"v":45575.19,"d":"45,575.19"}]
[606772,"Arco metálico galvanizado tipo MP 152S - arco alto - vão = 8,08 m e altura = 4,65 m - aterro rodoviário mínimo = 0,90 m e máximo = 5,80 m - areia extraída e brita produzida","m",{"v":37072.58,"d":"37,072.58"},{"$nulls":4},{"v":45155.4,"d":"45,155.40"}]
[607126,"Arco metálico galvanizado tipo MP 152S - arco alto - vão = 8,31 m e altura = 4,70 m - aterro rodoviário mínimo = 0,90 m e máximo = 5,60 m - areia e brita comerciais","m",{"v":38458.83,"d":"38,458.83"},{"$nulls":4},{"v":46843.89,"d":"46,843.89"}]
[606774,"Arco metálico galvanizado tipo MP 152S - arco alto - vão = 8,31 m e altura = 4,70 m - aterro rodoviário mínimo = 0,90 m e máximo = 5,60 m - areia extraída e brita produzida","m",{"v":38097.59,"d":"38,097.59"},{"$nulls":4},{"v":46403.88,"d":"46,403.88"}]
[607127,"Arco metálico galvanizado tipo MP 152S - arco alto - vão = 8,36 m e altura = 4,11 m - aterro rodoviário mínimo = 0,90 m e máximo = 3,70 m - areia e brita comerciais","m",{"v":35418.68,"d":"35,418.68"},{"$nulls":4},{"v":43140.9,"d":"43,140.90"}]
[606775,"Arco metálico galvanizado tipo MP 152S - arco alto - vão = 8,36 m e altura = 4,11 m - aterro rodoviário mínimo = 0,90 m e máximo = 3,70 m - areia extraída e brita produzida","m",{"v":35095.7,"d":"35,095.70"},{"$nulls":4},{"v":42747.5,"d":"42,747.50"}]
[607129,"Arco metálico galvanizado tipo MP 152S - arco alto - vão = 8,59 m e altura = 4,39 m - aterro rodoviário mínimo = 0,90 m e máximo = 3,60 m - areia e brita comerciais","m",{"v":37068.86,"d":"37,068.86"},{"$nulls":4},{"v":45150.87,"d":"45,150.87"}]
[606777,"Arco metálico galvanizado tipo MP 152S - arco alto - vão = 8,59 m e altura = 4,39 m - aterro rodoviário mínimo = 0,90 m e máximo = 3,60 m - areia extraída e brita produzida","m",{"v":36715.14,"d":"36,715.14"},{"$nulls":4},{"v":44720.03,"d":"44,720.03"}]
[607128,"Arco metálico galvanizado tipo MP 152S - arco alto - vão = 8,97 m e altura = 5,00 m - aterro rodoviário mínimo = 0,90 m e máximo = 5,80 m - areia e brita comerciais","m",{"v":40763.11,"d":"40,763.11"},{"$nulls":4},{"v":49650.56,"d":"49,650.56"}]
[606776,"Arco metálico galvanizado tipo MP 152S - arco alto - vão = 8,97 m e altura = 5,00 m - aterro rodoviário mínimo = 0,90 m e máximo = 5,80 m - areia extraída e brita produzida","m",{"v":40349.82,"d":"40,349.82"},{"$nulls":4},{"v":49147.16,"d":"49,147.16"}]
[607130,"Arco metálico galvanizado tipo MP 152S - arco alto - vão = 9,17 m e altura = 5,49 m - aterro rodoviário mínimo = 0,90 m e máximo = 5,60 m - areia e brita comerciais","m",{"v":43450.9,"d":"43,450.90"},{"$nulls":4},{"v":52924.36,"d":"52,924.36"}]
[606778,"Arco metálico galvanizado tipo MP 152S - arco alto - vão = 9,17 m e altura = 5,49 m - aterro rodoviário mínimo = 0,90 m e máximo = 5,60 m - areia extraída e brita produzida","m",{"v":42996.62,"d":"42,996.62"},{"$nulls":4},{"v":52371.04,"d":"52,371.04"}]
[607131,"Arco metálico galvanizado tipo MP 152S - arco alto - vão = 9,22 m e altura = 4,70 m - aterro rodoviário mínimo = 0,90 m e máximo = 4,10 m - areia e brita comerciais","m",{"v":40768.84,"d":"40,768.84"},{"$nulls":4},{"v":49657.54,"d":"49,657.54"}]
[606779,"Arco metálico galvanizado tipo MP 152S - arco alto - vão = 9,22 m e altura = 4,70 m - aterro rodoviário mínimo = 0,90 m e máximo = 4,10 m - areia extraída e brita produzida","m",{"v":40366.95,"d":"40,366.95"},{"$nulls":4},{"v":49168.03,"d":"49,168.03"}]
[607133,"Arco metálico galvanizado tipo MP 152S - arco alto - vão = 9,45 m e altura = 4,75 m - aterro rodoviário mínimo = 0,90 m e máximo = 4,00 m - areia e brita comerciais","m",{"v":41384.44,"d":"41,384.44"},{"$nulls":4},{"v":50407.36,"d":"50,407.36"}]
[606781,"Arco metálico galvanizado tipo MP 152S - arco alto - vão = 9,45 m e altura = 4,75 m - aterro rodoviário mínimo = 0,90 m e máximo = 4,00 m - areia extraída e brita produzida","m",{"v":40970.47,"d":"40,970.47"},{"$nulls":4},{"v":49903.13,"d":"49,903.13"}]
[607132,"Arco metálico galvanizado tipo MP 152S - arco alto - vão = 9,63 m e altura = 5,59 m - aterro rodoviário mínimo = 0,90 m e máximo = 5,30 m - areia e brita comerciais","m",{"v":45133.25,"d":"45,133.25"},{"$nulls":4},{"v":54973.51,"d":"54,973.51"}]
[606780,"Arco metálico galvanizado tipo MP 152S - arco alto - vão = 9,63 m e altura = 5,59 m - aterro rodoviário mínimo = 0,90 m e máximo = 5,30 m - areia extraída e brita produzida","m",{"v":44647.13,"d":"44,647.13"},{"$nulls":4},{"v":54381.4,"d":"54,381.40"}]
[607134,"Arco metálico galvanizado tipo MP 152S - arco alto - vão = 9,65 m e altura = 5,41 m - aterro rodoviário mínimo = 0,90 m e máximo = 4,70 m - areia e brita comerciais","m",{"v":44685.79,"d":"44,685.79"},{"$nulls":4},{"v":54428.49,"d":"54,428.49"}]
[606782,"Arco metálico galvanizado tipo MP 152S - arco alto - vão = 9,65 m e altura = 5,41 m - aterro rodoviário mínimo = 0,90 m e máximo = 4,70 m - areia extraída e brita produzida","m",{"v":44210.78,"d":"44,210.78"},{"$nulls":4},{"v":53849.91,"d":"53,849.91"}]
[607136,"Arco metálico galvanizado tipo MP 152S - arco alto - vão = 9,68 m e altura = 5,23 m - aterro rodoviário mínimo = 0,90 m e máximo = 3,90 m - areia e brita comerciais","m",{"v":44086.05,"d":"44,086.05"},{"$nulls":4},{"v":53697.99,"d":"53,697.99"}]
[606784,"Arco metálico galvanizado tipo MP 152S - arco alto - vão = 9,68 m e altura = 5,23 m - aterro rodoviário mínimo = 0,90 m e máximo = 3,90 m - areia extraída e brita produzida","m",{"v":43626.22,"d":"43,626.22"},{"$nulls":4},{"v":53137.9,"d":"53,137.90"}]
[607135,"Arco metálico galvanizado tipo MP 152S - arco alto - vão = 9,86 m e altura = 6,07 m - aterro rodoviário mínimo = 0,90 m e máximo = 5,20 m - areia e brita comerciais","m",{"v":49178.57,"d":"49,178.57"},{"$nulls":4},{"v":59900.81,"d":"59,900.81"}]
[606783,"Arco metálico galvanizado tipo MP 152S - arco alto - vão = 9,86 m e altura = 6,07 m - aterro rodoviário mínimo = 0,90 m e máximo = 5,20 m - areia extraída e brita produzida","m",{"v":48645.5,"d":"48,645.50"},{"$nulls":4},{"v":59251.52,"d":"59,251.52"}]
[607138,"Arco metálico galvanizado tipo MP 152S - arco alto - vão = 9,91 m e altura = 5,28 m - aterro rodoviário mínimo = 0,90 m e máximo = 3,80 m - areia e brita comerciais","m",{"v":44847.85,"d":"44,847.85"},{"$nulls":4},{"v":54625.88,"d":"54,625.88"}]
[606786,"Arco metálico galvanizado tipo MP 152S - arco alto - vão = 9,91 m e altura = 5,28 m - aterro rodoviário mínimo = 0,90 m e máximo = 3,80 m - areia extraída e brita produzida","m",{"v":44357.99,"d":"44,357.99"},{"$nulls":4},{"v":54029.22,"d":"54,029.22"}]
[606842,"Arco metálico galvanizado tipo MP 152S - ovoide - vão = 7,21 m e altura = 7,82 m - aterro rodoviário mínimo = 0,75 m e máximo = 6,70 m - areia e brita comerciais","m",{"v":55633.23,"d":"55,633.23"},{"$nulls":4},{"v":67762.76,"d":"67,762.76"}]
[606832,"Arco metálico galvanizado tipo MP 152S - ovoide - vão = 7,21 m e altura = 7,82 m - aterro rodoviário mínimo = 0,75 m e máximo = 6,70 m - areia extraída e brita produzida","m",{"v":55319.05,"d":"55,319.05"},{"$nulls":4},{"v":67380.09,"d":"67,380.09"}]
[606843,"Arco metálico galvanizado tipo MP 152S - ovoide - vão = 7,31 m e altura = 7,87 m - aterro rodoviário mínimo = 0,90 m e máximo = 6,80 m - areia e brita comerciais","m",{"v":57803.65,"d":"57,803.65"},{"$nulls":4},{"v":70406.4,"d":"70,406.40"}]
[606833,"Arco metálico galvanizado tipo MP 152S - ovoide - vão = 7,31 m e altura = 7,87 m - aterro rodoviário mínimo = 0,90 m e máximo = 6,80 m - areia extraída e brita produzida","m",{"v":57474.98,"d":"57,474.98"},{"$nulls":4},{"v":70006.07,"d":"70,006.07"}]
[606845,"Arco metálico galvanizado tipo MP 152S - ovoide - vão = 7,57 m e altura = 8,44 m - aterro rodoviário mínimo = 0,90 m e máximo = 5,60 m - areia e brita comerciais","m",{"v":59935.92,"d":"59,935.92"},{"$nulls":4},{"v":73003.56,"d":"73,003.56"}]
[606835,"Arco metálico galvanizado tipo MP 152S - ovoide - vão = 7,57 m e altura = 8,44 m - aterro rodoviário mínimo = 0,90 m e máximo = 5,60 m - areia extraída e brita produzida","m",{"v":59607.11,"d":"59,607.11"},{"$nulls":4},{"v":72603.06,"d":"72,603.06"}]
[606844,"Arco metálico galvanizado tipo MP 152S - ovoide - vão = 7,77 m e altura = 7,90 m - aterro rodoviário mínimo = 0,90 m e máximo = 6,80 m - areia e brita comerciais","m",{"v":59066.47,"d":"59,066.47"},{"$nulls":4},{"v":71944.54,"d":"71,944.54"}]
[606834,"Arco metálico galvanizado tipo MP 152S - ovoide - vão = 7,77 m e altura = 7,90 m - aterro rodoviário mínimo = 0,90 m e máximo = 6,80 m - areia extraída e brita produzida","m",{"v":58728.3,"d":"58,728.30"},{"$nulls":4},{"v":71532.64,"d":"71,532.64"}]
[606847,"Arco metálico galvanizado tipo MP 152S - ovoide - vão = 8,13 m e altura = 8,01 m - aterro rodoviário mínimo = 0,90 m e máximo = 3,50 m - areia e brita comerciais","m",{"v":62681.86,"d":"62,681.86"},{"$nulls":4},{"v":76348.18,"d":"76,348.18"}]
[606837,"Arco metálico galvanizado tipo MP 152S - ovoide - vão = 8,13 m e altura = 8,01 m - aterro rodoviário mínimo = 0,90 m e máximo = 3,50 m - areia extraída e brita produzida","m",{"v":62314.34,"d":"62,314.34"},{"$nulls":4},{"v":75900.54,"d":"75,900.54"}]
[606846,"Arco metálico galvanizado tipo MP 152S - ovoide - vão = 8,36 m e altura = 8,23 m - aterro rodoviário mínimo = 0,90 m e máximo = 4,30 m - areia e brita comerciais","m",{"v":63061.22,"d":"63,061.22"},{"$nulls":4},{"v":76810.26,"d":"76,810.26"}]
[606836,"Arco metálico galvanizado tipo MP 152S - ovoide - vão = 8,36 m e altura = 8,23 m - aterro rodoviário mínimo = 0,90 m e máximo = 4,30 m - areia extraída e brita produzida","m",{"v":62689.15,"d":"62,689.15"},{"$nulls":4},{"v":76357.06,"d":"76,357.06"}]
[606848,"Arco metálico galvanizado tipo MP 152S - ovoide - vão = 8,56 m e altura = 8,48 m - aterro rodoviário mínimo = 0,90 m e máximo = 5,30 m - areia e brita comerciais","m",{"v":63206.52,"d":"63,206.52"},{"$nulls":4},{"v":76987.24,"d":"76,987.24"}]
[606838,"Arco metálico galvanizado tipo MP 152S - ovoide - vão = 8,56 m e altura = 8,48 m - aterro rodoviário mínimo = 0,90 m e máximo = 5,30 m - areia extraída e brita produzida","m",{"v":62820.36,"d":"62,820.36"},{"$nulls":4},{"v":76516.88,"d":"76,516.88"}]
[606849,"Arco metálico galvanizado tipo MP 152S - ovoide - vão = 8,71 m e altura = 9,32 m - aterro rodoviário mínimo = 0,90 m e máximo = 6,00 m - areia e brita comerciais","m",{"v":68677.04,"d":"68,677.04"},{"$nulls":4},{"v":83650.47,"d":"83,650.47"}]
[606839,"Arco metálico galvanizado tipo MP 152S - ovoide - vão = 8,71 m e altura = 9,32 m - aterro rodoviário mínimo = 0,90 m e máximo = 6,00 m - areia extraída e brita produzida","m",{"v":68298.69,"d":"68,298.69"},{"$nulls":4},{"v":83189.63,"d":"83,189.63"}]
[606850,"Arco metálico galvanizado tipo MP 152S - ovoide - vão = 9,15 m e altura = 9,04 m - aterro rodoviário mínimo = 0,90 m e máximo = 4,70 m - areia e brita comerciais","m",{"v":68978.51,"d":"68,978.51"},{"$nulls":4},{"v":84017.67,"d":"84,017.67"}]
[606840,"Arco metálico galvanizado tipo MP 152S - ovoide - vão = 9,15 m e altura = 9,04 m - aterro rodoviário mínimo = 0,90 m e máximo = 4,70 m - areia extraída e brita produzida","m",{"v":68566.95,"d":"68,566.95"},{"$nulls":4},{"v":83516.38,"d":"83,516.38"}]
[606851,"Arco metálico galvanizado tipo MP 152S - ovoide - vão = 9,15 m e altura = 9,50 m - aterro rodoviário mínimo = 0,90 m e máximo = 5,70 m - areia e brita comerciais","m",{"v":69352.36,"d":"69,352.36"},{"$nulls":4},{"v":84473.03,"d":"84,473.03"}]
[606841,"Arco metálico galvanizado tipo MP 152S - ovoide - vão = 9,15 m e altura = 9,50 m - aterro rodoviário mínimo = 0,90 m e máximo = 5,70 m - areia extraída e brita produzida","m",{"v":68956.44,"d":"68,956.44"},{"$nulls":4},{"v":83990.79,"d":"83,990.79"}]
[605604,"Argamassa de solo-cimento com 10% de cimento e material de jazida - preparo e injeção em tunnel liner","m³",242.22,{"$nulls":4},295.03]
[605695,"Bueiro metálico com chapas múltiplas MP 100 com revestimento em epóxi - D = 0,60 m - brita comercial","m",{"v":1326.68,"d":"1,326.68"},{"$nulls":4},{"v":1615.93,"d":"1,615.93"}]
[605607,"Bueiro metálico com chapas múltiplas MP 100 com revestimento em epóxi - D = 0,60 m - brita produzida","m",{"v":1300.41,"d":"1,300.41"},{"$nulls":4},{"v":1583.94,"d":"1,583.94"}]
[605696,"Bueiro metálico com chapas múltiplas MP 100 com revestimento em epóxi - D = 0,70 m - brita comercial","m",{"v":1527.02,"d":"1,527.02"},{"$nulls":4},{"v":1859.95,"d":"1,859.95"}]
[605608,"Bueiro metálico com chapas múltiplas MP 100 com revestimento em epóxi - D = 0,70 m - brita produzida","m",{"v":1499.11,"d":"1,499.11"},{"$nulls":4},{"v":1825.96,"d":"1,825.96"}]
[605697,"Bueiro metálico com chapas múltiplas MP 100 com revestimento em epóxi - D = 0,80 m - brita comercial","m",{"v":1727.39,"d":"1,727.39"},{"$nulls":4},{"v":2104.01,"d":"2,104.01"}]
[605609,"Bueiro metálico com chapas múltiplas MP 100 com revestimento em epóxi - D = 0,80 m - brita produzida","m",{"v":1697.84,"d":"1,697.84"},{"$nulls":4},{"v":2068.01,"d":"2,068.01"}]
[605698,"Bueiro metálico com chapas múltiplas MP 100 com revestimento em epóxi - D = 0,90 m - brita comercial","m",{"v":1888.69,"d":"1,888.69"},{"$nulls":4},{"v":2300.47,"d":"2,300.47"}]
[605610,"Bueiro metálico com chapas múltiplas MP 100 com revestimento em epóxi - D = 0,90 m - brita produzida","m",{"v":1857.5,"d":"1,857.50"},{"$nulls":4},{"v":2262.48,"d":"2,262.48"}]
[605699,"Bueiro metálico com chapas múltiplas MP 100 com revestimento em epóxi - D = 1,00 m - brita comercial","m",{"v":2089.01,"d":"2,089.01"},{"$nulls":4},{"v":2544.47,"d":"2,544.47"}]
[605611,"Bueiro metálico com chapas múltiplas MP 100 com revestimento em epóxi - D = 1,00 m - brita produzida","m",{"v":2056.17,"d":"2,056.17"},{"$nulls":4},{"v":2504.47,"d":"2,504.47"}]
[605700,"Bueiro metálico com chapas múltiplas MP 100 com revestimento em epóxi - D = 1,10 m - brita comercial","m",{"v":2367.58,"d":"2,367.58"},{"$nulls":4},{"v":2883.78,"d":"2,883.78"}]
[605612,"Bueiro metálico com chapas múltiplas MP 100 com revestimento em epóxi - D = 1,10 m - brita produzida","m",{"v":2333.11,"d":"2,333.11"},{"$nulls":4},{"v":2841.79,"d":"2,841.79"}]
[605701,"Bueiro metálico com chapas múltiplas MP 100 com revestimento em epóxi - D = 1,20 m - brita comercial","m",{"v":2528.86,"d":"2,528.86"},{"$nulls":4},{"v":3080.22,"d":"3,080.22"}]
[605613,"Bueiro metálico com chapas múltiplas MP 100 com revestimento em epóxi - D = 1,20 m - brita produzida","m",{"v":2492.74,"d":"2,492.74"},{"$nulls":4},{"v":3036.22,"d":"3,036.22"}]
[605702,"Bueiro metálico com chapas múltiplas MP 100 com revestimento em epóxi - D = 1,30 m - brita comercial","m",{"v":2764.2,"d":"2,764.20"},{"$nulls":4},{"v":3366.87,"d":"3,366.87"}]
[605614,"Bueiro metálico com chapas múltiplas MP 100 com revestimento em epóxi - D = 1,30 m - brita produzida","m",{"v":2707.56,"d":"2,707.56"},{"$nulls":4},{"v":3297.88,"d":"3,297.88"}]
[605703,"Bueiro metálico com chapas múltiplas MP 100 com revestimento em epóxi - D = 1,40 m - brita comercial","m",{"v":2929.03,"d":"2,929.03"},{"$nulls":4},{"v":3567.64,"d":"3,567.64"}]
[605615,"Bueiro metálico com chapas múltiplas MP 100 com revestimento em epóxi - D = 1,40 m - brita produzida","m",{"v":2869.93,"d":"2,869.93"},{"$nulls":4},{"v":3495.65,"d":"3,495.65"}]
[605704,"Bueiro metálico com chapas múltiplas MP 100 com revestimento em epóxi - D = 1,50 m - brita comercial","m",{"v":3133.42,"d":"3,133.42"},{"$nulls":4},{"v":3816.59,"d":"3,816.59"}]
[605616,"Bueiro metálico com chapas múltiplas MP 100 com revestimento em epóxi - D = 1,50 m - brita produzida","m",{"v":3071.85,"d":"3,071.85"},{"$nulls":4},{"v":3741.6,"d":"3,741.60"}]
[605705,"Bueiro metálico com chapas múltiplas MP 100 com revestimento em epóxi - D = 1,60 m - brita comercial","m",{"v":3340.76,"d":"3,340.76"},{"$nulls":4},{"v":4069.14,"d":"4,069.14"}]
[605617,"Bueiro metálico com chapas múltiplas MP 100 com revestimento em epóxi - D = 1,60 m - brita produzida","m",{"v":3276.73,"d":"3,276.73"},{"$nulls":4},{"v":3991.15,"d":"3,991.15"}]
[605706,"Bueiro metálico com chapas múltiplas MP 100 com revestimento em epóxi - D = 1,70 m - brita comercial","m",{"v":3510.07,"d":"3,510.07"},{"$nulls":4},{"v":4275.36,"d":"4,275.36"}]
[605618,"Bueiro metálico com chapas múltiplas MP 100 com revestimento em epóxi - D = 1,70 m - brita produzida","m",{"v":3443.58,"d":"3,443.58"},{"$nulls":4},{"v":4194.37,"d":"4,194.37"}]
[605707,"Bueiro metálico com chapas múltiplas MP 100 com revestimento em epóxi - D = 1,80 m - brita comercial","m",{"v":3887.57,"d":"3,887.57"},{"$nulls":4},{"v":4735.17,"d":"4,735.17"}]
[605619,"Bueiro metálico com chapas múltiplas MP 100 com revestimento em epóxi - D = 1,80 m - brita produzida","m",{"v":3818.62,"d":"3,818.62"},{"$nulls":4},{"v":4651.18,"d":"4,651.18"}]
[605708,"Bueiro metálico com chapas múltiplas MP 100 com revestimento em epóxi - D = 1,90 m - brita comercial","m",{"v":4556.78,"d":"4,556.78"},{"$nulls":4},{"v":5550.28,"d":"5,550.28"}]
[605620,"Bueiro metálico com chapas múltiplas MP 100 com revestimento em epóxi - D = 1,90 m - brita produzida","m",{"v":4485.36,"d":"4,485.36"},{"$nulls":4},{"v":5463.29,"d":"5,463.29"}]
[605709,"Bueiro metálico com chapas múltiplas MP 100 com revestimento em epóxi - D = 2,00 m - brita comercial","m",{"v":4775.8,"d":"4,775.80"},{"$nulls":4},{"v":5817.05,"d":"5,817.05"}]
[605621,"Bueiro metálico com chapas múltiplas MP 100 com revestimento em epóxi - D = 2,00 m - brita produzida","m",{"v":4701.92,"d":"4,701.92"},{"$nulls":4},{"v":5727.06,"d":"5,727.06"}]
[605710,"Bueiro metálico com chapas múltiplas MP 100 com revestimento em epóxi - D = 2,10 m - brita comercial","m",{"v":5127.31,"d":"5,127.31"},{"$nulls":4},{"v":6245.2,"d":"6,245.20"}]
[605622,"Bueiro metálico com chapas múltiplas MP 100 com revestimento em epóxi - D = 2,10 m - brita produzida","m",{"v":5050.96,"d":"5,050.96"},{"$nulls":4},{"v":6152.21,"d":"6,152.21"}]
[605711,"Bueiro metálico com chapas múltiplas MP 100 com revestimento em epóxi - D = 2,20 m - brita comercial","m",{"v":5297.74,"d":"5,297.74"},{"$nulls":4},{"v":6452.79,"d":"6,452.79"}]
[605623,"Bueiro metálico com chapas múltiplas MP 100 com revestimento em epóxi - D = 2,20 m - brita produzida","m",{"v":5218.93,"d":"5,218.93"},{"$nulls":4},{"v":6356.8,"d":"6,356.80"}]
[605712,"Bueiro metálico com chapas múltiplas MP 100 com revestimento em epóxi - D = 2,30 m - brita comercial","m",{"v":5574.25,"d":"5,574.25"},{"$nulls":4},{"v":6789.59,"d":"6,789.59"}]
[605624,"Bueiro metálico com chapas múltiplas MP 100 com revestimento em epóxi - D = 2,30 m - brita produzida","m",{"v":5492.98,"d":"5,492.98"},{"$nulls":4},{"v":6690.6,"d":"6,690.60"}]
[605713,"Bueiro metálico com chapas múltiplas MP 100 com revestimento em epóxi - D = 2,40 m - brita comercial","m",{"v":7474.82,"d":"7,474.82"},{"$nulls":4},{"v":9104.53,"d":"9,104.53"}]
[605625,"Bueiro metálico com chapas múltiplas MP 100 com revestimento em epóxi - D = 2,40 m - brita produzida","m",{"v":7391.09,"d":"7,391.09"},{"$nulls":4},{"v":9002.54,"d":"9,002.54"}]
[605714,"Bueiro metálico com chapas múltiplas MP 100 com revestimento em epóxi - D = 2,50 m - brita comercial","m",{"v":9409.69,"d":"9,409.69"},{"$nulls":4},{"v":11461.26,"d":"11,461.26"}]
[605626,"Bueiro metálico com chapas múltiplas MP 100 com revestimento em epóxi - D = 2,50 m - brita produzida","m",{"v":9323.5,"d":"9,323.50"},{"$nulls":4},{"v":11356.27,"d":"11,356.27"}]
[605715,"Bueiro metálico com chapas múltiplas MP 100 com revestimento em epóxi - D = 2,60 m - brita comercial","m",{"v":10041.88,"d":"10,041.88"},{"$nulls":4},{"v":12231.28,"d":"12,231.28"}]
[605627,"Bueiro metálico com chapas múltiplas MP 100 com revestimento em epóxi - D = 2,60 m - brita produzida","m",{"v":9953.22,"d":"9,953.22"},{"$nulls":4},{"v":12123.29,"d":"12,123.29"}]
[605716,"Bueiro metálico com chapas múltiplas MP 100 com revestimento em epóxi - D = 2,70 m - brita comercial","m",{"v":10408.05,"d":"10,408.05"},{"$nulls":4},{"v":12677.28,"d":"12,677.28"}]
[605628,"Bueiro metálico com chapas múltiplas MP 100 com revestimento em epóxi - D = 2,70 m - brita produzida","m",{"v":10316.92,"d":"10,316.92"},{"$nulls":4},{"v":12566.29,"d":"12,566.29"}]
[605717,"Bueiro metálico com chapas múltiplas MP 100 com revestimento em epóxi - D = 2,80 m - brita comercial","m",{"v":11081.68,"d":"11,081.68"},{"$nulls":4},{"v":13497.78,"d":"13,497.78"}]
[605629,"Bueiro metálico com chapas múltiplas MP 100 com revestimento em epóxi - D = 2,80 m - brita produzida","m",{"v":10988.09,"d":"10,988.09"},{"$nulls":4},{"v":13383.79,"d":"13,383.79"}]
[605651,"Bueiro metálico com chapas múltiplas MP 100 galvanizadas - D = 0,60 m - brita comercial","m",{"v":1253.52,"d":"1,253.52"},{"$nulls":4},{"v":1526.82,"d":"1,526.82"}]
[605460,"Bueiro metálico com chapas múltiplas MP 100 galvanizadas - D = 0,60 m - brita produzida","m",{"v":1227.25,"d":"1,227.25"},{"$nulls":4},{"v":1494.82,"d":"1,494.82"}]
[605652,"Bueiro metálico com chapas múltiplas MP 100 galvanizadas - D = 0,70 m - brita comercial","m",{"v":1442.43,"d":"1,442.43"},{"$nulls":4},{"v":1756.92,"d":"1,756.92"}]
[605461,"Bueiro metálico com chapas múltiplas MP 100 galvanizadas - D = 0,70 m - brita produzida","m",{"v":1414.52,"d":"1,414.52"},{"$nulls":4},{"v":1722.92,"d":"1,722.92"}]
[605653,"Bueiro metálico com chapas múltiplas MP 100 galvanizadas - D = 0,80 m - brita comercial","m",{"v":1631.37,"d":"1,631.37"},{"$nulls":4},{"v":1987.05,"d":"1,987.05"}]
[605462,"Bueiro metálico com chapas múltiplas MP 100 galvanizadas - D = 0,80 m - brita produzida","m",{"v":1601.81,"d":"1,601.81"},{"$nulls":4},{"v":1951.05,"d":"1,951.05"}]
[605654,"Bueiro metálico com chapas múltiplas MP 100 galvanizadas - D = 0,90 m - brita comercial","m",{"v":1783.52,"d":"1,783.52"},{"$nulls":4},{"v":2172.38,"d":"2,172.38"}]
[605463,"Bueiro metálico com chapas múltiplas MP 100 galvanizadas - D = 0,90 m - brita produzida","m",{"v":1752.33,"d":"1,752.33"},{"$nulls":4},{"v":2134.38,"d":"2,134.38"}]
[605655,"Bueiro metálico com chapas múltiplas MP 100 galvanizadas - D = 1,00 m - brita comercial","m",{"v":1972.4,"d":"1,972.40"},{"$nulls":4},{"v":2402.44,"d":"2,402.44"}]
[605464,"Bueiro metálico com chapas múltiplas MP 100 galvanizadas - D = 1,00 m - brita produzida","m",{"v":1939.57,"d":"1,939.57"},{"$nulls":4},{"v":2362.45,"d":"2,362.45"}]
[605656,"Bueiro metálico com chapas múltiplas MP 100 galvanizadas - D = 1,10 m - brita comercial","m",{"v":2234.98,"d":"2,234.98"},{"$nulls":4},{"v":2722.26,"d":"2,722.26"}]
[605465,"Bueiro metálico com chapas múltiplas MP 100 galvanizadas - D = 1,10 m - brita produzida","m",{"v":2200.49,"d":"2,200.49"},{"$nulls":4},{"v":2680.26,"d":"2,680.26"}]
[605657,"Bueiro metálico com chapas múltiplas MP 100 galvanizadas - D = 1,20 m - brita comercial","m",{"v":2387.11,"d":"2,387.11"},{"$nulls":4},{"v":2907.56,"d":"2,907.56"}]
[605466,"Bueiro metálico com chapas múltiplas MP 100 galvanizadas - D = 1,20 m - brita produzida","m",{"v":2350.99,"d":"2,350.99"},{"$nulls":4},{"v":2863.57,"d":"2,863.57"}]
[605658,"Bueiro metálico com chapas múltiplas MP 100 galvanizadas - D = 1,30 m - brita comercial","m",{"v":2611.02,"d":"2,611.02"},{"$nulls":4},{"v":3180.29,"d":"3,180.29"}]
[605467,"Bueiro metálico com chapas múltiplas MP 100 galvanizadas - D = 1,30 m - brita produzida","m",{"v":2554.38,"d":"2,554.38"},{"$nulls":4},{"v":3111.3,"d":"3,111.30"}]
[605659,"Bueiro metálico com chapas múltiplas MP 100 galvanizadas - D = 1,40 m - brita comercial","m",{"v":2766.7,"d":"2,766.70"},{"$nulls":4},{"v":3369.92,"d":"3,369.92"}]
[605468,"Bueiro metálico com chapas múltiplas MP 100 galvanizadas - D = 1,40 m - brita produzida","m",{"v":2707.6,"d":"2,707.60"},{"$nulls":4},{"v":3297.93,"d":"3,297.93"}]
[605660,"Bueiro metálico com chapas múltiplas MP 100 galvanizadas - D = 1,50 m - brita comercial","m",{"v":2959.66,"d":"2,959.66"},{"$nulls":4},{"v":3604.95,"d":"3,604.95"}]
[605469,"Bueiro metálico com chapas múltiplas MP 100 galvanizadas - D = 1,50 m - brita produzida","m",{"v":2898.1,"d":"2,898.10"},{"$nulls":4},{"v":3529.96,"d":"3,529.96"}]
[605661,"Bueiro metálico com chapas múltiplas MP 100 galvanizadas - D = 1,60 m - brita comercial","m",{"v":3155.57,"d":"3,155.57"},{"$nulls":4},{"v":3843.57,"d":"3,843.57"}]
[605470,"Bueiro metálico com chapas múltiplas MP 100 galvanizadas - D = 1,60 m - brita produzida","m",{"v":3091.54,"d":"3,091.54"},{"$nulls":4},{"v":3765.58,"d":"3,765.58"}]
[605662,"Bueiro metálico com chapas múltiplas MP 100 galvanizadas - D = 1,70 m - brita comercial","m",{"v":3315.73,"d":"3,315.73"},{"$nulls":4},{"v":4038.65,"d":"4,038.65"}]
[605471,"Bueiro metálico com chapas múltiplas MP 100 galvanizadas - D = 1,70 m - brita produzida","m",{"v":3249.24,"d":"3,249.24"},{"$nulls":4},{"v":3957.66,"d":"3,957.66"}]
[605663,"Bueiro metálico com chapas múltiplas MP 100 galvanizadas - D = 1,80 m - brita comercial","m",{"v":3681.82,"d":"3,681.82"},{"$nulls":4},{"v":4484.56,"d":"4,484.56"}]
[605472,"Bueiro metálico com chapas múltiplas MP 100 galvanizadas - D = 1,80 m - brita produzida","m",{"v":3612.87,"d":"3,612.87"},{"$nulls":4},{"v":4400.57,"d":"4,400.57"}]
[605664,"Bueiro metálico com chapas múltiplas MP 100 galvanizadas - D = 1,90 m - brita comercial","m",{"v":4310.23,"d":"4,310.23"},{"$nulls":4},{"v":5249.97,"d":"5,249.97"}]
[605473,"Bueiro metálico com chapas múltiplas MP 100 galvanizadas - D = 1,90 m - brita produzida","m",{"v":4238.8,"d":"4,238.80"},{"$nulls":4},{"v":5162.97,"d":"5,162.97"}]
[605665,"Bueiro metálico com chapas múltiplas MP 100 galvanizadas - D = 2,00 m - brita comercial","m",{"v":4515.92,"d":"4,515.92"},{"$nulls":4},{"v":5500.51,"d":"5,500.51"}]
[605474,"Bueiro metálico com chapas múltiplas MP 100 galvanizadas - D = 2,00 m - brita produzida","m",{"v":4442.03,"d":"4,442.03"},{"$nulls":4},{"v":5410.51,"d":"5,410.51"}]
[605666,"Bueiro metálico com chapas múltiplas MP 100 galvanizadas - D = 2,10 m - brita comercial","m",{"v":4849.66,"d":"4,849.66"},{"$nulls":4},{"v":5907.02,"d":"5,907.02"}]
[605475,"Bueiro metálico com chapas múltiplas MP 100 galvanizadas - D = 2,10 m - brita produzida","m",{"v":4773.32,"d":"4,773.32"},{"$nulls":4},{"v":5814.03,"d":"5,814.03"}]
[605667,"Bueiro metálico com chapas múltiplas MP 100 galvanizadas - D = 2,20 m - brita comercial","m",{"v":5013.42,"d":"5,013.42"},{"$nulls":4},{"v":6106.48,"d":"6,106.48"}]
[605476,"Bueiro metálico com chapas múltiplas MP 100 galvanizadas - D = 2,20 m - brita produzida","m",{"v":4934.61,"d":"4,934.61"},{"$nulls":4},{"v":6010.49,"d":"6,010.49"}]
[605668,"Bueiro metálico com chapas múltiplas MP 100 galvanizadas - D = 2,30 m - brita comercial","m",{"v":5278.83,"d":"5,278.83"},{"$nulls":4},{"v":6429.76,"d":"6,429.76"}]
[605477,"Bueiro metálico com chapas múltiplas MP 100 galvanizadas - D = 2,30 m - brita produzida","m",{"v":5197.56,"d":"5,197.56"},{"$nulls":4},{"v":6330.77,"d":"6,330.77"}]
[605669,"Bueiro metálico com chapas múltiplas MP 100 galvanizadas - D = 2,40 m - brita comercial","m",{"v":6926.77,"d":"6,926.77"},{"$nulls":4},{"v":8436.99,"d":"8,436.99"}]
[605478,"Bueiro metálico com chapas múltiplas MP 100 galvanizadas - D = 2,40 m - brita produzida","m",{"v":6843.04,"d":"6,843.04"},{"$nulls":4},{"v":8335,"d":"8,335.00"}]
[605670,"Bueiro metálico com chapas múltiplas MP 100 galvanizadas - D = 2,50 m - brita comercial","m",{"v":8719.05,"d":"8,719.05"},{"$nulls":4},{"v":10620.04,"d":"10,620.04"}]
[605479,"Bueiro metálico com chapas múltiplas MP 100 galvanizadas - D = 2,50 m - brita produzida","m",{"v":8632.86,"d":"8,632.86"},{"$nulls":4},{"v":10515.06,"d":"10,515.06"}]
[605671,"Bueiro metálico com chapas múltiplas MP 100 galvanizadas - D = 2,60 m - brita comercial","m",{"v":9311.94,"d":"9,311.94"},{"$nulls":4},{"v":11342.19,"d":"11,342.19"}]
[605480,"Bueiro metálico com chapas múltiplas MP 100 galvanizadas - D = 2,60 m - brita produzida","m",{"v":9223.28,"d":"9,223.28"},{"$nulls":4},{"v":11234.2,"d":"11,234.20"}]
[605672,"Bueiro metálico com chapas múltiplas MP 100 galvanizadas - D = 2,70 m - brita comercial","m",{"v":9664.06,"d":"9,664.06"},{"$nulls":4},{"v":11771.08,"d":"11,771.08"}]
[605481,"Bueiro metálico com chapas múltiplas MP 100 galvanizadas - D = 2,70 m - brita produzida","m",{"v":9572.93,"d":"9,572.93"},{"$nulls":4},{"v":11660.09,"d":"11,660.09"}]
[605673,"Bueiro metálico com chapas múltiplas MP 100 galvanizadas - D = 2,80 m - brita comercial","m",{"v":10301.2,"d":"10,301.20"},{"$nulls":4},{"v":12547.14,"d":"12,547.14"}]
[605482,"Bueiro metálico com chapas múltiplas MP 100 galvanizadas - D = 2,80 m - brita produzida","m",{"v":10207.62,"d":"10,207.62"},{"$nulls":4},{"v":12433.15,"d":"12,433.15"}]
[605718,"Bueiro metálico com chapas múltiplas MP 152 com revestimento em epóxi - D = 1,50 m - brita comercial","m",{"v":6233.08,"d":"6,233.08"},{"$nulls":4},{"v":7592.06,"d":"7,592.06"}]
[605630,"Bueiro metálico com chapas múltiplas MP 152 com revestimento em epóxi - D = 1,50 m - brita produzida","m",{"v":6171.51,"d":"6,171.51"},{"$nulls":4},{"v":7517.07,"d":"7,517.07"}]
[605719,"Bueiro metálico com chapas múltiplas MP 152 com revestimento em epóxi - D = 1,80 m - brita comercial","m",{"v":7711.41,"d":"7,711.41"},{"$nulls":4},{"v":9392.71,"d":"9,392.71"}]
[605631,"Bueiro metálico com chapas múltiplas MP 152 com revestimento em epóxi - D = 1,80 m - brita produzida","m",{"v":7642.46,"d":"7,642.46"},{"$nulls":4},{"v":9308.72,"d":"9,308.72"}]
[605720,"Bueiro metálico com chapas múltiplas MP 152 com revestimento em epóxi - D = 1,90 m - brita comercial","m",{"v":7958.53,"d":"7,958.53"},{"$nulls":4},{"v":9693.7,"d":"9,693.70"}]
[605632,"Bueiro metálico com chapas múltiplas MP 152 com revestimento em epóxi - D = 1,90 m - brita produzida","m",{"v":7887.11,"d":"7,887.11"},{"$nulls":4},{"v":9606.71,"d":"9,606.71"}]
[605721,"Bueiro metálico com chapas múltiplas MP 152 com revestimento em epóxi - D = 2,15 m - brita comercial","m",{"v":9017.71,"d":"9,017.71"},{"$nulls":4},{"v":10983.81,"d":"10,983.81"}]
[605633,"Bueiro metálico com chapas múltiplas MP 152 com revestimento em epóxi - D = 2,15 m - brita produzida","m",{"v":8940.13,"d":"8,940.13"},{"$nulls":4},{"v":10889.32,"d":"10,889.32"}]
[605722,"Bueiro metálico com chapas múltiplas MP 152 com revestimento em epóxi - D = 2,30 m - brita comercial","m",{"v":9552.19,"d":"9,552.19"},{"$nulls":4},{"v":11634.82,"d":"11,634.82"}]
[605634,"Bueiro metálico com chapas múltiplas MP 152 com revestimento em epóxi - D = 2,30 m - brita produzida","m",{"v":9470.92,"d":"9,470.92"},{"$nulls":4},{"v":11535.83,"d":"11,535.83"}]
[605723,"Bueiro metálico com chapas múltiplas MP 152 com revestimento em epóxi - D = 2,65 m - brita comercial","m",{"v":11175.35,"d":"11,175.35"},{"$nulls":4},{"v":13611.88,"d":"13,611.88"}]
[605635,"Bueiro metálico com chapas múltiplas MP 152 com revestimento em epóxi - D = 2,65 m - brita produzida","m",{"v":11085.46,"d":"11,085.46"},{"$nulls":4},{"v":13502.39,"d":"13,502.39"}]
[605724,"Bueiro metálico com chapas múltiplas MP 152 com revestimento em epóxi - D = 3,05 m - brita comercial","m",{"v":12766.64,"d":"12,766.64"},{"$nulls":4},{"v":15550.11,"d":"15,550.11"}]
[605636,"Bueiro metálico com chapas múltiplas MP 152 com revestimento em epóxi - D = 3,05 m - brita produzida","m",{"v":12642.27,"d":"12,642.27"},{"$nulls":4},{"v":15398.62,"d":"15,398.62"}]
[605725,"Bueiro metálico com chapas múltiplas MP 152 com revestimento em epóxi - D = 3,20 m - brita comercial","m",{"v":13552.44,"d":"13,552.44"},{"$nulls":4},{"v":16507.23,"d":"16,507.23"}]
[605637,"Bueiro metálico com chapas múltiplas MP 152 com revestimento em epóxi - D = 3,20 m - brita produzida","m",{"v":13424.37,"d":"13,424.37"},{"$nulls":4},{"v":16351.24,"d":"16,351.24"}]
[605726,"Bueiro metálico com chapas múltiplas MP 152 com revestimento em epóxi - D = 3,40 m - brita comercial","m",{"v":14343.72,"d":"14,343.72"},{"$nulls":4},{"v":17471.04,"d":"17,471.04"}]
[605638,"Bueiro metálico com chapas múltiplas MP 152 com revestimento em epóxi - D = 3,40 m - brita produzida","m",{"v":14210.73,"d":"14,210.73"},{"$nulls":4},{"v":17309.05,"d":"17,309.05"}]
[605727,"Bueiro metálico com chapas múltiplas MP 152 com revestimento em epóxi - D = 3,65 m - brita comercial","m",{"v":15373.45,"d":"15,373.45"},{"$nulls":4},{"v":18725.27,"d":"18,725.27"}]
[605639,"Bueiro metálico com chapas múltiplas MP 152 com revestimento em epóxi - D = 3,65 m - brita produzida","m",{"v":15234.3,"d":"15,234.30"},{"$nulls":4},{"v":18555.78,"d":"18,555.78"}]
[605728,"Bueiro metálico com chapas múltiplas MP 152 com revestimento em epóxi - D = 3,80 m - brita comercial","m",{"v":15946.27,"d":"15,946.27"},{"$nulls":4},{"v":19422.99,"d":"19,422.99"}]
[605640,"Bueiro metálico com chapas múltiplas MP 152 com revestimento em epóxi - D = 3,80 m - brita produzida","m",{"v":15803.44,"d":"15,803.44"},{"$nulls":4},{"v":19249.01,"d":"19,249.01"}]
[605729,"Bueiro metálico com chapas múltiplas MP 152 com revestimento em epóxi - D = 4,20 m - brita comercial","m",{"v":17517.82,"d":"17,517.82"},{"$nulls":4},{"v":21337.18,"d":"21,337.18"}]
[605641,"Bueiro metálico com chapas múltiplas MP 152 com revestimento em epóxi - D = 4,20 m - brita produzida","m",{"v":17365.14,"d":"17,365.14"},{"$nulls":4},{"v":21151.2,"d":"21,151.20"}]
[605730,"Bueiro metálico com chapas múltiplas MP 152 com revestimento em epóxi - D = 4,60 m - brita comercial","m",{"v":19129.81,"d":"19,129.81"},{"$nulls":4},{"v":23300.62,"d":"23,300.62"}]
[605642,"Bueiro metálico com chapas múltiplas MP 152 com revestimento em epóxi - D = 4,60 m - brita produzida","m",{"v":18967.27,"d":"18,967.27"},{"$nulls":4},{"v":23102.64,"d":"23,102.64"}]
[605731,"Bueiro metálico com chapas múltiplas MP 152 com revestimento em epóxi - D = 4,80 m - brita comercial","m",{"v":24245.12,"d":"24,245.12"},{"$nulls":4},{"v":29531.2,"d":"29,531.20"}]
[605643,"Bueiro metálico com chapas múltiplas MP 152 com revestimento em epóxi - D = 4,80 m - brita produzida","m",{"v":24077.65,"d":"24,077.65"},{"$nulls":4},{"v":29327.22,"d":"29,327.22"}]
[605732,"Bueiro metálico com chapas múltiplas MP 152 com revestimento em epóxi - D = 5,00 m - brita comercial","m",{"v":25072.46,"d":"25,072.46"},{"$nulls":4},{"v":30538.93,"d":"30,538.93"}]
[605644,"Bueiro metálico com chapas múltiplas MP 152 com revestimento em epóxi - D = 5,00 m - brita produzida","m",{"v":24871.33,"d":"24,871.33"},{"$nulls":4},{"v":30293.95,"d":"30,293.95"}]
[605733,"Bueiro metálico com chapas múltiplas MP 152 com revestimento em epóxi - D = 5,35 m - brita comercial","m",{"v":30532.99,"d":"30,532.99"},{"$nulls":4},{"v":37190,"d":"37,190.00"}]
[605645,"Bueiro metálico com chapas múltiplas MP 152 com revestimento em epóxi - D = 5,35 m - brita produzida","m",{"v":30321.8,"d":"30,321.80"},{"$nulls":4},{"v":36932.77,"d":"36,932.77"}]
[605734,"Bueiro metálico com chapas múltiplas MP 152 com revestimento em epóxi - D = 5,70 m - brita comercial","m",{"v":32798.66,"d":"32,798.66"},{"$nulls":4},{"v":39949.65,"d":"39,949.65"}]
[605646,"Bueiro metálico com chapas múltiplas MP 152 com revestimento em epóxi - D = 5,70 m - brita produzida","m",{"v":32577.42,"d":"32,577.42"},{"$nulls":4},{"v":39680.17,"d":"39,680.17"}]
[605735,"Bueiro metálico com chapas múltiplas MP 152 com revestimento em epóxi - D = 6,10 m - brita comercial","m",{"v":40433.94,"d":"40,433.94"},{"$nulls":4},{"v":49249.62,"d":"49,249.62"}]
[605647,"Bueiro metálico com chapas múltiplas MP 152 com revestimento em epóxi - D = 6,10 m - brita produzida","m",{"v":40201.21,"d":"40,201.21"},{"$nulls":4},{"v":48966.15,"d":"48,966.15"}]
[605736,"Bueiro metálico com chapas múltiplas MP 152 com revestimento em epóxi - D = 6,50 m - brita comercial","m",{"v":51657.01,"d":"51,657.01"},{"$nulls":4},{"v":62919.62,"d":"62,919.62"}]
[605648,"Bueiro metálico com chapas múltiplas MP 152 com revestimento em epóxi - D = 6,50 m - brita produzida","m",{"v":51412.79,"d":"51,412.79"},{"$nulls":4},{"v":62622.15,"d":"62,622.15"}]
[605737,"Bueiro metálico com chapas múltiplas MP 152 com revestimento em epóxi - D = 6,85 m - brita comercial","m",{"v":54920.51,"d":"54,920.51"},{"$nulls":4},{"v":66894.65,"d":"66,894.65"}]
[605649,"Bueiro metálico com chapas múltiplas MP 152 com revestimento em epóxi - D = 6,85 m - brita produzida","m",{"v":54666.23,"d":"54,666.23"},{"$nulls":4},{"v":66584.93,"d":"66,584.93"}]
[605738,"Bueiro metálico com chapas múltiplas MP 152 com revestimento em epóxi - D = 7,25 m - brita comercial","m",{"v":58219.52,"d":"58,219.52"},{"$nulls":4},{"v":70912.94,"d":"70,912.94"}]
[605650,"Bueiro metálico com chapas múltiplas MP 152 com revestimento em epóxi - D = 7,25 m - brita produzida","m",{"v":57953.76,"d":"57,953.76"},{"$nulls":4},{"v":70589.23,"d":"70,589.23"}]
[605674,"Bueiro metálico com chapas múltiplas MP 152 galvanizadas - D = 1,50 m - brita comercial","m",{"v":6023.94,"d":"6,023.94"},{"$nulls":4},{"v":7337.32,"d":"7,337.32"}]
[605483,"Bueiro metálico com chapas múltiplas MP 152 galvanizadas - D = 1,50 m - brita produzida","m",{"v":5962.37,"d":"5,962.37"},{"$nulls":4},{"v":7262.33,"d":"7,262.33"}]
[605675,"Bueiro metálico com chapas múltiplas MP 152 galvanizadas - D = 1,80 m - brita comercial","m",{"v":7458.53,"d":"7,458.53"},{"$nulls":4},{"v":9084.69,"d":"9,084.69"}]
[605484,"Bueiro metálico com chapas múltiplas MP 152 galvanizadas - D = 1,80 m - brita produzida","m",{"v":7389.57,"d":"7,389.57"},{"$nulls":4},{"v":9000.7,"d":"9,000.70"}]
[605676,"Bueiro metálico com chapas múltiplas MP 152 galvanizadas - D = 1,90 m - brita comercial","m",{"v":7697.44,"d":"7,697.44"},{"$nulls":4},{"v":9375.69,"d":"9,375.69"}]
[605485,"Bueiro metálico com chapas múltiplas MP 152 galvanizadas - D = 1,90 m - brita produzida","m",{"v":7626.01,"d":"7,626.01"},{"$nulls":4},{"v":9288.69,"d":"9,288.69"}]
[605677,"Bueiro metálico com chapas múltiplas MP 152 galvanizadas - D = 2,15 m - brita comercial","m",{"v":8721.08,"d":"8,721.08"},{"$nulls":4},{"v":10622.51,"d":"10,622.51"}]
[605486,"Bueiro metálico com chapas múltiplas MP 152 galvanizadas - D = 2,15 m - brita produzida","m",{"v":8643.5,"d":"8,643.50"},{"$nulls":4},{"v":10528.02,"d":"10,528.02"}]
[605678,"Bueiro metálico com chapas múltiplas MP 152 galvanizadas - D = 2,30 m - brita comercial","m",{"v":9239.15,"d":"9,239.15"},{"$nulls":4},{"v":11253.53,"d":"11,253.53"}]
[605487,"Bueiro metálico com chapas múltiplas MP 152 galvanizadas - D = 2,30 m - brita produzida","m",{"v":9157.88,"d":"9,157.88"},{"$nulls":4},{"v":11154.54,"d":"11,154.54"}]
[605679,"Bueiro metálico com chapas múltiplas MP 152 galvanizadas - D = 2,65 m - brita comercial","m",{"v":10809.01,"d":"10,809.01"},{"$nulls":4},{"v":13165.66,"d":"13,165.66"}]
[605488,"Bueiro metálico com chapas múltiplas MP 152 galvanizadas - D = 2,65 m - brita produzida","m",{"v":10719.12,"d":"10,719.12"},{"$nulls":4},{"v":13056.17,"d":"13,056.17"}]
[605680,"Bueiro metálico com chapas múltiplas MP 152 galvanizadas - D = 3,05 m - brita comercial","m",{"v":12348.36,"d":"12,348.36"},{"$nulls":4},{"v":15040.63,"d":"15,040.63"}]
[605489,"Bueiro metálico com chapas múltiplas MP 152 galvanizadas - D = 3,05 m - brita produzida","m",{"v":12223.98,"d":"12,223.98"},{"$nulls":4},{"v":14889.14,"d":"14,889.14"}]
[605681,"Bueiro metálico com chapas múltiplas MP 152 galvanizadas - D = 3,20 m - brita comercial","m",{"v":13108.18,"d":"13,108.18"},{"$nulls":4},{"v":15966.11,"d":"15,966.11"}]
[605490,"Bueiro metálico com chapas múltiplas MP 152 galvanizadas - D = 3,20 m - brita produzida","m",{"v":12980.12,"d":"12,980.12"},{"$nulls":4},{"v":15810.13,"d":"15,810.13"}]
[605682,"Bueiro metálico com chapas múltiplas MP 152 galvanizadas - D = 3,40 m - brita comercial","m",{"v":13873.5,"d":"13,873.50"},{"$nulls":4},{"v":16898.29,"d":"16,898.29"}]
[605491,"Bueiro metálico com chapas múltiplas MP 152 galvanizadas - D = 3,40 m - brita produzida","m",{"v":13740.5,"d":"13,740.50"},{"$nulls":4},{"v":16736.3,"d":"16,736.30"}]
[605683,"Bueiro metálico com chapas múltiplas MP 152 galvanizadas - D = 3,65 m - brita comercial","m",{"v":14869.04,"d":"14,869.04"},{"$nulls":4},{"v":18110.89,"d":"18,110.89"}]
[605492,"Bueiro metálico com chapas múltiplas MP 152 galvanizadas - D = 3,65 m - brita produzida","m",{"v":14729.89,"d":"14,729.89"},{"$nulls":4},{"v":17941.4,"d":"17,941.40"}]
[605684,"Bueiro metálico com chapas múltiplas MP 152 galvanizadas - D = 3,80 m - brita comercial","m",{"v":15424.09,"d":"15,424.09"},{"$nulls":4},{"v":18786.96,"d":"18,786.96"}]
[605493,"Bueiro metálico com chapas múltiplas MP 152 galvanizadas - D = 3,80 m - brita produzida","m",{"v":15281.25,"d":"15,281.25"},{"$nulls":4},{"v":18612.97,"d":"18,612.97"}]
[605685,"Bueiro metálico com chapas múltiplas MP 152 galvanizadas - D = 4,20 m - brita comercial","m",{"v":16942.34,"d":"16,942.34"},{"$nulls":4},{"v":20636.22,"d":"20,636.22"}]
[605494,"Bueiro metálico com chapas múltiplas MP 152 galvanizadas - D = 4,20 m - brita produzida","m",{"v":16789.65,"d":"16,789.65"},{"$nulls":4},{"v":20450.24,"d":"20,450.24"}]
[605686,"Bueiro metálico com chapas múltiplas MP 152 galvanizadas - D = 4,60 m - brita comercial","m",{"v":18502.38,"d":"18,502.38"},{"$nulls":4},{"v":22536.4,"d":"22,536.40"}]
[605495,"Bueiro metálico com chapas múltiplas MP 152 galvanizadas - D = 4,60 m - brita produzida","m",{"v":18339.84,"d":"18,339.84"},{"$nulls":4},{"v":22338.42,"d":"22,338.42"}]
[605687,"Bueiro metálico com chapas múltiplas MP 152 galvanizadas - D = 4,80 m - brita comercial","m",{"v":21144.86,"d":"21,144.86"},{"$nulls":4},{"v":25755.01,"d":"25,755.01"}]
[605496,"Bueiro metálico com chapas múltiplas MP 152 galvanizadas - D = 4,80 m - brita produzida","m",{"v":20977.4,"d":"20,977.40"},{"$nulls":4},{"v":25551.03,"d":"25,551.03"}]
[605688,"Bueiro metálico com chapas múltiplas MP 152 galvanizadas - D = 5,00 m - brita comercial","m",{"v":21884.66,"d":"21,884.66"},{"$nulls":4},{"v":26656.1,"d":"26,656.10"}]
[605497,"Bueiro metálico com chapas múltiplas MP 152 galvanizadas - D = 5,00 m - brita produzida","m",{"v":21683.54,"d":"21,683.54"},{"$nulls":4},{"v":26411.13,"d":"26,411.13"}]
[605689,"Bueiro metálico com chapas múltiplas MP 152 galvanizadas - D = 5,35 m - brita comercial","m",{"v":27441.63,"d":"27,441.63"},{"$nulls":4},{"v":33424.64,"d":"33,424.64"}]
[605498,"Bueiro metálico com chapas múltiplas MP 152 galvanizadas - D = 5,35 m - brita produzida","m",{"v":27230.44,"d":"27,230.44"},{"$nulls":4},{"v":33167.41,"d":"33,167.41"}]
[605690,"Bueiro metálico com chapas múltiplas MP 152 galvanizadas - D = 5,70 m - brita comercial","m",{"v":29486.21,"d":"29,486.21"},{"$nulls":4},{"v":35914.99,"d":"35,914.99"}]
[605499,"Bueiro metálico com chapas múltiplas MP 152 galvanizadas - D = 5,70 m - brita produzida","m",{"v":29264.96,"d":"29,264.96"},{"$nulls":4},{"v":35645.51,"d":"35,645.51"}]
[605691,"Bueiro metálico com chapas múltiplas MP 152 galvanizadas - D = 6,10 m - brita comercial","m",{"v":36218.43,"d":"36,218.43"},{"$nulls":4},{"v":44115.02,"d":"44,115.02"}]
[605500,"Bueiro metálico com chapas múltiplas MP 152 galvanizadas - D = 6,10 m - brita produzida","m",{"v":35985.7,"d":"35,985.70"},{"$nulls":4},{"v":43831.55,"d":"43,831.55"}]
[605692,"Bueiro metálico com chapas múltiplas MP 152 galvanizadas - D = 6,50 m - brita comercial","m",{"v":43385.86,"d":"43,385.86"},{"$nulls":4},{"v":52845.14,"d":"52,845.14"}]
[605501,"Bueiro metálico com chapas múltiplas MP 152 galvanizadas - D = 6,50 m - brita produzida","m",{"v":43141.64,"d":"43,141.64"},{"$nulls":4},{"v":52547.67,"d":"52,547.67"}]
[605693,"Bueiro metálico com chapas múltiplas MP 152 galvanizadas - D = 6,85 m - brita comercial","m",{"v":46164.73,"d":"46,164.73"},{"$nulls":4},{"v":56229.88,"d":"56,229.88"}]
[605502,"Bueiro metálico com chapas múltiplas MP 152 galvanizadas - D = 6,85 m - brita produzida","m",{"v":45910.46,"d":"45,910.46"},{"$nulls":4},{"v":55920.17,"d":"55,920.17"}]
[605694,"Bueiro metálico com chapas múltiplas MP 152 galvanizadas - D = 7,25 m - brita comercial","m",{"v":48979.14,"d":"48,979.14"},{"$nulls":4},{"v":59657.91,"d":"59,657.91"}]
[605503,"Bueiro metálico com chapas múltiplas MP 152 galvanizadas - D = 7,25 m - brita produzida","m",{"v":48713.37,"d":"48,713.37"},{"$nulls":4},{"v":59334.19,"d":"59,334.19"}]
[606433,"Bueiro metálico com chapas múltiplas MP 152 galvanizadas - lenticular - vão = 1,95 m e altura = 1,40 m - aterro rodoviário mínimo = 0,60 m e máximo = 8,40 m - brita comercial","m",{"v":7256.01,"d":"7,256.01"},{"$nulls":4},{"v":8838.02,"d":"8,838.02"}]
[606343,"Bueiro metálico com chapas múltiplas MP 152 galvanizadas - lenticular - vão = 1,95 m e altura = 1,40 m - aterro rodoviário mínimo = 0,60 m e máximo = 8,40 m - brita produzida","m",{"v":7183.36,"d":"7,183.36"},{"$nulls":4},{"v":8749.53,"d":"8,749.53"}]
[606434,"Bueiro metálico com chapas múltiplas MP 152 galvanizadas - lenticular - vão = 2,15 m e altura = 1,50 m - aterro rodoviário mínimo = 0,60 m e máximo = 7,50 m - brita comercial","m",{"v":8022.06,"d":"8,022.06"},{"$nulls":4},{"v":9771.08,"d":"9,771.08"}]
[606344,"Bueiro metálico com chapas múltiplas MP 152 galvanizadas - lenticular - vão = 2,15 m e altura = 1,50 m - aterro rodoviário mínimo = 0,60 m e máximo = 7,50 m - brita produzida","m",{"v":7944.48,"d":"7,944.48"},{"$nulls":4},{"v":9676.59,"d":"9,676.59"}]
[606435,"Bueiro metálico com chapas múltiplas MP 152 galvanizadas - lenticular - vão = 2,30 m e altura = 1,60 m - aterro rodoviário mínimo = 0,60 m e máximo = 7,20 m - brita comercial","m",{"v":8761.08,"d":"8,761.08"},{"$nulls":4},{"v":10671.23,"d":"10,671.23"}]
[606345,"Bueiro metálico com chapas múltiplas MP 152 galvanizadas - lenticular - vão = 2,30 m e altura = 1,60 m - aterro rodoviário mínimo = 0,60 m e máximo = 7,20 m - brita produzida","m",{"v":8679.81,"d":"8,679.81"},{"$nulls":4},{"v":10572.24,"d":"10,572.24"}]
[606436,"Bueiro metálico com chapas múltiplas MP 152 galvanizadas - lenticular - vão = 2,55 m e altura = 1,65 m - aterro rodoviário mínimo = 0,60 m e máximo = 6,50 m - brita comercial","m",{"v":9314.43,"d":"9,314.43"},{"$nulls":4},{"v":11345.23,"d":"11,345.23"}]
[606346,"Bueiro metálico com chapas múltiplas MP 152 galvanizadas - lenticular - vão = 2,55 m e altura = 1,65 m - aterro rodoviário mínimo = 0,60 m e máximo = 6,50 m - brita produzida","m",{"v":9227.01,"d":"9,227.01"},{"$nulls":4},{"v":11238.74,"d":"11,238.74"}]
[606437,"Bueiro metálico com chapas múltiplas MP 152 galvanizadas - lenticular - vão = 2,70 m e altura = 1,85 m - aterro rodoviário mínimo = 0,60 m e máximo = 6,60 m - brita comercial","m",{"v":10080.68,"d":"10,080.68"},{"$nulls":4},{"v":12278.54,"d":"12,278.54"}]
[606347,"Bueiro metálico com chapas múltiplas MP 152 galvanizadas - lenticular - vão = 2,70 m e altura = 1,85 m - aterro rodoviário mínimo = 0,60 m e máximo = 6,60 m - brita produzida","m",{"v":9989.56,"d":"9,989.56"},{"$nulls":4},{"v":12167.55,"d":"12,167.55"}]
[606438,"Bueiro metálico com chapas múltiplas MP 152 galvanizadas - lenticular - vão = 2,75 m e altura = 1,90 m - aterro rodoviário mínimo = 0,60 m e máximo = 6,50 m - brita comercial","m",{"v":10349.64,"d":"10,349.64"},{"$nulls":4},{"v":12606.14,"d":"12,606.14"}]
[606348,"Bueiro metálico com chapas múltiplas MP 152 galvanizadas - lenticular - vão = 2,75 m e altura = 1,90 m - aterro rodoviário mínimo = 0,60 m e máximo = 6,50 m - brita produzida","m",{"v":10257.29,"d":"10,257.29"},{"$nulls":4},{"v":12493.66,"d":"12,493.66"}]
[606439,"Bueiro metálico com chapas múltiplas MP 152 galvanizadas - lenticular - vão = 3,00 m e altura = 2,00 m - aterro rodoviário mínimo = 0,60 m e máximo = 6,00 m - brita comercial","m",{"v":10915.57,"d":"10,915.57"},{"$nulls":4},{"v":13295.46,"d":"13,295.46"}]
[606349,"Bueiro metálico com chapas múltiplas MP 152 galvanizadas - lenticular - vão = 3,00 m e altura = 2,00 m - aterro rodoviário mínimo = 0,60 m e máximo = 6,00 m - brita produzida","m",{"v":10792.43,"d":"10,792.43"},{"$nulls":4},{"v":13145.47,"d":"13,145.47"}]
[606440,"Bueiro metálico com chapas múltiplas MP 152 galvanizadas - lenticular - vão = 3,20 m e altura = 2,10 m - aterro rodoviário mínimo = 0,60 m e máximo = 5,60 m - brita comercial","m",{"v":11417.44,"d":"11,417.44"},{"$nulls":4},{"v":13906.75,"d":"13,906.75"}]
[606350,"Bueiro metálico com chapas múltiplas MP 152 galvanizadas - lenticular - vão = 3,20 m e altura = 2,10 m - aterro rodoviário mínimo = 0,60 m e máximo = 5,60 m - brita produzida","m",{"v":11289.38,"d":"11,289.38"},{"$nulls":4},{"v":13750.77,"d":"13,750.77"}]
[606441,"Bueiro metálico com chapas múltiplas MP 152 galvanizadas - lenticular - vão = 3,35 m e altura = 2,15 m - aterro rodoviário mínimo = 0,60 m e máximo = 5,30 m - brita comercial","m",{"v":11959.93,"d":"11,959.93"},{"$nulls":4},{"v":14567.52,"d":"14,567.52"}]
[606351,"Bueiro metálico com chapas múltiplas MP 152 galvanizadas - lenticular - vão = 3,35 m e altura = 2,15 m - aterro rodoviário mínimo = 0,60 m e máximo = 5,30 m - brita produzida","m",{"v":11828.17,"d":"11,828.17"},{"$nulls":4},{"v":14407.03,"d":"14,407.03"}]
[606442,"Bueiro metálico com chapas múltiplas MP 152 galvanizadas - lenticular - vão = 3,55 m e altura = 2,25 m - aterro rodoviário mínimo = 0,60 m e máximo = 5,00 m - brita comercial","m",{"v":12482.02,"d":"12,482.02"},{"$nulls":4},{"v":15203.43,"d":"15,203.43"}]
[606352,"Bueiro metálico com chapas múltiplas MP 152 galvanizadas - lenticular - vão = 3,55 m e altura = 2,25 m - aterro rodoviário mínimo = 0,60 m e máximo = 5,00 m - brita produzida","m",{"v":12345.34,"d":"12,345.34"},{"$nulls":4},{"v":15036.95,"d":"15,036.95"}]
[606443,"Bueiro metálico com chapas múltiplas MP 152 galvanizadas - lenticular - vão = 3,70 m e altura = 2,35 m - aterro rodoviário mínimo = 0,60 m e máximo = 4,90 m - brita comercial","m",{"v":13235.19,"d":"13,235.19"},{"$nulls":4},{"v":16120.82,"d":"16,120.82"}]
[606353,"Bueiro metálico com chapas múltiplas MP 152 galvanizadas - lenticular - vão = 3,70 m e altura = 2,35 m - aterro rodoviário mínimo = 0,60 m e máximo = 4,90 m - brita produzida","m",{"v":13094.82,"d":"13,094.82"},{"$nulls":4},{"v":15949.84,"d":"15,949.84"}]
[606444,"Bueiro metálico com chapas múltiplas MP 152 galvanizadas - lenticular - vão = 3,90 m e altura = 2,45 m - aterro rodoviário mínimo = 0,60 m e máximo = 4,60 m - brita comercial","m",{"v":13808.33,"d":"13,808.33"},{"$nulls":4},{"v":16818.92,"d":"16,818.92"}]
[606354,"Bueiro metálico com chapas múltiplas MP 152 galvanizadas - lenticular - vão = 3,90 m e altura = 2,45 m - aterro rodoviário mínimo = 0,60 m e máximo = 4,60 m - brita produzida","m",{"v":13663.03,"d":"13,663.03"},{"$nulls":4},{"v":16641.94,"d":"16,641.94"}]
[606445,"Bueiro metálico com chapas múltiplas MP 152 galvanizadas - lenticular - vão = 4,00 m e altura = 2,55 m - aterro rodoviário mínimo = 0,60 m e máximo = 4,50 m - brita comercial","m",{"v":14346.32,"d":"14,346.32"},{"$nulls":4},{"v":17474.2,"d":"17,474.20"}]
[606355,"Bueiro metálico com chapas múltiplas MP 152 galvanizadas - lenticular - vão = 4,00 m e altura = 2,55 m - aterro rodoviário mínimo = 0,60 m e máximo = 4,50 m - brita produzida","m",{"v":14198.55,"d":"14,198.55"},{"$nulls":4},{"v":17294.22,"d":"17,294.22"}]
[606446,"Bueiro metálico com chapas múltiplas MP 152 galvanizadas - lenticular - vão = 4,15 m e altura = 2,80 m - aterro rodoviário mínimo = 0,60 m e máximo = 6,80 m - brita comercial","m",{"v":14869.16,"d":"14,869.16"},{"$nulls":4},{"v":18111.04,"d":"18,111.04"}]
[606356,"Bueiro metálico com chapas múltiplas MP 152 galvanizadas - lenticular - vão = 4,15 m e altura = 2,80 m - aterro rodoviário mínimo = 0,60 m e máximo = 6,80 m - brita produzida","m",{"v":14717.71,"d":"14,717.71"},{"$nulls":4},{"v":17926.56,"d":"17,926.56"}]
[606447,"Bueiro metálico com chapas múltiplas MP 152 galvanizadas - lenticular - vão = 4,40 m e altura = 2,90 m - aterro rodoviário mínimo = 0,60 m e máximo = 6,40 m - brita comercial","m",{"v":15450.43,"d":"15,450.43"},{"$nulls":4},{"v":18819.04,"d":"18,819.04"}]
[606357,"Bueiro metálico com chapas múltiplas MP 152 galvanizadas - lenticular - vão = 4,40 m e altura = 2,90 m - aterro rodoviário mínimo = 0,60 m e máximo = 6,40 m - brita produzida","m",{"v":15266.54,"d":"15,266.54"},{"$nulls":4},{"v":18595.06,"d":"18,595.06"}]
[606448,"Bueiro metálico com chapas múltiplas MP 152 galvanizadas - lenticular - vão = 4,60 m e altura = 3,00 m - aterro rodoviário mínimo = 0,60 m e máximo = 6,10 m - brita comercial","m",{"v":16254.31,"d":"16,254.31"},{"$nulls":4},{"v":19798.19,"d":"19,798.19"}]
[606358,"Bueiro metálico com chapas múltiplas MP 152 galvanizadas - lenticular - vão = 4,60 m e altura = 3,00 m - aterro rodoviário mínimo = 0,60 m e máximo = 6,10 m - brita produzida","m",{"v":16064.68,"d":"16,064.68"},{"$nulls":4},{"v":19567.21,"d":"19,567.21"}]
[606449,"Bueiro metálico com chapas múltiplas MP 152 galvanizadas - lenticular - vão = 4,80 m e altura = 3,05 m - aterro rodoviário mínimo = 0,60 m e máximo = 5,80 m - brita comercial","m",{"v":20035.6,"d":"20,035.60"},{"$nulls":4},{"v":24403.9,"d":"24,403.90"}]
[606359,"Bueiro metálico com chapas múltiplas MP 152 galvanizadas - lenticular - vão = 4,80 m e altura = 3,05 m - aterro rodoviário mínimo = 0,60 m e máximo = 5,80 m - brita produzida","m",{"v":19840.23,"d":"19,840.23"},{"$nulls":4},{"v":24165.93,"d":"24,165.93"}]
[606450,"Bueiro metálico com chapas múltiplas MP 152 galvanizadas - lenticular - vão = 5,05 m e altura = 3,15 m - aterro rodoviário mínimo = 0,90 m e máximo = 5,50 m - brita comercial","m",{"v":20835.5,"d":"20,835.50"},{"$nulls":4},{"v":25378.2,"d":"25,378.20"}]
[606360,"Bueiro metálico com chapas múltiplas MP 152 galvanizadas - lenticular - vão = 5,05 m e altura = 3,15 m - aterro rodoviário mínimo = 0,90 m e máximo = 5,50 m - brita produzida","m",{"v":20632.95,"d":"20,632.95"},{"$nulls":4},{"v":25131.48,"d":"25,131.48"}]
[606451,"Bueiro metálico com chapas múltiplas MP 152 galvanizadas - lenticular - vão = 5,25 m e altura = 3,25 m - aterro rodoviário mínimo = 0,90 m e máximo = 5,30 m - brita comercial","m",{"v":21505.56,"d":"21,505.56"},{"$nulls":4},{"v":26194.35,"d":"26,194.35"}]
[606361,"Bueiro metálico com chapas múltiplas MP 152 galvanizadas - lenticular - vão = 5,25 m e altura = 3,25 m - aterro rodoviário mínimo = 0,90 m e máximo = 5,30 m - brita produzida","m",{"v":21297.26,"d":"21,297.26"},{"$nulls":4},{"v":25940.63,"d":"25,940.63"}]
[606452,"Bueiro metálico com chapas múltiplas MP 152 galvanizadas - lenticular - vão = 5,45 m e altura = 3,35 m - aterro rodoviário mínimo = 0,90 m e máximo = 5,10 m - brita comercial","m",{"v":24507.25,"d":"24,507.25"},{"$nulls":4},{"v":29850.49,"d":"29,850.49"}]
[606362,"Bueiro metálico com chapas múltiplas MP 152 galvanizadas - lenticular - vão = 5,45 m e altura = 3,35 m - aterro rodoviário mínimo = 0,90 m e máximo = 5,10 m - brita produzida","m",{"v":24293.2,"d":"24,293.20"},{"$nulls":4},{"v":29589.77,"d":"29,589.77"}]
[606453,"Bueiro metálico com chapas múltiplas MP 152 galvanizadas - lenticular - vão = 5,60 m e altura = 3,40 m - aterro rodoviário mínimo = 0,90 m e máximo = 4,90 m - brita comercial","m",{"v":24886.09,"d":"24,886.09"},{"$nulls":4},{"v":30311.93,"d":"30,311.93"}]
[606363,"Bueiro metálico com chapas múltiplas MP 152 galvanizadas - lenticular - vão = 5,60 m e altura = 3,40 m - aterro rodoviário mínimo = 0,90 m e máximo = 4,90 m - brita produzida","m",{"v":24667.73,"d":"24,667.73"},{"$nulls":4},{"v":30045.96,"d":"30,045.96"}]
[606454,"Bueiro metálico com chapas múltiplas MP 152 galvanizadas - lenticular - vão = 5,80 m e altura = 3,50 m - aterro rodoviário mínimo = 0,90 m e máximo = 4,70 m - brita comercial","m",{"v":29709.1,"d":"29,709.10"},{"$nulls":4},{"v":36186.48,"d":"36,186.48"}]
[606364,"Bueiro metálico com chapas múltiplas MP 152 galvanizadas - lenticular - vão = 5,80 m e altura = 3,50 m - aterro rodoviário mínimo = 0,90 m e máximo = 4,70 m - brita produzida","m",{"v":29484.99,"d":"29,484.99"},{"$nulls":4},{"v":35913.51,"d":"35,913.51"}]
[606455,"Bueiro metálico com chapas múltiplas MP 152 galvanizadas - lenticular - vão = 5,90 m e altura = 3,55 m - aterro rodoviário mínimo = 0,90 m e máximo = 4,70 m - brita comercial","m",{"v":30186.43,"d":"30,186.43"},{"$nulls":4},{"v":36767.88,"d":"36,767.88"}]
[606365,"Bueiro metálico com chapas múltiplas MP 152 galvanizadas - lenticular - vão = 5,90 m e altura = 3,55 m - aterro rodoviário mínimo = 0,90 m e máximo = 4,70 m - brita produzida","m",{"v":29959.44,"d":"29,959.44"},{"$nulls":4},{"v":36491.4,"d":"36,491.40"}]
[606456,"Bueiro metálico com chapas múltiplas MP 152 galvanizadas - lenticular - vão = 6,10 m e altura = 3,65 m - aterro rodoviário mínimo = 0,90 m e máximo = 4,50 m - brita comercial","m",{"v":31342.92,"d":"31,342.92"},{"$nulls":4},{"v":38176.52,"d":"38,176.52"}]
[606366,"Bueiro metálico com chapas múltiplas MP 152 galvanizadas - lenticular - vão = 6,10 m e altura = 3,65 m - aterro rodoviário mínimo = 0,90 m e máximo = 4,50 m - brita produzida","m",{"v":31110.19,"d":"31,110.19"},{"$nulls":4},{"v":37893.05,"d":"37,893.05"}]
[606457,"Bueiro metálico com chapas múltiplas MP 152 galvanizadas - lenticular - vão = 6,25 m e altura = 3,65 m - aterro rodoviário mínimo = 0,90 m e máximo = 4,30 m - brita comercial","m",{"v":31847.36,"d":"31,847.36"},{"$nulls":4},{"v":38790.94,"d":"38,790.94"}]
[606367,"Bueiro metálico com chapas múltiplas MP 152 galvanizadas - lenticular - vão = 6,25 m e altura = 3,65 m - aterro rodoviário mínimo = 0,90 m e máximo = 4,30 m - brita produzida","m",{"v":31610.32,"d":"31,610.32"},{"$nulls":4},{"v":38502.22,"d":"38,502.22"}]
[606458,"Bueiro metálico com chapas múltiplas MP 152 galvanizadas - lenticular - vão = 6,40 m e altura = 3,75 m - aterro rodoviário mínimo = 0,90 m e máximo = 4,30 m - brita comercial","m",{"v":43282.23,"d":"43,282.23"},{"$nulls":4},{"v":52718.92,"d":"52,718.92"}]
[606368,"Bueiro metálico com chapas múltiplas MP 152 galvanizadas - lenticular - vão = 6,40 m e altura = 3,75 m - aterro rodoviário mínimo = 0,90 m e máximo = 4,30 m - brita produzida","m",{"v":43040.88,"d":"43,040.88"},{"$nulls":4},{"v":52424.95,"d":"52,424.95"}]
[606459,"Bueiro metálico com chapas múltiplas MP 152 galvanizadas - lenticular - vão = 6,60 m e altura = 3,85 m - aterro rodoviário mínimo = 0,90 m e máximo = 4,10 m - brita comercial","m",{"v":45035.59,"d":"45,035.59"},{"$nulls":4},{"v":54854.55,"d":"54,854.55"}]
[606369,"Bueiro metálico com chapas múltiplas MP 152 galvanizadas - lenticular - vão = 6,60 m e altura = 3,85 m - aterro rodoviário mínimo = 0,90 m e máximo = 4,10 m - brita produzida","m",{"v":44788.49,"d":"44,788.49"},{"$nulls":4},{"v":54553.58,"d":"54,553.58"}]
[606479,"Bueiro metálico com chapas múltiplas MP 152 galvanizadas - passagem de gado - vão = 2,20 m e altura = 2,25 m -aterro rodoviário mínimo = 0,30 m e máximo = 8,90 m - brita comercial","m",{"v":10176.86,"d":"10,176.86"},{"$nulls":4},{"v":12395.69,"d":"12,395.69"}]
[606460,"Bueiro metálico com chapas múltiplas MP 152 galvanizadas - passagem de gado - vão = 2,20 m e altura = 2,25 m -aterro rodoviário mínimo = 0,30 m e máximo = 8,90 m - brita produzida","m",{"v":10084.92,"d":"10,084.92"},{"$nulls":4},{"v":12283.7,"d":"12,283.70"}]
[606480,"Bueiro metálico com chapas múltiplas MP 152 galvanizadas - passagem de gado - vão = 2,90 m e altura = 3,10 m - aterro rodoviário mínimo = 0,60 m e máximo = 11,40 m - brita comercial","m",{"v":13264.26,"d":"13,264.26"},{"$nulls":4},{"v":16156.23,"d":"16,156.23"}]
[606461,"Bueiro metálico com chapas múltiplas MP 152 galvanizadas - passagem de gado - vão = 2,90 m e altura = 3,10 m - aterro rodoviário mínimo = 0,60 m e máximo = 11,40 m - brita produzida","m",{"v":13152.21,"d":"13,152.21"},{"$nulls":4},{"v":16019.74,"d":"16,019.74"}]
[606481,"Bueiro metálico com chapas múltiplas MP 152 galvanizadas - passagem inferior - vão = 3,70 m e altura = 3,50 m - aterro rodoviário mínimo = 0,60 m e máximo = 10,30 m - brita comercial","m",{"v":15442.16,"d":"15,442.16"},{"$nulls":4},{"v":18808.97,"d":"18,808.97"}]
[606462,"Bueiro metálico com chapas múltiplas MP 152 galvanizadas - passagem inferior - vão = 3,70 m e altura = 3,50 m - aterro rodoviário mínimo = 0,60 m e máximo = 10,30 m - brita produzida","m",{"v":15278.39,"d":"15,278.39"},{"$nulls":4},{"v":18609.49,"d":"18,609.49"}]
[606482,"Bueiro metálico com chapas múltiplas MP 152 galvanizadas - passagem inferior - vão = 3,90 m e altura = 3,60 m - aterro rodoviário mínimo = 0,60 m e máximo = 9,80 m - brita comercial","m",{"v":16245.09,"d":"16,245.09"},{"$nulls":4},{"v":19786.96,"d":"19,786.96"}]
[606463,"Bueiro metálico com chapas múltiplas MP 152 galvanizadas - passagem inferior - vão = 3,90 m e altura = 3,60 m - aterro rodoviário mínimo = 0,60 m e máximo = 9,80 m - brita produzida","m",{"v":16075.57,"d":"16,075.57"},{"$nulls":4},{"v":19580.48,"d":"19,580.48"}]
[606483,"Bueiro metálico com chapas múltiplas MP 152 galvanizadas - passagem inferior - vão = 4,00 m e altura = 3,75 m - aterro rodoviário mínimo = 0,60 m e máximo = 9,50 m - brita comercial","m",{"v":16654.87,"d":"16,654.87"},{"$nulls":4},{"v":20286.08,"d":"20,286.08"}]
[606464,"Bueiro metálico com chapas múltiplas MP 152 galvanizadas - passagem inferior - vão = 4,00 m e altura = 3,75 m - aterro rodoviário mínimo = 0,60 m e máximo = 9,50 m - brita produzida","m",{"v":16482.48,"d":"16,482.48"},{"$nulls":4},{"v":20076.1,"d":"20,076.10"}]
[606484,"Bueiro metálico com chapas múltiplas MP 152 galvanizadas - passagem inferior - vão = 4,20 m e altura = 3,90 m - aterro rodoviário mínimo = 0,60 m e máximo = 9,10 m - brita comercial","m",{"v":17227.5,"d":"17,227.50"},{"$nulls":4},{"v":20983.56,"d":"20,983.56"}]
[606465,"Bueiro metálico com chapas múltiplas MP 152 galvanizadas - passagem inferior - vão = 4,20 m e altura = 3,90 m - aterro rodoviário mínimo = 0,60 m e máximo = 9,10 m - brita produzida","m",{"v":17049.36,"d":"17,049.36"},{"$nulls":4},{"v":20766.58,"d":"20,766.58"}]
[606485,"Bueiro metálico com chapas múltiplas MP 152 galvanizadas - passagem inferior - vão = 4,25 m e altura = 4,10 m - aterro rodoviário mínimo = 0,60 m e máximo = 8,90 m - brita comercial","m",{"v":17776.64,"d":"17,776.64"},{"$nulls":4},{"v":21652.42,"d":"21,652.42"}]
[606466,"Bueiro metálico com chapas múltiplas MP 152 galvanizadas - passagem inferior - vão = 4,25 m e altura = 4,10 m - aterro rodoviário mínimo = 0,60 m e máximo = 8,90 m - brita produzida","m",{"v":17597.06,"d":"17,597.06"},{"$nulls":4},{"v":21433.69,"d":"21,433.69"}]
[606486,"Bueiro metálico com chapas múltiplas MP 152 galvanizadas - passagem inferior - vão = 4,40 m e altura = 4,25 m - aterro rodoviário mínimo = 0,60 m e máximo = 8,60 m - brita comercial","m",{"v":18554.28,"d":"18,554.28"},{"$nulls":4},{"v":22599.61,"d":"22,599.61"}]
[606467,"Bueiro metálico com chapas múltiplas MP 152 galvanizadas - passagem inferior - vão = 4,40 m e altura = 4,25 m - aterro rodoviário mínimo = 0,60 m e máximo = 8,60 m - brita produzida","m",{"v":18370.39,"d":"18,370.39"},{"$nulls":4},{"v":22375.63,"d":"22,375.63"}]
[606487,"Bueiro metálico com chapas múltiplas MP 152 galvanizadas - passagem inferior - vão = 4,50 m e altura = 4,40 m - aterro rodoviário mínimo = 0,60 m e máximo = 8,40 m - brita comercial","m",{"v":19092.51,"d":"19,092.51"},{"$nulls":4},{"v":23255.19,"d":"23,255.19"}]
[606468,"Bueiro metálico com chapas múltiplas MP 152 galvanizadas - passagem inferior - vão = 4,50 m e altura = 4,40 m - aterro rodoviário mínimo = 0,60 m e máximo = 8,40 m - brita produzida","m",{"v":18905.75,"d":"18,905.75"},{"$nulls":4},{"v":23027.71,"d":"23,027.71"}]
[606488,"Bueiro metálico com chapas múltiplas MP 152 galvanizadas - passagem inferior - vão = 4,70 m e altura = 4,50 m - aterro rodoviário mínimo = 0,60 m e máximo = 8,90 m - brita comercial","m",{"v":23589.88,"d":"23,589.88"},{"$nulls":4},{"v":28733.11,"d":"28,733.11"}]
[606469,"Bueiro metálico com chapas múltiplas MP 152 galvanizadas - passagem inferior - vão = 4,70 m e altura = 4,50 m - aterro rodoviário mínimo = 0,60 m e máximo = 8,90 m - brita produzida","m",{"v":23397.38,"d":"23,397.38"},{"$nulls":4},{"v":28498.64,"d":"28,498.64"}]
[606489,"Bueiro metálico com chapas múltiplas MP 152 galvanizadas - passagem inferior - vão = 4,80 m e altura = 4,75 m - aterro rodoviário mínimo = 0,90 m e máximo = 9,00 m - brita comercial","m",{"v":24881.55,"d":"24,881.55"},{"$nulls":4},{"v":30306.4,"d":"30,306.40"}]
[606470,"Bueiro metálico com chapas múltiplas MP 152 galvanizadas - passagem inferior - vão = 4,80 m e altura = 4,75 m - aterro rodoviário mínimo = 0,90 m e máximo = 9,00 m - brita produzida","m",{"v":24686.17,"d":"24,686.17"},{"$nulls":4},{"v":30068.42,"d":"30,068.42"}]
[606490,"Bueiro metálico com chapas múltiplas MP 152 galvanizadas - passagem inferior - vão = 5,00 m e altura = 4,85 m - aterro rodoviário mínimo = 0,90 m e máximo = 8,60 m - brita comercial","m",{"v":25609.12,"d":"25,609.12"},{"$nulls":4},{"v":31192.59,"d":"31,192.59"}]
[606471,"Bueiro metálico com chapas múltiplas MP 152 galvanizadas - passagem inferior - vão = 5,00 m e altura = 4,85 m - aterro rodoviário mínimo = 0,90 m e máximo = 8,60 m - brita produzida","m",{"v":25407.99,"d":"25,407.99"},{"$nulls":4},{"v":30947.61,"d":"30,947.61"}]
[606491,"Bueiro metálico com chapas múltiplas MP 152 galvanizadas - passagem inferior - vão = 5,15 m e altura = 4,90 m - aterro rodoviário mínimo = 0,90 m e máximo = 8,50 m - brita comercial","m",{"v":26322.88,"d":"26,322.88"},{"$nulls":4},{"v":32061.97,"d":"32,061.97"}]
[606472,"Bueiro metálico com chapas múltiplas MP 152 galvanizadas - passagem inferior - vão = 5,15 m e altura = 4,90 m - aterro rodoviário mínimo = 0,90 m e máximo = 8,50 m - brita produzida","m",{"v":26117.45,"d":"26,117.45"},{"$nulls":4},{"v":31811.75,"d":"31,811.75"}]
[606492,"Bueiro metálico com chapas múltiplas MP 152 galvanizadas - passagem inferior - vão = 5,25 m e altura = 5,00 m - aterro rodoviário mínimo = 0,90 m e máximo = 8,40 m - brita comercial","m",{"v":26860.76,"d":"26,860.76"},{"$nulls":4},{"v":32717.12,"d":"32,717.12"}]
[606473,"Bueiro metálico com chapas múltiplas MP 152 galvanizadas - passagem inferior - vão = 5,25 m e altura = 5,00 m - aterro rodoviário mínimo = 0,90 m e máximo = 8,40 m - brita produzida","m",{"v":26652.44,"d":"26,652.44"},{"$nulls":4},{"v":32463.39,"d":"32,463.39"}]
[606493,"Bueiro metálico com chapas múltiplas MP 152 galvanizadas - passagem inferior - vão = 5,30 m e altura = 5,30 m - aterro rodoviário mínimo = 0,90 m e máximo = 9,60 m - brita comercial","m",{"v":28301.57,"d":"28,301.57"},{"$nulls":4},{"v":34472.07,"d":"34,472.07"}]
[606474,"Bueiro metálico com chapas múltiplas MP 152 galvanizadas - passagem inferior - vão = 5,30 m e altura = 5,30 m - aterro rodoviário mínimo = 0,90 m e máximo = 9,60 m - brita produzida","m",{"v":28091.83,"d":"28,091.83"},{"$nulls":4},{"v":34216.6,"d":"34,216.60"}]
[606494,"Bueiro metálico com chapas múltiplas MP 152 galvanizadas - passagem inferior - vão = 5,65 m e altura = 5,25 m - aterro rodoviário mínimo = 0,90 m e máximo = 9,00 m - brita comercial","m",{"v":32698.39,"d":"32,698.39"},{"$nulls":4},{"v":39827.51,"d":"39,827.51"}]
[606475,"Bueiro metálico com chapas múltiplas MP 152 galvanizadas - passagem inferior - vão = 5,65 m e altura = 5,25 m - aterro rodoviário mínimo = 0,90 m e máximo = 9,00 m - brita produzida","m",{"v":32478.58,"d":"32,478.58"},{"$nulls":4},{"v":39559.78,"d":"39,559.78"}]
[606495,"Bueiro metálico com chapas múltiplas MP 152 galvanizadas - passagem inferior - vão = 5,85 m e altura = 5,30 m - aterro rodoviário mínimo = 0,90 m e máximo = 8,40 m - brita comercial","m",{"v":38497.89,"d":"38,497.89"},{"$nulls":4},{"v":46891.46,"d":"46,891.46"}]
[606476,"Bueiro metálico com chapas múltiplas MP 152 galvanizadas - passagem inferior - vão = 5,85 m e altura = 5,30 m - aterro rodoviário mínimo = 0,90 m e máximo = 8,40 m - brita produzida","m",{"v":38272.34,"d":"38,272.34"},{"$nulls":4},{"v":46616.73,"d":"46,616.73"}]
[606496,"Bueiro metálico com chapas múltiplas MP 152 galvanizadas - passagem inferior - vão = 6,00 m e altura = 5,45 m - aterro rodoviário mínimo = 0,90 m e máximo = 8,30 m - brita comercial","m",{"v":39411.92,"d":"39,411.92"},{"$nulls":4},{"v":48004.78,"d":"48,004.78"}]
[606477,"Bueiro metálico com chapas múltiplas MP 152 galvanizadas - passagem inferior - vão = 6,00 m e altura = 5,45 m - aterro rodoviário mínimo = 0,90 m e máximo = 8,30 m - brita produzida","m",{"v":39182.07,"d":"39,182.07"},{"$nulls":4},{"v":47724.81,"d":"47,724.81"}]
[606497,"Bueiro metálico com chapas múltiplas MP 152 galvanizadas - passagem inferior - vão = 6,25 m e altura = 5,50 m - aterro rodoviário mínimo = 0,90 m e máximo = 7,90 m - brita comercial","m",{"v":40578.05,"d":"40,578.05"},{"$nulls":4},{"v":49425.15,"d":"49,425.15"}]
[606478,"Bueiro metálico com chapas múltiplas MP 152 galvanizadas - passagem inferior - vão = 6,25 m e altura = 5,50 m - aterro rodoviário mínimo = 0,90 m e máximo = 7,90 m - brita produzida","m",{"v":40341,"d":"40,341.00"},{"$nulls":4},{"v":49136.42,"d":"49,136.42"}]
[605835,"Bueiro metálico sem interrupção de tráfego - D = 1,20 m - chapa com epóxi - escavado em material de 1ª categoria - aterro ferroviário máximo = 12,90 m","m",{"v":5869.04,"d":"5,869.04"},{"$nulls":4},{"v":7148.65,"d":"7,148.65"}]
[605571,"Bueiro metálico sem interrupção de tráfego - D = 1,20 m - chapa com epóxi - escavado em material de 1ª categoria - aterro rodoviário máximo = 9,00 m","m",{"v":5196.85,"d":"5,196.85"},{"$nulls":4},{"v":6329.9,"d":"6,329.90"}]
[605850,"Bueiro metálico sem interrupção de tráfego - D = 1,20 m - chapa com epóxi - escavado em material de 2ª categoria - aterro ferroviário máximo = 12,90 m","m",{"v":6244.22,"d":"6,244.22"},{"$nulls":4},{"v":7605.63,"d":"7,605.63"}]
[605582,"Bueiro metálico sem interrupção de tráfego - D = 1,20 m - chapa com epóxi - escavado em material de 2ª categoria - aterro rodoviário máximo = 9,00 m","m",{"v":5572.03,"d":"5,572.03"},{"$nulls":4},{"v":6786.88,"d":"6,786.88"}]
[605889,"Bueiro metálico sem interrupção de tráfego - D = 1,20 m - chapa com epóxi - escavado em material de 3ª categoria - aterro ferroviário máximo = 12,90 m","m",{"v":6853.76,"d":"6,853.76"},{"$nulls":4},{"v":8348.06,"d":"8,348.06"}]
[605593,"Bueiro metálico sem interrupção de tráfego - D = 1,20 m - chapa com epóxi - escavado em material de 3ª categoria - aterro rodoviário máximo = 9,00 m","m",{"v":6181.56,"d":"6,181.56"},{"$nulls":4},{"v":7529.31,"d":"7,529.31"}]
[605739,"Bueiro metálico sem interrupção de tráfego - D = 1,20 m - chapa galvanizada - escavado em material de 1ª categoria - aterro ferroviário máximo = 12,90 m","m",{"v":5661.07,"d":"5,661.07"},{"$nulls":4},{"v":6895.33,"d":"6,895.33"}]
[605504,"Bueiro metálico sem interrupção de tráfego - D = 1,20 m - chapa galvanizada - escavado em material de 1ª categoria - aterro rodoviário máximo = 9,00 m","m",{"v":4948.45,"d":"4,948.45"},{"$nulls":4},{"v":6027.34,"d":"6,027.34"}]
[605781,"Bueiro metálico sem interrupção de tráfego - D = 1,20 m - chapa galvanizada - escavado em material de 2ª categoria - aterro ferroviário máximo = 12,90 m","m",{"v":6036.24,"d":"6,036.24"},{"$nulls":4},{"v":7352.3,"d":"7,352.30"}]
[605524,"Bueiro metálico sem interrupção de tráfego - D = 1,20 m - chapa galvanizada - escavado em material de 2ª categoria - aterro rodoviário máximo = 9,00 m","m",{"v":5323.62,"d":"5,323.62"},{"$nulls":4},{"v":6484.31,"d":"6,484.31"}]
[605815,"Bueiro metálico sem interrupção de tráfego - D = 1,20 m - chapa galvanizada - escavado em material de 3ª categoria - aterro ferroviário máximo = 12,90 m","m",{"v":6645.78,"d":"6,645.78"},{"$nulls":4},{"v":8094.74,"d":"8,094.74"}]
[605544,"Bueiro metálico sem interrupção de tráfego - D = 1,20 m - chapa galvanizada - escavado em material de 3ª categoria - aterro rodoviário máximo = 9,00 m","m",{"v":5933.16,"d":"5,933.16"},{"$nulls":4},{"v":7226.75,"d":"7,226.75"}]
[605836,"Bueiro metálico sem interrupção de tráfego - D = 1,40 m - chapa com epóxi - escavado em material de 1ª categoria - aterro ferroviário máximo = 11,00 m","m",{"v":6655.08,"d":"6,655.08"},{"$nulls":4},{"v":8106.06,"d":"8,106.06"}]
[605572,"Bueiro metálico sem interrupção de tráfego - D = 1,40 m - chapa com epóxi - escavado em material de 1ª categoria - aterro rodoviário máximo = 7,70 m","m",{"v":5928.58,"d":"5,928.58"},{"$nulls":4},{"v":7221.17,"d":"7,221.17"}]
[605851,"Bueiro metálico sem interrupção de tráfego - D = 1,40 m - chapa com epóxi - escavado em material de 2ª categoria - aterro ferroviário máximo = 11,00 m","m",{"v":7145.1,"d":"7,145.10"},{"$nulls":4},{"v":8702.92,"d":"8,702.92"}]
[605583,"Bueiro metálico sem interrupção de tráfego - D = 1,40 m - chapa com epóxi - escavado em material de 2ª categoria - aterro rodoviário máximo = 7,70 m","m",{"v":6418.61,"d":"6,418.61"},{"$nulls":4},{"v":7818.04,"d":"7,818.04"}]
[605890,"Bueiro metálico sem interrupção de tráfego - D = 1,40 m - chapa com epóxi - escavado em material de 3ª categoria - aterro ferroviário máximo = 11,00 m","m",{"v":7941.24,"d":"7,941.24"},{"$nulls":4},{"v":9672.64,"d":"9,672.64"}]
[605594,"Bueiro metálico sem interrupção de tráfego - D = 1,40 m - chapa com epóxi - escavado em material de 3ª categoria - aterro rodoviário máximo = 7,70 m","m",{"v":7214.74,"d":"7,214.74"},{"$nulls":4},{"v":8787.75,"d":"8,787.75"}]
[605740,"Bueiro metálico sem interrupção de tráfego - D = 1,40 m - chapa galvanizada - escavado em material de 1ª categoria - aterro ferroviário máximo = 11,00 m","m",{"v":6420.66,"d":"6,420.66"},{"$nulls":4},{"v":7820.54,"d":"7,820.54"}]
[605505,"Bueiro metálico sem interrupção de tráfego - D = 1,40 m - chapa galvanizada - escavado em material de 1ª categoria - aterro rodoviário máximo = 7,70 m","m",{"v":5646.55,"d":"5,646.55"},{"$nulls":4},{"v":6877.65,"d":"6,877.65"}]
[605782,"Bueiro metálico sem interrupção de tráfego - D = 1,40 m - chapa galvanizada - escavado em material de 2ª categoria - aterro ferroviário máximo = 11,00 m","m",{"v":6910.69,"d":"6,910.69"},{"$nulls":4},{"v":8417.4,"d":"8,417.40"}]
[605525,"Bueiro metálico sem interrupção de tráfego - D = 1,40 m - chapa galvanizada - escavado em material de 2ª categoria - aterro rodoviário máximo = 7,70 m","m",{"v":6136.57,"d":"6,136.57"},{"$nulls":4},{"v":7474.51,"d":"7,474.51"}]
[605816,"Bueiro metálico sem interrupção de tráfego - D = 1,40 m - chapa galvanizada - escavado em material de 3ª categoria - aterro ferroviário máximo = 11,00 m","m",{"v":7706.82,"d":"7,706.82"},{"$nulls":4},{"v":9387.11,"d":"9,387.11"}]
[605545,"Bueiro metálico sem interrupção de tráfego - D = 1,40 m - chapa galvanizada - escavado em material de 3ª categoria - aterro rodoviário máximo = 7,70 m","m",{"v":6932.7,"d":"6,932.70"},{"$nulls":4},{"v":8444.22,"d":"8,444.22"}]
[605837,"Bueiro metálico sem interrupção de tráfego - D = 1,60 m - chapa com epóxi - escavado em material de 1ª categoria - aterro ferroviário máximo = 9,60 m","m",{"v":7918.85,"d":"7,918.85"},{"$nulls":4},{"v":9645.37,"d":"9,645.37"}]
[605573,"Bueiro metálico sem interrupção de tráfego - D = 1,60 m - chapa com epóxi - escavado em material de 1ª categoria - aterro rodoviário máximo = 6,70 m","m",{"v":7149.23,"d":"7,149.23"},{"$nulls":4},{"v":8707.95,"d":"8,707.95"}]
[605852,"Bueiro metálico sem interrupção de tráfego - D = 1,60 m - chapa com epóxi - escavado em material de 2ª categoria - aterro ferroviário máximo = 9,60 m","m",{"v":8539.04,"d":"8,539.04"},{"$nulls":4},{"v":10400.78,"d":"10,400.78"}]
[605584,"Bueiro metálico sem interrupção de tráfego - D = 1,60 m - chapa com epóxi - escavado em material de 2ª categoria - aterro rodoviário máximo = 6,70 m","m",{"v":7769.41,"d":"7,769.41"},{"$nulls":4},{"v":9463.35,"d":"9,463.35"}]
[605891,"Bueiro metálico sem interrupção de tráfego - D = 1,60 m - chapa com epóxi - escavado em material de 3ª categoria - aterro ferroviário máximo = 9,60 m","m",{"v":9546.65,"d":"9,546.65"},{"$nulls":4},{"v":11628.07,"d":"11,628.07"}]
[605595,"Bueiro metálico sem interrupção de tráfego - D = 1,60 m - chapa com epóxi - escavado em material de 3ª categoria - aterro rodoviário máximo = 6,70 m","m",{"v":8777.02,"d":"8,777.02"},{"$nulls":4},{"v":10690.65,"d":"10,690.65"}]
[605741,"Bueiro metálico sem interrupção de tráfego - D = 1,60 m - chapa galvanizada - escavado em material de 1ª categoria - aterro ferroviário máximo = 9,60 m","m",{"v":7645.66,"d":"7,645.66"},{"$nulls":4},{"v":9312.62,"d":"9,312.62"}]
[605506,"Bueiro metálico sem interrupção de tráfego - D = 1,60 m - chapa galvanizada - escavado em material de 1ª categoria - aterro rodoviário máximo = 6,70 m","m",{"v":6815.42,"d":"6,815.42"},{"$nulls":4},{"v":8301.37,"d":"8,301.37"}]
[605783,"Bueiro metálico sem interrupção de tráfego - D = 1,60 m - chapa galvanizada - escavado em material de 2ª categoria - aterro ferroviário máximo = 9,60 m","m",{"v":8265.84,"d":"8,265.84"},{"$nulls":4},{"v":10068.02,"d":"10,068.02"}]
[605526,"Bueiro metálico sem interrupção de tráfego - D = 1,60 m - chapa galvanizada - escavado em material de 2ª categoria - aterro rodoviário máximo = 6,70 m","m",{"v":7435.62,"d":"7,435.62"},{"$nulls":4},{"v":9056.78,"d":"9,056.78"}]
[605817,"Bueiro metálico sem interrupção de tráfego - D = 1,60 m - chapa galvanizada - escavado em material de 3ª categoria - aterro ferroviário máximo = 9,60 m","m",{"v":9273.46,"d":"9,273.46"},{"$nulls":4},{"v":11295.32,"d":"11,295.32"}]
[605546,"Bueiro metálico sem interrupção de tráfego - D = 1,60 m - chapa galvanizada - escavado em material de 3ª categoria - aterro rodoviário máximo = 6,70 m","m",{"v":8443.22,"d":"8,443.22"},{"$nulls":4},{"v":10284.07,"d":"10,284.07"}]
[605838,"Bueiro metálico sem interrupção de tráfego - D = 1,80 m - chapa com epóxi - escavado em material de 1ª categoria - aterro ferroviário máximo = 8,00 m","m",{"v":9021.01,"d":"9,021.01"},{"$nulls":4},{"v":10987.83,"d":"10,987.83"}]
[605574,"Bueiro metálico sem interrupção de tráfego - D = 1,80 m - chapa com epóxi - escavado em material de 1ª categoria - aterro rodoviário máximo = 6,00 m","m",{"v":8142.83,"d":"8,142.83"},{"$nulls":4},{"v":9918.19,"d":"9,918.19"}]
[605853,"Bueiro metálico sem interrupção de tráfego - D = 1,80 m - chapa com epóxi - escavado em material de 2ª categoria - aterro ferroviário máximo = 8,00 m","m",{"v":9786.67,"d":"9,786.67"},{"$nulls":4},{"v":11920.43,"d":"11,920.43"}]
[605585,"Bueiro metálico sem interrupção de tráfego - D = 1,80 m - chapa com epóxi - escavado em material de 2ª categoria - aterro rodoviário máximo = 6,00 m","m",{"v":8908.5,"d":"8,908.50"},{"$nulls":4},{"v":10850.79,"d":"10,850.79"}]
[605892,"Bueiro metálico sem interrupção de tráfego - D = 1,80 m - chapa com epóxi - escavado em material de 3ª categoria - aterro ferroviário máximo = 8,00 m","m",{"v":11030.63,"d":"11,030.63"},{"$nulls":4},{"v":13435.6,"d":"13,435.60"}]
[605596,"Bueiro metálico sem interrupção de tráfego - D = 1,80 m - chapa com epóxi - escavado em material de 3ª categoria - aterro rodoviário máximo = 6,00 m","m",{"v":10152.45,"d":"10,152.45"},{"$nulls":4},{"v":12365.96,"d":"12,365.96"}]
[605742,"Bueiro metálico sem interrupção de tráfego - D = 1,80 m - chapa galvanizada - escavado em material de 1ª categoria - aterro ferroviário máximo = 8,00 m","m",{"v":8709.04,"d":"8,709.04"},{"$nulls":4},{"v":10607.84,"d":"10,607.84"}]
[605507,"Bueiro metálico sem interrupção de tráfego - D = 1,80 m - chapa galvanizada - escavado em material de 1ª categoria - aterro rodoviário máximo = 6,00 m","m",{"v":7762.46,"d":"7,762.46"},{"$nulls":4},{"v":9454.89,"d":"9,454.89"}]
[605784,"Bueiro metálico sem interrupção de tráfego - D = 1,80 m - chapa galvanizada - escavado em material de 2ª categoria - aterro ferroviário máximo = 8,00 m","m",{"v":9474.7,"d":"9,474.70"},{"$nulls":4},{"v":11540.44,"d":"11,540.44"}]
[605527,"Bueiro metálico sem interrupção de tráfego - D = 1,80 m - chapa galvanizada - escavado em material de 2ª categoria - aterro rodoviário máximo = 6,00 m","m",{"v":8528.13,"d":"8,528.13"},{"$nulls":4},{"v":10387.49,"d":"10,387.49"}]
[605818,"Bueiro metálico sem interrupção de tráfego - D = 1,80 m - chapa galvanizada - escavado em material de 3ª categoria - aterro ferroviário máximo = 8,00 m","m",{"v":10718.66,"d":"10,718.66"},{"$nulls":4},{"v":13055.62,"d":"13,055.62"}]
[605547,"Bueiro metálico sem interrupção de tráfego - D = 1,80 m - chapa galvanizada - escavado em material de 3ª categoria - aterro rodoviário máximo = 6,00 m","m",{"v":9772.08,"d":"9,772.08"},{"$nulls":4},{"v":11902.66,"d":"11,902.66"}]
[605839,"Bueiro metálico sem interrupção de tráfego - D = 2,00 m - chapa com epóxi - escavado em material de 1ª categoria - aterro ferroviário máximo = 6,90 m","m",{"v":10166.83,"d":"10,166.83"},{"$nulls":4},{"v":12383.47,"d":"12,383.47"}]
[605575,"Bueiro metálico sem interrupção de tráfego - D = 2,00 m - chapa com epóxi - escavado em material de 1ª categoria - aterro rodoviário máximo = 5,40 m","m",{"v":9201.31,"d":"9,201.31"},{"$nulls":4},{"v":11207.44,"d":"11,207.44"}]
[605854,"Bueiro metálico sem interrupção de tráfego - D = 2,00 m - chapa com epóxi - escavado em material de 2ª categoria - aterro ferroviário máximo = 6,90 m","m",{"v":11093.29,"d":"11,093.29"},{"$nulls":4},{"v":13511.92,"d":"13,511.92"}]
[605586,"Bueiro metálico sem interrupção de tráfego - D = 2,00 m - chapa com epóxi - escavado em material de 2ª categoria - aterro rodoviário máximo = 5,40 m","m",{"v":10127.77,"d":"10,127.77"},{"$nulls":4},{"v":12335.89,"d":"12,335.89"}]
[605893,"Bueiro metálico sem interrupção de tráfego - D = 2,00 m - chapa com epóxi - escavado em material de 3ª categoria - aterro ferroviário máximo = 6,90 m","m",{"v":12598.48,"d":"12,598.48"},{"$nulls":4},{"v":15345.29,"d":"15,345.29"}]
[605597,"Bueiro metálico sem interrupção de tráfego - D = 2,00 m - chapa com epóxi - escavado em material de 3ª categoria - aterro rodoviário máximo = 5,40 m","m",{"v":11632.96,"d":"11,632.96"},{"$nulls":4},{"v":14169.26,"d":"14,169.26"}]
[605743,"Bueiro metálico sem interrupção de tráfego - D = 2,00 m - chapa galvanizada - escavado em material de 1ª categoria - aterro ferroviário máximo = 6,90 m","m",{"v":9823.14,"d":"9,823.14"},{"$nulls":4},{"v":11964.85,"d":"11,964.85"}]
[605508,"Bueiro metálico sem interrupção de tráfego - D = 2,00 m - chapa galvanizada - escavado em material de 1ª categoria - aterro rodoviário máximo = 5,40 m","m",{"v":8782.14,"d":"8,782.14"},{"$nulls":4},{"v":10696.88,"d":"10,696.88"}]
[605785,"Bueiro metálico sem interrupção de tráfego - D = 2,00 m - chapa galvanizada - escavado em material de 2ª categoria - aterro ferroviário máximo = 6,90 m","m",{"v":10749.6,"d":"10,749.60"},{"$nulls":4},{"v":13093.3,"d":"13,093.30"}]
[605528,"Bueiro metálico sem interrupção de tráfego - D = 2,00 m - chapa galvanizada - escavado em material de 2ª categoria - aterro rodoviário máximo = 5,40 m","m",{"v":9708.59,"d":"9,708.59"},{"$nulls":4},{"v":11825.32,"d":"11,825.32"}]
[605819,"Bueiro metálico sem interrupção de tráfego - D = 2,00 m - chapa galvanizada - escavado em material de 3ª categoria - aterro ferroviário máximo = 6,90 m","m",{"v":12254.79,"d":"12,254.79"},{"$nulls":4},{"v":14926.66,"d":"14,926.66"}]
[605548,"Bueiro metálico sem interrupção de tráfego - D = 2,00 m - chapa galvanizada - escavado em material de 3ª categoria - aterro rodoviário máximo = 5,40 m","m",{"v":11213.78,"d":"11,213.78"},{"$nulls":4},{"v":13658.69,"d":"13,658.69"}]
[605840,"Bueiro metálico sem interrupção de tráfego - D = 2,20 m - chapa com epóxi - escavado em material de 1ª categoria - aterro ferroviário máximo = 7,90 m","m",{"v":13180.92,"d":"13,180.92"},{"$nulls":4},{"v":16054.71,"d":"16,054.71"}]
[605576,"Bueiro metálico sem interrupção de tráfego - D = 2,20 m - chapa com epóxi - escavado em material de 1ª categoria - aterro rodoviário máximo = 4,90 m","m",{"v":10384.83,"d":"10,384.83"},{"$nulls":4},{"v":12649,"d":"12,649.00"}]
[605855,"Bueiro metálico sem interrupção de tráfego - D = 2,20 m - chapa com epóxi - escavado em material de 2ª categoria - aterro ferroviário máximo = 7,90 m","m",{"v":14283.48,"d":"14,283.48"},{"$nulls":4},{"v":17397.66,"d":"17,397.66"}]
[605587,"Bueiro metálico sem interrupção de tráfego - D = 2,20 m - chapa com epóxi - escavado em material de 2ª categoria - aterro rodoviário máximo = 4,90 m","m",{"v":11487.39,"d":"11,487.39"},{"$nulls":4},{"v":13991.95,"d":"13,991.95"}]
[605898,"Bueiro metálico sem interrupção de tráfego - D = 2,20 m - chapa com epóxi - escavado em material de 3ª categoria - aterro ferroviário máximo = 7,90 m","m",{"v":16074.78,"d":"16,074.78"},{"$nulls":4},{"v":19579.51,"d":"19,579.51"}]
[605598,"Bueiro metálico sem interrupção de tráfego - D = 2,20 m - chapa com epóxi - escavado em material de 3ª categoria - aterro rodoviário máximo = 4,90 m","m",{"v":13278.69,"d":"13,278.69"},{"$nulls":4},{"v":16173.8,"d":"16,173.80"}]
[605744,"Bueiro metálico sem interrupção de tráfego - D = 2,20 m - chapa galvanizada - escavado em material de 1ª categoria - aterro ferroviário máximo = 7,90 m","m",{"v":12456.7,"d":"12,456.70"},{"$nulls":4},{"v":15172.59,"d":"15,172.59"}]
[605509,"Bueiro metálico sem interrupção de tráfego - D = 2,20 m - chapa galvanizada - escavado em material de 1ª categoria - aterro rodoviário máximo = 4,90 m","m",{"v":9921.66,"d":"9,921.66"},{"$nulls":4},{"v":12084.85,"d":"12,084.85"}]
[605787,"Bueiro metálico sem interrupção de tráfego - D = 2,20 m - chapa galvanizada - escavado em material de 2ª categoria - aterro ferroviário máximo = 7,90 m","m",{"v":13559.25,"d":"13,559.25"},{"$nulls":4},{"v":16515.53,"d":"16,515.53"}]
[605529,"Bueiro metálico sem interrupção de tráfego - D = 2,20 m - chapa galvanizada - escavado em material de 2ª categoria - aterro rodoviário máximo = 4,90 m","m",{"v":11024.22,"d":"11,024.22"},{"$nulls":4},{"v":13427.79,"d":"13,427.79"}]
[605820,"Bueiro metálico sem interrupção de tráfego - D = 2,20 m - chapa galvanizada - escavado em material de 3ª categoria - aterro ferroviário máximo = 7,90 m","m",{"v":15350.55,"d":"15,350.55"},{"$nulls":4},{"v":18697.38,"d":"18,697.38"}]
[605549,"Bueiro metálico sem interrupção de tráfego - D = 2,20 m - chapa galvanizada - escavado em material de 3ª categoria - aterro rodoviário máximo = 4,90 m","m",{"v":12815.51,"d":"12,815.51"},{"$nulls":4},{"v":15609.64,"d":"15,609.64"}]
[605841,"Bueiro metálico sem interrupção de tráfego - D = 2,40 m - chapa com epóxi - escavado em material de 1ª categoria - aterro ferroviário máximo = 7,00 m","m",{"v":14406.05,"d":"14,406.05"},{"$nulls":4},{"v":17546.95,"d":"17,546.95"}]
[605577,"Bueiro metálico sem interrupção de tráfego - D = 2,40 m - chapa com epóxi - escavado em material de 1ª categoria - aterro rodoviário máximo = 4,50 m","m",{"v":11350.03,"d":"11,350.03"},{"$nulls":4},{"v":13824.64,"d":"13,824.64"}]
[605856,"Bueiro metálico sem interrupção de tráfego - D = 2,40 m - chapa com epóxi - escavado em material de 2ª categoria - aterro ferroviário máximo = 7,00 m","m",{"v":15700.02,"d":"15,700.02"},{"$nulls":4},{"v":19123.04,"d":"19,123.04"}]
[605588,"Bueiro metálico sem interrupção de tráfego - D = 2,40 m - chapa com epóxi - escavado em material de 2ª categoria - aterro rodoviário máximo = 4,50 m","m",{"v":12644,"d":"12,644.00"},{"$nulls":4},{"v":15400.73,"d":"15,400.73"}]
[605899,"Bueiro metálico sem interrupção de tráfego - D = 2,40 m - chapa com epóxi - escavado em material de 3ª categoria - aterro ferroviário máximo = 7,00 m","m",{"v":17802.31,"d":"17,802.31"},{"$nulls":4},{"v":21683.69,"d":"21,683.69"}]
[605599,"Bueiro metálico sem interrupção de tráfego - D = 2,40 m - chapa com epóxi - escavado em material de 3ª categoria - aterro rodoviário máximo = 4,50 m","m",{"v":14746.29,"d":"14,746.29"},{"$nulls":4},{"v":17961.38,"d":"17,961.38"}]
[605745,"Bueiro metálico sem interrupção de tráfego - D = 2,40 m - chapa galvanizada - escavado em material de 1ª categoria - aterro ferroviário máximo = 7,00 m","m",{"v":13622.14,"d":"13,622.14"},{"$nulls":4},{"v":16592.13,"d":"16,592.13"}]
[605510,"Bueiro metálico sem interrupção de tráfego - D = 2,40 m - chapa galvanizada - escavado em material de 1ª categoria - aterro rodoviário máximo = 4,50 m","m",{"v":10850.64,"d":"10,850.64"},{"$nulls":4},{"v":13216.37,"d":"13,216.37"}]
[605788,"Bueiro metálico sem interrupção de tráfego - D = 2,40 m - chapa galvanizada - escavado em material de 2ª categoria - aterro ferroviário máximo = 7,00 m","m",{"v":14916.12,"d":"14,916.12"},{"$nulls":4},{"v":18168.23,"d":"18,168.23"}]
[605530,"Bueiro metálico sem interrupção de tráfego - D = 2,40 m - chapa galvanizada - escavado em material de 2ª categoria - aterro rodoviário máximo = 4,50 m","m",{"v":12144.61,"d":"12,144.61"},{"$nulls":4},{"v":14792.46,"d":"14,792.46"}]
[605821,"Bueiro metálico sem interrupção de tráfego - D = 2,40 m - chapa galvanizada - escavado em material de 3ª categoria - aterro ferroviário máximo = 7,00 m","m",{"v":17018.4,"d":"17,018.40"},{"$nulls":4},{"v":20728.87,"d":"20,728.87"}]
[605550,"Bueiro metálico sem interrupção de tráfego - D = 2,40 m - chapa galvanizada - escavado em material de 3ª categoria - aterro rodoviário máximo = 4,50 m","m",{"v":14246.9,"d":"14,246.90"},{"$nulls":4},{"v":17353.11,"d":"17,353.11"}]
[605842,"Bueiro metálico sem interrupção de tráfego - D = 2,60 m - chapa com epóxi - escavado em material de 1ª categoria - aterro ferroviário máximo = 6,40 m","m",{"v":15924.9,"d":"15,924.90"},{"$nulls":4},{"v":19396.96,"d":"19,396.96"}]
[605578,"Bueiro metálico sem interrupção de tráfego - D = 2,60 m - chapa com epóxi - escavado em material de 1ª categoria - aterro rodoviário máximo = 4,10 m","m",{"v":12579.18,"d":"12,579.18"},{"$nulls":4},{"v":15321.78,"d":"15,321.78"}]
[605857,"Bueiro metálico sem interrupção de tráfego - D = 2,60 m - chapa com epóxi - escavado em material de 2ª categoria - aterro ferroviário máximo = 6,40 m","m",{"v":17425.61,"d":"17,425.61"},{"$nulls":4},{"v":21224.86,"d":"21,224.86"}]
[605589,"Bueiro metálico sem interrupção de tráfego - D = 2,60 m - chapa com epóxi - escavado em material de 2ª categoria - aterro rodoviário máximo = 4,10 m","m",{"v":14079.89,"d":"14,079.89"},{"$nulls":4},{"v":17149.68,"d":"17,149.68"}]
[605900,"Bueiro metálico sem interrupção de tráfego - D = 2,60 m - chapa com epóxi - escavado em material de 3ª categoria - aterro ferroviário máximo = 6,40 m","m",{"v":19863.77,"d":"19,863.77"},{"$nulls":4},{"v":24194.6,"d":"24,194.60"}]
[605600,"Bueiro metálico sem interrupção de tráfego - D = 2,60 m - chapa com epóxi - escavado em material de 3ª categoria - aterro rodoviário máximo = 4,10 m","m",{"v":16518.04,"d":"16,518.04"},{"$nulls":4},{"v":20119.42,"d":"20,119.42"}]
[605746,"Bueiro metálico sem interrupção de tráfego - D = 2,60 m - chapa galvanizada - escavado em material de 1ª categoria - aterro ferroviário máximo = 6,40 m","m",{"v":15070.48,"d":"15,070.48"},{"$nulls":4},{"v":18356.25,"d":"18,356.25"}]
[605511,"Bueiro metálico sem interrupção de tráfego - D = 2,60 m - chapa galvanizada - escavado em material de 1ª categoria - aterro rodoviário máximo = 4,10 m","m",{"v":12035.8,"d":"12,035.80"},{"$nulls":4},{"v":14659.93,"d":"14,659.93"}]
[605789,"Bueiro metálico sem interrupção de tráfego - D = 2,60 m - chapa galvanizada - escavado em material de 2ª categoria - aterro ferroviário máximo = 6,40 m","m",{"v":16571.18,"d":"16,571.18"},{"$nulls":4},{"v":20184.14,"d":"20,184.14"}]
[605531,"Bueiro metálico sem interrupção de tráfego - D = 2,60 m - chapa galvanizada - escavado em material de 2ª categoria - aterro rodoviário máximo = 4,10 m","m",{"v":13536.51,"d":"13,536.51"},{"$nulls":4},{"v":16487.83,"d":"16,487.83"}]
[605822,"Bueiro metálico sem interrupção de tráfego - D = 2,60 m - chapa galvanizada - escavado em material de 3ª categoria - aterro ferroviário máximo = 6,40 m","m",{"v":19009.34,"d":"19,009.34"},{"$nulls":4},{"v":23153.89,"d":"23,153.89"}]
[605551,"Bueiro metálico sem interrupção de tráfego - D = 2,60 m - chapa galvanizada - escavado em material de 3ª categoria - aterro rodoviário máximo = 4,10 m","m",{"v":15974.66,"d":"15,974.66"},{"$nulls":4},{"v":19457.57,"d":"19,457.57"}]
[605843,"Bueiro metálico sem interrupção de tráfego - D = 2,80 m - chapa com epóxi - escavado em material de 1ª categoria - aterro ferroviário máximo = 5,50 m","m",{"v":17147.88,"d":"17,147.88"},{"$nulls":4},{"v":20886.58,"d":"20,886.58"}]
[605579,"Bueiro metálico sem interrupção de tráfego - D = 2,80 m - chapa com epóxi - escavado em material de 1ª categoria - aterro rodoviário máximo = 3,80 m","m",{"v":13581.29,"d":"13,581.29"},{"$nulls":4},{"v":16542.37,"d":"16,542.37"}]
[605858,"Bueiro metálico sem interrupção de tráfego - D = 2,80 m - chapa com epóxi - escavado em material de 2ª categoria - aterro ferroviário máximo = 5,50 m","m",{"v":18870.63,"d":"18,870.63"},{"$nulls":4},{"v":22984.93,"d":"22,984.93"}]
[605590,"Bueiro metálico sem interrupção de tráfego - D = 2,80 m - chapa com epóxi - escavado em material de 2ª categoria - aterro rodoviário máximo = 3,80 m","m",{"v":15304.03,"d":"15,304.03"},{"$nulls":4},{"v":18640.72,"d":"18,640.72"}]
[605901,"Bueiro metálico sem interrupção de tráfego - D = 2,80 m - chapa com epóxi - escavado em material de 3ª categoria - aterro ferroviário máximo = 5,50 m","m",{"v":21669.53,"d":"21,669.53"},{"$nulls":4},{"v":26394.07,"d":"26,394.07"}]
[605601,"Bueiro metálico sem interrupção de tráfego - D = 2,80 m - chapa com epóxi - escavado em material de 3ª categoria - aterro rodoviário máximo = 3,80 m","m",{"v":18102.94,"d":"18,102.94"},{"$nulls":4},{"v":22049.86,"d":"22,049.86"}]
[605747,"Bueiro metálico sem interrupção de tráfego - D = 2,80 m - chapa galvanizada - escavado em material de 1ª categoria - aterro ferroviário máximo = 5,50 m","m",{"v":16233.78,"d":"16,233.78"},{"$nulls":4},{"v":19773.18,"d":"19,773.18"}]
[605512,"Bueiro metálico sem interrupção de tráfego - D = 2,80 m - chapa galvanizada - escavado em material de 1ª categoria - aterro rodoviário máximo = 3,80 m","m",{"v":12999.09,"d":"12,999.09"},{"$nulls":4},{"v":15833.24,"d":"15,833.24"}]
[605790,"Bueiro metálico sem interrupção de tráfego - D = 2,80 m - chapa galvanizada - escavado em material de 2ª categoria - aterro ferroviário máximo = 5,50 m","m",{"v":17956.53,"d":"17,956.53"},{"$nulls":4},{"v":21871.53,"d":"21,871.53"}]
[605532,"Bueiro metálico sem interrupção de tráfego - D = 2,80 m - chapa galvanizada - escavado em material de 2ª categoria - aterro rodoviário máximo = 3,80 m","m",{"v":14721.84,"d":"14,721.84"},{"$nulls":4},{"v":17931.59,"d":"17,931.59"}]
[605823,"Bueiro metálico sem interrupção de tráfego - D = 2,80 m - chapa galvanizada - escavado em material de 3ª categoria - aterro ferroviário máximo = 5,50 m","m",{"v":20755.43,"d":"20,755.43"},{"$nulls":4},{"v":25280.67,"d":"25,280.67"}]
[605552,"Bueiro metálico sem interrupção de tráfego - D = 2,80 m - chapa galvanizada - escavado em material de 3ª categoria - aterro rodoviário máximo = 3,80 m","m",{"v":17520.74,"d":"17,520.74"},{"$nulls":4},{"v":21340.73,"d":"21,340.73"}]
[605844,"Bueiro metálico sem interrupção de tráfego - D = 3,00 m - chapa com epóxi - escavado em material de 1ª categoria - aterro ferroviário máximo = 4,70 m","m",{"v":18722.14,"d":"18,722.14"},{"$nulls":4},{"v":22804.07,"d":"22,804.07"}]
[605580,"Bueiro metálico sem interrupção de tráfego - D = 3,00 m - chapa com epóxi - escavado em material de 1ª categoria - aterro rodoviário máximo = 3,60 m","m",{"v":14905.47,"d":"14,905.47"},{"$nulls":4},{"v":18155.26,"d":"18,155.26"}]
[605887,"Bueiro metálico sem interrupção de tráfego - D = 3,00 m - chapa com epóxi - escavado em material de 2ª categoria - aterro ferroviário máximo = 4,70 m","m",{"v":20682.25,"d":"20,682.25"},{"$nulls":4},{"v":25191.53,"d":"25,191.53"}]
[605591,"Bueiro metálico sem interrupção de tráfego - D = 3,00 m - chapa com epóxi - escavado em material de 2ª categoria - aterro rodoviário máximo = 3,60 m","m",{"v":16865.57,"d":"16,865.57"},{"$nulls":4},{"v":20542.72,"d":"20,542.72"}]
[605902,"Bueiro metálico sem interrupção de tráfego - D = 3,00 m - chapa com epóxi - escavado em material de 3ª categoria - aterro ferroviário máximo = 4,70 m","m",{"v":23866.78,"d":"23,866.78"},{"$nulls":4},{"v":29070.38,"d":"29,070.38"}]
[605602,"Bueiro metálico sem interrupção de tráfego - D = 3,00 m - chapa com epóxi - escavado em material de 3ª categoria - aterro rodoviário máximo = 3,60 m","m",{"v":20050.11,"d":"20,050.11"},{"$nulls":4},{"v":24421.57,"d":"24,421.57"}]
[605748,"Bueiro metálico sem interrupção de tráfego - D = 3,00 m - chapa galvanizada - escavado em material de 1ª categoria - aterro ferroviário máximo = 4,70 m","m",{"v":17737.52,"d":"17,737.52"},{"$nulls":4},{"v":21604.78,"d":"21,604.78"}]
[605513,"Bueiro metálico sem interrupção de tráfego - D = 3,00 m - chapa galvanizada - escavado em material de 1ª categoria - aterro rodoviário máximo = 3,60 m","m",{"v":14276.7,"d":"14,276.70"},{"$nulls":4},{"v":17389.4,"d":"17,389.40"}]
[605804,"Bueiro metálico sem interrupção de tráfego - D = 3,00 m - chapa galvanizada - escavado em material de 2ª categoria - aterro ferroviário máximo = 4,70 m","m",{"v":19697.63,"d":"19,697.63"},{"$nulls":4},{"v":23992.24,"d":"23,992.24"}]
[605533,"Bueiro metálico sem interrupção de tráfego - D = 3,00 m - chapa galvanizada - escavado em material de 2ª categoria - aterro rodoviário máximo = 3,60 m","m",{"v":16236.8,"d":"16,236.80"},{"$nulls":4},{"v":19776.86,"d":"19,776.86"}]
[605824,"Bueiro metálico sem interrupção de tráfego - D = 3,00 m - chapa galvanizada - escavado em material de 3ª categoria - aterro ferroviário máximo = 4,70 m","m",{"v":22882.16,"d":"22,882.16"},{"$nulls":4},{"v":27871.09,"d":"27,871.09"}]
[605553,"Bueiro metálico sem interrupção de tráfego - D = 3,00 m - chapa galvanizada - escavado em material de 3ª categoria - aterro rodoviário máximo = 3,60 m","m",{"v":19421.34,"d":"19,421.34"},{"$nulls":4},{"v":23655.71,"d":"23,655.71"}]
[605845,"Bueiro metálico sem interrupção de tráfego - D = 3,20 m - chapa com epóxi - escavado em material de 1ª categoria - aterro ferroviário máximo = 4,00 m","m",{"v":20298.04,"d":"20,298.04"},{"$nulls":4},{"v":24723.56,"d":"24,723.56"}]
[605581,"Bueiro metálico sem interrupção de tráfego - D = 3,20 m - chapa com epóxi - escavado em material de 1ª categoria - aterro rodoviário máximo = 4,80 m","m",{"v":17815.03,"d":"17,815.03"},{"$nulls":4},{"v":21699.18,"d":"21,699.18"}]
[605888,"Bueiro metálico sem interrupção de tráfego - D = 3,20 m - chapa com epóxi - escavado em material de 2ª categoria - aterro ferroviário máximo = 4,00 m","m",{"v":22510.81,"d":"22,510.81"},{"$nulls":4},{"v":27418.77,"d":"27,418.77"}]
[605592,"Bueiro metálico sem interrupção de tráfego - D = 3,20 m - chapa com epóxi - escavado em material de 2ª categoria - aterro rodoviário máximo = 4,80 m","m",{"v":20027.79,"d":"20,027.79"},{"$nulls":4},{"v":24394.39,"d":"24,394.39"}]
[605903,"Bueiro metálico sem interrupção de tráfego - D = 3,20 m - chapa com epóxi - escavado em material de 3ª categoria - aterro ferroviário máximo = 4,00 m","m",{"v":26105.85,"d":"26,105.85"},{"$nulls":4},{"v":31797.63,"d":"31,797.63"}]
[605603,"Bueiro metálico sem interrupção de tráfego - D = 3,20 m - chapa com epóxi - escavado em material de 3ª categoria - aterro rodoviário máximo = 4,80 m","m",{"v":23622.84,"d":"23,622.84"},{"$nulls":4},{"v":28773.25,"d":"28,773.25"}]
[605771,"Bueiro metálico sem interrupção de tráfego - D = 3,20 m - chapa galvanizada - escavado em material de 1ª categoria - aterro ferroviário máximo = 4,00 m","m",{"v":19253.74,"d":"19,253.74"},{"$nulls":4},{"v":23451.57,"d":"23,451.57"}]
[605514,"Bueiro metálico sem interrupção de tráfego - D = 3,20 m - chapa galvanizada - escavado em material de 1ª categoria - aterro rodoviário máximo = 4,80 m","m",{"v":17266.88,"d":"17,266.88"},{"$nulls":4},{"v":21031.52,"d":"21,031.52"}]
[605805,"Bueiro metálico sem interrupção de tráfego - D = 3,20 m - chapa galvanizada - escavado em material de 2ª categoria - aterro ferroviário máximo = 4,00 m","m",{"v":21466.51,"d":"21,466.51"},{"$nulls":4},{"v":26146.79,"d":"26,146.79"}]
[605534,"Bueiro metálico sem interrupção de tráfego - D = 3,20 m - chapa galvanizada - escavado em material de 2ª categoria - aterro rodoviário máximo = 4,80 m","m",{"v":19479.65,"d":"19,479.65"},{"$nulls":4},{"v":23726.73,"d":"23,726.73"}]
[605825,"Bueiro metálico sem interrupção de tráfego - D = 3,20 m - chapa galvanizada - escavado em material de 3ª categoria - aterro ferroviário máximo = 4,00 m","m",{"v":25061.55,"d":"25,061.55"},{"$nulls":4},{"v":30525.64,"d":"30,525.64"}]
[605554,"Bueiro metálico sem interrupção de tráfego - D = 3,20 m - chapa galvanizada - escavado em material de 3ª categoria - aterro rodoviário máximo = 4,80 m","m",{"v":23074.69,"d":"23,074.69"},{"$nulls":4},{"v":28105.59,"d":"28,105.59"}]
[605772,"Bueiro metálico sem interrupção de tráfego - D = 3,40 m - chapa galvanizada - escavado em material de 1ª categoria - aterro ferroviário máximo = 7,00 m","m",{"v":22500.53,"d":"22,500.53"},{"$nulls":4},{"v":27406.25,"d":"27,406.25"}]
[605515,"Bueiro metálico sem interrupção de tráfego - D = 3,40 m - chapa galvanizada - escavado em material de 1ª categoria - aterro rodoviário máximo = 4,50 m","m",{"v":18775.56,"d":"18,775.56"},{"$nulls":4},{"v":22869.14,"d":"22,869.14"}]
[605806,"Bueiro metálico sem interrupção de tráfego - D = 3,40 m - chapa galvanizada - escavado em material de 2ª categoria - aterro ferroviário máximo = 7,00 m","m",{"v":24981.28,"d":"24,981.28"},{"$nulls":4},{"v":30427.87,"d":"30,427.87"}]
[605535,"Bueiro metálico sem interrupção de tráfego - D = 3,40 m - chapa galvanizada - escavado em material de 2ª categoria - aterro rodoviário máximo = 4,50 m","m",{"v":21256.32,"d":"21,256.32"},{"$nulls":4},{"v":25890.77,"d":"25,890.77"}]
[605826,"Bueiro metálico sem interrupção de tráfego - D = 3,40 m - chapa galvanizada - escavado em material de 3ª categoria - aterro ferroviário máximo = 7,00 m","m",{"v":29011.71,"d":"29,011.71"},{"$nulls":4},{"v":35337.04,"d":"35,337.04"}]
[605555,"Bueiro metálico sem interrupção de tráfego - D = 3,40 m - chapa galvanizada - escavado em material de 3ª categoria - aterro rodoviário máximo = 4,50 m","m",{"v":25286.75,"d":"25,286.75"},{"$nulls":4},{"v":30799.94,"d":"30,799.94"}]
[605773,"Bueiro metálico sem interrupção de tráfego - D = 3,60 m - chapa galvanizada - escavado em material de 1ª categoria - aterro ferroviário máximo = 6,60 m","m",{"v":23878.6,"d":"23,878.60"},{"$nulls":4},{"v":29084.78,"d":"29,084.78"}]
[605516,"Bueiro metálico sem interrupção de tráfego - D = 3,60 m - chapa galvanizada - escavado em material de 1ª categoria - aterro rodoviário máximo = 4,30 m","m",{"v":19906.11,"d":"19,906.11"},{"$nulls":4},{"v":24246.17,"d":"24,246.17"}]
[605807,"Bueiro metálico sem interrupção de tráfego - D = 3,60 m - chapa galvanizada - escavado em material de 2ª categoria - aterro ferroviário máximo = 6,60 m","m",{"v":26642.66,"d":"26,642.66"},{"$nulls":4},{"v":32451.47,"d":"32,451.47"}]
[605536,"Bueiro metálico sem interrupção de tráfego - D = 3,60 m - chapa galvanizada - escavado em material de 2ª categoria - aterro rodoviário máximo = 4,30 m","m",{"v":22670.16,"d":"22,670.16"},{"$nulls":4},{"v":27612.86,"d":"27,612.86"}]
[605827,"Bueiro metálico sem interrupção de tráfego - D = 3,60 m - chapa galvanizada - escavado em material de 3ª categoria - aterro ferroviário máximo = 6,60 m","m",{"v":31133.35,"d":"31,133.35"},{"$nulls":4},{"v":37921.25,"d":"37,921.25"}]
[605556,"Bueiro metálico sem interrupção de tráfego - D = 3,60 m - chapa galvanizada - escavado em material de 3ª categoria - aterro rodoviário máximo = 4,30 m","m",{"v":27160.86,"d":"27,160.86"},{"$nulls":4},{"v":33082.65,"d":"33,082.65"}]
[605774,"Bueiro metálico sem interrupção de tráfego - D = 3,80 m - chapa galvanizada - escavado em material de 1ª categoria - aterro ferroviário máximo = 6,20 m","m",{"v":25678.77,"d":"25,678.77"},{"$nulls":4},{"v":31277.43,"d":"31,277.43"}]
[605517,"Bueiro metálico sem interrupção de tráfego - D = 3,80 m - chapa galvanizada - escavado em material de 1ª categoria - aterro rodoviário máximo = 4,00 m","m",{"v":21401.88,"d":"21,401.88"},{"$nulls":4},{"v":26068.06,"d":"26,068.06"}]
[605808,"Bueiro metálico sem interrupção de tráfego - D = 3,80 m - chapa galvanizada - escavado em material de 2ª categoria - aterro ferroviário máximo = 6,20 m","m",{"v":28741.43,"d":"28,741.43"},{"$nulls":4},{"v":35007.83,"d":"35,007.83"}]
[605537,"Bueiro metálico sem interrupção de tráfego - D = 3,80 m - chapa galvanizada - escavado em material de 2ª categoria - aterro rodoviário máximo = 4,00 m","m",{"v":24464.54,"d":"24,464.54"},{"$nulls":4},{"v":29798.46,"d":"29,798.46"}]
[605828,"Bueiro metálico sem interrupção de tráfego - D = 3,80 m - chapa galvanizada - escavado em material de 3ª categoria - aterro ferroviário máximo = 6,20 m","m",{"v":33717.26,"d":"33,717.26"},{"$nulls":4},{"v":41068.53,"d":"41,068.53"}]
[605557,"Bueiro metálico sem interrupção de tráfego - D = 3,80 m - chapa galvanizada - escavado em material de 3ª categoria - aterro rodoviário máximo = 4,00 m","m",{"v":29440.37,"d":"29,440.37"},{"$nulls":4},{"v":35859.16,"d":"35,859.16"}]
[605775,"Bueiro metálico sem interrupção de tráfego - D = 4,00 m - chapa galvanizada - escavado em material de 1ª categoria - aterro ferroviário máximo = 5,10 m","m",{"v":27047.98,"d":"27,047.98"},{"$nulls":4},{"v":32945.16,"d":"32,945.16"}]
[605518,"Bueiro metálico sem interrupção de tráfego - D = 4,00 m - chapa galvanizada - escavado em material de 1ª categoria - aterro rodoviário máximo = 3,10 m","m",{"v":22628.73,"d":"22,628.73"},{"$nulls":4},{"v":27562.4,"d":"27,562.40"}]
[605809,"Bueiro metálico sem interrupção de tráfego - D = 4,00 m - chapa galvanizada - escavado em material de 2ª categoria - aterro ferroviário máximo = 5,10 m","m",{"v":30424.56,"d":"30,424.56"},{"$nulls":4},{"v":37057.93,"d":"37,057.93"}]
[605538,"Bueiro metálico sem interrupção de tráfego - D = 4,00 m - chapa galvanizada - escavado em material de 2ª categoria - aterro rodoviário máximo = 3,10 m","m",{"v":26005.31,"d":"26,005.31"},{"$nulls":4},{"v":31675.17,"d":"31,675.17"}]
[605829,"Bueiro metálico sem interrupção de tráfego - D = 4,00 m - chapa galvanizada - escavado em material de 3ª categoria - aterro ferroviário máximo = 5,10 m","m",{"v":35910.43,"d":"35,910.43"},{"$nulls":4},{"v":43739.86,"d":"43,739.86"}]
[605558,"Bueiro metálico sem interrupção de tráfego - D = 4,00 m - chapa galvanizada - escavado em material de 3ª categoria - aterro rodoviário máximo = 3,10 m","m",{"v":31491.17,"d":"31,491.17"},{"$nulls":4},{"v":38357.09,"d":"38,357.09"}]
[605776,"Bueiro metálico sem interrupção de tráfego - D = 4,20 m - chapa galvanizada - escavado em material de 1ª categoria - aterro ferroviário máximo = 4,80 m","m",{"v":28851.02,"d":"28,851.02"},{"$nulls":4},{"v":35141.32,"d":"35,141.32"}]
[605519,"Bueiro metálico sem interrupção de tráfego - D = 4,20 m - chapa galvanizada - escavado em material de 1ª categoria - aterro rodoviário máximo = 4,40 m","m",{"v":26860.65,"d":"26,860.65"},{"$nulls":4},{"v":32716.99,"d":"32,716.99"}]
[605810,"Bueiro metálico sem interrupção de tráfego - D = 4,20 m - chapa galvanizada - escavado em material de 2ª categoria - aterro ferroviário máximo = 4,80 m","m",{"v":32556.85,"d":"32,556.85"},{"$nulls":4},{"v":39655.11,"d":"39,655.11"}]
[605539,"Bueiro metálico sem interrupção de tráfego - D = 4,20 m - chapa galvanizada - escavado em material de 2ª categoria - aterro rodoviário máximo = 4,40 m","m",{"v":30566.46,"d":"30,566.46"},{"$nulls":4},{"v":37230.77,"d":"37,230.77"}]
[605830,"Bueiro metálico sem interrupção de tráfego - D = 4,20 m - chapa galvanizada - escavado em material de 3ª categoria - aterro ferroviário máximo = 4,80 m","m",{"v":38577.61,"d":"38,577.61"},{"$nulls":4},{"v":46988.56,"d":"46,988.56"}]
[605559,"Bueiro metálico sem interrupção de tráfego - D = 4,20 m - chapa galvanizada - escavado em material de 3ª categoria - aterro rodoviário máximo = 4,40 m","m",{"v":36587.23,"d":"36,587.23"},{"$nulls":4},{"v":44564.23,"d":"44,564.23"}]
[605777,"Bueiro metálico sem interrupção de tráfego - D = 4,40 m - chapa galvanizada - escavado em material de 1ª categoria - aterro ferroviário máximo = 4,20 m","m",{"v":30718.82,"d":"30,718.82"},{"$nulls":4},{"v":37416.34,"d":"37,416.34"}]
[605520,"Bueiro metálico sem interrupção de tráfego - D = 4,40 m - chapa galvanizada - escavado em material de 1ª categoria - aterro rodoviário máximo = 4,20 m","m",{"v":28650.35,"d":"28,650.35"},{"$nulls":4},{"v":34896.9,"d":"34,896.90"}]
[605811,"Bueiro metálico sem interrupção de tráfego - D = 4,40 m - chapa galvanizada - escavado em material de 2ª categoria - aterro ferroviário máximo = 4,20 m","m",{"v":34769.19,"d":"34,769.19"},{"$nulls":4},{"v":42349.8,"d":"42,349.80"}]
[605540,"Bueiro metálico sem interrupção de tráfego - D = 4,40 m - chapa galvanizada - escavado em material de 2ª categoria - aterro rodoviário máximo = 4,20 m","m",{"v":32700.72,"d":"32,700.72"},{"$nulls":4},{"v":39830.35,"d":"39,830.35"}]
[605831,"Bueiro metálico sem interrupção de tráfego - D = 4,40 m - chapa galvanizada - escavado em material de 3ª categoria - aterro ferroviário máximo = 4,20 m","m",{"v":41349.73,"d":"41,349.73"},{"$nulls":4},{"v":50365.08,"d":"50,365.08"}]
[605560,"Bueiro metálico sem interrupção de tráfego - D = 4,40 m - chapa galvanizada - escavado em material de 3ª categoria - aterro rodoviário máximo = 4,20 m","m",{"v":39281.27,"d":"39,281.27"},{"$nulls":4},{"v":47845.64,"d":"47,845.64"}]
[605778,"Bueiro metálico sem interrupção de tráfego - D = 4,60 m - chapa galvanizada - escavado em material de 1ª categoria - aterro ferroviário máximo = 4,00 m","m",{"v":32620.6,"d":"32,620.60"},{"$nulls":4},{"v":39732.76,"d":"39,732.76"}]
[605521,"Bueiro metálico sem interrupção de tráfego - D = 4,60 m - chapa galvanizada - escavado em material de 1ª categoria - aterro rodoviário máximo = 4,00 m","m",{"v":30457.61,"d":"30,457.61"},{"$nulls":4},{"v":37098.19,"d":"37,098.19"}]
[605812,"Bueiro metálico sem interrupção de tráfego - D = 4,60 m - chapa galvanizada - escavado em material de 2ª categoria - aterro ferroviário máximo = 4,00 m","m",{"v":37030.83,"d":"37,030.83"},{"$nulls":4},{"v":45104.54,"d":"45,104.54"}]
[605541,"Bueiro metálico sem interrupção de tráfego - D = 4,60 m - chapa galvanizada - escavado em material de 2ª categoria - aterro rodoviário máximo = 4,00 m","m",{"v":34867.85,"d":"34,867.85"},{"$nulls":4},{"v":42469.97,"d":"42,469.97"}]
[605832,"Bueiro metálico sem interrupção de tráfego - D = 4,60 m - chapa galvanizada - escavado em material de 3ª categoria - aterro ferroviário máximo = 4,00 m","m",{"v":44196.03,"d":"44,196.03"},{"$nulls":4},{"v":53831.95,"d":"53,831.95"}]
[605561,"Bueiro metálico sem interrupção de tráfego - D = 4,60 m - chapa galvanizada - escavado em material de 3ª categoria - aterro rodoviário máximo = 4,00 m","m",{"v":42033.05,"d":"42,033.05"},{"$nulls":4},{"v":51197.38,"d":"51,197.38"}]
[605779,"Bueiro metálico sem interrupção de tráfego - D = 4,80 m - chapa galvanizada - escavado em material de 1ª categoria - aterro ferroviário máximo = 5,10 m","m",{"v":37220.48,"d":"37,220.48"},{"$nulls":4},{"v":45335.54,"d":"45,335.54"}]
[605522,"Bueiro metálico sem interrupção de tráfego - D = 4,80 m - chapa galvanizada - escavado em material de 1ª categoria - aterro rodoviário máximo = 5,50 m","m",{"v":34180.13,"d":"34,180.13"},{"$nulls":4},{"v":41632.32,"d":"41,632.32"}]
[605813,"Bueiro metálico sem interrupção de tráfego - D = 4,80 m - chapa galvanizada - escavado em material de 2ª categoria - aterro ferroviário máximo = 5,10 m","m",{"v":42005.89,"d":"42,005.89"},{"$nulls":4},{"v":51164.3,"d":"51,164.30"}]
[605542,"Bueiro metálico sem interrupção de tráfego - D = 4,80 m - chapa galvanizada - escavado em material de 2ª categoria - aterro rodoviário máximo = 5,50 m","m",{"v":38965.54,"d":"38,965.54"},{"$nulls":4},{"v":47461.07,"d":"47,461.07"}]
[605833,"Bueiro metálico sem interrupção de tráfego - D = 4,80 m - chapa galvanizada - escavado em material de 3ª categoria - aterro ferroviário máximo = 5,10 m","m",{"v":49780.63,"d":"49,780.63"},{"$nulls":4},{"v":60634.14,"d":"60,634.14"}]
[605562,"Bueiro metálico sem interrupção de tráfego - D = 4,80 m - chapa galvanizada - escavado em material de 3ª categoria - aterro rodoviário máximo = 5,50 m","m",{"v":46740.29,"d":"46,740.29"},{"$nulls":4},{"v":56930.92,"d":"56,930.92"}]
[605780,"Bueiro metálico sem interrupção de tráfego - D = 5,00 m - chapa galvanizada - escavado em material de 1ª categoria - aterro ferroviário máximo = 4,80 m","m",{"v":39942.76,"d":"39,942.76"},{"$nulls":4},{"v":48651.35,"d":"48,651.35"}]
[605523,"Bueiro metálico sem interrupção de tráfego - D = 5,00 m - chapa galvanizada - escavado em material de 1ª categoria - aterro rodoviário máximo = 5,30 m","m",{"v":36175.74,"d":"36,175.74"},{"$nulls":4},{"v":44063.02,"d":"44,063.02"}]
[605814,"Bueiro metálico sem interrupção de tráfego - D = 5,00 m - chapa galvanizada - escavado em material de 2ª categoria - aterro ferroviário máximo = 4,80 m","m",{"v":45118.65,"d":"45,118.65"},{"$nulls":4},{"v":54955.73,"d":"54,955.73"}]
[605543,"Bueiro metálico sem interrupção de tráfego - D = 5,00 m - chapa galvanizada - escavado em material de 2ª categoria - aterro rodoviário máximo = 5,30 m","m",{"v":41351.64,"d":"41,351.64"},{"$nulls":4},{"v":50367.4,"d":"50,367.40"}]
[605834,"Bueiro metálico sem interrupção de tráfego - D = 5,00 m - chapa galvanizada - escavado em material de 3ª categoria - aterro ferroviário máximo = 4,80 m","m",{"v":53527.82,"d":"53,527.82"},{"$nulls":4},{"v":65198.32,"d":"65,198.32"}]
[605563,"Bueiro metálico sem interrupção de tráfego - D = 5,00 m - chapa galvanizada - escavado em material de 3ª categoria - aterro rodoviário máximo = 5,30 m","m",{"v":49760.8,"d":"49,760.80"},{"$nulls":4},{"v":60609.99,"d":"60,609.99"}]
[605606,"Sistema de escoramento telescópico regulável para tunnel liner","m³",11.68,{"$nulls":4},14.23]
[705314,"Boca de BDCC 1,50 x 1,50 m - esconsidade 0° - areia e brita comerciais","un",{"v":11312.28,"d":"11,312.28"},{"$nulls":4},{"v":13778.66,"d":"13,778.66"}]
[705312,"Boca de BDCC 1,50 x 1,50 m - esconsidade 0° - areia extraída e brita produzida","un",{"v":10331.78,"d":"10,331.78"},{"$nulls":4},{"v":12584.39,"d":"12,584.39"}]
[705316,"Boca de BDCC 1,50 x 1,50 m - esconsidade 15° - areia e brita comerciais","un",{"v":12415.52,"d":"12,415.52"},{"$nulls":4},{"v":15122.44,"d":"15,122.44"}]
[705315,"Boca de BDCC 1,50 x 1,50 m - esconsidade 15° - areia extraída e brita produzida","un",{"v":11359.34,"d":"11,359.34"},{"$nulls":4},{"v":13835.98,"d":"13,835.98"}]
[705318,"Boca de BDCC 1,50 x 1,50 m - esconsidade 30° - areia e brita comerciais","un",{"v":13216.66,"d":"13,216.66"},{"$nulls":4},{"v":16098.25,"d":"16,098.25"}]
[705317,"Boca de BDCC 1,50 x 1,50 m - esconsidade 30° - areia extraída e brita produzida","un",{"v":12026.21,"d":"12,026.21"},{"$nulls":4},{"v":14648.24,"d":"14,648.24"}]
[705320,"Boca de BDCC 1,50 x 1,50 m - esconsidade 45° - areia e brita comerciais","un",{"v":16611.08,"d":"16,611.08"},{"$nulls":4},{"v":20232.74,"d":"20,232.74"}]
[705319,"Boca de BDCC 1,50 x 1,50 m - esconsidade 45° - areia extraída e brita produzida","un",{"v":15154.24,"d":"15,154.24"},{"$nulls":4},{"v":18458.27,"d":"18,458.27"}]
[705322,"Boca de BDCC 2,00 x 2,00 m - esconsidade 0° - areia e brita comerciais","un",{"v":17566.59,"d":"17,566.59"},{"$nulls":4},{"v":21396.58,"d":"21,396.58"}]
[705321,"Boca de BDCC 2,00 x 2,00 m - esconsidade 0° - areia extraída e brita produzida","un",{"v":15918.95,"d":"15,918.95"},{"$nulls":4},{"v":19389.71,"d":"19,389.71"}]
[705324,"Boca de BDCC 2,00 x 2,00 m - esconsidade 15° - areia e brita comerciais","un",{"v":19292.05,"d":"19,292.05"},{"$nulls":4},{"v":23498.23,"d":"23,498.23"}]
[705323,"Boca de BDCC 2,00 x 2,00 m - esconsidade 15° - areia extraída e brita produzida","un",{"v":17528.26,"d":"17,528.26"},{"$nulls":4},{"v":21349.89,"d":"21,349.89"}]
[705326,"Boca de BDCC 2,00 x 2,00 m - esconsidade 30° - areia e brita comerciais","un",{"v":20691.34,"d":"20,691.34"},{"$nulls":4},{"v":25202.61,"d":"25,202.61"}]
[705325,"Boca de BDCC 2,00 x 2,00 m - esconsidade 30° - areia extraída e brita produzida","un",{"v":18760.79,"d":"18,760.79"},{"$nulls":4},{"v":22851.14,"d":"22,851.14"}]
[705328,"Boca de BDCC 2,00 x 2,00 m - esconsidade 45° - areia e brita comerciais","un",{"v":26322.01,"d":"26,322.01"},{"$nulls":4},{"v":32060.91,"d":"32,060.91"}]
[705327,"Boca de BDCC 2,00 x 2,00 m - esconsidade 45° - areia extraída e brita produzida","un",{"v":23926.91,"d":"23,926.91"},{"$nulls":4},{"v":29143.62,"d":"29,143.62"}]
[705330,"Boca de BDCC 2,50 x 2,50 m - esconsidade 0° - areia e brita comerciais","un",{"v":24595.77,"d":"24,595.77"},{"$nulls":4},{"v":29958.31,"d":"29,958.31"}]
[705329,"Boca de BDCC 2,50 x 2,50 m - esconsidade 0° - areia extraída e brita produzida","un",{"v":22198.18,"d":"22,198.18"},{"$nulls":4},{"v":27037.98,"d":"27,037.98"}]
[705332,"Boca de BDCC 2,50 x 2,50 m - esconsidade 15° - areia e brita comerciais","un",{"v":26635.24,"d":"26,635.24"},{"$nulls":4},{"v":32442.43,"d":"32,442.43"}]
[705331,"Boca de BDCC 2,50 x 2,50 m - esconsidade 15° - areia extraída e brita produzida","un",{"v":24193.49,"d":"24,193.49"},{"$nulls":4},{"v":29468.32,"d":"29,468.32"}]
[705334,"Boca de BDCC 2,50 x 2,50 m - esconsidade 30° - areia e brita comerciais","un",{"v":28440.93,"d":"28,440.93"},{"$nulls":4},{"v":34641.82,"d":"34,641.82"}]
[705333,"Boca de BDCC 2,50 x 2,50 m - esconsidade 30° - areia extraída e brita produzida","un",{"v":26021.89,"d":"26,021.89"},{"$nulls":4},{"v":31695.36,"d":"31,695.36"}]
[705336,"Boca de BDCC 2,50 x 2,50 m - esconsidade 45° - areia e brita comerciais","un",{"v":38238.04,"d":"38,238.04"},{"$nulls":4},{"v":46574.96,"d":"46,574.96"}]
[705335,"Boca de BDCC 2,50 x 2,50 m - esconsidade 45° - areia extraída e brita produzida","un",{"v":34865.96,"d":"34,865.96"},{"$nulls":4},{"v":42467.67,"d":"42,467.67"}]
[705338,"Boca de BDCC 3,00 x 3,00 m - esconsidade 0° - areia e brita comerciais","un",{"v":35675.27,"d":"35,675.27"},{"$nulls":4},{"v":43453.43,"d":"43,453.43"}]
[705337,"Boca de BDCC 3,00 x 3,00 m - esconsidade 0° - areia extraída e brita produzida","un",{"v":32181.02,"d":"32,181.02"},{"$nulls":4},{"v":39197.34,"d":"39,197.34"}]
[705340,"Boca de BDCC 3,00 x 3,00 m - esconsidade 15° - areia e brita comerciais","un",{"v":38517.99,"d":"38,517.99"},{"$nulls":4},{"v":46915.95,"d":"46,915.95"}]
[705339,"Boca de BDCC 3,00 x 3,00 m - esconsidade 15° - areia extraída e brita produzida","un",{"v":34991.99,"d":"34,991.99"},{"$nulls":4},{"v":42621.18,"d":"42,621.18"}]
[705342,"Boca de BDCC 3,00 x 3,00 m - esconsidade 30° - areia e brita comerciais","un",{"v":43760.8,"d":"43,760.80"},{"$nulls":4},{"v":53301.83,"d":"53,301.83"}]
[705341,"Boca de BDCC 3,00 x 3,00 m - esconsidade 30° - areia extraída e brita produzida","un",{"v":39838.92,"d":"39,838.92"},{"$nulls":4},{"v":48524.87,"d":"48,524.87"}]
[705344,"Boca de BDCC 3,00 x 3,00 m - esconsidade 45° - areia e brita comerciais","un",{"v":55556.23,"d":"55,556.23"},{"$nulls":4},{"v":67668.98,"d":"67,668.98"}]
[705343,"Boca de BDCC 3,00 x 3,00 m - esconsidade 45° - areia extraída e brita produzida","un",{"v":50752.42,"d":"50,752.42"},{"$nulls":4},{"v":61817.81,"d":"61,817.81"}]
[705225,"Boca de BSCC 1,50 x 1,50 m - esconsidade 0° - areia e brita comerciais","un",{"v":9648.27,"d":"9,648.27"},{"$nulls":4},{"v":11751.85,"d":"11,751.85"}]
[705224,"Boca de BSCC 1,50 x 1,50 m - esconsidade 0° - areia extraída e brita produzida","un",{"v":8742.97,"d":"8,742.97"},{"$nulls":4},{"v":10649.17,"d":"10,649.17"}]
[705227,"Boca de BSCC 1,50 x 1,50 m - esconsidade 15° - areia e brita comerciais","un",{"v":10004.91,"d":"10,004.91"},{"$nulls":4},{"v":12186.25,"d":"12,186.25"}]
[705226,"Boca de BSCC 1,50 x 1,50 m - esconsidade 15° - areia extraída e brita produzida","un",{"v":9177.61,"d":"9,177.61"},{"$nulls":4},{"v":11178.58,"d":"11,178.58"}]
[705229,"Boca de BSCC 1,50 x 1,50 m - esconsidade 30° - areia e brita comerciais","un",{"v":10767.64,"d":"10,767.64"},{"$nulls":4},{"v":13115.27,"d":"13,115.27"}]
[705228,"Boca de BSCC 1,50 x 1,50 m - esconsidade 30° - areia extraída e brita produzida","un",{"v":9812.41,"d":"9,812.41"},{"$nulls":4},{"v":11951.78,"d":"11,951.78"}]
[705231,"Boca de BSCC 1,50 x 1,50 m - esconsidade 45° - areia e brita comerciais","un",{"v":13451.14,"d":"13,451.14"},{"$nulls":4},{"v":16383.85,"d":"16,383.85"}]
[705230,"Boca de BSCC 1,50 x 1,50 m - esconsidade 45° - areia extraída e brita produzida","un",{"v":12333.19,"d":"12,333.19"},{"$nulls":4},{"v":15022.15,"d":"15,022.15"}]
[705233,"Boca de BSCC 2,00 x 2,00 m - esconsidade 0° - areia e brita comerciais","un",{"v":15096.51,"d":"15,096.51"},{"$nulls":4},{"v":18387.95,"d":"18,387.95"}]
[705232,"Boca de BSCC 2,00 x 2,00 m - esconsidade 0° - areia extraída e brita produzida","un",{"v":13656.42,"d":"13,656.42"},{"$nulls":4},{"v":16633.88,"d":"16,633.88"}]
[705235,"Boca de BSCC 2,00 x 2,00 m - esconsidade 15° - areia e brita comerciais","un",{"v":15557.57,"d":"15,557.57"},{"$nulls":4},{"v":18949.54,"d":"18,949.54"}]
[705234,"Boca de BSCC 2,00 x 2,00 m - esconsidade 15° - areia extraída e brita produzida","un",{"v":14217.93,"d":"14,217.93"},{"$nulls":4},{"v":17317.82,"d":"17,317.82"}]
[705237,"Boca de BSCC 2,00 x 2,00 m - esconsidade 30° - areia e brita comerciais","un",{"v":16812.65,"d":"16,812.65"},{"$nulls":4},{"v":20478.26,"d":"20,478.26"}]
[705236,"Boca de BSCC 2,00 x 2,00 m - esconsidade 30° - areia extraída e brita produzida","un",{"v":15309.05,"d":"15,309.05"},{"$nulls":4},{"v":18646.83,"d":"18,646.83"}]
[705239,"Boca de BSCC 2,00 x 2,00 m - esconsidade 45° - areia e brita comerciais","un",{"v":21517.27,"d":"21,517.27"},{"$nulls":4},{"v":26208.61,"d":"26,208.61"}]
[705238,"Boca de BSCC 2,00 x 2,00 m - esconsidade 45° - areia extraída e brita produzida","un",{"v":19637.42,"d":"19,637.42"},{"$nulls":4},{"v":23918.9,"d":"23,918.90"}]
[705241,"Boca de BSCC 2,50 x 2,50 m - esconsidade 0° - areia e brita comerciais","un",{"v":20433.65,"d":"20,433.65"},{"$nulls":4},{"v":24888.73,"d":"24,888.73"}]
[705240,"Boca de BSCC 2,50 x 2,50 m - esconsidade 0° - areia extraída e brita produzida","un",{"v":18456.44,"d":"18,456.44"},{"$nulls":4},{"v":22480.44,"d":"22,480.44"}]
[705243,"Boca de BSCC 2,50 x 2,50 m - esconsidade 15° - areia e brita comerciais","un",{"v":21714.52,"d":"21,714.52"},{"$nulls":4},{"v":26448.87,"d":"26,448.87"}]
[705242,"Boca de BSCC 2,50 x 2,50 m - esconsidade 15° - areia extraída e brita produzida","un",{"v":19737.14,"d":"19,737.14"},{"$nulls":4},{"v":24040.36,"d":"24,040.36"}]
[705245,"Boca de BSCC 2,50 x 2,50 m - esconsidade 30° - areia e brita comerciais","un",{"v":24101.62,"d":"24,101.62"},{"$nulls":4},{"v":29356.42,"d":"29,356.42"}]
[705244,"Boca de BSCC 2,50 x 2,50 m - esconsidade 30° - areia extraída e brita produzida","un",{"v":21992.42,"d":"21,992.42"},{"$nulls":4},{"v":26787.36,"d":"26,787.36"}]
[705247,"Boca de BSCC 2,50 x 2,50 m - esconsidade 45° - areia e brita comerciais","un",{"v":30617.88,"d":"30,617.88"},{"$nulls":4},{"v":37293.4,"d":"37,293.40"}]
[705246,"Boca de BSCC 2,50 x 2,50 m - esconsidade 45° - areia extraída e brita produzida","un",{"v":28034.05,"d":"28,034.05"},{"$nulls":4},{"v":34146.23,"d":"34,146.23"}]
[705249,"Boca de BSCC 3,00 x 3,00 m - esconsidade 0° - areia e brita comerciais","un",{"v":29116.49,"d":"29,116.49"},{"$nulls":4},{"v":35464.67,"d":"35,464.67"}]
[705248,"Boca de BSCC 3,00 x 3,00 m - esconsidade 0° - areia extraída e brita produzida","un",{"v":26247.62,"d":"26,247.62"},{"$nulls":4},{"v":31970.3,"d":"31,970.30"}]
[705251,"Boca de BSCC 3,00 x 3,00 m - esconsidade 15° - areia e brita comerciais","un",{"v":30894.58,"d":"30,894.58"},{"$nulls":4},{"v":37630.43,"d":"37,630.43"}]
[705250,"Boca de BSCC 3,00 x 3,00 m - esconsidade 15° - areia extraída e brita produzida","un",{"v":28025.34,"d":"28,025.34"},{"$nulls":4},{"v":34135.61,"d":"34,135.61"}]
[705253,"Boca de BSCC 3,00 x 3,00 m - esconsidade 30° - areia e brita comerciais","un",{"v":33792.71,"d":"33,792.71"},{"$nulls":4},{"v":41160.43,"d":"41,160.43"}]
[705252,"Boca de BSCC 3,00 x 3,00 m - esconsidade 30° - areia extraída e brita produzida","un",{"v":30672.33,"d":"30,672.33"},{"$nulls":4},{"v":37359.72,"d":"37,359.72"}]
[705255,"Boca de BSCC 3,00 x 3,00 m - esconsidade 45° - areia e brita comerciais","un",{"v":42864.17,"d":"42,864.17"},{"$nulls":4},{"v":52209.71,"d":"52,209.71"}]
[705254,"Boca de BSCC 3,00 x 3,00 m - esconsidade 45° - areia extraída e brita produzida","un",{"v":39091.96,"d":"39,091.96"},{"$nulls":4},{"v":47615.06,"d":"47,615.06"}]
[705403,"Boca de BTCC 1,50 x 1,50 m - esconsidade 0° - areia e brita comerciais","un",{"v":14176.31,"d":"14,176.31"},{"$nulls":4},{"v":17267.12,"d":"17,267.12"}]
[705402,"Boca de BTCC 1,50 x 1,50 m - esconsidade 0° - areia extraída e brita produzida","un",{"v":12863.09,"d":"12,863.09"},{"$nulls":4},{"v":15667.59,"d":"15,667.59"}]
[705405,"Boca de BTCC 1,50 x 1,50 m - esconsidade 15° - areia e brita comerciais","un",{"v":15348.45,"d":"15,348.45"},{"$nulls":4},{"v":18694.82,"d":"18,694.82"}]
[705404,"Boca de BTCC 1,50 x 1,50 m - esconsidade 15° - areia extraída e brita produzida","un",{"v":14021.64,"d":"14,021.64"},{"$nulls":4},{"v":17078.73,"d":"17,078.73"}]
[705407,"Boca de BTCC 1,50 x 1,50 m - esconsidade 30° - areia e brita comerciais","un",{"v":16021.09,"d":"16,021.09"},{"$nulls":4},{"v":19514.12,"d":"19,514.12"}]
[705406,"Boca de BTCC 1,50 x 1,50 m - esconsidade 30° - areia extraída e brita produzida","un",{"v":14543.19,"d":"14,543.19"},{"$nulls":4},{"v":17714,"d":"17,714.00"}]
[705409,"Boca de BTCC 1,50 x 1,50 m - esconsidade 45° - areia e brita comerciais","un",{"v":20215.75,"d":"20,215.75"},{"$nulls":4},{"v":24623.32,"d":"24,623.32"}]
[705408,"Boca de BTCC 1,50 x 1,50 m - esconsidade 45° - areia extraída e brita produzida","un",{"v":18395.18,"d":"18,395.18"},{"$nulls":4},{"v":22405.82,"d":"22,405.82"}]
[705411,"Boca de BTCC 2,00 x 2,00 m - esconsidade 0° - areia e brita comerciais","un",{"v":21568.32,"d":"21,568.32"},{"$nulls":4},{"v":26270.79,"d":"26,270.79"}]
[705410,"Boca de BTCC 2,00 x 2,00 m - esconsidade 0° - areia extraída e brita produzida","un",{"v":19451.49,"d":"19,451.49"},{"$nulls":4},{"v":23692.44,"d":"23,692.44"}]
[705413,"Boca de BTCC 2,00 x 2,00 m - esconsidade 15° - areia e brita comerciais","un",{"v":23229.92,"d":"23,229.92"},{"$nulls":4},{"v":28294.67,"d":"28,294.67"}]
[705412,"Boca de BTCC 2,00 x 2,00 m - esconsidade 15° - areia extraída e brita produzida","un",{"v":21112.75,"d":"21,112.75"},{"$nulls":4},{"v":25715.89,"d":"25,715.89"}]
[705415,"Boca de BTCC 2,00 x 2,00 m - esconsidade 30° - areia e brita comerciais","un",{"v":25562.82,"d":"25,562.82"},{"$nulls":4},{"v":31136.2,"d":"31,136.20"}]
[705414,"Boca de BTCC 2,00 x 2,00 m - esconsidade 30° - areia extraída e brita produzida","un",{"v":23177.07,"d":"23,177.07"},{"$nulls":4},{"v":28230.29,"d":"28,230.29"}]
[705417,"Boca de BTCC 2,00 x 2,00 m - esconsidade 45° - areia e brita comerciais","un",{"v":32445.6,"d":"32,445.60"},{"$nulls":4},{"v":39519.61,"d":"39,519.61"}]
[705416,"Boca de BTCC 2,00 x 2,00 m - esconsidade 45° - areia extraída e brita produzida","un",{"v":29509.36,"d":"29,509.36"},{"$nulls":4},{"v":35943.19,"d":"35,943.19"}]
[705419,"Boca de BTCC 2,50 x 2,50 m - esconsidade 0° - areia e brita comerciais","un",{"v":30634.46,"d":"30,634.46"},{"$nulls":4},{"v":37313.59,"d":"37,313.59"}]
[705418,"Boca de BTCC 2,50 x 2,50 m - esconsidade 0° - areia extraída e brita produzida","un",{"v":27677.12,"d":"27,677.12"},{"$nulls":4},{"v":33711.47,"d":"33,711.47"}]
[705421,"Boca de BTCC 2,50 x 2,50 m - esconsidade 15° - areia e brita comerciais","un",{"v":32998.28,"d":"32,998.28"},{"$nulls":4},{"v":40192.79,"d":"40,192.79"}]
[705420,"Boca de BTCC 2,50 x 2,50 m - esconsidade 15° - areia extraída e brita produzida","un",{"v":30029.41,"d":"30,029.41"},{"$nulls":4},{"v":36576.62,"d":"36,576.62"}]
[705423,"Boca de BTCC 2,50 x 2,50 m - esconsidade 30° - areia e brita comerciais","un",{"v":37601.18,"d":"37,601.18"},{"$nulls":4},{"v":45799.25,"d":"45,799.25"}]
[705422,"Boca de BTCC 2,50 x 2,50 m - esconsidade 30° - areia extraída e brita produzida","un",{"v":34279.25,"d":"34,279.25"},{"$nulls":4},{"v":41753.05,"d":"41,753.05"}]
[705425,"Boca de BTCC 2,50 x 2,50 m - esconsidade 45° - areia e brita comerciais","un",{"v":47692.97,"d":"47,692.97"},{"$nulls":4},{"v":58091.32,"d":"58,091.32"}]
[705424,"Boca de BTCC 2,50 x 2,50 m - esconsidade 45° - areia extraída e brita produzida","un",{"v":43616.95,"d":"43,616.95"},{"$nulls":4},{"v":53126.61,"d":"53,126.61"}]
[705427,"Boca de BTCC 3,00 x 3,00 m - esconsidade 0° - areia e brita comerciais","un",{"v":43395.29,"d":"43,395.29"},{"$nulls":4},{"v":52856.63,"d":"52,856.63"}]
[705426,"Boca de BTCC 3,00 x 3,00 m - esconsidade 0° - areia extraída e brita produzida","un",{"v":39117.26,"d":"39,117.26"},{"$nulls":4},{"v":47645.87,"d":"47,645.87"}]
[705429,"Boca de BTCC 3,00 x 3,00 m - esconsidade 15° - areia e brita comerciais","un",{"v":44905.85,"d":"44,905.85"},{"$nulls":4},{"v":54696.53,"d":"54,696.53"}]
[705428,"Boca de BTCC 3,00 x 3,00 m - esconsidade 15° - areia extraída e brita produzida","un",{"v":40700.54,"d":"40,700.54"},{"$nulls":4},{"v":49574.35,"d":"49,574.35"}]
[705431,"Boca de BTCC 3,00 x 3,00 m - esconsidade 30° - areia e brita comerciais","un",{"v":54273.67,"d":"54,273.67"},{"$nulls":4},{"v":66106.79,"d":"66,106.79"}]
[705430,"Boca de BTCC 3,00 x 3,00 m - esconsidade 30° - areia extraída e brita produzida","un",{"v":49580.67,"d":"49,580.67"},{"$nulls":4},{"v":60390.59,"d":"60,390.59"}]
[705433,"Boca de BTCC 3,00 x 3,00 m - esconsidade 45° - areia e brita comerciais","un",{"v":68920.63,"d":"68,920.63"},{"$nulls":4},{"v":83947.17,"d":"83,947.17"}]
[705432,"Boca de BTCC 3,00 x 3,00 m - esconsidade 45° - areia extraída e brita produzida","un",{"v":63107.91,"d":"63,107.91"},{"$nulls":4},{"v":76867.13,"d":"76,867.13"}]
[705257,"Corpo de BDCC 1,50 x 1,50 m - moldado no local - altura do aterro 0,00 a 1,00 m - areia e brita comerciais","m",{"v":3361.86,"d":"3,361.86"},{"$nulls":4},{"v":4094.83,"d":"4,094.83"}]
[705256,"Corpo de BDCC 1,50 x 1,50 m - moldado no local - altura do aterro 0,00 a 1,00 m - areia extraída e brita produzida","m",{"v":3095.71,"d":"3,095.71"},{"$nulls":4},{"v":3770.66,"d":"3,770.66"}]
[705259,"Corpo de BDCC 1,50 x 1,50 m - moldado no local - altura do aterro 1,00 a 2,50 m - areia e brita comerciais","m",{"v":2905.61,"d":"2,905.61"},{"$nulls":4},{"v":3539.11,"d":"3,539.11"}]
[705258,"Corpo de BDCC 1,50 x 1,50 m - moldado no local - altura do aterro 1,00 a 2,50 m - areia extraída e brita produzida","m",{"v":2639.47,"d":"2,639.47"},{"$nulls":4},{"v":3214.94,"d":"3,214.94"}]
[705267,"Corpo de BDCC 1,50 x 1,50 m - moldado no local - altura do aterro 10,00 a 12,50 m - areia e brita comerciais","m",{"v":4246.11,"d":"4,246.11"},{"$nulls":4},{"v":5171.87,"d":"5,171.87"}]
[705266,"Corpo de BDCC 1,50 x 1,50 m - moldado no local - altura do aterro 10,00 a 12,50 m - areia extraída e brita produzida","m",{"v":3893.41,"d":"3,893.41"},{"$nulls":4},{"v":4742.28,"d":"4,742.28"}]
[705269,"Corpo de BDCC 1,50 x 1,50 m - moldado no local - altura do aterro 12,50 a 15,00 m - areia e brita comerciais","m",{"v":4469.09,"d":"4,469.09"},{"$nulls":4},{"v":5443.47,"d":"5,443.47"}]
[705268,"Corpo de BDCC 1,50 x 1,50 m - moldado no local - altura do aterro 12,50 a 15,00 m - areia extraída e brita produzida","m",{"v":4116.4,"d":"4,116.40"},{"$nulls":4},{"v":5013.88,"d":"5,013.88"}]
[705261,"Corpo de BDCC 1,50 x 1,50 m - moldado no local - altura do aterro 2,50 a 5,00 m - areia e brita comerciais","m",{"v":3117.79,"d":"3,117.79"},{"$nulls":4},{"v":3797.55,"d":"3,797.55"}]
[705260,"Corpo de BDCC 1,50 x 1,50 m - moldado no local - altura do aterro 2,50 a 5,00 m - areia extraída e brita produzida","m",{"v":2851.64,"d":"2,851.64"},{"$nulls":4},{"v":3473.38,"d":"3,473.38"}]
[705263,"Corpo de BDCC 1,50 x 1,50 m - moldado no local - altura do aterro 5,00 a 7,50 m - areia e brita comerciais","m",{"v":3537.16,"d":"3,537.16"},{"$nulls":4},{"v":4308.35,"d":"4,308.35"}]
[705262,"Corpo de BDCC 1,50 x 1,50 m - moldado no local - altura do aterro 5,00 a 7,50 m - areia extraída e brita produzida","m",{"v":3271.01,"d":"3,271.01"},{"$nulls":4},{"v":3984.18,"d":"3,984.18"}]
[705265,"Corpo de BDCC 1,50 x 1,50 m - moldado no local - altura do aterro 7,50 a 10,00 m - areia e brita comerciais","m",{"v":3897.6,"d":"3,897.60"},{"$nulls":4},{"v":4747.38,"d":"4,747.38"}]
[705264,"Corpo de BDCC 1,50 x 1,50 m - moldado no local - altura do aterro 7,50 a 10,00 m - areia extraída e brita produzida","m",{"v":3631.46,"d":"3,631.46"},{"$nulls":4},{"v":4423.21,"d":"4,423.21"}]
[705271,"Corpo de BDCC 2,00 x 2,00 m - moldado no local - altura do aterro 0,00 a 1,00 m - areia e brita comerciais","m",{"v":4834.72,"d":"4,834.72"},{"$nulls":4},{"v":5888.82,"d":"5,888.82"}]
[705270,"Corpo de BDCC 2,00 x 2,00 m - moldado no local - altura do aterro 0,00 a 1,00 m - areia extraída e brita produzida","m",{"v":4490.66,"d":"4,490.66"},{"$nulls":4},{"v":5469.75,"d":"5,469.75"}]
[705273,"Corpo de BDCC 2,00 x 2,00 m - moldado no local - altura do aterro 1,00 a 2,50 m - areia e brita comerciais","m",{"v":4276.18,"d":"4,276.18"},{"$nulls":4},{"v":5208.5,"d":"5,208.50"}]
[705272,"Corpo de BDCC 2,00 x 2,00 m - moldado no local - altura do aterro 1,00 a 2,50 m - areia extraída e brita produzida","m",{"v":3932.12,"d":"3,932.12"},{"$nulls":4},{"v":4789.43,"d":"4,789.43"}]
[705281,"Corpo de BDCC 2,00 x 2,00 m - moldado no local - altura do aterro 10,00 a 12,50 m - areia e brita comerciais","m",{"v":6672.9,"d":"6,672.90"},{"$nulls":4},{"v":8127.77,"d":"8,127.77"}]
[705280,"Corpo de BDCC 2,00 x 2,00 m - moldado no local - altura do aterro 10,00 a 12,50 m - areia extraída e brita produzida","m",{"v":6117.17,"d":"6,117.17"},{"$nulls":4},{"v":7450.88,"d":"7,450.88"}]
[705283,"Corpo de BDCC 2,00 x 2,00 m - moldado no local - altura do aterro 12,50 a 15,00 m - areia e brita comerciais","m",{"v":6847.67,"d":"6,847.67"},{"$nulls":4},{"v":8340.64,"d":"8,340.64"}]
[705282,"Corpo de BDCC 2,00 x 2,00 m - moldado no local - altura do aterro 12,50 a 15,00 m - areia extraída e brita produzida","m",{"v":6291.95,"d":"6,291.95"},{"$nulls":4},{"v":7663.76,"d":"7,663.76"}]
[705275,"Corpo de BDCC 2,00 x 2,00 m - moldado no local - altura do aterro 2,50 a 5,00 m - areia e brita comerciais","m",{"v":4825.36,"d":"4,825.36"},{"$nulls":4},{"v":5877.42,"d":"5,877.42"}]
[705274,"Corpo de BDCC 2,00 x 2,00 m - moldado no local - altura do aterro 2,50 a 5,00 m - areia extraída e brita produzida","m",{"v":4481.31,"d":"4,481.31"},{"$nulls":4},{"v":5458.35,"d":"5,458.35"}]
[705277,"Corpo de BDCC 2,00 x 2,00 m - moldado no local - altura do aterro 5,00 a 7,50 m - areia e brita comerciais","m",{"v":5430.26,"d":"5,430.26"},{"$nulls":4},{"v":6614.2,"d":"6,614.20"}]
[705276,"Corpo de BDCC 2,00 x 2,00 m - moldado no local - altura do aterro 5,00 a 7,50 m - areia extraída e brita produzida","m",{"v":4979.76,"d":"4,979.76"},{"$nulls":4},{"v":6065.48,"d":"6,065.48"}]
[705279,"Corpo de BDCC 2,00 x 2,00 m - moldado no local - altura do aterro 7,50 a 10,00 m - areia e brita comerciais","m",{"v":6199.06,"d":"6,199.06"},{"$nulls":4},{"v":7550.62,"d":"7,550.62"}]
[705278,"Corpo de BDCC 2,00 x 2,00 m - moldado no local - altura do aterro 7,50 a 10,00 m - areia extraída e brita produzida","m",{"v":5748.56,"d":"5,748.56"},{"$nulls":4},{"v":7001.9,"d":"7,001.90"}]
[705285,"Corpo de BDCC 2,50 x 2,50 m - moldado no local - altura do aterro 0,00 a 1,00 m - areia e brita comerciais","m",{"v":6215.38,"d":"6,215.38"},{"$nulls":4},{"v":7570.5,"d":"7,570.50"}]
[705284,"Corpo de BDCC 2,50 x 2,50 m - moldado no local - altura do aterro 0,00 a 1,00 m - areia extraída e brita produzida","m",{"v":5782.89,"d":"5,782.89"},{"$nulls":4},{"v":7043.71,"d":"7,043.71"}]
[705287,"Corpo de BDCC 2,50 x 2,50 m - moldado no local - altura do aterro 1,00 a 2,50 m - areia e brita comerciais","m",{"v":5663.21,"d":"5,663.21"},{"$nulls":4},{"v":6897.94,"d":"6,897.94"}]
[705286,"Corpo de BDCC 2,50 x 2,50 m - moldado no local - altura do aterro 1,00 a 2,50 m - areia extraída e brita produzida","m",{"v":5230.71,"d":"5,230.71"},{"$nulls":4},{"v":6371.15,"d":"6,371.15"}]
[705295,"Corpo de BDCC 2,50 x 2,50 m - moldado no local - altura do aterro 10,00 a 12,50 m - areia e brita comerciais","m",{"v":8751.32,"d":"8,751.32"},{"$nulls":4},{"v":10659.34,"d":"10,659.34"}]
[705294,"Corpo de BDCC 2,50 x 2,50 m - moldado no local - altura do aterro 10,00 a 12,50 m - areia extraída e brita produzida","m",{"v":8082.58,"d":"8,082.58"},{"$nulls":4},{"v":9844.8,"d":"9,844.80"}]
[705297,"Corpo de BDCC 2,50 x 2,50 m - moldado no local - altura do aterro 12,50 a 15,00 m - areia e brita comerciais","m",{"v":9474.51,"d":"9,474.51"},{"$nulls":4},{"v":11540.21,"d":"11,540.21"}]
[705296,"Corpo de BDCC 2,50 x 2,50 m - moldado no local - altura do aterro 12,50 a 15,00 m - areia extraída e brita produzida","m",{"v":8805.78,"d":"8,805.78"},{"$nulls":4},{"v":10725.67,"d":"10,725.67"}]
[705289,"Corpo de BDCC 2,50 x 2,50 m - moldado no local - altura do aterro 2,50 a 5,00 m - areia e brita comerciais","m",{"v":6402.51,"d":"6,402.51"},{"$nulls":4},{"v":7798.43,"d":"7,798.43"}]
[705288,"Corpo de BDCC 2,50 x 2,50 m - moldado no local - altura do aterro 2,50 a 5,00 m - areia extraída e brita produzida","m",{"v":5854.21,"d":"5,854.21"},{"$nulls":4},{"v":7130.58,"d":"7,130.58"}]
[705291,"Corpo de BDCC 2,50 x 2,50 m - moldado no local - altura do aterro 5,00 a 7,50 m - areia e brita comerciais","m",{"v":7327.93,"d":"7,327.93"},{"$nulls":4},{"v":8925.61,"d":"8,925.61"}]
[705290,"Corpo de BDCC 2,50 x 2,50 m - moldado no local - altura do aterro 5,00 a 7,50 m - areia extraída e brita produzida","m",{"v":6779.63,"d":"6,779.63"},{"$nulls":4},{"v":8257.77,"d":"8,257.77"}]
[705293,"Corpo de BDCC 2,50 x 2,50 m - moldado no local - altura do aterro 7,50 a 10,00 m - areia e brita comerciais","m",{"v":7900.82,"d":"7,900.82"},{"$nulls":4},{"v":9623.41,"d":"9,623.41"}]
[705292,"Corpo de BDCC 2,50 x 2,50 m - moldado no local - altura do aterro 7,50 a 10,00 m - areia extraída e brita produzida","m",{"v":7232.08,"d":"7,232.08"},{"$nulls":4},{"v":8808.87,"d":"8,808.87"}]
[705299,"Corpo de BDCC 3,00 x 3,00 m - moldado no local - altura do aterro 0,00 a 1,00 m - areia e brita comerciais","m",{"v":7967.68,"d":"7,967.68"},{"$nulls":4},{"v":9704.85,"d":"9,704.85"}]
[705298,"Corpo de BDCC 3,00 x 3,00 m - moldado no local - altura do aterro 0,00 a 1,00 m - areia extraída e brita produzida","m",{"v":7321.58,"d":"7,321.58"},{"$nulls":4},{"v":8917.88,"d":"8,917.88"}]
[705301,"Corpo de BDCC 3,00 x 3,00 m - moldado no local - altura do aterro 1,00 a 2,50 m - areia e brita comerciais","m",{"v":7441.67,"d":"7,441.67"},{"$nulls":4},{"v":9064.15,"d":"9,064.15"}]
[705300,"Corpo de BDCC 3,00 x 3,00 m - moldado no local - altura do aterro 1,00 a 2,50 m - areia extraída e brita produzida","m",{"v":6795.56,"d":"6,795.56"},{"$nulls":4},{"v":8277.18,"d":"8,277.18"}]
[705309,"Corpo de BDCC 3,00 x 3,00 m - moldado no local - altura do aterro 10,00 a 12,50 m - areia e brita comerciais","m",{"v":12153.34,"d":"12,153.34"},{"$nulls":4},{"v":14803.09,"d":"14,803.09"}]
[705308,"Corpo de BDCC 3,00 x 3,00 m - moldado no local - altura do aterro 10,00 a 12,50 m - areia extraída e brita produzida","m",{"v":11185.57,"d":"11,185.57"},{"$nulls":4},{"v":13624.32,"d":"13,624.32"}]
[705311,"Corpo de BDCC 3,00 x 3,00 m - moldado no local - altura do aterro 12,50 a 15,00 m - areia e brita comerciais","m",{"v":12070.7,"d":"12,070.70"},{"$nulls":4},{"v":14702.43,"d":"14,702.43"}]
[705310,"Corpo de BDCC 3,00 x 3,00 m - moldado no local - altura do aterro 12,50 a 15,00 m - areia extraída e brita produzida","m",{"v":11102.92,"d":"11,102.92"},{"$nulls":4},{"v":13523.66,"d":"13,523.66"}]
[705303,"Corpo de BDCC 3,00 x 3,00 m - moldado no local - altura do aterro 2,50 a 5,00 m - areia e brita comerciais","m",{"v":8000.64,"d":"8,000.64"},{"$nulls":4},{"v":9744.99,"d":"9,744.99"}]
[705302,"Corpo de BDCC 3,00 x 3,00 m - moldado no local - altura do aterro 2,50 a 5,00 m - areia extraída e brita produzida","m",{"v":7213.04,"d":"7,213.04"},{"$nulls":4},{"v":8785.67,"d":"8,785.67"}]
[705305,"Corpo de BDCC 3,00 x 3,00 m - moldado no local - altura do aterro 5,00 a 7,50 m - areia e brita comerciais","m",{"v":9824.7,"d":"9,824.70"},{"$nulls":4},{"v":11966.75,"d":"11,966.75"}]
[705304,"Corpo de BDCC 3,00 x 3,00 m - moldado no local - altura do aterro 5,00 a 7,50 m - areia extraída e brita produzida","m",{"v":9037.1,"d":"9,037.10"},{"$nulls":4},{"v":11007.43,"d":"11,007.43"}]
[705307,"Corpo de BDCC 3,00 x 3,00 m - moldado no local - altura do aterro 7,50 a 10,00 m - areia e brita comerciais","m",{"v":10839.43,"d":"10,839.43"},{"$nulls":4},{"v":13202.72,"d":"13,202.72"}]
[705306,"Corpo de BDCC 3,00 x 3,00 m - moldado no local - altura do aterro 7,50 a 10,00 m - areia extraída e brita produzida","m",{"v":9871.66,"d":"9,871.66"},{"$nulls":4},{"v":12023.95,"d":"12,023.95"}]
[705169,"Corpo de BSCC 1,50 x 1,50 m - moldado no local - altura do aterro 0,00 a 1,00 m - areia e brita comerciais","m",{"v":2016.47,"d":"2,016.47"},{"$nulls":4},{"v":2456.12,"d":"2,456.12"}]
[705168,"Corpo de BSCC 1,50 x 1,50 m - moldado no local - altura do aterro 0,00 a 1,00 m - areia extraída e brita produzida","m",{"v":1867.22,"d":"1,867.22"},{"$nulls":4},{"v":2274.33,"d":"2,274.33"}]
[705171,"Corpo de BSCC 1,50 x 1,50 m - moldado no local - altura do aterro 1,00 a 2,50 m - areia e brita comerciais","m",{"v":1774.05,"d":"1,774.05"},{"$nulls":4},{"v":2160.84,"d":"2,160.84"}]
[705170,"Corpo de BSCC 1,50 x 1,50 m - moldado no local - altura do aterro 1,00 a 2,50 m - areia extraída e brita produzida","m",{"v":1624.8,"d":"1,624.80"},{"$nulls":4},{"v":1979.05,"d":"1,979.05"}]
[705179,"Corpo de BSCC 1,50 x 1,50 m - moldado no local - altura do aterro 10,00 a 12,50 m - areia e brita comerciais","m",{"v":2547.01,"d":"2,547.01"},{"$nulls":4},{"v":3102.33,"d":"3,102.33"}]
[705178,"Corpo de BSCC 1,50 x 1,50 m - moldado no local - altura do aterro 10,00 a 12,50 m - areia extraída e brita produzida","m",{"v":2349.83,"d":"2,349.83"},{"$nulls":4},{"v":2862.16,"d":"2,862.16"}]
[705181,"Corpo de BSCC 1,50 x 1,50 m - moldado no local - altura do aterro 12,50 a 15,00 m - areia e brita comerciais","m",{"v":2666.01,"d":"2,666.01"},{"$nulls":4},{"v":3247.27,"d":"3,247.27"}]
[705180,"Corpo de BSCC 1,50 x 1,50 m - moldado no local - altura do aterro 12,50 a 15,00 m - areia extraída e brita produzida","m",{"v":2468.83,"d":"2,468.83"},{"$nulls":4},{"v":3007.1,"d":"3,007.10"}]
[705173,"Corpo de BSCC 1,50 x 1,50 m - moldado no local - altura do aterro 2,50 a 5,00 m - areia e brita comerciais","m",{"v":1943.12,"d":"1,943.12"},{"$nulls":4},{"v":2366.77,"d":"2,366.77"}]
[705172,"Corpo de BSCC 1,50 x 1,50 m - moldado no local - altura do aterro 2,50 a 5,00 m - areia extraída e brita produzida","m",{"v":1793.88,"d":"1,793.88"},{"$nulls":4},{"v":2184.99,"d":"2,184.99"}]
[705175,"Corpo de BSCC 1,50 x 1,50 m - moldado no local - altura do aterro 5,00 a 7,50 m - areia e brita comerciais","m",{"v":2176.03,"d":"2,176.03"},{"$nulls":4},{"v":2650.46,"d":"2,650.46"}]
[705174,"Corpo de BSCC 1,50 x 1,50 m - moldado no local - altura do aterro 5,00 a 7,50 m - areia extraída e brita produzida","m",{"v":2026.78,"d":"2,026.78"},{"$nulls":4},{"v":2468.67,"d":"2,468.67"}]
[705177,"Corpo de BSCC 1,50 x 1,50 m - moldado no local - altura do aterro 7,50 a 10,00 m - areia e brita comerciais","m",{"v":2448.35,"d":"2,448.35"},{"$nulls":4},{"v":2982.16,"d":"2,982.16"}]
[705176,"Corpo de BSCC 1,50 x 1,50 m - moldado no local - altura do aterro 7,50 a 10,00 m - areia extraída e brita produzida","m",{"v":2251.17,"d":"2,251.17"},{"$nulls":4},{"v":2741.99,"d":"2,741.99"}]
[705183,"Corpo de BSCC 2,00 x 2,00 m - moldado no local - altura do aterro 0,00 a 1,00 m - areia e brita comerciais","m",{"v":2819.19,"d":"2,819.19"},{"$nulls":4},{"v":3433.85,"d":"3,433.85"}]
[705182,"Corpo de BSCC 2,00 x 2,00 m - moldado no local - altura do aterro 0,00 a 1,00 m - areia extraída e brita produzida","m",{"v":2627.36,"d":"2,627.36"},{"$nulls":4},{"v":3200.19,"d":"3,200.19"}]
[705185,"Corpo de BSCC 2,00 x 2,00 m - moldado no local - altura do aterro 1,00 a 2,50 m - areia e brita comerciais","m",{"v":2538.2,"d":"2,538.20"},{"$nulls":4},{"v":3091.59,"d":"3,091.59"}]
[705184,"Corpo de BSCC 2,00 x 2,00 m - moldado no local - altura do aterro 1,00 a 2,50 m - areia extraída e brita produzida","m",{"v":2346.36,"d":"2,346.36"},{"$nulls":4},{"v":2857.93,"d":"2,857.93"}]
[705193,"Corpo de BSCC 2,00 x 2,00 m - moldado no local - altura do aterro 10,00 a 12,50 m - areia e brita comerciais","m",{"v":3885.17,"d":"3,885.17"},{"$nulls":4},{"v":4732.24,"d":"4,732.24"}]
[705192,"Corpo de BSCC 2,00 x 2,00 m - moldado no local - altura do aterro 10,00 a 12,50 m - areia extraída e brita produzida","m",{"v":3575.24,"d":"3,575.24"},{"$nulls":4},{"v":4354.74,"d":"4,354.74"}]
[705195,"Corpo de BSCC 2,00 x 2,00 m - moldado no local - altura do aterro 12,50 a 15,00 m - areia e brita comerciais","m",{"v":4170.4,"d":"4,170.40"},{"$nulls":4},{"v":5079.66,"d":"5,079.66"}]
[705194,"Corpo de BSCC 2,00 x 2,00 m - moldado no local - altura do aterro 12,50 a 15,00 m - areia extraída e brita produzida","m",{"v":3860.47,"d":"3,860.47"},{"$nulls":4},{"v":4702.16,"d":"4,702.16"}]
[705187,"Corpo de BSCC 2,00 x 2,00 m - moldado no local - altura do aterro 2,50 a 5,00 m - areia e brita comerciais","m",{"v":2881.71,"d":"2,881.71"},{"$nulls":4},{"v":3510,"d":"3,510.00"}]
[705186,"Corpo de BSCC 2,00 x 2,00 m - moldado no local - altura do aterro 2,50 a 5,00 m - areia extraída e brita produzida","m",{"v":2630.25,"d":"2,630.25"},{"$nulls":4},{"v":3203.71,"d":"3,203.71"}]
[705189,"Corpo de BSCC 2,00 x 2,00 m - moldado no local - altura do aterro 5,00 a 7,50 m - areia e brita comerciais","m",{"v":3252.3,"d":"3,252.30"},{"$nulls":4},{"v":3961.39,"d":"3,961.39"}]
[705188,"Corpo de BSCC 2,00 x 2,00 m - moldado no local - altura do aterro 5,00 a 7,50 m - areia extraída e brita produzida","m",{"v":3000.84,"d":"3,000.84"},{"$nulls":4},{"v":3655.1,"d":"3,655.10"}]
[705191,"Corpo de BSCC 2,00 x 2,00 m - moldado no local - altura do aterro 7,50 a 10,00 m - areia e brita comerciais","m",{"v":3561.79,"d":"3,561.79"},{"$nulls":4},{"v":4338.36,"d":"4,338.36"}]
[705190,"Corpo de BSCC 2,00 x 2,00 m - moldado no local - altura do aterro 7,50 a 10,00 m - areia extraída e brita produzida","m",{"v":3251.86,"d":"3,251.86"},{"$nulls":4},{"v":3960.85,"d":"3,960.85"}]
[705197,"Corpo de BSCC 2,50 x 2,50 m - moldado no local - altura do aterro 0,00 a 1,00 m - areia e brita comerciais","m",{"v":3836.4,"d":"3,836.40"},{"$nulls":4},{"v":4672.84,"d":"4,672.84"}]
[705196,"Corpo de BSCC 2,50 x 2,50 m - moldado no local - altura do aterro 0,00 a 1,00 m - areia extraída e brita produzida","m",{"v":3529.73,"d":"3,529.73"},{"$nulls":4},{"v":4299.3,"d":"4,299.30"}]
[705199,"Corpo de BSCC 2,50 x 2,50 m - moldado no local - altura do aterro 1,00 a 2,50 m - areia e brita comerciais","m",{"v":3623.84,"d":"3,623.84"},{"$nulls":4},{"v":4413.93,"d":"4,413.93"}]
[705198,"Corpo de BSCC 2,50 x 2,50 m - moldado no local - altura do aterro 1,00 a 2,50 m - areia extraída e brita produzida","m",{"v":3317.15,"d":"3,317.15"},{"$nulls":4},{"v":4040.38,"d":"4,040.38"}]
[705207,"Corpo de BSCC 2,50 x 2,50 m - moldado no local - altura do aterro 10,00 a 12,50 m - areia e brita comerciais","m",{"v":5497.88,"d":"5,497.88"},{"$nulls":4},{"v":6696.57,"d":"6,696.57"}]
[705206,"Corpo de BSCC 2,50 x 2,50 m - moldado no local - altura do aterro 10,00 a 12,50 m - areia extraída e brita produzida","m",{"v":5040.33,"d":"5,040.33"},{"$nulls":4},{"v":6139.26,"d":"6,139.26"}]
[705209,"Corpo de BSCC 2,50 x 2,50 m - moldado no local - altura do aterro 12,50 a 15,00 m - areia e brita comerciais","m",{"v":6246.08,"d":"6,246.08"},{"$nulls":4},{"v":7607.89,"d":"7,607.89"}]
[705208,"Corpo de BSCC 2,50 x 2,50 m - moldado no local - altura do aterro 12,50 a 15,00 m - areia extraída e brita produzida","m",{"v":5712.52,"d":"5,712.52"},{"$nulls":4},{"v":6958,"d":"6,958.00"}]
[705201,"Corpo de BSCC 2,50 x 2,50 m - moldado no local - altura do aterro 2,50 a 5,00 m - areia e brita comerciais","m",{"v":4182.53,"d":"4,182.53"},{"$nulls":4},{"v":5094.43,"d":"5,094.43"}]
[705200,"Corpo de BSCC 2,50 x 2,50 m - moldado no local - altura do aterro 2,50 a 5,00 m - areia extraída e brita produzida","m",{"v":3875.85,"d":"3,875.85"},{"$nulls":4},{"v":4720.89,"d":"4,720.89"}]
[705203,"Corpo de BSCC 2,50 x 2,50 m - moldado no local - altura do aterro 5,00 a 7,50 m - areia e brita comerciais","m",{"v":4595.4,"d":"4,595.40"},{"$nulls":4},{"v":5597.32,"d":"5,597.32"}]
[705202,"Corpo de BSCC 2,50 x 2,50 m - moldado no local - altura do aterro 5,00 a 7,50 m - areia extraída e brita produzida","m",{"v":4218.55,"d":"4,218.55"},{"$nulls":4},{"v":5138.31,"d":"5,138.31"}]
[705205,"Corpo de BSCC 2,50 x 2,50 m - moldado no local - altura do aterro 7,50 a 10,00 m - areia e brita comerciais","m",{"v":5043.15,"d":"5,043.15"},{"$nulls":4},{"v":6142.69,"d":"6,142.69"}]
[705204,"Corpo de BSCC 2,50 x 2,50 m - moldado no local - altura do aterro 7,50 a 10,00 m - areia extraída e brita produzida","m",{"v":4666.3,"d":"4,666.30"},{"$nulls":4},{"v":5683.68,"d":"5,683.68"}]
[705211,"Corpo de BSCC 3,00 x 3,00 m - moldado no local - altura do aterro 0,00 a 1,00 m - areia e brita comerciais","m",{"v":4886.53,"d":"4,886.53"},{"$nulls":4},{"v":5951.93,"d":"5,951.93"}]
[705210,"Corpo de BSCC 3,00 x 3,00 m - moldado no local - altura do aterro 0,00 a 1,00 m - areia extraída e brita produzida","m",{"v":4443.7,"d":"4,443.70"},{"$nulls":4},{"v":5412.54,"d":"5,412.54"}]
[705213,"Corpo de BSCC 3,00 x 3,00 m - moldado no local - altura do aterro 1,00 a 2,50 m - areia e brita comerciais","m",{"v":4822.59,"d":"4,822.59"},{"$nulls":4},{"v":5874.04,"d":"5,874.04"}]
[705212,"Corpo de BSCC 3,00 x 3,00 m - moldado no local - altura do aterro 1,00 a 2,50 m - areia extraída e brita produzida","m",{"v":4379.75,"d":"4,379.75"},{"$nulls":4},{"v":5334.65,"d":"5,334.65"}]
[705221,"Corpo de BSCC 3,00 x 3,00 m - moldado no local - altura do aterro 10,00 a 12,50 m - areia e brita comerciais","m",{"v":7575.21,"d":"7,575.21"},{"$nulls":4},{"v":9226.81,"d":"9,226.81"}]
[705220,"Corpo de BSCC 3,00 x 3,00 m - moldado no local - altura do aterro 10,00 a 12,50 m - areia extraída e brita produzida","m",{"v":6952.24,"d":"6,952.24"},{"$nulls":4},{"v":8468.02,"d":"8,468.02"}]
[705223,"Corpo de BSCC 3,00 x 3,00 m - moldado no local - altura do aterro 12,50 a 15,00 m - areia e brita comerciais","m",{"v":8178.8,"d":"8,178.80"},{"$nulls":4},{"v":9962,"d":"9,962.00"}]
[705222,"Corpo de BSCC 3,00 x 3,00 m - moldado no local - altura do aterro 12,50 a 15,00 m - areia extraída e brita produzida","m",{"v":7461.1,"d":"7,461.10"},{"$nulls":4},{"v":9087.82,"d":"9,087.82"}]
[705215,"Corpo de BSCC 3,00 x 3,00 m - moldado no local - altura do aterro 2,50 a 5,00 m - areia e brita comerciais","m",{"v":5729.68,"d":"5,729.68"},{"$nulls":4},{"v":6978.9,"d":"6,978.90"}]
[705214,"Corpo de BSCC 3,00 x 3,00 m - moldado no local - altura do aterro 2,50 a 5,00 m - areia extraída e brita produzida","m",{"v":5193.27,"d":"5,193.27"},{"$nulls":4},{"v":6325.54,"d":"6,325.54"}]
[705217,"Corpo de BSCC 3,00 x 3,00 m - moldado no local - altura do aterro 5,00 a 7,50 m - areia e brita comerciais","m",{"v":6390.71,"d":"6,390.71"},{"$nulls":4},{"v":7784.06,"d":"7,784.06"}]
[705216,"Corpo de BSCC 3,00 x 3,00 m - moldado no local - altura do aterro 5,00 a 7,50 m - areia extraída e brita produzida","m",{"v":5854.3,"d":"5,854.30"},{"$nulls":4},{"v":7130.7,"d":"7,130.70"}]
[705219,"Corpo de BSCC 3,00 x 3,00 m - moldado no local - altura do aterro 7,50 a 10,00 m - areia e brita comerciais","m",{"v":6959.21,"d":"6,959.21"},{"$nulls":4},{"v":8476.51,"d":"8,476.51"}]
[705218,"Corpo de BSCC 3,00 x 3,00 m - moldado no local - altura do aterro 7,50 a 10,00 m - areia extraída e brita produzida","m",{"v":6336.26,"d":"6,336.26"},{"$nulls":4},{"v":7717.73,"d":"7,717.73"}]
[705346,"Corpo de BTCC 1,50 x 1,50 m - moldado no local - altura do aterro 0,00 a 1,00 m - areia e brita comerciais","m",{"v":4616.22,"d":"4,616.22"},{"$nulls":4},{"v":5622.68,"d":"5,622.68"}]
[705345,"Corpo de BTCC 1,50 x 1,50 m - moldado no local - altura do aterro 0,00 a 1,00 m - areia extraída e brita produzida","m",{"v":4233.37,"d":"4,233.37"},{"$nulls":4},{"v":5156.36,"d":"5,156.36"}]
[705348,"Corpo de BTCC 1,50 x 1,50 m - moldado no local - altura do aterro 1,00 a 2,50 m - areia e brita comerciais","m",{"v":4124.82,"d":"4,124.82"},{"$nulls":4},{"v":5024.14,"d":"5,024.14"}]
[705347,"Corpo de BTCC 1,50 x 1,50 m - moldado no local - altura do aterro 1,00 a 2,50 m - areia extraída e brita produzida","m",{"v":3741.97,"d":"3,741.97"},{"$nulls":4},{"v":4557.82,"d":"4,557.82"}]
[705356,"Corpo de BTCC 1,50 x 1,50 m - moldado no local - altura do aterro 10,00 a 12,50 m - areia e brita comerciais","m",{"v":6189.86,"d":"6,189.86"},{"$nulls":4},{"v":7539.41,"d":"7,539.41"}]
[705355,"Corpo de BTCC 1,50 x 1,50 m - moldado no local - altura do aterro 10,00 a 12,50 m - areia extraída e brita produzida","m",{"v":5679.55,"d":"5,679.55"},{"$nulls":4},{"v":6917.84,"d":"6,917.84"}]
[705358,"Corpo de BTCC 1,50 x 1,50 m - moldado no local - altura do aterro 12,50 a 15,00 m - areia e brita comerciais","m",{"v":6289.48,"d":"6,289.48"},{"$nulls":4},{"v":7660.75,"d":"7,660.75"}]
[705357,"Corpo de BTCC 1,50 x 1,50 m - moldado no local - altura do aterro 12,50 a 15,00 m - areia extraída e brita produzida","m",{"v":5779.17,"d":"5,779.17"},{"$nulls":4},{"v":7039.18,"d":"7,039.18"}]
[705350,"Corpo de BTCC 1,50 x 1,50 m - moldado no local - altura do aterro 2,50 a 5,00 m - areia e brita comerciais","m",{"v":4526.45,"d":"4,526.45"},{"$nulls":4},{"v":5513.34,"d":"5,513.34"}]
[705349,"Corpo de BTCC 1,50 x 1,50 m - moldado no local - altura do aterro 2,50 a 5,00 m - areia extraída e brita produzida","m",{"v":4143.61,"d":"4,143.61"},{"$nulls":4},{"v":5047.03,"d":"5,047.03"}]
[705352,"Corpo de BTCC 1,50 x 1,50 m - moldado no local - altura do aterro 5,00 a 7,50 m - areia e brita comerciais","m",{"v":4869.48,"d":"4,869.48"},{"$nulls":4},{"v":5931.16,"d":"5,931.16"}]
[705351,"Corpo de BTCC 1,50 x 1,50 m - moldado no local - altura do aterro 5,00 a 7,50 m - areia extraída e brita produzida","m",{"v":4486.64,"d":"4,486.64"},{"$nulls":4},{"v":5464.85,"d":"5,464.85"}]
[705354,"Corpo de BTCC 1,50 x 1,50 m - moldado no local - altura do aterro 7,50 a 10,00 m - areia e brita comerciais","m",{"v":5388.03,"d":"5,388.03"},{"$nulls":4},{"v":6562.77,"d":"6,562.77"}]
[705353,"Corpo de BTCC 1,50 x 1,50 m - moldado no local - altura do aterro 7,50 a 10,00 m - areia extraída e brita produzida","m",{"v":5005.19,"d":"5,005.19"},{"$nulls":4},{"v":6096.45,"d":"6,096.45"}]
[705360,"Corpo de BTCC 2,00 x 2,00 m - moldado no local - altura do aterro 0,00 a 1,00 m - areia e brita comerciais","m",{"v":6646.11,"d":"6,646.11"},{"$nulls":4},{"v":8095.14,"d":"8,095.14"}]
[705359,"Corpo de BTCC 2,00 x 2,00 m - moldado no local - altura do aterro 0,00 a 1,00 m - areia extraída e brita produzida","m",{"v":6152.13,"d":"6,152.13"},{"$nulls":4},{"v":7493.46,"d":"7,493.46"}]
[705362,"Corpo de BTCC 2,00 x 2,00 m - moldado no local - altura do aterro 1,00 a 2,50 m - areia e brita comerciais","m",{"v":6012.01,"d":"6,012.01"},{"$nulls":4},{"v":7322.79,"d":"7,322.79"}]
[705361,"Corpo de BTCC 2,00 x 2,00 m - moldado no local - altura do aterro 1,00 a 2,50 m - areia extraída e brita produzida","m",{"v":5518.03,"d":"5,518.03"},{"$nulls":4},{"v":6721.11,"d":"6,721.11"}]
[705370,"Corpo de BTCC 2,00 x 2,00 m - moldado no local - altura do aterro 10,00 a 12,50 m - areia e brita comerciais","m",{"v":9071.73,"d":"9,071.73"},{"$nulls":4},{"v":11049.61,"d":"11,049.61"}]
[705369,"Corpo de BTCC 2,00 x 2,00 m - moldado no local - altura do aterro 10,00 a 12,50 m - areia extraída e brita produzida","m",{"v":8280.7,"d":"8,280.70"},{"$nulls":4},{"v":10086.11,"d":"10,086.11"}]
[705372,"Corpo de BTCC 2,00 x 2,00 m - moldado no local - altura do aterro 12,50 a 15,00 m - areia e brita comerciais","m",{"v":9692.68,"d":"9,692.68"},{"$nulls":4},{"v":11805.95,"d":"11,805.95"}]
[705371,"Corpo de BTCC 2,00 x 2,00 m - moldado no local - altura do aterro 12,50 a 15,00 m - areia extraída e brita produzida","m",{"v":8901.66,"d":"8,901.66"},{"$nulls":4},{"v":10842.46,"d":"10,842.46"}]
[705364,"Corpo de BTCC 2,00 x 2,00 m - moldado no local - altura do aterro 2,50 a 5,00 m - areia e brita comerciais","m",{"v":6860.15,"d":"6,860.15"},{"$nulls":4},{"v":8355.85,"d":"8,355.85"}]
[705363,"Corpo de BTCC 2,00 x 2,00 m - moldado no local - altura do aterro 2,50 a 5,00 m - areia extraída e brita produzida","m",{"v":6366.17,"d":"6,366.17"},{"$nulls":4},{"v":7754.17,"d":"7,754.17"}]
[705366,"Corpo de BTCC 2,00 x 2,00 m - moldado no local - altura do aterro 5,00 a 7,50 m - areia e brita comerciais","m",{"v":7483.86,"d":"7,483.86"},{"$nulls":4},{"v":9115.54,"d":"9,115.54"}]
[705365,"Corpo de BTCC 2,00 x 2,00 m - moldado no local - altura do aterro 5,00 a 7,50 m - areia extraída e brita produzida","m",{"v":6833.17,"d":"6,833.17"},{"$nulls":4},{"v":8322.98,"d":"8,322.98"}]
[705368,"Corpo de BTCC 2,00 x 2,00 m - moldado no local - altura do aterro 7,50 a 10,00 m - areia e brita comerciais","m",{"v":8443.13,"d":"8,443.13"},{"$nulls":4},{"v":10283.96,"d":"10,283.96"}]
[705367,"Corpo de BTCC 2,00 x 2,00 m - moldado no local - altura do aterro 7,50 a 10,00 m - areia extraída e brita produzida","m",{"v":7792.44,"d":"7,792.44"},{"$nulls":4},{"v":9491.4,"d":"9,491.40"}]
[705374,"Corpo de BTCC 2,50 x 2,50 m - moldado no local - altura do aterro 0,00 a 1,00 m - areia e brita comerciais","m",{"v":8781.08,"d":"8,781.08"},{"$nulls":4},{"v":10695.59,"d":"10,695.59"}]
[705373,"Corpo de BTCC 2,50 x 2,50 m - moldado no local - altura do aterro 0,00 a 1,00 m - areia extraída e brita produzida","m",{"v":8153.97,"d":"8,153.97"},{"$nulls":4},{"v":9931.76,"d":"9,931.76"}]
[705376,"Corpo de BTCC 2,50 x 2,50 m - moldado no local - altura do aterro 1,00 a 2,50 m - areia e brita comerciais","m",{"v":7817.93,"d":"7,817.93"},{"$nulls":4},{"v":9522.45,"d":"9,522.45"}]
[705375,"Corpo de BTCC 2,50 x 2,50 m - moldado no local - altura do aterro 1,00 a 2,50 m - areia extraída e brita produzida","m",{"v":7190.83,"d":"7,190.83"},{"$nulls":4},{"v":8758.62,"d":"8,758.62"}]
[705384,"Corpo de BTCC 2,50 x 2,50 m - moldado no local - altura do aterro 10,00 a 12,50 m - areia e brita comerciais","m",{"v":12026.9,"d":"12,026.90"},{"$nulls":4},{"v":14649.09,"d":"14,649.09"}]
[705383,"Corpo de BTCC 2,50 x 2,50 m - moldado no local - altura do aterro 10,00 a 12,50 m - areia extraída e brita produzida","m",{"v":11065.31,"d":"11,065.31"},{"$nulls":4},{"v":13477.84,"d":"13,477.84"}]
[705386,"Corpo de BTCC 2,50 x 2,50 m - moldado no local - altura do aterro 12,50 a 15,00 m - areia e brita comerciais","m",{"v":13012.83,"d":"13,012.83"},{"$nulls":4},{"v":15849.97,"d":"15,849.97"}]
[705385,"Corpo de BTCC 2,50 x 2,50 m - moldado no local - altura do aterro 12,50 a 15,00 m - areia extraída e brita produzida","m",{"v":12051.23,"d":"12,051.23"},{"$nulls":4},{"v":14678.72,"d":"14,678.72"}]
[705378,"Corpo de BTCC 2,50 x 2,50 m - moldado no local - altura do aterro 2,50 a 5,00 m - areia e brita comerciais","m",{"v":8900.34,"d":"8,900.34"},{"$nulls":4},{"v":10840.85,"d":"10,840.85"}]
[705377,"Corpo de BTCC 2,50 x 2,50 m - moldado no local - altura do aterro 2,50 a 5,00 m - areia extraída e brita produzida","m",{"v":8108.33,"d":"8,108.33"},{"$nulls":4},{"v":9876.16,"d":"9,876.16"}]
[705380,"Corpo de BTCC 2,50 x 2,50 m - moldado no local - altura do aterro 5,00 a 7,50 m - areia e brita comerciais","m",{"v":10172.08,"d":"10,172.08"},{"$nulls":4},{"v":12389.87,"d":"12,389.87"}]
[705379,"Corpo de BTCC 2,50 x 2,50 m - moldado no local - altura do aterro 5,00 a 7,50 m - areia extraída e brita produzida","m",{"v":9380.07,"d":"9,380.07"},{"$nulls":4},{"v":11425.18,"d":"11,425.18"}]
[705382,"Corpo de BTCC 2,50 x 2,50 m - moldado no local - altura do aterro 7,50 a 10,00 m - areia e brita comerciais","m",{"v":11207.8,"d":"11,207.80"},{"$nulls":4},{"v":13651.4,"d":"13,651.40"}]
[705381,"Corpo de BTCC 2,50 x 2,50 m - moldado no local - altura do aterro 7,50 a 10,00 m - areia extraída e brita produzida","m",{"v":10246.2,"d":"10,246.20"},{"$nulls":4},{"v":12480.15,"d":"12,480.15"}]
[705388,"Corpo de BTCC 3,00 x 3,00 m - moldado no local - altura do aterro 0,00 a 1,00 m - areia e brita comerciais","m",{"v":10979.71,"d":"10,979.71"},{"$nulls":4},{"v":13373.58,"d":"13,373.58"}]
[705387,"Corpo de BTCC 3,00 x 3,00 m - moldado no local - altura do aterro 0,00 a 1,00 m - areia extraída e brita produzida","m",{"v":10047.31,"d":"10,047.31"},{"$nulls":4},{"v":12237.89,"d":"12,237.89"}]
[705390,"Corpo de BTCC 3,00 x 3,00 m - moldado no local - altura do aterro 1,00 a 2,50 m - areia e brita comerciais","m",{"v":10298.35,"d":"10,298.35"},{"$nulls":4},{"v":12543.67,"d":"12,543.67"}]
[705389,"Corpo de BTCC 3,00 x 3,00 m - moldado no local - altura do aterro 1,00 a 2,50 m - areia extraída e brita produzida","m",{"v":9365.95,"d":"9,365.95"},{"$nulls":4},{"v":11407.98,"d":"11,407.98"}]
[705399,"Corpo de BTCC 3,00 x 3,00 m - moldado no local - altura do aterro 10,00 a 12,50 m - areia e brita comerciais","m",{"v":16112.72,"d":"16,112.72"},{"$nulls":4},{"v":19625.73,"d":"19,625.73"}]
[705398,"Corpo de BTCC 3,00 x 3,00 m - moldado no local - altura do aterro 10,00 a 12,50 m - areia extraída e brita produzida","m",{"v":14712.43,"d":"14,712.43"},{"$nulls":4},{"v":17920.13,"d":"17,920.13"}]
[705401,"Corpo de BTCC 3,00 x 3,00 m - moldado no local - altura do aterro 12,50 a 15,00 m - areia e brita comerciais","m",{"v":17447.94,"d":"17,447.94"},{"$nulls":4},{"v":21252.06,"d":"21,252.06"}]
[705400,"Corpo de BTCC 3,00 x 3,00 m - moldado no local - altura do aterro 12,50 a 15,00 m - areia extraída e brita produzida","m",{"v":16047.64,"d":"16,047.64"},{"$nulls":4},{"v":19546.46,"d":"19,546.46"}]
[705392,"Corpo de BTCC 3,00 x 3,00 m - moldado no local - altura do aterro 2,50 a 5,00 m - areia e brita comerciais","m",{"v":11779.11,"d":"11,779.11"},{"$nulls":4},{"v":14347.27,"d":"14,347.27"}]
[705391,"Corpo de BTCC 3,00 x 3,00 m - moldado no local - altura do aterro 2,50 a 5,00 m - areia extraída e brita produzida","m",{"v":10647.86,"d":"10,647.86"},{"$nulls":4},{"v":12969.38,"d":"12,969.38"}]
[705395,"Corpo de BTCC 3,00 x 3,00 m - moldado no local - altura do aterro 5,00 a 7,50 m - areia e brita comerciais","m",{"v":13550.4,"d":"13,550.40"},{"$nulls":4},{"v":16504.75,"d":"16,504.75"}]
[705394,"Corpo de BTCC 3,00 x 3,00 m - moldado no local - altura do aterro 5,00 a 7,50 m - areia extraída e brita produzida","m",{"v":12419.15,"d":"12,419.15"},{"$nulls":4},{"v":15126.86,"d":"15,126.86"}]
[705397,"Corpo de BTCC 3,00 x 3,00 m - moldado no local - altura do aterro 7,50 a 10,00 m - areia e brita comerciais","m",{"v":14838.02,"d":"14,838.02"},{"$nulls":4},{"v":18073.11,"d":"18,073.11"}]
[705396,"Corpo de BTCC 3,00 x 3,00 m - moldado no local - altura do aterro 7,50 a 10,00 m - areia extraída e brita produzida","m",{"v":13437.73,"d":"13,437.73"},{"$nulls":4},{"v":16367.51,"d":"16,367.51"}]
[804213,"Boca de BDTC D = 0,80 m - esconsidade 0° - areia e brita comerciais - alas retas","un",{"v":1221.24,"d":"1,221.24"},{"$nulls":4},{"v":1487.5,"d":"1,487.50"}]
[804212,"Boca de BDTC D = 0,80 m - esconsidade 0° - areia extraída e brita produzida - alas retas","un",992.24,{"$nulls":4},{"v":1208.57,"d":"1,208.57"}]
[804217,"Boca de BDTC D = 0,80 m - esconsidade 10° - areia e brita comerciais - alas retas","un",{"v":1228.09,"d":"1,228.09"},{"$nulls":4},{"v":1495.85,"d":"1,495.85"}]
[804216,"Boca de BDTC D = 0,80 m - esconsidade 10° - areia extraída e brita produzida - alas retas","un",998.62,{"$nulls":4},{"v":1216.34,"d":"1,216.34"}]
[804219,"Boca de BDTC D = 0,80 m - esconsidade 15° - areia e brita comerciais - alas retas","un",{"v":1236.72,"d":"1,236.72"},{"$nulls":4},{"v":1506.36,"d":"1,506.36"}]
[804218,"Boca de BDTC D = 0,80 m - esconsidade 15° - areia extraída e brita produzida - alas retas","un",{"v":1006.78,"d":"1,006.78"},{"$nulls":4},{"v":1226.29,"d":"1,226.29"}]
[804221,"Boca de BDTC D = 0,80 m - esconsidade 20° - areia e brita comerciais - alas retas","un",{"v":1250.65,"d":"1,250.65"},{"$nulls":4},{"v":1523.32,"d":"1,523.32"}]
[804220,"Boca de BDTC D = 0,80 m - esconsidade 20° - areia extraída e brita produzida - alas retas","un",{"v":1019.89,"d":"1,019.89"},{"$nulls":4},{"v":1242.25,"d":"1,242.25"}]
[804223,"Boca de BDTC D = 0,80 m - esconsidade 25° - areia e brita comerciais - alas retas","un",{"v":1268.89,"d":"1,268.89"},{"$nulls":4},{"v":1545.54,"d":"1,545.54"}]
[804222,"Boca de BDTC D = 0,80 m - esconsidade 25° - areia extraída e brita produzida - alas retas","un",{"v":1037.07,"d":"1,037.07"},{"$nulls":4},{"v":1263.18,"d":"1,263.18"}]
[804225,"Boca de BDTC D = 0,80 m - esconsidade 30° - areia e brita comerciais - alas retas","un",{"v":1292.85,"d":"1,292.85"},{"$nulls":4},{"v":1574.73,"d":"1,574.73"}]
[804224,"Boca de BDTC D = 0,80 m - esconsidade 30° - areia extraída e brita produzida - alas retas","un",{"v":1059.87,"d":"1,059.87"},{"$nulls":4},{"v":1290.95,"d":"1,290.95"}]
[804227,"Boca de BDTC D = 0,80 m - esconsidade 35° - areia e brita comerciais - alas retas","un",{"v":1325.31,"d":"1,325.31"},{"$nulls":4},{"v":1614.26,"d":"1,614.26"}]
[804226,"Boca de BDTC D = 0,80 m - esconsidade 35° - areia extraída e brita produzida - alas retas","un",{"v":1090.92,"d":"1,090.92"},{"$nulls":4},{"v":1328.77,"d":"1,328.77"}]
[804229,"Boca de BDTC D = 0,80 m - esconsidade 40° - areia e brita comerciais - alas retas","un",{"v":1367.65,"d":"1,367.65"},{"$nulls":4},{"v":1665.84,"d":"1,665.84"}]
[804228,"Boca de BDTC D = 0,80 m - esconsidade 40° - areia extraída e brita produzida - alas retas","un",{"v":1131.75,"d":"1,131.75"},{"$nulls":4},{"v":1378.5,"d":"1,378.50"}]
[804231,"Boca de BDTC D = 0,80 m - esconsidade 45° - areia e brita comerciais - alas retas","un",{"v":1425.63,"d":"1,425.63"},{"$nulls":4},{"v":1736.46,"d":"1,736.46"}]
[804230,"Boca de BDTC D = 0,80 m - esconsidade 45° - areia extraída e brita produzida - alas retas","un",{"v":1187.97,"d":"1,187.97"},{"$nulls":4},{"v":1446.98,"d":"1,446.98"}]
[804215,"Boca de BDTC D = 0,80 m - esconsidade 5° - areia e brita comerciais - alas retas","un",{"v":1222.81,"d":"1,222.81"},{"$nulls":4},{"v":1489.41,"d":"1,489.41"}]
[804214,"Boca de BDTC D = 0,80 m - esconsidade 5° - areia extraída e brita produzida - alas retas","un",993.68,{"$nulls":4},{"v":1210.33,"d":"1,210.33"}]
[804417,"Boca de BDTC D = 1,00 m - esconsidade 0° - areia e brita comerciais - alas esconsas","un",{"v":3159.84,"d":"3,159.84"},{"$nulls":4},{"v":3848.77,"d":"3,848.77"}]
[804233,"Boca de BDTC D = 1,00 m - esconsidade 0° - areia e brita comerciais - alas retas","un",{"v":1818.24,"d":"1,818.24"},{"$nulls":4},{"v":2214.67,"d":"2,214.67"}]
[804416,"Boca de BDTC D = 1,00 m - esconsidade 0° - areia extraída e brita produzida - alas esconsas","un",{"v":2562.35,"d":"2,562.35"},{"$nulls":4},{"v":3121.01,"d":"3,121.01"}]
[804232,"Boca de BDTC D = 1,00 m - esconsidade 0° - areia extraída e brita produzida - alas retas","un",{"v":1462.87,"d":"1,462.87"},{"$nulls":4},{"v":1781.81,"d":"1,781.81"}]
[804237,"Boca de BDTC D = 1,00 m - esconsidade 10° - areia e brita comerciais - alas retas","un",{"v":1828.6,"d":"1,828.60"},{"$nulls":4},{"v":2227.28,"d":"2,227.28"}]
[804236,"Boca de BDTC D = 1,00 m - esconsidade 10° - areia extraída e brita produzida - alas retas","un",{"v":1472.39,"d":"1,472.39"},{"$nulls":4},{"v":1793.41,"d":"1,793.41"}]
[804419,"Boca de BDTC D = 1,00 m - esconsidade 15° - areia e brita comerciais - alas esconsas","un",{"v":3305.64,"d":"3,305.64"},{"$nulls":4},{"v":4026.36,"d":"4,026.36"}]
[804239,"Boca de BDTC D = 1,00 m - esconsidade 15° - areia e brita comerciais - alas retas","un",{"v":1842.07,"d":"1,842.07"},{"$nulls":4},{"v":2243.69,"d":"2,243.69"}]
[804418,"Boca de BDTC D = 1,00 m - esconsidade 15° - areia extraída e brita produzida - alas esconsas","un",{"v":2679.6,"d":"2,679.60"},{"$nulls":4},{"v":3263.83,"d":"3,263.83"}]
[804238,"Boca de BDTC D = 1,00 m - esconsidade 15° - areia extraída e brita produzida - alas retas","un",{"v":1484.82,"d":"1,484.82"},{"$nulls":4},{"v":1808.55,"d":"1,808.55"}]
[804241,"Boca de BDTC D = 1,00 m - esconsidade 20° - areia e brita comerciais - alas retas","un",{"v":1861.43,"d":"1,861.43"},{"$nulls":4},{"v":2267.27,"d":"2,267.27"}]
[804240,"Boca de BDTC D = 1,00 m - esconsidade 20° - areia extraída e brita produzida - alas retas","un",{"v":1502.77,"d":"1,502.77"},{"$nulls":4},{"v":1830.42,"d":"1,830.42"}]
[804243,"Boca de BDTC D = 1,00 m - esconsidade 25° - areia e brita comerciais - alas retas","un",{"v":1887.86,"d":"1,887.86"},{"$nulls":4},{"v":2299.46,"d":"2,299.46"}]
[804242,"Boca de BDTC D = 1,00 m - esconsidade 25° - areia extraída e brita produzida - alas retas","un",{"v":1527.45,"d":"1,527.45"},{"$nulls":4},{"v":1860.47,"d":"1,860.47"}]
[804421,"Boca de BDTC D = 1,00 m - esconsidade 30° - areia e brita comerciais - alas esconsas","un",{"v":3689.15,"d":"3,689.15"},{"$nulls":4},{"v":4493.48,"d":"4,493.48"}]
[804245,"Boca de BDTC D = 1,00 m - esconsidade 30° - areia e brita comerciais - alas retas","un",{"v":1923.52,"d":"1,923.52"},{"$nulls":4},{"v":2342.9,"d":"2,342.90"}]
[804420,"Boca de BDTC D = 1,00 m - esconsidade 30° - areia extraída e brita produzida - alas esconsas","un",{"v":2988.56,"d":"2,988.56"},{"$nulls":4},{"v":3640.15,"d":"3,640.15"}]
[804244,"Boca de BDTC D = 1,00 m - esconsidade 30° - areia extraída e brita produzida - alas retas","un",{"v":1560.89,"d":"1,560.89"},{"$nulls":4},{"v":1901.2,"d":"1,901.20"}]
[804247,"Boca de BDTC D = 1,00 m - esconsidade 35° - areia e brita comerciais - alas retas","un",{"v":1970.05,"d":"1,970.05"},{"$nulls":4},{"v":2399.57,"d":"2,399.57"}]
[804246,"Boca de BDTC D = 1,00 m - esconsidade 35° - areia extraída e brita produzida - alas retas","un",{"v":1604.95,"d":"1,604.95"},{"$nulls":4},{"v":1954.87,"d":"1,954.87"}]
[804249,"Boca de BDTC D = 1,00 m - esconsidade 40° - areia e brita comerciais - alas retas","un",{"v":2032.34,"d":"2,032.34"},{"$nulls":4},{"v":2475.45,"d":"2,475.45"}]
[804248,"Boca de BDTC D = 1,00 m - esconsidade 40° - areia extraída e brita produzida - alas retas","un",{"v":1664.32,"d":"1,664.32"},{"$nulls":4},{"v":2027.19,"d":"2,027.19"}]
[804423,"Boca de BDTC D = 1,00 m - esconsidade 45° - areia e brita comerciais - alas esconsas","un",{"v":4569.25,"d":"4,569.25"},{"$nulls":4},{"v":5565.47,"d":"5,565.47"}]
[804251,"Boca de BDTC D = 1,00 m - esconsidade 45° - areia e brita comerciais - alas retas","un",{"v":2115.26,"d":"2,115.26"},{"$nulls":4},{"v":2576.44,"d":"2,576.44"}]
[804422,"Boca de BDTC D = 1,00 m - esconsidade 45° - areia extraída e brita produzida - alas esconsas","un",{"v":3695.13,"d":"3,695.13"},{"$nulls":4},{"v":4500.77,"d":"4,500.77"}]
[804250,"Boca de BDTC D = 1,00 m - esconsidade 45° - areia extraída e brita produzida - alas retas","un",{"v":1744.2,"d":"1,744.20"},{"$nulls":4},{"v":2124.48,"d":"2,124.48"}]
[804235,"Boca de BDTC D = 1,00 m - esconsidade 5° - areia e brita comerciais - alas retas","un",{"v":1820.77,"d":"1,820.77"},{"$nulls":4},{"v":2217.75,"d":"2,217.75"}]
[804234,"Boca de BDTC D = 1,00 m - esconsidade 5° - areia extraída e brita produzida - alas retas","un",{"v":1465.16,"d":"1,465.16"},{"$nulls":4},{"v":1784.61,"d":"1,784.61"}]
[804425,"Boca de BDTC D = 1,20 m - esconsidade 0° - areia e brita comerciais - alas esconsas","un",{"v":4595.23,"d":"4,595.23"},{"$nulls":4},{"v":5597.11,"d":"5,597.11"}]
[804253,"Boca de BDTC D = 1,20 m - esconsidade 0° - areia e brita comerciais - alas retas","un",{"v":2532.75,"d":"2,532.75"},{"$nulls":4},{"v":3084.96,"d":"3,084.96"}]
[804424,"Boca de BDTC D = 1,20 m - esconsidade 0° - areia extraída e brita produzida - alas esconsas","un",{"v":3672.08,"d":"3,672.08"},{"$nulls":4},{"v":4472.69,"d":"4,472.69"}]
[804252,"Boca de BDTC D = 1,20 m - esconsidade 0° - areia extraída e brita produzida - alas retas","un",{"v":2016.94,"d":"2,016.94"},{"$nulls":4},{"v":2456.69,"d":"2,456.69"}]
[804257,"Boca de BDTC D = 1,20 m - esconsidade 10° - areia e brita comerciais - alas retas","un",{"v":2548.1,"d":"2,548.10"},{"$nulls":4},{"v":3103.65,"d":"3,103.65"}]
[804256,"Boca de BDTC D = 1,20 m - esconsidade 10° - areia extraída e brita produzida - alas retas","un",{"v":2030.64,"d":"2,030.64"},{"$nulls":4},{"v":2473.38,"d":"2,473.38"}]
[804427,"Boca de BDTC D = 1,20 m - esconsidade 15° - areia e brita comerciais - alas esconsas","un",{"v":4818.28,"d":"4,818.28"},{"$nulls":4},{"v":5868.79,"d":"5,868.79"}]
[804259,"Boca de BDTC D = 1,20 m - esconsidade 15° - areia e brita comerciais - alas retas","un",{"v":2567.53,"d":"2,567.53"},{"$nulls":4},{"v":3127.32,"d":"3,127.32"}]
[804426,"Boca de BDTC D = 1,20 m - esconsidade 15° - areia extraída e brita produzida - alas esconsas","un",{"v":3848.32,"d":"3,848.32"},{"$nulls":4},{"v":4687.36,"d":"4,687.36"}]
[804258,"Boca de BDTC D = 1,20 m - esconsidade 15° - areia extraída e brita produzida - alas retas","un",{"v":2048.09,"d":"2,048.09"},{"$nulls":4},{"v":2494.63,"d":"2,494.63"}]
[804261,"Boca de BDTC D = 1,20 m - esconsidade 20° - areia e brita comerciais - alas retas","un",{"v":2596.13,"d":"2,596.13"},{"$nulls":4},{"v":3162.16,"d":"3,162.16"}]
[804260,"Boca de BDTC D = 1,20 m - esconsidade 20° - areia extraída e brita produzida - alas retas","un",{"v":2073.88,"d":"2,073.88"},{"$nulls":4},{"v":2526.04,"d":"2,526.04"}]
[804263,"Boca de BDTC D = 1,20 m - esconsidade 25° - areia e brita comerciais - alas retas","un",{"v":2635.07,"d":"2,635.07"},{"$nulls":4},{"v":3209.59,"d":"3,209.59"}]
[804262,"Boca de BDTC D = 1,20 m - esconsidade 25° - areia extraída e brita produzida - alas retas","un",{"v":2109.2,"d":"2,109.20"},{"$nulls":4},{"v":2569.06,"d":"2,569.06"}]
[804429,"Boca de BDTC D = 1,20 m - esconsidade 30° - areia e brita comerciais - alas esconsas","un",{"v":5379.18,"d":"5,379.18"},{"$nulls":4},{"v":6551.99,"d":"6,551.99"}]
[804265,"Boca de BDTC D = 1,20 m - esconsidade 30° - areia e brita comerciais - alas retas","un",{"v":2686.98,"d":"2,686.98"},{"$nulls":4},{"v":3272.81,"d":"3,272.81"}]
[804428,"Boca de BDTC D = 1,20 m - esconsidade 30° - areia extraída e brita produzida - alas esconsas","un",{"v":4292.68,"d":"4,292.68"},{"$nulls":4},{"v":5228.6,"d":"5,228.60"}]
[804264,"Boca de BDTC D = 1,20 m - esconsidade 30° - areia extraída e brita produzida - alas retas","un",{"v":2156.77,"d":"2,156.77"},{"$nulls":4},{"v":2627,"d":"2,627.00"}]
[804267,"Boca de BDTC D = 1,20 m - esconsidade 35° - areia e brita comerciais - alas retas","un",{"v":2753.24,"d":"2,753.24"},{"$nulls":4},{"v":3353.52,"d":"3,353.52"}]
[804266,"Boca de BDTC D = 1,20 m - esconsidade 35° - areia extraída e brita produzida - alas retas","un",{"v":2218.12,"d":"2,218.12"},{"$nulls":4},{"v":2701.73,"d":"2,701.73"}]
[804269,"Boca de BDTC D = 1,20 m - esconsidade 40° - areia e brita comerciais - alas retas","un",{"v":2841.16,"d":"2,841.16"},{"$nulls":4},{"v":3460.61,"d":"3,460.61"}]
[804268,"Boca de BDTC D = 1,20 m - esconsidade 40° - areia extraída e brita produzida - alas retas","un",{"v":2300.31,"d":"2,300.31"},{"$nulls":4},{"v":2801.84,"d":"2,801.84"}]
[804431,"Boca de BDTC D = 1,20 m - esconsidade 45° - areia e brita comerciais - alas esconsas","un",{"v":6672.92,"d":"6,672.92"},{"$nulls":4},{"v":8127.79,"d":"8,127.79"}]
[804271,"Boca de BDTC D = 1,20 m - esconsidade 45° - areia e brita comerciais - alas retas","un",{"v":2958.33,"d":"2,958.33"},{"$nulls":4},{"v":3603.33,"d":"3,603.33"}]
[804430,"Boca de BDTC D = 1,20 m - esconsidade 45° - areia extraída e brita produzida - alas esconsas","un",{"v":5314.7,"d":"5,314.70"},{"$nulls":4},{"v":6473.45,"d":"6,473.45"}]
[804270,"Boca de BDTC D = 1,20 m - esconsidade 45° - areia extraída e brita produzida - alas retas","un",{"v":2411.16,"d":"2,411.16"},{"$nulls":4},{"v":2936.86,"d":"2,936.86"}]
[804255,"Boca de BDTC D = 1,20 m - esconsidade 5° - areia e brita comerciais - alas retas","un",{"v":2536.63,"d":"2,536.63"},{"$nulls":4},{"v":3089.68,"d":"3,089.68"}]
[804254,"Boca de BDTC D = 1,20 m - esconsidade 5° - areia extraída e brita produzida - alas retas","un",{"v":2020.35,"d":"2,020.35"},{"$nulls":4},{"v":2460.84,"d":"2,460.84"}]
[804433,"Boca de BDTC D = 1,50 m - esconsidade 0° - areia e brita comerciais - alas esconsas","un",{"v":8156.45,"d":"8,156.45"},{"$nulls":4},{"v":9934.77,"d":"9,934.77"}]
[804273,"Boca de BDTC D = 1,50 m - esconsidade 0° - areia e brita comerciais - alas retas","un",{"v":4356.24,"d":"4,356.24"},{"$nulls":4},{"v":5306.02,"d":"5,306.02"}]
[804432,"Boca de BDTC D = 1,50 m - esconsidade 0° - areia extraída e brita produzida - alas esconsas","un",{"v":6385.04,"d":"6,385.04"},{"$nulls":4},{"v":7777.15,"d":"7,777.15"}]
[804272,"Boca de BDTC D = 1,50 m - esconsidade 0° - areia extraída e brita produzida - alas retas","un",{"v":3433.56,"d":"3,433.56"},{"$nulls":4},{"v":4182.17,"d":"4,182.17"}]
[804277,"Boca de BDTC D = 1,50 m - esconsidade 10° - areia e brita comerciais - alas retas","un",{"v":4379.48,"d":"4,379.48"},{"$nulls":4},{"v":5334.32,"d":"5,334.32"}]
[804276,"Boca de BDTC D = 1,50 m - esconsidade 10° - areia extraída e brita produzida - alas retas","un",{"v":3453.99,"d":"3,453.99"},{"$nulls":4},{"v":4207.05,"d":"4,207.05"}]
[804435,"Boca de BDTC D = 1,50 m - esconsidade 15° - areia e brita comerciais - alas esconsas","un",{"v":8561.3,"d":"8,561.30"},{"$nulls":4},{"v":10427.89,"d":"10,427.89"}]
[804279,"Boca de BDTC D = 1,50 m - esconsidade 15° - areia e brita comerciais - alas retas","un",{"v":4408.53,"d":"4,408.53"},{"$nulls":4},{"v":5369.71,"d":"5,369.71"}]
[804434,"Boca de BDTC D = 1,50 m - esconsidade 15° - areia extraída e brita produzida - alas esconsas","un",{"v":6699.33,"d":"6,699.33"},{"$nulls":4},{"v":8159.96,"d":"8,159.96"}]
[804278,"Boca de BDTC D = 1,50 m - esconsidade 15° - areia extraída e brita produzida - alas retas","un",{"v":3479.53,"d":"3,479.53"},{"$nulls":4},{"v":4238.16,"d":"4,238.16"}]
[804281,"Boca de BDTC D = 1,50 m - esconsidade 20° - areia e brita comerciais - alas retas","un",{"v":4451.21,"d":"4,451.21"},{"$nulls":4},{"v":5421.69,"d":"5,421.69"}]
[804280,"Boca de BDTC D = 1,50 m - esconsidade 20° - areia extraída e brita produzida - alas retas","un",{"v":3517.41,"d":"3,517.41"},{"$nulls":4},{"v":4284.3,"d":"4,284.30"}]
[804283,"Boca de BDTC D = 1,50 m - esconsidade 25° - areia e brita comerciais - alas retas","un",{"v":4509.3,"d":"4,509.30"},{"$nulls":4},{"v":5492.45,"d":"5,492.45"}]
[804282,"Boca de BDTC D = 1,50 m - esconsidade 25° - areia extraída e brita produzida - alas retas","un",{"v":3569.42,"d":"3,569.42"},{"$nulls":4},{"v":4347.65,"d":"4,347.65"}]
[804437,"Boca de BDTC D = 1,50 m - esconsidade 30° - areia e brita comerciais - alas esconsas","un",{"v":9589.92,"d":"9,589.92"},{"$nulls":4},{"v":11680.78,"d":"11,680.78"}]
[804285,"Boca de BDTC D = 1,50 m - esconsidade 30° - areia e brita comerciais - alas retas","un",{"v":4585.56,"d":"4,585.56"},{"$nulls":4},{"v":5585.33,"d":"5,585.33"}]
[804436,"Boca de BDTC D = 1,50 m - esconsidade 30° - areia extraída e brita produzida - alas esconsas","un",{"v":7498.12,"d":"7,498.12"},{"$nulls":4},{"v":9132.91,"d":"9,132.91"}]
[804284,"Boca de BDTC D = 1,50 m - esconsidade 30° - areia extraída e brita produzida - alas retas","un",{"v":3638.19,"d":"3,638.19"},{"$nulls":4},{"v":4431.41,"d":"4,431.41"}]
[804287,"Boca de BDTC D = 1,50 m - esconsidade 35° - areia e brita comerciais - alas retas","un",{"v":4684.22,"d":"4,684.22"},{"$nulls":4},{"v":5705.51,"d":"5,705.51"}]
[804286,"Boca de BDTC D = 1,50 m - esconsidade 35° - areia extraída e brita produzida - alas retas","un",{"v":3728.31,"d":"3,728.31"},{"$nulls":4},{"v":4541.18,"d":"4,541.18"}]
[804289,"Boca de BDTC D = 1,50 m - esconsidade 40° - areia e brita comerciais - alas retas","un",{"v":4813.18,"d":"4,813.18"},{"$nulls":4},{"v":5862.58,"d":"5,862.58"}]
[804288,"Boca de BDTC D = 1,50 m - esconsidade 40° - areia extraída e brita produzida - alas retas","un",{"v":3847.44,"d":"3,847.44"},{"$nulls":4},{"v":4686.28,"d":"4,686.28"}]
[804439,"Boca de BDTC D = 1,50 m - esconsidade 45° - areia e brita comerciais - alas esconsas","un",{"v":11947.97,"d":"11,947.97"},{"$nulls":4},{"v":14552.95,"d":"14,552.95"}]
[804291,"Boca de BDTC D = 1,50 m - esconsidade 45° - areia e brita comerciais - alas retas","un",{"v":4983.22,"d":"4,983.22"},{"$nulls":4},{"v":6069.69,"d":"6,069.69"}]
[804438,"Boca de BDTC D = 1,50 m - esconsidade 45° - areia extraída e brita produzida - alas esconsas","un",{"v":9324.21,"d":"9,324.21"},{"$nulls":4},{"v":11357.14,"d":"11,357.14"}]
[804290,"Boca de BDTC D = 1,50 m - esconsidade 45° - areia extraída e brita produzida - alas retas","un",{"v":4006.71,"d":"4,006.71"},{"$nulls":4},{"v":4880.28,"d":"4,880.28"}]
[804275,"Boca de BDTC D = 1,50 m - esconsidade 5° - areia e brita comerciais - alas retas","un",{"v":4362.05,"d":"4,362.05"},{"$nulls":4},{"v":5313.09,"d":"5,313.09"}]
[804274,"Boca de BDTC D = 1,50 m - esconsidade 5° - areia extraída e brita produzida - alas retas","un",{"v":3438.67,"d":"3,438.67"},{"$nulls":4},{"v":4188.39,"d":"4,188.39"}]
[804061,"Boca de BSTC D = 0,40 m - esconsidade 0° - areia e brita comerciais - alas retas","un",294.13,{"$nulls":4},358.26]
[804060,"Boca de BSTC D = 0,40 m - esconsidade 0° - areia extraída e brita produzida - alas retas","un",244.63,{"$nulls":4},297.97]
[804065,"Boca de BSTC D = 0,40 m - esconsidade 10° - areia e brita comerciais - alas retas","un",295.32,{"$nulls":4},359.71]
[804064,"Boca de BSTC D = 0,40 m - esconsidade 10° - areia extraída e brita produzida - alas retas","un",245.82,{"$nulls":4},299.42]
[804067,"Boca de BSTC D = 0,40 m - esconsidade 15° - areia e brita comerciais - alas retas","un",296.51,{"$nulls":4},361.16]
[804066,"Boca de BSTC D = 0,40 m - esconsidade 15° - areia extraída e brita produzida - alas retas","un",247.01,{"$nulls":4},300.87]
[804069,"Boca de BSTC D = 0,40 m - esconsidade 20° - areia e brita comerciais - alas retas","un",298.67,{"$nulls":4},363.79]
[804068,"Boca de BSTC D = 0,40 m - esconsidade 20° - areia extraída e brita produzida - alas retas","un",249.06,{"$nulls":4},303.36]
[804071,"Boca de BSTC D = 0,40 m - esconsidade 25° - areia e brita comerciais - alas retas","un",301.65,{"$nulls":4},367.42]
[804070,"Boca de BSTC D = 0,40 m - esconsidade 25° - areia extraída e brita produzida - alas retas","un",252.03,{"$nulls":4},306.98]
[804073,"Boca de BSTC D = 0,40 m - esconsidade 30° - areia e brita comerciais - alas retas","un",305.59,{"$nulls":4},372.22]
[804072,"Boca de BSTC D = 0,40 m - esconsidade 30° - areia extraída e brita produzida - alas retas","un",255.86,{"$nulls":4},311.65]
[804075,"Boca de BSTC D = 0,40 m - esconsidade 35° - areia e brita comerciais - alas retas","un",310.95,{"$nulls":4},378.75]
[804074,"Boca de BSTC D = 0,40 m - esconsidade 35° - areia extraída e brita produzida - alas retas","un",261.22,{"$nulls":4},318.17]
[804077,"Boca de BSTC D = 0,40 m - esconsidade 40° - areia e brita comerciais - alas retas","un",317.87,{"$nulls":4},387.18]
[804076,"Boca de BSTC D = 0,40 m - esconsidade 40° - areia extraída e brita produzida - alas retas","un",268.02,{"$nulls":4},326.46]
[804079,"Boca de BSTC D = 0,40 m - esconsidade 45° - areia e brita comerciais - alas retas","un",328.36,{"$nulls":4},399.95]
[804078,"Boca de BSTC D = 0,40 m - esconsidade 45° - areia extraída e brita produzida - alas retas","un",278.39,{"$nulls":4},339.09]
[804063,"Boca de BSTC D = 0,40 m - esconsidade 5° - areia e brita comerciais - alas retas","un",294.73,{"$nulls":4},358.99]
[804062,"Boca de BSTC D = 0,40 m - esconsidade 5° - areia extraída e brita produzida - alas retas","un",245.23,{"$nulls":4},{"v":298.7,"d":"298.70"}]
[804377,"Boca de BSTC D = 0,60 m - esconsidade 0° - areia e brita comerciais - alas esconsas","un",873.64,{"$nulls":4},{"v":1064.12,"d":"1,064.12"}]
[804081,"Boca de BSTC D = 0,60 m - esconsidade 0° - areia e brita comerciais - alas retas","un",595.95,{"$nulls":4},725.88]
[804376,"Boca de BSTC D = 0,60 m - esconsidade 0° - areia extraída e brita produzida - alas esconsas","un",738.72,{"$nulls":4},899.78]
[804080,"Boca de BSTC D = 0,60 m - esconsidade 0° - areia extraída e brita produzida - alas retas","un",486.89,{"$nulls":4},593.04]
[804085,"Boca de BSTC D = 0,60 m - esconsidade 10° - areia e brita comerciais - alas retas","un",598.11,{"$nulls":4},728.51]
[804084,"Boca de BSTC D = 0,60 m - esconsidade 10° - areia extraída e brita produzida - alas retas","un",488.93,{"$nulls":4},595.53]
[804379,"Boca de BSTC D = 0,60 m - esconsidade 15° - areia e brita comerciais - alas esconsas","un",741.35,{"$nulls":4},902.98]
[804087,"Boca de BSTC D = 0,60 m - esconsidade 15° - areia e brita comerciais - alas retas","un",600.49,{"$nulls":4},731.41]
[804378,"Boca de BSTC D = 0,60 m - esconsidade 15° - areia extraída e brita produzida - alas esconsas","un",598.82,{"$nulls":4},729.38]
[804086,"Boca de BSTC D = 0,60 m - esconsidade 15° - areia extraída e brita produzida - alas retas","un",491.31,{"$nulls":4},598.43]
[804089,"Boca de BSTC D = 0,60 m - esconsidade 20° - areia e brita comerciais - alas retas","un",604.44,{"$nulls":4},736.22]
[804088,"Boca de BSTC D = 0,60 m - esconsidade 20° - areia extraída e brita produzida - alas retas","un",495.14,{"$nulls":4},603.09]
[804091,"Boca de BSTC D = 0,60 m - esconsidade 25° - areia e brita comerciais - alas retas","un",609.57,{"$nulls":4},742.47]
[804090,"Boca de BSTC D = 0,60 m - esconsidade 25° - areia extraída e brita produzida - alas retas","un",500.15,{"$nulls":4},{"v":609.2,"d":"609.20"}]
[804381,"Boca de BSTC D = 0,60 m - esconsidade 30° - areia e brita comerciais - alas esconsas","un",{"v":1033.34,"d":"1,033.34"},{"$nulls":4},{"v":1258.63,"d":"1,258.63"}]
[804093,"Boca de BSTC D = 0,60 m - esconsidade 30° - areia e brita comerciais - alas retas","un",616.86,{"$nulls":4},751.35]
[804380,"Boca de BSTC D = 0,60 m - esconsidade 30° - areia extraída e brita produzida - alas esconsas","un",871.85,{"$nulls":4},{"v":1061.94,"d":"1,061.94"}]
[804092,"Boca de BSTC D = 0,60 m - esconsidade 30° - areia extraída e brita produzida - alas retas","un",507.21,{"$nulls":4},{"v":617.8,"d":"617.80"}]
[804095,"Boca de BSTC D = 0,60 m - esconsidade 35° - areia e brita comerciais - alas retas","un",626.76,{"$nulls":4},763.41]
[804094,"Boca de BSTC D = 0,60 m - esconsidade 35° - areia extraída e brita produzida - alas retas","un",{"v":517,"d":"517.00"},{"$nulls":4},629.72]
[804097,"Boca de BSTC D = 0,60 m - esconsidade 40° - areia e brita comerciais - alas retas","un",639.41,{"$nulls":4},778.82]
[804096,"Boca de BSTC D = 0,60 m - esconsidade 40° - areia extraída e brita produzida - alas retas","un",529.41,{"$nulls":4},644.84]
[804383,"Boca de BSTC D = 0,60 m - esconsidade 45° - areia e brita comerciais - alas esconsas","un",{"v":1278.2,"d":"1,278.20"},{"$nulls":4},{"v":1556.88,"d":"1,556.88"}]
[804099,"Boca de BSTC D = 0,60 m - esconsidade 45° - areia e brita comerciais - alas retas","un",657.42,{"$nulls":4},800.75]
[804382,"Boca de BSTC D = 0,60 m - esconsidade 45° - areia extraída e brita produzida - alas esconsas","un",{"v":1076.69,"d":"1,076.69"},{"$nulls":4},{"v":1311.44,"d":"1,311.44"}]
[804098,"Boca de BSTC D = 0,60 m - esconsidade 45° - areia extraída e brita produzida - alas retas","un",547.19,{"$nulls":4},666.49]
[804083,"Boca de BSTC D = 0,60 m - esconsidade 5° - areia e brita comerciais - alas retas","un",596.55,{"$nulls":4},726.61]
[804082,"Boca de BSTC D = 0,60 m - esconsidade 5° - areia extraída e brita produzida - alas retas","un",487.49,{"$nulls":4},593.77]
[804385,"Boca de BSTC D = 0,80 m - esconsidade 0° - areia e brita comerciais - alas esconsas","un",{"v":1463.33,"d":"1,463.33"},{"$nulls":4},{"v":1782.37,"d":"1,782.37"}]
[804101,"Boca de BSTC D = 0,80 m - esconsidade 0° - areia e brita comerciais - alas retas","un",{"v":1010.61,"d":"1,010.61"},{"$nulls":4},{"v":1230.95,"d":"1,230.95"}]
[804384,"Boca de BSTC D = 0,80 m - esconsidade 0° - areia extraída e brita produzida - alas esconsas","un",{"v":1212.91,"d":"1,212.91"},{"$nulls":4},{"v":1477.36,"d":"1,477.36"}]
[804100,"Boca de BSTC D = 0,80 m - esconsidade 0° - areia extraída e brita produzida - alas retas","un",821.16,{"$nulls":4},{"v":1000.19,"d":"1,000.19"}]
[804105,"Boca de BSTC D = 0,80 m - esconsidade 10° - areia e brita comerciais - alas retas","un",{"v":1013.96,"d":"1,013.96"},{"$nulls":4},{"v":1235.03,"d":"1,235.03"}]
[804104,"Boca de BSTC D = 0,80 m - esconsidade 10° - areia extraída e brita produzida - alas retas","un",824.39,{"$nulls":4},{"v":1004.13,"d":"1,004.13"}]
[804387,"Boca de BSTC D = 0,80 m - esconsidade 15° - areia e brita comerciais - alas esconsas","un",{"v":1542.17,"d":"1,542.17"},{"$nulls":4},{"v":1878.41,"d":"1,878.41"}]
[804107,"Boca de BSTC D = 0,80 m - esconsidade 15° - areia e brita comerciais - alas retas","un",{"v":1018.49,"d":"1,018.49"},{"$nulls":4},{"v":1240.55,"d":"1,240.55"}]
[804386,"Boca de BSTC D = 0,80 m - esconsidade 15° - areia extraída e brita produzida - alas esconsas","un",{"v":1277.48,"d":"1,277.48"},{"$nulls":4},{"v":1556.01,"d":"1,556.01"}]
[804106,"Boca de BSTC D = 0,80 m - esconsidade 15° - areia extraída e brita produzida - alas retas","un",828.81,{"$nulls":4},{"v":1009.51,"d":"1,009.51"}]
[804109,"Boca de BSTC D = 0,80 m - esconsidade 20° - areia e brita comerciais - alas retas","un",{"v":1025.41,"d":"1,025.41"},{"$nulls":4},{"v":1248.98,"d":"1,248.98"}]
[804108,"Boca de BSTC D = 0,80 m - esconsidade 20° - areia extraída e brita produzida - alas retas","un",835.61,{"$nulls":4},{"v":1017.8,"d":"1,017.80"}]
[804111,"Boca de BSTC D = 0,80 m - esconsidade 25° - areia e brita comerciais - alas retas","un",{"v":1034.49,"d":"1,034.49"},{"$nulls":4},{"v":1260.04,"d":"1,260.04"}]
[804110,"Boca de BSTC D = 0,80 m - esconsidade 25° - areia extraída e brita produzida - alas retas","un",844.46,{"$nulls":4},{"v":1028.57,"d":"1,028.57"}]
[804389,"Boca de BSTC D = 0,80 m - esconsidade 30° - areia e brita comerciais - alas esconsas","un",{"v":1722.91,"d":"1,722.91"},{"$nulls":4},{"v":2098.55,"d":"2,098.55"}]
[804113,"Boca de BSTC D = 0,80 m - esconsidade 30° - areia e brita comerciais - alas retas","un",{"v":1046.92,"d":"1,046.92"},{"$nulls":4},{"v":1275.18,"d":"1,275.18"}]
[804388,"Boca de BSTC D = 0,80 m - esconsidade 30° - areia extraída e brita produzida - alas esconsas","un",{"v":1425.81,"d":"1,425.81"},{"$nulls":4},{"v":1736.67,"d":"1,736.67"}]
[804112,"Boca de BSTC D = 0,80 m - esconsidade 30° - areia extraída e brita produzida - alas retas","un",856.54,{"$nulls":4},{"v":1043.29,"d":"1,043.29"}]
[804115,"Boca de BSTC D = 0,80 m - esconsidade 35° - areia e brita comerciais - alas retas","un",{"v":1064.11,"d":"1,064.11"},{"$nulls":4},{"v":1296.12,"d":"1,296.12"}]
[804114,"Boca de BSTC D = 0,80 m - esconsidade 35° - areia extraída e brita produzida - alas retas","un",873.38,{"$nulls":4},{"v":1063.8,"d":"1,063.80"}]
[804117,"Boca de BSTC D = 0,80 m - esconsidade 40° - areia e brita comerciais - alas retas","un",{"v":1086.66,"d":"1,086.66"},{"$nulls":4},{"v":1323.58,"d":"1,323.58"}]
[804116,"Boca de BSTC D = 0,80 m - esconsidade 40° - areia extraída e brita produzida - alas retas","un",895.57,{"$nulls":4},{"v":1090.83,"d":"1,090.83"}]
[804391,"Boca de BSTC D = 0,80 m - esconsidade 45° - areia e brita comerciais - alas esconsas","un",{"v":2140.05,"d":"2,140.05"},{"$nulls":4},{"v":2606.64,"d":"2,606.64"}]
[804119,"Boca de BSTC D = 0,80 m - esconsidade 45° - areia e brita comerciais - alas retas","un",{"v":1117.55,"d":"1,117.55"},{"$nulls":4},{"v":1361.2,"d":"1,361.20"}]
[804390,"Boca de BSTC D = 0,80 m - esconsidade 45° - areia extraída e brita produzida - alas esconsas","un",{"v":1767.01,"d":"1,767.01"},{"$nulls":4},{"v":2152.26,"d":"2,152.26"}]
[804118,"Boca de BSTC D = 0,80 m - esconsidade 45° - areia extraída e brita produzida - alas retas","un",{"v":926.1,"d":"926.10"},{"$nulls":4},{"v":1128.02,"d":"1,128.02"}]
[804103,"Boca de BSTC D = 0,80 m - esconsidade 5° - areia e brita comerciais - alas retas","un",{"v":1011.8,"d":"1,011.80"},{"$nulls":4},{"v":1232.4,"d":"1,232.40"}]
[804102,"Boca de BSTC D = 0,80 m - esconsidade 5° - areia extraída e brita produzida - alas retas","un",822.35,{"$nulls":4},{"v":1001.64,"d":"1,001.64"}]
[804393,"Boca de BSTC D = 1,00 m - esconsidade 0° - areia e brita comerciais - alas esconsas","un",{"v":2264.2,"d":"2,264.20"},{"$nulls":4},{"v":2757.86,"d":"2,757.86"}]
[804121,"Boca de BSTC D = 1,00 m - esconsidade 0° - areia e brita comerciais - alas retas","un",{"v":1514.18,"d":"1,514.18"},{"$nulls":4},{"v":1844.31,"d":"1,844.31"}]
[804392,"Boca de BSTC D = 1,00 m - esconsidade 0° - areia extraída e brita produzida - alas esconsas","un",{"v":1846.8,"d":"1,846.80"},{"$nulls":4},{"v":2249.45,"d":"2,249.45"}]
[804120,"Boca de BSTC D = 1,00 m - esconsidade 0° - areia extraída e brita produzida - alas retas","un",{"v":1220,"d":"1,220.00"},{"$nulls":4},{"v":1485.99,"d":"1,485.99"}]
[804125,"Boca de BSTC D = 1,00 m - esconsidade 10° - areia e brita comerciais - alas retas","un",{"v":1518.72,"d":"1,518.72"},{"$nulls":4},{"v":1849.84,"d":"1,849.84"}]
[804124,"Boca de BSTC D = 1,00 m - esconsidade 10° - areia extraída e brita produzida - alas retas","un",{"v":1224.42,"d":"1,224.42"},{"$nulls":4},{"v":1491.38,"d":"1,491.38"}]
[804395,"Boca de BSTC D = 1,00 m - esconsidade 15° - areia e brita comerciais - alas esconsas","un",{"v":2378.54,"d":"2,378.54"},{"$nulls":4},{"v":2897.13,"d":"2,897.13"}]
[804127,"Boca de BSTC D = 1,00 m - esconsidade 15° - areia e brita comerciais - alas retas","un",{"v":1525.42,"d":"1,525.42"},{"$nulls":4},{"v":1858,"d":"1,858.00"}]
[804394,"Boca de BSTC D = 1,00 m - esconsidade 15° - areia extraída e brita produzida - alas esconsas","un",{"v":1938.91,"d":"1,938.91"},{"$nulls":4},{"v":2361.65,"d":"2,361.65"}]
[804126,"Boca de BSTC D = 1,00 m - esconsidade 15° - areia extraída e brita produzida - alas retas","un",{"v":1230.88,"d":"1,230.88"},{"$nulls":4},{"v":1499.25,"d":"1,499.25"}]
[804129,"Boca de BSTC D = 1,00 m - esconsidade 20° - areia e brita comerciais - alas retas","un",{"v":1534.87,"d":"1,534.87"},{"$nulls":4},{"v":1869.51,"d":"1,869.51"}]
[804128,"Boca de BSTC D = 1,00 m - esconsidade 20° - areia extraída e brita produzida - alas retas","un",{"v":1239.99,"d":"1,239.99"},{"$nulls":4},{"v":1510.34,"d":"1,510.34"}]
[804131,"Boca de BSTC D = 1,00 m - esconsidade 25° - areia e brita comerciais - alas retas","un",{"v":1547.9,"d":"1,547.90"},{"$nulls":4},{"v":1885.38,"d":"1,885.38"}]
[804130,"Boca de BSTC D = 1,00 m - esconsidade 25° - areia extraída e brita produzida - alas retas","un",{"v":1252.66,"d":"1,252.66"},{"$nulls":4},{"v":1525.77,"d":"1,525.77"}]
[804397,"Boca de BSTC D = 1,00 m - esconsidade 30° - areia e brita comerciais - alas esconsas","un",{"v":2651.65,"d":"2,651.65"},{"$nulls":4},{"v":3229.78,"d":"3,229.78"}]
[804133,"Boca de BSTC D = 1,00 m - esconsidade 30° - areia e brita comerciais - alas retas","un",{"v":1566.06,"d":"1,566.06"},{"$nulls":4},{"v":1907.5,"d":"1,907.50"}]
[804396,"Boca de BSTC D = 1,00 m - esconsidade 30° - areia extraída e brita produzida - alas esconsas","un",{"v":2159.59,"d":"2,159.59"},{"$nulls":4},{"v":2630.44,"d":"2,630.44"}]
[804132,"Boca de BSTC D = 1,00 m - esconsidade 30° - areia extraída e brita produzida - alas retas","un",{"v":1270.35,"d":"1,270.35"},{"$nulls":4},{"v":1547.32,"d":"1,547.32"}]
[804135,"Boca de BSTC D = 1,00 m - esconsidade 35° - areia e brita comerciais - alas retas","un",{"v":1589.57,"d":"1,589.57"},{"$nulls":4},{"v":1936.14,"d":"1,936.14"}]
[804134,"Boca de BSTC D = 1,00 m - esconsidade 35° - areia extraída e brita produzida - alas retas","un",{"v":1293.4,"d":"1,293.40"},{"$nulls":4},{"v":1575.39,"d":"1,575.39"}]
[804137,"Boca de BSTC D = 1,00 m - esconsidade 40° - areia e brita comerciais - alas retas","un",{"v":1562.86,"d":"1,562.86"},{"$nulls":4},{"v":1903.61,"d":"1,903.61"}]
[804136,"Boca de BSTC D = 1,00 m - esconsidade 40° - areia extraída e brita produzida - alas retas","un",{"v":1266.11,"d":"1,266.11"},{"$nulls":4},{"v":1542.15,"d":"1,542.15"}]
[804399,"Boca de BSTC D = 1,00 m - esconsidade 45° - areia e brita comerciais - alas esconsas","un",{"v":3302.23,"d":"3,302.23"},{"$nulls":4},{"v":4022.21,"d":"4,022.21"}]
[804139,"Boca de BSTC D = 1,00 m - esconsidade 45° - areia e brita comerciais - alas retas","un",{"v":1666.88,"d":"1,666.88"},{"$nulls":4},{"v":2030.31,"d":"2,030.31"}]
[804398,"Boca de BSTC D = 1,00 m - esconsidade 45° - areia extraída e brita produzida - alas esconsas","un",{"v":2682.86,"d":"2,682.86"},{"$nulls":4},{"v":3267.8,"d":"3,267.80"}]
[804138,"Boca de BSTC D = 1,00 m - esconsidade 45° - areia extraída e brita produzida - alas retas","un",{"v":1369.43,"d":"1,369.43"},{"$nulls":4},{"v":1668,"d":"1,668.00"}]
[804123,"Boca de BSTC D = 1,00 m - esconsidade 5° - areia e brita comerciais - alas retas","un",{"v":1514.78,"d":"1,514.78"},{"$nulls":4},{"v":1845.04,"d":"1,845.04"}]
[804122,"Boca de BSTC D = 1,00 m - esconsidade 5° - areia extraída e brita produzida - alas retas","un",{"v":1220.6,"d":"1,220.60"},{"$nulls":4},{"v":1486.72,"d":"1,486.72"}]
[804401,"Boca de BSTC D = 1,20 m - esconsidade 0° - areia e brita comerciais - alas esconsas","un",{"v":3283.49,"d":"3,283.49"},{"$nulls":4},{"v":3999.38,"d":"3,999.38"}]
[804141,"Boca de BSTC D = 1,20 m - esconsidade 0° - areia e brita comerciais - alas retas","un",{"v":2107.96,"d":"2,107.96"},{"$nulls":4},{"v":2567.55,"d":"2,567.55"}]
[804400,"Boca de BSTC D = 1,20 m - esconsidade 0° - areia extraída e brita produzida - alas esconsas","un",{"v":2639.19,"d":"2,639.19"},{"$nulls":4},{"v":3214.61,"d":"3,214.61"}]
[804140,"Boca de BSTC D = 1,20 m - esconsidade 0° - areia extraída e brita produzida - alas retas","un",{"v":1682.25,"d":"1,682.25"},{"$nulls":4},{"v":2049.03,"d":"2,049.03"}]
[804145,"Boca de BSTC D = 1,20 m - esconsidade 10° - areia e brita comerciais - alas retas","un",{"v":2115.41,"d":"2,115.41"},{"$nulls":4},{"v":2576.62,"d":"2,576.62"}]
[804144,"Boca de BSTC D = 1,20 m - esconsidade 10° - areia extraída e brita produzida - alas retas","un",{"v":1689.22,"d":"1,689.22"},{"$nulls":4},{"v":2057.52,"d":"2,057.52"}]
[804403,"Boca de BSTC D = 1,20 m - esconsidade 15° - areia e brita comerciais - alas esconsas","un",{"v":3458.61,"d":"3,458.61"},{"$nulls":4},{"v":4212.68,"d":"4,212.68"}]
[804147,"Boca de BSTC D = 1,20 m - esconsidade 15° - areia e brita comerciais - alas retas","un",{"v":2124.63,"d":"2,124.63"},{"$nulls":4},{"v":2587.86,"d":"2,587.86"}]
[804402,"Boca de BSTC D = 1,20 m - esconsidade 15° - areia extraída e brita produzida - alas esconsas","un",{"v":2777.69,"d":"2,777.69"},{"$nulls":4},{"v":3383.3,"d":"3,383.30"}]
[804146,"Boca de BSTC D = 1,20 m - esconsidade 15° - areia extraída e brita produzida - alas retas","un",{"v":1697.99,"d":"1,697.99"},{"$nulls":4},{"v":2068.2,"d":"2,068.20"}]
[804149,"Boca de BSTC D = 1,20 m - esconsidade 20° - areia e brita comerciais - alas retas","un",{"v":2138.56,"d":"2,138.56"},{"$nulls":4},{"v":2604.82,"d":"2,604.82"}]
[804148,"Boca de BSTC D = 1,20 m - esconsidade 20° - areia extraída e brita produzida - alas retas","un",{"v":1711.1,"d":"1,711.10"},{"$nulls":4},{"v":2084.16,"d":"2,084.16"}]
[804151,"Boca de BSTC D = 1,20 m - esconsidade 25° - areia e brita comerciais - alas retas","un",{"v":2157.61,"d":"2,157.61"},{"$nulls":4},{"v":2628.03,"d":"2,628.03"}]
[804150,"Boca de BSTC D = 1,20 m - esconsidade 25° - areia extraída e brita produzida - alas retas","un",{"v":1729.21,"d":"1,729.21"},{"$nulls":4},{"v":2106.23,"d":"2,106.23"}]
[804405,"Boca de BSTC D = 1,20 m - esconsidade 30° - areia e brita comerciais - alas esconsas","un",{"v":3867.2,"d":"3,867.20"},{"$nulls":4},{"v":4710.35,"d":"4,710.35"}]
[804153,"Boca de BSTC D = 1,20 m - esconsidade 30° - areia e brita comerciais - alas retas","un",{"v":2183.37,"d":"2,183.37"},{"$nulls":4},{"v":2659.4,"d":"2,659.40"}]
[804404,"Boca de BSTC D = 1,20 m - esconsidade 30° - areia extraída e brita produzida - alas esconsas","un",{"v":3102.37,"d":"3,102.37"},{"$nulls":4},{"v":3778.77,"d":"3,778.77"}]
[804152,"Boca de BSTC D = 1,20 m - esconsidade 30° - areia extraída e brita produzida - alas retas","un",{"v":1753.8,"d":"1,753.80"},{"$nulls":4},{"v":2136.17,"d":"2,136.17"}]
[804155,"Boca de BSTC D = 1,20 m - esconsidade 35° - areia e brita comerciais - alas retas","un",{"v":2216.63,"d":"2,216.63"},{"$nulls":4},{"v":2699.92,"d":"2,699.92"}]
[804154,"Boca de BSTC D = 1,20 m - esconsidade 35° - areia extraída e brita produzida - alas retas","un",{"v":1785.78,"d":"1,785.78"},{"$nulls":4},{"v":2175.13,"d":"2,175.13"}]
[804157,"Boca de BSTC D = 1,20 m - esconsidade 40° - areia e brita comerciais - alas retas","un",{"v":2262.55,"d":"2,262.55"},{"$nulls":4},{"v":2755.85,"d":"2,755.85"}]
[804156,"Boca de BSTC D = 1,20 m - esconsidade 40° - areia extraída e brita produzida - alas retas","un",{"v":1830.18,"d":"1,830.18"},{"$nulls":4},{"v":2229.21,"d":"2,229.21"}]
[804407,"Boca de BSTC D = 1,20 m - esconsidade 45° - areia e brita comerciais - alas esconsas","un",{"v":4821.95,"d":"4,821.95"},{"$nulls":4},{"v":5873.26,"d":"5,873.26"}]
[804159,"Boca de BSTC D = 1,20 m - esconsidade 45° - areia e brita comerciais - alas retas","un",{"v":2323.73,"d":"2,323.73"},{"$nulls":4},{"v":2830.37,"d":"2,830.37"}]
[804406,"Boca de BSTC D = 1,20 m - esconsidade 45° - areia extraída e brita produzida - alas esconsas","un",{"v":3857.38,"d":"3,857.38"},{"$nulls":4},{"v":4698.39,"d":"4,698.39"}]
[804158,"Boca de BSTC D = 1,20 m - esconsidade 45° - areia extraída e brita produzida - alas retas","un",{"v":1889.71,"d":"1,889.71"},{"$nulls":4},{"v":2301.72,"d":"2,301.72"}]
[804143,"Boca de BSTC D = 1,20 m - esconsidade 5° - areia e brita comerciais - alas retas","un",{"v":2110.12,"d":"2,110.12"},{"$nulls":4},{"v":2570.18,"d":"2,570.18"}]
[804142,"Boca de BSTC D = 1,20 m - esconsidade 5° - areia extraída e brita produzida - alas retas","un",{"v":1684.29,"d":"1,684.29"},{"$nulls":4},{"v":2051.51,"d":"2,051.51"}]
[804409,"Boca de BSTC D = 1,50 m - esconsidade 0° - areia e brita comerciais - alas esconsas","un",{"v":5970.2,"d":"5,970.20"},{"$nulls":4},{"v":7271.86,"d":"7,271.86"}]
[804161,"Boca de BSTC D = 1,50 m - esconsidade 0° - areia e brita comerciais - alas retas","un",{"v":3634.04,"d":"3,634.04"},{"$nulls":4},{"v":4426.36,"d":"4,426.36"}]
[804408,"Boca de BSTC D = 1,50 m - esconsidade 0° - areia extraída e brita produzida - alas esconsas","un",{"v":4705.24,"d":"4,705.24"},{"$nulls":4},{"v":5731.11,"d":"5,731.11"}]
[804160,"Boca de BSTC D = 1,50 m - esconsidade 0° - areia extraída e brita produzida - alas retas","un",{"v":2874.94,"d":"2,874.94"},{"$nulls":4},{"v":3501.76,"d":"3,501.76"}]
[804165,"Boca de BSTC D = 1,50 m - esconsidade 10° - areia e brita comerciais - alas retas","un",{"v":3644.24,"d":"3,644.24"},{"$nulls":4},{"v":4438.78,"d":"4,438.78"}]
[804164,"Boca de BSTC D = 1,50 m - esconsidade 10° - areia extraída e brita produzida - alas retas","un",{"v":2884.56,"d":"2,884.56"},{"$nulls":4},{"v":3513.47,"d":"3,513.47"}]
[804411,"Boca de BSTC D = 1,50 m - esconsidade 15° - areia e brita comerciais - alas esconsas","un",{"v":6297.74,"d":"6,297.74"},{"$nulls":4},{"v":7670.81,"d":"7,670.81"}]
[804167,"Boca de BSTC D = 1,50 m - esconsidade 15° - areia e brita comerciais - alas retas","un",{"v":3657.56,"d":"3,657.56"},{"$nulls":4},{"v":4455.01,"d":"4,455.01"}]
[804410,"Boca de BSTC D = 1,50 m - esconsidade 15° - areia extraída e brita produzida - alas esconsas","un",{"v":4960.11,"d":"4,960.11"},{"$nulls":4},{"v":6041.55,"d":"6,041.55"}]
[804166,"Boca de BSTC D = 1,50 m - esconsidade 15° - areia extraída e brita produzida - alas retas","un",{"v":2897.07,"d":"2,897.07"},{"$nulls":4},{"v":3528.71,"d":"3,528.71"}]
[804169,"Boca de BSTC D = 1,50 m - esconsidade 20° - areia e brita comerciais - alas retas","un",{"v":3677,"d":"3,677.00"},{"$nulls":4},{"v":4478.68,"d":"4,478.68"}]
[804168,"Boca de BSTC D = 1,50 m - esconsidade 20° - areia extraída e brita produzida - alas retas","un",{"v":2915.44,"d":"2,915.44"},{"$nulls":4},{"v":3551.09,"d":"3,551.09"}]
[804171,"Boca de BSTC D = 1,50 m - esconsidade 25° - areia e brita comerciais - alas retas","un",{"v":3703.49,"d":"3,703.49"},{"$nulls":4},{"v":4510.95,"d":"4,510.95"}]
[804170,"Boca de BSTC D = 1,50 m - esconsidade 25° - areia extraída e brita produzida - alas retas","un",{"v":2940.54,"d":"2,940.54"},{"$nulls":4},{"v":3581.66,"d":"3,581.66"}]
[804413,"Boca de BSTC D = 1,50 m - esconsidade 30° - areia e brita comerciais - alas esconsas","un",{"v":7060.08,"d":"7,060.08"},{"$nulls":4},{"v":8599.37,"d":"8,599.37"}]
[804173,"Boca de BSTC D = 1,50 m - esconsidade 30° - areia e brita comerciais - alas retas","un",{"v":3739.07,"d":"3,739.07"},{"$nulls":4},{"v":4554.29,"d":"4,554.29"}]
[804412,"Boca de BSTC D = 1,50 m - esconsidade 30° - areia extraída e brita produzida - alas esconsas","un",{"v":5554.3,"d":"5,554.30"},{"$nulls":4},{"v":6765.29,"d":"6,765.29"}]
[804172,"Boca de BSTC D = 1,50 m - esconsidade 30° - areia extraída e brita produzida - alas retas","un",{"v":2974.48,"d":"2,974.48"},{"$nulls":4},{"v":3623,"d":"3,623.00"}]
[804175,"Boca de BSTC D = 1,50 m - esconsidade 35° - areia e brita comerciais - alas retas","un",{"v":3786.71,"d":"3,786.71"},{"$nulls":4},{"v":4612.31,"d":"4,612.31"}]
[804174,"Boca de BSTC D = 1,50 m - esconsidade 35° - areia extraída e brita produzida - alas retas","un",{"v":3020.25,"d":"3,020.25"},{"$nulls":4},{"v":3678.74,"d":"3,678.74"}]
[804177,"Boca de BSTC D = 1,50 m - esconsidade 40° - areia e brita comerciais - alas retas","un",{"v":3850.34,"d":"3,850.34"},{"$nulls":4},{"v":4689.82,"d":"4,689.82"}]
[804176,"Boca de BSTC D = 1,50 m - esconsidade 40° - areia extraída e brita produzida - alas retas","un",{"v":3081.66,"d":"3,081.66"},{"$nulls":4},{"v":3753.54,"d":"3,753.54"}]
[804415,"Boca de BSTC D = 1,50 m - esconsidade 45° - areia e brita comerciais - alas esconsas","un",{"v":8856.59,"d":"8,856.59"},{"$nulls":4},{"v":10787.56,"d":"10,787.56"}]
[804179,"Boca de BSTC D = 1,50 m - esconsidade 45° - areia e brita comerciais - alas retas","un",{"v":3937.34,"d":"3,937.34"},{"$nulls":4},{"v":4795.79,"d":"4,795.79"}]
[804414,"Boca de BSTC D = 1,50 m - esconsidade 45° - areia extraída e brita produzida - alas esconsas","un",{"v":6948.85,"d":"6,948.85"},{"$nulls":4},{"v":8463.89,"d":"8,463.89"}]
[804178,"Boca de BSTC D = 1,50 m - esconsidade 45° - areia extraída e brita produzida - alas retas","un",{"v":3166.2,"d":"3,166.20"},{"$nulls":4},{"v":3856.52,"d":"3,856.52"}]
[804163,"Boca de BSTC D = 1,50 m - esconsidade 5° - areia e brita comerciais - alas retas","un",{"v":3636.79,"d":"3,636.79"},{"$nulls":4},{"v":4429.71,"d":"4,429.71"}]
[804162,"Boca de BSTC D = 1,50 m - esconsidade 5° - areia extraída e brita produzida - alas retas","un",{"v":2877.59,"d":"2,877.59"},{"$nulls":4},{"v":3504.98,"d":"3,504.98"}]
[804441,"Boca de BTTC D = 1,00 m - esconsidade 0° - areia e brita comerciais - alas esconsas","un",{"v":4055.49,"d":"4,055.49"},{"$nulls":4},{"v":4939.69,"d":"4,939.69"}]
[804317,"Boca de BTTC D = 1,00 m - esconsidade 0° - areia e brita comerciais - alas retas","un",{"v":2215.96,"d":"2,215.96"},{"$nulls":4},{"v":2699.1,"d":"2,699.10"}]
[804440,"Boca de BTTC D = 1,00 m - esconsidade 0° - areia extraída e brita produzida - alas esconsas","un",{"v":3277.9,"d":"3,277.90"},{"$nulls":4},{"v":3992.57,"d":"3,992.57"}]
[804316,"Boca de BTTC D = 1,00 m - esconsidade 0° - areia extraída e brita produzida - alas retas","un",{"v":1770.01,"d":"1,770.01"},{"$nulls":4},{"v":2155.92,"d":"2,155.92"}]
[804321,"Boca de BTTC D = 1,00 m - esconsidade 10° - areia e brita comerciais - alas retas","un",{"v":2231.15,"d":"2,231.15"},{"$nulls":4},{"v":2717.6,"d":"2,717.60"}]
[804320,"Boca de BTTC D = 1,00 m - esconsidade 10° - areia extraída e brita produzida - alas retas","un",{"v":1783.79,"d":"1,783.79"},{"$nulls":4},{"v":2172.71,"d":"2,172.71"}]
[804443,"Boca de BTTC D = 1,00 m - esconsidade 15° - areia e brita comerciais - alas esconsas","un",{"v":4232.37,"d":"4,232.37"},{"$nulls":4},{"v":5155.14,"d":"5,155.14"}]
[804323,"Boca de BTTC D = 1,00 m - esconsidade 15° - areia e brita comerciais - alas retas","un",{"v":2251.4,"d":"2,251.40"},{"$nulls":4},{"v":2742.27,"d":"2,742.27"}]
[804442,"Boca de BTTC D = 1,00 m - esconsidade 15° - areia extraída e brita produzida - alas esconsas","un",{"v":3420.03,"d":"3,420.03"},{"$nulls":4},{"v":4165.69,"d":"4,165.69"}]
[804322,"Boca de BTTC D = 1,00 m - esconsidade 15° - areia extraída e brita produzida - alas retas","un",{"v":1802.18,"d":"1,802.18"},{"$nulls":4},{"v":2195.1,"d":"2,195.10"}]
[804325,"Boca de BTTC D = 1,00 m - esconsidade 20° - areia e brita comerciais - alas retas","un",{"v":2280.67,"d":"2,280.67"},{"$nulls":4},{"v":2777.92,"d":"2,777.92"}]
[804324,"Boca de BTTC D = 1,00 m - esconsidade 20° - areia extraída e brita produzida - alas retas","un",{"v":1828.98,"d":"1,828.98"},{"$nulls":4},{"v":2227.75,"d":"2,227.75"}]
[804327,"Boca de BTTC D = 1,00 m - esconsidade 25° - areia e brita comerciais - alas retas","un",{"v":2320.88,"d":"2,320.88"},{"$nulls":4},{"v":2826.89,"d":"2,826.89"}]
[804326,"Boca de BTTC D = 1,00 m - esconsidade 25° - areia extraída e brita produzida - alas retas","un",{"v":1865.91,"d":"1,865.91"},{"$nulls":4},{"v":2272.73,"d":"2,272.73"}]
[804445,"Boca de BTTC D = 1,00 m - esconsidade 30° - areia e brita comerciais - alas esconsas","un",{"v":4723.74,"d":"4,723.74"},{"$nulls":4},{"v":5753.64,"d":"5,753.64"}]
[804329,"Boca de BTTC D = 1,00 m - esconsidade 30° - areia e brita comerciais - alas retas","un",{"v":2374.26,"d":"2,374.26"},{"$nulls":4},{"v":2891.91,"d":"2,891.91"}]
[804444,"Boca de BTTC D = 1,00 m - esconsidade 30° - areia extraída e brita produzida - alas esconsas","un",{"v":3814.98,"d":"3,814.98"},{"$nulls":4},{"v":4646.75,"d":"4,646.75"}]
[804328,"Boca de BTTC D = 1,00 m - esconsidade 30° - areia extraída e brita produzida - alas retas","un",{"v":1915.43,"d":"1,915.43"},{"$nulls":4},{"v":2333.05,"d":"2,333.05"}]
[804331,"Boca de BTTC D = 1,00 m - esconsidade 35° - areia e brita comerciais - alas retas","un",{"v":2443.2,"d":"2,443.20"},{"$nulls":4},{"v":2975.88,"d":"2,975.88"}]
[804330,"Boca de BTTC D = 1,00 m - esconsidade 35° - areia extraída e brita produzida - alas retas","un",{"v":1979.93,"d":"1,979.93"},{"$nulls":4},{"v":2411.61,"d":"2,411.61"}]
[804333,"Boca de BTTC D = 1,00 m - esconsidade 40° - areia e brita comerciais - alas retas","un",{"v":2535.21,"d":"2,535.21"},{"$nulls":4},{"v":3087.95,"d":"3,087.95"}]
[804332,"Boca de BTTC D = 1,00 m - esconsidade 40° - areia extraída e brita produzida - alas retas","un",{"v":2066.79,"d":"2,066.79"},{"$nulls":4},{"v":2517.41,"d":"2,517.41"}]
[804447,"Boca de BTTC D = 1,00 m - esconsidade 45° - areia e brita comerciais - alas esconsas","un",{"v":5845.05,"d":"5,845.05"},{"$nulls":4},{"v":7119.43,"d":"7,119.43"}]
[804335,"Boca de BTTC D = 1,00 m - esconsidade 45° - areia e brita comerciais - alas retas","un",{"v":2656.69,"d":"2,656.69"},{"$nulls":4},{"v":3235.92,"d":"3,235.92"}]
[804446,"Boca de BTTC D = 1,00 m - esconsidade 45° - areia extraída e brita produzida - alas esconsas","un",{"v":4715.49,"d":"4,715.49"},{"$nulls":4},{"v":5743.59,"d":"5,743.59"}]
[804334,"Boca de BTTC D = 1,00 m - esconsidade 45° - areia extraída e brita produzida - alas retas","un",{"v":2182.65,"d":"2,182.65"},{"$nulls":4},{"v":2658.53,"d":"2,658.53"}]
[804319,"Boca de BTTC D = 1,00 m - esconsidade 5° - areia e brita comerciais - alas retas","un",{"v":2219.46,"d":"2,219.46"},{"$nulls":4},{"v":2703.36,"d":"2,703.36"}]
[804318,"Boca de BTTC D = 1,00 m - esconsidade 5° - areia extraída e brita produzida - alas retas","un",{"v":1773.15,"d":"1,773.15"},{"$nulls":4},{"v":2159.75,"d":"2,159.75"}]
[804449,"Boca de BTTC D = 1,20 m - esconsidade 0° - areia e brita comerciais - alas esconsas","un",{"v":5906.36,"d":"5,906.36"},{"$nulls":4},{"v":7194.11,"d":"7,194.11"}]
[804337,"Boca de BTTC D = 1,20 m - esconsidade 0° - areia e brita comerciais - alas retas","un",{"v":3042.64,"d":"3,042.64"},{"$nulls":4},{"v":3706.02,"d":"3,706.02"}]
[804448,"Boca de BTTC D = 1,20 m - esconsidade 0° - areia extraída e brita produzida - alas esconsas","un",{"v":4704.37,"d":"4,704.37"},{"$nulls":4},{"v":5730.05,"d":"5,730.05"}]
[804336,"Boca de BTTC D = 1,20 m - esconsidade 0° - areia extraída e brita produzida - alas retas","un",{"v":2399.4,"d":"2,399.40"},{"$nulls":4},{"v":2922.53,"d":"2,922.53"}]
[804341,"Boca de BTTC D = 1,20 m - esconsidade 10° - areia e brita comerciais - alas retas","un",{"v":3065.88,"d":"3,065.88"},{"$nulls":4},{"v":3734.32,"d":"3,734.32"}]
[804340,"Boca de BTTC D = 1,20 m - esconsidade 10° - areia extraída e brita produzida - alas retas","un",{"v":2419.83,"d":"2,419.83"},{"$nulls":4},{"v":2947.42,"d":"2,947.42"}]
[804451,"Boca de BTTC D = 1,20 m - esconsidade 15° - areia e brita comerciais - alas esconsas","un",{"v":6177.95,"d":"6,177.95"},{"$nulls":4},{"v":7524.91,"d":"7,524.91"}]
[804343,"Boca de BTTC D = 1,20 m - esconsidade 15° - areia e brita comerciais - alas retas","un",{"v":3095.52,"d":"3,095.52"},{"$nulls":4},{"v":3770.43,"d":"3,770.43"}]
[804450,"Boca de BTTC D = 1,20 m - esconsidade 15° - areia extraída e brita produzida - alas esconsas","un",{"v":4918.96,"d":"4,918.96"},{"$nulls":4},{"v":5991.43,"d":"5,991.43"}]
[804342,"Boca de BTTC D = 1,20 m - esconsidade 15° - areia extraída e brita produzida - alas retas","un",{"v":2445.96,"d":"2,445.96"},{"$nulls":4},{"v":2979.25,"d":"2,979.25"}]
[804345,"Boca de BTTC D = 1,20 m - esconsidade 20° - areia e brita comerciais - alas retas","un",{"v":3138.8,"d":"3,138.80"},{"$nulls":4},{"v":3823.14,"d":"3,823.14"}]
[804344,"Boca de BTTC D = 1,20 m - esconsidade 20° - areia extraída e brita produzida - alas retas","un",{"v":2484.44,"d":"2,484.44"},{"$nulls":4},{"v":3026.11,"d":"3,026.11"}]
[804347,"Boca de BTTC D = 1,20 m - esconsidade 25° - areia e brita comerciais - alas retas","un",{"v":3197.86,"d":"3,197.86"},{"$nulls":4},{"v":3895.08,"d":"3,895.08"}]
[804346,"Boca de BTTC D = 1,20 m - esconsidade 25° - areia extraída e brita produzida - alas retas","un",{"v":2537.29,"d":"2,537.29"},{"$nulls":4},{"v":3090.49,"d":"3,090.49"}]
[804453,"Boca de BTTC D = 1,20 m - esconsidade 30° - areia e brita comerciais - alas esconsas","un",{"v":6888.86,"d":"6,888.86"},{"$nulls":4},{"v":8390.82,"d":"8,390.82"}]
[804349,"Boca de BTTC D = 1,20 m - esconsidade 30° - areia e brita comerciais - alas retas","un",{"v":3275.31,"d":"3,275.31"},{"$nulls":4},{"v":3989.41,"d":"3,989.41"}]
[804452,"Boca de BTTC D = 1,20 m - esconsidade 30° - areia extraída e brita produzida - alas esconsas","un",{"v":5480.09,"d":"5,480.09"},{"$nulls":4},{"v":6674.9,"d":"6,674.90"}]
[804348,"Boca de BTTC D = 1,20 m - esconsidade 30° - areia extraída e brita produzida - alas retas","un",{"v":2607.26,"d":"2,607.26"},{"$nulls":4},{"v":3175.71,"d":"3,175.71"}]
[804351,"Boca de BTTC D = 1,20 m - esconsidade 35° - areia e brita comerciais - alas retas","un",{"v":3374.94,"d":"3,374.94"},{"$nulls":4},{"v":4110.77,"d":"4,110.77"}]
[804350,"Boca de BTTC D = 1,20 m - esconsidade 35° - areia extraída e brita produzida - alas retas","un",{"v":2698.23,"d":"2,698.23"},{"$nulls":4},{"v":3286.52,"d":"3,286.52"}]
[804353,"Boca de BTTC D = 1,20 m - esconsidade 40° - areia e brita comerciais - alas retas","un",{"v":3505.69,"d":"3,505.69"},{"$nulls":4},{"v":4270.02,"d":"4,270.02"}]
[804352,"Boca de BTTC D = 1,20 m - esconsidade 40° - areia extraída e brita produzida - alas retas","un",{"v":2819.14,"d":"2,819.14"},{"$nulls":4},{"v":3433.79,"d":"3,433.79"}]
[804455,"Boca de BTTC D = 1,20 m - esconsidade 45° - areia e brita comerciais - alas esconsas","un",{"v":8530.15,"d":"8,530.15"},{"$nulls":4},{"v":10389.95,"d":"10,389.95"}]
[804355,"Boca de BTTC D = 1,20 m - esconsidade 45° - areia e brita comerciais - alas retas","un",{"v":3677.66,"d":"3,677.66"},{"$nulls":4},{"v":4479.49,"d":"4,479.49"}]
[804454,"Boca de BTTC D = 1,20 m - esconsidade 45° - areia extraída e brita produzida - alas esconsas","un",{"v":6776.88,"d":"6,776.88"},{"$nulls":4},{"v":8254.42,"d":"8,254.42"}]
[804354,"Boca de BTTC D = 1,20 m - esconsidade 45° - areia extraída e brita produzida - alas retas","un",{"v":2980.12,"d":"2,980.12"},{"$nulls":4},{"v":3629.86,"d":"3,629.86"}]
[804339,"Boca de BTTC D = 1,20 m - esconsidade 5° - areia e brita comerciais - alas retas","un",{"v":3048.45,"d":"3,048.45"},{"$nulls":4},{"v":3713.09,"d":"3,713.09"}]
[804338,"Boca de BTTC D = 1,20 m - esconsidade 5° - areia extraída e brita produzida - alas retas","un",{"v":2404.5,"d":"2,404.50"},{"$nulls":4},{"v":2928.75,"d":"2,928.75"}]
[804457,"Boca de BTTC D = 1,50 m - esconsidade 0° - areia e brita comerciais - alas esconsas","un",{"v":10380.99,"d":"10,380.99"},{"$nulls":4},{"v":12644.32,"d":"12,644.32"}]
[804357,"Boca de BTTC D = 1,50 m - esconsidade 0° - areia e brita comerciais - alas retas","un",{"v":5145.75,"d":"5,145.75"},{"$nulls":4},{"v":6267.66,"d":"6,267.66"}]
[804456,"Boca de BTTC D = 1,50 m - esconsidade 0° - areia extraída e brita produzida - alas esconsas","un",{"v":8097.28,"d":"8,097.28"},{"$nulls":4},{"v":9862.7,"d":"9,862.70"}]
[804356,"Boca de BTTC D = 1,50 m - esconsidade 0° - areia extraída e brita produzida - alas retas","un",{"v":4006.82,"d":"4,006.82"},{"$nulls":4},{"v":4880.41,"d":"4,880.41"}]
[804361,"Boca de BTTC D = 1,50 m - esconsidade 10° - areia e brita comerciais - alas retas","un",{"v":5181.66,"d":"5,181.66"},{"$nulls":4},{"v":6311.4,"d":"6,311.40"}]
[804360,"Boca de BTTC D = 1,50 m - esconsidade 10° - areia extraída e brita produzida - alas retas","un",{"v":4037.82,"d":"4,037.82"},{"$nulls":4},{"v":4918.17,"d":"4,918.17"}]
[804459,"Boca de BTTC D = 1,50 m - esconsidade 15° - areia e brita comerciais - alas esconsas","un",{"v":10864.88,"d":"10,864.88"},{"$nulls":4},{"v":13233.71,"d":"13,233.71"}]
[804363,"Boca de BTTC D = 1,50 m - esconsidade 15° - areia e brita comerciais - alas retas","un",{"v":5227.62,"d":"5,227.62"},{"$nulls":4},{"v":6367.38,"d":"6,367.38"}]
[804458,"Boca de BTTC D = 1,50 m - esconsidade 15° - areia extraída e brita produzida - alas esconsas","un",{"v":8472.35,"d":"8,472.35"},{"$nulls":4},{"v":10319.55,"d":"10,319.55"}]
[804362,"Boca de BTTC D = 1,50 m - esconsidade 15° - areia extraída e brita produzida - alas retas","un",{"v":4077.58,"d":"4,077.58"},{"$nulls":4},{"v":4966.6,"d":"4,966.60"}]
[804365,"Boca de BTTC D = 1,50 m - esconsidade 20° - areia e brita comerciais - alas retas","un",{"v":5293.92,"d":"5,293.92"},{"$nulls":4},{"v":6448.14,"d":"6,448.14"}]
[804364,"Boca de BTTC D = 1,50 m - esconsidade 20° - areia extraída e brita produzida - alas retas","un",{"v":4135.22,"d":"4,135.22"},{"$nulls":4},{"v":5036.81,"d":"5,036.81"}]
[804367,"Boca de BTTC D = 1,50 m - esconsidade 25° - areia e brita comerciais - alas retas","un",{"v":5383.76,"d":"5,383.76"},{"$nulls":4},{"v":6557.56,"d":"6,557.56"}]
[804366,"Boca de BTTC D = 1,50 m - esconsidade 25° - areia extraída e brita produzida - alas retas","un",{"v":4214.05,"d":"4,214.05"},{"$nulls":4},{"v":5132.83,"d":"5,132.83"}]
[804461,"Boca de BTTC D = 1,50 m - esconsidade 30° - areia e brita comerciais - alas esconsas","un",{"v":12149.77,"d":"12,149.77"},{"$nulls":4},{"v":14798.75,"d":"14,798.75"}]
[804369,"Boca de BTTC D = 1,50 m - esconsidade 30° - areia e brita comerciais - alas retas","un",{"v":5500.69,"d":"5,500.69"},{"$nulls":4},{"v":6699.99,"d":"6,699.99"}]
[804460,"Boca de BTTC D = 1,50 m - esconsidade 30° - areia extraída e brita produzida - alas esconsas","un",{"v":9468.33,"d":"9,468.33"},{"$nulls":4},{"v":11532.68,"d":"11,532.68"}]
[804371,"Boca de BTTC D = 1,50 m - esconsidade 35° - areia e brita comerciais - alas retas","un",{"v":5651.13,"d":"5,651.13"},{"$nulls":4},{"v":6883.23,"d":"6,883.23"}]
[804370,"Boca de BTTC D = 1,50 m - esconsidade 35° - areia extraída e brita produzida - alas retas","un",{"v":4452.64,"d":"4,452.64"},{"$nulls":4},{"v":5423.44,"d":"5,423.44"}]
[804373,"Boca de BTTC D = 1,50 m - esconsidade 40° - areia e brita comerciais - alas retas","un",{"v":5844.81,"d":"5,844.81"},{"$nulls":4},{"v":7119.14,"d":"7,119.14"}]
[804372,"Boca de BTTC D = 1,50 m - esconsidade 40° - areia extraída e brita produzida - alas retas","un",{"v":4628.89,"d":"4,628.89"},{"$nulls":4},{"v":5638.11,"d":"5,638.11"}]
[804463,"Boca de BTTC D = 1,50 m - esconsidade 45° - areia e brita comerciais - alas esconsas","un",{"v":15094.73,"d":"15,094.73"},{"$nulls":4},{"v":18385.78,"d":"18,385.78"}]
[804375,"Boca de BTTC D = 1,50 m - esconsidade 45° - areia e brita comerciais - alas retas","un",{"v":6099.01,"d":"6,099.01"},{"$nulls":4},{"v":7428.76,"d":"7,428.76"}]
[804462,"Boca de BTTC D = 1,50 m - esconsidade 45° - areia extraída e brita produzida - alas esconsas","un",{"v":11746.16,"d":"11,746.16"},{"$nulls":4},{"v":14307.14,"d":"14,307.14"}]
[804374,"Boca de BTTC D = 1,50 m - esconsidade 45° - areia extraída e brita produzida - alas retas","un",{"v":4863.66,"d":"4,863.66"},{"$nulls":4},{"v":5924.07,"d":"5,924.07"}]
[804359,"Boca de BTTC D = 1,50 m - esconsidade 5° - areia e brita comerciais - alas retas","un",{"v":5154.84,"d":"5,154.84"},{"$nulls":4},{"v":6278.73,"d":"6,278.73"}]
[804358,"Boca de BTTC D = 1,50 m - esconsidade 5° - areia extraída e brita produzida - alas retas","un",{"v":4014.74,"d":"4,014.74"},{"$nulls":4},{"v":4890.06,"d":"4,890.06"}]
[804368,"Boca de BTTC D = 1,50 m esconsidade 30° - areia extraída e brita produzida - alas retas","un",{"v":4317.65,"d":"4,317.65"},{"$nulls":4},{"v":5259.01,"d":"5,259.01"}]
[804465,"Confecção de tubos de concreto armado D = 0,60 m PA1 - areia e brita comerciais","m",109.86,{"$nulls":4},133.81]
[804464,"Confecção de tubos de concreto armado D = 0,60 m PA1 - areia extraída e brita produzida","m",94.07,{"$nulls":4},114.58]
[804475,"Confecção de tubos de concreto armado D = 0,60 m PA2 - areia e brita comerciais","m",122.03,{"$nulls":4},148.63]
[804474,"Confecção de tubos de concreto armado D = 0,60 m PA2 - areia extraída e brita produzida","m",106.25,{"$nulls":4},129.41]
[804485,"Confecção de tubos de concreto armado D = 0,60 m PA3 - areia e brita comerciais","m",182.83,{"$nulls":4},222.69]
[804484,"Confecção de tubos de concreto armado D = 0,60 m PA3 - areia extraída e brita produzida","m",167.12,{"$nulls":4},203.56]
[804495,"Confecção de tubos de concreto armado D = 0,60 m PA4 - areia e brita comerciais","m",228.73,{"$nulls":4},{"v":278.6,"d":"278.60"}]
[804494,"Confecção de tubos de concreto armado D = 0,60 m PA4 - areia extraída e brita produzida","m",210.12,{"$nulls":4},255.93]
[804467,"Confecção de tubos de concreto armado D = 0,80 m PA1 - areia e brita comerciais","m",{"v":166.5,"d":"166.50"},{"$nulls":4},{"v":202.8,"d":"202.80"}]
[804466,"Confecção de tubos de concreto armado D = 0,80 m PA1 - areia extraída e brita produzida","m",141.35,{"$nulls":4},172.17]
[804477,"Confecção de tubos de concreto armado D = 0,80 m PA2 - areia e brita comerciais","m",215.13,{"$nulls":4},262.04]
[804476,"Confecção de tubos de concreto armado D = 0,80 m PA2 - areia extraída e brita produzida","m",190.05,{"$nulls":4},231.49]
[804487,"Confecção de tubos de concreto armado D = 0,80 m PA3 - areia e brita comerciais","m",310.13,{"$nulls":4},377.75]
[804486,"Confecção de tubos de concreto armado D = 0,80 m PA3 - areia extraída e brita produzida","m",282.06,{"$nulls":4},343.56]
[804497,"Confecção de tubos de concreto armado D = 0,80 m PA4 - areia e brita comerciais","m",365.62,{"$nulls":4},445.34]
[804496,"Confecção de tubos de concreto armado D = 0,80 m PA4 - areia extraída e brita produzida","m",331.63,{"$nulls":4},403.94]
[804469,"Confecção de tubos de concreto armado D = 1,00 m PA1 - areia e brita comerciais","m",297.47,{"$nulls":4},362.33]
[804468,"Confecção de tubos de concreto armado D = 1,00 m PA1 - areia extraída e brita produzida","m",{"v":263,"d":"263.00"},{"$nulls":4},320.34]
[804479,"Confecção de tubos de concreto armado D = 1,00 m PA2 - areia e brita comerciais","m",346.12,{"$nulls":4},421.58]
[804478,"Confecção de tubos de concreto armado D = 1,00 m PA2 - areia extraída e brita produzida","m",{"v":311.7,"d":"311.70"},{"$nulls":4},379.66]
[804489,"Confecção de tubos de concreto armado D = 1,00 m PA3 - areia e brita comerciais","m",437.47,{"$nulls":4},532.85]
[804488,"Confecção de tubos de concreto armado D = 1,00 m PA3 - areia extraída e brita produzida","m",393.55,{"$nulls":4},479.36]
[804499,"Confecção de tubos de concreto armado D = 1,00 m PA4 - areia e brita comerciais","m",558.44,{"$nulls":4},680.19]
[804498,"Confecção de tubos de concreto armado D = 1,00 m PA4 - areia extraída e brita produzida","m",507.21,{"$nulls":4},617.79]
[804471,"Confecção de tubos de concreto armado D = 1,20 m PA1 - areia e brita comerciais","m",{"v":402,"d":"402.00"},{"$nulls":4},489.65]
[804470,"Confecção de tubos de concreto armado D = 1,20 m PA1 - areia extraída e brita produzida","m",351.81,{"$nulls":4},428.51]
[804481,"Confecção de tubos de concreto armado D = 1,20 m PA2 - areia e brita comerciais","m",511.45,{"$nulls":4},622.96]
[804480,"Confecção de tubos de concreto armado D = 1,20 m PA2 - areia extraída e brita produzida","m",461.39,{"$nulls":4},561.98]
[804491,"Confecção de tubos de concreto armado D = 1,20 m PA3 - areia e brita comerciais","m",{"v":674.9,"d":"674.90"},{"$nulls":4},822.05]
[804490,"Confecção de tubos de concreto armado D = 1,20 m PA3 - areia extraída e brita produzida","m",608.03,{"$nulls":4},{"v":740.6,"d":"740.60"}]
[804501,"Confecção de tubos de concreto armado D = 1,20 m PA4 - areia e brita comerciais","m",813.26,{"$nulls":4},990.57]
[804500,"Confecção de tubos de concreto armado D = 1,20 m PA4 - areia extraída e brita produzida","m",737.46,{"$nulls":4},898.25]
[804473,"Confecção de tubos de concreto armado D = 1,50 m PA1 - areia e brita comerciais","m",649.68,{"$nulls":4},791.33]
[804472,"Confecção de tubos de concreto armado D = 1,50 m PA1 - areia extraída e brita produzida","m",571.28,{"$nulls":4},695.83]
[804483,"Confecção de tubos de concreto armado D = 1,50 m PA2 - areia e brita comerciais","m",819.93,{"$nulls":4},{"v":998.7,"d":"998.70"}]
[804482,"Confecção de tubos de concreto armado D = 1,50 m PA2 - areia extraída e brita produzida","m",741.74,{"$nulls":4},903.46]
[804493,"Confecção de tubos de concreto armado D = 1,50 m PA3 - areia e brita comerciais","m",{"v":1083.75,"d":"1,083.75"},{"$nulls":4},{"v":1320.04,"d":"1,320.04"}]
[804492,"Confecção de tubos de concreto armado D = 1,50 m PA3 - areia extraída e brita produzida","m",980.25,{"$nulls":4},{"v":1193.97,"d":"1,193.97"}]
[804503,"Confecção de tubos de concreto armado D = 1,50 m PA4 - areia e brita comerciais","m",{"v":1302.41,"d":"1,302.41"},{"$nulls":4},{"v":1586.37,"d":"1,586.37"}]
[804502,"Confecção de tubos de concreto armado D = 1,50 m PA4 - areia extraída e brita produzida","m",{"v":1195.43,"d":"1,195.43"},{"$nulls":4},{"v":1456.06,"d":"1,456.06"}]
[804180,"Corpo de BDTC D = 0,80 m PA1 - areia extraída e brita e pedra de mão produzidas","m",798.85,{"$nulls":4},973.02]
[804181,"Corpo de BDTC D = 0,80 m PA1 - areia, brita e pedra de mão comerciais","m",877.64,{"$nulls":4},{"v":1068.99,"d":"1,068.99"}]
[804182,"Corpo de BDTC D = 0,80 m PA2 - areia extraída e brita e pedra de mão produzidas","m",903.61,{"$nulls":4},{"v":1100.62,"d":"1,100.62"}]
[804183,"Corpo de BDTC D = 0,80 m PA2 - areia, brita e pedra de mão comerciais","m",982.39,{"$nulls":4},{"v":1196.58,"d":"1,196.58"}]
[804184,"Corpo de BDTC D = 0,80 m PA3 - areia extraída e brita e pedra de mão produzidas","m",{"v":1014.56,"d":"1,014.56"},{"$nulls":4},{"v":1235.76,"d":"1,235.76"}]
[804185,"Corpo de BDTC D = 0,80 m PA3 - areia, brita e pedra de mão comerciais","m",{"v":1093.35,"d":"1,093.35"},{"$nulls":4},{"v":1331.73,"d":"1,331.73"}]
[804186,"Corpo de BDTC D = 0,80 m PA4 - areia extraída e brita e pedra de mão produzidas","m",{"v":1064.74,"d":"1,064.74"},{"$nulls":4},{"v":1296.88,"d":"1,296.88"}]
[804187,"Corpo de BDTC D = 0,80 m PA4 - areia, brita e pedra de mão comerciais","m",{"v":1143.53,"d":"1,143.53"},{"$nulls":4},{"v":1392.85,"d":"1,392.85"}]
[804188,"Corpo de BDTC D = 1,00 m PA1 - areia extraída e brita e pedra de mão produzidas","m",{"v":1273.6,"d":"1,273.60"},{"$nulls":4},{"v":1551.28,"d":"1,551.28"}]
[804189,"Corpo de BDTC D = 1,00 m PA1 - areia, brita e pedra de mão comerciais","m",{"v":1378.99,"d":"1,378.99"},{"$nulls":4},{"v":1679.65,"d":"1,679.65"}]
[804190,"Corpo de BDTC D = 1,00 m PA2 - areia extraída e brita e pedra de mão produzidas","m",{"v":1302.01,"d":"1,302.01"},{"$nulls":4},{"v":1585.88,"d":"1,585.88"}]
[804191,"Corpo de BDTC D = 1,00 m PA2 - areia, brita e pedra de mão comerciais","m",{"v":1407.39,"d":"1,407.39"},{"$nulls":4},{"v":1714.24,"d":"1,714.24"}]
[804192,"Corpo de BDTC D = 1,00 m PA3 - areia extraída e brita e pedra de mão produzidas","m",{"v":1336.59,"d":"1,336.59"},{"$nulls":4},{"v":1628,"d":"1,628.00"}]
[804193,"Corpo de BDTC D = 1,00 m PA3 - areia, brita e pedra de mão comerciais","m",{"v":1441.97,"d":"1,441.97"},{"$nulls":4},{"v":1756.36,"d":"1,756.36"}]
[804194,"Corpo de BDTC D = 1,00 m PA4 - areia extraída e brita e pedra de mão produzidas","m",{"v":1411.97,"d":"1,411.97"},{"$nulls":4},{"v":1719.82,"d":"1,719.82"}]
[804195,"Corpo de BDTC D = 1,00 m PA4 - areia, brita e pedra de mão comerciais","m",{"v":1517.36,"d":"1,517.36"},{"$nulls":4},{"v":1848.19,"d":"1,848.19"}]
[804196,"Corpo de BDTC D = 1,20 m PA1 - areia extraída e brita e pedra de mão produzidas","m",{"v":1501,"d":"1,501.00"},{"$nulls":4},{"v":1828.26,"d":"1,828.26"}]
[804197,"Corpo de BDTC D = 1,20 m PA1 - areia, brita e pedra de mão comerciais","m",{"v":1635.18,"d":"1,635.18"},{"$nulls":4},{"v":1991.69,"d":"1,991.69"}]
[804198,"Corpo de BDTC D = 1,20 m PA2 - areia extraída e brita e pedra de mão produzidas","m",{"v":1591.49,"d":"1,591.49"},{"$nulls":4},{"v":1938.48,"d":"1,938.48"}]
[804199,"Corpo de BDTC D = 1,20 m PA2 - areia, brita e pedra de mão comerciais","m",{"v":1725.67,"d":"1,725.67"},{"$nulls":4},{"v":2101.91,"d":"2,101.91"}]
[804200,"Corpo de BDTC D = 1,20 m PA3 - areia extraída e brita e pedra de mão produzidas","m",{"v":1806.5,"d":"1,806.50"},{"$nulls":4},{"v":2200.36,"d":"2,200.36"}]
[804201,"Corpo de BDTC D = 1,20 m PA3 - areia, brita e pedra de mão comerciais","m",{"v":1940.67,"d":"1,940.67"},{"$nulls":4},{"v":2363.79,"d":"2,363.79"}]
[804202,"Corpo de BDTC D = 1,20 m PA4 - areia extraída e brita e pedra de mão produzidas","m",{"v":1965.61,"d":"1,965.61"},{"$nulls":4},{"v":2394.17,"d":"2,394.17"}]
[804203,"Corpo de BDTC D = 1,20 m PA4 - areia, brita e pedra de mão comerciais","m",{"v":2099.79,"d":"2,099.79"},{"$nulls":4},{"v":2557.6,"d":"2,557.60"}]
[804204,"Corpo de BDTC D = 1,50 m PA1 - areia extraída e brita e pedra de mão produzidas","m",{"v":2259.62,"d":"2,259.62"},{"$nulls":4},{"v":2752.28,"d":"2,752.28"}]
[804205,"Corpo de BDTC D = 1,50 m PA1 - areia, brita e pedra de mão comerciais","m",{"v":2432.62,"d":"2,432.62"},{"$nulls":4},{"v":2963,"d":"2,963.00"}]
[804206,"Corpo de BDTC D = 1,50 m PA2 - areia extraída e brita e pedra de mão produzidas","m",{"v":2362.3,"d":"2,362.30"},{"$nulls":4},{"v":2877.34,"d":"2,877.34"}]
[804207,"Corpo de BDTC D = 1,50 m PA2 - areia, brita e pedra de mão comerciais","m",{"v":2535.3,"d":"2,535.30"},{"$nulls":4},{"v":3088.06,"d":"3,088.06"}]
[804208,"Corpo de BDTC D = 1,50 m PA3 - areia extraída e brita e pedra de mão produzidas","m",{"v":2682.24,"d":"2,682.24"},{"$nulls":4},{"v":3267.04,"d":"3,267.04"}]
[804209,"Corpo de BDTC D = 1,50 m PA3 - areia, brita e pedra de mão comerciais","m",{"v":2855.24,"d":"2,855.24"},{"$nulls":4},{"v":3477.76,"d":"3,477.76"}]
[804210,"Corpo de BDTC D = 1,50 m PA4 - areia extraída e brita e pedra de mão produzidas","m",{"v":2773.49,"d":"2,773.49"},{"$nulls":4},{"v":3378.19,"d":"3,378.19"}]
[804211,"Corpo de BDTC D = 1,50 m PA4 - areia, brita e pedra de mão comerciais","m",{"v":2946.5,"d":"2,946.50"},{"$nulls":4},{"v":3588.91,"d":"3,588.91"}]
[804012,"Corpo de BSTC D = 0,40 m PA1 - areia extraída e brita e pedra de mão produzidas","m",179.61,{"$nulls":4},218.77]
[804013,"Corpo de BSTC D = 0,40 m PA1 - areia, brita e pedra de mão comerciais","m",198.81,{"$nulls":4},242.16]
[804014,"Corpo de BSTC D = 0,40 m PA2 - areia extraída e brita e pedra de mão produzidas","m",196.79,{"$nulls":4},{"v":239.7,"d":"239.70"}]
[804015,"Corpo de BSTC D = 0,40 m PA2 - areia, brita e pedra de mão comerciais","m",{"v":216,"d":"216.00"},{"$nulls":4},263.09]
[804016,"Corpo de BSTC D = 0,40 m PA3 - areia extraída e brita e pedra de mão produzidas","m",206.89,{"$nulls":4},{"v":252,"d":"252.00"}]
[804017,"Corpo de BSTC D = 0,40 m PA3 - areia, brita e pedra de mão comerciais","m",{"v":226.1,"d":"226.10"},{"$nulls":4},275.39]
[804018,"Corpo de BSTC D = 0,40 m PA4 - areia extraída e brita e pedra de mão produzidas","m",244.08,{"$nulls":4},297.29]
[804019,"Corpo de BSTC D = 0,40 m PA4 - areia, brita e pedra de mão comerciais","m",263.29,{"$nulls":4},320.69]
[804020,"Corpo de BSTC D = 0,60 m PA1 - areia extraída e brita e pedra de mão produzidas","m",307.07,{"$nulls":4},374.02]
[804021,"Corpo de BSTC D = 0,60 m PA1 - areia, brita e pedra de mão comerciais","m",335.87,{"$nulls":4},{"v":409.1,"d":"409.10"}]
[804022,"Corpo de BSTC D = 0,60 m PA2 - areia extraída e brita e pedra de mão produzidas","m",319.55,{"$nulls":4},389.22]
[804023,"Corpo de BSTC D = 0,60 m PA2 - areia, brita e pedra de mão comerciais","m",348.35,{"$nulls":4},{"v":424.3,"d":"424.30"}]
[804024,"Corpo de BSTC D = 0,60 m PA3 - areia extraída e brita e pedra de mão produzidas","m",{"v":340.1,"d":"340.10"},{"$nulls":4},414.25]
[804025,"Corpo de BSTC D = 0,60 m PA3 - areia, brita e pedra de mão comerciais","m",368.91,{"$nulls":4},449.34]
[804026,"Corpo de BSTC D = 0,60 m PA4 - areia extraída e brita e pedra de mão produzidas","m",411.17,{"$nulls":4},500.82]
[804027,"Corpo de BSTC D = 0,60 m PA4 - areia, brita e pedra de mão comerciais","m",439.98,{"$nulls":4},535.91]
[804028,"Corpo de BSTC D = 0,80 m PA1 - areia extraída e brita e pedra de mão produzidas","m",420.25,{"$nulls":4},511.88]
[804029,"Corpo de BSTC D = 0,80 m PA1 - areia, brita e pedra de mão comerciais","m",459.65,{"$nulls":4},559.87]
[804030,"Corpo de BSTC D = 0,80 m PA2 - areia extraída e brita e pedra de mão produzidas","m",472.63,{"$nulls":4},575.68]
[804031,"Corpo de BSTC D = 0,80 m PA2 - areia, brita e pedra de mão comerciais","m",512.02,{"$nulls":4},623.66]
[804032,"Corpo de BSTC D = 0,80 m PA3 - areia extraída e brita e pedra de mão produzidas","m",528.11,{"$nulls":4},643.25]
[804033,"Corpo de BSTC D = 0,80 m PA3 - areia, brita e pedra de mão comerciais","m",567.51,{"$nulls":4},691.24]
[804034,"Corpo de BSTC D = 0,80 m PA4 - areia extraída e brita e pedra de mão produzidas","m",553.21,{"$nulls":4},673.82]
[804035,"Corpo de BSTC D = 0,80 m PA4 - areia, brita e pedra de mão comerciais","m",{"v":592.6,"d":"592.60"},{"$nulls":4},{"v":721.8,"d":"721.80"}]
[804036,"Corpo de BSTC D = 1,00 m PA1 - areia extraída e brita e pedra de mão produzidas","m",658.54,{"$nulls":4},802.12]
[804037,"Corpo de BSTC D = 1,00 m PA1 - areia, brita e pedra de mão comerciais","m",709.98,{"$nulls":4},864.77]
[804038,"Corpo de BSTC D = 1,00 m PA2 - areia extraída e brita e pedra de mão produzidas","m",672.74,{"$nulls":4},819.42]
[804039,"Corpo de BSTC D = 1,00 m PA2 - areia, brita e pedra de mão comerciais","m",724.18,{"$nulls":4},882.07]
[804040,"Corpo de BSTC D = 1,00 m PA3 - areia extraída e brita e pedra de mão produzidas","m",690.03,{"$nulls":4},840.48]
[804041,"Corpo de BSTC D = 1,00 m PA3 - areia, brita e pedra de mão comerciais","m",741.47,{"$nulls":4},903.13]
[804042,"Corpo de BSTC D = 1,00 m PA4 - areia extraída e brita e pedra de mão produzidas","m",727.73,{"$nulls":4},886.39]
[804043,"Corpo de BSTC D = 1,00 m PA4 - areia, brita e pedra de mão comerciais","m",779.16,{"$nulls":4},949.04]
[804044,"Corpo de BSTC D = 1,20 m PA1 - areia extraída e brita e pedra de mão produzidas","m",772.53,{"$nulls":4},940.96]
[804045,"Corpo de BSTC D = 1,20 m PA1 - areia, brita e pedra de mão comerciais","m",836.71,{"$nulls":4},{"v":1019.14,"d":"1,019.14"}]
[804046,"Corpo de BSTC D = 1,20 m PA2 - areia extraída e brita e pedra de mão produzidas","m",817.77,{"$nulls":4},996.07]
[804047,"Corpo de BSTC D = 1,20 m PA2 - areia, brita e pedra de mão comerciais","m",881.96,{"$nulls":4},{"v":1074.25,"d":"1,074.25"}]
[804048,"Corpo de BSTC D = 1,20 m PA3 - areia extraída e brita e pedra de mão produzidas","m",925.28,{"$nulls":4},{"v":1127.01,"d":"1,127.01"}]
[804049,"Corpo de BSTC D = 1,20 m PA3 - areia, brita e pedra de mão comerciais","m",989.46,{"$nulls":4},{"v":1205.19,"d":"1,205.19"}]
[804050,"Corpo de BSTC D = 1,20 m PA4 - areia extraída e brita e pedra de mão produzidas","m",{"v":1004.84,"d":"1,004.84"},{"$nulls":4},{"v":1223.92,"d":"1,223.92"}]
[804051,"Corpo de BSTC D = 1,20 m PA4 - areia, brita e pedra de mão comerciais","m",{"v":1069.02,"d":"1,069.02"},{"$nulls":4},{"v":1302.1,"d":"1,302.10"}]
[804052,"Corpo de BSTC D = 1,50 m PA1 - areia extraída e brita e pedra de mão produzidas","m",{"v":1154.4,"d":"1,154.40"},{"$nulls":4},{"v":1406.09,"d":"1,406.09"}]
[804053,"Corpo de BSTC D = 1,50 m PA1 - areia, brita e pedra de mão comerciais","m",{"v":1237.75,"d":"1,237.75"},{"$nulls":4},{"v":1507.61,"d":"1,507.61"}]
[804054,"Corpo de BSTC D = 1,50 m PA2 - areia extraída e brita e pedra de mão produzidas","m",{"v":1205.74,"d":"1,205.74"},{"$nulls":4},{"v":1468.62,"d":"1,468.62"}]
[804055,"Corpo de BSTC D = 1,50 m PA2 - areia, brita e pedra de mão comerciais","m",{"v":1289.08,"d":"1,289.08"},{"$nulls":4},{"v":1570.14,"d":"1,570.14"}]
[804056,"Corpo de BSTC D = 1,50 m PA3 - areia extraída e brita e pedra de mão produzidas","m",{"v":1365.71,"d":"1,365.71"},{"$nulls":4},{"v":1663.47,"d":"1,663.47"}]
[804057,"Corpo de BSTC D = 1,50 m PA3 - areia, brita e pedra de mão comerciais","m",{"v":1449.06,"d":"1,449.06"},{"$nulls":4},{"v":1764.99,"d":"1,764.99"}]
[804058,"Corpo de BSTC D = 1,50 m PA4 - areia extraída e brita e pedra de mão produzidas","m",{"v":1411.33,"d":"1,411.33"},{"$nulls":4},{"v":1719.04,"d":"1,719.04"}]
[804059,"Corpo de BSTC D = 1,50 m PA4 - areia, brita e pedra de mão comerciais","m",{"v":1494.69,"d":"1,494.69"},{"$nulls":4},{"v":1820.57,"d":"1,820.57"}]
[804292,"Corpo de BTTC D = 1,00 m PA1 - areia extraída e brita e pedra de mão produzidas","m",{"v":1888.66,"d":"1,888.66"},{"$nulls":4},{"v":2300.44,"d":"2,300.44"}]
[804293,"Corpo de BTTC D = 1,00 m PA1 - areia, brita e pedra de mão comerciais","m",{"v":2048.01,"d":"2,048.01"},{"$nulls":4},{"v":2494.53,"d":"2,494.53"}]
[804294,"Corpo de BTTC D = 1,00 m PA2 - areia extraída e brita e pedra de mão produzidas","m",{"v":1931.26,"d":"1,931.26"},{"$nulls":4},{"v":2352.33,"d":"2,352.33"}]
[804295,"Corpo de BTTC D = 1,00 m PA2 - areia, brita e pedra de mão comerciais","m",{"v":2090.61,"d":"2,090.61"},{"$nulls":4},{"v":2546.42,"d":"2,546.42"}]
[804296,"Corpo de BTTC D = 1,00 m PA3 - areia extraída e brita e pedra de mão produzidas","m",{"v":1983.14,"d":"1,983.14"},{"$nulls":4},{"v":2415.52,"d":"2,415.52"}]
[804297,"Corpo de BTTC D = 1,00 m PA3 - areia, brita e pedra de mão comerciais","m",{"v":2142.48,"d":"2,142.48"},{"$nulls":4},{"v":2609.6,"d":"2,609.60"}]
[804298,"Corpo de BTTC D = 1,00 m PA4 - areia extraída e brita e pedra de mão produzidas","m",{"v":2096.23,"d":"2,096.23"},{"$nulls":4},{"v":2553.26,"d":"2,553.26"}]
[804299,"Corpo de BTTC D = 1,00 m PA4 - areia, brita e pedra de mão comerciais","m",{"v":2255.57,"d":"2,255.57"},{"$nulls":4},{"v":2747.34,"d":"2,747.34"}]
[804300,"Corpo de BTTC D = 1,20 m PA1 - areia extraída e brita e pedra de mão produzidas","m",{"v":2229.27,"d":"2,229.27"},{"$nulls":4},{"v":2715.31,"d":"2,715.31"}]
[804301,"Corpo de BTTC D = 1,20 m PA1 - areia, brita e pedra de mão comerciais","m",{"v":2433.3,"d":"2,433.30"},{"$nulls":4},{"v":2963.83,"d":"2,963.83"}]
[804302,"Corpo de BTTC D = 1,20 m PA2 - areia extraída e brita e pedra de mão produzidas","m",{"v":2365.01,"d":"2,365.01"},{"$nulls":4},{"v":2880.64,"d":"2,880.64"}]
[804303,"Corpo de BTTC D = 1,20 m PA2 - areia, brita e pedra de mão comerciais","m",{"v":2569.04,"d":"2,569.04"},{"$nulls":4},{"v":3129.16,"d":"3,129.16"}]
[804304,"Corpo de BTTC D = 1,20 m PA3 - areia extraída e brita e pedra de mão produzidas","m",{"v":2687.51,"d":"2,687.51"},{"$nulls":4},{"v":3273.46,"d":"3,273.46"}]
[804305,"Corpo de BTTC D = 1,20 m PA3 - areia, brita e pedra de mão comerciais","m",{"v":2891.55,"d":"2,891.55"},{"$nulls":4},{"v":3521.98,"d":"3,521.98"}]
[804306,"Corpo de BTTC D = 1,20 m PA4 - areia extraída e brita e pedra de mão produzidas","m",{"v":2926.19,"d":"2,926.19"},{"$nulls":4},{"v":3564.18,"d":"3,564.18"}]
[804307,"Corpo de BTTC D = 1,20 m PA4 - areia, brita e pedra de mão comerciais","m",{"v":3130.23,"d":"3,130.23"},{"$nulls":4},{"v":3812.7,"d":"3,812.70"}]
[804308,"Corpo de BTTC D = 1,50 m PA1 - areia extraída e brita e pedra de mão produzidas","m",{"v":3365.05,"d":"3,365.05"},{"$nulls":4},{"v":4098.72,"d":"4,098.72"}]
[804309,"Corpo de BTTC D = 1,50 m PA1 - areia, brita e pedra de mão comerciais","m",{"v":3627.83,"d":"3,627.83"},{"$nulls":4},{"v":4418.79,"d":"4,418.79"}]
[804310,"Corpo de BTTC D = 1,50 m PA2 - areia extraída e brita e pedra de mão produzidas","m",{"v":3519.06,"d":"3,519.06"},{"$nulls":4},{"v":4286.31,"d":"4,286.31"}]
[804311,"Corpo de BTTC D = 1,50 m PA2 - areia, brita e pedra de mão comerciais","m",{"v":3781.85,"d":"3,781.85"},{"$nulls":4},{"v":4606.39,"d":"4,606.39"}]
[804312,"Corpo de BTTC D = 1,50 m PA3 - areia extraída e brita e pedra de mão produzidas","m",{"v":3998.98,"d":"3,998.98"},{"$nulls":4},{"v":4870.86,"d":"4,870.86"}]
[804313,"Corpo de BTTC D = 1,50 m PA3 - areia, brita e pedra de mão comerciais","m",{"v":4261.76,"d":"4,261.76"},{"$nulls":4},{"v":5190.94,"d":"5,190.94"}]
[804314,"Corpo de BTTC D = 1,50 m PA4 - areia extraída e brita e pedra de mão produzidas","m",{"v":4135.85,"d":"4,135.85"},{"$nulls":4},{"v":5037.58,"d":"5,037.58"}]
[804315,"Corpo de BTTC D = 1,50 m PA4 - areia, brita e pedra de mão comerciais","m",{"v":4398.63,"d":"4,398.63"},{"$nulls":4},{"v":5357.65,"d":"5,357.65"}]
[805446,"Dentes para bueiros duplos D = 0,80 m - areia extraída e brita e pedra de mão produzidas","un",{"v":33.7,"d":"33.70"},{"$nulls":4},41.05]
[805447,"Dentes para bueiros duplos D = 0,80 m - areia, brita e pedra de mão comerciais","un",{"v":45.8,"d":"45.80"},{"$nulls":4},55.79]
[805448,"Dentes para bueiros duplos D = 1,00 m - areia extraída e brita e pedra de mão produzidas","un",{"v":40.4,"d":"40.40"},{"$nulls":4},49.21]
[805449,"Dentes para bueiros duplos D = 1,00 m - areia, brita e pedra de mão comerciais","un",{"v":54.9,"d":"54.90"},{"$nulls":4},66.87]
[805450,"Dentes para bueiros duplos D = 1,20 m - areia extraída e brita e pedra de mão produzidas","un",{"v":46.9,"d":"46.90"},{"$nulls":4},57.12]
[805451,"Dentes para bueiros duplos D = 1,20 m - areia, brita e pedra de mão comerciais","un",63.66,{"$nulls":4},77.54]
[805452,"Dentes para bueiros duplos D = 1,50 m - areia extraída e brita e pedra de mão produzidas","un",54.83,{"$nulls":4},66.79]
[805453,"Dentes para bueiros duplos D = 1,50 m - areia, brita e pedra de mão comerciais","un",74.75,{"$nulls":4},91.05]
[805434,"Dentes para bueiros simples D = 0,40 m - areia extraída e brita e pedra de mão produzidas","un",11.54,{"$nulls":4},14.05]
[805435,"Dentes para bueiros simples D = 0,40 m - areia, brita e pedra de mão comerciais","un",{"v":15.2,"d":"15.20"},{"$nulls":4},18.51]
[805436,"Dentes para bueiros simples D = 0,60 m - areia extraída e brita e pedra de mão produzidas","un",{"v":13.4,"d":"13.40"},{"$nulls":4},16.32]
[805437,"Dentes para bueiros simples D = 0,60 m - areia, brita e pedra de mão comerciais","un",18.19,{"$nulls":4},22.16]
[805438,"Dentes para bueiros simples D = 0,80 m - areia extraída e brita e pedra de mão produzidas","un",18.23,{"$nulls":4},22.21]
[805439,"Dentes para bueiros simples D = 0,80 m - areia, brita e pedra de mão comerciais","un",24.29,{"$nulls":4},29.58]
[805440,"Dentes para bueiros simples D = 1,00 m - areia extraída e brita e pedra de mão produzidas","un",{"v":20.3,"d":"20.30"},{"$nulls":4},24.73]
[805441,"Dentes para bueiros simples D = 1,00 m - areia, brita e pedra de mão comerciais","un",27.62,{"$nulls":4},33.64]
[805442,"Dentes para bueiros simples D = 1,20 m - areia extraída e brita e pedra de mão produzidas","un",24.73,{"$nulls":4},30.12]
[805443,"Dentes para bueiros simples D = 1,20 m - areia, brita e pedra de mão comerciais","un",33.05,{"$nulls":4},40.26]
[805444,"Dentes para bueiros simples D = 1,50 m - areia extraída e brita e pedra de mão produzidas","un",27.41,{"$nulls":4},33.39]
[805445,"Dentes para bueiros simples D = 1,50 m - areia, brita e pedra de mão comerciais","un",37.38,{"$nulls":4},45.53]
[805454,"Dentes para bueiros triplos D = 1,00 m - areia extraída e brita e pedra de mão produzidas","un",{"v":60.7,"d":"60.70"},{"$nulls":4},73.94]
[805455,"Dentes para bueiros triplos D = 1,00 m - areia, brita e pedra de mão comerciais","un",82.52,{"$nulls":4},100.51]
[805456,"Dentes para bueiros triplos D = 1,20 m - areia extraída e brita e pedra de mão produzidas","un",68.85,{"$nulls":4},83.86]
[805457,"Dentes para bueiros triplos D = 1,20 m - areia, brita e pedra de mão comerciais","un",93.95,{"$nulls":4},114.43]
[805458,"Dentes para bueiros triplos D = 1,50 m - areia extraída e brita e pedra de mão produzidas","un",82.45,{"$nulls":4},100.43]
[805459,"Dentes para bueiros triplos D = 1,50 m - areia, brita e pedra de mão comerciais","un",112.47,{"$nulls":4},136.99]
[909620,"Alvenaria de blocos de concreto 19 x 19 x 39 cm com espessura de 20 cm com argamassa traço 1:0,5:3,5 - areia comercial","m²",{"v":97.4,"d":"97.40"},{"$nulls":4},118.63]
[909621,"Alvenaria de blocos de concreto 19 x 19 x 39 cm com espessura de 20 cm com argamassa traço 1:0,5:3,5 - areia extraída","m²",96.26,{"$nulls":4},117.25]
[903802,"Bacia de contenção para tanque de emulsão de 30.000 l - inclusive demolição","un",{"v":12080.03,"d":"12,080.03"},{"$nulls":4},{"v":14713.8,"d":"14,713.80"}]
[919113,"Canaleta perfil cartola 50 x 50 x 3 mm - aba 25 mm","m",{"v":49.1,"d":"49.10"},{"$nulls":4},{"v":59.8,"d":"59.80"}]
[903788,"Chapisco com argamassa de cimento e areia 1:3 - aplicação manual","m²",3.45,{"$nulls":4},{"v":4.2,"d":"4.20"}]
[919247,"Cobertura em chapas zincadas com espessura de 0,43 mm - utilização 2 vezes","m²",34.96,{"$nulls":4},42.58]
[919016,"Depósito de óleo para oficina - inclusive demolição","un",{"v":6500.85,"d":"6,500.85"},{"$nulls":4},{"v":7918.21,"d":"7,918.21"}]
[919079,"Dique de contenção para usina de asfalto a quente - inclusive demolição","m²",92.23,{"$nulls":4},112.34]
[903789,"Emboço com argamassa de cimento, cal hidratada e areia 1:2:8 com espessura de 2 cm - aplicação manual","m²",{"v":25.7,"d":"25.70"},{"$nulls":4},{"v":31.3,"d":"31.30"}]
[919250,"Fornecimento e instalação de extintor de espuma 10 l","un",511.36,{"$nulls":4},622.85]
[903807,"Instalação da central de britagem com capacidade de 80 m³/h","un",{"v":86997.58,"d":"86,997.58"},{"$nulls":4},{"v":105965.38,"d":"105,965.38"}]
[903806,"Instalação da central de concreto com capacidade de 150 m³/h","un",{"v":146085.5,"d":"146,085.50"},{"$nulls":4},{"v":177936.05,"d":"177,936.05"}]
[903804,"Instalação da central de concreto com capacidade de 30 m³/h","un",{"v":53861.75,"d":"53,861.75"},{"$nulls":4},{"v":65605.05,"d":"65,605.05"}]
[903805,"Instalação da central de concreto com capacidade de 40 m³/h","un",{"v":62916.35,"d":"62,916.35"},{"$nulls":4},{"v":76633.8,"d":"76,633.80"}]
[903810,"Instalação da usina de asfalto a quente capacidade de 120 t/h","un",{"v":155442.06,"d":"155,442.06"},{"$nulls":4},{"v":189332.6,"d":"189,332.60"}]
[903809,"Instalação da usina de pré-misturado a frio com capacidade de 60 t/h","un",{"v":100042.69,"d":"100,042.69"},{"$nulls":4},{"v":121854.68,"d":"121,854.68"}]
[903808,"Instalação da usina misturadora de solos com capacidade de 300 t/h","un",{"v":90404.52,"d":"90,404.52"},{"$nulls":4},{"v":110115.13,"d":"110,115.13"}]
[903845,"Lastro de brita comercial - espalhamento mecânico","m³",132.52,{"$nulls":4},161.41]
[919009,"Montagem e desmontagem da central de britagem com capacidade de 80 m³/h - inclusive construção de aterro, construção e demolição de rampa e bases","un",{"v":52858.89,"d":"52,858.89"},{"$nulls":4},{"v":64383.54,"d":"64,383.54"}]
[919007,"Montagem e desmontagem da central de concreto com capacidade de 150 m³/h - inclusive construção e demolição de bases, rampas e depósitos de agregados","un",{"v":97980.23,"d":"97,980.23"},{"$nulls":4},{"v":119342.55,"d":"119,342.55"}]
[919011,"Montagem e desmontagem da central de concreto com capacidade de 30 m³/h - inclusive construção e demolição de bases, rampas e depósitos de agregados","un",{"v":27587.5,"d":"27,587.50"},{"$nulls":4},{"v":33602.31,"d":"33,602.31"}]
[919246,"Montagem e desmontagem da central de concreto com capacidade de 40 m³/h - inclusive construção e demolição de bases, rampas e depósitos de agregados","un",{"v":38121.6,"d":"38,121.60"},{"$nulls":4},{"v":46433.13,"d":"46,433.13"}]
[919013,"Montagem e desmontagem da usina de asfalto a quente com capacidade de 120 t/h - inclusive construção e demolição de bases, rampas, depósitos de agregados e dique de contenção","un",{"v":106709.52,"d":"106,709.52"},{"$nulls":4},{"v":129975.06,"d":"129,975.06"}]
[919008,"Montagem e desmontagem da usina de pré-misturado a frio com capacidade de 60 t/h - inclusive construção e demolição de bases, rampas, depósitos de agregados e bacia de contenção","un",{"v":76904.75,"d":"76,904.75"},{"$nulls":4},{"v":93672.05,"d":"93,672.05"}]
[919012,"Montagem e desmontagem da usina misturadora de solos com capacidade de 300 t/h - inclusive construção e demolição de bases, rampas e depósitos de agregados","un",{"v":49466.96,"d":"49,466.96"},{"$nulls":4},{"v":60252.08,"d":"60,252.08"}]
[903848,"Muro em alvenaria de blocos de concreto com espessura de 0,20 m h = 1,0 m","m",133.57,{"$nulls":4},162.69]
[919002,"Posto de combustível - com reaproveitamento de 2 vezes do tanque/bomba/cobertura - inclusive demolição","un",{"v":28088.2,"d":"28,088.20"},{"$nulls":4},{"v":34212.18,"d":"34,212.18"}]
[919210,"Rampa de lavagem - inclusive demolição","un",{"v":16407.66,"d":"16,407.66"},{"$nulls":4},{"v":19984.97,"d":"19,984.97"}]
[909612,"Rampa para acesso do misturador de agregados para centrais de 30 m³ e 40 m³ - inclusive demolição","un",{"v":10829.66,"d":"10,829.66"},{"$nulls":4},{"v":13190.82,"d":"13,190.82"}]
[909613,"Rampa para acesso do misturador de agregados para central de 150 m³ - inclusive demolição","un",{"v":17808.98,"d":"17,808.98"},{"$nulls":4},{"v":21691.82,"d":"21,691.82"}]
[909614,"Rampa para acesso do misturador de agregados para central de britagem - inclusive demolição","un",{"v":38712.03,"d":"38,712.03"},{"$nulls":4},{"v":47152.29,"d":"47,152.29"}]
[909616,"Rampa para acesso do misturador de agregados para PMF - inclusive demolição","un",{"v":31111.67,"d":"31,111.67"},{"$nulls":4},{"v":37894.85,"d":"37,894.85"}]
[909617,"Rampa para acesso do misturador de agregados para usina de asfalto a quente - inclusive demolição","un",{"v":18377.58,"d":"18,377.58"},{"$nulls":4},{"v":22384.38,"d":"22,384.38"}]
[909615,"Rampa para acesso do misturador de agregados para usina de solos - inclusive demolição","un",{"v":14077.58,"d":"14,077.58"},{"$nulls":4},{"v":17146.87,"d":"17,146.87"}]
[903860,"Selador acrílico - camada de fundo com aplicação manual","m²",2.33,{"$nulls":4},2.84]
[919101,"Sistema separador água e óleo, inclusive demolição","un",{"v":1544.2,"d":"1,544.20"},{"$nulls":4},{"v":1880.88,"d":"1,880.88"}]
[903818,"Tinta látex - duas camadas com aplicação manual","m²",11.95,{"$nulls":4},14.56]
[1100657,"Adensamento de concreto por vibrador de imersão","m³",{"v":2.7,"d":"2.70"},{"$nulls":4},3.29]
[1108055,"Argamassa autoadensável para reparos e grauteamento - confecção em misturador e lançamento manual","m³",{"v":2587.62,"d":"2,587.62"},{"$nulls":4},{"v":3151.79,"d":"3,151.79"}]
[1109665,"Argamassa de cimento e areia 1:1 - confecção em betoneira e lançamento manual - areia comercial","m³",620.82,{"$nulls":4},756.17]
[1109664,"Argamassa de cimento e areia 1:1 - confecção em betoneira e lançamento manual - areia extraída","m³",576.33,{"$nulls":4},701.99]
[1109667,"Argamassa de cimento e areia 1:2 - confecção em betoneira e lançamento manual - areia comercial","m³",472.99,{"$nulls":4},576.11]
[1109666,"Argamassa de cimento e areia 1:2 - confecção em betoneira e lançamento manual - areia extraída","m³",395.89,{"$nulls":4},{"v":482.2,"d":"482.20"}]
[1109669,"Argamassa de cimento e areia 1:3 - confecção em betoneira e lançamento manual - areia comercial","m³",400.07,{"$nulls":4},487.29]
[1109668,"Argamassa de cimento e areia 1:3 - confecção em betoneira e lançamento manual - areia extraída","m³",307.59,{"$nulls":4},374.65]
[1108060,"Argamassa de cimento e areia 1:3 com 8% de microssílica - confecção em betoneira e lançamento manual - areia comercial","m³",474.83,{"$nulls":4},578.35]
[1109626,"Argamassa de cimento e areia 1:3 com 8% de microssílica - confecção em betoneira e lançamento manual - areia extraída","m³",379.21,{"$nulls":4},461.89]
[1109671,"Argamassa de cimento e areia 1:4 - confecção em betoneira e lançamento manual - areia comercial","m³",363.75,{"$nulls":4},443.06]
[1109670,"Argamassa de cimento e areia 1:4 - confecção em betoneira e lançamento manual - areia extraída","m³",262.31,{"$nulls":4},{"v":319.5,"d":"319.50"}]
[1109672,"Argamassa de cimento e areia com aditivo aglutinante 1:8 - confecção em betoneira e lançamento manual - areia comercial","m³",292.81,{"$nulls":4},356.65]
[1109624,"Argamassa de cimento e areia com aditivo aglutinante 1:8 - confecção em betoneira e lançamento manual - areia extraída","m³",175.92,{"$nulls":4},214.28]
[1109622,"Argamassa de cimento, cal hidratada e areia 1:0,5:3,5 - confecção em betoneira e lançamento manual - areia comercial","m³",{"v":363,"d":"363.00"},{"$nulls":4},442.14]
[1109623,"Argamassa de cimento, cal hidratada e areia 1:0,5:3,5 - confecção em betoneira e lançamento manual - areia extraída","m³",287.42,{"$nulls":4},350.09]
[1109697,"Argamassa de cimento, cal hidratada e areia 1:0,5:8 - confecção em betoneira e lançamento manual - areia comercial","m³",271.64,{"$nulls":4},330.87]
[1109698,"Argamassa de cimento, cal hidratada e areia 1:0,5:8 - confecção em betoneira e lançamento manual - areia extraída","m³",175.93,{"$nulls":4},214.29]
[1109679,"Argamassa de cimento, cal hidratada e areia 1:1:6 - confecção em betoneira e lançamento manual - areia comercial","m³",313.59,{"$nulls":4},381.96]
[1109625,"Argamassa de cimento, cal hidratada e areia 1:1:6 - confecção em betoneira e lançamento manual - areia extraída","m³",226.78,{"$nulls":4},276.22]
[1109678,"Argamassa de cimento, cal hidratada e areia 1:2:10 - confecção em betoneira e lançamento manual - areia comercial","m³",286.73,{"$nulls":4},349.24]
[1109694,"Argamassa de cimento, cal hidratada e areia 1:2:10 - confecção em betoneira e lançamento manual - areia extraída","m³",193.65,{"$nulls":4},235.87]
[1109673,"Argamassa de cimento, cal hidratada e areia 1:2:6 - confecção em betoneira e lançamento manual - areia comercial","m³",342.88,{"$nulls":4},417.64]
[1109690,"Argamassa de cimento, cal hidratada e areia 1:2:6 - confecção em betoneira e lançamento manual - areia extraída","m³",261.82,{"$nulls":4},{"v":318.9,"d":"318.90"}]
[1109674,"Argamassa de cimento, cal hidratada e areia 1:2:7 - confecção em betoneira e lançamento manual - areia comercial","m³",323.98,{"$nulls":4},394.62]
[1109691,"Argamassa de cimento, cal hidratada e areia 1:2:7 - confecção em betoneira e lançamento manual - areia extraída","m³",238.87,{"$nulls":4},290.95]
[1109675,"Argamassa de cimento, cal hidratada e areia 1:2:8 - confecção em betoneira e lançamento manual - areia comercial","m³",308.91,{"$nulls":4},376.26]
[1109692,"Argamassa de cimento, cal hidratada e areia 1:2:8 - confecção em betoneira e lançamento manual - areia extraída","m³",220.59,{"$nulls":4},268.68]
[1109676,"Argamassa de cimento, cal hidratada e areia 1:2:9 - confecção em betoneira e lançamento manual - areia comercial","m³",296.72,{"$nulls":4},361.41]
[1109693,"Argamassa de cimento, cal hidratada e areia 1:2:9 - confecção em betoneira e lançamento manual - areia extraída","m³",205.79,{"$nulls":4},250.66]
[1109680,"Argamassa para reparos e grauteamento - confecção em misturador e lançamento manual","m³",{"v":3007.04,"d":"3,007.04"},{"$nulls":4},{"v":3662.66,"d":"3,662.66"}]
[1107748,"Argamassa polimérica de alto desempenho projetada para reparos superficiais e reforços estruturais - confecção em misturador e lançamento projetado","m³",{"v":8598.43,"d":"8,598.43"},{"$nulls":4},{"v":10473.12,"d":"10,473.12"}]
[1110000,"Concreto","m³",{"v":0,"d":"0.00"},{"$nulls":4},{"v":0,"d":"0.00"}]
[1106059,"Concreto autoadensável com silicato de alumínio fck = 20 MPa - confecção em betoneira e lançamento manual - areia e brita comerciais","m³",473.31,{"$nulls":4},{"v":576.5,"d":"576.50"}]
[1106060,"Concreto autoadensável com silicato de alumínio fck = 20 MPa - confecção em betoneira e lançamento manual - areia extraída e brita produzida","m³",358.49,{"$nulls":4},436.65]
[1100658,"Concreto autoadensável com silicato de alumínio fck = 20 MPa - confecção em central dosadora de 30 m³/h - areia e brita comerciais","m³",407.24,{"$nulls":4},496.03]
[1106159,"Concreto autoadensável com silicato de alumínio fck = 25 MPa - confecção em central dosadora de 30 m³/h - areia e brita comerciais","m³",433.32,{"$nulls":4},527.79]
[1107902,"Concreto autoadensável com silicato de alumínio fck = 30 MPa - confecção em central dosadora de 30 m³/h - areia e brita comerciais","m³",462.42,{"$nulls":4},563.24]
[1107906,"Concreto autoadensável com silicato de alumínio fck = 35 MPa - confecção em central dosadora de 30 m³/h - areia e brita comerciais","m³",494.95,{"$nulls":4},602.86]
[1107910,"Concreto autoadensável com silicato de alumínio fck = 40 MPa - confecção em central dosadora de 30 m³/h - areia e brita comerciais","m³",{"v":531.3,"d":"531.30"},{"$nulls":4},647.14]
[1107911,"Concreto autoadensável com silicato de alumínio fck = 45 MPa - confecção em central dosadora de 30 m³/h - areia e brita comerciais","m³",571.93,{"$nulls":4},696.63]
[1107912,"Concreto autoadensável com silicato de alumínio fck = 50 MPa - confecção em central dosadora de 30 m³/h - areia e brita comerciais","m³",{"v":627.9,"d":"627.90"},{"$nulls":4},{"v":764.8,"d":"764.80"}]
[1106164,"Concreto ciclópico fck = 20 MPa - confecção em betoneira e lançamento manual - areia extraída, brita e pedra de mão produzidas","m³",206.85,{"$nulls":4},251.95]
[1106165,"Concreto ciclópico fck = 20 MPa - confecção em betoneira e lançamento manual - areia, brita e pedra de mão comerciais","m³",332.94,{"$nulls":4},405.53]
[1106156,"Concreto com 10% de microssílica fck = 45 MPa - confecção em central dosadora de 30 m³/h - areia e brita comerciais","m³",454.46,{"$nulls":4},553.55]
[1107932,"Concreto com 10% de microssílica fck = 50 MPa - confecção em central dosadora de 30 m³/h - areia e brita comerciais","m³",485.54,{"$nulls":4},{"v":591.4,"d":"591.40"}]
[1108111,"Concreto com 8% de microssílica fck = 25 MPa - confecção em central dosadora de 30 m³/h - areia e brita comerciais","m³",366.16,{"$nulls":4},445.99]
[1108112,"Concreto com 8% de microssílica fck = 30 MPa - confecção em central dosadora de 30 m³/h - areia e brita comerciais","m³",{"v":374.6,"d":"374.60"},{"$nulls":4},456.27]
[1108113,"Concreto com 8% de microssílica fck = 35 MPa - confecção em central dosadora de 30 m³/h - areia e brita comerciais","m³",396.29,{"$nulls":4},482.69]
[1108114,"Concreto com 8% de microssílica fck = 40 MPa - confecção em central dosadora de 30 m³/h - areia e brita comerciais","m³",420.49,{"$nulls":4},512.17]
[1108061,"Concreto com látex SBR fck = 25 MPa - confecção em betoneira e lançamento manual - areia e brita comerciais","m³",688.68,{"$nulls":4},838.83]
[1108064,"Concreto com látex SBR fck = 30 MPa - confecção em betoneira e lançamento manual - areia e brita comerciais","m³",742.58,{"$nulls":4},904.48]
[1107888,"Concreto fck = 15 MPa - confecção em betoneira e lançamento manual - areia e brita comerciais","m³",358.06,{"$nulls":4},436.13]
[1107889,"Concreto fck = 15 MPa - confecção em betoneira e lançamento manual - areia extraída e brita produzida","m³",{"v":239.5,"d":"239.50"},{"$nulls":4},291.72]
[1107892,"Concreto fck = 20 MPa - confecção em betoneira e lançamento manual - areia e brita comerciais","m³",373.11,{"$nulls":4},454.46]
[1107891,"Concreto fck = 20 MPa - confecção em betoneira e lançamento manual - areia extraída e brita produzida","m³",256.09,{"$nulls":4},311.93]
[1107928,"Concreto fck = 20 MPa - confecção em central dosadora de 30 m³/h - areia e brita comerciais","m³",322.78,{"$nulls":4},393.16]
[1107929,"Concreto fck = 20 MPa - confecção em central dosadora de 30 m³/h - areia extraída e brita produzida","m³",205.38,{"$nulls":4},250.16]
[1106109,"Concreto fck = 20 MPa - confecção em central dosadora de 40 m³/h - areia e brita comerciais","m³",303.65,{"$nulls":4},369.85]
[1106117,"Concreto fck = 20 MPa - confecção em central dosadora de 40 m³/h - areia extraída e brita produzida","m³",186.24,{"$nulls":4},226.84]
[1107896,"Concreto fck = 25 MPa - confecção em betoneira e lançamento manual - areia e brita comerciais","m³",389.99,{"$nulls":4},475.02]
[1107895,"Concreto fck = 25 MPa - confecção em betoneira e lançamento manual - areia extraída e brita produzida","m³",{"v":274.7,"d":"274.70"},{"$nulls":4},334.59]
[1119528,"Concreto fck = 25 MPa - confecção em central dosadora de 30 m³/h - areia e brita comerciais","m³",334.05,{"$nulls":4},406.88]
[1106135,"Concreto fck = 25 MPa - confecção em central dosadora de 30 m³/h - areia extraída e brita produzida","m³",217.83,{"$nulls":4},265.32]
[1106136,"Concreto fck = 25 MPa - confecção em central dosadora de 40 m³/h - areia e brita comerciais","m³",313.58,{"$nulls":4},381.95]
[1106137,"Concreto fck = 25 MPa - confecção em central dosadora de 40 m³/h - areia extraída e brita produzida","m³",197.36,{"$nulls":4},240.39]
[1116127,"Concreto fck = 25 MPa para pré-moldados (mourões) - confecção em betoneira e lançamento manual - areia e brita comerciais","m³",405.24,{"$nulls":4},493.59]
[1116126,"Concreto fck = 25 MPa para pré-moldados (mourões) - confecção em betoneira e lançamento manual - areia extraída e brita produzida","m³",295.63,{"$nulls":4},360.08]
[1107900,"Concreto fck = 30 MPa - confecção em betoneira e lançamento manual - areia e brita comerciais","m³",408.79,{"$nulls":4},497.92]
[1107899,"Concreto fck = 30 MPa - confecção em betoneira e lançamento manual - areia extraída e brita produzida","m³",295.43,{"$nulls":4},359.84]
[1107890,"Concreto fck = 30 MPa - confecção em central dosadora de 30 m³/h - areia e brita comerciais","m³",348.74,{"$nulls":4},424.77]
[1106138,"Concreto fck = 30 MPa - confecção em central dosadora de 30 m³/h - areia extraída e brita produzida","m³",234.08,{"$nulls":4},285.11]
[1106139,"Concreto fck = 30 MPa - confecção em central dosadora de 40 m³/h - areia e brita comerciais","m³",326.59,{"$nulls":4},{"v":397.8,"d":"397.80"}]
[1106140,"Concreto fck = 30 MPa - confecção em central dosadora de 40 m³/h - areia extraída e brita produzida","m³",211.94,{"$nulls":4},258.15]
[1107904,"Concreto fck = 35 MPa - confecção em betoneira e lançamento manual - areia e brita comerciais","m³",429.83,{"$nulls":4},523.55]
[1107903,"Concreto fck = 35 MPa - confecção em betoneira e lançamento manual - areia extraída e brita produzida","m³",318.64,{"$nulls":4},388.11]
[1107908,"Concreto fck = 40 MPa - confecção em betoneira e lançamento manual - areia e brita comerciais","m³",453.28,{"$nulls":4},552.11]
[1107907,"Concreto fck = 40 MPa - confecção em betoneira e lançamento manual - areia extraída e brita produzida","m³",344.49,{"$nulls":4},{"v":419.6,"d":"419.60"}]
[1107871,"Concreto fctm,k = 4,5 MPa - confecção em central dosadora de 30 m³/h - areia e brita comerciais","m³",374.72,{"$nulls":4},456.42]
[1107870,"Concreto fctm,k = 4,5 MPa - confecção em central dosadora de 30 m³/h - areia extraída e brita produzida","m³",262.61,{"$nulls":4},319.87]
[1106057,"Concreto magro - confecção em betoneira e lançamento manual - areia e brita comerciais","m³",362.84,{"$nulls":4},441.95]
[1106058,"Concreto magro - confecção em betoneira e lançamento manual - areia extraída e brita produzida","m³",250.18,{"$nulls":4},304.72]
[1106380,"Concreto para bombeamento fck = 25 MPa - confecção em central dosadora de 30 m³/h - areia e brita comerciais","m³",354.48,{"$nulls":4},431.77]
[1106378,"Concreto para bombeamento fck = 25 MPa - confecção em central dosadora de 30 m³/h - areia extraída e brita produzida","m³",{"v":243.8,"d":"243.80"},{"$nulls":4},296.95]
[1116263,"Concreto para bombeamento fck = 25 MPa - confecção em central dosadora de 40 m³/h - areia e brita comerciais","m³",331.23,{"$nulls":4},403.45]
[1116267,"Concreto para bombeamento fck = 25 MPa - confecção em central dosadora de 40 m³/h - areia extraída e brita produzida","m³",220.55,{"$nulls":4},268.63]
[1106280,"Concreto para bombeamento fck = 30 MPa - confecção em central dosadora de 30 m³/h - areia e brita comerciais","m³",371.77,{"$nulls":4},452.82]
[1106289,"Concreto para bombeamento fck = 30 MPa - confecção em central dosadora de 30 m³/h - areia extraída e brita produzida","m³",262.89,{"$nulls":4},320.21]
[1116264,"Concreto para bombeamento fck = 30 MPa - confecção em central dosadora de 40 m³/h - areia e brita comerciais","m³",346.56,{"$nulls":4},422.12]
[1116268,"Concreto para bombeamento fck = 30 MPa - confecção em central dosadora de 40 m³/h - areia extraída e brita produzida","m³",237.69,{"$nulls":4},289.51]
[1106281,"Concreto para bombeamento fck = 35 MPa - confecção em central dosadora de 30 m³/h - areia e brita comerciais","m³",394.02,{"$nulls":4},479.93]
[1106382,"Concreto para bombeamento fck = 35 MPa - confecção em central dosadora de 30 m³/h - areia extraída e brita produzida","m³",287.48,{"$nulls":4},350.16]
[1116265,"Concreto para bombeamento fck = 35 MPa - confecção em central dosadora de 40 m³/h - areia e brita comerciais","m³",366.24,{"$nulls":4},446.09]
[1116269,"Concreto para bombeamento fck = 35 MPa - confecção em central dosadora de 40 m³/h - areia extraída e brita produzida","m³",{"v":259.7,"d":"259.70"},{"$nulls":4},316.32]
[1106282,"Concreto para bombeamento fck = 40 MPa - confecção em central dosadora de 30 m³/h - areia e brita comerciais","m³",418.87,{"$nulls":4},{"v":510.2,"d":"510.20"}]
[1106384,"Concreto para bombeamento fck = 40 MPa - confecção em central dosadora de 30 m³/h - areia extraída e brita produzida","m³",314.94,{"$nulls":4},{"v":383.6,"d":"383.60"}]
[1116266,"Concreto para bombeamento fck = 40 MPa - confecção em central dosadora de 40 m³/h - areia e brita comerciais","m³",388.24,{"$nulls":4},472.89]
[1116270,"Concreto para bombeamento fck = 40 MPa - confecção em central dosadora de 40 m³/h - areia extraída e brita produzida","m³",284.31,{"$nulls":4},{"v":346.3,"d":"346.30"}]
[1107868,"Concreto para sub-base adensado por vibração fck = 7,5 MPa - confecção em central dosadora de 30 m³/h - areia e brita comerciais","m³",285.41,{"$nulls":4},347.64]
[1107869,"Concreto para sub-base adensado por vibração fck = 7,5 MPa - confecção em central dosadora de 30 m³/h - areia extraída e brita produzida","m³",164.04,{"$nulls":4},199.81]
[1103853,"Concreto poroso para tubos de drenagem fck = 25 MPa - confecção em betoneira e lançamento manual - areia e brita comerciais","m³",363.32,{"$nulls":4},442.53]
[1103852,"Concreto poroso para tubos de drenagem fck = 25 MPa - confecção em betoneira e lançamento manual - areia extraída e brita produzida","m³",282.66,{"$nulls":4},344.29]
[1106284,"Concreto submerso fck = 20 MPa - confecção em central dosadora de 30 m³/h - areia e brita comerciais","m³",373.13,{"$nulls":4},454.48]
[1108116,"Concreto submerso fck = 25 MPa - confecção em central dosadora de 30 m³/h - areia e brita comerciais","m³",376.99,{"$nulls":4},459.18]
[1108118,"Concreto submerso fck = 30 MPa - confecção em central dosadora de 30 m³/h - areia e brita comerciais","m³",{"v":395.1,"d":"395.10"},{"$nulls":4},481.24]
[1106158,"Concreto submerso fck = 35 MPa - confecção em central dosadora de 30 m³/h - areia e brita comerciais","m³",419.85,{"$nulls":4},511.39]
[1108120,"Concreto submerso fck = 40 MPa - confecção em central dosadora de 30 m³/h - areia e brita comerciais","m³",447.52,{"$nulls":4},545.09]
[1106050,"Lançamento livre de concreto usinado por meio de caminhão betoneira - confecção em central dosadora de 30 m³/h","m³",38.01,{"$nulls":4},{"v":46.3,"d":"46.30"}]
[1106051,"Lançamento livre de concreto usinado por meio de caminhão betoneira - confecção em central dosadora de 40 m³/h","m³",31.71,{"$nulls":4},38.62]
[1106061,"Lançamento manual de concreto usinado - confecção em central dosadora de 30 m³/h","m³",{"v":44.1,"d":"44.10"},{"$nulls":4},53.71]
[1106087,"Lançamento manual de concreto usinado - confecção em central dosadora de 40 m³/h","m³",37.98,{"$nulls":4},46.26]
[1107860,"Lançamento mecânico de concreto com bomba lança sobre chassi com capacidade de 50 m³/h - confecção em central dosadora de 40 m³/h","m³",{"v":45.3,"d":"45.30"},{"$nulls":4},55.18]
[1106088,"Lançamento mecânico de concreto com bomba rebocável com capacidade de 30 m³/h - confecção em central dosadora de 30 m³/h","m³",{"v":46.8,"d":"46.80"},{"$nulls":4},{"v":57,"d":"57.00"}]
[1106128,"Lançamento mecânico de concreto com bomba rebocável com capacidade de 41 m³/h - confecção em central dosadora de 40 m³/h","m³",38.46,{"$nulls":4},46.84]
[1108056,"Microconcreto autoadensável para reparos e grauteamento - confecção em misturador e lançamento manual","m³",{"v":2255.31,"d":"2,255.31"},{"$nulls":4},{"v":2747.03,"d":"2,747.03"}]
[1108059,"Microconcreto para reparos e grauteamento - confecção em misturador e lançamento manual","m³",{"v":2727.03,"d":"2,727.03"},{"$nulls":4},{"v":3321.6,"d":"3,321.60"}]
[1207700,"Concreto fck = 20 MPa para projeção via seca - confecção em betoneira - areia e brita comerciais","m³",452.15,{"$nulls":4},550.73]
[1207701,"Concreto fck = 25 MPa para projeção via seca - confecção em betoneira - areia e brita comerciais","m³",480.02,{"$nulls":4},584.68]
[1207702,"Concreto fck = 30 MPa para projeção via seca - confecção em betoneira - areia e brita comerciais","m³",{"v":511.2,"d":"511.20"},{"$nulls":4},622.66]
[1207708,"Concreto fck = 30 MPa para projeção via úmida - confecção em central dosadora de 30 m³/h - areia e brita comerciais","m³",{"v":463.3,"d":"463.30"},{"$nulls":4},564.31]
[1207703,"Concreto fck = 40 MPa para projeção via seca - confecção em betoneira - areia e brita comerciais","m³",585.09,{"$nulls":4},712.65]
[1207709,"Concreto fck = 40 MPa para projeção via úmida - confecção em central dosadora de 30 m³/h - areia e brita comerciais","m³",531.04,{"$nulls":4},646.82]
[1207710,"Concreto projetado via seca fck = 20 MPa aplicado em pisos","m³",696.13,{"$nulls":4},{"v":847.9,"d":"847.90"}]
[1207711,"Concreto projetado via seca fck = 20 MPa aplicado em superfícies inclinadas e verticais","m³",868.96,{"$nulls":4},{"v":1058.42,"d":"1,058.42"}]
[1207713,"Concreto projetado via seca fck = 20 MPa aplicado em teto","m³",{"v":1318.39,"d":"1,318.39"},{"$nulls":4},{"v":1605.83,"d":"1,605.83"}]
[1207714,"Concreto projetado via seca fck = 25 MPa aplicado em pisos","m³",728.92,{"$nulls":4},887.84]
[1207715,"Concreto projetado via seca fck = 25 MPa aplicado em superfícies inclinadas e verticais","m³",908.78,{"$nulls":4},{"v":1106.92,"d":"1,106.92"}]
[1207717,"Concreto projetado via seca fck = 25 MPa aplicado em teto","m³",{"v":1374.13,"d":"1,374.13"},{"$nulls":4},{"v":1673.73,"d":"1,673.73"}]
[1207718,"Concreto projetado via seca fck = 30 MPa aplicado em pisos","m³",765.61,{"$nulls":4},932.53]
[1207719,"Concreto projetado via seca fck = 30 MPa aplicado em superfícies inclinadas e verticais","m³",953.33,{"$nulls":4},{"v":1161.18,"d":"1,161.18"}]
[1207721,"Concreto projetado via seca fck = 30 MPa aplicado em teto","m³",{"v":1436.5,"d":"1,436.50"},{"$nulls":4},{"v":1749.69,"d":"1,749.69"}]
[1207722,"Concreto projetado via seca fck = 40 MPa aplicado em pisos","m³",852.53,{"$nulls":4},{"v":1038.4,"d":"1,038.40"}]
[1207723,"Concreto projetado via seca fck = 40 MPa aplicado em superfícies inclinadas e verticais","m³",{"v":1058.88,"d":"1,058.88"},{"$nulls":4},{"v":1289.74,"d":"1,289.74"}]
[1207725,"Concreto projetado via seca fck = 40 MPa via seca aplicado em teto","m³",{"v":1584.26,"d":"1,584.26"},{"$nulls":4},{"v":1929.67,"d":"1,929.67"}]
[1207728,"Concreto projetado via úmida fck = 30 MPa aplicado em túneis classe I com seção de 20 a 40 m²","m³",703.23,{"$nulls":4},856.55]
[1207727,"Concreto projetado via úmida fck = 30 MPa aplicado em túneis classe I com seção de 40 a 60 m²","m³",684.78,{"$nulls":4},834.08]
[1207726,"Concreto projetado via úmida fck = 30 MPa aplicado em túneis classe I com seção de 60 a 90 m²","m³",670.03,{"$nulls":4},816.12]
[1208329,"Concreto projetado via úmida fck = 30 MPa aplicado em túneis classe I com seção superior a 90 m²","m³",653.06,{"$nulls":4},795.44]
[1207685,"Concreto projetado via úmida fck = 30 MPa aplicado em túneis classe II com seção de 20 a 40 m²","m³",741.78,{"$nulls":4},903.51]
[1207684,"Concreto projetado via úmida fck = 30 MPa aplicado em túneis classe II com seção de 40 a 60 m²","m³",717.41,{"$nulls":4},873.83]
[1207683,"Concreto projetado via úmida fck = 30 MPa aplicado em túneis classe II com seção de 60 a 90 m²","m³",698.84,{"$nulls":4},851.21]
[1208337,"Concreto projetado via úmida fck = 30 MPa aplicado em túneis classe II com seção superior a 90 m²","m³",679.11,{"$nulls":4},827.17]
[1207691,"Concreto projetado via úmida fck = 30 MPa aplicado em túneis classe III com seção de 20 a 40 m²","m³",788.65,{"$nulls":4},{"v":960.6,"d":"960.60"}]
[1207690,"Concreto projetado via úmida fck = 30 MPa aplicado em túneis classe III com seção de 40 a 60 m²","m³",755.48,{"$nulls":4},{"v":920.2,"d":"920.20"}]
[1207689,"Concreto projetado via úmida fck = 30 MPa aplicado em túneis classe III com seção de 60 a 90 m²","m³",727.59,{"$nulls":4},886.22]
[1208345,"Concreto projetado via úmida fck = 30 MPa aplicado em túneis classe III com seção superior a 90 m²","m³",{"v":704.6,"d":"704.60"},{"$nulls":4},858.22]
[1207697,"Concreto projetado via úmida fck = 30 MPa aplicado em túneis classe IV com seção de 20 a 40 m²","m³",848.34,{"$nulls":4},{"v":1033.3,"d":"1,033.30"}]
[1207696,"Concreto projetado via úmida fck = 30 MPa aplicado em túneis classe IV com seção de 40 a 60 m²","m³",800.93,{"$nulls":4},975.55]
[1207695,"Concreto projetado via úmida fck = 30 MPa aplicado em túneis classe IV com seção de 60 a 90 m²","m³",768.67,{"$nulls":4},936.26]
[1208353,"Concreto projetado via úmida fck = 30 MPa aplicado em túneis classe IV com seção superior a 90 m²","m³",736.24,{"$nulls":4},896.76]
[1207663,"Concreto projetado via úmida fck = 30 MPa aplicado em túneis classe V com seção de 20 a 40 m²","m³",918.92,{"$nulls":4},{"v":1119.27,"d":"1,119.27"}]
[1207662,"Concreto projetado via úmida fck = 30 MPa aplicado em túneis classe V com seção de 40 a 60 m²","m³",896.04,{"$nulls":4},{"v":1091.4,"d":"1,091.40"}]
[1207661,"Concreto projetado via úmida fck = 30 MPa aplicado em túneis classe V com seção de 60 a 90 m²","m³",877.73,{"$nulls":4},{"v":1069.1,"d":"1,069.10"}]
[1208361,"Concreto projetado via úmida fck = 30 MPa aplicado em túneis classe V com seção superior a 90 m²","m³",850.28,{"$nulls":4},{"v":1035.66,"d":"1,035.66"}]
[1207669,"Concreto projetado via úmida fck = 30 MPa aplicado em túneis classe VI com seção de 20 a 40 m²","m³",{"v":1021.61,"d":"1,021.61"},{"$nulls":4},{"v":1244.35,"d":"1,244.35"}]
[1207668,"Concreto projetado via úmida fck = 30 MPa aplicado em túneis classe VI com seção de 40 a 60 m²","m³",993.21,{"$nulls":4},{"v":1209.76,"d":"1,209.76"}]
[1207667,"Concreto projetado via úmida fck = 30 MPa aplicado em túneis classe VI com seção de 60 a 90 m²","m³",{"v":950.6,"d":"950.60"},{"$nulls":4},{"v":1157.86,"d":"1,157.86"}]
[1208369,"Concreto projetado via úmida fck = 30 MPa aplicado em túneis classe VI com seção superior a 90 m²","m³",{"v":908,"d":"908.00"},{"$nulls":4},{"v":1105.97,"d":"1,105.97"}]
[1207682,"Concreto projetado via úmida fck = 40 MPa aplicado em túneis classe I com seção de 20 a 40 m²","m³",782.92,{"$nulls":4},953.62]
[1207681,"Concreto projetado via úmida fck = 40 MPa aplicado em túneis classe I com seção de 40 a 60 m²","m³",764.47,{"$nulls":4},931.15]
[1207729,"Concreto projetado via úmida fck = 40 MPa aplicado em túneis classe I com seção de 60 a 90 m²","m³",749.73,{"$nulls":4},913.19]
[1208333,"Concreto projetado via úmida fck = 40 MPa aplicado em túneis classe I com seção superior a 90 m²","m³",732.75,{"$nulls":4},892.51]
[1207688,"Concreto projetado via úmida fck = 40 MPa aplicado em túneis classe II com seção de 20 a 40 m²","m³",823.89,{"$nulls":4},{"v":1003.52,"d":"1,003.52"}]
[1207687,"Concreto projetado via úmida fck = 40 MPa aplicado em túneis classe II com seção de 40 a 60 m²","m³",799.52,{"$nulls":4},973.84]
[1207686,"Concreto projetado via úmida fck = 40 MPa aplicado em túneis classe II com seção de 60 a 90 m²","m³",780.95,{"$nulls":4},951.22]
[1208341,"Concreto projetado via úmida fck = 40 MPa aplicado em túneis classe II com seção superior a 90 m²","m³",761.21,{"$nulls":4},927.18]
[1207694,"Concreto projetado via úmida fck = 40 MPa aplicado em túneis classe III com seção de 20 a 40 m²","m³",873.33,{"$nulls":4},{"v":1063.74,"d":"1,063.74"}]
[1207693,"Concreto projetado via úmida fck = 40 MPa aplicado em túneis classe III com seção de 40 a 60 m²","m³",840.15,{"$nulls":4},{"v":1023.33,"d":"1,023.33"}]
[1207692,"Concreto projetado via úmida fck = 40 MPa aplicado em túneis classe III com seção de 60 a 90 m²","m³",812.26,{"$nulls":4},989.36]
[1208349,"Concreto projetado via úmida fck = 40 MPa aplicado em túneis classe III com seção superior a 90 m²","m³",789.27,{"$nulls":4},961.35]
[1207660,"Concreto projetado via úmida fck = 40 MPa aplicado em túneis classe IV com seção de 20 a 40 m²","m³",935.74,{"$nulls":4},{"v":1139.76,"d":"1,139.76"}]
[1207699,"Concreto projetado via úmida fck = 40 MPa aplicado em túneis classe IV com seção de 40 a 60 m²","m³",888.33,{"$nulls":4},{"v":1082.01,"d":"1,082.01"}]
[1207698,"Concreto projetado via úmida fck = 40 MPa aplicado em túneis classe IV com seção de 60 a 90 m²","m³",856.07,{"$nulls":4},{"v":1042.72,"d":"1,042.72"}]
[1208357,"Concreto projetado via úmida fck = 40 MPa aplicado em túneis classe IV com seção superior a 90 m²","m³",823.65,{"$nulls":4},{"v":1003.23,"d":"1,003.23"}]
[1207666,"Concreto projetado via úmida fck = 40 MPa aplicado em túneis classe V com seção de 20 a 40 m²","m³",{"v":1009.24,"d":"1,009.24"},{"$nulls":4},{"v":1229.28,"d":"1,229.28"}]
[1207665,"Concreto projetado via úmida fck = 40 MPa aplicado em túneis classe V com seção de 40 a 60 m²","m³",986.36,{"$nulls":4},{"v":1201.41,"d":"1,201.41"}]
[1207664,"Concreto projetado via úmida fck = 40 MPa aplicado em túneis classe V com seção de 60 a 90 m²","m³",968.05,{"$nulls":4},{"v":1179.11,"d":"1,179.11"}]
[1208365,"Concreto projetado via úmida fck = 40 MPa aplicado em túneis classe V com seção superior a 90 m²","m³",{"v":940.6,"d":"940.60"},{"$nulls":4},{"v":1145.67,"d":"1,145.67"}]
[1207672,"Concreto projetado via úmida fck = 40 MPa aplicado em túneis classe VI com seção de 20 a 40 m²","m³",{"v":1115.05,"d":"1,115.05"},{"$nulls":4},{"v":1358.16,"d":"1,358.16"}]
[1207671,"Concreto projetado via úmida fck = 40 MPa aplicado em túneis classe VI com seção de 40 a 60 m²","m³",{"v":1086.64,"d":"1,086.64"},{"$nulls":4},{"v":1323.56,"d":"1,323.56"}]
[1207670,"Concreto projetado via úmida fck = 40 MPa aplicado em túneis classe VI com seção de 60 a 90 m²","m³",{"v":1044.04,"d":"1,044.04"},{"$nulls":4},{"v":1271.67,"d":"1,271.67"}]
[1208373,"Concreto projetado via úmida fck = 40 MPa aplicado em túneis classe VI com seção superior a 90 m²","m³",{"v":1001.43,"d":"1,001.43"},{"$nulls":4},{"v":1219.77,"d":"1,219.77"}]
[1400976,"Corte a plasma CNC em chapa com espessura de 6,3 a 10 mm","m",3.82,{"$nulls":4},4.65]
[1400970,"Corte a plasma manual em chapa de aço-carbono com espessura de 4 a 8 mm","m",1.77,{"$nulls":4},2.15]
[1400971,"Corte a plasma manual em chapa de aço-carbono com espessura de 9 a 25 mm","m",7.73,{"$nulls":4},9.41]
[1400972,"Corte a plasma manual em chapa de alumínio com espessura de 1,5 mm","m",1.72,{"$nulls":4},2.09]
[1416201,"Corte de barras de aço CA-50 com maçarico oxiacetileno","cm²",0.15,{"$nulls":4},0.18]
[1400969,"Corte de cantoneira de alumínio","un",0.11,{"$nulls":4},0.14]
[1400975,"Corte de chapa de aço com guilhotina hidráulica","m",3.29,{"$nulls":4},4.01]
[1416141,"Corte de chapas de aço com espessura de 12,5 mm com maçarico oxiacetileno","m",2.38,{"$nulls":4},{"v":2.9,"d":"2.90"}]
[1416142,"Corte de chapas de aço com espessura de 16 mm com maçarico oxiacetileno","m",3.65,{"$nulls":4},4.44]
[1400973,"Corte de chapas de aço com espessura de 3 mm com maçarico oxiacetileno","m",1.04,{"$nulls":4},1.27]
[1400974,"Corte de chapas de aço com espessura de 5 mm com maçarico oxiacetileno","m",1.22,{"$nulls":4},1.48]
[1416139,"Corte de chapas de aço com espessura de 6,3 mm com maçarico oxiacetileno","m",1.35,{"$nulls":4},1.65]
[1416202,"Corte de chapas de aço com espessura de 8 mm com maçarico oxiacetileno","m",1.56,{"$nulls":4},{"v":1.9,"d":"1.90"}]
[1416140,"Corte de chapas de aço com espessura de 9,5 mm com maçarico oxiacetileno","m",1.77,{"$nulls":4},2.16]
[1419543,"Corte de perfil metálico com máquina policorte com espessura de até 1/8\"","un",0.14,{"$nulls":4},0.17]
[1408173,"Corte de perfis metálicos com maçarico oxiacetileno","cm²",0.04,{"$nulls":4},0.05]
[1407063,"Corte de trilho TR45 com utilização de equipamento leve","un",6.16,{"$nulls":4},{"v":7.5,"d":"7.50"}]
[1407064,"Corte de trilho TR57 com utilização de equipamento leve","un",6.35,{"$nulls":4},7.74]
[1407065,"Corte de trilho TR68 com utilização de equipamento leve","un",6.49,{"$nulls":4},7.91]
[1407066,"Corte de trilho UIC60 com utilização de equipamento leve","un",{"v":6.4,"d":"6.40"},{"$nulls":4},7.79]
[1400977,"Dobramento de chapas metálicas com espessuras de 6,3 a 10 mm","m",2.73,{"$nulls":4},3.33]
[1407067,"Furação de trilho TR45 com utilização de equipamento leve","un",1.95,{"$nulls":4},2.38]
[1407068,"Furação de trilho TR57 com utilização de equipamento leve","un",2.19,{"$nulls":4},2.67]
[1407069,"Furação de trilho TR68 com utilização de equipamento leve","un",2.38,{"$nulls":4},{"v":2.9,"d":"2.90"}]
[1407070,"Furação de trilho UIC60 com utilização de equipamento leve","un",2.27,{"$nulls":4},2.76]
[1416257,"Solda com maçarico oxiacetileno de chapas de aço de 12,5 mm","m",173.26,{"$nulls":4},211.04]
[1416253,"Solda com maçarico oxiacetileno de chapas de aço de 16 mm","m",384.94,{"$nulls":4},468.87]
[1416254,"Solda com maçarico oxiacetileno de chapas de aço de 6,3 mm","m",34.19,{"$nulls":4},41.64]
[1416255,"Solda com maçarico oxiacetileno de chapas de aço de 8 mm","m",59.83,{"$nulls":4},72.87]
[1416256,"Solda com maçarico oxiacetileno de chapas de aço de 9,5 mm","m",91.57,{"$nulls":4},111.53]
[1408028,"Solda elétrica manual de perfis metálicos e chapas de aço com eletrodo E70XX para beneficiamento de aço naval","kg",{"v":168.9,"d":"168.90"},{"$nulls":4},205.73]
[1408027,"Solda tipo MIG/MAG automatizada","kg",97.48,{"$nulls":4},118.73]
[1400978,"Solda tipo MIG/MAG manual","kg",154.64,{"$nulls":4},188.36]
[1513941,"Contenção em areia-cimento ensacada com mistura de areia com 8% de cimento - confecção e assentamento","m³",393.21,{"$nulls":4},478.94]
[1513940,"Contenção em solo-cimento ensacado com mistura de solo de jazida com 8% de cimento - confecção e assentamento","m³",292.25,{"$nulls":4},355.97]
[1505879,"Enrocamento de pedra arrumada manualmente - pedra de mão comercial - fornecimento e assentamento","m³",{"v":243.3,"d":"243.30"},{"$nulls":4},296.35]
[1505878,"Enrocamento de pedra arrumada manualmente - pedra de mão produzida - confecção e assentamento","m³",142.53,{"$nulls":4},{"v":173.6,"d":"173.60"}]
[1505877,"Enrocamento de pedra espalhada e compactada mecanicamente - pedra de mão comercial - fornecimento e assentamento","m³",158.44,{"$nulls":4},192.98]
[1505860,"Enrocamento de pedra jogada - pedra de mão comercial - fornecimento e assentamento","m³",160.55,{"$nulls":4},195.56]
[1505859,"Enrocamento de pedra jogada - pedra de mão produzida - confecção e assentamento","m³",76.57,{"$nulls":4},93.26]
[1516204,"Fabricação de blocos segmentais de face pré-moldados - C = 40 cm, L = 40 cm e H = 20 cm - massa de 25 kg","un",4.73,{"$nulls":4},5.76]
[1516312,"Geocélula em PEAD, paredes perfuradas, soldadas - altura de 100 mm e 1.206 cm² de área de célula - fornecimento e instalação","m²",34.15,{"$nulls":4},{"v":41.6,"d":"41.60"}]
[1516304,"Geocélula em PEAD, paredes perfuradas, soldadas - altura de 100 mm e 289 cm² de área de célula - fornecimento e instalação","m²",43.77,{"$nulls":4},53.31]
[1516308,"Geocélula em PEAD, paredes perfuradas, soldadas - altura de 100 mm e 460 cm² de área de célula - fornecimento e instalação","m²",36.18,{"$nulls":4},44.07]
[1516313,"Geocélula em PEAD, paredes perfuradas, soldadas - altura de 150 mm e 1.206 cm² de área de célula - fornecimento e instalação","m²",40.74,{"$nulls":4},49.62]
[1516305,"Geocélula em PEAD, paredes perfuradas, soldadas - altura de 150 mm e 289 cm² de área de célula - fornecimento e instalação","m²",52.68,{"$nulls":4},64.16]
[1516309,"Geocélula em PEAD, paredes perfuradas, soldadas - altura de 150 mm e 460 cm² de área de célula - fornecimento e instalação","m²",43.14,{"$nulls":4},52.54]
[1516314,"Geocélula em PEAD, paredes perfuradas, soldadas - altura de 200 mm e 1.206 cm² de área de célula - fornecimento e instalação","m²",47.54,{"$nulls":4},{"v":57.9,"d":"57.90"}]
[1516306,"Geocélula em PEAD, paredes perfuradas, soldadas - altura de 200 mm e 289 cm² de área de célula - fornecimento e instalação","m²",62.14,{"$nulls":4},75.69]
[1516310,"Geocélula em PEAD, paredes perfuradas, soldadas - altura de 200 mm e 460 cm² de área de célula - fornecimento e instalação","m²",50.62,{"$nulls":4},61.66]
[1516311,"Geocélula em PEAD, paredes perfuradas, soldadas - altura de 75 mm e 1.206 cm² de área de célula - fornecimento e instalação","m²",26.21,{"$nulls":4},31.93]
[1516303,"Geocélula em PEAD, paredes perfuradas, soldadas - altura de 75 mm e 289 cm² de área de célula - fornecimento e instalação","m²",34.93,{"$nulls":4},42.55]
[1516307,"Geocélula em PEAD, paredes perfuradas, soldadas - altura de 75 mm e 460 cm² de área de célula - fornecimento e instalação","m²",28.95,{"$nulls":4},35.26]
[1516298,"Geogrelha unidirecional com resistência à tração de 100 kN/m - fornecimento e instalação","m²",23.96,{"$nulls":4},29.19]
[1516299,"Geogrelha unidirecional com resistência à tração de 150 kN/m - fornecimento e instalação","m²",25.68,{"$nulls":4},31.28]
[1516300,"Geogrelha unidirecional com resistência à tração de 200 kN/m - fornecimento e instalação","m²",33.88,{"$nulls":4},41.27]
[1516301,"Geogrelha unidirecional com resistência à tração de 300 kN/m - fornecimento e instalação","m²",50.35,{"$nulls":4},61.33]
[1516302,"Geogrelha unidirecional com resistência à tração de 400 kN/m - fornecimento e instalação","m²",66.72,{"$nulls":4},81.27]
[1516296,"Geogrelha unidirecional com resistência à tração de 50 kN/m - fornecimento e instalação","m²",17.86,{"$nulls":4},21.76]
[1516297,"Geogrelha unidirecional com resistência à tração de 90 kN/m - fornecimento e instalação","m²",23.14,{"$nulls":4},28.19]
[1505847,"Muro em blocos segmentais de face pré-moldados - C = 40 cm, L = 40 cm, e H = 20 cm com altura de 4 a 6 m - confecção e assentamento","m²",149.68,{"$nulls":4},182.31]
[1505848,"Muro em blocos segmentais de face pré-moldados - C = 40 cm, L = 40 cm, e H = 20 cm com altura de 6 a 8 m - confecção e assentamento","m²",146.06,{"$nulls":4},{"v":177.9,"d":"177.90"}]
[1505849,"Muro em blocos segmentais de face pré-moldados - C = 40 cm, L = 40 cm, e H = 20 cm com altura de 8 a 10 m - confecção e assentamento","m²",144.04,{"$nulls":4},175.44]
[1505930,"Muro em blocos segmentais de face pré-moldados - C = 40 cm, L = 40 cm, e H = 20 cm com altura de até 4 m - confecção e assentamento","m²",{"v":168.7,"d":"168.70"},{"$nulls":4},205.48]
[1506055,"Pedra argamassada com cimento e areia 1:3 - areia e pedra de mão comercial - fornecimento e assentamento","m³",363.66,{"$nulls":4},442.95]
[1506056,"Pedra argamassada com cimento e areia 1:3 - areia extraída e pedra de mão produzida - confecção e assentamento","m³",{"v":233.7,"d":"233.70"},{"$nulls":4},284.65]
[1516318,"Tela metálica dobrada em L para muro em solo reforçado - C = 200 cm, L = 40 cm e H = 40 cm - fornecimento e instalação","m²",440.79,{"$nulls":4},{"v":536.9,"d":"536.90"}]
[1516317,"Tela metálica dobrada em L para muro em solo reforçado - C = 200 cm, L = 50 cm e H = 50 cm - fornecimento e instalação","m²",488.65,{"$nulls":4},595.19]
[1600965,"Abertura em muro de alvenaria de pedra argamassada com martelete","m³",80.42,{"$nulls":4},97.95]
[1600408,"Apicoamento manual de concreto","m²",15.13,{"$nulls":4},18.43]
[1600990,"Demolição de concreto armado com martelete e corte oxiacetileno","m³",605.32,{"$nulls":4},{"v":737.3,"d":"737.30"}]
[1600989,"Demolição de concreto simples com martelete","m³",325.21,{"$nulls":4},396.11]
[1600438,"Demolição manual de concreto armado","m³",479.55,{"$nulls":4},{"v":584.1,"d":"584.10"}]
[1600436,"Demolição manual de concreto simples","m³",327.93,{"$nulls":4},399.43]
[1600895,"Demolição manual de construções provisórias de madeira - sem reaproveitamento","m²",11.78,{"$nulls":4},14.35]
[1600897,"Demolição manual de construções provisórias de madeira, sem fechamento lateral e sem pavimentação","m²",3.14,{"$nulls":4},3.83]
[1619004,"Demolição mecânica de alvenaria com carregadeira de pneus","m³",5.92,{"$nulls":4},7.21]
[1600896,"Demolição mecânica de alvenaria com escavadeira hidráulica","m²",13.62,{"$nulls":4},16.59]
[1619003,"Demolição mecânica de concreto armado com escavadeira hidráulica","m³",62.59,{"$nulls":4},76.24]
[1600414,"Fresagem de piso de concreto","m²",0.91,{"$nulls":4},1.11]
[1608148,"Perfuração em concreto com coroa diamantada - D = 100 mm","m",369.77,{"$nulls":4},450.39]
[1608021,"Perfuração em concreto com coroa diamantada - D = 16 mm","m",95.56,{"$nulls":4},116.39]
[1608024,"Perfuração em concreto com coroa diamantada - D = 20 mm","m",98.83,{"$nulls":4},120.38]
[1608026,"Perfuração em concreto com coroa diamantada - D = 25 mm","m",122.15,{"$nulls":4},148.78]
[1608142,"Perfuração em concreto com coroa diamantada - D = 32 mm","m",146.48,{"$nulls":4},178.42]
[1608143,"Perfuração em concreto com coroa diamantada - D = 38 mm","m",149.39,{"$nulls":4},181.96]
[1608144,"Perfuração em concreto com coroa diamantada - D = 44 mm","m",{"v":161.4,"d":"161.40"},{"$nulls":4},196.59]
[1608145,"Perfuração em concreto com coroa diamantada - D = 50 mm","m",{"v":167.7,"d":"167.70"},{"$nulls":4},204.26]
[1608146,"Perfuração em concreto com coroa diamantada - D = 63 mm","m",180.86,{"$nulls":4},220.29]
[1608147,"Perfuração em concreto com coroa diamantada - D = 75 mm","m",270.06,{"$nulls":4},328.94]
[1608019,"Perfuração em concreto com martelete elétrico - D = 10 mm","m",15.52,{"$nulls":4},{"v":18.9,"d":"18.90"}]
[1608020,"Perfuração em concreto com martelete elétrico - D = 13,0 mm","m",24.14,{"$nulls":4},{"v":29.4,"d":"29.40"}]
[1608025,"Perfuração em concreto com martelete elétrico - D = 14 mm","m",29.31,{"$nulls":4},{"v":35.7,"d":"35.70"}]
[1600966,"Remoção de cerca com mourões de concreto","m",0.62,{"$nulls":4},0.75]
[1600898,"Remoção de painel publicitário, tipo outdoor, com estrutura e suportes em madeira","m²",10.11,{"$nulls":4},12.31]
[1600441,"Remoção de paralelepípedos","m²",3.29,{"$nulls":4},4.01]
[1600404,"Remoção de tubos de concreto com diâmetro de 0,40 m a 1,00 m em valas e bueiros","m",8.28,{"$nulls":4},10.08]
[1600405,"Remoção de tubos de concreto com diâmetro de 1,20 m a 1,50 m em valas e bueiros","m",9.19,{"$nulls":4},11.19]
[1716605,"Derrocagem subaquática de material de 3ª categoria - carga e limpeza - plataforma com clamshell - flutuante e batelão rebocado de 100 t montado na obra - DMT até 200 m","m³",89.66,{"$nulls":4},109.21]
[1716610,"Derrocagem subaquática de material de 3ª categoria - carga e limpeza - plataforma com clamshell - flutuante e batelão rebocado de 100 t montado na obra - DMT de 1.000 a 1200 m","m³",93.12,{"$nulls":4},113.42]
[1716611,"Derrocagem subaquática de material de 3ª categoria - carga e limpeza - plataforma com clamshell - flutuante e batelão rebocado de 100 t montado na obra - DMT de 1.200 a 1.400 m","m³",93.54,{"$nulls":4},113.94]
[1716612,"Derrocagem subaquática de material de 3ª categoria - carga e limpeza - plataforma com clamshell - flutuante e batelão rebocado de 100 t montado na obra - DMT de 1.400 a 1.600 m","m³",93.98,{"$nulls":4},114.47]
[1716613,"Derrocagem subaquática de material de 3ª categoria - carga e limpeza - plataforma com clamshell - flutuante e batelão rebocado de 100 t montado na obra - DMT de 1.600 a 1.800 m","m³",94.41,{"$nulls":4},114.99]
[1716614,"Derrocagem subaquática de material de 3ª categoria - carga e limpeza - plataforma com clamshell - flutuante e batelão rebocado de 100 t montado na obra - DMT de 1.800 a 2.000 m","m³",95.28,{"$nulls":4},116.05]
[1716615,"Derrocagem subaquática de material de 3ª categoria - carga e limpeza - plataforma com clamshell - flutuante e batelão rebocado de 100 t montado na obra - DMT de 2.000 a 2.500 m","m³",96.14,{"$nulls":4},{"v":117.1,"d":"117.10"}]
[1716616,"Derrocagem subaquática de material de 3ª categoria - carga e limpeza - plataforma com clamshell - flutuante e batelão rebocado de 100 t montado na obra - DMT de 2.500 a 3.000 m","m³",97.44,{"$nulls":4},118.68]
[1716606,"Derrocagem subaquática de material de 3ª categoria - carga e limpeza - plataforma com clamshell - flutuante e batelão rebocado de 100 t montado na obra - DMT de 200 a 400 m","m³",90.96,{"$nulls":4},110.79]
[1716617,"Derrocagem subaquática de material de 3ª categoria - carga e limpeza - plataforma com clamshell - flutuante e batelão rebocado de 100 t montado na obra - DMT de 3.000 m","m³",{"v":98.3,"d":"98.30"},{"$nulls":4},119.73]
[1716607,"Derrocagem subaquática de material de 3ª categoria - carga e limpeza - plataforma com clamshell - flutuante e batelão rebocado de 100 t montado na obra - DMT de 400 a 600 m","m³",91.39,{"$nulls":4},111.31]
[1716608,"Derrocagem subaquática de material de 3ª categoria - carga e limpeza - plataforma com clamshell - flutuante e batelão rebocado de 100 t montado na obra - DMT de 600 a 800 m","m³",92.25,{"$nulls":4},112.36]
[1716609,"Derrocagem subaquática de material de 3ª categoria - carga e limpeza - plataforma com clamshell - flutuante e batelão rebocado de 100 t montado na obra - DMT de 800 a 1.000 m","m³",92.68,{"$nulls":4},112.89]
[1716604,"Derrocagem subaquática de material de 3ª categoria - carga e limpeza - plataforma com clamshell - flutuante montado na obra - sem transporte","m³",51.09,{"$nulls":4},62.23]
[1716623,"Derrocagem subaquática de material de 3ª categoria - carga e limpeza - plataforma flutuante com clamshell - sem transporte","m³",50.14,{"$nulls":4},61.07]
[1716624,"Derrocagem subaquática de material de 3ª categoria - carga e limpeza - plataforma flutuante com clamshell e batelão rebocado de 100 t - DMT até 200 m","m³",88.71,{"$nulls":4},108.05]
[1716629,"Derrocagem subaquática de material de 3ª categoria - carga e limpeza - plataforma flutuante com clamshell e batelão rebocado de 100 t - DMT de 1.000 a 1.200 m","m³",92.16,{"$nulls":4},112.25]
[1716630,"Derrocagem subaquática de material de 3ª categoria - carga e limpeza - plataforma flutuante com clamshell e batelão rebocado de 100 t - DMT de 1.200 a 1.400 m","m³",92.59,{"$nulls":4},112.78]
[1716631,"Derrocagem subaquática de material de 3ª categoria - carga e limpeza - plataforma flutuante com clamshell e batelão rebocado de 100 t - DMT de 1.400 a 1.600 m","m³",93.03,{"$nulls":4},113.31]
[1716632,"Derrocagem subaquática de material de 3ª categoria - carga e limpeza - plataforma flutuante com clamshell e batelão rebocado de 100 t - DMT de 1.600 a 1.800 m","m³",93.45,{"$nulls":4},113.83]
[1716633,"Derrocagem subaquática de material de 3ª categoria - carga e limpeza - plataforma flutuante com clamshell e batelão rebocado de 100 t - DMT de 1.800 a 2.000 m","m³",94.32,{"$nulls":4},114.88]
[1716634,"Derrocagem subaquática de material de 3ª categoria - carga e limpeza - plataforma flutuante com clamshell e batelão rebocado de 100 t - DMT de 2.000 a 2.500 m","m³",95.19,{"$nulls":4},115.94]
[1716635,"Derrocagem subaquática de material de 3ª categoria - carga e limpeza - plataforma flutuante com clamshell e batelão rebocado de 100 t - DMT de 2.500 a 3.000 m","m³",96.48,{"$nulls":4},117.51]
[1716625,"Derrocagem subaquática de material de 3ª categoria - carga e limpeza - plataforma flutuante com clamshell e batelão rebocado de 100 t - DMT de 200 a 400 m","m³",{"v":90,"d":"90.00"},{"$nulls":4},109.62]
[1716636,"Derrocagem subaquática de material de 3ª categoria - carga e limpeza - plataforma flutuante com clamshell e batelão rebocado de 100 t - DMT de 3.000 m","m³",97.34,{"$nulls":4},118.56]
[1716626,"Derrocagem subaquática de material de 3ª categoria - carga e limpeza - plataforma flutuante com clamshell e batelão rebocado de 100 t - DMT de 400 a 600 m","m³",90.43,{"$nulls":4},110.15]
[1716627,"Derrocagem subaquática de material de 3ª categoria - carga e limpeza - plataforma flutuante com clamshell e batelão rebocado de 100 t - DMT de 600 a 800 m","m³",{"v":91.3,"d":"91.30"},{"$nulls":4},{"v":111.2,"d":"111.20"}]
[1716628,"Derrocagem subaquática de material de 3ª categoria - carga e limpeza - plataforma flutuante com clamshell e batelão rebocado de 100 t - DMT de 800 a 1.000 m","m³",91.73,{"$nulls":4},111.73]
[1716640,"Derrocagem subaquática de material de 3ª categoria - carga e limpeza com draga backhoe de 7 m³ - sem transporte","m³",25.25,{"$nulls":4},30.76]
[1716641,"Derrocagem subaquática de material de 3ª categoria - carga e limpeza com draga backhoe de 7 m³ - transporte com batelão autopropelido de 300 m³ - DMT até 200 m","m³",32.56,{"$nulls":4},39.66]
[1716646,"Derrocagem subaquática de material de 3ª categoria - carga e limpeza com draga backhoe de 7 m³ - transporte com batelão autopropelido de 300 m³ - DMT de 1.000 a 1.200 m","m³",33.02,{"$nulls":4},40.22]
[1716647,"Derrocagem subaquática de material de 3ª categoria - carga e limpeza com draga backhoe de 7 m³ - transporte com batelão autopropelido de 300 m³ - DMT de 1.200 a 1.400 m","m³",33.07,{"$nulls":4},40.28]
[1716648,"Derrocagem subaquática de material de 3ª categoria - carga e limpeza com draga backhoe de 7 m³ - transporte com batelão autopropelido de 300 m³ - DMT de 1.400 a 1.600 m","m³",33.16,{"$nulls":4},40.39]
[1716649,"Derrocagem subaquática de material de 3ª categoria - carga e limpeza com draga backhoe de 7 m³ - transporte com batelão autopropelido de 300 m³ - DMT de 1.600 a 1.800 m","m³",{"v":33.2,"d":"33.20"},{"$nulls":4},40.44]
[1716650,"Derrocagem subaquática de material de 3ª categoria - carga e limpeza com draga backhoe de 7 m³ - transporte com batelão autopropelido de 300 m³ - DMT de 1.800 a 2.000 m","m³",{"v":33.3,"d":"33.30"},{"$nulls":4},40.56]
[1716651,"Derrocagem subaquática de material de 3ª categoria - carga e limpeza com draga backhoe de 7 m³ - transporte com batelão autopropelido de 300 m³ - DMT de 2.000 a 2.500 m","m³",33.39,{"$nulls":4},40.67]
[1716652,"Derrocagem subaquática de material de 3ª categoria - carga e limpeza com draga backhoe de 7 m³ - transporte com batelão autopropelido de 300 m³ - DMT de 2.500 a 3.000 m","m³",33.57,{"$nulls":4},40.89]
[1716642,"Derrocagem subaquática de material de 3ª categoria - carga e limpeza com draga backhoe de 7 m³ - transporte com batelão autopropelido de 300 m³ - DMT de 200 a 400 m","m³",{"v":32.7,"d":"32.70"},{"$nulls":4},39.83]
[1716653,"Derrocagem subaquática de material de 3ª categoria - carga e limpeza com draga backhoe de 7 m³ - transporte com batelão autopropelido de 300 m³ - DMT de 3.000 m","m³",33.71,{"$nulls":4},41.06]
[1716643,"Derrocagem subaquática de material de 3ª categoria - carga e limpeza com draga backhoe de 7 m³ - transporte com batelão autopropelido de 300 m³ - DMT de 400 a 600 m","m³",32.79,{"$nulls":4},39.94]
[1716644,"Derrocagem subaquática de material de 3ª categoria - carga e limpeza com draga backhoe de 7 m³ - transporte com batelão autopropelido de 300 m³ - DMT de 600 a 800 m","m³",32.88,{"$nulls":4},40.05]
[1716645,"Derrocagem subaquática de material de 3ª categoria - carga e limpeza com draga backhoe de 7 m³ - transporte com batelão autopropelido de 300 m³ - DMT de 800 a 1.000 m","m³",32.93,{"$nulls":4},40.11]
[1716622,"Derrocagem subaquática de material de 3ª categoria - malha de 1,5 m² - perfuração e detonação - plataforma autoelevatória com três torres de perfuração","m³",68.27,{"$nulls":4},83.15]
[1716603,"Derrocagem subaquática de material de 3ª categoria - malha de 1,5 m² - perfuração e detonação - plataforma autoelevatória montada na obra com três torres de perfuração","m³",68.27,{"$nulls":4},83.15]
[1716620,"Derrocagem subaquática de material de 3ª categoria - malha de 1,5 m² - perfuração e detonação - plataforma flutuante com duas torres de perfuração","m³",94.03,{"$nulls":4},114.53]
[1716621,"Derrocagem subaquática de material de 3ª categoria - malha de 1,5 m² - perfuração e detonação - plataforma flutuante com três torres de perfuração","m³",73.82,{"$nulls":4},89.91]
[1716619,"Derrocagem subaquática de material de 3ª categoria - malha de 1,5 m² - perfuração e detonação - plataforma flutuante com uma torre de perfuração","m³",154.72,{"$nulls":4},188.45]
[1716601,"Derrocagem subaquática de material de 3ª categoria - malha de 1,5 m² - perfuração e detonação - plataforma montada na obra com duas torres de perfuração","m³",95.31,{"$nulls":4},116.09]
[1716602,"Derrocagem subaquática de material de 3ª categoria - malha de 1,5 m² - perfuração e detonação - plataforma montada na obra com três torres de perfuração","m³",74.67,{"$nulls":4},90.95]
[1716600,"Derrocagem subaquática de material de 3ª categoria - malha de 1,5 m² - perfuração e detonação - plataforma montada na obra com uma torre de perfuração","m³",157.27,{"$nulls":4},191.56]
[1716655,"Derrocagem subaquática de material de 3ª categoria - malha de 2,5 m² - perfuração e detonação - plataforma com duas torres de perfuração","m³",55.48,{"$nulls":4},67.58]
[1716639,"Derrocagem subaquática de material de 3ª categoria - malha de 4,0 m² - perfuração e detonação - plataforma com duas torres de perfuração","m³",38.95,{"$nulls":4},47.44]
[1801636,"Levantamento batimétrico monofeixe longitudinal","km",14.62,{"$nulls":4},17.81]
[1801637,"Levantamento batimétrico monofeixe transversal","km",{"v":19.5,"d":"19.50"},{"$nulls":4},23.75]
[1817720,"Levantamento batimétrico multifeixe","km",73.87,{"$nulls":4},89.98]
[1817723,"Levantamento hidrométrico com ADCP em rios com velocidade de corrente acima de 1,5 m/s","km",35.17,{"$nulls":4},42.84]
[1817721,"Levantamento hidrométrico com ADCP em rios com velocidade de corrente de 0,5 a 1,0 m/s","km",105.51,{"$nulls":4},128.51]
[1817722,"Levantamento hidrométrico com ADCP em rios com velocidade de corrente de 1,0 a 1,5 m/s","km",52.76,{"$nulls":4},64.26]
[1917483,"Dragagem de areia fina com draga de sucção e recalque - bomba de 1.350 kW e cortador de 170 kW - distância de recalque de 1.100 a 1.300 m","m³",3.65,{"$nulls":4},4.44]
[1917484,"Dragagem de areia fina com draga de sucção e recalque - bomba de 1.350 kW e cortador de 170 kW - distância de recalque de 1.300 a 1.500 m","m³",3.79,{"$nulls":4},4.62]
[1917485,"Dragagem de areia fina com draga de sucção e recalque - bomba de 1.350 kW e cortador de 170 kW - distância de recalque de 1.500 a 1.700 m","m³",4.21,{"$nulls":4},5.13]
[1917486,"Dragagem de areia fina com draga de sucção e recalque - bomba de 1.350 kW e cortador de 170 kW - distância de recalque de 1.700 a 1.900 m","m³",4.39,{"$nulls":4},5.35]
[1917487,"Dragagem de areia fina com draga de sucção e recalque - bomba de 1.350 kW e cortador de 170 kW - distância de recalque de 1.900 a 2.100 m","m³",4.63,{"$nulls":4},5.64]
[1917528,"Dragagem de areia fina com draga de sucção e recalque - bomba de 1.350 kW e cortador de 170 kW - distância de recalque de 10.100 a 10.300 m","m³",24.27,{"$nulls":4},29.56]
[1917529,"Dragagem de areia fina com draga de sucção e recalque - bomba de 1.350 kW e cortador de 170 kW - distância de recalque de 10.300 a 10.500 m","m³",25.07,{"$nulls":4},30.54]
[1917530,"Dragagem de areia fina com draga de sucção e recalque - bomba de 1.350 kW e cortador de 170 kW - distância de recalque de 10.500 a 10.700 m","m³",26.36,{"$nulls":4},32.11]
[1917531,"Dragagem de areia fina com draga de sucção e recalque - bomba de 1.350 kW e cortador de 170 kW - distância de recalque de 10.700 a 10.900 m","m³",27.73,{"$nulls":4},33.77]
[1917532,"Dragagem de areia fina com draga de sucção e recalque - bomba de 1.350 kW e cortador de 170 kW - distância de recalque de 10.900 a 11.100 m","m³",29.24,{"$nulls":4},35.62]
[1917533,"Dragagem de areia fina com draga de sucção e recalque - bomba de 1.350 kW e cortador de 170 kW - distância de recalque de 11.100 a 11.300 m","m³",30.08,{"$nulls":4},36.64]
[1917534,"Dragagem de areia fina com draga de sucção e recalque - bomba de 1.350 kW e cortador de 170 kW - distância de recalque de 11.300 a 11.500 m","m³",30.94,{"$nulls":4},37.68]
[1917535,"Dragagem de areia fina com draga de sucção e recalque - bomba de 1.350 kW e cortador de 170 kW - distância de recalque de 11.500 a 11.700 m","m³",32.08,{"$nulls":4},39.08]
[1917536,"Dragagem de areia fina com draga de sucção e recalque - bomba de 1.350 kW e cortador de 170 kW - distância de recalque de 11.700 a 11.900 m","m³",33.05,{"$nulls":4},40.26]
[1917537,"Dragagem de areia fina com draga de sucção e recalque - bomba de 1.350 kW e cortador de 170 kW - distância de recalque de 11.900 a 12.100 m","m³",34.06,{"$nulls":4},41.49]
[1917488,"Dragagem de areia fina com draga de sucção e recalque - bomba de 1.350 kW e cortador de 170 kW - distância de recalque de 2.100 a 2.300 m","m³",4.81,{"$nulls":4},5.86]
[1917489,"Dragagem de areia fina com draga de sucção e recalque - bomba de 1.350 kW e cortador de 170 kW - distância de recalque de 2.300 a 2.500 m","m³",5.04,{"$nulls":4},6.14]
[1917490,"Dragagem de areia fina com draga de sucção e recalque - bomba de 1.350 kW e cortador de 170 kW - distância de recalque de 2.500 a 2.700 m","m³",5.43,{"$nulls":4},6.61]
[1917491,"Dragagem de areia fina com draga de sucção e recalque - bomba de 1.350 kW e cortador de 170 kW - distância de recalque de 2.700 a 2.900 m","m³",5.68,{"$nulls":4},6.92]
[1917492,"Dragagem de areia fina com draga de sucção e recalque - bomba de 1.350 kW e cortador de 170 kW - distância de recalque de 2.900 a 3.100 m","m³",5.88,{"$nulls":4},7.16]
[1917493,"Dragagem de areia fina com draga de sucção e recalque - bomba de 1.350 kW e cortador de 170 kW - distância de recalque de 3.100 a 3.300 m","m³",6.15,{"$nulls":4},7.49]
[1917494,"Dragagem de areia fina com draga de sucção e recalque - bomba de 1.350 kW e cortador de 170 kW - distância de recalque de 3.300 a 3.500 m","m³",6.42,{"$nulls":4},7.82]
[1917495,"Dragagem de areia fina com draga de sucção e recalque - bomba de 1.350 kW e cortador de 170 kW - distância de recalque de 3.500 a 3.700 m","m³",6.85,{"$nulls":4},8.34]
[1917496,"Dragagem de areia fina com draga de sucção e recalque - bomba de 1.350 kW e cortador de 170 kW - distância de recalque de 3.700 a 3.900 m","m³",{"v":7.1,"d":"7.10"},{"$nulls":4},8.65]
[1917497,"Dragagem de areia fina com draga de sucção e recalque - bomba de 1.350 kW e cortador de 170 kW - distância de recalque de 3.900 a 4.100 m","m³",7.36,{"$nulls":4},8.97]
[1917498,"Dragagem de areia fina com draga de sucção e recalque - bomba de 1.350 kW e cortador de 170 kW - distância de recalque de 4.100 a 4.300 m","m³",7.64,{"$nulls":4},{"v":9.3,"d":"9.30"}]
[1917499,"Dragagem de areia fina com draga de sucção e recalque - bomba de 1.350 kW e cortador de 170 kW - distância de recalque de 4.300 a 4.500 m","m³",7.85,{"$nulls":4},9.56]
[1917500,"Dragagem de areia fina com draga de sucção e recalque - bomba de 1.350 kW e cortador de 170 kW - distância de recalque de 4.500 a 4.700 m","m³",8.32,{"$nulls":4},10.14]
[1917501,"Dragagem de areia fina com draga de sucção e recalque - bomba de 1.350 kW e cortador de 170 kW - distância de recalque de 4.700 a 4.900 m","m³",{"v":8.6,"d":"8.60"},{"$nulls":4},10.47]
[1917502,"Dragagem de areia fina com draga de sucção e recalque - bomba de 1.350 kW e cortador de 170 kW - distância de recalque de 4.900 a 5.100 m","m³",8.87,{"$nulls":4},{"v":10.8,"d":"10.80"}]
[1917503,"Dragagem de areia fina com draga de sucção e recalque - bomba de 1.350 kW e cortador de 170 kW - distância de recalque de 5.100 a 5.300 m","m³",9.15,{"$nulls":4},11.14]
[1917504,"Dragagem de areia fina com draga de sucção e recalque - bomba de 1.350 kW e cortador de 170 kW - distância de recalque de 5.300 a 5.500 m","m³",9.43,{"$nulls":4},11.49]
[1917505,"Dragagem de areia fina com draga de sucção e recalque - bomba de 1.350 kW e cortador de 170 kW - distância de recalque de 5.500 a 5.700 m","m³",9.93,{"$nulls":4},12.09]
[1917506,"Dragagem de areia fina com draga de sucção e recalque - bomba de 1.350 kW e cortador de 170 kW - distância de recalque de 5.700 a 5.900 m","m³",10.21,{"$nulls":4},12.43]
[1917507,"Dragagem de areia fina com draga de sucção e recalque - bomba de 1.350 kW e cortador de 170 kW - distância de recalque de 5.900 a 6.100 m","m³",{"v":10.5,"d":"10.50"},{"$nulls":4},12.79]
[1917480,"Dragagem de areia fina com draga de sucção e recalque - bomba de 1.350 kW e cortador de 170 kW - distância de recalque de 500 a 700 m","m³",3.14,{"$nulls":4},3.83]
[1917508,"Dragagem de areia fina com draga de sucção e recalque - bomba de 1.350 kW e cortador de 170 kW - distância de recalque de 6.100 a 6.300 m","m³",{"v":10.8,"d":"10.80"},{"$nulls":4},13.15]
[1917509,"Dragagem de areia fina com draga de sucção e recalque - bomba de 1.350 kW e cortador de 170 kW - distância de recalque de 6.300 a 6.500 m","m³",11.16,{"$nulls":4},13.59]
[1917510,"Dragagem de areia fina com draga de sucção e recalque - bomba de 1.350 kW e cortador de 170 kW - distância de recalque de 6.500 a 6.700 m","m³",11.67,{"$nulls":4},14.22]
[1917511,"Dragagem de areia fina com draga de sucção e recalque - bomba de 1.350 kW e cortador de 170 kW - distância de recalque de 6.700 a 6.900 m","m³",11.99,{"$nulls":4},14.61]
[1917512,"Dragagem de areia fina com draga de sucção e recalque - bomba de 1.350 kW e cortador de 170 kW - distância de recalque de 6.900 a 7.100 m","m³",12.39,{"$nulls":4},15.09]
[1917513,"Dragagem de areia fina com draga de sucção e recalque - bomba de 1.350 kW e cortador de 170 kW - distância de recalque de 7.100 a 7.300 m","m³",12.74,{"$nulls":4},15.52]
[1917514,"Dragagem de areia fina com draga de sucção e recalque - bomba de 1.350 kW e cortador de 170 kW - distância de recalque de 7.300 a 7.500 m","m³",13.17,{"$nulls":4},16.04]
[1917515,"Dragagem de areia fina com draga de sucção e recalque - bomba de 1.350 kW e cortador de 170 kW - distância de recalque de 7.500 a 7.700 m","m³",13.82,{"$nulls":4},16.83]
[1917516,"Dragagem de areia fina com draga de sucção e recalque - bomba de 1.350 kW e cortador de 170 kW - distância de recalque de 7.700 a 7.900 m","m³",14.28,{"$nulls":4},17.39]
[1917517,"Dragagem de areia fina com draga de sucção e recalque - bomba de 1.350 kW e cortador de 170 kW - distância de recalque de 7.900 a 8.100 m","m³",14.91,{"$nulls":4},18.16]
[1917481,"Dragagem de areia fina com draga de sucção e recalque - bomba de 1.350 kW e cortador de 170 kW - distância de recalque de 700 a 900 m","m³",3.28,{"$nulls":4},{"v":4,"d":"4.00"}]
[1917518,"Dragagem de areia fina com draga de sucção e recalque - bomba de 1.350 kW e cortador de 170 kW - distância de recalque de 8.100 a 8.300 m","m³",15.52,{"$nulls":4},{"v":18.9,"d":"18.90"}]
[1917519,"Dragagem de areia fina com draga de sucção e recalque - bomba de 1.350 kW e cortador de 170 kW - distância de recalque de 8.300 a 8.500 m","m³",16.29,{"$nulls":4},19.84]
[1917520,"Dragagem de areia fina com draga de sucção e recalque - bomba de 1.350 kW e cortador de 170 kW - distância de recalque de 8.500 a 8.700 m","m³",17.18,{"$nulls":4},20.93]
[1917521,"Dragagem de areia fina com draga de sucção e recalque - bomba de 1.350 kW e cortador de 170 kW - distância de recalque de 8.700 a 8.900 m","m³",17.91,{"$nulls":4},21.82]
[1917522,"Dragagem de areia fina com draga de sucção e recalque - bomba de 1.350 kW e cortador de 170 kW - distância de recalque de 8.900 a 9.100 m","m³",18.73,{"$nulls":4},22.81]
[1917523,"Dragagem de areia fina com draga de sucção e recalque - bomba de 1.350 kW e cortador de 170 kW - distância de recalque de 9.100 a 9.300 m","m³",19.56,{"$nulls":4},23.82]
[1917524,"Dragagem de areia fina com draga de sucção e recalque - bomba de 1.350 kW e cortador de 170 kW - distância de recalque de 9.300 a 9.500 m","m³",20.44,{"$nulls":4},{"v":24.9,"d":"24.90"}]
[1917525,"Dragagem de areia fina com draga de sucção e recalque - bomba de 1.350 kW e cortador de 170 kW - distância de recalque de 9.500 a 9.700 m","m³",21.53,{"$nulls":4},26.23]
[1917526,"Dragagem de areia fina com draga de sucção e recalque - bomba de 1.350 kW e cortador de 170 kW - distância de recalque de 9.700 a 9.900 m","m³",22.36,{"$nulls":4},27.24]
[1917527,"Dragagem de areia fina com draga de sucção e recalque - bomba de 1.350 kW e cortador de 170 kW - distância de recalque de 9.900 a 10.100 m","m³",23.18,{"$nulls":4},28.23]
[1917482,"Dragagem de areia fina com draga de sucção e recalque - bomba de 1.350 kW e cortador de 170 kW - distância de recalque de 900 a 1.100 m","m³",3.43,{"$nulls":4},4.18]
[1917737,"Dragagem de areia fina com draga de sucção e recalque - bomba de 1.350 kW e cortador de 170 kW - distância de recalque de até 500 m","m³",3.12,{"$nulls":4},{"v":3.8,"d":"3.80"}]
[1917220,"Dragagem de areia fina com draga de sucção e recalque - bomba de 294 kW e cortador de 30 kW - distância de recalque de 1.100 a 1.300 m","m³",5.24,{"$nulls":4},6.38]
[1917221,"Dragagem de areia fina com draga de sucção e recalque - bomba de 294 kW e cortador de 30 kW - distância de recalque de 1.300 a 1.500 m","m³",5.61,{"$nulls":4},6.83]
[1917222,"Dragagem de areia fina com draga de sucção e recalque - bomba de 294 kW e cortador de 30 kW - distância de recalque de 1.500 a 1.700 m","m³",6.08,{"$nulls":4},{"v":7.4,"d":"7.40"}]
[1917223,"Dragagem de areia fina com draga de sucção e recalque - bomba de 294 kW e cortador de 30 kW - distância de recalque de 1.700 a 1.900 m","m³",6.36,{"$nulls":4},7.75]
[1917224,"Dragagem de areia fina com draga de sucção e recalque - bomba de 294 kW e cortador de 30 kW - distância de recalque de 1.900 a 2.100 m","m³",6.67,{"$nulls":4},8.12]
[1917225,"Dragagem de areia fina com draga de sucção e recalque - bomba de 294 kW e cortador de 30 kW - distância de recalque de 2.100 a 2.300 m","m³",7.01,{"$nulls":4},8.54]
[1917226,"Dragagem de areia fina com draga de sucção e recalque - bomba de 294 kW e cortador de 30 kW - distância de recalque de 2.300 a 2.500 m","m³",7.35,{"$nulls":4},8.95]
[1917227,"Dragagem de areia fina com draga de sucção e recalque - bomba de 294 kW e cortador de 30 kW - distância de recalque de 2.500 a 2.700 m","m³",7.83,{"$nulls":4},9.54]
[1917228,"Dragagem de areia fina com draga de sucção e recalque - bomba de 294 kW e cortador de 30 kW - distância de recalque de 2.700 a 2.900 m","m³",8.24,{"$nulls":4},10.04]
[1917229,"Dragagem de areia fina com draga de sucção e recalque - bomba de 294 kW e cortador de 30 kW - distância de recalque de 2.900 a 3.100 m","m³",8.59,{"$nulls":4},10.46]
[1917230,"Dragagem de areia fina com draga de sucção e recalque - bomba de 294 kW e cortador de 30 kW - distância de recalque de 3.100 a 3.300 m","m³",8.98,{"$nulls":4},10.94]
[1917231,"Dragagem de areia fina com draga de sucção e recalque - bomba de 294 kW e cortador de 30 kW - distância de recalque de 3.300 a 3.500 m","m³",9.39,{"$nulls":4},11.44]
[1917232,"Dragagem de areia fina com draga de sucção e recalque - bomba de 294 kW e cortador de 30 kW - distância de recalque de 3.500 a 3.700 m","m³",9.96,{"$nulls":4},12.13]
[1917233,"Dragagem de areia fina com draga de sucção e recalque - bomba de 294 kW e cortador de 30 kW - distância de recalque de 3.700 a 3.900 m","m³",10.39,{"$nulls":4},12.66]
[1917234,"Dragagem de areia fina com draga de sucção e recalque - bomba de 294 kW e cortador de 30 kW - distância de recalque de 3.900 a 4.100 m","m³",{"v":10.9,"d":"10.90"},{"$nulls":4},13.28]
[1917217,"Dragagem de areia fina com draga de sucção e recalque - bomba de 294 kW e cortador de 30 kW - distância de recalque de 500 a 700 m","m³",4.27,{"$nulls":4},{"v":5.2,"d":"5.20"}]
[1917218,"Dragagem de areia fina com draga de sucção e recalque - bomba de 294 kW e cortador de 30 kW - distância de recalque de 700 a 900 m","m³",4.45,{"$nulls":4},5.42]
[1917219,"Dragagem de areia fina com draga de sucção e recalque - bomba de 294 kW e cortador de 30 kW - distância de recalque de 900 a 1.100 m","m³",{"v":4.8,"d":"4.80"},{"$nulls":4},5.85]
[1917724,"Dragagem de areia fina com draga de sucção e recalque - bomba de 294 kW e cortador de 30 kW - distância de recalque de até 500 m","m³",4.17,{"$nulls":4},5.08]
[1917274,"Dragagem de areia fina com draga de sucção e recalque - bomba de 483 kW e cortador de 55 kW - distância de recalque de 1.100 a 1.300 m","m³",3.88,{"$nulls":4},4.72]
[1917275,"Dragagem de areia fina com draga de sucção e recalque - bomba de 483 kW e cortador de 55 kW - distância de recalque de 1.300 a 1.500 m","m³",4.13,{"$nulls":4},5.03]
[1917276,"Dragagem de areia fina com draga de sucção e recalque - bomba de 483 kW e cortador de 55 kW - distância de recalque de 1.500 a 1.700 m","m³",4.55,{"$nulls":4},5.54]
[1917277,"Dragagem de areia fina com draga de sucção e recalque - bomba de 483 kW e cortador de 55 kW - distância de recalque de 1.700 a 1.900 m","m³",4.88,{"$nulls":4},5.94]
[1917278,"Dragagem de areia fina com draga de sucção e recalque - bomba de 483 kW e cortador de 55 kW - distância de recalque de 1.900 a 2.100 m","m³",5.04,{"$nulls":4},6.14]
[1917279,"Dragagem de areia fina com draga de sucção e recalque - bomba de 483 kW e cortador de 55 kW - distância de recalque de 2.100 a 2.300 m","m³",5.37,{"$nulls":4},6.54]
[1917280,"Dragagem de areia fina com draga de sucção e recalque - bomba de 483 kW e cortador de 55 kW - distância de recalque de 2.300 a 2.500 m","m³",5.68,{"$nulls":4},6.92]
[1917281,"Dragagem de areia fina com draga de sucção e recalque - bomba de 483 kW e cortador de 55 kW - distância de recalque de 2.500 a 2.700 m","m³",6.12,{"$nulls":4},7.46]
[1917282,"Dragagem de areia fina com draga de sucção e recalque - bomba de 483 kW e cortador de 55 kW - distância de recalque de 2.700 a 2.900 m","m³",6.44,{"$nulls":4},7.84]
[1917283,"Dragagem de areia fina com draga de sucção e recalque - bomba de 483 kW e cortador de 55 kW - distância de recalque de 2.900 a 3.100 m","m³",6.76,{"$nulls":4},8.23]
[1917284,"Dragagem de areia fina com draga de sucção e recalque - bomba de 483 kW e cortador de 55 kW - distância de recalque de 3.100 a 3.300 m","m³",7.04,{"$nulls":4},8.58]
[1917285,"Dragagem de areia fina com draga de sucção e recalque - bomba de 483 kW e cortador de 55 kW - distância de recalque de 3.300 a 3.500 m","m³",7.37,{"$nulls":4},8.98]
[1917286,"Dragagem de areia fina com draga de sucção e recalque - bomba de 483 kW e cortador de 55 kW - distância de recalque de 3.500 a 3.700 m","m³",7.92,{"$nulls":4},9.65]
[1917287,"Dragagem de areia fina com draga de sucção e recalque - bomba de 483 kW e cortador de 55 kW - distância de recalque de 3.700 a 3.900 m","m³",8.28,{"$nulls":4},10.09]
[1917288,"Dragagem de areia fina com draga de sucção e recalque - bomba de 483 kW e cortador de 55 kW - distância de recalque de 3.900 a 4.100 m","m³",8.65,{"$nulls":4},10.54]
[1917289,"Dragagem de areia fina com draga de sucção e recalque - bomba de 483 kW e cortador de 55 kW - distância de recalque de 4.100 a 4.300 m","m³",9.07,{"$nulls":4},11.05]
[1917290,"Dragagem de areia fina com draga de sucção e recalque - bomba de 483 kW e cortador de 55 kW - distância de recalque de 4.300 a 4.500 m","m³",{"v":9.5,"d":"9.50"},{"$nulls":4},11.57]
[1917291,"Dragagem de areia fina com draga de sucção e recalque - bomba de 483 kW e cortador de 55 kW - distância de recalque de 4.500 a 4.700 m","m³",10.11,{"$nulls":4},12.32]
[1917292,"Dragagem de areia fina com draga de sucção e recalque - bomba de 483 kW e cortador de 55 kW - distância de recalque de 4.700 a 4.900 m","m³",10.58,{"$nulls":4},12.89]
[1917293,"Dragagem de areia fina com draga de sucção e recalque - bomba de 483 kW e cortador de 55 kW - distância de recalque de 4.900 a 5.100 m","m³",11.08,{"$nulls":4},13.49]
[1917294,"Dragagem de areia fina com draga de sucção e recalque - bomba de 483 kW e cortador de 55 kW - distância de recalque de 5.100 a 5.300 m","m³",11.73,{"$nulls":4},14.29]
[1917295,"Dragagem de areia fina com draga de sucção e recalque - bomba de 483 kW e cortador de 55 kW - distância de recalque de 5.300 a 5.500 m","m³",12.37,{"$nulls":4},15.07]
[1917296,"Dragagem de areia fina com draga de sucção e recalque - bomba de 483 kW e cortador de 55 kW - distância de recalque de 5.500 a 5.700 m","m³",13.27,{"$nulls":4},16.16]
[1917297,"Dragagem de areia fina com draga de sucção e recalque - bomba de 483 kW e cortador de 55 kW - distância de recalque de 5.700 a 5.900 m","m³",{"v":14.1,"d":"14.10"},{"$nulls":4},17.18]
[1917298,"Dragagem de areia fina com draga de sucção e recalque - bomba de 483 kW e cortador de 55 kW - distância de recalque de 5.900 a 6.100 m","m³",{"v":15,"d":"15.00"},{"$nulls":4},18.27]
[1917271,"Dragagem de areia fina com draga de sucção e recalque - bomba de 483 kW e cortador de 55 kW - distância de recalque de 500 a 700 m","m³",3.23,{"$nulls":4},3.94]
[1917299,"Dragagem de areia fina com draga de sucção e recalque - bomba de 483 kW e cortador de 55 kW - distância de recalque de 6.100 a 6.300 m","m³",16.08,{"$nulls":4},19.58]
[1917300,"Dragagem de areia fina com draga de sucção e recalque - bomba de 483 kW e cortador de 55 kW - distância de recalque de 6.300 a 6.500 m","m³",17.24,{"$nulls":4},{"v":21,"d":"21.00"}]
[1917301,"Dragagem de areia fina com draga de sucção e recalque - bomba de 483 kW e cortador de 55 kW - distância de recalque de 6.500 a 6.700 m","m³",18.79,{"$nulls":4},22.89]
[1917302,"Dragagem de areia fina com draga de sucção e recalque - bomba de 483 kW e cortador de 55 kW - distância de recalque de 6.700 a 6.900 m","m³",20.27,{"$nulls":4},24.69]
[1917303,"Dragagem de areia fina com draga de sucção e recalque - bomba de 483 kW e cortador de 55 kW - distância de recalque de 6.900 a 7.100 m","m³",21.66,{"$nulls":4},26.38]
[1917304,"Dragagem de areia fina com draga de sucção e recalque - bomba de 483 kW e cortador de 55 kW - distância de recalque de 7.100 a 7.300 m","m³",23.02,{"$nulls":4},28.04]
[1917305,"Dragagem de areia fina com draga de sucção e recalque - bomba de 483 kW e cortador de 55 kW - distância de recalque de 7.300 a 7.500 m","m³",24.54,{"$nulls":4},29.89]
[1917306,"Dragagem de areia fina com draga de sucção e recalque - bomba de 483 kW e cortador de 55 kW - distância de recalque de 7.500 a 7.700 m","m³",26.38,{"$nulls":4},32.13]
[1917307,"Dragagem de areia fina com draga de sucção e recalque - bomba de 483 kW e cortador de 55 kW - distância de recalque de 7.700 a 7.900 m","m³",27.77,{"$nulls":4},33.82]
[1917272,"Dragagem de areia fina com draga de sucção e recalque - bomba de 483 kW e cortador de 55 kW - distância de recalque de 700 a 900 m","m³",3.41,{"$nulls":4},4.15]
[1917273,"Dragagem de areia fina com draga de sucção e recalque - bomba de 483 kW e cortador de 55 kW - distância de recalque de 900 a 1.100 m","m³",{"v":3.6,"d":"3.60"},{"$nulls":4},4.38]
[1917729,"Dragagem de areia fina com draga de sucção e recalque - bomba de 483 kW e cortador de 55 kW - distância de recalque de até 500 m","m³",3.19,{"$nulls":4},3.88]
[1917367,"Dragagem de areia fina com draga de sucção e recalque - bomba de 746 kW e cortador de 110 kW - distância de recalque de 1.100 a 1.300 m","m³",3.65,{"$nulls":4},4.44]
[1917368,"Dragagem de areia fina com draga de sucção e recalque - bomba de 746 kW e cortador de 110 kW - distância de recalque de 1.300 a 1.500 m","m³",3.91,{"$nulls":4},4.76]
[1917369,"Dragagem de areia fina com draga de sucção e recalque - bomba de 746 kW e cortador de 110 kW - distância de recalque de 1.500 a 1.700 m","m³",{"v":4.3,"d":"4.30"},{"$nulls":4},5.24]
[1917370,"Dragagem de areia fina com draga de sucção e recalque - bomba de 746 kW e cortador de 110 kW - distância de recalque de 1.700 a 1.900 m","m³",4.54,{"$nulls":4},5.53]
[1917371,"Dragagem de areia fina com draga de sucção e recalque - bomba de 746 kW e cortador de 110 kW - distância de recalque de 1.900 a 2.100 m","m³",4.76,{"$nulls":4},{"v":5.8,"d":"5.80"}]
[1917372,"Dragagem de areia fina com draga de sucção e recalque - bomba de 746 kW e cortador de 110 kW - distância de recalque de 2.100 a 2.300 m","m³",4.99,{"$nulls":4},6.08]
[1917373,"Dragagem de areia fina com draga de sucção e recalque - bomba de 746 kW e cortador de 110 kW - distância de recalque de 2.300 a 2.500 m","m³",5.17,{"$nulls":4},{"v":6.3,"d":"6.30"}]
[1917374,"Dragagem de areia fina com draga de sucção e recalque - bomba de 746 kW e cortador de 110 kW - distância de recalque de 2.500 a 2.700 m","m³",5.62,{"$nulls":4},6.84]
[1917375,"Dragagem de areia fina com draga de sucção e recalque - bomba de 746 kW e cortador de 110 kW - distância de recalque de 2.700 a 2.900 m","m³",5.83,{"$nulls":4},{"v":7.1,"d":"7.10"}]
[1917376,"Dragagem de areia fina com draga de sucção e recalque - bomba de 746 kW e cortador de 110 kW - distância de recalque de 2.900 a 3.100 m","m³",6.04,{"$nulls":4},7.36]
[1917377,"Dragagem de areia fina com draga de sucção e recalque - bomba de 746 kW e cortador de 110 kW - distância de recalque de 3.100 a 3.300 m","m³",6.26,{"$nulls":4},7.63]
[1917378,"Dragagem de areia fina com draga de sucção e recalque - bomba de 746 kW e cortador de 110 kW - distância de recalque de 3.300 a 3.500 m","m³",6.49,{"$nulls":4},{"v":7.9,"d":"7.90"}]
[1917379,"Dragagem de areia fina com draga de sucção e recalque - bomba de 746 kW e cortador de 110 kW - distância de recalque de 3.500 a 3.700 m","m³",6.95,{"$nulls":4},8.46]
[1917380,"Dragagem de areia fina com draga de sucção e recalque - bomba de 746 kW e cortador de 110 kW - distância de recalque de 3.700 a 3.900 m","m³",7.21,{"$nulls":4},8.78]
[1917381,"Dragagem de areia fina com draga de sucção e recalque - bomba de 746 kW e cortador de 110 kW - distância de recalque de 3.900 a 4.100 m","m³",7.48,{"$nulls":4},9.11]
[1917382,"Dragagem de areia fina com draga de sucção e recalque - bomba de 746 kW e cortador de 110 kW - distância de recalque de 4.100 a 4.300 m","m³",7.82,{"$nulls":4},9.52]
[1917383,"Dragagem de areia fina com draga de sucção e recalque - bomba de 746 kW e cortador de 110 kW - distância de recalque de 4.300 a 4.500 m","m³",8.11,{"$nulls":4},9.88]
[1917384,"Dragagem de areia fina com draga de sucção e recalque - bomba de 746 kW e cortador de 110 kW - distância de recalque de 4.500 a 4.700 m","m³",8.61,{"$nulls":4},10.49]
[1917385,"Dragagem de areia fina com draga de sucção e recalque - bomba de 746 kW e cortador de 110 kW - distância de recalque de 4.700 a 4.900 m","m³",8.99,{"$nulls":4},10.95]
[1917386,"Dragagem de areia fina com draga de sucção e recalque - bomba de 746 kW e cortador de 110 kW - distância de recalque de 4.900 a 5.100 m","m³",9.37,{"$nulls":4},11.41]
[1917387,"Dragagem de areia fina com draga de sucção e recalque - bomba de 746 kW e cortador de 110 kW - distância de recalque de 5.100 a 5.300 m","m³",9.77,{"$nulls":4},{"v":11.9,"d":"11.90"}]
[1917388,"Dragagem de areia fina com draga de sucção e recalque - bomba de 746 kW e cortador de 110 kW - distância de recalque de 5.300 a 5.500 m","m³",10.19,{"$nulls":4},12.41]
[1917389,"Dragagem de areia fina com draga de sucção e recalque - bomba de 746 kW e cortador de 110 kW - distância de recalque de 5.500 a 5.700 m","m³",10.83,{"$nulls":4},13.19]
[1917390,"Dragagem de areia fina com draga de sucção e recalque - bomba de 746 kW e cortador de 110 kW - distância de recalque de 5.700 a 5.900 m","m³",{"v":11.4,"d":"11.40"},{"$nulls":4},13.88]
[1917391,"Dragagem de areia fina com draga de sucção e recalque - bomba de 746 kW e cortador de 110 kW - distância de recalque de 5.900 a 6.100 m","m³",12.01,{"$nulls":4},14.63]
[1917364,"Dragagem de areia fina com draga de sucção e recalque - bomba de 746 kW e cortador de 110 kW - distância de recalque de 500 a 700 m","m³",{"v":2.9,"d":"2.90"},{"$nulls":4},3.53]
[1917392,"Dragagem de areia fina com draga de sucção e recalque - bomba de 746 kW e cortador de 110 kW - distância de recalque de 6.100 a 6.300 m","m³",12.77,{"$nulls":4},15.55]
[1917393,"Dragagem de areia fina com draga de sucção e recalque - bomba de 746 kW e cortador de 110 kW - distância de recalque de 6.300 a 6.500 m","m³",13.57,{"$nulls":4},16.53]
[1917394,"Dragagem de areia fina com draga de sucção e recalque - bomba de 746 kW e cortador de 110 kW - distância de recalque de 6.500 a 6.700 m","m³",{"v":14.7,"d":"14.70"},{"$nulls":4},17.91]
[1917395,"Dragagem de areia fina com draga de sucção e recalque - bomba de 746 kW e cortador de 110 kW - distância de recalque de 6.700 a 6.900 m","m³",15.49,{"$nulls":4},18.87]
[1917396,"Dragagem de areia fina com draga de sucção e recalque - bomba de 746 kW e cortador de 110 kW - distância de recalque de 6.900 a 7.100 m","m³",{"v":16.4,"d":"16.40"},{"$nulls":4},19.98]
[1917397,"Dragagem de areia fina com draga de sucção e recalque - bomba de 746 kW e cortador de 110 kW - distância de recalque de 7.100 a 7.300 m","m³",17.44,{"$nulls":4},21.24]
[1917398,"Dragagem de areia fina com draga de sucção e recalque - bomba de 746 kW e cortador de 110 kW - distância de recalque de 7.300 a 7.500 m","m³",18.36,{"$nulls":4},22.36]
[1917399,"Dragagem de areia fina com draga de sucção e recalque - bomba de 746 kW e cortador de 110 kW - distância de recalque de 7.500 a 7.700 m","m³",19.65,{"$nulls":4},23.94]
[1917400,"Dragagem de areia fina com draga de sucção e recalque - bomba de 746 kW e cortador de 110 kW - distância de recalque de 7.700 a 7.900 m","m³",20.84,{"$nulls":4},25.38]
[1917401,"Dragagem de areia fina com draga de sucção e recalque - bomba de 746 kW e cortador de 110 kW - distância de recalque de 7.900 a 8.100 m","m³",{"v":21.9,"d":"21.90"},{"$nulls":4},26.68]
[1917365,"Dragagem de areia fina com draga de sucção e recalque - bomba de 746 kW e cortador de 110 kW - distância de recalque de 700 a 900 m","m³",3.19,{"$nulls":4},3.89]
[1917402,"Dragagem de areia fina com draga de sucção e recalque - bomba de 746 kW e cortador de 110 kW - distância de recalque de 8.100 a 8.300 m","m³",23.16,{"$nulls":4},28.21]
[1917403,"Dragagem de areia fina com draga de sucção e recalque - bomba de 746 kW e cortador de 110 kW - distância de recalque de 8.300 a 8.500 m","m³",24.57,{"$nulls":4},29.93]
[1917404,"Dragagem de areia fina com draga de sucção e recalque - bomba de 746 kW e cortador de 110 kW - distância de recalque de 8.500 a 8.700 m","m³",26.02,{"$nulls":4},31.69]
[1917405,"Dragagem de areia fina com draga de sucção e recalque - bomba de 746 kW e cortador de 110 kW - distância de recalque de 8.700 a 8.900 m","m³",{"v":27.4,"d":"27.40"},{"$nulls":4},33.38]
[1917406,"Dragagem de areia fina com draga de sucção e recalque - bomba de 746 kW e cortador de 110 kW - distância de recalque de 8.900 a 9.100 m","m³",28.94,{"$nulls":4},35.25]
[1917407,"Dragagem de areia fina com draga de sucção e recalque - bomba de 746 kW e cortador de 110 kW - distância de recalque de 9.100 a 9.300 m","m³",{"v":30.7,"d":"30.70"},{"$nulls":4},37.39]
[1917408,"Dragagem de areia fina com draga de sucção e recalque - bomba de 746 kW e cortador de 110 kW - distância de recalque de 9.300 a 9.500 m","m³",32.64,{"$nulls":4},39.76]
[1917409,"Dragagem de areia fina com draga de sucção e recalque - bomba de 746 kW e cortador de 110 kW - distância de recalque de 9.500 a 9.700 m","m³",34.21,{"$nulls":4},41.67]
[1917410,"Dragagem de areia fina com draga de sucção e recalque - bomba de 746 kW e cortador de 110 kW - distância de recalque de 9.700 a 9.900 m","m³",35.64,{"$nulls":4},43.41]
[1917411,"Dragagem de areia fina com draga de sucção e recalque - bomba de 746 kW e cortador de 110 kW - distância de recalque de 9.900 a 10.100 m","m³",37.25,{"$nulls":4},45.37]
[1917366,"Dragagem de areia fina com draga de sucção e recalque - bomba de 746 kW e cortador de 110 kW - distância de recalque de 900 a 1.100 m","m³",3.39,{"$nulls":4},4.13]
[1917732,"Dragagem de areia fina com draga de sucção e recalque - bomba de 746 kW e cortador de 110 kW - distância de recalque de até 500 m","m³",2.71,{"$nulls":4},{"v":3.3,"d":"3.30"}]
[1917043,"Dragagem de areia fina com draga hopper - capacidade da cisterna de 1.000 m³ - DMT de 1.500 a 1.800 m","m³",10.09,{"$nulls":4},12.29]
[1917044,"Dragagem de areia fina com draga hopper - capacidade da cisterna de 1.000 m³ - DMT de 1.800 a 2.100 m","m³",10.26,{"$nulls":4},{"v":12.5,"d":"12.50"}]
[1917045,"Dragagem de areia fina com draga hopper - capacidade da cisterna de 1.000 m³ - DMT de 2.100 a 2.400 m","m³",10.44,{"$nulls":4},12.72]
[1917046,"Dragagem de areia fina com draga hopper - capacidade da cisterna de 1.000 m³ - DMT de 2.400 a 2.700 m","m³",10.63,{"$nulls":4},12.95]
[1917047,"Dragagem de areia fina com draga hopper - capacidade da cisterna de 1.000 m³ - DMT de 2.700 a 3.000 m","m³",10.83,{"$nulls":4},13.19]
[1917048,"Dragagem de areia fina com draga hopper - capacidade da cisterna de 1.000 m³ - DMT de 3.000 m","m³",10.94,{"$nulls":4},13.32]
[1901518,"Dragagem de areia fina com draga hopper - capacidade da cisterna de 10.000 m³ - DMT de 1.500 a 1.800 m","m³",6.82,{"$nulls":4},8.31]
[1901519,"Dragagem de areia fina com draga hopper - capacidade da cisterna de 10.000 m³ - DMT de 1.800 a 2.100 m","m³",6.87,{"$nulls":4},8.37]
[1901520,"Dragagem de areia fina com draga hopper - capacidade da cisterna de 10.000 m³ - DMT de 2.100 a 2.400 m","m³",6.92,{"$nulls":4},8.43]
[1901521,"Dragagem de areia fina com draga hopper - capacidade da cisterna de 10.000 m³ - DMT de 2.400 a 2.700 m","m³",6.98,{"$nulls":4},{"v":8.5,"d":"8.50"}]
[1901522,"Dragagem de areia fina com draga hopper - capacidade da cisterna de 10.000 m³ - DMT de 2.700 a 3.000 m","m³",7.04,{"$nulls":4},8.57]
[1901517,"Dragagem de areia fina com draga hopper - capacidade da cisterna de 10.000 m³ - DMT de 3.000 m","m³",7.07,{"$nulls":4},8.61]
[1901523,"Dragagem de areia fina com draga hopper - capacidade da cisterna de 15.000 m³ - DMT de 1.500 a 1.800 m","m³",9.06,{"$nulls":4},11.04]
[1901524,"Dragagem de areia fina com draga hopper - capacidade da cisterna de 15.000 m³ - DMT de 1.800 a 2.100 m","m³",9.11,{"$nulls":4},{"v":11.1,"d":"11.10"}]
[1901525,"Dragagem de areia fina com draga hopper - capacidade da cisterna de 15.000 m³ - DMT de 2.100 a 2.400 m","m³",9.16,{"$nulls":4},11.16]
[1901526,"Dragagem de areia fina com draga hopper - capacidade da cisterna de 15.000 m³ - DMT de 2.400 a 2.700 m","m³",9.22,{"$nulls":4},11.23]
[1901527,"Dragagem de areia fina com draga hopper - capacidade da cisterna de 15.000 m³ - DMT de 2.700 a 3.000 m","m³",9.27,{"$nulls":4},11.29]
[1901528,"Dragagem de areia fina com draga hopper - capacidade da cisterna de 15.000 m³ - DMT de 3.000 m","m³",{"v":9.3,"d":"9.30"},{"$nulls":4},11.33]
[1917079,"Dragagem de areia fina com draga hopper - capacidade da cisterna de 2.000 m³ - DMT de 1.500 a 1.800 m","m³",7.13,{"$nulls":4},8.68]
[1917080,"Dragagem de areia fina com draga hopper - capacidade da cisterna de 2.000 m³ - DMT de 1.800 a 2.100 m","m³",7.24,{"$nulls":4},8.82]
[1917081,"Dragagem de areia fina com draga hopper - capacidade da cisterna de 2.000 m³ - DMT de 2.100 a 2.400 m","m³",7.36,{"$nulls":4},8.96]
[1917082,"Dragagem de areia fina com draga hopper - capacidade da cisterna de 2.000 m³ - DMT de 2.400 a 2.700 m","m³",7.47,{"$nulls":4},{"v":9.1,"d":"9.10"}]
[1917083,"Dragagem de areia fina com draga hopper - capacidade da cisterna de 2.000 m³ - DMT de 2.700 a 3.000 m","m³",7.59,{"$nulls":4},9.25]
[1917084,"Dragagem de areia fina com draga hopper - capacidade da cisterna de 2.000 m³ - DMT de 3.000 m","m³",7.66,{"$nulls":4},9.33]
[1901529,"Dragagem de areia fina com draga hopper - capacidade da cisterna de 20.000 m³ - DMT de 1.500 a 1.800 m","m³",11.36,{"$nulls":4},13.84]
[1901530,"Dragagem de areia fina com draga hopper - capacidade da cisterna de 20.000 m³ - DMT de 1.800 a 2.100 m","m³",{"v":11.4,"d":"11.40"},{"$nulls":4},13.89]
[1901531,"Dragagem de areia fina com draga hopper - capacidade da cisterna de 20.000 m³ - DMT de 2.100 a 2.400 m","m³",11.45,{"$nulls":4},13.95]
[1901532,"Dragagem de areia fina com draga hopper - capacidade da cisterna de 20.000 m³ - DMT de 2.400 a 2.700 m","m³",11.51,{"$nulls":4},14.02]
[1901533,"Dragagem de areia fina com draga hopper - capacidade da cisterna de 20.000 m³ - DMT de 2.700 a 3.000 m","m³",11.56,{"$nulls":4},14.08]
[1901534,"Dragagem de areia fina com draga hopper - capacidade da cisterna de 20.000 m³ - DMT de 3.000 m","m³",11.59,{"$nulls":4},14.12]
[1917115,"Dragagem de areia fina com draga hopper - capacidade da cisterna de 3.000 m³ - DMT de 1.500 a 1.800 m","m³",6.85,{"$nulls":4},8.34]
[1917116,"Dragagem de areia fina com draga hopper - capacidade da cisterna de 3.000 m³ - DMT de 1.800 a 2.100 m","m³",6.94,{"$nulls":4},8.45]
[1917117,"Dragagem de areia fina com draga hopper - capacidade da cisterna de 3.000 m³ - DMT de 2.100 a 2.400 m","m³",7.03,{"$nulls":4},8.56]
[1917118,"Dragagem de areia fina com draga hopper - capacidade da cisterna de 3.000 m³ - DMT de 2.400 a 2.700 m","m³",7.13,{"$nulls":4},8.68]
[1917119,"Dragagem de areia fina com draga hopper - capacidade da cisterna de 3.000 m³ - DMT de 2.700 a 3.000 m","m³",7.22,{"$nulls":4},{"v":8.8,"d":"8.80"}]
[1917120,"Dragagem de areia fina com draga hopper - capacidade da cisterna de 3.000 m³ - DMT de 3.000 m","m³",7.28,{"$nulls":4},8.87]
[1917151,"Dragagem de areia fina com draga hopper - capacidade da cisterna de 4.000 m³ - DMT de 1.500 a 1.800 m","m³",6.53,{"$nulls":4},7.95]
[1917152,"Dragagem de areia fina com draga hopper - capacidade da cisterna de 4.000 m³ - DMT de 1.800 a 2.100 m","m³",6.61,{"$nulls":4},8.05]
[1917153,"Dragagem de areia fina com draga hopper - capacidade da cisterna de 4.000 m³ - DMT de 2.100 a 2.400 m","m³",6.68,{"$nulls":4},8.14]
[1917154,"Dragagem de areia fina com draga hopper - capacidade da cisterna de 4.000 m³ - DMT de 2.400 a 2.700 m","m³",6.77,{"$nulls":4},8.25]
[1917155,"Dragagem de areia fina com draga hopper - capacidade da cisterna de 4.000 m³ - DMT de 2.700 a 3.000 m","m³",6.86,{"$nulls":4},8.36]
[1917156,"Dragagem de areia fina com draga hopper - capacidade da cisterna de 4.000 m³ - DMT de 3.000 m","m³",{"v":6.9,"d":"6.90"},{"$nulls":4},8.41]
[1917187,"Dragagem de areia fina com draga hopper - capacidade da cisterna de 5.000 m³ - DMT de 1.500 a 1.800 m","m³",7.27,{"$nulls":4},8.85]
[1917188,"Dragagem de areia fina com draga hopper - capacidade da cisterna de 5.000 m³ - DMT de 1.800 a 2.100 m","m³",7.34,{"$nulls":4},8.94]
[1917189,"Dragagem de areia fina com draga hopper - capacidade da cisterna de 5.000 m³ - DMT de 2.100 a 2.400 m","m³",7.41,{"$nulls":4},9.02]
[1917190,"Dragagem de areia fina com draga hopper - capacidade da cisterna de 5.000 m³ - DMT de 2.400 a 2.700 m","m³",7.49,{"$nulls":4},9.12]
[1917191,"Dragagem de areia fina com draga hopper - capacidade da cisterna de 5.000 m³ - DMT de 2.700 a 3.000 m","m³",7.56,{"$nulls":4},9.21]
[1917192,"Dragagem de areia fina com draga hopper - capacidade da cisterna de 5.000 m³ - DMT de 3.000 m","m³",{"v":7.6,"d":"7.60"},{"$nulls":4},9.26]
[1917007,"Dragagem de areia fina com draga hopper - capacidade da cisterna de 750 m³ - DMT de 1.500 a 1.800 m","m³",13.71,{"$nulls":4},{"v":16.7,"d":"16.70"}]
[1917008,"Dragagem de areia fina com draga hopper - capacidade da cisterna de 750 m³ - DMT de 1.800 a 2.100 m","m³",13.97,{"$nulls":4},17.01]
[1917009,"Dragagem de areia fina com draga hopper - capacidade da cisterna de 750 m³ - DMT de 2.100 a 2.400 m","m³",14.22,{"$nulls":4},17.32]
[1917010,"Dragagem de areia fina com draga hopper - capacidade da cisterna de 750 m³ - DMT de 2.400 a 2.700 m","m³",14.49,{"$nulls":4},17.65]
[1917011,"Dragagem de areia fina com draga hopper - capacidade da cisterna de 750 m³ - DMT de 2.700 a 3.000 m","m³",14.78,{"$nulls":4},{"v":18,"d":"18.00"}]
[1917012,"Dragagem de areia fina com draga hopper - capacidade da cisterna de 750 m³ - DMT de 3.000 m","m³",14.93,{"$nulls":4},18.18]
[1917578,"Dragagem de areia grossa com draga de sucção e recalque - bomba de 1.350 kW e cortador de 170 kW - distância de recalque de 1.100 a 1.300 m","m³",5.17,{"$nulls":4},{"v":6.3,"d":"6.30"}]
[1917579,"Dragagem de areia grossa com draga de sucção e recalque - bomba de 1.350 kW e cortador de 170 kW - distância de recalque de 1.300 a 1.500 m","m³",5.56,{"$nulls":4},6.77]
[1917580,"Dragagem de areia grossa com draga de sucção e recalque - bomba de 1.350 kW e cortador de 170 kW - distância de recalque de 1.500 a 1.700 m","m³",5.87,{"$nulls":4},7.15]
[1917581,"Dragagem de areia grossa com draga de sucção e recalque - bomba de 1.350 kW e cortador de 170 kW - distância de recalque de 1.700 a 1.900 m","m³",6.24,{"$nulls":4},{"v":7.6,"d":"7.60"}]
[1917582,"Dragagem de areia grossa com draga de sucção e recalque - bomba de 1.350 kW e cortador de 170 kW - distância de recalque de 1.900 a 2.100 m","m³",6.77,{"$nulls":4},8.24]
[1917583,"Dragagem de areia grossa com draga de sucção e recalque - bomba de 1.350 kW e cortador de 170 kW - distância de recalque de 2.100 a 2.300 m","m³",7.18,{"$nulls":4},8.74]
[1917584,"Dragagem de areia grossa com draga de sucção e recalque - bomba de 1.350 kW e cortador de 170 kW - distância de recalque de 2.300 a 2.500 m","m³",7.53,{"$nulls":4},9.17]
[1917585,"Dragagem de areia grossa com draga de sucção e recalque - bomba de 1.350 kW e cortador de 170 kW - distância de recalque de 2.500 a 2.700 m","m³",8.05,{"$nulls":4},{"v":9.8,"d":"9.80"}]
[1917586,"Dragagem de areia grossa com draga de sucção e recalque - bomba de 1.350 kW e cortador de 170 kW - distância de recalque de 2.700 a 2.900 m","m³",{"v":8.8,"d":"8.80"},{"$nulls":4},10.72]
[1917587,"Dragagem de areia grossa com draga de sucção e recalque - bomba de 1.350 kW e cortador de 170 kW - distância de recalque de 2.900 a 3.100 m","m³",9.38,{"$nulls":4},11.42]
[1917588,"Dragagem de areia grossa com draga de sucção e recalque - bomba de 1.350 kW e cortador de 170 kW - distância de recalque de 3.100 a 3.300 m","m³",10.02,{"$nulls":4},{"v":12.2,"d":"12.20"}]
[1917589,"Dragagem de areia grossa com draga de sucção e recalque - bomba de 1.350 kW e cortador de 170 kW - distância de recalque de 3.300 a 3.500 m","m³",11.27,{"$nulls":4},13.73]
[1917590,"Dragagem de areia grossa com draga de sucção e recalque - bomba de 1.350 kW e cortador de 170 kW - distância de recalque de 3.500 a 3.700 m","m³",13.03,{"$nulls":4},15.87]
[1917591,"Dragagem de areia grossa com draga de sucção e recalque - bomba de 1.350 kW e cortador de 170 kW - distância de recalque de 3.700 a 3.900 m","m³",14.58,{"$nulls":4},17.76]
[1917592,"Dragagem de areia grossa com draga de sucção e recalque - bomba de 1.350 kW e cortador de 170 kW - distância de recalque de 3.900 a 4.100 m","m³",16.56,{"$nulls":4},20.17]
[1917593,"Dragagem de areia grossa com draga de sucção e recalque - bomba de 1.350 kW e cortador de 170 kW - distância de recalque de 4.100 a 4.300 m","m³",18.61,{"$nulls":4},22.67]
[1917594,"Dragagem de areia grossa com draga de sucção e recalque - bomba de 1.350 kW e cortador de 170 kW - distância de recalque de 4.300 a 4.500 m","m³",21.11,{"$nulls":4},25.71]
[1917595,"Dragagem de areia grossa com draga de sucção e recalque - bomba de 1.350 kW e cortador de 170 kW - distância de recalque de 4.500 a 4.700 m","m³",23.78,{"$nulls":4},28.96]
[1917596,"Dragagem de areia grossa com draga de sucção e recalque - bomba de 1.350 kW e cortador de 170 kW - distância de recalque de 4.700 a 4.900 m","m³",{"v":26.2,"d":"26.20"},{"$nulls":4},31.91]
[1917597,"Dragagem de areia grossa com draga de sucção e recalque - bomba de 1.350 kW e cortador de 170 kW - distância de recalque de 4.900 a 5.100 m","m³",29.54,{"$nulls":4},35.98]
[1917598,"Dragagem de areia grossa com draga de sucção e recalque - bomba de 1.350 kW e cortador de 170 kW - distância de recalque de 5.100 a 5.300 m","m³",32.62,{"$nulls":4},39.73]
[1917599,"Dragagem de areia grossa com draga de sucção e recalque - bomba de 1.350 kW e cortador de 170 kW - distância de recalque de 5.300 a 5.500 m","m³",36.13,{"$nulls":4},44.01]
[1917600,"Dragagem de areia grossa com draga de sucção e recalque - bomba de 1.350 kW e cortador de 170 kW - distância de recalque de 5.500 a 5.700 m","m³",40.63,{"$nulls":4},49.49]
[1917601,"Dragagem de areia grossa com draga de sucção e recalque - bomba de 1.350 kW e cortador de 170 kW - distância de recalque de 5.700 a 5.900 m","m³",{"v":42.7,"d":"42.70"},{"$nulls":4},52.01]
[1917575,"Dragagem de areia grossa com draga de sucção e recalque - bomba de 1.350 kW e cortador de 170 kW - distância de recalque de 500 a 700 m","m³",3.97,{"$nulls":4},4.84]
[1917576,"Dragagem de areia grossa com draga de sucção e recalque - bomba de 1.350 kW e cortador de 170 kW - distância de recalque de 700 a 900 m","m³",4.28,{"$nulls":4},5.21]
[1917577,"Dragagem de areia grossa com draga de sucção e recalque - bomba de 1.350 kW e cortador de 170 kW - distância de recalque de 900 a 1.100 m","m³",4.65,{"$nulls":4},5.66]
[1917739,"Dragagem de areia grossa com draga de sucção e recalque - bomba de 1.350 kW e cortador de 170 kW - distância de recalque de até 500 m","m³",3.91,{"$nulls":4},4.76]
[1917253,"Dragagem de areia grossa com draga de sucção e recalque - bomba de 294 kW e cortador de 30 kW - distância de recalque de 1.100 a 1.300 m","m³",6.28,{"$nulls":4},7.65]
[1917254,"Dragagem de areia grossa com draga de sucção e recalque - bomba de 294 kW e cortador de 30 kW - distância de recalque de 1.300 a 1.500 m","m³",6.73,{"$nulls":4},{"v":8.2,"d":"8.20"}]
[1917255,"Dragagem de areia grossa com draga de sucção e recalque - bomba de 294 kW e cortador de 30 kW - distância de recalque de 1.500 a 1.700 m","m³",{"v":7.3,"d":"7.30"},{"$nulls":4},8.89]
[1917256,"Dragagem de areia grossa com draga de sucção e recalque - bomba de 294 kW e cortador de 30 kW - distância de recalque de 1.700 a 1.900 m","m³",{"v":7.9,"d":"7.90"},{"$nulls":4},9.62]
[1917257,"Dragagem de areia grossa com draga de sucção e recalque - bomba de 294 kW e cortador de 30 kW - distância de recalque de 1.900 a 2.100 m","m³",8.73,{"$nulls":4},10.63]
[1917258,"Dragagem de areia grossa com draga de sucção e recalque - bomba de 294 kW e cortador de 30 kW - distância de recalque de 2.100 a 2.300 m","m³",9.56,{"$nulls":4},11.65]
[1917259,"Dragagem de areia grossa com draga de sucção e recalque - bomba de 294 kW e cortador de 30 kW - distância de recalque de 2.300 a 2.500 m","m³",11.92,{"$nulls":4},14.52]
[1917250,"Dragagem de areia grossa com draga de sucção e recalque - bomba de 294 kW e cortador de 30 kW - distância de recalque de 500 a 700 m","m³",4.69,{"$nulls":4},5.71]
[1917251,"Dragagem de areia grossa com draga de sucção e recalque - bomba de 294 kW e cortador de 30 kW - distância de recalque de 700 a 900 m","m³",4.97,{"$nulls":4},6.05]
[1917252,"Dragagem de areia grossa com draga de sucção e recalque - bomba de 294 kW e cortador de 30 kW - distância de recalque de 900 a 1.100 m","m³",5.57,{"$nulls":4},6.78]
[1917726,"Dragagem de areia grossa com draga de sucção e recalque - bomba de 294 kW e cortador de 30 kW - distância de recalque de até 500 m","m³",4.57,{"$nulls":4},5.57]
[1917335,"Dragagem de areia grossa com draga de sucção e recalque - bomba de 483 kW e cortador de 55 kW - distância de recalque de 1.100 a 1.300 m","m³",4.63,{"$nulls":4},5.64]
[1917336,"Dragagem de areia grossa com draga de sucção e recalque - bomba de 483 kW e cortador de 55 kW - distância de recalque de 1.300 a 1.500 m","m³",5.26,{"$nulls":4},6.41]
[1917337,"Dragagem de areia grossa com draga de sucção e recalque - bomba de 483 kW e cortador de 55 kW - distância de recalque de 1.500 a 1.700 m","m³",5.75,{"$nulls":4},{"v":7,"d":"7.00"}]
[1917338,"Dragagem de areia grossa com draga de sucção e recalque - bomba de 483 kW e cortador de 55 kW - distância de recalque de 1.700 a 1.900 m","m³",6.36,{"$nulls":4},7.75]
[1917339,"Dragagem de areia grossa com draga de sucção e recalque - bomba de 483 kW e cortador de 55 kW - distância de recalque de 1.900 a 2.100 m","m³",7.11,{"$nulls":4},8.66]
[1917340,"Dragagem de areia grossa com draga de sucção e recalque - bomba de 483 kW e cortador de 55 kW - distância de recalque de 2.100 a 2.300 m","m³",8.28,{"$nulls":4},10.08]
[1917341,"Dragagem de areia grossa com draga de sucção e recalque - bomba de 483 kW e cortador de 55 kW - distância de recalque de 2.300 a 2.500 m","m³",10.51,{"$nulls":4},{"v":12.8,"d":"12.80"}]
[1917342,"Dragagem de areia grossa com draga de sucção e recalque - bomba de 483 kW e cortador de 55 kW - distância de recalque de 2.500 a 2.700 m","m³",13.06,{"$nulls":4},15.91]
[1917343,"Dragagem de areia grossa com draga de sucção e recalque - bomba de 483 kW e cortador de 55 kW - distância de recalque de 2.700 a 2.900 m","m³",16.31,{"$nulls":4},19.86]
[1917344,"Dragagem de areia grossa com draga de sucção e recalque - bomba de 483 kW e cortador de 55 kW - distância de recalque de 2.900 a 3.100 m","m³",19.74,{"$nulls":4},24.04]
[1917345,"Dragagem de areia grossa com draga de sucção e recalque - bomba de 483 kW e cortador de 55 kW - distância de recalque de 3.100 a 3.300 m","m³",24.56,{"$nulls":4},29.91]
[1917346,"Dragagem de areia grossa com draga de sucção e recalque - bomba de 483 kW e cortador de 55 kW - distância de recalque de 3.300 a 3.500 m","m³",29.31,{"$nulls":4},{"v":35.7,"d":"35.70"}]
[1917347,"Dragagem de areia grossa com draga de sucção e recalque - bomba de 483 kW e cortador de 55 kW - distância de recalque de 3.500 a 3.700 m","m³",37.98,{"$nulls":4},46.26]
[1917332,"Dragagem de areia grossa com draga de sucção e recalque - bomba de 483 kW e cortador de 55 kW - distância de recalque de 500 a 700 m","m³",3.75,{"$nulls":4},4.57]
[1917333,"Dragagem de areia grossa com draga de sucção e recalque - bomba de 483 kW e cortador de 55 kW - distância de recalque de 700 a 900 m","m³",4.01,{"$nulls":4},4.88]
[1917334,"Dragagem de areia grossa com draga de sucção e recalque - bomba de 483 kW e cortador de 55 kW - distância de recalque de 900 a 1.100 m","m³",4.28,{"$nulls":4},5.21]
[1917331,"Dragagem de areia grossa com draga de sucção e recalque - bomba de 483 kW e cortador de 55 kW - distância de recalque de até 500 m","m³",3.41,{"$nulls":4},4.15]
[1917443,"Dragagem de areia grossa com draga de sucção e recalque - bomba de 746 kW e cortador de 110 kW - distância de recalque de 1.100 a 1.300 m","m³",5.16,{"$nulls":4},6.29]
[1917444,"Dragagem de areia grossa com draga de sucção e recalque - bomba de 746 kW e cortador de 110 kW - distância de recalque de 1.300 a 1.500 m","m³",5.58,{"$nulls":4},{"v":6.8,"d":"6.80"}]
[1917445,"Dragagem de areia grossa com draga de sucção e recalque - bomba de 746 kW e cortador de 110 kW - distância de recalque de 1.500 a 1.700 m","m³",6.06,{"$nulls":4},7.38]
[1917446,"Dragagem de areia grossa com draga de sucção e recalque - bomba de 746 kW e cortador de 110 kW - distância de recalque de 1.700 a 1.900 m","m³",6.54,{"$nulls":4},7.97]
[1917447,"Dragagem de areia grossa com draga de sucção e recalque - bomba de 746 kW e cortador de 110 kW - distância de recalque de 1.900 a 2.100 m","m³",7.29,{"$nulls":4},8.88]
[1917448,"Dragagem de areia grossa com draga de sucção e recalque - bomba de 746 kW e cortador de 110 kW - distância de recalque de 2.100 a 2.300 m","m³",7.91,{"$nulls":4},9.63]
[1917449,"Dragagem de areia grossa com draga de sucção e recalque - bomba de 746 kW e cortador de 110 kW - distância de recalque de 2.300 a 2.500 m","m³",8.71,{"$nulls":4},10.61]
[1917450,"Dragagem de areia grossa com draga de sucção e recalque - bomba de 746 kW e cortador de 110 kW - distância de recalque de 2.500 a 2.700 m","m³",9.68,{"$nulls":4},11.79]
[1917451,"Dragagem de areia grossa com draga de sucção e recalque - bomba de 746 kW e cortador de 110 kW - distância de recalque de 2.700 a 2.900 m","m³",11.81,{"$nulls":4},14.38]
[1917452,"Dragagem de areia grossa com draga de sucção e recalque - bomba de 746 kW e cortador de 110 kW - distância de recalque de 2.900 a 3.100 m","m³",13.88,{"$nulls":4},16.91]
[1917453,"Dragagem de areia grossa com draga de sucção e recalque - bomba de 746 kW e cortador de 110 kW - distância de recalque de 3.100 a 3.300 m","m³",16.39,{"$nulls":4},19.96]
[1917454,"Dragagem de areia grossa com draga de sucção e recalque - bomba de 746 kW e cortador de 110 kW - distância de recalque de 3.300 a 3.500 m","m³",19.13,{"$nulls":4},{"v":23.3,"d":"23.30"}]
[1917455,"Dragagem de areia grossa com draga de sucção e recalque - bomba de 746 kW e cortador de 110 kW - distância de recalque de 3.500 a 3.700 m","m³",22.66,{"$nulls":4},{"v":27.6,"d":"27.60"}]
[1917456,"Dragagem de areia grossa com draga de sucção e recalque - bomba de 746 kW e cortador de 110 kW - distância de recalque de 3.700 a 3.900 m","m³",26.46,{"$nulls":4},32.23]
[1917457,"Dragagem de areia grossa com draga de sucção e recalque - bomba de 746 kW e cortador de 110 kW - distância de recalque de 3.900 a 4.100 m","m³",29.87,{"$nulls":4},36.38]
[1917458,"Dragagem de areia grossa com draga de sucção e recalque - bomba de 746 kW e cortador de 110 kW - distância de recalque de 4.100 a 4.300 m","m³",34.38,{"$nulls":4},41.88]
[1917459,"Dragagem de areia grossa com draga de sucção e recalque - bomba de 746 kW e cortador de 110 kW - distância de recalque de 4.300 a 4.500 m","m³",36.24,{"$nulls":4},44.14]
[1917440,"Dragagem de areia grossa com draga de sucção e recalque - bomba de 746 kW e cortador de 110 kW - distância de recalque de 500 a 700 m","m³",3.56,{"$nulls":4},4.34]
[1917441,"Dragagem de areia grossa com draga de sucção e recalque - bomba de 746 kW e cortador de 110 kW - distância de recalque de 700 a 900 m","m³",4.03,{"$nulls":4},4.91]
[1917442,"Dragagem de areia grossa com draga de sucção e recalque - bomba de 746 kW e cortador de 110 kW - distância de recalque de 900 a 1.100 m","m³",4.51,{"$nulls":4},5.49]
[1917734,"Dragagem de areia grossa com draga de sucção e recalque - bomba de 746 kW e cortador de 110 kW - distância de recalque de até 500 m","m³",{"v":3.3,"d":"3.30"},{"$nulls":4},4.02]
[1917055,"Dragagem de areia grossa com draga hopper - capacidade da cisterna de 1.000 m³ - DMT de 1.500 a 1.800 m","m³",9.19,{"$nulls":4},11.19]
[1917056,"Dragagem de areia grossa com draga hopper - capacidade da cisterna de 1.000 m³ - DMT de 1.800 a 2.100 m","m³",9.36,{"$nulls":4},{"v":11.4,"d":"11.40"}]
[1917057,"Dragagem de areia grossa com draga hopper - capacidade da cisterna de 1.000 m³ - DMT de 2.100 a 2.400 m","m³",9.54,{"$nulls":4},11.62]
[1917058,"Dragagem de areia grossa com draga hopper - capacidade da cisterna de 1.000 m³ - DMT de 2.400 a 2.700 m","m³",9.72,{"$nulls":4},11.84]
[1917059,"Dragagem de areia grossa com draga hopper - capacidade da cisterna de 1.000 m³ - DMT de 2.700 a 3.000 m","m³",9.92,{"$nulls":4},12.08]
[1917060,"Dragagem de areia grossa com draga hopper - capacidade da cisterna de 1.000 m³ - DMT de 3.000 m","m³",10.02,{"$nulls":4},{"v":12.2,"d":"12.20"}]
[1901536,"Dragagem de areia grossa com draga hopper - capacidade da cisterna de 10.000 m³ - DMT de 1.500 a 1.800 m","m³",6.12,{"$nulls":4},7.46]
[1901537,"Dragagem de areia grossa com draga hopper - capacidade da cisterna de 10.000 m³ - DMT de 1.800 a 2.100 m","m³",6.17,{"$nulls":4},7.52]
[1901538,"Dragagem de areia grossa com draga hopper - capacidade da cisterna de 10.000 m³ - DMT de 2.100 a 2.400 m","m³",6.23,{"$nulls":4},7.59]
[1901539,"Dragagem de areia grossa com draga hopper - capacidade da cisterna de 10.000 m³ - DMT de 2.400 a 2.700 m","m³",6.28,{"$nulls":4},7.65]
[1901540,"Dragagem de areia grossa com draga hopper - capacidade da cisterna de 10.000 m³ - DMT de 2.700 a 3.000 m","m³",6.34,{"$nulls":4},7.72]
[1901535,"Dragagem de areia grossa com draga hopper - capacidade da cisterna de 10.000 m³ - DMT de 3.000 m","m³",6.37,{"$nulls":4},7.76]
[1901542,"Dragagem de areia grossa com draga hopper - capacidade da cisterna de 15.000 m³ - DMT de 1.500 a 1.800 m","m³",{"v":8.1,"d":"8.10"},{"$nulls":4},9.86]
[1901543,"Dragagem de areia grossa com draga hopper - capacidade da cisterna de 15.000 m³ - DMT de 1.800 a 2.100 m","m³",8.14,{"$nulls":4},9.92]
[1901544,"Dragagem de areia grossa com draga hopper - capacidade da cisterna de 15.000 m³ - DMT de 2.100 a 2.400 m","m³",8.19,{"$nulls":4},9.98]
[1901545,"Dragagem de areia grossa com draga hopper - capacidade da cisterna de 15.000 m³ - DMT de 2.400 a 2.700 m","m³",8.24,{"$nulls":4},10.04]
[1901546,"Dragagem de areia grossa com draga hopper - capacidade da cisterna de 15.000 m³ - DMT de 2.700 a 3.000 m","m³",{"v":8.3,"d":"8.30"},{"$nulls":4},10.11]
[1901541,"Dragagem de areia grossa com draga hopper - capacidade da cisterna de 15.000 m³ - DMT de 3.000 m","m³",8.32,{"$nulls":4},10.14]
[1917091,"Dragagem de areia grossa com draga hopper - capacidade da cisterna de 2.000 m³ - DMT de 1.500 a 1.800 m","m³",6.49,{"$nulls":4},{"v":7.9,"d":"7.90"}]
[1917092,"Dragagem de areia grossa com draga hopper - capacidade da cisterna de 2.000 m³ - DMT de 1.800 a 2.100 m","m³",6.59,{"$nulls":4},8.03]
[1917093,"Dragagem de areia grossa com draga hopper - capacidade da cisterna de 2.000 m³ - DMT de 2.100 a 2.400 m","m³",{"v":6.7,"d":"6.70"},{"$nulls":4},8.16]
[1917094,"Dragagem de areia grossa com draga hopper - capacidade da cisterna de 2.000 m³ - DMT de 2.400 a 2.700 m","m³",6.81,{"$nulls":4},{"v":8.3,"d":"8.30"}]
[1917095,"Dragagem de areia grossa com draga hopper - capacidade da cisterna de 2.000 m³ - DMT de 2.700 a 3.000 m","m³",6.94,{"$nulls":4},8.45]
[1917096,"Dragagem de areia grossa com draga hopper - capacidade da cisterna de 2.000 m³ - DMT de 3.000 m","m³",{"v":7,"d":"7.00"},{"$nulls":4},8.53]
[1901548,"Dragagem de areia grossa com draga hopper - capacidade da cisterna de 20.000 m³ - DMT de 1.500 a 1.800 m","m³",10.11,{"$nulls":4},12.32]
[1901549,"Dragagem de areia grossa com draga hopper - capacidade da cisterna de 20.000 m³ - DMT de 1.800 a 2.100 m","m³",10.16,{"$nulls":4},12.37]
[1901550,"Dragagem de areia grossa com draga hopper - capacidade da cisterna de 20.000 m³ - DMT de 2.100 a 2.400 m","m³",10.21,{"$nulls":4},12.43]
[1901551,"Dragagem de areia grossa com draga hopper - capacidade da cisterna de 20.000 m³ - DMT de 2.400 a 2.700 m","m³",10.25,{"$nulls":4},12.49]
[1901552,"Dragagem de areia grossa com draga hopper - capacidade da cisterna de 20.000 m³ - DMT de 2.700 a 3.000 m","m³",10.31,{"$nulls":4},12.56]
[1901547,"Dragagem de areia grossa com draga hopper - capacidade da cisterna de 20.000 m³ - DMT de 3.000 m","m³",10.34,{"$nulls":4},12.59]
[1917127,"Dragagem de areia grossa com draga hopper - capacidade da cisterna de 3.000 m³ - DMT de 1.500 a 1.800 m","m³",6.21,{"$nulls":4},7.56]
[1917128,"Dragagem de areia grossa com draga hopper - capacidade da cisterna de 3.000 m³ - DMT de 1.800 a 2.100 m","m³",6.29,{"$nulls":4},7.66]
[1917129,"Dragagem de areia grossa com draga hopper - capacidade da cisterna de 3.000 m³ - DMT de 2.100 a 2.400 m","m³",6.38,{"$nulls":4},7.77]
[1917130,"Dragagem de areia grossa com draga hopper - capacidade da cisterna de 3.000 m³ - DMT de 2.400 a 2.700 m","m³",6.48,{"$nulls":4},7.89]
[1917131,"Dragagem de areia grossa com draga hopper - capacidade da cisterna de 3.000 m³ - DMT de 2.700 a 3.000 m","m³",6.58,{"$nulls":4},8.01]
[1917132,"Dragagem de areia grossa com draga hopper - capacidade da cisterna de 3.000 m³ - DMT de 3.000 m","m³",6.63,{"$nulls":4},8.07]
[1917163,"Dragagem de areia grossa com draga hopper - capacidade da cisterna de 4.000 m³ - DMT de 1.500 a 1.800 m","m³",5.91,{"$nulls":4},{"v":7.2,"d":"7.20"}]
[1917164,"Dragagem de areia grossa com draga hopper - capacidade da cisterna de 4.000 m³ - DMT de 1.800 a 2.100 m","m³",5.99,{"$nulls":4},7.29]
[1917165,"Dragagem de areia grossa com draga hopper - capacidade da cisterna de 4.000 m³ - DMT de 2.100 a 2.400 m","m³",6.07,{"$nulls":4},7.39]
[1917166,"Dragagem de areia grossa com draga hopper - capacidade da cisterna de 4.000 m³ - DMT de 2.400 a 2.700 m","m³",6.15,{"$nulls":4},7.49]
[1917167,"Dragagem de areia grossa com draga hopper - capacidade da cisterna de 4.000 m³ - DMT de 2.700 a 3.000 m","m³",6.23,{"$nulls":4},7.59]
[1917168,"Dragagem de areia grossa com draga hopper - capacidade da cisterna de 4.000 m³ - DMT de 3.000 m","m³",6.28,{"$nulls":4},7.65]
[1917199,"Dragagem de areia grossa com draga hopper - capacidade da cisterna de 5.000 m³ - DMT de 1.500 a 1.800 m","m³",6.54,{"$nulls":4},7.97]
[1917200,"Dragagem de areia grossa com draga hopper - capacidade da cisterna de 5.000 m³ - DMT de 1.800 a 2.100 m","m³",6.62,{"$nulls":4},8.06]
[1917201,"Dragagem de areia grossa com draga hopper - capacidade da cisterna de 5.000 m³ - DMT de 2.100 a 2.400 m","m³",6.68,{"$nulls":4},8.14]
[1917202,"Dragagem de areia grossa com draga hopper - capacidade da cisterna de 5.000 m³ - DMT de 2.400 a 2.700 m","m³",6.76,{"$nulls":4},8.23]
[1917203,"Dragagem de areia grossa com draga hopper - capacidade da cisterna de 5.000 m³ - DMT de 2.700 a 3.000 m","m³",6.84,{"$nulls":4},8.33]
[1917204,"Dragagem de areia grossa com draga hopper - capacidade da cisterna de 5.000 m³ - DMT de 3.000 m","m³",6.88,{"$nulls":4},8.38]
[1917019,"Dragagem de areia grossa com draga hopper - capacidade da cisterna de 750 m³ - DMT de 1.500 a 1.800 m","m³",12.47,{"$nulls":4},15.19]
[1917020,"Dragagem de areia grossa com draga hopper - capacidade da cisterna de 750 m³ - DMT de 1.800 a 2.100 m","m³",12.72,{"$nulls":4},15.49]
[1917021,"Dragagem de areia grossa com draga hopper - capacidade da cisterna de 750 m³ - DMT de 2.100 a 2.400 m","m³",12.96,{"$nulls":4},15.79]
[1917022,"Dragagem de areia grossa com draga hopper - capacidade da cisterna de 750 m³ - DMT de 2.400 a 2.700 m","m³",13.23,{"$nulls":4},16.11]
[1917023,"Dragagem de areia grossa com draga hopper - capacidade da cisterna de 750 m³ - DMT de 2.700 a 3.000 m","m³",13.51,{"$nulls":4},16.45]
[1917024,"Dragagem de areia grossa com draga hopper - capacidade da cisterna de 750 m³ - DMT de 3.000 m","m³",13.65,{"$nulls":4},16.63]
[1917541,"Dragagem de areia média com draga de sucção e recalque - bomba de 1.350 kW e cortador de 170 kW - distância de recalque de 1.100 a 1.300 m","m³",4.39,{"$nulls":4},5.35]
[1917542,"Dragagem de areia média com draga de sucção e recalque - bomba de 1.350 kW e cortador de 170 kW - distância de recalque de 1.300 a 1.500 m","m³",4.92,{"$nulls":4},5.99]
[1917543,"Dragagem de areia média com draga de sucção e recalque - bomba de 1.350 kW e cortador de 170 kW - distância de recalque de 1.500 a 1.700 m","m³",5.17,{"$nulls":4},{"v":6.3,"d":"6.30"}]
[1917544,"Dragagem de areia média com draga de sucção e recalque - bomba de 1.350 kW e cortador de 170 kW - distância de recalque de 1.700 a 1.900 m","m³",5.43,{"$nulls":4},6.61]
[1917545,"Dragagem de areia média com draga de sucção e recalque - bomba de 1.350 kW e cortador de 170 kW - distância de recalque de 1.900 a 2.100 m","m³",5.76,{"$nulls":4},7.02]
[1917546,"Dragagem de areia média com draga de sucção e recalque - bomba de 1.350 kW e cortador de 170 kW - distância de recalque de 2.100 a 2.300 m","m³",6.04,{"$nulls":4},7.36]
[1917547,"Dragagem de areia média com draga de sucção e recalque - bomba de 1.350 kW e cortador de 170 kW - distância de recalque de 2.300 a 2.500 m","m³",6.59,{"$nulls":4},8.03]
[1917548,"Dragagem de areia média com draga de sucção e recalque - bomba de 1.350 kW e cortador de 170 kW - distância de recalque de 2.500 a 2.700 m","m³",6.95,{"$nulls":4},8.46]
[1917549,"Dragagem de areia média com draga de sucção e recalque - bomba de 1.350 kW e cortador de 170 kW - distância de recalque de 2.700 a 2.900 m","m³",{"v":7.3,"d":"7.30"},{"$nulls":4},8.89]
[1917550,"Dragagem de areia média com draga de sucção e recalque - bomba de 1.350 kW e cortador de 170 kW - distância de recalque de 2.900 a 3.100 m","m³",7.69,{"$nulls":4},9.37]
[1917551,"Dragagem de areia média com draga de sucção e recalque - bomba de 1.350 kW e cortador de 170 kW - distância de recalque de 3.100 a 3.300 m","m³",{"v":8.3,"d":"8.30"},{"$nulls":4},10.11]
[1917552,"Dragagem de areia média com draga de sucção e recalque - bomba de 1.350 kW e cortador de 170 kW - distância de recalque de 3.300 a 3.500 m","m³",8.73,{"$nulls":4},10.63]
[1917553,"Dragagem de areia média com draga de sucção e recalque - bomba de 1.350 kW e cortador de 170 kW - distância de recalque de 3.500 a 3.700 m","m³",{"v":8.6,"d":"8.60"},{"$nulls":4},10.48]
[1917554,"Dragagem de areia média com draga de sucção e recalque - bomba de 1.350 kW e cortador de 170 kW - distância de recalque de 3.700 a 3.900 m","m³",9.52,{"$nulls":4},11.59]
[1917555,"Dragagem de areia média com draga de sucção e recalque - bomba de 1.350 kW e cortador de 170 kW - distância de recalque de 3.900 a 4.100 m","m³",9.97,{"$nulls":4},12.14]
[1917556,"Dragagem de areia média com draga de sucção e recalque - bomba de 1.350 kW e cortador de 170 kW - distância de recalque de 4.100 a 4.300 m","m³",{"v":10.7,"d":"10.70"},{"$nulls":4},13.03]
[1917557,"Dragagem de areia média com draga de sucção e recalque - bomba de 1.350 kW e cortador de 170 kW - distância de recalque de 4.300 a 4.500 m","m³",11.19,{"$nulls":4},13.63]
[1917558,"Dragagem de areia média com draga de sucção e recalque - bomba de 1.350 kW e cortador de 170 kW - distância de recalque de 4.500 a 4.700 m","m³",{"v":11.9,"d":"11.90"},{"$nulls":4},14.49]
[1917559,"Dragagem de areia média com draga de sucção e recalque - bomba de 1.350 kW e cortador de 170 kW - distância de recalque de 4.700 a 4.900 m","m³",13.06,{"$nulls":4},15.91]
[1917560,"Dragagem de areia média com draga de sucção e recalque - bomba de 1.350 kW e cortador de 170 kW - distância de recalque de 4.900 a 5.100 m","m³",14.53,{"$nulls":4},{"v":17.7,"d":"17.70"}]
[1917561,"Dragagem de areia média com draga de sucção e recalque - bomba de 1.350 kW e cortador de 170 kW - distância de recalque de 5.100 a 5.300 m","m³",15.98,{"$nulls":4},19.47]
[1917562,"Dragagem de areia média com draga de sucção e recalque - bomba de 1.350 kW e cortador de 170 kW - distância de recalque de 5.300 a 5.500 m","m³",17.64,{"$nulls":4},21.48]
[1917563,"Dragagem de areia média com draga de sucção e recalque - bomba de 1.350 kW e cortador de 170 kW - distância de recalque de 5.500 a 5.700 m","m³",19.16,{"$nulls":4},23.34]
[1917564,"Dragagem de areia média com draga de sucção e recalque - bomba de 1.350 kW e cortador de 170 kW - distância de recalque de 5.700 a 5.900 m","m³",{"v":20.8,"d":"20.80"},{"$nulls":4},25.33]
[1917565,"Dragagem de areia média com draga de sucção e recalque - bomba de 1.350 kW e cortador de 170 kW - distância de recalque de 5.900 a 6.100 m","m³",22.99,{"$nulls":4},{"v":28,"d":"28.00"}]
[1917538,"Dragagem de areia média com draga de sucção e recalque - bomba de 1.350 kW e cortador de 170 kW - distância de recalque de 500 a 700 m","m³",{"v":3.6,"d":"3.60"},{"$nulls":4},4.38]
[1917566,"Dragagem de areia média com draga de sucção e recalque - bomba de 1.350 kW e cortador de 170 kW - distância de recalque de 6.100 a 6.300 m","m³",25.18,{"$nulls":4},30.67]
[1917567,"Dragagem de areia média com draga de sucção e recalque - bomba de 1.350 kW e cortador de 170 kW - distância de recalque de 6.300 a 6.500 m","m³",27.51,{"$nulls":4},33.51]
[1917568,"Dragagem de areia média com draga de sucção e recalque - bomba de 1.350 kW e cortador de 170 kW - distância de recalque de 6.500 a 6.700 m","m³",29.75,{"$nulls":4},36.24]
[1917569,"Dragagem de areia média com draga de sucção e recalque - bomba de 1.350 kW e cortador de 170 kW - distância de recalque de 6.700 a 6.900 m","m³",32.52,{"$nulls":4},39.61]
[1917570,"Dragagem de areia média com draga de sucção e recalque - bomba de 1.350 kW e cortador de 170 kW - distância de recalque de 6.900 a 7.100 m","m³",35.06,{"$nulls":4},42.71]
[1917571,"Dragagem de areia média com draga de sucção e recalque - bomba de 1.350 kW e cortador de 170 kW - distância de recalque de 7.100 a 7.300 m","m³",38.09,{"$nulls":4},46.39]
[1917572,"Dragagem de areia média com draga de sucção e recalque - bomba de 1.350 kW e cortador de 170 kW - distância de recalque de 7.300 a 7.500 m","m³",41.45,{"$nulls":4},50.49]
[1917573,"Dragagem de areia média com draga de sucção e recalque - bomba de 1.350 kW e cortador de 170 kW - distância de recalque de 7.500 a 7.700 m","m³",45.11,{"$nulls":4},54.95]
[1917574,"Dragagem de areia média com draga de sucção e recalque - bomba de 1.350 kW e cortador de 170 kW - distância de recalque de 7.700 a 7.900 m","m³",48.48,{"$nulls":4},59.05]
[1917539,"Dragagem de areia média com draga de sucção e recalque - bomba de 1.350 kW e cortador de 170 kW - distância de recalque de 700 a 900 m","m³",3.84,{"$nulls":4},4.68]
[1917540,"Dragagem de areia média com draga de sucção e recalque - bomba de 1.350 kW e cortador de 170 kW - distância de recalque de 900 a 1.100 m","m³",4.15,{"$nulls":4},5.05]
[1917738,"Dragagem de areia média com draga de sucção e recalque - bomba de 1.350 kW e cortador de 170 kW - distância de recalque de até 500 m","m³",3.54,{"$nulls":4},4.31]
[1917238,"Dragagem de areia média com draga de sucção e recalque - bomba de 294 kW e cortador de 30 kW - distância de recalque de 1.100 a 1.300 m","m³",5.57,{"$nulls":4},6.79]
[1917239,"Dragagem de areia média com draga de sucção e recalque - bomba de 294 kW e cortador de 30 kW - distância de recalque de 1.300 a 1.500 m","m³",6.12,{"$nulls":4},7.46]
[1917240,"Dragagem de areia média com draga de sucção e recalque - bomba de 294 kW e cortador de 30 kW - distância de recalque de 1.500 a 1.700 m","m³",6.55,{"$nulls":4},7.98]
[1917241,"Dragagem de areia média com draga de sucção e recalque - bomba de 294 kW e cortador de 30 kW - distância de recalque de 1.700 a 1.900 m","m³",6.95,{"$nulls":4},8.46]
[1917242,"Dragagem de areia média com draga de sucção e recalque - bomba de 294 kW e cortador de 30 kW - distância de recalque de 1.900 a 2.100 m","m³",7.33,{"$nulls":4},8.93]
[1917243,"Dragagem de areia média com draga de sucção e recalque - bomba de 294 kW e cortador de 30 kW - distância de recalque de 2.100 a 2.300 m","m³",7.69,{"$nulls":4},9.37]
[1917244,"Dragagem de areia média com draga de sucção e recalque - bomba de 294 kW e cortador de 30 kW - distância de recalque de 2.300 a 2.500 m","m³",8.21,{"$nulls":4},{"v":10,"d":"10.00"}]
[1917245,"Dragagem de areia média com draga de sucção e recalque - bomba de 294 kW e cortador de 30 kW - distância de recalque de 2.500 a 2.700 m","m³",8.65,{"$nulls":4},10.54]
[1917246,"Dragagem de areia média com draga de sucção e recalque - bomba de 294 kW e cortador de 30 kW - distância de recalque de 2.700 a 2.900 m","m³",9.12,{"$nulls":4},11.11]
[1917247,"Dragagem de areia média com draga de sucção e recalque - bomba de 294 kW e cortador de 30 kW - distância de recalque de 2.900 a 3.100 m","m³",9.88,{"$nulls":4},12.04]
[1917248,"Dragagem de areia média com draga de sucção e recalque - bomba de 294 kW e cortador de 30 kW - distância de recalque de 3.100 a 3.300 m","m³",11.32,{"$nulls":4},13.79]
[1917249,"Dragagem de areia média com draga de sucção e recalque - bomba de 294 kW e cortador de 30 kW - distância de recalque de 3.300 a 3.500 m","m³",13.58,{"$nulls":4},16.54]
[1917235,"Dragagem de areia média com draga de sucção e recalque - bomba de 294 kW e cortador de 30 kW - distância de recalque de 500 a 700 m","m³",4.42,{"$nulls":4},5.38]
[1917236,"Dragagem de areia média com draga de sucção e recalque - bomba de 294 kW e cortador de 30 kW - distância de recalque de 700 a 900 m","m³",4.73,{"$nulls":4},5.76]
[1917237,"Dragagem de areia média com draga de sucção e recalque - bomba de 294 kW e cortador de 30 kW - distância de recalque de 900 a 1.100 m","m³",{"v":5.1,"d":"5.10"},{"$nulls":4},6.21]
[1917725,"Dragagem de areia média com draga de sucção e recalque - bomba de 294 kW e cortador de 30 kW - distância de recalque de até 500 m","m³",{"v":4.3,"d":"4.30"},{"$nulls":4},5.24]
[1917311,"Dragagem de areia média com draga de sucção e recalque - bomba de 483 kW e cortador de 55 kW - distância de recalque de 1.100 a 1.300 m","m³",{"v":4.4,"d":"4.40"},{"$nulls":4},5.36]
[1917312,"Dragagem de areia média com draga de sucção e recalque - bomba de 483 kW e cortador de 55 kW - distância de recalque de 1.300 a 1.500 m","m³",4.98,{"$nulls":4},6.06]
[1917313,"Dragagem de areia média com draga de sucção e recalque - bomba de 483 kW e cortador de 55 kW - distância de recalque de 1.500 a 1.700 m","m³",5.36,{"$nulls":4},6.53]
[1917314,"Dragagem de areia média com draga de sucção e recalque - bomba de 483 kW e cortador de 55 kW - distância de recalque de 1.700 a 1.900 m","m³",5.72,{"$nulls":4},6.97]
[1917315,"Dragagem de areia média com draga de sucção e recalque - bomba de 483 kW e cortador de 55 kW - distância de recalque de 1.900 a 2.100 m","m³",6.16,{"$nulls":4},{"v":7.5,"d":"7.50"}]
[1917316,"Dragagem de areia média com draga de sucção e recalque - bomba de 483 kW e cortador de 55 kW - distância de recalque de 2.100 a 2.300 m","m³",6.58,{"$nulls":4},8.02]
[1917317,"Dragagem de areia média com draga de sucção e recalque - bomba de 483 kW e cortador de 55 kW - distância de recalque de 2.300 a 2.500 m","m³",7.25,{"$nulls":4},8.83]
[1917318,"Dragagem de areia média com draga de sucção e recalque - bomba de 483 kW e cortador de 55 kW - distância de recalque de 2.500 a 2.700 m","m³",7.84,{"$nulls":4},9.55]
[1917319,"Dragagem de areia média com draga de sucção e recalque - bomba de 483 kW e cortador de 55 kW - distância de recalque de 2.700 a 2.900 m","m³",{"v":8.4,"d":"8.40"},{"$nulls":4},10.23]
[1917320,"Dragagem de areia média com draga de sucção e recalque - bomba de 483 kW e cortador de 55 kW - distância de recalque de 2.900 a 3.100 m","m³",{"v":9,"d":"9.00"},{"$nulls":4},10.96]
[1917321,"Dragagem de areia média com draga de sucção e recalque - bomba de 483 kW e cortador de 55 kW - distância de recalque de 3.100 a 3.300 m","m³",10.98,{"$nulls":4},13.38]
[1917322,"Dragagem de areia média com draga de sucção e recalque - bomba de 483 kW e cortador de 55 kW - distância de recalque de 3.300 a 3.500 m","m³",12.71,{"$nulls":4},15.48]
[1917323,"Dragagem de areia média com draga de sucção e recalque - bomba de 483 kW e cortador de 55 kW - distância de recalque de 3.500 a 3.700 m","m³",14.93,{"$nulls":4},18.18]
[1917324,"Dragagem de areia média com draga de sucção e recalque - bomba de 483 kW e cortador de 55 kW - distância de recalque de 3.700 a 3.900 m","m³",17.27,{"$nulls":4},21.03]
[1917325,"Dragagem de areia média com draga de sucção e recalque - bomba de 483 kW e cortador de 55 kW - distância de recalque de 3.900 a 4.100 m","m³",20.04,{"$nulls":4},24.41]
[1917326,"Dragagem de areia média com draga de sucção e recalque - bomba de 483 kW e cortador de 55 kW - distância de recalque de 4.100 a 4.300 m","m³",23.78,{"$nulls":4},28.97]
[1917327,"Dragagem de areia média com draga de sucção e recalque - bomba de 483 kW e cortador de 55 kW - distância de recalque de 4.300 a 4.500 m","m³",{"v":27.6,"d":"27.60"},{"$nulls":4},33.62]
[1917328,"Dragagem de areia média com draga de sucção e recalque - bomba de 483 kW e cortador de 55 kW - distância de recalque de 4.500 a 4.700 m","m³",31.99,{"$nulls":4},38.97]
[1917329,"Dragagem de areia média com draga de sucção e recalque - bomba de 483 kW e cortador de 55 kW - distância de recalque de 4.700 a 4.900 m","m³",35.02,{"$nulls":4},42.65]
[1917330,"Dragagem de areia média com draga de sucção e recalque - bomba de 483 kW e cortador de 55 kW - distância de recalque de 4.900 a 5.100 m","m³",38.73,{"$nulls":4},47.18]
[1917308,"Dragagem de areia média com draga de sucção e recalque - bomba de 483 kW e cortador de 55 kW - distância de recalque de 500 a 700 m","m³",3.58,{"$nulls":4},4.36]
[1917309,"Dragagem de areia média com draga de sucção e recalque - bomba de 483 kW e cortador de 55 kW - distância de recalque de 700 a 900 m","m³",3.82,{"$nulls":4},4.65]
[1917310,"Dragagem de areia média com draga de sucção e recalque - bomba de 483 kW e cortador de 55 kW - distância de recalque de 900 a 1.100 m","m³",4.07,{"$nulls":4},4.96]
[1917730,"Dragagem de areia média com draga de sucção e recalque - bomba de 483 kW e cortador de 55 kW - distância de recalque de até 500 m","m³",3.53,{"$nulls":4},{"v":4.3,"d":"4.30"}]
[1917415,"Dragagem de areia média com draga de sucção e recalque - bomba de 746 kW e cortador de 110 kW - distância de recalque de 1.100 a 1.300 m","m³",4.38,{"$nulls":4},5.33]
[1917416,"Dragagem de areia média com draga de sucção e recalque - bomba de 746 kW e cortador de 110 kW - distância de recalque de 1.300 a 1.500 m","m³",4.93,{"$nulls":4},{"v":6,"d":"6.00"}]
[1917417,"Dragagem de areia média com draga de sucção e recalque - bomba de 746 kW e cortador de 110 kW - distância de recalque de 1.500 a 1.700 m","m³",5.29,{"$nulls":4},6.44]
[1917418,"Dragagem de areia média com draga de sucção e recalque - bomba de 746 kW e cortador de 110 kW - distância de recalque de 1.700 a 1.900 m","m³",5.63,{"$nulls":4},6.86]
[1917419,"Dragagem de areia média com draga de sucção e recalque - bomba de 746 kW e cortador de 110 kW - distância de recalque de 1.900 a 2.100 m","m³",5.93,{"$nulls":4},7.22]
[1917420,"Dragagem de areia média com draga de sucção e recalque - bomba de 746 kW e cortador de 110 kW - distância de recalque de 2.100 a 2.300 m","m³",6.29,{"$nulls":4},7.66]
[1917421,"Dragagem de areia média com draga de sucção e recalque - bomba de 746 kW e cortador de 110 kW - distância de recalque de 2.300 a 2.500 m","m³",6.86,{"$nulls":4},8.35]
[1917422,"Dragagem de areia média com draga de sucção e recalque - bomba de 746 kW e cortador de 110 kW - distância de recalque de 2.500 a 2.700 m","m³",{"v":7.2,"d":"7.20"},{"$nulls":4},8.77]
[1917423,"Dragagem de areia média com draga de sucção e recalque - bomba de 746 kW e cortador de 110 kW - distância de recalque de 2.700 a 2.900 m","m³",7.55,{"$nulls":4},{"v":9.2,"d":"9.20"}]
[1917424,"Dragagem de areia média com draga de sucção e recalque - bomba de 746 kW e cortador de 110 kW - distância de recalque de 2.900 a 3.100 m","m³",7.91,{"$nulls":4},9.64]
[1917425,"Dragagem de areia média com draga de sucção e recalque - bomba de 746 kW e cortador de 110 kW - distância de recalque de 3.100 a 3.300 m","m³",8.61,{"$nulls":4},10.49]
[1917426,"Dragagem de areia média com draga de sucção e recalque - bomba de 746 kW e cortador de 110 kW - distância de recalque de 3.300 a 3.500 m","m³",9.34,{"$nulls":4},11.38]
[1917427,"Dragagem de areia média com draga de sucção e recalque - bomba de 746 kW e cortador de 110 kW - distância de recalque de 3.500 a 3.700 m","m³",10.63,{"$nulls":4},12.95]
[1917428,"Dragagem de areia média com draga de sucção e recalque - bomba de 746 kW e cortador de 110 kW - distância de recalque de 3.700 a 3.900 m","m³",12.15,{"$nulls":4},{"v":14.8,"d":"14.80"}]
[1917429,"Dragagem de areia média com draga de sucção e recalque - bomba de 746 kW e cortador de 110 kW - distância de recalque de 3.900 a 4.100 m","m³",13.74,{"$nulls":4},16.73]
[1917430,"Dragagem de areia média com draga de sucção e recalque - bomba de 746 kW e cortador de 110 kW - distância de recalque de 4.100 a 4.300 m","m³",15.85,{"$nulls":4},19.31]
[1917431,"Dragagem de areia média com draga de sucção e recalque - bomba de 746 kW e cortador de 110 kW - distância de recalque de 4.300 a 4.500 m","m³",17.72,{"$nulls":4},21.58]
[1917432,"Dragagem de areia média com draga de sucção e recalque - bomba de 746 kW e cortador de 110 kW - distância de recalque de 4.500 a 4.700 m","m³",20.11,{"$nulls":4},{"v":24.5,"d":"24.50"}]
[1917433,"Dragagem de areia média com draga de sucção e recalque - bomba de 746 kW e cortador de 110 kW - distância de recalque de 4.700 a 4.900 m","m³",22.58,{"$nulls":4},{"v":27.5,"d":"27.50"}]
[1917434,"Dragagem de areia média com draga de sucção e recalque - bomba de 746 kW e cortador de 110 kW - distância de recalque de 4.900 a 5.100 m","m³",25.52,{"$nulls":4},31.09]
[1917435,"Dragagem de areia média com draga de sucção e recalque - bomba de 746 kW e cortador de 110 kW - distância de recalque de 5.100 a 5.300 m","m³",29.02,{"$nulls":4},35.35]
[1917436,"Dragagem de areia média com draga de sucção e recalque - bomba de 746 kW e cortador de 110 kW - distância de recalque de 5.300 a 5.500 m","m³",{"v":32.2,"d":"32.20"},{"$nulls":4},39.22]
[1917437,"Dragagem de areia média com draga de sucção e recalque - bomba de 746 kW e cortador de 110 kW - distância de recalque de 5.500 a 5.700 m","m³",36.26,{"$nulls":4},44.17]
[1917438,"Dragagem de areia média com draga de sucção e recalque - bomba de 746 kW e cortador de 110 kW - distância de recalque de 5.700 a 5.900 m","m³",39.12,{"$nulls":4},47.65]
[1917439,"Dragagem de areia média com draga de sucção e recalque - bomba de 746 kW e cortador de 110 kW - distância de recalque de 5.900 a 6.100 m","m³",41.67,{"$nulls":4},50.75]
[1917412,"Dragagem de areia média com draga de sucção e recalque - bomba de 746 kW e cortador de 110 kW - distância de recalque de 500 a 700 m","m³",3.28,{"$nulls":4},3.99]
[1917413,"Dragagem de areia média com draga de sucção e recalque - bomba de 746 kW e cortador de 110 kW - distância de recalque de 700 a 900 m","m³",3.67,{"$nulls":4},4.47]
[1917414,"Dragagem de areia média com draga de sucção e recalque - bomba de 746 kW e cortador de 110 kW - distância de recalque de 900 a 1.100 m","m³",4.06,{"$nulls":4},4.95]
[1917733,"Dragagem de areia média com draga de sucção e recalque - bomba de 746 kW e cortador de 110 kW - distância de recalque de até 500 m","m³",3.06,{"$nulls":4},3.73]
[1917049,"Dragagem de areia média com draga hopper - capacidade da cisterna de 1.000 m³ - DMT de 1.500 a 1.800 m","m³",{"v":9.5,"d":"9.50"},{"$nulls":4},11.57]
[1917050,"Dragagem de areia média com draga hopper - capacidade da cisterna de 1.000 m³ - DMT de 1.800 a 2.100 m","m³",9.67,{"$nulls":4},11.78]
[1917051,"Dragagem de areia média com draga hopper - capacidade da cisterna de 1.000 m³ - DMT de 2.100 a 2.400 m","m³",9.84,{"$nulls":4},11.99]
[1917052,"Dragagem de areia média com draga hopper - capacidade da cisterna de 1.000 m³ - DMT de 2.400 a 2.700 m","m³",10.03,{"$nulls":4},12.22]
[1917053,"Dragagem de areia média com draga hopper - capacidade da cisterna de 1.000 m³ - DMT de 2.700 a 3.000 m","m³",10.23,{"$nulls":4},12.46]
[1917054,"Dragagem de areia média com draga hopper - capacidade da cisterna de 1.000 m³ - DMT de 3.000 m","m³",10.34,{"$nulls":4},12.59]
[1901553,"Dragagem de areia média com draga hopper - capacidade da cisterna de 10.000 m³ - DMT de 1.500 a 1.800 m","m³",6.36,{"$nulls":4},7.75]
[1901554,"Dragagem de areia média com draga hopper - capacidade da cisterna de 10.000 m³ - DMT de 1.800 a 2.100 m","m³",6.41,{"$nulls":4},7.81]
[1901555,"Dragagem de areia média com draga hopper - capacidade da cisterna de 10.000 m³ - DMT de 2.100 a 2.400 m","m³",6.46,{"$nulls":4},7.87]
[1901556,"Dragagem de areia média com draga hopper - capacidade da cisterna de 10.000 m³ - DMT de 2.400 a 2.700 m","m³",6.52,{"$nulls":4},7.94]
[1901557,"Dragagem de areia média com draga hopper - capacidade da cisterna de 10.000 m³ - DMT de 2.700 a 3.000 m","m³",6.58,{"$nulls":4},8.01]
[1901558,"Dragagem de areia média com draga hopper - capacidade da cisterna de 10.000 m³ - DMT de 3.000 m","m³",6.61,{"$nulls":4},8.05]
[1901560,"Dragagem de areia média com draga hopper - capacidade da cisterna de 15.000 m³ - DMT de 1.500 a 1.800 m","m³",8.42,{"$nulls":4},10.26]
[1901561,"Dragagem de areia média com draga hopper - capacidade da cisterna de 15.000 m³ - DMT de 1.800 a 2.100 m","m³",8.47,{"$nulls":4},10.32]
[1901562,"Dragagem de areia média com draga hopper - capacidade da cisterna de 15.000 m³ - DMT de 2.100 a 2.400 m","m³",8.52,{"$nulls":4},10.38]
[1901563,"Dragagem de areia média com draga hopper - capacidade da cisterna de 15.000 m³ - DMT de 2.400 a 2.700 m","m³",8.57,{"$nulls":4},10.44]
[1901564,"Dragagem de areia média com draga hopper - capacidade da cisterna de 15.000 m³ - DMT de 2.700 a 3.000 m","m³",8.63,{"$nulls":4},10.51]
[1901559,"Dragagem de areia média com draga hopper - capacidade da cisterna de 15.000 m³ - DMT de 3.000 m","m³",8.65,{"$nulls":4},10.54]
[1917085,"Dragagem de areia média com draga hopper - capacidade da cisterna de 2.000 m³ - DMT de 1.500 a 1.800 m","m³",6.71,{"$nulls":4},8.17]
[1917086,"Dragagem de areia média com draga hopper - capacidade da cisterna de 2.000 m³ - DMT de 1.800 a 2.100 m","m³",6.81,{"$nulls":4},{"v":8.3,"d":"8.30"}]
[1917087,"Dragagem de areia média com draga hopper - capacidade da cisterna de 2.000 m³ - DMT de 2.100 a 2.400 m","m³",6.92,{"$nulls":4},8.43]
[1917088,"Dragagem de areia média com draga hopper - capacidade da cisterna de 2.000 m³ - DMT de 2.400 a 2.700 m","m³",7.04,{"$nulls":4},8.57]
[1917089,"Dragagem de areia média com draga hopper - capacidade da cisterna de 2.000 m³ - DMT de 2.700 a 3.000 m","m³",7.16,{"$nulls":4},8.72]
[1917090,"Dragagem de areia média com draga hopper - capacidade da cisterna de 2.000 m³ - DMT de 3.000 m","m³",7.22,{"$nulls":4},{"v":8.8,"d":"8.80"}]
[1901566,"Dragagem de areia média com draga hopper - capacidade da cisterna de 20.000 m³ - DMT de 1.500 a 1.800 m","m³",10.53,{"$nulls":4},12.83]
[1901567,"Dragagem de areia média com draga hopper - capacidade da cisterna de 20.000 m³ - DMT de 1.800 a 2.100 m","m³",10.57,{"$nulls":4},12.88]
[1901568,"Dragagem de areia média com draga hopper - capacidade da cisterna de 20.000 m³ - DMT de 2.100 a 2.400 m","m³",10.62,{"$nulls":4},12.94]
[1901569,"Dragagem de areia média com draga hopper - capacidade da cisterna de 20.000 m³ - DMT de 2.400 a 2.700 m","m³",10.67,{"$nulls":4},{"v":13,"d":"13.00"}]
[1901570,"Dragagem de areia média com draga hopper - capacidade da cisterna de 20.000 m³ - DMT de 2.700 a 3.000 m","m³",10.73,{"$nulls":4},13.07]
[1901565,"Dragagem de areia média com draga hopper - capacidade da cisterna de 20.000 m³ - DMT de 3.000 m","m³",10.76,{"$nulls":4},13.11]
[1917121,"Dragagem de areia média com draga hopper - capacidade da cisterna de 3.000 m³ - DMT de 1.500 a 1.800 m","m³",6.42,{"$nulls":4},7.82]
[1917122,"Dragagem de areia média com draga hopper - capacidade da cisterna de 3.000 m³ - DMT de 1.800 a 2.100 m","m³",6.51,{"$nulls":4},7.93]
[1917123,"Dragagem de areia média com draga hopper - capacidade da cisterna de 3.000 m³ - DMT de 2.100 a 2.400 m","m³",{"v":6.6,"d":"6.60"},{"$nulls":4},8.04]
[1917124,"Dragagem de areia média com draga hopper - capacidade da cisterna de 3.000 m³ - DMT de 2.400 a 2.700 m","m³",{"v":6.7,"d":"6.70"},{"$nulls":4},8.16]
[1917125,"Dragagem de areia média com draga hopper - capacidade da cisterna de 3.000 m³ - DMT de 2.700 a 3.000 m","m³",{"v":6.8,"d":"6.80"},{"$nulls":4},8.28]
[1917126,"Dragagem de areia média com draga hopper - capacidade da cisterna de 3.000 m³ - DMT de 3.000 m","m³",6.85,{"$nulls":4},8.34]
[1917157,"Dragagem de areia média com draga hopper - capacidade da cisterna de 4.000 m³ - DMT de 1.500 a 1.800 m","m³",6.12,{"$nulls":4},7.45]
[1917158,"Dragagem de areia média com draga hopper - capacidade da cisterna de 4.000 m³ - DMT de 1.800 a 2.100 m","m³",{"v":6.2,"d":"6.20"},{"$nulls":4},7.55]
[1917159,"Dragagem de areia média com draga hopper - capacidade da cisterna de 4.000 m³ - DMT de 2.100 a 2.400 m","m³",6.27,{"$nulls":4},7.64]
[1917160,"Dragagem de areia média com draga hopper - capacidade da cisterna de 4.000 m³ - DMT de 2.400 a 2.700 m","m³",6.35,{"$nulls":4},7.74]
[1917161,"Dragagem de areia média com draga hopper - capacidade da cisterna de 4.000 m³ - DMT de 2.700 a 3.000 m","m³",6.44,{"$nulls":4},7.85]
[1917162,"Dragagem de areia média com draga hopper - capacidade da cisterna de 4.000 m³ - DMT de 3.000 m","m³",6.49,{"$nulls":4},7.91]
[1917193,"Dragagem de areia média com draga hopper - capacidade da cisterna de 5.000 m³ - DMT de 1.500 a 1.800 m","m³",6.79,{"$nulls":4},8.27]
[1917194,"Dragagem de areia média com draga hopper - capacidade da cisterna de 5.000 m³ - DMT de 1.800 a 2.100 m","m³",6.86,{"$nulls":4},8.36]
[1917195,"Dragagem de areia média com draga hopper - capacidade da cisterna de 5.000 m³ - DMT de 2.100 a 2.400 m","m³",6.93,{"$nulls":4},8.44]
[1917196,"Dragagem de areia média com draga hopper - capacidade da cisterna de 5.000 m³ - DMT de 2.400 a 2.700 m","m³",{"v":7,"d":"7.00"},{"$nulls":4},8.53]
[1917197,"Dragagem de areia média com draga hopper - capacidade da cisterna de 5.000 m³ - DMT de 2.700 a 3.000 m","m³",7.09,{"$nulls":4},8.63]
[1917198,"Dragagem de areia média com draga hopper - capacidade da cisterna de 5.000 m³ - DMT de 3.000 m","m³",7.13,{"$nulls":4},8.68]
[1917013,"Dragagem de areia média com draga hopper - capacidade da cisterna de 750 m³ - DMT de 1.500 a 1.800 m","m³",12.89,{"$nulls":4},{"v":15.7,"d":"15.70"}]
[1917014,"Dragagem de areia média com draga hopper - capacidade da cisterna de 750 m³ - DMT de 1.800 a 2.100 m","m³",13.14,{"$nulls":4},16.01]
[1917015,"Dragagem de areia média com draga hopper - capacidade da cisterna de 750 m³ - DMT de 2.100 a 2.400 m","m³",13.39,{"$nulls":4},16.31]
[1917016,"Dragagem de areia média com draga hopper - capacidade da cisterna de 750 m³ - DMT de 2.400 a 2.700 m","m³",13.66,{"$nulls":4},16.64]
[1917017,"Dragagem de areia média com draga hopper - capacidade da cisterna de 750 m³ - DMT de 2.700 a 3.000 m","m³",13.94,{"$nulls":4},16.98]
[1917018,"Dragagem de areia média com draga hopper - capacidade da cisterna de 750 m³ - DMT de 3.000 m","m³",14.09,{"$nulls":4},17.16]
[1917623,"Dragagem de cascalho com draga de sucção e recalque - bomba de 1.350 kW e cortador de 170 kW - distância de recalque de 1.100 a 1.300 m","m³",15.06,{"$nulls":4},18.34]
[1917624,"Dragagem de cascalho com draga de sucção e recalque - bomba de 1.350 kW e cortador de 170 kW - distância de recalque de 1.300 a 1.500 m","m³",18.96,{"$nulls":4},23.09]
[1917625,"Dragagem de cascalho com draga de sucção e recalque - bomba de 1.350 kW e cortador de 170 kW - distância de recalque de 1.500 a 1.700 m","m³",23.74,{"$nulls":4},28.91]
[1917626,"Dragagem de cascalho com draga de sucção e recalque - bomba de 1.350 kW e cortador de 170 kW - distância de recalque de 1.700 a 1.900 m","m³",29.01,{"$nulls":4},35.33]
[1917627,"Dragagem de cascalho com draga de sucção e recalque - bomba de 1.350 kW e cortador de 170 kW - distância de recalque de 1.900 a 2.100 m","m³",34.84,{"$nulls":4},42.44]
[1917628,"Dragagem de cascalho com draga de sucção e recalque - bomba de 1.350 kW e cortador de 170 kW - distância de recalque de 2.100 a 2.300 m","m³",40.74,{"$nulls":4},49.62]
[1917620,"Dragagem de cascalho com draga de sucção e recalque - bomba de 1.350 kW e cortador de 170 kW - distância de recalque de 500 a 700 m","m³",7.06,{"$nulls":4},{"v":8.6,"d":"8.60"}]
[1917621,"Dragagem de cascalho com draga de sucção e recalque - bomba de 1.350 kW e cortador de 170 kW - distância de recalque de 700 a 900 m","m³",8.24,{"$nulls":4},10.04]
[1917622,"Dragagem de cascalho com draga de sucção e recalque - bomba de 1.350 kW e cortador de 170 kW - distância de recalque de 900 a 1.100 m","m³",10.29,{"$nulls":4},12.53]
[1917741,"Dragagem de cascalho com draga de sucção e recalque - bomba de 1.350 kW e cortador de 170 kW - distância de recalque de até 500 m","m³",6.54,{"$nulls":4},7.97]
[1917269,"Dragagem de cascalho com draga de sucção e recalque - bomba de 294 kW e cortador de 30 kW - distância de recalque de 1.100 a 1.300 m","m³",18.28,{"$nulls":4},22.26]
[1917270,"Dragagem de cascalho com draga de sucção e recalque - bomba de 294 kW e cortador de 30 kW - distância de recalque de 1.300 a 1.500 m","m³",24.65,{"$nulls":4},30.02]
[1917266,"Dragagem de cascalho com draga de sucção e recalque - bomba de 294 kW e cortador de 30 kW - distância de recalque de 500 a 700 m","m³",5.99,{"$nulls":4},7.29]
[1917267,"Dragagem de cascalho com draga de sucção e recalque - bomba de 294 kW e cortador de 30 kW - distância de recalque de 700 a 900 m","m³",8.69,{"$nulls":4},10.58]
[1917268,"Dragagem de cascalho com draga de sucção e recalque - bomba de 294 kW e cortador de 30 kW - distância de recalque de 900 a 1.100 m","m³",13.26,{"$nulls":4},16.15]
[1917728,"Dragagem de cascalho com draga de sucção e recalque - bomba de 294 kW e cortador de 30 kW - distância de recalque de até 500 m","m³",5.53,{"$nulls":4},6.73]
[1917358,"Dragagem de cascalho com draga de sucção e recalque - bomba de 483 kW e cortador de 55 kW - distância de recalque até 500 m","m³",{"v":5.6,"d":"5.60"},{"$nulls":4},6.82]
[1917362,"Dragagem de cascalho com draga de sucção e recalque - bomba de 483 kW e cortador de 55 kW - distância de recalque de 1.100 a 1.300 m","m³",26.87,{"$nulls":4},32.73]
[1917363,"Dragagem de cascalho com draga de sucção e recalque - bomba de 483 kW e cortador de 55 kW - distância de recalque de 1.300 a 1.500 m","m³",32.77,{"$nulls":4},39.92]
[1917359,"Dragagem de cascalho com draga de sucção e recalque - bomba de 483 kW e cortador de 55 kW - distância de recalque de 500 a 700 m","m³",{"v":7.9,"d":"7.90"},{"$nulls":4},9.62]
[1917360,"Dragagem de cascalho com draga de sucção e recalque - bomba de 483 kW e cortador de 55 kW - distância de recalque de 700 a 900 m","m³",{"v":12.9,"d":"12.90"},{"$nulls":4},15.71]
[1917361,"Dragagem de cascalho com draga de sucção e recalque - bomba de 483 kW e cortador de 55 kW - distância de recalque de 900 a 1.100 m","m³",19.28,{"$nulls":4},23.48]
[1917476,"Dragagem de cascalho com draga de sucção e recalque - bomba de 746 kW e cortador de 110 kW - distância de recalque de 1.100 a 1.300 m","m³",20.01,{"$nulls":4},24.37]
[1917477,"Dragagem de cascalho com draga de sucção e recalque - bomba de 746 kW e cortador de 110 kW - distância de recalque de 1.300 a 1.500 m","m³",25.75,{"$nulls":4},31.36]
[1917478,"Dragagem de cascalho com draga de sucção e recalque - bomba de 746 kW e cortador de 110 kW - distância de recalque de 1.500 a 1.700 m","m³",33.05,{"$nulls":4},40.26]
[1917479,"Dragagem de cascalho com draga de sucção e recalque - bomba de 746 kW e cortador de 110 kW - distância de recalque de 1.700 a 1.900 m","m³",35.99,{"$nulls":4},43.84]
[1917473,"Dragagem de cascalho com draga de sucção e recalque - bomba de 746 kW e cortador de 110 kW - distância de recalque de 500 a 700 m","m³",9.15,{"$nulls":4},11.15]
[1917474,"Dragagem de cascalho com draga de sucção e recalque - bomba de 746 kW e cortador de 110 kW - distância de recalque de 700 a 900 m","m³",11.78,{"$nulls":4},14.35]
[1917475,"Dragagem de cascalho com draga de sucção e recalque - bomba de 746 kW e cortador de 110 kW - distância de recalque de 900 a 1.100 m","m³",15.11,{"$nulls":4},{"v":18.4,"d":"18.40"}]
[1917736,"Dragagem de cascalho com draga de sucção e recalque - bomba de 746 kW e cortador de 110 kW - distância de recalque de até 500 m","m³",6.64,{"$nulls":4},8.09]
[1917067,"Dragagem de cascalho com draga hopper - capacidade da cisterna de 1.000 m³ - DMT de 1.500 a 1.800 m","m³",8.88,{"$nulls":4},10.81]
[1917068,"Dragagem de cascalho com draga hopper - capacidade da cisterna de 1.000 m³ - DMT de 1.800 a 2.100 m","m³",9.05,{"$nulls":4},11.02]
[1917069,"Dragagem de cascalho com draga hopper - capacidade da cisterna de 1.000 m³ - DMT de 2.100 a 2.400 m","m³",9.23,{"$nulls":4},11.24]
[1917070,"Dragagem de cascalho com draga hopper - capacidade da cisterna de 1.000 m³ - DMT de 2.400 a 2.700 m","m³",9.42,{"$nulls":4},11.47]
[1917071,"Dragagem de cascalho com draga hopper - capacidade da cisterna de 1.000 m³ - DMT de 2.700 a 3.000 m","m³",9.62,{"$nulls":4},11.72]
[1917072,"Dragagem de cascalho com draga hopper - capacidade da cisterna de 1.000 m³ - DMT de 3.000 m","m³",9.73,{"$nulls":4},11.85]
[1901572,"Dragagem de cascalho com draga hopper - capacidade da cisterna de 10.000 m³ - DMT de 1.500 a 1.800 m","m³",5.82,{"$nulls":4},7.09]
[1901573,"Dragagem de cascalho com draga hopper - capacidade da cisterna de 10.000 m³ - DMT de 1.800 a 2.100 m","m³",5.87,{"$nulls":4},7.15]
[1901574,"Dragagem de cascalho com draga hopper - capacidade da cisterna de 10.000 m³ - DMT de 2.100 a 2.400 m","m³",5.93,{"$nulls":4},7.22]
[1901575,"Dragagem de cascalho com draga hopper - capacidade da cisterna de 10.000 m³ - DMT de 2.400 a 2.700 m","m³",5.99,{"$nulls":4},7.29]
[1901576,"Dragagem de cascalho com draga hopper - capacidade da cisterna de 10.000 m³ - DMT de 2.700 a 3.000 m","m³",6.04,{"$nulls":4},7.36]
[1901571,"Dragagem de cascalho com draga hopper - capacidade da cisterna de 10.000 m³ - DMT de 3.000 m","m³",6.08,{"$nulls":4},{"v":7.4,"d":"7.40"}]
[1901578,"Dragagem de cascalho com draga hopper - capacidade da cisterna de 15.000 m³ - DMT de 1.500 a 1.800 m","m³",7.64,{"$nulls":4},{"v":9.3,"d":"9.30"}]
[1901579,"Dragagem de cascalho com draga hopper - capacidade da cisterna de 15.000 m³ - DMT de 1.800 a 2.100 m","m³",7.68,{"$nulls":4},9.36]
[1901580,"Dragagem de cascalho com draga hopper - capacidade da cisterna de 15.000 m³ - DMT de 2.100 a 2.400 m","m³",7.74,{"$nulls":4},9.43]
[1901581,"Dragagem de cascalho com draga hopper - capacidade da cisterna de 15.000 m³ - DMT de 2.400 a 2.700 m","m³",7.79,{"$nulls":4},9.49]
[1901582,"Dragagem de cascalho com draga hopper - capacidade da cisterna de 15.000 m³ - DMT de 2.700 a 3.000 m","m³",7.85,{"$nulls":4},9.56]
[1901577,"Dragagem de cascalho com draga hopper - capacidade da cisterna de 15.000 m³ - DMT de 3.000 m","m³",7.88,{"$nulls":4},{"v":9.6,"d":"9.60"}]
[1917103,"Dragagem de cascalho com draga hopper - capacidade da cisterna de 2.000 m³ - DMT de 1.500 a 1.800 m","m³",6.25,{"$nulls":4},7.61]
[1917104,"Dragagem de cascalho com draga hopper - capacidade da cisterna de 2.000 m³ - DMT de 1.800 a 2.100 m","m³",6.36,{"$nulls":4},7.75]
[1917105,"Dragagem de cascalho com draga hopper - capacidade da cisterna de 2.000 m³ - DMT de 2.100 a 2.400 m","m³",6.48,{"$nulls":4},7.89]
[1917106,"Dragagem de cascalho com draga hopper - capacidade da cisterna de 2.000 m³ - DMT de 2.400 a 2.700 m","m³",6.59,{"$nulls":4},8.03]
[1917107,"Dragagem de cascalho com draga hopper - capacidade da cisterna de 2.000 m³ - DMT de 2.700 a 3.000 m","m³",6.72,{"$nulls":4},8.18]
[1917108,"Dragagem de cascalho com draga hopper - capacidade da cisterna de 2.000 m³ - DMT de 3.000 m","m³",6.78,{"$nulls":4},8.26]
[1901583,"Dragagem de cascalho com draga hopper - capacidade da cisterna de 20.000 m³ - DMT de 1.500 a 1.800 m","m³",9.51,{"$nulls":4},11.58]
[1901584,"Dragagem de cascalho com draga hopper - capacidade da cisterna de 20.000 m³ - DMT de 1.800 a 2.100 m","m³",9.56,{"$nulls":4},11.64]
[1901585,"Dragagem de cascalho com draga hopper - capacidade da cisterna de 20.000 m³ - DMT de 2.100 a 2.400 m","m³",9.61,{"$nulls":4},{"v":11.7,"d":"11.70"}]
[1901586,"Dragagem de cascalho com draga hopper - capacidade da cisterna de 20.000 m³ - DMT de 2.400 a 2.700 m","m³",9.65,{"$nulls":4},11.76]
[1901587,"Dragagem de cascalho com draga hopper - capacidade da cisterna de 20.000 m³ - DMT de 2.700 a 3.000 m","m³",9.71,{"$nulls":4},11.83]
[1901588,"Dragagem de cascalho com draga hopper - capacidade da cisterna de 20.000 m³ - DMT de 3.000 m","m³",9.74,{"$nulls":4},11.86]
[1917139,"Dragagem de cascalho com draga hopper - capacidade da cisterna de 3.000 m³ - DMT de 1.500 a 1.800 m","m³",5.95,{"$nulls":4},7.25]
[1917140,"Dragagem de cascalho com draga hopper - capacidade da cisterna de 3.000 m³ - DMT de 1.800 a 2.100 m","m³",6.04,{"$nulls":4},7.36]
[1917141,"Dragagem de cascalho com draga hopper - capacidade da cisterna de 3.000 m³ - DMT de 2.100 a 2.400 m","m³",6.14,{"$nulls":4},7.48]
[1917142,"Dragagem de cascalho com draga hopper - capacidade da cisterna de 3.000 m³ - DMT de 2.400 a 2.700 m","m³",6.23,{"$nulls":4},7.59]
[1917143,"Dragagem de cascalho com draga hopper - capacidade da cisterna de 3.000 m³ - DMT de 2.700 a 3.000 m","m³",6.34,{"$nulls":4},7.72]
[1917144,"Dragagem de cascalho com draga hopper - capacidade da cisterna de 3.000 m³ - DMT de 3.000 m","m³",{"v":6.4,"d":"6.40"},{"$nulls":4},7.79]
[1917175,"Dragagem de cascalho com draga hopper - capacidade da cisterna de 4.000 m³ - DMT de 1.500 a 1.800 m","m³",5.66,{"$nulls":4},{"v":6.9,"d":"6.90"}]
[1917176,"Dragagem de cascalho com draga hopper - capacidade da cisterna de 4.000 m³ - DMT de 1.800 a 2.100 m","m³",5.74,{"$nulls":4},6.99]
[1917177,"Dragagem de cascalho com draga hopper - capacidade da cisterna de 4.000 m³ - DMT de 2.100 a 2.400 m","m³",5.82,{"$nulls":4},7.09]
[1917178,"Dragagem de cascalho com draga hopper - capacidade da cisterna de 4.000 m³ - DMT de 2.400 a 2.700 m","m³",5.91,{"$nulls":4},{"v":7.2,"d":"7.20"}]
[1917179,"Dragagem de cascalho com draga hopper - capacidade da cisterna de 4.000 m³ - DMT de 2.700 a 3.000 m","m³",{"v":6,"d":"6.00"},{"$nulls":4},7.31]
[1917180,"Dragagem de cascalho com draga hopper - capacidade da cisterna de 4.000 m³ - DMT de 3.000 m","m³",6.04,{"$nulls":4},7.36]
[1917211,"Dragagem de cascalho com draga hopper - capacidade da cisterna de 5.000 m³ - DMT de 1.500 a 1.800 m","m³",6.24,{"$nulls":4},{"v":7.6,"d":"7.60"}]
[1917212,"Dragagem de cascalho com draga hopper - capacidade da cisterna de 5.000 m³ - DMT de 1.800 a 2.100 m","m³",6.31,{"$nulls":4},7.69]
[1917213,"Dragagem de cascalho com draga hopper - capacidade da cisterna de 5.000 m³ - DMT de 2.100 a 2.400 m","m³",6.39,{"$nulls":4},7.78]
[1917214,"Dragagem de cascalho com draga hopper - capacidade da cisterna de 5.000 m³ - DMT de 2.400 a 2.700 m","m³",6.46,{"$nulls":4},7.87]
[1917215,"Dragagem de cascalho com draga hopper - capacidade da cisterna de 5.000 m³ - DMT de 2.700 a 3.000 m","m³",6.54,{"$nulls":4},7.97]
[1917216,"Dragagem de cascalho com draga hopper - capacidade da cisterna de 5.000 m³ - DMT de 3.000 m","m³",6.58,{"$nulls":4},8.02]
[1917031,"Dragagem de cascalho com draga hopper - capacidade da cisterna de 750 m³ - DMT de 1.500 a 1.800 m","m³",12.01,{"$nulls":4},14.63]
[1917032,"Dragagem de cascalho com draga hopper - capacidade da cisterna de 750 m³ - DMT de 1.800 a 2.100 m","m³",12.27,{"$nulls":4},14.94]
[1917033,"Dragagem de cascalho com draga hopper - capacidade da cisterna de 750 m³ - DMT de 2.100 a 2.400 m","m³",12.52,{"$nulls":4},15.25]
[1917034,"Dragagem de cascalho com draga hopper - capacidade da cisterna de 750 m³ - DMT de 2.400 a 2.700 m","m³",12.79,{"$nulls":4},15.58]
[1917035,"Dragagem de cascalho com draga hopper - capacidade da cisterna de 750 m³ - DMT de 2.700 a 3.000 m","m³",13.08,{"$nulls":4},15.93]
[1917036,"Dragagem de cascalho com draga hopper - capacidade da cisterna de 750 m³ - DMT de 3.000 m","m³",13.23,{"$nulls":4},16.12]
[1917605,"Dragagem de cascalho fino com draga de sucção e recalque - bomba de 1.350 kW e cortador de 170 kW - distância de recalque de 1.100 a 1.300 m","m³",6.69,{"$nulls":4},8.15]
[1917606,"Dragagem de cascalho fino com draga de sucção e recalque - bomba de 1.350 kW e cortador de 170 kW - distância de recalque de 1.300 a 1.500 m","m³",7.24,{"$nulls":4},8.82]
[1917607,"Dragagem de cascalho fino com draga de sucção e recalque - bomba de 1.350 kW e cortador de 170 kW - distância de recalque de 1.500 a 1.700 m","m³",7.78,{"$nulls":4},9.48]
[1917608,"Dragagem de cascalho fino com draga de sucção e recalque - bomba de 1.350 kW e cortador de 170 kW - distância de recalque de 1.700 a 1.900 m","m³",8.68,{"$nulls":4},10.57]
[1917609,"Dragagem de cascalho fino com draga de sucção e recalque - bomba de 1.350 kW e cortador de 170 kW - distância de recalque de 1.900 a 2.100 m","m³",9.88,{"$nulls":4},12.04]
[1917610,"Dragagem de cascalho fino com draga de sucção e recalque - bomba de 1.350 kW e cortador de 170 kW - distância de recalque de 2.100 a 2.300 m","m³",11.69,{"$nulls":4},14.24]
[1917611,"Dragagem de cascalho fino com draga de sucção e recalque - bomba de 1.350 kW e cortador de 170 kW - distância de recalque de 2.300 a 2.500 m","m³",13.71,{"$nulls":4},{"v":16.7,"d":"16.70"}]
[1917612,"Dragagem de cascalho fino com draga de sucção e recalque - bomba de 1.350 kW e cortador de 170 kW - distância de recalque de 2.500 a 2.700 m","m³",16.09,{"$nulls":4},{"v":19.6,"d":"19.60"}]
[1917613,"Dragagem de cascalho fino com draga de sucção e recalque - bomba de 1.350 kW e cortador de 170 kW - distância de recalque de 2.700 a 2.900 m","m³",18.74,{"$nulls":4},22.82]
[1917614,"Dragagem de cascalho fino com draga de sucção e recalque - bomba de 1.350 kW e cortador de 170 kW - distância de recalque de 2.900 a 3.100 m","m³",21.64,{"$nulls":4},26.36]
[1917615,"Dragagem de cascalho fino com draga de sucção e recalque - bomba de 1.350 kW e cortador de 170 kW - distância de recalque de 3.100 a 3.300 m","m³",24.93,{"$nulls":4},30.36]
[1917616,"Dragagem de cascalho fino com draga de sucção e recalque - bomba de 1.350 kW e cortador de 170 kW - distância de recalque de 3.300 a 3.500 m","m³",28.87,{"$nulls":4},35.17]
[1917617,"Dragagem de cascalho fino com draga de sucção e recalque - bomba de 1.350 kW e cortador de 170 kW - distância de recalque de 3.500 a 3.700 m","m³",32.36,{"$nulls":4},39.42]
[1917618,"Dragagem de cascalho fino com draga de sucção e recalque - bomba de 1.350 kW e cortador de 170 kW - distância de recalque de 3.700 a 3.900 m","m³",{"v":36.9,"d":"36.90"},{"$nulls":4},44.94]
[1917619,"Dragagem de cascalho fino com draga de sucção e recalque - bomba de 1.350 kW e cortador de 170 kW - distância de recalque de 3.900 a 4.100 m","m³",40.01,{"$nulls":4},48.73]
[1917602,"Dragagem de cascalho fino com draga de sucção e recalque - bomba de 1.350 kW e cortador de 170 kW - distância de recalque de 500 a 700 m","m³",4.87,{"$nulls":4},5.93]
[1917603,"Dragagem de cascalho fino com draga de sucção e recalque - bomba de 1.350 kW e cortador de 170 kW - distância de recalque de 700 a 900 m","m³",5.44,{"$nulls":4},6.62]
[1917604,"Dragagem de cascalho fino com draga de sucção e recalque - bomba de 1.350 kW e cortador de 170 kW - distância de recalque de 900 a 1.100 m","m³",5.94,{"$nulls":4},7.23]
[1917740,"Dragagem de cascalho fino com draga de sucção e recalque - bomba de 1.350 kW e cortador de 170 kW - distância de recalque de até 500 m","m³",4.69,{"$nulls":4},5.71]
[1917263,"Dragagem de cascalho fino com draga de sucção e recalque - bomba de 294 kW e cortador de 30 kW - distância de recalque de 1.100 a 1.300 m","m³",8.46,{"$nulls":4},{"v":10.3,"d":"10.30"}]
[1917264,"Dragagem de cascalho fino com draga de sucção e recalque - bomba de 294 kW e cortador de 30 kW - distância de recalque de 1.300 a 1.500 m","m³",10.48,{"$nulls":4},12.77]
[1917265,"Dragagem de cascalho fino com draga de sucção e recalque - bomba de 294 kW e cortador de 30 kW - distância de recalque de 1.500 a 1.700 m","m³",{"v":13.6,"d":"13.60"},{"$nulls":4},16.56]
[1917260,"Dragagem de cascalho fino com draga de sucção e recalque - bomba de 294 kW e cortador de 30 kW - distância de recalque de 500 a 700 m","m³",5.13,{"$nulls":4},6.25]
[1917261,"Dragagem de cascalho fino com draga de sucção e recalque - bomba de 294 kW e cortador de 30 kW - distância de recalque de 700 a 900 m","m³",5.71,{"$nulls":4},6.96]
[1917262,"Dragagem de cascalho fino com draga de sucção e recalque - bomba de 294 kW e cortador de 30 kW - distância de recalque de 900 a 1.100 m","m³",6.77,{"$nulls":4},8.24]
[1917727,"Dragagem de cascalho fino com draga de sucção e recalque - bomba de 294 kW e cortador de 30 kW - distância de recalque de até 500 m","m³",4.96,{"$nulls":4},6.04]
[1917351,"Dragagem de cascalho fino com draga de sucção e recalque - bomba de 483 kW e cortador de 55 kW - distância de recalque de 1.100 a 1.300 m","m³",7.41,{"$nulls":4},9.02]
[1917352,"Dragagem de cascalho fino com draga de sucção e recalque - bomba de 483 kW e cortador de 55 kW - distância de recalque de 1.300 a 1.500 m","m³",9.78,{"$nulls":4},11.91]
[1917353,"Dragagem de cascalho fino com draga de sucção e recalque - bomba de 483 kW e cortador de 55 kW - distância de recalque de 1.500 a 1.700 m","m³",12.57,{"$nulls":4},15.31]
[1917354,"Dragagem de cascalho fino com draga de sucção e recalque - bomba de 483 kW e cortador de 55 kW - distância de recalque de 1.700 a 1.900 m","m³",16.31,{"$nulls":4},19.87]
[1917355,"Dragagem de cascalho fino com draga de sucção e recalque - bomba de 483 kW e cortador de 55 kW - distância de recalque de 1.900 a 2.100 m","m³",21.03,{"$nulls":4},25.61]
[1917356,"Dragagem de cascalho fino com draga de sucção e recalque - bomba de 483 kW e cortador de 55 kW - distância de recalque de 2.100 a 2.300 m","m³",25.77,{"$nulls":4},31.39]
[1917357,"Dragagem de cascalho fino com draga de sucção e recalque - bomba de 483 kW e cortador de 55 kW - distância de recalque de 2.300 a 2.500 m","m³",29.47,{"$nulls":4},{"v":35.9,"d":"35.90"}]
[1917348,"Dragagem de cascalho fino com draga de sucção e recalque - bomba de 483 kW e cortador de 55 kW - distância de recalque de 500 a 700 m","m³",4.47,{"$nulls":4},5.44]
[1917349,"Dragagem de cascalho fino com draga de sucção e recalque - bomba de 483 kW e cortador de 55 kW - distância de recalque de 700 a 900 m","m³",4.85,{"$nulls":4},5.91]
[1917350,"Dragagem de cascalho fino com draga de sucção e recalque - bomba de 483 kW e cortador de 55 kW - distância de recalque de 900 a 1.100 m","m³",5.53,{"$nulls":4},6.74]
[1917731,"Dragagem de cascalho fino com draga de sucção e recalque - bomba de 483 kW e cortador de 55 kW - distância de recalque de até 500 m","m³",4.38,{"$nulls":4},5.33]
[1917463,"Dragagem de cascalho fino com draga de sucção e recalque - bomba de 746 kW e cortador de 110 kW - distância de recalque de 1.100 a 1.300 m","m³",7.54,{"$nulls":4},9.19]
[1917464,"Dragagem de cascalho fino com draga de sucção e recalque - bomba de 746 kW e cortador de 110 kW - distância de recalque de 1.300 a 1.500 m","m³",8.74,{"$nulls":4},10.65]
[1917465,"Dragagem de cascalho fino com draga de sucção e recalque - bomba de 746 kW e cortador de 110 kW - distância de recalque de 1.500 a 1.700 m","m³",10.07,{"$nulls":4},12.27]
[1917466,"Dragagem de cascalho fino com draga de sucção e recalque - bomba de 746 kW e cortador de 110 kW - distância de recalque de 1.700 a 1.900 m","m³",11.99,{"$nulls":4},{"v":14.6,"d":"14.60"}]
[1917467,"Dragagem de cascalho fino com draga de sucção e recalque - bomba de 746 kW e cortador de 110 kW - distância de recalque de 1.900 a 2.100 m","m³",14.82,{"$nulls":4},18.05]
[1917468,"Dragagem de cascalho fino com draga de sucção e recalque - bomba de 746 kW e cortador de 110 kW - distância de recalque de 2.100 a 2.300 m","m³",18.05,{"$nulls":4},21.99]
[1917469,"Dragagem de cascalho fino com draga de sucção e recalque - bomba de 746 kW e cortador de 110 kW - distância de recalque de 2.300 a 2.500 m","m³",21.62,{"$nulls":4},26.33]
[1917470,"Dragagem de cascalho fino com draga de sucção e recalque - bomba de 746 kW e cortador de 110 kW - distância de recalque de 2.500 a 2.700 m","m³",25.78,{"$nulls":4},{"v":31.4,"d":"31.40"}]
[1917471,"Dragagem de cascalho fino com draga de sucção e recalque - bomba de 746 kW e cortador de 110 kW - distância de recalque de 2.700 a 2.900 m","m³",30.71,{"$nulls":4},{"v":37.4,"d":"37.40"}]
[1917472,"Dragagem de cascalho fino com draga de sucção e recalque - bomba de 746 kW e cortador de 110 kW - distância de recalque de 2.900 a 3.100 m","m³",32.87,{"$nulls":4},40.04]
[1917460,"Dragagem de cascalho fino com draga de sucção e recalque - bomba de 746 kW e cortador de 110 kW - distância de recalque de 500 a 700 m","m³",4.36,{"$nulls":4},5.31]
[1917461,"Dragagem de cascalho fino com draga de sucção e recalque - bomba de 746 kW e cortador de 110 kW - distância de recalque de 700 a 900 m","m³",5.18,{"$nulls":4},6.31]
[1917462,"Dragagem de cascalho fino com draga de sucção e recalque - bomba de 746 kW e cortador de 110 kW - distância de recalque de 900 a 1.100 m","m³",6.17,{"$nulls":4},7.52]
[1917735,"Dragagem de cascalho fino com draga de sucção e recalque - bomba de 746 kW e cortador de 110 kW - distância de recalque de até 500 m","m³",{"v":3.9,"d":"3.90"},{"$nulls":4},4.75]
[1917061,"Dragagem de cascalho fino com draga hopper - capacidade da cisterna de 1.000 m³ - DMT de 1.500 a 1.800 m","m³",8.97,{"$nulls":4},10.93]
[1917062,"Dragagem de cascalho fino com draga hopper - capacidade da cisterna de 1.000 m³ - DMT de 1.800 a 2.100 m","m³",9.15,{"$nulls":4},11.14]
[1917063,"Dragagem de cascalho fino com draga hopper - capacidade da cisterna de 1.000 m³ - DMT de 2.100 a 2.400 m","m³",9.33,{"$nulls":4},11.36]
[1917064,"Dragagem de cascalho fino com draga hopper - capacidade da cisterna de 1.000 m³ - DMT de 2.400 a 2.700 m","m³",9.51,{"$nulls":4},11.58]
[1917065,"Dragagem de cascalho fino com draga hopper - capacidade da cisterna de 1.000 m³ - DMT de 2.700 a 3.000 m","m³",{"v":9.7,"d":"9.70"},{"$nulls":4},11.82]
[1917066,"Dragagem de cascalho fino com draga hopper - capacidade da cisterna de 1.000 m³ - DMT de 3.000 m","m³",9.81,{"$nulls":4},11.95]
[1901590,"Dragagem de cascalho fino com draga hopper - capacidade da cisterna de 10.000 m³ - DMT de 1.500 a 1.800 m","m³",5.93,{"$nulls":4},7.22]
[1901591,"Dragagem de cascalho fino com draga hopper - capacidade da cisterna de 10.000 m³ - DMT de 1.800 a 2.100 m","m³",5.98,{"$nulls":4},7.28]
[1901592,"Dragagem de cascalho fino com draga hopper - capacidade da cisterna de 10.000 m³ - DMT de 2.100 a 2.400 m","m³",6.03,{"$nulls":4},7.35]
[1901593,"Dragagem de cascalho fino com draga hopper - capacidade da cisterna de 10.000 m³ - DMT de 2.400 a 2.700 m","m³",6.08,{"$nulls":4},7.41]
[1901594,"Dragagem de cascalho fino com draga hopper - capacidade da cisterna de 10.000 m³ - DMT de 2.700 a 3.000 m","m³",6.15,{"$nulls":4},7.49]
[1901589,"Dragagem de cascalho fino com draga hopper - capacidade da cisterna de 10.000 m³ - DMT de 3.000 m","m³",6.17,{"$nulls":4},7.52]
[1901596,"Dragagem de cascalho fino com draga hopper - capacidade da cisterna de 15.000 m³ - DMT de 1.500 a 1.800 m","m³",{"v":7.8,"d":"7.80"},{"$nulls":4},{"v":9.5,"d":"9.50"}]
[1901597,"Dragagem de cascalho fino com draga hopper - capacidade da cisterna de 15.000 m³ - DMT de 1.800 a 2.100 m","m³",7.85,{"$nulls":4},9.56]
[1901598,"Dragagem de cascalho fino com draga hopper - capacidade da cisterna de 15.000 m³ - DMT de 2.100 a 2.400 m","m³",{"v":7.9,"d":"7.90"},{"$nulls":4},9.62]
[1901599,"Dragagem de cascalho fino com draga hopper - capacidade da cisterna de 15.000 m³ - DMT de 2.400 a 2.700 m","m³",7.96,{"$nulls":4},9.69]
[1901600,"Dragagem de cascalho fino com draga hopper - capacidade da cisterna de 15.000 m³ - DMT de 2.700 a 3.000 m","m³",8.01,{"$nulls":4},9.76]
[1901595,"Dragagem de cascalho fino com draga hopper - capacidade da cisterna de 15.000 m³ - DMT de 3.000 m","m³",8.04,{"$nulls":4},9.79]
[1917097,"Dragagem de cascalho fino com draga hopper - capacidade da cisterna de 2.000 m³ - DMT de 1.500 a 1.800 m","m³",6.33,{"$nulls":4},7.71]
[1917098,"Dragagem de cascalho fino com draga hopper - capacidade da cisterna de 2.000 m³ - DMT de 1.800 a 2.100 m","m³",6.44,{"$nulls":4},7.84]
[1917099,"Dragagem de cascalho fino com draga hopper - capacidade da cisterna de 2.000 m³ - DMT de 2.100 a 2.400 m","m³",6.54,{"$nulls":4},7.97]
[1917100,"Dragagem de cascalho fino com draga hopper - capacidade da cisterna de 2.000 m³ - DMT de 2.400 a 2.700 m","m³",6.66,{"$nulls":4},8.11]
[1917101,"Dragagem de cascalho fino com draga hopper - capacidade da cisterna de 2.000 m³ - DMT de 2.700 a 3.000 m","m³",6.79,{"$nulls":4},8.27]
[1917102,"Dragagem de cascalho fino com draga hopper - capacidade da cisterna de 2.000 m³ - DMT de 3.000 m","m³",6.85,{"$nulls":4},8.34]
[1901601,"Dragagem de cascalho fino com draga hopper - capacidade da cisterna de 20.000 m³ - DMT de 1.500 a 1.800 m","m³",9.73,{"$nulls":4},11.85]
[1901602,"Dragagem de cascalho fino com draga hopper - capacidade da cisterna de 20.000 m³ - DMT de 1.800 a 2.100 m","m³",9.77,{"$nulls":4},{"v":11.9,"d":"11.90"}]
[1901603,"Dragagem de cascalho fino com draga hopper - capacidade da cisterna de 20.000 m³ - DMT de 2.100 a 2.400 m","m³",9.82,{"$nulls":4},11.96]
[1901604,"Dragagem de cascalho fino com draga hopper - capacidade da cisterna de 20.000 m³ - DMT de 2.400 a 2.700 m","m³",9.88,{"$nulls":4},12.03]
[1901605,"Dragagem de cascalho fino com draga hopper - capacidade da cisterna de 20.000 m³ - DMT de 2.700 a 3.000 m","m³",9.93,{"$nulls":4},12.09]
[1901606,"Dragagem de cascalho fino com draga hopper - capacidade da cisterna de 20.000 m³ - DMT de 3.000 m","m³",9.96,{"$nulls":4},12.13]
[1917133,"Dragagem de cascalho fino com draga hopper - capacidade da cisterna de 3.000 m³ - DMT de 1.500 a 1.800 m","m³",6.03,{"$nulls":4},7.35]
[1917134,"Dragagem de cascalho fino com draga hopper - capacidade da cisterna de 3.000 m³ - DMT de 1.800 a 2.100 m","m³",6.12,{"$nulls":4},7.46]
[1917135,"Dragagem de cascalho fino com draga hopper - capacidade da cisterna de 3.000 m³ - DMT de 2.100 a 2.400 m","m³",6.21,{"$nulls":4},7.57]
[1917136,"Dragagem de cascalho fino com draga hopper - capacidade da cisterna de 3.000 m³ - DMT de 2.400 a 2.700 m","m³",6.31,{"$nulls":4},7.69]
[1917137,"Dragagem de cascalho fino com draga hopper - capacidade da cisterna de 3.000 m³ - DMT de 2.700 a 3.000 m","m³",6.41,{"$nulls":4},7.81]
[1917138,"Dragagem de cascalho fino com draga hopper - capacidade da cisterna de 3.000 m³ - DMT de 3.000 m","m³",6.47,{"$nulls":4},7.88]
[1917169,"Dragagem de cascalho fino com draga hopper - capacidade da cisterna de 4.000 m³ - DMT de 1.500 a 1.800 m","m³",5.75,{"$nulls":4},{"v":7,"d":"7.00"}]
[1917170,"Dragagem de cascalho fino com draga hopper - capacidade da cisterna de 4.000 m³ - DMT de 1.800 a 2.100 m","m³",5.82,{"$nulls":4},7.09]
[1917171,"Dragagem de cascalho fino com draga hopper - capacidade da cisterna de 4.000 m³ - DMT de 2.100 a 2.400 m","m³",{"v":5.9,"d":"5.90"},{"$nulls":4},7.19]
[1917172,"Dragagem de cascalho fino com draga hopper - capacidade da cisterna de 4.000 m³ - DMT de 2.400 a 2.700 m","m³",5.99,{"$nulls":4},7.29]
[1917173,"Dragagem de cascalho fino com draga hopper - capacidade da cisterna de 4.000 m³ - DMT de 2.700 a 3.000 m","m³",6.08,{"$nulls":4},{"v":7.4,"d":"7.40"}]
[1917174,"Dragagem de cascalho fino com draga hopper - capacidade da cisterna de 4.000 m³ - DMT de 3.000 m","m³",6.12,{"$nulls":4},7.46]
[1917205,"Dragagem de cascalho fino com draga hopper - capacidade da cisterna de 5.000 m³ - DMT de 1.500 a 1.800 m","m³",6.35,{"$nulls":4},7.73]
[1917206,"Dragagem de cascalho fino com draga hopper - capacidade da cisterna de 5.000 m³ - DMT de 1.800 a 2.100 m","m³",6.41,{"$nulls":4},7.81]
[1917207,"Dragagem de cascalho fino com draga hopper - capacidade da cisterna de 5.000 m³ - DMT de 2.100 a 2.400 m","m³",6.49,{"$nulls":4},{"v":7.9,"d":"7.90"}]
[1917208,"Dragagem de cascalho fino com draga hopper - capacidade da cisterna de 5.000 m³ - DMT de 2.400 a 2.700 m","m³",6.56,{"$nulls":4},7.99]
[1917209,"Dragagem de cascalho fino com draga hopper - capacidade da cisterna de 5.000 m³ - DMT de 2.700 a 3.000 m","m³",6.64,{"$nulls":4},8.09]
[1917210,"Dragagem de cascalho fino com draga hopper - capacidade da cisterna de 5.000 m³ - DMT de 3.000 m","m³",6.68,{"$nulls":4},8.14]
[1917025,"Dragagem de cascalho fino com draga hopper - capacidade da cisterna de 750 m³ - DMT de 1.500 a 1.800 m","m³",12.16,{"$nulls":4},14.81]
[1917026,"Dragagem de cascalho fino com draga hopper - capacidade da cisterna de 750 m³ - DMT de 1.800 a 2.100 m","m³",12.41,{"$nulls":4},15.11]
[1917027,"Dragagem de cascalho fino com draga hopper - capacidade da cisterna de 750 m³ - DMT de 2.100 a 2.400 m","m³",12.66,{"$nulls":4},15.42]
[1917028,"Dragagem de cascalho fino com draga hopper - capacidade da cisterna de 750 m³ - DMT de 2.400 a 2.700 m","m³",12.93,{"$nulls":4},15.75]
[1917029,"Dragagem de cascalho fino com draga hopper - capacidade da cisterna de 750 m³ - DMT de 2.700 a 3.000 m","m³",13.21,{"$nulls":4},16.09]
[1917030,"Dragagem de cascalho fino com draga hopper - capacidade da cisterna de 750 m³ - DMT de 3.000 m","m³",13.36,{"$nulls":4},16.27]
[1917629,"Dragagem de material de 1ª categoria com clamshell sobre pontão flutuante - capacidade da caçamba de 4,6 m³ - transporte com batelão sem propulsão com capacidade de 100 t - DMT 0 a 300 m","m³",10.96,{"$nulls":4},13.35]
[1917633,"Dragagem de material de 1ª categoria com clamshell sobre pontão flutuante - capacidade da caçamba de 4,6 m³ - transporte com batelão sem propulsão com capacidade de 100 t - DMT 1.200 a 1.500 m","m³",{"v":12.3,"d":"12.30"},{"$nulls":4},14.98]
[1917634,"Dragagem de material de 1ª categoria com clamshell sobre pontão flutuante - capacidade da caçamba de 4,6 m³ - transporte com batelão sem propulsão com capacidade de 100 t - DMT 1.500 a 1.800 m","m³",12.54,{"$nulls":4},15.27]
[1917635,"Dragagem de material de 1ª categoria com clamshell sobre pontão flutuante - capacidade da caçamba de 4,6 m³ - transporte com batelão sem propulsão com capacidade de 100 t - DMT 1.800 a 2.100 m","m³",12.78,{"$nulls":4},15.57]
[1917636,"Dragagem de material de 1ª categoria com clamshell sobre pontão flutuante - capacidade da caçamba de 4,6 m³ - transporte com batelão sem propulsão com capacidade de 100 t - DMT 2.100 a 2.400 m","m³",14.29,{"$nulls":4},17.41]
[1917637,"Dragagem de material de 1ª categoria com clamshell sobre pontão flutuante - capacidade da caçamba de 4,6 m³ - transporte com batelão sem propulsão com capacidade de 100 t - DMT 2.400 a 2.700 m","m³",14.61,{"$nulls":4},{"v":17.8,"d":"17.80"}]
[1917638,"Dragagem de material de 1ª categoria com clamshell sobre pontão flutuante - capacidade da caçamba de 4,6 m³ - transporte com batelão sem propulsão com capacidade de 100 t - DMT 2.700 a 3.000 m","m³",14.93,{"$nulls":4},18.19]
[1917630,"Dragagem de material de 1ª categoria com clamshell sobre pontão flutuante - capacidade da caçamba de 4,6 m³ - transporte com batelão sem propulsão com capacidade de 100 t - DMT 300 a 600 m","m³",11.39,{"$nulls":4},13.87]
[1917631,"Dragagem de material de 1ª categoria com clamshell sobre pontão flutuante - capacidade da caçamba de 4,6 m³ - transporte com batelão sem propulsão com capacidade de 100 t - DMT 600 a 900 m","m³",11.75,{"$nulls":4},14.31]
[1917632,"Dragagem de material de 1ª categoria com clamshell sobre pontão flutuante - capacidade da caçamba de 4,6 m³ - transporte com batelão sem propulsão com capacidade de 100 t - DMT 900 a 1.200 m","m³",11.99,{"$nulls":4},14.61]
[1917639,"Dragagem de material de 1ª categoria com clamshell sobre pontão flutuante - capacidade da caçamba de 4,6 m³ - transporte com batelão sem propulsão com capacidade de 100 t - DMT de 3.000 m","m³",{"v":15.1,"d":"15.10"},{"$nulls":4},18.39]
[1917646,"Dragagem de material de 1ª categoria com dragline - caçamba de 2,1 m³ - caminho de serviço em leito natural - DMT 1.000 a 1.200 m - com caminhão de 14 m³ e carregadeira","m³",15.17,{"$nulls":4},18.48]
[1917647,"Dragagem de material de 1ª categoria com dragline - caçamba de 2,1 m³ - caminho de serviço em leito natural - DMT 1.200 a 1.400 m - com caminhão de 14 m³ e carregadeira","m³",15.39,{"$nulls":4},18.75]
[1917648,"Dragagem de material de 1ª categoria com dragline - caçamba de 2,1 m³ - caminho de serviço em leito natural - DMT 1.400 a 1.600 m - com caminhão de 14 m³ e carregadeira","m³",15.56,{"$nulls":4},18.95]
[1917649,"Dragagem de material de 1ª categoria com dragline - caçamba de 2,1 m³ - caminho de serviço em leito natural - DMT 1.600 a 1.800 m - com caminhão de 14 m³ e carregadeira","m³",15.78,{"$nulls":4},19.22]
[1917650,"Dragagem de material de 1ª categoria com dragline - caçamba de 2,1 m³ - caminho de serviço em leito natural - DMT 1.800 a 2.000 m - com caminhão de 14 m³ e carregadeira","m³",15.99,{"$nulls":4},19.48]
[1917651,"Dragagem de material de 1ª categoria com dragline - caçamba de 2,1 m³ - caminho de serviço em leito natural - DMT 2.000 a 2.500 m - com caminhão de 14 m³ e carregadeira","m³",16.33,{"$nulls":4},19.89]
[1917652,"Dragagem de material de 1ª categoria com dragline - caçamba de 2,1 m³ - caminho de serviço em leito natural - DMT 2.500 a 3.000 m - com caminhão de 14 m³ e carregadeira","m³",18.25,{"$nulls":4},22.23]
[1917642,"Dragagem de material de 1ª categoria com dragline - caçamba de 2,1 m³ - caminho de serviço em leito natural - DMT 200 a 400 m - com caminhão de 14 m³ e carregadeira","m³",14.24,{"$nulls":4},17.34]
[1917643,"Dragagem de material de 1ª categoria com dragline - caçamba de 2,1 m³ - caminho de serviço em leito natural - DMT 400 a 600 m - com caminhão de 14 m³ e carregadeira","m³",14.52,{"$nulls":4},17.68]
[1917641,"Dragagem de material de 1ª categoria com dragline - caçamba de 2,1 m³ - caminho de serviço em leito natural - DMT 50 a 200 m - com caminhão de 14 m³ e carregadeira","m³",12.59,{"$nulls":4},15.34]
[1917644,"Dragagem de material de 1ª categoria com dragline - caçamba de 2,1 m³ - caminho de serviço em leito natural - DMT 600 a 800 m - com caminhão de 14 m³ e carregadeira","m³",14.79,{"$nulls":4},18.01]
[1917645,"Dragagem de material de 1ª categoria com dragline - caçamba de 2,1 m³ - caminho de serviço em leito natural - DMT 800 a 1.000 m - com caminhão de 14 m³ e carregadeira","m³",14.95,{"$nulls":4},18.21]
[1917653,"Dragagem de material de 1ª categoria com dragline - caçamba de 2,1 m³ - caminho de serviço em leito natural - DMT de 3.000 m - com caminhão de 14 m³ e carregadeira","m³",{"v":18.5,"d":"18.50"},{"$nulls":4},22.53]
[1917659,"Dragagem de material de 1ª categoria com dragline - caçamba de 2,1 m³ - caminho de serviço em revestimento primário - DMT 1.000 a 1.200 m - com caminhão de 14 m³ e carregadeira","m³",14.56,{"$nulls":4},17.74]
[1917660,"Dragagem de material de 1ª categoria com dragline - caçamba de 2,1 m³ - caminho de serviço em revestimento primário - DMT 1.200 a 1.400 m - com caminhão de 14 m³ e carregadeira","m³",14.68,{"$nulls":4},17.88]
[1917661,"Dragagem de material de 1ª categoria com dragline - caçamba de 2,1 m³ - caminho de serviço em revestimento primário - DMT 1.400 a 1.600 m - com caminhão de 14 m³ e carregadeira","m³",14.79,{"$nulls":4},18.01]
[1917662,"Dragagem de material de 1ª categoria com dragline - caçamba de 2,1 m³ - caminho de serviço em revestimento primário - DMT 1.600 a 1.800 m - com caminhão de 14 m³ e carregadeira","m³",{"v":14.9,"d":"14.90"},{"$nulls":4},18.15]
[1917663,"Dragagem de material de 1ª categoria com dragline - caçamba de 2,1 m³ - caminho de serviço em revestimento primário - DMT 1.800 a 2.000 m - com caminhão de 14 m³ e carregadeira","m³",15.07,{"$nulls":4},18.35]
[1917664,"Dragagem de material de 1ª categoria com dragline - caçamba de 2,1 m³ - caminho de serviço em revestimento primário - DMT 2.000 a 2.500 m - com caminhão de 14 m³ e carregadeira","m³",15.28,{"$nulls":4},18.61]
[1917665,"Dragagem de material de 1ª categoria com dragline - caçamba de 2,1 m³ - caminho de serviço em revestimento primário - DMT 2.500 a 3.000 m - com caminhão de 14 m³ e carregadeira","m³",15.62,{"$nulls":4},19.02]
[1917655,"Dragagem de material de 1ª categoria com dragline - caçamba de 2,1 m³ - caminho de serviço em revestimento primário - DMT 200 a 400 m - com caminhão de 14 m³ e carregadeira","m³",12.59,{"$nulls":4},15.34]
[1917656,"Dragagem de material de 1ª categoria com dragline - caçamba de 2,1 m³ - caminho de serviço em revestimento primário - DMT 400 a 600 m - com caminhão de 14 m³ e carregadeira","m³",14.13,{"$nulls":4},17.21]
[1917654,"Dragagem de material de 1ª categoria com dragline - caçamba de 2,1 m³ - caminho de serviço em revestimento primário - DMT 50 a 200 m - com caminhão de 14 m³ e carregadeira","m³",{"v":12.4,"d":"12.40"},{"$nulls":4},{"v":15.1,"d":"15.10"}]
[1917657,"Dragagem de material de 1ª categoria com dragline - caçamba de 2,1 m³ - caminho de serviço em revestimento primário - DMT 600 a 800 m - com caminhão de 14 m³ e carregadeira","m³",14.29,{"$nulls":4},17.41]
[1917658,"Dragagem de material de 1ª categoria com dragline - caçamba de 2,1 m³ - caminho de serviço em revestimento primário - DMT 800 a 1.000 m - com caminhão de 14 m³ e carregadeira","m³",{"v":14.4,"d":"14.40"},{"$nulls":4},17.54]
[1917666,"Dragagem de material de 1ª categoria com dragline - caçamba de 2,1 m³ - caminho de serviço em revestimento primário - DMT de 3.000 m - com caminhão de 14 m³ e carregadeira","m³",15.83,{"$nulls":4},19.28]
[1917672,"Dragagem de material de 1ª categoria com dragline - caçamba de 2,1 m³ - caminho de serviço pavimentado - DMT 1.000 a 1.200 m - com caminhão de 14 m³ e carregadeira","m³",14.35,{"$nulls":4},17.48]
[1917673,"Dragagem de material de 1ª categoria com dragline - caçamba de 2,1 m³ - caminho de serviço pavimentado - DMT 1.200 a 1.400 m - com caminhão de 14 m³ e carregadeira","m³",14.46,{"$nulls":4},17.61]
[1917674,"Dragagem de material de 1ª categoria com dragline - caçamba de 2,1 m³ - caminho de serviço pavimentado - DMT 1.400 a 1.600 m - com caminhão de 14 m³ e carregadeira","m³",14.56,{"$nulls":4},17.74]
[1917675,"Dragagem de material de 1ª categoria com dragline - caçamba de 2,1 m³ - caminho de serviço pavimentado - DMT 1.600 a 1.800 m - com caminhão de 14 m³ e carregadeira","m³",14.68,{"$nulls":4},17.88]
[1917676,"Dragagem de material de 1ª categoria com dragline - caçamba de 2,1 m³ - caminho de serviço pavimentado - DMT 1.800 a 2.000 m - com caminhão de 14 m³ e carregadeira","m³",14.74,{"$nulls":4},17.95]
[1917677,"Dragagem de material de 1ª categoria com dragline - caçamba de 2,1 m³ - caminho de serviço pavimentado - DMT 2.000 a 2.500 m - com caminhão de 14 m³ e carregadeira","m³",14.95,{"$nulls":4},18.21]
[1917678,"Dragagem de material de 1ª categoria com dragline - caçamba de 2,1 m³ - caminho de serviço pavimentado - DMT 2.500 a 3.000 m - com caminhão de 14 m³ e carregadeira","m³",15.23,{"$nulls":4},18.55]
[1917668,"Dragagem de material de 1ª categoria com dragline - caçamba de 2,1 m³ - caminho de serviço pavimentado - DMT 200 a 400 m - com caminhão de 14 m³ e carregadeira","m³",12.51,{"$nulls":4},15.24]
[1917669,"Dragagem de material de 1ª categoria com dragline - caçamba de 2,1 m³ - caminho de serviço pavimentado - DMT 400 a 600 m - com caminhão de 14 m³ e carregadeira","m³",13.97,{"$nulls":4},17.01]
[1917667,"Dragagem de material de 1ª categoria com dragline - caçamba de 2,1 m³ - caminho de serviço pavimentado - DMT 50 a 200 m - com caminhão de 14 m³ e carregadeira","m³",12.32,{"$nulls":4},{"v":15,"d":"15.00"}]
[1917670,"Dragagem de material de 1ª categoria com dragline - caçamba de 2,1 m³ - caminho de serviço pavimentado - DMT 600 a 800 m - com caminhão de 14 m³ e carregadeira","m³",14.13,{"$nulls":4},17.21]
[1917671,"Dragagem de material de 1ª categoria com dragline - caçamba de 2,1 m³ - caminho de serviço pavimentado - DMT 800 a 1.000 m - com caminhão de 14 m³ e carregadeira","m³",14.24,{"$nulls":4},17.34]
[1917679,"Dragagem de material de 1ª categoria com dragline - caçamba de 2,1 m³ - caminho de serviço pavimentado - DMT de 3.000 m - com caminhão de 14 m³ e carregadeira","m³",15.39,{"$nulls":4},18.75]
[1917640,"Dragagem de material de 1ª categoria com dragline - caçamba de 2,1 m³ - DMT até 50 m","m³",6.58,{"$nulls":4},8.01]
[1917686,"Dragagem de material de 1ª categoria com escavadeira hidráulica - capacidade de caçamba de 1,56 m³ - caminho de serviço em leito natural - DMT 1.000 a 1.200 m","m³",8.49,{"$nulls":4},10.34]
[1917687,"Dragagem de material de 1ª categoria com escavadeira hidráulica - capacidade de caçamba de 1,56 m³ - caminho de serviço em leito natural - DMT 1.200 a 1.400 m","m³",{"v":8.7,"d":"8.70"},{"$nulls":4},{"v":10.6,"d":"10.60"}]
[1917688,"Dragagem de material de 1ª categoria com escavadeira hidráulica - capacidade de caçamba de 1,56 m³ - caminho de serviço em leito natural - DMT 1.400 a 1.600 m","m³",9.58,{"$nulls":4},11.67]
[1917689,"Dragagem de material de 1ª categoria com escavadeira hidráulica - capacidade de caçamba de 1,56 m³ - caminho de serviço em leito natural - DMT 1.600 a 1.800 m","m³",9.81,{"$nulls":4},11.95]
[1917690,"Dragagem de material de 1ª categoria com escavadeira hidráulica - capacidade de caçamba de 1,56 m³ - caminho de serviço em leito natural - DMT 1.800 a 2.000 m","m³",9.98,{"$nulls":4},12.16]
[1917691,"Dragagem de material de 1ª categoria com escavadeira hidráulica - capacidade de caçamba de 1,56 m³ - caminho de serviço em leito natural - DMT 2.000 a 2.500 m","m³",10.33,{"$nulls":4},12.58]
[1917692,"Dragagem de material de 1ª categoria com escavadeira hidráulica - capacidade de caçamba de 1,56 m³ - caminho de serviço em leito natural - DMT 2.500 a 3.000 m","m³",11.63,{"$nulls":4},14.16]
[1917682,"Dragagem de material de 1ª categoria com escavadeira hidráulica - capacidade de caçamba de 1,56 m³ - caminho de serviço em leito natural - DMT 200 a 400 m","m³",7.59,{"$nulls":4},9.24]
[1917693,"Dragagem de material de 1ª categoria com escavadeira hidráulica - capacidade de caçamba de 1,56 m³ - caminho de serviço em leito natural - DMT 3.000 m","m³",11.91,{"$nulls":4},14.51]
[1917683,"Dragagem de material de 1ª categoria com escavadeira hidráulica - capacidade de caçamba de 1,56 m³ - caminho de serviço em leito natural - DMT 400 a 600 m","m³",7.84,{"$nulls":4},9.55]
[1917681,"Dragagem de material de 1ª categoria com escavadeira hidráulica - capacidade de caçamba de 1,56 m³ - caminho de serviço em leito natural - DMT 50 a 200 m","m³",6.54,{"$nulls":4},7.96]
[1917684,"Dragagem de material de 1ª categoria com escavadeira hidráulica - capacidade de caçamba de 1,56 m³ - caminho de serviço em leito natural - DMT 600 a 800 m","m³",8.06,{"$nulls":4},9.82]
[1917685,"Dragagem de material de 1ª categoria com escavadeira hidráulica - capacidade de caçamba de 1,56 m³ - caminho de serviço em leito natural - DMT 800 a 1.000 m","m³",8.28,{"$nulls":4},10.08]
[1917699,"Dragagem de material de 1ª categoria com escavadeira hidráulica - capacidade de caçamba de 1,56 m³ - caminho de serviço em revestimento primário - DMT 1.000 a 1.200 m","m³",7.84,{"$nulls":4},9.55]
[1917700,"Dragagem de material de 1ª categoria com escavadeira hidráulica - capacidade de caçamba de 1,56 m³ - caminho de serviço em revestimento primário - DMT 1.200 a 1.400 m","m³",7.97,{"$nulls":4},9.71]
[1917701,"Dragagem de material de 1ª categoria com escavadeira hidráulica - capacidade de caçamba de 1,56 m³ - caminho de serviço em revestimento primário - DMT 1.400 a 1.600 m","m³",{"v":8.1,"d":"8.10"},{"$nulls":4},9.87]
[1917702,"Dragagem de material de 1ª categoria com escavadeira hidráulica - capacidade de caçamba de 1,56 m³ - caminho de serviço em revestimento primário - DMT 1.600 a 1.800 m","m³",8.23,{"$nulls":4},10.03]
[1917703,"Dragagem de material de 1ª categoria com escavadeira hidráulica - capacidade de caçamba de 1,56 m³ - caminho de serviço em revestimento primário - DMT 1.800 a 2.000 m","m³",8.36,{"$nulls":4},10.18]
[1917704,"Dragagem de material de 1ª categoria com escavadeira hidráulica - capacidade de caçamba de 1,56 m³ - caminho de serviço em revestimento primário - DMT 2.000 a 2.500 m","m³",8.58,{"$nulls":4},10.45]
[1917705,"Dragagem de material de 1ª categoria com escavadeira hidráulica - capacidade de caçamba de 1,56 m³ - caminho de serviço em revestimento primário - DMT 2.500 a 3.000 m","m³",9.64,{"$nulls":4},11.74]
[1917695,"Dragagem de material de 1ª categoria com escavadeira hidráulica - capacidade de caçamba de 1,56 m³ - caminho de serviço em revestimento primário - DMT 200 a 400 m","m³",6.54,{"$nulls":4},7.96]
[1917706,"Dragagem de material de 1ª categoria com escavadeira hidráulica - capacidade de caçamba de 1,56 m³ - caminho de serviço em revestimento primário - DMT 3.000 m","m³",9.87,{"$nulls":4},12.02]
[1917696,"Dragagem de material de 1ª categoria com escavadeira hidráulica - capacidade de caçamba de 1,56 m³ - caminho de serviço em revestimento primário - DMT 400 a 600 m","m³",7.41,{"$nulls":4},9.03]
[1917694,"Dragagem de material de 1ª categoria com escavadeira hidráulica - capacidade de caçamba de 1,56 m³ - caminho de serviço em revestimento primário - DMT 50 a 200 m","m³",6.34,{"$nulls":4},7.72]
[1917697,"Dragagem de material de 1ª categoria com escavadeira hidráulica - capacidade de caçamba de 1,56 m³ - caminho de serviço em revestimento primário - DMT 600 a 800 m","m³",7.59,{"$nulls":4},9.24]
[1917698,"Dragagem de material de 1ª categoria com escavadeira hidráulica - capacidade de caçamba de 1,56 m³ - caminho de serviço em revestimento primário - DMT 800 a 1.000 m","m³",7.72,{"$nulls":4},{"v":9.4,"d":"9.40"}]
[1917712,"Dragagem de material de 1ª categoria com escavadeira hidráulica - capacidade de caçamba de 1,56 m³ - caminho de serviço pavimentado - DMT 1.000 a 1.200 m","m³",7.63,{"$nulls":4},9.29]
[1917713,"Dragagem de material de 1ª categoria com escavadeira hidráulica - capacidade de caçamba de 1,56 m³ - caminho de serviço pavimentado - DMT 1.200 a 1.400 m","m³",7.76,{"$nulls":4},9.45]
[1917714,"Dragagem de material de 1ª categoria com escavadeira hidráulica - capacidade de caçamba de 1,56 m³ - caminho de serviço pavimentado - DMT 1.400 a 1.600 m","m³",7.84,{"$nulls":4},9.55]
[1917715,"Dragagem de material de 1ª categoria com escavadeira hidráulica - capacidade de caçamba de 1,56 m³ - caminho de serviço pavimentado - DMT 1.600 a 1.800 m","m³",7.97,{"$nulls":4},9.71]
[1917716,"Dragagem de material de 1ª categoria com escavadeira hidráulica - capacidade de caçamba de 1,56 m³ - caminho de serviço pavimentado - DMT 1.800 a 2.000 m","m³",8.06,{"$nulls":4},9.82]
[1917717,"Dragagem de material de 1ª categoria com escavadeira hidráulica - capacidade de caçamba de 1,56 m³ - caminho de serviço pavimentado - DMT 2.000 a 2.500 m","m³",8.28,{"$nulls":4},10.08]
[1917718,"Dragagem de material de 1ª categoria com escavadeira hidráulica - capacidade de caçamba de 1,56 m³ - caminho de serviço pavimentado - DMT 2.500 a 3.000 m","m³",8.53,{"$nulls":4},10.39]
[1917708,"Dragagem de material de 1ª categoria com escavadeira hidráulica - capacidade de caçamba de 1,56 m³ - caminho de serviço pavimentado - DMT 200 a 400 m","m³",6.45,{"$nulls":4},7.86]
[1917719,"Dragagem de material de 1ª categoria com escavadeira hidráulica - capacidade de caçamba de 1,56 m³ - caminho de serviço pavimentado - DMT 3.000 m","m³",{"v":8.7,"d":"8.70"},{"$nulls":4},{"v":10.6,"d":"10.60"}]
[1917709,"Dragagem de material de 1ª categoria com escavadeira hidráulica - capacidade de caçamba de 1,56 m³ - caminho de serviço pavimentado - DMT 400 a 600 m","m³",7.28,{"$nulls":4},8.87]
[1917707,"Dragagem de material de 1ª categoria com escavadeira hidráulica - capacidade de caçamba de 1,56 m³ - caminho de serviço pavimentado - DMT 50 a 200 m","m³",6.28,{"$nulls":4},7.65]
[1917710,"Dragagem de material de 1ª categoria com escavadeira hidráulica - capacidade de caçamba de 1,56 m³ - caminho de serviço pavimentado - DMT 600 a 800 m","m³",7.41,{"$nulls":4},9.03]
[1917711,"Dragagem de material de 1ª categoria com escavadeira hidráulica - capacidade de caçamba de 1,56 m³ - caminho de serviço pavimentado - DMT 800 a 1.000 m","m³",7.54,{"$nulls":4},9.19]
[1917680,"Dragagem de material de 1ª categoria com escavadeira hidráulica - capacidade de caçamba de 1,56 m³ - DMT 0 a 50 m","m³",2.28,{"$nulls":4},2.78]
[1901607,"Dragagem de material de 1ª categoria com escavadeira hidráulica sobre pontão flutuante - capacidade da caçamba de 1,56 m³ - transporte com batelão sem propulsão com capacidade de 100 t - DMT 0 a 300 m","m³",11.67,{"$nulls":4},14.22]
[1901611,"Dragagem de material de 1ª categoria com escavadeira hidráulica sobre pontão flutuante - capacidade da caçamba de 1,56 m³ - transporte com batelão sem propulsão com capacidade de 100 t - DMT 1.200 a 1.500 m","m³",14.61,{"$nulls":4},{"v":17.8,"d":"17.80"}]
[1901612,"Dragagem de material de 1ª categoria com escavadeira hidráulica sobre pontão flutuante - capacidade da caçamba de 1,56 m³ - transporte com batelão sem propulsão com capacidade de 100 t - DMT 1.500 a 1.800 m","m³",14.94,{"$nulls":4},{"v":18.2,"d":"18.20"}]
[1901613,"Dragagem de material de 1ª categoria com escavadeira hidráulica sobre pontão flutuante - capacidade da caçamba de 1,56 m³ - transporte com batelão sem propulsão com capacidade de 100 t - DMT 1.800 a 2.100 m","m³",{"v":15.2,"d":"15.20"},{"$nulls":4},18.51]
[1901614,"Dragagem de material de 1ª categoria com escavadeira hidráulica sobre pontão flutuante - capacidade da caçamba de 1,56 m³ - transporte com batelão sem propulsão com capacidade de 100 t - DMT 2.100 a 2.400 m","m³",15.44,{"$nulls":4},18.81]
[1901615,"Dragagem de material de 1ª categoria com escavadeira hidráulica sobre pontão flutuante - capacidade da caçamba de 1,56 m³ - transporte com batelão sem propulsão com capacidade de 100 t - DMT 2.400 a 2.700 m","m³",15.78,{"$nulls":4},19.22]
[1901616,"Dragagem de material de 1ª categoria com escavadeira hidráulica sobre pontão flutuante - capacidade da caçamba de 1,56 m³ - transporte com batelão sem propulsão com capacidade de 100 t - DMT 2.700 a 3.000 m","m³",16.03,{"$nulls":4},19.52]
[1901608,"Dragagem de material de 1ª categoria com escavadeira hidráulica sobre pontão flutuante - capacidade da caçamba de 1,56 m³ - transporte com batelão sem propulsão com capacidade de 100 t - DMT 300 a 600 m","m³",12.06,{"$nulls":4},14.69]
[1901609,"Dragagem de material de 1ª categoria com escavadeira hidráulica sobre pontão flutuante - capacidade da caçamba de 1,56 m³ - transporte com batelão sem propulsão com capacidade de 100 t - DMT 600 a 900 m","m³",{"v":12.4,"d":"12.40"},{"$nulls":4},{"v":15.1,"d":"15.10"}]
[1901610,"Dragagem de material de 1ª categoria com escavadeira hidráulica sobre pontão flutuante - capacidade da caçamba de 1,56 m³ - transporte com batelão sem propulsão com capacidade de 100 t - DMT 900 a 1.200 m","m³",14.36,{"$nulls":4},17.49]
[1901617,"Dragagem de material de 1ª categoria com escavadeira hidráulica sobre pontão flutuante - capacidade da caçamba de 1,56 m³ - transporte com batelão sem propulsão com capacidade de 100 t - DMT de 3.000 m","m³",{"v":16.2,"d":"16.20"},{"$nulls":4},19.73]
[1917037,"Dragagem de silte com draga hopper - capacidade da cisterna de 1.000 m³ - DMT de 1.500 a 1.800 m","m³",14.93,{"$nulls":4},18.18]
[1917038,"Dragagem de silte com draga hopper - capacidade da cisterna de 1.000 m³ - DMT de 1.800 a 2.100 m","m³",15.43,{"$nulls":4},{"v":18.8,"d":"18.80"}]
[1917039,"Dragagem de silte com draga hopper - capacidade da cisterna de 1.000 m³ - DMT de 2.100 a 2.400 m","m³",15.95,{"$nulls":4},19.43]
[1917040,"Dragagem de silte com draga hopper - capacidade da cisterna de 1.000 m³ - DMT de 2.400 a 2.700 m","m³",16.49,{"$nulls":4},20.08]
[1917041,"Dragagem de silte com draga hopper - capacidade da cisterna de 1.000 m³ - DMT de 2.700 a 3.000 m","m³",17.06,{"$nulls":4},20.78]
[1917042,"Dragagem de silte com draga hopper - capacidade da cisterna de 1.000 m³ - DMT de 3.000 m","m³",17.36,{"$nulls":4},21.15]
[1901619,"Dragagem de silte com draga hopper - capacidade da cisterna de 10.000 m³ - DMT de 1.500 a 1.800 m","m³",{"v":8.2,"d":"8.20"},{"$nulls":4},9.99]
[1901620,"Dragagem de silte com draga hopper - capacidade da cisterna de 10.000 m³ - DMT de 1.800 a 2.100 m","m³",8.35,{"$nulls":4},10.17]
[1901621,"Dragagem de silte com draga hopper - capacidade da cisterna de 10.000 m³ - DMT de 2.100 a 2.400 m","m³",8.51,{"$nulls":4},10.36]
[1901622,"Dragagem de silte com draga hopper - capacidade da cisterna de 10.000 m³ - DMT de 2.400 a 2.700 m","m³",8.66,{"$nulls":4},10.55]
[1901623,"Dragagem de silte com draga hopper - capacidade da cisterna de 10.000 m³ - DMT de 2.700 a 3.000 m","m³",8.83,{"$nulls":4},10.76]
[1901618,"Dragagem de silte com draga hopper - capacidade da cisterna de 10.000 m³ - DMT de 3.000 m","m³",8.92,{"$nulls":4},10.87]
[1901625,"Dragagem de silte com draga hopper - capacidade da cisterna de 15.000 m³ - DMT de 1.500 a 1.800 m","m³",9.85,{"$nulls":4},{"v":12,"d":"12.00"}]
[1901626,"Dragagem de silte com draga hopper - capacidade da cisterna de 15.000 m³ - DMT de 1.800 a 2.100 m","m³",9.99,{"$nulls":4},12.17]
[1901627,"Dragagem de silte com draga hopper - capacidade da cisterna de 15.000 m³ - DMT de 2.100 a 2.400 m","m³",10.14,{"$nulls":4},12.35]
[1901628,"Dragagem de silte com draga hopper - capacidade da cisterna de 15.000 m³ - DMT de 2.400 a 2.700 m","m³",{"v":10.3,"d":"10.30"},{"$nulls":4},12.54]
[1901629,"Dragagem de silte com draga hopper - capacidade da cisterna de 15.000 m³ - DMT de 2.700 a 3.000 m","m³",10.45,{"$nulls":4},12.73]
[1901624,"Dragagem de silte com draga hopper - capacidade da cisterna de 15.000 m³ - DMT de 3.000 m","m³",10.54,{"$nulls":4},12.84]
[1917073,"Dragagem de silte com draga hopper - capacidade da cisterna de 2.000 m³ - DMT de 1.500 a 1.800 m","m³",10.34,{"$nulls":4},12.59]
[1917074,"Dragagem de silte com draga hopper - capacidade da cisterna de 2.000 m³ - DMT de 1.800 a 2.100 m","m³",10.65,{"$nulls":4},12.97]
[1917075,"Dragagem de silte com draga hopper - capacidade da cisterna de 2.000 m³ - DMT de 2.100 a 2.400 m","m³",10.97,{"$nulls":4},13.36]
[1917076,"Dragagem de silte com draga hopper - capacidade da cisterna de 2.000 m³ - DMT de 2.400 a 2.700 m","m³",11.31,{"$nulls":4},13.77]
[1917077,"Dragagem de silte com draga hopper - capacidade da cisterna de 2.000 m³ - DMT de 2.700 a 3.000 m","m³",11.67,{"$nulls":4},14.21]
[1917078,"Dragagem de silte com draga hopper - capacidade da cisterna de 2.000 m³ - DMT de 3.000 m","m³",11.86,{"$nulls":4},14.44]
[1901631,"Dragagem de silte com draga hopper - capacidade da cisterna de 20.000 m³ - DMT de 1.500 a 1.800 m","m³",11.63,{"$nulls":4},14.16]
[1901632,"Dragagem de silte com draga hopper - capacidade da cisterna de 20.000 m³ - DMT de 1.800 a 2.100 m","m³",11.76,{"$nulls":4},14.32]
[1901633,"Dragagem de silte com draga hopper - capacidade da cisterna de 20.000 m³ - DMT de 2.100 a 2.400 m","m³",{"v":11.9,"d":"11.90"},{"$nulls":4},{"v":14.5,"d":"14.50"}]
[1901634,"Dragagem de silte com draga hopper - capacidade da cisterna de 20.000 m³ - DMT de 2.400 a 2.700 m","m³",12.05,{"$nulls":4},14.68]
[1901635,"Dragagem de silte com draga hopper - capacidade da cisterna de 20.000 m³ - DMT de 2.700 a 3.000 m","m³",12.21,{"$nulls":4},14.87]
[1901630,"Dragagem de silte com draga hopper - capacidade da cisterna de 20.000 m³ - DMT de 3.000 m","m³",12.29,{"$nulls":4},14.97]
[1917109,"Dragagem de silte com draga hopper - capacidade da cisterna de 3.000 m³ - DMT de 1.500 a 1.800 m","m³",9.44,{"$nulls":4},{"v":11.5,"d":"11.50"}]
[1917110,"Dragagem de silte com draga hopper - capacidade da cisterna de 3.000 m³ - DMT de 1.800 a 2.100 m","m³",{"v":9.7,"d":"9.70"},{"$nulls":4},11.81]
[1917111,"Dragagem de silte com draga hopper - capacidade da cisterna de 3.000 m³ - DMT de 2.100 a 2.400 m","m³",9.96,{"$nulls":4},12.13]
[1917112,"Dragagem de silte com draga hopper - capacidade da cisterna de 3.000 m³ - DMT de 2.400 a 2.700 m","m³",10.23,{"$nulls":4},12.46]
[1917113,"Dragagem de silte com draga hopper - capacidade da cisterna de 3.000 m³ - DMT de 2.700 a 3.000 m","m³",10.53,{"$nulls":4},12.82]
[1917114,"Dragagem de silte com draga hopper - capacidade da cisterna de 3.000 m³ - DMT de 3.000 m","m³",10.68,{"$nulls":4},13.01]
[1917145,"Dragagem de silte com draga hopper - capacidade da cisterna de 4.000 m³ - DMT de 1.500 a 1.800 m","m³",8.82,{"$nulls":4},10.74]
[1917146,"Dragagem de silte com draga hopper - capacidade da cisterna de 4.000 m³ - DMT de 1.800 a 2.100 m","m³",9.05,{"$nulls":4},11.02]
[1917147,"Dragagem de silte com draga hopper - capacidade da cisterna de 4.000 m³ - DMT de 2.100 a 2.400 m","m³",9.28,{"$nulls":4},{"v":11.3,"d":"11.30"}]
[1917148,"Dragagem de silte com draga hopper - capacidade da cisterna de 4.000 m³ - DMT de 2.400 a 2.700 m","m³",9.52,{"$nulls":4},11.59]
[1917149,"Dragagem de silte com draga hopper - capacidade da cisterna de 4.000 m³ - DMT de 2.700 a 3.000 m","m³",9.78,{"$nulls":4},11.91]
[1917150,"Dragagem de silte com draga hopper - capacidade da cisterna de 4.000 m³ - DMT de 3.000 m","m³",9.92,{"$nulls":4},12.08]
[1917181,"Dragagem de silte com draga hopper - capacidade da cisterna de 5.000 m³ - DMT de 1.500 a 1.800 m","m³",9.15,{"$nulls":4},11.14]
[1917182,"Dragagem de silte com draga hopper - capacidade da cisterna de 5.000 m³ - DMT de 1.800 a 2.100 m","m³",9.35,{"$nulls":4},11.39]
[1917183,"Dragagem de silte com draga hopper - capacidade da cisterna de 5.000 m³ - DMT de 2.100 a 2.400 m","m³",9.56,{"$nulls":4},11.64]
[1917184,"Dragagem de silte com draga hopper - capacidade da cisterna de 5.000 m³ - DMT de 2.400 a 2.700 m","m³",9.77,{"$nulls":4},{"v":11.9,"d":"11.90"}]
[1917185,"Dragagem de silte com draga hopper - capacidade da cisterna de 5.000 m³ - DMT de 2.700 a 3.000 m","m³",{"v":10,"d":"10.00"},{"$nulls":4},12.18]
[1917186,"Dragagem de silte com draga hopper - capacidade da cisterna de 5.000 m³ - DMT de 3.000 m","m³",10.12,{"$nulls":4},12.33]
[1917001,"Dragagem de silte com draga hopper - capacidade da cisterna de 750 m³ - DMT de 1.500 a 1.800 m","m³",19.76,{"$nulls":4},24.07]
[1917002,"Dragagem de silte com draga hopper - capacidade da cisterna de 750 m³ - DMT de 1.800 a 2.100 m","m³",20.48,{"$nulls":4},24.95]
[1917003,"Dragagem de silte com draga hopper - capacidade da cisterna de 750 m³ - DMT de 2.100 a 2.400 m","m³",21.21,{"$nulls":4},25.84]
[1917004,"Dragagem de silte com draga hopper - capacidade da cisterna de 750 m³ - DMT de 2.400 a 2.700 m","m³",21.99,{"$nulls":4},26.79]
[1917005,"Dragagem de silte com draga hopper - capacidade da cisterna de 750 m³ - DMT de 2.700 a 3.000 m","m³",22.81,{"$nulls":4},27.78]
[1917006,"Dragagem de silte com draga hopper - capacidade da cisterna de 750 m³ - DMT de 3.000 m","m³",23.24,{"$nulls":4},28.31]
[2009619,"Alvenaria de blocos de concreto 19 x 19 x 39 cm com espessura de 20 cm - areia comercial","m²",96.02,{"$nulls":4},116.96]
[2009618,"Alvenaria de blocos de concreto 19 x 19 x 39 cm com espessura de 20 cm - areia extraída","m²",94.59,{"$nulls":4},115.21]
[2003866,"Aplicação de geotêxtil não-tecido agulhado com resistência à tração longitudinal de 14 kN/m","m²",6.72,{"$nulls":4},8.19]
[2003867,"Aplicação de geotêxtil não-tecido agulhado com resistência à tração longitudinal de 31 kN/m","m²",13.08,{"$nulls":4},15.93]
[2003622,"Boca de lobo combinada - chapéu e grelha simples - BLC 01 - areia e brita comerciais","un",{"v":1952.49,"d":"1,952.49"},{"$nulls":4},{"v":2378.18,"d":"2,378.18"}]
[2003621,"Boca de lobo combinada - chapéu e grelha simples - BLC 01 - areia extraída e brita produzida","un",{"v":1866.65,"d":"1,866.65"},{"$nulls":4},{"v":2273.63,"d":"2,273.63"}]
[2003624,"Boca de lobo combinada - chapéu e grelha simples - BLC 02 - areia e brita comerciais","un",{"v":2266.32,"d":"2,266.32"},{"$nulls":4},{"v":2760.44,"d":"2,760.44"}]
[2003623,"Boca de lobo combinada - chapéu e grelha simples - BLC 02 - areia extraída e brita produzida","un",{"v":2171.46,"d":"2,171.46"},{"$nulls":4},{"v":2644.9,"d":"2,644.90"}]
[2003634,"Boca de lobo dupla - grelha de concreto - BLDG 01 - areia e brita comerciais","un",{"v":1433.83,"d":"1,433.83"},{"$nulls":4},{"v":1746.44,"d":"1,746.44"}]
[2003633,"Boca de lobo dupla - grelha de concreto - BLDG 01 - areia extraída e brita produzida","un",{"v":1347.99,"d":"1,347.99"},{"$nulls":4},{"v":1641.89,"d":"1,641.89"}]
[2003636,"Boca de lobo dupla - grelha de concreto - BLDG 02 - areia e brita comerciais","un",{"v":1747.67,"d":"1,747.67"},{"$nulls":4},{"v":2128.71,"d":"2,128.71"}]
[2003635,"Boca de lobo dupla - grelha de concreto - BLDG 02 - areia extraída e brita produzida","un",{"v":1652.81,"d":"1,652.81"},{"$nulls":4},{"v":2013.17,"d":"2,013.17"}]
[2003638,"Boca de lobo dupla - grelha de concreto - BLDG 03 - areia e brita comerciais","un",{"v":2065.5,"d":"2,065.50"},{"$nulls":4},{"v":2515.84,"d":"2,515.84"}]
[2003637,"Boca de lobo dupla - grelha de concreto - BLDG 03 - areia extraída e brita produzida","un",{"v":1960.7,"d":"1,960.70"},{"$nulls":4},{"v":2388.19,"d":"2,388.19"}]
[2003640,"Boca de lobo dupla - grelha de concreto - BLDG 04 - areia e brita comerciais","un",{"v":2379.34,"d":"2,379.34"},{"$nulls":4},{"v":2898.1,"d":"2,898.10"}]
[2003639,"Boca de lobo dupla - grelha de concreto - BLDG 04 - areia extraída e brita produzida","un",{"v":2265.52,"d":"2,265.52"},{"$nulls":4},{"v":2759.47,"d":"2,759.47"}]
[2003618,"Boca de lobo simples - BLS 01 - areia e brita comerciais","un",792.23,{"$nulls":4},964.96]
[2003617,"Boca de lobo simples - BLS 01 - areia extraída e brita produzida","un",745.04,{"$nulls":4},907.48]
[2003620,"Boca de lobo simples - BLS 02 - areia e brita comerciais","un",{"v":983.8,"d":"983.80"},{"$nulls":4},{"v":1198.3,"d":"1,198.30"}]
[2003619,"Boca de lobo simples - BLS 02 - areia extraída e brita produzida","un",931.15,{"$nulls":4},{"v":1134.16,"d":"1,134.16"}]
[2003626,"Boca de lobo simples - grelha de concreto - BLSG 01 - areia e brita comerciais","un",738.23,{"$nulls":4},899.18]
[2003625,"Boca de lobo simples - grelha de concreto - BLSG 01 - areia extraída e brita produzida","un",691.04,{"$nulls":4},{"v":841.7,"d":"841.70"}]
[2003628,"Boca de lobo simples - grelha de concreto - BLSG 02 - areia e brita comerciais","un",{"v":929.8,"d":"929.80"},{"$nulls":4},{"v":1132.52,"d":"1,132.52"}]
[2003627,"Boca de lobo simples - grelha de concreto - BLSG 02 - areia extraída e brita produzida","un",877.14,{"$nulls":4},{"v":1068.38,"d":"1,068.38"}]
[2003630,"Boca de lobo simples - grelha de concreto - BLSG 03 - areia e brita comerciais","un",{"v":1121.36,"d":"1,121.36"},{"$nulls":4},{"v":1365.85,"d":"1,365.85"}]
[2003629,"Boca de lobo simples - grelha de concreto - BLSG 03 - areia extraída e brita produzida","un",{"v":1063.24,"d":"1,063.24"},{"$nulls":4},{"v":1295.06,"d":"1,295.06"}]
[2003632,"Boca de lobo simples - grelha de concreto - BLSG 04 - areia e brita comerciais","un",{"v":1312.93,"d":"1,312.93"},{"$nulls":4},{"v":1599.18,"d":"1,599.18"}]
[2003631,"Boca de lobo simples - grelha de concreto - BLSG 04 - areia extraída e brita produzida","un",{"v":1249.35,"d":"1,249.35"},{"$nulls":4},{"v":1521.74,"d":"1,521.74"}]
[2003599,"Boca de saída para dreno longitudinal profundo - BSD 01 - tubo de concreto perfurado - areia e brita comerciais","un",162.97,{"$nulls":4},{"v":198.5,"d":"198.50"}]
[2003598,"Boca de saída para dreno longitudinal profundo - BSD 01 - tubo de concreto perfurado - areia extraída e brita produzida","un",144.71,{"$nulls":4},176.26]
[2003919,"Boca de saída para dreno longitudinal profundo - BSD 01 - tubo de PEAD - areia e brita comerciais","un",162.97,{"$nulls":4},{"v":198.5,"d":"198.50"}]
[2003918,"Boca de saída para dreno longitudinal profundo - BSD 01 - tubo de PEAD - areia extraída e brita produzida","un",144.71,{"$nulls":4},176.26]
[2003601,"Boca de saída para dreno longitudinal profundo - BSD 02 - tubo de concreto perfurado - areia e brita comerciais","un",204.68,{"$nulls":4},249.31]
[2003600,"Boca de saída para dreno longitudinal profundo - BSD 02 - tubo de concreto perfurado - areia extraída e brita produzida","un",180.81,{"$nulls":4},220.23]
[2003921,"Boca de saída para dreno longitudinal profundo - BSD 02 - tubo de PEAD - areia e brita comerciais","un",204.68,{"$nulls":4},249.31]
[2003920,"Boca de saída para dreno longitudinal profundo - BSD 02 - tubo de PEAD - areia extraída e brita produzida","un",180.81,{"$nulls":4},220.23]
[2003616,"Boca de saída para dreno sub-horizontal em material de 1ª categoria - BSD 04 - areia e brita comerciais","un",17.77,{"$nulls":4},21.65]
[2003615,"Boca de saída para dreno sub-horizontal em material de 1ª categoria - BSD 04 - areia extraída e brita produzida","un",{"v":15.2,"d":"15.20"},{"$nulls":4},18.52]
[2003927,"Boca de saída para dreno sub-horizontal em material de 2ª categoria - BSD 04 - areia e brita comerciais","un",18.48,{"$nulls":4},22.51]
[2003926,"Boca de saída para dreno sub-horizontal em material de 2ª categoria - BSD 04 - areia extraída e brita produzida","un",{"v":15.9,"d":"15.90"},{"$nulls":4},19.37]
[2003613,"Boca de saída para dreno subsuperficial - BSD 03 - areia e brita comerciais","un",116.17,{"$nulls":4},{"v":141.5,"d":"141.50"}]
[2003612,"Boca de saída para dreno subsuperficial - BSD 03 - areia extraída e brita produzida","un",104.94,{"$nulls":4},127.82]
[2003477,"Caixa coletora de sarjeta - CCS 01 - com grelha de concreto - TCC 01 - areia e brita comerciais","un",{"v":3099.29,"d":"3,099.29"},{"$nulls":4},{"v":3775.02,"d":"3,775.02"}]
[2003476,"Caixa coletora de sarjeta - CCS 01 - com grelha de concreto - TCC 01 - areia extraída e brita produzida","un",{"v":2831.25,"d":"2,831.25"},{"$nulls":4},{"v":3448.54,"d":"3,448.54"}]
[2003517,"Caixa coletora de sarjeta - CCS 01 - com grelha de ferro - TCC 02 - areia e brita comerciais","un",{"v":3368.66,"d":"3,368.66"},{"$nulls":4},{"v":4103.12,"d":"4,103.12"}]
[2003516,"Caixa coletora de sarjeta - CCS 01 - com grelha de ferro - TCC 02 - areia extraída e brita produzida","un",{"v":3111.23,"d":"3,111.23"},{"$nulls":4},{"v":3789.56,"d":"3,789.56"}]
[2003479,"Caixa coletora de sarjeta - CCS 02 - com grelha de concreto - TCC 01 - areia e brita comerciais","un",{"v":3061.99,"d":"3,061.99"},{"$nulls":4},{"v":3729.58,"d":"3,729.58"}]
[2003478,"Caixa coletora de sarjeta - CCS 02 - com grelha de concreto - TCC 01 - areia extraída e brita produzida","un",{"v":2805.64,"d":"2,805.64"},{"$nulls":4},{"v":3417.34,"d":"3,417.34"}]
[2003519,"Caixa coletora de sarjeta - CCS 02 - com grelha de ferro - TCC 02 - areia e brita comerciais","un",{"v":3331.36,"d":"3,331.36"},{"$nulls":4},{"v":4057.68,"d":"4,057.68"}]
[2003518,"Caixa coletora de sarjeta - CCS 02 - com grelha de ferro - TCC 02 - areia extraída e brita produzida","un",{"v":3085.61,"d":"3,085.61"},{"$nulls":4},{"v":3758.36,"d":"3,758.36"}]
[2003481,"Caixa coletora de sarjeta - CCS 03 - com grelha de concreto - TCC 01 - areia e brita comerciais","un",{"v":3024.67,"d":"3,024.67"},{"$nulls":4},{"v":3684.13,"d":"3,684.13"}]
[2003480,"Caixa coletora de sarjeta - CCS 03 - com grelha de concreto - TCC 01 - areia extraída e brita produzida","un",{"v":2780.03,"d":"2,780.03"},{"$nulls":4},{"v":3386.15,"d":"3,386.15"}]
[2003521,"Caixa coletora de sarjeta - CCS 03 - com grelha de ferro - TCC 02 - areia e brita comerciais","un",{"v":3294.04,"d":"3,294.04"},{"$nulls":4},{"v":4012.23,"d":"4,012.23"}]
[2003520,"Caixa coletora de sarjeta - CCS 03 - com grelha de ferro - TCC 02 - areia extraída e brita produzida","un",{"v":3060.01,"d":"3,060.01"},{"$nulls":4},{"v":3727.17,"d":"3,727.17"}]
[2003483,"Caixa coletora de sarjeta - CCS 04 - com grelha de concreto - TCC 01 - areia e brita comerciais","un",{"v":2987.36,"d":"2,987.36"},{"$nulls":4},{"v":3638.69,"d":"3,638.69"}]
[2003482,"Caixa coletora de sarjeta - CCS 04 - com grelha de concreto - TCC 01 - areia extraída e brita produzida","un",{"v":2754.42,"d":"2,754.42"},{"$nulls":4},{"v":3354.96,"d":"3,354.96"}]
[2003523,"Caixa coletora de sarjeta - CCS 04 - com grelha de ferro - TCC 02 - areia e brita comerciais","un",{"v":3256.73,"d":"3,256.73"},{"$nulls":4},{"v":3966.79,"d":"3,966.79"}]
[2003522,"Caixa coletora de sarjeta - CCS 04 - com grelha de ferro - TCC 02 - areia extraída e brita produzida","un",{"v":3034.4,"d":"3,034.40"},{"$nulls":4},{"v":3695.98,"d":"3,695.98"}]
[2003485,"Caixa coletora de sarjeta - CCS 05 - com grelha de concreto - TCC 01 - areia e brita comerciais","un",{"v":4003.14,"d":"4,003.14"},{"$nulls":4},{"v":4875.93,"d":"4,875.93"}]
[2003484,"Caixa coletora de sarjeta - CCS 05 - com grelha de concreto - TCC 01 - areia extraída e brita produzida","un",{"v":3670.73,"d":"3,670.73"},{"$nulls":4},{"v":4471.05,"d":"4,471.05"}]
[2003525,"Caixa coletora de sarjeta - CCS 05 - com grelha de ferro - TCC 02 - areia e brita comerciais","un",{"v":4272.51,"d":"4,272.51"},{"$nulls":4},{"v":5204.03,"d":"5,204.03"}]
[2003524,"Caixa coletora de sarjeta - CCS 05 - com grelha de ferro - TCC 02 - areia extraída e brita produzida","un",{"v":3950.71,"d":"3,950.71"},{"$nulls":4},{"v":4812.07,"d":"4,812.07"}]
[2003487,"Caixa coletora de sarjeta - CCS 06 - com grelha de concreto - TCC 01 - areia e brita comerciais","un",{"v":3965.82,"d":"3,965.82"},{"$nulls":4},{"v":4830.48,"d":"4,830.48"}]
[2003486,"Caixa coletora de sarjeta - CCS 06 - com grelha de concreto - TCC 01 - areia extraída e brita produzida","un",{"v":3645.13,"d":"3,645.13"},{"$nulls":4},{"v":4439.86,"d":"4,439.86"}]
[2003527,"Caixa coletora de sarjeta - CCS 06 - com grelha de ferro - TCC 02 - areia e brita comerciais","un",{"v":4235.19,"d":"4,235.19"},{"$nulls":4},{"v":5158.58,"d":"5,158.58"}]
[2003526,"Caixa coletora de sarjeta - CCS 06 - com grelha de ferro - TCC 02 - areia extraída e brita produzida","un",{"v":3925.1,"d":"3,925.10"},{"$nulls":4},{"v":4780.88,"d":"4,780.88"}]
[2003489,"Caixa coletora de sarjeta - CCS 07 - com grelha de concreto - TCC 01 - areia e brita comerciais","un",{"v":3928.51,"d":"3,928.51"},{"$nulls":4},{"v":4785.03,"d":"4,785.03"}]
[2003488,"Caixa coletora de sarjeta - CCS 07 - com grelha de concreto - TCC 01 - areia extraída e brita produzida","un",{"v":3619.51,"d":"3,619.51"},{"$nulls":4},{"v":4408.66,"d":"4,408.66"}]
[2003529,"Caixa coletora de sarjeta - CCS 07 - com grelha de ferro - TCC 02 - areia e brita comerciais","un",{"v":4197.88,"d":"4,197.88"},{"$nulls":4},{"v":5113.13,"d":"5,113.13"}]
[2003528,"Caixa coletora de sarjeta - CCS 07 - com grelha de ferro - TCC 02 - areia extraída e brita produzida","un",{"v":3899.49,"d":"3,899.49"},{"$nulls":4},{"v":4749.68,"d":"4,749.68"}]
[2003491,"Caixa coletora de sarjeta - CCS 08 - com grelha de concreto - TCC 01 - areia e brita comerciais","un",{"v":3891.2,"d":"3,891.20"},{"$nulls":4},{"v":4739.59,"d":"4,739.59"}]
[2003490,"Caixa coletora de sarjeta - CCS 08 - com grelha de concreto - TCC 01 - areia extraída e brita produzida","un",{"v":3593.9,"d":"3,593.90"},{"$nulls":4},{"v":4377.47,"d":"4,377.47"}]
[2003531,"Caixa coletora de sarjeta - CCS 08 - com grelha de ferro - TCC 02 - areia e brita comerciais","un",{"v":4160.57,"d":"4,160.57"},{"$nulls":4},{"v":5067.69,"d":"5,067.69"}]
[2003530,"Caixa coletora de sarjeta - CCS 08 - com grelha de ferro - TCC 02 - areia extraída e brita produzida","un",{"v":3873.88,"d":"3,873.88"},{"$nulls":4},{"v":4718.49,"d":"4,718.49"}]
[2003493,"Caixa coletora de sarjeta - CCS 09 - com grelha de concreto - TCC 01 - areia e brita comerciais","un",{"v":4769.79,"d":"4,769.79"},{"$nulls":4},{"v":5809.73,"d":"5,809.73"}]
[2003492,"Caixa coletora de sarjeta - CCS 09 - com grelha de concreto - TCC 01 - areia extraída e brita produzida","un",{"v":4373.02,"d":"4,373.02"},{"$nulls":4},{"v":5326.46,"d":"5,326.46"}]
[2003533,"Caixa coletora de sarjeta - CCS 09 - com grelha de ferro - TCC 02 - areia e brita comerciais","un",{"v":5039.16,"d":"5,039.16"},{"$nulls":4},{"v":6137.83,"d":"6,137.83"}]
[2003532,"Caixa coletora de sarjeta - CCS 09 - com grelha de ferro - TCC 02 - areia extraída e brita produzida","un",{"v":4653,"d":"4,653.00"},{"$nulls":4},{"v":5667.48,"d":"5,667.48"}]
[2003495,"Caixa coletora de sarjeta - CCS 10 - com grelha de concreto - TCC 01 - areia e brita comerciais","un",{"v":4732.47,"d":"4,732.47"},{"$nulls":4},{"v":5764.28,"d":"5,764.28"}]
[2003494,"Caixa coletora de sarjeta - CCS 10 - com grelha de concreto - TCC 01 - areia extraída e brita produzida","un",{"v":4347.42,"d":"4,347.42"},{"$nulls":4},{"v":5295.27,"d":"5,295.27"}]
[2003535,"Caixa coletora de sarjeta - CCS 10 - com grelha de ferro - TCC 02 - areia e brita comerciais","un",{"v":5001.84,"d":"5,001.84"},{"$nulls":4},{"v":6092.38,"d":"6,092.38"}]
[2003534,"Caixa coletora de sarjeta - CCS 10 - com grelha de ferro - TCC 02 - areia extraída e brita produzida","un",{"v":4627.39,"d":"4,627.39"},{"$nulls":4},{"v":5636.29,"d":"5,636.29"}]
[2003497,"Caixa coletora de sarjeta - CCS 11 - com grelha de concreto - TCC 01 - areia e brita comerciais","un",{"v":4695.17,"d":"4,695.17"},{"$nulls":4},{"v":5718.84,"d":"5,718.84"}]
[2003496,"Caixa coletora de sarjeta - CCS 11 - com grelha de concreto - TCC 01 - areia extraída e brita produzida","un",{"v":4321.8,"d":"4,321.80"},{"$nulls":4},{"v":5264.07,"d":"5,264.07"}]
[2003537,"Caixa coletora de sarjeta - CCS 11 - com grelha de ferro - TCC 02 - areia e brita comerciais","un",{"v":4964.54,"d":"4,964.54"},{"$nulls":4},{"v":6046.94,"d":"6,046.94"}]
[2003536,"Caixa coletora de sarjeta - CCS 11 - com grelha de ferro - TCC 02 - areia extraída e brita produzida","un",{"v":4601.78,"d":"4,601.78"},{"$nulls":4},{"v":5605.09,"d":"5,605.09"}]
[2003499,"Caixa coletora de sarjeta - CCS 12 - com grelha de concreto - TCC 01 - areia e brita comerciais","un",{"v":4657.85,"d":"4,657.85"},{"$nulls":4},{"v":5673.39,"d":"5,673.39"}]
[2003498,"Caixa coletora de sarjeta - CCS 12 - com grelha de concreto - TCC 01 - areia extraída e brita produzida","un",{"v":4296.19,"d":"4,296.19"},{"$nulls":4},{"v":5232.88,"d":"5,232.88"}]
[2003539,"Caixa coletora de sarjeta - CCS 12 - com grelha de ferro - TCC 02 - areia e brita comerciais","un",{"v":4889.92,"d":"4,889.92"},{"$nulls":4},{"v":5956.05,"d":"5,956.05"}]
[2003538,"Caixa coletora de sarjeta - CCS 12 - com grelha de ferro - TCC 02 - areia extraída e brita produzida","un",{"v":4550.56,"d":"4,550.56"},{"$nulls":4},{"v":5542.71,"d":"5,542.71"}]
[2003501,"Caixa coletora de sarjeta - CCS 13 - com grelha de concreto - TCC 01 - areia e brita comerciais","un",{"v":5719.37,"d":"5,719.37"},{"$nulls":4},{"v":6966.34,"d":"6,966.34"}]
[2003500,"Caixa coletora de sarjeta - CCS 13 - com grelha de concreto - TCC 01 - areia extraída e brita produzida","un",{"v":5258.24,"d":"5,258.24"},{"$nulls":4},{"v":6404.68,"d":"6,404.68"}]
[2003541,"Caixa coletora de sarjeta - CCS 13 - com grelha de ferro - TCC 02 - areia e brita comerciais","un",{"v":5988.74,"d":"5,988.74"},{"$nulls":4},{"v":7294.44,"d":"7,294.44"}]
[2003540,"Caixa coletora de sarjeta - CCS 13 - com grelha de ferro - TCC 02 - areia extraída e brita produzida","un",{"v":5538.22,"d":"5,538.22"},{"$nulls":4},{"v":6745.7,"d":"6,745.70"}]
[2003503,"Caixa coletora de sarjeta - CCS 14 - com grelha de concreto - TCC 01 - areia e brita comerciais","un",{"v":5682.06,"d":"5,682.06"},{"$nulls":4},{"v":6920.9,"d":"6,920.90"}]
[2003502,"Caixa coletora de sarjeta - CCS 14 - com grelha de concreto - TCC 01 - areia extraída e brita produzida","un",{"v":5232.64,"d":"5,232.64"},{"$nulls":4},{"v":6373.49,"d":"6,373.49"}]
[2003543,"Caixa coletora de sarjeta - CCS 14 - com grelha de ferro - TCC 02 - areia e brita comerciais","un",{"v":5951.43,"d":"5,951.43"},{"$nulls":4},{"v":7249,"d":"7,249.00"}]
[2003542,"Caixa coletora de sarjeta - CCS 14 - com grelha de ferro - TCC 02 - areia extraída e brita produzida","un",{"v":5512.61,"d":"5,512.61"},{"$nulls":4},{"v":6714.51,"d":"6,714.51"}]
[2003505,"Caixa coletora de sarjeta - CCS 15 - com grelha de concreto - TCC 01 - areia e brita comerciais","un",{"v":5644.74,"d":"5,644.74"},{"$nulls":4},{"v":6875.45,"d":"6,875.45"}]
[2003504,"Caixa coletora de sarjeta - CCS 15 - com grelha de concreto - TCC 01 - areia extraída e brita produzida","un",{"v":5207.03,"d":"5,207.03"},{"$nulls":4},{"v":6342.3,"d":"6,342.30"}]
[2003545,"Caixa coletora de sarjeta - CCS 15 - com grelha de ferro - TCC 02 - areia e brita comerciais","un",{"v":5914.11,"d":"5,914.11"},{"$nulls":4},{"v":7203.55,"d":"7,203.55"}]
[2003544,"Caixa coletora de sarjeta - CCS 15 - com grelha de ferro - TCC 02 - areia extraída e brita produzida","un",{"v":5487.01,"d":"5,487.01"},{"$nulls":4},{"v":6683.32,"d":"6,683.32"}]
[2003507,"Caixa coletora de sarjeta - CCS 16 - com grelha de concreto - TCC 01 - areia e brita comerciais","un",{"v":5607.43,"d":"5,607.43"},{"$nulls":4},{"v":6830,"d":"6,830.00"}]
[2003506,"Caixa coletora de sarjeta - CCS 16 - com grelha de concreto - TCC 01 - areia extraída e brita produzida","un",{"v":5181.41,"d":"5,181.41"},{"$nulls":4},{"v":6311.1,"d":"6,311.10"}]
[2003547,"Caixa coletora de sarjeta - CCS 16 - com grelha de ferro - TCC 02 - areia e brita comerciais","un",{"v":5876.8,"d":"5,876.80"},{"$nulls":4},{"v":7158.1,"d":"7,158.10"}]
[2003546,"Caixa coletora de sarjeta - CCS 16 - com grelha de ferro - TCC 02 - areia extraída e brita produzida","un",{"v":5461.39,"d":"5,461.39"},{"$nulls":4},{"v":6652.12,"d":"6,652.12"}]
[2003509,"Caixa coletora de sarjeta - CCS 17 - com grelha de concreto - TCC 01 - areia e brita comerciais","un",{"v":6522.61,"d":"6,522.61"},{"$nulls":4},{"v":7944.71,"d":"7,944.71"}]
[2003508,"Caixa coletora de sarjeta - CCS 17 - com grelha de concreto - TCC 01 - areia extraída e brita produzida","un",{"v":5997.12,"d":"5,997.12"},{"$nulls":4},{"v":7304.65,"d":"7,304.65"}]
[2003549,"Caixa coletora de sarjeta - CCS 17 - com grelha de ferro - TCC 02 - areia e brita comerciais","un",{"v":6791.98,"d":"6,791.98"},{"$nulls":4},{"v":8272.81,"d":"8,272.81"}]
[2003548,"Caixa coletora de sarjeta - CCS 17 - com grelha de ferro - TCC 02 - areia extraída e brita produzida","un",{"v":6277.1,"d":"6,277.10"},{"$nulls":4},{"v":7645.67,"d":"7,645.67"}]
[2003511,"Caixa coletora de sarjeta - CCS 18 - com grelha de concreto - TCC 01 - areia e brita comerciais","un",{"v":6485.29,"d":"6,485.29"},{"$nulls":4},{"v":7899.26,"d":"7,899.26"}]
[2003510,"Caixa coletora de sarjeta - CCS 18 - com grelha de concreto - TCC 01 - areia extraída e brita produzida","un",{"v":5971.51,"d":"5,971.51"},{"$nulls":4},{"v":7273.46,"d":"7,273.46"}]
[2003551,"Caixa coletora de sarjeta - CCS 18 - com grelha de ferro - TCC 02 - areia e brita comerciais","un",{"v":6754.66,"d":"6,754.66"},{"$nulls":4},{"v":8227.36,"d":"8,227.36"}]
[2003550,"Caixa coletora de sarjeta - CCS 18 - com grelha de ferro - TCC 02 - areia extraída e brita produzida","un",{"v":6251.49,"d":"6,251.49"},{"$nulls":4},{"v":7614.48,"d":"7,614.48"}]
[2003513,"Caixa coletora de sarjeta - CCS 19 - com grelha de concreto - TCC 01 - areia e brita comerciais","un",{"v":6447.98,"d":"6,447.98"},{"$nulls":4},{"v":7853.81,"d":"7,853.81"}]
[2003512,"Caixa coletora de sarjeta - CCS 19 - com grelha de concreto - TCC 01 - areia extraída e brita produzida","un",{"v":5945.9,"d":"5,945.90"},{"$nulls":4},{"v":7242.27,"d":"7,242.27"}]
[2003553,"Caixa coletora de sarjeta - CCS 19 - com grelha de ferro - TCC 02 - areia e brita comerciais","un",{"v":6717.35,"d":"6,717.35"},{"$nulls":4},{"v":8181.91,"d":"8,181.91"}]
[2003552,"Caixa coletora de sarjeta - CCS 19 - com grelha de ferro - TCC 02 - areia extraída e brita produzida","un",{"v":6225.88,"d":"6,225.88"},{"$nulls":4},{"v":7583.29,"d":"7,583.29"}]
[2003515,"Caixa coletora de sarjeta - CCS 20 - com grelha de concreto - TCC 01 - areia e brita comerciais","un",{"v":6410.67,"d":"6,410.67"},{"$nulls":4},{"v":7808.37,"d":"7,808.37"}]
[2003514,"Caixa coletora de sarjeta - CCS 20 - com grelha de concreto - TCC 01 - areia extraída e brita produzida","un",{"v":5920.29,"d":"5,920.29"},{"$nulls":4},{"v":7211.07,"d":"7,211.07"}]
[2003555,"Caixa coletora de sarjeta - CCS 20 - com grelha de ferro - TCC 02 - areia e brita comerciais","un",{"v":6680.04,"d":"6,680.04"},{"$nulls":4},{"v":8136.47,"d":"8,136.47"}]
[2003554,"Caixa coletora de sarjeta - CCS 20 - com grelha de ferro - TCC 02 - areia extraída e brita produzida","un",{"v":6200.27,"d":"6,200.27"},{"$nulls":4},{"v":7552.09,"d":"7,552.09"}]
[2003728,"Caixa coletora de talvegue - CCT 01 - areia e brita comerciais","un",{"v":2869.87,"d":"2,869.87"},{"$nulls":4},{"v":3495.58,"d":"3,495.58"}]
[2003727,"Caixa coletora de talvegue - CCT 01 - areia extraída e brita produzida","un",{"v":2605.41,"d":"2,605.41"},{"$nulls":4},{"v":3173.46,"d":"3,173.46"}]
[2003730,"Caixa coletora de talvegue - CCT 02 - areia e brita comerciais","un",{"v":2832.56,"d":"2,832.56"},{"$nulls":4},{"v":3450.13,"d":"3,450.13"}]
[2003729,"Caixa coletora de talvegue - CCT 02 - areia extraída e brita produzida","un",{"v":2579.8,"d":"2,579.80"},{"$nulls":4},{"v":3142.27,"d":"3,142.27"}]
[2003732,"Caixa coletora de talvegue - CCT 03 - areia e brita comerciais","un",{"v":2798.98,"d":"2,798.98"},{"$nulls":4},{"v":3409.23,"d":"3,409.23"}]
[2003731,"Caixa coletora de talvegue - CCT 03 - areia extraída e brita produzida","un",{"v":2556.76,"d":"2,556.76"},{"$nulls":4},{"v":3114.2,"d":"3,114.20"}]
[2003734,"Caixa coletora de talvegue - CCT 04 - areia e brita comerciais","un",{"v":2757.94,"d":"2,757.94"},{"$nulls":4},{"v":3359.24,"d":"3,359.24"}]
[2003733,"Caixa coletora de talvegue - CCT 04 - areia extraída e brita produzida","un",{"v":2528.58,"d":"2,528.58"},{"$nulls":4},{"v":3079.88,"d":"3,079.88"}]
[2003736,"Caixa coletora de talvegue - CCT 05 - areia e brita comerciais","un",{"v":3773.71,"d":"3,773.71"},{"$nulls":4},{"v":4596.48,"d":"4,596.48"}]
[2003735,"Caixa coletora de talvegue - CCT 05 - areia extraída e brita produzida","un",{"v":3444.89,"d":"3,444.89"},{"$nulls":4},{"v":4195.97,"d":"4,195.97"}]
[2003738,"Caixa coletora de talvegue - CCT 06 - areia e brita comerciais","un",{"v":3736.4,"d":"3,736.40"},{"$nulls":4},{"v":4551.04,"d":"4,551.04"}]
[2003737,"Caixa coletora de talvegue - CCT 06 - areia extraída e brita produzida","un",{"v":3419.28,"d":"3,419.28"},{"$nulls":4},{"v":4164.78,"d":"4,164.78"}]
[2003740,"Caixa coletora de talvegue - CCT 07 - areia e brita comerciais","un",{"v":3702.82,"d":"3,702.82"},{"$nulls":4},{"v":4510.14,"d":"4,510.14"}]
[2003739,"Caixa coletora de talvegue - CCT 07 - areia extraída e brita produzida","un",{"v":3396.24,"d":"3,396.24"},{"$nulls":4},{"v":4136.71,"d":"4,136.71"}]
[2003742,"Caixa coletora de talvegue - CCT 08 - areia e brita comerciais","un",{"v":3811.02,"d":"3,811.02"},{"$nulls":4},{"v":4641.93,"d":"4,641.93"}]
[2003741,"Caixa coletora de talvegue - CCT 08 - areia extraída e brita produzida","un",{"v":3470.51,"d":"3,470.51"},{"$nulls":4},{"v":4227.17,"d":"4,227.17"}]
[2003744,"Caixa coletora de talvegue - CCT 09 - areia e brita comerciais","un",{"v":4540.37,"d":"4,540.37"},{"$nulls":4},{"v":5530.29,"d":"5,530.29"}]
[2003743,"Caixa coletora de talvegue - CCT 09 - areia extraída e brita produzida","un",{"v":4147.18,"d":"4,147.18"},{"$nulls":4},{"v":5051.38,"d":"5,051.38"}]
[2003746,"Caixa coletora de talvegue - CCT 10 - areia e brita comerciais","un",{"v":4503.05,"d":"4,503.05"},{"$nulls":4},{"v":5484.84,"d":"5,484.84"}]
[2003745,"Caixa coletora de talvegue - CCT 10 - areia extraída e brita produzida","un",{"v":4121.58,"d":"4,121.58"},{"$nulls":4},{"v":5020.19,"d":"5,020.19"}]
[2003748,"Caixa coletora de talvegue - CCT 11 - areia e brita comerciais","un",{"v":4469.47,"d":"4,469.47"},{"$nulls":4},{"v":5443.94,"d":"5,443.94"}]
[2003747,"Caixa coletora de talvegue - CCT 11 - areia extraída e brita produzida","un",{"v":4098.53,"d":"4,098.53"},{"$nulls":4},{"v":4992.12,"d":"4,992.12"}]
[2003750,"Caixa coletora de talvegue - CCT 12 - areia e brita comerciais","un",{"v":4428.43,"d":"4,428.43"},{"$nulls":4},{"v":5393.95,"d":"5,393.95"}]
[2003749,"Caixa coletora de talvegue - CCT 12 - areia extraída e brita produzida","un",{"v":4070.36,"d":"4,070.36"},{"$nulls":4},{"v":4957.81,"d":"4,957.81"}]
[2003752,"Caixa coletora de talvegue - CCT 13 - areia e brita comerciais","un",{"v":5489.94,"d":"5,489.94"},{"$nulls":4},{"v":6686.9,"d":"6,686.90"}]
[2003751,"Caixa coletora de talvegue - CCT 13 - areia extraída e brita produzida","un",{"v":5032.41,"d":"5,032.41"},{"$nulls":4},{"v":6129.61,"d":"6,129.61"}]
[2003754,"Caixa coletora de talvegue - CCT 14 - areia e brita comerciais","un",{"v":5452.63,"d":"5,452.63"},{"$nulls":4},{"v":6641.45,"d":"6,641.45"}]
[2003753,"Caixa coletora de talvegue - CCT 14 - areia extraída e brita produzida","un",{"v":5006.79,"d":"5,006.79"},{"$nulls":4},{"v":6098.41,"d":"6,098.41"}]
[2003756,"Caixa coletora de talvegue - CCT 15 - areia e brita comerciais","un",{"v":5419.05,"d":"5,419.05"},{"$nulls":4},{"v":6600.55,"d":"6,600.55"}]
[2003755,"Caixa coletora de talvegue - CCT 15 - areia extraída e brita produzida","un",{"v":4983.75,"d":"4,983.75"},{"$nulls":4},{"v":6070.34,"d":"6,070.34"}]
[2003758,"Caixa coletora de talvegue - CCT 16 - areia e brita comerciais","un",{"v":5378.01,"d":"5,378.01"},{"$nulls":4},{"v":6550.56,"d":"6,550.56"}]
[2003757,"Caixa coletora de talvegue - CCT 16 - areia extraída e brita produzida","un",{"v":4955.58,"d":"4,955.58"},{"$nulls":4},{"v":6036.03,"d":"6,036.03"}]
[2003760,"Caixa coletora de talvegue - CCT 17 - areia e brita comerciais","un",{"v":5472.33,"d":"5,472.33"},{"$nulls":4},{"v":6665.45,"d":"6,665.45"}]
[2003759,"Caixa coletora de talvegue - CCT 17 - areia extraída e brita produzida","un",{"v":5207.87,"d":"5,207.87"},{"$nulls":4},{"v":6343.33,"d":"6,343.33"}]
[2003762,"Caixa coletora de talvegue - CCT 18 - areia e brita comerciais","un",{"v":6255.87,"d":"6,255.87"},{"$nulls":4},{"v":7619.82,"d":"7,619.82"}]
[2003761,"Caixa coletora de talvegue - CCT 18 - areia extraída e brita produzida","un",{"v":5745.67,"d":"5,745.67"},{"$nulls":4},{"v":6998.38,"d":"6,998.38"}]
[2003764,"Caixa coletora de talvegue - CCT 19 - areia e brita comerciais","un",{"v":6222.29,"d":"6,222.29"},{"$nulls":4},{"v":7578.91,"d":"7,578.91"}]
[2003763,"Caixa coletora de talvegue - CCT 19 - areia extraída e brita produzida","un",{"v":5722.62,"d":"5,722.62"},{"$nulls":4},{"v":6970.31,"d":"6,970.31"}]
[2003766,"Caixa coletora de talvegue - CCT 20 - areia e brita comerciais","un",{"v":6181.24,"d":"6,181.24"},{"$nulls":4},{"v":7528.92,"d":"7,528.92"}]
[2003765,"Caixa coletora de talvegue - CCT 20 - areia extraída e brita produzida","un",{"v":5694.46,"d":"5,694.46"},{"$nulls":4},{"v":6936,"d":"6,936.00"}]
[2003642,"Caixa de ligação e passagem - CLP 01 - areia e brita comerciais","un",{"v":1286.24,"d":"1,286.24"},{"$nulls":4},{"v":1566.68,"d":"1,566.68"}]
[2003641,"Caixa de ligação e passagem - CLP 01 - areia extraída e brita produzida","un",{"v":1121.25,"d":"1,121.25"},{"$nulls":4},{"v":1365.71,"d":"1,365.71"}]
[2003644,"Caixa de ligação e passagem - CLP 02 - areia e brita comerciais","un",{"v":1263.86,"d":"1,263.86"},{"$nulls":4},{"v":1539.41,"d":"1,539.41"}]
[2003643,"Caixa de ligação e passagem - CLP 02 - areia extraída e brita produzida","un",{"v":1105.89,"d":"1,105.89"},{"$nulls":4},{"v":1347,"d":"1,347.00"}]
[2003646,"Caixa de ligação e passagem - CLP 03 - areia e brita comerciais","un",{"v":1732.19,"d":"1,732.19"},{"$nulls":4},{"v":2109.85,"d":"2,109.85"}]
[2003645,"Caixa de ligação e passagem - CLP 03 - areia extraída e brita produzida","un",{"v":1505.17,"d":"1,505.17"},{"$nulls":4},{"v":1833.34,"d":"1,833.34"}]
[2003648,"Caixa de ligação e passagem - CLP 04 - areia e brita comerciais","un",{"v":2232.44,"d":"2,232.44"},{"$nulls":4},{"v":2719.17,"d":"2,719.17"}]
[2003647,"Caixa de ligação e passagem - CLP 04 - areia extraída e brita produzida","un",{"v":1946.91,"d":"1,946.91"},{"$nulls":4},{"v":2371.39,"d":"2,371.39"}]
[2003650,"Caixa de ligação e passagem - CLP 05 - areia e brita comerciais","un",{"v":2661.02,"d":"2,661.02"},{"$nulls":4},{"v":3241.19,"d":"3,241.19"}]
[2003649,"Caixa de ligação e passagem - CLP 05 - areia extraída e brita produzida","un",{"v":2331.03,"d":"2,331.03"},{"$nulls":4},{"v":2839.26,"d":"2,839.26"}]
[2003652,"Caixa de ligação e passagem - CLP 06 - areia e brita comerciais","un",{"v":3416.47,"d":"3,416.47"},{"$nulls":4},{"v":4161.35,"d":"4,161.35"}]
[2003651,"Caixa de ligação e passagem - CLP 06 - areia extraída e brita produzida","un",{"v":3017.45,"d":"3,017.45"},{"$nulls":4},{"v":3675.33,"d":"3,675.33"}]
[2003654,"Caixa de ligação e passagem - CLP 07 - areia e brita comerciais","un",{"v":1535.79,"d":"1,535.79"},{"$nulls":4},{"v":1870.63,"d":"1,870.63"}]
[2003653,"Caixa de ligação e passagem - CLP 07 - areia extraída e brita produzida","un",{"v":1339.2,"d":"1,339.20"},{"$nulls":4},{"v":1631.18,"d":"1,631.18"}]
[2003656,"Caixa de ligação e passagem - CLP 08 - areia e brita comerciais","un",{"v":1509.67,"d":"1,509.67"},{"$nulls":4},{"v":1838.82,"d":"1,838.82"}]
[2003655,"Caixa de ligação e passagem - CLP 08 - areia extraída e brita produzida","un",{"v":1321.28,"d":"1,321.28"},{"$nulls":4},{"v":1609.35,"d":"1,609.35"}]
[2003658,"Caixa de ligação e passagem - CLP 09 - areia e brita comerciais","un",{"v":2018.99,"d":"2,018.99"},{"$nulls":4},{"v":2459.19,"d":"2,459.19"}]
[2003657,"Caixa de ligação e passagem - CLP 09 - areia extraída e brita produzida","un",{"v":1753.37,"d":"1,753.37"},{"$nulls":4},{"v":2135.65,"d":"2,135.65"}]
[2003660,"Caixa de ligação e passagem - CLP 10 - areia e brita comerciais","un",{"v":2538.61,"d":"2,538.61"},{"$nulls":4},{"v":3092.1,"d":"3,092.10"}]
[2003659,"Caixa de ligação e passagem - CLP 10 - areia extraída e brita produzida","un",{"v":2212.14,"d":"2,212.14"},{"$nulls":4},{"v":2694.44,"d":"2,694.44"}]
[2003662,"Caixa de ligação e passagem - CLP 11 - areia e brita comerciais","un",{"v":2990.3,"d":"2,990.30"},{"$nulls":4},{"v":3642.26,"d":"3,642.26"}]
[2003661,"Caixa de ligação e passagem - CLP 11 - areia extraída e brita produzida","un",{"v":2615.85,"d":"2,615.85"},{"$nulls":4},{"v":3186.17,"d":"3,186.17"}]
[2003664,"Caixa de ligação e passagem - CLP 12 - areia e brita comerciais","un",{"v":3695.63,"d":"3,695.63"},{"$nulls":4},{"v":4501.38,"d":"4,501.38"}]
[2003663,"Caixa de ligação e passagem - CLP 12 - areia extraída e brita produzida","un",{"v":3248.63,"d":"3,248.63"},{"$nulls":4},{"v":3956.92,"d":"3,956.92"}]
[2003666,"Caixa de ligação e passagem - CLP 13 - areia e brita comerciais","un",{"v":1789.07,"d":"1,789.07"},{"$nulls":4},{"v":2179.13,"d":"2,179.13"}]
[2003665,"Caixa de ligação e passagem - CLP 13 - areia extraída e brita produzida","un",{"v":1559.71,"d":"1,559.71"},{"$nulls":4},{"v":1899.77,"d":"1,899.77"}]
[2003668,"Caixa de ligação e passagem - CLP 14 - areia e brita comerciais","un",{"v":1766.69,"d":"1,766.69"},{"$nulls":4},{"v":2151.87,"d":"2,151.87"}]
[2003667,"Caixa de ligação e passagem - CLP 14 - areia extraída e brita produzida","un",{"v":1544.35,"d":"1,544.35"},{"$nulls":4},{"v":1881.06,"d":"1,881.06"}]
[2003670,"Caixa de ligação e passagem - CLP 15 - areia e brita comerciais","un",{"v":2317,"d":"2,317.00"},{"$nulls":4},{"v":2822.17,"d":"2,822.17"}]
[2003669,"Caixa de ligação e passagem - CLP 15 - areia extraída e brita produzida","un",{"v":2009.25,"d":"2,009.25"},{"$nulls":4},{"v":2447.32,"d":"2,447.32"}]
[2003672,"Caixa de ligação e passagem - CLP 16 - areia e brita comerciais","un",{"v":2863.45,"d":"2,863.45"},{"$nulls":4},{"v":3487.76,"d":"3,487.76"}]
[2003671,"Caixa de ligação e passagem - CLP 16 - areia extraída e brita produzida","un",{"v":2490.17,"d":"2,490.17"},{"$nulls":4},{"v":3033.09,"d":"3,033.09"}]
[2003674,"Caixa de ligação e passagem - CLP 17 - areia e brita comerciais","un",{"v":3334.5,"d":"3,334.50"},{"$nulls":4},{"v":4061.51,"d":"4,061.51"}]
[2003673,"Caixa de ligação e passagem - CLP 17 - areia extraída e brita produzida","un",{"v":2910.9,"d":"2,910.90"},{"$nulls":4},{"v":3545.55,"d":"3,545.55"}]
[2003676,"Caixa de ligação e passagem - CLP 18 - areia e brita comerciais","un",{"v":4076.35,"d":"4,076.35"},{"$nulls":4},{"v":4965.1,"d":"4,965.10"}]
[2003675,"Caixa de ligação e passagem - CLP 18 - areia extraída e brita produzida","un",{"v":3574.35,"d":"3,574.35"},{"$nulls":4},{"v":4353.65,"d":"4,353.65"}]
[2003854,"Camada drenante para proteção de muros de contenção - areia comercial","m³",93.29,{"$nulls":4},113.63]
[2003855,"Camada drenante para proteção de muros de contenção - areia extraída","m³",14.04,{"$nulls":4},{"v":17.1,"d":"17.10"}]
[2003856,"Camada drenante para proteção de muros de contenção - brita comercial","m³",145.03,{"$nulls":4},176.65]
[2003857,"Camada drenante para proteção de muros de contenção - brita produzida","m³",55.35,{"$nulls":4},67.42]
[2019782,"Canal em polietileno e polipropileno com efeito autolimpante e abertura de captação em ferro fundido dúctil - carga de controle de 900 kN - 100,0 x 21,0 x 57,9 cm - fornecimento e instalação em pavimento de asfalto","m",706.77,{"$nulls":4},860.86]
[2019783,"Canal em polietileno e polipropileno com efeito autolimpante e abertura de captação em ferro fundido dúctil - carga de controle de 900 kN - 100,0 x 25,2 x 66,5 cm - fornecimento e instalação em pavimento de asfalto","m",{"v":1086.85,"d":"1,086.85"},{"$nulls":4},{"v":1323.81,"d":"1,323.81"}]
[2019784,"Canal em polietileno e polipropileno com efeito autolimpante e abertura de captação em ferro fundido dúctil - carga de controle de 900 kN - 100,0 x 42,0 x 95,0 cm - fornecimento e instalação em pavimento de asfalto","m",{"v":1429.41,"d":"1,429.41"},{"$nulls":4},{"v":1741.06,"d":"1,741.06"}]
[2019785,"Canal em polietileno e polipropileno com efeito autolimpante e abertura de captação em ferro fundido dúctil - carga de controle de 900 kN - 114,2 x 78,0 x 106,0 cm - fornecimento e instalação em pavimento de asfalto","m",{"v":1953.08,"d":"1,953.08"},{"$nulls":4},{"v":2378.9,"d":"2,378.90"}]
[2019776,"Canal em polietileno e polipropileno com efeito autolimpante e grelha de encaixe em ferro fundido dúctil - carga de controle de 400 kN - 100,0 x 14,7 x 18,6 cm - fornecimento e instalação em pavimento de asfalto","m",371.31,{"$nulls":4},452.26]
[2019777,"Canal em polietileno e polipropileno com efeito autolimpante e grelha de encaixe em ferro fundido dúctil - carga de controle de 400 kN - 100,0 x 24,7 x 23,6 cm - fornecimento e instalação em pavimento de asfalto","m",803.64,{"$nulls":4},978.86]
[2019778,"Canal em polietileno e polipropileno com efeito autolimpante e grelha de encaixe em ferro fundido dúctil - carga de controle de 400 kN - 100,0 x 34,9 x 29,4 cm - fornecimento e instalação em pavimento de asfalto","m",{"v":1581.55,"d":"1,581.55"},{"$nulls":4},{"v":1926.37,"d":"1,926.37"}]
[2019779,"Canal em polietileno e polipropileno com efeito autolimpante e grelha de encaixe em ferro fundido dúctil - carga de controle de 600 kN - 100,0 x 16,0 x 15,0 cm - fornecimento e instalação em pavimento de asfalto","m",482.53,{"$nulls":4},587.73]
[2019780,"Canal em polietileno e polipropileno com efeito autolimpante e grelha de encaixe em ferro fundido dúctil - carga de controle de 600 kN - 100,0 x 21,2 x 21,0 cm - fornecimento e instalação em pavimento de asfalto","m",595.89,{"$nulls":4},725.81]
[2019781,"Canal em polietileno e polipropileno com efeito autolimpante e grelha de encaixe em ferro fundido dúctil - carga de controle de 600 kN - 100,0 x 26,2 x 20,0 cm - fornecimento e instalação em pavimento de asfalto","m",744.92,{"$nulls":4},907.33]
[2019773,"Canal em polietileno e polipropileno com efeito autolimpante e grelha de encaixe em poliamida reforçada - carga de controle de 250 kN - 100,0 x 16,0 x 15,0 cm - fornecimento e instalação em pavimento de asfalto","m",253.06,{"$nulls":4},308.23]
[2019774,"Canal em polietileno e polipropileno com efeito autolimpante e grelha de encaixe em poliamida reforçada - carga de controle de 250 kN - 100,0 x 16,0 x 20,0 cm - fornecimento e instalação em pavimento de asfalto","m",274.73,{"$nulls":4},334.63]
[2019775,"Canal em polietileno e polipropileno com efeito autolimpante e grelha de encaixe em poliamida reforçada - carga de controle de 250 kN - 100,0 x 16,0 x 7,5 cm - fornecimento e instalação em pavimento de asfalto","m",229.49,{"$nulls":4},279.52]
[2019755,"Canal monobloco com corpo e grelha em concreto polímero com efeito autolimpante - carga de controle de 400 kN - 100,0 x 15,0 x 23,0 cm - fornecimento e instalação em pavimento de asfalto","m",373.14,{"$nulls":4},{"v":454.5,"d":"454.50"}]
[2019764,"Canal monobloco com corpo e grelha em concreto polímero com efeito autolimpante - carga de controle de 400 kN - 100,0 x 15,0 x 23,0 cm - fornecimento e instalação em pavimento de concreto","m",392.77,{"$nulls":4},478.41]
[2019756,"Canal monobloco com corpo e grelha em concreto polímero com efeito autolimpante - carga de controle de 400 kN - 100,0 x 25,0 x 32,0 cm - fornecimento e instalação em pavimento de asfalto","m",667.78,{"$nulls":4},813.38]
[2019765,"Canal monobloco com corpo e grelha em concreto polímero com efeito autolimpante - carga de controle de 400 kN - 100,0 x 25,0 x 32,0 cm - fornecimento e instalação em pavimento de concreto","m",687.42,{"$nulls":4},{"v":837.3,"d":"837.30"}]
[2019757,"Canal monobloco com corpo e grelha em concreto polímero com efeito autolimpante - carga de controle de 900 kN - 100,0 x 16,0 x 26,5 cm - fornecimento e instalação em pavimento de asfalto","m",651.53,{"$nulls":4},793.58]
[2019766,"Canal monobloco com corpo e grelha em concreto polímero com efeito autolimpante - carga de controle de 900 kN - 100,0 x 16,0 x 26,5 cm - fornecimento e instalação em pavimento de concreto","m",699.82,{"$nulls":4},{"v":852.4,"d":"852.40"}]
[2019758,"Canal monobloco com corpo e grelha em concreto polímero com efeito autolimpante - carga de controle de 900 kN - 100,0 x 21,0 x 28,0 cm - fornecimento e instalação em pavimento de asfalto","m",672.28,{"$nulls":4},818.85]
[2019767,"Canal monobloco com corpo e grelha em concreto polímero com efeito autolimpante - carga de controle de 900 kN - 100,0 x 21,0 x 28,0 cm - fornecimento e instalação em pavimento de concreto","m",720.96,{"$nulls":4},878.15]
[2019759,"Canal monobloco com corpo e grelha em concreto polímero com efeito autolimpante - carga de controle de 900 kN - 100,0 x 21,0 x 38,0 cm - fornecimento e instalação em pavimento de asfalto","m",738.47,{"$nulls":4},899.48]
[2019768,"Canal monobloco com corpo e grelha em concreto polímero com efeito autolimpante - carga de controle de 900 kN - 100,0 x 21,0 x 38,0 cm - fornecimento e instalação em pavimento de concreto","m",794.96,{"$nulls":4},968.28]
[2019760,"Canal monobloco com corpo e grelha em concreto polímero com efeito autolimpante - carga de controle de 900 kN - 100,0 x 21,0 x 48,0 cm - fornecimento e instalação em pavimento de asfalto","m",933.19,{"$nulls":4},{"v":1136.65,"d":"1,136.65"}]
[2019769,"Canal monobloco com corpo e grelha em concreto polímero com efeito autolimpante - carga de controle de 900 kN - 100,0 x 21,0 x 48,0 cm - fornecimento e instalação em pavimento de concreto","m",997.47,{"$nulls":4},{"v":1214.94,"d":"1,214.94"}]
[2019761,"Canal monobloco com corpo e grelha em concreto polímero com efeito autolimpante - carga de controle de 900 kN - 100,0 x 26,0 x 33,0 cm - fornecimento e instalação em pavimento de asfalto","m",883.18,{"$nulls":4},{"v":1075.74,"d":"1,075.74"}]
[2019770,"Canal monobloco com corpo e grelha em concreto polímero com efeito autolimpante - carga de controle de 900 kN - 100,0 x 26,0 x 33,0 cm - fornecimento e instalação em pavimento de concreto","m",935.76,{"$nulls":4},{"v":1139.78,"d":"1,139.78"}]
[2019762,"Canal monobloco com corpo e grelha em concreto polímero com efeito autolimpante - carga de controle de 900 kN - 100,0 x 26,0 x 53,0 cm - fornecimento e instalação em pavimento de asfalto","m",{"v":1062.23,"d":"1,062.23"},{"$nulls":4},{"v":1293.82,"d":"1,293.82"}]
[2019771,"Canal monobloco com corpo e grelha em concreto polímero com efeito autolimpante - carga de controle de 900 kN - 100,0 x 26,0 x 53,0 cm - fornecimento e instalação em pavimento de concreto","m",{"v":1130.4,"d":"1,130.40"},{"$nulls":4},{"v":1376.86,"d":"1,376.86"}]
[2019763,"Canal monobloco com corpo e grelha em concreto polímero com efeito autolimpante - carga de controle de 900 kN - 200,0 x 40,0 x 59,5 cm - fornecimento e instalação em pavimento de asfalto","m",{"v":3911.89,"d":"3,911.89"},{"$nulls":4},{"v":4764.79,"d":"4,764.79"}]
[2019772,"Canal monobloco com corpo e grelha em concreto polímero com efeito autolimpante - carga de controle de 900 kN - 200,0 x 40,0 x 59,5 cm - fornecimento e instalação em pavimento de concreto","m",{"v":3978.9,"d":"3,978.90"},{"$nulls":4},{"v":4846.41,"d":"4,846.41"}]
[2003811,"Canaleta de concreto - CAU 01 - seção de 20 x 20 cm - espessura de 10 cm - apoiada em toda a extensão","m",113.46,{"$nulls":4},{"v":138.2,"d":"138.20"}]
[2003812,"Canaleta de concreto - CAU 02 - seção de 25 x 25 cm - espessura de 10 cm - apoiada em toda a extensão","m",134.18,{"$nulls":4},163.44]
[2003813,"Canaleta de concreto - CAU 03 - seção de 30 x 30 cm - espessura de 10 cm - apoiada em toda a extensão","m",160.55,{"$nulls":4},195.55]
[2003814,"Canaleta de concreto - CAU 04 - seção de 35 x 35 cm - espessura de 10 cm - apoiada em toda a extensão","m",183.16,{"$nulls":4},223.09]
[2003815,"Canaleta de concreto - CAU 05 - seção de 40 x 40 cm - espessura de 10 cm - apoiada em toda a extensão","m",205.76,{"$nulls":4},250.62]
[2003816,"Canaleta de concreto - CAU 06 - seção de 50 x 50 cm - espessura de 10 cm - apoiada em toda a extensão","m",254.73,{"$nulls":4},310.27]
[2003817,"Canaleta de concreto - CAU 07 - seção de 60 x 60 cm - espessura de 10 cm - apoiada em toda a extensão","m",298.06,{"$nulls":4},363.05]
[2003799,"Canaleta meia cana D = 0,30 m assente sobre lastro de areia - areia e brita comerciais - fornecimento e instalação","m",48.46,{"$nulls":4},59.03]
[2003798,"Canaleta meia cana D = 0,30 m assente sobre lastro de areia - areia extraída e brita produzida - fornecimento e instalação","m",41.56,{"$nulls":4},50.62]
[2003801,"Canaleta meia cana D = 0,40 m assente sobre lastro de areia - areia e brita comerciais - fornecimento e instalação","m",61.39,{"$nulls":4},74.78]
[2003800,"Canaleta meia cana D = 0,40 m assente sobre lastro de areia - areia extraída e brita produzida - fornecimento e instalação","m",51.61,{"$nulls":4},62.86]
[2003714,"Chaminé dos poços de visita - CPV 01 - areia e brita comerciais","un",{"v":1241.71,"d":"1,241.71"},{"$nulls":4},{"v":1512.43,"d":"1,512.43"}]
[2003713,"Chaminé dos poços de visita - CPV 01 - areia extraída e brita produzida","un",{"v":1208.27,"d":"1,208.27"},{"$nulls":4},{"v":1471.71,"d":"1,471.71"}]
[2003716,"Chaminé dos poços de visita - CPV 02 - areia e brita comerciais","un",{"v":1448.98,"d":"1,448.98"},{"$nulls":4},{"v":1764.9,"d":"1,764.90"}]
[2003715,"Chaminé dos poços de visita - CPV 02 - areia extraída e brita produzida","un",{"v":1410.42,"d":"1,410.42"},{"$nulls":4},{"v":1717.93,"d":"1,717.93"}]
[2003718,"Chaminé dos poços de visita - CPV 03 - areia e brita comerciais","un",{"v":1651.3,"d":"1,651.30"},{"$nulls":4},{"v":2011.33,"d":"2,011.33"}]
[2003717,"Chaminé dos poços de visita - CPV 03 - areia extraída e brita produzida","un",{"v":1608.55,"d":"1,608.55"},{"$nulls":4},{"v":1959.26,"d":"1,959.26"}]
[2003720,"Chaminé dos poços de visita - CPV 04 - areia e brita comerciais","un",{"v":1858.56,"d":"1,858.56"},{"$nulls":4},{"v":2263.77,"d":"2,263.77"}]
[2003719,"Chaminé dos poços de visita - CPV 04 - areia extraída e brita produzida","un",{"v":1810.67,"d":"1,810.67"},{"$nulls":4},{"v":2205.45,"d":"2,205.45"}]
[2003722,"Chaminé dos poços de visita - CPV 05 - areia e brita comerciais","un",{"v":2060.87,"d":"2,060.87"},{"$nulls":4},{"v":2510.2,"d":"2,510.20"}]
[2003721,"Chaminé dos poços de visita - CPV 05 - areia extraída e brita produzida","un",{"v":2008.8,"d":"2,008.80"},{"$nulls":4},{"v":2446.77,"d":"2,446.77"}]
[2003724,"Chaminé dos poços de visita - CPV 06 - areia e brita comerciais","un",{"v":2268.15,"d":"2,268.15"},{"$nulls":4},{"v":2762.67,"d":"2,762.67"}]
[2003723,"Chaminé dos poços de visita - CPV 06 - areia extraída e brita produzida","un",{"v":2210.95,"d":"2,210.95"},{"$nulls":4},{"v":2693,"d":"2,693.00"}]
[2003726,"Chaminé dos poços de visita - CPV 07 - areia e brita comerciais","un",{"v":2470.47,"d":"2,470.47"},{"$nulls":4},{"v":3009.1,"d":"3,009.10"}]
[2003725,"Chaminé dos poços de visita - CPV 07 - areia extraída e brita produzida","un",{"v":2409.08,"d":"2,409.08"},{"$nulls":4},{"v":2934.32,"d":"2,934.32"}]
[2003859,"Colchão drenante com espalhamento e compactação mecânicos - brita produzida","m³",52.67,{"$nulls":4},64.15]
[2003861,"Coluna drenante D = 20 cm - areia comercial","m",20.23,{"$nulls":4},24.64]
[2003862,"Coluna drenante D = 20 cm - areia extraída","m",17.96,{"$nulls":4},21.88]
[2003405,"Descida d'água de aterros em degraus - DAD 01 - areia e brita comerciais","m",175.33,{"$nulls":4},213.56]
[2003404,"Descida d'água de aterros em degraus - DAD 01 - areia extraída e brita produzida","m",144.91,{"$nulls":4},{"v":176.5,"d":"176.50"}]
[2003407,"Descida d'água de aterros em degraus - DAD 02 - areia e brita comerciais","m",228.07,{"$nulls":4},{"v":277.8,"d":"277.80"}]
[2003406,"Descida d'água de aterros em degraus - DAD 02 - areia extraída e brita produzida","m",197.65,{"$nulls":4},240.74]
[2003409,"Descida d'água de aterros em degraus - DAD 03 - areia e brita comerciais","m",372.36,{"$nulls":4},453.54]
[2003408,"Descida d'água de aterros em degraus - DAD 03 - areia extraída e brita produzida","m",303.32,{"$nulls":4},369.45]
[2003411,"Descida d'água de aterros em degraus - DAD 04 - areia e brita comerciais","m",518.37,{"$nulls":4},631.39]
[2003410,"Descida d'água de aterros em degraus - DAD 04 - areia extraída e brita produzida","m",449.33,{"$nulls":4},547.29]
[2003413,"Descida d'água de aterros em degraus - DAD 05 - areia e brita comerciais","m",521.56,{"$nulls":4},635.27]
[2003412,"Descida d'água de aterros em degraus - DAD 05 - areia extraída e brita produzida","m",425.61,{"$nulls":4},{"v":518.4,"d":"518.40"}]
[2003415,"Descida d'água de aterros em degraus - DAD 06 - areia e brita comerciais","m",{"v":696.5,"d":"696.50"},{"$nulls":4},848.36]
[2003414,"Descida d'água de aterros em degraus - DAD 06 - areia extraída e brita produzida","m",600.55,{"$nulls":4},731.48]
[2003417,"Descida d'água de aterros em degraus - DAD 07 - areia e brita comerciais","m",679.14,{"$nulls":4},827.21]
[2003416,"Descida d'água de aterros em degraus - DAD 07 - areia extraída e brita produzida","m",553.93,{"$nulls":4},{"v":674.7,"d":"674.70"}]
[2003419,"Descida d'água de aterros em degraus - DAD 08 - areia e brita comerciais","m",884.12,{"$nulls":4},{"v":1076.88,"d":"1,076.88"}]
[2003418,"Descida d'água de aterros em degraus - DAD 08 - areia extraída e brita produzida","m",758.91,{"$nulls":4},924.37]
[2003421,"Descida d'água de aterros em degraus - DAD 09 - areia e brita comerciais","m",856.58,{"$nulls":4},{"v":1043.34,"d":"1,043.34"}]
[2003420,"Descida d'água de aterros em degraus - DAD 09 - areia extraída e brita produzida","m",699.78,{"$nulls":4},852.35]
[2003423,"Descida d'água de aterros em degraus - DAD 10 - areia e brita comerciais","m",{"v":1085.25,"d":"1,085.25"},{"$nulls":4},{"v":1321.86,"d":"1,321.86"}]
[2003422,"Descida d'água de aterros em degraus - DAD 10 - areia extraída e brita produzida","m",928.44,{"$nulls":4},{"v":1130.87,"d":"1,130.87"}]
[2003425,"Descida d'água de aterros em degraus - DAD 11 - areia e brita comerciais","m",{"v":1115.28,"d":"1,115.28"},{"$nulls":4},{"v":1358.44,"d":"1,358.44"}]
[2003424,"Descida d'água de aterros em degraus - DAD 11 - areia extraída e brita produzida","m",911.67,{"$nulls":4},{"v":1110.44,"d":"1,110.44"}]
[2003427,"Descida d'água de aterros em degraus - DAD 12 - areia e brita comerciais","m",{"v":1417.8,"d":"1,417.80"},{"$nulls":4},{"v":1726.92,"d":"1,726.92"}]
[2003426,"Descida d'água de aterros em degraus - DAD 12 - areia extraída e brita produzida","m",{"v":1214.19,"d":"1,214.19"},{"$nulls":4},{"v":1478.92,"d":"1,478.92"}]
[2003429,"Descida d'água de aterros em degraus - DAD 13 - areia e brita comerciais","m",{"v":1405.53,"d":"1,405.53"},{"$nulls":4},{"v":1711.97,"d":"1,711.97"}]
[2003428,"Descida d'água de aterros em degraus - DAD 13 - areia extraída e brita produzida","m",{"v":1138.73,"d":"1,138.73"},{"$nulls":4},{"v":1387,"d":"1,387.00"}]
[2003431,"Descida d'água de aterros em degraus - DAD 14 - areia e brita comerciais","m",{"v":1685.82,"d":"1,685.82"},{"$nulls":4},{"v":2053.38,"d":"2,053.38"}]
[2003430,"Descida d'água de aterros em degraus - DAD 14 - areia extraída e brita produzida","m",{"v":1419.02,"d":"1,419.02"},{"$nulls":4},{"v":1728.41,"d":"1,728.41"}]
[2003433,"Descida d'água de aterros em degraus - DAD 15 - areia e brita comerciais","m",{"v":1813.39,"d":"1,813.39"},{"$nulls":4},{"v":2208.76,"d":"2,208.76"}]
[2003432,"Descida d'água de aterros em degraus - DAD 15 - areia extraída e brita produzida","m",{"v":1471.7,"d":"1,471.70"},{"$nulls":4},{"v":1792.57,"d":"1,792.57"}]
[2003435,"Descida d'água de aterros em degraus - DAD 16 - areia e brita comerciais","m",{"v":2141.18,"d":"2,141.18"},{"$nulls":4},{"v":2608.02,"d":"2,608.02"}]
[2003434,"Descida d'água de aterros em degraus - DAD 16 - areia extraída e brita produzida","m",{"v":1799.49,"d":"1,799.49"},{"$nulls":4},{"v":2191.83,"d":"2,191.83"}]
[2003437,"Descida d'água de aterros em degraus - DAD 17 - areia e brita comerciais","m",{"v":2458.21,"d":"2,458.21"},{"$nulls":4},{"v":2994.16,"d":"2,994.16"}]
[2003436,"Descida d'água de aterros em degraus - DAD 17 - areia extraída e brita produzida","m",{"v":1998.33,"d":"1,998.33"},{"$nulls":4},{"v":2434.02,"d":"2,434.02"}]
[2003439,"Descida d'água de aterros em degraus - DAD 18 - areia e brita comerciais","m",{"v":2868.65,"d":"2,868.65"},{"$nulls":4},{"v":3494.09,"d":"3,494.09"}]
[2003438,"Descida d'água de aterros em degraus - DAD 18 - areia extraída e brita produzida","m",{"v":2408.77,"d":"2,408.77"},{"$nulls":4},{"v":2933.95,"d":"2,933.95"}]
[2003389,"Descida d'água de aterros tipo rápido - DAR 01 - areia e brita comerciais","m",207.47,{"$nulls":4},{"v":252.7,"d":"252.70"}]
[2003388,"Descida d'água de aterros tipo rápido - DAR 01 - areia extraída e brita produzida","m",186.99,{"$nulls":4},227.76]
[2003391,"Descida d'água de aterros tipo rápido - DAR 02 - areia e brita comerciais","m",128.31,{"$nulls":4},156.28]
[2003390,"Descida d'água de aterros tipo rápido - DAR 02 - areia extraída e brita produzida","m",112.27,{"$nulls":4},136.75]
[2003393,"Descida d'água de aterros tipo rápido - DAR 03 - areia e brita comerciais","m",191.42,{"$nulls":4},233.15]
[2003392,"Descida d'água de aterros tipo rápido - DAR 03 - areia extraída e brita produzida","m",175.38,{"$nulls":4},213.62]
[2003395,"Descida d'água de aterros tipo rápido - DAR 04 - areia e brita comerciais","m",559.29,{"$nulls":4},681.23]
[2003394,"Descida d'água de aterros tipo rápido - DAR 04 - areia extraída e brita produzida","m",556.95,{"$nulls":4},678.38]
[2003397,"Descida d'água de cortes em degraus - DCD 01 - areia e brita comerciais","m",417.59,{"$nulls":4},508.64]
[2003396,"Descida d'água de cortes em degraus - DCD 01 - areia extraída e brita produzida","m",376.63,{"$nulls":4},458.75]
[2003399,"Descida d'água de cortes em degraus - DCD 02 - areia e brita comerciais","m",546.64,{"$nulls":4},665.82]
[2003398,"Descida d'água de cortes em degraus - DCD 02 - areia extraída e brita produzida","m",505.68,{"$nulls":4},615.93]
[2003401,"Descida d'água de cortes em degraus - DCD 03 - areia e brita comerciais","m",472.76,{"$nulls":4},575.84]
[2003400,"Descida d'água de cortes em degraus - DCD 03 - areia extraída e brita produzida","m",423.62,{"$nulls":4},515.98]
[2003403,"Descida d'água de cortes em degraus - DCD 04 - areia e brita comerciais","m",608.76,{"$nulls":4},741.49]
[2003402,"Descida d'água de cortes em degraus - DCD 04 - areia extraída e brita produzida","m",559.62,{"$nulls":4},681.63]
[2003448,"Dissipador de energia - DEB 01 - areia extraída e brita e pedra de mão produzidas","un",305.74,{"$nulls":4},{"v":372.4,"d":"372.40"}]
[2003449,"Dissipador de energia - DEB 01 - areia, brita e pedra de mão comerciais","un",372.53,{"$nulls":4},453.75]
[2003450,"Dissipador de energia - DEB 02 - areia extraída e brita e pedra de mão produzidas","un",313.79,{"$nulls":4},{"v":382.2,"d":"382.20"}]
[2003451,"Dissipador de energia - DEB 02 - areia, brita e pedra de mão comerciais","un",383.75,{"$nulls":4},467.42]
[2003452,"Dissipador de energia - DEB 03 - areia extraída e brita e pedra de mão produzidas","un",962.52,{"$nulls":4},{"v":1172.37,"d":"1,172.37"}]
[2003453,"Dissipador de energia - DEB 03 - areia, brita e pedra de mão comerciais","un",{"v":1176.01,"d":"1,176.01"},{"$nulls":4},{"v":1432.41,"d":"1,432.41"}]
[2003454,"Dissipador de energia - DEB 04 - areia extraída e brita e pedra de mão produzidas","un",{"v":1352.06,"d":"1,352.06"},{"$nulls":4},{"v":1646.84,"d":"1,646.84"}]
[2003455,"Dissipador de energia - DEB 04 - areia, brita e pedra de mão comerciais","un",{"v":1684.62,"d":"1,684.62"},{"$nulls":4},{"v":2051.91,"d":"2,051.91"}]
[2003456,"Dissipador de energia - DEB 05 - areia extraída e brita e pedra de mão produzidas","un",{"v":1799.71,"d":"1,799.71"},{"$nulls":4},{"v":2192.09,"d":"2,192.09"}]
[2003457,"Dissipador de energia - DEB 05 - areia, brita e pedra de mão comerciais","un",{"v":2276.62,"d":"2,276.62"},{"$nulls":4},{"v":2772.99,"d":"2,772.99"}]
[2003458,"Dissipador de energia - DEB 06 - areia extraída e brita e pedra de mão produzidas","un",{"v":2277.64,"d":"2,277.64"},{"$nulls":4},{"v":2774.23,"d":"2,774.23"}]
[2003459,"Dissipador de energia - DEB 06 - areia, brita e pedra de mão comerciais","un",{"v":2914.67,"d":"2,914.67"},{"$nulls":4},{"v":3550.15,"d":"3,550.15"}]
[2003460,"Dissipador de energia - DEB 07 - areia extraída e brita e pedra de mão produzidas","un",{"v":3197.33,"d":"3,197.33"},{"$nulls":4},{"v":3894.43,"d":"3,894.43"}]
[2003461,"Dissipador de energia - DEB 07 - areia, brita e pedra de mão comerciais","un",{"v":4164.3,"d":"4,164.30"},{"$nulls":4},{"v":5072.23,"d":"5,072.23"}]
[2003462,"Dissipador de energia - DEB 08 - areia extraída e brita e pedra de mão produzidas","un",{"v":2305.06,"d":"2,305.06"},{"$nulls":4},{"v":2807.62,"d":"2,807.62"}]
[2003463,"Dissipador de energia - DEB 08 - areia, brita e pedra de mão comerciais","un",{"v":2961.86,"d":"2,961.86"},{"$nulls":4},{"v":3607.62,"d":"3,607.62"}]
[2003464,"Dissipador de energia - DEB 09 - areia extraída e brita e pedra de mão produzidas","un",{"v":2952.24,"d":"2,952.24"},{"$nulls":4},{"v":3595.91,"d":"3,595.91"}]
[2003465,"Dissipador de energia - DEB 09 - areia, brita e pedra de mão comerciais","un",{"v":3837.82,"d":"3,837.82"},{"$nulls":4},{"v":4674.57,"d":"4,674.57"}]
[2003466,"Dissipador de energia - DEB 10 - areia extraída e brita e pedra de mão produzidas","un",{"v":4111.11,"d":"4,111.11"},{"$nulls":4},{"v":5007.44,"d":"5,007.44"}]
[2003467,"Dissipador de energia - DEB 10 - areia, brita e pedra de mão comerciais","un",{"v":5424.29,"d":"5,424.29"},{"$nulls":4},{"v":6606.93,"d":"6,606.93"}]
[2003468,"Dissipador de energia - DEB 11 - areia extraída e brita e pedra de mão produzidas","un",{"v":2813.55,"d":"2,813.55"},{"$nulls":4},{"v":3426.98,"d":"3,426.98"}]
[2003469,"Dissipador de energia - DEB 11 - areia, brita e pedra de mão comerciais","un",{"v":3652.25,"d":"3,652.25"},{"$nulls":4},{"v":4448.54,"d":"4,448.54"}]
[2003470,"Dissipador de energia - DEB 12 - areia extraída e brita e pedra de mão produzidas","un",{"v":3626.82,"d":"3,626.82"},{"$nulls":4},{"v":4417.57,"d":"4,417.57"}]
[2003471,"Dissipador de energia - DEB 12 - areia, brita e pedra de mão comerciais","un",{"v":4761.8,"d":"4,761.80"},{"$nulls":4},{"v":5800,"d":"5,800.00"}]
[2003472,"Dissipador de energia - DEB 13 - areia extraída e brita e pedra de mão produzidas","un",{"v":5323.33,"d":"5,323.33"},{"$nulls":4},{"v":6483.96,"d":"6,483.96"}]
[2003473,"Dissipador de energia - DEB 13 - areia, brita e pedra de mão comerciais","un",{"v":7095.93,"d":"7,095.93"},{"$nulls":4},{"v":8643.03,"d":"8,643.03"}]
[2003475,"Dissipador de energia - DED 01 - areia e brita comerciais","un",431.85,{"$nulls":4},526.01]
[2003474,"Dissipador de energia - DED 01 - areia extraída e brita produzida","un",388.55,{"$nulls":4},473.27]
[2003441,"Dissipador de energia - DES 01 - areia e pedra de mão comerciais","un",186.63,{"$nulls":4},227.32]
[2003440,"Dissipador de energia - DES 01 - areia extraída e pedra de mão produzida","un",124.24,{"$nulls":4},151.33]
[2003443,"Dissipador de energia - DES 02 - areia e pedra de mão comerciais","un",221.56,{"$nulls":4},269.86]
[2003442,"Dissipador de energia - DES 02 - areia extraída e pedra de mão produzida","un",147.48,{"$nulls":4},179.63]
[2003445,"Dissipador de energia - DES 03 - areia e pedra de mão comerciais","un",264.48,{"$nulls":4},322.14]
[2003444,"Dissipador de energia - DES 03 - areia extraída e pedra de mão produzida","un",{"v":176.1,"d":"176.10"},{"$nulls":4},{"v":214.5,"d":"214.50"}]
[2003447,"Dissipador de energia - DES 04 - areia e pedra de mão comerciais","un",326.32,{"$nulls":4},397.47]
[2003446,"Dissipador de energia - DES 04 - areia extraída e pedra de mão produzida","un",217.15,{"$nulls":4},{"v":264.5,"d":"264.50"}]
[2004516,"Dreno de pavimento em microvala com geocomposto drenante H = 0,40 m - inclusive corte, enchimento com areia e selo asfáltico","m",24.83,{"$nulls":4},30.24]
[2004517,"Dreno de pavimento em microvala com geocomposto drenante H = 0,60 m - inclusive corte, enchimento com areia e selo asfáltico","m",51.58,{"$nulls":4},62.82]
[2007971,"Dreno de PVC D = 100 mm para OAE - fornecimento e instalação","m",73.56,{"$nulls":4},{"v":89.6,"d":"89.60"}]
[2008091,"Dreno de PVC D = 150 mm para OAE - fornecimento e instalação","m",74.83,{"$nulls":4},91.15]
[2006408,"Dreno de PVC D = 75 mm para OAE - fornecimento e instalação","m",61.06,{"$nulls":4},74.37]
[2015642,"Dreno em tubo de aço galvanizado D = 100 mm em OAE - fornecimento e instalação","m",137.67,{"$nulls":4},167.68]
[2015641,"Dreno em tubo de aço galvanizado D = 80 mm em OAE - fornecimento e instalação","m",{"v":107.3,"d":"107.30"},{"$nulls":4},{"v":130.7,"d":"130.70"}]
[2004509,"Dreno longitudinal de pavimento H = 0,40 m - com geocomposto drenante","m",26.53,{"$nulls":4},32.32]
[2004510,"Dreno longitudinal de pavimento H = 0,60 m - com geocomposto drenante","m",{"v":31.4,"d":"31.40"},{"$nulls":4},38.25]
[2004511,"Dreno longitudinal de pavimento H = 1,00 m - com geocomposto drenante","m",41.13,{"$nulls":4},{"v":50.1,"d":"50.10"}]
[2004512,"Dreno longitudinal de pavimento H = 1,50 m - com geocomposto drenante","m",53.29,{"$nulls":4},64.91]
[2003843,"Dreno longitudinal profundo em tubo de concreto D = 0,40 m em vala de H = 1,10 m e L = 1,00 m com brita envolta em geotêxtil","m",279.19,{"$nulls":4},340.06]
[2003915,"Dreno longitudinal profundo para corte em rocha - DPR 01 - tubo de concreto perfurado e brita comercial","m",91.72,{"$nulls":4},111.72]
[2003914,"Dreno longitudinal profundo para corte em rocha - DPR 01 - tubo de concreto perfurado e brita produzida","m",77.88,{"$nulls":4},94.86]
[2003589,"Dreno longitudinal profundo para corte em rocha - DPR 01 - tubo PEAD e brita comercial","m",96.56,{"$nulls":4},117.61]
[2003588,"Dreno longitudinal profundo para corte em rocha - DPR 01 - tubo PEAD e brita produzida","m",85.38,{"$nulls":4},{"v":104,"d":"104.00"}]
[2003917,"Dreno longitudinal profundo para corte em rocha - DPR 02 - tubo de concreto perfurado e brita comercial","m",103.97,{"$nulls":4},126.64]
[2003916,"Dreno longitudinal profundo para corte em rocha - DPR 02 - tubo de concreto perfurado e brita produzida","m",90.12,{"$nulls":4},109.77]
[2003591,"Dreno longitudinal profundo para corte em rocha - DPR 02 - tubo PEAD e brita comercial","m",{"v":108.8,"d":"108.80"},{"$nulls":4},132.52]
[2003590,"Dreno longitudinal profundo para corte em rocha - DPR 02 - tubo PEAD e brita produzida","m",97.63,{"$nulls":4},118.91]
[2003593,"Dreno longitudinal profundo para corte em rocha - DPR 03 - brita comercial","m",70.35,{"$nulls":4},85.69]
[2003592,"Dreno longitudinal profundo para corte em rocha - DPR 03 - brita produzida","m",54.38,{"$nulls":4},66.24]
[2003595,"Dreno longitudinal profundo para corte em rocha - DPR 04 - brita comercial","m",58.11,{"$nulls":4},70.78]
[2003594,"Dreno longitudinal profundo para corte em rocha - DPR 04 - brita produzida","m",42.14,{"$nulls":4},51.33]
[2003597,"Dreno longitudinal profundo para corte em rocha - DPR 05 - tubo de concreto poroso e areia comercial","m",87.35,{"$nulls":4},106.39]
[2003596,"Dreno longitudinal profundo para corte em rocha - DPR 05 - tubo de concreto poroso e areia extraída","m",72.85,{"$nulls":4},88.73]
[2003572,"Dreno longitudinal profundo para corte em solo - DPS 01 - tubo PEAD e areia comercial","m",{"v":99.3,"d":"99.30"},{"$nulls":4},120.95]
[2003580,"Dreno longitudinal profundo para corte em solo - DPS 01 - tubo PEAD e areia extraída","m",52.96,{"$nulls":4},64.51]
[2003573,"Dreno longitudinal profundo para corte em solo - DPS 02 - tubo PEAD e areia comercial","m",104.98,{"$nulls":4},127.87]
[2003581,"Dreno longitudinal profundo para corte em solo - DPS 02 - tubo PEAD e areia extraída","m",{"v":51.4,"d":"51.40"},{"$nulls":4},62.61]
[2003561,"Dreno longitudinal profundo para corte em solo - DPS 03 - tubo de concreto perfurado, areia e brita comerciais - madeira com utilização de 5 vezes","m",161.14,{"$nulls":4},196.27]
[2003560,"Dreno longitudinal profundo para corte em solo - DPS 03 - tubo de concreto perfurado, areia extraída e brita produzida - madeira com utilização de 5 vezes","m",94.49,{"$nulls":4},115.09]
[2003574,"Dreno longitudinal profundo para corte em solo - DPS 03 - tubo PEAD, areia e brita comerciais - madeira com utilização de 5 vezes","m",143.18,{"$nulls":4},{"v":174.4,"d":"174.40"}]
[2003582,"Dreno longitudinal profundo para corte em solo - DPS 03 - tubo PEAD, areia extraída e brita produzida - madeira com utilização de 5 vezes","m",95.02,{"$nulls":4},115.74]
[2003563,"Dreno longitudinal profundo para corte em solo - DPS 04 - tubo de concreto perfurado, areia e brita comerciais - madeira com utilização de 5 vezes","m",169.53,{"$nulls":4},206.49]
[2003562,"Dreno longitudinal profundo para corte em solo - DPS 04 - tubo de concreto perfurado, areia extraída e brita produzida - madeira com utilização de 5 vezes","m",92.01,{"$nulls":4},112.07]
[2003575,"Dreno longitudinal profundo para corte em solo - DPS 04 - tubo PEAD, areia e brita comerciais - madeira com utilização de 5 vezes","m",149.05,{"$nulls":4},181.55]
[2003583,"Dreno longitudinal profundo para corte em solo - DPS 04 - tubo PEAD, areia extraída e brita produzida - madeira com utilização de 5 vezes","m",93.29,{"$nulls":4},113.63]
[2003565,"Dreno longitudinal profundo para corte em solo - DPS 05 - dreno cego - brita comercial","m",118.65,{"$nulls":4},144.52]
[2003564,"Dreno longitudinal profundo para corte em solo - DPS 05 - dreno cego - brita produzida","m",69.14,{"$nulls":4},84.22]
[2003567,"Dreno longitudinal profundo para corte em solo - DPS 06 - dreno cego - brita comercial","m",{"v":135,"d":"135.00"},{"$nulls":4},164.43]
[2003566,"Dreno longitudinal profundo para corte em solo - DPS 06 - dreno cego - brita produzida","m",75.11,{"$nulls":4},91.49]
[2003569,"Dreno longitudinal profundo para corte em solo - DPS 07 - tubo de concreto perfurado e brita comercial","m",152.09,{"$nulls":4},185.25]
[2003568,"Dreno longitudinal profundo para corte em solo - DPS 07 - tubo de concreto perfurado e brita produzida","m",{"v":104.7,"d":"104.70"},{"$nulls":4},127.53]
[2003578,"Dreno longitudinal profundo para corte em solo - DPS 07 - tubo PEAD e brita comercial","m",145.34,{"$nulls":4},177.03]
[2003586,"Dreno longitudinal profundo para corte em solo - DPS 07 - tubo PEAD e brita produzida","m",106.04,{"$nulls":4},129.16]
[2003571,"Dreno longitudinal profundo para corte em solo - DPS 08 - tubo de concreto perfurado e brita comercial","m",168.44,{"$nulls":4},205.16]
[2003570,"Dreno longitudinal profundo para corte em solo - DPS 08 - tubo de concreto perfurado e brita produzida","m",110.67,{"$nulls":4},{"v":134.8,"d":"134.80"}]
[2003579,"Dreno longitudinal profundo para corte em solo - DPS 08 - tubo PEAD e brita comercial","m",158.79,{"$nulls":4},193.41]
[2003587,"Dreno longitudinal profundo para corte em solo - DPS 08 - tubo PEAD e brita produzida","m",{"v":111.5,"d":"111.50"},{"$nulls":4},135.81]
[2004506,"Dreno profundo H = 1,0 m - com geocomposto drenante - inclusive escavação e reaterro","m",46.59,{"$nulls":4},56.75]
[2004507,"Dreno profundo H = 1,5 m - com geocomposto drenante - inclusive escavação e reaterro","m",61.53,{"$nulls":4},74.95]
[2003614,"Dreno sub-horizontal - DSH 01 - material de 1ª categoria","m",106.12,{"$nulls":4},129.26]
[2003865,"Dreno sub-horizontal - DSH 01 - material de 2ª categoria","m",117.84,{"$nulls":4},143.53]
[2003923,"Dreno subsuperficial - DSS 01 - tubo de concreto perfurado e areia comercial","m",46.44,{"$nulls":4},56.57]
[2003922,"Dreno subsuperficial - DSS 01 - tubo de concreto perfurado e areia extraída","m",{"v":29.3,"d":"29.30"},{"$nulls":4},35.69]
[2003605,"Dreno subsuperficial - DSS 01 - tubo PEAD e areia comercial","m",35.37,{"$nulls":4},43.08]
[2003604,"Dreno subsuperficial - DSS 01 - tubo PEAD e areia extraída","m",20.89,{"$nulls":4},25.45]
[2003607,"Dreno subsuperficial - DSS 02 - brita comercial","m",36.31,{"$nulls":4},44.23]
[2003606,"Dreno subsuperficial - DSS 02 - brita produzida","m",23.54,{"$nulls":4},28.67]
[2003609,"Dreno subsuperficial - DSS 03 - brita comercial","m",23.15,{"$nulls":4},{"v":28.2,"d":"28.20"}]
[2003608,"Dreno subsuperficial - DSS 03 - brita produzida","m",10.38,{"$nulls":4},12.64]
[2003925,"Dreno subsuperficial - DSS 04 - tubo de concreto perfurado e brita comercial","m",65.68,{"$nulls":4},{"v":80,"d":"80.00"}]
[2003924,"Dreno subsuperficial - DSS 04 - tubo de concreto perfurado e brita produzida","m",50.24,{"$nulls":4},61.19]
[2003611,"Dreno subsuperficial - DSS 04 - tubo PEAD e brita comercial","m",{"v":54.6,"d":"54.60"},{"$nulls":4},66.51]
[2003610,"Dreno subsuperficial - DSS 04 - tubo PEAD e brita produzida","m",41.83,{"$nulls":4},50.95]
[2003820,"Dreno tipo barbacã - DRB 01 - D = 75 mm em estrutura de contenção de encosta - excluso o tubo de drenagem","un",{"v":16,"d":"16.00"},{"$nulls":4},19.49]
[2003821,"Dreno tipo barbacã - DRB 02 - D = 50 mm em estrutura de contenção de encosta - excluso o tubo de drenagem","un",13.93,{"$nulls":4},16.97]
[2003842,"Enchimento de junta de concreto com argamassa asfáltica de densidade 1.700 kg/m³ - espessura de 1 cm","kg",55.72,{"$nulls":4},67.87]
[2003385,"Entrada para descida d'água - EDA 01 - areia e brita comerciais","un",46.99,{"$nulls":4},57.24]
[2003384,"Entrada para descida d'água - EDA 01 - areia extraída e brita produzida","un",34.12,{"$nulls":4},41.56]
[2003387,"Entrada para descida d'água - EDA 02 - areia e brita comerciais","un",58.18,{"$nulls":4},70.87]
[2003386,"Entrada para descida d'água - EDA 02 - areia extraída e brita produzida","un",41.81,{"$nulls":4},50.92]
[2003335,"Entrada para descida d'água - EDA 03 - areia e brita comerciais","un",{"v":1501.33,"d":"1,501.33"},{"$nulls":4},{"v":1828.66,"d":"1,828.66"}]
[2003334,"Entrada para descida d'água - EDA 03 - areia extraída e brita produzida","un",{"v":1266.01,"d":"1,266.01"},{"$nulls":4},{"v":1542.03,"d":"1,542.03"}]
[2003336,"Entrada para descida d'água - EDA 04 - areia e brita comerciais","un",{"v":1274.05,"d":"1,274.05"},{"$nulls":4},{"v":1551.83,"d":"1,551.83"}]
[2003337,"Entrada para descida d'água - EDA 04 - areia extraída e brita produzida","un",{"v":1040.02,"d":"1,040.02"},{"$nulls":4},{"v":1266.77,"d":"1,266.77"}]
[2003819,"Envelope de brita para tubos com diâmetro externo de 75 a 110 mm - L = 15 cm e H = 15 cm","m",5.84,{"$nulls":4},7.11]
[2004504,"Escavação mecânica de vala para drenagem com valetadeira em material de 1ª categoria","m³",{"v":13.2,"d":"13.20"},{"$nulls":4},16.08]
[2004519,"Escavação mecânica de vala trapezoidal ou triangular em material de 1ª categoria para drenagem superficial com retroescavadeira - 0,10 m² ≤ seção < 0,15 m²","m³",22.46,{"$nulls":4},27.36]
[2004520,"Escavação mecânica de vala trapezoidal ou triangular em material de 1ª categoria para drenagem superficial com retroescavadeira - 0,15 m² ≤ seção < 0,20 m²","m³",18.54,{"$nulls":4},22.58]
[2004521,"Escavação mecânica de vala trapezoidal ou triangular em material de 1ª categoria para drenagem superficial com retroescavadeira - 0,20 m² ≤ seção < 0,30 m²","m³",12.68,{"$nulls":4},15.44]
[2004522,"Escavação mecânica de vala trapezoidal ou triangular em material de 1ª categoria para drenagem superficial com retroescavadeira - 0,30 m² ≤ seção < 0,50 m²","m³",9.27,{"$nulls":4},11.29]
[2004518,"Escavação mecânica de vala trapezoidal ou triangular em material de 1ª categoria para drenagem superficial com retroescavadeira - seção < 0,10 m²","m³",39.02,{"$nulls":4},47.53]
[2003864,"Esgotamento de água com bomba submersa","h",10.26,{"$nulls":4},{"v":12.5,"d":"12.50"}]
[2003863,"Esgotamento de dreno horizontal profundo a vácuo","h",18.16,{"$nulls":4},22.12]
[2004508,"Geodreno vertical para tratamento de solos moles","m",11.27,{"$nulls":4},13.73]
[2003316,"Grelha de concreto 54 x 100 cm para boca-de-lobo - areia e brita comerciais - sobrecarga do trem tipo TB 45","un",{"v":94.4,"d":"94.40"},{"$nulls":4},114.98]
[2003317,"Grelha de concreto 54 x 100 cm para boca-de-lobo - areia extraída e brita produzida - sobrecarga do trem tipo TB 45","un",90.11,{"$nulls":4},109.76]
[2003767,"Lastro de areia comercial - espalhamento manual","m³",84.32,{"$nulls":4},102.71]
[2003844,"Lastro de areia comercial - espalhamento mecânico","m³",81.94,{"$nulls":4},{"v":99.8,"d":"99.80"}]
[2003576,"Lastro de areia extraída - espalhamento manual","m³",12.27,{"$nulls":4},14.95]
[2003858,"Lastro de areia extraída - espalhamento mecânico","m³",9.89,{"$nulls":4},12.05]
[2003850,"Lastro de brita comercial compactado com soquete vibratório - espalhamento manual","m³",140.96,{"$nulls":4},171.69]
[2003849,"Lastro de brita produzida compactado com soquete vibratório - espalhamento manual","m³",58.87,{"$nulls":4},{"v":71.7,"d":"71.70"}]
[2003868,"Lastro de pedra de mão ou rachão - espalhamento manual","m³",130.06,{"$nulls":4},158.42]
[2003369,"Meio-fio de concreto - MFC 01 - areia e brita comerciais - fôrma de madeira","m",91.66,{"$nulls":4},111.65]
[2003368,"Meio-fio de concreto - MFC 01 - areia extraída e brita produzida - fôrma de madeira","m",79.67,{"$nulls":4},97.04]
[2003939,"Meio-fio de concreto - MFC 01 moldado no local com extrusora e concreto usinado - areia e brita comerciais","m",60.84,{"$nulls":4},{"v":74.1,"d":"74.10"}]
[2003940,"Meio-fio de concreto - MFC 01 moldado no local com extrusora e concreto usinado - areia extraída e brita produzida","m",{"v":48.8,"d":"48.80"},{"$nulls":4},59.44]
[2003371,"Meio-fio de concreto - MFC 02 - areia e brita comerciais - fôrma de madeira","m",67.86,{"$nulls":4},82.66]
[2003370,"Meio-fio de concreto - MFC 02 - areia extraída e brita produzida - fôrma de madeira","m",57.73,{"$nulls":4},70.32]
[2003941,"Meio-fio de concreto - MFC 02 moldado no local com extrusora e concreto usinado - areia e brita comerciais","m",51.95,{"$nulls":4},63.28]
[2003942,"Meio-fio de concreto - MFC 02 moldado no local com extrusora e concreto usinado - areia extraída e brita produzida","m",41.78,{"$nulls":4},50.89]
[2003373,"Meio-fio de concreto - MFC 03 - areia e brita comerciais - fôrma de madeira","m",52.68,{"$nulls":4},64.16]
[2003372,"Meio-fio de concreto - MFC 03 - areia extraída e brita produzida - fôrma de madeira","m",47.76,{"$nulls":4},58.17]
[2003943,"Meio-fio de concreto - MFC 03 moldado no local com extrusora e concreto usinado - areia e brita comerciais","m",24.56,{"$nulls":4},29.92]
[2003944,"Meio-fio de concreto - MFC 03 moldado no local com extrusora e concreto usinado - areia extraída e brita produzida","m",19.63,{"$nulls":4},23.91]
[2003375,"Meio-fio de concreto - MFC 04 - areia e brita comerciais - fôrma de madeira","m",34.05,{"$nulls":4},41.47]
[2003374,"Meio-fio de concreto - MFC 04 - areia extraída e brita produzida - fôrma de madeira","m",30.43,{"$nulls":4},37.07]
[2003945,"Meio-fio de concreto - MFC 04 moldado no local com extrusora e concreto usinado - areia e brita comerciais","m",18.37,{"$nulls":4},22.37]
[2003946,"Meio-fio de concreto - MFC 04 moldado no local com extrusora e concreto usinado - areia extraída e brita produzida","m",14.74,{"$nulls":4},17.95]
[2003377,"Meio-fio de concreto - MFC 05 - areia e brita comerciais - fôrma de madeira","m",45.69,{"$nulls":4},55.65]
[2003376,"Meio-fio de concreto - MFC 05 - areia extraída e brita produzida - fôrma de madeira","m",41.78,{"$nulls":4},50.89]
[2003947,"Meio-fio de concreto - MFC 05 moldado no local com extrusora e concreto usinado - areia e brita comerciais","m",19.32,{"$nulls":4},23.53]
[2003948,"Meio-fio de concreto - MFC 05 moldado no local com extrusora e concreto usinado - areia extraída e brita produzida","m",15.39,{"$nulls":4},18.75]
[2003379,"Meio-fio de concreto - MFC 06 - areia e brita comerciais - fôrma de madeira","m",26.46,{"$nulls":4},32.23]
[2003378,"Meio-fio de concreto - MFC 06 - areia extraída e brita produzida - fôrma de madeira","m",23.83,{"$nulls":4},29.02]
[2003949,"Meio-fio de concreto - MFC 06 moldado no local com extrusora e concreto usinado - areia e brita comerciais","m",13.23,{"$nulls":4},16.12]
[2003950,"Meio-fio de concreto - MFC 06 moldado no local com extrusora e concreto usinado - areia extraída e brita produzida","m",10.59,{"$nulls":4},{"v":12.9,"d":"12.90"}]
[2003381,"Meio-fio de concreto - MFC 07 - areia e brita comerciais - fôrma de madeira","m",44.43,{"$nulls":4},54.12]
[2003380,"Meio-fio de concreto - MFC 07 - areia extraída e brita produzida - fôrma de madeira","m",39.91,{"$nulls":4},48.61]
[2003951,"Meio-fio de concreto - MFC 07 moldado no local com extrusora e concreto usinado - areia e brita comerciais","m",22.53,{"$nulls":4},27.44]
[2003952,"Meio-fio de concreto - MFC 07 moldado no local com extrusora e concreto usinado - areia extraída e brita produzida","m",{"v":18,"d":"18.00"},{"$nulls":4},21.92]
[2003383,"Meio-fio de concreto - MFC 08 - areia e brita comerciais - fôrma de madeira","m",75.08,{"$nulls":4},91.45]
[2003382,"Meio-fio de concreto - MFC 08 - areia extraída e brita produzida - fôrma de madeira","m",66.64,{"$nulls":4},81.17]
[2003953,"Meio-fio de concreto - MFC 08 moldado no local com extrusora e concreto usinado - areia e brita comerciais","m",41.05,{"$nulls":4},{"v":50,"d":"50.00"}]
[2003954,"Meio-fio de concreto - MFC 08 moldado no local com extrusora e concreto usinado - areia extraída e brita produzida","m",32.59,{"$nulls":4},39.69]
[2004514,"Microvala para dreno de pavimento com geocomposto drenante H = 0,4 m","m",12.37,{"$nulls":4},15.07]
[2004515,"Microvala para dreno de pavimento com geocomposto drenante H = 0,6 m","m",32.52,{"$nulls":4},39.61]
[2005759,"Perfuração para dreno sub-horizontal em material de 1ª categoria com D = 75 mm (linha NW)","m",41.28,{"$nulls":4},50.28]
[2005764,"Perfuração para dreno sub-horizontal em material de 2ª categoria com D = 75 mm (linha NW)","m",{"v":53,"d":"53.00"},{"$nulls":4},64.55]
[2003678,"Poço de visita - PVI 01 - areia e brita comerciais","un",{"v":1752.57,"d":"1,752.57"},{"$nulls":4},{"v":2134.68,"d":"2,134.68"}]
[2003677,"Poço de visita - PVI 01 - areia extraída e brita produzida","un",{"v":1548.96,"d":"1,548.96"},{"$nulls":4},{"v":1886.67,"d":"1,886.67"}]
[2003680,"Poço de visita - PVI 02 - areia e brita comerciais","un",{"v":1726.45,"d":"1,726.45"},{"$nulls":4},{"v":2102.86,"d":"2,102.86"}]
[2003679,"Poço de visita - PVI 02 - areia extraída e brita produzida","un",{"v":1531.03,"d":"1,531.03"},{"$nulls":4},{"v":1864.84,"d":"1,864.84"}]
[2003682,"Poço de visita - PVI 03 - areia e brita comerciais","un",{"v":1979.58,"d":"1,979.58"},{"$nulls":4},{"v":2411.18,"d":"2,411.18"}]
[2003681,"Poço de visita - PVI 03 - areia extraída e brita produzida","un",{"v":1736.18,"d":"1,736.18"},{"$nulls":4},{"v":2114.71,"d":"2,114.71"}]
[2003684,"Poço de visita - PVI 04 - areia e brita comerciais","un",{"v":2373.91,"d":"2,373.91"},{"$nulls":4},{"v":2891.48,"d":"2,891.48"}]
[2003683,"Poço de visita - PVI 04 - areia extraída e brita produzida","un",{"v":2083.71,"d":"2,083.71"},{"$nulls":4},{"v":2538.01,"d":"2,538.01"}]
[2003686,"Poço de visita - PVI 05 - areia e brita comerciais","un",{"v":2797.97,"d":"2,797.97"},{"$nulls":4},{"v":3408,"d":"3,408.00"}]
[2003685,"Poço de visita - PVI 05 - areia extraída e brita produzida","un",{"v":2459.79,"d":"2,459.79"},{"$nulls":4},{"v":2996.09,"d":"2,996.09"}]
[2003688,"Poço de visita - PVI 06 - areia e brita comerciais","un",{"v":3488.66,"d":"3,488.66"},{"$nulls":4},{"v":4249.28,"d":"4,249.28"}]
[2003687,"Poço de visita - PVI 06 - areia extraída e brita produzida","un",{"v":3079.09,"d":"3,079.09"},{"$nulls":4},{"v":3750.42,"d":"3,750.42"}]
[2003690,"Poço de visita - PVI 07 - areia e brita comerciais","un",{"v":2027.43,"d":"2,027.43"},{"$nulls":4},{"v":2469.47,"d":"2,469.47"}]
[2003689,"Poço de visita - PVI 07 - areia extraída e brita produzida","un",{"v":1789.89,"d":"1,789.89"},{"$nulls":4},{"v":2180.13,"d":"2,180.13"}]
[2003692,"Poço de visita - PVI 08 - areia e brita comerciais","un",{"v":2005.05,"d":"2,005.05"},{"$nulls":4},{"v":2442.2,"d":"2,442.20"}]
[2003691,"Poço de visita - PVI 08 - areia extraída e brita produzida","un",{"v":1774.53,"d":"1,774.53"},{"$nulls":4},{"v":2161.42,"d":"2,161.42"}]
[2003694,"Poço de visita - PVI 09 - areia e brita comerciais","un",{"v":2276.07,"d":"2,276.07"},{"$nulls":4},{"v":2772.32,"d":"2,772.32"}]
[2003693,"Poço de visita - PVI 09 - areia extraída e brita produzida","un",{"v":1992.9,"d":"1,992.90"},{"$nulls":4},{"v":2427.4,"d":"2,427.40"}]
[2003696,"Poço de visita - PVI 10 - areia e brita comerciais","un",{"v":2563.58,"d":"2,563.58"},{"$nulls":4},{"v":3122.51,"d":"3,122.51"}]
[2003695,"Poço de visita - PVI 10 - areia extraída e brita produzida","un",{"v":2231.26,"d":"2,231.26"},{"$nulls":4},{"v":2717.73,"d":"2,717.73"}]
[2003698,"Poço de visita - PVI 11 - areia e brita comerciais","un",{"v":3127.25,"d":"3,127.25"},{"$nulls":4},{"v":3809.07,"d":"3,809.07"}]
[2003697,"Poço de visita - PVI 11 - areia extraída e brita produzida","un",{"v":2744.6,"d":"2,744.60"},{"$nulls":4},{"v":3343,"d":"3,343.00"}]
[2003700,"Poço de visita - PVI 12 - areia e brita comerciais","un",{"v":3850.72,"d":"3,850.72"},{"$nulls":4},{"v":4690.28,"d":"4,690.28"}]
[2003699,"Poço de visita - PVI 12 - areia extraída e brita produzida","un",{"v":3392.01,"d":"3,392.01"},{"$nulls":4},{"v":4131.56,"d":"4,131.56"}]
[2003702,"Poço de visita - PVI 13 - areia e brita comerciais","un",{"v":2317.22,"d":"2,317.22"},{"$nulls":4},{"v":2822.44,"d":"2,822.44"}]
[2003701,"Poço de visita - PVI 13 - areia extraída e brita produzida","un",{"v":2041.06,"d":"2,041.06"},{"$nulls":4},{"v":2486.07,"d":"2,486.07"}]
[2003704,"Poço de visita - PVI 14 - areia e brita comerciais","un",{"v":2294.83,"d":"2,294.83"},{"$nulls":4},{"v":2795.17,"d":"2,795.17"}]
[2003703,"Poço de visita - PVI 14 - areia extraída e brita produzida","un",{"v":2025.69,"d":"2,025.69"},{"$nulls":4},{"v":2467.35,"d":"2,467.35"}]
[2003706,"Poço de visita - PVI 15 - areia e brita comerciais","un",{"v":2587.5,"d":"2,587.50"},{"$nulls":4},{"v":3151.64,"d":"3,151.64"}]
[2003705,"Poço de visita - PVI 15 - areia extraída e brita produzida","un",{"v":2259.84,"d":"2,259.84"},{"$nulls":4},{"v":2752.55,"d":"2,752.55"}]
[2003708,"Poço de visita - PVI 16 - areia e brita comerciais","un",{"v":3008.65,"d":"3,008.65"},{"$nulls":4},{"v":3664.62,"d":"3,664.62"}]
[2003707,"Poço de visita - PVI 16 - areia extraída e brita produzida","un",{"v":2629.52,"d":"2,629.52"},{"$nulls":4},{"v":3202.83,"d":"3,202.83"}]
[2003710,"Poço de visita - PVI 17 - areia e brita comerciais","un",{"v":3471.45,"d":"3,471.45"},{"$nulls":4},{"v":4228.32,"d":"4,228.32"}]
[2003709,"Poço de visita - PVI 17 - areia extraída e brita produzida","un",{"v":3039.65,"d":"3,039.65"},{"$nulls":4},{"v":3702.38,"d":"3,702.38"}]
[2003712,"Poço de visita - PVI 18 - areia e brita comerciais","un",{"v":4227.7,"d":"4,227.70"},{"$nulls":4},{"v":5149.45,"d":"5,149.45"}]
[2003711,"Poço de visita - PVI 18 - areia extraída e brita produzida","un",{"v":3715.16,"d":"3,715.16"},{"$nulls":4},{"v":4525.17,"d":"4,525.17"}]
[2004505,"Reaterro e compactação em vala de dreno com geocomposto","m³",15.53,{"$nulls":4},18.92]
[2003353,"Sarjeta trapezoidal de canteiro central de concreto - SZCC 100-25 - areia e brita comerciais","m",{"v":65.4,"d":"65.40"},{"$nulls":4},79.66]
[2003352,"Sarjeta trapezoidal de canteiro central de concreto - SZCC 100-25 - areia extraída e brita produzida","m",49.14,{"$nulls":4},59.85]
[2003979,"Sarjeta trapezoidal de canteiro central de concreto - SZCC 100-25 moldada no local com extrusora e concreto usinado - areia e brita comerciais","m",{"v":75.8,"d":"75.80"},{"$nulls":4},92.33]
[2003980,"Sarjeta trapezoidal de canteiro central de concreto - SZCC 100-25 moldada no local com extrusora e concreto usinado - areia extraída e brita produzida","m",59.48,{"$nulls":4},72.45]
[2003355,"Sarjeta trapezoidal de canteiro central de concreto - SZCC 140-35 - areia e brita comerciais","m",88.03,{"$nulls":4},107.22]
[2003354,"Sarjeta trapezoidal de canteiro central de concreto - SZCC 140-35 - areia extraída e brita produzida","m",66.11,{"$nulls":4},80.52]
[2003981,"Sarjeta trapezoidal de canteiro central de concreto - SZCC 140-35 moldada no local com extrusora e concreto usinado - areia e brita comerciais","m",102.14,{"$nulls":4},124.41]
[2003982,"Sarjeta trapezoidal de canteiro central de concreto - SZCC 140-35 moldada no local com extrusora e concreto usinado - areia extraída e brita produzida","m",80.15,{"$nulls":4},97.63]
[2003345,"Sarjeta trapezoidal de concreto - SZC 60-20 - escavação mecânica - areia e brita comerciais","m",52.28,{"$nulls":4},63.68]
[2003344,"Sarjeta trapezoidal de concreto - SZC 60-20 - escavação mecânica - areia extraída e brita produzida","m",41.17,{"$nulls":4},50.15]
[2003973,"Sarjeta trapezoidal de concreto - SZC 60-20 moldada no local com extrusora e concreto usinado - escavação mecânica - areia e brita comerciais","m",59.49,{"$nulls":4},72.46]
[2003974,"Sarjeta trapezoidal de concreto - SZC 60-20 moldada no local com extrusora e concreto usinado - escavação mecânica - areia extraída e brita produzida","m",48.35,{"$nulls":4},58.89]
[2003343,"Sarjeta trapezoidal de concreto - SZC 90-30 - escavação mecânica - areia e brita comerciais","m",71.29,{"$nulls":4},86.83]
[2003342,"Sarjeta trapezoidal de concreto - SZC 90-30 - escavação mecânica - areia extraída e brita produzida","m",55.71,{"$nulls":4},67.86]
[2003971,"Sarjeta trapezoidal de concreto - SZC 90-30 moldada no local com extrusora e concreto usinado - escavação mecânica - areia e brita comerciais","m",81.51,{"$nulls":4},99.28]
[2003972,"Sarjeta trapezoidal de concreto - SZC 90-30 moldada no local com extrusora e concreto usinado - escavação mecânica - areia extraída e brita produzida","m",65.89,{"$nulls":4},80.25]
[2003347,"Sarjeta trapezoidal de grama - SZG 60-20 - escavação mecânica","m",{"v":12.1,"d":"12.10"},{"$nulls":4},14.74]
[2003346,"Sarjeta trapezoidal de grama - SZG 90-30 - escavação mecânica","m",16.81,{"$nulls":4},20.48]
[2003933,"Sarjeta trapezoidal sem revestimento - SZT 60-20 - escavação mecânica","m",6.17,{"$nulls":4},7.51]
[2003932,"Sarjeta trapezoidal sem revestimento - SZT 90-30 - escavação mecânica","m",{"v":7.9,"d":"7.90"},{"$nulls":4},9.62]
[2003349,"Sarjeta triangular de canteiro central de concreto - STCC 100-25 - areia e brita comerciais","m",50.12,{"$nulls":4},61.05]
[2003348,"Sarjeta triangular de canteiro central de concreto - STCC 100-25 - areia extraída e brita produzida","m",37.79,{"$nulls":4},46.03]
[2003975,"Sarjeta triangular de canteiro central de concreto - STCC 100-25 moldada no local com extrusora e concreto usinado - areia e brita comerciais","m",57.48,{"$nulls":4},70.01]
[2003976,"Sarjeta triangular de canteiro central de concreto - STCC 100-25 moldada no local com extrusora e concreto usinado - areia extraída e brita produzida","m",45.11,{"$nulls":4},54.94]
[2003351,"Sarjeta triangular de canteiro central de concreto - STCC 140-35 - areia e brita comerciais","m",67.03,{"$nulls":4},81.65]
[2003350,"Sarjeta triangular de canteiro central de concreto - STCC 140-35 - areia extraída e brita produzida","m",50.52,{"$nulls":4},61.53]
[2003977,"Sarjeta triangular de canteiro central de concreto - STCC 140-35 moldada no local com extrusora e concreto usinado - areia e brita comerciais","m",{"v":77,"d":"77.00"},{"$nulls":4},93.79]
[2003978,"Sarjeta triangular de canteiro central de concreto - STCC 140-35 moldada no local com extrusora e concreto usinado - areia extraída e brita produzida","m",60.43,{"$nulls":4},{"v":73.6,"d":"73.60"}]
[2003291,"Sarjeta triangular de canteiro central de grama - STCG 100-25 - escavação mecânica","m",8.68,{"$nulls":4},10.57]
[2003292,"Sarjeta triangular de canteiro central de grama - STCG 140-35 - escavação mecânica","m",12.14,{"$nulls":4},14.79]
[2003293,"Sarjeta triangular de canteiro central de grama - STCG 200-25 - escavação mecânica","m",15.99,{"$nulls":4},19.48]
[2003294,"Sarjeta triangular de canteiro central de grama - STCG 300-37,5 - escavação mecânica","m",23.99,{"$nulls":4},29.22]
[2003257,"Sarjeta triangular de concreto - STC 100-20 - escavação mecânica - areia e brita comerciais","m",53.42,{"$nulls":4},65.07]
[2003258,"Sarjeta triangular de concreto - STC 100-20 - escavação mecânica - areia extraída e brita produzida","m",42.36,{"$nulls":4},51.59]
[2003259,"Sarjeta triangular de concreto - STC 100-20 moldada no local com extrusora e concreto usinado - escavação mecânica - areia e brita comerciais","m",{"v":60.2,"d":"60.20"},{"$nulls":4},73.32]
[2003260,"Sarjeta triangular de concreto - STC 100-20 moldada no local com extrusora e concreto usinado - escavação mecânica - areia extraída e brita produzida","m",49.09,{"$nulls":4},59.79]
[2003281,"Sarjeta triangular de concreto - STC 100-21 - escavação mecânica - areia e brita comerciais","m",53.51,{"$nulls":4},65.18]
[2003282,"Sarjeta triangular de concreto - STC 100-21 - escavação mecânica - areia extraída e brita produzida","m",42.18,{"$nulls":4},51.38]
[2003283,"Sarjeta triangular de concreto - STC 100-21 moldada no local com extrusora e concreto usinado - escavação mecânica - areia e brita comerciais","m",60.45,{"$nulls":4},73.63]
[2003284,"Sarjeta triangular de concreto - STC 100-21 moldada no local com extrusora e concreto usinado - escavação mecânica - areia extraída e brita produzida","m",49.08,{"$nulls":4},59.78]
[2003327,"Sarjeta triangular de concreto - STC 108-25 - escavação mecânica - areia e brita comerciais","m",76.44,{"$nulls":4},93.11]
[2003326,"Sarjeta triangular de concreto - STC 108-25 - escavação mecânica - areia extraída e brita produzida","m",{"v":63.6,"d":"63.60"},{"$nulls":4},77.47]
[2003963,"Sarjeta triangular de concreto - STC 108-25 moldada no local com extrusora e concreto usinado - escavação mecânica - areia e brita comerciais","m",68.68,{"$nulls":4},83.66]
[2003964,"Sarjeta triangular de concreto - STC 108-25 moldada no local com extrusora e concreto usinado - escavação mecânica - areia extraída e brita produzida","m",{"v":55.8,"d":"55.80"},{"$nulls":4},67.97]
[2003319,"Sarjeta triangular de concreto - STC 125-25 - escavação mecânica - areia e brita comerciais","m",64.87,{"$nulls":4},79.01]
[2003318,"Sarjeta triangular de concreto - STC 125-25 - escavação mecânica - areia extraída e brita produzida","m",{"v":51.2,"d":"51.20"},{"$nulls":4},62.36]
[2003955,"Sarjeta triangular de concreto - STC 125-25 moldada no local com extrusora e concreto usinado - escavação mecânica - areia e brita comerciais","m",73.26,{"$nulls":4},89.23]
[2003956,"Sarjeta triangular de concreto - STC 125-25 moldada no local com extrusora e concreto usinado - escavação mecânica - areia extraída e brita produzida","m",59.55,{"$nulls":4},72.53]
[2003277,"Sarjeta triangular de concreto - STC 125-27 - escavação mecânica - areia e brita comerciais","m",66.78,{"$nulls":4},81.34]
[2003278,"Sarjeta triangular de concreto - STC 125-27 - escavação mecânica - areia extraída e brita produzida","m",52.72,{"$nulls":4},64.22]
[2003279,"Sarjeta triangular de concreto - STC 125-27 moldada no local com extrusora e concreto usinado - escavação mecânica - areia e brita comerciais","m",75.41,{"$nulls":4},91.85]
[2003280,"Sarjeta triangular de concreto - STC 125-27 moldada no local com extrusora e concreto usinado - escavação mecânica - areia extraída e brita produzida","m",61.31,{"$nulls":4},74.68]
[2003253,"Sarjeta triangular de concreto - STC 150-30 - escavação mecânica - areia e brita comerciais","m",76.32,{"$nulls":4},92.96]
[2003254,"Sarjeta triangular de concreto - STC 150-30 - escavação mecânica - areia extraída e brita produzida","m",60.07,{"$nulls":4},73.17]
[2003255,"Sarjeta triangular de concreto - STC 150-30 moldada no local com extrusora e concreto usinado - escavação mecânica - areia e brita comerciais","m",86.32,{"$nulls":4},105.14]
[2003256,"Sarjeta triangular de concreto - STC 150-30 moldada no local com extrusora e concreto usinado - escavação mecânica - areia extraída e brita produzida","m",70.01,{"$nulls":4},85.28]
[2003273,"Sarjeta triangular de concreto - STC 150-32 - escavação mecânica - areia e brita comerciais","m",78.36,{"$nulls":4},95.44]
[2003274,"Sarjeta triangular de concreto - STC 150-32 - escavação mecânica - areia extraída e brita produzida","m",61.68,{"$nulls":4},75.13]
[2003275,"Sarjeta triangular de concreto - STC 150-32 moldada no local com extrusora e concreto usinado - escavação mecânica - areia e brita comerciais","m",88.63,{"$nulls":4},107.95]
[2003276,"Sarjeta triangular de concreto - STC 150-32 moldada no local com extrusora e concreto usinado - escavação mecânica - areia extraída e brita produzida","m",71.89,{"$nulls":4},87.57]
[2003269,"Sarjeta triangular de concreto - STC 73-15 - escavação mecânica - areia e brita comerciais","m",51.41,{"$nulls":4},62.62]
[2003270,"Sarjeta triangular de concreto - STC 73-15 - escavação mecânica - areia extraída e brita produzida","m",42.89,{"$nulls":4},52.24]
[2003271,"Sarjeta triangular de concreto - STC 73-15 moldada no local com extrusora e concreto usinado - escavação mecânica - areia e brita comerciais","m",46.48,{"$nulls":4},56.61]
[2003272,"Sarjeta triangular de concreto - STC 73-15 moldada no local com extrusora e concreto usinado - escavação mecânica - areia extraída e brita produzida","m",37.93,{"$nulls":4},{"v":46.2,"d":"46.20"}]
[2003261,"Sarjeta triangular de concreto - STC 80-15 - escavação mecânica - areia e brita comerciais","m",43.32,{"$nulls":4},52.77]
[2003262,"Sarjeta triangular de concreto - STC 80-15 - escavação mecânica - areia extraída e brita produzida","m",{"v":34.4,"d":"34.40"},{"$nulls":4},{"v":41.9,"d":"41.90"}]
[2003263,"Sarjeta triangular de concreto - STC 80-15 moldada no local com extrusora e concreto usinado - escavação mecânica - areia e brita comerciais","m",48.77,{"$nulls":4},{"v":59.4,"d":"59.40"}]
[2003264,"Sarjeta triangular de concreto - STC 80-15 moldada no local com extrusora e concreto usinado - escavação mecânica - areia extraída e brita produzida","m",39.81,{"$nulls":4},48.49]
[2003285,"Sarjeta triangular de concreto - STC 80-17 - escavação mecânica - areia e brita comerciais","m",44.74,{"$nulls":4},{"v":54.5,"d":"54.50"}]
[2003286,"Sarjeta triangular de concreto - STC 80-17 - escavação mecânica - areia extraída e brita produzida","m",35.55,{"$nulls":4},{"v":43.3,"d":"43.30"}]
[2003287,"Sarjeta triangular de concreto - STC 80-17 moldada no local com extrusora e concreto usinado - escavação mecânica - areia e brita comerciais","m",50.35,{"$nulls":4},61.33]
[2003288,"Sarjeta triangular de concreto - STC 80-17 moldada no local com extrusora e concreto usinado - escavação mecânica - areia extraída e brita produzida","m",41.12,{"$nulls":4},50.09]
[2003265,"Sarjeta triangular de concreto - STC 88-20 - escavação mecânica - areia e brita comerciais","m",63.16,{"$nulls":4},76.93]
[2003266,"Sarjeta triangular de concreto - STC 88-20 - escavação mecânica - areia extraída e brita produzida","m",52.71,{"$nulls":4},{"v":64.2,"d":"64.20"}]
[2003267,"Sarjeta triangular de concreto - STC 88-20 moldada no local com extrusora e concreto usinado - escavação mecânica - areia e brita comerciais","m",56.72,{"$nulls":4},69.09]
[2003268,"Sarjeta triangular de concreto - STC 88-20 moldada no local com extrusora e concreto usinado - escavação mecânica - areia extraída e brita produzida","m",46.24,{"$nulls":4},56.32]
[2003289,"Sarjeta triangular de grama - STG 100-20 - escavação mecânica","m",15.24,{"$nulls":4},18.56]
[2003338,"Sarjeta triangular de grama - STG 125-25 - escavação mecânica","m",19.14,{"$nulls":4},23.31]
[2003290,"Sarjeta triangular de grama - STG 80-15 - escavação mecânica","m",12.66,{"$nulls":4},15.42]
[2003300,"Sarjeta triangular sem revestimento - STT 100-20 - escavação mecânica","m",6.65,{"$nulls":4},{"v":8.1,"d":"8.10"}]
[2003299,"Sarjeta triangular sem revestimento - STT 125-25 - escavação mecânica","m",{"v":8.4,"d":"8.40"},{"$nulls":4},10.23]
[2003301,"Sarjeta triangular sem revestimento - STT 80-15 - escavação mecânica","m",5.84,{"$nulls":4},7.11]
[2004513,"Selo asfáltico de microvala para dreno de pavimento com geocomposto","m",{"v":0.1,"d":"0.10"},{"$nulls":4},0.12]
[2003357,"Transposição de segmentos de sarjeta - TSS 01 - areia e brita comerciais","m",169.55,{"$nulls":4},206.52]
[2003356,"Transposição de segmentos de sarjeta - TSS 01 - areia extraída e brita produzida","m",130.59,{"$nulls":4},159.06]
[2003359,"Transposição de segmentos de sarjeta - TSS 02 - areia e brita comerciais","m",207.37,{"$nulls":4},252.58]
[2003358,"Transposição de segmentos de sarjeta - TSS 02 - areia extraída e brita produzida","m",159.44,{"$nulls":4},{"v":194.2,"d":"194.20"}]
[2003361,"Transposição de segmentos de sarjeta - TSS 03 - areia e brita comerciais","m",440.75,{"$nulls":4},536.84]
[2003360,"Transposição de segmentos de sarjeta - TSS 03 - areia extraída e brita produzida","m",402.42,{"$nulls":4},490.16]
[2003363,"Transposição de segmentos de sarjeta - TSS 04 - areia e brita comerciais","m",{"v":378.6,"d":"378.60"},{"$nulls":4},461.15]
[2003362,"Transposição de segmentos de sarjeta - TSS 04 - areia extraída e brita produzida","m",343.74,{"$nulls":4},418.68]
[2003365,"Transposição de segmentos de sarjeta - TSS 05 - areia e brita comerciais","m",337.14,{"$nulls":4},410.64]
[2003364,"Transposição de segmentos de sarjeta - TSS 05 - areia extraída e brita produzida","m",304.57,{"$nulls":4},370.98]
[2003367,"Transposição de segmentos de sarjeta - TSS 06 - areia e brita comerciais","m",316.35,{"$nulls":4},385.32]
[2003366,"Transposição de segmentos de sarjeta - TSS 06 - areia extraída e brita produzida","m",284.94,{"$nulls":4},347.06]
[2003869,"Tubo de concreto PA1 comercial para drenagem - D = 0,50 m - fornecimento e instalação","m",152.44,{"$nulls":4},185.67]
[2003822,"Tubo de concreto PA1 comercial para drenagem - D = 0,60 m - fornecimento e instalação","m",216.04,{"$nulls":4},263.14]
[2003826,"Tubo de concreto PA1 comercial para drenagem - D = 0,80 m - fornecimento e instalação","m",295.02,{"$nulls":4},359.34]
[2003830,"Tubo de concreto PA1 comercial para drenagem - D = 1,00 m - fornecimento e instalação","m",496.91,{"$nulls":4},605.25]
[2003834,"Tubo de concreto PA1 comercial para drenagem - D = 1,20 m - fornecimento e instalação","m",574.34,{"$nulls":4},699.56]
[2003838,"Tubo de concreto PA1 comercial para drenagem - D = 1,50 m - fornecimento e instalação","m",904.58,{"$nulls":4},{"v":1101.8,"d":"1,101.80"}]
[2003768,"Tubo de concreto PA1 produzido na obra para drenagem - D = 0,60 m - areia e brita comerciais - fornecimento e instalação","m",151.01,{"$nulls":4},183.93]
[2003873,"Tubo de concreto PA1 produzido na obra para drenagem - D = 0,60 m - areia extraída e brita produzida - fornecimento e instalação","m",134.82,{"$nulls":4},164.22]
[2003772,"Tubo de concreto PA1 produzido na obra para drenagem - D = 0,80 m - areia e brita comerciais - fornecimento e instalação","m",221.28,{"$nulls":4},269.52]
[2003877,"Tubo de concreto PA1 produzido na obra para drenagem - D = 0,80 m - areia extraída e brita produzida - fornecimento e instalação","m",195.62,{"$nulls":4},238.27]
[2003776,"Tubo de concreto PA1 produzido na obra para drenagem - D = 1,00 m - areia e brita comerciais - fornecimento e instalação","m",366.13,{"$nulls":4},445.96]
[2003881,"Tubo de concreto PA1 produzido na obra para drenagem - D = 1,00 m - areia extraída e brita produzida - fornecimento e instalação","m",330.98,{"$nulls":4},403.14]
[2003780,"Tubo de concreto PA1 produzido na obra para drenagem - D = 1,20 m - areia e brita comerciais - fornecimento e instalação","m",485.88,{"$nulls":4},591.81]
[2003885,"Tubo de concreto PA1 produzido na obra para drenagem - D = 1,20 m - areia extraída e brita produzida - fornecimento e instalação","m",434.52,{"$nulls":4},529.26]
[2003784,"Tubo de concreto PA1 produzido na obra para drenagem - D = 1,50 m - areia e brita comerciais - fornecimento e instalação","m",756.73,{"$nulls":4},921.72]
[2003889,"Tubo de concreto PA1 produzido na obra para drenagem - D = 1,50 m - areia extraída e brita produzida - fornecimento e instalação","m",676.36,{"$nulls":4},823.83]
[2003870,"Tubo de concreto PA2 comercial para drenagem - D = 0,50 m - fornecimento e instalação","m",170.48,{"$nulls":4},207.65]
[2003823,"Tubo de concreto PA2 comercial para drenagem - D = 0,60 m - fornecimento e instalação","m",228.52,{"$nulls":4},278.34]
[2003827,"Tubo de concreto PA2 comercial para drenagem - D = 0,80 m - fornecimento e instalação","m",{"v":347.4,"d":"347.40"},{"$nulls":4},423.14]
[2003831,"Tubo de concreto PA2 comercial para drenagem - D = 1,00 m - fornecimento e instalação","m",511.11,{"$nulls":4},622.55]
[2003835,"Tubo de concreto PA2 comercial para drenagem - D = 1,20 m - fornecimento e instalação","m",619.58,{"$nulls":4},754.67]
[2003839,"Tubo de concreto PA2 comercial para drenagem - D = 1,50 m - fornecimento e instalação","m",955.91,{"$nulls":4},{"v":1164.33,"d":"1,164.33"}]
[2003769,"Tubo de concreto PA2 produzido na obra para drenagem - D = 0,60 m - areia e brita comerciais - fornecimento e instalação","m",163.17,{"$nulls":4},198.75]
[2003874,"Tubo de concreto PA2 produzido na obra para drenagem - D = 0,60 m - areia extraída e brita produzida - fornecimento e instalação","m",{"v":147,"d":"147.00"},{"$nulls":4},179.05]
[2003773,"Tubo de concreto PA2 produzido na obra para drenagem - D = 0,80 m - areia e brita comerciais - fornecimento e instalação","m",269.91,{"$nulls":4},328.76]
[2003878,"Tubo de concreto PA2 produzido na obra para drenagem - D = 0,80 m - areia extraída e brita produzida - fornecimento e instalação","m",244.32,{"$nulls":4},297.59]
[2003777,"Tubo de concreto PA2 produzido na obra para drenagem - D = 1,00 m - areia e brita comerciais - fornecimento e instalação","m",414.78,{"$nulls":4},505.21]
[2003882,"Tubo de concreto PA2 produzido na obra para drenagem - D = 1,00 m - areia extraída e brita produzida - fornecimento e instalação","m",379.68,{"$nulls":4},462.46]
[2003781,"Tubo de concreto PA2 produzido na obra para drenagem - D = 1,20 m - areia e brita comerciais - fornecimento e instalação","m",595.32,{"$nulls":4},725.12]
[2003886,"Tubo de concreto PA2 produzido na obra para drenagem - D = 1,20 m - areia extraída e brita produzida - fornecimento e instalação","m",{"v":544.1,"d":"544.10"},{"$nulls":4},662.73]
[2003785,"Tubo de concreto PA2 produzido na obra para drenagem - D = 1,50 m - areia e brita comerciais - fornecimento e instalação","m",926.98,{"$nulls":4},{"v":1129.09,"d":"1,129.09"}]
[2003890,"Tubo de concreto PA2 produzido na obra para drenagem - D = 1,50 m - areia extraída e brita produzida - fornecimento e instalação","m",846.83,{"$nulls":4},{"v":1031.46,"d":"1,031.46"}]
[2003871,"Tubo de concreto PA3 comercial para drenagem - D = 0,50 m - fornecimento e instalação","m",188.07,{"$nulls":4},229.07]
[2003824,"Tubo de concreto PA3 comercial para drenagem - D = 0,60 m - fornecimento e instalação","m",249.07,{"$nulls":4},303.38]
[2003828,"Tubo de concreto PA3 comercial para drenagem - D = 0,80 m - fornecimento e instalação","m",403.11,{"$nulls":4},{"v":491,"d":"491.00"}]
[2003832,"Tubo de concreto PA3 comercial para drenagem - D = 1,00 m - fornecimento e instalação","m",529.23,{"$nulls":4},644.62]
[2003836,"Tubo de concreto PA3 comercial para drenagem - D = 1,20 m - fornecimento e instalação","m",728.87,{"$nulls":4},887.78]
[2003840,"Tubo de concreto PA3 comercial para drenagem - D = 1,50 m - fornecimento e instalação","m",{"v":1119.17,"d":"1,119.17"},{"$nulls":4},{"v":1363.18,"d":"1,363.18"}]
[2003770,"Tubo de concreto PA3 produzido na obra para drenagem - D = 0,60 m - areia e brita comerciais - fornecimento e instalação","m",223.98,{"$nulls":4},272.81]
[2003875,"Tubo de concreto PA3 produzido na obra para drenagem - D = 0,60 m - areia extraída e brita produzida - fornecimento e instalação","m",207.88,{"$nulls":4},{"v":253.2,"d":"253.20"}]
[2003774,"Tubo de concreto PA3 produzido na obra para drenagem - D = 0,80 m - areia e brita comerciais - fornecimento e instalação","m",365.14,{"$nulls":4},444.75]
[2003879,"Tubo de concreto PA3 produzido na obra para drenagem - D = 0,80 m - areia extraída e brita produzida - fornecimento e instalação","m",336.51,{"$nulls":4},409.88]
[2003778,"Tubo de concreto PA3 produzido na obra para drenagem - D = 1,00 m - areia e brita comerciais - fornecimento e instalação","m",506.96,{"$nulls":4},617.49]
[2003883,"Tubo de concreto PA3 produzido na obra para drenagem - D = 1,00 m - areia extraída e brita produzida - fornecimento e instalação","m",462.17,{"$nulls":4},562.94]
[2003782,"Tubo de concreto PA3 produzido na obra para drenagem - D = 1,20 m - areia e brita comerciais - fornecimento e instalação","m",760.55,{"$nulls":4},926.37]
[2003887,"Tubo de concreto PA3 produzido na obra para drenagem - D = 1,20 m - areia extraída e brita produzida - fornecimento e instalação","m",692.11,{"$nulls":4},843.01]
[2003786,"Tubo de concreto PA3 produzido na obra para drenagem - D = 1,50 m - areia e brita comerciais - fornecimento e instalação","m",{"v":1194.09,"d":"1,194.09"},{"$nulls":4},{"v":1454.43,"d":"1,454.43"}]
[2003891,"Tubo de concreto PA3 produzido na obra para drenagem - D = 1,50 m - areia extraída e brita produzida - fornecimento e instalação","m",{"v":1087.87,"d":"1,087.87"},{"$nulls":4},{"v":1325.05,"d":"1,325.05"}]
[2003872,"Tubo de concreto PA4 comercial para drenagem - D = 0,50 m - fornecimento e instalação","m",259.44,{"$nulls":4},{"v":316,"d":"316.00"}]
[2003825,"Tubo de concreto PA4 comercial para drenagem - D = 0,60 m - fornecimento e instalação","m",320.85,{"$nulls":4},{"v":390.8,"d":"390.80"}]
[2003829,"Tubo de concreto PA4 comercial para drenagem - D = 0,80 m - fornecimento e instalação","m",428.73,{"$nulls":4},{"v":522.2,"d":"522.20"}]
[2003833,"Tubo de concreto PA4 comercial para drenagem - D = 1,00 m - fornecimento e instalação","m",{"v":567.7,"d":"567.70"},{"$nulls":4},691.47]
[2003837,"Tubo de concreto PA4 comercial para drenagem - D = 1,20 m - fornecimento e instalação","m",809.57,{"$nulls":4},986.08]
[2003841,"Tubo de concreto PA4 comercial para drenagem - D = 1,50 m - fornecimento e instalação","m",{"v":1165.35,"d":"1,165.35"},{"$nulls":4},{"v":1419.43,"d":"1,419.43"}]
[2003771,"Tubo de concreto PA4 produzido na obra para drenagem - D = 0,60 m - areia e brita comerciais - fornecimento e instalação","m",270.59,{"$nulls":4},329.58]
[2003876,"Tubo de concreto PA4 produzido na obra para drenagem - D = 0,60 m - areia extraída e brita produzida - fornecimento e instalação","m",251.41,{"$nulls":4},306.22]
[2003775,"Tubo de concreto PA4 produzido na obra para drenagem - D = 0,80 m - areia e brita comerciais - fornecimento e instalação","m",421.16,{"$nulls":4},512.98]
[2003880,"Tubo de concreto PA4 produzido na obra para drenagem - D = 0,80 m - areia extraída e brita produzida - fornecimento e instalação","m",386.49,{"$nulls":4},470.75]
[2003779,"Tubo de concreto PA4 produzido na obra para drenagem - D = 1,00 m - areia e brita comerciais - fornecimento e instalação","m",{"v":628.7,"d":"628.70"},{"$nulls":4},765.77]
[2003884,"Tubo de concreto PA4 produzido na obra para drenagem - D = 1,00 m - areia extraída e brita produzida - fornecimento e instalação","m",576.42,{"$nulls":4},702.09]
[2003783,"Tubo de concreto PA4 produzido na obra para drenagem - D = 1,20 m - areia e brita comerciais - fornecimento e instalação","m",900.05,{"$nulls":4},{"v":1096.28,"d":"1,096.28"}]
[2003888,"Tubo de concreto PA4 produzido na obra para drenagem - D = 1,20 m - areia extraída e brita produzida - fornecimento e instalação","m",822.42,{"$nulls":4},{"v":1001.73,"d":"1,001.73"}]
[2003787,"Tubo de concreto PA4 produzido na obra para drenagem - D = 1,50 m - areia e brita comerciais - fornecimento e instalação","m",{"v":1413.29,"d":"1,413.29"},{"$nulls":4},{"v":1721.43,"d":"1,721.43"}]
[2003892,"Tubo de concreto PA4 produzido na obra para drenagem - D = 1,50 m - areia extraída e brita produzida - fornecimento e instalação","m",{"v":1303.46,"d":"1,303.46"},{"$nulls":4},{"v":1587.65,"d":"1,587.65"}]
[2003851,"Tubo de concreto perfurado produzido na obra para drenagem - D = 0,40 m - fornecimento e instalação","m",74.05,{"$nulls":4},{"v":90.2,"d":"90.20"}]
[2003935,"Tubo de PVC para dreno tipo barbacã - D = 50 mm - fornecimento e instalação","m",{"v":8,"d":"8.00"},{"$nulls":4},9.74]
[2003934,"Tubo de PVC para dreno tipo barbacã - D = 75 mm - fornecimento e instalação","m",11.56,{"$nulls":4},14.08]
[2003990,"Tubo PEAD para drenagem - D = 1.000 mm - fornecimento e instalação","m",{"v":1094.08,"d":"1,094.08"},{"$nulls":4},{"v":1332.62,"d":"1,332.62"}]
[2003991,"Tubo PEAD para drenagem - D = 1.050 mm - fornecimento e instalação","m",{"v":1148.85,"d":"1,148.85"},{"$nulls":4},{"v":1399.33,"d":"1,399.33"}]
[2003992,"Tubo PEAD para drenagem - D = 1.200 mm - fornecimento e instalação","m",{"v":1454.62,"d":"1,454.62"},{"$nulls":4},{"v":1771.77,"d":"1,771.77"}]
[2003993,"Tubo PEAD para drenagem - D = 1.500 mm - fornecimento e instalação","m",{"v":1742.79,"d":"1,742.79"},{"$nulls":4},{"v":2122.77,"d":"2,122.77"}]
[2003994,"Tubo PEAD para drenagem - D = 1.800 mm - fornecimento e instalação","m",{"v":5942.06,"d":"5,942.06"},{"$nulls":4},{"v":7237.59,"d":"7,237.59"}]
[2003995,"Tubo PEAD para drenagem - D = 2.000 mm - fornecimento e instalação","m",{"v":7187.1,"d":"7,187.10"},{"$nulls":4},{"v":8754.08,"d":"8,754.08"}]
[2003996,"Tubo PEAD para drenagem - D = 2.500 mm - fornecimento e instalação","m",{"v":12015.11,"d":"12,015.11"},{"$nulls":4},{"v":14634.73,"d":"14,634.73"}]
[2003997,"Tubo PEAD para drenagem - D = 3.000 mm - fornecimento e instalação","m",{"v":16893.73,"d":"16,893.73"},{"$nulls":4},{"v":20577.02,"d":"20,577.02"}]
[2003983,"Tubo PEAD para drenagem - D = 400 mm - fornecimento e instalação","m",175.95,{"$nulls":4},214.31]
[2003984,"Tubo PEAD para drenagem - D = 450 mm - fornecimento e instalação","m",198.81,{"$nulls":4},242.15]
[2003985,"Tubo PEAD para drenagem - D = 500 mm - fornecimento e instalação","m",287.67,{"$nulls":4},350.39]
[2003986,"Tubo PEAD para drenagem - D = 600 mm - fornecimento e instalação","m",419.38,{"$nulls":4},510.82]
[2003987,"Tubo PEAD para drenagem - D = 750 mm - fornecimento e instalação","m",553.09,{"$nulls":4},673.68]
[2003988,"Tubo PEAD para drenagem - D = 800 mm - fornecimento e instalação","m",613.74,{"$nulls":4},747.55]
[2003989,"Tubo PEAD para drenagem - D = 900 mm - fornecimento e instalação","m",809.13,{"$nulls":4},985.54]
[2003298,"Valeta de proteção de aterro sem revestimento - VPAT 120-30 - escavação mecânica","m",10.67,{"$nulls":4},{"v":13,"d":"13.00"}]
[2003297,"Valeta de proteção de aterro sem revestimento - VPAT 160-30 - escavação mecânica","m",13.12,{"$nulls":4},15.98]
[2003315,"Valeta de proteção de aterros com revestimento de concreto - VPAC 120-30 - escavação mecânica - areia e brita comerciais","m",86.84,{"$nulls":4},105.77]
[2003314,"Valeta de proteção de aterros com revestimento de concreto - VPAC 120-30 - escavação mecânica - areia extraída e brita produzida","m",{"v":71.9,"d":"71.90"},{"$nulls":4},87.58]
[2003313,"Valeta de proteção de aterros com revestimento de concreto - VPAC 160-30 - escavação mecânica - areia e brita comerciais","m",107.79,{"$nulls":4},131.29]
[2003312,"Valeta de proteção de aterros com revestimento de concreto - VPAC 160-30 - escavação mecânica - areia extraída e brita produzida","m",89.11,{"$nulls":4},108.54]
[2003311,"Valeta de proteção de aterros com revestimento vegetal - VPAG 120-30 - escavação mecânica","m",33.15,{"$nulls":4},40.38]
[2003310,"Valeta de proteção de aterros com revestimento vegetal - VPAG 160-30 - escavação mecânica","m",41.81,{"$nulls":4},50.92]
[2003296,"Valeta de proteção de corte sem revestimento - VPCT 120-30 - escavação mecânica","m",10.67,{"$nulls":4},{"v":13,"d":"13.00"}]
[2003295,"Valeta de proteção de corte sem revestimento - VPCT 160-30 - escavação mecânica","m",13.12,{"$nulls":4},15.98]
[2003309,"Valeta de proteção de cortes com revestimento de concreto - VPCC 120-30 - escavação mecânica - areia e brita comerciais","m",86.84,{"$nulls":4},105.77]
[2003308,"Valeta de proteção de cortes com revestimento de concreto - VPCC 120-30 - escavação mecânica - areia extraída e brita produzida","m",{"v":71.9,"d":"71.90"},{"$nulls":4},87.58]
[2003307,"Valeta de proteção de cortes com revestimento de concreto - VPCC 160-30 - escavação mecânica - areia e brita comerciais","m",107.79,{"$nulls":4},131.29]
[2003306,"Valeta de proteção de cortes com revestimento de concreto - VPCC 160-30 - escavação mecânica - areia extraída e brita produzida","m",89.11,{"$nulls":4},108.54]
[2003305,"Valeta de proteção de cortes com revestimento vegetal - VPCG 120-30 - escavação mecânica","m",33.15,{"$nulls":4},40.38]
[2003304,"Valeta de proteção de cortes com revestimento vegetal - VPCG 160-30 - escavação mecânica","m",41.81,{"$nulls":4},50.92]
[2105846,"Escoramento com estacas de perfis metálicos W 250 x 38,5 kg/m, espaçadas em 1,5 m, intercaladas com prancha de madeira com espessura de 5 cm e ficha de 0 a 0,2 H - sem reaproveitamento - fornecimento e instalação","m²",{"v":409.9,"d":"409.90"},{"$nulls":4},499.27]
[2105929,"Escoramento com estacas de perfis metálicos W 250 x 38,5 kg/m, espaçadas em 1,5 m, intercaladas com prancha de madeira com espessura de 5 cm e ficha de 0,20 a 0,4 H - sem reaproveitamento - fornecimento e instalação","m²",467.38,{"$nulls":4},569.28]
[2105933,"Escoramento com estacas de perfis metálicos W 250 x 38,5 kg/m, espaçadas em 1,5 m, intercaladas com prancha de madeira com espessura de 5 cm e ficha de 0,40 a 0,6 H - sem reaproveitamento - fornecimento e instalação","m²",524.87,{"$nulls":4},{"v":639.3,"d":"639.30"}]
[2106293,"Escoramento com perfis metálicos W 150 x 18,0 kg/m a cada metro e chapas de aço - estroncas a cada 2 m não incluídas - profundidade de até 10 m - aço com utilização de 20 vezes - fornecimento, instalação e retirada","m²",168.72,{"$nulls":4},205.51]
[2108165,"Escoramento com pontaletes D = 10 cm - utilização de 1 vez - confecção, instalação e retirada","m³",28.64,{"$nulls":4},34.89]
[2108166,"Escoramento com pontaletes D = 10 cm - utilização de 2 vezes - confecção, instalação e retirada","m³",{"v":20.3,"d":"20.30"},{"$nulls":4},24.72]
[2108167,"Escoramento com pontaletes D = 10 cm - utilização de 3 vezes - confecção, instalação e retirada","m³",18.23,{"$nulls":4},{"v":22.2,"d":"22.20"}]
[2108168,"Escoramento com pontaletes D = 10 cm - utilização de 5 vezes - confecção, instalação e retirada","m³",17.86,{"$nulls":4},21.75]
[2108169,"Escoramento com pontaletes D = 15 cm - utilização de 1 vez - confecção e instalação","m³",42.36,{"$nulls":4},{"v":51.6,"d":"51.60"}]
[2108170,"Escoramento com pontaletes D = 15 cm - utilização de 2 vezes - confecção, instalação e retirada","m³",30.85,{"$nulls":4},37.58]
[2108171,"Escoramento com pontaletes D = 15 cm - utilização de 3 vezes - confecção, instalação e retirada","m³",28.49,{"$nulls":4},{"v":34.7,"d":"34.70"}]
[2108172,"Escoramento com pontaletes D = 15 cm - utilização de 5 vezes - confecção, instalação e retirada","m³",{"v":29.1,"d":"29.10"},{"$nulls":4},35.45]
[2106292,"Escoramento contínuo de valas com tábuas de 2,5 x 30 cm e longarinas de 6 x 16 cm - estroncas a cada metro não incluídas - profundidade de até 4 m - madeira com utilização de 3 vezes - confecção, instalação e retirada","m²",120.77,{"$nulls":4},{"v":147.1,"d":"147.10"}]
[2106291,"Escoramento contínuo de valas com tábuas de 2,5 x 30 cm e longarinas de 6 x 16 cm - estroncas a cada metro não incluídas - profundidade de até 4 m - madeira sem reaproveitamento - confecção e instalação","m²",169.63,{"$nulls":4},206.61]
[2106235,"Escoramento metálico com quadro tubular contraventado - capacidade de carga até 3,8 t/m² - quadro de 1,0 x 1,0 x 1,25 m - utilização de 50 vezes - fornecimento, instalação e retirada","m³",2.37,{"$nulls":4},2.89]
[2106232,"Escoramento metálico tubular galvanizado para formas com capacidade de 2.100 a 750 kg por unidade - regulável de 3,0 a 4,5 m - utilização de 20 vezes - fornecimento, instalação e retirada","un",12.32,{"$nulls":4},15.01]
[2106233,"Escoramento metálico tubular galvanizado para formas com capacidade de 3.200 a 1.600 kg por unidade - regulável de 1,8 a 3,0 m - utilização de 20 vezes - fornecimento, instalação e retirada","un",9.38,{"$nulls":4},11.43]
[2105605,"Escoramento para corpo de bueiros celulares - utilização de 3 vezes - confecção, instalação e retirada","m³",47.25,{"$nulls":4},57.55]
[2106298,"Estroncas em perfil metálico W 150 x 18,0 kg/m - utilização de 20 vezes","m",28.79,{"$nulls":4},35.07]
[2106295,"Estroncas para valas com D = 15 cm - madeira com utilização de 3 vezes","m",16.19,{"$nulls":4},19.72]
[2106294,"Estroncas para valas com D = 15 cm - madeira sem reaproveitamento","m",21.42,{"$nulls":4},26.09]
[2106297,"Estroncas para valas com D = 20 cm - madeira com utilização de 3 vezes","m",24.67,{"$nulls":4},30.05]
[2106296,"Estroncas para valas com D = 20 cm - madeira sem reaproveitamento","m",38.84,{"$nulls":4},47.31]
[2306731,"Apoio náutico para a colocação da armação em camisa metálica","kg",0.52,{"$nulls":4},0.63]
[2306728,"Apoio náutico para a escavação com perfuratriz tipo Wirth em rocha com média dureza e média abrasão - resistência à compressão menor que 80 MPa - D = 600 a 1.800 mm","m",{"v":1277.85,"d":"1,277.85"},{"$nulls":4},{"v":1556.45,"d":"1,556.45"}]
[2306729,"Apoio náutico para a escavação com perfuratriz tipo Wirth em rocha de alta dureza e alta abrasão - resistência à compressão acima de 80 MPa - D = 600 a 1.800 mm","m",{"v":1556.81,"d":"1,556.81"},{"$nulls":4},{"v":1896.24,"d":"1,896.24"}]
[2306727,"Apoio náutico para a escavação com perfuratriz tipo Wirth em solo D = 600 a 1.800 mm","m",299.02,{"$nulls":4},364.21]
[2306730,"Apoio náutico para a execução da concretagem de camisas metálicas","m³",101.07,{"$nulls":4},123.11]
[2306726,"Apoio náutico para a execução da cravação de camisa metálica D = 600 a 1.800 mm","m",195.42,{"$nulls":4},238.03]
[2306076,"Armação de estaca escavada ou estaca barrete em aço CA-50 com apoio de guindaste - fornecimento, preparo e colocação","kg",10.77,{"$nulls":4},13.12]
[2306247,"Arrasamento de estacas de concreto com seção de até 900 cm²","m³",186.29,{"$nulls":4},226.91]
[2306248,"Arrasamento de estacas de concreto com seção superior à 900 cm²","m³",432.64,{"$nulls":4},526.97]
[2306279,"Berço para pré-moldagem de estacas protendidas com capacidade de 19 m³, inclusive formas metálicas - utilização de 100 vezes","m³",68.55,{"$nulls":4},83.49]
[2306651,"Camisa metálica com espessura de 12,5 mm D = 1.400 mm - cravada com martelo vibratório - sem escavação - cravação","m",{"v":5922.65,"d":"5,922.65"},{"$nulls":4},{"v":7213.95,"d":"7,213.95"}]
[2306678,"Camisa metálica com espessura de 12,5 mm D = 1.400 mm - para passagem de lâmina d'água - posicionamento","m",{"v":5752.42,"d":"5,752.42"},{"$nulls":4},{"v":7006.6,"d":"7,006.60"}]
[2306652,"Camisa metálica com espessura de 12,5 mm D = 1.500 mm - cravada com martelo vibratório - sem escavação - cravação","m",{"v":5963.18,"d":"5,963.18"},{"$nulls":4},{"v":7263.31,"d":"7,263.31"}]
[2306679,"Camisa metálica com espessura de 12,5 mm D = 1.500 mm - para passagem de lâmina d'água - posicionamento","m",{"v":5786.63,"d":"5,786.63"},{"$nulls":4},{"v":7048.27,"d":"7,048.27"}]
[2306653,"Camisa metálica com espessura de 12,5 mm D = 1.600 mm - cravada com martelo vibratório - sem escavação - cravação","m",{"v":6005.32,"d":"6,005.32"},{"$nulls":4},{"v":7314.64,"d":"7,314.64"}]
[2306680,"Camisa metálica com espessura de 12,5 mm D = 1.600 mm - para passagem de lâmina d'água - posicionamento","m",{"v":5821.99,"d":"5,821.99"},{"$nulls":4},{"v":7091.34,"d":"7,091.34"}]
[2306654,"Camisa metálica com espessura de 12,5 mm D = 1.700 mm - cravada com martelo vibratório - sem escavação - cravação","m",{"v":6046.99,"d":"6,046.99"},{"$nulls":4},{"v":7365.39,"d":"7,365.39"}]
[2306681,"Camisa metálica com espessura de 12,5 mm D = 1.700 mm - para passagem de lâmina d'água - posicionamento","m",{"v":5856.32,"d":"5,856.32"},{"$nulls":4},{"v":7133.16,"d":"7,133.16"}]
[2306655,"Camisa metálica com espessura de 12,5 mm D = 1.800 mm - cravada com martelo vibratório - sem escavação - cravação","m",{"v":6089.38,"d":"6,089.38"},{"$nulls":4},{"v":7417.03,"d":"7,417.03"}]
[2306682,"Camisa metálica com espessura de 12,5 mm D = 1.800 mm - para passagem de lâmina d'água - posicionamento","m",{"v":5890.77,"d":"5,890.77"},{"$nulls":4},{"v":7175.12,"d":"7,175.12"}]
[2306656,"Camisa metálica com espessura de 16 mm D = 1.500 mm - cravada com martelo vibratório - sem escavação - cravação","m",{"v":8163.31,"d":"8,163.31"},{"$nulls":4},{"v":9943.13,"d":"9,943.13"}]
[2306683,"Camisa metálica com espessura de 16 mm D = 1.500 mm - para passagem de lâmina d'água - posicionamento","m",{"v":7986.77,"d":"7,986.77"},{"$nulls":4},{"v":9728.1,"d":"9,728.10"}]
[2306657,"Camisa metálica com espessura de 16 mm D = 1.600 mm - cravada com martelo vibratório - sem escavação - cravação","m",{"v":8243.51,"d":"8,243.51"},{"$nulls":4},{"v":10040.81,"d":"10,040.81"}]
[2306684,"Camisa metálica com espessura de 16 mm D = 1.600 mm - para passagem de lâmina d'água - posicionamento","m",{"v":8060.18,"d":"8,060.18"},{"$nulls":4},{"v":9817.51,"d":"9,817.51"}]
[2306658,"Camisa metálica com espessura de 16 mm D = 1.700 mm - cravada com martelo vibratório - sem escavação - cravação","m",{"v":8322.02,"d":"8,322.02"},{"$nulls":4},{"v":10136.44,"d":"10,136.44"}]
[2306685,"Camisa metálica com espessura de 16 mm D = 1.700 mm - para passagem de lâmina d'água - posicionamento","m",{"v":8131.36,"d":"8,131.36"},{"$nulls":4},{"v":9904.21,"d":"9,904.21"}]
[2306659,"Camisa metálica com espessura de 16 mm D = 1.800 mm - cravada com martelo vibratório - sem escavação - cravação","m",{"v":8403.5,"d":"8,403.50"},{"$nulls":4},{"v":10235.69,"d":"10,235.69"}]
[2306686,"Camisa metálica com espessura de 16 mm D = 1.800 mm - para passagem de lâmina d'água - posicionamento","m",{"v":8204.89,"d":"8,204.89"},{"$nulls":4},{"v":9993.78,"d":"9,993.78"}]
[2306637,"Camisa metálica com espessura de 6,3 mm D = 1.000 mm - cravada com martelo vibratório - sem escavação - cravação","m",{"v":2014.83,"d":"2,014.83"},{"$nulls":4},{"v":2454.12,"d":"2,454.12"}]
[2306664,"Camisa metálica com espessura de 6,3 mm D = 1.000 mm - para passagem de lâmina d'água - posicionamento","m",{"v":1865.88,"d":"1,865.88"},{"$nulls":4},{"v":2272.69,"d":"2,272.69"}]
[2306732,"Camisa metálica com espessura de 6,3 mm D = 400 mm - cravada com martelo vibratório - sem escavação - cravação","m",803.07,{"$nulls":4},978.16]
[2306733,"Camisa metálica com espessura de 6,3 mm D = 400 mm - para passagem de lâmina d'água - posicionamento","m",677.63,{"$nulls":4},825.37]
[2306734,"Camisa metálica com espessura de 6,3 mm D = 500 mm - cravada com martelo vibratório - sem escavação - cravação","m",977.43,{"$nulls":4},{"v":1190.53,"d":"1,190.53"}]
[2306735,"Camisa metálica com espessura de 6,3 mm D = 500 mm - para passagem de lâmina d'água - posicionamento","m",{"v":848.6,"d":"848.60"},{"$nulls":4},{"v":1033.62,"d":"1,033.62"}]
[2306633,"Camisa metálica com espessura de 6,3 mm D = 600 mm - cravada com martelo vibratório - sem escavação - cravação","m",{"v":1111.58,"d":"1,111.58"},{"$nulls":4},{"v":1353.94,"d":"1,353.94"}]
[2306660,"Camisa metálica com espessura de 6,3 mm D = 600 mm - para passagem de lâmina d'água - posicionamento","m",979.17,{"$nulls":4},{"v":1192.66,"d":"1,192.66"}]
[2306634,"Camisa metálica com espessura de 6,3 mm D = 700 mm - cravada com martelo vibratório - sem escavação - cravação","m",{"v":1294.74,"d":"1,294.74"},{"$nulls":4},{"v":1577.03,"d":"1,577.03"}]
[2306661,"Camisa metálica com espessura de 6,3 mm D = 700 mm - para passagem de lâmina d'água - posicionamento","m",{"v":1158.55,"d":"1,158.55"},{"$nulls":4},{"v":1411.15,"d":"1,411.15"}]
[2306635,"Camisa metálica com espessura de 6,3 mm D = 800 mm - cravada com martelo vibratório - sem escavação - cravação","m",{"v":1562.67,"d":"1,562.67"},{"$nulls":4},{"v":1903.37,"d":"1,903.37"}]
[2306662,"Camisa metálica com espessura de 6,3 mm D = 800 mm - para passagem de lâmina d'água - posicionamento","m",{"v":1422.47,"d":"1,422.47"},{"$nulls":4},{"v":1732.61,"d":"1,732.61"}]
[2306636,"Camisa metálica com espessura de 6,3 mm D = 900 mm - cravada com martelo vibratório - sem escavação - cravação","m",{"v":1576.7,"d":"1,576.70"},{"$nulls":4},{"v":1920.46,"d":"1,920.46"}]
[2306663,"Camisa metálica com espessura de 6,3 mm D = 900 mm - para passagem de lâmina d'água - posicionamento","m",{"v":1432.26,"d":"1,432.26"},{"$nulls":4},{"v":1744.53,"d":"1,744.53"}]
[2306641,"Camisa metálica com espessura de 8 mm D = 1.000 mm - cravada com martelo vibratório - sem escavação - cravação","m",{"v":2545.37,"d":"2,545.37"},{"$nulls":4},{"v":3100.33,"d":"3,100.33"}]
[2306668,"Camisa metálica com espessura de 8 mm D = 1.000 mm - para passagem de lâmina d'água - posicionamento","m",{"v":2396.41,"d":"2,396.41"},{"$nulls":4},{"v":2918.89,"d":"2,918.89"}]
[2306642,"Camisa metálica com espessura de 8 mm D = 1.100 mm - cravada com martelo vibratório - sem escavação - cravação","m",{"v":2564.62,"d":"2,564.62"},{"$nulls":4},{"v":3123.77,"d":"3,123.77"}]
[2306669,"Camisa metálica com espessura de 8 mm D = 1.100 mm - para passagem de lâmina d'água - posicionamento","m",{"v":2410.86,"d":"2,410.86"},{"$nulls":4},{"v":2936.49,"d":"2,936.49"}]
[2306643,"Camisa metálica com espessura de 8 mm D = 1.200 mm - cravada com martelo vibratório - sem escavação - cravação","m",{"v":2583.97,"d":"2,583.97"},{"$nulls":4},{"v":3147.35,"d":"3,147.35"}]
[2306670,"Camisa metálica com espessura de 8 mm D = 1.200 mm - para passagem de lâmina d'água - posicionamento","m",{"v":2425.09,"d":"2,425.09"},{"$nulls":4},{"v":2953.82,"d":"2,953.82"}]
[2306638,"Camisa metálica com espessura de 8 mm D = 700 mm - cravada com martelo vibratório - sem escavação - cravação","m",{"v":1628.35,"d":"1,628.35"},{"$nulls":4},{"v":1983.38,"d":"1,983.38"}]
[2306665,"Camisa metálica com espessura de 8 mm D = 700 mm - para passagem de lâmina d'água - posicionamento","m",{"v":1492.17,"d":"1,492.17"},{"$nulls":4},{"v":1817.5,"d":"1,817.50"}]
[2306639,"Camisa metálica com espessura de 8 mm D = 800 mm - cravada com martelo vibratório - sem escavação - cravação","m",{"v":1969.56,"d":"1,969.56"},{"$nulls":4},{"v":2398.98,"d":"2,398.98"}]
[2306666,"Camisa metálica com espessura de 8 mm D = 800 mm - para passagem de lâmina d'água - posicionamento","m",{"v":1829.37,"d":"1,829.37"},{"$nulls":4},{"v":2228.22,"d":"2,228.22"}]
[2306640,"Camisa metálica com espessura de 8 mm D = 900 mm - cravada com martelo vibratório - sem escavação - cravação","m",{"v":1988.2,"d":"1,988.20"},{"$nulls":4},{"v":2421.68,"d":"2,421.68"}]
[2306667,"Camisa metálica com espessura de 8 mm D = 900 mm - para passagem de lâmina d'água - posicionamento","m",{"v":1843.75,"d":"1,843.75"},{"$nulls":4},{"v":2245.74,"d":"2,245.74"}]
[2306645,"Camisa metálica com espessura de 9,5 mm D = 1.000 mm - cravada com martelo vibratório - sem escavação - cravação","m",{"v":3039.49,"d":"3,039.49"},{"$nulls":4},{"v":3702.18,"d":"3,702.18"}]
[2306672,"Camisa metálica com espessura de 9,5 mm D = 1.000 mm - para passagem de lâmina d'água - posicionamento","m",{"v":2890.54,"d":"2,890.54"},{"$nulls":4},{"v":3520.75,"d":"3,520.75"}]
[2306646,"Camisa metálica com espessura de 9,5 mm D = 1.100 mm - cravada com martelo vibratório - sem escavação - cravação","m",{"v":3064.56,"d":"3,064.56"},{"$nulls":4},{"v":3732.72,"d":"3,732.72"}]
[2306673,"Camisa metálica com espessura de 9,5 mm D = 1.100 mm - para passagem de lâmina d'água - posicionamento","m",{"v":2910.8,"d":"2,910.80"},{"$nulls":4},{"v":3545.43,"d":"3,545.43"}]
[2306647,"Camisa metálica com espessura de 9,5 mm D = 1.200 mm - cravada com martelo vibratório - sem escavação - cravação","m",{"v":3089.46,"d":"3,089.46"},{"$nulls":4},{"v":3763.05,"d":"3,763.05"}]
[2306674,"Camisa metálica com espessura de 9,5 mm D = 1.200 mm - para passagem de lâmina d'água - posicionamento","m",{"v":2930.58,"d":"2,930.58"},{"$nulls":4},{"v":3569.52,"d":"3,569.52"}]
[2306648,"Camisa metálica com espessura de 9,5 mm D = 1.300 mm - cravada com martelo vibratório - sem escavação - cravação","m",{"v":4393.71,"d":"4,393.71"},{"$nulls":4},{"v":5351.66,"d":"5,351.66"}]
[2306675,"Camisa metálica com espessura de 9,5 mm D = 1.300 mm - para passagem de lâmina d'água - posicionamento","m",{"v":4229.35,"d":"4,229.35"},{"$nulls":4},{"v":5151.46,"d":"5,151.46"}]
[2306649,"Camisa metálica com espessura de 9,5 mm D = 1.400 mm - cravada com martelo vibratório - sem escavação - cravação","m",{"v":4420.03,"d":"4,420.03"},{"$nulls":4},{"v":5383.71,"d":"5,383.71"}]
[2306676,"Camisa metálica com espessura de 9,5 mm D = 1.400 mm - para passagem de lâmina d'água - posicionamento","m",{"v":4249.79,"d":"4,249.79"},{"$nulls":4},{"v":5176.36,"d":"5,176.36"}]
[2306650,"Camisa metálica com espessura de 9,5 mm D = 1.500 mm - cravada com martelo vibratório - sem escavação - cravação","m",{"v":4446.18,"d":"4,446.18"},{"$nulls":4},{"v":5415.57,"d":"5,415.57"}]
[2306677,"Camisa metálica com espessura de 9,5 mm D = 1.500 mm - para passagem de lâmina d'água - posicionamento","m",{"v":4269.64,"d":"4,269.64"},{"$nulls":4},{"v":5200.53,"d":"5,200.53"}]
[2306644,"Camisa metálica com espessura de 9,5 mm D = 900 mm - cravada com martelo vibratório - sem escavação - cravação","m",{"v":2375.76,"d":"2,375.76"},{"$nulls":4},{"v":2893.74,"d":"2,893.74"}]
[2306671,"Camisa metálica com espessura de 9,5 mm D = 900 mm - para passagem de lâmina d'água - posicionamento","m",{"v":2231.32,"d":"2,231.32"},{"$nulls":4},{"v":2717.81,"d":"2,717.81"}]
[2306141,"Coluna de brita D = 50 cm executada com perfuratriz tipo bottom feed - brita comercial - confecção e cravação","m",58.15,{"$nulls":4},70.83]
[2306145,"Coluna de brita D = 50 cm executada com perfuratriz tipo bottom feed - brita produzida - confecção e cravação","m",41.27,{"$nulls":4},50.27]
[2306142,"Coluna de brita D = 60 cm executada com perfuratriz tipo bottom feed - brita comercial - confecção e cravação","m",72.77,{"$nulls":4},88.64]
[2306146,"Coluna de brita D = 60 cm executada com perfuratriz tipo bottom feed - brita produzida - confecção e cravação","m",48.46,{"$nulls":4},59.03]
[2306143,"Coluna de brita D = 70 cm executada com perfuratriz tipo bottom feed - brita comercial - confecção e cravação","m",89.82,{"$nulls":4},{"v":109.4,"d":"109.40"}]
[2306147,"Coluna de brita D = 70 cm executada com perfuratriz tipo bottom feed - brita produzida - confecção e cravação","m",56.72,{"$nulls":4},69.09]
[2306144,"Coluna de brita D = 80 cm executada com perfuratriz tipo bottom feed - brita comercial - confecção e cravação","m",109.96,{"$nulls":4},133.94]
[2306148,"Coluna de brita D = 80 cm executada com perfuratriz tipo bottom feed - brita produzida - confecção e cravação","m",66.74,{"$nulls":4},81.29]
[2306624,"Confecção de camisa metálica em aço ASTM A36 com espessura de 12,5 mm - D = 1.400 mm","m",{"v":5720.84,"d":"5,720.84"},{"$nulls":4},{"v":6968.14,"d":"6,968.14"}]
[2306625,"Confecção de camisa metálica em aço ASTM A36 com espessura de 12,5 mm - D = 1.500 mm","m",{"v":5753.47,"d":"5,753.47"},{"$nulls":4},{"v":7007.88,"d":"7,007.88"}]
[2306626,"Confecção de camisa metálica em aço ASTM A36 com espessura de 12,5 mm - D = 1.600 mm","m",{"v":5787.16,"d":"5,787.16"},{"$nulls":4},{"v":7048.91,"d":"7,048.91"}]
[2306627,"Confecção de camisa metálica em aço ASTM A36 com espessura de 12,5 mm - D = 1.700 mm","m",{"v":5819.78,"d":"5,819.78"},{"$nulls":4},{"v":7088.65,"d":"7,088.65"}]
[2306628,"Confecção de camisa metálica em aço ASTM A36 com espessura de 12,5 mm - D = 1.800 mm","m",{"v":5852.47,"d":"5,852.47"},{"$nulls":4},{"v":7128.46,"d":"7,128.46"}]
[2306629,"Confecção de camisa metálica em aço ASTM A36 com espessura de 16 mm - D = 1.500 mm","m",{"v":7947.38,"d":"7,947.38"},{"$nulls":4},{"v":9680.12,"d":"9,680.12"}]
[2306630,"Confecção de camisa metálica em aço ASTM A36 com espessura de 16 mm - D = 1.600 mm","m",{"v":8018.7,"d":"8,018.70"},{"$nulls":4},{"v":9766.99,"d":"9,766.99"}]
[2306631,"Confecção de camisa metálica em aço ASTM A36 com espessura de 16 mm - D = 1.700 mm","m",{"v":8087.78,"d":"8,087.78"},{"$nulls":4},{"v":9851.13,"d":"9,851.13"}]
[2306632,"Confecção de camisa metálica em aço ASTM A36 com espessura de 16 mm - D = 1.800 mm","m",{"v":8159.11,"d":"8,159.11"},{"$nulls":4},{"v":9938.01,"d":"9,938.01"}]
[2306610,"Confecção de camisa metálica em aço ASTM A36 com espessura de 6,3 mm - D = 1.000 mm","m",{"v":1846.18,"d":"1,846.18"},{"$nulls":4},{"v":2248.7,"d":"2,248.70"}]
[2306604,"Confecção de camisa metálica em aço ASTM A36 com espessura de 6,3 mm - D = 400 mm","m",662.59,{"$nulls":4},807.05]
[2306605,"Confecção de camisa metálica em aço ASTM A36 com espessura de 6,3 mm - D = 500 mm","m",832.85,{"$nulls":4},{"v":1014.43,"d":"1,014.43"}]
[2306606,"Confecção de camisa metálica em aço ASTM A36 com espessura de 6,3 mm - D = 600 mm","m",962.69,{"$nulls":4},{"v":1172.58,"d":"1,172.58"}]
[2306607,"Confecção de camisa metálica em aço ASTM A36 com espessura de 6,3 mm - D = 700 mm","m",{"v":1141.3,"d":"1,141.30"},{"$nulls":4},{"v":1390.13,"d":"1,390.13"}]
[2306608,"Confecção de camisa metálica em aço ASTM A36 com espessura de 6,3 mm - D = 800 mm","m",{"v":1404.44,"d":"1,404.44"},{"$nulls":4},{"v":1710.64,"d":"1,710.64"}]
[2306609,"Confecção de camisa metálica em aço ASTM A36 com espessura de 6,3 mm - D = 900 mm","m",{"v":1413.4,"d":"1,413.40"},{"$nulls":4},{"v":1721.56,"d":"1,721.56"}]
[2306614,"Confecção de camisa metálica em aço ASTM A36 com espessura de 8 mm - D = 1.000 mm","m",{"v":2375.31,"d":"2,375.31"},{"$nulls":4},{"v":2893.19,"d":"2,893.19"}]
[2306615,"Confecção de camisa metálica em aço ASTM A36 com espessura de 8 mm - D = 1.100 mm","m",{"v":2388.73,"d":"2,388.73"},{"$nulls":4},{"v":2909.54,"d":"2,909.54"}]
[2306616,"Confecção de camisa metálica em aço ASTM A36 com espessura de 8 mm - D = 1.200 mm","m",{"v":2401.93,"d":"2,401.93"},{"$nulls":4},{"v":2925.61,"d":"2,925.61"}]
[2306611,"Confecção de camisa metálica em aço ASTM A36 com espessura de 8 mm - D = 700 mm","m",{"v":1473.91,"d":"1,473.91"},{"$nulls":4},{"v":1795.26,"d":"1,795.26"}]
[2306612,"Confecção de camisa metálica em aço ASTM A36 com espessura de 8 mm - D = 800 mm","m",{"v":1810.2,"d":"1,810.20"},{"$nulls":4},{"v":2204.87,"d":"2,204.87"}]
[2306613,"Confecção de camisa metálica em aço ASTM A36 com espessura de 8 mm - D = 900 mm","m",{"v":1823.62,"d":"1,823.62"},{"$nulls":4},{"v":2221.22,"d":"2,221.22"}]
[2306618,"Confecção de camisa metálica em aço ASTM A36 com espessura de 9,5 mm - D = 1.000 mm","m",{"v":2868.06,"d":"2,868.06"},{"$nulls":4},{"v":3493.38,"d":"3,493.38"}]
[2306619,"Confecção de camisa metálica em aço ASTM A36 com espessura de 9,5 mm - D = 1.100 mm","m",{"v":2887.18,"d":"2,887.18"},{"$nulls":4},{"v":3516.66,"d":"3,516.66"}]
[2306620,"Confecção de camisa metálica em aço ASTM A36 com espessura de 9,5 mm - D = 1.200 mm","m",{"v":2905.78,"d":"2,905.78"},{"$nulls":4},{"v":3539.32,"d":"3,539.32"}]
[2306621,"Confecção de camisa metálica em aço ASTM A36 com espessura de 9,5 mm - D = 1.300 mm","m",{"v":4203.35,"d":"4,203.35"},{"$nulls":4},{"v":5119.79,"d":"5,119.79"}]
[2306622,"Confecção de camisa metálica em aço ASTM A36 com espessura de 9,5 mm - D = 1.400 mm","m",{"v":4222.52,"d":"4,222.52"},{"$nulls":4},{"v":5143.14,"d":"5,143.14"}]
[2306623,"Confecção de camisa metálica em aço ASTM A36 com espessura de 9,5 mm - D = 1.500 mm","m",{"v":4241.07,"d":"4,241.07"},{"$nulls":4},{"v":5165.74,"d":"5,165.74"}]
[2306617,"Confecção de camisa metálica em aço ASTM A36 com espessura de 9,5 mm - D = 900 mm","m",{"v":2209.95,"d":"2,209.95"},{"$nulls":4},{"v":2691.78,"d":"2,691.78"}]
[2306014,"Contraventamento de grupo de estacas submersas em aço ASTM A36 - confecção e instalação","kg",{"v":10.8,"d":"10.80"},{"$nulls":4},13.15]
[2306700,"Escavação com perfuratriz tipo Wirth em rocha com média dureza e média abrasão - resistência à compressão menor que 80 MPa - D = 1.000 mm","m",{"v":1727.06,"d":"1,727.06"},{"$nulls":4},{"v":2103.6,"d":"2,103.60"}]
[2306703,"Escavação com perfuratriz tipo Wirth em rocha com média dureza e média abrasão - resistência à compressão menor que 80 MPa - D = 1.100 mm","m",{"v":1786.95,"d":"1,786.95"},{"$nulls":4},{"v":2176.55,"d":"2,176.55"}]
[2306706,"Escavação com perfuratriz tipo Wirth em rocha com média dureza e média abrasão - resistência à compressão menor que 80 MPa - D = 1.200 mm","m",{"v":1882.63,"d":"1,882.63"},{"$nulls":4},{"v":2293.09,"d":"2,293.09"}]
[2306709,"Escavação com perfuratriz tipo Wirth em rocha com média dureza e média abrasão - resistência à compressão menor que 80 MPa - D = 1.300 mm","m",{"v":2021.89,"d":"2,021.89"},{"$nulls":4},{"v":2462.72,"d":"2,462.72"}]
[2306712,"Escavação com perfuratriz tipo Wirth em rocha com média dureza e média abrasão - resistência à compressão menor que 80 MPa - D = 1.400 mm","m",{"v":2092.61,"d":"2,092.61"},{"$nulls":4},{"v":2548.85,"d":"2,548.85"}]
[2306715,"Escavação com perfuratriz tipo Wirth em rocha com média dureza e média abrasão - resistência à compressão menor que 80 MPa - D = 1.500 mm","m",{"v":2182.6,"d":"2,182.60"},{"$nulls":4},{"v":2658.46,"d":"2,658.46"}]
[2306718,"Escavação com perfuratriz tipo Wirth em rocha com média dureza e média abrasão - resistência à compressão menor que 80 MPa - D = 1.600 mm","m",{"v":2321.63,"d":"2,321.63"},{"$nulls":4},{"v":2827.81,"d":"2,827.81"}]
[2306721,"Escavação com perfuratriz tipo Wirth em rocha com média dureza e média abrasão - resistência à compressão menor que 80 MPa - D = 1.700 mm","m",{"v":2388.21,"d":"2,388.21"},{"$nulls":4},{"v":2908.9,"d":"2,908.90"}]
[2306724,"Escavação com perfuratriz tipo Wirth em rocha com média dureza e média abrasão - resistência à compressão menor que 80 MPa - D = 1.800 mm","m",{"v":2513.72,"d":"2,513.72"},{"$nulls":4},{"v":3061.78,"d":"3,061.78"}]
[2306688,"Escavação com perfuratriz tipo Wirth em rocha com média dureza e média abrasão - resistência à compressão menor que 80 MPa - D = 600 mm","m",{"v":1375.36,"d":"1,375.36"},{"$nulls":4},{"v":1675.23,"d":"1,675.23"}]
[2306691,"Escavação com perfuratriz tipo Wirth em rocha com média dureza e média abrasão - resistência à compressão menor que 80 MPa - D = 700 mm","m",{"v":1449.33,"d":"1,449.33"},{"$nulls":4},{"v":1765.32,"d":"1,765.32"}]
[2306694,"Escavação com perfuratriz tipo Wirth em rocha com média dureza e média abrasão - resistência à compressão menor que 80 MPa - D = 800 mm","m",{"v":1552.62,"d":"1,552.62"},{"$nulls":4},{"v":1891.13,"d":"1,891.13"}]
[2306697,"Escavação com perfuratriz tipo Wirth em rocha com média dureza e média abrasão - resistência à compressão menor que 80 MPa - D = 900 mm","m",{"v":1623.73,"d":"1,623.73"},{"$nulls":4},{"v":1977.75,"d":"1,977.75"}]
[2306701,"Escavação com perfuratriz tipo Wirth em rocha de alta dureza e alta abrasão - resistência à compressão acima de 80 MPa - D = 1.000 mm","m",{"v":3198.85,"d":"3,198.85"},{"$nulls":4},{"v":3896.28,"d":"3,896.28"}]
[2306704,"Escavação com perfuratriz tipo Wirth em rocha de alta dureza e alta abrasão - resistência à compressão acima de 80 MPa - D = 1.100 mm","m",{"v":3389.51,"d":"3,389.51"},{"$nulls":4},{"v":4128.52,"d":"4,128.52"}]
[2306707,"Escavação com perfuratriz tipo Wirth em rocha de alta dureza e alta abrasão - resistência à compressão acima de 80 MPa - D = 1.200 mm","m",{"v":3527.67,"d":"3,527.67"},{"$nulls":4},{"v":4296.8,"d":"4,296.80"}]
[2306710,"Escavação com perfuratriz tipo Wirth em rocha de alta dureza e alta abrasão - resistência à compressão acima de 80 MPa - D = 1.300 mm","m",{"v":3700.67,"d":"3,700.67"},{"$nulls":4},{"v":4507.51,"d":"4,507.51"}]
[2306713,"Escavação com perfuratriz tipo Wirth em rocha de alta dureza e alta abrasão - resistência à compressão acima de 80 MPa - D = 1.400 mm","m",{"v":3799.92,"d":"3,799.92"},{"$nulls":4},{"v":4628.4,"d":"4,628.40"}]
[2306716,"Escavação com perfuratriz tipo Wirth em rocha de alta dureza e alta abrasão - resistência à compressão acima de 80 MPa - D = 1.500 mm","m",{"v":4019.03,"d":"4,019.03"},{"$nulls":4},{"v":4895.29,"d":"4,895.29"}]
[2306719,"Escavação com perfuratriz tipo Wirth em rocha de alta dureza e alta abrasão - resistência à compressão acima de 80 MPa - D = 1.600 mm","m",{"v":4358.47,"d":"4,358.47"},{"$nulls":4},{"v":5308.73,"d":"5,308.73"}]
[2306722,"Escavação com perfuratriz tipo Wirth em rocha de alta dureza e alta abrasão - resistência à compressão acima de 80 MPa - D = 1.700 mm","m",{"v":4555.61,"d":"4,555.61"},{"$nulls":4},{"v":5548.85,"d":"5,548.85"}]
[2306725,"Escavação com perfuratriz tipo Wirth em rocha de alta dureza e alta abrasão - resistência à compressão acima de 80 MPa - D = 1.800 mm","m",{"v":4767.03,"d":"4,767.03"},{"$nulls":4},{"v":5806.37,"d":"5,806.37"}]
[2306689,"Escavação com perfuratriz tipo Wirth em rocha de alta dureza e alta abrasão - resistência à compressão acima de 80 MPa - D = 600 mm","m",{"v":2539.51,"d":"2,539.51"},{"$nulls":4},{"v":3093.19,"d":"3,093.19"}]
[2306692,"Escavação com perfuratriz tipo Wirth em rocha de alta dureza e alta abrasão - resistência à compressão acima de 80 MPa - D = 700 mm","m",{"v":2671.32,"d":"2,671.32"},{"$nulls":4},{"v":3253.74,"d":"3,253.74"}]
[2306695,"Escavação com perfuratriz tipo Wirth em rocha de alta dureza e alta abrasão - resistência à compressão acima de 80 MPa - D = 800 mm","m",{"v":2807.16,"d":"2,807.16"},{"$nulls":4},{"v":3419.2,"d":"3,419.20"}]
[2306698,"Escavação com perfuratriz tipo Wirth em rocha de alta dureza e alta abrasão - resistência à compressão acima de 80 MPa - D = 900 mm","m",{"v":2969.86,"d":"2,969.86"},{"$nulls":4},{"v":3617.37,"d":"3,617.37"}]
[2306699,"Escavação com perfuratriz tipo Wirth em solo - D = 1.000 mm","m",270.99,{"$nulls":4},330.07]
[2306702,"Escavação com perfuratriz tipo Wirth em solo - D = 1.100 mm","m",{"v":280.1,"d":"280.10"},{"$nulls":4},341.17]
[2306705,"Escavação com perfuratriz tipo Wirth em solo - D = 1.200 mm","m",294.97,{"$nulls":4},359.28]
[2306708,"Escavação com perfuratriz tipo Wirth em solo - D = 1.300 mm","m",{"v":305.8,"d":"305.80"},{"$nulls":4},372.47]
[2306711,"Escavação com perfuratriz tipo Wirth em solo - D = 1.400 mm","m",317.45,{"$nulls":4},386.66]
[2306714,"Escavação com perfuratriz tipo Wirth em solo - D = 1.500 mm","m",330.02,{"$nulls":4},401.97]
[2306717,"Escavação com perfuratriz tipo Wirth em solo - D = 1.600 mm","m",344.52,{"$nulls":4},419.63]
[2306720,"Escavação com perfuratriz tipo Wirth em solo - D = 1.700 mm","m",359.37,{"$nulls":4},437.72]
[2306723,"Escavação com perfuratriz tipo Wirth em solo - D = 1.800 mm","m",367.29,{"$nulls":4},447.37]
[2306687,"Escavação com perfuratriz tipo Wirth em solo - D = 600 mm","m",225.59,{"$nulls":4},274.78]
[2306690,"Escavação com perfuratriz tipo Wirth em solo - D = 700 mm","m",235.98,{"$nulls":4},287.43]
[2306693,"Escavação com perfuratriz tipo Wirth em solo - D = 800 mm","m",246.45,{"$nulls":4},300.18]
[2306696,"Escavação com perfuratriz tipo Wirth em solo - D = 900 mm","m",257.88,{"$nulls":4},314.11]
[2306239,"Estaca barrete escavada com uso de fluido estabilizante - confecção","m³",198.93,{"$nulls":4},{"v":242.3,"d":"242.30"}]
[2306090,"Estaca broca manual D = 25 cm - confecção","m",35.52,{"$nulls":4},43.26]
[2306091,"Estaca broca manual D = 30 cm - confecção","m",47.36,{"$nulls":4},57.68]
[2306072,"Estaca circular tipo estacão escavada com uso de fluido estabilizante - confecção","m³",610.56,{"$nulls":4},743.68]
[2306133,"Estaca duplo perfil metálico W 250 x 17,9 - com emenda - fornecimento e cravação","m",426.55,{"$nulls":4},519.55]
[2306114,"Estaca duplo trilho TR 25 - com emenda - fornecimento e cravação","m",241.25,{"$nulls":4},293.85]
[2306115,"Estaca duplo trilho TR 37 - com emenda - fornecimento e cravação","m",351.62,{"$nulls":4},428.28]
[2306116,"Estaca duplo trilho TR 45 - com emenda - fornecimento e cravação","m",418.95,{"$nulls":4},510.29]
[2306118,"Estaca duplo trilho TR 57 - com emenda - fornecimento e cravação","m",{"v":526.5,"d":"526.50"},{"$nulls":4},641.29]
[2306122,"Estaca duplo trilho TR 68 - com emenda - fornecimento e cravação","m",{"v":623.8,"d":"623.80"},{"$nulls":4},759.81]
[2306078,"Estaca Franki com fuste apiloado D = 35 cm - confecção","m",99.07,{"$nulls":4},120.67]
[2306080,"Estaca Franki com fuste apiloado D = 40 cm - confecção","m",108.08,{"$nulls":4},131.64]
[2306082,"Estaca Franki com fuste apiloado D = 45 cm - confecção","m",118.89,{"$nulls":4},144.81]
[2306084,"Estaca Franki com fuste apiloado D = 52 cm - confecção","m",138.24,{"$nulls":4},168.38]
[2306086,"Estaca Franki com fuste apiloado D = 60 cm - confecção","m",169.84,{"$nulls":4},206.87]
[2309088,"Estaca Franki com fuste apiloado D = 70 cm - confecção","m",237.78,{"$nulls":4},289.62]
[2306074,"Estaca hélice contínua - confecção","m³",157.98,{"$nulls":4},192.42]
[2306095,"Estaca hélice de deslocamento - confecção","m³",189.42,{"$nulls":4},230.72]
[2306132,"Estaca perfil metálico W 150 x 22,5 (H) - fornecimento e cravação","m",274.03,{"$nulls":4},333.77]
[2306015,"Estaca prancha metálica - fornecimento e cravação até 12 metros","kg",12.99,{"$nulls":4},15.82]
[2306019,"Estaca prancha metálica com apoio de flutuante - fornecimento e cravação de 12 metros","kg",13.47,{"$nulls":4},16.41]
[2306018,"Estaca prancha metálica com apoio de flutuante e utilização de 10 vezes - fornecimento, cravação até 12 metros","kg",2.29,{"$nulls":4},2.79]
[2306016,"Estaca prancha metálica com utilização de 10 vezes - fornecimento, cravação até 12 metros","kg",1.57,{"$nulls":4},1.91]
[2305999,"Estaca pré-moldada de concreto armado centrifugado com compressão admissível de 100 t - sem emenda - fornecimento e cravação","m",275.37,{"$nulls":4},335.41]
[2306000,"Estaca pré-moldada de concreto armado centrifugado com compressão admissível de 125 t - sem emenda - fornecimento e cravação","m",336.35,{"$nulls":4},409.68]
[2306001,"Estaca pré-moldada de concreto armado centrifugado com compressão admissível de 170 t - sem emenda - fornecimento e cravação","m",508.03,{"$nulls":4},618.79]
[2306002,"Estaca pré-moldada de concreto armado centrifugado com compressão admissível de 230 t - sem emenda - fornecimento e cravação","m",577.73,{"$nulls":4},703.69]
[2306003,"Estaca pré-moldada de concreto armado centrifugado com compressão admissível de 300 t - sem emenda - fornecimento e cravação","m",838.42,{"$nulls":4},{"v":1021.22,"d":"1,021.22"}]
[2305997,"Estaca pré-moldada de concreto armado centrifugado com compressão admissível de 55 t - sem emenda - fornecimento e cravação","m",179.16,{"$nulls":4},218.22]
[2305998,"Estaca pré-moldada de concreto armado centrifugado com compressão admissível de 80 t - sem emenda - fornecimento e cravação","m",259.65,{"$nulls":4},316.26]
[2306101,"Estaca pré-moldada de concreto protendido 15 x 15 cm - produzida - sem emenda - cravação","m",60.38,{"$nulls":4},73.55]
[2306102,"Estaca pré-moldada de concreto protendido 17 x 17 cm - produzida - sem emenda - cravação","m",64.07,{"$nulls":4},78.04]
[2306103,"Estaca pré-moldada de concreto protendido 20 x 20 cm - produzida - sem emenda - cravação","m",72.38,{"$nulls":4},88.16]
[2306104,"Estaca pré-moldada de concreto protendido 21 x 21 cm - produzida - sem emenda - cravação","m",76.94,{"$nulls":4},93.72]
[2306105,"Estaca pré-moldada de concreto protendido 23 x 23 cm - produzida - sem emenda - cravação","m",81.68,{"$nulls":4},99.49]
[2306106,"Estaca pré-moldada de concreto protendido 25 x 25 cm - produzida - sem emenda - cravação","m",89.28,{"$nulls":4},108.74]
[2306107,"Estaca pré-moldada de concreto protendido 26 x 26 cm - produzida - sem emenda - cravação","m",91.82,{"$nulls":4},111.84]
[2306269,"Estaca pré-moldada de concreto protendido 30 x 30 cm - produzida - sem emenda - cravação","m",103.45,{"$nulls":4},{"v":126,"d":"126.00"}]
[2306270,"Estaca pré-moldada de concreto protendido 33 x 33 cm - produzida - sem emenda - cravação","m",{"v":115.7,"d":"115.70"},{"$nulls":4},140.93]
[2306271,"Estaca pré-moldada de concreto protendido 35 x 35 cm - produzida - sem emenda - cravação","m",127.37,{"$nulls":4},155.14]
[2306272,"Estaca pré-moldada de concreto protendido 38 x 38 cm - produzida - sem emenda - cravação","m",134.69,{"$nulls":4},164.05]
[2306273,"Estaca pré-moldada de concreto protendido 40 x 40 cm - produzida - sem emenda - cravação","m",151.47,{"$nulls":4},{"v":184.5,"d":"184.50"}]
[2306274,"Estaca pré-moldada de concreto protendido 42 x 42 cm - produzida - sem emenda - cravação","m",162.34,{"$nulls":4},197.74]
[2306275,"Estaca pré-moldada de concreto protendido 45 x 45 cm - produzida - sem emenda - cravação","m",188.56,{"$nulls":4},229.67]
[2306100,"Estaca pré-moldada de concreto protendido com compressão admissível de 100 t - comercial - sem emenda - fornecimento e cravação","m",252.21,{"$nulls":4},{"v":307.2,"d":"307.20"}]
[2306004,"Estaca pré-moldada de concreto protendido com compressão admissível de 25 t - comercial - sem emenda - fornecimento e cravação","m",{"v":97.6,"d":"97.60"},{"$nulls":4},118.88]
[2306097,"Estaca pré-moldada de concreto protendido com compressão admissível de 35 t - comercial - sem emenda - fornecimento e cravação","m",115.51,{"$nulls":4},{"v":140.7,"d":"140.70"}]
[2306098,"Estaca pré-moldada de concreto protendido com compressão admissível de 60 t - comercial - sem emenda - fornecimento e cravação","m",147.88,{"$nulls":4},180.12]
[2306007,"Estaca pré-moldada de concreto protendido com compressão admissível de 75 t - comercial - sem emenda - fornecimento e cravação","m",198.76,{"$nulls":4},{"v":242.1,"d":"242.10"}]
[2306067,"Estaca raiz perfurada na rocha com D = 16 cm - confecção","m",376.59,{"$nulls":4},{"v":458.7,"d":"458.70"}]
[2306068,"Estaca raiz perfurada na rocha com D = 20 cm - confecção","m",473.65,{"$nulls":4},576.92]
[2306069,"Estaca raiz perfurada na rocha com D = 25 cm - confecção","m",641.73,{"$nulls":4},781.64]
[2306070,"Estaca raiz perfurada na rocha com D = 31 cm - confecção","m",{"v":1019.84,"d":"1,019.84"},{"$nulls":4},{"v":1242.19,"d":"1,242.19"}]
[2306071,"Estaca raiz perfurada na rocha com D = 40 cm - confecção","m",{"v":1534.56,"d":"1,534.56"},{"$nulls":4},{"v":1869.14,"d":"1,869.14"}]
[2306181,"Estaca raiz perfurada na rocha com D = 45 cm - confecção","m",{"v":1542.86,"d":"1,542.86"},{"$nulls":4},{"v":1879.24,"d":"1,879.24"}]
[2306062,"Estaca raiz perfurada no solo com D = 16 cm - confecção","m",{"v":67.9,"d":"67.90"},{"$nulls":4},{"v":82.7,"d":"82.70"}]
[2306063,"Estaca raiz perfurada no solo com D = 20 cm - confecção","m",82.22,{"$nulls":4},100.15]
[2306064,"Estaca raiz perfurada no solo com D = 25 cm - confecção","m",101.82,{"$nulls":4},124.02]
[2306065,"Estaca raiz perfurada no solo com D = 31 cm - confecção","m",132.02,{"$nulls":4},{"v":160.8,"d":"160.80"}]
[2306066,"Estaca raiz perfurada no solo com D = 40 cm - confecção","m",186.33,{"$nulls":4},226.95]
[2306180,"Estaca raiz perfurada no solo com D = 45 cm - confecção","m",{"v":210,"d":"210.00"},{"$nulls":4},255.79]
[2306009,"Estaca Strauss D = 25 cm - confecção","m",13.38,{"$nulls":4},{"v":16.3,"d":"16.30"}]
[2306010,"Estaca Strauss D = 32 cm - confecção","m",16.67,{"$nulls":4},20.31]
[2306011,"Estaca Strauss D = 38 cm - confecção","m",18.99,{"$nulls":4},23.13]
[2306012,"Estaca Strauss D = 45 cm - confecção","m",22.23,{"$nulls":4},27.08]
[2306108,"Estaca trilho TR 25 - fornecimento e cravação","m",128.73,{"$nulls":4},{"v":156.8,"d":"156.80"}]
[2306110,"Estaca trilho TR 37 - fornecimento e cravação","m",184.08,{"$nulls":4},224.22]
[2306111,"Estaca trilho TR 45 - fornecimento e cravação","m",217.44,{"$nulls":4},264.85]
[2306112,"Estaca trilho TR 57 - fornecimento e cravação","m",271.04,{"$nulls":4},330.14]
[2306113,"Estaca trilho TR 68 - fornecimento e cravação","m",319.57,{"$nulls":4},389.25]
[2306123,"Estaca triplo trilho TR 25 - com emenda - fornecimento e cravação","m",352.68,{"$nulls":4},429.57]
[2306124,"Estaca triplo trilho TR 37 - com emenda - fornecimento e cravação","m",517.74,{"$nulls":4},630.62]
[2306125,"Estaca triplo trilho TR 45 - com emenda - fornecimento e cravação","m",618.39,{"$nulls":4},753.22]
[2306126,"Estaca triplo trilho TR 57 - com emenda - fornecimento e cravação","m",779.24,{"$nulls":4},949.14]
[2306127,"Estaca triplo trilho TR 68 - com emenda - fornecimento e cravação","m",924.67,{"$nulls":4},{"v":1126.27,"d":"1,126.27"}]
[2306300,"Fabricação de estaca pré-moldada de concreto protendida seção 15 x 15 cm","m",29.63,{"$nulls":4},36.09]
[2306301,"Fabricação de estaca pré-moldada de concreto protendida seção 17 x 17 cm","m",31.76,{"$nulls":4},38.68]
[2306302,"Fabricação de estaca pré-moldada de concreto protendida seção 20 x 20 cm","m",38.15,{"$nulls":4},46.47]
[2306303,"Fabricação de estaca pré-moldada de concreto protendida seção 21 x 21 cm","m",41.42,{"$nulls":4},50.45]
[2306304,"Fabricação de estaca pré-moldada de concreto protendida seção 23 x 23 cm","m",{"v":44.2,"d":"44.20"},{"$nulls":4},53.84]
[2306305,"Fabricação de estaca pré-moldada de concreto protendida seção 25 x 25 cm","m",49.87,{"$nulls":4},60.74]
[2306306,"Fabricação de estaca pré-moldada de concreto protendida seção 26 x 26 cm","m",{"v":51.1,"d":"51.10"},{"$nulls":4},62.24]
[2306307,"Fabricação de estaca pré-moldada de concreto protendida seção 30 x 30 cm","m",59.28,{"$nulls":4},72.21]
[2306308,"Fabricação de estaca pré-moldada de concreto protendida seção 33 x 33 cm","m",66.95,{"$nulls":4},81.55]
[2306309,"Fabricação de estaca pré-moldada de concreto protendida seção 35 x 35 cm","m",75.77,{"$nulls":4},92.29]
[2306310,"Fabricação de estaca pré-moldada de concreto protendida seção 38 x 38 cm","m",80.18,{"$nulls":4},97.66]
[2306311,"Fabricação de estaca pré-moldada de concreto protendida seção 40 x 40 cm","m",92.65,{"$nulls":4},112.85]
[2306312,"Fabricação de estaca pré-moldada de concreto protendida seção 42 x 42 cm","m",100.26,{"$nulls":4},122.12]
[2306313,"Fabricação de estaca pré-moldada de concreto protendida seção 45 x 45 cm","m",121.27,{"$nulls":4},147.71]
[2306013,"Gabarito de cravação de estacas submersas em aço ASTM A36 - confecção e instalação","kg",10.71,{"$nulls":4},13.05]
[2306243,"Muro guia para estaca barrete com duas cortinas de 10 x 110 cm","m",480.74,{"$nulls":4},585.56]
[2408149,"Estrutura em chapa de aço ASTM A36 corte, solda e montagem - fornecimento e instalação","kg",13.34,{"$nulls":4},16.25]
[2407972,"Fornecimento e aplicação de adesivo estrutural à base de resina epóxi","kg",58.35,{"$nulls":4},71.07]
[2408075,"Jateamento abrasivo em chapa de aço por esteira contínua","m²",4.33,{"$nulls":4},5.28]
[2408069,"Jateamento de chapa de aço com o uso de granalhas de aço grau SA2","m²",4.65,{"$nulls":4},5.66]
[2419790,"Jateamento de chapa de aço com o uso de granalhas de aço grau SA2 1/2","m²",{"v":8.4,"d":"8.40"},{"$nulls":4},10.23]
[2408068,"Jateamento de chapa de aço com o uso de granalhas de aço Grau SA3","m²",13.08,{"$nulls":4},15.93]
[2419705,"Pintura com epóxi de dois componentes com pistola a ar comprimido, uma demão, espessura de até 120 µm","m²",8.31,{"$nulls":4},10.12]
[2419704,"Pintura com primer epóxi de dois componentes com pistola a ar comprimido, uma demão, espessura de até 70 µm","m²",10.61,{"$nulls":4},12.92]
[2419703,"Pintura com tinta anticorrosiva à base de epóxi poliamida de dois componentes com pistola a ar comprimido, uma demão, espessura de até 150 µm","m²",12.32,{"$nulls":4},15.01]
[2408080,"Pintura de acabamento com esmalte epóxi com pistola a ar comprimido, uma demão, espessura de até 40 µm","m²",6.04,{"$nulls":4},7.36]
[2408078,"Pintura de acabamento com esmalte sintético com pistola a ar comprimido, uma demão, espessura de até 30 µm","m²",2.31,{"$nulls":4},2.81]
[2408077,"Pintura de fundo com tinta alquídica com pistola a ar comprimido, uma demão, espessura de até 30 µm","m²",6.25,{"$nulls":4},7.61]
[2408079,"Pintura de fundo com tinta epóxi com pistola a ar comprimido, uma demão, espessura de até 120 µm","m²",31.11,{"$nulls":4},37.89]
[2408076,"Pintura shop primer em chapa de aço por esteira contínua","m²",{"v":8.4,"d":"8.40"},{"$nulls":4},10.23]
[2408057,"Solda elétrica de perfis metálicos e chapas de aço com eletrodo E60XX","kg",81.01,{"$nulls":4},98.67]
[2408058,"Solda elétrica de perfis metálicos e chapas de aço com eletrodo E70XX","kg",51.67,{"$nulls":4},62.93]
[2419789,"Tratamento em chapa de aço por esteira contínua","m²",7.37,{"$nulls":4},8.98]
[2607183,"Alinhamento manual da grade do AMV para qualquer abertura e qualquer bitola","un",255.51,{"$nulls":4},311.22]
[2607226,"Assentamento dos materiais metálicos do AMV 1:10, TR 45, bitola larga","un",{"v":270785.72,"d":"270,785.72"},{"$nulls":4},{"v":329824.26,"d":"329,824.26"}]
[2607209,"Assentamento dos materiais metálicos do AMV 1:10, TR 45, bitola métrica","un",{"v":236077.76,"d":"236,077.76"},{"$nulls":4},{"v":287549.04,"d":"287,549.04"}]
[2607161,"Assentamento dos materiais metálicos do AMV 1:10, TR 45, bitola mista","un",{"v":324247.35,"d":"324,247.35"},{"$nulls":4},{"v":394941.96,"d":"394,941.96"}]
[2607148,"Assentamento dos materiais metálicos do AMV 1:10, TR 57, bitola larga","un",{"v":341664.91,"d":"341,664.91"},{"$nulls":4},{"v":416157.01,"d":"416,157.01"}]
[2607213,"Assentamento dos materiais metálicos do AMV 1:10, TR 57, bitola métrica","un",{"v":297651.88,"d":"297,651.88"},{"$nulls":4},{"v":362547.96,"d":"362,547.96"}]
[2607165,"Assentamento dos materiais metálicos do AMV 1:10, TR 57, bitola mista","un",{"v":412017.67,"d":"412,017.67"},{"$nulls":4},{"v":501848.56,"d":"501,848.56"}]
[2607152,"Assentamento dos materiais metálicos do AMV 1:10, TR 68, bitola larga","un",{"v":408641.33,"d":"408,641.33"},{"$nulls":4},{"v":497736.09,"d":"497,736.09"}]
[2607217,"Assentamento dos materiais metálicos do AMV 1:10, TR 68, bitola métrica","un",{"v":354068.52,"d":"354,068.52"},{"$nulls":4},{"v":431264.95,"d":"431,264.95"}]
[2607169,"Assentamento dos materiais metálicos do AMV 1:10, TR 68, bitola mista","un",{"v":489920.9,"d":"489,920.90"},{"$nulls":4},{"v":596736.78,"d":"596,736.78"}]
[2607156,"Assentamento dos materiais metálicos do AMV 1:10, UIC 60, bitola larga","un",{"v":359475.56,"d":"359,475.56"},{"$nulls":4},{"v":437850.87,"d":"437,850.87"}]
[2607221,"Assentamento dos materiais metálicos do AMV 1:10, UIC 60, bitola métrica","un",{"v":313081.34,"d":"313,081.34"},{"$nulls":4},{"v":381341.46,"d":"381,341.46"}]
[2607173,"Assentamento dos materiais metálicos do AMV 1:10, UIC 60, bitola mista","un",{"v":433325.61,"d":"433,325.61"},{"$nulls":4},{"v":527802.21,"d":"527,802.21"}]
[2607227,"Assentamento dos materiais metálicos do AMV 1:12, TR 45, bitola larga","un",{"v":297479.41,"d":"297,479.41"},{"$nulls":4},{"v":362337.89,"d":"362,337.89"}]
[2607210,"Assentamento dos materiais metálicos do AMV 1:12, TR 45, bitola métrica","un",{"v":259272.91,"d":"259,272.91"},{"$nulls":4},{"v":315801.35,"d":"315,801.35"}]
[2607162,"Assentamento dos materiais metálicos do AMV 1:12, TR 45, bitola mista","un",{"v":356355.38,"d":"356,355.38"},{"$nulls":4},{"v":434050.4,"d":"434,050.40"}]
[2607149,"Assentamento dos materiais metálicos do AMV 1:12, TR 57, bitola larga","un",{"v":375475.69,"d":"375,475.69"},{"$nulls":4},{"v":457339.45,"d":"457,339.45"}]
[2607214,"Assentamento dos materiais metálicos do AMV 1:12, TR 57, bitola métrica","un",{"v":327026.24,"d":"327,026.24"},{"$nulls":4},{"v":398326.72,"d":"398,326.72"}]
[2607166,"Assentamento dos materiais metálicos do AMV 1:12, TR 57, bitola mista","un",{"v":452702.78,"d":"452,702.78"},{"$nulls":4},{"v":551404.12,"d":"551,404.12"}]
[2607153,"Assentamento dos materiais metálicos do AMV 1:12, TR 68, bitola larga","un",{"v":448879.11,"d":"448,879.11"},{"$nulls":4},{"v":546746.78,"d":"546,746.78"}]
[2607218,"Assentamento dos materiais metálicos do AMV 1:12, TR 68, bitola métrica","un",{"v":391572.19,"d":"391,572.19"},{"$nulls":4},{"v":476945.42,"d":"476,945.42"}]
[2607170,"Assentamento dos materiais metálicos do AMV 1:12, TR 68, bitola mista","un",{"v":538421.42,"d":"538,421.42"},{"$nulls":4},{"v":655811.72,"d":"655,811.72"}]
[2607157,"Assentamento dos materiais metálicos do AMV 1:12, UIC 60, bitola larga","un",{"v":397558.02,"d":"397,558.02"},{"$nulls":4},{"v":484236.32,"d":"484,236.32"}]
[2607222,"Assentamento dos materiais metálicos do AMV 1:12, UIC 60, bitola métrica","un",{"v":344004.34,"d":"344,004.34"},{"$nulls":4},{"v":419006.51,"d":"419,006.51"}]
[2607174,"Assentamento dos materiais metálicos do AMV 1:12, UIC 60, bitola mista","un",{"v":476153.16,"d":"476,153.16"},{"$nulls":4},{"v":579967.31,"d":"579,967.31"}]
[2607228,"Assentamento dos materiais metálicos do AMV 1:14, TR 45, bitola larga","un",{"v":326820.23,"d":"326,820.23"},{"$nulls":4},{"v":398075.8,"d":"398,075.80"}]
[2607211,"Assentamento dos materiais metálicos do AMV 1:14, TR 45, bitola métrica","un",{"v":284770.81,"d":"284,770.81"},{"$nulls":4},{"v":346858.48,"d":"346,858.48"}]
[2607163,"Assentamento dos materiais metálicos do AMV 1:14, TR 45, bitola mista","un",{"v":394113.77,"d":"394,113.77"},{"$nulls":4},{"v":480041.13,"d":"480,041.13"}]
[2607150,"Assentamento dos materiais metálicos do AMV 1:14, TR 57, bitola larga","un",{"v":415168.79,"d":"415,168.79"},{"$nulls":4},{"v":505686.71,"d":"505,686.71"}]
[2607215,"Assentamento dos materiais metálicos do AMV 1:14, TR 57, bitola métrica","un",{"v":359317.13,"d":"359,317.13"},{"$nulls":4},{"v":437657.89,"d":"437,657.89"}]
[2607167,"Assentamento dos materiais metálicos do AMV 1:14, TR 57, bitola mista","un",{"v":497411.04,"d":"497,411.04"},{"$nulls":4},{"v":605859.98,"d":"605,859.98"}]
[2607154,"Assentamento dos materiais metálicos do AMV 1:14, TR 68, bitola larga","un",{"v":493117.39,"d":"493,117.39"},{"$nulls":4},{"v":600630.19,"d":"600,630.19"}]
[2607219,"Assentamento dos materiais metálicos do AMV 1:14, TR 68, bitola métrica","un",{"v":430079.75,"d":"430,079.75"},{"$nulls":4},{"v":523848.66,"d":"523,848.66"}]
[2607171,"Assentamento dos materiais metálicos do AMV 1:14, TR 68, bitola mista","un",{"v":599148.14,"d":"599,148.14"},{"$nulls":4},{"v":729778.49,"d":"729,778.49"}]
[2607158,"Assentamento dos materiais metálicos do AMV 1:14, UIC 60, bitola larga","un",{"v":436694.95,"d":"436,694.95"},{"$nulls":4},{"v":531906.15,"d":"531,906.15"}]
[2607223,"Assentamento dos materiais metálicos do AMV 1:14, UIC 60, bitola métrica","un",{"v":377997.68,"d":"377,997.68"},{"$nulls":4},{"v":460411.3,"d":"460,411.30"}]
[2607175,"Assentamento dos materiais metálicos do AMV 1:14, UIC 60, bitola mista","un",{"v":523216.21,"d":"523,216.21"},{"$nulls":4},{"v":637291.36,"d":"637,291.36"}]
[2607151,"Assentamento dos materiais metálicos do AMV 1:20, TR 57, bitola larga","un",{"v":497098.97,"d":"497,098.97"},{"$nulls":4},{"v":605479.87,"d":"605,479.87"}]
[2607216,"Assentamento dos materiais metálicos do AMV 1:20, TR 57, bitola métrica","un",{"v":432999.28,"d":"432,999.28"},{"$nulls":4},{"v":527404.73,"d":"527,404.73"}]
[2607168,"Assentamento dos materiais metálicos do AMV 1:20, TR 57, bitola mista","un",{"v":603557.15,"d":"603,557.15"},{"$nulls":4},{"v":735148.78,"d":"735,148.78"}]
[2607155,"Assentamento dos materiais metálicos do AMV 1:20, TR 68, bitola larga","un",{"v":598053.9,"d":"598,053.90"},{"$nulls":4},{"v":728445.68,"d":"728,445.68"}]
[2607220,"Assentamento dos materiais metálicos do AMV 1:20, TR 68, bitola métrica","un",{"v":514982.6,"d":"514,982.60"},{"$nulls":4},{"v":627262.61,"d":"627,262.61"}]
[2607172,"Assentamento dos materiais metálicos do AMV 1:20, TR 68, bitola mista","un",{"v":716810.93,"d":"716,810.93"},{"$nulls":4},{"v":873094.92,"d":"873,094.92"}]
[2607159,"Assentamento dos materiais metálicos do AMV 1:20, UIC 60, bitola larga","un",{"v":523043.19,"d":"523,043.19"},{"$nulls":4},{"v":637080.62,"d":"637,080.62"}]
[2607224,"Assentamento dos materiais metálicos do AMV 1:20, UIC 60, bitola métrica","un",{"v":455434.61,"d":"455,434.61"},{"$nulls":4},{"v":554731.56,"d":"554,731.56"}]
[2607176,"Assentamento dos materiais metálicos do AMV 1:20, UIC 60, bitola mista","un",{"v":634561.11,"d":"634,561.11"},{"$nulls":4},{"v":772912.44,"d":"772,912.44"}]
[2607225,"Assentamento dos materiais metálicos do AMV 1:8, TR 45, bitola larga","un",{"v":246498.9,"d":"246,498.90"},{"$nulls":4},{"v":300242.27,"d":"300,242.27"}]
[2607208,"Assentamento dos materiais metálicos do AMV 1:8, TR 45, bitola métrica","un",{"v":214976.62,"d":"214,976.62"},{"$nulls":4},{"v":261847.28,"d":"261,847.28"}]
[2607160,"Assentamento dos materiais metálicos do AMV 1:8, TR 45, bitola mista","un",{"v":295025.87,"d":"295,025.87"},{"$nulls":4},{"v":359349.41,"d":"359,349.41"}]
[2607229,"Assentamento dos materiais metálicos do AMV 1:8, TR 57, bitola larga","un",{"v":310880.73,"d":"310,880.73"},{"$nulls":4},{"v":378661.06,"d":"378,661.06"}]
[2607212,"Assentamento dos materiais metálicos do AMV 1:8, TR 57, bitola métrica","un",{"v":270929.14,"d":"270,929.14"},{"$nulls":4},{"v":329998.95,"d":"329,998.95"}]
[2607164,"Assentamento dos materiais metálicos do AMV 1:8, TR 57, bitola mista","un",{"v":372514.93,"d":"372,514.93"},{"$nulls":4},{"v":453733.17,"d":"453,733.17"}]
[2607207,"Lançamento manual de lastro em AMV com descarga da brita por caminhão","m³",149.04,{"$nulls":4},181.54]
[2607206,"Lançamento mecânico de lastro em AMV com descarga da brita por caminhão e espalhamento com carregadeira de pneus","m³",145.35,{"$nulls":4},177.04]
[2607344,"Nivelamento de AMV com socaria com grupo vibrador e levante de até 10 cm, abertura 1:10, bitola larga, dormente de madeira ou concreto","un",184.45,{"$nulls":4},224.66]
[2607339,"Nivelamento de AMV com socaria com grupo vibrador e levante de até 10 cm, abertura 1:10, bitola métrica, dormente de madeira ou concreto","un",126.71,{"$nulls":4},154.34]
[2607349,"Nivelamento de AMV com socaria com grupo vibrador e levante de até 10 cm, abertura 1:10, bitola mista, dormente de madeira ou concreto","un",281.64,{"$nulls":4},343.04]
[2607345,"Nivelamento de AMV com socaria com grupo vibrador e levante de até 10 cm, abertura 1:12, bitola larga, dormente de madeira ou concreto","un",210.47,{"$nulls":4},256.36]
[2607340,"Nivelamento de AMV com socaria com grupo vibrador e levante de até 10 cm, abertura 1:12, bitola métrica, dormente de madeira ou concreto","un",144.68,{"$nulls":4},176.23]
[2607350,"Nivelamento de AMV com socaria com grupo vibrador e levante de até 10 cm, abertura 1:12, bitola mista, dormente de madeira ou concreto","un",{"v":321.7,"d":"321.70"},{"$nulls":4},391.84]
[2607346,"Nivelamento de AMV com socaria com grupo vibrador e levante de até 10 cm, abertura 1:14, bitola larga, dormente de madeira ou concreto","un",244.45,{"$nulls":4},297.75]
[2607341,"Nivelamento de AMV com socaria com grupo vibrador e levante de até 10 cm, abertura 1:14, bitola métrica, dormente de madeira ou concreto","un",170.69,{"$nulls":4},{"v":207.9,"d":"207.90"}]
[2607351,"Nivelamento de AMV com socaria com grupo vibrador e levante de até 10 cm, abertura 1:14, bitola mista, dormente de madeira ou concreto","un",373.69,{"$nulls":4},455.16]
[2607347,"Nivelamento de AMV com socaria com grupo vibrador e levante de até 10 cm, abertura 1:20, bitola larga, dormente de madeira ou concreto","un",322.53,{"$nulls":4},392.85]
[2607342,"Nivelamento de AMV com socaria com grupo vibrador e levante de até 10 cm, abertura 1:20, bitola métrica, dormente de madeira ou concreto","un",210.47,{"$nulls":4},256.36]
[2607352,"Nivelamento de AMV com socaria com grupo vibrador e levante de até 10 cm, abertura 1:20, bitola mista, dormente de madeira ou concreto","un",491.67,{"$nulls":4},598.87]
[2607343,"Nivelamento de AMV com socaria com grupo vibrador e levante de até 10 cm, abertura 1:8, bitola larga, dormente de madeira","un",148.09,{"$nulls":4},180.38]
[2607338,"Nivelamento de AMV com socaria com grupo vibrador e levante de até 10 cm, abertura 1:8, bitola métrica, dormente de madeira","un",108.36,{"$nulls":4},131.99]
[2607348,"Nivelamento de AMV com socaria com grupo vibrador e levante de até 10 cm, abertura 1:8, bitola mista, dormente de madeira","un",226.26,{"$nulls":4},275.59]
[2607329,"Nivelamento de AMV com socaria manual e levante de até 10 cm, abertura 1:10, bitola larga, dormente de madeira ou concreto","un",424.82,{"$nulls":4},517.44]
[2607324,"Nivelamento de AMV com socaria manual e levante de até 10 cm, abertura 1:10, bitola métrica, dormente de madeira ou concreto","un",290.03,{"$nulls":4},353.27]
[2607334,"Nivelamento de AMV com socaria manual e levante de até 10 cm, abertura 1:10, bitola mista, dormente de madeira ou concreto","un",615.93,{"$nulls":4},750.22]
[2607330,"Nivelamento de AMV com socaria manual e levante de até 10 cm, abertura 1:12, bitola larga, dormente de madeira ou concreto","un",485.78,{"$nulls":4},591.69]
[2607325,"Nivelamento de AMV com socaria manual e levante de até 10 cm, abertura 1:12, bitola métrica, dormente de madeira ou concreto","un",333.08,{"$nulls":4},{"v":405.7,"d":"405.70"}]
[2607335,"Nivelamento de AMV com socaria manual e levante de até 10 cm, abertura 1:12, bitola mista, dormente de madeira ou concreto","un",703.82,{"$nulls":4},857.27]
[2607331,"Nivelamento de AMV com socaria manual e levante de até 10 cm, abertura 1:14, bitola larga, dormente de madeira ou concreto","un",564.73,{"$nulls":4},687.86]
[2607326,"Nivelamento de AMV com socaria manual e levante de até 10 cm, abertura 1:14, bitola métrica, dormente de madeira ou concreto","un",394.03,{"$nulls":4},479.94]
[2607336,"Nivelamento de AMV com socaria manual e levante de até 10 cm, abertura 1:14, bitola mista, dormente de madeira ou concreto","un",{"v":818.7,"d":"818.70"},{"$nulls":4},{"v":997.2,"d":"997.20"}]
[2607332,"Nivelamento de AMV com socaria manual e levante de até 10 cm, abertura 1:20, bitola larga, dormente de madeira ou concreto","un",747.64,{"$nulls":4},910.65]
[2607327,"Nivelamento de AMV com socaria manual e levante de até 10 cm, abertura 1:20, bitola métrica, dormente de madeira ou concreto","un",485.78,{"$nulls":4},591.69]
[2607337,"Nivelamento de AMV com socaria manual e levante de até 10 cm, abertura 1:20, bitola mista, dormente de madeira ou concreto","un",{"v":1082.43,"d":"1,082.43"},{"$nulls":4},{"v":1318.43,"d":"1,318.43"}]
[2607328,"Nivelamento de AMV com socaria manual e levante de até 10 cm, abertura 1:8, bitola larga, dormente de madeira","un",340.78,{"$nulls":4},415.08]
[2607323,"Nivelamento de AMV com socaria manual e levante de até 10 cm, abertura 1:8, bitola métrica, dormente de madeira","un",248.99,{"$nulls":4},303.28]
[2607333,"Nivelamento de AMV com socaria manual e levante de até 10 cm, abertura 1:8, bitola mista, dormente de madeira","un",493.42,{"$nulls":4},{"v":601,"d":"601.00"}]
[2607106,"Posicionamento de jogo de dormentes de concreto para AMV 1:10, bitola larga","jg",{"v":77268.94,"d":"77,268.94"},{"$nulls":4},{"v":94115.64,"d":"94,115.64"}]
[2607102,"Posicionamento de jogo de dormentes de concreto para AMV 1:10, bitola métrica","jg",{"v":38032.93,"d":"38,032.93"},{"$nulls":4},{"v":46325.13,"d":"46,325.13"}]
[2607261,"Posicionamento de jogo de dormentes de concreto para AMV 1:10, bitola mista","jg",{"v":77268.94,"d":"77,268.94"},{"$nulls":4},{"v":94115.64,"d":"94,115.64"}]
[2607107,"Posicionamento de jogo de dormentes de concreto para AMV 1:12, bitola larga","jg",{"v":88189.25,"d":"88,189.25"},{"$nulls":4},{"v":107416.87,"d":"107,416.87"}]
[2607103,"Posicionamento de jogo de dormentes de concreto para AMV 1:12, bitola métrica","jg",{"v":43285.63,"d":"43,285.63"},{"$nulls":4},{"v":52723.06,"d":"52,723.06"}]
[2607262,"Posicionamento de jogo de dormentes de concreto para AMV 1:12, bitola mista","jg",{"v":88189.25,"d":"88,189.25"},{"$nulls":4},{"v":107416.87,"d":"107,416.87"}]
[2607108,"Posicionamento de jogo de dormentes de concreto para AMV 1:14, bitola larga","jg",{"v":102730.07,"d":"102,730.07"},{"$nulls":4},{"v":125127.98,"d":"125,127.98"}]
[2607104,"Posicionamento de jogo de dormentes de concreto para AMV 1:14, bitola métrica","jg",{"v":51144.99,"d":"51,144.99"},{"$nulls":4},{"v":62295.97,"d":"62,295.97"}]
[2607263,"Posicionamento de jogo de dormentes de concreto para AMV 1:14, bitola mista","jg",{"v":102730.07,"d":"102,730.07"},{"$nulls":4},{"v":125127.98,"d":"125,127.98"}]
[2607109,"Posicionamento de jogo de dormentes de concreto para AMV 1:20, bitola larga","jg",{"v":135451.8,"d":"135,451.80"},{"$nulls":4},{"v":164983.92,"d":"164,983.92"}]
[2607105,"Posicionamento de jogo de dormentes de concreto para AMV 1:20, bitola métrica","jg",{"v":63605.39,"d":"63,605.39"},{"$nulls":4},{"v":77473.07,"d":"77,473.07"}]
[2607264,"Posicionamento de jogo de dormentes de concreto para AMV 1:20, bitola mista","jg",{"v":135451.8,"d":"135,451.80"},{"$nulls":4},{"v":164983.92,"d":"164,983.92"}]
[2607093,"Posicionamento de jogo de dormentes de madeira para AMV 1:10, bitola larga","jg",{"v":47348.23,"d":"47,348.23"},{"$nulls":4},{"v":57671.41,"d":"57,671.41"}]
[2607088,"Posicionamento de jogo de dormentes de madeira para AMV 1:10, bitola métrica","jg",{"v":19476.59,"d":"19,476.59"},{"$nulls":4},{"v":23723.01,"d":"23,723.01"}]
[2607098,"Posicionamento de jogo de dormentes de madeira para AMV 1:10, bitola mista","jg",{"v":47617.19,"d":"47,617.19"},{"$nulls":4},{"v":57999.01,"d":"57,999.01"}]
[2607094,"Posicionamento de jogo de dormentes de madeira para AMV 1:12, bitola larga","jg",{"v":53366.86,"d":"53,366.86"},{"$nulls":4},{"v":65002.27,"d":"65,002.27"}]
[2607089,"Posicionamento de jogo de dormentes de madeira para AMV 1:12, bitola métrica","jg",{"v":22299.07,"d":"22,299.07"},{"$nulls":4},{"v":27160.87,"d":"27,160.87"}]
[2607099,"Posicionamento de jogo de dormentes de madeira para AMV 1:12, bitola mista","jg",{"v":53673.27,"d":"53,673.27"},{"$nulls":4},{"v":65375.48,"d":"65,375.48"}]
[2607095,"Posicionamento de jogo de dormentes de madeira para AMV 1:14, bitola larga","jg",{"v":62692.05,"d":"62,692.05"},{"$nulls":4},{"v":76360.6,"d":"76,360.60"}]
[2607090,"Posicionamento de jogo de dormentes de madeira para AMV 1:14, bitola métrica","jg",{"v":27157.61,"d":"27,157.61"},{"$nulls":4},{"v":33078.7,"d":"33,078.70"}]
[2607260,"Posicionamento de jogo de dormentes de madeira para AMV 1:14, bitola mista","jg",{"v":63047.92,"d":"63,047.92"},{"$nulls":4},{"v":76794.05,"d":"76,794.05"}]
[2607096,"Posicionamento de jogo de dormentes de madeira para AMV 1:20, bitola larga","jg",{"v":82644.7,"d":"82,644.70"},{"$nulls":4},{"v":100663.46,"d":"100,663.46"}]
[2607091,"Posicionamento de jogo de dormentes de madeira para AMV 1:20, bitola métrica","jg",{"v":34121.16,"d":"34,121.16"},{"$nulls":4},{"v":41560.49,"d":"41,560.49"}]
[2607101,"Posicionamento de jogo de dormentes de madeira para AMV 1:20, bitola mista","jg",{"v":83113.72,"d":"83,113.72"},{"$nulls":4},{"v":101234.74,"d":"101,234.74"}]
[2607092,"Posicionamento de jogo de dormentes de madeira para AMV 1:8, bitola larga","jg",{"v":37675.56,"d":"37,675.56"},{"$nulls":4},{"v":45889.84,"d":"45,889.84"}]
[2607087,"Posicionamento de jogo de dormentes de madeira para AMV 1:8, bitola métrica","jg",{"v":16255.67,"d":"16,255.67"},{"$nulls":4},{"v":19799.84,"d":"19,799.84"}]
[2607097,"Posicionamento de jogo de dormentes de madeira para AMV 1:8, bitola mista","jg",{"v":37890.89,"d":"37,890.89"},{"$nulls":4},{"v":46152.12,"d":"46,152.12"}]
[2607198,"Regularização manual do lastro do AMV para qualquer abertura e qualquer bitola","un",{"v":258.5,"d":"258.50"},{"$nulls":4},314.86]
[2809170,"Demolição de AMV 1:10 TR 37, em bitola métrica, dormente de madeira, com separação e empilhamento","un",{"v":1577.25,"d":"1,577.25"},{"$nulls":4},{"v":1921.13,"d":"1,921.13"}]
[2809183,"Demolição de AMV 1:10 TR 45, em bitola larga, dormente de madeira, com separação e empilhamento","un",{"v":2284.29,"d":"2,284.29"},{"$nulls":4},{"v":2782.33,"d":"2,782.33"}]
[2809174,"Demolição de AMV 1:10 TR 45, em bitola métrica, dormente de madeira, com separação e empilhamento","un",{"v":1655.14,"d":"1,655.14"},{"$nulls":4},{"v":2016,"d":"2,016.00"}]
[2809196,"Demolição de AMV 1:10 TR 45, em bitola mista, dormente de madeira, com separação e empilhamento","un",{"v":2400.23,"d":"2,400.23"},{"$nulls":4},{"v":2923.54,"d":"2,923.54"}]
[2809187,"Demolição de AMV 1:10 TR 57, em bitola larga, dormente de madeira, com separação e empilhamento","un",{"v":2401.32,"d":"2,401.32"},{"$nulls":4},{"v":2924.87,"d":"2,924.87"}]
[2809178,"Demolição de AMV 1:10 TR 57, em bitola métrica, dormente de madeira, com separação e empilhamento","un",{"v":1771.84,"d":"1,771.84"},{"$nulls":4},{"v":2158.15,"d":"2,158.15"}]
[2809200,"Demolição de AMV 1:10 TR 57, em bitola mista, dormente de madeira, com separação e empilhamento","un",{"v":2522.1,"d":"2,522.10"},{"$nulls":4},{"v":3071.98,"d":"3,071.98"}]
[2809191,"Demolição de AMV 1:10 TR 68, em bitola larga, dormente de madeira, com separação e empilhamento","un",{"v":2508.64,"d":"2,508.64"},{"$nulls":4},{"v":3055.59,"d":"3,055.59"}]
[2809204,"Demolição de AMV 1:10 TR 68, em bitola mista, dormente de madeira, com separação e empilhamento","un",{"v":2633.65,"d":"2,633.65"},{"$nulls":4},{"v":3207.86,"d":"3,207.86"}]
[2809171,"Demolição de AMV 1:12 TR 37, em bitola métrica, dormente de madeira, com separação e empilhamento","un",{"v":1780.27,"d":"1,780.27"},{"$nulls":4},{"v":2168.42,"d":"2,168.42"}]
[2809184,"Demolição de AMV 1:12 TR 45, em bitola larga, dormente de madeira, com separação e empilhamento","un",{"v":2576.76,"d":"2,576.76"},{"$nulls":4},{"v":3138.56,"d":"3,138.56"}]
[2809175,"Demolição de AMV 1:12 TR 45, em bitola métrica, dormente de madeira, com separação e empilhamento","un",{"v":1865.94,"d":"1,865.94"},{"$nulls":4},{"v":2272.77,"d":"2,272.77"}]
[2809197,"Demolição de AMV 1:12 TR 45, em bitola mista, dormente de madeira, com separação e empilhamento","un",{"v":2704.59,"d":"2,704.59"},{"$nulls":4},{"v":3294.26,"d":"3,294.26"}]
[2809188,"Demolição de AMV 1:12 TR 57, em bitola larga, dormente de madeira, com separação e empilhamento","un",{"v":2705.48,"d":"2,705.48"},{"$nulls":4},{"v":3295.35,"d":"3,295.35"}]
[2809179,"Demolição de AMV 1:12 TR 57, em bitola métrica, dormente de madeira, com separação e empilhamento","un",{"v":1994.32,"d":"1,994.32"},{"$nulls":4},{"v":2429.14,"d":"2,429.14"}]
[2809201,"Demolição de AMV 1:12 TR 57, em bitola mista, dormente de madeira, com separação e empilhamento","un",{"v":2838.64,"d":"2,838.64"},{"$nulls":4},{"v":3457.54,"d":"3,457.54"}]
[2809192,"Demolição de AMV 1:12 TR 68, em bitola larga, dormente de madeira, com separação e empilhamento","un",{"v":2823.54,"d":"2,823.54"},{"$nulls":4},{"v":3439.15,"d":"3,439.15"}]
[2809205,"Demolição de AMV 1:12 TR 68, em bitola mista, dormente de madeira, com separação e empilhamento","un",{"v":2961.36,"d":"2,961.36"},{"$nulls":4},{"v":3607.01,"d":"3,607.01"}]
[2809172,"Demolição de AMV 1:14 TR 37, em bitola métrica, dormente de madeira, com separação e empilhamento","un",{"v":2081.05,"d":"2,081.05"},{"$nulls":4},{"v":2534.78,"d":"2,534.78"}]
[2809185,"Demolição de AMV 1:14 TR 45, em bitola larga, dormente de madeira, com separação e empilhamento","un",{"v":2966.34,"d":"2,966.34"},{"$nulls":4},{"v":3613.08,"d":"3,613.08"}]
[2809176,"Demolição de AMV 1:14 TR 45, em bitola métrica, dormente de madeira, com separação e empilhamento","un",{"v":2175.29,"d":"2,175.29"},{"$nulls":4},{"v":2649.56,"d":"2,649.56"}]
[2809198,"Demolição de AMV 1:14 TR 45, em bitola mista, dormente de madeira, com separação e empilhamento","un",{"v":3109.31,"d":"3,109.31"},{"$nulls":4},{"v":3787.22,"d":"3,787.22"}]
[2809189,"Demolição de AMV 1:14 TR 57, em bitola larga, dormente de madeira, com separação e empilhamento","un",{"v":3107.94,"d":"3,107.94"},{"$nulls":4},{"v":3785.56,"d":"3,785.56"}]
[2809180,"Demolição de AMV 1:14 TR 57, em bitola métrica, dormente de madeira, com separação e empilhamento","un",{"v":2316.51,"d":"2,316.51"},{"$nulls":4},{"v":2821.57,"d":"2,821.57"}]
[2809202,"Demolição de AMV 1:14 TR 57, em bitola mista, dormente de madeira, com separação e empilhamento","un",{"v":3256.77,"d":"3,256.77"},{"$nulls":4},{"v":3966.83,"d":"3,966.83"}]
[2809193,"Demolição de AMV 1:14 TR 68, em bitola larga, dormente de madeira, com separação e empilhamento","un",{"v":3237.8,"d":"3,237.80"},{"$nulls":4},{"v":3943.73,"d":"3,943.73"}]
[2809206,"Demolição de AMV 1:14 TR 68, em bitola mista, dormente de madeira, com separação e empilhamento","un",{"v":3391.76,"d":"3,391.76"},{"$nulls":4},{"v":4131.25,"d":"4,131.25"}]
[2809190,"Demolição de AMV 1:20 TR 57, em bitola larga, dormente de madeira, com separação e empilhamento","un",{"v":4024.91,"d":"4,024.91"},{"$nulls":4},{"v":4902.45,"d":"4,902.45"}]
[2809181,"Demolição de AMV 1:20 TR 57, em bitola métrica, dormente de madeira, com separação e empilhamento","un",{"v":2847.29,"d":"2,847.29"},{"$nulls":4},{"v":3468.07,"d":"3,468.07"}]
[2809203,"Demolição de AMV 1:20 TR 57, em bitola mista, dormente de madeira, com separação e empilhamento","un",{"v":4204.8,"d":"4,204.80"},{"$nulls":4},{"v":5121.56,"d":"5,121.56"}]
[2809194,"Demolição de AMV 1:20 TR 68, em bitola larga, dormente de madeira, com separação e empilhamento","un",{"v":4180.75,"d":"4,180.75"},{"$nulls":4},{"v":5092.26,"d":"5,092.26"}]
[2809207,"Demolição de AMV 1:20 TR 68, em bitola mista, dormente de madeira, com separação e empilhamento","un",{"v":4366.79,"d":"4,366.79"},{"$nulls":4},{"v":5318.87,"d":"5,318.87"}]
[2809169,"Demolição de AMV 1:8 TR 37, em bitola métrica, dormente de madeira, com separação e empilhamento","un",{"v":1356.46,"d":"1,356.46"},{"$nulls":4},{"v":1652.2,"d":"1,652.20"}]
[2809182,"Demolição de AMV 1:8 TR 45, em bitola larga, dormente de madeira, com separação e empilhamento","un",{"v":1881.59,"d":"1,881.59"},{"$nulls":4},{"v":2291.83,"d":"2,291.83"}]
[2809173,"Demolição de AMV 1:8 TR 45, em bitola métrica, dormente de madeira, com separação e empilhamento","un",{"v":1427.26,"d":"1,427.26"},{"$nulls":4},{"v":1738.44,"d":"1,738.44"}]
[2809195,"Demolição de AMV 1:8 TR 45, em bitola mista, dormente de madeira, com separação e empilhamento","un",{"v":1968.27,"d":"1,968.27"},{"$nulls":4},{"v":2397.4,"d":"2,397.40"}]
[2809186,"Demolição de AMV 1:8 TR 57, em bitola larga, dormente de madeira, com separação e empilhamento","un",{"v":1987.98,"d":"1,987.98"},{"$nulls":4},{"v":2421.41,"d":"2,421.41"}]
[2809177,"Demolição de AMV 1:8 TR 57, em bitola métrica, dormente de madeira, com separação e empilhamento","un",{"v":1533.36,"d":"1,533.36"},{"$nulls":4},{"v":1867.67,"d":"1,867.67"}]
[2809199,"Demolição de AMV 1:8 TR 57, em bitola mista, dormente de madeira, com separação e empilhamento","un",{"v":2079.05,"d":"2,079.05"},{"$nulls":4},{"v":2532.34,"d":"2,532.34"}]
[2809219,"Demolição de via, bitola larga, 1.667 dormentes de madeira/km, trilho TR 45, barra com 12 m de comprimento, com separação e empilhamento","km",{"v":19012.27,"d":"19,012.27"},{"$nulls":4},{"v":23157.46,"d":"23,157.46"}]
[2809220,"Demolição de via, bitola larga, 1.667 dormentes de madeira/km, trilho TR 57, barra com 12 m de comprimento, com separação e empilhamento","km",{"v":20224.78,"d":"20,224.78"},{"$nulls":4},{"v":24634.33,"d":"24,634.33"}]
[2809221,"Demolição de via, bitola larga, 1.667 dormentes de madeira/km, trilho TR 68, barra com 12 m de comprimento, com separação e empilhamento","km",{"v":20820.11,"d":"20,820.11"},{"$nulls":4},{"v":25359.45,"d":"25,359.45"}]
[2809163,"Demolição de via, bitola larga, 1.750 dormentes de madeira/km, trilho TR 45, barra com 12 m de comprimento, com separação e empilhamento","km",{"v":19851.65,"d":"19,851.65"},{"$nulls":4},{"v":24179.84,"d":"24,179.84"}]
[2809164,"Demolição de via, bitola larga, 1.750 dormentes de madeira/km, trilho TR 57, barra com 12 m de comprimento, com separação e empilhamento","km",{"v":21108.6,"d":"21,108.60"},{"$nulls":4},{"v":25710.84,"d":"25,710.84"}]
[2809165,"Demolição de via, bitola larga, 1.750 dormentes de madeira/km, trilho TR 68, barra com 12 m de comprimento, com separação e empilhamento","km",{"v":21720.65,"d":"21,720.65"},{"$nulls":4},{"v":26456.33,"d":"26,456.33"}]
[2809216,"Demolição de via, bitola métrica, 1.667 dormentes de madeira/km, trilho TR 37, barra com 12 m de comprimento, com separação e empilhamento","km",{"v":17692.3,"d":"17,692.30"},{"$nulls":4},{"v":21549.69,"d":"21,549.69"}]
[2809217,"Demolição de via, bitola métrica, 1.667 dormentes de madeira/km, trilho TR 45, barra com 12 m de comprimento, com separação e empilhamento","km",{"v":18007.16,"d":"18,007.16"},{"$nulls":4},{"v":21933.2,"d":"21,933.20"}]
[2809218,"Demolição de via, bitola métrica, 1.667 dormentes de madeira/km, trilho TR 57, barra com 12 m de comprimento, com separação e empilhamento","km",{"v":19213.1,"d":"19,213.10"},{"$nulls":4},{"v":23402.07,"d":"23,402.07"}]
[2809160,"Demolição de via, bitola métrica, 1.750 dormentes de madeira/km, trilho TR 37, barra com 12 m de comprimento, com separação e empilhamento","km",{"v":18480.14,"d":"18,480.14"},{"$nulls":4},{"v":22509.31,"d":"22,509.31"}]
[2809161,"Demolição de via, bitola métrica, 1.750 dormentes de madeira/km, trilho TR 45, barra com 12 m de comprimento, com separação e empilhamento","km",{"v":18797.27,"d":"18,797.27"},{"$nulls":4},{"v":22895.58,"d":"22,895.58"}]
[2809162,"Demolição de via, bitola métrica, 1.750 dormentes de madeira/km, trilho TR 57, barra com 12 m de comprimento, com separação e empilhamento","km",{"v":20047.53,"d":"20,047.53"},{"$nulls":4},{"v":24418.43,"d":"24,418.43"}]
[2809222,"Demolição de via, bitola mista, 1.667 dormentes de madeira/km, trilho TR 45, barra com 12 m de comprimento, com separação e empilhamento","km",{"v":17320,"d":"17,320.00"},{"$nulls":4},{"v":21096.23,"d":"21,096.23"}]
[2809223,"Demolição de via, bitola mista, 1.667 dormentes de madeira/km, trilho TR 57, barra com 12 m de comprimento, com separação e empilhamento","km",{"v":22178.31,"d":"22,178.31"},{"$nulls":4},{"v":27013.77,"d":"27,013.77"}]
[2809224,"Demolição de via, bitola mista, 1.667 dormentes de madeira/km, trilho TR 68, barra com 12 m de comprimento, com separação e empilhamento","km",{"v":23071.3,"d":"23,071.30"},{"$nulls":4},{"v":28101.46,"d":"28,101.46"}]
[2809166,"Demolição de via, bitola mista, 1.750 dormentes de madeira/km, trilho TR 45, barra com 12 m de comprimento, com separação e empilhamento","km",{"v":18023.56,"d":"18,023.56"},{"$nulls":4},{"v":21953.18,"d":"21,953.18"}]
[2809167,"Demolição de via, bitola mista, 1.750 dormentes de madeira/km, trilho TR 57, barra com 12 m de comprimento, com separação e empilhamento","km",{"v":23120.02,"d":"23,120.02"},{"$nulls":4},{"v":28160.8,"d":"28,160.80"}]
[2809168,"Demolição de via, bitola mista, 1.750 dormentes de madeira/km, trilho TR 68, barra com 12 m de comprimento, com separação e empilhamento","km",{"v":24038.09,"d":"24,038.09"},{"$nulls":4},{"v":29279.04,"d":"29,279.04"}]
[2909152,"Aferição da geometria da via com carro controle","km",92.26,{"$nulls":4},112.37]
[2909153,"Capina química da plataforma ferroviária","km",127.34,{"$nulls":4},{"v":155.1,"d":"155.10"}]
[2909151,"Estabilização dinâmica da via","km",51.19,{"$nulls":4},62.35]
[2909145,"Nivelamento de junta com socaria manual da via","un",8.51,{"$nulls":4},10.37]
[2909379,"Nivelamento de via com grupo gerador/vibrador e levante de até 10 cm - bitola métrica ou larga com dormente de madeira ou concreto e taxa de dormentação de 1.667 un/km","km",{"v":4738.04,"d":"4,738.04"},{"$nulls":4},{"v":5771.06,"d":"5,771.06"}]
[2909381,"Nivelamento de via com grupo gerador/vibrador e levante de até 10 cm - bitola métrica ou larga com dormente de madeira ou concreto e taxa de dormentação de 1.750 un/km","km",{"v":4957.93,"d":"4,957.93"},{"$nulls":4},{"v":6038.89,"d":"6,038.89"}]
[2909380,"Nivelamento de via com grupo gerador/vibrador e levante de até 10 cm - bitola mista com dormente de madeira ou concreto e taxa de dormentação de 1.667 un/km","km",{"v":6944.45,"d":"6,944.45"},{"$nulls":4},{"v":8458.53,"d":"8,458.53"}]
[2909382,"Nivelamento de via com grupo gerador/vibrador e levante de até 10 cm - bitola mista com dormente de madeira ou concreto e taxa de dormentação de 1.750 un/km","km",{"v":7273.53,"d":"7,273.53"},{"$nulls":4},{"v":8859.36,"d":"8,859.36"}]
[2909375,"Nivelamento de via com socaria manual e levante de até 10 cm - bitola métrica ou larga com dormente de madeira ou concreto e taxa de dormentação de 1.667 un/km","km",{"v":7599.88,"d":"7,599.88"},{"$nulls":4},{"v":9256.86,"d":"9,256.86"}]
[2909377,"Nivelamento de via com socaria manual e levante de até 10 cm - bitola métrica ou larga com dormente de madeira ou concreto e taxa de dormentação de 1.750 un/km","km",{"v":7954.79,"d":"7,954.79"},{"$nulls":4},{"v":9689.15,"d":"9,689.15"}]
[2909376,"Nivelamento de via com socaria manual e levante de até 10 cm - bitola mista com dormente de madeira ou concreto e taxa de dormentação de 1.667 un/km","km",{"v":11162.42,"d":"11,162.42"},{"$nulls":4},{"v":13596.13,"d":"13,596.13"}]
[2909378,"Nivelamento de via com socaria manual e levante de até 10 cm - bitola mista com dormente de madeira ou concreto e taxa de dormentação de 1.750 un/km","km",{"v":11699.08,"d":"11,699.08"},{"$nulls":4},{"v":14249.79,"d":"14,249.79"}]
[2909383,"Nivelamento e alinhamento de via com socadora automática e levante de até 10 cm - qualquer bitola ou dormente e taxa de dormentação de 1.667 un/km","km",{"v":4492.65,"d":"4,492.65"},{"$nulls":4},{"v":5472.17,"d":"5,472.17"}]
[2909384,"Nivelamento e alinhamento de via com socadora automática e levante de até 10 cm - qualquer bitola ou dormente e taxa de dormentação de 1.750 un/km","km",{"v":4716.36,"d":"4,716.36"},{"$nulls":4},{"v":5744.65,"d":"5,744.65"}]
[2909148,"Regularização do lastro com reguladora de lastro","km",357.36,{"$nulls":4},435.27]
[3009336,"Alívio de tensão, com martelo de bronze, em TLS com 120 de comprimento de TR45, taxa de dormentação de 1.667 un/km, para qualquer bitola e fixação elástica","un",77.08,{"$nulls":4},93.88]
[3009337,"Alívio de tensão, com martelo de bronze, em TLS com 120 de comprimento de TR45, taxa de dormentação de 1.750 un/km, para qualquer bitola e fixação elástica","un",79.12,{"$nulls":4},96.37]
[3009340,"Alívio de tensão, com martelo de bronze, em TLS com 120 de comprimento de TR57, taxa de dormentação de 1.667 un/km, para qualquer bitola e fixação elástica","un",{"v":147.4,"d":"147.40"},{"$nulls":4},179.54]
[3009341,"Alívio de tensão, com martelo de bronze, em TLS com 120 de comprimento de TR57, taxa de dormentação de 1.750 un/km, para qualquer bitola e fixação elástica","un",151.48,{"$nulls":4},184.51]
[3009344,"Alívio de tensão, com martelo de bronze, em TLS com 120 de comprimento de TR68, taxa de dormentação de 1.667 un/km, para qualquer bitola e fixação elástica","un",77.41,{"$nulls":4},94.29]
[3009345,"Alívio de tensão, com martelo de bronze, em TLS com 120 de comprimento de TR68, taxa de dormentação de 1.750 un/km, para qualquer bitola e fixação elástica","un",79.46,{"$nulls":4},96.78]
[3009348,"Alívio de tensão, com martelo de bronze, em TLS com 120 de comprimento de UIC60, taxa de dormentação de 1.667 un/km, para qualquer bitola e fixação elástica","un",147.44,{"$nulls":4},179.59]
[3009349,"Alívio de tensão, com martelo de bronze, em TLS com 120 de comprimento de UIC60, taxa de dormentação de 1.750 un/km, para qualquer bitola e fixação elástica","un",151.52,{"$nulls":4},184.56]
[3009338,"Alívio de tensão, com martelo de bronze, em TLS com 240 de comprimento de TR45, taxa de dormentação de 1.667 un/km, para qualquer bitola e fixação elástica","un",77.08,{"$nulls":4},93.88]
[3009339,"Alívio de tensão, com martelo de bronze, em TLS com 240 de comprimento de TR45, taxa de dormentação de 1.750 un/km, para qualquer bitola e fixação elástica","un",79.12,{"$nulls":4},96.37]
[3009342,"Alívio de tensão, com martelo de bronze, em TLS com 240 de comprimento de TR57, taxa de dormentação de 1.667 un/km, para qualquer bitola e fixação elástica","un",{"v":147.4,"d":"147.40"},{"$nulls":4},179.54]
[3009343,"Alívio de tensão, com martelo de bronze, em TLS com 240 de comprimento de TR57, taxa de dormentação de 1.750 un/km, para qualquer bitola e fixação elástica","un",151.48,{"$nulls":4},184.51]
[3009346,"Alívio de tensão, com martelo de bronze, em TLS com 240 de comprimento de TR68, taxa de dormentação de 1.667 un/km, para qualquer bitola e fixação elástica","un",77.41,{"$nulls":4},94.29]
[3009347,"Alívio de tensão, com martelo de bronze, em TLS com 240 de comprimento de TR68, taxa de dormentação de 1.750 un/km, para qualquer bitola e fixação elástica","un",79.46,{"$nulls":4},96.78]
[3009350,"Alívio de tensão, com martelo de bronze, em TLS com 240 de comprimento de UIC60, taxa de dormentação de 1.667 un/km, para qualquer bitola e fixação elástica","un",147.44,{"$nulls":4},179.59]
[3009351,"Alívio de tensão, com martelo de bronze, em TLS com 240 de comprimento de UIC60, taxa de dormentação de 1.750 un/km, para qualquer bitola e fixação elástica","un",151.52,{"$nulls":4},184.56]
[3009080,"Colocação manual de grampo elástico Pandrol","un",0.11,{"$nulls":4},0.14]
[3009075,"Colocação manual de retensor para trilho TR45","un",35.71,{"$nulls":4},43.49]
[3009076,"Colocação manual de retensor para trilho TR57","un",37.09,{"$nulls":4},45.18]
[3009077,"Colocação manual de retensor para trilho TR68","un",38.28,{"$nulls":4},46.63]
[3009078,"Colocação manual de retensor para trilho UIC60","un",{"v":39.4,"d":"39.40"},{"$nulls":4},47.99]
[3009087,"Colocação mecanizada de grampo elástico Pandrol","un",0.07,{"$nulls":4},0.09]
[3009085,"Contratrilho TR45, comprimento de 12 m, sobre dormente de madeira, taxa de dormentação de 1.750 un/km, tala de junção de 6 furos e fixação rígida - posicionamento e assentamento manual","m",{"v":1386.73,"d":"1,386.73"},{"$nulls":4},{"v":1689.07,"d":"1,689.07"}]
[3009086,"Contratrilho TR57, comprimento de 12 m, sobre dormente de madeira, taxa de dormentação de 1.750 un/km, tala de junção de 6 furos e fixação rígida - posicionamento e assentamento manual","m",{"v":1735.63,"d":"1,735.63"},{"$nulls":4},{"v":2114.04,"d":"2,114.04"}]
[3009089,"Contratrilho TR68, comprimento de 12 m, sobre dormente de madeira, taxa de dormentação de 1.750 un/km, tala de junção de 6 furos e fixação rígida - posicionamento e assentamento manual","m",{"v":2042.5,"d":"2,042.50"},{"$nulls":4},{"v":2487.82,"d":"2,487.82"}]
[3009090,"Contratrilho UIC60, comprimento de 12 m, sobre dormente de madeira, taxa de dormentação de 1.750 un/km, tala de junção de 6 furos e fixação rígida - posicionamento e assentamento manual","m",{"v":1938.09,"d":"1,938.09"},{"$nulls":4},{"v":2360.65,"d":"2,360.65"}]
[3009004,"Dormente de concreto monobloco protendido bitola larga - confecção","un",339.84,{"$nulls":4},413.94]
[3009002,"Dormente de concreto monobloco protendido bitola métrica - confecção","un",257.57,{"$nulls":4},313.73]
[3009006,"Dormente de concreto monobloco protendido bitola mista - confecção","un",470.84,{"$nulls":4},573.49]
[3009335,"Dormente de concreto monobloco protendido para AMV bitola larga ou mista - confecção","un",889.13,{"$nulls":4},{"v":1082.99,"d":"1,082.99"}]
[3009334,"Dormente de concreto monobloco protendido para AMV bitola métrica - confecção","un",634.38,{"$nulls":4},772.69]
[3009280,"Dormente de concreto monobloco, bitola larga, taxa de dormentação de 1.667 un/km, fixação elástica Pandrol - posicionamento mecanizado com carregadeira","km",{"v":584856.49,"d":"584,856.49"},{"$nulls":4},{"v":712370.88,"d":"712,370.88"}]
[3009281,"Dormente de concreto monobloco, bitola larga, taxa de dormentação de 1.667 un/km, fixação elástica Pandrol - posicionamento mecanizado com pórtico","km",{"v":578643.3,"d":"578,643.30"},{"$nulls":4},{"v":704803.04,"d":"704,803.04"}]
[3009061,"Dormente de concreto monobloco, bitola larga, taxa de dormentação de 1.750 un/km, fixação elástica Pandrol - posicionamento mecanizado com carregadeira","km",{"v":613977.31,"d":"613,977.31"},{"$nulls":4},{"v":747840.82,"d":"747,840.82"}]
[3009062,"Dormente de concreto monobloco, bitola larga, taxa de dormentação de 1.750 un/km, fixação elástica Pandrol - posicionamento mecanizado com pórtico","km",{"v":607453.93,"d":"607,453.93"},{"$nulls":4},{"v":739895.16,"d":"739,895.16"}]
[3009278,"Dormente de concreto monobloco, bitola métrica, taxa de dormentação de 1.667 un/km, fixação elástica Pandrol - posicionamento mecanizado com carregadeira","km",{"v":443816.48,"d":"443,816.48"},{"$nulls":4},{"v":540580.36,"d":"540,580.36"}]
[3009279,"Dormente de concreto monobloco, bitola métrica, taxa de dormentação de 1.667 un/km, fixação elástica Pandrol - posicionamento mecanizado com pórtico","km",{"v":439353.75,"d":"439,353.75"},{"$nulls":4},{"v":535144.64,"d":"535,144.64"}]
[3009059,"Dormente de concreto monobloco, bitola métrica, taxa de dormentação de 1.750 un/km, fixação elástica Pandrol - posicionamento mecanizado com carregadeira","km",{"v":465914.91,"d":"465,914.91"},{"$nulls":4},{"v":567496.84,"d":"567,496.84"}]
[3009060,"Dormente de concreto monobloco, bitola métrica, taxa de dormentação de 1.750 un/km, fixação elástica Pandrol - posicionamento mecanizado com pórtico","km",{"v":461229.15,"d":"461,229.15"},{"$nulls":4},{"v":561789.46,"d":"561,789.46"}]
[3009282,"Dormente de concreto monobloco, bitola mista, taxa de dormentação de 1.667 un/km, fixação elástica Pandrol - posicionamento mecanizado com carregadeira","km",{"v":803216.92,"d":"803,216.92"},{"$nulls":4},{"v":978339.73,"d":"978,339.73"}]
[3009283,"Dormente de concreto monobloco, bitola mista, taxa de dormentação de 1.667 un/km, fixação elástica Pandrol - posicionamento mecanizado com pórtico","km",{"v":797004.4,"d":"797,004.40"},{"$nulls":4},{"v":970772.72,"d":"970,772.72"}]
[3009063,"Dormente de concreto monobloco, bitola mista, taxa de dormentação de 1.750 un/km, fixação elástica Pandrol - posicionamento mecanizado com carregadeira","km",{"v":843209.91,"d":"843,209.91"},{"$nulls":4},{"v":1027052.27,"d":"1,027,052.27"}]
[3009064,"Dormente de concreto monobloco, bitola mista, taxa de dormentação de 1.750 un/km, fixação elástica Pandrol - posicionamento mecanizado com pórtico","km",{"v":836687.24,"d":"836,687.24"},{"$nulls":4},{"v":1019107.48,"d":"1,019,107.48"}]
[3009081,"Dormente de madeira para ponte, bitola métrica ou larga, para TR45, fixação rígida - posicionamento e assentamento mecanizado","un",711.11,{"$nulls":4},866.15]
[3009082,"Dormente de madeira para ponte, bitola métrica ou larga, para TR57, fixação rígida - posicionamento e assentamento mecanizado","un",847.12,{"$nulls":4},{"v":1031.81,"d":"1,031.81"}]
[3009083,"Dormente de madeira para ponte, bitola métrica ou larga, para TR68, fixação rígida - posicionamento e assentamento mecanizado","un",{"v":864.7,"d":"864.70"},{"$nulls":4},{"v":1053.23,"d":"1,053.23"}]
[3009084,"Dormente de madeira para ponte, bitola métrica ou larga, para UIC60, fixação rígida - posicionamento e assentamento mecanizado","un",868.53,{"$nulls":4},{"v":1057.89,"d":"1,057.89"}]
[3009070,"Dormente de madeira, bitola larga ou mista - posicionamento manual","un",407.86,{"$nulls":4},496.78]
[3009285,"Dormente de madeira, bitola larga ou mista, taxa de dormentação de 1.667 un/km - posicionamento mecanizado com carregadeira","km",{"v":664159.94,"d":"664,159.94"},{"$nulls":4},{"v":808964.61,"d":"808,964.61"}]
[3009072,"Dormente de madeira, bitola larga ou mista, taxa de dormentação de 1.750 un/km - posicionamento mecanizado com carregadeira","km",{"v":697229.29,"d":"697,229.29"},{"$nulls":4},{"v":849243.96,"d":"849,243.96"}]
[3009069,"Dormente de madeira, bitola métrica - posicionamento manual","un",247.87,{"$nulls":4},301.91]
[3009284,"Dormente de madeira, bitola métrica, taxa de dormentação de 1.667 un/km - posicionamento mecanizado com carregadeira","km",{"v":401249.4,"d":"401,249.40"},{"$nulls":4},{"v":488732.52,"d":"488,732.52"}]
[3009071,"Dormente de madeira, bitola métrica, taxa de dormentação de 1.750 un/km - posicionamento mecanizado com carregadeira","km",{"v":421228.42,"d":"421,228.42"},{"$nulls":4},{"v":513067.5,"d":"513,067.50"}]
[3009091,"Lançamento de lastro, 10 cm de altura, primeiro levante, descarga de pedra britada de caminhões","m³",156.76,{"$nulls":4},190.94]
[3009058,"Lubrificador de trilhos e de flanges de rodas","un",{"v":75691.69,"d":"75,691.69"},{"$nulls":4},{"v":92194.51,"d":"92,194.51"}]
[3009229,"Posicionamento mecanizado de trilhos","km",142.74,{"$nulls":4},173.86]
[3009132,"Pré-alinhamento manual da grade com dormente de madeira","km",{"v":1022.03,"d":"1,022.03"},{"$nulls":4},{"v":1244.86,"d":"1,244.86"}]
[3009133,"Pré-alinhamento mecanizado da grade","km",{"v":1247.04,"d":"1,247.04"},{"$nulls":4},{"v":1518.93,"d":"1,518.93"}]
[3009321,"Solda aluminotérmica para TR45 com cadinho descartável, executada no campo, para formação de trilho longo soldado (TLS)","un",{"v":1076.15,"d":"1,076.15"},{"$nulls":4},{"v":1310.78,"d":"1,310.78"}]
[3009322,"Solda aluminotérmica para TR57 com cadinho descartável, executada no campo, para formação de trilho longo soldado (TLS)","un",{"v":1083.31,"d":"1,083.31"},{"$nulls":4},{"v":1319.5,"d":"1,319.50"}]
[3009323,"Solda aluminotérmica para TR68 com cadinho descartável, executada no campo, para formação de trilho longo soldado (TLS)","un",{"v":1144.19,"d":"1,144.19"},{"$nulls":4},{"v":1393.66,"d":"1,393.66"}]
[3009324,"Solda aluminotérmica para UIC60 com cadinho descartável, executada no campo, para formação de trilho longo soldado (TLS)","un",{"v":1096.06,"d":"1,096.06"},{"$nulls":4},{"v":1335.03,"d":"1,335.03"}]
[3009096,"Solda elétrica por caldeamento para qualquer perfil de trilho, comprimento de 12 m, em estaleiro para formação de trilho longo soldado","un",204.58,{"$nulls":4},249.18]
[3009330,"Solda elétrica por caldeamento para trilho TR45, comprimento de até 24 m, em via com dormente de concreto para formação de barra ou trilho longo soldado","un",166.39,{"$nulls":4},202.67]
[3009326,"Solda elétrica por caldeamento para trilho TR45, comprimento de até 24 m, em via com dormente de madeira para formação de barra ou trilho longo soldado","un",171.05,{"$nulls":4},208.34]
[3009234,"Trilho TR45, comprimento de 12 m, sobre dormente de concreto, bitola métrica ou larga, taxa de dormentação de 1.667 un/km, tala de junção de 6 furos e fixação elástica Pandrol - posicionamento e assentamento manual","km",{"v":1444384.49,"d":"1,444,384.49"},{"$nulls":4},{"v":1759299.01,"d":"1,759,299.01"}]
[3009022,"Trilho TR45, comprimento de 12 m, sobre dormente de concreto, bitola métrica ou larga, taxa de dormentação de 1.750 un/km, tala de junção de 6 furos e fixação elástica Pandrol - posicionamento e assentamento manual","km",{"v":1450268.1,"d":"1,450,268.10"},{"$nulls":4},{"v":1766465.41,"d":"1,766,465.41"}]
[3009230,"Trilho TR45, comprimento de 12 m, sobre dormente de concreto, bitola mista, taxa de dormentação de 1.667 un/km, tala de junção de 6 furos e fixação elástica Pandrol - posicionamento e assentamento manual","km",{"v":2166704.59,"d":"2,166,704.59"},{"$nulls":4},{"v":2639104.25,"d":"2,639,104.25"}]
[3009018,"Trilho TR45, comprimento de 12 m, sobre dormente de concreto, bitola mista, taxa de dormentação de 1.750 un/km, tala de junção de 6 furos e fixação elástica Pandrol - posicionamento e assentamento manual","km",{"v":2175530,"d":"2,175,530.00"},{"$nulls":4},{"v":2649853.84,"d":"2,649,853.84"}]
[3009288,"Trilho TR45, comprimento de 12 m, sobre dormente de madeira, bitola métrica ou larga, taxa de dormentação de 1.667 un/km, tala de junção de 6 furos e fixação rígida - posicionamento e assentamento manual","km",{"v":1707167.43,"d":"1,707,167.43"},{"$nulls":4},{"v":2079375.67,"d":"2,079,375.67"}]
[3009013,"Trilho TR45, comprimento de 12 m, sobre dormente de madeira, bitola métrica ou larga, taxa de dormentação de 1.750 un/km, tala de junção de 6 furos e fixação rígida - posicionamento e assentamento manual","km",{"v":1725966.08,"d":"1,725,966.08"},{"$nulls":4},{"v":2102272.94,"d":"2,102,272.94"}]
[3009292,"Trilho TR45, comprimento de 12 m, sobre dormente de madeira, bitola mista, taxa de dormentação de 1.667 un/km, tala de junção de 6 furos e fixação rígida - posicionamento e assentamento manual","km",{"v":2560753.24,"d":"2,560,753.24"},{"$nulls":4},{"v":3119066.06,"d":"3,119,066.06"}]
[3009225,"Trilho TR45, comprimento de 12 m, sobre dormente de madeira, bitola mista, taxa de dormentação de 1.750 un/km, tala de junção de 6 furos e fixação rígida - posicionamento e assentamento manual","km",{"v":2588951.36,"d":"2,588,951.36"},{"$nulls":4},{"v":3153412.13,"d":"3,153,412.13"}]
[3009100,"Trilho TR45, comprimento de 120 m (TLS), formado por trilhos curtos de 12 m soldados por caldeamento - confecção em estaleiro","un",{"v":73551.56,"d":"73,551.56"},{"$nulls":4},{"v":89587.77,"d":"89,587.77"}]
[3009238,"Trilho TR45, comprimento de 120 m (TLS), sobre dormente de concreto, bitola métrica ou larga, taxa de dormentação de 1.667 un/km, tala de junção de 6 furos e fixação elástica Pandrol - posicionamento e assentamento mecanizado","km",{"v":1359606.07,"d":"1,359,606.07"},{"$nulls":4},{"v":1656036.63,"d":"1,656,036.63"}]
[3009304,"Trilho TR45, comprimento de 120 m (TLS), sobre dormente de concreto, bitola mista, taxa de dormentação de 1.667 un/km, tala de junção de 6 furos e fixação elástica Pandrol - posicionamento e assentamento mecanizado","km",{"v":2039337.43,"d":"2,039,337.43"},{"$nulls":4},{"v":2483967.64,"d":"2,483,967.64"}]
[3009030,"Trilho TR45, comprimento de 120 m (TLS), sobre dormente de concreto, bitola mista, taxa de dormentação de 1.750 un/km, tala de junção de 6 furos e fixação elástica Pandrol - posicionamento e assentamento mecanizado","km",{"v":2048156.6,"d":"2,048,156.60"},{"$nulls":4},{"v":2494709.62,"d":"2,494,709.62"}]
[3009254,"Trilho TR45, comprimento de 120 m (TLS), sobre dormente de madeira, bitola métrica ou larga, taxa de dormentação de 1.667 un/km, tala de junção de 6 furos e fixação elástica Pandrol - posicionamento e assentamento mecanizado","km",{"v":1741840.93,"d":"1,741,840.93"},{"$nulls":4},{"v":2121608.93,"d":"2,121,608.93"}]
[3009262,"Trilho TR45, comprimento de 120 m (TLS), sobre dormente de madeira, bitola métrica ou larga, taxa de dormentação de 1.667 un/km, tala de junção de 6 furos e fixação rígida - posicionamento e assentamento mecanizado","km",{"v":1621223.91,"d":"1,621,223.91"},{"$nulls":4},{"v":1974694.16,"d":"1,974,694.16"}]
[3009034,"Trilho TR45, comprimento de 120 m (TLS), sobre dormente de madeira, bitola métrica ou larga, taxa de dormentação de 1.750 un/km, tala de junção de 6 furos e fixação elástica Pandrol - posicionamento e assentamento mecanizado","km",{"v":1766973.45,"d":"1,766,973.45"},{"$nulls":4},{"v":2152221.01,"d":"2,152,221.01"}]
[3009042,"Trilho TR45, comprimento de 120 m (TLS), sobre dormente de madeira, bitola métrica ou larga, taxa de dormentação de 1.750 un/km, tala de junção de 6 furos e fixação rígida - posicionamento e assentamento mecanizado","km",{"v":1640350.76,"d":"1,640,350.76"},{"$nulls":4},{"v":1997991.18,"d":"1,997,991.18"}]
[3009270,"Trilho TR45, comprimento de 120 m (TLS), sobre dormente de madeira, bitola mista, taxa de dormentação de 1.667 un/km, tala de junção de 6 furos e fixação elástica Pandrol - posicionamento e assentamento mecanizado","km",{"v":2613307,"d":"2,613,307.00"},{"$nulls":4},{"v":3183077.95,"d":"3,183,077.95"}]
[3009050,"Trilho TR45, comprimento de 120 m (TLS), sobre dormente de madeira, bitola mista, taxa de dormentação de 1.750 un/km, tala de junção de 6 furos e fixação elástica Pandrol - posicionamento e assentamento mecanizado","km",{"v":2651036.86,"d":"2,651,036.86"},{"$nulls":4},{"v":3229033.94,"d":"3,229,033.94"}]
[3009101,"Trilho TR45, comprimento de 240 m (TLS), formado por trilhos curtos de 12 m soldados por caldeamento - confecção em estaleiro","un",{"v":147307.7,"d":"147,307.70"},{"$nulls":4},{"v":179424.72,"d":"179,424.72"}]
[3009246,"Trilho TR45, comprimento de 240 m (TLS), sobre dormente de concreto, bitola métrica ou larga, taxa de dormentação de 1.667 un/km, tala de junção de 6 furos e fixação elástica Pandrol - posicionamento e assentamento mecanizado","km",{"v":1355222.17,"d":"1,355,222.17"},{"$nulls":4},{"v":1650696.92,"d":"1,650,696.92"}]
[3009208,"Trilho TR45, comprimento de 240 m (TLS), sobre dormente de concreto, bitola métrica ou larga, taxa de dormentação de 1.750 un/km, tala de junção de 6 furos e fixação elástica Pandrol - posicionamento e assentamento mecanizado","km",{"v":1361101.77,"d":"1,361,101.77"},{"$nulls":4},{"v":1657858.43,"d":"1,657,858.43"}]
[3009308,"Trilho TR45, comprimento de 240 m (TLS), sobre dormente de concreto, bitola mista, taxa de dormentação de 1.667 un/km, tala de junção de 6 furos e fixação elástica Pandrol - posicionamento e assentamento mecanizado","km",{"v":2032762.62,"d":"2,032,762.62"},{"$nulls":4},{"v":2475959.34,"d":"2,475,959.34"}]
[3009212,"Trilho TR45, comprimento de 240 m (TLS), sobre dormente de concreto, bitola mista, taxa de dormentação de 1.750 un/km, tala de junção de 6 furos e fixação elástica Pandrol - posicionamento e assentamento mecanizado","km",{"v":2041582.03,"d":"2,041,582.03"},{"$nulls":4},{"v":2486701.62,"d":"2,486,701.62"}]
[3009258,"Trilho TR45, comprimento de 240 m (TLS), sobre dormente de madeira, bitola métrica ou larga, taxa de dormentação de 1.667 un/km, tala de junção de 6 furos e fixação elástica Pandrol - posicionamento e assentamento mecanizado","km",{"v":1737503.9,"d":"1,737,503.90"},{"$nulls":4},{"v":2116326.31,"d":"2,116,326.31"}]
[3009266,"Trilho TR45, comprimento de 240 m (TLS), sobre dormente de madeira, bitola métrica ou larga, taxa de dormentação de 1.667 un/km, tala de junção de 6 furos e fixação rígida - posicionamento e assentamento mecanizado","km",{"v":1616886.87,"d":"1,616,886.87"},{"$nulls":4},{"v":1969411.53,"d":"1,969,411.53"}]
[3009038,"Trilho TR45, comprimento de 240 m (TLS), sobre dormente de madeira, bitola métrica ou larga, taxa de dormentação de 1.750 un/km, tala de junção de 6 furos e fixação elástica Pandrol - posicionamento e assentamento mecanizado","km",{"v":1762636.41,"d":"1,762,636.41"},{"$nulls":4},{"v":2146938.38,"d":"2,146,938.38"}]
[3009046,"Trilho TR45, comprimento de 240 m (TLS), sobre dormente de madeira, bitola métrica ou larga, taxa de dormentação de 1.750 un/km, tala de junção de 6 furos e fixação rígida - posicionamento e assentamento mecanizado","km",{"v":1636013.73,"d":"1,636,013.73"},{"$nulls":4},{"v":1992708.56,"d":"1,992,708.56"}]
[3009274,"Trilho TR45, comprimento de 240 m (TLS), sobre dormente de madeira, bitola mista, taxa de dormentação de 1.667 un/km, tala de junção de 6 furos e fixação elástica Pandrol - posicionamento e assentamento mecanizado","km",{"v":2606802.55,"d":"2,606,802.55"},{"$nulls":4},{"v":3175155.36,"d":"3,175,155.36"}]
[3009054,"Trilho TR45, comprimento de 240 m (TLS), sobre dormente de madeira, bitola mista, taxa de dormentação de 1.750 un/km, tala de junção de 6 furos e fixação elástica Pandrol - posicionamento e assentamento mecanizado","km",{"v":2644532.42,"d":"2,644,532.42"},{"$nulls":4},{"v":3221111.35,"d":"3,221,111.35"}]
[3009235,"Trilho TR57, comprimento de 12 m, sobre dormente de concreto, bitola métrica ou larga, taxa de dormentação de 1.667 un/km, tala de junção de 6 furos e fixação elástica Pandrol - posicionamento e assentamento manual","km",{"v":1793621.62,"d":"1,793,621.62"},{"$nulls":4},{"v":2184679.2,"d":"2,184,679.20"}]
[3009023,"Trilho TR57, comprimento de 12 m, sobre dormente de concreto, bitola métrica ou larga, taxa de dormentação de 1.750 un/km, tala de junção de 6 furos e fixação elástica Pandrol - posicionamento e assentamento manual","km",{"v":1799334.9,"d":"1,799,334.90"},{"$nulls":4},{"v":2191638.12,"d":"2,191,638.12"}]
[3009231,"Trilho TR57, comprimento de 12 m, sobre dormente de concreto, bitola mista, taxa de dormentação de 1.667 un/km, tala de junção de 6 furos e fixação elástica Pandrol - posicionamento e assentamento manual","km",{"v":2688999.72,"d":"2,688,999.72"},{"$nulls":4},{"v":3275273.71,"d":"3,275,273.71"}]
[3009019,"Trilho TR57, comprimento de 12 m, sobre dormente de concreto, bitola mista, taxa de dormentação de 1.750 un/km, tala de junção de 6 furos e fixação elástica Pandrol - posicionamento e assentamento manual","km",{"v":2699513.48,"d":"2,699,513.48"},{"$nulls":4},{"v":3288079.76,"d":"3,288,079.76"}]
[3009289,"Trilho TR57, comprimento de 12 m, sobre dormente de madeira, bitola métrica ou larga, taxa de dormentação de 1.667 un/km, tala de junção de 6 furos e fixação rígida - posicionamento e assentamento manual","km",{"v":2282902.14,"d":"2,282,902.14"},{"$nulls":4},{"v":2780635.98,"d":"2,780,635.98"}]
[3009014,"Trilho TR57, comprimento de 12 m, sobre dormente de madeira, bitola métrica ou larga, taxa de dormentação de 1.750 un/km, tala de junção de 6 furos e fixação rígida - posicionamento e assentamento manual","km",{"v":2313214.9,"d":"2,313,214.90"},{"$nulls":4},{"v":2817557.73,"d":"2,817,557.73"}]
[3009293,"Trilho TR57, comprimento de 12 m, sobre dormente de madeira, bitola mista, taxa de dormentação de 1.667 un/km, tala de junção de 6 furos e fixação rígida - posicionamento e assentamento manual","km",{"v":3424355.38,"d":"3,424,355.38"},{"$nulls":4},{"v":4170956.61,"d":"4,170,956.61"}]
[3009226,"Trilho TR57, comprimento de 12 m, sobre dormente de madeira, bitola mista, taxa de dormentação de 1.750 un/km, tala de junção de 6 furos e fixação rígida - posicionamento e assentamento manual","km",{"v":3469824.75,"d":"3,469,824.75"},{"$nulls":4},{"v":4226339.52,"d":"4,226,339.52"}]
[3009102,"Trilho TR57, comprimento de 120 m (TLS), formado por trilhos curtos de 12 m soldados por caldeamento - confecção em estaleiro","un",{"v":93246.21,"d":"93,246.21"},{"$nulls":4},{"v":113576.38,"d":"113,576.38"}]
[3009297,"Trilho TR57, comprimento de 120 m (TLS), sobre dormente de concreto, bitola métrica ou larga, taxa de dormentação de 1.667 un/km, tala de junção de 6 furos e fixação elástica Pandrol - posicionamento e assentamento mecanizado","km",{"v":1689832.99,"d":"1,689,832.99"},{"$nulls":4},{"v":2058261.86,"d":"2,058,261.86"}]
[3009027,"Trilho TR57, comprimento de 120 m (TLS), sobre dormente de concreto, bitola métrica ou larga, taxa de dormentação de 1.750 un/km, tala de junção de 6 furos e fixação elástica Pandrol - posicionamento e assentamento mecanizado","km",{"v":1695712.52,"d":"1,695,712.52"},{"$nulls":4},{"v":2065423.29,"d":"2,065,423.29"}]
[3009305,"Trilho TR57, comprimento de 120 m (TLS), sobre dormente de concreto, bitola mista, taxa de dormentação de 1.667 un/km, tala de junção de 6 furos e fixação elástica Pandrol - posicionamento e assentamento mecanizado","km",{"v":2534677.71,"d":"2,534,677.71"},{"$nulls":4},{"v":3087305.37,"d":"3,087,305.37"}]
[3009031,"Trilho TR57, comprimento de 120 m (TLS), sobre dormente de concreto, bitola mista, taxa de dormentação de 1.750 un/km, tala de junção de 6 furos e fixação elástica Pandrol - posicionamento e assentamento mecanizado","km",{"v":2543496.87,"d":"2,543,496.87"},{"$nulls":4},{"v":3098047.35,"d":"3,098,047.35"}]
[3009255,"Trilho TR57, comprimento de 120 m (TLS), sobre dormente de madeira, bitola métrica ou larga, taxa de dormentação de 1.667 un/km, tala de junção de 6 furos e fixação elástica Pandrol - posicionamento e assentamento mecanizado","km",{"v":2167228.89,"d":"2,167,228.89"},{"$nulls":4},{"v":2639742.86,"d":"2,639,742.86"}]
[3009263,"Trilho TR57, comprimento de 120 m (TLS), sobre dormente de madeira, bitola métrica ou larga, taxa de dormentação de 1.667 un/km, tala de junção de 6 furos e fixação rígida - posicionamento e assentamento mecanizado","km",{"v":2178169.02,"d":"2,178,169.02"},{"$nulls":4},{"v":2653068.23,"d":"2,653,068.23"}]
[3009035,"Trilho TR57, comprimento de 120 m (TLS), sobre dormente de madeira, bitola métrica ou larga, taxa de dormentação de 1.750 un/km, tala de junção de 6 furos e fixação elástica Pandrol - posicionamento e assentamento mecanizado","km",{"v":2197099.47,"d":"2,197,099.47"},{"$nulls":4},{"v":2676126.03,"d":"2,676,126.03"}]
[3009043,"Trilho TR57, comprimento de 120 m (TLS), sobre dormente de madeira, bitola métrica ou larga, taxa de dormentação de 1.750 un/km, tala de junção de 6 furos e fixação rígida - posicionamento e assentamento mecanizado","km",{"v":2208584.18,"d":"2,208,584.18"},{"$nulls":4},{"v":2690114.71,"d":"2,690,114.71"}]
[3009271,"Trilho TR57, comprimento de 120 m (TLS), sobre dormente de madeira, bitola mista, taxa de dormentação de 1.667 un/km, tala de junção de 6 furos e fixação elástica Pandrol - posicionamento e assentamento mecanizado","km",{"v":3251388.83,"d":"3,251,388.83"},{"$nulls":4},{"v":3960278.72,"d":"3,960,278.72"}]
[3009051,"Trilho TR57, comprimento de 120 m (TLS), sobre dormente de madeira, bitola mista, taxa de dormentação de 1.750 un/km, tala de junção de 6 furos e fixação elástica Pandrol - posicionamento e assentamento mecanizado","km",{"v":3296225.81,"d":"3,296,225.81"},{"$nulls":4},{"v":4014891.36,"d":"4,014,891.36"}]
[3009103,"Trilho TR57, comprimento de 240 m (TLS), formado por trilhos curtos de 12 m soldados por caldeamento - confecção em estaleiro","un",{"v":186696.99,"d":"186,696.99"},{"$nulls":4},{"v":227401.94,"d":"227,401.94"}]
[3009247,"Trilho TR57, comprimento de 240 m (TLS), sobre dormente de concreto, bitola métrica ou larga, taxa de dormentação de 1.667 un/km, tala de junção de 6 furos e fixação elástica Pandrol - posicionamento e assentamento mecanizado","km",{"v":1684458.52,"d":"1,684,458.52"},{"$nulls":4},{"v":2051715.61,"d":"2,051,715.61"}]
[3009209,"Trilho TR57, comprimento de 240 m (TLS), sobre dormente de concreto, bitola métrica ou larga, taxa de dormentação de 1.750 un/km, tala de junção de 6 furos e fixação elástica Pandrol - posicionamento e assentamento mecanizado","km",{"v":1690338.12,"d":"1,690,338.12"},{"$nulls":4},{"v":2058877.12,"d":"2,058,877.12"}]
[3009309,"Trilho TR57, comprimento de 240 m (TLS), sobre dormente de concreto, bitola mista, taxa de dormentação de 1.667 un/km, tala de junção de 6 furos e fixação elástica Pandrol - posicionamento e assentamento mecanizado","km",{"v":2526617.34,"d":"2,526,617.34"},{"$nulls":4},{"v":3077487.62,"d":"3,077,487.62"}]
[3009213,"Trilho TR57, comprimento de 240 m (TLS), sobre dormente de concreto, bitola mista, taxa de dormentação de 1.750 un/km, tala de junção de 6 furos e fixação elástica Pandrol - posicionamento e assentamento mecanizado","km",{"v":2535436.74,"d":"2,535,436.74"},{"$nulls":4},{"v":3088229.89,"d":"3,088,229.89"}]
[3009259,"Trilho TR57, comprimento de 240 m (TLS), sobre dormente de madeira, bitola métrica ou larga, taxa de dormentação de 1.667 un/km, tala de junção de 6 furos e fixação elástica Pandrol - posicionamento e assentamento mecanizado","km",{"v":2161901.28,"d":"2,161,901.28"},{"$nulls":4},{"v":2633253.69,"d":"2,633,253.69"}]
[3009267,"Trilho TR57, comprimento de 240 m (TLS), sobre dormente de madeira, bitola métrica ou larga, taxa de dormentação de 1.667 un/km, tala de junção de 6 furos e fixação rígida - posicionamento e assentamento mecanizado","km",{"v":2172841.41,"d":"2,172,841.41"},{"$nulls":4},{"v":2646579.06,"d":"2,646,579.06"}]
[3009039,"Trilho TR57, comprimento de 240 m (TLS), sobre dormente de madeira, bitola métrica ou larga, taxa de dormentação de 1.750 un/km, tala de junção de 6 furos e fixação elástica Pandrol - posicionamento e assentamento mecanizado","km",{"v":2191771.86,"d":"2,191,771.86"},{"$nulls":4},{"v":2669636.86,"d":"2,669,636.86"}]
[3009047,"Trilho TR57, comprimento de 240 m (TLS), sobre dormente de madeira, bitola métrica ou larga, taxa de dormentação de 1.750 un/km, tala de junção de 6 furos e fixação rígida - posicionamento e assentamento mecanizado","km",{"v":2203256.57,"d":"2,203,256.57"},{"$nulls":4},{"v":2683625.54,"d":"2,683,625.54"}]
[3009275,"Trilho TR57, comprimento de 240 m (TLS), sobre dormente de madeira, bitola mista, taxa de dormentação de 1.667 un/km, tala de junção de 6 furos e fixação elástica Pandrol - posicionamento e assentamento mecanizado","km",{"v":3243398.82,"d":"3,243,398.82"},{"$nulls":4},{"v":3950546.68,"d":"3,950,546.68"}]
[3009055,"Trilho TR57, comprimento de 240 m (TLS), sobre dormente de madeira, bitola mista, taxa de dormentação de 1.750 un/km, tala de junção de 6 furos e fixação elástica Pandrol - posicionamento e assentamento mecanizado","km",{"v":3288235.79,"d":"3,288,235.79"},{"$nulls":4},{"v":4005159.31,"d":"4,005,159.31"}]
[3009236,"Trilho TR68, comprimento de 12 m, sobre dormente de concreto, bitola métrica ou larga, taxa de dormentação de 1.667 un/km, tala de junção de 6 furos e fixação elástica Pandrol - posicionamento e assentamento manual","km",{"v":2101677.78,"d":"2,101,677.78"},{"$nulls":4},{"v":2559899.85,"d":"2,559,899.85"}]
[3009024,"Trilho TR68, comprimento de 12 m, sobre dormente de concreto, bitola métrica ou larga, taxa de dormentação de 1.750 un/km, tala de junção de 6 furos e fixação elástica Pandrol - posicionamento e assentamento manual","km",{"v":2106128.56,"d":"2,106,128.56"},{"$nulls":4},{"v":2565321.02,"d":"2,565,321.02"}]
[3009232,"Trilho TR68, comprimento de 12 m, sobre dormente de concreto, bitola mista, taxa de dormentação de 1.667 un/km, tala de junção de 6 furos e fixação elástica Pandrol - posicionamento e assentamento manual","km",{"v":3149360.55,"d":"3,149,360.55"},{"$nulls":4},{"v":3836005.54,"d":"3,836,005.54"}]
[3009020,"Trilho TR68, comprimento de 12 m, sobre dormente de concreto, bitola mista, taxa de dormentação de 1.750 un/km, tala de junção de 6 furos e fixação elástica Pandrol - posicionamento e assentamento manual","km",{"v":3157887.87,"d":"3,157,887.87"},{"$nulls":4},{"v":3846392.05,"d":"3,846,392.05"}]
[3009290,"Trilho TR68, comprimento de 12 m, sobre dormente de madeira, bitola métrica ou larga, taxa de dormentação de 1.667 un/km, tala de junção de 6 furos e fixação rígida - posicionamento e assentamento manual","km",{"v":2619015.06,"d":"2,619,015.06"},{"$nulls":4},{"v":3190030.52,"d":"3,190,030.52"}]
[3009015,"Trilho TR68, comprimento de 12 m, sobre dormente de madeira, bitola métrica ou larga, taxa de dormentação de 1.750 un/km, tala de junção de 6 furos e fixação rígida - posicionamento e assentamento manual","km",{"v":2650787.63,"d":"2,650,787.63"},{"$nulls":4},{"v":3228730.36,"d":"3,228,730.36"}]
[3009294,"Trilho TR68, comprimento de 12 m, sobre dormente de madeira, bitola mista, taxa de dormentação de 1.667 un/km, tala de junção de 6 furos e fixação rígida - posicionamento e assentamento manual","km",{"v":3928524.76,"d":"3,928,524.76"},{"$nulls":4},{"v":4785048.43,"d":"4,785,048.43"}]
[3009227,"Trilho TR68, comprimento de 12 m, sobre dormente de madeira, bitola mista, taxa de dormentação de 1.750 un/km, tala de junção de 6 furos e fixação rígida - posicionamento e assentamento manual","km",{"v":3976183.83,"d":"3,976,183.83"},{"$nulls":4},{"v":4843098.45,"d":"4,843,098.45"}]
[3009104,"Trilho TR68, comprimento de 120 m (TLS), formado por trilhos curtos de 12 m soldados por caldeamento - confecção em estaleiro","un",{"v":110370.59,"d":"110,370.59"},{"$nulls":4},{"v":134434.34,"d":"134,434.34"}]
[3009240,"Trilho TR68, comprimento de 120 m (TLS), sobre dormente de concreto, bitola métrica ou larga, taxa de dormentação de 1.667 un/km, tala de junção de 6 furos e fixação elástica Pandrol - posicionamento e assentamento mecanizado","km",{"v":1977306.76,"d":"1,977,306.76"},{"$nulls":4},{"v":2408412.62,"d":"2,408,412.62"}]
[3009028,"Trilho TR68, comprimento de 120 m (TLS), sobre dormente de concreto, bitola métrica ou larga, taxa de dormentação de 1.750 un/km, tala de junção de 6 furos e fixação elástica Pandrol - posicionamento e assentamento mecanizado","km",{"v":1983186.3,"d":"1,983,186.30"},{"$nulls":4},{"v":2415574.05,"d":"2,415,574.05"}]
[3009306,"Trilho TR68, comprimento de 120 m (TLS), sobre dormente de concreto, bitola mista, taxa de dormentação de 1.667 un/km, tala de junção de 6 furos e fixação elástica Pandrol - posicionamento e assentamento mecanizado","km",{"v":2965888.28,"d":"2,965,888.28"},{"$nulls":4},{"v":3612531.4,"d":"3,612,531.40"}]
[3009032,"Trilho TR68, comprimento de 120 m (TLS), sobre dormente de concreto, bitola mista, taxa de dormentação de 1.750 un/km, tala de junção de 6 furos e fixação elástica Pandrol - posicionamento e assentamento mecanizado","km",{"v":2974707.44,"d":"2,974,707.44"},{"$nulls":4},{"v":3623273.38,"d":"3,623,273.38"}]
[3009256,"Trilho TR68, comprimento de 120 m (TLS), sobre dormente de madeira, bitola métrica ou larga, taxa de dormentação de 1.667 un/km, tala de junção de 6 furos e fixação elástica Pandrol - posicionamento e assentamento mecanizado","km",{"v":2506879.12,"d":"2,506,879.12"},{"$nulls":4},{"v":3053445.94,"d":"3,053,445.94"}]
[3009264,"Trilho TR68, comprimento de 120 m (TLS), sobre dormente de madeira, bitola métrica ou larga, taxa de dormentação de 1.667 un/km, tala de junção de 6 furos e fixação rígida - posicionamento e assentamento mecanizado","km",{"v":2494962.05,"d":"2,494,962.05"},{"$nulls":4},{"v":3038930.63,"d":"3,038,930.63"}]
[3009036,"Trilho TR68, comprimento de 120 m (TLS), sobre dormente de madeira, bitola métrica ou larga, taxa de dormentação de 1.750 un/km, tala de junção de 6 furos e fixação elástica Pandrol - posicionamento e assentamento mecanizado","km",{"v":2539347.57,"d":"2,539,347.57"},{"$nulls":4},{"v":3092993.39,"d":"3,092,993.39"}]
[3009044,"Trilho TR68, comprimento de 120 m (TLS), sobre dormente de madeira, bitola métrica ou larga, taxa de dormentação de 1.750 un/km, tala de junção de 6 furos e fixação rígida - posicionamento e assentamento mecanizado","km",{"v":2526837.02,"d":"2,526,837.02"},{"$nulls":4},{"v":3077755.2,"d":"3,077,755.20"}]
[3009272,"Trilho TR68, comprimento de 120 m (TLS), sobre dormente de madeira, bitola mista, taxa de dormentação de 1.667 un/km, tala de junção de 6 furos e fixação elástica Pandrol - posicionamento e assentamento mecanizado","km",{"v":3760864.09,"d":"3,760,864.09"},{"$nulls":4},{"v":4580833.24,"d":"4,580,833.24"}]
[3009052,"Trilho TR68, comprimento de 120 m (TLS), sobre dormente de madeira, bitola mista, taxa de dormentação de 1.750 un/km, tala de junção de 6 furos e fixação elástica Pandrol - posicionamento e assentamento mecanizado","km",{"v":3809597.87,"d":"3,809,597.87"},{"$nulls":4},{"v":4640192.29,"d":"4,640,192.29"}]
[3009105,"Trilho TR68, comprimento de 240 m (TLS), formado por trilhos curtos de 12 m soldados por caldeamento - confecção em estaleiro","un",{"v":220945.76,"d":"220,945.76"},{"$nulls":4},{"v":269117.86,"d":"269,117.86"}]
[3009248,"Trilho TR68, comprimento de 240 m (TLS), sobre dormente de concreto, bitola métrica ou larga, taxa de dormentação de 1.667 un/km, tala de junção de 6 furos e fixação elástica Pandrol - posicionamento e assentamento mecanizado","km",{"v":1970901.55,"d":"1,970,901.55"},{"$nulls":4},{"v":2400610.9,"d":"2,400,610.90"}]
[3009210,"Trilho TR68, comprimento de 240 m (TLS), sobre dormente de concreto, bitola métrica ou larga, taxa de dormentação de 1.750 un/km, tala de junção de 6 furos e fixação elástica Pandrol - posicionamento e assentamento mecanizado","km",{"v":1976781.15,"d":"1,976,781.15"},{"$nulls":4},{"v":2407772.41,"d":"2,407,772.41"}]
[3009310,"Trilho TR68, comprimento de 240 m (TLS), sobre dormente de concreto, bitola mista, taxa de dormentação de 1.667 un/km, tala de junção de 6 furos e fixação elástica Pandrol - posicionamento e assentamento mecanizado","km",{"v":2956282.06,"d":"2,956,282.06"},{"$nulls":4},{"v":3600830.77,"d":"3,600,830.77"}]
[3009214,"Trilho TR68, comprimento de 240 m (TLS), sobre dormente de concreto, bitola mista, taxa de dormentação de 1.750 un/km, tala de junção de 6 furos e fixação elástica Pandrol - posicionamento e assentamento mecanizado","km",{"v":2965101.47,"d":"2,965,101.47"},{"$nulls":4},{"v":3611573.04,"d":"3,611,573.04"}]
[3009260,"Trilho TR68, comprimento de 240 m (TLS), sobre dormente de madeira, bitola métrica ou larga, taxa de dormentação de 1.667 un/km, tala de junção de 6 furos e fixação elástica Pandrol - posicionamento e assentamento mecanizado","km",{"v":2500520.78,"d":"2,500,520.78"},{"$nulls":4},{"v":3045701.31,"d":"3,045,701.31"}]
[3009268,"Trilho TR68, comprimento de 240 m (TLS), sobre dormente de madeira, bitola métrica ou larga, taxa de dormentação de 1.667 un/km, tala de junção de 6 furos e fixação rígida - posicionamento e assentamento mecanizado","km",{"v":2488603.7,"d":"2,488,603.70"},{"$nulls":4},{"v":3031185.99,"d":"3,031,185.99"}]
[3009040,"Trilho TR68, comprimento de 240 m (TLS), sobre dormente de madeira, bitola métrica ou larga, taxa de dormentação de 1.750 un/km, tala de junção de 6 furos e fixação elástica Pandrol - posicionamento e assentamento mecanizado","km",{"v":2532989.22,"d":"2,532,989.22"},{"$nulls":4},{"v":3085248.75,"d":"3,085,248.75"}]
[3009048,"Trilho TR68, comprimento de 240 m (TLS), sobre dormente de madeira, bitola métrica ou larga, taxa de dormentação de 1.750 un/km, tala de junção de 6 furos e fixação rígida - posicionamento e assentamento mecanizado","km",{"v":2520478.67,"d":"2,520,478.67"},{"$nulls":4},{"v":3070010.56,"d":"3,070,010.56"}]
[3009276,"Trilho TR68, comprimento de 240 m (TLS), sobre dormente de madeira, bitola mista, taxa de dormentação de 1.667 un/km, tala de junção de 6 furos e fixação elástica Pandrol - posicionamento e assentamento mecanizado","km",{"v":3751328.23,"d":"3,751,328.23"},{"$nulls":4},{"v":4569218.31,"d":"4,569,218.31"}]
[3009056,"Trilho TR68, comprimento de 240 m (TLS), sobre dormente de madeira, bitola mista, taxa de dormentação de 1.750 un/km, tala de junção de 6 furos e fixação elástica Pandrol - posicionamento e assentamento mecanizado","km",{"v":3800062.01,"d":"3,800,062.01"},{"$nulls":4},{"v":4628577.36,"d":"4,628,577.36"}]
[3009237,"Trilho UIC60, comprimento de 12 m, sobre dormente de concreto, bitola métrica ou larga, taxa de dormentação de 1.667 un/km, tala de junção de 6 furos e fixação elástica Pandrol - posicionamento e assentamento manual","km",{"v":1997309.69,"d":"1,997,309.69"},{"$nulls":4},{"v":2432776.72,"d":"2,432,776.72"}]
[3009025,"Trilho UIC60, comprimento de 12 m, sobre dormente de concreto, bitola métrica ou larga, taxa de dormentação de 1.750 un/km, tala de junção de 6 furos e fixação elástica Pandrol - posicionamento e assentamento manual","km",{"v":2001845.64,"d":"2,001,845.64"},{"$nulls":4},{"v":2438301.63,"d":"2,438,301.63"}]
[3009319,"Trilho UIC60, comprimento de 12 m, sobre dormente de concreto, bitola mista, taxa de dormentação de 1.667 un/km, tala de junção de 6 furos e fixação elástica Pandrol - posicionamento e assentamento manual","km",{"v":2994454.18,"d":"2,994,454.18"},{"$nulls":4},{"v":3647325.43,"d":"3,647,325.43"}]
[3009021,"Trilho UIC60, comprimento de 12 m, sobre dormente de concreto, bitola mista, taxa de dormentação de 1.750 un/km, tala de junção de 6 furos e fixação elástica Pandrol - posicionamento e assentamento manual","km",{"v":3001506.07,"d":"3,001,506.07"},{"$nulls":4},{"v":3655914.82,"d":"3,655,914.82"}]
[3009291,"Trilho UIC60, comprimento de 12 m, sobre dormente de madeira, bitola métrica ou larga, taxa de dormentação de 1.667 un/km, tala de junção de 6 furos e fixação rígida - posicionamento e assentamento manual","km",{"v":2521032.02,"d":"2,521,032.02"},{"$nulls":4},{"v":3070684.56,"d":"3,070,684.56"}]
[3009016,"Trilho UIC60, comprimento de 12 m, sobre dormente de madeira, bitola métrica ou larga, taxa de dormentação de 1.750 un/km, tala de junção de 6 furos e fixação rígida - posicionamento e assentamento manual","km",{"v":2553122.5,"d":"2,553,122.50"},{"$nulls":4},{"v":3109771.62,"d":"3,109,771.62"}]
[3009295,"Trilho UIC60, comprimento de 12 m, sobre dormente de madeira, bitola mista, taxa de dormentação de 1.667 un/km, tala de junção de 6 furos e fixação rígida - posicionamento e assentamento manual","km",{"v":3781550.2,"d":"3,781,550.20"},{"$nulls":4},{"v":4606029.48,"d":"4,606,029.48"}]
[3009228,"Trilho UIC60, comprimento de 12 m, sobre dormente de madeira, bitola mista, taxa de dormentação de 1.750 un/km, tala de junção de 6 furos e fixação rígida - posicionamento e assentamento manual","km",{"v":3829686.15,"d":"3,829,686.15"},{"$nulls":4},{"v":4664660.35,"d":"4,664,660.35"}]
[3009106,"Trilho UIC60, comprimento de 120 m (TLS), formado por trilhos curtos de 12 m soldados por caldeamento - confecção em estaleiro","un",{"v":104730.91,"d":"104,730.91"},{"$nulls":4},{"v":127565.05,"d":"127,565.05"}]
[3009299,"Trilho UIC60, comprimento de 120 m (TLS), sobre dormente de concreto, bitola métrica ou larga, taxa de dormentação de 1.667 un/km, tala de junção de 6 furos e fixação elástica Pandrol - posicionamento e assentamento mecanizado","km",{"v":1882311.9,"d":"1,882,311.90"},{"$nulls":4},{"v":2292706.33,"d":"2,292,706.33"}]
[3009029,"Trilho UIC60, comprimento de 120 m (TLS), sobre dormente de concreto, bitola métrica ou larga, taxa de dormentação de 1.750 un/km, tala de junção de 6 furos e fixação elástica Pandrol - posicionamento e assentamento mecanizado","km",{"v":1888191.43,"d":"1,888,191.43"},{"$nulls":4},{"v":2299867.76,"d":"2,299,867.76"}]
[3009245,"Trilho UIC60, comprimento de 120 m (TLS), sobre dormente de concreto, bitola mista, taxa de dormentação de 1.667 un/km, tala de junção de 6 furos e fixação elástica Pandrol - posicionamento e assentamento mecanizado","km",{"v":2823396.02,"d":"2,823,396.02"},{"$nulls":4},{"v":3438972.01,"d":"3,438,972.01"}]
[3009033,"Trilho UIC60, comprimento de 120 m (TLS), sobre dormente de concreto, bitola mista, taxa de dormentação de 1.750 un/km, tala de junção de 6 furos e fixação elástica Pandrol - posicionamento e assentamento mecanizado","km",{"v":2832215.19,"d":"2,832,215.19"},{"$nulls":4},{"v":3449713.99,"d":"3,449,713.99"}]
[3009257,"Trilho UIC60, comprimento de 120 m (TLS), sobre dormente de madeira, bitola métrica ou larga, taxa de dormentação de 1.667 un/km, tala de junção de 6 furos e fixação elástica Pandrol - posicionamento e assentamento mecanizado","km",{"v":2409478.59,"d":"2,409,478.59"},{"$nulls":4},{"v":2934809.49,"d":"2,934,809.49"}]
[3009265,"Trilho UIC60, comprimento de 120 m (TLS), sobre dormente de madeira, bitola métrica ou larga, taxa de dormentação de 1.667 un/km, tala de junção de 6 furos e fixação rígida - posicionamento e assentamento mecanizado","km",{"v":2406352.24,"d":"2,406,352.24"},{"$nulls":4},{"v":2931001.51,"d":"2,931,001.51"}]
[3009037,"Trilho UIC60, comprimento de 120 m (TLS), sobre dormente de madeira, bitola métrica ou larga, taxa de dormentação de 1.750 un/km, tala de junção de 6 furos e fixação elástica Pandrol - posicionamento e assentamento mecanizado","km",{"v":2441827.26,"d":"2,441,827.26"},{"$nulls":4},{"v":2974211.04,"d":"2,974,211.04"}]
[3009045,"Trilho UIC60, comprimento de 120 m (TLS), sobre dormente de madeira, bitola métrica ou larga, taxa de dormentação de 1.750 un/km, tala de junção de 6 furos e fixação rígida - posicionamento e assentamento mecanizado","km",{"v":2438545.13,"d":"2,438,545.13"},{"$nulls":4},{"v":2970213.31,"d":"2,970,213.31"}]
[3009273,"Trilho UIC60, comprimento de 120 m (TLS), sobre dormente de madeira, bitola mista, taxa de dormentação de 1.667 un/km, tala de junção de 6 furos e fixação elástica Pandrol - posicionamento e assentamento mecanizado","km",{"v":3614763.33,"d":"3,614,763.33"},{"$nulls":4},{"v":4402878.6,"d":"4,402,878.60"}]
[3009053,"Trilho UIC60, comprimento de 120 m (TLS), sobre dormente de madeira, bitola mista, taxa de dormentação de 1.750 un/km, tala de junção de 6 furos e fixação elástica Pandrol - posicionamento e assentamento mecanizado","km",{"v":3663317.43,"d":"3,663,317.43"},{"$nulls":4},{"v":4462018.8,"d":"4,462,018.80"}]
[3009107,"Trilho UIC60, comprimento de 240 m (TLS), formado por trilhos curtos de 12 m soldados por caldeamento - confecção em estaleiro","un",{"v":209666.38,"d":"209,666.38"},{"$nulls":4},{"v":255379.27,"d":"255,379.27"}]
[3009249,"Trilho UIC60, comprimento de 240 m (TLS), sobre dormente de concreto, bitola métrica ou larga, taxa de dormentação de 1.667 un/km, tala de junção de 6 furos e fixação elástica Pandrol - posicionamento e assentamento mecanizado","km",{"v":1876407.58,"d":"1,876,407.58"},{"$nulls":4},{"v":2285514.71,"d":"2,285,514.71"}]
[3009211,"Trilho UIC60, comprimento de 240 m (TLS), sobre dormente de concreto, bitola métrica ou larga, taxa de dormentação de 1.750 un/km, tala de junção de 6 furos e fixação elástica Pandrol - posicionamento e assentamento mecanizado","km",{"v":1882287.18,"d":"1,882,287.18"},{"$nulls":4},{"v":2292676.22,"d":"2,292,676.22"}]
[3009253,"Trilho UIC60, comprimento de 240 m (TLS), sobre dormente de concreto, bitola mista, taxa de dormentação de 1.667 un/km, tala de junção de 6 furos e fixação elástica Pandrol - posicionamento e assentamento mecanizado","km",{"v":2814541.04,"d":"2,814,541.04"},{"$nulls":4},{"v":3428186.41,"d":"3,428,186.41"}]
[3009215,"Trilho UIC60, comprimento de 240 m (TLS), sobre dormente de concreto, bitola mista, taxa de dormentação de 1.750 un/km, tala de junção de 6 furos e fixação elástica Pandrol - posicionamento e assentamento mecanizado","km",{"v":2823360.45,"d":"2,823,360.45"},{"$nulls":4},{"v":3438928.69,"d":"3,438,928.69"}]
[3009261,"Trilho UIC60, comprimento de 240 m (TLS), sobre dormente de madeira, bitola métrica ou larga, taxa de dormentação de 1.667 un/km, tala de junção de 6 furos e fixação elástica Pandrol - posicionamento e assentamento mecanizado","km",{"v":2403621.13,"d":"2,403,621.13"},{"$nulls":4},{"v":2927674.95,"d":"2,927,674.95"}]
[3009269,"Trilho UIC60, comprimento de 240 m (TLS), sobre dormente de madeira, bitola métrica ou larga, taxa de dormentação de 1.667 un/km, tala de junção de 6 furos e fixação rígida - posicionamento e assentamento mecanizado","km",{"v":2400494.78,"d":"2,400,494.78"},{"$nulls":4},{"v":2923866.97,"d":"2,923,866.97"}]
[3009041,"Trilho UIC60, comprimento de 240 m (TLS), sobre dormente de madeira, bitola métrica ou larga, taxa de dormentação de 1.750 un/km, tala de junção de 6 furos e fixação elástica Pandrol - posicionamento e assentamento mecanizado","km",{"v":2435969.81,"d":"2,435,969.81"},{"$nulls":4},{"v":2967076.5,"d":"2,967,076.50"}]
[3009049,"Trilho UIC60, comprimento de 240 m (TLS), sobre dormente de madeira, bitola métrica ou larga, taxa de dormentação de 1.750 un/km, tala de junção de 6 furos e fixação rígida - posicionamento e assentamento mecanizado","km",{"v":2432687.67,"d":"2,432,687.67"},{"$nulls":4},{"v":2963078.77,"d":"2,963,078.77"}]
[3009277,"Trilho UIC60, comprimento de 240 m (TLS), sobre dormente de madeira, bitola mista, taxa de dormentação de 1.667 un/km, tala de junção de 6 furos e fixação elástica Pandrol - posicionamento e assentamento mecanizado","km",{"v":3605978.72,"d":"3,605,978.72"},{"$nulls":4},{"v":4392178.71,"d":"4,392,178.71"}]
[3009057,"Trilho UIC60, comprimento de 240 m (TLS), sobre dormente de madeira, bitola mista, taxa de dormentação de 1.750 un/km, tala de junção de 6 furos e fixação elástica Pandrol - posicionamento e assentamento mecanizado","km",{"v":3654532.83,"d":"3,654,532.83"},{"$nulls":4},{"v":4451318.91,"d":"4,451,318.91"}]
[3108073,"Confecção de fôrma metálica em chapa 1/8\" para poita trapezoidal","m²",292.39,{"$nulls":4},356.14]
[3107965,"Confecção de forma metálica em chapa 3/16\" para poita trapezoidal","m²",478.97,{"$nulls":4},{"v":583.4,"d":"583.40"}]
[3105941,"Fôrma em chapa metálica 1/8\" para cabeça de tirantes - utilização de 50 vezes - confecção, instalação e retirada","m²",22.19,{"$nulls":4},27.03]
[3108150,"Fôrma metálica curva em chapa 3/16\" reforçada com nervuras de 40 mm x 3/16\" dispostas em grelhas de 40 x 60 cm - utilização de 100 vezes - confecção, instalação e retirada","m²",14.04,{"$nulls":4},{"v":17.1,"d":"17.10"}]
[3108071,"Fôrma metálica em chapa 1/8\" para poita trapezoidal - utilização de 50 vezes - montagem, instalação e retirada","m²",11.21,{"$nulls":4},13.66]
[3107967,"Fôrma metálica em chapa 1/8\" reforçada com nervuras de 40 mm x 1/8\" dispostas em grelhas de 40 x 60 cm - utilização de 100 vezes - confecção, instalação e retirada","m²",7.82,{"$nulls":4},9.53]
[3107966,"Fôrma metálica em chapa 3/16\" para poita trapezoidal - utilização de 50 vezes - montagem, instalação e retirada","m²",22.31,{"$nulls":4},27.17]
[3108072,"Fôrma metálica em chapa 3/16\" reforçada com nervuras de 40 mm x 3/16\" dispostas em grelhas de 40 x 60 cm - utilização de 100 vezes - confecção, instalação e retirada","m²",11.59,{"$nulls":4},14.12]
[3117750,"Fôrma metálica para aduelas de bueiros celulares de concreto pré-moldados - utilização de 100 vezes - confecção, instalação e retirada","m²",{"v":14.3,"d":"14.30"},{"$nulls":4},17.42]
[3117749,"Fôrma metálica para guarda-corpo de concreto - utilização de 50 vezes - confecção","m²",11.49,{"$nulls":4},{"v":14,"d":"14.00"}]
[3106551,"Fôrma metálica para tetrápode - utilização de 100 vezes - confecção, instalação e retirada","m²",8.77,{"$nulls":4},10.68]
[3106427,"Fôrma metálica para viga de concreto pré-moldada protendida para OAE - utilização de 20 vezes - confecção, instalação e retirada","m²",32.52,{"$nulls":4},39.61]
[3106552,"Fôrma metálica para Xbloc - utilização de 100 vezes - confecção, instalação e retirada","m²",8.11,{"$nulls":4},9.88]
[3107969,"Fôrmas curvas de compensado plastificado 10 mm - uso geral - utilização de 2 vezes - confecção, instalação e retirada","m²",100.34,{"$nulls":4},122.22]
[3107970,"Fôrmas curvas de compensado resinado 10 mm - uso geral - utilização de 2 vezes - confecção, instalação e retirada","m²",93.17,{"$nulls":4},113.48]
[3108007,"Fôrmas de compensado plastificado 10 mm - uso geral - utilização de 1 vez - confecção, instalação e retirada","m²",{"v":115.2,"d":"115.20"},{"$nulls":4},140.32]
[3108008,"Fôrmas de compensado plastificado 10 mm - uso geral - utilização de 2 vezes - confecção, instalação e retirada","m²",76.31,{"$nulls":4},92.95]
[3108009,"Fôrmas de compensado plastificado 10 mm - uso geral - utilização de 3 vezes - confecção, instalação e retirada","m²",{"v":64.6,"d":"64.60"},{"$nulls":4},78.68]
[3108011,"Fôrmas de compensado plastificado 12 mm - uso geral - utilização de 1 vez - confecção, instalação e retirada","m²",{"v":123.1,"d":"123.10"},{"$nulls":4},149.94]
[3108012,"Fôrmas de compensado plastificado 12 mm - uso geral - utilização de 2 vezes - confecção, instalação e retirada","m²",80.46,{"$nulls":4},{"v":98,"d":"98.00"}]
[3108013,"Fôrmas de compensado plastificado 12 mm - uso geral - utilização de 3 vezes - confecção, instalação e retirada","m²",67.49,{"$nulls":4},82.21]
[3108015,"Fôrmas de compensado plastificado 14 mm - uso geral - utilização de 1 vez - confecção, instalação e retirada","m²",130.62,{"$nulls":4},{"v":159.1,"d":"159.10"}]
[3108016,"Fôrmas de compensado plastificado 14 mm - uso geral - utilização de 2 vezes - confecção, instalação e retirada","m²",84.41,{"$nulls":4},102.81]
[3108017,"Fôrmas de compensado plastificado 14 mm - uso geral - utilização de 3 vezes - confecção, instalação e retirada","m²",70.26,{"$nulls":4},85.58]
[3107995,"Fôrmas de compensado resinado 10 mm - uso geral - utilização de 1 vez - confecção, instalação e retirada","m²",102.61,{"$nulls":4},124.98]
[3107996,"Fôrmas de compensado resinado 10 mm - uso geral - utilização de 2 vezes - confecção, instalação e retirada","m²",69.74,{"$nulls":4},84.94]
[3107997,"Fôrmas de compensado resinado 10 mm - uso geral - utilização de 3 vezes - confecção, instalação e retirada","m²",60.02,{"$nulls":4},{"v":73.1,"d":"73.10"}]
[3107999,"Fôrmas de compensado resinado 12 mm - uso geral - utilização de 1 vez - confecção, instalação e retirada","m²",108.77,{"$nulls":4},132.49]
[3108000,"Fôrmas de compensado resinado 12 mm - uso geral - utilização de 2 vezes - confecção, instalação e retirada","m²",72.98,{"$nulls":4},88.89]
[3108001,"Fôrmas de compensado resinado 12 mm - uso geral - utilização de 3 vezes - confecção, instalação e retirada","m²",62.28,{"$nulls":4},75.86]
[3108003,"Fôrmas de compensado resinado 14 mm - uso geral - utilização de 1 vez - confecção, instalação e retirada","m²",113.77,{"$nulls":4},138.58]
[3108004,"Fôrmas de compensado resinado 14 mm - uso geral - utilização de 2 vezes - confecção, instalação e retirada","m²",{"v":75.6,"d":"75.60"},{"$nulls":4},92.08]
[3108005,"Fôrmas de compensado resinado 14 mm - uso geral - utilização de 3 vezes - confecção, instalação e retirada","m²",64.12,{"$nulls":4},{"v":78.1,"d":"78.10"}]
[3106119,"Fôrmas de tábuas de pinho - utilização de 1 vez - confecção, instalação e retirada","m²",123.43,{"$nulls":4},150.34]
[3106120,"Fôrmas de tábuas de pinho - utilização de 2 vezes - confecção, instalação e retirada","m²",87.18,{"$nulls":4},106.19]
[3106121,"Fôrmas de tábuas de pinho - utilização de 3 vezes - confecção, instalação e retirada","m²",76.57,{"$nulls":4},93.27]
[3103302,"Fôrmas de tábuas de pinho para dispositivos de drenagem - utilização de 3 vezes - confecção, instalação e retirada","m²",59.52,{"$nulls":4},{"v":72.5,"d":"72.50"}]
[3103303,"Fôrmas de tábuas de pinho para drenos - utilização de 5 vezes - confecção, instalação e retirada","m²",31.24,{"$nulls":4},38.05]
[3106759,"Fôrmas de tábuas de pinho para elementos estruturais dos arcos metálicos - utilização de 3 vezes - confecção, instalação e retirada","m²",93.19,{"$nulls":4},113.51]
[3108023,"Guia de madeira de 2,5 x 10,0 cm - confecção e instalação","m",3.97,{"$nulls":4},4.84]
[3108018,"Guia de madeira de 2,5 x 7,0 cm - confecção e instalação","m",2.91,{"$nulls":4},3.54]
[3108022,"Guia de madeira de 2,5 x 8,0 cm - confecção e instalação","m",3.27,{"$nulls":4},3.98]
[3205864,"Gabião caixa 2 x 1 x 0,50 m - Zn/Al + PVC - D = 2,4 mm - pedra de mão comercial - fornecimento e assentamento","m³",854.34,{"$nulls":4},{"v":1040.61,"d":"1,040.61"}]
[3205863,"Gabião caixa 2 x 1 x 0,50 m - Zn/Al + PVC - D = 2,4 mm - pedra de mão produzida - confecção e assentamento","m³",757.76,{"$nulls":4},922.97]
[3205868,"Gabião caixa 2 x 1 x 0,50 m Zn/Al - D = 2,7 mm - pedra de mão comercial - fornecimento e assentamento","m³",728.45,{"$nulls":4},887.27]
[3205867,"Gabião caixa 2 x 1 x 0,50 m Zn/Al - D = 2,7 mm - pedra de mão produzida - confecção e assentamento","m³",631.87,{"$nulls":4},769.63]
[3205866,"Gabião caixa 2 x 1 x 1,00 m - Zn/Al + PVC - D = 2,4 mm - pedra de mão comercial - fornecimento e assentamento","m³",658.92,{"$nulls":4},802.58]
[3205865,"Gabião caixa 2 x 1 x 1,00 m - Zn/Al + PVC - D = 2,4 mm - pedra de mão produzida - confecção e assentamento","m³",562.34,{"$nulls":4},684.94]
[3205870,"Gabião caixa 2 x 1 x 1,00 m Zn/Al - D = 2,7 mm - pedra de mão comercial - fornecimento e assentamento","m³",618.59,{"$nulls":4},753.46]
[3205869,"Gabião caixa 2 x 1 x 1,00 m Zn/Al - D = 2,7 mm - pedra de mão produzida - confecção e assentamento","m³",522.02,{"$nulls":4},635.83]
[3205872,"Gabião colchão espessura 0,17 m - Zn/Al + PVC - D = 2,0 mm - pedra de mão comercial - fornecimento e assentamento","m²",218.76,{"$nulls":4},266.45]
[3205871,"Gabião colchão espessura 0,17 m - Zn/Al + PVC - D = 2,0 mm - pedra de mão produzida - confecção e assentamento","m²",202.34,{"$nulls":4},246.46]
[3205874,"Gabião colchão espessura 0,23 m - Zn/Al + PVC - D = 2,0 mm - pedra de mão comercial - fornecimento e assentamento","m²",242.41,{"$nulls":4},295.26]
[3205873,"Gabião colchão espessura 0,23 m - Zn/Al + PVC - D = 2,0 mm - pedra de mão produzida - confecção e assentamento","m²",220.19,{"$nulls":4},{"v":268.2,"d":"268.20"}]
[3205876,"Gabião colchão espessura 0,30 m - Zn/Al + PVC - D = 2,0 mm - pedra de mão comercial - fornecimento e assentamento","m²",274.58,{"$nulls":4},334.45]
[3205875,"Gabião colchão espessura 0,30 m - Zn/Al + PVC - D = 2,0 mm - pedra de mão produzida - confecção e assentamento","m²",245.61,{"$nulls":4},299.16]
[3205862,"Gabião saco - diâmetro = 0,65 m - Zn/Al + PVC - D = 2,4 mm - pedra de mão comercial - fornecimento e assentamento","m³",685.07,{"$nulls":4},834.43]
[3205861,"Gabião saco - diâmetro = 0,65 m - Zn/Al + PVC - D = 2,4 mm - pedra de mão produzida - confecção e assentamento","m³",588.48,{"$nulls":4},716.79]
[3606579,"Carga, transporte e descarga de material pétreo para molhes com o uso de batelões e escavadeira hidráulica - DMT de 0 a 300 m","m³",17.49,{"$nulls":4},{"v":21.3,"d":"21.30"}]
[3606583,"Carga, transporte e descarga de material pétreo para molhes com o uso de batelões e escavadeira hidráulica - DMT de 1.200 a 1.500 m","m³",18.14,{"$nulls":4},22.09]
[3606584,"Carga, transporte e descarga de material pétreo para molhes com o uso de batelões e escavadeira hidráulica - DMT de 1.500 a 1.800 m","m³",18.23,{"$nulls":4},{"v":22.2,"d":"22.20"}]
[3606585,"Carga, transporte e descarga de material pétreo para molhes com o uso de batelões e escavadeira hidráulica - DMT de 1.800 a 2.100 m","m³",18.32,{"$nulls":4},22.31]
[3606586,"Carga, transporte e descarga de material pétreo para molhes com o uso de batelões e escavadeira hidráulica - DMT de 2.100 a 2.400 m","m³",18.51,{"$nulls":4},22.54]
[3606587,"Carga, transporte e descarga de material pétreo para molhes com o uso de batelões e escavadeira hidráulica - DMT de 2.400 a 2.700 m","m³",18.69,{"$nulls":4},22.76]
[3606588,"Carga, transporte e descarga de material pétreo para molhes com o uso de batelões e escavadeira hidráulica - DMT de 2.700 a 3.000 m","m³",18.78,{"$nulls":4},22.87]
[3606589,"Carga, transporte e descarga de material pétreo para molhes com o uso de batelões e escavadeira hidráulica - DMT de 3.000 m","m³",18.87,{"$nulls":4},22.98]
[3606580,"Carga, transporte e descarga de material pétreo para molhes com o uso de batelões e escavadeira hidráulica - DMT de 300 a 600 m","m³",17.68,{"$nulls":4},21.53]
[3606581,"Carga, transporte e descarga de material pétreo para molhes com o uso de batelões e escavadeira hidráulica - DMT de 600 a 900 m","m³",17.86,{"$nulls":4},21.75]
[3606582,"Carga, transporte e descarga de material pétreo para molhes com o uso de batelões e escavadeira hidráulica - DMT de 900 a 1.200 m","m³",17.95,{"$nulls":4},21.86]
[3606527,"Escavação, carga e transporte de material pétreo para a subcarapaça - caminho de serviço em leito natural - DMT de 1.000 a 1.200 m - com caminhão basculante de 8 m³","m³",{"v":40.9,"d":"40.90"},{"$nulls":4},49.82]
[3606528,"Escavação, carga e transporte de material pétreo para a subcarapaça - caminho de serviço em leito natural - DMT de 1.200 a 1.400 m - com caminhão basculante de 8 m³","m³",41.53,{"$nulls":4},50.59]
[3606529,"Escavação, carga e transporte de material pétreo para a subcarapaça - caminho de serviço em leito natural - DMT de 1.400 a 1.600 m - com caminhão basculante de 8 m³","m³",42.04,{"$nulls":4},51.21]
[3606530,"Escavação, carga e transporte de material pétreo para a subcarapaça - caminho de serviço em leito natural - DMT de 1.600 a 1.800 m - com caminhão basculante de 8 m³","m³",42.67,{"$nulls":4},51.97]
[3606531,"Escavação, carga e transporte de material pétreo para a subcarapaça - caminho de serviço em leito natural - DMT de 1.800 a 2.000 m - com caminhão basculante de 8 m³","m³",{"v":43.3,"d":"43.30"},{"$nulls":4},52.74]
[3606532,"Escavação, carga e transporte de material pétreo para a subcarapaça - caminho de serviço em leito natural - DMT de 2.000 a 2.500 m - com caminhão basculante de 8 m³","m³",44.31,{"$nulls":4},53.97]
[3606533,"Escavação, carga e transporte de material pétreo para a subcarapaça - caminho de serviço em leito natural - DMT de 2.500 a 3.000 m - com caminhão basculante de 8 m³","m³",47.75,{"$nulls":4},58.16]
[3606534,"Escavação, carga e transporte de material pétreo para a subcarapaça - caminho de serviço em leito natural - DMT de 3.000 m - com caminhão basculante de 8 m³","m³",48.59,{"$nulls":4},59.18]
[3606535,"Escavação, carga e transporte de material pétreo para a subcarapaça - caminho de serviço em revestimento primário - DMT de 1.000 a 1.200 m - com caminhão basculante de 8 m³","m³",37.26,{"$nulls":4},45.38]
[3606536,"Escavação, carga e transporte de material pétreo para a subcarapaça - caminho de serviço em revestimento primário - DMT de 1.200 a 1.400 m - com caminhão basculante de 8 m³","m³",37.59,{"$nulls":4},45.79]
[3606537,"Escavação, carga e transporte de material pétreo para a subcarapaça - caminho de serviço em revestimento primário - DMT de 1.400 a 1.600 m - com caminhão basculante de 8 m³","m³",38.01,{"$nulls":4},{"v":46.3,"d":"46.30"}]
[3606538,"Escavação, carga e transporte de material pétreo para a subcarapaça - caminho de serviço em revestimento primário - DMT de 1.600 a 1.800 m - com caminhão basculante de 8 m³","m³",38.35,{"$nulls":4},46.71]
[3606539,"Escavação, carga e transporte de material pétreo para a subcarapaça - caminho de serviço em revestimento primário - DMT de 1.800 a 2.000 m - com caminhão basculante de 8 m³","m³",38.78,{"$nulls":4},47.23]
[3606540,"Escavação, carga e transporte de material pétreo para a subcarapaça - caminho de serviço em revestimento primário - DMT de 2.000 a 2.500 m - com caminhão basculante de 8 m³","m³",41.16,{"$nulls":4},50.13]
[3606541,"Escavação, carga e transporte de material pétreo para a subcarapaça - caminho de serviço em revestimento primário - DMT de 2.500 a 3.000 m - com caminhão basculante de 8 m³","m³",42.29,{"$nulls":4},51.51]
[3606542,"Escavação, carga e transporte de material pétreo para a subcarapaça - caminho de serviço em revestimento primário - DMT de 3.000 m - com caminhão basculante de 8 m³","m³",{"v":42.8,"d":"42.80"},{"$nulls":4},52.13]
[3606543,"Escavação, carga e transporte de material pétreo para a subcarapaça - caminho de serviço pavimentado - DMT de 1.000 a 1.200 m - com caminhão basculante de 8 m³","m³",36.67,{"$nulls":4},44.66]
[3606544,"Escavação, carga e transporte de material pétreo para a subcarapaça - caminho de serviço pavimentado - DMT de 1.200 a 1.400 m - com caminhão basculante de 8 m³","m³",36.92,{"$nulls":4},44.97]
[3606545,"Escavação, carga e transporte de material pétreo para a subcarapaça - caminho de serviço pavimentado - DMT de 1.400 a 1.600 m - com caminhão basculante de 8 m³","m³",37.26,{"$nulls":4},45.38]
[3606546,"Escavação, carga e transporte de material pétreo para a subcarapaça - caminho de serviço pavimentado - DMT de 1.600 a 1.800 m - com caminhão basculante de 8 m³","m³",37.59,{"$nulls":4},45.79]
[3606547,"Escavação, carga e transporte de material pétreo para a subcarapaça - caminho de serviço pavimentado - DMT de 1.800 a 2.000 m - com caminhão basculante de 8 m³","m³",37.85,{"$nulls":4},{"v":46.1,"d":"46.10"}]
[3606548,"Escavação, carga e transporte de material pétreo para a subcarapaça - caminho de serviço pavimentado - DMT de 2.000 a 2.500 m - com caminhão basculante de 8 m³","m³",38.44,{"$nulls":4},46.82]
[3606549,"Escavação, carga e transporte de material pétreo para a subcarapaça - caminho de serviço pavimentado - DMT de 2.500 a 3.000 m - com caminhão basculante de 8 m³","m³",41.03,{"$nulls":4},49.98]
[3606550,"Escavação, carga e transporte de material pétreo para a subcarapaça - caminho de serviço pavimentado - DMT de 3.000 m - com caminhão basculante de 8 m³","m³",41.53,{"$nulls":4},50.59]
[3606500,"Escavação, carga e transporte de material pétreo para o núcleo - caminho de serviço em leito natural - DMT de 1.000 a 1.200 m - com caminhão basculante de 8 m³","m³",38.51,{"$nulls":4},46.91]
[3606501,"Escavação, carga e transporte de material pétreo para o núcleo - caminho de serviço em leito natural - DMT de 1.200 a 1.400 m - com caminhão basculante de 8 m³","m³",39.15,{"$nulls":4},47.68]
[3606502,"Escavação, carga e transporte de material pétreo para o núcleo - caminho de serviço em leito natural - DMT de 1.400 a 1.600 m - com caminhão basculante de 8 m³","m³",39.65,{"$nulls":4},{"v":48.3,"d":"48.30"}]
[3606503,"Escavação, carga e transporte de material pétreo para o núcleo - caminho de serviço em leito natural - DMT de 1.600 a 1.800 m - com caminhão basculante de 8 m³","m³",40.28,{"$nulls":4},49.06]
[3606504,"Escavação, carga e transporte de material pétreo para o núcleo - caminho de serviço em leito natural - DMT de 1.800 a 2.000 m - com caminhão basculante de 8 m³","m³",40.91,{"$nulls":4},49.83]
[3606505,"Escavação, carga e transporte de material pétreo para o núcleo - caminho de serviço em leito natural - DMT de 2.000 a 2.500 m - com caminhão basculante de 8 m³","m³",41.92,{"$nulls":4},51.06]
[3606506,"Escavação, carga e transporte de material pétreo para o núcleo - caminho de serviço em leito natural - DMT de 2.500 a 3.000 m - com caminhão basculante de 8 m³","m³",45.27,{"$nulls":4},55.14]
[3606507,"Escavação, carga e transporte de material pétreo para o núcleo - caminho de serviço em leito natural - DMT de 3.000 m - com caminhão basculante de 8 m³","m³",46.28,{"$nulls":4},56.37]
[3606509,"Escavação, carga e transporte de material pétreo para o núcleo - caminho de serviço em revestimento primário - DMT de 1.000 a 1.200 m - com caminhão basculante de 8 m³","m³",34.87,{"$nulls":4},42.47]
[3606510,"Escavação, carga e transporte de material pétreo para o núcleo - caminho de serviço em revestimento primário - DMT de 1.200 a 1.400 m - com caminhão basculante de 8 m³","m³",35.29,{"$nulls":4},42.99]
[3606511,"Escavação, carga e transporte de material pétreo para o núcleo - caminho de serviço em revestimento primário - DMT de 1.400 a 1.600 m - com caminhão basculante de 8 m³","m³",35.63,{"$nulls":4},{"v":43.4,"d":"43.40"}]
[3606512,"Escavação, carga e transporte de material pétreo para o núcleo - caminho de serviço em revestimento primário - DMT de 1.600 a 1.800 m - com caminhão basculante de 8 m³","m³",35.97,{"$nulls":4},43.81]
[3606513,"Escavação, carga e transporte de material pétreo para o núcleo - caminho de serviço em revestimento primário - DMT de 1.800 a 2.000 m - com caminhão basculante de 8 m³","m³",38.14,{"$nulls":4},46.45]
[3606514,"Escavação, carga e transporte de material pétreo para o núcleo - caminho de serviço em revestimento primário - DMT de 2.000 a 2.500 m - com caminhão basculante de 8 m³","m³",38.89,{"$nulls":4},47.37]
[3606515,"Escavação, carga e transporte de material pétreo para o núcleo - caminho de serviço em revestimento primário - DMT de 2.500 a 3.000 m - com caminhão basculante de 8 m³","m³",{"v":39.9,"d":"39.90"},{"$nulls":4},{"v":48.6,"d":"48.60"}]
[3606516,"Escavação, carga e transporte de material pétreo para o núcleo - caminho de serviço em revestimento primário - DMT de 3.000 m - com caminhão basculante de 8 m³","m³",40.41,{"$nulls":4},49.22]
[3606518,"Escavação, carga e transporte de material pétreo para o núcleo - caminho de serviço pavimentado - DMT de 1.000 a 1.200 m - com caminhão basculante de 8 m³","m³",34.28,{"$nulls":4},41.75]
[3606519,"Escavação, carga e transporte de material pétreo para o núcleo - caminho de serviço pavimentado - DMT de 1.200 a 1.400 m - com caminhão basculante de 8 m³","m³",34.62,{"$nulls":4},42.17]
[3606520,"Escavação, carga e transporte de material pétreo para o núcleo - caminho de serviço pavimentado - DMT de 1.400 a 1.600 m - com caminhão basculante de 8 m³","m³",34.87,{"$nulls":4},42.47]
[3606521,"Escavação, carga e transporte de material pétreo para o núcleo - caminho de serviço pavimentado - DMT de 1.600 a 1.800 m - com caminhão basculante de 8 m³","m³",{"v":35.2,"d":"35.20"},{"$nulls":4},42.88]
[3606522,"Escavação, carga e transporte de material pétreo para o núcleo - caminho de serviço pavimentado - DMT de 1.800 a 2.000 m - com caminhão basculante de 8 m³","m³",35.46,{"$nulls":4},43.19]
[3606523,"Escavação, carga e transporte de material pétreo para o núcleo - caminho de serviço pavimentado - DMT de 2.000 a 2.500 m - com caminhão basculante de 8 m³","m³",36.05,{"$nulls":4},43.91]
[3606524,"Escavação, carga e transporte de material pétreo para o núcleo - caminho de serviço pavimentado - DMT de 2.500 a 3.000 m - com caminhão basculante de 8 m³","m³",38.77,{"$nulls":4},47.22]
[3606525,"Escavação, carga e transporte de material pétreo para o núcleo - caminho de serviço pavimentado - DMT de 3.000 m - com caminhão basculante de 8 m³","m³",39.15,{"$nulls":4},47.68]
[3606577,"Espalhamento e conformação de material pétreo para núcleo","m³",9.17,{"$nulls":4},11.17]
[3606576,"Espalhamento e conformação de material pétreo para subcarapaça","m³",3.75,{"$nulls":4},4.57]
[3606561,"Fabricação de tetrápode de 10 t - concreto fck = 20 MPa - areia e brita comerciais","un",{"v":1757.1,"d":"1,757.10"},{"$nulls":4},{"v":2140.2,"d":"2,140.20"}]
[3606556,"Fabricação de tetrápode de 10 t - concreto fck = 20 MPa - areia extraída e brita produzida","un",{"v":1267.92,"d":"1,267.92"},{"$nulls":4},{"v":1544.36,"d":"1,544.36"}]
[3606562,"Fabricação de tetrápode de 11 t - concreto fck = 20 MPa - areia e brita comerciais","un",{"v":1921.39,"d":"1,921.39"},{"$nulls":4},{"v":2340.31,"d":"2,340.31"}]
[3606557,"Fabricação de tetrápode de 11 t - concreto fck = 20 MPa - areia extraída e brita produzida","un",{"v":1383.29,"d":"1,383.29"},{"$nulls":4},{"v":1684.89,"d":"1,684.89"}]
[3606563,"Fabricação de tetrápode de 12 t - concreto fck = 20 MPa - areia e brita comerciais","un",{"v":2093.34,"d":"2,093.34"},{"$nulls":4},{"v":2549.75,"d":"2,549.75"}]
[3606558,"Fabricação de tetrápode de 12 t - concreto fck = 20 MPa - areia extraída e brita produzida","un",{"v":1506.33,"d":"1,506.33"},{"$nulls":4},{"v":1834.75,"d":"1,834.75"}]
[3606559,"Fabricação de tetrápode de 8 t - concreto fck = 20 MPa - areia e brita comerciais","un",{"v":1405.32,"d":"1,405.32"},{"$nulls":4},{"v":1711.72,"d":"1,711.72"}]
[3606554,"Fabricação de tetrápode de 8 t - concreto fck = 20 MPa - areia extraída e brita produzida","un",{"v":1013.98,"d":"1,013.98"},{"$nulls":4},{"v":1235.06,"d":"1,235.06"}]
[3606560,"Fabricação de tetrápode de 9 t - concreto fck = 20 MPa - areia e brita comerciais","un",{"v":1570.29,"d":"1,570.29"},{"$nulls":4},{"v":1912.65,"d":"1,912.65"}]
[3606555,"Fabricação de tetrápode de 9 t - concreto fck = 20 MPa - areia extraída e brita produzida","un",{"v":1130.02,"d":"1,130.02"},{"$nulls":4},{"v":1376.4,"d":"1,376.40"}]
[3606571,"Fabricação de Xbloc de 10 t - concreto fck = 20 MPa - areia e brita comerciais","un",{"v":1723.15,"d":"1,723.15"},{"$nulls":4},{"v":2098.84,"d":"2,098.84"}]
[3606566,"Fabricação de Xbloc de 10 t - concreto fck = 20 MPa - areia extraída e brita produzida","un",{"v":1233.97,"d":"1,233.97"},{"$nulls":4},{"v":1503.01,"d":"1,503.01"}]
[3606572,"Fabricação de Xbloc de 11 t - concreto fck = 20 MPa - areia e brita comerciais","un",{"v":1889.55,"d":"1,889.55"},{"$nulls":4},{"v":2301.52,"d":"2,301.52"}]
[3606567,"Fabricação de Xbloc de 11 t - concreto fck = 20 MPa - areia extraída e brita produzida","un",{"v":1351.45,"d":"1,351.45"},{"$nulls":4},{"v":1646.1,"d":"1,646.10"}]
[3606573,"Fabricação de Xbloc de 12 t - concreto fck = 20 MPa - areia e brita comerciais","un",{"v":2055.61,"d":"2,055.61"},{"$nulls":4},{"v":2503.79,"d":"2,503.79"}]
[3606568,"Fabricação de Xbloc de 12 t - concreto fck = 20 MPa - areia extraída e brita produzida","un",{"v":1468.6,"d":"1,468.60"},{"$nulls":4},{"v":1788.79,"d":"1,788.79"}]
[3606569,"Fabricação de Xbloc de 8 t - concreto fck = 20 MPa - areia e brita comerciais","un",{"v":1389.14,"d":"1,389.14"},{"$nulls":4},{"v":1692.01,"d":"1,692.01"}]
[3606564,"Fabricação de Xbloc de 8 t - concreto fck = 20 MPa - areia extraída e brita produzida","un",{"v":997.8,"d":"997.80"},{"$nulls":4},{"v":1215.35,"d":"1,215.35"}]
[3606570,"Fabricação de Xbloc de 9 t - concreto fck = 20 MPa - areia e brita comerciais","un",{"v":1556.37,"d":"1,556.37"},{"$nulls":4},{"v":1895.7,"d":"1,895.70"}]
[3606565,"Fabricação de Xbloc de 9 t - concreto fck = 20 MPa - areia extraída e brita produzida","un",{"v":1116.11,"d":"1,116.11"},{"$nulls":4},{"v":1359.45,"d":"1,359.45"}]
[3606578,"Lançamento de blocos artificias de concreto","un",90.52,{"$nulls":4},110.25]
[3606575,"Seleção de material pétreo para a carapaça e subcarapaça","m³",1.45,{"$nulls":4},1.77]
[3606574,"Seleção de material pétreo para o núcleo","m³",0.73,{"$nulls":4},0.89]
[3713603,"Ancoragem de defensa maleável dupla - fornecimento e implantação","m",{"v":835.2,"d":"835.20"},{"$nulls":4},{"v":1017.29,"d":"1,017.29"}]
[3713601,"Ancoragem de defensa maleável simples - fornecimento e implantação","m",674.47,{"$nulls":4},821.52]
[3713607,"Ancoragem de defensa semimaleável dupla - fornecimento e implantação","m",630.54,{"$nulls":4},768.02]
[3713605,"Ancoragem de defensa semimaleável simples - fornecimento e implantação","m",451.07,{"$nulls":4},549.41]
[3719530,"Barreira dupla de concreto, armada, pré-moldada (perfil New Jersey) - L > 3,00 m e H = 1.070 mm","m",275.38,{"$nulls":4},335.42]
[3713828,"Barreira dupla de concreto, armada, pré-moldada (perfil New Jersey) - L > 3,00 m e H = 810 mm","m",205.26,{"$nulls":4},250.01]
[3713875,"Barreira dupla de concreto, não armada, moldada no local (perfil F) - H = 810 + 100 mm","m",57.49,{"$nulls":4},70.03]
[3713619,"Barreira dupla de concreto, não armada, moldada no local (perfil New Jersey) - H = 810 + 100 mm","m",57.82,{"$nulls":4},70.43]
[3713876,"Barreira dupla de concreto, não armada, moldada no local, com extrusora (perfil F) - H = 810 + 100 mm","m",74.97,{"$nulls":4},91.31]
[3713827,"Barreira dupla de concreto, não armada, moldada no local, com extrusora (perfil New Jersey) - H = 810 + 100 mm","m",{"v":73.8,"d":"73.80"},{"$nulls":4},89.89]
[3713904,"Barreira simples de concreto, armada, pré-moldada (perfil New Jersey) - L > 3,00 m e H = 1.070 mm","m",237.69,{"$nulls":4},289.51]
[3719529,"Barreira simples de concreto, armada, pré-moldada (perfil New Jersey) - L > 3,00 m e H = 810 mm","m",173.09,{"$nulls":4},210.83]
[3713878,"Barreira simples de concreto, não armada, moldada no local (perfil F) - H = 810 + 100 mm","m",{"v":57.2,"d":"57.20"},{"$nulls":4},69.67]
[3713617,"Barreira simples de concreto, não armada, moldada no local (perfil New Jersey) - H = 810 + 100 mm","m",57.36,{"$nulls":4},69.87]
[3713879,"Barreira simples de concreto, não armada, moldada no local, com extrusora (perfil F) - H = 810 + 100 mm","m",67.88,{"$nulls":4},82.68]
[3713826,"Barreira simples de concreto, não armada, moldada no local, com extrusora (perfil New Jersey) - H = 810 + 100 mm","m",65.03,{"$nulls":4},79.21]
[3713610,"Cerca com 4 fios de arame farpado e mourão de concreto de seção quadrada de 11 cm a cada 2,5 m e esticador de 15 cm a cada 50 m - areia e brita comerciais","m",28.06,{"$nulls":4},34.18]
[3713609,"Cerca com 4 fios de arame farpado e mourão de concreto de seção quadrada de 11 cm a cada 2,5 m e esticador de 15 cm a cada 50 m - areia extraída e brita produzida","m",26.78,{"$nulls":4},32.62]
[3713612,"Cerca com 4 fios de arame farpado e mourão de concreto de seção triangular de 11 cm a cada 2,5 m e esticador de 15 cm a cada 50 m - areia e brita comerciais","m",22.96,{"$nulls":4},27.96]
[3713611,"Cerca com 4 fios de arame farpado e mourão de concreto de seção triangular de 11 cm a cada 2,5 m e esticador de 15 cm a cada 50 m - areia extraída e brita produzida","m",22.41,{"$nulls":4},27.29]
[3713608,"Cerca com 4 fios de arame farpado e mourão de madeira a cada 2,5 m e esticador a cada 50 m","m",17.91,{"$nulls":4},21.82]
[3713613,"Cerca com 4 fios de arame liso galvanizado e mourão de madeira a cada 2,5 m e esticador a cada 50 m","m",16.51,{"$nulls":4},20.11]
[3713822,"Confecção de barreira dupla de concreto, armada, pré-moldada (perfil New Jersey) - L > 3,00 m e H = 1.070 mm","m",269.77,{"$nulls":4},328.59]
[3713824,"Confecção de barreira dupla de concreto, armada, pré-moldada (perfil New Jersey) - L > 3,00 m e H = 810 mm","m",199.65,{"$nulls":4},243.18]
[3713825,"Confecção de barreira simples de concreto, armada, pré-moldada (perfil New Jersey) - L > 3,00 m e H = 1.070 mm","m",232.08,{"$nulls":4},282.68]
[3713823,"Confecção de barreira simples de concreto, armada, pré-moldada (perfil New Jersey) - L > 3,00 m e H = 810 mm","m",167.48,{"$nulls":4},{"v":204,"d":"204.00"}]
[3713602,"Defensa maleável dupla - fornecimento e implantação","m",771.57,{"$nulls":4},939.79]
[3713600,"Defensa maleável simples - fornecimento e implantação","m",{"v":621.8,"d":"621.80"},{"$nulls":4},757.37]
[3713606,"Defensa semimaleável dupla - fornecimento e implantação","m",566.92,{"$nulls":4},690.52]
[3713604,"Defensa semimaleável simples - fornecimento e implantação","m",407.48,{"$nulls":4},496.32]
[3716129,"Fabricação de mourão de concreto esticador - seção quadrada de 15 cm - areia e brita comerciais","un",43.06,{"$nulls":4},52.45]
[3716128,"Fabricação de mourão de concreto esticador - seção quadrada de 15 cm - areia extraída e brita produzida","un",37.63,{"$nulls":4},45.84]
[3716133,"Fabricação de mourão de concreto esticador - seção triangular de 15 cm - areia e brita comercias","un",25.87,{"$nulls":4},31.51]
[3716132,"Fabricação de mourão de concreto esticador - seção triangular de 15 cm - areia extraída e brita produzida","un",23.52,{"$nulls":4},28.65]
[3716131,"Fabricação de mourão de concreto suporte - seção quadrada de 11 cm - areia e brita comerciais","un",{"v":28.4,"d":"28.40"},{"$nulls":4},34.59]
[3716130,"Fabricação de mourão de concreto suporte - seção quadrada de 11 cm - areia extraída e brita produzida","un",25.62,{"$nulls":4},{"v":31.2,"d":"31.20"}]
[3716135,"Fabricação de mourão de concreto suporte - seção triangular de 11 cm - areia e brita comerciais","un",18.11,{"$nulls":4},22.06]
[3716134,"Fabricação de mourão de concreto suporte - seção triangular de 11 cm - areia extraída e brita produzida","un",{"v":16.9,"d":"16.90"},{"$nulls":4},20.59]
[3713698,"Fornecimento e implantação de amortecedor retrátil (v <= 100 km/h) tipo TAU II afunilado - fixado em barreira de concreto, com largura de âncora traseira de 1.830 mm","un",{"v":302522.23,"d":"302,522.23"},{"$nulls":4},{"v":368480.18,"d":"368,480.18"}]
[3713699,"Fornecimento e implantação de amortecedor retrátil (v <= 100 km/h) tipo TAU II afunilado - fixado em barreira de concreto, com largura de âncora traseira de 1.980 mm","un",{"v":306762.04,"d":"306,762.04"},{"$nulls":4},{"v":373644.38,"d":"373,644.38"}]
[3713700,"Fornecimento e implantação de amortecedor retrátil (v <= 100 km/h) tipo TAU II afunilado - fixado em barreira de concreto, com largura de âncora traseira de 2.130 mm","un",{"v":313399.45,"d":"313,399.45"},{"$nulls":4},{"v":381728.93,"d":"381,728.93"}]
[3713701,"Fornecimento e implantação de amortecedor retrátil (v <= 100 km/h) tipo TAU II afunilado - fixado em barreira de concreto, com largura de âncora traseira de 2.290 mm","un",{"v":323722.25,"d":"323,722.25"},{"$nulls":4},{"v":394302.38,"d":"394,302.38"}]
[3713702,"Fornecimento e implantação de amortecedor retrátil (v <= 100 km/h) tipo TAU II afunilado - fixado em barreira de concreto, com largura de âncora traseira de 2.440 mm","un",{"v":330575.72,"d":"330,575.72"},{"$nulls":4},{"v":402650.08,"d":"402,650.08"}]
[3713693,"Fornecimento e implantação de amortecedor retrátil (v <= 100 km/h) tipo TAU II combinado - fixado em barreira de concreto, com largura de âncora traseira de 1.060 mm","un",{"v":262168.32,"d":"262,168.32"},{"$nulls":4},{"v":319328.04,"d":"319,328.04"}]
[3713694,"Fornecimento e implantação de amortecedor retrátil (v <= 100 km/h) tipo TAU II combinado - fixado em barreira de concreto, com largura de âncora traseira de 1.220 mm","un",{"v":273636.79,"d":"273,636.79"},{"$nulls":4},{"v":333296.94,"d":"333,296.94"}]
[3713695,"Fornecimento e implantação de amortecedor retrátil (v <= 100 km/h) tipo TAU II combinado - fixado em barreira de concreto, com largura de âncora traseira de 1.370 mm","un",{"v":288034.79,"d":"288,034.79"},{"$nulls":4},{"v":350834.09,"d":"350,834.09"}]
[3713696,"Fornecimento e implantação de amortecedor retrátil (v <= 100 km/h) tipo TAU II combinado - fixado em barreira de concreto, com largura de âncora traseira de 1.520 mm","un",{"v":299158.68,"d":"299,158.68"},{"$nulls":4},{"v":364383.29,"d":"364,383.29"}]
[3713697,"Fornecimento e implantação de amortecedor retrátil (v <= 100 km/h) tipo TAU II combinado - fixado em barreira de concreto, com largura de âncora traseira de 1.680 mm","un",{"v":280353.83,"d":"280,353.83"},{"$nulls":4},{"v":341478.48,"d":"341,478.48"}]
[3713692,"Fornecimento e implantação de amortecedor retrátil (v <= 100 km/h) tipo TAU II combinado - fixado em barreira de concreto, com largura de âncora traseira de 900 mm","un",{"v":230005.44,"d":"230,005.44"},{"$nulls":4},{"v":280152.79,"d":"280,152.79"}]
[3713691,"Fornecimento e implantação de amortecedor retrátil (v <= 100 km/h) tipo TAU II paralelo - fixado em barreira de concreto, com largura de âncora traseira de até 700 mm","un",{"v":193910.88,"d":"193,910.88"},{"$nulls":4},{"v":236188.65,"d":"236,188.65"}]
[3713873,"Módulo de transição de defensa metálica para barreira rígida - fornecimento e implantação","un",{"v":5592.49,"d":"5,592.49"},{"$nulls":4},{"v":6811.8,"d":"6,811.80"}]
[3713705,"Remoção de defensa metálica","m",{"v":18.6,"d":"18.60"},{"$nulls":4},22.65]
[3713902,"Terminal absorvedor de energia de abertura com nível de contenção TL3 para defensa metálica - fornecimento e implantação","un",{"v":37669.34,"d":"37,669.34"},{"$nulls":4},{"v":45882.26,"d":"45,882.26"}]
[3713903,"Terminal absorvedor de energia de não abertura com nível de contenção TL3 para defensa metálica - fornecimento e implantação","un",{"v":51097.55,"d":"51,097.55"},{"$nulls":4},{"v":62238.18,"d":"62,238.18"}]
[3713689,"Terminal aéreo de defensa metálica - tipo A - fornecimento e implantação","un",349.08,{"$nulls":4},425.19]
[3713690,"Terminal de ancoragem de defensa metálica em barreira New Jersey - fornecimento e implantação","un",470.71,{"$nulls":4},573.34]
[3713897,"Terminal de ancoragem para barreira dupla de concreto, moldada no local (perfil F) - H = 810 + 250 mm","m",252.93,{"$nulls":4},308.07]
[3713893,"Terminal de ancoragem para barreira dupla de concreto, moldada no local (perfil New Jersey) - H = 810 + 250 mm","m",{"v":256.1,"d":"256.10"},{"$nulls":4},311.94]
[3713898,"Terminal de ancoragem para barreira dupla de concreto, moldada no local, com extrusora (perfil F) - H = 810 + 250 mm","m",266.27,{"$nulls":4},324.33]
[3713894,"Terminal de ancoragem para barreira dupla de concreto, moldada no local, com extrusora (perfil New Jersey) - H = 810 + 250 mm","m",267.56,{"$nulls":4},325.89]
[3713895,"Terminal de ancoragem para barreira simples de concreto, moldada no local (perfil F) - H = 810 + 250 mm","m",236.16,{"$nulls":4},287.65]
[3713891,"Terminal de ancoragem para barreira simples de concreto, moldada no local (perfil New Jersey) - H = 810 + 250 mm","m",235.09,{"$nulls":4},286.34]
[3713896,"Terminal de ancoragem para barreira simples de concreto, moldada no local, com extrusora (perfil F) - H = 810 + 250 mm","m",244.58,{"$nulls":4},{"v":297.9,"d":"297.90"}]
[3713892,"Terminal de ancoragem para barreira simples de concreto, moldada no local, com extrusora (perfil New Jersey) - H = 810 + 250 mm","m",240.53,{"$nulls":4},292.97]
[3806412,"Abertura de janela em estrutura de concreto existente para inspeção com espessura até 0,20 m e seção 0,49 m²","un",{"v":50,"d":"50.00"},{"$nulls":4},{"v":60.9,"d":"60.90"}]
[3806413,"Apicoamento mecanizado de concreto","m²",17.82,{"$nulls":4},{"v":21.7,"d":"21.70"}]
[3807863,"Chumbador de expansão controlada por torque para concreto D = 12,5 mm - fornecimento e instalação","un",11.77,{"$nulls":4},14.34]
[3807864,"Chumbador de expansão controlada por torque para concreto D = 16 mm - fornecimento e instalação","un",16.27,{"$nulls":4},19.82]
[3807865,"Chumbador de expansão controlada por torque para concreto D = 20 mm - fornecimento e instalação","un",24.33,{"$nulls":4},29.63]
[3807861,"Chumbador de expansão controlada por torque para concreto D = 6,3 mm - fornecimento e instalação","un",{"v":2.9,"d":"2.90"},{"$nulls":4},3.53]
[3807862,"Chumbador de expansão controlada por torque para concreto D = 8 mm - fornecimento e instalação","un",4.15,{"$nulls":4},5.06]
[3807752,"Corte linear em superfície de concreto para fixação de barras de aço de 10 mm - L = 12 mm e H = 12 mm","m",7.09,{"$nulls":4},8.64]
[3807753,"Corte linear em superfície de concreto para fixação de barras de aço de 12,5 mm - L = 15 mm e H = 15 mm","m",{"v":10.2,"d":"10.20"},{"$nulls":4},12.42]
[3807750,"Corte linear em superfície de concreto para fixação de barras de aço de 6,3 mm - L = 8 mm e H = 8 mm","m",4.15,{"$nulls":4},5.06]
[3807751,"Corte linear em superfície de concreto para fixação de barras de aço de 8 mm - L = 10 mm e H = 10 mm","m",5.44,{"$nulls":4},6.63]
[3806415,"Demolição controlada de concreto com martelete","m³",{"v":516.6,"d":"516.60"},{"$nulls":4},629.23]
[3806416,"Elevação de estruturas até 496 kN para substituição de aparelho de apoio com a utilização de macaco hidráulico","un",63.27,{"$nulls":4},77.07]
[3806419,"Elevação de estruturas de 1.390 a 1.859 kN para substituição de aparelho de apoio com a utilização de macaco hidráulico","un",{"v":85.2,"d":"85.20"},{"$nulls":4},103.77]
[3806417,"Elevação de estruturas de 496 a 929 kN para substituição de aparelho de apoio com a utilização de macaco hidráulico","un",70.93,{"$nulls":4},{"v":86.4,"d":"86.40"}]
[3806418,"Elevação de estruturas de 929 a 1.390 kN para substituição de aparelho de apoio com a utilização de macaco hidráulico","un",84.22,{"$nulls":4},102.58]
[3808207,"Escada tubular multidirecional em aço galvanizado - utilização de 100 vezes - fornecimento, instalação e retirada","m",{"v":147.3,"d":"147.30"},{"$nulls":4},179.41]
[3806400,"Fabricação de superestrutura metálica para passarela PL-15 - exceto piso de concreto","un",{"v":137995.12,"d":"137,995.12"},{"$nulls":4},{"v":168081.76,"d":"168,081.76"}]
[3806399,"Fabricação de superestrutura metálica para passarela PL-20 - exceto piso de concreto","un",{"v":196041.29,"d":"196,041.29"},{"$nulls":4},{"v":238783.54,"d":"238,783.54"}]
[3806387,"Fabricação de superestrutura metálica para passarela PL-25 - exceto piso de concreto","un",{"v":245677.67,"d":"245,677.67"},{"$nulls":4},{"v":299241.99,"d":"299,241.99"}]
[3806397,"Fabricação de superestrutura metálica para passarela PL-30 - exceto piso de concreto","un",{"v":329031.47,"d":"329,031.47"},{"$nulls":4},{"v":400769.15,"d":"400,769.15"}]
[3806396,"Fabricação de superestrutura metálica para passarela PL-35 - exceto piso de concreto","un",{"v":378810.52,"d":"378,810.52"},{"$nulls":4},{"v":461401.36,"d":"461,401.36"}]
[3816118,"Guarda-corpo de concreto - fabricação - areia e brita comerciais","m",{"v":83.5,"d":"83.50"},{"$nulls":4},101.71]
[3816117,"Guarda-corpo de concreto - fabricação - areia extraída e brita produzida","m",77.12,{"$nulls":4},93.94]
[3806386,"Guarda-corpo e corrimão metálico para passarelas para pedestres - fornecimento e instalação","m",585.77,{"$nulls":4},713.48]
[3816196,"Injeção de nata de cimento","m³",829.46,{"$nulls":4},{"v":1010.31,"d":"1,010.31"}]
[3806426,"Lançamento de pré-laje com utilização de guindauto","t",51.43,{"$nulls":4},62.64]
[3806401,"Lançamento de superestrutura de passarela metálica de 12 a 24 t com utilização de guindaste","un",{"v":11734.2,"d":"11,734.20"},{"$nulls":4},{"v":14292.57,"d":"14,292.57"}]
[3806423,"Lançamento de viga pré-moldada de 1.000 a 1.250 kN com utilização de guindaste","un",{"v":8310.06,"d":"8,310.06"},{"$nulls":4},{"v":10121.87,"d":"10,121.87"}]
[3806421,"Lançamento de viga pré-moldada de 500 a 750 kN com utilização de guindaste","un",{"v":3909.36,"d":"3,909.36"},{"$nulls":4},{"v":4761.7,"d":"4,761.70"}]
[3806422,"Lançamento de viga pré-moldada de 750 a 1.000 kN com utilização de guindaste","un",{"v":7479.06,"d":"7,479.06"},{"$nulls":4},{"v":9109.7,"d":"9,109.70"}]
[3806425,"Lançamento de viga pré-moldada de 980 a 1.225 kN com utilização de treliça lançadeira","un",{"v":2962.05,"d":"2,962.05"},{"$nulls":4},{"v":3607.86,"d":"3,607.86"}]
[3806424,"Lançamento de viga pré-moldada de 980 a 1.225 kN com utilização de treliça lançadeira e carrelone","un",{"v":4669.04,"d":"4,669.04"},{"$nulls":4},{"v":5687.01,"d":"5,687.01"}]
[3806420,"Lançamento de viga pré-moldada de até 500 kN com utilização de guindaste","un",{"v":3420.7,"d":"3,420.70"},{"$nulls":4},{"v":4166.51,"d":"4,166.51"}]
[3806405,"Limpeza de aparelhos de apoio em obras de arte especiais - exclusa a plataforma","un",112.69,{"$nulls":4},137.26]
[3806404,"Limpeza de material retido em fundações submersas de obras de arte especiais","m³",97.95,{"$nulls":4},119.31]
[3806406,"Limpeza em junta de dilatação","m",4.85,{"$nulls":4},5.91]
[3806403,"Limpeza em superfície de concreto com jateamento abrasivo com uso de granalhas de aço","m²",7.42,{"$nulls":4},9.04]
[3806402,"Limpeza em superfície de concreto com jateamento d'água sob pressão","m²",1.94,{"$nulls":4},2.36]
[3806407,"Pingadeira de elastômero perfil 40 x 40 mm com aba inclinada e fixada com adesivo estrutural e pinos - fornecimento e instalação - exclusa a plataforma","m",149.65,{"$nulls":4},182.28]
[3808043,"Pintura manual com nata de cimento - 3 demãos","m²",3.55,{"$nulls":4},4.32]
[3806431,"Placa de aço de apoio para protensão externa em reforço de viga de OAE - confecção e instalação","un",{"v":4923.71,"d":"4,923.71"},{"$nulls":4},{"v":5997.21,"d":"5,997.21"}]
[3806432,"Placa de aço de desvio para protensão externa em reforço de viga de OAE - confecção e instalação","un",{"v":2598.83,"d":"2,598.83"},{"$nulls":4},{"v":3165.44,"d":"3,165.44"}]
[3806429,"Plataforma de trabalho em aço tubular apoiada no solo - altura de 4 a 6 m - utilização de 100 vezes - fornecimento, instalação e retirada","m³",13.87,{"$nulls":4},16.89]
[3806430,"Plataforma de trabalho em aço tubular apoiada no solo - altura de 6 a 8 m - utilização de 100 vezes - fornecimento, instalação e retirada","m³",{"v":8.7,"d":"8.70"},{"$nulls":4},{"v":10.6,"d":"10.60"}]
[3806428,"Plataforma de trabalho em aço tubular apoiada no solo - altura de até 4 m - utilização de 100 vezes - fornecimento, instalação e retirada","m³",31.53,{"$nulls":4},38.41]
[3816198,"Plataforma de trabalho em madeira apoiada no solo - altura de 6 a 12 m - utilização de 5 vezes - confecção, instalação e retirada","m³",54.42,{"$nulls":4},66.28]
[3816197,"Plataforma de trabalho em madeira apoiada no solo - altura de até 6 m - utilização de 5 vezes - confecção, instalação e retirada","m³",49.48,{"$nulls":4},60.27]
[3806410,"Plataforma de trabalho suspensa sob tabuleiro de pontes com treliças metálicas e tábuas - utilização de 100 vezes - confecção, instalação e retirada","m²",50.81,{"$nulls":4},61.89]
[3806411,"Plataforma mecanizada de inspeção sob pontes com capacidade de 500 kg e alcance de 15 m","h",536.58,{"$nulls":4},653.57]
[3815644,"Recomposição de dreno em tubo de aço galvanizado D = 100 mm em OAE - fornecimento e instalação","un",90.51,{"$nulls":4},110.24]
[3815643,"Recomposição de dreno em tubo de aço galvanizado D = 80 mm em OAE - fornecimento e instalação","un",75.09,{"$nulls":4},91.46]
[3815706,"Recomposição de guarda-corpo com agregados comerciais - instalação","m",111.15,{"$nulls":4},135.38]
[3815597,"Recomposição de guarda-corpo com agregados produzidos - instalação","m",104.77,{"$nulls":4},127.61]
[3815600,"Recuperação de guarda-corpo metálico em ambiente agressivo","m²",51.59,{"$nulls":4},62.84]
[3815601,"Recuperação de guarda-corpo metálico em ambiente muito agressivo","m²",47.82,{"$nulls":4},58.24]
[3815599,"Recuperação de guarda-corpo metálico em ambiente pouco agressivo","m²",23.37,{"$nulls":4},28.47]
[3806414,"Remoção de concreto com jateamento d'água sob alta pressão","m³",460.52,{"$nulls":4},560.93]
[3806409,"Restauração de berços de apoio para junta de dilatação - fornecimento e instalação","m",49.78,{"$nulls":4},60.63]
[3815602,"Substituição de junta de dilatação e lábios poliméricos - fornecimento e instalação","m",25.39,{"$nulls":4},30.92]
[4011444,"Areia asfalto a quente - faixa A - areia comercial","t",{"v":141.6,"d":"141.60"},{"$nulls":4},172.47]
[4011443,"Areia asfalto a quente - faixa A - areia extraída","t",100.43,{"$nulls":4},122.33]
[4011446,"Areia asfalto a quente - faixa B - areia comercial","t",133.08,{"$nulls":4},{"v":162.1,"d":"162.10"}]
[4011445,"Areia asfalto a quente - faixa B - areia extraída","t",91.02,{"$nulls":4},110.87]
[4011448,"Areia asfalto a quente com asfalto polímero - faixa A - areia comercial","t",134.87,{"$nulls":4},164.28]
[4011447,"Areia asfalto a quente com asfalto polímero - faixa A - areia extraída","t",91.62,{"$nulls":4},{"v":111.6,"d":"111.60"}]
[4011450,"Areia asfalto a quente com asfalto polímero - faixa B - areia comercial","t",139.75,{"$nulls":4},170.22]
[4011449,"Areia asfalto a quente com asfalto polímero - faixa B - areia extraída","t",97.28,{"$nulls":4},118.49]
[4011452,"Areia asfalto a quente com asfalto polímero - faixa C - areia comercial","t",142.94,{"$nulls":4},174.11]
[4011451,"Areia asfalto a quente com asfalto polímero - faixa C - areia extraída","t",101.01,{"$nulls":4},123.03]
[4011219,"Base de solo estabilizado granulometricamente sem mistura com material de jazida","m³",9.91,{"$nulls":4},12.07]
[4011291,"Base de solo melhorado com 3% de cimento e mistura em usina com material de jazida","m³",50.58,{"$nulls":4},61.61]
[4011287,"Base de solo melhorado com 3% de cimento e mistura na pista com material de jazida","m³",44.19,{"$nulls":4},53.83]
[4011305,"Base de solo-cal com 7% de cal e mistura na pista com material de jazida","m³",71.47,{"$nulls":4},87.05]
[4011313,"Base de solo-cimento com 7% de cimento e mistura em usina com material de jazida","m³",89.86,{"$nulls":4},109.45]
[4011297,"Base de solo-cimento com 7% de cimento e mistura na pista com material de jazida","m³",88.23,{"$nulls":4},107.47]
[4011221,"Base estabilizada granulometricamente com mistura de solos na pista com material de jazida","m³",10.56,{"$nulls":4},12.86]
[4011226,"Base estabilizada granulometricamente com mistura solo areia (70% - 30%) em usina com material de jazida e areia extraída","m³",25.17,{"$nulls":4},30.66]
[4011240,"Base estabilizada granulometricamente com mistura solo brita (70% - 30%) com 3% de cimento em usina com material de jazida e brita comercial","m³",104.37,{"$nulls":4},127.12]
[4011239,"Base estabilizada granulometricamente com mistura solo brita (70% - 30%) com 3% de cimento em usina com material de jazida e brita produzida","m³",71.74,{"$nulls":4},87.38]
[4011268,"Base estabilizada granulometricamente com mistura solo brita (70% - 30%) em usina com material de jazida e brita comercial","m³",72.93,{"$nulls":4},88.83]
[4011267,"Base estabilizada granulometricamente com mistura solo brita (70% - 30%) em usina com material de jazida e brita produzida","m³",39.29,{"$nulls":4},47.86]
[4011256,"Base estabilizada granulometricamente com mistura solo brita (70% - 30%) na pista com material de jazida e brita comercial","m³",62.27,{"$nulls":4},75.85]
[4011255,"Base estabilizada granulometricamente com mistura solo brita (70% - 30%) na pista com material de jazida e brita produzida","m³",28.64,{"$nulls":4},34.88]
[4011276,"Base ou sub-base de brita graduada com brita comercial","m³",206.51,{"$nulls":4},251.54]
[4011275,"Base ou sub-base de brita graduada com brita produzida","m³",88.41,{"$nulls":4},107.68]
[4011549,"Base ou sub-base de brita graduada executada com vibroacabadora - brita comercial","m³",207.81,{"$nulls":4},253.12]
[4011548,"Base ou sub-base de brita graduada executada com vibroacabadora - brita produzida","m³",{"v":89.7,"d":"89.70"},{"$nulls":4},109.26]
[4011278,"Base ou sub-base de brita graduada tratada com cimento com brita comercial","m³",244.12,{"$nulls":4},297.35]
[4011277,"Base ou sub-base de brita graduada tratada com cimento com brita produzida","m³",127.72,{"$nulls":4},155.57]
[4011561,"Base ou sub-base de brita graduada tratada com cimento executada com vibroacabadora - brita comercial","m³",245.42,{"$nulls":4},298.93]
[4011560,"Base ou sub-base de brita graduada tratada com cimento executada com vibroacabadora - brita produzida","m³",129.02,{"$nulls":4},157.15]
[4011282,"Base ou sub-base de macadame hidráulico com brita comercial","m³",179.64,{"$nulls":4},218.81]
[4011281,"Base ou sub-base de macadame hidráulico com brita produzida","m³",76.66,{"$nulls":4},93.37]
[4011279,"Base ou sub-base de macadame seco com brita comercial","m³",175.02,{"$nulls":4},213.18]
[4011280,"Base ou sub-base de macadame seco com brita produzida","m³",72.03,{"$nulls":4},87.74]
[4011327,"Base ou sub-base estabilizada granulometricamente com mistura solo escória de aciaria (50%-50%) em usina com material de jazida","m³",31.31,{"$nulls":4},38.14]
[4011325,"Base ou sub-base estabilizada granulometricamente com mistura solo escória de aciaria (50%-50%) na pista com material de jazida","m³",19.19,{"$nulls":4},23.38]
[4011454,"Concreto asfáltico - faixa A - areia e brita comerciais","t",157.88,{"$nulls":4},{"v":192.3,"d":"192.30"}]
[4011453,"Concreto asfáltico - faixa A - areia extraída e brita produzida","t",109.08,{"$nulls":4},132.86]
[4011455,"Concreto asfáltico - faixa A - massa comercial","t",14.95,{"$nulls":4},18.21]
[4011459,"Concreto asfáltico - faixa B - areia e brita comerciais","t",159.58,{"$nulls":4},194.37]
[4011458,"Concreto asfáltico - faixa B - areia extraída e brita produzida","t",111.29,{"$nulls":4},135.56]
[4011463,"Concreto asfáltico - faixa C - areia e brita comerciais","t",{"v":156.8,"d":"156.80"},{"$nulls":4},190.99]
[4011462,"Concreto asfáltico - faixa C - areia extraída e brita produzida","t",109.85,{"$nulls":4},{"v":133.8,"d":"133.80"}]
[4011464,"Concreto asfáltico - faixa C - massa comercial","t",14.95,{"$nulls":4},18.21]
[4011457,"Concreto asfáltico com asfalto polímero - faixa A - areia e brita comerciais","t",159.57,{"$nulls":4},194.36]
[4011456,"Concreto asfáltico com asfalto polímero - faixa A - areia extraída e brita produzida","t",109.26,{"$nulls":4},133.08]
[4011461,"Concreto asfáltico com asfalto polímero - faixa B - areia e brita comerciais","t",{"v":160,"d":"160.00"},{"$nulls":4},194.89]
[4011460,"Concreto asfáltico com asfalto polímero - faixa B - areia extraída e brita produzida","t",{"v":111.5,"d":"111.50"},{"$nulls":4},135.81]
[4011466,"Concreto asfáltico com asfalto polímero - faixa C - areia e brita comerciais","t",159.02,{"$nulls":4},193.69]
[4011465,"Concreto asfáltico com asfalto polímero - faixa C - areia extraída e brita produzida","t",{"v":113.7,"d":"113.70"},{"$nulls":4},138.49]
[4011469,"Concreto asfáltico com borracha - faixa A - brita comercial","t",198.14,{"$nulls":4},241.34]
[4011473,"Concreto asfáltico com borracha - faixa A - brita produzida","t",149.71,{"$nulls":4},182.35]
[4011470,"Concreto asfáltico com borracha - faixa B - brita comercial","t",200.96,{"$nulls":4},244.78]
[4011474,"Concreto asfáltico com borracha - faixa B - brita produzida","t",153.09,{"$nulls":4},186.47]
[4011471,"Concreto asfáltico com borracha - faixa C - brita comercial","t",201.39,{"$nulls":4},{"v":245.3,"d":"245.30"}]
[4011475,"Concreto asfáltico com borracha - faixa C - brita produzida","t",154.77,{"$nulls":4},188.52]
[4011472,"Concreto asfáltico com borracha - faixa GAP GRADED - brita comercial","t",199.98,{"$nulls":4},243.58]
[4011476,"Concreto asfáltico com borracha - faixa GAP GRADED - brita produzida","t",149.46,{"$nulls":4},182.05]
[4011478,"Concreto asfáltico reciclado em usina com adição de asfalto - brita comercial","t",146.18,{"$nulls":4},178.05]
[4011477,"Concreto asfáltico reciclado em usina com adição de asfalto - brita produzida","t",113.62,{"$nulls":4},138.39]
[4011538,"Cura com pintura asfáltica para pavimento de concreto compactado com rolo","m²",0.13,{"$nulls":4},0.16]
[4016096,"Escavação e carga de material de jazida com escavadeira hidráulica de 1,56 m³","m³",1.22,{"$nulls":4},1.49]
[4016008,"Escavação e carga de material de jazida com trator de 127 kW e carregadeira de 3,4 m³","m³",3.25,{"$nulls":4},3.96]
[4016007,"Escavação e carga de material de jazida com trator de 97 kW e carregadeira de 1,72 m³","m³",3.83,{"$nulls":4},4.67]
[4015612,"Execução de revestimento primário com material de jazida","m³",9.75,{"$nulls":4},11.88]
[4011562,"Geogrelha bidirecional com resistência à tração de 30 kN/m - deformação < 5% - malha de 36 x 34 mm - para reforço de base granular","m²",26.47,{"$nulls":4},32.24]
[4011351,"Imprimação com asfalto diluído","m²",{"v":0.3,"d":"0.30"},{"$nulls":4},0.37]
[4011352,"Imprimação com emulsão asfáltica","m²",0.33,{"$nulls":4},{"v":0.4,"d":"0.40"}]
[4011402,"Lama asfáltica - faixa I - areia e brita comerciais","m²",0.71,{"$nulls":4},0.86]
[4011401,"Lama asfáltica - faixa I - areia extraída e brita produzida","m²",0.48,{"$nulls":4},0.58]
[4011404,"Lama asfáltica - faixa II - areia e brita comerciais","m²",0.48,{"$nulls":4},0.59]
[4011403,"Lama asfáltica - faixa II - areia extraída e brita produzida","m²",0.33,{"$nulls":4},{"v":0.4,"d":"0.40"}]
[4011406,"Lama asfáltica - faixa III - areia e brita comerciais","m²",0.93,{"$nulls":4},1.13]
[4011405,"Lama asfáltica - faixa III - areia extraída e brita produzida","m²",0.62,{"$nulls":4},0.76]
[4011392,"Macadame betuminoso por penetração - faixa A - brita comercial","m³",202.12,{"$nulls":4},246.19]
[4011391,"Macadame betuminoso por penetração - faixa A - brita produzida","m³",101.28,{"$nulls":4},123.36]
[4011394,"Macadame betuminoso por penetração - faixa B - brita comercial","m³",202.59,{"$nulls":4},246.76]
[4011393,"Macadame betuminoso por penetração - faixa B - brita produzida","m³",101.76,{"$nulls":4},123.95]
[4011396,"Macadame betuminoso por penetração - faixa C - brita comercial","m³",205.32,{"$nulls":4},250.08]
[4011395,"Macadame betuminoso por penetração - faixa C - brita produzida","m³",102.32,{"$nulls":4},124.63]
[4011398,"Macadame betuminoso por penetração - faixa D - brita comercial","m³",207.11,{"$nulls":4},252.27]
[4011397,"Macadame betuminoso por penetração - faixa D - brita produzida","m³",102.54,{"$nulls":4},{"v":124.9,"d":"124.90"}]
[4011400,"Macadame betuminoso por penetração com asfalto com polímero - faixa A - brita comercial","m³",214.85,{"$nulls":4},261.69]
[4011399,"Macadame betuminoso por penetração com asfalto com polímero - faixa A - brita produzida","m³",{"v":116.7,"d":"116.70"},{"$nulls":4},142.14]
[4011490,"Manta sintética para recapeamento asfáltico com geotêxtil RT - 09 - fornecimento e aplicação","m²",4.61,{"$nulls":4},5.61]
[4011536,"Membrana plástica isolante e impermeabilizante com espessura de 0,2 mm - fornecimento e instalação","m²",1.53,{"$nulls":4},1.86]
[4011415,"Micro pré-misturado a quente com asfalto polímero - brita comercial","t",157.68,{"$nulls":4},192.06]
[4011416,"Micro pré-misturado a quente com asfalto polímero - brita produzida","t",111.37,{"$nulls":4},135.65]
[4011408,"Microrrevestimento a frio com emulsão modificada com polímero de 0,8 cm - faixa II - brita comercial","m²",{"v":2,"d":"2.00"},{"$nulls":4},2.43]
[4011407,"Microrrevestimento a frio com emulsão modificada com polímero de 0,8 cm - faixa II - brita produzida","m²",1.41,{"$nulls":4},1.72]
[4011410,"Microrrevestimento a frio com emulsão modificada com polímero de 1,5 cm - faixa III - brita comercial","m²",3.86,{"$nulls":4},{"v":4.7,"d":"4.70"}]
[4011409,"Microrrevestimento a frio com emulsão modificada com polímero de 1,5 cm - faixa III - brita produzida","m²",2.75,{"$nulls":4},3.35]
[4011412,"Microrrevestimento a frio com emulsão modificada com polímero de 2,0 cm - faixa III - brita comercial","m²",5.15,{"$nulls":4},6.27]
[4011411,"Microrrevestimento a frio com emulsão modificada com polímero de 2,0 cm - faixa III - brita produzida","m²",3.66,{"$nulls":4},4.46]
[4011520,"Pavimento de concreto com equipamento de pequeno porte - areia e brita comerciais","m³",450.34,{"$nulls":4},548.53]
[4011507,"Pavimento de concreto com equipamento de pequeno porte - areia extraída e brita produzida","m³",338.24,{"$nulls":4},411.98]
[4011535,"Pavimento de concreto com equipamento fôrma-trilho - areia e brita comerciais","m³",340.73,{"$nulls":4},415.02]
[4011534,"Pavimento de concreto com equipamento fôrma-trilho - areia extraída e brita produzida","m³",245.54,{"$nulls":4},299.07]
[4011533,"Pavimento de concreto com fôrmas deslizantes - areia e brita comerciais","m³",345.37,{"$nulls":4},420.67]
[4011532,"Pavimento de concreto com fôrmas deslizantes - areia extraída e brita produzida","m³",250.18,{"$nulls":4},304.72]
[4011492,"Pavimento de concreto compactado com rolo - brita comercial","m³",300.88,{"$nulls":4},366.48]
[4011491,"Pavimento de concreto compactado com rolo - brita produzida","m³",186.38,{"$nulls":4},227.01]
[4011353,"Pintura de ligação","m²",0.23,{"$nulls":4},0.28]
[4011354,"Pintura de ligação - emulsão com polímero","m²",0.23,{"$nulls":4},0.28]
[4011418,"Pré-misturado a frio - faixa A - areia e brita comerciais","m³",274.87,{"$nulls":4},{"v":334.8,"d":"334.80"}]
[4011417,"Pré-misturado a frio - faixa A - areia extraída e brita produzida","m³",154.64,{"$nulls":4},188.36]
[4011420,"Pré-misturado a frio - faixa B - areia e brita comerciais","m³",275.46,{"$nulls":4},335.52]
[4011419,"Pré-misturado a frio - faixa B - areia extraída e brita produzida","m³",{"v":152.1,"d":"152.10"},{"$nulls":4},185.26]
[4011422,"Pré-misturado a frio - faixa C - areia e brita comerciais","m³",281.85,{"$nulls":4},{"v":343.3,"d":"343.30"}]
[4011421,"Pré-misturado a frio - faixa C - areia extraída e brita produzida","m³",164.15,{"$nulls":4},199.94]
[4011424,"Pré-misturado a frio - faixa D - areia e brita comerciais","m³",282.88,{"$nulls":4},344.56]
[4011423,"Pré-misturado a frio - faixa D - areia extraída e brita produzida","m³",161.61,{"$nulls":4},196.84]
[4011426,"Pré-misturado a frio com emulsão asfáltica com polímero - faixa A - areia e brita comerciais","m³",274.87,{"$nulls":4},{"v":334.8,"d":"334.80"}]
[4011425,"Pré-misturado a frio com emulsão asfáltica com polímero - faixa A - areia extraída e brita produzida","m³",154.64,{"$nulls":4},188.36]
[4011428,"Pré-misturado a frio com emulsão asfáltica com polímero - faixa B - areia e brita comerciais","m³",275.46,{"$nulls":4},335.52]
[4011427,"Pré-misturado a frio com emulsão asfáltica com polímero - faixa B - areia extraída e brita produzida","m³",{"v":152.1,"d":"152.10"},{"$nulls":4},185.26]
[4011430,"Pré-misturado a frio com emulsão asfáltica com polímero - faixa C - areia e brita comerciais","m³",280.86,{"$nulls":4},342.09]
[4011429,"Pré-misturado a frio com emulsão asfáltica com polímero - faixa C - areia extraída e brita produzida","m³",163.72,{"$nulls":4},199.41]
[4011432,"Pré-misturado a frio com emulsão asfáltica com polímero - faixa D - areia e brita comerciais","m³",281.89,{"$nulls":4},343.35]
[4011431,"Pré-misturado a frio com emulsão asfáltica com polímero - faixa D - areia extraída e brita produzida","m³",161.18,{"$nulls":4},196.32]
[4011434,"Pré-misturado a quente com asfalto polímero - faixa I - camada porosa de atrito - areia e brita comerciais","t",161.26,{"$nulls":4},196.42]
[4011433,"Pré-misturado a quente com asfalto polímero - faixa I - camada porosa de atrito - areia extraída e brita produzida","t",108.58,{"$nulls":4},132.25]
[4011436,"Pré-misturado a quente com asfalto polímero - faixa II - camada porosa de atrito - areia e brita comerciais","t",154.55,{"$nulls":4},188.25]
[4011435,"Pré-misturado a quente com asfalto polímero - faixa II - camada porosa de atrito - areia extraída e brita produzida","t",100.83,{"$nulls":4},122.81]
[4011438,"Pré-misturado a quente com asfalto polímero - faixa III - camada porosa de atrito - areia e brita comerciais","t",157.88,{"$nulls":4},{"v":192.3,"d":"192.30"}]
[4011437,"Pré-misturado a quente com asfalto polímero - faixa III - camada porosa de atrito - areia extraída e brita produzida","t",107.18,{"$nulls":4},130.55]
[4011440,"Pré-misturado a quente com asfalto polímero - faixa IV - camada porosa de atrito - areia e brita comerciais","t",165.82,{"$nulls":4},201.97]
[4011439,"Pré-misturado a quente com asfalto polímero - faixa IV - camada porosa de atrito - areia extraída e brita produzida","t",112.17,{"$nulls":4},136.62]
[4011442,"Pré-misturado a quente com asfalto polímero - faixa V - camada porosa de atrito - areia e brita comerciais","t",{"v":164.5,"d":"164.50"},{"$nulls":4},200.37]
[4011441,"Pré-misturado a quente com asfalto polímero - faixa V - camada porosa de atrito - areia extraída e brita produzida","t",111.84,{"$nulls":4},136.22]
[4011482,"Reciclagem com adição de 3% de cimento e incorporação do revestimento asfáltico à base","m³",58.89,{"$nulls":4},71.73]
[4011484,"Reciclagem com adição de brita comercial e incorporação do revestimento asfáltico à base","m³",60.23,{"$nulls":4},73.36]
[4011483,"Reciclagem com adição de brita produzida e incorporação do revestimento asfáltico à base","m³",39.85,{"$nulls":4},48.54]
[4011488,"Reciclagem com espuma asfáltica e incorporação do revestimento asfáltico à base com adição de cimento","m³",43.26,{"$nulls":4},52.69]
[4011487,"Reciclagem com espuma asfáltica e incorporação do revestimento asfáltico à base com adição de pó de pedra comercial e cimento","m³",69.05,{"$nulls":4},{"v":84.1,"d":"84.10"}]
[4011486,"Reciclagem com incorporação do revestimento asfáltico à base com adição de 3% de cimento e de brita comercial","m³",93.76,{"$nulls":4},{"v":114.2,"d":"114.20"}]
[4011485,"Reciclagem com incorporação do revestimento asfáltico à base com adição de 3% de cimento e de brita produzida","m³",73.37,{"$nulls":4},89.37]
[4011489,"Reciclagem de revestimento asfáltico em usina com adição de espuma asfáltica, pó de pedra comercial e cimento","m³",126.32,{"$nulls":4},153.86]
[4011481,"Reciclagem simples com incorporação do revestimento asfáltico à base","m³",25.37,{"$nulls":4},{"v":30.9,"d":"30.90"}]
[4011347,"Reestabilização de camada de base com adição de 3% de cimento","m³",49.42,{"$nulls":4},60.19]
[4011342,"Reestabilização de camada de base com adição de 30% de brita comercial","m³",{"v":73.5,"d":"73.50"},{"$nulls":4},89.52]
[4011344,"Reestabilização de camada de base com adição de 30% de brita produzida","m³",39.86,{"$nulls":4},48.55]
[4011341,"Reestabilização de camada de base com adição de 30% de material fresado retirado da pista","m³",9.94,{"$nulls":4},12.11]
[4011346,"Reestabilização de camada de base sem adição de material","m³",6.95,{"$nulls":4},8.46]
[4011211,"Reforço do subleito com material de jazida","m³",9.32,{"$nulls":4},11.35]
[4011304,"Reforço do subleito de solo melhorado com 4% de cal e mistura na pista com material de jazida","m³",45.38,{"$nulls":4},55.28]
[4011209,"Regularização do subleito","m²",0.92,{"$nulls":4},1.12]
[4011210,"Regularização do subleito com fresagem corte e controle automático de greide","m²",0.99,{"$nulls":4},{"v":1.2,"d":"1.20"}]
[4011537,"Serragem de juntas em pavimento de concreto, limpeza e enchimento com selante a frio","m",15.94,{"$nulls":4},19.42]
[4011218,"Sub-base de concreto adensado por vibração - areia e brita comerciais","m³",{"v":349.2,"d":"349.20"},{"$nulls":4},425.34]
[4011217,"Sub-base de concreto adensado por vibração - areia extraída e brita produzida","m³",227.84,{"$nulls":4},277.51]
[4011214,"Sub-base de concreto compactado com rolo - brita comercial","m³",{"v":261.4,"d":"261.40"},{"$nulls":4},318.39]
[4011213,"Sub-base de concreto compactado com rolo - brita produzida","m³",141.68,{"$nulls":4},172.57]
[4011227,"Sub-base de solo estabilizado granulometricamente sem mistura com material de jazida","m³",9.32,{"$nulls":4},11.35]
[4011302,"Sub-base de solo melhorado com 3% de cimento e mistura em usina com material de jazida","m³",50.29,{"$nulls":4},61.25]
[4011300,"Sub-base de solo melhorado com 3% de cimento e mistura na pista com material de jazida","m³",{"v":43.9,"d":"43.90"},{"$nulls":4},53.47]
[4011306,"Sub-base de solo-cal com 7% de cal e mistura na pista com material de jazida","m³",71.17,{"$nulls":4},86.69]
[4011303,"Sub-base de solo-cimento com 7% de cimento e mistura em usina com material de jazida","m³",89.56,{"$nulls":4},109.09]
[4011301,"Sub-base de solo-cimento com 7% de cimento e mistura na pista com material de jazida","m³",87.94,{"$nulls":4},107.11]
[4011228,"Sub-base estabilizada granulometricamente com mistura de solos na pista com material de jazida","m³",10.27,{"$nulls":4},12.51]
[4011229,"Sub-base estabilizada granulometricamente com mistura solo areia (70% - 30%) em usina com material de jazida e areia extraída","m³",24.88,{"$nulls":4},{"v":30.3,"d":"30.30"}]
[4011231,"Sub-base estabilizada granulometricamente com mistura solo brita (70% - 30%) com 3% de cimento em usina com material de jazida e brita comercial","m³",104.07,{"$nulls":4},126.76]
[4011230,"Sub-base estabilizada granulometricamente com mistura solo brita (70% - 30%) com 3% de cimento em usina com material de jazida e brita produzida","m³",71.44,{"$nulls":4},87.02]
[4011235,"Sub-base estabilizada granulometricamente com mistura solo brita (70% - 30%) em usina com material de jazida e brita comercial","m³",72.63,{"$nulls":4},88.47]
[4011234,"Sub-base estabilizada granulometricamente com mistura solo brita (70% - 30%) em usina com material de jazida e brita produzida","m³",{"v":39,"d":"39.00"},{"$nulls":4},{"v":47.5,"d":"47.50"}]
[4011233,"Sub-base estabilizada granulometricamente com mistura solo brita (70% - 30%) na pista com material de jazida e brita comercial","m³",61.98,{"$nulls":4},75.49]
[4011232,"Sub-base estabilizada granulometricamente com mistura solo brita (70% - 30%) na pista com material de jazida e brita produzida","m³",28.34,{"$nulls":4},34.52]
[4011372,"Tratamento superficial duplo com banho diluído - brita comercial","m²",5.15,{"$nulls":4},6.27]
[4011371,"Tratamento superficial duplo com banho diluído - brita produzida","m²",3.24,{"$nulls":4},3.95]
[4011378,"Tratamento superficial duplo com banho diluído com emulsão com polímero - brita comercial","m²",5.15,{"$nulls":4},6.27]
[4011377,"Tratamento superficial duplo com banho diluído com emulsão com polímero - brita produzida","m²",3.24,{"$nulls":4},3.95]
[4011368,"Tratamento superficial duplo com CAP - brita comercial","m²",4.23,{"$nulls":4},5.15]
[4011367,"Tratamento superficial duplo com CAP - brita produzida","m²",2.32,{"$nulls":4},2.82]
[4011374,"Tratamento superficial duplo com CAP com polímero - brita comercial","m²",4.23,{"$nulls":4},5.15]
[4011373,"Tratamento superficial duplo com CAP com polímero - brita produzida","m²",2.32,{"$nulls":4},2.82]
[4011370,"Tratamento superficial duplo com emulsão - brita comercial","m²",4.73,{"$nulls":4},5.76]
[4011369,"Tratamento superficial duplo com emulsão - brita produzida","m²",2.82,{"$nulls":4},3.43]
[4011376,"Tratamento superficial duplo com emulsão com polímero - brita comercial","m²",4.73,{"$nulls":4},5.76]
[4011375,"Tratamento superficial duplo com emulsão com polímero - brita produzida","m²",2.82,{"$nulls":4},3.43]
[4011360,"Tratamento superficial simples com banho diluído - brita comercial","m²",1.81,{"$nulls":4},{"v":2.2,"d":"2.20"}]
[4011359,"Tratamento superficial simples com banho diluído - brita produzida","m²",1.18,{"$nulls":4},1.44]
[4011366,"Tratamento superficial simples com banho diluído com emulsão com polímero - brita comercial","m²",1.81,{"$nulls":4},{"v":2.2,"d":"2.20"}]
[4011365,"Tratamento superficial simples com banho diluído com emulsão com polímero - brita produzida","m²",1.18,{"$nulls":4},1.44]
[4011356,"Tratamento superficial simples com CAP - brita comercial","m²",1.42,{"$nulls":4},1.73]
[4011355,"Tratamento superficial simples com CAP - brita produzida","m²",{"v":0.8,"d":"0.80"},{"$nulls":4},0.97]
[4011362,"Tratamento superficial simples com CAP com polímero - brita comercial","m²",1.42,{"$nulls":4},1.73]
[4011361,"Tratamento superficial simples com CAP com polímero - brita produzida","m²",{"v":0.8,"d":"0.80"},{"$nulls":4},0.97]
[4011358,"Tratamento superficial simples com emulsão - brita comercial","m²",1.63,{"$nulls":4},1.98]
[4011357,"Tratamento superficial simples com emulsão - brita produzida","m²",{"v":1,"d":"1.00"},{"$nulls":4},1.22]
[4011364,"Tratamento superficial simples com emulsão com polímero - brita comercial","m²",1.63,{"$nulls":4},1.98]
[4011363,"Tratamento superficial simples com emulsão com polímero - brita produzida","m²",{"v":1,"d":"1.00"},{"$nulls":4},1.22]
[4011384,"Tratamento superficial triplo com banho diluído - brita comercial","m²",5.68,{"$nulls":4},6.92]
[4011383,"Tratamento superficial triplo com banho diluído - brita produzida","m²",3.55,{"$nulls":4},4.32]
[4011390,"Tratamento superficial triplo com banho diluído - emulsão com polímero - brita comercial","m²",5.68,{"$nulls":4},6.92]
[4011389,"Tratamento superficial triplo com banho diluído - emulsão com polímero - brita produzida","m²",3.55,{"$nulls":4},4.32]
[4011380,"Tratamento superficial triplo com CAP - brita comercial","m²",4.75,{"$nulls":4},5.79]
[4011379,"Tratamento superficial triplo com CAP - brita produzida","m²",2.62,{"$nulls":4},3.19]
[4011386,"Tratamento superficial triplo com CAP com polímero - brita comercial","m²",4.75,{"$nulls":4},5.79]
[4011385,"Tratamento superficial triplo com CAP com polímero - brita produzida","m²",2.62,{"$nulls":4},3.19]
[4011382,"Tratamento superficial triplo com emulsão - brita comercial","m²",5.25,{"$nulls":4},{"v":6.4,"d":"6.40"}]
[4011381,"Tratamento superficial triplo com emulsão - brita produzida","m²",3.13,{"$nulls":4},3.81]
[4011388,"Tratamento superficial triplo com emulsão com polímero - brita comercial","m²",5.25,{"$nulls":4},{"v":6.4,"d":"6.40"}]
[4011387,"Tratamento superficial triplo com emulsão com polímero - brita produzida","m²",3.13,{"$nulls":4},3.81]
[4011212,"Varredura da superfície para execução de revestimento asfáltico","m²",0.05,{"$nulls":4},0.06]
[4208197,"Ancoragem fixa para estais de 12 cordoalhas D = 15,7 mm - inclusive injeção de cera","un",{"v":11407.46,"d":"11,407.46"},{"$nulls":4},{"v":13894.59,"d":"13,894.59"}]
[4208158,"Ancoragem fixa para estais de 19 cordoalhas D = 15,7 mm - inclusive injeção de cera","un",{"v":15604.62,"d":"15,604.62"},{"$nulls":4},{"v":19006.84,"d":"19,006.84"}]
[4208198,"Ancoragem fixa para estais de 22 cordoalhas D = 15,7 mm - inclusive injeção de cera","un",{"v":16609,"d":"16,609.00"},{"$nulls":4},{"v":20230.21,"d":"20,230.21"}]
[4208159,"Ancoragem fixa para estais de 31 cordoalhas D = 15,7 mm - inclusive injeção de cera","un",{"v":25157.43,"d":"25,157.43"},{"$nulls":4},{"v":30642.42,"d":"30,642.42"}]
[4208160,"Ancoragem fixa para estais de 37 cordoalhas D = 15,7 mm - inclusive injeção de cera","un",{"v":29931.16,"d":"29,931.16"},{"$nulls":4},{"v":36456.96,"d":"36,456.96"}]
[4208199,"Ancoragem fixa para estais de 43 cordoalhas D = 15,7 mm - inclusive injeção de cera","un",{"v":34720.76,"d":"34,720.76"},{"$nulls":4},{"v":42290.81,"d":"42,290.81"}]
[4208161,"Ancoragem fixa para estais de 55 cordoalhas D = 15,7 mm - inclusive injeção de cera","un",{"v":44161.6,"d":"44,161.60"},{"$nulls":4},{"v":53790.01,"d":"53,790.01"}]
[4208162,"Ancoragem fixa para estais de 61 cordoalhas D = 15,7 mm - inclusive injeção de cera","un",{"v":49204.49,"d":"49,204.49"},{"$nulls":4},{"v":59932.39,"d":"59,932.39"}]
[4208163,"Ancoragem fixa para estais de 73 cordoalhas D = 15,7 mm - inclusive injeção de cera","un",{"v":62444.36,"d":"62,444.36"},{"$nulls":4},{"v":76058.9,"d":"76,058.90"}]
[4208200,"Ancoragem fixa para estais de 85 cordoalhas D = 15,7 mm - inclusive injeção de cera","un",{"v":67930.22,"d":"67,930.22"},{"$nulls":4},{"v":82740.83,"d":"82,740.83"}]
[4208164,"Ancoragem fixa para estais de 91 cordoalhas D = 15,7 mm - inclusive injeção de cera","un",{"v":82273.44,"d":"82,273.44"},{"$nulls":4},{"v":100211.26,"d":"100,211.26"}]
[4208201,"Ancoragem regulável para estais de 12 cordoalhas D = 15,7 mm - inclusive protensão, injeção de cera e regulagem final","un",{"v":15751.23,"d":"15,751.23"},{"$nulls":4},{"v":19185.42,"d":"19,185.42"}]
[4208151,"Ancoragem regulável para estais de 19 cordoalhas D = 15,7 mm - inclusive protensão, injeção de cera e regulagem final","un",{"v":22127.22,"d":"22,127.22"},{"$nulls":4},{"v":26951.55,"d":"26,951.55"}]
[4208202,"Ancoragem regulável para estais de 22 cordoalhas D = 15,7 mm - inclusive protensão, injeção de cera e regulagem final","un",{"v":25141.25,"d":"25,141.25"},{"$nulls":4},{"v":30622.72,"d":"30,622.72"}]
[4208152,"Ancoragem regulável para estais de 31 cordoalhas D = 15,7 mm - inclusive protensão, injeção de cera e regulagem final","un",{"v":35410.42,"d":"35,410.42"},{"$nulls":4},{"v":43130.84,"d":"43,130.84"}]
[4208153,"Ancoragem regulável para estais de 37 cordoalhas D = 15,7 mm - inclusive protensão, injeção de cera e regulagem final","un",{"v":42065.62,"d":"42,065.62"},{"$nulls":4},{"v":51237.05,"d":"51,237.05"}]
[4208203,"Ancoragem regulável para estais de 43 cordoalhas D = 15,7 mm - inclusive protensão, injeção de cera e regulagem final","un",{"v":48835.86,"d":"48,835.86"},{"$nulls":4},{"v":59483.39,"d":"59,483.39"}]
[4208154,"Ancoragem regulável para estais de 55 cordoalhas D = 15,7 mm - inclusive protensão, injeção de cera e regulagem final","un",{"v":61876.17,"d":"61,876.17"},{"$nulls":4},{"v":75366.83,"d":"75,366.83"}]
[4208155,"Ancoragem regulável para estais de 61 cordoalhas D = 15,7 mm - inclusive protensão, injeção de cera e regulagem final","un",{"v":69889.16,"d":"69,889.16"},{"$nulls":4},{"v":85126.87,"d":"85,126.87"}]
[4208156,"Ancoragem regulável para estais de 73 cordoalhas D = 15,7 mm - inclusive protensão, injeção de cera e regulagem final","un",{"v":84847.8,"d":"84,847.80"},{"$nulls":4},{"v":103346.89,"d":"103,346.89"}]
[4208204,"Ancoragem regulável para estais de 85 cordoalhas D = 15,7 mm - inclusive protensão, injeção de cera e regulagem final","un",{"v":95847.14,"d":"95,847.14"},{"$nulls":4},{"v":116744.38,"d":"116,744.38"}]
[4208157,"Ancoragem regulável para estais de 91 cordoalhas D = 15,7 mm - inclusive protensão, injeção de cera e regulagem final","un",{"v":112373.36,"d":"112,373.36"},{"$nulls":4},{"v":136873.76,"d":"136,873.76"}]
[4208127,"Cordoalha para estais CP 177 RB D = 15,7 mm - fornecimento, preparo e colocação","kg",23.04,{"$nulls":4},28.06]
[4208196,"Elevador de cremalheira - ascensão e ancoragem da torre a partir de 16 m com cada elevação de até 9 m - utilização de 50 vezes - inclusive desmontagem","un",{"v":2022.71,"d":"2,022.71"},{"$nulls":4},{"v":2463.72,"d":"2,463.72"}]
[4208209,"Elevador de cremalheira - montagem e desmontagem até a altura de 16 m - exceto fundações","un",{"v":8596.99,"d":"8,596.99"},{"$nulls":4},{"v":10471.36,"d":"10,471.36"}]
[4208206,"Elevador de cremalheira com cabine simples, com capacidade de 1.500 kg e altura de até 100 m - operação","h",96.11,{"$nulls":4},117.06]
[4208210,"Grua fixa - montagem e desmontagem até a altura de 60 m - exceto fundações","un",{"v":19351.37,"d":"19,351.37"},{"$nulls":4},{"v":23570.49,"d":"23,570.49"}]
[4208195,"Grua fixa - telescopagem e ancoragem da torre a partir de 60 m com cada elevação de até 18 m - inclusive desmontagem","un",{"v":10385.51,"d":"10,385.51"},{"$nulls":4},{"v":12649.83,"d":"12,649.83"}]
[4208208,"Grua fixa com altura de 60 a 102 m, com alcance de 60 m e capacidade de 1.500 kg na ponta da lança - operação","h",450.27,{"$nulls":4},548.44]
[4208135,"Tubo antivandalismo em aço galvanizado para estais de 12 cordoalhas D = 15,7 mm - fornecimento e instalação","m",{"v":9274.71,"d":"9,274.71"},{"$nulls":4},{"v":11296.84,"d":"11,296.84"}]
[4208136,"Tubo antivandalismo em aço galvanizado para estais de 19 cordoalhas D = 15,7 mm - fornecimento e instalação","m",{"v":10986.04,"d":"10,986.04"},{"$nulls":4},{"v":13381.29,"d":"13,381.29"}]
[4208137,"Tubo antivandalismo em aço galvanizado para estais de 22 cordoalhas D = 15,7 mm - fornecimento e instalação","m",{"v":12831.42,"d":"12,831.42"},{"$nulls":4},{"v":15629.01,"d":"15,629.01"}]
[4208138,"Tubo antivandalismo em aço galvanizado para estais de 31 cordoalhas D = 15,7 mm - fornecimento e instalação","m",{"v":16064.3,"d":"16,064.30"},{"$nulls":4},{"v":19566.75,"d":"19,566.75"}]
[4208139,"Tubo antivandalismo em aço galvanizado para estais de 37 cordoalhas D = 15,7 mm - fornecimento e instalação","m",{"v":18527.81,"d":"18,527.81"},{"$nulls":4},{"v":22567.37,"d":"22,567.37"}]
[4208140,"Tubo antivandalismo em aço galvanizado para estais de 43 cordoalhas D = 15,7 mm - fornecimento e instalação","m",{"v":24218.07,"d":"24,218.07"},{"$nulls":4},{"v":29498.26,"d":"29,498.26"}]
[4208141,"Tubo antivandalismo em aço galvanizado para estais de 55 cordoalhas D = 15,7 mm - fornecimento e instalação","m",{"v":27301.34,"d":"27,301.34"},{"$nulls":4},{"v":33253.76,"d":"33,253.76"}]
[4208212,"Tubo antivandalismo em aço galvanizado para estais de 61 cordoalhas D = 15,7 mm - fornecimento e instalação","m",{"v":31297.92,"d":"31,297.92"},{"$nulls":4},{"v":38121.7,"d":"38,121.70"}]
[4208213,"Tubo antivandalismo em aço galvanizado para estais de 73 cordoalhas D = 15,7 mm - fornecimento e instalação","m",{"v":39696.38,"d":"39,696.38"},{"$nulls":4},{"v":48351.26,"d":"48,351.26"}]
[4208214,"Tubo antivandalismo em aço galvanizado para estais de 85 cordoalhas D = 15,7 mm - fornecimento e instalação","m",{"v":46215.67,"d":"46,215.67"},{"$nulls":4},{"v":56291.92,"d":"56,291.92"}]
[4208215,"Tubo antivandalismo em aço galvanizado para estais de 91 cordoalhas D = 15,7 mm - fornecimento e instalação","m",{"v":61250.93,"d":"61,250.93"},{"$nulls":4},{"v":74605.27,"d":"74,605.27"}]
[4208216,"Tubo fôrma lado fixo em aço galvanizado para estais de 12 cordoalhas D = 15,7 mm - fornecimento e instalação","m",{"v":8654.66,"d":"8,654.66"},{"$nulls":4},{"v":10541.61,"d":"10,541.61"}]
[4208217,"Tubo fôrma lado fixo em aço galvanizado para estais de 19 cordoalhas D = 15,7 mm - fornecimento e instalação","m",{"v":10200.37,"d":"10,200.37"},{"$nulls":4},{"v":12424.32,"d":"12,424.32"}]
[4208218,"Tubo fôrma lado fixo em aço galvanizado para estais de 22 cordoalhas D = 15,7 mm - fornecimento e instalação","m",{"v":12510.53,"d":"12,510.53"},{"$nulls":4},{"v":15238.16,"d":"15,238.16"}]
[4208219,"Tubo fôrma lado fixo em aço galvanizado para estais de 31 cordoalhas D = 15,7 mm - fornecimento e instalação","m",{"v":15438.21,"d":"15,438.21"},{"$nulls":4},{"v":18804.15,"d":"18,804.15"}]
[4208220,"Tubo fôrma lado fixo em aço galvanizado para estais de 37 cordoalhas D = 15,7 mm - fornecimento e instalação","m",{"v":18060.24,"d":"18,060.24"},{"$nulls":4},{"v":21997.86,"d":"21,997.86"}]
[4208221,"Tubo fôrma lado fixo em aço galvanizado para estais de 43 cordoalhas D = 15,7 mm - fornecimento e instalação","m",{"v":23759.92,"d":"23,759.92"},{"$nulls":4},{"v":28940.22,"d":"28,940.22"}]
[4208222,"Tubo fôrma lado fixo em aço galvanizado para estais de 55 cordoalhas D = 15,7 mm - fornecimento e instalação","m",{"v":26536.53,"d":"26,536.53"},{"$nulls":4},{"v":32322.2,"d":"32,322.20"}]
[4208223,"Tubo fôrma lado fixo em aço galvanizado para estais de 61 cordoalhas D = 15,7 mm - fornecimento e instalação","m",{"v":30687.41,"d":"30,687.41"},{"$nulls":4},{"v":37378.09,"d":"37,378.09"}]
[4208224,"Tubo fôrma lado fixo em aço galvanizado para estais de 73 cordoalhas D = 15,7 mm - fornecimento e instalação","m",{"v":39011.89,"d":"39,011.89"},{"$nulls":4},{"v":47517.53,"d":"47,517.53"}]
[4208225,"Tubo fôrma lado fixo em aço galvanizado para estais de 85 cordoalhas D = 15,7 mm - fornecimento e instalação","m",{"v":45622.09,"d":"45,622.09"},{"$nulls":4},{"v":55568.93,"d":"55,568.93"}]
[4208226,"Tubo fôrma lado fixo em aço galvanizado para estais de 91 cordoalhas D = 15,7 mm - fornecimento e instalação","m",{"v":60417.5,"d":"60,417.50"},{"$nulls":4},{"v":73590.13,"d":"73,590.13"}]
[4208227,"Tubo fôrma lado regulável em aço galvanizado para estais de 12 cordoalhas D = 15,7 mm - fornecimento e instalação","m",{"v":8645.3,"d":"8,645.30"},{"$nulls":4},{"v":10530.21,"d":"10,530.21"}]
[4208228,"Tubo fôrma lado regulável em aço galvanizado para estais de 19 cordoalhas D = 15,7 mm - fornecimento e instalação","m",{"v":10200.43,"d":"10,200.43"},{"$nulls":4},{"v":12424.4,"d":"12,424.40"}]
[4208229,"Tubo fôrma lado regulável em aço galvanizado para estais de 22 cordoalhas D = 15,7 mm - fornecimento e instalação","m",{"v":12510.55,"d":"12,510.55"},{"$nulls":4},{"v":15238.19,"d":"15,238.19"}]
[4208230,"Tubo fôrma lado regulável em aço galvanizado para estais de 31 cordoalhas D = 15,7 mm - fornecimento e instalação","m",{"v":15438.35,"d":"15,438.35"},{"$nulls":4},{"v":18804.33,"d":"18,804.33"}]
[4208231,"Tubo fôrma lado regulável em aço galvanizado para estais de 37 cordoalhas D = 15,7 mm - fornecimento e instalação","m",{"v":18060.29,"d":"18,060.29"},{"$nulls":4},{"v":21997.92,"d":"21,997.92"}]
[4208232,"Tubo fôrma lado regulável em aço galvanizado para estais de 43 cordoalhas D = 15,7 mm - fornecimento e instalação","m",{"v":23759.99,"d":"23,759.99"},{"$nulls":4},{"v":28940.3,"d":"28,940.30"}]
[4208233,"Tubo fôrma lado regulável em aço galvanizado para estais de 55 cordoalhas D = 15,7 mm - fornecimento e instalação","m",{"v":26536.72,"d":"26,536.72"},{"$nulls":4},{"v":32322.43,"d":"32,322.43"}]
[4208234,"Tubo fôrma lado regulável em aço galvanizado para estais de 61 cordoalhas D = 15,7 mm - fornecimento e instalação","m",{"v":30687.43,"d":"30,687.43"},{"$nulls":4},{"v":37378.11,"d":"37,378.11"}]
[4208235,"Tubo fôrma lado regulável em aço galvanizado para estais de 73 cordoalhas D = 15,7 mm - fornecimento e instalação","m",{"v":39011.99,"d":"39,011.99"},{"$nulls":4},{"v":47517.65,"d":"47,517.65"}]
[4208236,"Tubo fôrma lado regulável em aço galvanizado para estais de 85 cordoalhas D = 15,7 mm - fornecimento e instalação","m",{"v":45561.77,"d":"45,561.77"},{"$nulls":4},{"v":55495.46,"d":"55,495.46"}]
[4208237,"Tubo fôrma lado regulável em aço galvanizado para estais de 91 cordoalhas D = 15,7 mm - fornecimento e instalação","m",{"v":60325.63,"d":"60,325.63"},{"$nulls":4},{"v":73478.23,"d":"73,478.23"}]
[4208128,"Tubo PEAD para estais - D = 110 mm - fornecimento e instalação","m",324.73,{"$nulls":4},395.53]
[4208129,"Tubo PEAD para estais - D = 140 mm - fornecimento e instalação","m",515.56,{"$nulls":4},627.97]
[4208130,"Tubo PEAD para estais - D = 160 mm - fornecimento e instalação","m",674.27,{"$nulls":4},821.28]
[4208131,"Tubo PEAD para estais - D = 180 mm - fornecimento e instalação","m",864.73,{"$nulls":4},{"v":1053.26,"d":"1,053.26"}]
[4208132,"Tubo PEAD para estais - D = 200 mm - fornecimento e instalação","m",992.48,{"$nulls":4},{"v":1208.87,"d":"1,208.87"}]
[4208133,"Tubo PEAD para estais - D = 225 mm - fornecimento e instalação","m",{"v":1245.8,"d":"1,245.80"},{"$nulls":4},{"v":1517.42,"d":"1,517.42"}]
[4208134,"Tubo PEAD para estais - D = 250 mm - fornecimento e instalação","m",{"v":1390.12,"d":"1,390.12"},{"$nulls":4},{"v":1693.2,"d":"1,693.20"}]
[4208238,"Tubo PEAD para estais - D = 280 mm - fornecimento e instalação","m",{"v":1612.58,"d":"1,612.58"},{"$nulls":4},{"v":1964.16,"d":"1,964.16"}]
[4208239,"Tubo PEAD para estais - D = 315 mm - fornecimento e instalação","m",{"v":1868.19,"d":"1,868.19"},{"$nulls":4},{"v":2275.5,"d":"2,275.50"}]
[4413920,"Adubação de cobertura por equipamento de hidrossemeadura em áreas de semeadura via seca ou de hidrossemeadura","m²",0.46,{"$nulls":4},0.56]
[4413024,"Adubação manual de cobertura em áreas de enleivamento ou de plantio de mudas de gramíneas","m²",0.34,{"$nulls":4},0.42]
[4413022,"Adubação manual de cobertura em áreas de semeadura via seca ou de hidrossemeadura","m²",0.53,{"$nulls":4},0.64]
[4413020,"Barreira arbórea para tratamento acústico das áreas lindeiras da faixa de domínio – densidade de plantio de 1,0 m entre mudas","m",28.51,{"$nulls":4},34.73]
[4413013,"Cerca de passagem de fauna com tela de alambrado sobre mureta de blocos de concreto - H = 20 cm - mourões de madeira a cada 2,5 m e esticador a cada 50 m","m",71.26,{"$nulls":4},{"v":86.8,"d":"86.80"}]
[4413019,"Cerca viva para tratamento acústico das áreas lindeiras da faixa de domínio – densidade de plantio de 1,0 m entre mudas","m",26.63,{"$nulls":4},32.44]
[4413026,"Dique de bambu para controle de erosão de taludes","m²",165.28,{"$nulls":4},201.32]
[4413996,"Enleivamento","m²",7.76,{"$nulls":4},9.45]
[4413942,"Espalhamento de material em bota-fora","m³",1.38,{"$nulls":4},1.68]
[4413018,"Fixação de tela eletrossoldada em talude para lançamento de argamassa ou concreto projetado","kg",13.09,{"$nulls":4},15.95]
[4413905,"Hidrossemeadura","m²",{"v":5.3,"d":"5.30"},{"$nulls":4},6.45]
[4413987,"Irrigação de área plantada para proteção vegetal do corpo estradal","m²",0.28,{"$nulls":4},0.34]
[4413995,"Obtenção de grama para replantio","m²",2.27,{"$nulls":4},2.77]
[4413994,"Passagem aérea de animais com rede de cabos de aço e sisal apoiadas em 6 postes de concreto de 15 m - extensão total de 100 m","m",516.21,{"$nulls":4},628.76]
[4413200,"Plantio de grama comercial em placas","m²",12.52,{"$nulls":4},15.25]
[4413990,"Plantio de muda de arbusto com altura até 0,50 m em cova de 0,40 x 0,40 x 0,40 m","un",26.63,{"$nulls":4},32.44]
[4413989,"Plantio de muda de árvore com altura de 0,30 a 0,80 m em cova de 0,60 x 0,60 x 0,60 m","un",28.51,{"$nulls":4},34.73]
[4413951,"Plantio de muda de árvore frutífera com altura até 1,00 m em cova de 0,60 x 0,60 x 0,60 m","un",49.11,{"$nulls":4},59.82]
[4413950,"Plantio de muda de árvore frutífera com altura de 1,00 a 2,00 m em cova de 0,60 x 0,60 x 0,60 m","un",85.26,{"$nulls":4},103.85]
[4413949,"Plantio de muda de árvore frutífera com altura de 2,00 a 3,00 m em cova de 0,60 x 0,60 x 0,60 m","un",160.11,{"$nulls":4},195.02]
[4413948,"Plantio de muda de árvore ornamental com altura até 1,00 m em cova de 0,60 x 0,60 x 0,60 m","un",41.29,{"$nulls":4},50.29]
[4413947,"Plantio de muda de árvore ornamental com altura de 1,00 a 2,00 m em cova de 0,60 x 0,60 x 0,60 m","un",71.24,{"$nulls":4},86.77]
[4413946,"Plantio de muda de árvore ornamental com altura de 2,00 a 3,00 m em cova de 0,60 x 0,60 x 0,60 m","un",90.15,{"$nulls":4},109.81]
[4413952,"Plantio de tapete de floríferas com altura até 0,50 m","m²",58.58,{"$nulls":4},71.35]
[4413012,"Preenchimento de erosão em talude com terra vegetal e sementes de gramíneas ensacadas","m³",315.77,{"$nulls":4},384.62]
[4413014,"Recuperação ambiental de pedreiras ou áreas degradadas com biomanta vegetal de fibras de coco","m²",14.33,{"$nulls":4},17.45]
[4413016,"Recuperação ambiental de pedreiras ou áreas degradadas com biomanta vegetal de fibras de palha em áreas com inclinação máxima de 1:1,5","m²",8.95,{"$nulls":4},{"v":10.9,"d":"10.90"}]
[4413984,"Regularização de bota-fora com espalhamento e compactação","m³",3.09,{"$nulls":4},3.76]
[4413986,"Regularização de superfície com motoniveladora","m²",0.06,{"$nulls":4},0.07]
[4413985,"Regularização manual de taludes de cortes e aterros","m²",18.29,{"$nulls":4},22.28]
[4413017,"Retentores de sedimentos em fibras vegetais - D = 20 cm","m",44.23,{"$nulls":4},53.87]
[4415673,"Revestimento vegetal com grama em mudas em superfícies inclinadas","m²",{"v":6.5,"d":"6.50"},{"$nulls":4},7.92]
[4415684,"Revestimento vegetal com grama em mudas em superfícies planas","m²",3.68,{"$nulls":4},4.48]
[4413993,"Revestimento vegetal por semeadura a lanço manual de gramíneas e leguminosas","m²",0.49,{"$nulls":4},{"v":0.6,"d":"0.60"}]
[4507754,"Ancoragem ativa com 10 cordoalhas aderentes D = 12,7 mm - fornecimento e instalação","un",754.27,{"$nulls":4},918.72]
[4507738,"Ancoragem ativa com 10 cordoalhas aderentes D = 15,2 mm - fornecimento e instalação","un",{"v":1018.89,"d":"1,018.89"},{"$nulls":4},{"v":1241.03,"d":"1,241.03"}]
[4507755,"Ancoragem ativa com 12 cordoalhas aderentes D = 12,7 mm - fornecimento e instalação","un",947.43,{"$nulls":4},{"v":1154,"d":"1,154.00"}]
[4507756,"Ancoragem ativa com 12 cordoalhas aderentes D = 15,2 mm - fornecimento e instalação","un",{"v":1240.97,"d":"1,240.97"},{"$nulls":4},{"v":1511.53,"d":"1,511.53"}]
[4507757,"Ancoragem ativa com 15 cordoalhas aderentes D = 12,7 mm - fornecimento e instalação","un",{"v":1312.93,"d":"1,312.93"},{"$nulls":4},{"v":1599.18,"d":"1,599.18"}]
[4507758,"Ancoragem ativa com 15 cordoalhas aderentes D = 15,2 mm - fornecimento e instalação","un",{"v":1620.14,"d":"1,620.14"},{"$nulls":4},{"v":1973.37,"d":"1,973.37"}]
[4507759,"Ancoragem ativa com 19 cordoalhas aderentes D = 12,7 mm - fornecimento e instalação","un",{"v":1659.11,"d":"1,659.11"},{"$nulls":4},{"v":2020.84,"d":"2,020.84"}]
[4507760,"Ancoragem ativa com 19 cordoalhas aderentes D = 15,2 mm - fornecimento e instalação","un",{"v":2098.62,"d":"2,098.62"},{"$nulls":4},{"v":2556.17,"d":"2,556.17"}]
[4507761,"Ancoragem ativa com 22 cordoalhas aderentes D = 12,7 mm - fornecimento e instalação","un",{"v":2135.35,"d":"2,135.35"},{"$nulls":4},{"v":2600.91,"d":"2,600.91"}]
[4507762,"Ancoragem ativa com 22 cordoalhas aderentes D = 15,2 mm - fornecimento e instalação","un",{"v":2696.42,"d":"2,696.42"},{"$nulls":4},{"v":3284.31,"d":"3,284.31"}]
[4507763,"Ancoragem ativa com 27 cordoalhas aderentes D = 12,7 mm - fornecimento e instalação","un",{"v":2568.78,"d":"2,568.78"},{"$nulls":4},{"v":3128.84,"d":"3,128.84"}]
[4507764,"Ancoragem ativa com 27 cordoalhas aderentes D = 15,2 mm - fornecimento e instalação","un",{"v":3518.58,"d":"3,518.58"},{"$nulls":4},{"v":4285.73,"d":"4,285.73"}]
[4507765,"Ancoragem ativa com 31 cordoalhas aderentes D = 12,7 mm - fornecimento e instalação","un",{"v":2897.28,"d":"2,897.28"},{"$nulls":4},{"v":3528.96,"d":"3,528.96"}]
[4508192,"Ancoragem ativa com 31 cordoalhas aderentes D = 15,2 mm - fornecimento e instalação","un",{"v":4913.07,"d":"4,913.07"},{"$nulls":4},{"v":5984.25,"d":"5,984.25"}]
[4507766,"Ancoragem ativa com 4 cordoalhas aderentes D = 12,7 mm - fornecimento e instalação","un",343.93,{"$nulls":4},418.91]
[4507767,"Ancoragem ativa com 4 cordoalhas aderentes D = 15,2 mm - fornecimento e instalação","un",416.41,{"$nulls":4},{"v":507.2,"d":"507.20"}]
[4507768,"Ancoragem ativa com 6 cordoalhas aderentes D = 12,7 mm - fornecimento e instalação","un",457.69,{"$nulls":4},557.48]
[4507769,"Ancoragem ativa com 6 cordoalhas aderentes D = 15,2 mm - fornecimento e instalação","un",572.38,{"$nulls":4},697.18]
[4507770,"Ancoragem ativa com 7 cordoalhas aderentes D = 12,7 mm - fornecimento e instalação","un",{"v":525.1,"d":"525.10"},{"$nulls":4},639.58]
[4507771,"Ancoragem ativa com 7 cordoalhas aderentes D = 15,2 mm - fornecimento e instalação","un",669.86,{"$nulls":4},815.91]
[4507772,"Ancoragem ativa com 8 cordoalhas aderentes D = 12,7 mm - fornecimento e instalação","un",614.29,{"$nulls":4},748.22]
[4508193,"Ancoragem ativa com 8 cordoalhas aderentes D = 15,2 mm - fornecimento e instalação","un",773.46,{"$nulls":4},942.09]
[4507773,"Ancoragem ativa com 9 cordoalhas aderentes D = 12,7 mm - fornecimento e instalação","un",690.09,{"$nulls":4},840.55]
[4507774,"Ancoragem ativa com 9 cordoalhas aderentes D = 15,2 mm - fornecimento e instalação","un",909.87,{"$nulls":4},{"v":1108.25,"d":"1,108.25"}]
[4507775,"Ancoragem ativa para lajes com 1 cordoalha aderente D = 12,7 mm - fornecimento e instalação","un",85.05,{"$nulls":4},103.59]
[4507776,"Ancoragem ativa para lajes com 1 cordoalha aderente D = 15,2 mm - fornecimento e instalação","un",93.45,{"$nulls":4},113.82]
[4507783,"Ancoragem ativa para lajes com 1 cordoalha engraxada D = 12,7 mm - fornecimento e instalação","un",66.77,{"$nulls":4},81.33]
[4507784,"Ancoragem ativa para lajes com 1 cordoalha engraxada D = 15,2 mm - fornecimento e instalação","un",93.64,{"$nulls":4},114.05]
[4507777,"Ancoragem ativa para lajes com 2 cordoalhas aderentes D = 12,7 mm - fornecimento e instalação","un",161.29,{"$nulls":4},196.46]
[4507778,"Ancoragem ativa para lajes com 2 cordoalhas aderentes D = 15,2 mm - fornecimento e instalação","un",{"v":199.8,"d":"199.80"},{"$nulls":4},243.36]
[4507779,"Ancoragem ativa para lajes com 3 cordoalhas aderentes D = 12,7 mm - fornecimento e instalação","un",217.66,{"$nulls":4},265.11]
[4507780,"Ancoragem ativa para lajes com 3 cordoalhas aderentes D = 15,2 mm - fornecimento e instalação","un",262.59,{"$nulls":4},319.84]
[4507781,"Ancoragem ativa para lajes com 4 cordoalhas aderentes D = 12,7 mm - fornecimento e instalação","un",275.74,{"$nulls":4},335.86]
[4507782,"Ancoragem ativa para lajes com 4 cordoalhas aderentes D = 15,2 mm - fornecimento e instalação","un",326.91,{"$nulls":4},398.19]
[4507785,"Ancoragem passiva com 10 cordoalhas aderentes D = 12,7 mm - fornecimento e instalação","un",117.03,{"$nulls":4},142.54]
[4508194,"Ancoragem passiva com 10 cordoalhas aderentes D = 15,2 mm - fornecimento e instalação","un",{"v":121.9,"d":"121.90"},{"$nulls":4},148.48]
[4507786,"Ancoragem passiva com 12 cordoalhas aderentes D = 12,7 mm - fornecimento e instalação","un",136.39,{"$nulls":4},166.13]
[4507787,"Ancoragem passiva com 12 cordoalhas aderentes D = 15,2 mm - fornecimento e instalação","un",141.33,{"$nulls":4},172.14]
[4507788,"Ancoragem passiva com 15 cordoalhas aderentes D = 12,7 mm - fornecimento e instalação","un",183.01,{"$nulls":4},222.91]
[4507789,"Ancoragem passiva com 15 cordoalhas aderentes D = 15,2 mm - fornecimento e instalação","un",193.03,{"$nulls":4},235.11]
[4507790,"Ancoragem passiva com 19 cordoalhas aderentes D = 12,7 mm - fornecimento e instalação","un",224.98,{"$nulls":4},274.03]
[4507791,"Ancoragem passiva com 19 cordoalhas aderentes D = 15,2 mm - fornecimento e instalação","un",237.68,{"$nulls":4},{"v":289.5,"d":"289.50"}]
[4507792,"Ancoragem passiva com 22 cordoalhas aderentes D = 12,7 mm - fornecimento e instalação","un",291.88,{"$nulls":4},355.52]
[4507793,"Ancoragem passiva com 22 cordoalhas aderentes D = 15,2 mm - fornecimento e instalação","un",282.79,{"$nulls":4},344.44]
[4507794,"Ancoragem passiva com 27 cordoalhas aderentes D = 12,7 mm - fornecimento e instalação","un",384.52,{"$nulls":4},468.36]
[4507795,"Ancoragem passiva com 27 cordoalhas aderentes D = 15,2 mm - fornecimento e instalação","un",382.02,{"$nulls":4},465.31]
[4507796,"Ancoragem passiva com 31 cordoalhas aderentes D = 12,7 mm - fornecimento e instalação","un",{"v":442.8,"d":"442.80"},{"$nulls":4},539.34]
[4508190,"Ancoragem passiva com 31 cordoalhas aderentes D = 15,2 mm - fornecimento e instalação","un",458.56,{"$nulls":4},558.54]
[4507797,"Ancoragem passiva com 4 cordoalhas aderentes D = 12,7 mm - fornecimento e instalação","un",53.69,{"$nulls":4},65.39]
[4507798,"Ancoragem passiva com 4 cordoalhas aderentes D = 15,2 mm - fornecimento e instalação","un",57.13,{"$nulls":4},69.58]
[4507799,"Ancoragem passiva com 6 cordoalhas aderentes D = 12,7 mm - fornecimento e instalação","un",76.52,{"$nulls":4},{"v":93.2,"d":"93.20"}]
[4507800,"Ancoragem passiva com 6 cordoalhas aderentes D = 15,2 mm - fornecimento e instalação","un",78.42,{"$nulls":4},95.52]
[4507801,"Ancoragem passiva com 7 cordoalhas aderentes D = 12,7 mm - fornecimento e instalação","un",92.25,{"$nulls":4},112.36]
[4507802,"Ancoragem passiva com 7 cordoalhas aderentes D = 15,2 mm - fornecimento e instalação","un",94.15,{"$nulls":4},114.68]
[4507803,"Ancoragem passiva com 8 cordoalhas aderentes D = 12,7 mm - fornecimento e instalação","un",92.58,{"$nulls":4},112.77]
[4508191,"Ancoragem passiva com 8 cordoalhas aderentes D = 15,2 mm - fornecimento e instalação","un",94.49,{"$nulls":4},115.09]
[4507804,"Ancoragem passiva com 9 cordoalhas aderentes D = 12,7 mm - fornecimento e instalação","un",114.39,{"$nulls":4},139.33]
[4507805,"Ancoragem passiva com 9 cordoalhas aderentes D = 15,2 mm - fornecimento e instalação","un",{"v":117.4,"d":"117.40"},{"$nulls":4},{"v":143,"d":"143.00"}]
[4507806,"Ancoragem passiva para lajes com 1 cordoalha aderente D = 12,7 mm - fornecimento e instalação","un",22.16,{"$nulls":4},26.99]
[4507807,"Ancoragem passiva para lajes com 1 cordoalha aderente D = 15,2 mm - fornecimento e instalação","un",26.69,{"$nulls":4},32.51]
[4507866,"Ancoragem passiva para lajes com 1 cordoalha engraxada D = 12,7 mm - fornecimento e instalação","un",62.68,{"$nulls":4},76.35]
[4507867,"Ancoragem passiva para lajes com 1 cordoalha engraxada D = 15,2 mm - fornecimento e instalação","un",89.55,{"$nulls":4},109.07]
[4507808,"Ancoragem passiva para lajes com 2 cordoalhas aderentes D = 12,7 mm - fornecimento e instalação","un",25.16,{"$nulls":4},30.64]
[4507809,"Ancoragem passiva para lajes com 2 cordoalhas aderentes D = 15,2 mm - fornecimento e instalação","un",31.26,{"$nulls":4},38.07]
[4507810,"Ancoragem passiva para lajes com 3 cordoalhas aderentes D = 12,7 mm - fornecimento e instalação","un",{"v":41.2,"d":"41.20"},{"$nulls":4},50.18]
[4507811,"Ancoragem passiva para lajes com 3 cordoalhas aderentes D = 15,2 mm - fornecimento e instalação","un",41.32,{"$nulls":4},50.33]
[4507812,"Ancoragem passiva para lajes com 4 cordoalhas aderentes D = 12,7 mm - fornecimento e instalação","un",47.47,{"$nulls":4},57.82]
[4507813,"Ancoragem passiva para lajes com 4 cordoalhas aderentes D = 15,2 mm - fornecimento e instalação","un",62.03,{"$nulls":4},75.55]
[4507851,"Bainha metálica ovalizada seção 19 x 36 mm para 1 cordoalha D = 12,7 mm - fornecimento, instalação e injeção de nata de cimento","m",28.97,{"$nulls":4},35.29]
[4507852,"Bainha metálica ovalizada seção 19 x 36 mm para 2 cordoalhas D = 12,7 mm - fornecimento, instalação e injeção de nata de cimento","m",28.86,{"$nulls":4},35.15]
[4507853,"Bainha metálica ovalizada seção 19 x 48 mm para 3 cordoalhas D = 12,7 mm - fornecimento, instalação e injeção de nata de cimento","m",{"v":31.4,"d":"31.40"},{"$nulls":4},38.24]
[4507854,"Bainha metálica ovalizada seção 19 x 62 mm para 4 cordoalhas D = 12,7 mm - fornecimento, instalação e injeção de nata de cimento","m",34.66,{"$nulls":4},42.22]
[4507855,"Bainha metálica ovalizada seção 22 x 32 mm para 1 cordoalha D = 15,2 mm - fornecimento, instalação e injeção de nata de cimento","m",27.59,{"$nulls":4},33.61]
[4507856,"Bainha metálica ovalizada seção 22 x 32 mm para 2 cordoalhas D = 15,2 mm - fornecimento, instalação e injeção de nata de cimento","m",27.44,{"$nulls":4},33.42]
[4507857,"Bainha metálica ovalizada seção 22 x 55 mm para 3 cordoalhas D = 15,2 mm - fornecimento, instalação e injeção de nata de cimento","m",33.04,{"$nulls":4},40.24]
[4507858,"Bainha metálica ovalizada seção 22 x 73 mm para 4 cordoalhas D = 15,2 mm - fornecimento, instalação e injeção de nata de cimento","m",37.49,{"$nulls":4},45.66]
[4508177,"Bainha metálica redonda D = 100 mm para 21 cordoalhas D = 15,2 mm - fornecimento, instalação e injeção de nata de cimento","m",69.69,{"$nulls":4},84.88]
[4508178,"Bainha metálica redonda D = 100 mm para 22 cordoalhas D = 15,2 mm - fornecimento, instalação e injeção de nata de cimento","m",69.53,{"$nulls":4},84.69]
[4507821,"Bainha metálica redonda D = 100 mm para 24 cordoalhas D = 15,2 mm - fornecimento, instalação e injeção de nata de cimento","m",69.21,{"$nulls":4},{"v":84.3,"d":"84.30"}]
[4507822,"Bainha metálica redonda D = 100 mm para 25 cordoalhas D = 15,2 mm - fornecimento, instalação e injeção de nata de cimento","m",69.05,{"$nulls":4},{"v":84.1,"d":"84.10"}]
[4507823,"Bainha metálica redonda D = 100 mm para 30 cordoalhas D = 12,7 mm - fornecimento, instalação e injeção de nata de cimento","m",{"v":69.7,"d":"69.70"},{"$nulls":4},{"v":84.9,"d":"84.90"}]
[4508188,"Bainha metálica redonda D = 100 mm para 31 cordoalhas D = 12,7 mm - fornecimento, instalação e injeção de nata de cimento","m",69.59,{"$nulls":4},84.76]
[4507824,"Bainha metálica redonda D = 110 mm para 27 cordoalhas D = 15,2 mm - fornecimento, instalação e injeção de nata de cimento","m",77.17,{"$nulls":4},93.99]
[4507825,"Bainha metálica redonda D = 110 mm para 37 cordoalhas D = 12,7 mm - fornecimento, instalação e injeção de nata de cimento","m",77.35,{"$nulls":4},94.22]
[4507826,"Bainha metálica redonda D = 120 mm para 30 cordoalhas D = 15,2 mm - fornecimento, instalação e injeção de nata de cimento","m",82.48,{"$nulls":4},100.46]
[4508179,"Bainha metálica redonda D = 120 mm para 31 cordoalhas D = 15,2 mm - fornecimento, instalação e injeção de nata de cimento","m",82.31,{"$nulls":4},100.26]
[4507827,"Bainha metálica redonda D = 130 mm para 37 cordoalhas D = 15,2 mm - fornecimento, instalação e injeção de nata de cimento","m",86.66,{"$nulls":4},105.55]
[4508180,"Bainha metálica redonda D = 30 mm para 2 cordoalhas D = 12,7 mm - fornecimento, instalação e injeção de nata de cimento","m",26.69,{"$nulls":4},32.51]
[4507739,"Bainha metálica redonda D = 35 mm para 2 cordoalhas D = 15,2 mm - fornecimento, instalação e injeção de nata de cimento","m",28.13,{"$nulls":4},34.26]
[4508181,"Bainha metálica redonda D = 35 mm para 3 cordoalhas D = 12,7 mm - fornecimento, instalação e injeção de nata de cimento","m",28.12,{"$nulls":4},34.25]
[4508125,"Bainha metálica redonda D = 40 mm para 3 cordoalhas D = 15,2 mm - fornecimento, instalação e injeção de nata de cimento","m",30.54,{"$nulls":4},{"v":37.2,"d":"37.20"}]
[4507828,"Bainha metálica redonda D = 40 mm para 4 cordoalhas D = 12,7 mm - fornecimento, instalação e injeção de nata de cimento","m",30.57,{"$nulls":4},37.24]
[4507829,"Bainha metálica redonda D = 45 mm para 4 cordoalhas D = 15,2 mm - fornecimento, instalação e injeção de nata de cimento","m",33.19,{"$nulls":4},40.43]
[4508182,"Bainha metálica redonda D = 45 mm para 5 cordoalhas D = 12,7 mm - fornecimento, instalação e injeção de nata de cimento","m",33.28,{"$nulls":4},40.53]
[4508092,"Bainha metálica redonda D = 50 mm para 5 cordoalhas D = 15,2 mm - fornecimento, instalação e injeção de nata de cimento","m",35.54,{"$nulls":4},43.29]
[4507830,"Bainha metálica redonda D = 50 mm para 6 cordoalhas D = 12,7 mm - fornecimento, instalação e injeção de nata de cimento","m",35.67,{"$nulls":4},43.45]
[4508183,"Bainha metálica redonda D = 55 mm para 7 cordoalhas D = 12,7 mm - fornecimento, instalação e injeção de nata de cimento","m",42.51,{"$nulls":4},51.78]
[4507831,"Bainha metálica redonda D = 55 mm para 8 cordoalhas D = 12,7 mm - fornecimento, instalação e injeção de nata de cimento","m",38.41,{"$nulls":4},46.79]
[4507832,"Bainha metálica redonda D = 60 mm para 6 cordoalhas D = 15,2 mm - fornecimento, instalação e injeção de nata de cimento","m",43.04,{"$nulls":4},52.42]
[4507833,"Bainha metálica redonda D = 60 mm para 9 cordoalhas D = 12,7 mm - fornecimento, instalação e injeção de nata de cimento","m",42.99,{"$nulls":4},52.36]
[4507834,"Bainha metálica redonda D = 65 mm para 10 cordoalhas D = 12,7 mm - fornecimento, instalação e injeção de nata de cimento","m",44.81,{"$nulls":4},54.58]
[4508184,"Bainha metálica redonda D = 65 mm para 11 cordoalhas D = 12,7 mm - fornecimento, instalação e injeção de nata de cimento","m",{"v":44.7,"d":"44.70"},{"$nulls":4},54.45]
[4507835,"Bainha metálica redonda D = 65 mm para 12 cordoalhas D = 12,7 mm - fornecimento, instalação e injeção de nata de cimento","m",44.59,{"$nulls":4},54.31]
[4508174,"Bainha metálica redonda D = 65 mm para 7 cordoalhas D = 15,2 mm - fornecimento, instalação e injeção de nata de cimento","m",44.81,{"$nulls":4},54.58]
[4507836,"Bainha metálica redonda D = 65 mm para 8 cordoalhas D = 15,2 mm - fornecimento, instalação e injeção de nata de cimento","m",44.65,{"$nulls":4},54.38]
[4507837,"Bainha metálica redonda D = 70 mm para 15 cordoalhas D = 12,7 mm - fornecimento, instalação e injeção de nata de cimento","m",47.94,{"$nulls":4},58.39]
[4507838,"Bainha metálica redonda D = 70 mm para 9 cordoalhas D = 15,2 mm - fornecimento, instalação e injeção de nata de cimento","m",48.18,{"$nulls":4},58.68]
[4507839,"Bainha metálica redonda D = 75 mm para 10 cordoalhas D = 15,2 mm - fornecimento, instalação e injeção de nata de cimento","m",50.02,{"$nulls":4},60.92]
[4508175,"Bainha metálica redonda D = 75 mm para 11 cordoalhas D = 15,2 mm - fornecimento, instalação e injeção de nata de cimento","m",49.86,{"$nulls":4},60.73]
[4507840,"Bainha metálica redonda D = 75 mm para 16 cordoalhas D = 12,7 mm - fornecimento, instalação e injeção de nata de cimento","m",49.83,{"$nulls":4},60.69]
[4507841,"Bainha metálica redonda D = 75 mm para 18 cordoalhas D = 12,7 mm - fornecimento, instalação e injeção de nata de cimento","m",{"v":49.6,"d":"49.60"},{"$nulls":4},60.42]
[4507842,"Bainha metálica redonda D = 80 mm para 12 cordoalhas D = 15,2 mm - fornecimento, instalação e injeção de nata de cimento","m",53.82,{"$nulls":4},65.56]
[4508185,"Bainha metálica redonda D = 80 mm para 19 cordoalhas D = 12,7 mm - fornecimento, instalação e injeção de nata de cimento","m",53.62,{"$nulls":4},65.31]
[4507843,"Bainha metálica redonda D = 80 mm para 20 cordoalhas D = 12,7 mm - fornecimento, instalação e injeção de nata de cimento","m",53.51,{"$nulls":4},65.18]
[4507844,"Bainha metálica redonda D = 85 mm para 15 cordoalhas D = 15,2 mm - fornecimento, instalação e injeção de nata de cimento","m",56.65,{"$nulls":4},{"v":69,"d":"69.00"}]
[4508186,"Bainha metálica redonda D = 85 mm para 21 cordoalhas D = 12,7 mm - fornecimento, instalação e injeção de nata de cimento","m",56.71,{"$nulls":4},69.07]
[4508187,"Bainha metálica redonda D = 85 mm para 22 cordoalhas D = 12,7 mm - fornecimento, instalação e injeção de nata de cimento","m",56.59,{"$nulls":4},68.93]
[4507845,"Bainha metálica redonda D = 85 mm para 24 cordoalhas D = 12,7 mm - fornecimento, instalação e injeção de nata de cimento","m",56.37,{"$nulls":4},68.66]
[4507846,"Bainha metálica redonda D = 85 mm para 25 cordoalhas D = 12,7 mm - fornecimento, instalação e injeção de nata de cimento","m",56.25,{"$nulls":4},68.52]
[4507847,"Bainha metálica redonda D = 90 mm para 16 cordoalhas D = 15,2 mm - fornecimento, instalação e injeção de nata de cimento","m",64.19,{"$nulls":4},78.18]
[4507848,"Bainha metálica redonda D = 90 mm para 18 cordoalhas D = 15,2 mm - fornecimento, instalação e injeção de nata de cimento","m",63.87,{"$nulls":4},77.79]
[4507849,"Bainha metálica redonda D = 90 mm para 27 cordoalhas D = 12,7 mm - fornecimento, instalação e injeção de nata de cimento","m",63.73,{"$nulls":4},77.62]
[4508176,"Bainha metálica redonda D = 95 mm para 19 cordoalhas D = 15,2 mm - fornecimento, instalação e injeção de nata de cimento","m",67.98,{"$nulls":4},{"v":82.8,"d":"82.80"}]
[4507850,"Bainha metálica redonda D = 95 mm para 20 cordoalhas D = 15,2 mm - fornecimento, instalação e injeção de nata de cimento","m",67.81,{"$nulls":4},{"v":82.6,"d":"82.60"}]
[4507956,"Cordoalha CP 190 RB D = 12,7 mm - fornecimento e instalação","kg",{"v":10.8,"d":"10.80"},{"$nulls":4},13.16]
[4507957,"Cordoalha CP 190 RB D = 15,2 mm - fornecimento e instalação","kg",10.79,{"$nulls":4},13.14]
[4507958,"Cordoalha engraxada CP 190 RB D = 12,7 mm - fornecimento e instalação","kg",{"v":12.5,"d":"12.50"},{"$nulls":4},15.22]
[4507959,"Cordoalha engraxada CP 190 RB D = 15,2 mm - fornecimento e instalação","kg",{"v":12.5,"d":"12.50"},{"$nulls":4},15.22]
[4516138,"Gaiola metálica em cantoneira para armazenamento e manipulação de cordoalha - confecção","kg",{"v":8.8,"d":"8.80"},{"$nulls":4},10.72]
[4516137,"Nicho de madeira para dispositivo de ancoragem de protensão - confecção e instalação","m²",112.95,{"$nulls":4},137.58]
[4805755,"Apiloamento manual","m³",{"v":26.5,"d":"26.50"},{"$nulls":4},32.28]
[4805756,"Apiloamento manual de superfície com espessura de 15 cm","m²",3.97,{"$nulls":4},4.84]
[4816020,"Areia extraída com draga de sucção tipo bomba","m³",9.52,{"$nulls":4},{"v":11.6,"d":"11.60"}]
[4816019,"Areia extraída com escavadeira hidráulica de longo alcance","m³",6.19,{"$nulls":4},7.54]
[4816018,"Areia extraída com trator e carregadeira","m³",3.86,{"$nulls":4},{"v":4.7,"d":"4.70"}]
[4816012,"Brita produzida em central de britagem de 80 m³/h","m³",43.74,{"$nulls":4},53.28]
[4815805,"Calandragem de chapa metálica com espessura de 3 mm","m²",10.87,{"$nulls":4},13.24]
[4815802,"Calandragem de chapa metálica com espessura de 5 mm","m²",16.04,{"$nulls":4},19.54]
[4805754,"Compactação manual com soquete vibratório","m³",5.53,{"$nulls":4},6.74]
[4816145,"Confecção de canaleta meia cana D = 0,30 m - areia e brita comerciais","m",21.91,{"$nulls":4},26.69]
[4816144,"Confecção de canaleta meia cana D = 0,30 m - areia extraída e brita produzida","m",20.01,{"$nulls":4},24.37]
[4816147,"Confecção de canaleta meia cana D = 0,40 m - areia e brita comerciais","m",30.52,{"$nulls":4},37.17]
[4816146,"Confecção de canaleta meia cana D = 0,40 m - areia extraída e brita produzida","m",27.09,{"$nulls":4},{"v":33,"d":"33.00"}]
[4816121,"Confecção de tubos de concreto D = 0,20 m - areia e brita comerciais","m",25.21,{"$nulls":4},30.71]
[4816120,"Confecção de tubos de concreto D = 0,20 m - areia extraída e brita produzida","m",22.54,{"$nulls":4},27.46]
[4816123,"Confecção de tubos de concreto D = 0,30 m - areia e brita comerciais","m",33.42,{"$nulls":4},40.71]
[4816122,"Confecção de tubos de concreto D = 0,30 m - areia extraída e brita produzida","m",29.61,{"$nulls":4},36.07]
[4816125,"Confecção de tubos de concreto D = 0,40 m - areia e brita comerciais","m",47.54,{"$nulls":4},{"v":57.9,"d":"57.90"}]
[4816124,"Confecção de tubos de concreto D = 0,40 m - areia extraída e brita produzida","m",40.68,{"$nulls":4},49.55]
[4816022,"Confecção de tubos de concreto D = 0,50 m - areia e brita comerciais","m",63.77,{"$nulls":4},77.67]
[4816021,"Confecção de tubos de concreto D = 0,50 m - areia extraída e brita produzida","m",53.22,{"$nulls":4},64.82]
[4816106,"Confecção de tubos de concreto perfurado D = 0,20 m - areia e brita comerciais","m",{"v":26.1,"d":"26.10"},{"$nulls":4},31.79]
[4816105,"Confecção de tubos de concreto perfurado D = 0,20 m - areia extraída e brita produzida","m",23.43,{"$nulls":4},28.54]
[4816108,"Confecção de tubos de concreto perfurado D = 0,30 m - areia e brita comerciais","m",34.31,{"$nulls":4},41.79]
[4816107,"Confecção de tubos de concreto perfurado D = 0,30 m - areia extraída e brita produzida","m",{"v":30.5,"d":"30.50"},{"$nulls":4},37.15]
[4816110,"Confecção de tubos de concreto perfurado D = 0,40 m - areia e brita comerciais","m",48.41,{"$nulls":4},58.97]
[4816109,"Confecção de tubos de concreto perfurado D = 0,40 m - areia extraída e brita produzida","m",41.57,{"$nulls":4},50.63]
[4816100,"Confecção de tubos de concreto poroso D = 0,20 m - areia e brita comerciais","m",25.87,{"$nulls":4},31.51]
[4816099,"Confecção de tubos de concreto poroso D = 0,20 m - areia extraída e brita produzida","m",24.04,{"$nulls":4},29.28]
[4816102,"Confecção de tubos de concreto poroso D = 0,30 m - areia e brita comerciais","m",33.23,{"$nulls":4},40.48]
[4816101,"Confecção de tubos de concreto poroso D = 0,30 m - areia extraída e brita produzida","m",31.36,{"$nulls":4},{"v":38.2,"d":"38.20"}]
[4816104,"Confecção de tubos de concreto poroso D = 0,40 m - areia e brita comerciais","m",47.26,{"$nulls":4},57.56]
[4816103,"Confecção de tubos de concreto poroso D = 0,40 m - areia extraída e brita produzida","m",42.54,{"$nulls":4},51.81]
[4815804,"Dobramento de chapas de alumínio com espessura de 1,5 mm e comprimento de dobra de até 500 mm","un",0.44,{"$nulls":4},0.53]
[4816002,"Escavação de tunnel liner em material de 3ª categoria","m³",{"v":1051.2,"d":"1,051.20"},{"$nulls":4},{"v":1280.39,"d":"1,280.39"}]
[4805765,"Escavação de vala em material de 3ª categoria","m³",148.66,{"$nulls":4},181.07]
[4816000,"Escavação manual de tunnel liner em material de 1ª categoria","m³",379.47,{"$nulls":4},462.21]
[4816001,"Escavação manual de tunnel liner em material de 2ª categoria","m³",618.26,{"$nulls":4},753.06]
[4805749,"Escavação manual de vala em material de 1ª categoria","m³",60.96,{"$nulls":4},74.25]
[4805751,"Escavação manual em material de 1ª categoria na profundidade de 1 a 2 m","m³",45.72,{"$nulls":4},55.69]
[4805752,"Escavação manual em material de 1ª categoria na profundidade de 2 a 3 m","m³",54.87,{"$nulls":4},66.83]
[4805753,"Escavação manual em material de 1ª categoria na profundidade de 3 a 4 m","m³",64.01,{"$nulls":4},77.97]
[4805750,"Escavação manual em material de 1ª categoria na profundidade de até 1 m","m³",36.58,{"$nulls":4},44.55]
[4805767,"Escavação manual em material de 2ª categoria na profundidade de 1 a 2 m","m³",62.56,{"$nulls":4},{"v":76.2,"d":"76.20"}]
[4805769,"Escavação manual em material de 2ª categoria na profundidade de 2 a 3 m","m³",74.47,{"$nulls":4},90.71]
[4805770,"Escavação manual em material de 2ª categoria na profundidade de 3 a 4 m","m³",86.39,{"$nulls":4},105.23]
[4805760,"Escavação manual em material de 2ª categoria na profundidade de até 1 m","m³",50.65,{"$nulls":4},61.69]
[4805757,"Escavação mecânica de vala em material de 1ª categoria","m³",5.68,{"$nulls":4},6.92]
[4805762,"Escavação mecânica de vala em material de 2ª categoria","m³",6.94,{"$nulls":4},8.45]
[4806395,"Fixação de parafuso em estrutura metálica","un",4.15,{"$nulls":4},5.05]
[4816003,"Iluminação provisória para tunnel liner","m",33.94,{"$nulls":4},41.34]
[4816017,"Material pétreo produzido em britador de mandíbulas móvel - camada final de aterro em rocha","m³",16.78,{"$nulls":4},20.44]
[4816023,"Operação de mergulho autônomo em profundidade de até 20 m","h",186.91,{"$nulls":4},227.66]
[4816025,"Operação de mergulho dependente em profundidade de 30 a 50 m - inclusive descompressão","h",344.52,{"$nulls":4},419.64]
[4816024,"Operação de mergulho dependente em profundidade de até 30 m - inclusive descompressão","h",236.61,{"$nulls":4},{"v":288.2,"d":"288.20"}]
[4816005,"Pedra de mão produzida manualmente","m³",69.33,{"$nulls":4},84.44]
[4800400,"Preparo e regularização de terreno em desnível","m²",4.25,{"$nulls":4},5.18]
[4816016,"Rachão ou pedra de mão produzida","m³",32.13,{"$nulls":4},39.13]
[4800412,"Raspagem e limpeza de terreno plano","m²",3.66,{"$nulls":4},4.46]
[4815671,"Reaterro e compactação com soquete vibratório","m³",13.69,{"$nulls":4},16.68]
[4815803,"Rebordeamento de chapa metálica com espessura de 5 mm","m",6.37,{"$nulls":4},7.76]
[4816011,"Recarga de cilindro com ar respirável para atividades de mergulho","m³",{"v":1236.68,"d":"1,236.68"},{"$nulls":4},{"v":1506.31,"d":"1,506.31"}]
[4816014,"Rocha para britagem com perfuratriz manual","m³",39.24,{"$nulls":4},47.79]
[4816010,"Rocha para britagem com perfuratriz sobre esteira","m³",28.09,{"$nulls":4},34.21]
[4816015,"Rocha para britagem com perfuratriz sobre esteira - camada final de aterro em rocha","m³",16.14,{"$nulls":4},19.66]
[4816119,"Selo de argila apiloado (solo local)","m³",30.03,{"$nulls":4},36.58]
[4816004,"Ventilação provisória para tunnel liner","m",43.43,{"$nulls":4},{"v":52.9,"d":"52.90"}]
[4915652,"Bico de adesão para injeção de adesivo estrutural à base de resina epóxi - fornecimento, instalação e retirada","un",6.15,{"$nulls":4},7.49]
[4915651,"Bico de perfuração para injeção de adesivo estrutural à base de resina epóxi - fornecimento, instalação e retirada","un",7.19,{"$nulls":4},8.76]
[4915723,"Caiação manual com fixador de cal","m²",2.59,{"$nulls":4},3.16]
[4915724,"Caiação mecanizada com fixador de cal","m²",{"v":1.4,"d":"1.40"},{"$nulls":4},1.71]
[4915637,"Capa selante - areia comercial","m²",0.72,{"$nulls":4},0.88]
[4915779,"Capa selante - areia extraída","m²",0.52,{"$nulls":4},0.63]
[4915638,"Capa selante - brita produzida","m²",0.62,{"$nulls":4},0.75]
[4915636,"Capa selante - pedrisco comercial","m²",0.88,{"$nulls":4},1.07]
[4915744,"Capina manual","m²",0.61,{"$nulls":4},0.74]
[4915700,"Combate à exsudação - areia comercial","m²",0.85,{"$nulls":4},1.03]
[4915590,"Combate à exsudação - areia extraída","m²",0.62,{"$nulls":4},0.76]
[4915591,"Combate à exsudação - brita produzida","m²",0.73,{"$nulls":4},0.89]
[4915701,"Combate à exsudação - pedrisco comercial","m²",{"v":1,"d":"1.00"},{"$nulls":4},1.22]
[4915703,"Correção de defeitos com mistura betuminosa","m³",84.67,{"$nulls":4},103.13]
[4915705,"Correção de defeitos por fresagem descontínua do revestimento asfáltico - espessura de 5 cm","m³",{"v":100.7,"d":"100.70"},{"$nulls":4},122.66]
[4915743,"Corte e limpeza de áreas gramadas","m²",0.07,{"$nulls":4},0.08]
[4915768,"Corte e remoção de árvores","m³",11.84,{"$nulls":4},14.42]
[4915713,"Desobstrução de bueiro","m³",{"v":53,"d":"53.00"},{"$nulls":4},64.56]
[4915655,"Fresagem contínua de revestimento asfáltico - espessura de 3 cm","m³",71.53,{"$nulls":4},87.13]
[4915656,"Fresagem contínua de revestimento asfáltico - espessura de 4 cm","m³",56.15,{"$nulls":4},68.39]
[4915657,"Fresagem contínua de revestimento asfáltico - espessura de 5 cm","m³",46.87,{"$nulls":4},57.09]
[4915658,"Fresagem contínua de revestimento asfáltico - espessura de 6 cm","m³",40.83,{"$nulls":4},49.73]
[4915659,"Fresagem contínua de revestimento asfáltico - espessura de 7 cm","m³",36.61,{"$nulls":4},44.59]
[4915660,"Fresagem contínua de revestimento asfáltico - espessura de 8 cm","m³",33.59,{"$nulls":4},40.91]
[4915661,"Fresagem descontínua de revestimento asfáltico - espessura de 3 cm","m³",{"v":92.4,"d":"92.40"},{"$nulls":4},112.54]
[4915662,"Fresagem descontínua de revestimento asfáltico - espessura de 4 cm","m³",72.92,{"$nulls":4},88.82]
[4915663,"Fresagem descontínua de revestimento asfáltico - espessura de 5 cm","m³",60.32,{"$nulls":4},73.47]
[4915664,"Fresagem descontínua de revestimento asfáltico - espessura de 6 cm","m³",52.99,{"$nulls":4},64.54]
[4915665,"Fresagem descontínua de revestimento asfáltico - espessura de 7 cm","m³",47.94,{"$nulls":4},58.39]
[4915666,"Fresagem descontínua de revestimento asfáltico - espessura de 8 cm","m³",44.33,{"$nulls":4},53.99]
[4915650,"Injeção de adesivo estrutural à base de resina epóxi de baixa viscosidade para tratamento de fissuras em estruturas de concreto - fornecimento e aplicação manual","kg",{"v":293.9,"d":"293.90"},{"$nulls":4},357.98]
[4915645,"Injeção de adesivo estrutural à base de resina epóxi de baixa viscosidade para tratamento de fissuras em estruturas de concreto - fornecimento e aplicação mecanizada","kg",231.65,{"$nulls":4},282.16]
[4915712,"Limpeza de bueiro","m³",17.67,{"$nulls":4},21.52]
[4915711,"Limpeza de descida d'água","m",1.17,{"$nulls":4},1.43]
[4915790,"Limpeza de emulsão asfáltica ou asfalto diluído derramados na pista - remoção com minicarregadeira com vassoura e descarga livre","t",176.56,{"$nulls":4},215.06]
[4915793,"Limpeza de líquidos combustíveis derramados na pista - remoção com minicarregadeira com vassoura e descarga livre","t",135.13,{"$nulls":4},164.59]
[4915792,"Limpeza de material asfáltico derramado fora da pista - remoção com escavadeira hidráulica e caminhão basculante","t",50.67,{"$nulls":4},61.72]
[4915718,"Limpeza de placa de sinalização","m²",7.45,{"$nulls":4},9.07]
[4915672,"Limpeza de ponte","m",3.53,{"$nulls":4},{"v":4.3,"d":"4.30"}]
[4915708,"Limpeza de sarjeta e meio-fio","m",0.59,{"$nulls":4},0.72]
[4915710,"Limpeza de vala de drenagem","m",3.53,{"$nulls":4},{"v":4.3,"d":"4.30"}]
[4915709,"Limpeza de valeta de corte","m",0.89,{"$nulls":4},1.08]
[4915686,"Limpeza e desobstrução de dispositivos de drenagem em OAE","un",3.53,{"$nulls":4},{"v":4.3,"d":"4.30"}]
[4915687,"Limpeza e desobstrução de drenos de obras de contenção","un",2.21,{"$nulls":4},2.69]
[4915634,"Limpeza e desobstrução mecanizada de bueiros com diâmetro acima de 1,00 até 1,50 m","m",50.22,{"$nulls":4},61.17]
[4915633,"Limpeza e desobstrução mecanizada de bueiros com diâmetro de até 1,00 m","m",16.57,{"$nulls":4},20.18]
[4915714,"Limpeza e enchimento com resina epóxi de fissuras niveladas com abertura máxima de 0,4 mm e profundidade de 20 mm em pavimento de concreto que não atravessam toda a espessura da placa","m",3.05,{"$nulls":4},3.72]
[4915759,"Limpeza e remoção de vegetação junto aos aparelhos de apoio de OAE com o uso de herbicida","un",5.96,{"$nulls":4},7.26]
[4915758,"Limpeza e remoção de vegetação nas juntas de dilatação com o uso de herbicida","m",3.55,{"$nulls":4},4.33]
[4915640,"Limpeza e remoção manual de material retido em terra firme em OAE","m³",17.67,{"$nulls":4},21.52]
[4915639,"Limpeza em superfície de concreto com escova de aço","m²",3.53,{"$nulls":4},{"v":4.3,"d":"4.30"}]
[4915695,"Limpeza, serragem e enchimento de fissuras niveladas com abertura entre 0,4 mm e 1,0 mm e profundidade de 25 mm em pavimento de concreto com CAP","m",5.24,{"$nulls":4},6.38]
[4915696,"Limpeza, serragem e enchimento de fissuras niveladas com abertura entre 0,4 mm e 1,0 mm e profundidade de 25 mm em pavimento de concreto com CAP com polímero","m",5.24,{"$nulls":4},6.38]
[4915694,"Limpeza, serragem e enchimento de fissuras niveladas com abertura entre 0,4 mm e 1,0 mm e profundidade de 25 mm em pavimento de concreto com selante elástico a frio","m",24.28,{"$nulls":4},29.57]
[4915654,"Lixamento mecanizado em superfície de concreto","m²",9.36,{"$nulls":4},{"v":11.4,"d":"11.40"}]
[4900001,"Material de base","m³",{"v":0,"d":"0.00"},{"$nulls":4},{"v":0,"d":"0.00"}]
[4915801,"Mistura betuminosa","m³",{"v":0,"d":"0.00"},{"$nulls":4},{"v":0,"d":"0.00"}]
[4916290,"Mistura betuminosa a frio executada em betoneira - faixa C - areia e brita comerciais","m³",288.26,{"$nulls":4},351.11]
[4915765,"Poda de árvores com 5,0 m a 7,5 m de altura","m³",{"v":165.6,"d":"165.60"},{"$nulls":4},{"v":201.7,"d":"201.70"}]
[4915766,"Poda de árvores com 7,5 m a 10 m de altura","m³",{"v":97.2,"d":"97.20"},{"$nulls":4},118.39]
[4915764,"Poda de árvores com até 5 m de altura","m³",298.07,{"$nulls":4},363.06]
[4915767,"Poda de árvores com mais de 10 m de altura","m³",63.87,{"$nulls":4},{"v":77.8,"d":"77.80"}]
[4915777,"Reassentamento manual de meio-fio com material arrancado da pista","m",11.77,{"$nulls":4},14.34]
[4915618,"Recomposição de camada granular do pavimento com material de jazida","m²",2.56,{"$nulls":4},3.12]
[4915774,"Recomposição de erosão em corte ou aterro com material de jazida","m³",19.57,{"$nulls":4},23.84]
[4915719,"Recomposição de placa de sinalização","m²",27.78,{"$nulls":4},33.84]
[4915611,"Recomposição de revestimento primário com material de jazida","m³",8.94,{"$nulls":4},10.89]
[4915733,"Recomposição manual de aterro com material de jazida","m³",32.58,{"$nulls":4},39.68]
[4915734,"Recomposição mecanizada de aterro com material de jazida","m³",9.54,{"$nulls":4},11.62]
[4915727,"Recomposição parcial de cerca com mourão de concreto - arame","m",8.61,{"$nulls":4},10.49]
[4915726,"Recomposição parcial de cerca com mourão de concreto seção quadrada - mourão - areia e brita comerciais","m",20.81,{"$nulls":4},25.35]
[4915594,"Recomposição parcial de cerca com mourão de concreto seção quadrada - mourão - areia extraída e brita produzida","m",19.53,{"$nulls":4},23.79]
[4915729,"Recomposição parcial de cerca com mourão de concreto seção triangular - mourão - areia e brita comerciais","m",16.14,{"$nulls":4},19.66]
[4915596,"Recomposição parcial de cerca com mourão de concreto seção triangular - mourão - areia extraída e brita comercial","m",15.59,{"$nulls":4},18.99]
[4915732,"Recomposição parcial de cerca com mourão de madeira - arame","m",6.58,{"$nulls":4},8.01]
[4915731,"Recomposição parcial de cerca com mourão de madeira - mourão","m",15.17,{"$nulls":4},18.48]
[4915725,"Recomposição total de cerca com mourão de concreto seção quadrada - areia e brita comerciais","m",24.85,{"$nulls":4},30.27]
[4915593,"Recomposição total de cerca com mourão de concreto seção quadrada - areia extraída e brita produzida","m",23.57,{"$nulls":4},28.71]
[4915728,"Recomposição total de cerca com mourão de concreto seção triangular - areia e brita comerciais","m",24.42,{"$nulls":4},29.74]
[4915595,"Recomposição total de cerca com mourão de concreto seção triangular - areia extraída e brita produzida","m",23.87,{"$nulls":4},29.07]
[4915730,"Recomposição total de cerca com mourão de madeira","m",21.08,{"$nulls":4},25.68]
[4915598,"Reconformação da plataforma","m²",0.08,{"$nulls":4},{"v":0.1,"d":"0.10"}]
[4915748,"Recuperação de desgaste superficial em pavimentos de concreto","m²",189.68,{"$nulls":4},231.03]
[4915608,"Regularização de taludes e valas com soquete vibratório","m²",2.13,{"$nulls":4},2.59]
[4915613,"Regularização mecânica da faixa de domínio","m²",0.13,{"$nulls":4},0.16]
[4915692,"Remendo profundo com imprimação com asfalto diluído - demolição manual","m³",300.31,{"$nulls":4},365.78]
[4915746,"Remendo profundo com imprimação com asfalto diluído - demolição mecânica e corte com serra","m³",229.39,{"$nulls":4},{"v":279.4,"d":"279.40"}]
[4915630,"Remendo profundo com imprimação com emulsão asfáltica - demolição manual","m³",300.31,{"$nulls":4},365.78]
[4915631,"Remendo profundo com imprimação com emulsão asfáltica - demolição mecânica e corte com serra","m³",229.39,{"$nulls":4},{"v":279.4,"d":"279.40"}]
[4915785,"Remoção de animais de grande porte mortos em rodovia - carga e descarga com guindauto","t",319.24,{"$nulls":4},388.84]
[4915786,"Remoção de animais de pequeno porte mortos em rodovia - carga manual","t",135.83,{"$nulls":4},165.45]
[4915795,"Remoção de emborrachados de pneus em rodovia","t",{"v":278.7,"d":"278.70"},{"$nulls":4},339.47]
[4915800,"Remoção de espécimes arbóreos de 20 a 40 m tombados na pista","t",44.05,{"$nulls":4},53.65]
[4915799,"Remoção de espécimes arbóreos de até 20 m tombados na pista","t",34.42,{"$nulls":4},41.93]
[4915698,"Remoção de grãos, agregados e solos derramados na pista em rodovias","t",15.31,{"$nulls":4},18.65]
[4915794,"Remoção de sucatas derramadas em rodovia - cinta com utilização de 100 vezes","t",485.81,{"$nulls":4},591.73]
[4915789,"Remoção de veículos de grande porte incendiados em rodovia - carga e descarga com guindaste - cinta com utilização de 100 vezes","un",{"v":1370.79,"d":"1,370.79"},{"$nulls":4},{"v":1669.66,"d":"1,669.66"}]
[4915798,"Remoção de veículos de grande porte tombados em rodovia - cinta com utilização de 100 vezes","un",{"v":1281.29,"d":"1,281.29"},{"$nulls":4},{"v":1560.64,"d":"1,560.64"}]
[4915788,"Remoção de veículos de médio porte incendiados em rodovia - carga e descarga com guindaste - cinta com utilização de 100 vezes","un",{"v":1243.25,"d":"1,243.25"},{"$nulls":4},{"v":1514.31,"d":"1,514.31"}]
[4915797,"Remoção de veículos de médio porte tombados em rodovia - cinta com utilização de 100 vezes","un",623.46,{"$nulls":4},759.39]
[4915787,"Remoção de veículos de pequeno porte incendiados em rodovia - carga e descarga com guindauto - cinta com utilização de 100 vezes","un",{"v":724.4,"d":"724.40"},{"$nulls":4},882.34]
[4915796,"Remoção de veículos de pequeno porte tombados em rodovia - cinta com utilização de 100 vezes","un",{"v":256.1,"d":"256.10"},{"$nulls":4},311.94]
[4915760,"Remoção de vestígios de óleo ou graxa na superfície do revestimento do pavimento","m²",44.26,{"$nulls":4},53.91]
[4915699,"Remoção de vidros, caixas e engradados derramados na pista em rodovia","t",23.64,{"$nulls":4},{"v":28.8,"d":"28.80"}]
[4915736,"Remoção manual de barreira em rocha","m³",13.32,{"$nulls":4},16.23]
[4915735,"Remoção manual de barreira em solo","m³",10.98,{"$nulls":4},13.37]
[4915670,"Remoção manual de camada granular do pavimento","m³",158.17,{"$nulls":4},192.66]
[4915668,"Remoção manual de revestimento asfáltico","m³",244.81,{"$nulls":4},298.18]
[4915761,"Remoção manual de vegetação daninha","m²",3.53,{"$nulls":4},{"v":4.3,"d":"4.30"}]
[4915762,"Remoção manual de vegetação daninha em frestas","m",1.77,{"$nulls":4},2.15]
[4915738,"Remoção mecanizada de barreira em rocha","m³",4.58,{"$nulls":4},5.58]
[4915737,"Remoção mecanizada de barreira em solo","m³",3.88,{"$nulls":4},4.72]
[4915669,"Remoção mecanizada de camada granular do pavimento","m³",6.15,{"$nulls":4},7.49]
[4915667,"Remoção mecanizada de revestimento asfáltico","m³",9.81,{"$nulls":4},11.95]
[4915632,"Reparo localizado com pintura de ligação - demolição mecânica e corte com serra","m³",328.29,{"$nulls":4},399.86]
[4915753,"Reparo no interior de placa de pavimento de concreto","m³",{"v":1119.78,"d":"1,119.78"},{"$nulls":4},{"v":1363.92,"d":"1,363.92"}]
[4915776,"Roçada com roçadeira costal","ha",632.17,{"$nulls":4},{"v":770,"d":"770.00"}]
[4915740,"Roçada manual","ha",{"v":1524.02,"d":"1,524.02"},{"$nulls":4},{"v":1856.3,"d":"1,856.30"}]
[4915741,"Roçada manual de capim colonião","ha",{"v":3657.65,"d":"3,657.65"},{"$nulls":4},{"v":4455.12,"d":"4,455.12"}]
[4915775,"Roçada mecanizada com roçadeira articulada","ha",553.91,{"$nulls":4},674.68]
[4915742,"Roçada mecanizada com roçadeira de arraste","ha",343.05,{"$nulls":4},417.84]
[4915626,"Selagem de trincas mecanizada em pavimento flexível com emulsão - areia comercial","m",1.65,{"$nulls":4},2.01]
[4915653,"Selagem superficial de fissuras com adesivo estrutural à base de resina epóxi de alta viscosidade, inclusive limpeza superficial - fornecimento e aplicação","kg",61.25,{"$nulls":4},{"v":74.6,"d":"74.60"}]
[4915623,"Solo brita para base de remendo profundo - brita comercial","m³",55.89,{"$nulls":4},68.08]
[4915625,"Solo melhorado com cimento para base de remendo profundo","m³",36.77,{"$nulls":4},44.79]
[4915621,"Solo para base de remendo profundo","m³",3.88,{"$nulls":4},4.73]
[4915720,"Substituição de balizador - areia e brita comerciais","un",25.48,{"$nulls":4},31.03]
[4915592,"Substituição de balizador - areia extraída e brita produzida","un",24.86,{"$nulls":4},30.28]
[4913703,"Substituição de cartucho de absorção de energia tipo A - fornecimento e instalação, e reposicionamento do amortecedor retrátil","un",{"v":4601.52,"d":"4,601.52"},{"$nulls":4},{"v":5604.77,"d":"5,604.77"}]
[4913704,"Substituição de cartucho de absorção de energia tipo B - fornecimento, instalação e reposicionamento do amortecedor retrátil","un",{"v":4503.03,"d":"4,503.03"},{"$nulls":4},{"v":5484.81,"d":"5,484.81"}]
[4915757,"Tapa buraco com pintura de ligação - demolição com serra corta piso","m³",343.92,{"$nulls":4},{"v":418.9,"d":"418.90"}]
[4915678,"Tapa buraco com pintura de ligação - demolição manual","m³",305.12,{"$nulls":4},371.64]
[4919547,"Tela de proteção para roçada em tubo galvanizado 4,0 X 1,5 m - confecção","un",430.91,{"$nulls":4},524.86]
[4915716,"Tratamento de fissuras do tipo rendilhado em pavimentos de concreto","m²",9.74,{"$nulls":4},11.86]
[4915750,"Tratamento de fissuras transversais com abertura maior que 1,0 mm em pavimentos de concreto","m",165.58,{"$nulls":4},201.68]
[4915769,"Trituração de galhos e troncos com diâmetro de até 350 mm","m³",25.77,{"$nulls":4},31.39]
[5213836,"Balizador cônico refletivo em polietileno semiflexível de 114 x 11 x 40 cm - utilização de 150 ciclos - fornecimento, 01 implantação e 01 retirada diária","un.dia",0.89,{"$nulls":4},1.09]
[5213368,"Balizador de concreto - areia e brita comerciais - fornecimento e implantação","un",16.36,{"$nulls":4},19.93]
[5213367,"Balizador de concreto - areia extraída e brita produzida - fornecimento e implantação","un",15.25,{"$nulls":4},18.58]
[5213385,"Barreira de sinalização tipo I de direcionamento ou bloqueio - confecção","un",{"v":273,"d":"273.00"},{"$nulls":4},332.52]
[5213343,"Barreira de sinalização tipo I de direcionamento ou bloqueio - utilização de 150 ciclos - fornecimento, 01 implantação e 01 retirada diária","un.dia",3.06,{"$nulls":4},3.73]
[5213390,"Barreira de sinalização tipo I de direcionamento ou bloqueio contínua - confecção","m",234.64,{"$nulls":4},{"v":285.8,"d":"285.80"}]
[5213344,"Barreira de sinalização tipo I de direcionamento ou bloqueio contínua - utilização de 150 ciclos - fornecimento, 01 implantação e 01 retirada diária","m.dia",2.68,{"$nulls":4},3.26]
[5213386,"Barreira de sinalização tipo II de direcionamento ou bloqueio - confecção","un",444.46,{"$nulls":4},541.37]
[5213345,"Barreira de sinalização tipo II de direcionamento ou bloqueio - utilização de 150 ciclos - fornecimento, 01 implantação e 01 retirada diária","un.dia",4.48,{"$nulls":4},5.46]
[5213387,"Barreira de sinalização tipo III de direcionamento ou bloqueio - confecção","un",636.32,{"$nulls":4},775.05]
[5213346,"Barreira de sinalização tipo III de direcionamento ou bloqueio - utilização de 150 ciclos - fornecimento, 01 implantação e 01 retirada diária","un.dia",6.27,{"$nulls":4},7.64]
[5213843,"Barreira plástica articulável modular 240 x 100 cm na cor amarela - utilização de 600 ciclos - fornecimento, 01 implantação e 01 retirada diária","m.dia",0.84,{"$nulls":4},1.02]
[5213833,"Barreira plástica monobloco para canalização de trânsito - 101 x 50 x 55 cm - utilização de 600 ciclos - fornecimento, 01 implantação e 01 retirada diária","un.dia",8.41,{"$nulls":4},10.24]
[5213834,"Barreira plástica para canalização de trânsito - 60 x 45 x 60 cm - utilização de 600 ciclos - fornecimento, 01 implantação e 01 retirada diária","un.dia",5.46,{"$nulls":4},6.65]
[5219544,"Cavalete em perfil metálico para placa de sinalização - 1,00 m x 1,00 m - confecção","un",184.84,{"$nulls":4},225.14]
[5213383,"Cavalete em polietileno zebrado com faixa refletiva - H = 1,00 m - utilização de 600 ciclos - fornecimento, 01 implantação e 01 retirada diária","un.dia",0.68,{"$nulls":4},0.83]
[5213380,"Cavalete em polietileno zebrado com faixa refletiva e com sinalizador a LED com bateria - H = 1,00 m - utilização de 600 ciclos - fornecimento, 01 implantação e 01 retirada diária","un.dia",1.52,{"$nulls":4},1.85]
[5213838,"Cilindro canalizador de tráfego com base quadrada de 111 x 56 x 56 cm - utilização de 600 ciclos - fornecimento, 01 implantação e 01 retirada diária","un.dia",{"v":3.7,"d":"3.70"},{"$nulls":4},4.51]
[5213837,"Cilindro flexível delimitador de tráfego com duas faixas refletivas e chumbador - D = 20 cm e H = 80 cm","un",144.54,{"$nulls":4},176.05]
[5213835,"Cone plástico para canalização de trânsito - utilização de 150 ciclos - fornecimento, 01 implantação e 01 retirada diária","un.dia",0.68,{"$nulls":4},0.83]
[5213839,"Dispositivo de direcionamento ou bloqueio tipo tapume - confecção","m²",251.46,{"$nulls":4},306.29]
[5213347,"Dispositivo de direcionamento ou bloqueio tipo tapume - utilização de 150 ciclos - fornecimento, 01 implantação e 01 retirada diária","m².dia",5.99,{"$nulls":4},7.29]
[5213840,"Dispositivo de direcionamento ou bloqueio tipo tela plástica com suporte fixo - confecção","m²",{"v":32.6,"d":"32.60"},{"$nulls":4},39.71]
[5213349,"Dispositivo de direcionamento ou bloqueio tipo tela plástica com suporte fixo - utilização de 150 ciclos - fornecimento, 01 implantação e 01 retirada diária","m².dia",0.57,{"$nulls":4},{"v":0.7,"d":"0.70"}]
[5213841,"Dispositivo de direcionamento ou bloqueio tipo tela plástica com suporte móvel afixado em bloco de concreto - confecção","m²",55.74,{"$nulls":4},67.89]
[5213348,"Dispositivo de direcionamento ou bloqueio tipo tela plástica com suporte móvel afixado em bloco de concreto - utilização de 150 ciclos - fornecimento, 01 implantação e 01 retirada diária","m².dia",0.66,{"$nulls":4},{"v":0.8,"d":"0.80"}]
[5216116,"Fabricação de balizador de concreto - seção circular de 10 cm - areia e brita comerciais","un",13.95,{"$nulls":4},16.99]
[5216115,"Fabricação de balizador de concreto - seção circular de 10 cm - areia extraída e brita produzida","un",13.33,{"$nulls":4},16.24]
[5213842,"Fita zebrada para dispositivos de canalização de trânsito - fornecimento, implantação e retirada","m",{"v":0.1,"d":"0.10"},{"$nulls":4},0.12]
[5213358,"Laminado elastoplástico para sinalização horizontal - espessura de 1,5 mm - fornecimento e implantação","m²",208.62,{"$nulls":4},254.11]
[5213848,"Luz de advertência e bateria para dispositivos de sinalização - utilização de 200 ciclos - fornecimento, 01 implantação e 01 retirada diária","un.dia",0.84,{"$nulls":4},1.02]
[5214012,"Manutenção/recomposição de sinalização - pintura de faixa com tinta acrílica - espessura de 0,4 mm","m²",{"v":24.7,"d":"24.70"},{"$nulls":4},30.08]
[5213356,"Manutenção/recomposição de sinalização - pintura de faixa com tinta acrílica - espessura de 0,6 mm","m²",34.83,{"$nulls":4},42.42]
[5214011,"Manutenção/recomposição de sinalização - pintura de faixa com tinta acrílica emulsionada em água - espessura de 0,3 mm","m²",11.35,{"$nulls":4},13.83]
[5213354,"Manutenção/recomposição de sinalização - pintura de faixa com tinta acrílica emulsionada em água - espessura de 0,4 mm","m²",{"v":13.6,"d":"13.60"},{"$nulls":4},16.57]
[5213355,"Manutenção/recomposição de sinalização - pintura de faixa com tinta acrílica emulsionada em água - espessura de 0,5 mm","m²",15.88,{"$nulls":4},19.34]
[5213850,"Operação de sinalização por bandeirola de tecido ou com placa metálica","h",17.67,{"$nulls":4},21.52]
[5213846,"Painel com seta luminosa montado em chassi de caminhão com prancha","h",4.46,{"$nulls":4},5.43]
[5213847,"Painel com seta luminosa montado em chassi de caminhão com prancha e amortecedor retrátil","h",68.32,{"$nulls":4},83.21]
[5213845,"Painel de mensagens variáveis, portátil móvel, LED, com banco fotovoltaico de energia e montado em chassi com engate","h",20.35,{"$nulls":4},24.79]
[5213412,"Pintura de faixa com plástico a frio bicomponente à base de resinas metacrílicas por dispersão (estrutura)","m²",93.73,{"$nulls":4},114.16]
[5213411,"Pintura de faixa com plástico a frio bicomponente à base de resinas metacrílicas por extrusão (alto relevo)","m²",166.03,{"$nulls":4},202.23]
[5214009,"Pintura de faixa com plástico a frio bicomponente à base de resinas metacrílicas por extrusão (plano) - espessura de 1,5 mm","m²",93.73,{"$nulls":4},114.16]
[5214010,"Pintura de faixa com plástico a frio bicomponente à base de resinas metacrílicas por extrusão (plano) - espessura de 3,0 mm","m²",172.32,{"$nulls":4},209.89]
[5213413,"Pintura de faixa com plástico a frio tricomponente à base de resinas metacrílicas por aspersão - espessura de 0,6 mm","m²",{"v":57.8,"d":"57.80"},{"$nulls":4},{"v":70.4,"d":"70.40"}]
[5213410,"Pintura de faixa com termoplástico em alto relevo tipo I por extrusão - relevo duplo com base","m²",111.37,{"$nulls":4},135.65]
[5214004,"Pintura de faixa com termoplástico em alto relevo tipo II por extrusão - relevo simples ranhurado com base","m²",134.09,{"$nulls":4},163.33]
[5214005,"Pintura de faixa com termoplástico em alto relevo tipo III por extrusão - relevo simples com base","m²",{"v":120.1,"d":"120.10"},{"$nulls":4},146.28]
[5214006,"Pintura de faixa com termoplástico em alto relevo tipo IV por extrusão - relevo simples sem base","m²",76.67,{"$nulls":4},93.39]
[5214007,"Pintura de faixa com termoplástico em alto relevo tipo V por extrusão - relevo multipontos sem base (gotas)","m²",65.31,{"$nulls":4},79.55]
[5214008,"Pintura de faixa com termoplástico em alto relevo tipo VI por extrusão - relevo multipontos sem base (calotas)","m²",{"v":64.1,"d":"64.10"},{"$nulls":4},78.07]
[5213408,"Pintura de faixa com termoplástico por aspersão - espessura de 1,5 mm","m²",40.25,{"$nulls":4},49.03]
[5213400,"Pintura de faixa com tinta acrílica - espessura de 0,4 mm","m²",24.92,{"$nulls":4},30.35]
[5213401,"Pintura de faixa com tinta acrílica - espessura de 0,6 mm","m²",35.08,{"$nulls":4},42.73]
[5214001,"Pintura de faixa com tinta acrílica emulsionada em água - espessura de 0,3 mm","m²",11.56,{"$nulls":4},14.08]
[5213402,"Pintura de faixa com tinta acrílica emulsionada em água - espessura de 0,4 mm","m²",13.83,{"$nulls":4},16.84]
[5213403,"Pintura de faixa com tinta acrílica emulsionada em água - espessura de 0,5 mm","m²",16.12,{"$nulls":4},19.63]
[5214003,"Pintura de setas e zebrados com termoplástico por aspersão - espessura de 1,5 mm","m²",48.31,{"$nulls":4},58.84]
[5213409,"Pintura de setas e zebrados com termoplástico por extrusão - espessura de 3,0 mm","m²",78.27,{"$nulls":4},95.33]
[5213404,"Pintura de setas e zebrados com tinta acrílica - espessura de 0,4 mm","m²",35.73,{"$nulls":4},43.52]
[5213405,"Pintura de setas e zebrados com tinta acrílica - espessura de 0,6 mm","m²",45.48,{"$nulls":4},{"v":55.4,"d":"55.40"}]
[5214002,"Pintura de setas e zebrados com tinta acrílica emulsionada em água - espessura de 0,3 mm","m²",22.53,{"$nulls":4},27.44]
[5213406,"Pintura de setas e zebrados com tinta acrílica emulsionada em água - espessura de 0,4 mm","m²",24.63,{"$nulls":4},{"v":30,"d":"30.00"}]
[5213407,"Pintura de setas e zebrados com tinta acrílica emulsionada em água - espessura de 0,5 mm","m²",26.73,{"$nulls":4},32.56]
[5212552,"Pintura eletrostática a pó com tinta poliéster em chapa de aço","m²",{"v":13.2,"d":"13.20"},{"$nulls":4},16.08]
[5213464,"Placa de advertência em aço, lado de 0,60 m - película retrorrefletiva tipo I + SI - fornecimento e implantação","un",205.73,{"$nulls":4},250.58]
[5213465,"Placa de advertência em aço, lado de 0,80 m - película retrorrefletiva tipo I + SI - fornecimento e implantação","un",353.11,{"$nulls":4},{"v":430.1,"d":"430.10"}]
[5213466,"Placa de advertência em aço, lado de 1,00 m - película retrorrefletiva tipo I + SI - fornecimento e implantação","un",{"v":495.3,"d":"495.30"},{"$nulls":4},603.29]
[5213467,"Placa de advertência em aço, lado de 1,20 m - película retrorrefletiva tipo III + SI - fornecimento e implantação","un",793.58,{"$nulls":4},{"v":966.6,"d":"966.60"}]
[5213468,"Placa de advertência em fibra, lado de 0,60 m - película retrorrefletiva tipo I + SI - fornecimento e implantação","un",196.21,{"$nulls":4},238.99]
[5213469,"Placa de advertência em fibra, lado de 0,80 m - película retrorrefletiva tipo I + SI - fornecimento e implantação","un",334.98,{"$nulls":4},408.02]
[5213470,"Placa de advertência em fibra, lado de 1,00 m - película retrorrefletiva tipo I + SI - fornecimento e implantação","un",468.87,{"$nulls":4},{"v":571.1,"d":"571.10"}]
[5213471,"Placa de advertência em fibra, lado de 1,20 m - película retrorrefletiva tipo III + SI - fornecimento e implantação","un",755.53,{"$nulls":4},920.25]
[5212560,"Placa de advertência para sinalização de obras montada em suporte metálico móvel, lado 1,00 m - utilização de 600 ciclos - fornecimento, 01 implantação e 01 retirada diária","un.dia",3.24,{"$nulls":4},3.95]
[5213472,"Placa de marco quilométrico em aço - 0,60 x 0,865 m - película retrorrefletiva tipo I + I - fornecimento e implantação","un",245.36,{"$nulls":4},298.86]
[5213473,"Placa de marco quilométrico em aço - 0,70 x 1,00 m - película retrorrefletiva tipo I + III - fornecimento e implantação","un",318.89,{"$nulls":4},388.42]
[5213474,"Placa de marco quilométrico em fibra - 0,60 x 0,865 m - película retrorrefletiva tipo I + I - fornecimento e implantação","un",{"v":229.5,"d":"229.50"},{"$nulls":4},279.54]
[5213475,"Placa de marco quilométrico em fibra - 0,70 x 1,00 m - película retrorrefletiva tipo I + III - fornecimento e implantação","un",299.07,{"$nulls":4},364.28]
[5213440,"Placa de regulamentação em aço D = 0,60 m - película retrorrefletiva tipo I + SI - fornecimento e implantação","un",{"v":205.7,"d":"205.70"},{"$nulls":4},250.55]
[5213441,"Placa de regulamentação em aço D = 0,80 m - película retrorrefletiva tipo I + SI - fornecimento e implantação","un",353.14,{"$nulls":4},430.14]
[5213442,"Placa de regulamentação em aço D = 1,00 m - película retrorrefletiva tipo I + SI - fornecimento e implantação","un",{"v":495.3,"d":"495.30"},{"$nulls":4},603.29]
[5213443,"Placa de regulamentação em aço D = 1,20 m - película retrorrefletiva tipo III + SI - fornecimento e implantação","un",{"v":793.6,"d":"793.60"},{"$nulls":4},966.62]
[5213444,"Placa de regulamentação em aço, R1 lado 0,248 m - película retrorrefletiva tipo I + SI - fornecimento e implantação","un",205.74,{"$nulls":4},{"v":250.6,"d":"250.60"}]
[5213445,"Placa de regulamentação em aço, R1 lado 0,331 m - película retrorrefletiva tipo I + SI - fornecimento e implantação","un",353.08,{"$nulls":4},430.06]
[5213446,"Placa de regulamentação em aço, R1 lado 0,414 m - película retrorrefletiva tipo I + SI - fornecimento e implantação","un",{"v":495.3,"d":"495.30"},{"$nulls":4},603.29]
[5213447,"Placa de regulamentação em aço, R1 lado 0,497 m - película retrorrefletiva tipo III + SI - fornecimento e implantação","un",793.64,{"$nulls":4},966.67]
[5213448,"Placa de regulamentação em aço, R2 lado 0,60 m - película retrorrefletiva tipo I + SI - fornecimento e implantação","un",141.57,{"$nulls":4},172.43]
[5213449,"Placa de regulamentação em aço, R2 lado 0,80 m - película retrorrefletiva tipo I + SI - fornecimento e implantação","un",223.81,{"$nulls":4},272.61]
[5213450,"Placa de regulamentação em aço, R2 lado 1,00 m - película retrorrefletiva tipo I + SI - fornecimento e implantação","un",{"v":314.3,"d":"314.30"},{"$nulls":4},382.83]
[5213451,"Placa de regulamentação em aço, R2 lado 1,20 m - película retrorrefletiva tipo III + SI - fornecimento e implantação","un",459.91,{"$nulls":4},560.18]
[5213452,"Placa de regulamentação em fibra, D = 0,60 m - película retrorrefletiva tipo I + SI - fornecimento e implantação","un",196.19,{"$nulls":4},238.96]
[5213453,"Placa de regulamentação em fibra, D = 0,80 m - película retrorrefletiva tipo I + SI - fornecimento e implantação","un",335.02,{"$nulls":4},408.06]
[5213454,"Placa de regulamentação em fibra, D = 1,00 m - película retrorrefletiva tipo I + SI - fornecimento e implantação","un",468.87,{"$nulls":4},{"v":571.1,"d":"571.10"}]
[5213455,"Placa de regulamentação em fibra, D = 1,20 m - película retrorrefletiva tipo III + SI - fornecimento e implantação","un",755.54,{"$nulls":4},920.27]
[5213456,"Placa de regulamentação em fibra, R1 lado 0,248 m - película retrorrefletiva tipo I + SI - fornecimento e implantação","un",196.23,{"$nulls":4},239.01]
[5213457,"Placa de regulamentação em fibra, R1 lado 0,331 m - película retrorrefletiva tipo I + SI - fornecimento e implantação","un",334.96,{"$nulls":4},407.99]
[5213458,"Placa de regulamentação em fibra, R1 lado 0,414 m - película retrorrefletiva tipo I + SI - fornecimento e implantação","un",468.87,{"$nulls":4},{"v":571.1,"d":"571.10"}]
[5213459,"Placa de regulamentação em fibra, R1 lado 0,497 m - película retrorrefletiva tipo III + SI - fornecimento e implantação","un",755.57,{"$nulls":4},920.31]
[5213460,"Placa de regulamentação em fibra, R2 lado 0,60 m - película retrorrefletiva tipo I + SI - fornecimento e implantação","un",{"v":135.8,"d":"135.80"},{"$nulls":4},165.41]
[5213461,"Placa de regulamentação em fibra, R2 lado 0,80 m - película retrorrefletiva tipo I + SI - fornecimento e implantação","un",213.24,{"$nulls":4},259.73]
[5213462,"Placa de regulamentação em fibra, R2 lado 1,00 m - película retrorrefletiva tipo I + SI - fornecimento e implantação","un",298.45,{"$nulls":4},363.52]
[5213463,"Placa de regulamentação em fibra, R2 lado 1,20 m - película retrorrefletiva tipo I + SI - fornecimento e implantação","un",383.65,{"$nulls":4},{"v":467.3,"d":"467.30"}]
[5212557,"Placa de regulamentação para sinalização de obras montada em suporte metálico móvel - D = 1,00 m - utilização de 600 ciclos - fornecimento, 01 implantação e 01 retirada diária","un.dia",3.05,{"$nulls":4},3.72]
[5212558,"Placa de regulamentação para sinalização de obras montada em suporte metálico móvel, R1 lado 0,414 m - utilização de 600 ciclos - fornecimento, 01 implantação e 01 retirada diária","un.dia",3.09,{"$nulls":4},3.76]
[5212559,"Placa de regulamentação para sinalização de obras montada em suporte metálico móvel, R2 lado 1,00 m - utilização de 600 ciclos - fornecimento, 01 implantação e 01 retirada diária","un.dia",2.73,{"$nulls":4},3.33]
[5213477,"Placa delineador em aço - 0,30 x 0,90 m - película retrorrefletiva tipo I + IV - fornecimento e implantação","un",139.16,{"$nulls":4},{"v":169.5,"d":"169.50"}]
[5213476,"Placa delineador em aço - 0,50 x 0,60 m - película retrorrefletiva tipo I + IV - fornecimento e implantação","un",149.86,{"$nulls":4},182.53]
[5213479,"Placa delineador em fibra - 0,30 x 0,90 m - película retrorrefletiva tipo I + IV - fornecimento e implantação","un",132.03,{"$nulls":4},160.81]
[5213478,"Placa delineador em fibra - 0,50 x 0,60 m - película retrorrefletiva tipo I + IV - fornecimento e implantação","un",141.93,{"$nulls":4},172.88]
[5213489,"Placa em aço - 2,00 x 1,00 m - película retrorrefletiva tipo I + I - fornecimento e implantação","un",739.33,{"$nulls":4},900.52]
[5213498,"Placa em aço - 2,00 x 1,00 m - película retrorrefletiva tipo I + III - fornecimento e implantação","un",800.38,{"$nulls":4},974.88]
[5213365,"Placa em aço - 2,00 x 1,00 m - película retrorrefletiva tipo I + X - fornecimento e implantação","un",903.51,{"$nulls":4},{"v":1100.5,"d":"1,100.50"}]
[5213507,"Placa em aço - 2,00 x 1,00 m - película retrorrefletiva tipo III + III - fornecimento e implantação","un",952.98,{"$nulls":4},{"v":1160.76,"d":"1,160.76"}]
[5213372,"Placa em aço - 2,00 x 1,00 m - película retrorrefletiva tipo III + X - fornecimento e implantação","un",{"v":1056.12,"d":"1,056.12"},{"$nulls":4},{"v":1286.38,"d":"1,286.38"}]
[5213490,"Placa em aço - 3,00 x 1,50 m - película retrorrefletiva tipo I + I - fornecimento e implantação","un",{"v":1583.15,"d":"1,583.15"},{"$nulls":4},{"v":1928.32,"d":"1,928.32"}]
[5213499,"Placa em aço - 3,00 x 1,50 m - película retrorrefletiva tipo I + III - fornecimento e implantação","un",{"v":1720.51,"d":"1,720.51"},{"$nulls":4},{"v":2095.63,"d":"2,095.63"}]
[5213366,"Placa em aço - 3,00 x 1,50 m - película retrorrefletiva tipo I + X - fornecimento e implantação","un",{"v":1952.56,"d":"1,952.56"},{"$nulls":4},{"v":2378.27,"d":"2,378.27"}]
[5213508,"Placa em aço - 3,00 x 1,50 m - película retrorrefletiva tipo III + III - fornecimento e implantação","un",{"v":2063.88,"d":"2,063.88"},{"$nulls":4},{"v":2513.86,"d":"2,513.86"}]
[5213373,"Placa em aço - 3,00 x 1,50 m - película retrorrefletiva tipo III + X - fornecimento e implantação","un",{"v":2295.93,"d":"2,295.93"},{"$nulls":4},{"v":2796.5,"d":"2,796.50"}]
[5213491,"Placa em aço - 3,00 x 2,00 m - película retrorrefletiva tipo I + I - fornecimento e implantação","un",{"v":2089.45,"d":"2,089.45"},{"$nulls":4},{"v":2545,"d":"2,545.00"}]
[5213500,"Placa em aço - 3,00 x 2,00 m - película retrorrefletiva tipo I + III - fornecimento e implantação","un",{"v":2272.59,"d":"2,272.59"},{"$nulls":4},{"v":2768.08,"d":"2,768.08"}]
[5213369,"Placa em aço - 3,00 x 2,00 m - película retrorrefletiva tipo I + X - fornecimento e implantação","un",{"v":2582,"d":"2,582.00"},{"$nulls":4},{"v":3144.94,"d":"3,144.94"}]
[5213509,"Placa em aço - 3,00 x 2,00 m - película retrorrefletiva tipo III + III - fornecimento e implantação","un",{"v":2730.42,"d":"2,730.42"},{"$nulls":4},{"v":3325.72,"d":"3,325.72"}]
[5213374,"Placa em aço - 3,00 x 2,00 m - película retrorrefletiva tipo III + X - fornecimento e implantação","un",{"v":3039.82,"d":"3,039.82"},{"$nulls":4},{"v":3702.58,"d":"3,702.58"}]
[5213492,"Placa em aço - 4,00 x 2,00 m - película retrorrefletiva tipo I + I - fornecimento e implantação","un",{"v":2828.77,"d":"2,828.77"},{"$nulls":4},{"v":3445.52,"d":"3,445.52"}]
[5213501,"Placa em aço - 4,00 x 2,00 m - película retrorrefletiva tipo I + III - fornecimento e implantação","un",{"v":3072.97,"d":"3,072.97"},{"$nulls":4},{"v":3742.96,"d":"3,742.96"}]
[5213370,"Placa em aço - 4,00 x 2,00 m - película retrorrefletiva tipo I + X - fornecimento e implantação","un",{"v":3485.51,"d":"3,485.51"},{"$nulls":4},{"v":4245.44,"d":"4,245.44"}]
[5213510,"Placa em aço - 4,00 x 2,00 m - película retrorrefletiva tipo III + III - fornecimento e implantação","un",{"v":3683.4,"d":"3,683.40"},{"$nulls":4},{"v":4486.48,"d":"4,486.48"}]
[5213375,"Placa em aço - 4,00 x 2,00 m - película retrorrefletiva tipo III + X - fornecimento e implantação","un",{"v":4095.94,"d":"4,095.94"},{"$nulls":4},{"v":4988.96,"d":"4,988.96"}]
[5213494,"Placa em aço - 4,00 x 3,00 m - película retrorrefletiva tipo I + I - fornecimento e implantação","un",{"v":4178.89,"d":"4,178.89"},{"$nulls":4},{"v":5090,"d":"5,090.00"}]
[5213503,"Placa em aço - 4,00 x 3,00 m - película retrorrefletiva tipo I + III - fornecimento e implantação","un",{"v":4545.19,"d":"4,545.19"},{"$nulls":4},{"v":5536.16,"d":"5,536.16"}]
[5213371,"Placa em aço - 4,00 x 3,00 m - película retrorrefletiva tipo I + X - fornecimento e implantação","un",{"v":5163.99,"d":"5,163.99"},{"$nulls":4},{"v":6289.88,"d":"6,289.88"}]
[5213512,"Placa em aço - 4,00 x 3,00 m - película retrorrefletiva tipo III + III - fornecimento e implantação","un",{"v":5460.83,"d":"5,460.83"},{"$nulls":4},{"v":6651.44,"d":"6,651.44"}]
[5213376,"Placa em aço - 4,00 x 3,00 m - película retrorrefletiva tipo III + X - fornecimento e implantação","un",{"v":6079.64,"d":"6,079.64"},{"$nulls":4},{"v":7405.16,"d":"7,405.16"}]
[5213377,"Placa em aço - película I + I - chapa recuperada - fornecimento e implantação","m²",{"v":265.5,"d":"265.50"},{"$nulls":4},323.39]
[5213570,"Placa em aço - película I + I - fornecimento e implantação","m²",380.38,{"$nulls":4},463.31]
[5213378,"Placa em aço - película I + III - chapa recuperada - fornecimento e implantação","m²",296.03,{"$nulls":4},360.57]
[5213571,"Placa em aço - película I + III - fornecimento e implantação","m²",{"v":410.9,"d":"410.90"},{"$nulls":4},500.49]
[5213379,"Placa em aço - película III + III - chapa recuperada - fornecimento e implantação","m²",372.33,{"$nulls":4},453.51]
[5213572,"Placa em aço - película III + III - fornecimento e implantação","m²",487.21,{"$nulls":4},593.43]
[5212553,"Placa em aço nº 16 galvanizado com película retrorrefletiva tipo I + I - chapa recuperada - confecção","m²",222.66,{"$nulls":4},{"v":271.2,"d":"271.20"}]
[5213416,"Placa em aço nº 16 galvanizado com película retrorrefletiva tipo I + I - confecção","m²",337.53,{"$nulls":4},411.12]
[5212554,"Placa em aço nº 16 galvanizado com película retrorrefletiva tipo I + III - chapa recuperada - confecção","m²",253.18,{"$nulls":4},308.38]
[5213417,"Placa em aço nº 16 galvanizado com película retrorrefletiva tipo I + III - confecção","m²",368.05,{"$nulls":4},{"v":448.3,"d":"448.30"}]
[5213421,"Placa em aço nº 16 galvanizado com película retrorrefletiva tipo I + IV - confecção","m²",356.71,{"$nulls":4},434.48]
[5213414,"Placa em aço nº 16 galvanizado com película retrorrefletiva tipo I + SI - confecção","m²",452.45,{"$nulls":4},{"v":551.1,"d":"551.10"}]
[5213419,"Placa em aço nº 16 galvanizado com película retrorrefletiva tipo I + X - confecção","m²",419.62,{"$nulls":4},511.11]
[5212555,"Placa em aço nº 16 galvanizado com película retrorrefletiva tipo III + III - chapa recuperada - confecção","m²",329.48,{"$nulls":4},401.32]
[5213418,"Placa em aço nº 16 galvanizado com película retrorrefletiva tipo III + III - confecção","m²",444.36,{"$nulls":4},541.24]
[5213415,"Placa em aço nº 16 galvanizado com película retrorrefletiva tipo III + SI - confecção","m²",521.34,{"$nulls":4},635.01]
[5213420,"Placa em aço nº 16 galvanizado com película retrorrefletiva tipo III + X - confecção","m²",495.93,{"$nulls":4},604.05]
[5213543,"Placa em aço, modulada - 2,00 x 1,00 m - película retrorrefletiva tipo I + I - fornecimento e implantação","un",940.16,{"$nulls":4},{"v":1145.14,"d":"1,145.14"}]
[5213552,"Placa em aço, modulada - 2,00 x 1,00 m - película retrorrefletiva tipo I + III - fornecimento e implantação","un",{"v":1001.21,"d":"1,001.21"},{"$nulls":4},{"v":1219.5,"d":"1,219.50"}]
[5213561,"Placa em aço, modulada - 2,00 x 1,00 m - película retrorrefletiva tipo III + III - fornecimento e implantação","un",{"v":1153.82,"d":"1,153.82"},{"$nulls":4},{"v":1405.38,"d":"1,405.38"}]
[5213544,"Placa em aço, modulada - 3,00 x 1,50 m - película retrorrefletiva tipo I + I - fornecimento e implantação","un",{"v":2035.02,"d":"2,035.02"},{"$nulls":4},{"v":2478.71,"d":"2,478.71"}]
[5213553,"Placa em aço, modulada - 3,00 x 1,50 m - película retrorrefletiva tipo I + III - fornecimento e implantação","un",{"v":2172.38,"d":"2,172.38"},{"$nulls":4},{"v":2646.02,"d":"2,646.02"}]
[5213562,"Placa em aço, modulada - 3,00 x 1,50 m - película retrorrefletiva tipo III + III - fornecimento e implantação","un",{"v":2515.75,"d":"2,515.75"},{"$nulls":4},{"v":3064.25,"d":"3,064.25"}]
[5213545,"Placa em aço, modulada - 3,00 x 2,00 m - película retrorrefletiva tipo I + I - fornecimento e implantação","un",{"v":2691.94,"d":"2,691.94"},{"$nulls":4},{"v":3278.86,"d":"3,278.86"}]
[5213554,"Placa em aço, modulada - 3,00 x 2,00 m - película retrorrefletiva tipo I + III - fornecimento e implantação","un",{"v":2875.09,"d":"2,875.09"},{"$nulls":4},{"v":3501.94,"d":"3,501.94"}]
[5213563,"Placa em aço, modulada - 3,00 x 2,00 m - película retrorrefletiva tipo III + III - fornecimento e implantação","un",{"v":3332.92,"d":"3,332.92"},{"$nulls":4},{"v":4059.58,"d":"4,059.58"}]
[5213546,"Placa em aço, modulada - 4,00 x 2,00 m - película retrorrefletiva tipo I + I - fornecimento e implantação","un",{"v":3632.1,"d":"3,632.10"},{"$nulls":4},{"v":4424,"d":"4,424.00"}]
[5213555,"Placa em aço, modulada - 4,00 x 2,00 m - película retrorrefletiva tipo I + III - fornecimento e implantação","un",{"v":3876.3,"d":"3,876.30"},{"$nulls":4},{"v":4721.44,"d":"4,721.44"}]
[5213564,"Placa em aço, modulada - 4,00 x 2,00 m - película retrorrefletiva tipo III + III - fornecimento e implantação","un",{"v":4486.73,"d":"4,486.73"},{"$nulls":4},{"v":5464.96,"d":"5,464.96"}]
[5213548,"Placa em aço, modulada - 4,00 x 3,00 m - película retrorrefletiva tipo I + I - fornecimento e implantação","un",{"v":5383.89,"d":"5,383.89"},{"$nulls":4},{"v":6557.72,"d":"6,557.72"}]
[5213557,"Placa em aço, modulada - 4,00 x 3,00 m - película retrorrefletiva tipo I + III - fornecimento e implantação","un",{"v":5750.19,"d":"5,750.19"},{"$nulls":4},{"v":7003.88,"d":"7,003.88"}]
[5213566,"Placa em aço, modulada - 4,00 x 3,00 m - película retrorrefletiva tipo III + III - fornecimento e implantação","un",{"v":6665.83,"d":"6,665.83"},{"$nulls":4},{"v":8119.16,"d":"8,119.16"}]
[5213576,"Placa em aço, modulada - acima de 2 m² - película I + I - fornecimento e implantação","m²",480.79,{"$nulls":4},585.62]
[5213577,"Placa em aço, modulada - acima de 2 m² - película I + III - fornecimento e implantação","m²",511.32,{"$nulls":4},{"v":622.8,"d":"622.80"}]
[5213578,"Placa em aço, modulada - acima de 2 m² - película III + III - fornecimento e implantação","m²",587.62,{"$nulls":4},715.74]
[5213425,"Placa em alumínio composto de 3 mm, modulada, aérea, com película retrorrefletiva tipo I + III - confecção","m²",491.19,{"$nulls":4},598.28]
[5213426,"Placa em alumínio composto de 3 mm, modulada, aérea, com película retrorrefletiva tipo III + III - confecção","m²",567.49,{"$nulls":4},691.22]
[5213427,"Placa em alumínio composto de 3 mm, modulada, aérea, com película retrorrefletiva tipo III + X - confecção","m²",619.06,{"$nulls":4},754.03]
[5213567,"Placa em alumínio composto de 3 mm, modulada, aérea, com película retrorrefletiva tipo X + SI - confecção","m²",725.03,{"$nulls":4},883.11]
[5213486,"Placa em alumínio composto, espessura de 3,0 mm, modulada, aérea - película retrorrefletiva tipo I + III - fornecimento e implantação","m²",780.71,{"$nulls":4},950.93]
[5213487,"Placa em alumínio composto, espessura de 3,0 mm, modulada, aérea - película retrorrefletiva tipo III + III - fornecimento e implantação","m²",857.02,{"$nulls":4},{"v":1043.87,"d":"1,043.87"}]
[5213488,"Placa em alumínio composto, espessura de 3,0 mm, modulada, aérea - película retrorrefletiva tipo III + X - fornecimento e implantação","m²",908.58,{"$nulls":4},{"v":1106.68,"d":"1,106.68"}]
[5213568,"Placa em alumínio composto, espessura de 3,0 mm, modulada, aérea - película retrorrefletiva tipo X + SI - fornecimento e implantação","m²",{"v":1014.56,"d":"1,014.56"},{"$nulls":4},{"v":1235.76,"d":"1,235.76"}]
[5213483,"Placa em alumínio, espessura de 1,5 mm, modulada, aérea - película retrorrefletiva tipo I + III - fornecimento e implantação","m²",819.45,{"$nulls":4},998.11]
[5213484,"Placa em alumínio, espessura de 1,5 mm, modulada, aérea - película retrorrefletiva tipo III + III - fornecimento e implantação","m²",895.75,{"$nulls":4},{"v":1091.05,"d":"1,091.05"}]
[5213485,"Placa em alumínio, espessura de 1,5 mm, modulada, aérea - película retrorrefletiva tipo III + X - fornecimento e implantação","m²",947.32,{"$nulls":4},{"v":1153.86,"d":"1,153.86"}]
[5213434,"Placa em alumínio, espessura de 1,5 mm, modulada, aérea, com película retrorrefletiva tipo I + III - confecção","m²",529.92,{"$nulls":4},645.46]
[5213435,"Placa em alumínio, espessura de 1,5 mm, modulada, aérea, com película retrorrefletiva tipo III + III - confecção","m²",606.23,{"$nulls":4},{"v":738.4,"d":"738.40"}]
[5213436,"Placa em alumínio, espessura de 1,5 mm, modulada, aérea, com película retrorrefletiva tipo III + X - confecção","m²",657.79,{"$nulls":4},801.21]
[5213430,"Placa em chapa de poliéster reforçada com fibra de vidro com película retrorrefletiva tipo I + I - confecção","m²",{"v":311.1,"d":"311.10"},{"$nulls":4},378.93]
[5213431,"Placa em chapa de poliéster reforçada com fibra de vidro com película retrorrefletiva tipo I + III - confecção","m²",341.63,{"$nulls":4},416.11]
[5213433,"Placa em chapa de poliéster reforçada com fibra de vidro com película retrorrefletiva tipo I + IV - confecção","m²",330.29,{"$nulls":4},{"v":402.3,"d":"402.30"}]
[5213428,"Placa em chapa de poliéster reforçada com fibra de vidro com película retrorrefletiva tipo I + SI - confecção","m²",426.03,{"$nulls":4},518.91]
[5213432,"Placa em chapa de poliéster reforçada com fibra de vidro com película retrorrefletiva tipo III + III - confecção","m²",417.93,{"$nulls":4},509.05]
[5213429,"Placa em chapa de poliéster reforçada com fibra de vidro com película retrorrefletiva tipo III + SI - confecção","m²",494.92,{"$nulls":4},602.82]
[5213516,"Placa em fibra - 2,00 x 1,00 m - película retrorrefletiva tipo I + I - fornecimento e implantação","un",686.47,{"$nulls":4},836.14]
[5213525,"Placa em fibra - 2,00 x 1,00 m - película retrorrefletiva tipo I + III - fornecimento e implantação","un",747.52,{"$nulls":4},{"v":910.5,"d":"910.50"}]
[5213534,"Placa em fibra - 2,00 x 1,00 m - película retrorrefletiva tipo III + III - fornecimento e implantação","un",900.13,{"$nulls":4},{"v":1096.38,"d":"1,096.38"}]
[5213517,"Placa em fibra - 3,00 x 1,50 m - película retrorrefletiva tipo I + I - fornecimento e implantação","un",{"v":1464.22,"d":"1,464.22"},{"$nulls":4},{"v":1783.46,"d":"1,783.46"}]
[5213526,"Placa em fibra - 3,00 x 1,50 m - película retrorrefletiva tipo I + III - fornecimento e implantação","un",{"v":1601.58,"d":"1,601.58"},{"$nulls":4},{"v":1950.77,"d":"1,950.77"}]
[5213535,"Placa em fibra - 3,00 x 1,50 m - película retrorrefletiva tipo III + III - fornecimento e implantação","un",{"v":1944.95,"d":"1,944.95"},{"$nulls":4},{"v":2369,"d":"2,369.00"}]
[5213518,"Placa em fibra - 3,00 x 2,00 m - película retrorrefletiva tipo I + I - fornecimento e implantação","un",{"v":1930.88,"d":"1,930.88"},{"$nulls":4},{"v":2351.86,"d":"2,351.86"}]
[5213527,"Placa em fibra - 3,00 x 2,00 m - película retrorrefletiva tipo I + III - fornecimento e implantação","un",{"v":2114.03,"d":"2,114.03"},{"$nulls":4},{"v":2574.94,"d":"2,574.94"}]
[5213536,"Placa em fibra - 3,00 x 2,00 m - película retrorrefletiva tipo III + III - fornecimento e implantação","un",{"v":2571.85,"d":"2,571.85"},{"$nulls":4},{"v":3132.58,"d":"3,132.58"}]
[5213519,"Placa em fibra - 4,00 x 2,00 m - película retrorrefletiva tipo I + I - fornecimento e implantação","un",{"v":2617.35,"d":"2,617.35"},{"$nulls":4},{"v":3188,"d":"3,188.00"}]
[5213528,"Placa em fibra - 4,00 x 2,00 m - película retrorrefletiva tipo I + III - fornecimento e implantação","un",{"v":2861.55,"d":"2,861.55"},{"$nulls":4},{"v":3485.44,"d":"3,485.44"}]
[5213537,"Placa em fibra - 4,00 x 2,00 m - película retrorrefletiva tipo III + III - fornecimento e implantação","un",{"v":3471.98,"d":"3,471.98"},{"$nulls":4},{"v":4228.96,"d":"4,228.96"}]
[5213521,"Placa em fibra - 4,00 x 3,00 m - película retrorrefletiva tipo I + I - fornecimento e implantação","un",{"v":3861.75,"d":"3,861.75"},{"$nulls":4},{"v":4703.72,"d":"4,703.72"}]
[5213530,"Placa em fibra - 4,00 x 3,00 m - película retrorrefletiva tipo I + III - fornecimento e implantação","un",{"v":4228.05,"d":"4,228.05"},{"$nulls":4},{"v":5149.88,"d":"5,149.88"}]
[5213539,"Placa em fibra - 4,00 x 3,00 m - película retrorrefletiva tipo III + III - fornecimento e implantação","un",{"v":5143.7,"d":"5,143.70"},{"$nulls":4},{"v":6265.16,"d":"6,265.16"}]
[5213573,"Placa em fibra - película I + I - fornecimento e implantação","m²",353.95,{"$nulls":4},431.12]
[5213574,"Placa em fibra - película I + III - fornecimento e implantação","m²",384.47,{"$nulls":4},{"v":468.3,"d":"468.30"}]
[5213575,"Placa em fibra - película III + III - fornecimento e implantação","m²",460.78,{"$nulls":4},561.24]
[5213480,"Placa em fibra, modulada, aérea - película retrorrefletiva tipo I + III - fornecimento e implantação","m²",727.62,{"$nulls":4},886.26]
[5213481,"Placa em fibra, modulada, aérea - película retrorrefletiva tipo III + III - fornecimento e implantação","m²",803.92,{"$nulls":4},{"v":979.2,"d":"979.20"}]
[5213482,"Placa em fibra, modulada, aérea - película retrorrefletiva tipo III + X - fornecimento e implantação","m²",{"v":855.5,"d":"855.50"},{"$nulls":4},{"v":1042.02,"d":"1,042.02"}]
[5213422,"Placa modulada em aço nº 18 galvanizado com película retrorrefletiva tipo I + I - confecção","m²",437.95,{"$nulls":4},533.43]
[5213423,"Placa modulada em aço nº 18 galvanizado com película retrorrefletiva tipo I + III - confecção","m²",468.47,{"$nulls":4},570.61]
[5213424,"Placa modulada em aço nº 18 galvanizado com película retrorrefletiva tipo III + III - confecção","m²",544.77,{"$nulls":4},663.55]
[5213437,"Placa modulada em chapa de poliéster reforçada com fibra de vidro, aérea, com película retrorrefletiva tipo I + III - confecção","m²",438.09,{"$nulls":4},533.61]
[5213438,"Placa modulada em chapa de poliéster reforçada com fibra de vidro, aérea, com película retrorrefletiva tipo III + III - confecção","m²",{"v":514.4,"d":"514.40"},{"$nulls":4},626.55]
[5213439,"Placa modulada em chapa de poliéster reforçada com fibra de vidro, aérea, com película retrorrefletiva tipo III + X - confecção","m²",565.97,{"$nulls":4},689.37]
[5212556,"Placa para sinalização de obras montada em cavalete metálico - 1,00 x 1,00 m - utilização de 600 ciclos - fornecimento, 01 implantação e 01 retirada diária","un.dia",{"v":1.6,"d":"1.60"},{"$nulls":4},1.95]
[5213649,"Pórtico metálico com vão de 15,9 m, vento de 35 m/s e área de exposição de até 23,85 m² - fornecimento e implantação - areia e brita comerciais","un",{"v":83734.96,"d":"83,734.96"},{"$nulls":4},{"v":101991.43,"d":"101,991.43"}]
[5213591,"Pórtico metálico com vão de 15,9 m, vento de 35 m/s e área de exposição de até 23,85 m² - fornecimento e implantação - areia extraída e brita produzida","un",{"v":83734.96,"d":"83,734.96"},{"$nulls":4},{"v":101991.43,"d":"101,991.43"}]
[5213718,"Pórtico metálico com vão de 15,9 m, vento de 40 m/s e área de exposição de até 23,85 m² - fornecimento e implantação - areia e brita comerciais","un",{"v":92605.8,"d":"92,605.80"},{"$nulls":4},{"v":112796.35,"d":"112,796.35"}]
[5213741,"Pórtico metálico com vão de 15,9 m, vento de 40 m/s e área de exposição de até 23,85 m² - fornecimento e implantação - areia extraída e brita produzida","un",{"v":92605.8,"d":"92,605.80"},{"$nulls":4},{"v":112796.35,"d":"112,796.35"}]
[5213776,"Pórtico metálico com vão de 15,9 m, vento de 45 m/s e área de exposição de até 23,85 m² - fornecimento e implantação - areia e brita comerciais","un",{"v":101476.64,"d":"101,476.64"},{"$nulls":4},{"v":123601.27,"d":"123,601.27"}]
[5213799,"Pórtico metálico com vão de 15,9 m, vento de 45 m/s e área de exposição de até 23,85 m² - fornecimento e implantação - areia extraída e brita produzida","un",{"v":101476.64,"d":"101,476.64"},{"$nulls":4},{"v":123601.27,"d":"123,601.27"}]
[5213363,"Recuperação de chapa em aço para placa de sinalização","m²",28.71,{"$nulls":4},34.97]
[5213616,"Remoção da estrutura de fundação de pórtico e semipórtico metálico","m³",705.45,{"$nulls":4},859.26]
[5213667,"Remoção da estrutura de pórtico metálico","un",275.44,{"$nulls":4},335.49]
[5213683,"Remoção da estrutura de semipórtico duplo metálico","un",195.97,{"$nulls":4},{"v":238.7,"d":"238.70"}]
[5213660,"Remoção da estrutura de semipórtico metálico","un",163.31,{"$nulls":4},198.92]
[5213364,"Remoção de placa de sinalização","m²",16.52,{"$nulls":4},20.12]
[5213832,"Remoção de sinalização horizontal com maçarico","m²",2.82,{"$nulls":4},3.43]
[5213830,"Remoção de sinalização horizontal por fresagem","m²",3.37,{"$nulls":4},{"v":4.1,"d":"4.10"}]
[5213831,"Remoção de sinalização horizontal tipo pintura acrílica por jateamento abrasivo úmido com vidro - utilização de 3 vezes","m²",45.48,{"$nulls":4},55.39]
[5213849,"Semáforo móvel com 3 lentes D = 200 mm","h",2.75,{"$nulls":4},3.35]
[5213636,"Semipórtico duplo metálico com vão de 2 x 8,3 m, vento de 35 m/s e área de exposição de até 2 x 12,45 m² - fornecimento e implantação - areia e brita comerciais","un",{"v":82267.91,"d":"82,267.91"},{"$nulls":4},{"v":100204.52,"d":"100,204.52"}]
[5213642,"Semipórtico duplo metálico com vão de 2 x 8,3 m, vento de 35 m/s e área de exposição de até 2 x 12,45 m² - fornecimento e implantação - areia extraída e brita produzida","un",{"v":82267.91,"d":"82,267.91"},{"$nulls":4},{"v":100204.52,"d":"100,204.52"}]
[5213757,"Semipórtico duplo metálico com vão de 2 x 8,3 m, vento de 40 m/s e área de exposição de até 2 x 12,45 m² - fornecimento e implantação - areia e brita comerciais","un",{"v":91164.61,"d":"91,164.61"},{"$nulls":4},{"v":111040.94,"d":"111,040.94"}]
[5213763,"Semipórtico duplo metálico com vão de 2 x 8,3 m, vento de 40 m/s e área de exposição de até 2 x 12,45 m² - fornecimento e implantação - areia extraída e brita produzida","un",{"v":91164.61,"d":"91,164.61"},{"$nulls":4},{"v":111040.94,"d":"111,040.94"}]
[5213815,"Semipórtico duplo metálico com vão de 2 x 8,3 m, vento de 45 m/s e área de exposição de até 2 x 12,45 m² - fornecimento e implantação - areia e brita comerciais","un",{"v":100061.3,"d":"100,061.30"},{"$nulls":4},{"v":121877.35,"d":"121,877.35"}]
[5213821,"Semipórtico duplo metálico com vão de 2 x 8,3 m, vento de 45 m/s e área de exposição de até 2 x 12,45 m² - fornecimento e implantação - areia extraída e brita produzida","un",{"v":100061.3,"d":"100,061.30"},{"$nulls":4},{"v":121877.35,"d":"121,877.35"}]
[5213630,"Semipórtico metálico com vão de 8,3 m, vento de 35 m/s e área de exposição de até 12,45 m² - fornecimento e implantação - areia e brita comerciais","un",{"v":49576.5,"d":"49,576.50"},{"$nulls":4},{"v":60385.51,"d":"60,385.51"}]
[5213584,"Semipórtico metálico com vão de 8,3 m, vento de 35 m/s e área de exposição de até 12,45 m² - fornecimento e implantação - areia extraída e brita produzida","un",{"v":49576.5,"d":"49,576.50"},{"$nulls":4},{"v":60385.51,"d":"60,385.51"}]
[5213711,"Semipórtico metálico com vão de 8,3 m, vento de 40 m/s e área de exposição de até 12,45 m² - fornecimento e implantação - areia e brita comerciais","un",{"v":54840.82,"d":"54,840.82"},{"$nulls":4},{"v":66797.59,"d":"66,797.59"}]
[5213734,"Semipórtico metálico com vão de 8,3 m, vento de 40 m/s e área de exposição de até 12,45 m² - fornecimento e implantação - areia extraída e brita produzida","un",{"v":54840.82,"d":"54,840.82"},{"$nulls":4},{"v":66797.59,"d":"66,797.59"}]
[5213769,"Semipórtico metálico com vão de 8,3 m, vento de 45 m/s e área de exposição de até 12,45 m² - fornecimento e implantação - areia e brita comerciais","un",{"v":60105.14,"d":"60,105.14"},{"$nulls":4},{"v":73209.67,"d":"73,209.67"}]
[5213792,"Semipórtico metálico com vão de 8,3 m, vento de 45 m/s e área de exposição de até 12,45 m² - fornecimento e implantação - areia extraída e brita produzida","un",{"v":60105.14,"d":"60,105.14"},{"$nulls":4},{"v":73209.67,"d":"73,209.67"}]
[5213844,"Sinalizador direcional móvel, LED, com banco fotovoltaico de energia e montado em chassi com engate","h",2.86,{"$nulls":4},3.48]
[5213869,"Suporte duplo metálico galvanizado para placas - 3,00 x 1,50 m - fornecimento e implantação","un",{"v":1976.76,"d":"1,976.76"},{"$nulls":4},{"v":2407.75,"d":"2,407.75"}]
[5213870,"Suporte duplo metálico galvanizado para placas - 3,00 x 2,00 m - fornecimento e implantação","un",{"v":2716.15,"d":"2,716.15"},{"$nulls":4},{"v":3308.34,"d":"3,308.34"}]
[5213871,"Suporte duplo metálico galvanizado para placas - 4,00 x 2,00 m - fornecimento e implantação","un",{"v":2777.6,"d":"2,777.60"},{"$nulls":4},{"v":3383.19,"d":"3,383.19"}]
[5213872,"Suporte duplo metálico galvanizado para placas - 4,00 x 3,00 m - fornecimento e implantação","un",{"v":4396.63,"d":"4,396.63"},{"$nulls":4},{"v":5355.21,"d":"5,355.21"}]
[5213867,"Suporte metálico galvanizado para marco quilométrico - fornecimento e implantação","un",463.54,{"$nulls":4},564.61]
[5213863,"Suporte metálico galvanizado para placa de advertência ou regulamentação - lado ou diâmetro de 0,60 m - fornecimento e implantação","un",371.17,{"$nulls":4},{"v":452.1,"d":"452.10"}]
[5213864,"Suporte metálico galvanizado para placa de advertência ou regulamentação - lado ou diâmetro de 0,80 m - fornecimento e implantação","un",{"v":395.3,"d":"395.30"},{"$nulls":4},481.49]
[5213865,"Suporte metálico galvanizado para placa de advertência ou regulamentação - lado ou diâmetro de 1,00 m - fornecimento e implantação","un",419.58,{"$nulls":4},511.06]
[5213866,"Suporte metálico galvanizado para placa de advertência ou regulamentação - lado ou diâmetro de 1,20 m - fornecimento e implantação","un",474.14,{"$nulls":4},577.52]
[5213855,"Suporte metálico galvanizado para placa de regulamentação - R1 - lado de 0,248 m - fornecimento e implantação","un",333.61,{"$nulls":4},406.35]
[5213856,"Suporte metálico galvanizado para placa de regulamentação - R1 - lado de 0,331 m - fornecimento e implantação","un",346.04,{"$nulls":4},421.48]
[5213857,"Suporte metálico galvanizado para placa de regulamentação - R1 - lado de 0,414 m - fornecimento e implantação","un",357.96,{"$nulls":4},436.01]
[5213858,"Suporte metálico galvanizado para placa de regulamentação - R1 - lado de 0,497 m - fornecimento e implantação","un",370.53,{"$nulls":4},451.32]
[5213859,"Suporte metálico galvanizado para placa de regulamentação - R2 - lado de 0,60 m - fornecimento e implantação","un",367.23,{"$nulls":4},{"v":447.3,"d":"447.30"}]
[5213860,"Suporte metálico galvanizado para placa de regulamentação - R2 - lado de 0,80 m - fornecimento e implantação","un",379.61,{"$nulls":4},462.37]
[5213861,"Suporte metálico galvanizado para placa de regulamentação - R2 - lado de 1,00 m - fornecimento e implantação","un",402.88,{"$nulls":4},490.72]
[5213862,"Suporte metálico galvanizado para placa de regulamentação - R2 - lado de 1,20 m - fornecimento e implantação","un",457.17,{"$nulls":4},556.85]
[5213868,"Suporte metálico galvanizado para placas - 2,00 x 1,00 m - fornecimento e implantação","un",913.12,{"$nulls":4},{"v":1112.2,"d":"1,112.20"}]
[5219546,"Suporte metálico móvel para placa de sinalização - confecção","un",275.98,{"$nulls":4},336.15]
[5216111,"Suporte para placa de sinalização em madeira de lei tratada 8 x 8 cm - fornecimento e implantação","un",97.34,{"$nulls":4},118.56]
[5213351,"Suporte polimérico ecológico maciço colapsível D = 6,5 cm para placa de sinalização - fornecimento e implantação","un",585.91,{"$nulls":4},713.65]
[5213350,"Suporte polimérico ecológico maciço colapsível quadrado de 10 cm para placa de sinalização - fornecimento e implantação","un",{"v":1611.22,"d":"1,611.22"},{"$nulls":4},{"v":1962.51,"d":"1,962.51"}]
[5213352,"Suporte polimérico ecológico maciço colapsível quadrado de 8 cm para placa de sinalização - fornecimento e implantação","un",{"v":819.6,"d":"819.60"},{"$nulls":4},{"v":998.3,"d":"998.30"}]
[5213353,"Suporte polimérico ecológico maciço colapsível retangular de 7 x 15 cm para placa de sinalização - fornecimento e implantação","un",{"v":2081.38,"d":"2,081.38"},{"$nulls":4},{"v":2535.18,"d":"2,535.18"}]
[5213360,"Tacha refletiva em plástico injetado - bidirecional tipo I - com um pino - fornecimento e colocação","un",27.81,{"$nulls":4},33.87]
[5219605,"Tacha refletiva em plástico injetado - bidirecional tipo I - fornecimento e colocação","un",25.96,{"$nulls":4},31.62]
[5219606,"Tacha refletiva em plástico injetado - bidirecional tipo II - com um pino - fornecimento e colocação","un",{"v":33.9,"d":"33.90"},{"$nulls":4},41.29]
[5219607,"Tacha refletiva em plástico injetado - bidirecional tipo II - fornecimento e colocação","un",28.27,{"$nulls":4},34.43]
[5219608,"Tacha refletiva em plástico injetado - bidirecional tipo III - com um pino - fornecimento e colocação","un",{"v":33.9,"d":"33.90"},{"$nulls":4},41.29]
[5219609,"Tacha refletiva em plástico injetado - bidirecional tipo III - fornecimento e colocação","un",28.27,{"$nulls":4},34.43]
[5219610,"Tacha refletiva em plástico injetado - bidirecional tipo IV - com um pino - fornecimento e colocação","un",30.11,{"$nulls":4},36.68]
[5219611,"Tacha refletiva em plástico injetado - bidirecional tipo IV - fornecimento e colocação","un",32.91,{"$nulls":4},40.09]
[5213359,"Tacha refletiva em plástico injetado - monodirecional tipo I - com um pino - fornecimento e colocação","un",24.43,{"$nulls":4},29.76]
[5219612,"Tacha refletiva em plástico injetado - monodirecional tipo I - fornecimento e colocação","un",21.87,{"$nulls":4},26.64]
[5219613,"Tacha refletiva em plástico injetado - monodirecional tipo II - com um pino - fornecimento e colocação","un",28.01,{"$nulls":4},34.12]
[5219614,"Tacha refletiva em plástico injetado - monodirecional tipo II - fornecimento e colocação","un",26.02,{"$nulls":4},31.69]
[5219615,"Tacha refletiva em plástico injetado - monodirecional tipo III - com um pino - fornecimento e colocação","un",28.73,{"$nulls":4},34.99]
[5219616,"Tacha refletiva em plástico injetado - monodirecional tipo III - fornecimento e colocação","un",26.49,{"$nulls":4},32.27]
[5219617,"Tacha refletiva em plástico injetado - monodirecional tipo IV - com um pino - fornecimento e colocação","un",33.98,{"$nulls":4},41.39]
[5219618,"Tacha refletiva em plástico injetado - monodirecional tipo IV - fornecimento e colocação","un",31.99,{"$nulls":4},38.96]
[5219619,"Tacha refletiva em resina sintética - bidirecional tipo I - com um pino - fornecimento e colocação","un",36.39,{"$nulls":4},44.32]
[5219620,"Tacha refletiva em resina sintética - bidirecional tipo I - fornecimento e colocação","un",34.39,{"$nulls":4},41.89]
[5219621,"Tacha refletiva em resina sintética - bidirecional tipo II - com um pino - fornecimento e colocação","un",42.34,{"$nulls":4},51.57]
[5219622,"Tacha refletiva em resina sintética - bidirecional tipo II - fornecimento e colocação","un",40.31,{"$nulls":4},{"v":49.1,"d":"49.10"}]
[5219623,"Tacha refletiva em resina sintética - bidirecional tipo III - com um pino - fornecimento e colocação","un",45.89,{"$nulls":4},55.89]
[5219624,"Tacha refletiva em resina sintética - bidirecional tipo III - fornecimento e colocação","un",{"v":43.8,"d":"43.80"},{"$nulls":4},53.35]
[5219625,"Tacha refletiva em resina sintética - bidirecional tipo IV - com um pino - fornecimento e colocação","un",{"v":47.3,"d":"47.30"},{"$nulls":4},57.61]
[5219626,"Tacha refletiva em resina sintética - bidirecional tipo IV - fornecimento e colocação","un",57.59,{"$nulls":4},70.15]
[5219627,"Tacha refletiva em resina sintética - monodirecional tipo I - com um pino - fornecimento e colocação","un",{"v":35.2,"d":"35.20"},{"$nulls":4},42.87]
[5219628,"Tacha refletiva em resina sintética - monodirecional tipo I - fornecimento e colocação","un",{"v":33.1,"d":"33.10"},{"$nulls":4},40.32]
[5219629,"Tacha refletiva em resina sintética - monodirecional tipo II - com um pino - fornecimento e colocação","un",41.03,{"$nulls":4},49.98]
[5219630,"Tacha refletiva em resina sintética - monodirecional tipo II - fornecimento e colocação","un",38.93,{"$nulls":4},47.42]
[5219631,"Tacha refletiva em resina sintética - monodirecional tipo III - com um pino - fornecimento e colocação","un",44.53,{"$nulls":4},54.24]
[5219632,"Tacha refletiva em resina sintética - monodirecional tipo III - fornecimento e colocação","un",42.36,{"$nulls":4},{"v":51.6,"d":"51.60"}]
[5219633,"Tacha refletiva em resina sintética - monodirecional tipo IV - com um pino - fornecimento e colocação","un",{"v":46.1,"d":"46.10"},{"$nulls":4},56.15]
[5219634,"Tacha refletiva em resina sintética - monodirecional tipo IV - fornecimento e colocação","un",57.59,{"$nulls":4},70.15]
[5213395,"Tacha refletiva metálica - bidirecional tipo II - com dois pinos - fornecimento e colocação","un",{"v":33,"d":"33.00"},{"$nulls":4},40.19]
[5213394,"Tacha refletiva metálica - bidirecional tipo II - com um pino - fornecimento e colocação","un",29.26,{"$nulls":4},35.64]
[5219635,"Tacha refletiva metálica - bidirecional tipo III - com dois pinos - fornecimento e colocação","un",28.91,{"$nulls":4},35.21]
[5219636,"Tacha refletiva metálica - bidirecional tipo III - com um pino - fornecimento e colocação","un",24.48,{"$nulls":4},29.82]
[5219637,"Tacha refletiva metálica - bidirecional tipo IV - com dois pinos - fornecimento e colocação","un",61.95,{"$nulls":4},75.46]
[5219638,"Tacha refletiva metálica - bidirecional tipo IV - com um pino - fornecimento e colocação","un",59.24,{"$nulls":4},72.15]
[5213393,"Tacha refletiva metálica - monodirecional tipo II - com dois pinos - fornecimento e colocação","un",28.76,{"$nulls":4},35.03]
[5213392,"Tacha refletiva metálica - monodirecional tipo II - com um pino - fornecimento e colocação","un",24.25,{"$nulls":4},29.54]
[5219639,"Tacha refletiva metálica - monodirecional tipo III - com dois pinos - fornecimento e colocação","un",26.12,{"$nulls":4},31.81]
[5219640,"Tacha refletiva metálica - monodirecional tipo III - com um pino - fornecimento e colocação","un",22.08,{"$nulls":4},{"v":26.9,"d":"26.90"}]
[5219641,"Tacha refletiva metálica - monodirecional tipo IV - com dois pinos - fornecimento e colocação","un",54.79,{"$nulls":4},66.73]
[5219642,"Tacha refletiva metálica - monodirecional tipo IV - com um pino - fornecimento e colocação","un",52.08,{"$nulls":4},63.43]
[5213362,"Tachão refletivo em plástico injetado - bidirecional - fornecimento e colocação","un",79.02,{"$nulls":4},96.25]
[5213361,"Tachão refletivo em plástico injetado - monodirecional - fornecimento e colocação","un",77.82,{"$nulls":4},94.79]
[5219643,"Tachão refletivo em resina sintética - bidirecional - fornecimento e colocação","un",65.78,{"$nulls":4},80.12]
[5219644,"Tachão refletivo em resina sintética - monodirecional - fornecimento e colocação","un",64.37,{"$nulls":4},78.41]
[5214000,"Termoplástico pré-formado para sinalização horizontal - espessura de 2 mm - fornecimento e implantação","m²",282.47,{"$nulls":4},344.05]
[5301014,"Comboio balizador em deslocamento","km",113.65,{"$nulls":4},138.43]
[5300995,"Confecção de corpo de boia flutuante cilíndrico D = 1,10m","un",{"v":2306.24,"d":"2,306.24"},{"$nulls":4},{"v":2809.06,"d":"2,809.06"}]
[5300996,"Confecção de corpo de boia flutuante cilíndrico D = 1,10m - com lastro","un",{"v":2998.87,"d":"2,998.87"},{"$nulls":4},{"v":3652.7,"d":"3,652.70"}]
[5300998,"Confecção de corpo de boia flutuante cilíndrico D = 1,42m - boia de amarração","un",{"v":5924.65,"d":"5,924.65"},{"$nulls":4},{"v":7216.38,"d":"7,216.38"}]
[5300997,"Confecção de corpo de boia flutuante cilíndrico D = 1,43m - com lastro","un",{"v":4908.38,"d":"4,908.38"},{"$nulls":4},{"v":5978.54,"d":"5,978.54"}]
[5300999,"Confecção de mangrulho H = 0,90m","un",759.49,{"$nulls":4},925.08]
[5301000,"Confecção de mangrulho H = 1,50m","un",{"v":1146.78,"d":"1,146.78"},{"$nulls":4},{"v":1396.81,"d":"1,396.81"}]
[5301001,"Confecção de marca de tope de bombordo","un",524.46,{"$nulls":4},638.81]
[5301002,"Confecção de marca de tope de boreste","un",328.51,{"$nulls":4},400.13]
[5301003,"Confecção de marca de tope especial","un",321.84,{"$nulls":4},392.01]
[5301064,"Fornecimento e implantação de suporte duplo em madeira com travessa para placa de sinalização náutica em margem - altura total de 4,0 m","un",510.76,{"$nulls":4},622.12]
[5301046,"Fornecimento e implantação de suporte duplo em madeira com travessa para placa de sinalização náutica em margem - altura total de 4,0 m - com embarcação","un",{"v":1021.57,"d":"1,021.57"},{"$nulls":4},{"v":1244.3,"d":"1,244.30"}]
[5301065,"Fornecimento e implantação de suporte duplo em madeira com travessa para placa de sinalização náutica em margem - altura total de 5,0 m","un",904.87,{"$nulls":4},{"v":1102.15,"d":"1,102.15"}]
[5301047,"Fornecimento e implantação de suporte duplo em madeira com travessa para placa de sinalização náutica em margem - altura total de 5,0 m - com embarcação","un",{"v":1738.34,"d":"1,738.34"},{"$nulls":4},{"v":2117.35,"d":"2,117.35"}]
[5301066,"Fornecimento e implantação de suporte duplo em madeira com travessa para placa de sinalização náutica em margem - altura total de 5,5 m","un",{"v":1014.25,"d":"1,014.25"},{"$nulls":4},{"v":1235.38,"d":"1,235.38"}]
[5301048,"Fornecimento e implantação de suporte duplo em madeira com travessa para placa de sinalização náutica em margem - altura total de 5,5 m - com embarcação","un",{"v":1894.2,"d":"1,894.20"},{"$nulls":4},{"v":2307.19,"d":"2,307.19"}]
[5301040,"Fornecimento e implantação de suporte duplo metálico galvanizado para placa de sinalização náutica em margem - altura total de 4 m - com embarcação","un",{"v":1840.96,"d":"1,840.96"},{"$nulls":4},{"v":2242.34,"d":"2,242.34"}]
[5301058,"Fornecimento e implantação de suporte duplo metálico galvanizado para placa de sinalização náutica em margem - altura total de 4,0 m","un",{"v":1323.62,"d":"1,323.62"},{"$nulls":4},{"v":1612.21,"d":"1,612.21"}]
[5301041,"Fornecimento e implantação de suporte duplo metálico galvanizado para placa de sinalização náutica em margem - altura total de 5 m - com embarcação","un",{"v":4112.41,"d":"4,112.41"},{"$nulls":4},{"v":5009.02,"d":"5,009.02"}]
[5301059,"Fornecimento e implantação de suporte duplo metálico galvanizado para placa de sinalização náutica em margem - altura total de 5,0 m","un",{"v":3260.03,"d":"3,260.03"},{"$nulls":4},{"v":3970.8,"d":"3,970.80"}]
[5301060,"Fornecimento e implantação de suporte duplo metálico galvanizado para placa de sinalização náutica em margem - altura total de 5,5 m","un",{"v":3608.89,"d":"3,608.89"},{"$nulls":4},{"v":4395.72,"d":"4,395.72"}]
[5301042,"Fornecimento e implantação de suporte duplo metálico galvanizado para placa de sinalização náutica em margem - altura total de 5,5 m - com embarcação","un",{"v":4509.29,"d":"4,509.29"},{"$nulls":4},{"v":5492.44,"d":"5,492.44"}]
[5301072,"Fornecimento e implantação de suporte duplo polimérico ecológico maciço quadrado de 10 cm para placa de sinalização náutica em margem - altura total de 5,5 m","un",{"v":4518.67,"d":"4,518.67"},{"$nulls":4},{"v":5503.86,"d":"5,503.86"}]
[5301054,"Fornecimento e implantação de suporte duplo polimérico ecológico maciço quadrado de 10 cm para placa de sinalização náutica em margem - altura total de 5,5 m - com embarcação","un",{"v":4950.5,"d":"4,950.50"},{"$nulls":4},{"v":6029.84,"d":"6,029.84"}]
[5301070,"Fornecimento e implantação de suporte duplo polimérico ecológico maciço quadrado de 8 cm para placa de sinalização náutica em margem - altura total de 4,0 m","un",{"v":1912.13,"d":"1,912.13"},{"$nulls":4},{"v":2329.03,"d":"2,329.03"}]
[5301052,"Fornecimento e implantação de suporte duplo polimérico ecológico maciço quadrado de 8 cm para placa de sinalização náutica em margem - altura total de 4,0 m - com embarcação","un",{"v":2325.32,"d":"2,325.32"},{"$nulls":4},{"v":2832.3,"d":"2,832.30"}]
[5301071,"Fornecimento e implantação de suporte duplo polimérico ecológico maciço quadrado de 8 cm para placa de sinalização náutica em margem - altura total de 5,0 m","un",{"v":2551.77,"d":"2,551.77"},{"$nulls":4},{"v":3108.13,"d":"3,108.13"}]
[5301053,"Fornecimento e implantação de suporte duplo polimérico ecológico maciço quadrado de 8 cm para placa de sinalização náutica em margem - altura total de 5,0 m - com embarcação","un",{"v":2965.26,"d":"2,965.26"},{"$nulls":4},{"v":3611.77,"d":"3,611.77"}]
[5301061,"Fornecimento e implantação de suporte simples em madeira com travessa para placa de sinalização náutica em margem - altura total de 4 m","un",157.63,{"$nulls":4},{"v":192,"d":"192.00"}]
[5301043,"Fornecimento e implantação de suporte simples em madeira com travessa para placa de sinalização náutica em margem - altura total de 4 m - com embarcação","un",565.31,{"$nulls":4},688.56]
[5301062,"Fornecimento e implantação de suporte simples em madeira com travessa para placa de sinalização náutica em margem - altura total de 5 m","un",266.32,{"$nulls":4},324.39]
[5301044,"Fornecimento e implantação de suporte simples em madeira com travessa para placa de sinalização náutica em margem - altura total de 5 m - com embarcação","un",{"v":843.2,"d":"843.20"},{"$nulls":4},{"v":1027.04,"d":"1,027.04"}]
[5301063,"Fornecimento e implantação de suporte simples em madeira com travessa para placa de sinalização náutica em margem - altura total de 5,5 m","un",308.83,{"$nulls":4},376.16]
[5301045,"Fornecimento e implantação de suporte simples em madeira com travessa para placa de sinalização náutica em margem - altura total de 5,5 m - com embarcação","un",925.93,{"$nulls":4},{"v":1127.81,"d":"1,127.81"}]
[5301037,"Fornecimento e implantação de suporte simples metálico galvanizado para placa de sinalização náutica em margem - altura total de 4 m - com embarcação","un",965.59,{"$nulls":4},{"v":1176.12,"d":"1,176.12"}]
[5301055,"Fornecimento e implantação de suporte simples metálico galvanizado para placa de sinalização náutica em margem - altura total de 4,0 m","un",554.56,{"$nulls":4},675.47]
[5301038,"Fornecimento e implantação de suporte simples metálico galvanizado para placa de sinalização náutica em margem - altura total de 5 m - com embarcação","un",{"v":2010.92,"d":"2,010.92"},{"$nulls":4},{"v":2449.36,"d":"2,449.36"}]
[5301056,"Fornecimento e implantação de suporte simples metálico galvanizado para placa de sinalização náutica em margem - altura total de 5,0 m","un",{"v":1424.25,"d":"1,424.25"},{"$nulls":4},{"v":1734.78,"d":"1,734.78"}]
[5301057,"Fornecimento e implantação de suporte simples metálico galvanizado para placa de sinalização náutica em margem - altura total de 5,5 m","un",{"v":1584.04,"d":"1,584.04"},{"$nulls":4},{"v":1929.4,"d":"1,929.40"}]
[5301039,"Fornecimento e implantação de suporte simples metálico galvanizado para placa de sinalização náutica em margem - altura total de 5,5 m - com embarcação","un",{"v":2212.27,"d":"2,212.27"},{"$nulls":4},{"v":2694.6,"d":"2,694.60"}]
[5301069,"Fornecimento e implantação de suporte simples polimérico ecológico maciço quadrado de 10 cm para placa de sinalização náutica em margem - altura total de 5,5 m","un",{"v":2051.69,"d":"2,051.69"},{"$nulls":4},{"v":2499.01,"d":"2,499.01"}]
[5301051,"Fornecimento e implantação de suporte simples polimérico ecológico maciço quadrado de 10 cm para placa de sinalização náutica em margem - altura total de 5,5 m - com embarcação","un",{"v":2407.49,"d":"2,407.49"},{"$nulls":4},{"v":2932.39,"d":"2,932.39"}]
[5301067,"Fornecimento e implantação de suporte simples polimérico ecológico maciço quadrado de 8 cm para placa de sinalização náutica em margem - altura total de 4 m","un",857.16,{"$nulls":4},{"v":1044.04,"d":"1,044.04"}]
[5301049,"Fornecimento e implantação de suporte simples polimérico ecológico maciço quadrado de 8 cm para placa de sinalização náutica em margem - altura total de 4 m - com embarcação","un",{"v":1212.25,"d":"1,212.25"},{"$nulls":4},{"v":1476.55,"d":"1,476.55"}]
[5301068,"Fornecimento e implantação de suporte simples polimérico ecológico maciço quadrado de 8 cm para placa de sinalização náutica em margem - altura total de 5 m","un",{"v":1085.98,"d":"1,085.98"},{"$nulls":4},{"v":1322.75,"d":"1,322.75"}]
[5301050,"Fornecimento e implantação de suporte simples polimérico ecológico maciço quadrado de 8 cm para placa de sinalização náutica em margem - altura total de 5 m - com embarcação","un",{"v":1441.23,"d":"1,441.23"},{"$nulls":4},{"v":1755.46,"d":"1,755.46"}]
[5301022,"Fornecimento e instalação de conjunto de acessórios para sistema de fundeio de boia de amarração náutica com 4 manilhas","un",{"v":801.5,"d":"801.50"},{"$nulls":4},976.25]
[5301021,"Fornecimento e instalação de conjunto de acessórios para sistema de fundeio de boia de sinalização náutica com 7 manilhas","un",509.15,{"$nulls":4},620.16]
[5301020,"Fornecimento e instalação de corrente 1\" para sistema de fundeio de boia de sinalização náutica","m",307.85,{"$nulls":4},374.97]
[5301018,"Fornecimento e instalação de corrente 1/2\" para sistema de fundeio de boia de sinalização náutica","m",79.99,{"$nulls":4},97.43]
[5301019,"Fornecimento e instalação de corrente 3/4\" para sistema de fundeio de boia de sinalização náutica","m",207.98,{"$nulls":4},253.33]
[5301077,"Fornecimento e instalação de lanterna de sinalização náutica com alcance luminoso de 2 MN em obra de arte especial - com embarcação","un",{"v":3934.36,"d":"3,934.36"},{"$nulls":4},{"v":4792.15,"d":"4,792.15"}]
[5301078,"Fornecimento e instalação de lanterna de sinalização náutica com alcance luminoso de 3 MN em obra de arte especial - com embarcação","un",{"v":4374.53,"d":"4,374.53"},{"$nulls":4},{"v":5328.29,"d":"5,328.29"}]
[5301079,"Fornecimento e instalação de lanterna de sinalização náutica com alcance luminoso de 4 MN em obra de arte especial - com embarcação","un",{"v":6283.99,"d":"6,283.99"},{"$nulls":4},{"v":7654.07,"d":"7,654.07"}]
[5301080,"Fornecimento e instalação de lanterna de sinalização náutica com alcance luminoso de 5 MN em obra de arte especial - com embarcação","un",{"v":7531.3,"d":"7,531.30"},{"$nulls":4},{"v":9173.33,"d":"9,173.33"}]
[5301081,"Fornecimento e instalação de lanterna de sinalização náutica com alcance luminoso de 8 MN em obra de arte especial - com embarcação","un",{"v":8327.61,"d":"8,327.61"},{"$nulls":4},{"v":10143.25,"d":"10,143.25"}]
[5301023,"Fornecimento e instalação de suporte e lanterna de sinalização náutica com alcance luminoso de 2 MN em boia","un",{"v":3006.69,"d":"3,006.69"},{"$nulls":4},{"v":3662.23,"d":"3,662.23"}]
[5301024,"Fornecimento e instalação de suporte e lanterna de sinalização náutica com alcance luminoso de 3 MN em boia","un",{"v":3446.87,"d":"3,446.87"},{"$nulls":4},{"v":4198.38,"d":"4,198.38"}]
[5301025,"Fornecimento e instalação de suporte e lanterna de sinalização náutica com alcance luminoso de 4 MN em boia","un",{"v":5356.33,"d":"5,356.33"},{"$nulls":4},{"v":6524.15,"d":"6,524.15"}]
[5301026,"Fornecimento e instalação de suporte e lanterna de sinalização náutica com alcance luminoso de 5 MN em boia","un",{"v":6603.64,"d":"6,603.64"},{"$nulls":4},{"v":8043.41,"d":"8,043.41"}]
[5301027,"Fornecimento e instalação de suporte e lanterna de sinalização náutica com alcance luminoso de 8 MN em boia","un",{"v":7399.94,"d":"7,399.94"},{"$nulls":4},{"v":9013.33,"d":"9,013.33"}]
[5301028,"Fornecimento e substituição de lanterna de sinalização náutica com alcance luminoso de 2 MN em boia","un",{"v":2957.97,"d":"2,957.97"},{"$nulls":4},{"v":3602.89,"d":"3,602.89"}]
[5301082,"Fornecimento e substituição de lanterna de sinalização náutica com alcance luminoso de 2 MN em obra de arte especial - com embarcação","un",{"v":3815.47,"d":"3,815.47"},{"$nulls":4},{"v":4647.34,"d":"4,647.34"}]
[5301029,"Fornecimento e substituição de lanterna de sinalização náutica com alcance luminoso de 3 MN em boia","un",{"v":3398.15,"d":"3,398.15"},{"$nulls":4},{"v":4139.04,"d":"4,139.04"}]
[5301083,"Fornecimento e substituição de lanterna de sinalização náutica com alcance luminoso de 3 MN em obra de arte especial - com embarcação","un",{"v":4255.65,"d":"4,255.65"},{"$nulls":4},{"v":5183.49,"d":"5,183.49"}]
[5301030,"Fornecimento e substituição de lanterna de sinalização náutica com alcance luminoso de 4 MN em boia","un",{"v":5307.61,"d":"5,307.61"},{"$nulls":4},{"v":6464.81,"d":"6,464.81"}]
[5301084,"Fornecimento e substituição de lanterna de sinalização náutica com alcance luminoso de 4 MN em obra de arte especial - com embarcação","un",{"v":6165.1,"d":"6,165.10"},{"$nulls":4},{"v":7509.26,"d":"7,509.26"}]
[5301031,"Fornecimento e substituição de lanterna de sinalização náutica com alcance luminoso de 5 MN em boia","un",{"v":6554.93,"d":"6,554.93"},{"$nulls":4},{"v":7984.08,"d":"7,984.08"}]
[5301085,"Fornecimento e substituição de lanterna de sinalização náutica com alcance luminoso de 5 MN em obra de arte especial - com embarcação","un",{"v":7412.42,"d":"7,412.42"},{"$nulls":4},{"v":9028.53,"d":"9,028.53"}]
[5301032,"Fornecimento e substituição de lanterna de sinalização náutica com alcance luminoso de 8 MN em boia","un",{"v":7351.23,"d":"7,351.23"},{"$nulls":4},{"v":8953.99,"d":"8,953.99"}]
[5301086,"Fornecimento e substituição de lanterna de sinalização náutica com alcance luminoso de 8 MN em obra de arte especial - com embarcação","un",{"v":8208.72,"d":"8,208.72"},{"$nulls":4},{"v":9998.44,"d":"9,998.44"}]
[5301033,"Implantação de placa de sinalização náutica em margem - equipamentos e mão de obra","un",59.88,{"$nulls":4},72.94]
[5301034,"Implantação de placa de sinalização náutica em margem - equipamentos e mão de obra - com embarcação","un",454.72,{"$nulls":4},553.86]
[5301073,"Implantação de placa de sinalização náutica em obra de arte especial - equipamentos e mão de obra","un",370.48,{"$nulls":4},451.26]
[5301074,"Implantação de placa de sinalização náutica em obra de arte especial - equipamentos e mão de obra - com embarcação","un",{"v":1306.16,"d":"1,306.16"},{"$nulls":4},{"v":1590.94,"d":"1,590.94"}]
[5301015,"Lançamento de boia de sinalização náutica com sistema de fundeio - equipamentos e mão de obra","un",832.32,{"$nulls":4},{"v":1013.79,"d":"1,013.79"}]
[5300992,"Pintura com epóxi óxido de ferro em chapa metálica com pistola a ar comprimido, uma demão, espessura até 35 µm","m²",12.81,{"$nulls":4},{"v":15.6,"d":"15.60"}]
[5300994,"Pintura com esmalte poliuretano de dois componentes em chapa metálica com pistola a ar comprimido, uma demão, espessura até 35 µm","m²",12.03,{"$nulls":4},14.65]
[5300993,"Pintura com fundo fosfatizante, uma demão, em chapa de alumínio com pistola a ar comprimido","m²",7.79,{"$nulls":4},9.49]
[5301088,"Poita de concreto com 1.000 kg para boia de sinalização náutica","un",296.47,{"$nulls":4},361.11]
[5301004,"Poita de concreto com 1.500 kg para boia de sinalização náutica","un",419.48,{"$nulls":4},510.94]
[5301087,"Poita de concreto com 500 kg para boia de sinalização náutica","un",176.72,{"$nulls":4},215.25]
[5301005,"Reforma de corpo de boia flutuante cilíndrico D = 1,10m","un",343.13,{"$nulls":4},417.94]
[5301006,"Reforma de corpo de boia flutuante cilíndrico D = 1,10m - com lastro","un",{"v":423.7,"d":"423.70"},{"$nulls":4},516.08]
[5301008,"Reforma de corpo de boia flutuante cilíndrico D = 1,42m - boia de amarração","un",767.76,{"$nulls":4},935.15]
[5301007,"Reforma de corpo de boia flutuante cilíndrico D = 1,43m - com lastro","un",700.95,{"$nulls":4},853.78]
[5301009,"Reforma de mangrulho H = 0,90m","un",209.45,{"$nulls":4},255.11]
[5301010,"Reforma de mangrulho H = 1,50m","un",320.81,{"$nulls":4},390.76]
[5301011,"Reforma de marca de tope de bombordo","un",254.85,{"$nulls":4},310.41]
[5301012,"Reforma de marca de tope de boreste","un",179.57,{"$nulls":4},218.72]
[5301013,"Reforma de marca de tope especial","un",152.78,{"$nulls":4},186.09]
[5301016,"Substituição de boia de sinalização náutica com sistema de fundeio - equipamentos e mão de obra","un",{"v":1376.73,"d":"1,376.73"},{"$nulls":4},{"v":1676.89,"d":"1,676.89"}]
[5301017,"Substituição de boia de sinalização náutica sem sistema de fundeio - equipamentos e mão de obra","un",{"v":1007.31,"d":"1,007.31"},{"$nulls":4},{"v":1226.93,"d":"1,226.93"}]
[5301035,"Substituição de placa de sinalização náutica em margem - equipamentos e mão de obra","un",85.69,{"$nulls":4},104.37]
[5301036,"Substituição de placa de sinalização náutica em margem - equipamentos e mão de obra - com embarcação","un",909.44,{"$nulls":4},{"v":1107.72,"d":"1,107.72"}]
[5301075,"Substituição de placa de sinalização náutica em obra de arte especial - equipamentos e mão de obra","un",421.75,{"$nulls":4},{"v":513.7,"d":"513.70"}]
[5301076,"Substituição de placa de sinalização náutica em obra de arte especial - equipamentos e mão de obra - com embarcação","un",{"v":1439.31,"d":"1,439.31"},{"$nulls":4},{"v":1753.12,"d":"1,753.12"}]
[5405977,"Aterro compactado em solo reforçado com fita metálica galvanizada - taxa 1,65 kg/m³ - material de jazida","m³",35.91,{"$nulls":4},43.74]
[5406044,"Aterro compactado em solo reforçado com fita metálica galvanizada - taxa 12,40 kg/m³ - material de jazida","m³",213.35,{"$nulls":4},259.87]
[5406045,"Aterro compactado em solo reforçado com fita metálica galvanizada - taxa 13,23 kg/m³ - material de jazida","m³",227.05,{"$nulls":4},276.55]
[5406046,"Aterro compactado em solo reforçado com fita metálica galvanizada - taxa 14,88 kg/m³ - material de jazida","m³",254.29,{"$nulls":4},309.73]
[5406047,"Aterro compactado em solo reforçado com fita metálica galvanizada - taxa 19,84 kg/m³ - material de jazida","m³",336.16,{"$nulls":4},409.45]
[5405978,"Aterro compactado em solo reforçado com fita metálica galvanizada - taxa 3,31 kg/m³ - material de jazida","m³",63.31,{"$nulls":4},77.11]
[5405982,"Aterro compactado em solo reforçado com fita metálica galvanizada - taxa 4,13 kg/m³ - material de jazida","m³",76.85,{"$nulls":4},{"v":93.6,"d":"93.60"}]
[5405983,"Aterro compactado em solo reforçado com fita metálica galvanizada - taxa 4,96 kg/m³ - material de jazida","m³",90.55,{"$nulls":4},110.29]
[5405984,"Aterro compactado em solo reforçado com fita metálica galvanizada - taxa 6,61 kg/m³ - material de jazida","m³",117.78,{"$nulls":4},143.46]
[5405985,"Aterro compactado em solo reforçado com fita metálica galvanizada - taxa 8,27 kg/m³ - material de jazida","m³",145.18,{"$nulls":4},176.83]
[5406043,"Aterro compactado em solo reforçado com fita metálica galvanizada - taxa 9,92 kg/m³ - material de jazida","m³",172.42,{"$nulls":4},210.01]
[5405975,"Escoramento da primeira linha de escamas de concreto armado em solo reforçado com fita metálica – utilização de 3 vezes - confecção, instalação e retirada","m²",29.88,{"$nulls":4},36.39]
[5405970,"Fabricação de escama de concreto armado para solo reforçado com fita metálica - 2 a 5 ligações - areia e brita comerciais","m³",{"v":1254.5,"d":"1,254.50"},{"$nulls":4},{"v":1528.01,"d":"1,528.01"}]
[5405972,"Fabricação de escama de concreto armado para solo reforçado com fita metálica - 2 a 5 ligações - areia extraída e brita produzida","m³",{"v":1139.2,"d":"1,139.20"},{"$nulls":4},{"v":1387.58,"d":"1,387.58"}]
[5405971,"Fabricação de escama de concreto armado para solo reforçado com fita metálica - 6 a 8 ligações - areia e brita comerciais","m³",{"v":1420.49,"d":"1,420.49"},{"$nulls":4},{"v":1730.19,"d":"1,730.19"}]
[5405973,"Fabricação de escama de concreto armado para solo reforçado com fita metálica - 6 a 8 ligações - areia extraída e brita produzida","m³",{"v":1305.19,"d":"1,305.19"},{"$nulls":4},{"v":1589.76,"d":"1,589.76"}]
[5405986,"Moldes metálicos para escama de concreto armado para solo reforçado com fita metálica - formato cruciforme de 1,50 x 1,50 m - utilização de 100 vezes","m²",8.09,{"$nulls":4},9.85]
[5405976,"Montagem das escamas de concreto armado em solo reforçado com fita metálica","m²",105.63,{"$nulls":4},128.66]
[5406023,"Muro de escama de concreto armado em solo reforçado com fita metálica com altura até 4 m - tipo 1 - areia e brita comerciais","m²",298.06,{"$nulls":4},363.05]
[5406033,"Muro de escama de concreto armado em solo reforçado com fita metálica com altura até 4 m - tipo 1 - areia extraída e brita produzida","m²",281.92,{"$nulls":4},343.39]
[5406024,"Muro de escama de concreto armado em solo reforçado com fita metálica com altura até 4 m - tipo 2 - areia e brita comerciais","m²",321.31,{"$nulls":4},391.36]
[5406034,"Muro de escama de concreto armado em solo reforçado com fita metálica com altura até 4 m - tipo 2 - areia extraída e brita produzida","m²",305.17,{"$nulls":4},{"v":371.7,"d":"371.70"}]
[5406031,"Muro de escama de concreto armado em solo reforçado com fita metálica com altura de 10,0 a 12 m - tipo 1 - areia e brita comerciais","m²",284.31,{"$nulls":4},{"v":346.3,"d":"346.30"}]
[5406041,"Muro de escama de concreto armado em solo reforçado com fita metálica com altura de 10,0 a 12 m - tipo 1 - areia extraída e brita produzida","m²",268.17,{"$nulls":4},326.64]
[5406032,"Muro de escama de concreto armado em solo reforçado com fita metálica com altura de 10,0 a 12 m - tipo 2 - areia e brita comerciais","m²",307.55,{"$nulls":4},374.61]
[5406042,"Muro de escama de concreto armado em solo reforçado com fita metálica com altura de 10,0 a 12 m - tipo 2 - areia extraída e brita produzida","m²",291.41,{"$nulls":4},354.95]
[5406025,"Muro de escama de concreto armado em solo reforçado com fita metálica com altura de 4,0 a 6 m - tipo 1 - areia e brita comerciais","m²",287.98,{"$nulls":4},350.77]
[5406035,"Muro de escama de concreto armado em solo reforçado com fita metálica com altura de 4,0 a 6 m - tipo 1 - areia extraída e brita produzida","m²",271.84,{"$nulls":4},331.11]
[5406026,"Muro de escama de concreto armado em solo reforçado com fita metálica com altura de 4,0 a 6 m - tipo 2 - areia e brita comerciais","m²",311.22,{"$nulls":4},379.07]
[5406036,"Muro de escama de concreto armado em solo reforçado com fita metálica com altura de 4,0 a 6 m - tipo 2 - areia extraída e brita produzida","m²",295.08,{"$nulls":4},359.41]
[5406027,"Muro de escama de concreto armado em solo reforçado com fita metálica com altura de 6,0 a 8 m - tipo 1 - areia e brita comerciais","m²",286.06,{"$nulls":4},348.43]
[5406037,"Muro de escama de concreto armado em solo reforçado com fita metálica com altura de 6,0 a 8 m - tipo 1 - areia extraída e brita produzida","m²",269.92,{"$nulls":4},328.77]
[5406028,"Muro de escama de concreto armado em solo reforçado com fita metálica com altura de 6,0 a 8 m - tipo 2 - areia e brita comerciais","m²",{"v":309.3,"d":"309.30"},{"$nulls":4},376.73]
[5406038,"Muro de escama de concreto armado em solo reforçado com fita metálica com altura de 6,0 a 8 m - tipo 2 - areia extraída e brita produzida","m²",293.15,{"$nulls":4},357.07]
[5406029,"Muro de escama de concreto armado em solo reforçado com fita metálica com altura de 8,0 a 10 m - tipo 1 - areia e brita comerciais","m²",284.99,{"$nulls":4},347.13]
[5406039,"Muro de escama de concreto armado em solo reforçado com fita metálica com altura de 8,0 a 10 m - tipo 1 - areia extraída e brita produzida","m²",268.85,{"$nulls":4},327.47]
[5406030,"Muro de escama de concreto armado em solo reforçado com fita metálica com altura de 8,0 a 10 m - tipo 2 - areia e brita comerciais","m²",308.24,{"$nulls":4},375.44]
[5406040,"Muro de escama de concreto armado em solo reforçado com fita metálica com altura de 8,0 a 10 m - tipo 2 - areia extraída e brita produzida","m²",{"v":292.1,"d":"292.10"},{"$nulls":4},355.78]
[5405987,"Travador de madeira para escama de concreto armado - utilização de 10 vezes","un",7.82,{"$nulls":4},9.53]
[5405979,"Travamento e nivelamento de escama de concreto armado em solo reforçado com fita metálica","m²",13.62,{"$nulls":4},16.59]
[5502806,"Camada drenante com conformação de trator de esteira - areia comercial","m³",91.33,{"$nulls":4},111.24]
[5502807,"Camada drenante com conformação de trator de esteira - areia extraída","m³",12.09,{"$nulls":4},14.72]
[5503041,"Compactação de aterros a 100% do Proctor intermediário","m³",6.84,{"$nulls":4},8.33]
[5502978,"Compactação de aterros a 100% do Proctor normal","m³",3.97,{"$nulls":4},4.83]
[5502822,"Compactação de camada final de aterro de rocha","m³",{"v":31,"d":"31.00"},{"$nulls":4},37.76]
[5502979,"Construção de corpo de aterro com material de 3ª categoria oriundo de corte","m³",13.62,{"$nulls":4},16.59]
[5501700,"Desmatamento, destocamento e limpeza de área com árvores de diâmetro até 0,15 m","m²",0.44,{"$nulls":4},0.53]
[5500991,"Desmonte de blocos de rocha com martelete pneumático","m³",127.81,{"$nulls":4},155.68]
[5515739,"Desmonte de matacões ou bloco de rocha por meio de explosivos","m³",33.61,{"$nulls":4},40.94]
[5505766,"Desmonte de material de 3ª categoria a frio com argamassa expansiva a céu aberto","m³",268.51,{"$nulls":4},327.05]
[5501701,"Destocamento de árvores com diâmetro de 0,15 a 0,30 m","un",32.03,{"$nulls":4},39.01]
[5501702,"Destocamento de árvores com diâmetro maior que 0,30 m","un",80.06,{"$nulls":4},97.52]
[5502972,"Escavação de vala em material de 3ª categoria - resistência à compressão acima de 110 MPa - com escavadeira e rompedor hidráulico 1.700 kg","m³",187.66,{"$nulls":4},228.57]
[5502968,"Escavação de vala em material de 3ª categoria - resistência à compressão até 50 MPa - com escavadeira e rompedor hidráulico 1.700 kg","m³",21.26,{"$nulls":4},{"v":25.9,"d":"25.90"}]
[5502969,"Escavação de vala em material de 3ª categoria - resistência à compressão de 50 a 70 MPa - com escavadeira e rompedor hidráulico 1.700 kg","m³",26.81,{"$nulls":4},32.65]
[5502970,"Escavação de vala em material de 3ª categoria - resistência à compressão de 70 a 90 MPa - com escavadeira e rompedor hidráulico 1.700 kg","m³",49.06,{"$nulls":4},59.76]
[5502971,"Escavação de vala em material de 3ª categoria - resistência à compressão de 90 a 110 MPa - com escavadeira e rompedor hidráulico 1.700 kg","m³",91.22,{"$nulls":4},111.11]
[5502663,"Escavação e transporte de material de 3ª categoria - DMT de 0 a 50 m","m³",25.73,{"$nulls":4},31.34]
[5502993,"Escavação em material de 3ª categoria","m³",18.78,{"$nulls":4},22.87]
[5502967,"Escavação em material de 3ª categoria - resistência à compressão acima de 110 MPa - com escavadeira e rompedor hidráulico 1.700 kg","m³",103.84,{"$nulls":4},126.48]
[5502963,"Escavação em material de 3ª categoria - resistência à compressão até 50 MPa - com escavadeira e rompedor hidráulico 1.700 kg","m³",12.73,{"$nulls":4},15.51]
[5502964,"Escavação em material de 3ª categoria - resistência à compressão de 50 a 70 MPa - com escavadeira e rompedor hidráulico 1.700 kg","m³",15.93,{"$nulls":4},{"v":19.4,"d":"19.40"}]
[5502965,"Escavação em material de 3ª categoria - resistência à compressão de 70 a 90 MPa - com escavadeira e rompedor hidráulico 1.700 kg","m³",28.65,{"$nulls":4},{"v":34.9,"d":"34.90"}]
[5502966,"Escavação em material de 3ª categoria - resistência à compressão de 90 a 110 MPa - com escavadeira e rompedor hidráulico 1.700 kg","m³",52.48,{"$nulls":4},63.92]
[5501706,"Escavação mecânica com retroescavadeira em material de 1ª categoria","m³",5.68,{"$nulls":4},6.92]
[5501880,"Escavação, carga e transporte de material de 1ª categoria - DMT de 1.000 a 1.200 m - caminho de serviço em leito natural - com carregadeira e caminhão basculante de 14 m³","m³",9.65,{"$nulls":4},11.76]
[5502114,"Escavação, carga e transporte de material de 1ª categoria - DMT de 1.000 a 1.200 m - caminho de serviço em leito natural - com escavadeira e caminhão basculante de 14 m³","m³",6.47,{"$nulls":4},7.88]
[5501906,"Escavação, carga e transporte de material de 1ª categoria - DMT de 1.000 a 1.200 m - caminho de serviço em revestimento primário - com carregadeira e caminhão basculante de 14 m³","m³",8.65,{"$nulls":4},10.53]
[5502140,"Escavação, carga e transporte de material de 1ª categoria - DMT de 1.000 a 1.200 m - caminho de serviço em revestimento primário - com escavadeira e caminhão basculante de 14 m³","m³",5.45,{"$nulls":4},6.64]
[5501932,"Escavação, carga e transporte de material de 1ª categoria - DMT de 1.000 a 1.200 m - caminho de serviço pavimentado - com carregadeira e caminhão basculante de 14 m³","m³",8.12,{"$nulls":4},9.89]
[5502166,"Escavação, carga e transporte de material de 1ª categoria - DMT de 1.000 a 1.200 m - caminho de serviço pavimentado - com escavadeira e caminhão basculante de 14 m³","m³",5.25,{"$nulls":4},6.39]
[5501881,"Escavação, carga e transporte de material de 1ª categoria - DMT de 1.200 a 1.400 m - caminho de serviço em leito natural - com carregadeira e caminhão basculante de 14 m³","m³",9.86,{"$nulls":4},12.01]
[5502115,"Escavação, carga e transporte de material de 1ª categoria - DMT de 1.200 a 1.400 m - caminho de serviço em leito natural - com escavadeira e caminhão basculante de 14 m³","m³",7.04,{"$nulls":4},8.57]
[5501907,"Escavação, carga e transporte de material de 1ª categoria - DMT de 1.200 a 1.400 m - caminho de serviço em revestimento primário - com carregadeira e caminhão basculante de 14 m³","m³",8.78,{"$nulls":4},{"v":10.7,"d":"10.70"}]
[5502141,"Escavação, carga e transporte de material de 1ª categoria - DMT de 1.200 a 1.400 m - caminho de serviço em revestimento primário - com escavadeira e caminhão basculante de 14 m³","m³",5.93,{"$nulls":4},7.22]
[5501933,"Escavação, carga e transporte de material de 1ª categoria - DMT de 1.200 a 1.400 m - caminho de serviço pavimentado - com carregadeira e caminhão basculante de 14 m³","m³",8.23,{"$nulls":4},10.02]
[5502167,"Escavação, carga e transporte de material de 1ª categoria - DMT de 1.200 a 1.400 m - caminho de serviço pavimentado - com escavadeira e caminhão basculante de 14 m³","m³",5.36,{"$nulls":4},6.53]
[5501882,"Escavação, carga e transporte de material de 1ª categoria - DMT de 1.400 a 1.600 m - caminho de serviço em leito natural - com carregadeira e caminhão basculante de 14 m³","m³",10.07,{"$nulls":4},12.26]
[5502116,"Escavação, carga e transporte de material de 1ª categoria - DMT de 1.400 a 1.600 m - caminho de serviço em leito natural - com escavadeira e caminhão basculante de 14 m³","m³",7.22,{"$nulls":4},8.79]
[5501908,"Escavação, carga e transporte de material de 1ª categoria - DMT de 1.400 a 1.600 m - caminho de serviço em revestimento primário - com carregadeira e caminhão basculante de 14 m³","m³",8.92,{"$nulls":4},10.87]
[5502142,"Escavação, carga e transporte de material de 1ª categoria - DMT de 1.400 a 1.600 m - caminho de serviço em revestimento primário - com escavadeira e caminhão basculante de 14 m³","m³",6.07,{"$nulls":4},7.39]
[5501934,"Escavação, carga e transporte de material de 1ª categoria - DMT de 1.400 a 1.600 m - caminho de serviço pavimentado - com carregadeira e caminhão basculante de 14 m³","m³",8.65,{"$nulls":4},10.53]
[5502168,"Escavação, carga e transporte de material de 1ª categoria - DMT de 1.400 a 1.600 m - caminho de serviço pavimentado - com escavadeira e caminhão basculante de 14 m³","m³",5.45,{"$nulls":4},6.64]
[5501883,"Escavação, carga e transporte de material de 1ª categoria - DMT de 1.600 a 1.800 m - caminho de serviço em leito natural - com carregadeira e caminhão basculante de 14 m³","m³",10.27,{"$nulls":4},12.51]
[5502117,"Escavação, carga e transporte de material de 1ª categoria - DMT de 1.600 a 1.800 m - caminho de serviço em leito natural - com escavadeira e caminhão basculante de 14 m³","m³",7.43,{"$nulls":4},9.05]
[5501909,"Escavação, carga e transporte de material de 1ª categoria - DMT de 1.600 a 1.800 m - caminho de serviço em revestimento primário - com carregadeira e caminhão basculante de 14 m³","m³",9.06,{"$nulls":4},11.03]
[5502143,"Escavação, carga e transporte de material de 1ª categoria - DMT de 1.600 a 1.800 m - caminho de serviço em revestimento primário - com escavadeira e caminhão basculante de 14 m³","m³",6.21,{"$nulls":4},7.57]
[5501935,"Escavação, carga e transporte de material de 1ª categoria - DMT de 1.600 a 1.800 m - caminho de serviço pavimentado - com carregadeira e caminhão basculante de 14 m³","m³",8.78,{"$nulls":4},{"v":10.7,"d":"10.70"}]
[5502169,"Escavação, carga e transporte de material de 1ª categoria - DMT de 1.600 a 1.800 m - caminho de serviço pavimentado - com escavadeira e caminhão basculante de 14 m³","m³",5.93,{"$nulls":4},7.22]
[5501884,"Escavação, carga e transporte de material de 1ª categoria - DMT de 1.800 a 2.000 m - caminho de serviço em leito natural - com carregadeira e caminhão basculante de 14 m³","m³",{"v":10.8,"d":"10.80"},{"$nulls":4},13.16]
[5502118,"Escavação, carga e transporte de material de 1ª categoria - DMT de 1.800 a 2.000 m - caminho de serviço em leito natural - com escavadeira e caminhão basculante de 14 m³","m³",7.64,{"$nulls":4},9.31]
[5501910,"Escavação, carga e transporte de material de 1ª categoria - DMT de 1.800 a 2.000 m - caminho de serviço em revestimento primário - com carregadeira e caminhão basculante de 14 m³","m³",{"v":9.2,"d":"9.20"},{"$nulls":4},{"v":11.2,"d":"11.20"}]
[5502144,"Escavação, carga e transporte de material de 1ª categoria - DMT de 1.800 a 2.000 m - caminho de serviço em revestimento primário - com escavadeira e caminhão basculante de 14 m³","m³",6.32,{"$nulls":4},{"v":7.7,"d":"7.70"}]
[5501936,"Escavação, carga e transporte de material de 1ª categoria - DMT de 1.800 a 2.000 m - caminho de serviço pavimentado - com carregadeira e caminhão basculante de 14 m³","m³",8.88,{"$nulls":4},10.82]
[5502170,"Escavação, carga e transporte de material de 1ª categoria - DMT de 1.800 a 2.000 m - caminho de serviço pavimentado - com escavadeira e caminhão basculante de 14 m³","m³",6.03,{"$nulls":4},7.35]
[5501885,"Escavação, carga e transporte de material de 1ª categoria - DMT de 2.000 a 2.500 m - caminho de serviço em leito natural - com carregadeira e caminhão basculante de 14 m³","m³",11.19,{"$nulls":4},13.63]
[5502119,"Escavação, carga e transporte de material de 1ª categoria - DMT de 2.000 a 2.500 m - caminho de serviço em leito natural - com escavadeira e caminhão basculante de 14 m³","m³",8.37,{"$nulls":4},10.19]
[5501911,"Escavação, carga e transporte de material de 1ª categoria - DMT de 2.000 a 2.500 m - caminho de serviço em revestimento primário - com carregadeira e caminhão basculante de 14 m³","m³",9.74,{"$nulls":4},11.86]
[5502145,"Escavação, carga e transporte de material de 1ª categoria - DMT de 2.000 a 2.500 m - caminho de serviço em revestimento primário - com escavadeira e caminhão basculante de 14 m³","m³",6.58,{"$nulls":4},8.01]
[5501937,"Escavação, carga e transporte de material de 1ª categoria - DMT de 2.000 a 2.500 m - caminho de serviço pavimentado - com carregadeira e caminhão basculante de 14 m³","m³",9.06,{"$nulls":4},11.03]
[5502171,"Escavação, carga e transporte de material de 1ª categoria - DMT de 2.000 a 2.500 m - caminho de serviço pavimentado - com escavadeira e caminhão basculante de 14 m³","m³",6.21,{"$nulls":4},7.57]
[5501886,"Escavação, carga e transporte de material de 1ª categoria - DMT de 2.500 a 3.000 m - caminho de serviço em leito natural - com carregadeira e caminhão basculante de 14 m³","m³",12.08,{"$nulls":4},14.71]
[5502120,"Escavação, carga e transporte de material de 1ª categoria - DMT de 2.500 a 3.000 m - caminho de serviço em leito natural - com escavadeira e caminhão basculante de 14 m³","m³",9.27,{"$nulls":4},11.29]
[5501912,"Escavação, carga e transporte de material de 1ª categoria - DMT de 2.500 a 3.000 m - caminho de serviço em revestimento primário - com carregadeira e caminhão basculante de 14 m³","m³",10.11,{"$nulls":4},12.31]
[5502146,"Escavação, carga e transporte de material de 1ª categoria - DMT de 2.500 a 3.000 m - caminho de serviço em revestimento primário - com escavadeira e caminhão basculante de 14 m³","m³",{"v":7.3,"d":"7.30"},{"$nulls":4},8.89]
[5501938,"Escavação, carga e transporte de material de 1ª categoria - DMT de 2.500 a 3.000 m - caminho de serviço pavimentado - com carregadeira e caminhão basculante de 14 m³","m³",{"v":9.7,"d":"9.70"},{"$nulls":4},11.81]
[5502172,"Escavação, carga e transporte de material de 1ª categoria - DMT de 2.500 a 3.000 m - caminho de serviço pavimentado - com escavadeira e caminhão basculante de 14 m³","m³",6.54,{"$nulls":4},7.97]
[5501876,"Escavação, carga e transporte de material de 1ª categoria - DMT de 200 a 400 m - caminho de serviço em leito natural - com carregadeira e caminhão basculante de 14 m³","m³",8.04,{"$nulls":4},9.79]
[5502110,"Escavação, carga e transporte de material de 1ª categoria - DMT de 200 a 400 m - caminho de serviço em leito natural - com escavadeira e caminhão basculante de 14 m³","m³",5.16,{"$nulls":4},6.28]
[5501902,"Escavação, carga e transporte de material de 1ª categoria - DMT de 200 a 400 m - caminho de serviço em revestimento primário - com carregadeira e caminhão basculante de 14 m³","m³",7.71,{"$nulls":4},9.39]
[5502136,"Escavação, carga e transporte de material de 1ª categoria - DMT de 200 a 400 m - caminho de serviço em revestimento primário - com escavadeira e caminhão basculante de 14 m³","m³",4.84,{"$nulls":4},{"v":5.9,"d":"5.90"}]
[5501928,"Escavação, carga e transporte de material de 1ª categoria - DMT de 200 a 400 m - caminho de serviço pavimentado - com carregadeira e caminhão basculante de 14 m³","m³",7.27,{"$nulls":4},8.85]
[5502162,"Escavação, carga e transporte de material de 1ª categoria - DMT de 200 a 400 m - caminho de serviço pavimentado - com escavadeira e caminhão basculante de 14 m³","m³",4.37,{"$nulls":4},5.32]
[5501877,"Escavação, carga e transporte de material de 1ª categoria - DMT de 400 a 600 m - caminho de serviço em leito natural - com carregadeira e caminhão basculante de 14 m³","m³",8.65,{"$nulls":4},10.53]
[5502111,"Escavação, carga e transporte de material de 1ª categoria - DMT de 400 a 600 m - caminho de serviço em leito natural - com escavadeira e caminhão basculante de 14 m³","m³",5.45,{"$nulls":4},6.64]
[5501903,"Escavação, carga e transporte de material de 1ª categoria - DMT de 400 a 600 m - caminho de serviço em revestimento primário - com carregadeira e caminhão basculante de 14 m³","m³",{"v":7.9,"d":"7.90"},{"$nulls":4},9.62]
[5502137,"Escavação, carga e transporte de material de 1ª categoria - DMT de 400 a 600 m - caminho de serviço em revestimento primário - com escavadeira e caminhão basculante de 14 m³","m³",5.02,{"$nulls":4},6.11]
[5501929,"Escavação, carga e transporte de material de 1ª categoria - DMT de 400 a 600 m - caminho de serviço pavimentado - com carregadeira e caminhão basculante de 14 m³","m³",7.76,{"$nulls":4},9.45]
[5502163,"Escavação, carga e transporte de material de 1ª categoria - DMT de 400 a 600 m - caminho de serviço pavimentado - com escavadeira e caminhão basculante de 14 m³","m³",4.87,{"$nulls":4},5.93]
[5501875,"Escavação, carga e transporte de material de 1ª categoria - DMT de 50 a 200 m - caminho de serviço em leito natural - com carregadeira e caminhão basculante de 14 m³","m³",7.71,{"$nulls":4},9.39]
[5502109,"Escavação, carga e transporte de material de 1ª categoria - DMT de 50 a 200 m - caminho de serviço em leito natural - com escavadeira e caminhão basculante de 14 m³","m³",4.84,{"$nulls":4},{"v":5.9,"d":"5.90"}]
[5501901,"Escavação, carga e transporte de material de 1ª categoria - DMT de 50 a 200 m - caminho de serviço em revestimento primário - com carregadeira e caminhão basculante de 14 m³","m³",7.16,{"$nulls":4},8.72]
[5502135,"Escavação, carga e transporte de material de 1ª categoria - DMT de 50 a 200 m - caminho de serviço em revestimento primário - com escavadeira e caminhão basculante de 14 m³","m³",4.26,{"$nulls":4},5.19]
[5501927,"Escavação, carga e transporte de material de 1ª categoria - DMT de 50 a 200 m - caminho de serviço pavimentado - com carregadeira e caminhão basculante de 14 m³","m³",{"v":7.1,"d":"7.10"},{"$nulls":4},8.65]
[5502161,"Escavação, carga e transporte de material de 1ª categoria - DMT de 50 a 200 m - caminho de serviço pavimentado - com escavadeira e caminhão basculante de 14 m³","m³",{"v":4.2,"d":"4.20"},{"$nulls":4},5.11]
[5501878,"Escavação, carga e transporte de material de 1ª categoria - DMT de 600 a 800 m - caminho de serviço em leito natural - com carregadeira e caminhão basculante de 14 m³","m³",8.88,{"$nulls":4},10.82]
[5502112,"Escavação, carga e transporte de material de 1ª categoria - DMT de 600 a 800 m - caminho de serviço em leito natural - com escavadeira e caminhão basculante de 14 m³","m³",6.03,{"$nulls":4},7.35]
[5501904,"Escavação, carga e transporte de material de 1ª categoria - DMT de 600 a 800 m - caminho de serviço em revestimento primário - com carregadeira e caminhão basculante de 14 m³","m³",8.04,{"$nulls":4},9.79]
[5502138,"Escavação, carga e transporte de material de 1ª categoria - DMT de 600 a 800 m - caminho de serviço em revestimento primário - com escavadeira e caminhão basculante de 14 m³","m³",5.19,{"$nulls":4},6.32]
[5501930,"Escavação, carga e transporte de material de 1ª categoria - DMT de 600 a 800 m - caminho de serviço pavimentado - com carregadeira e caminhão basculante de 14 m³","m³",7.87,{"$nulls":4},9.59]
[5502164,"Escavação, carga e transporte de material de 1ª categoria - DMT de 600 a 800 m - caminho de serviço pavimentado - com escavadeira e caminhão basculante de 14 m³","m³",5.02,{"$nulls":4},6.11]
[5501879,"Escavação, carga e transporte de material de 1ª categoria - DMT de 800 a 1.000 m - caminho de serviço em leito natural - com carregadeira e caminhão basculante de 14 m³","m³",9.13,{"$nulls":4},11.12]
[5502113,"Escavação, carga e transporte de material de 1ª categoria - DMT de 800 a 1.000 m - caminho de serviço em leito natural - com escavadeira e caminhão basculante de 14 m³","m³",6.25,{"$nulls":4},7.61]
[5501905,"Escavação, carga e transporte de material de 1ª categoria - DMT de 800 a 1.000 m - caminho de serviço em revestimento primário - com carregadeira e caminhão basculante de 14 m³","m³",{"v":8.2,"d":"8.20"},{"$nulls":4},9.99]
[5502139,"Escavação, carga e transporte de material de 1ª categoria - DMT de 800 a 1.000 m - caminho de serviço em revestimento primário - com escavadeira e caminhão basculante de 14 m³","m³",5.34,{"$nulls":4},{"v":6.5,"d":"6.50"}]
[5501931,"Escavação, carga e transporte de material de 1ª categoria - DMT de 800 a 1.000 m - caminho de serviço pavimentado - com carregadeira e caminhão basculante de 14 m³","m³",{"v":8,"d":"8.00"},{"$nulls":4},9.75]
[5502165,"Escavação, carga e transporte de material de 1ª categoria - DMT de 800 a 1.000 m - caminho de serviço pavimentado - com escavadeira e caminhão basculante de 14 m³","m³",5.13,{"$nulls":4},6.25]
[5502825,"Escavação, carga e transporte de material de 1ª categoria na distância de 3.000 m - caminho de serviço em leito natural - com carregadeira e caminhão basculante de 14 m³","m³",12.75,{"$nulls":4},15.53]
[5502834,"Escavação, carga e transporte de material de 1ª categoria na distância de 3.000 m - caminho de serviço em leito natural - com escavadeira e caminhão basculante de 14 m³","m³",9.61,{"$nulls":4},11.71]
[5502826,"Escavação, carga e transporte de material de 1ª categoria na distância de 3.000 m - caminho de serviço em revestimento primário - com carregadeira e caminhão basculante de 14 m³","m³",10.31,{"$nulls":4},12.56]
[5502835,"Escavação, carga e transporte de material de 1ª categoria na distância de 3.000 m - caminho de serviço em revestimento primário - com escavadeira e caminhão basculante de 14 m³","m³",7.52,{"$nulls":4},9.16]
[5502827,"Escavação, carga e transporte de material de 1ª categoria na distância de 3.000 m - caminho de serviço pavimentado - com carregadeira e caminhão basculante de 14 m³","m³",9.86,{"$nulls":4},12.01]
[5502836,"Escavação, carga e transporte de material de 1ª categoria na distância de 3.000 m - caminho de serviço pavimentado - com escavadeira e caminhão basculante de 14 m³","m³",7.04,{"$nulls":4},8.57]
[5502356,"Escavação, carga e transporte de material de 2ª categoria - DMT de 1.000 a 1.200 m - caminho de serviço em leito natural - com carregadeira e caminhão basculante de 14 m³","m³",14.76,{"$nulls":4},17.98]
[5502590,"Escavação, carga e transporte de material de 2ª categoria - DMT de 1.000 a 1.200 m - caminho de serviço em leito natural - com escavadeira e caminhão basculante de 14 m³","m³",8.72,{"$nulls":4},10.62]
[5502382,"Escavação, carga e transporte de material de 2ª categoria - DMT de 1.000 a 1.200 m - caminho de serviço em revestimento primário - com carregadeira e caminhão basculante de 14 m³","m³",{"v":13.6,"d":"13.60"},{"$nulls":4},16.57]
[5502616,"Escavação, carga e transporte de material de 2ª categoria - DMT de 1.000 a 1.200 m - caminho de serviço em revestimento primário - com escavadeira e caminhão basculante de 14 m³","m³",7.44,{"$nulls":4},9.06]
[5502408,"Escavação, carga e transporte de material de 2ª categoria - DMT de 1.000 a 1.200 m - caminho de serviço pavimentado - com carregadeira e caminhão basculante de 14 m³","m³",13.38,{"$nulls":4},{"v":16.3,"d":"16.30"}]
[5502642,"Escavação, carga e transporte de material de 2ª categoria - DMT de 1.000 a 1.200 m - caminho de serviço pavimentado - com escavadeira e caminhão basculante de 14 m³","m³",7.18,{"$nulls":4},8.74]
[5502357,"Escavação, carga e transporte de material de 2ª categoria - DMT de 1.200 a 1.400 m - caminho de serviço em leito natural - com carregadeira e caminhão basculante de 14 m³","m³",14.99,{"$nulls":4},18.26]
[5502591,"Escavação, carga e transporte de material de 2ª categoria - DMT de 1.200 a 1.400 m - caminho de serviço em leito natural - com escavadeira e caminhão basculante de 14 m³","m³",8.97,{"$nulls":4},10.92]
[5502383,"Escavação, carga e transporte de material de 2ª categoria - DMT de 1.200 a 1.400 m - caminho de serviço em revestimento primário - com carregadeira e caminhão basculante de 14 m³","m³",13.75,{"$nulls":4},16.75]
[5502617,"Escavação, carga e transporte de material de 2ª categoria - DMT de 1.200 a 1.400 m - caminho de serviço em revestimento primário - com escavadeira e caminhão basculante de 14 m³","m³",7.54,{"$nulls":4},9.19]
[5502409,"Escavação, carga e transporte de material de 2ª categoria - DMT de 1.200 a 1.400 m - caminho de serviço pavimentado - com carregadeira e caminhão basculante de 14 m³","m³",{"v":13.5,"d":"13.50"},{"$nulls":4},16.44]
[5502643,"Escavação, carga e transporte de material de 2ª categoria - DMT de 1.200 a 1.400 m - caminho de serviço pavimentado - com escavadeira e caminhão basculante de 14 m³","m³",7.32,{"$nulls":4},8.92]
[5502358,"Escavação, carga e transporte de material de 2ª categoria - DMT de 1.400 a 1.600 m - caminho de serviço em leito natural - com carregadeira e caminhão basculante de 14 m³","m³",15.22,{"$nulls":4},18.54]
[5502592,"Escavação, carga e transporte de material de 2ª categoria - DMT de 1.400 a 1.600 m - caminho de serviço em leito natural - com escavadeira e caminhão basculante de 14 m³","m³",9.16,{"$nulls":4},11.16]
[5502384,"Escavação, carga e transporte de material de 2ª categoria - DMT de 1.400 a 1.600 m - caminho de serviço em revestimento primário - com carregadeira e caminhão basculante de 14 m³","m³",{"v":13.9,"d":"13.90"},{"$nulls":4},16.93]
[5502618,"Escavação, carga e transporte de material de 2ª categoria - DMT de 1.400 a 1.600 m - caminho de serviço em revestimento primário - com escavadeira e caminhão basculante de 14 m³","m³",8.32,{"$nulls":4},10.14]
[5502410,"Escavação, carga e transporte de material de 2ª categoria - DMT de 1.400 a 1.600 m - caminho de serviço pavimentado - com carregadeira e caminhão basculante de 14 m³","m³",{"v":13.6,"d":"13.60"},{"$nulls":4},16.57]
[5502644,"Escavação, carga e transporte de material de 2ª categoria - DMT de 1.400 a 1.600 m - caminho de serviço pavimentado - com escavadeira e caminhão basculante de 14 m³","m³",7.44,{"$nulls":4},9.06]
[5502359,"Escavação, carga e transporte de material de 2ª categoria - DMT de 1.600 a 1.800 m - caminho de serviço em leito natural - com carregadeira e caminhão basculante de 14 m³","m³",15.45,{"$nulls":4},18.82]
[5502593,"Escavação, carga e transporte de material de 2ª categoria - DMT de 1.600 a 1.800 m - caminho de serviço em leito natural - com escavadeira e caminhão basculante de 14 m³","m³",9.42,{"$nulls":4},11.47]
[5502385,"Escavação, carga e transporte de material de 2ª categoria - DMT de 1.600 a 1.800 m - caminho de serviço em revestimento primário - com carregadeira e caminhão basculante de 14 m³","m³",14.05,{"$nulls":4},17.11]
[5502619,"Escavação, carga e transporte de material de 2ª categoria - DMT de 1.600 a 1.800 m - caminho de serviço em revestimento primário - com escavadeira e caminhão basculante de 14 m³","m³",8.47,{"$nulls":4},10.32]
[5502411,"Escavação, carga e transporte de material de 2ª categoria - DMT de 1.600 a 1.800 m - caminho de serviço pavimentado - com carregadeira e caminhão basculante de 14 m³","m³",13.71,{"$nulls":4},{"v":16.7,"d":"16.70"}]
[5502645,"Escavação, carga e transporte de material de 2ª categoria - DMT de 1.600 a 1.800 m - caminho de serviço pavimentado - com escavadeira e caminhão basculante de 14 m³","m³",7.54,{"$nulls":4},9.19]
[5502360,"Escavação, carga e transporte de material de 2ª categoria - DMT de 1.800 a 2.000 m - caminho de serviço em leito natural - com carregadeira e caminhão basculante de 14 m³","m³",{"v":16.1,"d":"16.10"},{"$nulls":4},19.61]
[5502594,"Escavação, carga e transporte de material de 2ª categoria - DMT de 1.800 a 2.000 m - caminho de serviço em leito natural - com escavadeira e caminhão basculante de 14 m³","m³",10.25,{"$nulls":4},12.49]
[5502386,"Escavação, carga e transporte de material de 2ª categoria - DMT de 1.800 a 2.000 m - caminho de serviço em revestimento primário - com carregadeira e caminhão basculante de 14 m³","m³",14.62,{"$nulls":4},17.81]
[5502620,"Escavação, carga e transporte de material de 2ª categoria - DMT de 1.800 a 2.000 m - caminho de serviço em revestimento primário - com escavadeira e caminhão basculante de 14 m³","m³",8.57,{"$nulls":4},10.44]
[5502412,"Escavação, carga e transporte de material de 2ª categoria - DMT de 1.800 a 2.000 m - caminho de serviço pavimentado - com carregadeira e caminhão basculante de 14 m³","m³",13.83,{"$nulls":4},16.84]
[5502646,"Escavação, carga e transporte de material de 2ª categoria - DMT de 1.800 a 2.000 m - caminho de serviço pavimentado - com escavadeira e caminhão basculante de 14 m³","m³",8.28,{"$nulls":4},10.08]
[5502361,"Escavação, carga e transporte de material de 2ª categoria - DMT de 2.000 a 2.500 m - caminho de serviço em leito natural - com carregadeira e caminhão basculante de 14 m³","m³",16.49,{"$nulls":4},20.08]
[5502595,"Escavação, carga e transporte de material de 2ª categoria - DMT de 2.000 a 2.500 m - caminho de serviço em leito natural - com escavadeira e caminhão basculante de 14 m³","m³",10.62,{"$nulls":4},12.94]
[5502387,"Escavação, carga e transporte de material de 2ª categoria - DMT de 2.000 a 2.500 m - caminho de serviço em revestimento primário - com carregadeira e caminhão basculante de 14 m³","m³",14.89,{"$nulls":4},18.14]
[5502621,"Escavação, carga e transporte de material de 2ª categoria - DMT de 2.000 a 2.500 m - caminho de serviço em revestimento primário - com escavadeira e caminhão basculante de 14 m³","m³",8.87,{"$nulls":4},{"v":10.8,"d":"10.80"}]
[5502413,"Escavação, carga e transporte de material de 2ª categoria - DMT de 2.000 a 2.500 m - caminho de serviço pavimentado - com carregadeira e caminhão basculante de 14 m³","m³",14.05,{"$nulls":4},17.11]
[5502647,"Escavação, carga e transporte de material de 2ª categoria - DMT de 2.000 a 2.500 m - caminho de serviço pavimentado - com escavadeira e caminhão basculante de 14 m³","m³",8.47,{"$nulls":4},10.32]
[5502362,"Escavação, carga e transporte de material de 2ª categoria - DMT de 2.500 a 3.000 m - caminho de serviço em leito natural - com carregadeira e caminhão basculante de 14 m³","m³",{"v":17.6,"d":"17.60"},{"$nulls":4},21.44]
[5502596,"Escavação, carga e transporte de material de 2ª categoria - DMT de 2.500 a 3.000 m - caminho de serviço em leito natural - com escavadeira e caminhão basculante de 14 m³","m³",11.24,{"$nulls":4},13.69]
[5502388,"Escavação, carga e transporte de material de 2ª categoria - DMT de 2.500 a 3.000 m - caminho de serviço em revestimento primário - com carregadeira e caminhão basculante de 14 m³","m³",15.26,{"$nulls":4},18.59]
[5502622,"Escavação, carga e transporte de material de 2ª categoria - DMT de 2.500 a 3.000 m - caminho de serviço em revestimento primário - com escavadeira e caminhão basculante de 14 m³","m³",9.26,{"$nulls":4},11.28]
[5502414,"Escavação, carga e transporte de material de 2ª categoria - DMT de 2.500 a 3.000 m - caminho de serviço pavimentado - com carregadeira e caminhão basculante de 14 m³","m³",14.85,{"$nulls":4},18.09]
[5502648,"Escavação, carga e transporte de material de 2ª categoria - DMT de 2.500 a 3.000 m - caminho de serviço pavimentado - com escavadeira e caminhão basculante de 14 m³","m³",8.82,{"$nulls":4},10.74]
[5502352,"Escavação, carga e transporte de material de 2ª categoria - DMT de 200 a 400 m - caminho de serviço em leito natural - com carregadeira e caminhão basculante de 14 m³","m³",13.28,{"$nulls":4},16.17]
[5502586,"Escavação, carga e transporte de material de 2ª categoria - DMT de 200 a 400 m - caminho de serviço em leito natural - com escavadeira e caminhão basculante de 14 m³","m³",{"v":7.1,"d":"7.10"},{"$nulls":4},8.65]
[5502378,"Escavação, carga e transporte de material de 2ª categoria - DMT de 200 a 400 m - caminho de serviço em revestimento primário - com carregadeira e caminhão basculante de 14 m³","m³",12.46,{"$nulls":4},15.18]
[5502612,"Escavação, carga e transporte de material de 2ª categoria - DMT de 200 a 400 m - caminho de serviço em revestimento primário - com escavadeira e caminhão basculante de 14 m³","m³",6.73,{"$nulls":4},{"v":8.2,"d":"8.20"}]
[5502404,"Escavação, carga e transporte de material de 2ª categoria - DMT de 200 a 400 m - caminho de serviço pavimentado - com carregadeira e caminhão basculante de 14 m³","m³",12.36,{"$nulls":4},15.05]
[5502638,"Escavação, carga e transporte de material de 2ª categoria - DMT de 200 a 400 m - caminho de serviço pavimentado - com escavadeira e caminhão basculante de 14 m³","m³",6.62,{"$nulls":4},8.06]
[5502353,"Escavação, carga e transporte de material de 2ª categoria - DMT de 400 a 600 m - caminho de serviço em leito natural - com carregadeira e caminhão basculante de 14 m³","m³",13.56,{"$nulls":4},16.52]
[5502587,"Escavação, carga e transporte de material de 2ª categoria - DMT de 400 a 600 m - caminho de serviço em leito natural - com escavadeira e caminhão basculante de 14 m³","m³",{"v":7.4,"d":"7.40"},{"$nulls":4},9.01]
[5502379,"Escavação, carga e transporte de material de 2ª categoria - DMT de 400 a 600 m - caminho de serviço em revestimento primário - com carregadeira e caminhão basculante de 14 m³","m³",12.68,{"$nulls":4},15.45]
[5502613,"Escavação, carga e transporte de material de 2ª categoria - DMT de 400 a 600 m - caminho de serviço em revestimento primário - com escavadeira e caminhão basculante de 14 m³","m³",6.95,{"$nulls":4},8.47]
[5502405,"Escavação, carga e transporte de material de 2ª categoria - DMT de 400 a 600 m - caminho de serviço pavimentado - com carregadeira e caminhão basculante de 14 m³","m³",12.52,{"$nulls":4},15.25]
[5502639,"Escavação, carga e transporte de material de 2ª categoria - DMT de 400 a 600 m - caminho de serviço pavimentado - com escavadeira e caminhão basculante de 14 m³","m³",6.81,{"$nulls":4},8.29]
[5502351,"Escavação, carga e transporte de material de 2ª categoria - DMT de 50 a 200 m - caminho de serviço em leito natural - com carregadeira e caminhão basculante de 14 m³","m³",12.46,{"$nulls":4},15.18]
[5502585,"Escavação, carga e transporte de material de 2ª categoria - DMT de 50 a 200 m - caminho de serviço em leito natural - com escavadeira e caminhão basculante de 14 m³","m³",6.73,{"$nulls":4},{"v":8.2,"d":"8.20"}]
[5502377,"Escavação, carga e transporte de material de 2ª categoria - DMT de 50 a 200 m - caminho de serviço em revestimento primário - com carregadeira e caminhão basculante de 14 m³","m³",12.25,{"$nulls":4},14.92]
[5502611,"Escavação, carga e transporte de material de 2ª categoria - DMT de 50 a 200 m - caminho de serviço em revestimento primário - com escavadeira e caminhão basculante de 14 m³","m³",6.51,{"$nulls":4},7.93]
[5502403,"Escavação, carga e transporte de material de 2ª categoria - DMT de 50 a 200 m - caminho de serviço pavimentado - com carregadeira e caminhão basculante de 14 m³","m³",12.17,{"$nulls":4},14.82]
[5502637,"Escavação, carga e transporte de material de 2ª categoria - DMT de 50 a 200 m - caminho de serviço pavimentado - com escavadeira e caminhão basculante de 14 m³","m³",6.44,{"$nulls":4},7.84]
[5502187,"Escavação, carga e transporte de material de 2ª categoria - DMT de 50 m","m³",5.97,{"$nulls":4},7.27]
[5502354,"Escavação, carga e transporte de material de 2ª categoria - DMT de 600 a 800 m - caminho de serviço em leito natural - com carregadeira e caminhão basculante de 14 m³","m³",13.86,{"$nulls":4},16.88]
[5502588,"Escavação, carga e transporte de material de 2ª categoria - DMT de 600 a 800 m - caminho de serviço em leito natural - com escavadeira e caminhão basculante de 14 m³","m³",8.28,{"$nulls":4},10.08]
[5502380,"Escavação, carga e transporte de material de 2ª categoria - DMT de 600 a 800 m - caminho de serviço em revestimento primário - com carregadeira e caminhão basculante de 14 m³","m³",13.31,{"$nulls":4},16.21]
[5502614,"Escavação, carga e transporte de material de 2ª categoria - DMT de 600 a 800 m - caminho de serviço em revestimento primário - com escavadeira e caminhão basculante de 14 m³","m³",{"v":7.1,"d":"7.10"},{"$nulls":4},8.65]
[5502406,"Escavação, carga e transporte de material de 2ª categoria - DMT de 600 a 800 m - caminho de serviço pavimentado - com carregadeira e caminhão basculante de 14 m³","m³",12.66,{"$nulls":4},15.42]
[5502640,"Escavação, carga e transporte de material de 2ª categoria - DMT de 600 a 800 m - caminho de serviço pavimentado - com escavadeira e caminhão basculante de 14 m³","m³",6.95,{"$nulls":4},8.47]
[5502355,"Escavação, carga e transporte de material de 2ª categoria - DMT de 800 a 1.000 m - caminho de serviço em leito natural - com carregadeira e caminhão basculante de 14 m³","m³",14.08,{"$nulls":4},17.15]
[5502589,"Escavação, carga e transporte de material de 2ª categoria - DMT de 800 a 1.000 m - caminho de serviço em leito natural - com escavadeira e caminhão basculante de 14 m³","m³",8.52,{"$nulls":4},10.38]
[5502381,"Escavação, carga e transporte de material de 2ª categoria - DMT de 800 a 1.000 m - caminho de serviço em revestimento primário - com carregadeira e caminhão basculante de 14 m³","m³",13.46,{"$nulls":4},16.39]
[5502615,"Escavação, carga e transporte de material de 2ª categoria - DMT de 800 a 1.000 m - caminho de serviço em revestimento primário - com escavadeira e caminhão basculante de 14 m³","m³",7.29,{"$nulls":4},8.88]
[5502407,"Escavação, carga e transporte de material de 2ª categoria - DMT de 800 a 1.000 m - caminho de serviço pavimentado - com carregadeira e caminhão basculante de 14 m³","m³",13.23,{"$nulls":4},16.12]
[5502641,"Escavação, carga e transporte de material de 2ª categoria - DMT de 800 a 1.000 m - caminho de serviço pavimentado - com escavadeira e caminhão basculante de 14 m³","m³",7.07,{"$nulls":4},8.61]
[5502880,"Escavação, carga e transporte de material de 2ª categoria na distância de 3.000 m - caminho de serviço em leito natural - com escavadeira e caminhão basculante de 14 m³","m³",12.18,{"$nulls":4},14.84]
[5502857,"Escavação, carga e transporte de material de 2ª categoria na distância de 3.000 m - caminho de serviço em leito natural com carregadeira e caminhão basculante de 14 m³","m³",17.92,{"$nulls":4},21.83]
[5502881,"Escavação, carga e transporte de material de 2ª categoria na distância de 3.000 m - caminho de serviço em revestimento primário - com escavadeira e caminhão basculante de 14 m³","m³",9.47,{"$nulls":4},11.53]
[5502859,"Escavação, carga e transporte de material de 2ª categoria na distância de 3.000 m - caminho de serviço pavimentado - com carregadeira e caminhão basculante de 14 m³","m³",14.99,{"$nulls":4},18.26]
[5502882,"Escavação, carga e transporte de material de 2ª categoria na distância de 3.000 m - caminho de serviço pavimentado - com escavadeira e caminhão basculante de 14 m³","m³",8.97,{"$nulls":4},10.92]
[5502858,"Escavação, carga e transporte de material de 2ª categoria na distância de 3.000 m -caminho de serviço com revestimento primário com carregadeira e caminhão basculante de 14 m³","m³",15.94,{"$nulls":4},19.41]
[5502747,"Escavação, carga e transporte de material de 3ª categoria - DMT de 1.000 a 1.200 m - caminho de serviço em leito natural com caminhão basculante de 12 m³","m³",35.35,{"$nulls":4},43.06]
[5502773,"Escavação, carga e transporte de material de 3ª categoria - DMT de 1.000 a 1.200 m - caminho de serviço em revestimento primário - com caminhão basculante de 12 m³","m³",{"v":34.1,"d":"34.10"},{"$nulls":4},41.54]
[5502799,"Escavação, carga e transporte de material de 3ª categoria - DMT de 1.000 a 1.200 m - caminho de serviço pavimentado - com caminhão basculante de 12 m³","m³",33.72,{"$nulls":4},41.07]
[5502748,"Escavação, carga e transporte de material de 3ª categoria - DMT de 1.200 a 1.400 m - caminho de serviço em leito natural com caminhão basculante de 12 m³","m³",35.74,{"$nulls":4},43.53]
[5502774,"Escavação, carga e transporte de material de 3ª categoria - DMT de 1.200 a 1.400 m - caminho de serviço em revestimento primário - com caminhão basculante de 12 m³","m³",34.34,{"$nulls":4},41.83]
[5502800,"Escavação, carga e transporte de material de 3ª categoria - DMT de 1.200 a 1.400 m - caminho de serviço pavimentado - com caminhão basculante de 12 m³","m³",33.95,{"$nulls":4},41.35]
[5502749,"Escavação, carga e transporte de material de 3ª categoria - DMT de 1.400 a 1.600 m - caminho de serviço em leito natural com caminhão basculante de 12 m³","m³",36.05,{"$nulls":4},43.91]
[5502775,"Escavação, carga e transporte de material de 3ª categoria - DMT de 1.400 a 1.600 m - caminho de serviço em revestimento primário - com caminhão basculante de 12 m³","m³",34.57,{"$nulls":4},42.11]
[5502801,"Escavação, carga e transporte de material de 3ª categoria - DMT de 1.400 a 1.600 m - caminho de serviço pavimentado - com caminhão basculante de 12 m³","m³",{"v":34.1,"d":"34.10"},{"$nulls":4},41.54]
[5502750,"Escavação, carga e transporte de material de 3ª categoria - DMT de 1.600 a 1.800 m - caminho de serviço em leito natural com caminhão basculante de 12 m³","m³",37.77,{"$nulls":4},{"v":46,"d":"46.00"}]
[5502776,"Escavação, carga e transporte de material de 3ª categoria - DMT de 1.600 a 1.800 m - caminho de serviço em revestimento primário - com caminhão basculante de 12 m³","m³",34.81,{"$nulls":4},{"v":42.4,"d":"42.40"}]
[5502802,"Escavação, carga e transporte de material de 3ª categoria - DMT de 1.600 a 1.800 m - caminho de serviço pavimentado - com caminhão basculante de 12 m³","m³",34.34,{"$nulls":4},41.83]
[5502751,"Escavação, carga e transporte de material de 3ª categoria - DMT de 1.800 a 2.000 m - caminho de serviço em leito natural com caminhão basculante de 12 m³","m³",38.18,{"$nulls":4},{"v":46.5,"d":"46.50"}]
[5502777,"Escavação, carga e transporte de material de 3ª categoria - DMT de 1.800 a 2.000 m - caminho de serviço em revestimento primário - com caminhão basculante de 12 m³","m³",35.04,{"$nulls":4},42.68]
[5502803,"Escavação, carga e transporte de material de 3ª categoria - DMT de 1.800 a 2.000 m - caminho de serviço pavimentado - com caminhão basculante de 12 m³","m³",{"v":34.5,"d":"34.50"},{"$nulls":4},42.02]
[5502752,"Escavação, carga e transporte de material de 3ª categoria - DMT de 2.000 a 2.500 m - caminho de serviço em leito natural com caminhão basculante de 12 m³","m³",{"v":38.8,"d":"38.80"},{"$nulls":4},47.26]
[5502778,"Escavação, carga e transporte de material de 3ª categoria - DMT de 2.000 a 2.500 m - caminho de serviço em revestimento primário - com caminhão basculante de 12 m³","m³",35.51,{"$nulls":4},43.25]
[5502804,"Escavação, carga e transporte de material de 3ª categoria - DMT de 2.000 a 2.500 m - caminho de serviço pavimentado - com caminhão basculante de 12 m³","m³",34.88,{"$nulls":4},42.49]
[5502753,"Escavação, carga e transporte de material de 3ª categoria - DMT de 2.500 a 3.000 m - caminho de serviço em leito natural com caminhão basculante de 12 m³","m³",39.83,{"$nulls":4},48.52]
[5502779,"Escavação, carga e transporte de material de 3ª categoria - DMT de 2.500 a 3.000 m - caminho de serviço em revestimento primário - com caminhão basculante de 12 m³","m³",37.56,{"$nulls":4},45.75]
[5502805,"Escavação, carga e transporte de material de 3ª categoria - DMT de 2.500 a 3.000 m - caminho de serviço pavimentado - com caminhão basculante de 12 m³","m³",35.43,{"$nulls":4},43.15]
[5502743,"Escavação, carga e transporte de material de 3ª categoria - DMT de 200 a 400 m - caminho de serviço em leito natural com caminhão basculante de 12 m³","m³",33.56,{"$nulls":4},40.88]
[5502769,"Escavação, carga e transporte de material de 3ª categoria - DMT de 200 a 400 m - caminho de serviço em revestimento primário - com caminhão basculante de 12 m³","m³",31.64,{"$nulls":4},38.54]
[5502795,"Escavação, carga e transporte de material de 3ª categoria - DMT de 200 a 400 m - caminho de serviço pavimentado - com caminhão basculante de 12 m³","m³",31.49,{"$nulls":4},38.35]
[5502744,"Escavação, carga e transporte de material de 3ª categoria - DMT de 400 a 600 m - caminho de serviço em leito natural com caminhão basculante de 12 m³","m³",{"v":34.1,"d":"34.10"},{"$nulls":4},41.54]
[5502770,"Escavação, carga e transporte de material de 3ª categoria - DMT de 400 a 600 m - caminho de serviço em revestimento primário - com caminhão basculante de 12 m³","m³",{"v":32,"d":"32.00"},{"$nulls":4},38.98]
[5502796,"Escavação, carga e transporte de material de 3ª categoria - DMT de 400 a 600 m - caminho de serviço pavimentado - com caminhão basculante de 12 m³","m³",31.74,{"$nulls":4},38.66]
[5502742,"Escavação, carga e transporte de material de 3ª categoria - DMT de 50 a 200 m - caminho de serviço em leito natural com caminhão basculante de 12 m³","m³",31.64,{"$nulls":4},38.54]
[5502768,"Escavação, carga e transporte de material de 3ª categoria - DMT de 50 a 200 m - caminho de serviço em revestimento primário - com caminhão basculante de 12 m³","m³",31.28,{"$nulls":4},{"v":38.1,"d":"38.10"}]
[5502794,"Escavação, carga e transporte de material de 3ª categoria - DMT de 50 a 200 m - caminho de serviço pavimentado - com caminhão basculante de 12 m³","m³",31.12,{"$nulls":4},37.91]
[5502745,"Escavação, carga e transporte de material de 3ª categoria - DMT de 600 a 800 m - caminho de serviço em leito natural com caminhão basculante de 12 m³","m³",34.57,{"$nulls":4},42.11]
[5502771,"Escavação, carga e transporte de material de 3ª categoria - DMT de 600 a 800 m - caminho de serviço em revestimento primário - com caminhão basculante de 12 m³","m³",33.64,{"$nulls":4},40.98]
[5502797,"Escavação, carga e transporte de material de 3ª categoria - DMT de 600 a 800 m - caminho de serviço pavimentado - com caminhão basculante de 12 m³","m³",31.95,{"$nulls":4},38.92]
[5502746,"Escavação, carga e transporte de material de 3ª categoria - DMT de 800 a 1.000 m - caminho de serviço em leito natural com caminhão basculante de 12 m³","m³",34.96,{"$nulls":4},42.58]
[5502772,"Escavação, carga e transporte de material de 3ª categoria - DMT de 800 a 1.000 m - caminho de serviço em revestimento primário - com caminhão basculante de 12 m³","m³",33.87,{"$nulls":4},41.26]
[5502798,"Escavação, carga e transporte de material de 3ª categoria - DMT de 800 a 1.000 m - caminho de serviço pavimentado - com caminhão basculante de 12 m³","m³",32.21,{"$nulls":4},39.23]
[5502886,"Escavação, carga e transporte de material de 3ª categoria na distância de 3.000 m - caminho de serviço em leito natural com caminhão basculante de 12 m³","m³",41.76,{"$nulls":4},50.87]
[5502887,"Escavação, carga e transporte de material de 3ª categoria na distância de 3.000 m - caminho de serviço em revestimento primário - com caminhão basculante de 12 m³","m³",37.87,{"$nulls":4},46.13]
[5502888,"Escavação, carga e transporte de material de 3ª categoria na distância de 3.000 m - caminho de serviço pavimentado - com caminhão basculante de 12 m³","m³",35.74,{"$nulls":4},43.53]
[5502820,"Escavação, carga e transporte de solos moles - DMT de 0 a 50 m","m³",5.89,{"$nulls":4},7.17]
[5502904,"Escavação, carga e transporte de solos moles - DMT de 1.000 a 1.200 m - caminho de serviço em leito natural - com caminhão basculante de 14 m³","m³",16.57,{"$nulls":4},20.18]
[5502930,"Escavação, carga e transporte de solos moles - DMT de 1.000 a 1.200 m - caminho de serviço em revestimento primário - com caminhão basculante de 14 m³","m³",15.76,{"$nulls":4},{"v":19.2,"d":"19.20"}]
[5502956,"Escavação, carga e transporte de solos moles - DMT de 1.000 a 1.200 m - caminho de serviço pavimentado - com caminhão basculante de 14 m³","m³",15.47,{"$nulls":4},18.84]
[5502905,"Escavação, carga e transporte de solos moles - DMT de 1.200 a 1.400 m - caminho de serviço em leito natural - com caminhão basculante de 14 m³","m³",18.61,{"$nulls":4},22.67]
[5502931,"Escavação, carga e transporte de solos moles - DMT de 1.200 a 1.400 m - caminho de serviço em revestimento primário - com caminhão basculante de 14 m³","m³",{"v":15.9,"d":"15.90"},{"$nulls":4},19.37]
[5502957,"Escavação, carga e transporte de solos moles - DMT de 1.200 a 1.400 m - caminho de serviço pavimentado - com caminhão basculante de 14 m³","m³",15.62,{"$nulls":4},19.02]
[5502906,"Escavação, carga e transporte de solos moles - DMT de 1.400 a 1.600 m - caminho de serviço em leito natural - com caminhão basculante de 14 m³","m³",18.83,{"$nulls":4},22.94]
[5502932,"Escavação, carga e transporte de solos moles - DMT de 1.400 a 1.600 m - caminho de serviço em revestimento primário - com caminhão basculante de 14 m³","m³",16.05,{"$nulls":4},19.55]
[5502958,"Escavação, carga e transporte de solos moles - DMT de 1.400 a 1.600 m - caminho de serviço pavimentado - com caminhão basculante de 14 m³","m³",15.76,{"$nulls":4},{"v":19.2,"d":"19.20"}]
[5502907,"Escavação, carga e transporte de solos moles - DMT de 1.600 a 1.800 m - caminho de serviço em leito natural - com caminhão basculante de 14 m³","m³",19.16,{"$nulls":4},23.34]
[5502933,"Escavação, carga e transporte de solos moles - DMT de 1.600 a 1.800 m - caminho de serviço em revestimento primário - com caminhão basculante de 14 m³","m³",16.27,{"$nulls":4},19.82]
[5502959,"Escavação, carga e transporte de solos moles - DMT de 1.600 a 1.800 m - caminho de serviço pavimentado - com caminhão basculante de 14 m³","m³",{"v":15.9,"d":"15.90"},{"$nulls":4},19.37]
[5502908,"Escavação, carga e transporte de solos moles - DMT de 1.800 a 2.000 m - caminho de serviço em leito natural - com caminhão basculante de 14 m³","m³",19.38,{"$nulls":4},{"v":23.6,"d":"23.60"}]
[5502934,"Escavação, carga e transporte de solos moles - DMT de 1.800 a 2.000 m - caminho de serviço em revestimento primário - com caminhão basculante de 14 m³","m³",16.42,{"$nulls":4},{"v":20,"d":"20.00"}]
[5502960,"Escavação, carga e transporte de solos moles - DMT de 1.800 a 2.000 m - caminho de serviço pavimentado - com caminhão basculante de 14 m³","m³",15.98,{"$nulls":4},19.46]
[5502909,"Escavação, carga e transporte de solos moles - DMT de 2.000 a 2.500 m - caminho de serviço em leito natural - com caminhão basculante de 14 m³","m³",19.82,{"$nulls":4},24.14]
[5502935,"Escavação, carga e transporte de solos moles - DMT de 2.000 a 2.500 m - caminho de serviço em revestimento primário - com caminhão basculante de 14 m³","m³",16.71,{"$nulls":4},20.35]
[5502961,"Escavação, carga e transporte de solos moles - DMT de 2.000 a 2.500 m - caminho de serviço pavimentado - com caminhão basculante de 14 m³","m³",16.27,{"$nulls":4},19.82]
[5502910,"Escavação, carga e transporte de solos moles - DMT de 2.500 a 3.000 m - caminho de serviço em leito natural - com caminhão basculante de 14 m³","m³",20.58,{"$nulls":4},25.07]
[5502936,"Escavação, carga e transporte de solos moles - DMT de 2.500 a 3.000 m - caminho de serviço em revestimento primário - com caminhão basculante de 14 m³","m³",18.94,{"$nulls":4},23.07]
[5502962,"Escavação, carga e transporte de solos moles - DMT de 2.500 a 3.000 m - caminho de serviço pavimentado - com caminhão basculante de 14 m³","m³",16.63,{"$nulls":4},20.26]
[5502900,"Escavação, carga e transporte de solos moles - DMT de 200 a 400 m - caminho de serviço em leito natural - com caminhão basculante de 14 m³","m³",15.39,{"$nulls":4},18.75]
[5502926,"Escavação, carga e transporte de solos moles - DMT de 200 a 400 m - caminho de serviço em revestimento primário - com caminhão basculante de 14 m³","m³",14.96,{"$nulls":4},18.22]
[5502952,"Escavação, carga e transporte de solos moles - DMT de 200 a 400 m - caminho de serviço pavimentado - com caminhão basculante de 14 m³","m³",14.81,{"$nulls":4},18.04]
[5502901,"Escavação, carga e transporte de solos moles - DMT de 400 a 600 m - caminho de serviço em leito natural - com caminhão basculante de 14 m³","m³",15.69,{"$nulls":4},19.11]
[5502927,"Escavação, carga e transporte de solos moles - DMT de 400 a 600 m - caminho de serviço em revestimento primário - com caminhão basculante de 14 m³","m³",15.17,{"$nulls":4},18.48]
[5502953,"Escavação, carga e transporte de solos moles - DMT de 400 a 600 m - caminho de serviço pavimentado - com caminhão basculante de 14 m³","m³",15.02,{"$nulls":4},{"v":18.3,"d":"18.30"}]
[5502899,"Escavação, carga e transporte de solos moles - DMT de 50 a 200 m - caminho de serviço em leito natural - com caminhão basculante de 14 m³","m³",14.96,{"$nulls":4},18.22]
[5502925,"Escavação, carga e transporte de solos moles - DMT de 50 a 200 m - caminho de serviço em revestimento primário - com caminhão basculante de 14 m³","m³",14.74,{"$nulls":4},17.95]
[5502951,"Escavação, carga e transporte de solos moles - DMT de 50 a 200 m - caminho de serviço pavimentado - com caminhão basculante de 14 m³","m³",14.59,{"$nulls":4},17.77]
[5502902,"Escavação, carga e transporte de solos moles - DMT de 600 a 800 m - caminho de serviço em leito natural - com caminhão basculante de 14 m³","m³",16.05,{"$nulls":4},19.55]
[5502928,"Escavação, carga e transporte de solos moles - DMT de 600 a 800 m - caminho de serviço em revestimento primário - com caminhão basculante de 14 m³","m³",15.39,{"$nulls":4},18.75]
[5502954,"Escavação, carga e transporte de solos moles - DMT de 600 a 800 m - caminho de serviço pavimentado - com caminhão basculante de 14 m³","m³",15.17,{"$nulls":4},18.48]
[5502903,"Escavação, carga e transporte de solos moles - DMT de 800 a 1.000 m - caminho de serviço em leito natural - com caminhão basculante de 14 m³","m³",16.27,{"$nulls":4},19.82]
[5502929,"Escavação, carga e transporte de solos moles - DMT de 800 a 1.000 m - caminho de serviço em revestimento primário - com caminhão basculante de 14 m³","m³",15.54,{"$nulls":4},18.93]
[5502955,"Escavação, carga e transporte de solos moles - DMT de 800 a 1.000 m - caminho de serviço pavimentado - com caminhão basculante de 14 m³","m³",15.32,{"$nulls":4},18.66]
[5502889,"Escavação, carga e transporte de solos moles na distância de 3.000 m - caminho de serviço em leito natural - com caminhão basculante de 14 m³","m³",20.91,{"$nulls":4},25.47]
[5502996,"Escavação, carga e transporte de solos moles na distância de 3.000 m - caminho de serviço em revestimento primário - com caminhão basculante de 14 m³","m³",19.16,{"$nulls":4},23.34]
[5502997,"Escavação, carga e transporte de solos moles na distância de 3.000 m - caminho de serviço pavimentado - com caminhão basculante de 14 m³","m³",18.61,{"$nulls":4},22.67]
[5501716,"Escavação, carga e transporte em material de 1ª categoria - DMT de 1.000 a 1.200 m com motoscraper","m³",16.31,{"$nulls":4},19.86]
[5501717,"Escavação, carga e transporte em material de 1ª categoria - DMT de 1.200 a 1.400 m com motoscraper","m³",18.37,{"$nulls":4},22.37]
[5501712,"Escavação, carga e transporte em material de 1ª categoria - DMT de 200 a 400 m com motoscraper","m³",9.49,{"$nulls":4},11.56]
[5501713,"Escavação, carga e transporte em material de 1ª categoria - DMT de 400 a 600 m com motoscraper","m³",10.53,{"$nulls":4},12.82]
[5501711,"Escavação, carga e transporte em material de 1ª categoria - DMT de 50 a 200 m com motoscraper","m³",7.62,{"$nulls":4},9.28]
[5501710,"Escavação, carga e transporte em material de 1ª categoria - DMT de 50 m","m³",2.32,{"$nulls":4},2.83]
[5501714,"Escavação, carga e transporte em material de 1ª categoria - DMT de 600 a 800 m com motoscraper","m³",12.36,{"$nulls":4},15.06]
[5501715,"Escavação, carga e transporte em material de 1ª categoria - DMT de 800 a 1.000 m com motoscraper","m³",14.24,{"$nulls":4},17.34]
[5502986,"Expurgo de jazida","m³",2.22,{"$nulls":4},{"v":2.7,"d":"2.70"}]
[5502977,"Fragmentação de blocos de rocha com escavadeira e rompedor hidráulico 1.700 kg","m³",8.18,{"$nulls":4},9.96]
[5502985,"Limpeza mecanizada da camada vegetal","m²",0.39,{"$nulls":4},0.48]
[5503018,"Manutenção de caminho de serviço","km",53.17,{"$nulls":4},64.76]
[5505768,"Pré-fissuramento de material de 3ª categoria","m²",{"v":67.3,"d":"67.30"},{"$nulls":4},81.97]
[5503020,"Umedecimento de caminho de serviço","km",{"v":237.8,"d":"237.80"},{"$nulls":4},289.65]
[5605798,"Chumbador de aço CA-50 - D = 20 mm - ancorado na rocha com cartucho de cimento - fornecimento, perfuração e instalação","m",73.98,{"$nulls":4},90.11]
[5605925,"Chumbador de aço CA-50 - D = 20 mm - ancorado na rocha com injeção de nata de cimento - fornecimento, perfuração e instalação","m",70.04,{"$nulls":4},85.31]
[5605799,"Chumbador de aço CA-50 - D = 22 mm - ancorado na rocha com cartucho de cimento - fornecimento, perfuração e instalação","m",79.15,{"$nulls":4},96.41]
[5605800,"Chumbador de aço CA-50 - D = 25 mm - ancorado na rocha com cartucho de cimento - fornecimento, perfuração e instalação","m",88.18,{"$nulls":4},107.41]
[5605894,"Grampo de aço CA-50 D = 12,5 mm para solo grampeado com capacidade de 30 kN - fornecimento, perfuração e instalação","m",40.66,{"$nulls":4},49.52]
[5605895,"Grampo de aço CA-50 D = 16 mm para solo grampeado com capacidade de 50 kN - fornecimento, perfuração e instalação","m",44.55,{"$nulls":4},54.26]
[5605896,"Grampo de aço CA-50 D = 20 mm para solo grampeado com capacidade de 80 kN - fornecimento, perfuração e instalação","m",50.42,{"$nulls":4},61.41]
[5605911,"Perfuração para tirante permanente protendido autoinjetável em material de 1ª categoria com diâmetro de até 120 mm","m",{"v":27.1,"d":"27.10"},{"$nulls":4},33.01]
[5605912,"Perfuração para tirante permanente protendido autoinjetável em material de 2ª categoria com diâmetro de até 87 mm","m",40.99,{"$nulls":4},49.93]
[5605938,"Perfuração para tirantes em material de 1ª categoria com diâmetro de até 120 mm","m",16.63,{"$nulls":4},20.26]
[5605939,"Perfuração para tirantes em material de 2ª categoria com diâmetro de até 120 mm","m",{"v":20,"d":"20.00"},{"$nulls":4},24.36]
[5605940,"Perfuração para tirantes em material de 3ª categoria com diâmetro de até 120 mm","m",47.13,{"$nulls":4},{"v":57.4,"d":"57.40"}]
[5605942,"Pintura eletrostática com tinta em pó à base de resina epóxi - E = 200 µm","m²",39.91,{"$nulls":4},48.61]
[5605955,"Protensão de tirante com 10 cordoalhas D = 12,7 mm aço CP 190 RB, com capacidade de 860 kN - inclusive ancoragem e grauteamento da cabeça","un",555.61,{"$nulls":4},676.75]
[5605956,"Protensão de tirante com 12 cordoalhas D = 12,7 mm aço CP 190 RB, com capacidade de 1.040 kN - inclusive ancoragem e grauteamento da cabeça","un",662.52,{"$nulls":4},806.97]
[5605953,"Protensão de tirante com 6 cordoalhas D = 12,7 mm aço CP 190 RB, com capacidade de 520 kN - inclusive ancoragem e grauteamento da cabeça","un",391.99,{"$nulls":4},477.46]
[5605954,"Protensão de tirante com 8 cordoalhas D = 12,7 mm aço CP 190 RB, com capacidade de 690 kN - inclusive ancoragem e grauteamento da cabeça","un",477.03,{"$nulls":4},581.04]
[5605909,"Protensão de tirante permanente autoinjetável de aço D = 40 mm, seção de 684 mm², tensão de escoamento = 440 MPa e tensão de ruptura = 580 MPa - inclusive ancoragem e grauteamento da cabeça","un",385.34,{"$nulls":4},469.36]
[5605908,"Protensão de tirante permanente autoinjetável de aço D = 40 mm, seção de 822 mm², tensão de escoamento = 470 MPa e tensão de ruptura = 600 MPa - inclusive ancoragem e grauteamento da cabeça","un",385.34,{"$nulls":4},469.36]
[5605907,"Protensão de tirante permanente autoinjetável de aço D = 40 mm, seção de 936 mm², tensão de escoamento = 700 MPa e tensão de ruptura = 830 MPa - inclusive ancoragem e grauteamento da cabeça","un",412.48,{"$nulls":4},502.41]
[5605906,"Protensão de tirante permanente autoinjetável de aço D = 50 mm, seção de 1.330 mm², tensão de escoamento = 630 MPa e tensão de ruptura = 740 MPa - inclusive ancoragem e grauteamento da cabeça","un",496.92,{"$nulls":4},605.26]
[5605905,"Protensão de tirante permanente autoinjetável de aço D = 50 mm, seção de 1.569 mm², tensão de escoamento = 630 MPa e tensão de ruptura = 740 MP - inclusive ancoragem e grauteamento da cabeça","un",557.44,{"$nulls":4},678.98]
[5605944,"Protensão de tirante permanente protendido de aço D = 30 mm, tensão de escoamento = 600 MPa e tensão de ruptura = 720 MPa - inclusive ancoragem e grauteamento da cabeça","un",348.88,{"$nulls":4},424.95]
[5605910,"Protensão de tirante permanente protendido de aço D = 32 mm, tensão de escoamento = 500 MPa e tensão de ruptura = 550 MPa - inclusive ancoragem e grauteamento da cabeça","un",{"v":406.3,"d":"406.30"},{"$nulls":4},494.88]
[5605945,"Protensão de tirante permanente protendido de aço D = 32 mm, tensão de escoamento = 950 MPa e tensão de ruptura = 1.050 MPa - inclusive ancoragem e grauteamento da cabeça","un",429.57,{"$nulls":4},523.23]
[5605946,"Protensão de tirante permanente protendido de aço D = 40 mm, tensão de escoamento = 600 MPa e tensão de ruptura = 720 MPa - inclusive ancoragem e grauteamento da cabeça","un",412.48,{"$nulls":4},502.41]
[5605947,"Protensão de tirante permanente protendido de aço D = 44 mm, tensão de escoamento = 680 MPa e tensão de ruptura = 870 MPa - inclusive ancoragem e grauteamento da cabeça","un",462.86,{"$nulls":4},563.78]
[5605948,"Protensão de tirante permanente protendido de aço D = 50 mm, tensão de escoamento = 600 MPa e tensão de ruptura = 720 MPa - inclusive ancoragem e grauteamento da cabeça","un",557.44,{"$nulls":4},678.98]
[5605949,"Protensão de tirante permanente protendido de aço D = 53 mm, tensão de escoamento = 600 MPa e tensão de ruptura = 720 MPa - inclusive ancoragem e grauteamento da cabeça","un",788.19,{"$nulls":4},960.04]
[5605950,"Protensão de tirante permanente protendido de aço D = 57 mm, tensão de escoamento = 600 MPa e tensão de ruptura = 720 MPa - inclusive ancoragem e grauteamento da cabeça","un",852.41,{"$nulls":4},{"v":1038.26,"d":"1,038.26"}]
[5605951,"Protensão de tirante permanente protendido de aço D = 63 mm, tensão de escoamento = 600 MPa e tensão de ruptura = 720 MPa - inclusive ancoragem e grauteamento da cabeça","un",{"v":1354.67,"d":"1,354.67"},{"$nulls":4},{"v":1650.02,"d":"1,650.02"}]
[5605952,"Protensão de tirante permanente protendido de aço D = 69 mm, tensão de escoamento = 600 MPa e tensão de ruptura = 720 MPa - inclusive ancoragem e grauteamento da cabeça","un",{"v":2064.11,"d":"2,064.11"},{"$nulls":4},{"v":2514.14,"d":"2,514.14"}]
[5605932,"Tirante de barra de aço ancorado na rocha com resina de poliéster, D = 19 mm, tensão de escoamento = 686 MPa e tensão de ruptura = 789 MPa - fornecimento, perfuração e instalação","m",107.07,{"$nulls":4},130.41]
[5605934,"Tirante de barra de aço ancorado na rocha com resina de poliéster, D = 22 mm, tensão de escoamento = 686 MPa e tensão de ruptura = 789 MPa - fornecimento, perfuração e instalação","m",116.98,{"$nulls":4},142.48]
[5605928,"Tirante de barra de aço ancorado na rocha com resina de poliéster, D = 25 mm, tensão de escoamento = 500 MPa e tensão de ruptura = 750 MPa - fornecimento, perfuração e instalação","m",130.86,{"$nulls":4},159.39]
[5605935,"Tirante de barra de aço ancorado na rocha com resina de poliéster, D = 25 mm, tensão de escoamento = 686 MPa, tensão de ruptura = 789 MPa - fornecimento, perfuração e instalação","m",129.17,{"$nulls":4},157.33]
[5605936,"Tirante de barra de aço ancorado na rocha com resina de poliéster, D = 32 mm, tensão de escoamento = 686 MPa, tensão de ruptura = 789 MPa - fornecimento, perfuração e instalação","m",199.27,{"$nulls":4},242.72]
[5605937,"Tirante de barra de aço ancorado na rocha com resina de poliéster, D = 36 mm, tensão de escoamento = 686 MPa e tensão de ruptura = 789 MPa - fornecimento, perfuração e instalação","m",245.16,{"$nulls":4},298.61]
[5605957,"Tirante permanente protendido autoinjetável de aço D = 40 mm, seção de 684 mm², tensão de escoamento = 440 MPa e tensão de ruptura = 580 MPa - exceto perfuração","m",168.06,{"$nulls":4},{"v":204.7,"d":"204.70"}]
[5605958,"Tirante permanente protendido autoinjetável de aço D = 40 mm, seção de 822 mm², tensão de escoamento = 470 MPa e tensão de ruptura = 600 MPa - exceto perfuração","m",191.97,{"$nulls":4},233.83]
[5605959,"Tirante permanente protendido autoinjetável de aço D = 40 mm, seção de 936 mm², tensão de escoamento = 700 MPa e tensão de ruptura = 830 MPa - exceto perfuração","m",{"v":230.6,"d":"230.60"},{"$nulls":4},280.88]
[5605960,"Tirante permanente protendido autoinjetável de aço D = 50 mm, seção de 1.330 mm², tensão de escoamento = 630 MPa e tensão de ruptura = 740 MPa - exceto perfuração","m",286.69,{"$nulls":4},{"v":349.2,"d":"349.20"}]
[5605961,"Tirante permanente protendido autoinjetável de aço D = 50 mm, seção de 1.569 mm², tensão de escoamento = 630 MPa e tensão de ruptura = 740 MPa - exceto perfuração","m",367.28,{"$nulls":4},447.36]
[5605885,"Tirante permanente protendido com 10 cordoalhas D = 12,7 mm, aço CP 190 RB, com capacidade de 860 kN - exceto perfuração","m",{"v":201.9,"d":"201.90"},{"$nulls":4},245.92]
[5605886,"Tirante permanente protendido com 12 cordoalhas D = 12,7 mm, aço CP 190 RB, com capacidade de 1.030 kN - exceto perfuração","m",219.56,{"$nulls":4},267.43]
[5605883,"Tirante permanente protendido com 6 cordoalhas D = 12,7 mm, aço CP 190 RB, com capacidade de 510 kN - exceto perfuração","m",162.66,{"$nulls":4},198.12]
[5605884,"Tirante permanente protendido com 8 cordoalhas D = 12,7 mm, aço CP 190 RB, com capacidade de 690 kN - exceto perfuração","m",180.32,{"$nulls":4},219.63]
[5605962,"Tirante permanente protendido de aço D = 30 mm, tensão de escoamento = 600 MPa e tensão de ruptura = 720 MPa - exceto perfuração","m",{"v":130.1,"d":"130.10"},{"$nulls":4},158.46]
[5605881,"Tirante permanente protendido de aço D = 32 mm, tensão de escoamento = 500 MPa e tensão de ruptura = 550 MPa - exceto perfuração","m",194.95,{"$nulls":4},237.45]
[5605882,"Tirante permanente protendido de aço D = 32 mm, tensão de escoamento = 950 MPa e tensão de ruptura = 1.050 MPa - exceto perfuração","m",330.27,{"$nulls":4},402.28]
[5605963,"Tirante permanente protendido de aço D = 40 mm, tensão de escoamento = 600 MPa e tensão de ruptura = 720 MPa - exceto perfuração","m",204.53,{"$nulls":4},249.12]
[5605964,"Tirante permanente protendido de aço D = 44 mm, tensão de escoamento = 680 MPa e tensão de ruptura = 870 MPa - exceto perfuração","m",241.42,{"$nulls":4},294.06]
[5605965,"Tirante permanente protendido de aço D = 50 mm, tensão de escoamento = 600 MPa e tensão de ruptura = 720 MPa - exceto perfuração","m",308.92,{"$nulls":4},376.27]
[5605966,"Tirante permanente protendido de aço D = 53mm, tensão de escoamento = 600 MPa e tensão de ruptura = 720 MPa - exceto perfuração","m",344.29,{"$nulls":4},419.35]
[5605967,"Tirante permanente protendido de aço D = 57 mm, tensão de escoamento = 600 MPa e tensão de ruptura = 720 MPa - exceto perfuração","m",388.55,{"$nulls":4},473.26]
[5605968,"Tirante permanente protendido de aço D = 63 mm, tensão de escoamento = 600 MPa e tensão de ruptura = 720 MPa - exceto perfuração","m",476.29,{"$nulls":4},580.14]
[5605969,"Tirante permanente protendido de aço D = 69 mm, tensão de escoamento = 600 MPa e tensão de ruptura = 720 MPa - exceto perfuração","m",575.55,{"$nulls":4},701.04]
[5909130,"Carga e manobra de aduelas de concreto pré-moldadas em cavalo mecânico com semirreboque 22 t - carga com caminhão guindauto de 45 t.m","t",21.05,{"$nulls":4},25.64]
[5914703,"Carga e manobra de brita para lastro com locomotiva diesel-elétrica em vagão hopper aberto com capacidade de 45 m³ - carga com carregadeira e descarga automática - bitola métrica","t",4.44,{"$nulls":4},5.41]
[5914704,"Carga e manobra de brita para lastro com locomotiva diesel-elétrica em vagão hopper aberto com capacidade de 63 m³ - carga com carregadeira e descarga automática - bitola larga","t",4.46,{"$nulls":4},5.43]
[5914710,"Carga e manobra de dormentes de concreto de bitola larga com locomotiva diesel-elétrica e vagão plataforma com capacidade de 98 t - carga com carregadeira - bitola larga","t",8.74,{"$nulls":4},10.64]
[5914711,"Carga e manobra de dormentes de concreto de bitola métrica com locomotiva diesel-elétrica e vagão plataforma com capacidade de 82 t - carga com carregadeira - bitola métrica","t",{"v":8,"d":"8.00"},{"$nulls":4},9.74]
[5914712,"Carga e manobra de dormentes de concreto de bitola mista com locomotiva diesel-elétrica e vagão plataforma com capacidade de 98 t - carga com carregadeira - bitola larga","t",7.92,{"$nulls":4},9.65]
[5915369,"Carga, descarga e manobra de vigas pré-moldadas de 1.000 a 1.250 kN em cavalo mecânico com reboques de 5 e 4 eixos com capacidade de 130 t","un",{"v":5861.41,"d":"5,861.41"},{"$nulls":4},{"v":7139.36,"d":"7,139.36"}]
[5915401,"Carga, descarga e manobra de vigas pré-moldadas de 500 a 750 kN em cavalo mecânico com dollys de 3 e 4 eixos com capacidade de 77 t","un",{"v":5379.61,"d":"5,379.61"},{"$nulls":4},{"v":6552.51,"d":"6,552.51"}]
[5915402,"Carga, descarga e manobra de vigas pré-moldadas de 750 a 1.000 kN em cavalo mecânico com dollys de 5 e 4 eixos com capacidade de 111 t","un",{"v":3091.29,"d":"3,091.29"},{"$nulls":4},{"v":3765.28,"d":"3,765.28"}]
[5915400,"Carga, descarga e manobra de vigas pré-moldadas de até 500 kN em cavalo mecânico com dolly de 4 eixos com capacidade de 57 t","un",{"v":2723.19,"d":"2,723.19"},{"$nulls":4},{"v":3316.92,"d":"3,316.92"}]
[5914651,"Carga, manobra e descarga de agregados ou solos em caminhão basculante de 10 m³ - carga com carregadeira de 3,40 m³ (exclusa) e descarga em distribuidor autopropelido","t",{"v":2,"d":"2.00"},{"$nulls":4},2.43]
[5914648,"Carga, manobra e descarga de agregados ou solos em caminhão basculante de 10 m³ - carga com carregadeira de 3,40 m³ (exclusa) e descarga em distribuidor rebocável","t",6.03,{"$nulls":4},7.34]
[5914647,"Carga, manobra e descarga de agregados ou solos em caminhão basculante de 10 m³ - carga com carregadeira de 3,40 m³ (exclusa) e descarga livre","t",1.39,{"$nulls":4},1.69]
[5915411,"Carga, manobra e descarga de agregados ou solos em caminhão basculante de 10 m³ - carga com carregadeira de 3,40 m³ e descarga em distribuidor autopropelido","t",2.76,{"$nulls":4},3.36]
[5915409,"Carga, manobra e descarga de agregados ou solos em caminhão basculante de 10 m³ - carga com carregadeira de 3,40 m³ e descarga em distribuidor rebocável","t",6.79,{"$nulls":4},8.27]
[5915407,"Carga, manobra e descarga de agregados ou solos em caminhão basculante de 10 m³ - carga com carregadeira de 3,40 m³ e descarga livre","t",2.15,{"$nulls":4},2.62]
[5914354,"Carga, manobra e descarga de agregados ou solos em caminhão basculante de 10 m³ - carga com escavadeira de 1,56 m³ (exclusa) e descarga livre","t",1.45,{"$nulls":4},1.77]
[5915406,"Carga, manobra e descarga de agregados ou solos em caminhão basculante de 10 m³ - carga em usina de 60 t/h (PMF) e descarga livre","t",7.41,{"$nulls":4},9.03]
[5914652,"Carga, manobra e descarga de agregados ou solos em caminhão basculante de 10 m³ - carga em usina de solos de 300 t/h e descarga em distribuidor autopropelido","t",2.67,{"$nulls":4},3.25]
[5915417,"Carga, manobra e descarga de agregados ou solos em caminhão basculante de 10 m³ - carga em usina de solos de 300 t/h e descarga em vibroacabadora","t",4.22,{"$nulls":4},5.14]
[5915414,"Carga, manobra e descarga de agregados ou solos em caminhão basculante de 10 m³ - carga em usina de solos de 300 t/h e descarga livre","t",2.22,{"$nulls":4},2.71]
[5914351,"Carga, manobra e descarga de agregados ou solos em caminhão basculante de 14 m³ - carga com carregadeira de 3,40 m³ e descarga livre","t",2.09,{"$nulls":4},2.55]
[5914645,"Carga, manobra e descarga de agregados ou solos em caminhão basculante de 6 m³ - carga com carregadeira de 1,72 m³ (exclusa) e descarga em distribuidor autopropelido","t",2.36,{"$nulls":4},2.87]
[5914642,"Carga, manobra e descarga de agregados ou solos em caminhão basculante de 6 m³ - carga com carregadeira de 1,72 m³ (exclusa) e descarga em distribuidor rebocável","t",4.57,{"$nulls":4},5.57]
[5914641,"Carga, manobra e descarga de agregados ou solos em caminhão basculante de 6 m³ - carga com carregadeira de 1,72 m³ (exclusa) e descarga livre","t",1.63,{"$nulls":4},1.99]
[5915456,"Carga, manobra e descarga de agregados ou solos em caminhão basculante de 6 m³ - carga com carregadeira de 1,72 m³ e descarga em distribuidor autopropelido","t",3.03,{"$nulls":4},3.69]
[5915454,"Carga, manobra e descarga de agregados ou solos em caminhão basculante de 6 m³ - carga com carregadeira de 1,72 m³ e descarga em distribuidor rebocável","t",5.25,{"$nulls":4},{"v":6.4,"d":"6.40"}]
[5915399,"Carga, manobra e descarga de agregados ou solos em caminhão basculante de 6 m³ - carga com carregadeira de 1,72 m³ e descarga livre","t",2.32,{"$nulls":4},2.82]
[5914353,"Carga, manobra e descarga de agregados ou solos em caminhão basculante de 6 m³ - carga com escavadeira de 1,56 m³ (exclusa) e descarga livre","t",1.23,{"$nulls":4},{"v":1.5,"d":"1.50"}]
[5915470,"Carga, manobra e descarga de agregados ou solos em caminhão basculante de 6 m³ - carga com escavadeira de 1,56 m³ e descarga livre","t",1.82,{"$nulls":4},2.22]
[5915459,"Carga, manobra e descarga de agregados ou solos em caminhão basculante de 6 m³ - carga com minicarregadeira de 0,45 m³ e descarga livre","t",6.06,{"$nulls":4},7.38]
[5915476,"Carga, manobra e descarga de agregados ou solos em caminhão basculante de 6 m³ - carga manual e descarga livre","t",23.48,{"$nulls":4},{"v":28.6,"d":"28.60"}]
[5914702,"Carga, manobra e descarga de barras de trilho de 12 m com locomotiva diesel-elétrica em vagão plataforma com capacidade de 82 t - carga e descarga com carregadeira - bitola métrica","t",11.89,{"$nulls":4},14.48]
[5914701,"Carga, manobra e descarga de barras de trilho de 12 m com locomotiva diesel-elétrica em vagão plataforma com capacidade de 98 t - carga e descarga com carregadeira - bitola larga","t",12.05,{"$nulls":4},14.68]
[5906592,"Carga, manobra e descarga de blocos artificiais de concreto com 10 a 12 t para molhe em cavalo mecânico com semirreboque com capacidade de 30 t - carga e descarga com guindaste com pinça","un",25.74,{"$nulls":4},31.35]
[5906591,"Carga, manobra e descarga de blocos artificiais de concreto com 8 a 9 t para molhe em cavalo mecânico com semirreboque com capacidade de 30 t - carga e descarga com guindaste com pinça","un",24.44,{"$nulls":4},29.77]
[5914653,"Carga, manobra e descarga de blocos de rocha em caminhão basculante de 8 m³ - carga com carregadeira de 1,72 m³ (exclusa) e descarga livre","t",2.93,{"$nulls":4},3.57]
[5915405,"Carga, manobra e descarga de blocos de rocha em caminhão basculante de 8 m³ - carga com carregadeira de 1,72 m³ e descarga livre","t",4.56,{"$nulls":4},5.55]
[5914657,"Carga, manobra e descarga de blocos de rocha em caminhão basculante de 8 m³ - carga com retroescavadeira de 0,29 m³ e descarga livre","t",14.59,{"$nulls":4},17.77]
[5914363,"Carga, manobra e descarga de cimento ou cal hidratada a granel em caminhão silo de 30 m³","t",14.08,{"$nulls":4},17.15]
[5914646,"Carga, manobra e descarga de concreto asfáltico com borracha em caminhão basculante de 10 m³ - carga em usina de asfalto 100/140 t/h e descarga em vibroacabadora","t",6.88,{"$nulls":4},8.38]
[5919535,"Carga, manobra e descarga de concreto com caminhão betoneira - carga em central de concreto de 30 m³/h e descarga em extrusora de barreira de concreto","t",15.71,{"$nulls":4},19.14]
[5919533,"Carga, manobra e descarga de concreto com caminhão betoneira - carga em central de concreto de 30 m³/h e descarga em extrusora de meio-fio","t",52.81,{"$nulls":4},64.33]
[5919534,"Carga, manobra e descarga de concreto com caminhão betoneira - carga em central de concreto de 30 m³/h e descarga em extrusora de sarjeta","t",48.22,{"$nulls":4},58.73]
[5909007,"Carga, manobra e descarga de concreto com caminhão betoneira - carga em central de concreto de 30 m³/h e descarga livre","t",14.56,{"$nulls":4},17.73]
[5919538,"Carga, manobra e descarga de concreto com caminhão betoneira - carga em central de concreto de 40 m³/h e descarga livre","t",12.25,{"$nulls":4},14.92]
[5919540,"Carga, manobra e descarga de concreto de cimento em caminhão basculante de 7 m³ - carga em central de concreto de 150 m³/h e descarga em vibroacabadora","t",2.57,{"$nulls":4},3.13]
[5914705,"Carga, manobra e descarga de dormentes de concreto de bitola larga com locomotiva diesel-elétrica e vagão plataforma com capacidade de 98 t - carga e descarga com carregadeira - bitola larga","t",17.46,{"$nulls":4},21.27]
[5914706,"Carga, manobra e descarga de dormentes de concreto de bitola métrica com locomotiva diesel-elétrica e vagão plataforma com capacidade de 82 t - carga e descarga com carregadeira - bitola métrica","t",15.98,{"$nulls":4},19.47]
[5914707,"Carga, manobra e descarga de dormentes de concreto de bitola mista com locomotiva diesel-elétrica e vagão plataforma com capacidade de 98 t - carga e descarga com carregadeira - bitola larga","t",15.84,{"$nulls":4},19.29]
[5914677,"Carga, manobra e descarga de dormentes de madeira com locomotiva diesel-elétrica em vagão plataforma com capacidade de 82 t - carga e descarga com carregadeira - bitola métrica","t",23.84,{"$nulls":4},29.04]
[5914676,"Carga, manobra e descarga de dormentes de madeira com locomotiva diesel-elétrica em vagão plataforma com capacidade de 98 t - carga e descarga com carregadeira - bitola larga","t",19.88,{"$nulls":4},24.21]
[5914678,"Carga, manobra e descarga de jogo de dormentes de concreto para AMV de bitola larga ou mista, qualquer abertura, com locomotiva diesel-elétrica em vagão plataforma com capacidade de 98 t - carga e descarga com carregadeira - bitola larga","t",28.18,{"$nulls":4},34.32]
[5914679,"Carga, manobra e descarga de jogo de dormentes de concreto para AMV de bitola métrica, qualquer abertura, com locomotiva diesel-elétrica em vagão plataforma com capacidade de 82 t - carga e descarga com carregadeira - bitola métrica","t",44.93,{"$nulls":4},54.73]
[5914681,"Carga, manobra e descarga de jogo de dormentes de madeira para AMV bitola métrica, qualquer abertura, com locomotiva diesel-elétrica em vagão plataforma com capacidade de 82 t - carga e descarga com carregadeira - bitola métrica","t",53.61,{"$nulls":4},{"v":65.3,"d":"65.30"}]
[5914680,"Carga, manobra e descarga de jogo de dormentes de madeira para AMV de bitola larga ou mista, qualquer abertura, com locomotiva diesel-elétrica em vagão plataforma com capacidade de 98 t - carga e descarga com carregadeira - bitola larga","t",37.33,{"$nulls":4},45.47]
[5915015,"Carga, manobra e descarga de materiais diversos em caminhão carroceria com capacidade de 11 t e com guindauto de 45 t.m","t",{"v":17.4,"d":"17.40"},{"$nulls":4},21.19]
[5915373,"Carga, manobra e descarga de materiais diversos em caminhão carroceria com capacidade de 7 t e com guindauto de 20 t.m","t",14.61,{"$nulls":4},{"v":17.8,"d":"17.80"}]
[5914333,"Carga, manobra e descarga de materiais diversos em caminhão carroceria de 15 t - carga e descarga com caminhão guindauto de 20 t.m","t",26.99,{"$nulls":4},32.87]
[5914655,"Carga, manobra e descarga de materiais diversos em caminhão carroceria de 15 t - carga e descarga manuais","t",27.24,{"$nulls":4},33.18]
[5915474,"Carga, manobra e descarga de materiais diversos em caminhão carroceria de 5 t - carga e descarga manuais","t",24.75,{"$nulls":4},30.15]
[5914654,"Carga, manobra e descarga de materiais diversos em caminhão carroceria de 9 t - carga e descarga manuais","t",22.53,{"$nulls":4},27.44]
[5914686,"Carga, manobra e descarga de materiais metálicos e acessórios diversos com locomotiva diesel-elétrica em vagão fechado com capacidade de 64 t - carga e descarga com carregadeira - bitola métrica","t",19.88,{"$nulls":4},24.21]
[5914685,"Carga, manobra e descarga de materiais metálicos e acessórios diversos com locomotiva diesel-elétrica em vagão fechado com capacidade de 99 t - carga e descarga com carregadeira - bitola larga","t",19.99,{"$nulls":4},24.35]
[5914682,"Carga, manobra e descarga de materiais metálicos para AMV de bitola larga, qualquer abertura, com locomotiva diesel-elétrica em vagão plataforma com capacidade de 98 t - carga e descarga com carregadeira - bitola larga","t",25.69,{"$nulls":4},31.29]
[5914683,"Carga, manobra e descarga de materiais metálicos para AMV de bitola métrica, qualquer abertura, com locomotiva diesel-elétrica em vagão plataforma com capacidade de 82 t - carga e descarga com carregadeira - bitola métrica","t",29.48,{"$nulls":4},35.91]
[5914684,"Carga, manobra e descarga de materiais metálicos para AMV de bitola mista, qualquer abertura, com locomotiva diesel-elétrica e vagão plataforma com capacidade de 98 t - carga e descarga com carregadeira","t",22.26,{"$nulls":4},27.11]
[5914675,"Carga, manobra e descarga de material demolido em caminhão basculante de 6 m³ - carga com carregadeira de 1,72 m³ e descarga livre","t",2.43,{"$nulls":4},2.96]
[5915433,"Carga, manobra e descarga de material demolido em caminhão basculante de 6 m³ - carga manual e descarga livre","t",28.39,{"$nulls":4},34.58]
[5914304,"Carga, manobra e descarga de material fresado em caminhão basculante de 10 m³ - fresagem contínua em espessura de 3 cm - carga com fresadora e descarga livre","t",{"v":2.8,"d":"2.80"},{"$nulls":4},3.41]
[5914305,"Carga, manobra e descarga de material fresado em caminhão basculante de 10 m³ - fresagem contínua em espessura de 4 cm - carga com fresadora e descarga livre","t",2.78,{"$nulls":4},3.39]
[5915440,"Carga, manobra e descarga de material fresado em caminhão basculante de 10 m³ - fresagem contínua em espessura de 5 cm - carga com fresadora e descarga livre","t",2.48,{"$nulls":4},3.02]
[5914306,"Carga, manobra e descarga de material fresado em caminhão basculante de 10 m³ - fresagem contínua em espessura de 6 cm - carga com fresadora e descarga livre","t",2.31,{"$nulls":4},2.81]
[5914307,"Carga, manobra e descarga de material fresado em caminhão basculante de 10 m³ - fresagem contínua em espessura de 7 cm - carga com fresadora e descarga livre","t",2.18,{"$nulls":4},2.66]
[5914308,"Carga, manobra e descarga de material fresado em caminhão basculante de 10 m³ - fresagem contínua em espessura de 8 cm - carga com fresadora e descarga livre","t",2.11,{"$nulls":4},2.57]
[5914309,"Carga, manobra e descarga de material fresado em caminhão basculante de 10 m³ - fresagem descontínua em espessura de 3 cm - carga com fresadora e descarga livre","t",4.66,{"$nulls":4},5.68]
[5914310,"Carga, manobra e descarga de material fresado em caminhão basculante de 10 m³ - fresagem descontínua em espessura de 4 cm - carga com fresadora e descarga livre","t",3.89,{"$nulls":4},4.74]
[5914352,"Carga, manobra e descarga de material fresado em caminhão basculante de 10 m³ - fresagem descontínua em espessura de 5 cm - carga com fresadora e descarga livre","t",3.46,{"$nulls":4},4.22]
[5914311,"Carga, manobra e descarga de material fresado em caminhão basculante de 10 m³ - fresagem descontínua em espessura de 6 cm - carga com fresadora e descarga livre","t",3.19,{"$nulls":4},3.88]
[5914312,"Carga, manobra e descarga de material fresado em caminhão basculante de 10 m³ - fresagem descontínua em espessura de 7 cm - carga com fresadora e descarga livre","t",{"v":3,"d":"3.00"},{"$nulls":4},3.66]
[5914313,"Carga, manobra e descarga de material fresado em caminhão basculante de 10 m³ - fresagem descontínua em espessura de 8 cm - carga com fresadora e descarga livre","t",2.88,{"$nulls":4},3.51]
[5914339,"Carga, manobra e descarga de material fresado em caminhão basculante de 6 m³ - fresagem descontínua em espessura de 5 cm - carga com fresadora e descarga livre","t",7.77,{"$nulls":4},9.46]
[5914650,"Carga, manobra e descarga de mistura betuminosa a frio em caminhão basculante de 10 m³ - carga em usina de 60 t/h (PMF) e descarga em vibroacabadora","t",8.83,{"$nulls":4},10.75]
[5914358,"Carga, manobra e descarga de mistura betuminosa a frio em caminhão basculante de 6 m³ - carga em usina de 60 t/h (PMF) e descarga em vibroacabadora","t",7.32,{"$nulls":4},8.92]
[5915421,"Carga, manobra e descarga de mistura betuminosa a frio em caminhão basculante de 6 m³ - carga em usina de 60 t/h (PMF) e descarga manual","t",20.92,{"$nulls":4},25.48]
[5914649,"Carga, manobra e descarga de mistura betuminosa a quente em caminhão basculante de 10 m³ - carga em usina de asfalto 100/140 t/h e descarga em vibroacabadora","t",6.14,{"$nulls":4},7.48]
[5914643,"Carga, manobra e descarga de mistura betuminosa a quente em caminhão basculante de 6 m³ - carga em usina de asfalto 100/140 t/h e descarga em vibroacabadora","t",4.42,{"$nulls":4},5.38]
[5914328,"Carga, manobra e descarga de mistura betuminosa a quente em caminhão basculante de 6 m³ - carga em usina de asfalto 100/140 t/h e descarga manual","t",21.79,{"$nulls":4},26.54]
[5914610,"Carga, manobra e descarga de mistura betuminosa a quente em caminhão com caçamba térmica de 6 m³ - carga em usina de asfalto de 100/140 t/h e descarga manual","t",30.01,{"$nulls":4},36.55]
[5915408,"Carga, manobra e descarga de mistura reciclada com espuma de asfalto em caminhão basculante de 10 m³ - carga em usina de reciclagem a frio e descarga em vibroacabadora","t",4.64,{"$nulls":4},5.65]
[5915306,"Carga, manobra e descarga de tetrápodes em cavalo mecânico com semirreboque com capacidade de 30 t - carga e descarga com guindaste","un",28.48,{"$nulls":4},34.69]
[5914708,"Carga, manobra e descarga de TLS de TR45 de 120 m com locomotiva diesel-elétrica em vagão plataforma com capacidade de 82 t - carga e descarga com manipulador de TLS - bitola métrica","t",32.65,{"$nulls":4},39.77]
[5914687,"Carga, manobra e descarga de TLS de TR45 de 120 m com locomotiva diesel-elétrica em vagão plataforma com capacidade de 98 t - carga e descarga com manipulador de TLS - bitola larga","t",32.25,{"$nulls":4},39.28]
[5914709,"Carga, manobra e descarga de TLS de TR45 de 240 m com locomotiva diesel-elétrica em vagão plataforma com capacidade de 82 t - carga e descarga com manipulador de TLS - bitola métrica","t",36.05,{"$nulls":4},43.91]
[5914688,"Carga, manobra e descarga de TLS de TR45 de 240 m com locomotiva diesel-elétrica em vagão plataforma com capacidade de 98 t - carga e descarga com manipulador de TLS - bitola larga","t",34.84,{"$nulls":4},42.43]
[5914695,"Carga, manobra e descarga de TLS de TR57 de 120 m com locomotiva diesel-elétrica em vagão plataforma com capacidade de 82 t - carga e descarga com manipulador de TLS - bitola métrica","t",25.62,{"$nulls":4},31.21]
[5914689,"Carga, manobra e descarga de TLS de TR57 de 120 m com locomotiva diesel-elétrica em vagão plataforma com capacidade de 98 t - carga e descarga com manipulador de TLS - bitola larga","t",{"v":25.3,"d":"25.30"},{"$nulls":4},30.82]
[5914696,"Carga, manobra e descarga de TLS de TR57 de 240 m com locomotiva diesel-elétrica em vagão plataforma com capacidade de 82 t - carga e descarga com manipulador de TLS - bitola métrica","t",28.29,{"$nulls":4},34.46]
[5914690,"Carga, manobra e descarga de TLS de TR57 de 240 m com locomotiva diesel-elétrica em vagão plataforma com capacidade de 98 t - carga e descarga com manipulador de TLS - bitola larga","t",27.34,{"$nulls":4},{"v":33.3,"d":"33.30"}]
[5914697,"Carga, manobra e descarga de TLS de TR68 de 120 m com locomotiva diesel-elétrica em vagão plataforma com capacidade de 82 t - carga e descarga com manipulador de TLS - bitola métrica","t",21.63,{"$nulls":4},26.35]
[5914691,"Carga, manobra e descarga de TLS de TR68 de 120 m com locomotiva diesel-elétrica em vagão plataforma com capacidade de 98 t - carga e descarga com manipulador de TLS - bitola larga","t",21.35,{"$nulls":4},26.01]
[5914698,"Carga, manobra e descarga de TLS de TR68 de 240 m com locomotiva diesel-elétrica em vagão plataforma com capacidade de 82 t - carga e descarga com manipulador de TLS - bitola métrica","t",23.88,{"$nulls":4},29.09]
[5914692,"Carga, manobra e descarga de TLS de TR68 de 240 m com locomotiva diesel-elétrica em vagão plataforma com capacidade de 98 t - carga e descarga com manipulador de TLS - bitola larga","t",23.07,{"$nulls":4},{"v":28.1,"d":"28.10"}]
[5914699,"Carga, manobra e descarga de TLS de UIC60 de 120 m com locomotiva diesel-elétrica em vagão plataforma com capacidade de 82 t - carga e descarga com manipulador de TLS - bitola métrica","t",24.21,{"$nulls":4},29.49]
[5914693,"Carga, manobra e descarga de TLS de UIC60 de 120 m com locomotiva diesel-elétrica em vagão plataforma com capacidade de 98 t - carga e descarga com manipulador de TLS - bitola larga","t",23.91,{"$nulls":4},29.12]
[5914700,"Carga, manobra e descarga de TLS de UIC60 de 240 m com locomotiva diesel-elétrica em vagão plataforma com capacidade de 82 t - carga e descarga com manipulador de TLS - bitola métrica","t",26.73,{"$nulls":4},32.56]
[5914694,"Carga, manobra e descarga de TLS de UIC60 de 240 m com locomotiva diesel-elétrica em vagão plataforma com capacidade de 98 t - carga e descarga com manipulador de TLS - bitola larga","t",25.84,{"$nulls":4},31.47]
[5915441,"Carga, manobra e descarga de trituração de galhos e troncos em caminhão basculante de 6 m³ - carga com trituradora e descarga livre","t",82.31,{"$nulls":4},100.25]
[5901639,"Transporte com caminhão basculante com caçamba estanque com capacidade de 14 m³ - rodovia em leito natural","tkm",0.71,{"$nulls":4},0.87]
[5901638,"Transporte com caminhão basculante com caçamba estanque com capacidade de 14 m³ - rodovia em revestimento primário","tkm",0.57,{"$nulls":4},0.69]
[5901640,"Transporte com caminhão basculante com caçamba estanque com capacidade de 14 m³ - rodovia pavimentada","tkm",0.46,{"$nulls":4},0.56]
[5914359,"Transporte com caminhão basculante de 10 m³ - rodovia em leito natural","tkm",0.98,{"$nulls":4},1.19]
[5914374,"Transporte com caminhão basculante de 10 m³ - rodovia em revestimento primário","tkm",0.78,{"$nulls":4},0.95]
[5914389,"Transporte com caminhão basculante de 10 m³ - rodovia pavimentada","tkm",0.62,{"$nulls":4},0.76]
[5915319,"Transporte com caminhão basculante de 14 m³ - rodovia em leito natural","tkm",0.71,{"$nulls":4},0.87]
[5915320,"Transporte com caminhão basculante de 14 m³ - rodovia em revestimento primário","tkm",0.57,{"$nulls":4},0.69]
[5915321,"Transporte com caminhão basculante de 14 m³ - rodovia pavimentada","tkm",0.46,{"$nulls":4},0.56]
[5914314,"Transporte com caminhão basculante de 6 m³ - rodovia em leito natural","tkm",1.05,{"$nulls":4},1.28]
[5914329,"Transporte com caminhão basculante de 6 m³ - rodovia em revestimento primário","tkm",0.85,{"$nulls":4},1.03]
[5914344,"Transporte com caminhão basculante de 6 m³ - rodovia pavimentada","tkm",0.68,{"$nulls":4},0.83]
[5914539,"Transporte com caminhão betoneira - rodovia em leito natural","tkm",0.81,{"$nulls":4},0.99]
[5914554,"Transporte com caminhão betoneira - rodovia em revestimento primário","tkm",0.65,{"$nulls":4},0.79]
[5914569,"Transporte com caminhão betoneira - rodovia pavimentada","tkm",0.53,{"$nulls":4},0.64]
[5915012,"Transporte com caminhão carroceria com capacidade de 11 t e com guindauto de 45 t.m - rodovia em leito natural","tkm",1.78,{"$nulls":4},2.17]
[5915013,"Transporte com caminhão carroceria com capacidade de 11 t e com guindauto de 45 t.m - rodovia em revestimento primário","tkm",1.43,{"$nulls":4},1.74]
[5915014,"Transporte com caminhão carroceria com capacidade de 11 t e com guindauto de 45 t.m - rodovia pavimentada","tkm",1.15,{"$nulls":4},{"v":1.4,"d":"1.40"}]
[5914584,"Transporte com caminhão carroceria com capacidade de 7 t e com guindauto de 20 t.m - rodovia em leito natural","tkm",2.21,{"$nulls":4},2.69]
[5914599,"Transporte com caminhão carroceria com capacidade de 7 t e com guindauto de 20 t.m - rodovia em revestimento primário","tkm",1.77,{"$nulls":4},2.15]
[5914614,"Transporte com caminhão carroceria com capacidade de 7 t e com guindauto de 20 t.m - rodovia pavimentada","tkm",1.42,{"$nulls":4},1.73]
[5914581,"Transporte com caminhão carroceria com capacidade de 9 t e com guindauto de 10 t.m - rodovia em leito natural","tkm",{"v":2,"d":"2.00"},{"$nulls":4},2.43]
[5914582,"Transporte com caminhão carroceria com capacidade de 9 t e com guindauto de 10 t.m - rodovia em revestimento primário","tkm",{"v":1.6,"d":"1.60"},{"$nulls":4},1.95]
[5914583,"Transporte com caminhão carroceria com capacidade de 9 t e com guindauto de 10 t.m - rodovia pavimentada","tkm",1.29,{"$nulls":4},1.57]
[5914449,"Transporte com caminhão carroceria de 15 t - rodovia em leito natural","tkm",{"v":0.9,"d":"0.90"},{"$nulls":4},{"v":1.1,"d":"1.10"}]
[5914464,"Transporte com caminhão carroceria de 15 t - rodovia em revestimento primário","tkm",0.72,{"$nulls":4},0.88]
[5914479,"Transporte com caminhão carroceria de 15 t - rodovia pavimentada","tkm",0.58,{"$nulls":4},0.71]
[5915322,"Transporte com caminhão carroceria de 5 t - rodovia em leito natural","tkm",{"v":1.5,"d":"1.50"},{"$nulls":4},1.83]
[5915323,"Transporte com caminhão carroceria de 5 t - rodovia em revestimento primário","tkm",{"v":1.2,"d":"1.20"},{"$nulls":4},1.46]
[5915324,"Transporte com caminhão carroceria de 5 t - rodovia pavimentada","tkm",0.97,{"$nulls":4},1.18]
[5914404,"Transporte com caminhão carroceria de 9 t - rodovia em leito natural","tkm",0.96,{"$nulls":4},1.17]
[5914419,"Transporte com caminhão carroceria de 9 t - rodovia em revestimento primário","tkm",0.77,{"$nulls":4},0.94]
[5914434,"Transporte com caminhão carroceria de 9 t - rodovia pavimentada","tkm",0.62,{"$nulls":4},0.75]
[5914635,"Transporte com cavalo mecânico com semirreboque com capacidade de 22 t - rodovia em leito natural","tkm",0.89,{"$nulls":4},1.08]
[5914636,"Transporte com cavalo mecânico com semirreboque com capacidade de 22 t - rodovia em revestimento primário","tkm",0.71,{"$nulls":4},0.87]
[5914637,"Transporte com cavalo mecânico com semirreboque com capacidade de 22 t - rodovia pavimentada","tkm",0.57,{"$nulls":4},{"v":0.7,"d":"0.70"}]
[5914638,"Transporte com cavalo mecânico com semirreboque com capacidade de 30 t - rodovia em leito natural","tkm",0.71,{"$nulls":4},0.87]
[5914639,"Transporte com cavalo mecânico com semirreboque com capacidade de 30 t - rodovia em revestimento primário","tkm",0.57,{"$nulls":4},0.69]
[5914640,"Transporte com cavalo mecânico com semirreboque com capacidade de 30 t - rodovia pavimentada","tkm",0.46,{"$nulls":4},0.56]
[5915466,"Transporte de água com caminhão tanque de 10.000 l - rodovia em leito natural","tkm",1.65,{"$nulls":4},2.01]
[5915467,"Transporte de água com caminhão tanque de 10.000 l - rodovia em revestimento primário","tkm",1.31,{"$nulls":4},{"v":1.6,"d":"1.60"}]
[5915468,"Transporte de água com caminhão tanque de 10.000 l - rodovia pavimentada","tkm",1.06,{"$nulls":4},1.29]
[5914617,"Transporte de água com caminhão tanque de 13.000 l - rodovia em leito natural","tkm",1.27,{"$nulls":4},1.55]
[5914618,"Transporte de água com caminhão tanque de 13.000 l - rodovia em revestimento primário","tkm",1.02,{"$nulls":4},1.24]
[5914619,"Transporte de água com caminhão tanque de 13.000 l - rodovia pavimentada","tkm",0.82,{"$nulls":4},{"v":1,"d":"1.00"}]
[5915451,"Transporte de água com caminhão tanque de 6.000 l - rodovia em leito natural","tkm",2.11,{"$nulls":4},2.57]
[5915452,"Transporte de água com caminhão tanque de 6.000 l - rodovia em revestimento primário","tkm",1.69,{"$nulls":4},2.06]
[5915453,"Transporte de água com caminhão tanque de 6.000 l - rodovia pavimentada","tkm",1.36,{"$nulls":4},1.66]
[5915448,"Transporte de água com caminhão tanque de 8.000 l - rodovia em leito natural","tkm",1.63,{"$nulls":4},1.98]
[5915449,"Transporte de água com caminhão tanque de 8.000 l - rodovia em revestimento primário","tkm",{"v":1.3,"d":"1.30"},{"$nulls":4},1.58]
[5915450,"Transporte de água com caminhão tanque de 8.000 l - rodovia pavimentada","tkm",1.05,{"$nulls":4},1.28]
[5901641,"Transporte de areia fina com draga hopper - capacidade da cisterna de 1.000 m³","m³km",0.72,{"$nulls":4},0.88]
[5901642,"Transporte de areia fina com draga hopper - capacidade da cisterna de 10.000 m³","m³km",0.21,{"$nulls":4},0.26]
[5901643,"Transporte de areia fina com draga hopper - capacidade da cisterna de 15.000 m³","m³km",0.21,{"$nulls":4},0.25]
[5901644,"Transporte de areia fina com draga hopper - capacidade da cisterna de 2.000 m³","m³km",0.45,{"$nulls":4},0.55]
[5901645,"Transporte de areia fina com draga hopper - capacidade da cisterna de 20.000 m³","m³km",{"v":0.2,"d":"0.20"},{"$nulls":4},0.24]
[5901646,"Transporte de areia fina com draga hopper - capacidade da cisterna de 3.000 m³","m³km",0.37,{"$nulls":4},0.45]
[5901647,"Transporte de areia fina com draga hopper - capacidade da cisterna de 4.000 m³","m³km",0.33,{"$nulls":4},{"v":0.4,"d":"0.40"}]
[5901648,"Transporte de areia fina com draga hopper - capacidade da cisterna de 5.000 m³","m³km",0.29,{"$nulls":4},0.35]
[5901649,"Transporte de areia fina com draga hopper - capacidade da cisterna de 750 m³","m³km",1.03,{"$nulls":4},1.25]
[5901650,"Transporte de areia grossa com draga hopper - capacidade da cisterna de 1.000 m³","m³km",0.71,{"$nulls":4},0.86]
[5901651,"Transporte de areia grossa com draga hopper - capacidade da cisterna de 10.000 m³","m³km",0.21,{"$nulls":4},0.26]
[5901652,"Transporte de areia grossa com draga hopper - capacidade da cisterna de 15.000 m³","m³km",{"v":0.2,"d":"0.20"},{"$nulls":4},0.24]
[5901653,"Transporte de areia grossa com draga hopper - capacidade da cisterna de 2.000 m³","m³km",0.44,{"$nulls":4},0.54]
[5901654,"Transporte de areia grossa com draga hopper - capacidade da cisterna de 20.000 m³","m³km",{"v":0.2,"d":"0.20"},{"$nulls":4},0.24]
[5901655,"Transporte de areia grossa com draga hopper - capacidade da cisterna de 3.000 m³","m³km",0.36,{"$nulls":4},0.44]
[5901656,"Transporte de areia grossa com draga hopper - capacidade da cisterna de 4.000 m³","m³km",0.32,{"$nulls":4},0.39]
[5901657,"Transporte de areia grossa com draga hopper - capacidade da cisterna de 5.000 m³","m³km",0.28,{"$nulls":4},0.34]
[5901658,"Transporte de areia grossa com draga hopper - capacidade da cisterna de 750 m³","m³km",{"v":1,"d":"1.00"},{"$nulls":4},1.22]
[5901659,"Transporte de areia média com draga hopper - capacidade da cisterna de 1.000 m³","m³km",0.71,{"$nulls":4},0.87]
[5901660,"Transporte de areia média com draga hopper - capacidade da cisterna de 10.000 m³","m³km",0.21,{"$nulls":4},0.26]
[5901661,"Transporte de areia média com draga hopper - capacidade da cisterna de 15.000 m³","m³km",{"v":0.2,"d":"0.20"},{"$nulls":4},0.24]
[5901662,"Transporte de areia média com draga hopper - capacidade da cisterna de 2.000 m³","m³km",0.44,{"$nulls":4},0.54]
[5901663,"Transporte de areia média com draga hopper - capacidade da cisterna de 20.000 m³","m³km",{"v":0.2,"d":"0.20"},{"$nulls":4},0.24]
[5901664,"Transporte de areia média com draga hopper - capacidade da cisterna de 3.000 m³","m³km",0.36,{"$nulls":4},0.44]
[5901665,"Transporte de areia média com draga hopper - capacidade da cisterna de 4.000 m³","m³km",0.32,{"$nulls":4},0.39]
[5901666,"Transporte de areia média com draga hopper - capacidade da cisterna de 5.000 m³","m³km",0.29,{"$nulls":4},0.35]
[5901667,"Transporte de areia média com draga hopper - capacidade da cisterna de 750 m³","m³km",1.01,{"$nulls":4},1.23]
[5914511,"Transporte de barras de trilho de 12 m com locomotiva diesel-elétrica em vagão plataforma com capacidade de 82 t - bitola métrica","tkm",0.21,{"$nulls":4},0.26]
[5914510,"Transporte de barras de trilho de 12 m com locomotiva diesel-elétrica em vagão plataforma com capacidade de 98 t - bitola larga","tkm",0.19,{"$nulls":4},0.23]
[5906597,"Transporte de blocos artificiais de concreto com 10 a 12 t para a execução de molhe com cavalo mecânico com semirreboque com capacidade de 30 t - rodovia em leito natural","unkm",10.47,{"$nulls":4},12.75]
[5906598,"Transporte de blocos artificiais de concreto com 10 a 12 t para a execução de molhe com cavalo mecânico com semirreboque com capacidade de 30 t - rodovia em revestimento primário","unkm",8.37,{"$nulls":4},{"v":10.2,"d":"10.20"}]
[5906599,"Transporte de blocos artificiais de concreto com 10 a 12 t para a execução de molhe com cavalo mecânico com semirreboque com capacidade de 30 t - rodovia pavimentada","unkm",6.74,{"$nulls":4},8.21]
[5906594,"Transporte de blocos artificiais de concreto com 8 a 9 t para a execução de molhe com cavalo mecânico com semirreboque com capacidade de 30 t - rodovia em leito natural","unkm",6.98,{"$nulls":4},{"v":8.5,"d":"8.50"}]
[5906595,"Transporte de blocos artificiais de concreto com 8 a 9 t para a execução de molhe com cavalo mecânico com semirreboque com capacidade de 30 t - rodovia em revestimento primário","unkm",5.58,{"$nulls":4},{"v":6.8,"d":"6.80"}]
[5906596,"Transporte de blocos artificiais de concreto com 8 a 9 t para a execução de molhe com cavalo mecânico com semirreboque com capacidade de 30 t - rodovia pavimentada","unkm",4.49,{"$nulls":4},5.47]
[5901668,"Transporte de cascalho com draga hopper - capacidade da cisterna de 1.000 m³","m³km",0.73,{"$nulls":4},0.89]
[5901669,"Transporte de cascalho com draga hopper - capacidade da cisterna de 10.000 m³","m³km",0.21,{"$nulls":4},0.26]
[5901670,"Transporte de cascalho com draga hopper - capacidade da cisterna de 15.000 m³","m³km",0.21,{"$nulls":4},0.25]
[5901671,"Transporte de cascalho com draga hopper - capacidade da cisterna de 2.000 m³","m³km",0.45,{"$nulls":4},0.55]
[5901672,"Transporte de cascalho com draga hopper - capacidade da cisterna de 20.000 m³","m³km",{"v":0.2,"d":"0.20"},{"$nulls":4},0.24]
[5901673,"Transporte de cascalho com draga hopper - capacidade da cisterna de 3.000 m³","m³km",0.37,{"$nulls":4},0.45]
[5901674,"Transporte de cascalho com draga hopper - capacidade da cisterna de 4.000 m³","m³km",0.33,{"$nulls":4},{"v":0.4,"d":"0.40"}]
[5901675,"Transporte de cascalho com draga hopper - capacidade da cisterna de 5.000 m³","m³km",{"v":0.3,"d":"0.30"},{"$nulls":4},0.36]
[5901676,"Transporte de cascalho com draga hopper - capacidade da cisterna de 750 m³","m³km",1.03,{"$nulls":4},1.26]
[5901677,"Transporte de cascalho fino com draga hopper - capacidade da cisterna de 1.000 m³","m³km",0.71,{"$nulls":4},0.87]
[5901678,"Transporte de cascalho fino com draga hopper - capacidade da cisterna de 10.000 m³","m³km",0.21,{"$nulls":4},0.26]
[5901679,"Transporte de cascalho fino com draga hopper - capacidade da cisterna de 15.000 m³","m³km",0.21,{"$nulls":4},0.25]
[5901680,"Transporte de cascalho fino com draga hopper - capacidade da cisterna de 2.000 m³","m³km",0.44,{"$nulls":4},0.54]
[5901681,"Transporte de cascalho fino com draga hopper - capacidade da cisterna de 20.000 m³","m³km",{"v":0.2,"d":"0.20"},{"$nulls":4},0.24]
[5901682,"Transporte de cascalho fino com draga hopper - capacidade da cisterna de 3.000 m³","m³km",0.36,{"$nulls":4},0.44]
[5901683,"Transporte de cascalho fino com draga hopper - capacidade da cisterna de 4.000 m³","m³km",0.32,{"$nulls":4},0.39]
[5901684,"Transporte de cascalho fino com draga hopper - capacidade da cisterna de 5.000 m³","m³km",0.29,{"$nulls":4},0.35]
[5901685,"Transporte de cascalho fino com draga hopper - capacidade da cisterna de 750 m³","m³km",1.02,{"$nulls":4},1.24]
[5914360,"Transporte de cimento com caminhão distribuidor de 17 m³ - rodovia em leito natural","tkm",0.93,{"$nulls":4},1.13]
[5914361,"Transporte de cimento com caminhão distribuidor de 17 m³ - rodovia em revestimento primário","tkm",0.74,{"$nulls":4},{"v":0.9,"d":"0.90"}]
[5914362,"Transporte de cimento com caminhão distribuidor de 17 m³ - rodovia pavimentada","tkm",{"v":0.6,"d":"0.60"},{"$nulls":4},0.73]
[5914364,"Transporte de cimento ou cal hidratada a granel com caminhão silo de 30 m³ - rodovia em leito natural","tkm",0.73,{"$nulls":4},0.89]
[5914365,"Transporte de cimento ou cal hidratada a granel com caminhão silo de 30 m³ - rodovia em revestimento primário","tkm",0.58,{"$nulls":4},0.71]
[5914366,"Transporte de cimento ou cal hidratada a granel com caminhão silo de 30 m³ - rodovia pavimentada","tkm",0.47,{"$nulls":4},0.57]
[5914315,"Transporte de concreto com caminhão basculante de 7 m³ - rodovia em leito natural","tkm",0.85,{"$nulls":4},1.04]
[5914330,"Transporte de concreto com caminhão basculante de 7 m³ - rodovia em revestimento primário","tkm",0.68,{"$nulls":4},0.83]
[5914345,"Transporte de concreto com caminhão basculante de 7 m³ - rodovia pavimentada","tkm",0.55,{"$nulls":4},0.67]
[5914367,"Transporte de detritos com caminhão de hidrojateamento de alta pressão e vácuo de 9 m³ - rodovia em leito natural","tkm",1.43,{"$nulls":4},1.74]
[5914368,"Transporte de detritos com caminhão de hidrojateamento de alta pressão e vácuo de 9 m³ - rodovia em revestimento primário","tkm",1.14,{"$nulls":4},1.39]
[5914369,"Transporte de detritos com caminhão de hidrojateamento de alta pressão e vácuo de 9 m³ - rodovia pavimentada","tkm",0.92,{"$nulls":4},1.12]
[5914489,"Transporte de dormentes de concreto monobloco protendido de bitola larga com locomotiva diesel-elétrica em vagão plataforma com capacidade de 98 t - bitola larga","tkm",{"v":0.2,"d":"0.20"},{"$nulls":4},0.24]
[5914491,"Transporte de dormentes de concreto monobloco protendido de bitola métrica com locomotiva diesel-elétrica em vagão plataforma com capacidade de 82 t - bitola métrica","tkm",0.22,{"$nulls":4},0.27]
[5914490,"Transporte de dormentes de concreto monobloco protendido de bitola mista com locomotiva diesel-elétrica em vagão plataforma com capacidade de 98 t - bitola larga","tkm",{"v":0.2,"d":"0.20"},{"$nulls":4},0.24]
[5914495,"Transporte de dormentes de concreto monobloco protendido para AMV de bitola larga ou mista com locomotiva diesel-elétrica em vagão plataforma com capacidade de 98 t - bitola larga","tkm",1.26,{"$nulls":4},1.53]
[5914494,"Transporte de dormentes de concreto monobloco protendido para AMV de bitola métrica com locomotiva diesel-elétrica em vagão plataforma com capacidade de 82 t - bitola métrica","tkm",2.78,{"$nulls":4},3.39]
[5914487,"Transporte de dormentes de madeira de bitola larga com locomotiva diesel-elétrica em vagão plataforma com capacidade de 98 t - bitola larga","tkm",0.19,{"$nulls":4},0.23]
[5914488,"Transporte de dormentes de madeira de bitola métrica com locomotiva diesel-elétrica em vagão plataforma com capacidade de 82 t - bitola métrica","tkm",0.22,{"$nulls":4},0.27]
[5914493,"Transporte de dormentes de madeira para AMV de bitola larga ou mista com locomotiva diesel-elétrica em vagão plataforma com capacidade de 98 t - bitola larga","tkm",4.63,{"$nulls":4},5.64]
[5914492,"Transporte de dormentes de madeira para AMV de bitola métrica com locomotiva diesel-elétrica em vagão plataforma com capacidade de 82 t - bitola métrica","tkm",11.08,{"$nulls":4},{"v":13.5,"d":"13.50"}]
[5914482,"Transporte de lastro de brita com locomotiva diesel-elétrica em vagão hopper aberto com capacidade de 45 m³ - bitola métrica","tkm",0.49,{"$nulls":4},{"v":0.6,"d":"0.60"}]
[5914483,"Transporte de lastro de brita com locomotiva diesel-elétrica em vagão hopper aberto com capacidade de 63 m³ - bitola larga","tkm",0.35,{"$nulls":4},0.43]
[5914480,"Transporte de materiais metálicos e acessórios diversos com locomotiva diesel-elétrica em vagão fechado com capacidade de 64 t - bitola métrica","tkm",0.52,{"$nulls":4},0.63]
[5914481,"Transporte de materiais metálicos e acessórios diversos com locomotiva diesel-elétrica em vagão fechado com capacidade de 99 t - bitola larga","tkm",0.34,{"$nulls":4},0.41]
[5914485,"Transporte de materiais metálicos para AMV de bitola larga com locomotiva diesel-elétrica em vagão plataforma com capacidade de 98 t - bitola larga","tkm",3.19,{"$nulls":4},3.88]
[5914486,"Transporte de materiais metálicos para AMV de bitola métrica com locomotiva diesel-elétrica em vagão plataforma com capacidade de 82 t - bitola métrica","tkm",3.98,{"$nulls":4},4.85]
[5914484,"Transporte de materiais metálicos para AMV de bitola mista com locomotiva diesel-elétrica em vagão plataforma com capacidade de 98 t - bitola larga","tkm",2.76,{"$nulls":4},3.36]
[5914620,"Transporte de material betuminoso com caminhão tanque distribuidor - rodovia em leito natural","tkm",2.21,{"$nulls":4},2.69]
[5914621,"Transporte de material betuminoso com caminhão tanque distribuidor - rodovia em revestimento primário","tkm",1.77,{"$nulls":4},2.15]
[5914622,"Transporte de material betuminoso com caminhão tanque distribuidor - rodovia pavimentada","tkm",1.42,{"$nulls":4},1.73]
[5901695,"Transporte de material de 1ª categoria com batelão autopropelido com capacidade de 300 m³","m³km",0.59,{"$nulls":4},0.72]
[5901696,"Transporte de material de 1ª categoria com batelão autopropelido com capacidade de 500 m³","m³km",0.44,{"$nulls":4},0.54]
[5901697,"Transporte de material de 1ª categoria com batelão rebocado com capacidade de 66 m³","m³km",1.84,{"$nulls":4},2.24]
[5901698,"Transporte de material de 1ª categoria com batelão rebocado montado na obra com capacidade de 66 m³","m³km",1.84,{"$nulls":4},2.24]
[5916654,"Transporte de material de 3ª categoria com batelão autopropelido com capacidade de 300 m³","m³km",1.07,{"$nulls":4},{"v":1.3,"d":"1.30"}]
[5916637,"Transporte de material de 3ª categoria com batelão rebocado com capacidade de 66 m³","m³km",5.39,{"$nulls":4},6.57]
[5916618,"Transporte de material de 3ª categoria com batelão rebocado montado na obra com capacidade de 66 m³","m³km",5.39,{"$nulls":4},6.57]
[5914334,"Transporte de material de 3ª categoria com caminhão basculante de 12 m³ para rocha - rodovia em leito natural","tkm",0.97,{"$nulls":4},1.18]
[5914335,"Transporte de material de 3ª categoria com caminhão basculante de 12 m³ para rocha - rodovia em revestimento primário","tkm",0.78,{"$nulls":4},0.95]
[5914336,"Transporte de material de 3ª categoria com caminhão basculante de 12 m³ para rocha - rodovia pavimentada","tkm",0.62,{"$nulls":4},0.76]
[5914346,"Transporte de material de 3ª categoria com caminhão basculante de 8 m³ para rocha - rodovia em leito natural","tkm",1.43,{"$nulls":4},1.74]
[5914347,"Transporte de material de 3ª categoria com caminhão basculante de 8 m³ para rocha - rodovia em revestimento primário","tkm",1.14,{"$nulls":4},1.39]
[5914348,"Transporte de material de 3ª categoria com caminhão basculante de 8 m³ para rocha - rodovia pavimentada","tkm",0.92,{"$nulls":4},1.12]
[5914611,"Transporte de mistura betuminosa a quente com caminhão com caçamba térmica de 6 m³ - rodovia em leito natural","tkm",1.54,{"$nulls":4},1.88]
[5914613,"Transporte de mistura betuminosa a quente com caminhão com caçamba térmica de 6 m³ - rodovia em revestimento primário","tkm",1.23,{"$nulls":4},{"v":1.5,"d":"1.50"}]
[5914612,"Transporte de mistura betuminosa a quente com caminhão com caçamba térmica de 6 m³ - rodovia pavimentada","tkm",0.99,{"$nulls":4},1.21]
[5901686,"Transporte de silte com draga hopper - capacidade da cisterna de 1.000 m³","m³km",2.07,{"$nulls":4},2.52]
[5901687,"Transporte de silte com draga hopper - capacidade da cisterna de 10.000 m³","m³km",0.62,{"$nulls":4},0.75]
[5901688,"Transporte de silte com draga hopper - capacidade da cisterna de 15.000 m³","m³km",0.58,{"$nulls":4},0.71]
[5901689,"Transporte de silte com draga hopper - capacidade da cisterna de 2.000 m³","m³km",{"v":1.3,"d":"1.30"},{"$nulls":4},1.58]
[5901690,"Transporte de silte com draga hopper - capacidade da cisterna de 20.000 m³","m³km",0.57,{"$nulls":4},0.69]
[5901691,"Transporte de silte com draga hopper - capacidade da cisterna de 3.000 m³","m³km",1.06,{"$nulls":4},1.29]
[5901692,"Transporte de silte com draga hopper - capacidade da cisterna de 4.000 m³","m³km",0.94,{"$nulls":4},1.14]
[5901693,"Transporte de silte com draga hopper - capacidade da cisterna de 5.000 m³","m³km",0.83,{"$nulls":4},1.01]
[5901694,"Transporte de silte com draga hopper - capacidade da cisterna de 750 m³","m³km",2.95,{"$nulls":4},3.59]
[5914512,"Transporte de TLS TR45 de 120 m com locomotiva diesel-elétrica em vagão plataforma com capacidade de 82 t - bitola métrica","tkm",1.18,{"$nulls":4},1.44]
[5914496,"Transporte de TLS TR45 de 120 m com locomotiva diesel-elétrica em vagão plataforma com capacidade de 98 t - bitola larga","tkm",0.91,{"$nulls":4},1.11]
[5914513,"Transporte de TLS TR45 de 240 m com locomotiva diesel-elétrica em vagão plataforma com capacidade de 82 t - bitola métrica","tkm",0.67,{"$nulls":4},0.81]
[5914497,"Transporte de TLS TR45 de 240 m com locomotiva diesel-elétrica em vagão plataforma com capacidade de 98 t - bitola larga","tkm",{"v":0.5,"d":"0.50"},{"$nulls":4},0.61]
[5914500,"Transporte de TLS TR57 de 120 m com locomotiva diesel-elétrica em vagão plataforma com capacidade de 82 t - bitola métrica","tkm",0.93,{"$nulls":4},1.13]
[5914498,"Transporte de TLS TR57 de 120 m com locomotiva diesel-elétrica em vagão plataforma com capacidade de 98 t - bitola larga","tkm",0.71,{"$nulls":4},0.87]
[5914501,"Transporte de TLS TR57 de 240 m com locomotiva diesel-elétrica em vagão plataforma com capacidade de 82 t - bitola métrica","tkm",0.52,{"$nulls":4},0.63]
[5914499,"Transporte de TLS TR57 de 240 m com locomotiva diesel-elétrica em vagão plataforma com capacidade de 98 t - bitola larga","tkm",0.39,{"$nulls":4},0.48]
[5914504,"Transporte de TLS TR68 de 120 m com locomotiva diesel-elétrica em vagão plataforma com capacidade de 82 t - bitola métrica","tkm",0.78,{"$nulls":4},0.95]
[5914502,"Transporte de TLS TR68 de 120 m com locomotiva diesel-elétrica em vagão plataforma com capacidade de 98 t - bitola larga","tkm",{"v":0.6,"d":"0.60"},{"$nulls":4},0.73]
[5914505,"Transporte de TLS TR68 de 240 m com locomotiva diesel-elétrica em vagão plataforma com capacidade de 82 t - bitola métrica","tkm",0.44,{"$nulls":4},0.53]
[5914503,"Transporte de TLS TR68 de 240 m com locomotiva diesel-elétrica em vagão plataforma com capacidade de 98 t - bitola larga","tkm",0.33,{"$nulls":4},{"v":0.4,"d":"0.40"}]
[5914508,"Transporte de TLS UIC60 de 120 m com locomotiva diesel-elétrica em vagão plataforma com capacidade de 82 t - bitola métrica","tkm",0.88,{"$nulls":4},1.07]
[5914506,"Transporte de TLS UIC60 de 120 m com locomotiva diesel-elétrica em vagão plataforma com capacidade de 98 t - bitola larga","tkm",0.67,{"$nulls":4},0.82]
[5914509,"Transporte de TLS UIC60 de 240 m com locomotiva diesel-elétrica em vagão plataforma com capacidade de 82 t - bitola métrica","tkm",0.49,{"$nulls":4},{"v":0.6,"d":"0.60"}]
[5914507,"Transporte de TLS UIC60 de 240 m com locomotiva diesel-elétrica em vagão plataforma com capacidade de 98 t - bitola larga","tkm",0.37,{"$nulls":4},0.45]
[5915491,"Transporte de veículos de médio porte com guincho de resgate de 20 t - rodovia em leito natural","km",14.71,{"$nulls":4},17.92]
[5915492,"Transporte de veículos de médio porte com guincho de resgate de 20 t - rodovia em revestimento primário","km",11.77,{"$nulls":4},14.34]
[5915493,"Transporte de veículos de médio porte com guincho de resgate de 20 t - rodovia pavimentada","km",9.47,{"$nulls":4},11.54]
[5915488,"Transporte de veículos leves com guincho de resgate de 4 t - rodovia em leito natural","km",10.93,{"$nulls":4},13.31]
[5915489,"Transporte de veículos leves com guincho de resgate de 4 t - rodovia em revestimento primário","km",8.74,{"$nulls":4},10.65]
[5915490,"Transporte de veículos leves com guincho de resgate de 4 t - rodovia pavimentada","km",7.04,{"$nulls":4},8.57]
[5915494,"Transporte de veículos pesados com guincho de resgate de 35 t - rodovia em leito natural","km",25.32,{"$nulls":4},30.84]
[5915495,"Transporte de veículos pesados com guincho de resgate de 35 t - rodovia em revestimento primário","km",20.25,{"$nulls":4},24.67]
[5915496,"Transporte de veículos pesados com guincho de resgate de 35 t - rodovia pavimentada","km",16.31,{"$nulls":4},19.86]
[5915325,"Transporte em cavalo mecânico com dolly de 4 eixos com capacidade de 57 t - rodovia em leito natural","km",57.94,{"$nulls":4},70.57]
[5915326,"Transporte em cavalo mecânico com dolly de 4 eixos com capacidade de 57 t - rodovia em revestimento primário","km",46.33,{"$nulls":4},56.43]
[5915327,"Transporte em cavalo mecânico com dolly de 4 eixos com capacidade de 57 t - rodovia pavimentada","km",37.31,{"$nulls":4},45.45]
[5915328,"Transporte em cavalo mecânico com dollys de 3 e 4 eixos com capacidade de 77 t - rodovia em leito natural","km",{"v":67.9,"d":"67.90"},{"$nulls":4},82.71]
[5915329,"Transporte em cavalo mecânico com dollys de 3 e 4 eixos com capacidade de 77 t - rodovia em revestimento primário","km",{"v":54.3,"d":"54.30"},{"$nulls":4},66.14]
[5915330,"Transporte em cavalo mecânico com dollys de 3 e 4 eixos com capacidade de 77 t - rodovia pavimentada","km",43.73,{"$nulls":4},53.27]
[5915331,"Transporte em cavalo mecânico com dollys de 5 e 4 eixos com capacidade de 111 t - rodovia em leito natural","km",134.14,{"$nulls":4},163.39]
[5915332,"Transporte em cavalo mecânico com dollys de 5 e 4 eixos com capacidade de 111 t - rodovia em revestimento primário","km",107.26,{"$nulls":4},130.65]
[5915333,"Transporte em cavalo mecânico com dollys de 5 e 4 eixos com capacidade de 111 t - rodovia pavimentada","km",86.39,{"$nulls":4},105.23]
[5915364,"Transporte em cavalo mecânico com reboques de 5 e 4 eixos com capacidade de 130 t - rodovia em leito natural","km",151.03,{"$nulls":4},183.96]
[5915365,"Transporte em cavalo mecânico com reboques de 5 e 4 eixos com capacidade de 130 t - rodovia em revestimento primário","km",120.77,{"$nulls":4},{"v":147.1,"d":"147.10"}]
[5915361,"Transporte em cavalo mecânico com reboques de 5 e 4 eixos com capacidade de 130 t - rodovia pavimentada","km",97.26,{"$nulls":4},118.47]
[5919716,"Transporte fluvial de materiais diversos com pontão flutuante - capacidade de 500 t","km",160.51,{"$nulls":4},195.51]
[5919717,"Transporte fluvial do flutuante","km",137.52,{"$nulls":4},{"v":167.5,"d":"167.50"}]
[6106220,"Armação de fuste de tubulão em aço CA-50 com apoio de guindaste - fornecimento, preparo e colocação","kg",10.65,{"$nulls":4},12.97]
[6106183,"Escavação manual de base alargada de tubulão a céu aberto em material de 1ª categoria na profundidade de 10 a 15 m","m³",253.54,{"$nulls":4},308.82]
[6106182,"Escavação manual de base alargada de tubulão a céu aberto em material de 1ª categoria na profundidade de até 10 m","m³",217.32,{"$nulls":4},{"v":264.7,"d":"264.70"}]
[6106194,"Escavação manual de base alargada de tubulão a céu aberto em material de 2ª categoria na profundidade até 10 m","m³",576.12,{"$nulls":4},701.73]
[6106195,"Escavação manual de base alargada de tubulão a céu aberto em material de 2ª categoria na profundidade de 10 a 15 m","m³",638.59,{"$nulls":4},777.82]
[6106331,"Escavação manual de base alargada de tubulão a céu aberto em material de 3ª categoria a frio na profundidade até 10 m","m³",{"v":1482.96,"d":"1,482.96"},{"$nulls":4},{"v":1806.28,"d":"1,806.28"}]
[6106332,"Escavação manual de base alargada de tubulão a céu aberto em material de 3ª categoria a frio na profundidade de 10 a 15 m","m³",{"v":1578.95,"d":"1,578.95"},{"$nulls":4},{"v":1923.2,"d":"1,923.20"}]
[6106206,"Escavação manual de base alargada de tubulão a céu aberto em material de 3ª categoria na profundidade até 10 m","m³",{"v":1654.55,"d":"1,654.55"},{"$nulls":4},{"v":2015.29,"d":"2,015.29"}]
[6106207,"Escavação manual de base alargada de tubulão a céu aberto em material de 3ª categoria na profundidade de 10 a 15 m","m³",{"v":1764.54,"d":"1,764.54"},{"$nulls":4},{"v":2149.26,"d":"2,149.26"}]
[6106222,"Escavação manual de fuste de tubulão a céu aberto em material de 1ª categoria na profundidade de 10 a 15 m","m³",253.54,{"$nulls":4},308.82]
[6106221,"Escavação manual de fuste de tubulão a céu aberto em material de 1ª categoria na profundidade de até 10 m","m³",217.32,{"$nulls":4},{"v":264.7,"d":"264.70"}]
[6106224,"Escavação manual de fuste de tubulão a céu aberto em material de 2ª categoria na profundidade até 10 m","m³",576.12,{"$nulls":4},701.73]
[6106225,"Escavação manual de fuste de tubulão a céu aberto em material de 2ª categoria na profundidade de 10 a 15 m","m³",638.59,{"$nulls":4},777.82]
[6106228,"Escavação manual de fuste de tubulão a céu aberto em material de 3ª categoria na profundidade até 10 m","m³",{"v":1431.97,"d":"1,431.97"},{"$nulls":4},{"v":1744.18,"d":"1,744.18"}]
[6106229,"Escavação manual de fuste de tubulão a céu aberto em material de 3ª categoria na profundidade de 10 a 15 m","m³",{"v":1526.07,"d":"1,526.07"},{"$nulls":4},{"v":1858.79,"d":"1,858.79"}]
[6106328,"Escavação mecânica de fuste de tubulão com caçamba para rocha em material de 2ª categoria","m³",108.31,{"$nulls":4},131.93]
[6106330,"Escavação mecânica de fuste de tubulão com caçamba para rocha em material de 3ª categoria","m³",{"v":538.5,"d":"538.50"},{"$nulls":4},655.91]
[6106326,"Escavação mecânica de fuste de tubulão com caçamba para solos em material de 1ª categoria","m³",{"v":44.7,"d":"44.70"},{"$nulls":4},54.45]
[6106324,"Escavação mecânica de fuste de tubulão com Hammer Grab em material de 1ª categoria","m³",27.96,{"$nulls":4},34.06]
[6106327,"Escavação mecânica de fuste de tubulão com trado para rocha em material de 2ª categoria","m³",108.31,{"$nulls":4},131.92]
[6106329,"Escavação mecânica de fuste de tubulão com trado para rocha em material de 3ª categoria","m³",539.33,{"$nulls":4},656.92]
[6106325,"Escavação mecânica de fuste de tubulão com trado para solos em material de 1ª categoria","m³",44.82,{"$nulls":4},54.59]
[6208126,"Armação de tela de aço eletrossoldada em túneis com auxílio de plataforma pantográfica - confecção e instalação","kg",19.27,{"$nulls":4},23.47]
[6205797,"Cambotas metálicas treliçadas - confecção e instalação","kg",11.49,{"$nulls":4},{"v":14,"d":"14.00"}]
[6205791,"Coluna de jet grouting horizontal CCPH em solo - D = 40 cm - perfuração e injeção","m",268.86,{"$nulls":4},327.48]
[6205792,"Coluna de jet grouting horizontal CCPH em solo - D = 50 cm - perfuração e injeção","m",{"v":323.9,"d":"323.90"},{"$nulls":4},394.52]
[6205793,"Coluna de jet grouting horizontal CCPH em solo - D = 60 cm - perfuração e injeção","m",{"v":382.3,"d":"382.30"},{"$nulls":4},465.65]
[6205796,"Coluna de jet grouting vertical em solo - D = 100 cm - perfuração e injeção","m",687.32,{"$nulls":4},837.18]
[6219451,"Coluna de jet grouting vertical em solo - D = 110 cm - perfuração e injeção","m",742.53,{"$nulls":4},904.42]
[6219452,"Coluna de jet grouting vertical em solo - D = 120 cm - perfuração e injeção","m",{"v":801.1,"d":"801.10"},{"$nulls":4},975.76]
[6205794,"Coluna de jet grouting vertical em solo - D = 80 cm - perfuração e injeção","m",587.01,{"$nulls":4},714.99]
[6205795,"Coluna de jet grouting vertical em solo - D = 90 cm - perfuração e injeção","m",635.48,{"$nulls":4},774.03]
[6219521,"Desmonte a frio e carga de rocha em túnel com cunha hidráulica - DMT de 0 a 200 m","m³",130.84,{"$nulls":4},159.37]
[6219527,"Drenagem de túnel com manta drenante de malha de polietileno e geotêxtil em face revestida com argamassa polimérica com espessura de 25 mm","m²",332.24,{"$nulls":4},404.68]
[6219526,"Dreno filtrante em tubos de PVC D = 40 mm aplicado em paredes e tetos de túnel - fornecimento e instalação","m",46.95,{"$nulls":4},57.19]
[6219525,"Dreno não filtrante em tubos de PVC D = 40 mm aplicado em paredes e tetos de túnel - fornecimento e instalação","m",43.69,{"$nulls":4},53.21]
[6219508,"Enfilagem tubular sistema autoperfurante - D = 76 mm","m",292.84,{"$nulls":4},356.69]
[6219511,"Enfilagem tubular sistema convencional schedule 40 - D = 65 mm","m",228.44,{"$nulls":4},278.25]
[6219500,"Escavação subterrânea e carregamento do material da calota em túnel classe I - DMT de 0 a 200 m - seção acima de 90 m²","m³",112.22,{"$nulls":4},136.69]
[6219418,"Escavação subterrânea e carregamento do material da calota em túnel classe I - DMT de 0 a 200 m - seção de 20 a 40 m²","m³",246.35,{"$nulls":4},300.06]
[6219412,"Escavação subterrânea e carregamento do material da calota em túnel classe I - DMT de 0 a 200 m - seção de 40 a 60 m²","m³",172.05,{"$nulls":4},209.56]
[6219406,"Escavação subterrânea e carregamento do material da calota em túnel classe I - DMT de 0 a 200 m - seção de 60 a 90 m²","m³",{"v":120.7,"d":"120.70"},{"$nulls":4},147.01]
[6219501,"Escavação subterrânea e carregamento do material da calota em túnel classe II - DMT de 0 a 200 m - seção acima de 90 m²","m³",121.71,{"$nulls":4},148.24]
[6219419,"Escavação subterrânea e carregamento do material da calota em túnel classe II - DMT de 0 a 200 m - seção de 20 a 40 m²","m³",271.66,{"$nulls":4},330.89]
[6219413,"Escavação subterrânea e carregamento do material da calota em túnel classe II - DMT de 0 a 200 m - seção de 40 a 60 m²","m³",188.21,{"$nulls":4},229.25]
[6219407,"Escavação subterrânea e carregamento do material da calota em túnel classe II - DMT de 0 a 200 m - seção de 60 a 90 m²","m³",131.06,{"$nulls":4},159.64]
[6219502,"Escavação subterrânea e carregamento do material da calota em túnel classe III - DMT de 0 a 200 m - seção acima de 90 m²","m³",132.01,{"$nulls":4},160.79]
[6219420,"Escavação subterrânea e carregamento do material da calota em túnel classe III - DMT de 0 a 200 m - seção de 20 a 40 m²","m³",304.85,{"$nulls":4},371.31]
[6219414,"Escavação subterrânea e carregamento do material da calota em túnel classe III - DMT de 0 a 200 m - seção de 40 a 60 m²","m³",207.57,{"$nulls":4},252.82]
[6219408,"Escavação subterrânea e carregamento do material da calota em túnel classe III - DMT de 0 a 200 m - seção de 60 a 90 m²","m³",142.12,{"$nulls":4},173.11]
[6219503,"Escavação subterrânea e carregamento do material da calota em túnel classe IV - DMT de 0 a 200 m - seção acima de 90 m²","m³",{"v":153.3,"d":"153.30"},{"$nulls":4},186.72]
[6219421,"Escavação subterrânea e carregamento do material da calota em túnel classe IV - DMT de 0 a 200 m - seção de 20 a 40 m²","m³",363.46,{"$nulls":4},442.71]
[6219415,"Escavação subterrânea e carregamento do material da calota em túnel classe IV - DMT de 0 a 200 m - seção de 40 a 60 m²","m³",243.39,{"$nulls":4},296.46]
[6219409,"Escavação subterrânea e carregamento do material da calota em túnel classe IV - DMT de 0 a 200 m - seção de 60 a 90 m²","m³",166.24,{"$nulls":4},202.49]
[6219518,"Escavação subterrânea e carregamento do material do rebaixo em túnel classe I a IV - DMT de 0 a 200 m","m³",41.62,{"$nulls":4},50.69]
[6219504,"Escavação subterrânea e carregamento em túnel classe V - DMT de 0 a 200 m - seção acima de 90 m²","m³",98.22,{"$nulls":4},119.63]
[6219422,"Escavação subterrânea e carregamento em túnel classe V - DMT de 0 a 200 m - seção de 20 a 40 m²","m³",219.67,{"$nulls":4},267.57]
[6219416,"Escavação subterrânea e carregamento em túnel classe V - DMT de 0 a 200 m - seção de 40 a 60 m²","m³",168.57,{"$nulls":4},205.32]
[6219410,"Escavação subterrânea e carregamento em túnel classe V - DMT de 0 a 200 m - seção de 60 a 90 m²","m³",117.32,{"$nulls":4},{"v":142.9,"d":"142.90"}]
[6219505,"Escavação subterrânea e carregamento em túnel classe VI - DMT de 0 a 200 m - seção acima de 90 m²","m³",84.51,{"$nulls":4},102.93]
[6219423,"Escavação subterrânea e carregamento em túnel classe VI - DMT de 0 a 200 m - seção de 20 a 40 m²","m³",{"v":199,"d":"199.00"},{"$nulls":4},242.39]
[6219417,"Escavação subterrânea e carregamento em túnel classe VI - DMT de 0 a 200 m - seção de 40 a 60 m²","m³",{"v":150.7,"d":"150.70"},{"$nulls":4},183.56]
[6219411,"Escavação subterrânea e carregamento em túnel classe VI - DMT de 0 a 200 m - seção de 60 a 90 m²","m³",102.38,{"$nulls":4},{"v":124.7,"d":"124.70"}]
[6219520,"Pré-fissuramento em túnel","m²",45.84,{"$nulls":4},55.83]
[6219433,"Pregagem da frente com vergalhão de fibra de vidro D = 25 mm com perfuração em D = 75 mm e injeção de calda de cimento","m",92.81,{"$nulls":4},113.04]
[6205801,"Pregagem da frente em tubo de PVC D = 50 mm com perfuração em D = 100 mm e injeção de argamassa de cimento e areia 1:1","m",59.44,{"$nulls":4},{"v":72.4,"d":"72.40"}]
[6219524,"Prego guia para controle de espessura de concreto projetado D = 16 mm em túnel - fornecimento e instalação","un",9.27,{"$nulls":4},11.29]
[6416036,"Usinagem de agregados para microrrevestimento a frio - faixa II - brita comercial","m³",128.49,{"$nulls":4},{"v":156.5,"d":"156.50"}]
[6416038,"Usinagem de agregados para microrrevestimento a frio - faixa II - brita produzida","m³",55.01,{"$nulls":4},{"v":67,"d":"67.00"}]
[6416037,"Usinagem de agregados para microrrevestimento a frio - faixa III - brita comercial","m³",{"v":136.2,"d":"136.20"},{"$nulls":4},{"v":165.9,"d":"165.90"}]
[6416035,"Usinagem de agregados para microrrevestimento a frio - faixa III - brita produzida","m³",{"v":62,"d":"62.00"},{"$nulls":4},75.52]
[6416076,"Usinagem de areia-asfalto a quente - faixa A - areia comercial","t",123.67,{"$nulls":4},150.63]
[6416075,"Usinagem de areia-asfalto a quente - faixa A - areia extraída","t",83.31,{"$nulls":4},101.47]
[6416226,"Usinagem de areia-asfalto a quente - faixa B - areia comercial","t",115.32,{"$nulls":4},140.46]
[6416225,"Usinagem de areia-asfalto a quente - faixa B - areia extraída","t",74.08,{"$nulls":4},90.23]
[6416084,"Usinagem de areia-asfalto a quente com asfalto polímero - faixa A - areia comercial","t",117.07,{"$nulls":4},{"v":142.6,"d":"142.60"}]
[6416083,"Usinagem de areia-asfalto a quente com asfalto polímero - faixa A - areia extraída","t",74.67,{"$nulls":4},90.95]
[6416234,"Usinagem de areia-asfalto a quente com asfalto polímero - faixa B - areia comercial","t",121.85,{"$nulls":4},148.42]
[6416233,"Usinagem de areia-asfalto a quente com asfalto polímero - faixa B - areia extraída","t",80.21,{"$nulls":4},{"v":97.7,"d":"97.70"}]
[6416236,"Usinagem de areia-asfalto a quente com asfalto polímero - faixa C - areia comercial","t",124.98,{"$nulls":4},152.23]
[6416235,"Usinagem de areia-asfalto a quente com asfalto polímero - faixa C - areia extraída","t",83.87,{"$nulls":4},102.16]
[6416040,"Usinagem de brita graduada com brita comercial em usina de 300 t/h","m³",194.58,{"$nulls":4},{"v":237,"d":"237.00"}]
[6416039,"Usinagem de brita graduada com brita produzida em usina de 300 t/h","m³",76.47,{"$nulls":4},93.14]
[6416042,"Usinagem de brita graduada tratada com cimento e brita comercial em usina de 300 t/h","m³",232.19,{"$nulls":4},282.81]
[6416041,"Usinagem de brita graduada tratada com cimento e brita produzida em usina de 300 t/h","m³",115.79,{"$nulls":4},141.03]
[6416080,"Usinagem de concreto asfáltico - faixa A - areia e brita comerciais","t",140.01,{"$nulls":4},170.53]
[6416079,"Usinagem de concreto asfáltico - faixa A - areia extraída e brita produzida","t",92.17,{"$nulls":4},112.26]
[6416143,"Usinagem de concreto asfáltico - faixa B - areia e brita comerciais","t",141.67,{"$nulls":4},172.56]
[6416262,"Usinagem de concreto asfáltico - faixa B - areia extraída e brita produzida","t",94.34,{"$nulls":4},114.91]
[6416078,"Usinagem de concreto asfáltico - faixa C - areia e brita comerciais","t",138.95,{"$nulls":4},169.25]
[6416077,"Usinagem de concreto asfáltico - faixa C - areia extraída e brita produzida","t",92.92,{"$nulls":4},113.18]
[6416088,"Usinagem de concreto asfáltico com asfalto polímero - faixa A - areia e brita comerciais","t",141.66,{"$nulls":4},172.55]
[6416087,"Usinagem de concreto asfáltico com asfalto polímero - faixa A - areia extraída e brita produzida","t",92.35,{"$nulls":4},112.48]
[6416246,"Usinagem de concreto asfáltico com asfalto polímero - faixa B - areia e brita comerciais","t",142.09,{"$nulls":4},173.07]
[6416245,"Usinagem de concreto asfáltico com asfalto polímero - faixa B - areia extraída e brita produzida","t",94.54,{"$nulls":4},115.15]
[6416248,"Usinagem de concreto asfáltico com asfalto polímero - faixa C - areia e brita comerciais","t",141.13,{"$nulls":4},{"v":171.9,"d":"171.90"}]
[6416247,"Usinagem de concreto asfáltico com asfalto polímero - faixa C - areia extraída e brita produzida","t",{"v":96.7,"d":"96.70"},{"$nulls":4},117.78]
[6416214,"Usinagem de concreto asfáltico com borracha (Gap Graded) - brita comercial","t",179.16,{"$nulls":4},218.22]
[6416218,"Usinagem de concreto asfáltico com borracha (Gap Graded) - brita produzida","t",129.64,{"$nulls":4},{"v":157.9,"d":"157.90"}]
[6416211,"Usinagem de concreto asfáltico com borracha - faixa A - brita comercial","t",177.56,{"$nulls":4},216.27]
[6416215,"Usinagem de concreto asfáltico com borracha - faixa A - brita produzida","t",130.08,{"$nulls":4},158.44]
[6416212,"Usinagem de concreto asfáltico com borracha - faixa B - brita comercial","t",180.32,{"$nulls":4},219.64]
[6416216,"Usinagem de concreto asfáltico com borracha - faixa B - brita produzida","t",{"v":133.4,"d":"133.40"},{"$nulls":4},162.48]
[6416213,"Usinagem de concreto asfáltico com borracha - faixa C - brita comercial","t",180.74,{"$nulls":4},220.15]
[6416217,"Usinagem de concreto asfáltico com borracha - faixa C - brita produzida","t",135.05,{"$nulls":4},164.49]
[6416289,"Usinagem de concreto asfáltico reciclado a frio com espuma de asfalto, agregado comercial e cimento","m³",103.83,{"$nulls":4},126.47]
[6416098,"Usinagem de concreto asfáltico reciclado em usina fixa com adição de material fresado e brita comercial","t",128.54,{"$nulls":4},156.56]
[6416097,"Usinagem de concreto asfáltico reciclado em usina fixa com adição de material fresado e brita produzida","t",96.62,{"$nulls":4},117.68]
[6416258,"Usinagem de micro pré-misturado a quente com asfalto polímero - brita comercial","t",139.82,{"$nulls":4},{"v":170.3,"d":"170.30"}]
[6416259,"Usinagem de micro pré-misturado a quente com asfalto polímero - brita produzida","t",94.42,{"$nulls":4},{"v":115,"d":"115.00"}]
[6416074,"Usinagem de pré-misturado a frio - faixa A - areia e brita comerciais","m³",213.49,{"$nulls":4},260.04]
[6416073,"Usinagem de pré-misturado a frio - faixa A - areia extraída e brita produzida","m³",95.62,{"$nulls":4},116.47]
[6416220,"Usinagem de pré-misturado a frio - faixa B - areia e brita comerciais","m³",214.08,{"$nulls":4},260.75]
[6416219,"Usinagem de pré-misturado a frio - faixa B - areia extraída e brita produzida","m³",93.13,{"$nulls":4},113.43]
[6416222,"Usinagem de pré-misturado a frio - faixa C - areia e brita comerciais","m³",220.34,{"$nulls":4},268.38]
[6416221,"Usinagem de pré-misturado a frio - faixa C - areia extraída e brita produzida","m³",104.95,{"$nulls":4},127.83]
[6416224,"Usinagem de pré-misturado a frio - faixa D - areia e brita comerciais","m³",221.35,{"$nulls":4},269.61]
[6416223,"Usinagem de pré-misturado a frio - faixa D - areia extraída e brita produzida","m³",102.45,{"$nulls":4},124.79]
[6416082,"Usinagem de pré-misturado a frio com asfalto polímero - faixa A - areia e brita comerciais","m³",213.49,{"$nulls":4},260.04]
[6416081,"Usinagem de pré-misturado a frio com asfalto polímero - faixa A - areia extraída e brita produzida","m³",95.62,{"$nulls":4},116.47]
[6416228,"Usinagem de pré-misturado a frio com asfalto polímero - faixa B - areia e brita comerciais","m³",214.08,{"$nulls":4},260.75]
[6416227,"Usinagem de pré-misturado a frio com asfalto polímero - faixa B - areia extraída e brita produzida","m³",93.13,{"$nulls":4},113.43]
[6416230,"Usinagem de pré-misturado a frio com asfalto polímero - faixa C - areia e brita comerciais","m³",219.36,{"$nulls":4},267.19]
[6416229,"Usinagem de pré-misturado a frio com asfalto polímero - faixa C - areia extraída e brita produzida","m³",104.52,{"$nulls":4},127.31]
[6416232,"Usinagem de pré-misturado a frio com asfalto polímero - faixa D - areia e brita comerciais","m³",220.37,{"$nulls":4},268.42]
[6416231,"Usinagem de pré-misturado a frio com asfalto polímero - faixa D - areia extraída e brita produzida","m³",102.03,{"$nulls":4},124.28]
[6416086,"Usinagem de pré-misturado a quente com asfalto polímero - faixa I - camada porosa de atrito - areia e brita comerciais","t",143.74,{"$nulls":4},175.08]
[6416085,"Usinagem de pré-misturado a quente com asfalto polímero - faixa I - camada porosa de atrito - areia extraída e brita produzida","t",92.09,{"$nulls":4},112.17]
[6416238,"Usinagem de pré-misturado a quente com asfalto polímero - faixa II - camada porosa de atrito - areia e brita comerciais","t",137.16,{"$nulls":4},167.07]
[6416237,"Usinagem de pré-misturado a quente com asfalto polímero - faixa II - camada porosa de atrito - areia extraída e brita produzida","t",{"v":84.5,"d":"84.50"},{"$nulls":4},102.92]
[6416240,"Usinagem de pré-misturado a quente com asfalto polímero - faixa III - camada porosa de atrito - areia e brita comerciais","t",140.42,{"$nulls":4},171.04]
[6416239,"Usinagem de pré-misturado a quente com asfalto polímero - faixa III - camada porosa de atrito - areia extraída e brita produzida","t",90.72,{"$nulls":4},{"v":110.5,"d":"110.50"}]
[6416242,"Usinagem de pré-misturado a quente com asfalto polímero - faixa IV - camada porosa de atrito - areia e brita comerciais","t",148.21,{"$nulls":4},180.52]
[6416241,"Usinagem de pré-misturado a quente com asfalto polímero - faixa IV - camada porosa de atrito - areia extraída e brita produzida","t",95.61,{"$nulls":4},116.46]
[6416244,"Usinagem de pré-misturado a quente com asfalto polímero - faixa V - camada porosa de atrito - areia e brita comerciais","t",146.93,{"$nulls":4},178.96]
[6416243,"Usinagem de pré-misturado a quente com asfalto polímero - faixa V - camada porosa de atrito - areia extraída e brita produzida","t",95.29,{"$nulls":4},116.06]
[6416250,"Usinagem de solo areia (70% - 30%) - material de jazida e areia comercial","m³",42.73,{"$nulls":4},52.05]
[6416153,"Usinagem de solo areia (70% - 30%) - material de jazida e areia extraída","m³",13.77,{"$nulls":4},16.77]
[6416185,"Usinagem de solo brita (70% - 30%) com 3% cimento - material de jazida e brita comercial","m³",92.96,{"$nulls":4},113.23]
[6416184,"Usinagem de solo brita (70% - 30%) com 3% cimento - material de jazida e brita produzida","m³",60.34,{"$nulls":4},73.49]
[6416030,"Usinagem de solo brita (70% - 30%) com material de jazida e brita comercial em usina de 300 t/h","m³",61.53,{"$nulls":4},74.94]
[6416029,"Usinagem de solo brita (70% - 30%) com material de jazida e brita produzida em usina de 300 t/h","m³",27.89,{"$nulls":4},33.97]
[6416056,"Usinagem de solo cimento com 7% de cimento com material de jazida em usina de 300 t/h","m³",78.45,{"$nulls":4},95.56]
[6416278,"Usinagem de solo escória de aciaria (50% - 50%) com material de jazida em usina de 300 t/h","m³",19.91,{"$nulls":4},24.25]
[6416047,"Usinagem de solo melhorado com 3% de cimento com material de jazida em usina de 300 t/h","m³",39.18,{"$nulls":4},47.72]
[6416090,"Usinagem para pavimento de concreto com fôrmas deslizantes - areia e brita comerciais","m³",320.85,{"$nulls":4},{"v":390.8,"d":"390.80"}]
[6416089,"Usinagem para pavimento de concreto com fôrmas deslizantes - areia extraída e brita produzida","m³",225.65,{"$nulls":4},274.85]
[6416094,"Usinagem para pavimento de concreto compactado com rolo - brita comercial","m³",289.53,{"$nulls":4},352.65]
[6416093,"Usinagem para pavimento de concreto compactado com rolo - brita produzida","m³",175.02,{"$nulls":4},213.18]
[6416092,"Usinagem para sub-base de concreto compactado com rolo - brita comercial","m³",250.08,{"$nulls":4},{"v":304.6,"d":"304.60"}]
[6416091,"Usinagem para sub-base de concreto compactado com rolo - brita produzida","m³",130.36,{"$nulls":4},158.78]
[6817809,"Confecção de BSCC - seção canal de 1,5 x 1,5 m - areia e brita comerciais","m",938.76,{"$nulls":4},{"v":1143.43,"d":"1,143.43"}]
[6817810,"Confecção de BSCC - seção canal de 1,5 x 1,5 m - areia extraída e brita produzida","m",850.42,{"$nulls":4},{"v":1035.84,"d":"1,035.84"}]
[6817811,"Confecção de BSCC - seção canal de 2,0 x 1,5 m - areia e brita comerciais","m",{"v":1002.88,"d":"1,002.88"},{"$nulls":4},{"v":1221.54,"d":"1,221.54"}]
[6817812,"Confecção de BSCC - seção canal de 2,0 x 1,5 m - areia extraída e brita produzida","m",905.25,{"$nulls":4},{"v":1102.62,"d":"1,102.62"}]
[6817813,"Confecção de BSCC - seção canal de 2,0 x 2,0 m - tipo I - areia e brita comerciais","m",{"v":1558.23,"d":"1,558.23"},{"$nulls":4},{"v":1897.96,"d":"1,897.96"}]
[6817814,"Confecção de BSCC - seção canal de 2,0 x 2,0 m - tipo I - areia extraída e brita produzida","m",{"v":1404.81,"d":"1,404.81"},{"$nulls":4},{"v":1711.1,"d":"1,711.10"}]
[6817815,"Confecção de BSCC - seção canal de 2,0 x 2,0 m - tipo II - areia e brita comerciais","m",{"v":1312.87,"d":"1,312.87"},{"$nulls":4},{"v":1599.11,"d":"1,599.11"}]
[6817816,"Confecção de BSCC - seção canal de 2,0 x 2,0 m - tipo II - areia extraída e brita produzida","m",{"v":1159.46,"d":"1,159.46"},{"$nulls":4},{"v":1412.25,"d":"1,412.25"}]
[6817817,"Confecção de BSCC - seção canal de 2,5 x 1,5 m - areia e brita comerciais","m",{"v":1077.29,"d":"1,077.29"},{"$nulls":4},{"v":1312.17,"d":"1,312.17"}]
[6817818,"Confecção de BSCC - seção canal de 2,5 x 1,5 m - areia extraída e brita produzida","m",971.53,{"$nulls":4},{"v":1183.35,"d":"1,183.35"}]
[6817819,"Confecção de BSCC - seção canal de 2,5 x 2,0 m - tipo I - areia e brita comerciais","m",{"v":1636.26,"d":"1,636.26"},{"$nulls":4},{"v":1993.01,"d":"1,993.01"}]
[6817820,"Confecção de BSCC - seção canal de 2,5 x 2,0 m - tipo I - areia extraída e brita produzida","m",{"v":1471.22,"d":"1,471.22"},{"$nulls":4},{"v":1791.99,"d":"1,791.99"}]
[6817821,"Confecção de BSCC - seção canal de 2,5 x 2,0 m - tipo II - areia e brita comerciais","m",{"v":1399.01,"d":"1,399.01"},{"$nulls":4},{"v":1704.03,"d":"1,704.03"}]
[6817822,"Confecção de BSCC - seção canal de 2,5 x 2,0 m - tipo II - areia extraída e brita produzida","m",{"v":1233.98,"d":"1,233.98"},{"$nulls":4},{"v":1503.02,"d":"1,503.02"}]
[6817823,"Confecção de BSCC - seção canal de 3,0 x 1,5 m - areia e brita comerciais","m",{"v":1155.43,"d":"1,155.43"},{"$nulls":4},{"v":1407.34,"d":"1,407.34"}]
[6817824,"Confecção de BSCC - seção canal de 3,0 x 1,5 m - areia extraída e brita produzida","m",{"v":1040.36,"d":"1,040.36"},{"$nulls":4},{"v":1267.19,"d":"1,267.19"}]
[6817825,"Confecção de BSCC - seção canal de 3,0 x 2,0 m - tipo I - areia e brita comerciais","m",{"v":1660.55,"d":"1,660.55"},{"$nulls":4},{"v":2022.59,"d":"2,022.59"}]
[6817826,"Confecção de BSCC - seção canal de 3,0 x 2,0 m - tipo I - areia extraída e brita produzida","m",{"v":1483.88,"d":"1,483.88"},{"$nulls":4},{"v":1807.41,"d":"1,807.41"}]
[6817827,"Confecção de BSCC - seção canal de 3,0 x 2,0 m - tipo II - areia e brita comerciais","m",{"v":1485.14,"d":"1,485.14"},{"$nulls":4},{"v":1808.94,"d":"1,808.94"}]
[6817828,"Confecção de BSCC - seção canal de 3,0 x 2,0 m - tipo II - areia extraída e brita produzida","m",{"v":1308.49,"d":"1,308.49"},{"$nulls":4},{"v":1593.77,"d":"1,593.77"}]
[6817753,"Confecção de BSCC - seção fechada de 1,5 x 1,5 m - altura do aterro de 0,25 a 1,00 m - areia e brita comerciais","m",{"v":1278.11,"d":"1,278.11"},{"$nulls":4},{"v":1556.77,"d":"1,556.77"}]
[6817754,"Confecção de BSCC - seção fechada de 1,5 x 1,5 m - altura do aterro de 0,25 a 1,00 m - areia extraída e brita produzida","m",{"v":1153.75,"d":"1,153.75"},{"$nulls":4},{"v":1405.3,"d":"1,405.30"}]
[6817755,"Confecção de BSCC - seção fechada de 1,5 x 1,5 m - altura do aterro de 1,00 a 2,50 m - areia e brita comerciais","m",{"v":1223.9,"d":"1,223.90"},{"$nulls":4},{"v":1490.74,"d":"1,490.74"}]
[6817756,"Confecção de BSCC - seção fechada de 1,5 x 1,5 m - altura do aterro de 1,00 a 2,50 m - areia extraída e brita produzida","m",{"v":1099.54,"d":"1,099.54"},{"$nulls":4},{"v":1339.27,"d":"1,339.27"}]
[6817763,"Confecção de BSCC - seção fechada de 1,5 x 1,5 m - altura do aterro de 10,00 a 12,50 m - areia e brita comerciais","m",{"v":1527.33,"d":"1,527.33"},{"$nulls":4},{"v":1860.33,"d":"1,860.33"}]
[6817764,"Confecção de BSCC - seção fechada de 1,5 x 1,5 m - altura do aterro de 10,00 a 12,50 m - areia extraída e brita produzida","m",{"v":1362.22,"d":"1,362.22"},{"$nulls":4},{"v":1659.22,"d":"1,659.22"}]
[6817765,"Confecção de BSCC - seção fechada de 1,5 x 1,5 m - altura do aterro de 12,50 a 15,00 m - areia e brita comerciais","m",{"v":1766.44,"d":"1,766.44"},{"$nulls":4},{"v":2151.57,"d":"2,151.57"}]
[6817766,"Confecção de BSCC - seção fechada de 1,5 x 1,5 m - altura do aterro de 12,50 a 15,00 m - areia extraída e brita produzida","m",{"v":1613.02,"d":"1,613.02"},{"$nulls":4},{"v":1964.7,"d":"1,964.70"}]
[6817757,"Confecção de BSCC - seção fechada de 1,5 x 1,5 m - altura do aterro de 2,50 a 5,00 m - areia e brita comerciais","m",{"v":1223.9,"d":"1,223.90"},{"$nulls":4},{"v":1490.74,"d":"1,490.74"}]
[6817758,"Confecção de BSCC - seção fechada de 1,5 x 1,5 m - altura do aterro de 2,50 a 5,00 m - areia extraída e brita produzida","m",{"v":1099.54,"d":"1,099.54"},{"$nulls":4},{"v":1339.27,"d":"1,339.27"}]
[6817759,"Confecção de BSCC - seção fechada de 1,5 x 1,5 m - altura do aterro de 5,00 a 7,50 m - areia e brita comerciais","m",{"v":1329.68,"d":"1,329.68"},{"$nulls":4},{"v":1619.59,"d":"1,619.59"}]
[6817760,"Confecção de BSCC - seção fechada de 1,5 x 1,5 m - altura do aterro de 5,00 a 7,50 m - areia extraída e brita produzida","m",{"v":1206.99,"d":"1,206.99"},{"$nulls":4},{"v":1470.15,"d":"1,470.15"}]
[6817761,"Confecção de BSCC - seção fechada de 1,5 x 1,5 m - altura do aterro de 7,50 a 10,00 m - areia e brita comerciais","m",{"v":1617.29,"d":"1,617.29"},{"$nulls":4},{"v":1969.9,"d":"1,969.90"}]
[6817762,"Confecção de BSCC - seção fechada de 1,5 x 1,5 m - altura do aterro de 7,50 a 10,00 m - areia extraída e brita produzida","m",{"v":1452.18,"d":"1,452.18"},{"$nulls":4},{"v":1768.79,"d":"1,768.79"}]
[6817767,"Confecção de BSCC - seção fechada de 2,0 x 2,0 m - altura do aterro de 0,25 a 1,00 m - areia e brita comerciais","m",{"v":1859.25,"d":"1,859.25"},{"$nulls":4},{"v":2264.62,"d":"2,264.62"}]
[6817768,"Confecção de BSCC - seção fechada de 2,0 x 2,0 m - altura do aterro de 0,25 a 1,00 m - areia extraída e brita produzida","m",{"v":1700.03,"d":"1,700.03"},{"$nulls":4},{"v":2070.68,"d":"2,070.68"}]
[6817769,"Confecção de BSCC - seção fechada de 2,0 x 2,0 m - altura do aterro de 1,00 a 2,50 m - areia e brita comerciais","m",{"v":1568.04,"d":"1,568.04"},{"$nulls":4},{"v":1909.91,"d":"1,909.91"}]
[6817770,"Confecção de BSCC - seção fechada de 2,0 x 2,0 m - altura do aterro de 1,00 a 2,50 m - areia extraída e brita produzida","m",{"v":1408.81,"d":"1,408.81"},{"$nulls":4},{"v":1715.97,"d":"1,715.97"}]
[6817777,"Confecção de BSCC - seção fechada de 2,0 x 2,0 m - altura do aterro de 10,00 a 12,50 m - areia e brita comerciais","m",{"v":2539.87,"d":"2,539.87"},{"$nulls":4},{"v":3093.63,"d":"3,093.63"}]
[6817778,"Confecção de BSCC - seção fechada de 2,0 x 2,0 m - altura do aterro de 10,00 a 12,50 m - areia extraída e brita produzida","m",{"v":2348.62,"d":"2,348.62"},{"$nulls":4},{"v":2860.68,"d":"2,860.68"}]
[6817779,"Confecção de BSCC - seção fechada de 2,0 x 2,0 m - altura do aterro de 12,50 a 15,00 m - areia e brita comerciais","m",{"v":2984.69,"d":"2,984.69"},{"$nulls":4},{"v":3635.43,"d":"3,635.43"}]
[6817780,"Confecção de BSCC - seção fechada de 2,0 x 2,0 m - altura do aterro de 12,50 a 15,00 m - areia extraída e brita produzida","m",{"v":2742.51,"d":"2,742.51"},{"$nulls":4},{"v":3340.45,"d":"3,340.45"}]
[6817771,"Confecção de BSCC - seção fechada de 2,0 x 2,0 m - altura do aterro de 2,50 a 5,00 m - areia e brita comerciais","m",{"v":1794.12,"d":"1,794.12"},{"$nulls":4},{"v":2185.29,"d":"2,185.29"}]
[6817772,"Confecção de BSCC - seção fechada de 2,0 x 2,0 m - altura do aterro de 2,50 a 5,00 m - areia extraída e brita produzida","m",{"v":1637.03,"d":"1,637.03"},{"$nulls":4},{"v":1993.95,"d":"1,993.95"}]
[6817773,"Confecção de BSCC - seção fechada de 2,0 x 2,0 m - altura do aterro de 5,00 a 7,50 m - areia e brita comerciais","m",{"v":2140.2,"d":"2,140.20"},{"$nulls":4},{"v":2606.82,"d":"2,606.82"}]
[6817774,"Confecção de BSCC - seção fechada de 2,0 x 2,0 m - altura do aterro de 5,00 a 7,50 m - areia extraída e brita produzida","m",{"v":1929.22,"d":"1,929.22"},{"$nulls":4},{"v":2349.84,"d":"2,349.84"}]
[6817775,"Confecção de BSCC - seção fechada de 2,0 x 2,0 m - altura do aterro de 7,50 a 10,00 m - areia e brita comerciais","m",{"v":2338.29,"d":"2,338.29"},{"$nulls":4},{"v":2848.1,"d":"2,848.10"}]
[6817776,"Confecção de BSCC - seção fechada de 2,0 x 2,0 m - altura do aterro de 7,50 a 10,00 m - areia extraída e brita produzida","m",{"v":2142.25,"d":"2,142.25"},{"$nulls":4},{"v":2609.32,"d":"2,609.32"}]
[6817781,"Confecção de BSCC - seção fechada de 2,5 x 2,5 m - altura do aterro de 0,25 a 1,00 m - areia e brita comerciais","m",{"v":2538.98,"d":"2,538.98"},{"$nulls":4},{"v":3092.54,"d":"3,092.54"}]
[6817782,"Confecção de BSCC - seção fechada de 2,5 x 2,5 m - altura do aterro de 0,25 a 1,00 m - areia extraída e brita produzida","m",{"v":2344.88,"d":"2,344.88"},{"$nulls":4},{"v":2856.13,"d":"2,856.13"}]
[6817783,"Confecção de BSCC - seção fechada de 2,5 x 2,5 m - altura do aterro de 1,00 a 2,50 m - areia e brita comerciais","m",{"v":2071.5,"d":"2,071.50"},{"$nulls":4},{"v":2523.14,"d":"2,523.14"}]
[6817784,"Confecção de BSCC - seção fechada de 2,5 x 2,5 m - altura do aterro de 1,00 a 2,50 m - areia extraída e brita produzida","m",{"v":1877.41,"d":"1,877.41"},{"$nulls":4},{"v":2286.73,"d":"2,286.73"}]
[6817791,"Confecção de BSCC - seção fechada de 2,5 x 2,5 m - altura do aterro de 10,00 a 12,50 m - areia e brita comerciais","m",{"v":3699.47,"d":"3,699.47"},{"$nulls":4},{"v":4506.05,"d":"4,506.05"}]
[6817792,"Confecção de BSCC - seção fechada de 2,5 x 2,5 m - altura do aterro de 10,00 a 12,50 m - areia extraída e brita produzida","m",{"v":3405.32,"d":"3,405.32"},{"$nulls":4},{"v":4147.77,"d":"4,147.77"}]
[6817793,"Confecção de BSCC - seção fechada de 2,5 x 2,5 m - altura do aterro de 12,50 a 15,00 m - areia e brita comerciais","m",{"v":4209,"d":"4,209.00"},{"$nulls":4},{"v":5126.68,"d":"5,126.68"}]
[6817794,"Confecção de BSCC - seção fechada de 2,5 x 2,5 m - altura do aterro de 12,50 a 15,00 m - areia extraída e brita produzida","m",{"v":3914.86,"d":"3,914.86"},{"$nulls":4},{"v":4768.4,"d":"4,768.40"}]
[6817785,"Confecção de BSCC - seção fechada de 2,5 x 2,5 m - altura do aterro de 2,50 a 5,00 m - areia e brita comerciais","m",{"v":2619.69,"d":"2,619.69"},{"$nulls":4},{"v":3190.85,"d":"3,190.85"}]
[6817786,"Confecção de BSCC - seção fechada de 2,5 x 2,5 m - altura do aterro de 2,50 a 5,00 m - areia extraída e brita produzida","m",{"v":2362.85,"d":"2,362.85"},{"$nulls":4},{"v":2878.01,"d":"2,878.01"}]
[6817787,"Confecção de BSCC - seção fechada de 2,5 x 2,5 m - altura do aterro de 5,00 a 7,50 m - areia e brita comerciais","m",{"v":3024.5,"d":"3,024.50"},{"$nulls":4},{"v":3683.92,"d":"3,683.92"}]
[6817788,"Confecção de BSCC - seção fechada de 2,5 x 2,5 m - altura do aterro de 5,00 a 7,50 m - areia extraída e brita produzida","m",{"v":2785.85,"d":"2,785.85"},{"$nulls":4},{"v":3393.24,"d":"3,393.24"}]
[6817789,"Confecção de BSCC - seção fechada de 2,5 x 2,5 m - altura do aterro de 7,50 a 10,00 m - areia e brita comerciais","m",{"v":3378.42,"d":"3,378.42"},{"$nulls":4},{"v":4115.01,"d":"4,115.01"}]
[6817790,"Confecção de BSCC - seção fechada de 2,5 x 2,5 m - altura do aterro de 7,50 a 10,00 m - areia extraída e brita produzida","m",{"v":3145.6,"d":"3,145.60"},{"$nulls":4},{"v":3831.42,"d":"3,831.42"}]
[6817795,"Confecção de BSCC - seção fechada de 3,0 x 3,0 m - altura do aterro de 0,25 a 1,00 m - areia e brita comerciais","m",{"v":3263.03,"d":"3,263.03"},{"$nulls":4},{"v":3974.46,"d":"3,974.46"}]
[6817796,"Confecção de BSCC - seção fechada de 3,0 x 3,0 m - altura do aterro de 0,25 a 1,00 m - areia extraída e brita produzida","m",{"v":3037.15,"d":"3,037.15"},{"$nulls":4},{"v":3699.33,"d":"3,699.33"}]
[6817797,"Confecção de BSCC - seção fechada de 3,0 x 3,0 m - altura do aterro de 1,00 a 2,50 m - areia e brita comerciais","m",{"v":2781.18,"d":"2,781.18"},{"$nulls":4},{"v":3387.55,"d":"3,387.55"}]
[6817798,"Confecção de BSCC - seção fechada de 3,0 x 3,0 m - altura do aterro de 1,00 a 2,50 m - areia extraída e brita produzida","m",{"v":2555.3,"d":"2,555.30"},{"$nulls":4},{"v":3112.42,"d":"3,112.42"}]
[6817805,"Confecção de BSCC - seção fechada de 3,0 x 3,0 m - altura do aterro de 10,00 a 12,50 m - areia e brita comerciais","m",{"v":5217.08,"d":"5,217.08"},{"$nulls":4},{"v":6354.54,"d":"6,354.54"}]
[6817806,"Confecção de BSCC - seção fechada de 3,0 x 3,0 m - altura do aterro de 10,00 a 12,50 m - areia extraída e brita produzida","m",{"v":4870.96,"d":"4,870.96"},{"$nulls":4},{"v":5932.96,"d":"5,932.96"}]
[6817807,"Confecção de BSCC - seção fechada de 3,0 x 3,0 m - altura do aterro de 12,50 a 15,00 m - areia e brita comerciais","m",{"v":5783.03,"d":"5,783.03"},{"$nulls":4},{"v":7043.88,"d":"7,043.88"}]
[6817808,"Confecção de BSCC - seção fechada de 3,0 x 3,0 m - altura do aterro de 12,50 a 15,00 m - areia extraída e brita produzida","m",{"v":5436.92,"d":"5,436.92"},{"$nulls":4},{"v":6622.31,"d":"6,622.31"}]
[6817799,"Confecção de BSCC - seção fechada de 3,0 x 3,0 m - altura do aterro de 2,50 a 5,00 m - areia e brita comerciais","m",{"v":3456.91,"d":"3,456.91"},{"$nulls":4},{"v":4210.61,"d":"4,210.61"}]
[6817800,"Confecção de BSCC - seção fechada de 3,0 x 3,0 m - altura do aterro de 2,50 a 5,00 m - areia extraída e brita produzida","m",{"v":3154.21,"d":"3,154.21"},{"$nulls":4},{"v":3841.91,"d":"3,841.91"}]
[6817801,"Confecção de BSCC - seção fechada de 3,0 x 3,0 m - altura do aterro de 5,00 a 7,50 m - areia e brita comerciais","m",{"v":4186.45,"d":"4,186.45"},{"$nulls":4},{"v":5099.21,"d":"5,099.21"}]
[6817802,"Confecção de BSCC - seção fechada de 3,0 x 3,0 m - altura do aterro de 5,00 a 7,50 m - areia extraída e brita produzida","m",{"v":3912.06,"d":"3,912.06"},{"$nulls":4},{"v":4764.99,"d":"4,764.99"}]
[6817803,"Confecção de BSCC - seção fechada de 3,0 x 3,0 m - altura do aterro de 7,50 a 10,00 m - areia e brita comerciais","m",{"v":4711.36,"d":"4,711.36"},{"$nulls":4},{"v":5738.56,"d":"5,738.56"}]
[6817804,"Confecção de BSCC - seção fechada de 3,0 x 3,0 m - altura do aterro de 7,50 a 10,00 m - areia extraída e brita produzida","m",{"v":4365.24,"d":"4,365.24"},{"$nulls":4},{"v":5316.98,"d":"5,316.98"}]
[6817885,"Corpo de BSCC - seção canal de 1,5 x 1,5 m - pré-moldado - areia e brita comerciais","m",{"v":1146.29,"d":"1,146.29"},{"$nulls":4},{"v":1396.21,"d":"1,396.21"}]
[6817886,"Corpo de BSCC - seção canal de 1,5 x 1,5 m - pré-moldado - areia extraída e brita produzida","m",{"v":1026.18,"d":"1,026.18"},{"$nulls":4},{"v":1249.92,"d":"1,249.92"}]
[6817887,"Corpo de BSCC - seção canal de 2,0 x 1,5 m - pré-moldado - areia e brita comerciais","m",{"v":1245.01,"d":"1,245.01"},{"$nulls":4},{"v":1516.45,"d":"1,516.45"}]
[6817888,"Corpo de BSCC - seção canal de 2,0 x 1,5 m - pré-moldado - areia extraída e brita produzida","m",{"v":1108.07,"d":"1,108.07"},{"$nulls":4},{"v":1349.66,"d":"1,349.66"}]
[6817889,"Corpo de BSCC - seção canal de 2,0 x 2,0 m - pré-moldado - tipo I - areia e brita comerciais","m",{"v":1833.89,"d":"1,833.89"},{"$nulls":4},{"v":2233.73,"d":"2,233.73"}]
[6817890,"Corpo de BSCC - seção canal de 2,0 x 2,0 m - pré-moldado - tipo I - areia extraída e brita produzida","m",{"v":1639.86,"d":"1,639.86"},{"$nulls":4},{"v":1997.39,"d":"1,997.39"}]
[6817891,"Corpo de BSCC - seção canal de 2,0 x 2,0 m - pré-moldado - tipo II - areia e brita comerciais","m",{"v":1588.54,"d":"1,588.54"},{"$nulls":4},{"v":1934.88,"d":"1,934.88"}]
[6817892,"Corpo de BSCC - seção canal de 2,0 x 2,0 m - pré-moldado - tipo II - areia extraída e brita produzida","m",{"v":1394.5,"d":"1,394.50"},{"$nulls":4},{"v":1698.54,"d":"1,698.54"}]
[6817893,"Corpo de BSCC - seção canal de 2,5 x 1,5 m - pré-moldado - areia e brita comerciais","m",{"v":1386.37,"d":"1,386.37"},{"$nulls":4},{"v":1688.63,"d":"1,688.63"}]
[6817894,"Corpo de BSCC - seção canal de 2,5 x 1,5 m - pré-moldado - areia extraída e brita produzida","m",{"v":1231.73,"d":"1,231.73"},{"$nulls":4},{"v":1500.28,"d":"1,500.28"}]
[6817895,"Corpo de BSCC - seção canal de 2,5 x 2,0 m - pré-moldado - tipo I - areia e brita comerciais","m",{"v":1967.01,"d":"1,967.01"},{"$nulls":4},{"v":2395.87,"d":"2,395.87"}]
[6817896,"Corpo de BSCC - seção canal de 2,5 x 2,0 m - pré-moldado - tipo I - areia extraída e brita produzida","m",{"v":1752.9,"d":"1,752.90"},{"$nulls":4},{"v":2135.08,"d":"2,135.08"}]
[6817897,"Corpo de BSCC - seção canal de 2,5 x 2,0 m - pré-moldado - tipo II - areia e brita comerciais","m",{"v":1729.76,"d":"1,729.76"},{"$nulls":4},{"v":2106.89,"d":"2,106.89"}]
[6817898,"Corpo de BSCC - seção canal de 2,5 x 2,0 m - pré-moldado - tipo II - areia extraída e brita produzida","m",{"v":1515.66,"d":"1,515.66"},{"$nulls":4},{"v":1846.11,"d":"1,846.11"}]
[6817899,"Corpo de BSCC - seção canal de 3,0 x 1,5 m - pré-moldado - areia e brita comerciais","m",{"v":1519.22,"d":"1,519.22"},{"$nulls":4},{"v":1850.45,"d":"1,850.45"}]
[6817900,"Corpo de BSCC - seção canal de 3,0 x 1,5 m - pré-moldado - areia extraída e brita produzida","m",{"v":1346.63,"d":"1,346.63"},{"$nulls":4},{"v":1640.23,"d":"1,640.23"}]
[6817901,"Corpo de BSCC - seção canal de 3,0 x 2,0 m - pré-moldado - tipo I - areia e brita comerciais","m",{"v":2049.64,"d":"2,049.64"},{"$nulls":4},{"v":2496.52,"d":"2,496.52"}]
[6817902,"Corpo de BSCC - seção canal de 3,0 x 2,0 m - pré-moldado - tipo I - areia extraída e brita produzida","m",{"v":1814.12,"d":"1,814.12"},{"$nulls":4},{"v":2209.65,"d":"2,209.65"}]
[6817903,"Corpo de BSCC - seção canal de 3,0 x 2,0 m - pré-moldado - tipo II - areia e brita comerciais","m",{"v":1874.24,"d":"1,874.24"},{"$nulls":4},{"v":2282.87,"d":"2,282.87"}]
[6817904,"Corpo de BSCC - seção canal de 3,0 x 2,0 m - pré-moldado - tipo II - areia extraída e brita produzida","m",{"v":1638.72,"d":"1,638.72"},{"$nulls":4},{"v":1996.01,"d":"1,996.01"}]
[6817829,"Corpo de BSCC - seção fechada de 1,5 x 1,5 m - pré-moldado - altura do aterro de 0,25 a 1,00 m - areia e brita comerciais","m",{"v":1536.32,"d":"1,536.32"},{"$nulls":4},{"v":1871.28,"d":"1,871.28"}]
[6817830,"Corpo de BSCC - seção fechada de 1,5 x 1,5 m - pré-moldado - altura do aterro de 0,25 a 1,00 m - areia extraída e brita produzida","m",{"v":1379.92,"d":"1,379.92"},{"$nulls":4},{"v":1680.78,"d":"1,680.78"}]
[6817831,"Corpo de BSCC - seção fechada de 1,5 x 1,5 m - pré-moldado - altura do aterro de 1,00 a 2,50 m - areia e brita comerciais","m",{"v":1482.11,"d":"1,482.11"},{"$nulls":4},{"v":1805.25,"d":"1,805.25"}]
[6817832,"Corpo de BSCC - seção fechada de 1,5 x 1,5 m - pré-moldado - altura do aterro de 1,00 a 2,50 m - areia extraída e brita produzida","m",{"v":1325.71,"d":"1,325.71"},{"$nulls":4},{"v":1614.75,"d":"1,614.75"}]
[6817839,"Corpo de BSCC - seção fechada de 1,5 x 1,5 m - pré-moldado - altura do aterro de 10,00 a 12,50 m - areia e brita comerciais","m",{"v":1790.46,"d":"1,790.46"},{"$nulls":4},{"v":2180.83,"d":"2,180.83"}]
[6817840,"Corpo de BSCC - seção fechada de 1,5 x 1,5 m - pré-moldado - altura do aterro de 10,00 a 12,50 m - areia extraída e brita produzida","m",{"v":1592.15,"d":"1,592.15"},{"$nulls":4},{"v":1939.28,"d":"1,939.28"}]
[6817841,"Corpo de BSCC - seção fechada de 1,5 x 1,5 m - pré-moldado - altura do aterro de 12,50 a 15,00 m - areia e brita comerciais","m",{"v":2029.57,"d":"2,029.57"},{"$nulls":4},{"v":2472.07,"d":"2,472.07"}]
[6817842,"Corpo de BSCC - seção fechada de 1,5 x 1,5 m - pré-moldado - altura do aterro de 12,50 a 15,00 m - areia extraída e brita produzida","m",{"v":1842.95,"d":"1,842.95"},{"$nulls":4},{"v":2244.76,"d":"2,244.76"}]
[6817833,"Corpo de BSCC - seção fechada de 1,5 x 1,5 m - pré-moldado - altura do aterro de 2,50 a 5,00 m - areia e brita comerciais","m",{"v":1482.11,"d":"1,482.11"},{"$nulls":4},{"v":1805.25,"d":"1,805.25"}]
[6817834,"Corpo de BSCC - seção fechada de 1,5 x 1,5 m - pré-moldado - altura do aterro de 2,50 a 5,00 m - areia extraída e brita produzida","m",{"v":1325.71,"d":"1,325.71"},{"$nulls":4},{"v":1614.75,"d":"1,614.75"}]
[6817835,"Corpo de BSCC - seção fechada de 1,5 x 1,5 m - pré-moldado - altura do aterro de 5,00 a 7,50 m - areia e brita comerciais","m",{"v":1587.9,"d":"1,587.90"},{"$nulls":4},{"v":1934.1,"d":"1,934.10"}]
[6817836,"Corpo de BSCC - seção fechada de 1,5 x 1,5 m - pré-moldado - altura do aterro de 5,00 a 7,50 m - areia extraída e brita produzida","m",{"v":1433.16,"d":"1,433.16"},{"$nulls":4},{"v":1745.63,"d":"1,745.63"}]
[6817837,"Corpo de BSCC - seção fechada de 1,5 x 1,5 m - pré-moldado - altura do aterro de 7,50 a 10,00 m - areia e brita comerciais","m",{"v":1880.42,"d":"1,880.42"},{"$nulls":4},{"v":2290.4,"d":"2,290.40"}]
[6817838,"Corpo de BSCC - seção fechada de 1,5 x 1,5 m - pré-moldado - altura do aterro de 7,50 a 10,00 m - areia extraída e brita produzida","m",{"v":1682.11,"d":"1,682.11"},{"$nulls":4},{"v":2048.85,"d":"2,048.85"}]
[6817843,"Corpo de BSCC - seção fechada de 2,0 x 2,0 m - pré-moldado - altura do aterro de 0,25 a 1,00 m - areia e brita comerciais","m",{"v":2171.48,"d":"2,171.48"},{"$nulls":4},{"v":2644.92,"d":"2,644.92"}]
[6817844,"Corpo de BSCC - seção fechada de 2,0 x 2,0 m - pré-moldado - altura do aterro de 0,25 a 1,00 m - areia extraída e brita produzida","m",{"v":1972.41,"d":"1,972.41"},{"$nulls":4},{"v":2402.45,"d":"2,402.45"}]
[6817845,"Corpo de BSCC - seção fechada de 2,0 x 2,0 m - pré-moldado - altura do aterro de 1,00 a 2,50 m - areia e brita comerciais","m",{"v":1880.26,"d":"1,880.26"},{"$nulls":4},{"v":2290.21,"d":"2,290.21"}]
[6817846,"Corpo de BSCC - seção fechada de 2,0 x 2,0 m - pré-moldado - altura do aterro de 1,00 a 2,50 m - areia extraída e brita produzida","m",{"v":1681.19,"d":"1,681.19"},{"$nulls":4},{"v":2047.74,"d":"2,047.74"}]
[6817853,"Corpo de BSCC - seção fechada de 2,0 x 2,0 m - pré-moldado - altura do aterro de 10,00 a 12,50 m - areia e brita comerciais","m",{"v":2860.64,"d":"2,860.64"},{"$nulls":4},{"v":3484.34,"d":"3,484.34"}]
[6817854,"Corpo de BSCC - seção fechada de 2,0 x 2,0 m - pré-moldado - altura do aterro de 10,00 a 12,50 m - areia extraída e brita produzida","m",{"v":2627.27,"d":"2,627.27"},{"$nulls":4},{"v":3200.09,"d":"3,200.09"}]
[6817855,"Corpo de BSCC - seção fechada de 2,0 x 2,0 m - pré-moldado - altura do aterro de 12,50 a 15,00 m - areia e brita comerciais","m",{"v":3306.76,"d":"3,306.76"},{"$nulls":4},{"v":4027.72,"d":"4,027.72"}]
[6817856,"Corpo de BSCC - seção fechada de 2,0 x 2,0 m - pré-moldado - altura do aterro de 12,50 a 15,00 m - areia extraída e brita produzida","m",{"v":3022.43,"d":"3,022.43"},{"$nulls":4},{"v":3681.4,"d":"3,681.40"}]
[6817847,"Corpo de BSCC - seção fechada de 2,0 x 2,0 m - pré-moldado - altura do aterro de 2,50 a 5,00 m - areia e brita comerciais","m",{"v":2109.98,"d":"2,109.98"},{"$nulls":4},{"v":2570.01,"d":"2,570.01"}]
[6817848,"Corpo de BSCC - seção fechada de 2,0 x 2,0 m - pré-moldado - altura do aterro de 2,50 a 5,00 m - areia extraída e brita produzida","m",{"v":1911.92,"d":"1,911.92"},{"$nulls":4},{"v":2328.77,"d":"2,328.77"}]
[6817849,"Corpo de BSCC - seção fechada de 2,0 x 2,0 m - pré-moldado - altura do aterro de 5,00 a 7,50 m - areia e brita comerciais","m",{"v":2457.34,"d":"2,457.34"},{"$nulls":4},{"v":2993.11,"d":"2,993.11"}]
[6817850,"Corpo de BSCC - seção fechada de 2,0 x 2,0 m - pré-moldado - altura do aterro de 5,00 a 7,50 m - areia extraída e brita produzida","m",{"v":2205.37,"d":"2,205.37"},{"$nulls":4},{"v":2686.2,"d":"2,686.20"}]
[6817851,"Corpo de BSCC - seção fechada de 2,0 x 2,0 m - pré-moldado - altura do aterro de 7,50 a 10,00 m - areia e brita comerciais","m",{"v":2659.06,"d":"2,659.06"},{"$nulls":4},{"v":3238.81,"d":"3,238.81"}]
[6817852,"Corpo de BSCC - seção fechada de 2,0 x 2,0 m - pré-moldado - altura do aterro de 7,50 a 10,00 m - areia extraída e brita produzida","m",{"v":2420.91,"d":"2,420.91"},{"$nulls":4},{"v":2948.73,"d":"2,948.73"}]
[6817857,"Corpo de BSCC - seção fechada de 2,5 x 2,5 m - pré-moldado - altura do aterro de 0,25 a 1,00 m - areia e brita comerciais","m",{"v":2912.84,"d":"2,912.84"},{"$nulls":4},{"v":3547.92,"d":"3,547.92"}]
[6817858,"Corpo de BSCC - seção fechada de 2,5 x 2,5 m - pré-moldado - altura do aterro de 0,25 a 1,00 m - areia extraída e brita produzida","m",{"v":2669.06,"d":"2,669.06"},{"$nulls":4},{"v":3250.99,"d":"3,250.99"}]
[6817859,"Corpo de BSCC - seção fechada de 2,5 x 2,5 m - pré-moldado - altura do aterro de 1,00 a 2,50 m - areia e brita comerciais","m",{"v":2445.36,"d":"2,445.36"},{"$nulls":4},{"v":2978.52,"d":"2,978.52"}]
[6817860,"Corpo de BSCC - seção fechada de 2,5 x 2,5 m - pré-moldado - altura do aterro de 1,00 a 2,50 m - areia extraída e brita produzida","m",{"v":2201.59,"d":"2,201.59"},{"$nulls":4},{"v":2681.59,"d":"2,681.59"}]
[6817867,"Corpo de BSCC - seção fechada de 2,5 x 2,5 m - pré-moldado - altura do aterro de 10,00 a 12,50 m - areia e brita comerciais","m",{"v":4083.19,"d":"4,083.19"},{"$nulls":4},{"v":4973.43,"d":"4,973.43"}]
[6817868,"Corpo de BSCC - seção fechada de 2,5 x 2,5 m - pré-moldado - altura do aterro de 10,00 a 12,50 m - areia extraída e brita produzida","m",{"v":3737.04,"d":"3,737.04"},{"$nulls":4},{"v":4551.81,"d":"4,551.81"}]
[6817869,"Corpo de BSCC - seção fechada de 2,5 x 2,5 m - pré-moldado - altura do aterro de 12,50 a 15,00 m - areia e brita comerciais","m",{"v":4596.35,"d":"4,596.35"},{"$nulls":4},{"v":5598.48,"d":"5,598.48"}]
[6817870,"Corpo de BSCC - seção fechada de 2,5 x 2,5 m - pré-moldado - altura do aterro de 12,50 a 15,00 m - areia extraída e brita produzida","m",{"v":4249.08,"d":"4,249.08"},{"$nulls":4},{"v":5175.49,"d":"5,175.49"}]
[6817861,"Corpo de BSCC - seção fechada de 2,5 x 2,5 m - pré-moldado - altura do aterro de 2,50 a 5,00 m - areia e brita comerciais","m",{"v":2994.85,"d":"2,994.85"},{"$nulls":4},{"v":3647.81,"d":"3,647.81"}]
[6817862,"Corpo de BSCC - seção fechada de 2,5 x 2,5 m - pré-moldado - altura do aterro de 2,50 a 5,00 m - areia extraída e brita produzida","m",{"v":2688.29,"d":"2,688.29"},{"$nulls":4},{"v":3274.41,"d":"3,274.41"}]
[6817863,"Corpo de BSCC - seção fechada de 2,5 x 2,5 m - pré-moldado - altura do aterro de 5,00 a 7,50 m - areia e brita comerciais","m",{"v":3403.29,"d":"3,403.29"},{"$nulls":4},{"v":4145.3,"d":"4,145.30"}]
[6817864,"Corpo de BSCC - seção fechada de 2,5 x 2,5 m - pré-moldado - altura do aterro de 5,00 a 7,50 m - areia extraída e brita produzida","m",{"v":3113.8,"d":"3,113.80"},{"$nulls":4},{"v":3792.69,"d":"3,792.69"}]
[6817865,"Corpo de BSCC - seção fechada de 2,5 x 2,5 m - pré-moldado - altura do aterro de 7,50 a 10,00 m - areia e brita comerciais","m",{"v":3757.22,"d":"3,757.22"},{"$nulls":4},{"v":4576.39,"d":"4,576.39"}]
[6817866,"Corpo de BSCC - seção fechada de 2,5 x 2,5 m - pré-moldado - altura do aterro de 7,50 a 10,00 m - areia extraída e brita produzida","m",{"v":3473.54,"d":"3,473.54"},{"$nulls":4},{"v":4230.87,"d":"4,230.87"}]
[6817871,"Corpo de BSCC - seção fechada de 3,0 x 3,0 m - pré-moldado - altura do aterro de 0,25 a 1,00 m - areia e brita comerciais","m",{"v":3715.17,"d":"3,715.17"},{"$nulls":4},{"v":4525.18,"d":"4,525.18"}]
[6817872,"Corpo de BSCC - seção fechada de 3,0 x 3,0 m - pré-moldado - altura do aterro de 0,25 a 1,00 m - areia extraída e brita produzida","m",{"v":3430.67,"d":"3,430.67"},{"$nulls":4},{"v":4178.65,"d":"4,178.65"}]
[6817873,"Corpo de BSCC - seção fechada de 3,0 x 3,0 m - pré-moldado - altura do aterro de 1,00 a 2,50 m - areia e brita comerciais","m",{"v":3233.32,"d":"3,233.32"},{"$nulls":4},{"v":3938.27,"d":"3,938.27"}]
[6817874,"Corpo de BSCC - seção fechada de 3,0 x 3,0 m - pré-moldado - altura do aterro de 1,00 a 2,50 m - areia extraída e brita produzida","m",{"v":2948.82,"d":"2,948.82"},{"$nulls":4},{"v":3591.74,"d":"3,591.74"}]
[6817881,"Corpo de BSCC - seção fechada de 3,0 x 3,0 m - pré-moldado - altura do aterro de 10,00 a 12,50 m - areia e brita comerciais","m",{"v":5678.96,"d":"5,678.96"},{"$nulls":4},{"v":6917.13,"d":"6,917.13"}]
[6817882,"Corpo de BSCC - seção fechada de 3,0 x 3,0 m - pré-moldado - altura do aterro de 10,00 a 12,50 m - areia extraída e brita produzida","m",{"v":5271.94,"d":"5,271.94"},{"$nulls":4},{"v":6421.37,"d":"6,421.37"}]
[6817883,"Corpo de BSCC - seção fechada de 3,0 x 3,0 m - pré-moldado - altura do aterro de 12,50 a 15,00 m - areia e brita comerciais","m",{"v":6248.54,"d":"6,248.54"},{"$nulls":4},{"v":7610.89,"d":"7,610.89"}]
[6817884,"Corpo de BSCC - seção fechada de 3,0 x 3,0 m - pré-moldado - altura do aterro de 12,50 a 15,00 m - areia extraída e brita produzida","m",{"v":5840.41,"d":"5,840.41"},{"$nulls":4},{"v":7113.77,"d":"7,113.77"}]
[6817875,"Corpo de BSCC - seção fechada de 3,0 x 3,0 m - pré-moldado - altura do aterro de 2,50 a 5,00 m - areia e brita comerciais","m",{"v":3913.97,"d":"3,913.97"},{"$nulls":4},{"v":4767.32,"d":"4,767.32"}]
[6817876,"Corpo de BSCC - seção fechada de 3,0 x 3,0 m - pré-moldado - altura do aterro de 2,50 a 5,00 m - areia extraída e brita produzida","m",{"v":3551.5,"d":"3,551.50"},{"$nulls":4},{"v":4325.82,"d":"4,325.82"}]
[6817877,"Corpo de BSCC - seção fechada de 3,0 x 3,0 m - pré-moldado - altura do aterro de 5,00 a 7,50 m - areia e brita comerciais","m",{"v":4643.51,"d":"4,643.51"},{"$nulls":4},{"v":5655.92,"d":"5,655.92"}]
[6817878,"Corpo de BSCC - seção fechada de 3,0 x 3,0 m - pré-moldado - altura do aterro de 5,00 a 7,50 m - areia extraída e brita produzida","m",{"v":4309.35,"d":"4,309.35"},{"$nulls":4},{"v":5248.9,"d":"5,248.90"}]
[6817879,"Corpo de BSCC - seção fechada de 3,0 x 3,0 m - pré-moldado - altura do aterro de 7,50 a 10,00 m - areia e brita comerciais","m",{"v":5173.34,"d":"5,173.34"},{"$nulls":4},{"v":6301.27,"d":"6,301.27"}]
[6817880,"Corpo de BSCC - seção fechada de 3,0 x 3,0 m - pré-moldado - altura do aterro de 7,50 a 10,00 m - areia extraída e brita produzida","m",{"v":4766.3,"d":"4,766.30"},{"$nulls":4},{"v":5805.48,"d":"5,805.48"}]
[7119788,"Administração local do Estaleiro Padrão","mês",{"v":212919.02,"d":"212,919.02"},{"$nulls":4},{"v":259341.07,"d":"259,341.07"}]
[7119714,"Amarração do sistema de fundeio - profundidade de até 50 m","un",{"v":1684.31,"d":"1,684.31"},{"$nulls":4},{"v":2051.53,"d":"2,051.53"}]
[7119715,"Ânodo de sacrifício para proteção do casco - fornecimento e instalação","un",{"v":1374.51,"d":"1,374.51"},{"$nulls":4},{"v":1674.19,"d":"1,674.19"}]
[7119678,"Beneficiamento de aço naval para construção de instalações portuárias de pequeno porte - excluso o aço naval","t",{"v":7105.36,"d":"7,105.36"},{"$nulls":4},{"v":8654.52,"d":"8,654.52"}]
[7119712,"Cabo de segurança para conexão da ponte - fornecimento e instalação","un",{"v":11661.54,"d":"11,661.54"},{"$nulls":4},{"v":14204.07,"d":"14,204.07"}]
[7119694,"Confecção de morto de concreto de 13 t","un",{"v":6529.63,"d":"6,529.63"},{"$nulls":4},{"v":7953.27,"d":"7,953.27"}]
[7119695,"Confecção de morto de concreto de 14 t","un",{"v":7112.15,"d":"7,112.15"},{"$nulls":4},{"v":8662.79,"d":"8,662.79"}]
[7119696,"Confecção de morto de concreto de 22 t","un",{"v":11476.39,"d":"11,476.39"},{"$nulls":4},{"v":13978.55,"d":"13,978.55"}]
[7119697,"Confecção de morto de concreto de 36 t","un",{"v":18324.89,"d":"18,324.89"},{"$nulls":4},{"v":22320.21,"d":"22,320.21"}]
[7119698,"Confecção de morto de concreto de 48 t","un",{"v":23328.8,"d":"23,328.80"},{"$nulls":4},{"v":28415.1,"d":"28,415.10"}]
[7119688,"Confecção de poita de concreto com garras metálicas de 13,3 t (peso submerso = 8 t)","un",{"v":7048.62,"d":"7,048.62"},{"$nulls":4},{"v":8585.41,"d":"8,585.41"}]
[7119689,"Confecção de poita de concreto com garras metálicas de 25 t (peso submerso = 15 t)","un",{"v":13577.67,"d":"13,577.67"},{"$nulls":4},{"v":16537.96,"d":"16,537.96"}]
[7119690,"Confecção de poita de concreto com garras metálicas de 30 t (peso submerso = 18 t)","un",{"v":16203.48,"d":"16,203.48"},{"$nulls":4},{"v":19736.27,"d":"19,736.27"}]
[7119691,"Confecção de poita de concreto com garras metálicas de 41,7 t (peso submerso = 25 t)","un",{"v":22453.87,"d":"22,453.87"},{"$nulls":4},{"v":27349.41,"d":"27,349.41"}]
[7119692,"Confecção de poita de concreto com garras metálicas de 45,8 t (peso submerso = 27,5 t)","un",{"v":24684.28,"d":"24,684.28"},{"$nulls":4},{"v":30066.12,"d":"30,066.12"}]
[7119693,"Confecção de poita de concreto com garras metálicas de 58,3 t (peso submerso = 35 t)","un",{"v":31368.69,"d":"31,368.69"},{"$nulls":4},{"v":38207.91,"d":"38,207.91"}]
[7119687,"Confecção de poita de concreto com garras metálicas de 6,7 t (peso submerso = 4 t)","un",{"v":3711.71,"d":"3,711.71"},{"$nulls":4},{"v":4520.96,"d":"4,520.96"}]
[7119681,"Confecção de poita de concreto de 13,3 t (peso submerso = 8 t)","un",{"v":7891.06,"d":"7,891.06"},{"$nulls":4},{"v":9611.52,"d":"9,611.52"}]
[7119682,"Confecção de poita de concreto de 25 t (peso submerso = 15 t)","un",{"v":15120.14,"d":"15,120.14"},{"$nulls":4},{"v":18416.74,"d":"18,416.74"}]
[7119683,"Confecção de poita de concreto de 30 t (peso submerso = 18 t)","un",{"v":18045.74,"d":"18,045.74"},{"$nulls":4},{"v":21980.19,"d":"21,980.19"}]
[7119684,"Confecção de poita de concreto de 41,7 t (peso submerso = 25 t)","un",{"v":24988.12,"d":"24,988.12"},{"$nulls":4},{"v":30436.2,"d":"30,436.20"}]
[7119685,"Confecção de poita de concreto de 45,8 t (peso submerso = 27,5 t)","un",{"v":27465.14,"d":"27,465.14"},{"$nulls":4},{"v":33453.28,"d":"33,453.28"}]
[7119686,"Confecção de poita de concreto de 58,3 t (peso submerso = 35 t)","un",{"v":34891.91,"d":"34,891.91"},{"$nulls":4},{"v":42499.28,"d":"42,499.28"}]
[7119680,"Confecção de poita de concreto de 6,7 t (peso submerso = 4 t)","un",{"v":4144.42,"d":"4,144.42"},{"$nulls":4},{"v":5048.02,"d":"5,048.02"}]
[7119710,"Defensa de pneus para proteção do flutuante - confecção e instalação","un",551.97,{"$nulls":4},672.31]
[7107375,"Fornecimento e instalação de reservatório metálico tipo taça de 10.000 litros pintura interna e externa com escada de acesso e base de concreto armado - areia e brita comerciais","un",{"v":20273.65,"d":"20,273.65"},{"$nulls":4},{"v":24693.85,"d":"24,693.85"}]
[7107376,"Fornecimento e instalação de reservatório metálico tipo taça de 20.000 litros pintura interna e externa com escada de acesso e base de concreto armado - areia e brita comerciais","un",{"v":37163.79,"d":"37,163.79"},{"$nulls":4},{"v":45266.49,"d":"45,266.49"}]
[7107377,"Fornecimento e instalação de reservatório metálico tipo taça de 30.000 litros pintura interna e externa com escada de acesso e base de concreto armado - areia e brita comerciais","un",{"v":47469.31,"d":"47,469.31"},{"$nulls":4},{"v":57818.89,"d":"57,818.89"}]
[7107374,"Fornecimento e instalação de reservatório metálico tipo taça de 5.000 litros pintura interna e externa com escada de acesso e base de concreto armado - areia e brita comerciais","un",{"v":13877.18,"d":"13,877.18"},{"$nulls":4},{"v":16902.78,"d":"16,902.78"}]
[7119708,"Guincho manual para sistema de fundeio com capacidade de tração de 100 kN - fornecimento e instalação","un",{"v":124632.62,"d":"124,632.62"},{"$nulls":4},{"v":151805.87,"d":"151,805.87"}]
[7119709,"Guincho manual para sistema de fundeio com capacidade de tração de 200 kN - fornecimento e instalação","un",{"v":173779.22,"d":"173,779.22"},{"$nulls":4},{"v":211667.75,"d":"211,667.75"}]
[7119706,"Implantação do sistema naval tipo I - ponte móvel e flutuante principal","un",{"v":41129.57,"d":"41,129.57"},{"$nulls":4},{"v":50096.92,"d":"50,096.92"}]
[7119707,"Implantação do sistema naval tipo II - pontes móveis, flutuante intermediário e flutuante principal","un",{"v":97452.42,"d":"97,452.42"},{"$nulls":4},{"v":118699.66,"d":"118,699.66"}]
[7119787,"Instalações do Estaleiro Padrão para o beneficiamento de estruturas navais, inclusive mobiliário, equipamentos de informática e de segurança","m²",306.75,{"$nulls":4},373.63]
[7119647,"Lançamento da embarcação sobre carreira em água","un",{"v":2133.34,"d":"2,133.34"},{"$nulls":4},{"v":2598.46,"d":"2,598.46"}]
[7119679,"Lançamento de poita de concreto - peso submerso","t",37.04,{"$nulls":4},45.11]
[7119711,"Mancal de conexão - confecção e instalação","un",796.43,{"$nulls":4},970.07]
[7119713,"Molinete manual para sistema de fundeio com capacidade de tração de 70 kN - fornecimento e instalação","un",{"v":197257.44,"d":"197,257.44"},{"$nulls":4},{"v":240264.85,"d":"240,264.85"}]
[7119646,"Transporte interno em estaleiro para movimentação de peças","t",904.17,{"$nulls":4},{"v":1101.3,"d":"1,101.30"}]
[7119699,"Tratamento superficial e pintura da área interna do flutuante (tanques de reserva de flutuabilidade)","m²",16.71,{"$nulls":4},20.35]
[7119702,"Tratamento superficial e pintura da ponte e demais estruturas metálicas navais - exceto flutuantes","m²",51.37,{"$nulls":4},62.57]
[7119701,"Tratamento superficial e pintura das obras mortas do flutuante (convés principal, convés superior, casaria e estruturas apoiadas sobre o convés) - exceto piso","m²",51.37,{"$nulls":4},62.57]
[7119700,"Tratamento superficial e pintura das obras vivas e mortas externas do flutuante (fundo, costados e espelhos de proa e popa)","m²",45.37,{"$nulls":4},55.26]

{"sheet":"M O COM DESONERAÇÃO","index":23,"n_rows":118,"n_cols":7,"rows_kept":118,"hidden":true,"merged":[[0,0,1,0],[0,1,1,5],[0,6,1,6],[2,0,2,6],[3,0,3,6]],"flags":["formulas_cached_only"]}
["CGCIT","SISTEMA DE CUSTOS REFERENCIAIS DE OBRAS - SICRO",{"$nulls":4},"DNIT"]
[]
["Mato Grosso - Julho/2023"]
["Com desoneração"]
["Código","Descrição","Unidade","Salário (R$)","Encargos Totais","Custo (R$)","Periculosidade/\nInsalubridade"]
["P9801","Ajudante","h",7.5752,{"v":1.712815,"d":"171.2815%"},20.5501,{"v":0,"d":"0.0000%"}]
["P9802","Ajudante especializado","h",9.0892,{"v":1.656215,"d":"165.6215%"},24.1428,{"v":0,"d":"0.0000%"}]
["P9803","Almoxarife","mês",{"v":2044.1155,"d":"2,044.1155"},{"v":1.117425,"d":"111.7425%"},{"v":4328.2612,"d":"4,328.2612"},{"v":0,"d":"0.0000%"}]
["P9804","Apontador","mês",{"v":1807.7306,"d":"1,807.7306"},{"v":1.206646,"d":"120.6646%"},{"v":3989.0214,"d":"3,989.0214"},{"v":0,"d":"0.0000%"}]
["P9805","Armador","h",10.4545,{"v":1.474066,"d":"147.4066%"},25.8651,{"v":0,"d":"0.0000%"}]
["P9806","Auxiliar administrativo","mês",{"v":1831.9499,"d":"1,831.9499"},{"v":1.185805,"d":"118.5805%"},{"v":4004.2852,"d":"4,004.2852"},{"v":0,"d":"0.0000%"}]
["P9807","Bombeiro hidráulico","h",10.5998,{"v":1.550534,"d":"155.0534%"},27.0351,{"v":0,"d":"0.0000%"}]
["P9808","Carpinteiro","h",10.4545,{"v":1.470671,"d":"147.0671%"},25.8296,{"v":0,"d":"0.0000%"}]
["P9809","Encarregado administrativo","mês",{"v":3872.9109,"d":"3,872.9109"},{"v":0.806862,"d":"80.6862%"},{"v":6997.8155,"d":"6,997.8155"},{"v":0,"d":"0.0000%"}]
["P9810","Eletricista","h",10.5306,{"v":1.511304,"d":"151.1304%"},26.4455,{"v":0,"d":"0.0000%"}]
["P9811","Encarregado especializado","mês",{"v":3835.6924,"d":"3,835.6924"},{"v":0.839705,"d":"83.9705%"},{"v":7056.5424,"d":"7,056.5424"},{"v":0,"d":"0.0000%"}]
["P9812","Engenheiro","mês",{"v":12014.4424,"d":"12,014.4424"},{"v":0.617847,"d":"61.7847%"},{"v":19437.5295,"d":"19,437.5295"},{"v":0,"d":"0.0000%"}]
["P9814","Operacional","mês",{"v":1460.9463,"d":"1,460.9463"},{"v":1.274189,"d":"127.4189%"},{"v":3322.468,"d":"3,322.4680"},{"v":0,"d":"0.0000%"}]
["P9815","Jardineiro","h",{"v":9.63,"d":"9.6300"},{"v":1.515007,"d":"151.5007%"},24.2195,{"v":0,"d":"0.0000%"}]
["P9819","Engenheiro supervisor","mês",{"v":12014.4424,"d":"12,014.4424"},{"v":0.617847,"d":"61.7847%"},{"v":19437.5295,"d":"19,437.5295"},{"v":0,"d":"0.0000%"}]
["P9821","Pedreiro","h",10.4545,{"v":1.46462,"d":"146.4620%"},25.7663,{"v":0,"d":"0.0000%"}]
["P9822","Pintor","h",10.4545,{"v":1.478194,"d":"147.8194%"},25.9082,{"v":0,"d":"0.0000%"}]
["P9823","Serralheiro","h",10.4545,{"v":1.465163,"d":"146.5163%"},{"v":25.772,"d":"25.7720"},{"v":0,"d":"0.0000%"}]
["P9824","Servente","h",7.0455,{"v":1.777748,"d":"177.7748%"},19.5706,{"v":0,"d":"0.0000%"}]
["P9825","Soldador","h",{"v":13.32,"d":"13.3200"},{"v":1.335674,"d":"133.5674%"},31.1111,{"v":0,"d":"0.0000%"}]
["P9826","Chefe setor de finanças","mês",{"v":9473.1908,"d":"9,473.1908"},{"v":0.64175,"d":"64.1750%"},{"v":15552.6109,"d":"15,552.6109"},{"v":0,"d":"0.0000%"}]
["P9827","Vigia","mês",{"v":1461.5605,"d":"1,461.5605"},{"v":1.513205,"d":"151.3205%"},{"v":4111.6693,"d":"4,111.6693"},{"v":0.3,"d":"30.0000%"}]
["P9830","Montador","h",9.6274,{"v":1.613519,"d":"161.3519%"},25.1613,{"v":0,"d":"0.0000%"}]
["P9833","Auxiliar de laboratório","mês",{"v":1714.567,"d":"1,714.5670"},{"v":1.230979,"d":"123.0979%"},{"v":3825.1629,"d":"3,825.1629"},{"v":0,"d":"0.0000%"}]
["P9836","Geólogo","h",49.7447,{"v":0.946401,"d":"94.6401%"},96.8231,{"v":0,"d":"0.0000%"}]
["P9837","Oceanógrafo","mês",{"v":4376.363,"d":"4,376.3630"},{"v":0.769641,"d":"76.9641%"},{"v":7744.5913,"d":"7,744.5913"},{"v":0,"d":"0.0000%"}]
["P9840","Encarregado geral","mês",{"v":5855.7658,"d":"5,855.7658"},{"v":0.731485,"d":"73.1485%"},{"v":10139.1706,"d":"10,139.1706"},{"v":0,"d":"0.0000%"}]
["P9842","Faxineiro","mês",{"v":1412.4,"d":"1,412.4000"},{"v":1.385465,"d":"138.5465%"},{"v":3369.2307,"d":"3,369.2307"},{"v":0,"d":"0.0000%"}]
["P9843","Operador de equipamento leve","h",8.3869,{"v":1.602068,"d":"160.2068%"},21.8232,{"v":0,"d":"0.0000%"}]
["P9844","Capitão fluvial","mês",{"v":5212.4597,"d":"5,212.4597"},{"v":0.720062,"d":"72.0062%"},{"v":8965.7538,"d":"8,965.7538"},{"v":0,"d":"0.0000%"}]
["P9845","Operador de equipamento pesado","h",11.9633,{"v":1.366086,"d":"136.6086%"},28.3061,{"v":0,"d":"0.0000%"}]
["P9846","Operador de equipamento especial","h",16.9279,{"v":1.192545,"d":"119.2545%"},37.1151,{"v":0,"d":"0.0000%"}]
["P9847","Perfurador de tubulão","h",{"v":7.575,"d":"7.5750"},{"v":1.70688,"d":"170.6880%"},20.5046,{"v":0,"d":"0.0000%"}]
["P9848","Desenhista","mês",{"v":2641.9403,"d":"2,641.9403"},{"v":0.953255,"d":"95.3255%"},{"v":5160.3831,"d":"5,160.3831"},{"v":0,"d":"0.0000%"}]
["P9849","Condutor maquinista fluvial","mês",{"v":2162.4018,"d":"2,162.4018"},{"v":1.01523,"d":"101.5230%"},{"v":4357.7369,"d":"4,357.7369"},{"v":0,"d":"0.0000%"}]
["P9850","Copeiro","mês",{"v":1481.8707,"d":"1,481.8707"},{"v":1.318651,"d":"131.8651%"},{"v":3435.9409,"d":"3,435.9409"},{"v":0,"d":"0.0000%"}]
["P9851","Médico do trabalho","mês",{"v":9709.5193,"d":"9,709.5193"},{"v":0.63932,"d":"63.9320%"},{"v":15917.0091,"d":"15,917.0091"},{"v":0,"d":"0.0000%"}]
["P9852","Blaster","h",10.1587,{"v":1.741717,"d":"174.1717%"},30.8998,{"v":0.3,"d":"30.0000%"}]
["P9853","Pré-marcador","h",7.5743,{"v":1.683548,"d":"168.3548%"},20.3259,{"v":0,"d":"0.0000%"}]
["P9854","Recepcionista","mês",{"v":1993.1649,"d":"1,993.1649"},{"v":1.087277,"d":"108.7277%"},{"v":4160.2872,"d":"4,160.2872"},{"v":0,"d":"0.0000%"}]
["P9855","Marinheiro de máquinas","mês",{"v":2052.3159,"d":"2,052.3159"},{"v":1.039187,"d":"103.9187%"},{"v":4185.0559,"d":"4,185.0559"},{"v":0,"d":"0.0000%"}]
["P9856","Marinheiro de convés","h",9.1112,{"v":1.449001,"d":"144.9001%"},22.3133,{"v":0,"d":"0.0000%"}]
["P9857","Marinheiro de convés - mensalista","mês",{"v":2004.4739,"d":"2,004.4739"},{"v":1.049388,"d":"104.9388%"},{"v":4107.9447,"d":"4,107.9447"},{"v":0,"d":"0.0000%"}]
["P9858","Laboratorista","mês",{"v":2478.6194,"d":"2,478.6194"},{"v":1.01918,"d":"101.9180%"},{"v":5004.7787,"d":"5,004.7787"},{"v":0,"d":"0.0000%"}]
["P9859","Trabalhador de via","h",{"v":6.636,"d":"6.6360"},{"v":1.849847,"d":"184.9847%"},18.9115,{"v":0,"d":"0.0000%"}]
["P9861","Selecionador de material pétreo","h",7.5743,{"v":1.694372,"d":"169.4372%"},20.4079,{"v":0,"d":"0.0000%"}]
["P9864","Engenheiro de segurança do trabalho","mês",{"v":11464.4303,"d":"11,464.4303"},{"v":0.626988,"d":"62.6988%"},{"v":18652.4905,"d":"18,652.4905"},{"v":0,"d":"0.0000%"}]
["P9865","Técnico em enfermagem","mês",{"v":2993.6132,"d":"2,993.6132"},{"v":0.941123,"d":"94.1123%"},{"v":5810.9714,"d":"5,810.9714"},{"v":0,"d":"0.0000%"}]
["P9866","Motorista de caminhão","h",10.2089,{"v":1.437994,"d":"143.7994%"},24.8892,{"v":0,"d":"0.0000%"}]
["P9867","Técnico especializado - mensalista","mês",{"v":3199.8517,"d":"3,199.8517"},{"v":0.907566,"d":"90.7566%"},{"v":6103.9283,"d":"6,103.9283"},{"v":0,"d":"0.0000%"}]
["P9869","Encarregado de obras de artes especiais","mês",{"v":3835.6924,"d":"3,835.6924"},{"v":0.839705,"d":"83.9705%"},{"v":7056.5424,"d":"7,056.5424"},{"v":0,"d":"0.0000%"}]
["P9870","Motorista de veículo leve","h",9.1407,{"v":1.517417,"d":"151.7417%"},23.0109,{"v":0,"d":"0.0000%"}]
["P9871","Motorista de veículo especial","h",12.6452,{"v":1.317193,"d":"131.7193%"},29.3013,{"v":0,"d":"0.0000%"}]
["P9875","Encarregado de turma","mês",{"v":2423.2163,"d":"2,423.2163"},{"v":1.022561,"d":"102.2561%"},{"v":4901.1027,"d":"4,901.1027"},{"v":0,"d":"0.0000%"}]
["P9876","Técnico de segurança do trabalho","mês",{"v":2802.1256,"d":"2,802.1256"},{"v":0.959579,"d":"95.9579%"},{"v":5490.9864,"d":"5,490.9864"},{"v":0,"d":"0.0000%"}]
["P9878","Secretária","mês",{"v":2811.6244,"d":"2,811.6244"},{"v":0.918274,"d":"91.8274%"},{"v":5393.4659,"d":"5,393.4659"},{"v":0,"d":"0.0000%"}]
["P9880","Piloto fluvial","mês",{"v":3276.33,"d":"3,276.3300"},{"v":0.840947,"d":"84.0947%"},{"v":6031.5498,"d":"6,031.5498"},{"v":0,"d":"0.0000%"}]
["P9882","Técnico especializado","h",14.5448,{"v":1.270683,"d":"127.0683%"},33.0266,{"v":0,"d":"0.0000%"}]
["P9883","Chefe do setor administrativo","mês",{"v":3873.5164,"d":"3,873.5164"},{"v":0.806817,"d":"80.6817%"},{"v":6998.7352,"d":"6,998.7352"},{"v":0,"d":"0.0000%"}]
["P9884","Encarregado de terraplenagem","mês",{"v":3835.6924,"d":"3,835.6924"},{"v":0.839705,"d":"83.9705%"},{"v":7056.5424,"d":"7,056.5424"},{"v":0,"d":"0.0000%"}]
["P9885","Frentista de túnel","h",7.5743,{"v":1.761761,"d":"176.1761%"},20.9184,{"v":0,"d":"0.0000%"}]
["P9889","Técnico da qualidade","mês",{"v":3683.5841,"d":"3,683.5841"},{"v":0.858148,"d":"85.8148%"},{"v":6844.6444,"d":"6,844.6444"},{"v":0,"d":"0.0000%"}]
["P9891","Engenheiro mecânico","mês",{"v":12658.4097,"d":"12,658.4097"},{"v":0.611444,"d":"61.1444%"},{"v":20398.3183,"d":"20,398.3183"},{"v":0,"d":"0.0000%"}]
["P9892","Auxiliar de blaster","h",{"v":9.63,"d":"9.6300"},{"v":1.77928,"d":"177.9280%"},29.6534,{"v":0.3,"d":"30.0000%"}]
["P9893","Encarregado de pavimentação","mês",{"v":3835.6924,"d":"3,835.6924"},{"v":0.839705,"d":"83.9705%"},{"v":7056.5424,"d":"7,056.5424"},{"v":0,"d":"0.0000%"}]
["P9896","Porteiro","mês",{"v":1656.6,"d":"1,656.6000"},{"v":1.249044,"d":"124.9044%"},{"v":3725.7662,"d":"3,725.7662"},{"v":0,"d":"0.0000%"}]
["P9897","Técnico de meio ambiente","mês",{"v":3467.6338,"d":"3,467.6338"},{"v":0.877702,"d":"87.7702%"},{"v":6511.1829,"d":"6,511.1829"},{"v":0,"d":"0.0000%"}]
["P9900","Comprador","mês",{"v":3400.162,"d":"3,400.1620"},{"v":0.877471,"d":"87.7471%"},{"v":6383.7055,"d":"6,383.7055"},{"v":0,"d":"0.0000%"}]
["P9901","Encarregado de superestrutura ferroviária","mês",{"v":3835.6924,"d":"3,835.6924"},{"v":0.839705,"d":"83.9705%"},{"v":7056.5424,"d":"7,056.5424"},{"v":0,"d":"0.0000%"}]
["P9903","Auxiliar técnico","mês",{"v":1740.1051,"d":"1,740.1051"},{"v":1.208807,"d":"120.8807%"},{"v":3843.5563,"d":"3,843.5563"},{"v":0,"d":"0.0000%"}]
["P9907","Comandante de longo curso","mês",{"v":12841.1521,"d":"12,841.1521"},{"v":0.598536,"d":"59.8536%"},{"v":20527.0439,"d":"20,527.0439"},{"v":0,"d":"0.0000%"}]
["P9908","Imediato","mês",{"v":9352.1689,"d":"9,352.1689"},{"v":0.629513,"d":"62.9513%"},{"v":15239.4808,"d":"15,239.4808"},{"v":0,"d":"0.0000%"}]
["P9909","Oficial de náutica","mês",{"v":2597.5548,"d":"2,597.5548"},{"v":0.93037,"d":"93.0370%"},{"v":5014.2418,"d":"5,014.2418"},{"v":0,"d":"0.0000%"}]
["P9910","Oficial de máquinas","mês",{"v":2931.3574,"d":"2,931.3574"},{"v":0.880774,"d":"88.0774%"},{"v":5513.2207,"d":"5,513.2207"},{"v":0,"d":"0.0000%"}]
["P9911","Condutor de máquinas","mês",{"v":2162.4018,"d":"2,162.4018"},{"v":1.01523,"d":"101.5230%"},{"v":4357.7369,"d":"4,357.7369"},{"v":0,"d":"0.0000%"}]
["P9912","Capitão fluvial com periculosidade","h",{"v":23.693,"d":"23.6930"},{"v":1.294539,"d":"129.4539%"},61.4724,{"v":0.3,"d":"30.0000%"}]
["P9913","Draguista","mês",{"v":3595.3388,"d":"3,595.3388"},{"v":0.812071,"d":"81.2071%"},{"v":6515.0091,"d":"6,515.0091"},{"v":0,"d":"0.0000%"}]
["P9915","Maquinista","h",12.3169,{"v":1.357465,"d":"135.7465%"},29.0366,{"v":0,"d":"0.0000%"}]
["P9916","Encarregado de conservação rodoviária","mês",{"v":3835.6924,"d":"3,835.6924"},{"v":0.839705,"d":"83.9705%"},{"v":7056.5424,"d":"7,056.5424"},{"v":0,"d":"0.0000%"}]
["P9920","Mestre fluvial","mês",{"v":5212.4597,"d":"5,212.4597"},{"v":0.720062,"d":"72.0062%"},{"v":8965.7538,"d":"8,965.7538"},{"v":0,"d":"0.0000%"}]
["P9921","Mergulhador raso autônomo de emergência","h",9.2239,{"v":2.148202,"d":"214.8202%"},31.4387,{"v":0.2602,"d":"26.0200%"}]
["P9922","Mergulhador raso dependente de emergência","h",9.2756,{"v":2.209995,"d":"220.9995%"},32.5573,{"v":0.3,"d":"30.0000%"}]
["P9924","Mergulhador raso dependente","h",9.2756,{"v":3.612663,"d":"361.2663%"},45.5678,{"v":0.3,"d":"30.0000%"}]
["P9925","Mergulhador raso autônomo","h",9.2239,{"v":3.248983,"d":"324.8983%"},41.5922,{"v":0.2602,"d":"26.0200%"}]
["P9926","Mergulhador raso auxiliar de superfície","h",9.2239,{"v":1.90536,"d":"190.5360%"},29.1988,{"v":0.2602,"d":"26.0200%"}]
["P9927","Frentista de túnel com periculosidade","h",7.5743,{"v":2.007342,"d":"200.7342%"},25.0508,{"v":0.3,"d":"30.0000%"}]
["P9928","Servente com periculosidade","h",7.0455,{"v":2.023322,"d":"202.3322%"},23.4144,{"v":0.3,"d":"30.0000%"}]
["P9929","Bombeiro hidráulico com periculosidade","h",10.5998,{"v":1.79845,"d":"179.8450%"},32.8429,{"v":0.3,"d":"30.0000%"}]
["P9930","Eletricista com periculosidade","h",10.5306,{"v":1.754426,"d":"175.4426%"},32.1649,{"v":0.3,"d":"30.0000%"}]
["P9931","Operador de equipamento de mergulho","h",17.4782,{"v":1.469245,"d":"146.9245%"},45.5577,{"v":0.1373,"d":"13.7300%"}]
["P9932","Operador de equipamento pesado com periculosidade","h",11.9633,{"v":1.610227,"d":"161.0227%"},34.8159,{"v":0.3,"d":"30.0000%"}]
["P9933","Supervisor de mergulho raso","mês",{"v":3845.1956,"d":"3,845.1956"},{"v":1.048494,"d":"104.8494%"},{"v":8404.8054,"d":"8,404.8054"},{"v":0.1373,"d":"13.7300%"}]
["P9934","Motorista de veículo especial com periculosidade","h",12.6452,{"v":1.560496,"d":"156.0496%"},36.1715,{"v":0.3,"d":"30.0000%"}]
["P9938","Operador de equipamento leve com periculosidade","h",8.3869,{"v":1.846211,"d":"184.6211%"},26.3869,{"v":0.3,"d":"30.0000%"}]
["P9939","Operador de equipamento leve com insalubridade","h",8.3869,{"v":2.049477,"d":"204.9477%"},27.9759,{"v":0.2862,"d":"28.6200%"}]
["P9940","Piloto fluvial com periculosidade","h",14.8924,{"v":1.440271,"d":"144.0271%"},40.8092,{"v":0.3,"d":"30.0000%"}]
["P9941","Mestre fluvial com periculosidade","h",{"v":23.693,"d":"23.6930"},{"v":1.294539,"d":"129.4539%"},61.4724,{"v":0.3,"d":"30.0000%"}]
["P9942","Marinheiro de convés com periculosidade","h",9.1112,{"v":1.691195,"d":"169.1195%"},27.2533,{"v":0.3,"d":"30.0000%"}]
["P9943","Técnico de batimetria com periculosidade","h",11.8674,{"v":1.545705,"d":"154.5705%"},33.7711,{"v":0.3,"d":"30.0000%"}]
["P9944","Operador de equipamento especial com periculosidade","h",16.9279,{"v":1.436686,"d":"143.6686%"},46.3263,{"v":0.3,"d":"30.0000%"}]
["P9945","Draguista com periculosidade","h",16.3424,{"v":1.40546,"d":"140.5460%"},44.2137,{"v":0.3,"d":"30.0000%"}]
["P9946","Engenheiro auxiliar","mês",{"v":11220,"d":"11,220.0000"},{"v":0.624584,"d":"62.4584%"},{"v":18227.8324,"d":"18,227.8324"},{"v":0,"d":"0.0000%"}]
["P9947","Técnico florestal","mês",{"v":3467.6338,"d":"3,467.6338"},{"v":0.877702,"d":"87.7702%"},{"v":6511.1829,"d":"6,511.1829"},{"v":0,"d":"0.0000%"}]
["P9948","Motorista de veículo leve - mensalista","mês",{"v":2010.9583,"d":"2,010.9583"},{"v":1.113079,"d":"111.3079%"},{"v":4249.3137,"d":"4,249.3137"},{"v":0,"d":"0.0000%"}]
["P9949","Topógrafo","mês",{"v":2653.9143,"d":"2,653.9143"},{"v":0.995885,"d":"99.5885%"},{"v":5296.9077,"d":"5,296.9077"},{"v":0,"d":"0.0000%"}]
["P9950","Auxiliar de topografia","mês",{"v":2035,"d":"2,035.0000"},{"v":1.134109,"d":"113.4109%"},{"v":4342.9118,"d":"4,342.9118"},{"v":0,"d":"0.0000%"}]
["P9951","Médico de câmara hiperbárica","mês",{"v":9709.5193,"d":"9,709.5193"},{"v":0.817208,"d":"81.7208%"},{"v":18172.4139,"d":"18,172.4139"},{"v":0.0544,"d":"5.4400%"}]
["P9952","Pedreiro - mensalista","mês",{"v":2300,"d":"2,300.0000"},{"v":1.074612,"d":"107.4612%"},{"v":4771.6076,"d":"4,771.6076"},{"v":0,"d":"0.0000%"}]
["P9953","Eletricista - mensalista","mês",{"v":2316.6955,"d":"2,316.6955"},{"v":1.108808,"d":"110.8808%"},{"v":4885.466,"d":"4,885.4660"},{"v":0,"d":"0.0000%"}]
["P9954","Servente - mensalista","mês",{"v":1550,"d":"1,550.0000"},{"v":1.337517,"d":"133.7517%"},{"v":3623.1513,"d":"3,623.1513"},{"v":0,"d":"0.0000%"}]
["P9955","Engenheiro chefe","mês",{"v":14957.4839,"d":"14,957.4839"},{"v":0.599126,"d":"59.9126%"},{"v":23918.9013,"d":"23,918.9013"},{"v":0,"d":"0.0000%"}]
["P9956","Motorista de caminhão com periculosidade","h",10.2089,{"v":1.681296,"d":"168.1296%"},30.4357,{"v":0.3,"d":"30.0000%"}]
["P9972","Técnico de batimetria","mês",{"v":2610.8367,"d":"2,610.8367"},{"v":0.930937,"d":"93.0937%"},{"v":5041.3611,"d":"5,041.3611"},{"v":0,"d":"0.0000%"}]

{"sheet":"MATERIAL SICRO","index":24,"n_rows":1660,"n_cols":4,"rows_kept":1660,"hidden":true,"merged":[[0,1,0,2]],"flags":["formulas_cached_only"]}
["CGCIT","SISTEMA DE CUSTOS REFERENCIAIS DE OBRAS - SICRO",null,"DNIT"]
[null,"Mato Grosso - Julho/2023"]
["Código","Descrição","Unidade","Preço Unitário (R$)"]
["M0003","Aço CA 25","kg",{"v":8.602,"d":"8.6020"}]
["M0004","Aço CA 50","kg",{"v":7.9,"d":"7.9000"}]
["M0005","Brita 0","m³",168.4175]
["M0006","Fibra de poliamida para concreto","kg",25.7072]
["M0007","Fibra de aço para concreto","kg",13.8479]
["M0008","Detergente líquido neutro","l",4.5186]
["M0009","Aço CP 175 RB","kg",9.5576]
["M0010","Aditivo superplastificante para concreto e argamassa","kg",13.9341]
["M0011","Aditivo modificador de viscosidade para concreto e argamassa","kg",9.1625]
["M0012","Silicato de alumínio","kg",{"v":1.762,"d":"1.7620"}]
["M0013","Grampo de ancoragem em aço CA 50 - D = 12,5 mm","kg",{"v":7.9,"d":"7.9000"}]
["M0014","Aço CA 60","kg",9.6171]
["M0015","Espoleta elétrica Nº 8 - D = 6,0 mm","un",18.6706]
["M0016","Grampo sargento em ferro fundido tipo C com abertura útil de 105 mm (4\")","un",53.4625]
["M0017","Saco de aniagem ou de ráfia de 50 kg - C = 95 cm e L = 65 cm","un",{"v":2.768,"d":"2.7680"}]
["M0018","Grampo pesado em aço-carbono para cabo de aço - D = 13 mm (1/2\")","un",19.0422]
["M0019","Esticador em aço tipo olhal x olhal para cabo de aço - D = 13 mm","un",167.7633]
["M0020","Grampo de ancoragem em aço CA 50 - D = 6,3 mm","kg",9.5669]
["M0021","Herbicida glifosato para áreas contínuas","l",{"v":24.093,"d":"24.0930"}]
["M0025","Adesivo plástico para tubos de PVC","kg",53.3091]
["M0026","Aditivo aglutinante para argamassa","l",7.1208]
["M0028","Areia média","m³",98.4955]
["M0029","Sílica ativa para concreto e argamassa (microssílica)","kg",1.8246]
["M0030","Aditivo plastificante e retardador de pega para concreto e argamassa","kg",6.2577]
["M0032","Adesivo de contato para laminado elastoplástico","kg",41.9663]
["M0035","Diluente tipo aguarrás para tintas e vernizes","l",14.3163]
["M0039","Gasolina comum","l",4.8423]
["M0041","Contêiner com 2 banheiros - L = 2,44 m e C = 6,09 m (1 TEU)","un",{"v":79827.5915,"d":"79,827.5915"}]
["M0042","Contêiner com janela - L = 2,44 m e C = 6,09 m (1 TEU)","un",{"v":59383.4077,"d":"59,383.4077"}]
["M0043","Óleo diesel","l",5.1821]
["M0044","Abrasivo de vidro com granulometria de 210 a 420 micra","kg",{"v":8.69,"d":"8.6900"}]
["M0045","Barreira plástica monobloco para canalização de trânsito - C = 100 cm, L = 50 cm e H = 55 cm","un",568.0577]
["M0046","Barreira plástica para canalização de trânsito - C = 60 cm, L = 45 cm e H = 60 cm","un",327.7379]
["M0047","Cone de sinalização em polietileno - H = 75 cm e base quadrada de 40 x 40 cm","un",103.9206]
["M0048","Balizador cônico refletivo em polietileno semiflexível - H = 114 cm e base octogonal de D = 40 cm","un",134.0028]
["M0049","Delimitador de tráfego flexível com chumbador e duas faixas refletivas - H = 77 cm e D = 21 cm","un",171.0697]
["M0050","Aditivo natural tipo goma xantana para hidrossemeadura","kg",102.0516]
["M0051","Cilindro canalizador de tráfego em polietileno - H = 117 cm e base quadrada de 60 x 60 cm","un",186.4205]
["M0052","Fita adesiva de PVC - L = 50 mm e C = 50 m","m",0.1122]
["M0053","Tela plástica em polipropileno na cor laranja para tapume - L = 1,2 m","m",2.0103]
["M0054","Fita zebrada de cor laranja e branca - L = 7 a 8 cm","m",0.0713]
["M0055","Barreira plástica articulável modular - C = 240 cm e H = 100 cm","un",{"v":1300.4513,"d":"1,300.4513"}]
["M0056","Ferramenta de corte para removedora de faixa de sinalização (Smith Cutter)","un",{"v":5980.6769,"d":"5,980.6769"}]
["M0057","Contêiner com janela - L = 4,88 m e C = 6,09 m (1 TEU duplo)","un",{"v":109703.3439,"d":"109,703.3439"}]
["M0058","Contêiner com janela e 2 banheiros - L = 4,88 m e C = 6,09 m (1 TEU duplo)","un",{"v":114171.8915,"d":"114,171.8915"}]
["M0059","Contêiner com revestimento térmico, janela e banheiro - L = 2,44 m e C = 6,09 m (1 TEU)","un",{"v":76515.6337,"d":"76,515.6337"}]
["M0060","Contêiner com janela - L = 2,44 m e C = 4,58 m (3/4 TEU)","un",{"v":46746.2483,"d":"46,746.2483"}]
["M0065","Contêiner com janela e banheiro - L = 2,44 m e 4,58 m (3/4 TEU)","un",{"v":56264.3269,"d":"56,264.3269"}]
["M0066","Contêiner com revestimento térmico, janela e banheiro - L = 2,44 m e C = 12,90 m (2 TEU)","un",{"v":92715.6838,"d":"92,715.6838"}]
["M0067","Tubo PEAD PE 100 PN 10 com flanges - D = 160 mm","m",176.7178]
["M0068","Caibro de pinho - L = 7,5 cm e E = 10,0 cm","m",17.9686]
["M0069","Arame farpado em aço galvanizado - D = 1,60 mm","m",0.7485]
["M0071","Contêiner com 3 janelas para guarita - L = 2,44 m e C = 3,05 m (1/2 TEU)","un",{"v":32798.0704,"d":"32,798.0704"}]
["M0072","Arame liso em aço galvanizado - D = 2,10 mm (14 BWG)","kg",17.6189]
["M0073","Muda de árvore com altura de 0,30 a 0,80 m","un",10.8907]
["M0074","Muda de arbusto com altura até 0,50 m","un",{"v":18.595,"d":"18.5950"}]
["M0075","Arame liso recozido em aço-carbono - D = 1,24 mm (18 BWG)","kg",9.0697]
["M0076","Disco de corte abrasivo para policorte - D = 300 mm","un",15.3477]
["M0080","Areia fina","m³",100.8692]
["M0081","Areia grossa","m³",96.6874]
["M0082","Areia média lavada","m³",125.1541]
["M0083","Argamassa pré-dosada para grauteamento","kg",1.6907]
["M0084","Argamassa pré-dosada autoadensável para grauteamento","kg",1.5239]
["M0085","Ancoragem ativa para 4 cordoalhas - D = 12,7 mm","un",378.3101]
["M0086","Ancoragem ativa para 6 cordoalhas - D = 12,7 mm","un",510.8866]
["M0087","Ancoragem ativa para 7 cordoalhas - D = 12,7 mm","un",591.4631]
["M0088","Ancoragem ativa para 8 cordoalhas - D = 12,7 mm","un",692.5234]
["M0089","Ancoragem ativa para 9 cordoalhas - D = 12,7 mm","un",783.3049]
["M0091","Ancoragem ativa para 10 cordoalhas - D = 12,7 mm","un",859.9287]
["M0092","Ancoragem ativa para 12 cordoalhas - D = 12,7 mm","un",{"v":1092.1062,"d":"1,092.1062"}]
["M0093","Ancoragem ativa para 15 cordoalhas - D = 12,7 mm","un",{"v":1512.0405,"d":"1,512.0405"}]
["M0094","Ancoragem ativa para 19 cordoalhas - D = 12,7 mm","un",{"v":1926.5776,"d":"1,926.5776"}]
["M0098","Bambu com diâmetro médio de 10 cm","m",16.4232]
["M0099","Equipamentos para a fábrica de dormentes de concreto protendido","ISF",{"v":548.48,"d":"548.4800"}]
["M0100","Ancoragem ativa para 22 cordoalhas - D = 12,7 mm","un",{"v":2487.7843,"d":"2,487.7843"}]
["M0101","Ancoragem ativa para 27 cordoalhas - D = 12,7 mm","un",{"v":3006.5441,"d":"3,006.5441"}]
["M0102","Ancoragem ativa para 31 cordoalhas - D = 12,7 mm","un",{"v":3393.1652,"d":"3,393.1652"}]
["M0103","Aditivo acelerador de pega para concreto e argamassa projetados","kg",6.6189]
["M0104","Asfalto diluído de petróleo - CM-30","t","-"]
["M0105","Ancoragem ativa para 4 cordoalhas - D = 15,2 mm","un",463.7418]
["M0106","Ancoragem ativa para 6 cordoalhas - D = 15,2 mm","un",645.9513]
["M0107","Geocomposto para drenagem","m²",29.3374]
["M0108","Ancoragem ativa para 7 cordoalhas - D = 15,2 mm","un",763.0615]
["M0109","Geodreno vertical - L = 10 cm e E = 5 mm","m",4.6666]
["M0110","Ancoragem ativa para 10 cordoalhas - D = 15,2 mm","un",{"v":1173.5581,"d":"1,173.5581"}]
["M0111","Ancoragem ativa para 9 cordoalhas - D = 15,2 mm","un",{"v":1042.7779,"d":"1,042.7779"}]
["M0112","Disco diamantado segmentado para corte de pavimento - D = 1.000 mm","un",{"v":5880.3667,"d":"5,880.3667"}]
["M0113","Ancoragem ativa para 12 cordoalhas - D = 15,2 mm","un",{"v":1440.5421,"d":"1,440.5421"}]
["M0114","Disco diamantado segmentado para corte de pavimento - D = 1.500 mm","un",{"v":26163.5912,"d":"26,163.5912"}]
["M0115","Biomanta vegetal de fibras de coco entrelaçadas com fios de polipropileno biodegradáveis - densidade 0,4 kg/m²","m²",{"v":6.5,"d":"6.5000"}]
["M0116","Mangote flangeado de borracha reforçada com lonas sintéticas - C = 1,80 m e D = 0,30 m","un",{"v":16578.5698,"d":"16,578.5698"}]
["M0117","Mangote flangeado de borracha reforçada com lonas sintéticas - C = 1,80 m e D = 0,40 m","un",{"v":19625.7049,"d":"19,625.7049"}]
["M0118","Mangote flangeado de borracha reforçada com lonas sintéticas - C = 1,80 m e D = 0,45 m","un",{"v":24568.1548,"d":"24,568.1548"}]
["M0119","Mangote flangeado de borracha reforçada com lonas sintéticas - C = 1,80 m e D = 0,50 m","un",{"v":25429.4171,"d":"25,429.4171"}]
["M0120","Tubo PEAD PE 100 PN 8 com flanges - D = 250 mm","m",{"v":323.211,"d":"323.2110"}]
["M0121","Tubo PEAD PE 100 PN 8 com flanges - D = 400 mm","m",{"v":2078.8902,"d":"2,078.8902"}]
["M0122","Tubo PEAD PE 100 PN 8 com flanges - D = 450 mm","m",{"v":2609.6263,"d":"2,609.6263"}]
["M0123","Tubo PEAD PE 100 PN 8 com flanges - D = 500 mm","m",{"v":2921.9567,"d":"2,921.9567"}]
["M0124","Flutuador bipartido em polietileno com núcleo de espuma em poliuretano para tubos - D = 0,30 m","un",{"v":4336.3187,"d":"4,336.3187"}]
["M0125","Flutuador bipartido em polietileno com núcleo de espuma em poliuretano para tubos - D = 0,40 m","un",{"v":5931.1893,"d":"5,931.1893"}]
["M0126","Flutuador bipartido em polietileno com núcleo de espuma em poliuretano para tubos - D = 0,45 m","un",{"v":6806.0227,"d":"6,806.0227"}]
["M0127","Flutuador bipartido em polietileno com núcleo de espuma em poliuretano para tubos - D = 0,50 m","un",{"v":7342.1979,"d":"7,342.1979"}]
["M0128","Biomanta vegetal de fibras de palha entrelaçadas com fios de polipropileno biodegradáveis - densidade 0,6 kg/m²","m²",5.7171]
["M0129","Retentor de sedimento em fibras vegetais - D = 20 cm","m",{"v":49.881,"d":"49.8810"}]
["M0130","Ancoragem ativa para 15 cordoalhas - D = 15,2 mm","un",{"v":1885.6879,"d":"1,885.6879"}]
["M0131","Tubo PEAD corrugado com paredes estruturadas para drenagem - D = 400 mm","m",206.6877]
["M0132","Tubo PEAD corrugado com paredes estruturadas para drenagem - D = 450 mm","m",233.2955]
["M0133","Tubo PEAD corrugado com paredes estruturadas para drenagem - D = 500 mm","m",339.2112]
["M0134","Tubo PEAD corrugado com paredes estruturadas para drenagem - D = 600 mm","m",495.3345]
["M0135","Tubo PEAD corrugado com paredes estruturadas para drenagem - D = 750 mm","m",652.3648]
["M0136","Tubo PEAD corrugado com paredes estruturadas para drenagem - D = 800 mm","m",{"v":723.914,"d":"723.9140"}]
["M0137","Tubo PEAD corrugado com paredes estruturadas para drenagem - D = 900 mm","m",954.3865]
["M0138","Ancoragem ativa para 19 cordoalhas - D = 15,2 mm","un",{"v":2461.0331,"d":"2,461.0331"}]
["M0139","Tubo PEAD corrugado com paredes estruturadas para drenagem - D = 1.000 mm","m",{"v":1290.8341,"d":"1,290.8341"}]
["M0140","Bentonita","kg",3.0641]
["M0141","Tubo PEAD corrugado com paredes estruturadas para drenagem - D = 1.050 mm","m",{"v":1353.642,"d":"1,353.6420"}]
["M0142","Tubo PEAD corrugado com paredes estruturadas para drenagem - D = 1.200 mm","m",{"v":1712.0895,"d":"1,712.0895"}]
["M0143","Tubo PEAD corrugado com paredes estruturadas para drenagem - D = 1.500 mm","m",{"v":2038.3262,"d":"2,038.3262"}]
["M0144","Tubo PEAD corrugado com paredes estruturadas para drenagem - D = 1.800 mm","m",{"v":6945.5631,"d":"6,945.5631"}]
["M0145","Ancoragem ativa para 22 cordoalhas - D = 15,2 mm","un",{"v":3169.2663,"d":"3,169.2663"}]
["M0146","Ancoragem ativa para 27 cordoalhas - D = 15,2 mm","un",{"v":4163.2628,"d":"4,163.2628"}]
["M0147","Tubo PEAD corrugado com paredes estruturadas para drenagem - D = 2.000 mm","m",{"v":8368.0547,"d":"8,368.0547"}]
["M0148","Ancoragem ativa para lajes para 1 cordoalha - D = 12,7 mm","un",91.0173]
["M0149","Tubo PEAD corrugado com paredes estruturadas para drenagem - D = 2.500 mm","m",{"v":13851.7455,"d":"13,851.7455"}]
["M0150","Tubo PEAD corrugado com paredes estruturadas para drenagem - D = 3.000 mm","m",{"v":19264.4136,"d":"19,264.4136"}]
["M0151","Ancoragem ativa para lajes para 2 cordoalhas - D = 12,7 mm","un",170.2434]
["M0152","Ancoragem ativa para lajes para 3 cordoalhas - D = 12,7 mm","un",235.0072]
["M0153","Ancoragem ativa para lajes para 4 cordoalhas - D = 12,7 mm","un",303.3322]
["M0156","Bloco de concreto - L = 19 cm, A = 19 cm e C = 39 cm","un",{"v":4.217,"d":"4.2170"}]
["M0158","Tela metálica galvanizada dobrada em L - C = 2,0 m, L = 0,4 m e H = 0,4 m","un",{"v":402.258,"d":"402.2580"}]
["M0160","Extintor de incêndio tipo espuma mecânica - V = 10 l","un",601.0122]
["M0161","Barra de fibra de vidro (vergalhão) - D = 25,0 mm","m",60.0037]
["M0162","Corrente de elo soldado em aço galvanizado com acabamento polido - D = 3,18 mm (1/8\")","m",7.3541]
["M0163","Gonzo com aba em aço galvanizado - D = 12,7 mm (1/2\")","un",3.0837]
["M0164","Tubo em aço galvanizado - E = 1,50 mm e seção de 20 x 20 mm","m",14.7011]
["M0166","Tubo em aço galvanizado - E = 2,25 mm e D = 20 mm (3/4\")","m",40.8278]
["M0167","Tela de poliamida industrial - E = 0,40 mm e malha de 1,6 mm","m²",14.6838]
["M0168","Abraçadeira de poliamida - E = 3,6 mm e C = 200 mm","un",0.2066]
["M0169","Roda em aço e pneu com câmara de ar 83/203 mm (3,25\"/8\") para carrinho de mão","un",{"v":62,"d":"62.0000"}]
["M0173","Ancoragem ativa para lajes para 1 cordoalha - D = 15,2 mm","un",100.1424]
["M0178","Ancoragem ativa para lajes para 2 cordoalhas - D = 15,2 mm","un",216.1155]
["M0181","Ancoragem ativa para lajes para 3 cordoalhas - D = 15,2 mm","un",288.6195]
["M0184","Ancoragem ativa para lajes para 4 cordoalhas - D = 15,2 mm","un",363.5961]
["M0191","Brita 1","m³",153.9745]
["M0192","Brita 2","m³",149.8962]
["M0193","Brita 3","m³",{"v":147.225,"d":"147.2250"}]
["M0194","Escória de aciaria","m³",15.2053]
["M0198","Parafuso de cabeça chata em aço - D = 4,5 mm e bucha plástica - D = 8 mm (S8)","un",0.3044]
["M0199","Coroa de botões cruzados linha R32 - D = 43 mm (1 11/16’’)","un",320.8813]
["M0201","Coroa de botões esféricos linha T38 - D = 89 mm (3 1/2\")","un",971.6506]
["M0202","Coroa de botões esféricos linha T45 - D = 76 mm (3\")","un",674.0171]
["M0204","Instalações físicas para a central de pré-moldagem de dormentes de concreto protendido","CMCC",{"v":1868.69,"d":"1,868.6900"}]
["M0217","Enxofre","kg",4.7716]
["M0220","Adubo à base de nitrogênio, fósforo e potássio (NPK)","kg",3.7667]
["M0222","Filer calcário","kg",{"v":0.23,"d":"0.2300"}]
["M0223","Sementes para hidrossemeadura","kg",{"v":32.9,"d":"32.9000"}]
["M0224","Guia-chapéu pré-moldada - C = 120 cm","un",61.3064]
["M0225","Adubo orgânico composto","kg",0.2398]
["M0229","Gabião tipo colchão em liga de zinco e alumínio revestido com polímero de malha hexagonal - E = 0,17 m","m²",208.6297]
["M0230","Gabião tipo caixa em liga de zinco e alumínio de malha hexagonal - C = 2,00 m, L = 1,00 m e H = 0,50 m","un",614.9061]
["M0231","Gabião tipo caixa em liga de zinco e alumínio de malha hexagonal - C = 2,00 m, L = 1,00 m e H = 1,00 m","un",976.9048]
["M0232","Gabião tipo caixa em liga de zinco e alumínio revestido com polímero de malha hexagonal - C = 2,00 m, L = 1,00 m e H = 0,50 m","un",768.4449]
["M0233","Gabião tipo caixa em liga de zinco e alumínio revestido com polímero de malha hexagonal - C = 2,00 m, L = 1,00 m e H = 1,00 m","un",{"v":1075.304,"d":"1,075.3040"}]
["M0234","Gabião tipo saco em liga de zinco e alumínio revestido com polímero de malha hexagonal - D = 0,65 m","m³",565.2659]
["M0235","Gabião tipo colchão em liga de zinco e alumínio revestido com polímero de malha hexagonal - E = 0,23 m","m²",{"v":221.566,"d":"221.5660"}]
["M0236","Gabião tipo colchão em liga de zinco e alumínio revestido com polímero de malha hexagonal - E = 0,30 m","m²",244.2575]
["M0237","Energia elétrica","kWh",1.0866]
["M0253","Cabo de cobre flexível antichama isolado em PVC - tensão de 450/750 V e seção de 16 mm²","m",16.2221]
["M0254","Mistura gasosa de argônio e dióxido de carbono para solda MIG/MAG","m³",42.1556]
["M0256","Tinta à base de etil silicato de zinco bicomponente para fundo preparador de pintura","l",79.6408]
["M0257","Diluente para tinta à base de etil silicato de zinco","l",27.6087]
["M0260","Cabo de cobre PP flexível isolado em PVC - tensão de 300/500 V e seção de 3 x 1,5 mm²","m",{"v":4.854,"d":"4.8540"}]
["M0264","Bomba de combustível industrial eletrônica simples","un",{"v":25245.7984,"d":"25,245.7984"}]
["M0265","Tanque de combustível aéreo horizontal com escada para visita - capacidade de 5.000 l","un",{"v":19728.7531,"d":"19,728.7531"}]
["M0266","Cabo de cobre flexível antichama isolado em PVC - tensão de 0,6/1,0 kV e seção de 240 mm²","m",128.0374]
["M0267","Módulo de torre de elevador de cremalheira","un",{"v":3756.4962,"d":"3,756.4962"}]
["M0268","Módulo de ancoragem de torre de elevador de cremalheira","un",{"v":2846.6122,"d":"2,846.6122"}]
["M0269","Cabo de cobre flexível antichama isolado em PVC - tensão de 0,6/1,0 kV e seção de 50 mm²","m",31.9876]
["M0284","Caibro de pinho - L = 7,5 cm e E = 7,5 cm","m",13.3582]
["M0285","Pontalete para escoramento - D = 15 cm","m",8.5682]
["M0286","Tábua - E = 2,5 cm e L = 30 cm","m",12.6032]
["M0289","Tábua - E = 2,5 cm e L = 15 cm","m",4.9522]
["M0290","Tábua - E = 2,5 cm e L = 10 cm","m",3.9396]
["M0301","Pontalete para escoramento - D = 10 cm","m",5.2458]
["M0310","Peça de madeira - L = 7,5 cm e E = 2,5 cm","m",3.3314]
["M0311","Filtro de aspiração de ar externo com capacidade 3,58 l/s para compressor de ar respirável ","un",199.4378]
["M0312","Filtro de purificação de ar comprimido com capacidade de 35 MPa para compressor de ar respirável ","un",{"v":220,"d":"220.0000"}]
["M0344","Cal hidratada - a granel","kg",0.4792]
["M0345","Cal hidratada - saco","kg",0.6555]
["M0346","Disco de aço para bomba de projeção via seca","un",313.3333]
["M0347","Disco de aço para bomba de projeção via úmida","un",{"v":1039.891,"d":"1,039.8910"}]
["M0348","Disco de borracha para bomba de projeção via seca","un",{"v":265,"d":"265.0000"}]
["M0349","Disco de borracha para bomba de projeção via úmida","un",{"v":600.6,"d":"600.6000"}]
["M0350","Bico para bomba de projeção","un",{"v":290,"d":"290.0000"}]
["M0351","Mangote para bomba de projeção","m",275.2787]
["M0365","Cantoneira em ferro de abas iguais - L = 25,4 mm e E = 4,76 mm","kg",10.5146]
["M0366","Cantoneira em aço ASTM A36 galvanizado","kg",9.8821]
["M0395","Chapa de alumínio - E = 1,5 mm","m²",198.1612]
["M0408","Chumbador de expansão controlada por torque em aço zincado para concreto - D = 12,5 mm","un",11.6809]
["M0409","Chumbador de expansão controlada por torque em aço zincado para concreto - D = 6,3 mm","un",1.3877]
["M0410","Chumbador de expansão controlada por torque em aço zincado para concreto - D = 20,0 mm","un",26.4789]
["M0411","Chumbador de expansão controlada por torque em aço zincado para concreto - D = 10,0 mm","un",5.1421]
["M0412","Chumbador de expansão controlada por torque em aço zincado para concreto - D = 16,0 mm","un",17.0342]
["M0413","Chumbador de expansão controlada por torque em aço zincado para concreto - D = 25,0 mm","un",41.0665]
["M0421","Argamassa expansiva para desmonte de rocha e demolição de concreto","kg",10.5468]
["M0424","Cimento Portland CP II - 32 - saco","kg",0.6194]
["M0427","Cordoalha nua tipo CP 190 RB - D = 12,7 mm","kg",12.1615]
["M0428","Cordoalha nua tipo CP 190 RB - D = 15,2 mm","kg",12.1615]
["M0429","Perfil de alumínio tipo L421 para placa de sinalização - seção de 33 x 40 mm","m",15.8293]
["M0434","Tirante de barra de aço - tensão de escoamento = 950 MPa, tensão de ruptura = 1.050 MPa e D = 32 mm","m",{"v":284.102,"d":"284.1020"}]
["M0442","Compensado plastificado - E = 10 mm","m²",42.9738]
["M0443","Compensado plastificado - E = 12 mm","m²",51.6528]
["M0444","Luva em aço para emenda tipo prensada - D = 12,5 mm","un",21.6554]
["M0445","Luva em aço para emenda tipo prensada - D = 16,0 mm","un",30.5095]
["M0446","Compensado resinado - E = 10 mm","m²",28.9501]
["M0447","Compensado resinado - E = 12 mm","m²",35.7157]
["M0448","Compensado resinado - E = 14 mm","m²",41.1815]
["M0450","Compensado de virola - E = 6 mm","m²",33.6786]
["M0451","Concreto usinado - fck = 20 MPa (comercial)","m³","-"]
["M0452","Concreto usinado - fck = 25 MPa (comercial)","m³","-"]
["M0453","Concreto usinado - fck = 30 MPa (comercial)","m³","-"]
["M0454","Concreto usinado - fck = 35 MPa (comercial)","m³","-"]
["M0459","Compensado plastificado - E = 14 mm","m²",59.9173]
["M0467","Luva em aço para emenda tipo prensada - D = 20,0 mm","un",{"v":44.24,"d":"44.2400"}]
["M0468","Luva em aço para emenda tipo prensada - D = 25,0 mm","un",84.5002]
["M0469","Luva em aço para emenda tipo prensada - D = 32,0 mm","un",168.8588]
["M0470","Luva em aço para emenda com rosca cônica - D = 12,5 mm","un",20.8696]
["M0471","Luva em aço para emenda com rosca cônica - D = 16,0 mm","un",32.6204]
["M0472","Luva em aço para emenda com rosca cônica - D = 20,0 mm","un",43.2022]
["M0481","Luva em aço para emenda com rosca cônica - D = 25,0 mm","un",62.5121]
["M0502","Luva em aço para emenda com rosca cônica - D = 32,0 mm","un",96.7663]
["M0505","Broca de widia - D = 6,5 mm e C = 100 mm","un",4.3434]
["M0506","Broca de widia - D = 8 mm e C = 120 mm","un",8.5609]
["M0511","Abrasivo tipo granalha de aço","kg",12.6665]
["M0512","Bico venturi longo - D = 7,9 mm (5/16\")","un",516.7781]
["M0521","Laminado elastoplástico - E = 1,5 mm","m²",235.8952]
["M0532","Escora tubular galvanizada regulável telescópica para tunnel liner - L = 2,42 a 4,00 m e capacidade de 1.750 a 625 kg","kg",20.3374]
["M0533","Escora tubular galvanizada regulável - L = 3,00 a 4,50 m e capacidade de 2.100 a 750 kg","un",198.4484]
["M0534","Escora tubular galvanizada regulável - L = 2,00 a 3,10 m e capacidade de 3.200 a 1.500 kg","un",{"v":143.975,"d":"143.9750"}]
["M0536","Quadro tubular contraventado com acessórios - C = 1,00 m, L = 1,00 m e H = 1,25 m","un",394.2849]
["M0537","Sapata ajustável para andaime - base quadrada de 15 x 15 cm","un",86.3904]
["M0538","Escada metálica tipo marinheiro para andaime","m",125.1799]
["M0539","Quadro tubular contraventado para andaime - H = 100 cm e L = 100 cm","un",198.9011]
["M0540","Quadro tubular contraventado para andaime - H = 100 cm e L = 150 cm","un",261.5839]
["M0541","Quadro tubular contraventado para andaime - H = 100 cm e L = 200 cm","un",303.4125]
["M0542","Diagonal tubular para andaime - C = 141 cm","un",67.6518]
["M0543","Diagonal tubular para andaime - C = 212 cm","un",74.2051]
["M0544","Diagonal tubular para andaime - C = 283 cm","un",78.8249]
["M0545","Plataforma metálica de piso para andaime - C = 100 e L = 33 cm","un",250.3266]
["M0546","Plataforma metálica de piso para andaime - C = 150 e L = 37 cm","un",238.7328]
["M0547","Plataforma metálica de piso para andaime - C = 200 e L = 33 cm","un",{"v":305,"d":"305.0000"}]
["M0548","Quadro tubular tipo guarda-corpo para andaime - H = 120 cm e L = 100 cm","un",188.0216]
["M0549","Quadro tubular tipo guarda-corpo com acessórios para andaime - H = 120 cm e L = 150 cm","un",279.4422]
["M0550","Quadro tubular tipo guarda-corpo com acessórios para andaime - H = 120 cm e L = 200 cm","un",394.7733]
["M0560","Desmoldante para fôrmas de madeira","l",12.2283]
["M0562","Abraçadeira giratória em aço galvanizado para escada multidirecional - D = 48 mm","un",69.5018]
["M0563","Tubo em aço galvanizado para escada multidirecional - C = 100 cm","un",104.7578]
["M0564","Peça base em aço galvanizado para escada multidirecional - C = 33 cm","un",{"v":156.066,"d":"156.0660"}]
["M0565","Poste vertical em aço galvanizado para escada multidirecional - C = 100 cm","un",276.4997]
["M0566","Poste vertical em aço galvanizado para escada multidirecional - C = 200 cm","un",446.8767]
["M0567","Travessa em aço galvanizado para escada multidirecional - C = 75 cm","un",198.3789]
["M0568","Travessa em aço galvanizado para escada multidirecional - C = 150 cm","un",339.1341]
["M0569","Travessa em aço galvanizado para escada multidirecional - C = 250 cm","un",440.8544]
["M0570","Diagonal em aço galvanizado para escada multidirecional - C = 150 cm para módulos de H = 200 cm","un",{"v":326.067,"d":"326.0670"}]
["M0571","Diagonal em aço galvanizado para escada multidirecional - C = 250 cm para módulos de H = 200 cm","un",359.5037]
["M0572","Piso em aço galvanizado para escada multidirecional - L = 32 cm e C = 150 cm","un",{"v":716.747,"d":"716.7470"}]
["M0573","Escada de alumínio para escada multidirecional - H = 200 cm e C = 250 cm","un",{"v":6257.8345,"d":"6,257.8345"}]
["M0574","Corrimão externo em alumínio para escada multidirecional - C = 250 cm","un",{"v":1035.517,"d":"1,035.5170"}]
["M0575","Corrimão interno em alumínio para escada multidirecional - C = 250 cm","un",{"v":1564.4543,"d":"1,564.4543"}]
["M0576","Conexão tubular em aço galvanizado com semiabraçadeira para travessas - C = 30 cm e D = 48,3 mm","un",336.7053]
["M0601","Ponteiro para martelete - D = 32 mm e C = 1,00 m","un",756.3785]
["M0602","Ponteiro para rompedor hidráulico de 1.700 kg","un",{"v":7180.6574,"d":"7,180.6574"}]
["M0603","Ponteiro para rompedor hidráulico de 520 kg","un",{"v":5877.6153,"d":"5,877.6153"}]
["M0614","Concreto usinado - fctM,k = 4,5 MPa (comercial)","m³","-"]
["M0615","Aditivo incorporador de ar para concreto e argamassa","kg",6.5349]
["M0639","Bico para corte a plasma CNC - 130A","un",161.7564]
["M0640","Bocal para corte a plasma CNC - 130A","un",109.5607]
["M0641","Capa do bico para corte a plasma CNC - 130A","un",{"v":1319,"d":"1,319.0000"}]
["M0642","Capa do bocal para corte a plasma CNC - 130A","un",643.0012]
["M0643","Distribuidor de gás para corte a plasma CNC - 130A","un",{"v":184.42,"d":"184.4200"}]
["M0644","Eletrodo para corte a plasma CNC - 130A","un",120.0316]
["M0645","Tubo de água para corte a plasma CNC - 130A","un",{"v":187.853,"d":"187.8530"}]
["M0646","Estaca pré-moldada de concreto protendido com compressão admissível de 100 t","m",215.3411]
["M0647","Estaca pré-moldada de concreto protendido com compressão admissível de 25 t","m",77.1323]
["M0648","Estaca pré-moldada de concreto protendido com compressão admissível de 35 t","m",94.2124]
["M0649","Estaca pré-moldada de concreto protendido com compressão admissível de 60 t","m",128.9674]
["M0650","Estaca pré-moldada de concreto protendido com compressão admissível de 75 t","m",169.1794]
["M0666","Martelo de fundo DTH - DN = 76 mm (3\")","un",{"v":8645.8806,"d":"8,645.8806"}]
["M0667","Martelo de fundo DTH - DN = 127 mm (5\")","un",{"v":12366.2687,"d":"12,366.2687"}]
["M0668","Martelo de fundo DTH - DN = 152 mm (6\")","un",{"v":18538.363,"d":"18,538.3630"}]
["M0669","Martelo de fundo DTH - DN = 203 mm (8\")","un",{"v":30911.8314,"d":"30,911.8314"}]
["M0673","Estaca pré-moldada de concreto armado centrifugado com compressão admissível de 55 t","m",{"v":162.576,"d":"162.5760"}]
["M0677","Estaca pré-moldada de concreto armado centrifugado com compressão admissível de 80 t","m",246.9171]
["M0682","Aço em perfis ASTM A36","kg",10.0209]
["M0686","Estaca pré-moldada de concreto armado centrifugado com compressão admissível de 100 t","m",259.0454]
["M0717","Tinta à base de resina epóxi bicomponente para fundo preparador de pintura","l",229.2273]
["M0718","Tinta esmalte à base de resina epóxi bicomponente","l",56.2893]
["M0719","Diluente epóxi","l",37.5101]
["M0721","Tinta anticorrosiva zarcão para fundo preparador de pintura","l",49.6185]
["M0722","Estaca pré-moldada de concreto armado centrifugado com compressão admissível de 125 t","m",324.0898]
["M0729","Fixador de cal para pintura","l",{"v":4.003,"d":"4.0030"}]
["M0734","Estaca pré-moldada de concreto armado centrifugado com compressão admissível de 170 t","m",506.0469]
["M0741","Grama tipo batatais","m²",4.2382]
["M0745","Grampo em aço galvanizado para cerca - C = 25,4 mm e E = 3,76 mm (1\" x 9 BWG)","kg",13.2282]
["M0755","Estaca pré-moldada de concreto armado centrifugado com compressão admissível de 230 t","m",569.1172]
["M0756","Estaca pré-moldada de concreto armado centrifugado com compressão admissível de 300 t","m",838.6993]
["M0767","Sinalizador a LED com bateria","un",201.0518]
["M0769","Lona plástica - E = 200 micra","m²",{"v":1.618,"d":"1.6180"}]
["M0771","Cavalete em polietileno zebrado com faixa refletiva","un",{"v":370,"d":"370.0000"}]
["M0773","Perfil de alumínio tipo L463 para placa de sinalização - seção de 50 x 50 mm","m",54.0797]
["M0783","Massa asfáltica comercial - capa de rolamento","t","-"]
["M0784","Massa asfáltica comercial - binder","t","-"]
["M0786","Placa de poliestireno expandido (EPS)","m³",326.1511]
["M0787","Suporte em aço-carbono galvanizado tipo perfil C para placa de sinalização","kg",29.3698]
["M0789","Conjunto para fixação de placas em aço galvanizado composto por barra chata, abraçadeira, parafusos, porcas e arruelas","kg",28.8726]
["M0796","Semipórtico metálico para vão de 8,3 m e vento de 35 m/s","un",{"v":58688.1961,"d":"58,688.1961"}]
["M0798","Apoio de neoprene fretado","dm³",86.9682]
["M0804","Cabo de aço - D = 12,70 mm (1/2\")","m",31.5577]
["M0805","Semipórtico duplo metálico para vão de 2 x 8,3 m e vento de 35 m/s","un",{"v":98507.2048,"d":"98,507.2048"}]
["M0808","Brita 4","m³",144.9597]
["M0809","Cabo de aço - D = 6,35 mm (1/4\")","m",{"v":11.741,"d":"11.7410"}]
["M0810","Cabo de aço - D = 52,00 mm (2\")","m",938.9488]
["M0812","Sapatilha em aço inox - D = 6,35 mm (1/4\")","un",2.9799]
["M0818","Semipórtico metálico para vão de 8,3 m e vento de 40 m/s","un",{"v":65100.2748,"d":"65,100.2748"}]
["M0824","Semipórtico duplo metálico para vão de 2 x 8,3 m e vento de 40 m/s","un",{"v":109343.6178,"d":"109,343.6178"}]
["M0831","Pórtico metálico para vão de 15,9 m e vento de 40 m/s","un",{"v":109556.7759,"d":"109,556.7759"}]
["M0848","Semipórtico metálico para vão de 8,3 m e vento de 45 m/s","un",{"v":71512.3535,"d":"71,512.3535"}]
["M0849","Corda de sisal - D = 12,0 mm","m",{"v":2.178,"d":"2.1780"}]
["M0851","Grampo leve em aço-carbono para cabo de aço - D = 6,3 mm (1/4\")","un",1.0974]
["M0852","Poste de concreto - carga nominal de 800 daN, H = 15 m e D = 520 mm","un",{"v":6111.7645,"d":"6,111.7645"}]
["M0858","Semipórtico duplo metálico para vão de 2 x 8,3 m e vento de 45 m/s","un",{"v":120180.0308,"d":"120,180.0308"}]
["M0865","Pórtico metálico para vão de 15,9 m e vento de 45 m/s","un",{"v":120361.6937,"d":"120,361.6937"}]
["M0868","Lâmpada fluorescente compacta eletrônica - potência de 20 W","un",{"v":10.263,"d":"10.2630"}]
["M0875","Manta asfáltica não-tecido em poliéster - E = 3 mm","m²",38.6377]
["M0876","Manta asfáltica não-tecido em poliéster - E = 4 mm","m²",44.1538]
["M0879","Lixa para ferro Nº 150","un",{"v":2.89,"d":"2.8900"}]
["M0942","Estaca prancha metálica","kg",15.5798]
["M0945","Parafuso de cabeça sextavada em aço galvanizado com porca e arruela de pressão - D = 6,35 mm (1/4\")","cj",0.4749]
["M0946","Aço em perfis ASTM A572 grau 50","kg",{"v":13.618,"d":"13.6180"}]
["M0947","Parafuso de cabeça sextavada em aço galvanizado com porca e arruela de pressão - D = 9,525 mm (3/8\")","cj",1.7687]
["M0948","Arruela lisa em aço ASTM F436 para parafuso - D = 12,7 mm","un",1.2923]
["M0949","Arruela lisa em aço ASTM F436 para parafuso - D = 16,0 mm","un",1.8402]
["M0950","Arruela lisa em aço ASTM F436 para parafuso - D = 20,0 mm","un",2.2341]
["M0951","Parafuso de cabeça sextavada em aço ASTM A325 de alta resistência com rosca parcial - D = 12,7 mm e C = 38,10 mm","un",2.8668]
["M0952","Parafuso de cabeça sextavada em aço ASTM A325 de alta resistência com rosca parcial - D = 12,7 mm e C = 44,45 mm","un",3.1684]
["M0953","Parafuso de cabeça sextavada em aço ASTM A325 de alta resistência com rosca parcial - D = 12,7 mm e C = 50,80 mm","un",3.4994]
["M0954","Parafuso de cabeça sextavada em aço ASTM A325 de alta resistência com rosca parcial - D = 12,7 mm e C = 57,15 mm","un",4.0669]
["M0955","Parafuso de cabeça sextavada em aço ASTM A325 de alta resistência com rosca parcial - D = 16 mm e C = 44,45 mm","un",5.1345]
["M0956","Parafuso de cabeça sextavada em aço ASTM A325 de alta resistência com rosca parcial - D = 16 mm e C = 50,80 mm","un",6.1217]
["M0957","Parafuso de cabeça sextavada em aço ASTM A325 de alta resistência com rosca parcial - D = 16 mm e C = 63,50 mm","un",7.8766]
["M0958","Parafuso de cabeça sextavada em aço ASTM A325 de alta resistência com rosca parcial - D = 20 mm e C = 50,80 mm","un",8.3985]
["M0959","Parafuso de cabeça sextavada em aço ASTM A325 de alta resistência com rosca parcial - D = 20 mm e C = 57,15 mm","un",10.1431]
["M0960","Parafuso de cabeça sextavada em aço ASTM A325 de alta resistência com rosca parcial - D = 20 mm e C = 63,50 mm","un",12.0929]
["M0961","Parafuso de cabeça sextavada em aço ASTM A325 de alta resistência com rosca parcial - D = 20 mm e C = 76,20 mm","un",12.6976]
["M0962","Tubo em aço galvanizado - E = 2,00 mm e D = 50,80 mm (2\")","m",23.4877]
["M0963","Tubo em aço galvanizado - E = 3,00 mm e seção de 80 x 80 mm","m",70.6435]
["M0964","Aço em perfis ASTM A572 grau 50 perfurado","kg",14.2271]
["M0965","Pino conector de cisalhamento para laje steel deck - D = 19 mm e C = 80 mm","un",{"v":8.214,"d":"8.2140"}]
["M0966","Porca sextavada pesada em aço ASTM A194 grau 2H para parafuso - D = 12,7 mm","un",1.4533]
["M0967","Porca sextavada pesada em aço ASTM A194 grau 2H para parafuso - D = 16 mm","un",3.5052]
["M0968","Porca sextavada pesada em aço ASTM A194 grau 2H para parafuso - D = 20 mm","un",5.2353]
["M0969","Steel deck em aço galvanizado ASTM A653 grau 40","m²",232.2872]
["M0970","Chapa de aço ASTM A572 grau 50 cortada e perfurada","kg",18.6285]
["M0971","Suporte em aço-carbono para corrimão de guarda-corpo metálico","un",23.5108]
["M0972","Fluido de resfriamento para usinagem de metais","l",17.1666]
["M0998","Madeira estrutural de eucalipto","m³",{"v":1523.2118,"d":"1,523.2118"}]
["M0999","Tela em aço CA 60 soldada nervurada","kg",12.0301]
["M1000","Tela em aço galvanizado para alambrado - E = 1,64 mm (BWG 16) e malha de 50 mm","m²",24.1983]
["M1001","Tela em aço galvanizado para passarelas rodoviárias - E = 2,75 mm e malha de 50 mm","m²",77.7371]
["M1010","Manta de PVC reforçada com tela de poliéster - E = 1,2 mm","m²",{"v":126.848,"d":"126.8480"}]
["M1011","Manta de PVC reforçada com tela de poliéster - E = 1,5 mm","m²",161.0928]
["M1022","Massa para vidro","kg",{"v":3.888,"d":"3.8880"}]
["M1066","Cera de proteção para ancoragem de estais","kg",34.3973]
["M1078","Parafuso de cabeça sextavada em aço inox - D = 12,7 mm (1/2\") e C = 127,0 mm (5\")","un",{"v":4.204,"d":"4.2040"}]
["M1079","Parafuso de cabeça sextavada em aço galvanizado tipo autoatarrachante com arruela de vedação - D = 6,3 mm e C = 19 mm","un",0.4442]
["M1097","Pedra de mão ou rachão","m³",142.8194]
["M1103","Pedrisco","m³",163.8152]
["M1118","Cruzeta de madeira para poste - H = 240 cm","un",140.5735]
["M1129","Junta de dilatação em perfil extrudado de borracha vulcanizada","m","-"]
["M1130","Selante elástico à base de poliuretano","kg",107.4485]
["M1131","Cordão de polietileno expandido de baixa densidade - D = 15,0 mm","m",0.2408]
["M1132","Junta de dilatação em elastômero e perfil VV - L = 20 mm e H = 40 mm","m",335.2806]
["M1134","Junta de dilatação em elastômero e perfil VV - L = 25 mm e H = 50 mm","m",439.6758]
["M1135","Pó de pedra","m³",138.1073]
["M1136","Cordão de polietileno expandido de baixa densidade - D = 10,0 mm","m",0.2215]
["M1142","Junta de dilatação em elastômero e perfil VV - L = 35 mm e H = 60 mm","m",824.2985]
["M1150","Adesivo estrutural à base de resina epóxi bicomponente tipo ADE-52 ou similar","kg",{"v":128.218,"d":"128.2180"}]
["M1151","Junta de dilatação em elastômero e perfil VV - L = 40 mm e H = 70 mm","m",{"v":1124.2035,"d":"1,124.2035"}]
["M1152","Junta de dilatação em elastômero e perfil VV - L = 50 mm e H = 80 mm","m",{"v":1385.5632,"d":"1,385.5632"}]
["M1176","Arame liso em aço galvanizado - D = 1,65 mm (16 BWG)","kg",19.0223]
["M1205","Prego de ferro","kg",17.3012]
["M1210","Pórtico metálico para vão de 15,9 m e vento de 35 m/s","un",{"v":98751.8581,"d":"98,751.8581"}]
["M1218","Projetor externo em alumínio fundido para lâmpada de até 2.000 W","un",532.2547]
["M1242","Coroa diamantada - D = 15,87 mm (5/8\")","un",512.9891]
["M1243","Coroa diamantada - D = 19,50 mm (3/4\")","un",523.8186]
["M1244","Coroa diamantada - D = 25,40 mm (1\")","un",{"v":655.841,"d":"655.8410"}]
["M1245","Barra em aço SAE 1010/1020 roscada - D = 9,5 mm (3/8\")","m",11.9954]
["M1300","Roller bit - Tooth cutter - série 8 - D = 700 mm","un",{"v":210167.6582,"d":"210,167.6582"}]
["M1301","Roller bit - Tooth cutter - série 8 - D = 800 mm","un",{"v":225915.7099,"d":"225,915.7099"}]
["M1302","Roller bit - Tooth cutter - série 8 - D = 900 mm","un",{"v":241732.5085,"d":"241,732.5085"}]
["M1303","Roller bit - Tooth cutter - série 8 - D = 1.000 mm","un",{"v":269557.5952,"d":"269,557.5952"}]
["M1304","Roller bit - Tooth cutter - série 8 - D = 1.100 mm","un",{"v":298331.5975,"d":"298,331.5975"}]
["M1305","Roller bit - Tooth cutter - série 8 - D = 1.200 mm","un",{"v":303165.963,"d":"303,165.9630"}]
["M1306","Roller bit - Tooth cutter - série 8 - D = 1.300 mm","un",{"v":389890.689,"d":"389,890.6890"}]
["M1307","Roller bit - Tooth cutter - série 13 - D = 1.400 mm","un",{"v":396233.2807,"d":"396,233.2807"}]
["M1308","Roller bit - Tooth cutter - série 13 - D = 1.500 mm","un",{"v":444314.5753,"d":"444,314.5753"}]
["M1309","Roller bit - Tooth cutter - série 13 - D = 1.600 mm","un",{"v":486980.18,"d":"486,980.1800"}]
["M1310","Roller bit - Tooth cutter - série 13 - D = 1.700 mm","un",{"v":500303.6399,"d":"500,303.6399"}]
["M1311","Roller bit - Tooth cutter - série 13 - D = 1.800 mm","un",{"v":541656.6229,"d":"541,656.6229"}]
["M1312","Roller bit - Tooth cutter - cantilever - D = 600 mm","un",{"v":179198.3075,"d":"179,198.3075"}]
["M1313","Roller bit - TCI button cutter - cantilever - D = 600 mm","un",{"v":183894.2232,"d":"183,894.2232"}]
["M1314","Roller bit - TCI button cutter - série 8 - D = 700 mm","un",{"v":197969.7266,"d":"197,969.7266"}]
["M1315","Roller bit - TCI button cutter - série 8 - D = 800 mm","un",{"v":212041.4867,"d":"212,041.4867"}]
["M1316","Roller bit - TCI button cutter - série 8 - D = 900 mm","un",{"v":226137.306,"d":"226,137.3060"}]
["M1317","Roller bit - TCI button cutter - série 8 - D = 1.000 mm","un",{"v":250627.8617,"d":"250,627.8617"}]
["M1318","Roller bit - TCI button cutter - série 8 - D = 1.100 mm","un",{"v":276051.0664,"d":"276,051.0664"}]
["M1319","Roller bit - TCI button cutter - série 8 - D = 1.200 mm","un",{"v":280807.9756,"d":"280,807.9756"}]
["M1320","Roller bit - TCI button cutter - série 8 - D = 1.300 mm","un",{"v":301216.2113,"d":"301,216.2113"}]
["M1321","Roller bit - TCI button cutter - série 13 - D = 1.400 mm","un",{"v":307450.364,"d":"307,450.3640"}]
["M1322","Roller bit - TCI button cutter - série 13 - D = 1.500 mm","un",{"v":328139.7838,"d":"328,139.7838"}]
["M1323","Roller bit - TCI button cutter - série 13 - D = 1.600 mm","un",{"v":376132.5542,"d":"376,132.5542"}]
["M1324","Roller bit - TCI button cutter - série 13 - D = 1.700 mm","un",{"v":389235.2634,"d":"389,235.2634"}]
["M1325","Roller bit - TCI button cutter - série 13 - D = 1.800 mm","un",{"v":419647.1716,"d":"419,647.1716"}]
["M1328","Ripa de madeira - E = 4,0 cm e L = 1,5 cm","m",2.4063]
["M1337","Série de brocas integrais S11","un",732.3371]
["M1341","Parafuso de cabeça sextavada em aço galvanizado - D = 15,875 mm (5/8\") e C = 101,600 mm (4\")","un",5.0851]
["M1350","Muda de árvore ornamental com altura de 2,00 a 3,00 m","un",78.3013]
["M1351","Muda de árvore ornamental com altura de 1,00 a 2,00 m","un",62.9278]
["M1356","Muda de árvore ornamental com altura até 1,00 m","un",29.7027]
["M1358","Sarrafo em madeira de terceira - E = 2,5 cm e L = 5 cm","m",2.1037]
["M1359","Muda de árvore frutífera com altura de 2,00 a 3,00 m","un",163.5179]
["M1360","Muda de árvore frutífera com altura de 1,00 a 2,00 m","un",80.0092]
["M1361","Muda de árvore frutífera com altura até 1,00 m","un",39.2351]
["M1362","Tapete de floríferas com altura até 0,50 m","m²",55.8826]
["M1364","Herbicida glifosato para aplicação localizada","l",26.1618]
["M1366","Desengraxante líquido biodegradável","l",28.5328]
["M1367","Chapa fina em aço galvanizado","kg",11.9521]
["M1368","Pingadeira de elastômero com aba inclinada - L = 40 mm e H = 40 mm","m",166.2775]
["M1369","Selador acrílico para pintura","l",8.7774]
["M1370","Aditivo látex de polímero SBR para concreto e argamassa","l",6.5601]
["M1376","Chapa fina em aço ASTM A36","kg",11.2274]
["M1377","Treliça nervurada eletrossoldada em aço CA 60","kg",13.4639]
["M1378","Chapa grossa em aço ASTM A36","kg",10.4114]
["M1379","Argamassa polimérica monocomponente para reparos estruturais","kg",4.8048]
["M1382","Areia grossa lavada","m³",119.1484]
["M1383","Areia fina lavada","m³",133.1541]
["M1384","Tubo em aço-carbono com funil cônico tremonha para lançamento de concreto","kg",25.3132]
["M1385","Disco de corte diamantado para concreto e asfalto - D = 350 mm","un",428.3516]
["M1387","Adesivo estrutural à base de resina epóxi de média viscosidade","kg",60.9981]
["M1388","Cordoalha tipo CP 177 RB para estais - D = 15,7 mm","kg",24.7271]
["M1390","Adesivo estrutural à base de resina epóxi de baixa viscosidade","kg",255.2695]
["M1391","Ponteiro para martelete - D = 22 mm e C = 1,00 m","un",{"v":421.444,"d":"421.4440"}]
["M1397","Eletrodo revestido E60XX","kg",36.0347]
["M1398","Vareta em aço-carbono para solda oxiacetileno AWS A 5.2 R45","kg",38.7794]
["M1399","Broca de widia - D = 14 mm e C = 150 mm","un",29.5618]
["M1400","Adesivo estrutural à base de resina epóxi de alta viscosidade","kg",{"v":60.585,"d":"60.5850"}]
["M1401","Bico de adesão para injeção de adesivo estrutural à base de resina epóxi","un",7.2142]
["M1402","Bico de perfuração para injeção de adesivo estrutural à base de resina epóxi","un",{"v":5,"d":"5.0000"}]
["M1404","Aplicador manual de adesivo estrutural","un",{"v":2788.6081,"d":"2,788.6081"}]
["M1405","Disco diamantado para desbaste - D = 180 mm","un",484.8747]
["M1406","Broca de aço rápido - D = 12,5 mm e C = 151 mm","un",35.8597]
["M1408","Grelha metálica para canaletas - C = 1,00 m e L = 0,30 m","un",387.9058]
["M1409","Porta-grelha metálica - C = 1,00 m e L = 0,30 m","m",104.4238]
["M1429","Tábua de pinho de terceira - E = 2,5 cm","m²",40.3831]
["M1432","Tampão de ferro fundido articulado para águas pluviais - DN 600 classe 400","un",608.2522]
["M1433","Grelha metálica para canaletas - C = 0,50 m e L = 0,50 m","un",263.4297]
["M1434","Porta-grelha metálica - C = 0,50 m e L = 0,50 m","m",152.2354]
["M1446","Geogrelha bidirecional em polipropileno extrudado - resistência à tração de 30 kN/m, deformação inferior a 5% e malha de 36 x 34 mm","m²",30.6156]
["M1447","Geogrelha unidirecional em poliéster - resistência à tração longitudinal de 50 kN/m","m²",{"v":20.543,"d":"20.5430"}]
["M1448","Geogrelha unidirecional em poliéster - resistência à tração longitudinal de 90 kN/m","m²",26.5556]
["M1449","Geogrelha unidirecional em poliéster - resistência à tração longitudinal de 100 kN/m","m²",{"v":27.506,"d":"27.5060"}]
["M1450","Geogrelha unidirecional em poliéster - resistência à tração longitudinal de 150 kN/m","m²",29.4998]
["M1451","Geogrelha unidirecional em poliéster - resistência à tração longitudinal de 200 kN/m","m²",39.0146]
["M1452","Geogrelha unidirecional em poliéster - resistência à tração longitudinal de 300 kN/m","m²",58.0131]
["M1453","Geogrelha unidirecional em poliéster - resistência à tração longitudinal de 400 kN/m","m²",77.0013]
["M1454","Geocélula em PEAD - H = 75 mm e célula de 289 cm²","m²",40.5454]
["M1455","Geocélula em PEAD - H = 100 mm e célula de 289 cm²","m²",{"v":50.814,"d":"50.8140"}]
["M1456","Geocélula em PEAD - H = 150 mm e célula de 289 cm²","m²",60.9999]
["M1457","Geocélula em PEAD - H = 200 mm e célula de 289 cm²","m²",71.8389]
["M1458","Geocélula em PEAD - H = 75 mm e célula de 460 cm²","m²",33.4708]
["M1459","Geocélula em PEAD - H = 100 mm e célula de 460 cm²","m²",41.8528]
["M1460","Geocélula em PEAD - H = 150 mm e célula de 460 cm²","m²",49.7304]
["M1461","Geocélula em PEAD - H = 200 mm e célula de 460 cm²","m²",58.2329]
["M1462","Geocélula em PEAD - H = 75 mm e célula de 1.206 cm²","m²",{"v":30.246,"d":"30.2460"}]
["M1463","Geocélula em PEAD - H = 100 mm e célula de 1.206 cm²","m²",39.4605]
["M1464","Geocélula em PEAD - H = 150 mm e célula de 1.206 cm²","m²",46.9034]
["M1465","Geocélula em PEAD - H = 200 mm e célula de 1.206 cm²","m²",54.5946]
["M1472","Tubo de PVC rosqueável para água fria - D = 75 mm (3\")","m",63.5786]
["M1481","Coroa diamantada - D = 31,80 mm (1 1/4\")","un",788.6457]
["M1496","Coroa diamantada - D = 38,10 mm (1 1/2\")","un",{"v":794.829,"d":"794.8290"}]
["M1498","Coroa diamantada - D = 44,50 mm (1 3/4\")","un",853.6477]
["M1518","Coroa diamantada - D = 50,80 mm (2\")","un",{"v":883.353,"d":"883.3530"}]
["M1519","Coroa diamantada - D = 63,50 mm (2 1/2\")","un",929.0069]
["M1520","Coroa diamantada - D = 76,20 mm (3\")","un",{"v":1437.7796,"d":"1,437.7796"}]
["M1526","Coroa diamantada - D = 101,60 mm (4\")","un",{"v":1993.292,"d":"1,993.2920"}]
["M1527","Broca de widia - D = 10 mm e C = 150 mm","un",11.9181]
["M1528","Broca de widia - D = 13 mm e C = 150 mm","un",22.0236]
["M1546","Telha trapezoidal em aço zincado - E = 0,43 mm","m²",57.4407]
["M1553","Geotêxtil não-tecido agulhado em poliéster - resistência à tração longitudinal de 31 kN/m","m²",14.8186]
["M1556","Terra vegetal produzida","m³","-"]
["M1575","Tinta látex à base de resina acrílica","l",13.8903]
["M1577","Tinta plástica à base de resina metacrílica aplicada a frio por dispersão ou extrusão","kg",31.8768]
["M1585","Massa termoplástica aplicada por extrusão","kg",12.0228]
["M1591","Suporte polimérico ecológico maciço colapsível para placa de sinalização - D = 6,4 cm","m",183.6707]
["M1600","Trilho TR25 em aço-carbono usado","kg",5.2595]
["M1602","Trilho TR37 em aço-carbono usado","kg",5.2595]
["M1603","Trilho TR45 em aço-carbono usado","kg",5.2595]
["M1605","Trilho TR57 em aço-carbono usado","kg",5.2594]
["M1606","Trilho TR68 em aço-carbono usado","kg",5.2596]
["M1614","Tubo em aço galvanizado com rosca BSP classe leve - D = 50 mm (2\")","m",63.9912]
["M1616","Tubo em aço galvanizado com rosca BSP classe leve - D = 20 mm (3/4\")","m",10.3559]
["M1617","Tubo em aço galvanizado com rosca BSP classe leve - D = 80 mm (3\")","m",121.8477]
["M1618","Tubo em aço galvanizado com rosca BSP classe leve - D = 100 mm (4\")","m",158.7216]
["M1624","Suporte polimérico ecológico maciço colapsível para placa de sinalização - seção de 8 x 8 cm","m",236.3574]
["M1636","Suporte polimérico ecológico maciço colapsível para placa de sinalização - seção de 7 x 15 cm","m",450.8641]
["M1638","Mourão de madeira - H = 2,10 m e D = 0,10 m","un",21.3459]
["M1639","Mourão de madeira - H = 2,20 m e D = 0,15 m","un",43.8081]
["M1640","Nonel iniciador - C = 300,0 m","un",259.8846]
["M1642","Coroa de botões esféricos - D = 130 mm (5 1/8\")","un",{"v":3020.983,"d":"3,020.9830"}]
["M1643","Coroa de botões esféricos - D = 194 mm (7 5/8\")","un",{"v":6974.6845,"d":"6,974.6845"}]
["M1644","Coroa de botões esféricos - D = 251 mm (9 7/8\")","un",{"v":8377.4127,"d":"8,377.4127"}]
["M1645","Coroa de botões esféricos - D = 305 mm (12\")","un",{"v":12465.2801,"d":"12,465.2801"}]
["M1646","Coroa de botões esféricos - D = 355 mm (14\")","un",{"v":6139.0187,"d":"6,139.0187"}]
["M1648","Dente de corte para trado ou caçamba de perfuração","un",30.7372]
["M1649","Coroa de botões esféricos linha ST68 - D = 102 mm (4\")","un",{"v":3011.1131,"d":"3,011.1131"}]
["M1650","Coroa de botões esféricos para tirante autoinjetável - D = 87 mm (3 7/16\")","un",534.4839]
["M1651","Tricone para tirante autoinjetável - D = 120 mm","un",273.3472]
["M1653","Coroa piloto de botões esféricos para sistema autoperfurante - D = 76,2 mm (3\")","un",{"v":1162.0136,"d":"1,162.0136"}]
["M1655","Tubo de PVC ponta e bolsa para esgoto - D = 50 mm (2\")","m",7.5824]
["M1656","Tubo de PVC ponta e bolsa para esgoto - D = 75 mm (3\")","m",11.9181]
["M1657","Tubo PEAD corrugado perfurado para drenagem - D = 170 mm","m",28.1036]
["M1658","Tubo PEAD corrugado perfurado para drenagem - D = 230 mm","m",39.4269]
["M1662","Suporte em madeira de eucalipto tratado - seção de 8 x 8 cm","m",15.7972]
["M1665","Tubo de PVC rosqueável para água fria - D = 40 mm (1 1/2\")","m",24.1692]
["M1673","Tubo de PVC rosqueável para água fria - D = 100 mm (4\")","m",78.8033]
["M1675","Tubo de PVC rosqueável para água fria - D = 150 mm (6\")","m",{"v":80.33,"d":"80.3300"}]
["M1702","Duto flexível de ventilação em PVC - D = 1,20 m","m",112.5592]
["M1719","Broca integral série H19 - D = 24 mm e C = 0,4 m","un",460.9218]
["M1720","Geotêxtil não-tecido agulhado em poliéster - resistência à tração longitudinal de 10 kN/m","m²",5.8238]
["M1731","Haste de perfuração simples para jet grouting - D = 88,9 mm (3 1/2\") e C = 3,00 m","un",{"v":1965.5946,"d":"1,965.5946"}]
["M1732","Luva em aço galvanizado com rosca BSP classe leve - D = 50 mm (2\")","un",{"v":12.57,"d":"12.5700"}]
["M1733","Manta drenante em malha de polietileno e geotêxtil de polipropileno em uma das faces","m²",44.7278]
["M1735","Punho linha ST68 para perfuração - D = 80 mm (3 5/32\")","un",{"v":7740.8963,"d":"7,740.8963"}]
["M1736","Adesivo à base de resina poliéster bicomponente para ancoragem","kg",52.3784]
["M1737","Tubo em aço-carbono para ar comprimido - D = 150 mm (6\")","m",209.9183]
["M1739","Haste linha T45 para perfuratriz sobre esteiras - D = 45,0 mm (1 3/4\") e C = 3,60 m","un",{"v":4636.8254,"d":"4,636.8254"}]
["M1740","Punho linha T45 para perfuratriz sobre esteiras - D = 45 mm (1 3/4\")","un",{"v":2410.5581,"d":"2,410.5581"}]
["M1741","Luva em aço linha T45 para perfuratriz sobre esteiras - D = 45,0 mm (1 3/4\")","un",519.7926]
["M1742","Coroa de botões esféricos linha T45 - D = 89 mm (3 1/2\")","un",{"v":1444.0963,"d":"1,444.0963"}]
["M1747","Tubo em aço-carbono para sistema autoperfurante - D = 76,2 mm","m",137.3475]
["M1748","Tubo em aço-carbono iniciador para sistema autoperfurante com anel da coroa piloto - D = 76,2 mm (3\") e C = 3 m","un",{"v":1072.4756,"d":"1,072.4756"}]
["M1749","Haste linha ST68 para perfuração - D = 87,0 mm (3 7/16\") e C = 1,83 m","un",{"v":10439.1673,"d":"10,439.1673"}]
["M1750","Hidromonitor com bico de injeção para jet grouting - D = 88,9 mm (3 1/2\")","un",{"v":10077.0616,"d":"10,077.0616"}]
["M1751","Válvula manchete - D = 73 mm","un",5.1194]
["M1752","Borracha para obturador mecânico","un",{"v":390,"d":"390.0000"}]
["M1753","Disco de corte diamantado segmentado para concreto - D = 110 mm","un",{"v":37.8,"d":"37.8000"}]
["M1754","Conjunto de lâminas de corte para trituradora de galhos e troncos","un",{"v":4186.1757,"d":"4,186.1757"}]
["M1755","Pó calcário dolomítico","kg",{"v":0.136,"d":"0.1360"}]
["M1756","Material formador de camada protetora para hidrossemeadura","kg",{"v":2.379,"d":"2.3790"}]
["M1765","Tubo em aço-carbono schedule 40 - D = 65 mm (2 1/2\")","m",123.2769]
["M1773","Ancoragem regulável para estais de 19 cordoalhas - D = 15,7 mm","un",{"v":25335.4884,"d":"25,335.4884"}]
["M1774","Ancoragem regulável para estais de 31 cordoalhas - D = 15,7 mm","un",{"v":41168.4615,"d":"41,168.4615"}]
["M1775","Ancoragem regulável para estais de 37 cordoalhas - D = 15,7 mm","un",{"v":49007.1578,"d":"49,007.1578"}]
["M1776","Ancoragem regulável para estais de 55 cordoalhas - D = 15,7 mm","un",{"v":72287.4776,"d":"72,287.4776"}]
["M1777","Ancoragem regulável para estais de 61 cordoalhas - D = 15,7 mm","un",{"v":81185.715,"d":"81,185.7150"}]
["M1778","Ancoragem regulável para estais de 73 cordoalhas - D = 15,7 mm","un",{"v":98647.0163,"d":"98,647.0163"}]
["M1779","Ancoragem regulável para estais de 91 cordoalhas - D = 15,7 mm","un",{"v":130854.0935,"d":"130,854.0935"}]
["M1780","Ancoragem fixa para estais de 19 cordoalhas - D = 15,7 mm","un",{"v":18384.5993,"d":"18,384.5993"}]
["M1781","Ancoragem fixa para estais de 31 cordoalhas - D = 15,7 mm","un",{"v":29925.339,"d":"29,925.3390"}]
["M1782","Ancoragem fixa para estais de 37 cordoalhas - D = 15,7 mm","un",{"v":35658.3663,"d":"35,658.3663"}]
["M1783","Ancoragem fixa para estais de 55 cordoalhas - D = 15,7 mm","un",{"v":52799.0147,"d":"52,799.0147"}]
["M1784","Ancoragem fixa para estais de 61 cordoalhas - D = 15,7 mm","un",{"v":58876.8786,"d":"58,876.8786"}]
["M1785","Ancoragem fixa para estais de 73 cordoalhas - D = 15,7 mm","un",{"v":74846.7284,"d":"74,846.7284"}]
["M1786","Ancoragem fixa para estais de 91 cordoalhas - D = 15,7 mm","un",{"v":98803.8926,"d":"98,803.8926"}]
["M1787","Estaca de tutoramento - D = 5 cm e H = 2 m","un",10.5011]
["M1789","Ancoragem ativa para 31 cordoalhas - D = 15,2 mm","un",{"v":5832.0852,"d":"5,832.0852"}]
["M1790","Gás liquefeito de petróleo (GLP)","kg",9.2307]
["M1795","Gás oxigênio","m³",12.8463]
["M1796","Gás acetileno","kg",56.0883]
["M1797","Fita de espuma EPDM para vedação com adesivo em uma face - E = 4 mm e L = 40 mm","m",3.1481]
["M1800","Manta asfáltica não-tecido em poliéster - antirraíz - E = 3 mm","m²",40.0947]
["M1811","Longarina de madeira de primeira - L = 16 cm e E = 6 cm","m",{"v":37.008,"d":"37.0080"}]
["M1812","Estronca de madeira - D = 20 cm","m",23.7568]
["M1814","Tela metálica galvanizada dobrada em L - C = 2,0 m, L = 0,5 m e H = 0,5 m","un",{"v":558.335,"d":"558.3350"}]
["M1815","Tela metálica de dupla torção em liga de zinco e alumínio - malha de 8 x 10 cm","m²",83.7061]
["M1819","Cartucho de cimento - D = 25 mm e C = 320 mm","un",3.0734]
["M1820","Cartucho de resina poliéster - D = 38 mm e C = 500 mm","un",{"v":15.216,"d":"15.2160"}]
["M1844","Ancoragem ativa para 8 cordoalhas - D = 15,2 mm","un",879.9507]
["M1845","Ancoragem passiva aderente para 10 cordoalhas - D = 15,2 mm","un",135.3763]
["M1868","Tinta em pó à base de resina epóxi","kg",{"v":95.214,"d":"95.2140"}]
["M1869","Coroa de botões esféricos - D = 120 mm (4 3/4\")","un",{"v":2636.0352,"d":"2,636.0352"}]
["M1870","Cunha metálica para cordoalha - D = 12,7 mm","un",14.1611]
["M1874","Martelo de fundo DTH - DN = 102 mm (4\")","un",{"v":9924.2935,"d":"9,924.2935"}]
["M1875","Haste de perfuração com rosca API 2 3/8\" - D = 73 mm (2 7/8\")","m",{"v":1506.5511,"d":"1,506.5511"}]
["M1876","Válvula manchete - D = 32 mm","un",2.4221]
["M1877","Válvula manchete - D = 40 mm","un",3.8556]
["M1879","Tubo PEAD PE 80 PN 6 - D = 40 mm","m",11.1115]
["M1880","Tubo PEAD PE 80 PN 16 - D = 20 mm","m",4.1593]
["M1907","Tubo PEAD PE 80 PN 8 - D = 32 mm","m",4.9956]
["M1909","Tubo PEAD PE 80 PN 8 - D = 40 mm","m",8.3486]
["M1911","Tubo PEAD PE 80 PN 8 - D = 50 mm","m",12.7494]
["M1912","Tubo PEAD PE 80 PN 8 - D = 63 mm","m",18.5601]
["M1913","Tubo PEAD PE 80 PN 8 - D = 75 mm","m",25.3179]
["M1919","Tubo PEAD PE 80 PN 8 - D = 110 mm","m",94.6133]
["M1922","Tubo de PVC espaguete - D = 14 mm","m",{"v":1.214,"d":"1.2140"}]
["M1924","Tirante de barra de aço - tensão de escoamento = 500 MPa, tensão de ruptura = 750 MPa e D = 25 mm","kg",15.7684]
["M1926","Espaçador plástico tipo disco separador para tirante com 6 cordoalhas - D = 12,7 mm","un",1.0495]
["M1927","Espaçador plástico tipo disco separador para tirante com 8 cordoalhas - D = 12,7 mm","un",1.0495]
["M1928","Espaçador plástico tipo disco separador para tirante com 10 cordoalhas - D = 12,7 mm","un",1.0495]
["M1931","Espaçador plástico tipo disco separador para tirante com 12 cordoalhas - D = 12,7 mm","un",1.0495]
["M1935","Espaçador plástico tipo centralizador carambola para tirante de barra de aço - D = 32,0 mm","un",8.6598]
["M1936","Espaçador plástico tipo centralizador carambola para tirante de barra de aço - D = 30,0 mm","un",8.6565]
["M1937","Espaçador plástico tipo centralizador carambola para tirante de barra de aço - D = 40,0 mm","un",8.6723]
["M1941","Óleo tipo A1","l",5.6294]
["M1942","Espaçador plástico tipo centralizador carambola para tirante de barra de aço - D = 47,0 mm","un",9.7879]
["M1943","Cimento asfáltico de petróleo - CAP 50/70","t","-"]
["M1944","Cimento asfáltico de petróleo - CAP 150/200","t","-"]
["M1945","Cimento asfáltico de petróleo - CAP 85/100","t","-"]
["M1946","Emulsão asfáltica - RR-1C","t","-"]
["M1947","Emulsão asfáltica - RM-1C","t","-"]
["M1948","Espaçador plástico tipo centralizador carambola para tirante de barra de aço - D = 50,0 mm","un",{"v":9.793,"d":"9.7930"}]
["M1949","Emulsão asfáltica - RL-1C","t","-"]
["M1950","Emulsão asfáltica com polímero - RC-1C-E","t","-"]
["M1952","Cimento asfáltico de petróleo com polímero - CAP 150/200-E","t","-"]
["M1953","Aditivo asfáltico de reciclagem para misturas a quente","t",{"v":9367.4158,"d":"9,367.4158"}]
["M1954","Cimento Portland CP II - 32 - a granel","kg",{"v":0.566,"d":"0.5660"}]
["M1955","Cimento asfáltico de petróleo com polímero - CAP 55/75-E","t","-"]
["M1956","Emulsão asfáltica com polímero - RR-2C-E","t","-"]
["M1958","Emulsão asfáltica com polímero - RM-1C-E","t","-"]
["M1959","Espaçador plástico tipo centralizador carambola para tirante de barra de aço - D = 53,0 mm","un",12.0243]
["M1960","Espaçador plástico tipo centralizador carambola para tirante de barra de aço - D = 57,0 mm","un",20.2593]
["M1961","Espaçador plástico tipo centralizador carambola para tirante de barra de aço - D = 63,0 mm","un",23.7009]
["M1962","Espaçador plástico tipo centralizador carambola para tirante de barra de aço - D = 69,0 mm","un",23.7073]
["M1965","Cantoneira em ferro de abas iguais - L = 63,5 mm e E = 9,53 mm","kg",{"v":10.732,"d":"10.7320"}]
["M1966","Defensa metálica maleável simples","un",{"v":2983.225,"d":"2,983.2250"}]
["M1967","Defensa metálica maleável dupla","un",{"v":3694.7131,"d":"3,694.7131"}]
["M1968","Defensa metálica semimaleável simples","un",{"v":1957.3566,"d":"1,957.3566"}]
["M1969","Defensa metálica semimaleável dupla","un",{"v":2697.7712,"d":"2,697.7712"}]
["M1970","Dente de corte para fresadora de 155 kW","un",40.1238]
["M1971","Módulo de transição de defensa metálica tipo dupla onda com lâmina adicional para barreira rígida","un",{"v":6710.3745,"d":"6,710.3745"}]
["M1974","Dente de corte para fresadora de 455 kW","un",42.4207]
["M1976","Terminal aéreo de defensa metálica (tipo A)","un",{"v":399.622,"d":"399.6220"}]
["M1977","Terminal de ancoragem de defensa metálica em barreira rígida (tipo D)","un",{"v":399.622,"d":"399.6220"}]
["M1979","Luva em aço para emenda de tirantes - D = 38 mm e C = 115 mm","un",{"v":67.482,"d":"67.4820"}]
["M1980","Luva em aço para emenda de tirantes - D = 48 mm e C = 120 mm","un",73.9803]
["M1981","Luva em aço para emenda de tirantes - D = 60 mm e C = 160 mm","un",104.3064]
["M1982","Luva em aço para emenda de tirantes - D = 50 mm e C = 130 mm","un",81.0845]
["M1983","Luva em aço para emenda de tirantes - D = 63 mm e C = 180 mm","un",125.3876]
["M1984","Luva em aço para emenda de tirantes - D = 73 mm e C = 180 mm","un",158.2512]
["M1985","Luva em aço para emenda de tirantes - D = 73 mm e C = 200 mm","un",163.1356]
["M1986","Luva em aço para emenda de tirantes - D = 82 mm e C = 200 mm","un",192.4621]
["M1987","Luva em aço para emenda de tirantes - D = 89 mm e C = 210 mm","un",214.0231]
["M1988","Luva em aço para emenda de tirantes - D = 97 mm e C = 210 mm","un",287.1323]
["M1990","Placa de ancoragem para tirante de barra de aço - E = 16,0 mm e seção de 160 x 160 mm","un",103.0629]
["M1991","Placa de ancoragem para tirante de barra de aço - E = 16,0 mm e seção de 200 x 200 mm","un",161.0377]
["M1994","Placa de ancoragem para tirante de barra de aço - E = 22,0 mm e seção de 200 x 200 mm","un",225.3059]
["M1996","Amortecedor retrátil tipo TAU II paralelo PCB ou similar para velocidade de projeto de 100 km/h","un",{"v":190285.1653,"d":"190,285.1653"}]
["M1997","Amortecedor retrátil tipo TAU II combinado PCB ou similar para velocidade de projeto de 100 km/h e âncora traseira de 900 mm","un",{"v":234249.3042,"d":"234,249.3042"}]
["M1998","Amortecedor retrátil tipo TAU II combinado PCB ou similar para velocidade de projeto de 100 km/h e âncora traseira de 1.060 mm","un",{"v":273424.5534,"d":"273,424.5534"}]
["M1999","Amortecedor retrátil tipo TAU II combinado PCB ou similar para velocidade de projeto de 100 km/h e âncora traseira de 1.220 mm","un",{"v":286771.223,"d":"286,771.2230"}]
["M2000","Amortecedor retrátil tipo TAU II combinado PCB ou similar para velocidade de projeto de 100 km/h e âncora traseira de 1.370 mm","un",{"v":304930.5999,"d":"304,930.5999"}]
["M2001","Dispositivo de ancoragem de fixação elástica Pandrol","un",14.8902]
["M2002","Amortecedor retrátil tipo TAU II combinado PCB ou similar para velocidade de projeto de 100 km/h e âncora traseira de 1.520 mm","un",{"v":318479.8018,"d":"318,479.8018"}]
["M2003","Amortecedor retrátil tipo TAU II afunilado PCB ou similar para velocidade de projeto velocidade de 100 km/h e âncora traseira de 1.680 mm","un",{"v":290091.3538,"d":"290,091.3538"}]
["M2004","Amortecedor retrátil tipo TAU II afunilado PCB ou similar para velocidade de projeto de 100 km/h e âncora traseira de 1.830 mm","un",{"v":311609.4121,"d":"311,609.4121"}]
["M2005","Placa de ancoragem para tirante de barra de aço - E = 32,0 mm e seção de 250 x 250 mm","un",553.8522]
["M2006","Placa de ancoragem para tirante de barra de aço - E = 38,0 mm e seção de 250 x 250 mm","un",606.4502]
["M2007","Placa de ancoragem para tirante de barra de aço - E = 51,0 mm e seção de 300 x 300 mm","un",{"v":1165.6198,"d":"1,165.6198"}]
["M2008","Placa de ancoragem para tirante de barra de aço - E = 64,0 mm e seção de 350 x 350 mm","un",{"v":1983.3166,"d":"1,983.3166"}]
["M2009","Placa de ancoragem para tirante com 6 cordoalhas de D = 12,7 mm","un",224.5003]
["M2010","Placa de ancoragem para tirante com 8 cordoalhas de D = 12,7 mm","un",295.2648]
["M2011","Placa de ancoragem para tirante com 10 cordoalhas de D = 12,7 mm","un",358.9274]
["M2012","Placa de ancoragem para tirante com 12 cordoalhas de D = 12,7 mm","un",457.2556]
["M2014","Mourão de madeira - H = 2,20 m e D = 0,10 m","un",23.9568]
["M2016","Amortecedor retrátil tipo TAU II afunilado PCB ou similar para velocidade de projeto de 100 km/h e âncora traseira de 1.980 mm","un",{"v":316653.6566,"d":"316,653.6566"}]
["M2017","Porca em aço para ancoragem de tirantes - D = 38 mm e E = 55 mm","un",38.7848]
["M2018","Gastalho - L = 10 cm e E = 2 cm","m",3.9651]
["M2019","Porca em aço para ancoragem de tirantes - D = 38 mm e E = 60 mm","un",46.7138]
["M2020","Porca em aço para ancoragem de tirantes - D = 48 mm e E = 65 mm","un",52.4434]
["M2021","Amortecedor retrátil tipo TAU II afunilado PCB ou similar para velocidade de projeto de 100 km/h e âncora traseira de 2.130 mm","un",{"v":324738.2085,"d":"324,738.2085"}]
["M2024","Cordel detonante NP 10","m",2.1309]
["M2025","Retardo de cordel","un",33.4748]
["M2026","Estopim","m",2.3007]
["M2027","Tinta à base de resina acrílica estirenada para demarcação viária","l",56.4264]
["M2028","Coroa de botões cônicos - TCI tricone - D = 75 mm (2 15/16\")","un",{"v":1091.3704,"d":"1,091.3704"}]
["M2029","Porca em aço para ancoragem de tirantes - D = 60 mm e E = 65 mm","un",70.6148]
["M2030","Porca em aço para ancoragem de tirantes - D = 73 mm e E = 80 mm","un",120.8398]
["M2031","Porca em aço para ancoragem de tirantes - D = 73 mm e E = 100 mm","un",137.5372]
["M2032","Porca em aço para ancoragem de tirantes - D = 82 mm e E = 100 mm","un",151.6261]
["M2033","Porca em aço para ancoragem de tirantes - D = 89 mm e E = 100 mm","un",190.8549]
["M2034","Solvente para tinta à base de resina acrílica","l",17.0086]
["M2035","Porca em aço para ancoragem de tirantes - D = 97 mm e E = 100 mm","un",218.8466]
["M2036","Tinta à base de resina acrílica emulsionada em água para demarcação viária","l",23.4856]
["M2037","Microesferas refletivas de vidro tipo I-B","kg",10.3848]
["M2038","Microesferas refletivas de vidro tipo II-A","kg",10.9984]
["M2040","Massa termoplástica para aspersão","kg",12.2109]
["M2041","Adesivo à base de resina poliéster","kg",{"v":38.497,"d":"38.4970"}]
["M2042","Emulsão explosiva encartuchada","kg",11.5434]
["M2044","Tinta à base de resina acrílica emulsionada em água para pré-marcação viária","l",23.4856]
["M2045","Microesferas refletivas de vidro tipo II-C","kg",10.2236]
["M2046","Coroa de botões cônicos - TCI tricone - D = 121 mm (4 3/4\")","un",{"v":1544.2252,"d":"1,544.2252"}]
["M2047","Tirante autoinjetável de aço - tensão de escoamento = 440 MPa, tensão de ruptura = 580 MPa, seção de 684 mm² e D = 40 mm","m",150.3141]
["M2048","Tirante autoinjetável de aço - tensão de escoamento = 470 MPa, tensão de ruptura = 600 MPa, seção de 822 mm² e D = 40 mm","m",178.0358]
["M2049","Tirante autoinjetável de aço - tensão de escoamento = 700 MPa, tensão de ruptura = 830 MPa, seção de 936 mm² e D = 40 mm","m",222.8301]
["M2050","Geotêxtil não-tecido agulhado em poliéster - resistência à tração longitudinal de 9 kN/m","m²",5.4418]
["M2051","Geotêxtil não-tecido agulhado em poliéster - resistência à tração longitudinal de 14 kN/m","m²",7.4483]
["M2052","Tirante autoinjetável de aço - tensão de escoamento = 630 MPa, tensão de ruptura = 740 MPa, seção de 1.330 mm² e D = 50 mm","m",{"v":277.003,"d":"277.0030"}]
["M2053","Tirante autoinjetável de aço - tensão de escoamento = 630 MPa, tensão de ruptura = 740 MPa, seção de 1.569 mm² e D = 50 mm","m",370.4559]
["M2054","Tirante de barra de aço - tensão de escoamento = 600 MPa, tensão de ruptura = 720 MPa e D = 30 mm","m",113.8546]
["M2055","Tirante de barra de aço - tensão de escoamento = 600 MPa, tensão de ruptura = 720 MPa e D = 40 mm","m",192.5422]
["M2056","Tirante de barra de aço - tensão de escoamento = 680 MPa, tensão de ruptura = 870 MPa e D = 44 mm","m",226.3718]
["M2057","Tirante de barra de aço - tensão de escoamento = 600 MPa, tensão de ruptura = 720 MPa e D = 50 mm","m",302.7098]
["M2058","Tirante de barra de aço - tensão de escoamento = 600 MPa, tensão de ruptura = 720 MPa e D = 53 mm","m",341.9982]
["M2059","Tirante de barra de aço - tensão de escoamento = 600 MPa, tensão de ruptura = 720 MPa e D = 57 mm","m",384.9078]
["M2060","Amortecedor retrátil tipo TAU II afunilado PCB ou similar para velocidade de projeto de 100 km/h e âncora traseira de 2.290 mm","un",{"v":331708.0555,"d":"331,708.0555"}]
["M2061","Amortecedor retrátil tipo TAU II afunilado PCB ou similar para velocidade de projeto de 100 km/h e âncora traseira de 2.440 mm","un",{"v":334452.1636,"d":"334,452.1636"}]
["M2062","Coroa de botões esféricos linha T38 - D = 64 mm (2 1/2\")","un",721.5952]
["M2063","Tirante de barra de aço - tensão de escoamento = 600 MPa, tensão de ruptura = 720 MPa e D = 63 mm","m",{"v":479.372,"d":"479.3720"}]
["M2064","Termoplástico pré-formado - E = 2,00 mm","m²",327.3841]
["M2065","Haste linha T38 para perfuratriz sobre esteiras - D = 38,0 mm (1 1/2\") e C = 3,05 m","un",{"v":1969.5977,"d":"1,969.5977"}]
["M2066","Luva em aço linha T38 para perfuratriz sobre esteiras - D = 38,0 mm (1 1/2\")","un",{"v":348.049,"d":"348.0490"}]
["M2067","Punho linha T38 para perfuratriz sobre esteiras - D = 38 mm (1 1/2\")","un",{"v":1000.0997,"d":"1,000.0997"}]
["M2069","Tirante de barra de aço - tensão de escoamento = 600 MPa, tensão de ruptura = 720 MPa e D = 69 mm","m",583.1543]
["M2070","Haste linha R/T38 - R32 para jumbo hidráulico - D = 38 mm (1 1/2\") e C = 4,50 m","un",{"v":4180.2273,"d":"4,180.2273"}]
["M2071","Coroa de botões esféricos linha R32 - D = 51 mm (2\")","un",578.4683]
["M2072","Luva de acoplamento linha T38 para jumbo hidráulico - D = 38,0 mm (1 1/2\")","un",257.8129]
["M2073","Punho linha T38 para jumbo hidráulico - D = 38 mm (1 1/2\")","un",{"v":1438.119,"d":"1,438.1190"}]
["M2074","Cartucho de absorção de energia para amortecedor retrátil - tipo A","un",{"v":5603.5983,"d":"5,603.5983"}]
["M2075","Cartucho de absorção de energia para amortecedor retrátil - tipo B","un",{"v":5483.6395,"d":"5,483.6395"}]
["M2079","Fio de poliamida Nº 40 - E = 0,40 mm","m",{"v":0.085,"d":"0.0850"}]
["M2087","Placa de ancoragem para tirante de barra de aço - E = 25,4 mm e seção de 225 x 225 mm","un",298.9245]
["M2088","Placa de ancoragem para tirante de barra de aço - E = 20,0 mm e seção de 200 x 200 mm","un",193.4854]
["M2089","Porca sextavada em aço para ancoragem de tirantes - D = 50 mm e E = 85 mm","un",93.1475]
["M2090","Porca em aço para ancoragem de tirantes - D = 73 mm e E = 60 mm","un",88.5594]
["M2091","Porca sextavada em aço para ancoragem de tirantes - D = 50 mm e E = 50 mm","un",65.3686]
["M2092","Emulsão asfáltica para imprimação","t","-"]
["M2093","Material fresado","m³","-"]
["M2094","Porca em aço para ancoragem de tirantes - D = 49 mm e E = 60 mm","un",57.7209]
["M2095","Porca em aço para ancoragem de tirantes - D = 61 mm e E = 70 mm","un",84.7587]
["M2096","Porca em aço para ancoragem de tirantes - D = 73 mm e E = 110 mm","un",150.8504]
["M2097","Emulsão asfáltica - RR-2C","t","-"]
["M2100","Placa de ancoragem para tirante de barra de aço - E = 16,0 mm e seção de 140 x 140 mm","un",86.1215]
["M2101","Porca sextavada em aço para ancoragem de tirantes - D = 50 mm e E = 41 mm","un",46.3902]
["M2102","Adesivo à base de PVA","kg",13.2528]
["M2103","Tirante de barra de aço - tensão de escoamento = 686 MPa, tensão de ruptura = 789 MPa e D = 19 mm","kg",13.7938]
["M2104","Tirante de barra de aço - tensão de escoamento = 686 MPa, tensão de ruptura = 789 MPa e D = 22 mm","kg",13.9157]
["M2105","Tirante de barra de aço - tensão de escoamento = 686 MPa, tensão de ruptura = 789 MPa e D = 25 mm","kg",14.1609]
["M2106","Tirante de barra de aço - tensão de escoamento = 686 MPa, tensão de ruptura = 789 MPa e D = 32 mm","kg",14.1968]
["M2107","Tirante de barra de aço - tensão de escoamento = 686 MPa, tensão de ruptura = 789 MPa e D = 36 mm","kg",14.4564]
["M2110","Mandíbula móvel para britador - abertura de alimentação com L = 930 mm","un",{"v":24379.4069,"d":"24,379.4069"}]
["M2111","Mandíbula fixa para britador - abertura de alimentação com L = 930 mm","un",{"v":31612.3602,"d":"31,612.3602"}]
["M2112","Manta do britador cônico HP200 ou similar","un",{"v":21456.9763,"d":"21,456.9763"}]
["M2113","Revestimento do bojo interno do britador cônico HP200 ou similar","un",{"v":24307.9812,"d":"24,307.9812"}]
["M2114","Cunha lateral superior para britador","un",{"v":2693.0575,"d":"2,693.0575"}]
["M2115","Cunha lateral inferior para britador","un",{"v":2034.4271,"d":"2,034.4271"}]
["M2117","Meio tubo de concreto simples - D = 0,40 m","m",41.3272]
["M2118","Calha metálica semicircular corrugada e galvanizada, incluindo fixações - D = 400 mm","m",{"v":592.93,"d":"592.9300"}]
["M2119","Mourão de madeira - H = 2,80 m e D = 0,15 m","un",{"v":56.029,"d":"56.0290"}]
["M2128","Tinta esmalte sintético acetinado","l",30.7114]
["M2130","Eletrodo revestido E70XX","kg",32.8844]
["M2135","Nonel de coluna (túnel) - C = 4,8 m","un",21.0259]
["M2137","Tubo de PVC soldável para água fria - D = 50 mm (2\")","m",12.4318]
["M2138","Nonel de coluna - C = 12,0 m","un",18.5117]
["M2140","Coroa de diamante linha AWG","un",{"v":1173.3177,"d":"1,173.3177"}]
["M2141","Nonel de iniciação para fogacho - C = 6,0 m","un",13.1471]
["M2142","Nonel de coluna - C = 4,8 m","un",16.3904]
["M2143","Nonel de ligação - C = 6,0 m","un",14.1255]
["M2144","Nonel de coluna - C = 6,0 m","un",14.1415]
["M2145","Série de brocas integrais S12","un",{"v":927.138,"d":"927.1380"}]
["M2146","Nonel iniciador - C = 150,0 m","un",192.3054]
["M2147","Dente de corte para recicladora","un",54.0756]
["M2148","Porta-dente de corte para fresadora e recicladora a frio","un",447.3037]
["M2150","Selante elástico à base de poliuretano e asfalto","kg",50.5125]
["M2152","Aditivo de cura para concreto","kg",10.8893]
["M2153","Coroa de diamante linha HWG","un",{"v":2077.254,"d":"2,077.2540"}]
["M2156","Coroa de diamante linha NWG","un",{"v":1798.7905,"d":"1,798.7905"}]
["M2158","Argamassa asfáltica","kg",24.7989]
["M2160","Tubo PEAD corrugado perfurado para drenagem - D = 100 mm","m",20.1072]
["M2162","Coroa de widia linha AWG","un",511.6306]
["M2163","Tubo de concreto armado PA1 - D = 0,40 m","m",114.2312]
["M2164","Tubo de concreto armado PA2 - D = 0,40 m","m",{"v":135.159,"d":"135.1590"}]
["M2165","Tubo de concreto armado PA3 - D = 0,40 m","m",147.4606]
["M2166","Tubo de concreto armado PA4 - D = 0,40 m","m",192.7561]
["M2167","Tubo de concreto armado PA1 - D = 0,60 m","m",213.0216]
["M2168","Tubo de concreto armado PA2 - D = 0,60 m","m",228.2209]
["M2169","Tubo de concreto armado PA3 - D = 0,60 m","m",253.2546]
["M2170","Tubo de concreto armado PA4 - D = 0,60 m","m",339.8262]
["M2171","Tubo de concreto armado PA1 - D = 0,80 m","m",292.6273]
["M2172","Tubo de concreto armado PA2 - D = 0,80 m","m",356.4259]
["M2173","Tubo de concreto armado PA3 - D = 0,80 m","m",423.9981]
["M2174","Tubo de concreto armado PA4 - D = 0,80 m","m",454.5596]
["M2175","Tubo de concreto armado PA1 - D = 1,00 m","m",521.6259]
["M2176","Tubo de concreto armado PA2 - D = 1,00 m","m",538.9233]
["M2177","Tubo de concreto armado PA3 - D = 1,00 m","m",559.9846]
["M2178","Tubo de concreto armado PA4 - D = 1,00 m","m",605.8973]
["M2179","Tubo de concreto armado PA1 - D = 1,20 m","m",597.4069]
["M2180","Tubo de concreto armado PA2 - D = 1,20 m","m",652.5172]
["M2181","Tubo de concreto armado PA3 - D = 1,20 m","m",783.4567]
["M2182","Tubo de concreto armado PA4 - D = 1,20 m","m",880.3649]
["M2183","Tubo de concreto armado PA1 - D = 1,50 m","m",971.4158]
["M2184","Tubo de concreto armado PA2 - D = 1,50 m","m",{"v":1033.9468,"d":"1,033.9468"}]
["M2185","Tubo de concreto armado PA3 - D = 1,50 m","m",{"v":1228.7974,"d":"1,228.7974"}]
["M2186","Tubo de concreto armado PA4 - D = 1,50 m","m",{"v":1284.3691,"d":"1,284.3691"}]
["M2187","Tubo de concreto armado PA1 - D = 0,50 m","m",144.4309]
["M2188","Tubo de concreto armado PA2 - D = 0,50 m","m",166.4112]
["M2189","Tubo de concreto armado PA3 - D = 0,50 m","m",187.8289]
["M2190","Tubo de concreto armado PA4 - D = 0,50 m","m",274.1554]
["M2192","Coroa de widia linha HWG","un",920.2734]
["M2193","Coroa de widia linha NWG","un",{"v":880.093,"d":"880.0930"}]
["M2197","Haste de paredes paralelas com niple linha NW","m",690.1509]
["M2198","Trilho UIC60 em aço-carbono - C = 12 m","t",{"v":17293.1349,"d":"17,293.1349"}]
["M2200","Trilho TR45 em aço-carbono - C = 12 m","t",{"v":16290.7914,"d":"16,290.7914"}]
["M2202","Trilho TR57 em aço-carbono - C = 12 m","t",{"v":16290.7914,"d":"16,290.7914"}]
["M2204","Trilho TR68 em aço-carbono - C = 12 m","t",{"v":16290.7914,"d":"16,290.7914"}]
["M2206","Lubrificador de trilhos e de flanges de rodas","un",{"v":91969.9388,"d":"91,969.9388"}]
["M2207","Tirefão - D = 24 mm e C = 188 mm","un",17.6225]
["M2208","Tirefão - D = 22 mm e C = 155 mm","un",10.0555]
["M2209","Retensor para via férrea de TR45","un",43.1178]
["M2210","Retensor para via férrea de TR57","un",44.8125]
["M2211","Retensor para via férrea de TR68","un",46.2557]
["M2213","Placa de apoio em aço laminado para UIC60 com fixação rígida","un",162.3912]
["M2214","Grampo elástico Pandrol para fixação elástica","un",14.1577]
["M2215","Placa de apoio em aço laminado para TR45 com fixação elástica","un",82.1059]
["M2216","Placa de apoio em aço laminado para TR57 com fixação elástica","un",116.7425]
["M2217","Placa de apoio em aço laminado para TR68 com fixação elástica","un",135.6802]
["M2218","Placa de apoio em aço laminado para TR45 com fixação rígida","un",66.7431]
["M2219","Placa de apoio em aço laminado para TR57 com fixação rígida","un",{"v":149.447,"d":"149.4470"}]
["M2220","Placa de apoio em aço laminado para TR68 com fixação rígida","un",160.0366]
["M2221","Retensor para via férrea de UIC60","un",47.6185]
["M2222","Placa de apoio em aço laminado para UIC60 com fixação elástica","un",134.8622]
["M2225","Tala de junção TJ 45 não isolada com 6 furos","par",681.4602]
["M2227","Tala de junção TJ 57 não isolada com 6 furos","par",832.1956]
["M2229","Tala de junção TJ 68 não isolada com 6 furos","par",989.0805]
["M2233","Parafuso de cabeça abaulada em aço inox com porca e arruela de pressão para tala de junção - D = 25,4 mm","un",{"v":45.381,"d":"45.3810"}]
["M2234","Tala de junção TJ 60 não isolada com 6 furos","par",912.9966]
["M2236","AMV tipo TR45, abertura 1:8, bitola métrica","un",{"v":260560.6836,"d":"260,560.6836"}]
["M2237","AMV tipo TR45, abertura 1:10, bitola métrica","un",{"v":286013.6378,"d":"286,013.6378"}]
["M2238","AMV tipo TR45, abertura 1:12, bitola métrica","un",{"v":314012.1512,"d":"314,012.1512"}]
["M2239","AMV tipo TR45, abertura 1:14, bitola métrica","un",{"v":344810.214,"d":"344,810.2140"}]
["M2240","AMV tipo TR57, abertura 1:8, bitola métrica","un",{"v":328369.4062,"d":"328,369.4062"}]
["M2241","AMV tipo TR57, abertura 1:10, bitola métrica","un",{"v":360603.2323,"d":"360,603.2323"}]
["M2242","AMV tipo TR57, abertura 1:12, bitola métrica","un",{"v":396060.5541,"d":"396,060.5541"}]
["M2243","AMV tipo TR57, abertura 1:14, bitola métrica","un",{"v":435063.5707,"d":"435,063.5707"}]
["M2244","AMV tipo TR57, abertura 1:20, bitola métrica","un",{"v":523885.4025,"d":"523,885.4025"}]
["M2245","AMV tipo TR68, abertura 1:10, bitola métrica","un",{"v":429041.844,"d":"429,041.8440"}]
["M2246","AMV tipo TR68, abertura 1:12, bitola métrica","un",{"v":474358.3544,"d":"474,358.3544"}]
["M2247","AMV tipo TR68, abertura 1:14, bitola métrica","un",{"v":520889.5186,"d":"520,889.5186"}]
["M2248","AMV tipo UIC60, abertura 1:10, bitola métrica","un",{"v":379289.6343,"d":"379,289.6343"}]
["M2249","AMV tipo TR68, abertura 1:20, bitola métrica","un",{"v":623258.3051,"d":"623,258.3051"}]
["M2250","AMV tipo TR45, abertura 1:8, bitola larga","un",{"v":298683.5884,"d":"298,683.5884"}]
["M2251","AMV tipo TR45, abertura 1:10, bitola larga","un",{"v":327948.8521,"d":"327,948.8521"}]
["M2252","AMV tipo TR45, abertura 1:12, bitola larga","un",{"v":360140.8489,"d":"360,140.8489"}]
["M2253","AMV tipo TR45, abertura 1:14, bitola larga","un",{"v":395551.8194,"d":"395,551.8194"}]
["M2254","AMV tipo TR57, abertura 1:8, bitola larga","un",{"v":376686.7949,"d":"376,686.7949"}]
["M2255","AMV tipo TR57, abertura 1:10, bitola larga","un",{"v":413781.4904,"d":"413,781.4904"}]
["M2256","AMV tipo TR57, abertura 1:12, bitola larga","un",{"v":454556.6002,"d":"454,556.6002"}]
["M2257","AMV tipo TR57, abertura 1:14, bitola larga","un",{"v":502424.3224,"d":"502,424.3224"}]
["M2258","AMV tipo TR57, abertura 1:20, bitola larga","un",{"v":601100.0699,"d":"601,100.0699"}]
["M2259","AMV tipo TR68, abertura 1:10, bitola larga","un",{"v":495512.6864,"d":"495,512.6864"}]
["M2260","AMV tipo TR68, abertura 1:12, bitola larga","un",{"v":544159.4343,"d":"544,159.4343"}]
["M2261","AMV tipo TR68, abertura 1:14, bitola larga","un",{"v":597670.8189,"d":"597,670.8189"}]
["M2262","AMV tipo UIC60, abertura 1:10, bitola larga","un",{"v":435255.194,"d":"435,255.1940"}]
["M2263","AMV tipo TR68, abertura 1:20, bitola larga","un",{"v":724441.4531,"d":"724,441.4531"}]
["M2264","AMV tipo TR45, abertura 1:8, bitola mista","un",{"v":357106.7158,"d":"357,106.7158"}]
["M2265","AMV tipo TR45, abertura 1:10, bitola mista","un",{"v":392214.3296,"d":"392,214.3296"}]
["M2266","AMV tipo TR45, abertura 1:12, bitola mista","un",{"v":430832.7796,"d":"430,832.7796"}]
["M2267","AMV tipo TR45, abertura 1:14, bitola mista","un",{"v":476328.1012,"d":"476,328.1012"}]
["M2268","AMV tipo TR57, abertura 1:8, bitola mista","un",{"v":450892.2003,"d":"450,892.2003"}]
["M2269","AMV tipo TR57, abertura 1:10, bitola mista","un",{"v":498393.4457,"d":"498,393.4457"}]
["M2270","AMV tipo TR57, abertura 1:12, bitola mista","un",{"v":547328.2875,"d":"547,328.2875"}]
["M2271","AMV tipo TR57, abertura 1:14, bitola mista","un",{"v":601156.5958,"d":"601,156.5958"}]
["M2272","AMV tipo TR57, abertura 1:20, bitola mista","un",{"v":728624.3851,"d":"728,624.3851"}]
["M2273","AMV tipo TR68, abertura 1:10, bitola mista","un",{"v":592837.2709,"d":"592,837.2709"}]
["M2274","AMV tipo TR68, abertura 1:12, bitola mista","un",{"v":651216.4962,"d":"651,216.4962"}]
["M2275","AMV tipo TR68, abertura 1:14, bitola mista","un",{"v":724479.1371,"d":"724,479.1371"}]
["M2276","Revestimento com conector linha AW","m",293.8515]
["M2277","AMV tipo TR68, abertura 1:20, bitola mista","un",{"v":865756.7296,"d":"865,756.7296"}]
["M2281","Dormente de madeira bitola larga - C = 280 cm, L = 24 cm e H = 17 cm","un",477.4142]
["M2282","Dormente de madeira bitola métrica - C = 200 cm, L = 22 cm e H = 16 cm","un",286.0347]
["M2284","Revestimento com conector linha HW","m",571.6177]
["M2285","Revestimento com conector linha NW","m",462.9519]
["M2292","AMV tipo UIC60, abertura 1:12, bitola métrica","un",{"v":416615.521,"d":"416,615.5210"}]
["M2293","AMV tipo UIC60, abertura 1:14, bitola métrica","un",{"v":457674.0151,"d":"457,674.0151"}]
["M2294","AMV tipo UIC60, abertura 1:20, bitola métrica","un",{"v":551017.9357,"d":"551,017.9357"}]
["M2298","AMV tipo UIC60, abertura 1:10, bitola mista","un",{"v":524165.0184,"d":"524,165.0184"}]
["M2299","AMV tipo UIC60, abertura 1:12, bitola mista","un",{"v":575677.0745,"d":"575,677.0745"}]
["M2300","AMV tipo UIC60, abertura 1:14, bitola mista","un",{"v":632340.1666,"d":"632,340.1666"}]
["M2301","AMV tipo UIC60, abertura 1:20, bitola mista","un",{"v":766044.6703,"d":"766,044.6703"}]
["M2303","Sapata de widia linha NW","un",624.9702]
["M2304","Broca de arraste com três asas linha NW","un",{"v":1871.1752,"d":"1,871.1752"}]
["M2308","Dormente de madeira para pontes - C = 300 cm, L = 25 cm e H = 20 cm","un",626.8448]
["M2313","AMV tipo UIC60, abertura 1:12, bitola larga","un",{"v":481192.7385,"d":"481,192.7385"}]
["M2314","AMV tipo UIC60, abertura 1:14, bitola larga","un",{"v":528407.4913,"d":"528,407.4913"}]
["M2316","AMV tipo UIC60, abertura 1:20, bitola larga","un",{"v":632279.8721,"d":"632,279.8721"}]
["M2317","Tubo de revestimento em aço-carbono schedule 40 para estaca raiz - ponteira schedule 80, D = 141,3 mm, peso 24 kg/m","m",613.2325]
["M2318","Tubo de revestimento em aço-carbono schedule 40 para estaca raiz - ponteira schedule 80, D = 168,3 mm, peso 31 kg/m","m",{"v":1204.9624,"d":"1,204.9624"}]
["M2319","Tubo de revestimento em aço-carbono schedule 40 para estaca raiz - ponteira schedule 80, D = 219,1 mm, peso 47 kg/m","m",{"v":1856.9235,"d":"1,856.9235"}]
["M2320","Tubo de revestimento em aço-carbono schedule 40 para estaca raiz - ponteira schedule 80, D = 273,0 mm, peso 67 kg/m","m",{"v":2265.0424,"d":"2,265.0424"}]
["M2321","Tubo de revestimento em aço-carbono schedule 40 para estaca raiz - ponteira schedule 80, D = 323,8 mm, peso 90 kg/m","m",{"v":2841.637,"d":"2,841.6370"}]
["M2322","Tubo de revestimento em aço-carbono schedule 40 para estaca raiz - ponteira schedule 80, D = 406,0 mm, peso 143 kg/m","m",{"v":2854.3433,"d":"2,854.3433"}]
["M2325","Anel de compensação angular para tirantes de D = 30 mm","un",53.4985]
["M2326","Anel de compensação angular para tirantes de D = 32 mm","un",78.0164]
["M2327","Anel de compensação angular para tirantes de D = 40 mm","un",79.7037]
["M2328","Anel de compensação angular para tirantes de D = 44 mm","un",91.2786]
["M2329","Anel de compensação angular para tirantes de D = 50 mm","un",100.4723]
["M2330","Anel de compensação angular para tirantes de D = 53 mm","un",109.7192]
["M2331","Anel de compensação angular para tirantes de D = 57 mm","un",120.2849]
["M2332","Anel de compensação angular para tirantes de D = 63 mm","un",133.0623]
["M2333","Anel de compensação angular para tirantes de D = 69 mm","un",{"v":150.639,"d":"150.6390"}]
["M2334","Coroa de widia linha BWG","un",715.8213]
["M2352","Conjunto para solda aluminotérmica de TR45 - porção, fôrmas, acendedor, pasta de vedação e cadinho descartável","un",{"v":1177.5213,"d":"1,177.5213"}]
["M2353","Conjunto para solda aluminotérmica de TR57 - porção, fôrmas, acendedor, pasta de vedação e cadinho descartável","un",{"v":1177.6069,"d":"1,177.6069"}]
["M2354","Conjunto para solda aluminotérmica de TR68 - porção, fôrmas, acendedor, pasta de vedação e cadinho descartável","un",{"v":1248.922,"d":"1,248.9220"}]
["M2355","Conjunto para solda aluminotérmica de UIC60 - porção, fôrmas, acendedor, pasta de vedação e cadinho descartável","un",{"v":1191.3996,"d":"1,191.3996"}]
["M2356","Brita padrão para lastro ferroviário","m³",148.1104]
["M2358","Palmilha de borracha para dormente de concreto","un",{"v":14.012,"d":"14.0120"}]
["M2364","Broca para furar trilho - D = 29 mm (1 1/8\")","un",976.6816]
["M2365","Disco de corte abrasivo para máquina para serrar trilho - D = 350 mm","un",23.5237]
["M2370","Dormentes de madeira para AMV","m³",{"v":4179.0451,"d":"4,179.0451"}]
["M2379","Coroa de diamante linha BWG","un",{"v":1472.0641,"d":"1,472.0641"}]
["M2383","Revestimento com conector linha BW","m",430.4492]
["M2386","Corda de poliamida - D = 12,0 mm e capacidade de carga de 2.200 kg","m",5.2418]
["M2388","Broca de widia - D = 16 mm e C = 150 mm","un",47.9169]
["M2389","Broca de widia - D = 19 mm e C = 160 mm","un",74.3189]
["M2419","Parafuso de cabeça abaulada em aço inox com porca e arruela - D = 6 mm (M6) e C = 30 mm","un",1.2533]
["M2420","Parafuso de cabeça abaulada em aço inox com porca e arruela - D = 8 mm (M8) e C = 50 mm","un",2.4887]
["M2421","Mangueira cristal trançada de PVC com pressão de trabalho de 1,50 MPa (250 psi) - D = 9,5 mm (3/8\")","m",4.2345]
["M2423","Fôrma plástica para nicho de protensão de cordoalha - D = 15,2 mm","un",2.0965]
["M2424","Fôrma plástica para nicho de protensão de cordoalha - D = 12,7 mm","un",1.0319]
["M2425","Cordoalha engraxada tipo CP 190 RB - D = 15,2 mm","kg",12.9773]
["M2426","Cordoalha engraxada tipo CP 190 RB - D = 12,7 mm","kg",12.9773]
["M2427","Bainha metálica para protensão - D = 35 mm","m",22.6658]
["M2428","Bainha metálica para protensão - D = 30 mm","m",21.4326]
["M2429","Ancoragem passiva aderente para 8 cordoalhas - D = 15,2 mm","un",102.9603]
["M2430","Ancoragem passiva aderente para 31 cordoalhas - D = 15,2 mm","un",535.8954]
["M2431","Ancoragem ativa para cordoalha engraxada - D = 12,7 mm","un",70.8919]
["M2432","Ancoragem ativa para cordoalha engraxada - D = 15,2 mm","un",102.5467]
["M2433","Ancoragem passiva aderente para 10 cordoalhas - D = 12,7 mm","un",129.5489]
["M2434","Ancoragem passiva aderente para 12 cordoalhas - D = 12,7 mm","un",{"v":152.297,"d":"152.2970"}]
["M2435","Ancoragem passiva aderente para 12 cordoalhas - D = 15,2 mm","un",158.1244]
["M2436","Ancoragem passiva aderente para 15 cordoalhas - D = 12,7 mm","un",207.7444]
["M2437","Ancoragem passiva aderente para 15 cordoalhas - D = 15,2 mm","un",219.7882]
["M2438","Ancoragem passiva aderente para 19 cordoalhas - D = 12,7 mm","un",{"v":257.071,"d":"257.0710"}]
["M2439","Ancoragem passiva aderente para 19 cordoalhas - D = 15,2 mm","un",272.3737]
["M2440","Ancoragem passiva aderente para 22 cordoalhas - D = 12,7 mm","un",337.2341]
["M2441","Ancoragem passiva aderente para 22 cordoalhas - D = 15,2 mm","un",{"v":325.947,"d":"325.9470"}]
["M2442","Ancoragem passiva aderente para 27 cordoalhas - D = 12,7 mm","un",447.9073]
["M2443","Ancoragem passiva aderente para 27 cordoalhas - D = 15,2 mm","un",444.5427]
["M2444","Ancoragem passiva aderente para 31 cordoalhas - D = 12,7 mm","un",517.0341]
["M2445","Ancoragem passiva aderente para 4 cordoalhas - D = 12,7 mm","un",55.1754]
["M2446","Ancoragem passiva aderente para 4 cordoalhas - D = 15,2 mm","un",{"v":59.335,"d":"59.3350"}]
["M2447","Ancoragem passiva aderente para 6 cordoalhas - D = 12,7 mm","un",{"v":82.051,"d":"82.0510"}]
["M2448","Ancoragem passiva aderente para 6 cordoalhas - D = 15,2 mm","un",84.2744]
["M2449","Ancoragem passiva aderente para 7 cordoalhas - D = 12,7 mm","un",100.7369]
["M2450","Ancoragem passiva aderente para 7 cordoalhas - D = 15,2 mm","un",102.9603]
["M2451","Ancoragem passiva aderente para 8 cordoalhas - D = 12,7 mm","un",100.7369]
["M2452","Ancoragem passiva aderente para 9 cordoalhas - D = 12,7 mm","un",126.8091]
["M2453","Ancoragem passiva aderente para 9 cordoalhas - D = 15,2 mm","un",130.3795]
["M2454","Ancoragem passiva aderente para lajes para 1 cordoalha - D = 12,7 mm","un",18.0343]
["M2455","Ancoragem passiva aderente para lajes para 1 cordoalha - D = 15,2 mm","un",23.5207]
["M2456","Ancoragem passiva aderente para lajes para 2 cordoalhas - D = 12,7 mm","un",21.2461]
["M2457","Ancoragem passiva aderente para lajes para 2 cordoalhas - D = 15,2 mm","un",{"v":28.608,"d":"28.6080"}]
["M2458","Ancoragem passiva aderente para lajes para 3 cordoalhas - D = 12,7 mm","un",40.3016]
["M2459","Ancoragem passiva aderente para lajes para 3 cordoalhas - D = 15,2 mm","un",40.3016]
["M2460","Ancoragem passiva aderente para lajes para 4 cordoalhas - D = 12,7 mm","un",47.4347]
["M2461","Ancoragem passiva aderente para lajes para 4 cordoalhas - D = 15,2 mm","un",65.0333]
["M2462","Mangueira cristal trançada de PVC com pressão de trabalho de 1,50 MPa (250 psi) - D = 19,0 mm (3/4\")","m",{"v":9.424,"d":"9.4240"}]
["M2465","Bainha metálica para protensão - D = 40 mm","m",25.0193]
["M2466","Bainha metálica para protensão - D = 45 mm","m",27.5119]
["M2467","Bainha metálica para protensão - D = 50 mm","m",29.7169]
["M2468","Bainha metálica para protensão - D = 55 mm","m",32.3469]
["M2469","Bainha metálica para protensão - D = 60 mm","m",37.0158]
["M2470","Bainha metálica para protensão - D = 65 mm","m",38.3955]
["M2471","Bainha metálica para protensão - D = 70 mm","m",41.8645]
["M2472","Bainha metálica para protensão - D = 75 mm","m",43.1928]
["M2473","Bainha metálica para protensão - D = 80 mm","m",47.0631]
["M2474","Bainha metálica para protensão - D = 85 mm","m",49.9264]
["M2475","Bainha metálica para protensão - D = 90 mm","m",57.8004]
["M2476","Bainha metálica para protensão - D = 95 mm","m",61.6763]
["M2477","Bainha metálica para protensão - D = 100 mm","m",62.8924]
["M2478","Bainha metálica para protensão - D = 110 mm","m",70.5878]
["M2479","Bainha metálica para protensão - D = 120 mm","m",{"v":75.009,"d":"75.0090"}]
["M2480","Bainha metálica para protensão - D = 130 mm","m",78.5676]
["M2481","Bainha metálica ovalizada para protensão - seção de 19 x 36 mm","m",23.7938]
["M2482","Bainha metálica ovalizada para protensão - seção de 19 x 48 mm","m",26.3252]
["M2483","Bainha metálica ovalizada para protensão - seção de 19 x 62 mm","m",29.7114]
["M2484","Bainha metálica ovalizada para protensão - seção de 22 x 32 mm","m",21.9877]
["M2485","Bainha metálica ovalizada para protensão - seção de 22 x 55 mm","m",27.6748]
["M2486","Bainha metálica ovalizada para protensão - seção de 22 x 73 mm","m",32.2941]
["M2487","Espaçador plástico tipo centralizador carambola para grampo de barra de aço - D ≤ 25,4 mm","un",0.4519]
["M2488","Cinta para elevação de cargas tipo Grab com 1 ramal, anel de suspensão e gancho - C = 3 m a 5 m, capacidade de carga de 5.000 kg, F. S. = 4:1","un",{"v":1236.8977,"d":"1,236.8977"}]
["M2489","Cinta para elevação de cargas tipo Grab com 2 ramais, anel de suspensão e ganchos - C = 3 m a 5 m, capacidade de carga de 5.000 kg, F. S. = 4:1","un",{"v":2715.2371,"d":"2,715.2371"}]
["M2490","Cinta para elevação de cargas tipo sling com 1 ramal - C = 2 m a 3 m, capacidade de carga de 1.000 kg, F. S. = 7:1","un",{"v":41.32,"d":"41.3200"}]
["M2500","Chapa metálica corrugada galvanizada para tunnel liner - E = 2,2 mm e D = 1,2 m","m",{"v":4265.6184,"d":"4,265.6184"}]
["M2501","Chapa metálica corrugada galvanizada para tunnel liner - E = 2,2 mm e D = 1,4 m","m",{"v":4843.2832,"d":"4,843.2832"}]
["M2502","Chapa metálica corrugada galvanizada para tunnel liner - E = 2,2 mm e D = 1,6 m","m",{"v":5731.9733,"d":"5,731.9733"}]
["M2503","Chapa metálica corrugada galvanizada para tunnel liner - E = 2,2 mm e D = 1,8 m","m",{"v":6547.3665,"d":"6,547.3665"}]
["M2504","Chapa metálica corrugada galvanizada para tunnel liner - E = 2,2 mm e D = 2,0 m","m",{"v":7215.6739,"d":"7,215.6739"}]
["M2505","Chapa metálica corrugada galvanizada para tunnel liner - E = 2,2 mm e D = 2,2 m","m",{"v":7973.503,"d":"7,973.5030"}]
["M2506","Chapa metálica corrugada galvanizada para tunnel liner - E = 2,2 mm e D = 2,4 m","m",{"v":8597.1239,"d":"8,597.1239"}]
["M2507","Chapa metálica corrugada galvanizada para tunnel liner - E = 2,2 mm e D = 2,6 m","m",{"v":9353.9726,"d":"9,353.9726"}]
["M2508","Chapa metálica corrugada galvanizada para tunnel liner - E = 2,2 mm e D = 2,8 m","m",{"v":10021.4234,"d":"10,021.4234"}]
["M2509","Chapa metálica corrugada galvanizada para tunnel liner - E = 2,2 mm e D = 3,0 m","m",{"v":10823.8399,"d":"10,823.8399"}]
["M2510","Chapa metálica corrugada galvanizada para tunnel liner - E = 2,7 mm e D = 3,2 m","m",{"v":13528.8147,"d":"13,528.8147"}]
["M2511","Chapa metálica corrugada galvanizada para tunnel liner - E = 2,7 mm e D = 3,4 m","m",{"v":14485.1758,"d":"14,485.1758"}]
["M2512","Chapa metálica corrugada galvanizada para tunnel liner - E = 2,7 mm e D = 3,6 m","m",{"v":15225.2939,"d":"15,225.2939"}]
["M2513","Chapa metálica corrugada galvanizada para tunnel liner - E = 2,7 mm e D = 3,8 m","m",{"v":16095.4393,"d":"16,095.4393"}]
["M2514","Chapa metálica corrugada galvanizada para tunnel liner - E = 2,7 mm e D = 4,0 m","m",{"v":16884.527,"d":"16,884.5270"}]
["M2515","Chapa metálica corrugada galvanizada para tunnel liner - E = 3,4 mm e D = 4,2 m","m",{"v":21040.7173,"d":"21,040.7173"}]
["M2516","Chapa metálica corrugada galvanizada para tunnel liner - E = 3,4 mm e D = 4,4 m","m",{"v":21953.0788,"d":"21,953.0788"}]
["M2517","Chapa metálica corrugada galvanizada para tunnel liner - E = 3,4 mm e D = 4,6 m","m",{"v":23030.2916,"d":"23,030.2916"}]
["M2518","Chapa metálica corrugada galvanizada para tunnel liner - E = 3,9 mm e D = 4,8 m","m",{"v":26720.8019,"d":"26,720.8019"}]
["M2519","Chapa metálica corrugada galvanizada para tunnel liner - E = 3,9 mm e D = 5,0 m","m",{"v":27957.474,"d":"27,957.4740"}]
["M2520","Chapa metálica corrugada galvanizada revestida com epóxi para tunnel liner - E = 2,2 mm e D = 1,2 m","m",{"v":4568.1834,"d":"4,568.1834"}]
["M2521","Chapa metálica corrugada galvanizada revestida com epóxi para tunnel liner - E = 2,2 mm e D = 1,4 m","m",{"v":5186.8107,"d":"5,186.8107"}]
["M2522","Chapa metálica corrugada galvanizada revestida com epóxi para tunnel liner - E = 2,2 mm e D = 1,6 m","m",{"v":6138.5494,"d":"6,138.5494"}]
["M2523","Chapa metálica corrugada galvanizada revestida com epóxi para tunnel liner - E = 2,2 mm e D = 1,8 m","m",{"v":7010.6622,"d":"7,010.6622"}]
["M2524","Chapa metálica corrugada galvanizada revestida com epóxi para tunnel liner - E = 2,2 mm e D = 2,0 m","m",{"v":7726.2411,"d":"7,726.2411"}]
["M2525","Chapa metálica corrugada galvanizada revestida com epóxi para tunnel liner - E = 2,2 mm e D = 2,2 m","m",{"v":8537.6605,"d":"8,537.6605"}]
["M2526","Chapa metálica corrugada galvanizada revestida com epóxi para tunnel liner - E = 2,2 mm e D = 2,4 m","m",{"v":9205.3933,"d":"9,205.3933"}]
["M2527","Chapa metálica corrugada galvanizada revestida com epóxi para tunnel liner - E = 2,2 mm e D = 2,6 m","m",{"v":10015.8222,"d":"10,015.8222"}]
["M2528","Chapa metálica corrugada galvanizada revestida com epóxi para tunnel liner - E = 2,2 mm e D = 2,8 m","m",{"v":10730.5545,"d":"10,730.5545"}]
["M2529","Chapa metálica corrugada galvanizada revestida com epóxi para tunnel liner - E = 2,2 mm e D = 3,0 m","m",{"v":11589.7006,"d":"11,589.7006"}]
["M2530","Chapa metálica corrugada galvanizada revestida com epóxi para tunnel liner - E = 2,7 mm e D = 3,2 m","m",{"v":14196.4717,"d":"14,196.4717"}]
["M2531","Chapa múltipla metálica corrugada galvanizada tipo MP 100 ou similar - E = 1,60 mm e D = 0,60 m","m",{"v":1434.1992,"d":"1,434.1992"}]
["M2532","Chapa múltipla metálica corrugada galvanizada tipo MP 100 ou similar - E = 1,60 mm e D = 0,70 m","m",{"v":1658.2941,"d":"1,658.2941"}]
["M2533","Chapa múltipla metálica corrugada galvanizada tipo MP 100 ou similar - E = 1,60 mm e D = 0,80 m","m",{"v":1882.3939,"d":"1,882.3939"}]
["M2534","Chapa múltipla metálica corrugada galvanizada tipo MP 100 ou similar - E = 1,60 mm e D = 0,90 m","m",{"v":2061.6711,"d":"2,061.6711"}]
["M2535","Chapa múltipla metálica corrugada galvanizada tipo MP 100 ou similar - E = 1,60 mm e D = 1,00 m","m",{"v":2285.7698,"d":"2,285.7698"}]
["M2536","Chapa múltipla metálica corrugada galvanizada tipo MP 100 ou similar - E = 1,60 mm e D = 1,10 m","m",{"v":2599.517,"d":"2,599.5170"}]
["M2537","Chapa múltipla metálica corrugada galvanizada tipo MP 100 ou similar - E = 1,60 mm e D = 1,20 m","m",{"v":2778.7989,"d":"2,778.7989"}]
["M2538","Chapa múltipla metálica corrugada galvanizada tipo MP 100 ou similar - E = 1,60 mm e D = 1,30 m","m",{"v":3002.8907,"d":"3,002.8907"}]
["M2539","Chapa múltipla metálica corrugada galvanizada tipo MP 100 ou similar - E = 1,60 mm e D = 1,40 m","m",{"v":3182.1738,"d":"3,182.1738"}]
["M2540","Chapa múltipla metálica corrugada galvanizada tipo MP 100 ou similar - E = 1,60 mm e D = 1,50 m","m",{"v":3406.2283,"d":"3,406.2283"}]
["M2541","Chapa múltipla metálica corrugada galvanizada tipo MP 100 ou similar - E = 1,60 mm e D = 1,60 m","m",{"v":3630.358,"d":"3,630.3580"}]
["M2542","Chapa múltipla metálica corrugada galvanizada tipo MP 100 ou similar - E = 1,60 mm e D = 1,70 m","m",{"v":3809.6298,"d":"3,809.6298"}]
["M2543","Chapa múltipla metálica corrugada galvanizada tipo MP 100 ou similar - E = 1,60 mm e D = 1,80 m","m",{"v":4033.6896,"d":"4,033.6896"}]
["M2544","Chapa múltipla metálica corrugada galvanizada tipo MP 100 ou similar - E = 2,00 mm e D = 1,90 m","m",{"v":4737.9013,"d":"4,737.9013"}]
["M2545","Chapa múltipla metálica corrugada galvanizada tipo MP 100 ou similar - E = 2,00 mm e D = 2,00 m","m",{"v":4994.0421,"d":"4,994.0421"}]
["M2546","Chapa múltipla metálica corrugada galvanizada tipo MP 100 ou similar - E = 2,00 mm e D = 2,10 m","m",{"v":5335.4122,"d":"5,335.4122"}]
["M2547","Chapa múltipla metálica corrugada galvanizada tipo MP 100 ou similar - E = 2,00 mm e D = 2,20 m","m",{"v":5463.5648,"d":"5,463.5648"}]
["M2548","Chapa múltipla metálica corrugada galvanizada tipo MP 100 ou similar - E = 2,00 mm e D = 2,30 m","m",{"v":5676.9513,"d":"5,676.9513"}]
["M2549","Chapa múltipla metálica corrugada galvanizada tipo MP 100 ou similar - E = 2,70 mm e D = 2,40 m","m",{"v":7555.142,"d":"7,555.1420"}]
["M2550","Chapa múltipla metálica corrugada galvanizada tipo MP 100 ou similar - E = 3,40 mm e D = 2,50 m","m",{"v":9581.1543,"d":"9,581.1543"}]
["M2551","Chapa múltipla metálica corrugada galvanizada tipo MP 100 ou similar - E = 3,40 mm e D = 2,60 m","m",{"v":10125.7927,"d":"10,125.7927"}]
["M2552","Chapa múltipla metálica corrugada galvanizada tipo MP 100 ou similar - E = 3,40 mm e D = 2,70 m","m",{"v":10321.1135,"d":"10,321.1135"}]
["M2553","Chapa múltipla metálica corrugada galvanizada tipo MP 100 ou similar - E = 3,40 mm e D = 2,80 m","m",{"v":10827.5293,"d":"10,827.5293"}]
["M2554","Chapa múltipla metálica corrugada galvanizada tipo MP 152 ou similar - E = 2,70 mm e D = 1,50 m","m",{"v":7136.0932,"d":"7,136.0932"}]
["M2555","Chapa múltipla metálica corrugada galvanizada tipo MP 152 ou similar - E = 2,70 mm e D = 1,80 m","m",{"v":8628.6687,"d":"8,628.6687"}]
["M2556","Chapa múltipla metálica corrugada galvanizada tipo MP 152 ou similar - E = 2,70 mm e D = 1,90 m","m",{"v":8908.6696,"d":"8,908.6696"}]
["M2557","Chapa múltipla metálica corrugada galvanizada tipo MP 152 ou similar - E = 2,70 mm e D = 2,15 m","m",{"v":10121.2871,"d":"10,121.2871"}]
["M2558","Chapa múltipla metálica corrugada galvanizada tipo MP 152 ou similar - E = 2,70 mm e D = 2,30 m","m",{"v":10681.0759,"d":"10,681.0759"}]
["M2559","Chapa múltipla metálica corrugada galvanizada tipo MP 152 ou similar - E = 2,70 mm e D = 2,65 m","m",{"v":12500.5331,"d":"12,500.5331"}]
["M2560","Chapa múltipla metálica corrugada galvanizada tipo MP 152 ou similar - E = 2,70 mm e D = 3,05 m","m",{"v":14272.1865,"d":"14,272.1865"}]
["M2561","Chapa múltipla metálica corrugada galvanizada tipo MP 152 ou similar - E = 2,70 mm e D = 3,20 m","m",{"v":15158.8667,"d":"15,158.8667"}]
["M2562","Chapa múltipla metálica corrugada galvanizada tipo MP 152 ou similar - E = 2,70 mm e D = 3,40 m","m",{"v":16045.6004,"d":"16,045.6004"}]
["M2563","Chapa múltipla metálica corrugada galvanizada tipo MP 152 ou similar - E = 2,70 mm e D = 3,65 m","m",{"v":17212.019,"d":"17,212.0190"}]
["M2564","Chapa múltipla metálica corrugada galvanizada tipo MP 152 ou similar - E = 2,70 mm e D = 3,80 m","m",{"v":17818.1943,"d":"17,818.1943"}]
["M2565","Chapa múltipla metálica corrugada galvanizada tipo MP 152 ou similar - E = 2,70 mm e D = 4,20 m","m",{"v":19637.6743,"d":"19,637.6743"}]
["M2566","Chapa múltipla metálica corrugada galvanizada tipo MP 152 ou similar - E = 2,70 mm e D = 4,60 m","m",{"v":21408.2798,"d":"21,408.2798"}]
["M2567","Chapa múltipla metálica corrugada galvanizada tipo MP 152 ou similar - E = 3,40 mm e D = 4,80 m","m",{"v":24496.3808,"d":"24,496.3808"}]
["M2568","Chapa múltipla metálica corrugada galvanizada tipo MP 152 ou similar - E = 3,40 mm e D = 5,00 m","m",{"v":25187.9873,"d":"25,187.9873"}]
["M2569","Chapa múltipla metálica corrugada galvanizada tipo MP 152 ou similar - E = 3,90 mm e D = 5,35 m","m",{"v":31783.9897,"d":"31,783.9897"}]
["M2570","Chapa múltipla metálica corrugada galvanizada tipo MP 152 ou similar - E = 3,90 mm e D = 5,70 m","m",{"v":34058.265,"d":"34,058.2650"}]
["M2571","Chapa múltipla metálica corrugada galvanizada tipo MP 152 ou similar - E = 4,70 mm e D = 6,10 m","m",{"v":41957.2208,"d":"41,957.2208"}]
["M2572","Chapa múltipla metálica corrugada galvanizada tipo MP 152 ou similar - E = 6,40 mm e D = 6,50 m","m",{"v":50315.5411,"d":"50,315.5411"}]
["M2573","Chapa múltipla metálica corrugada galvanizada tipo MP 152 ou similar - E = 6,40 mm e D = 6,85 m","m",{"v":53276.132,"d":"53,276.1320"}]
["M2574","Chapa múltipla metálica corrugada galvanizada tipo MP 152 ou similar - E = 6,40 mm e D = 7,25 m","m",{"v":56210.1744,"d":"56,210.1744"}]
["M2580","Parafuso de cabeça sextavada em aço galvanizado com porca e arruela de pressão - D = 7,938 mm (5/16\")","cj",0.6143]
["M2597","Concreto usinado - fck = 40 MPa (comercial)","m³","-"]
["M2598","Concreto usinado - fck = 45 MPa (comercial)","m³","-"]
["M2599","Concreto usinado - fck = 50 MPa (comercial)","m³","-"]
["M2601","Aparelho de apoio metálico esférico fixo com 4 chumbadores e capacidade de 1.000 kN","un",{"v":5560.2929,"d":"5,560.2929"}]
["M2602","Aparelho de apoio metálico esférico unidirecional com 4 chumbadores e capacidade de 1.500 kN","un",{"v":14478.3398,"d":"14,478.3398"}]
["M2603","Aparelho de apoio metálico esférico fixo com 4 chumbadores e capacidade de 1.500 kN","un",{"v":8380.6759,"d":"8,380.6759"}]
["M2604","Aparelho de apoio metálico esférico fixo com 4 chumbadores e capacidade de 2.000 kN","un",{"v":10654.8652,"d":"10,654.8652"}]
["M2605","Aparelho de apoio metálico esférico fixo com 4 chumbadores e capacidade de 2.500 kN","un",{"v":13492.2712,"d":"13,492.2712"}]
["M2606","Aparelho de apoio metálico esférico fixo com 4 chumbadores e capacidade de 3.000 kN","un",{"v":15527.8679,"d":"15,527.8679"}]
["M2607","Aparelho de apoio metálico esférico fixo com 4 chumbadores e capacidade de 3.500 kN","un",{"v":18804.6818,"d":"18,804.6818"}]
["M2608","Aparelho de apoio metálico esférico fixo com 4 chumbadores e capacidade de 4.000 kN","un",{"v":22209.1617,"d":"22,209.1617"}]
["M2609","Aparelho de apoio metálico esférico unidirecional com 4 chumbadores e capacidade de 1.000 kN","un",{"v":9877.6615,"d":"9,877.6615"}]
["M2610","Aparelho de apoio metálico esférico unidirecional com 4 chumbadores e capacidade de 2.000 kN","un",{"v":17738.2424,"d":"17,738.2424"}]
["M2611","Aparelho de apoio metálico esférico unidirecional com 4 chumbadores e capacidade de 2.500 kN","un",{"v":20948.4051,"d":"20,948.4051"}]
["M2612","Aparelho de apoio metálico esférico unidirecional com 4 chumbadores e capacidade de 3.000 kN","un",{"v":25775.7919,"d":"25,775.7919"}]
["M2613","Aparelho de apoio metálico esférico unidirecional com 4 chumbadores e capacidade de 3.500 kN","un",{"v":29693.6401,"d":"29,693.6401"}]
["M2614","Aparelho de apoio metálico esférico unidirecional com 4 chumbadores e capacidade de 4.000 kN","un",{"v":38772.4099,"d":"38,772.4099"}]
["M2615","Aparelho de apoio metálico esférico fixo com 4 chumbadores e capacidade de 4.500 kN","un",{"v":56690.6518,"d":"56,690.6518"}]
["M2616","Aparelho de apoio metálico esférico fixo com 4 chumbadores e capacidade de 5.000 kN","un",{"v":63055.3487,"d":"63,055.3487"}]
["M2617","Aparelho de apoio metálico esférico fixo com 4 chumbadores e capacidade de 5.500 kN","un",{"v":68405.2713,"d":"68,405.2713"}]
["M2618","Aparelho de apoio metálico esférico fixo com 4 chumbadores e capacidade de 6.000 kN","un",{"v":73797.0861,"d":"73,797.0861"}]
["M2619","Aparelho de apoio metálico esférico fixo com 4 chumbadores e capacidade de 6.500 kN","un",{"v":83902.4873,"d":"83,902.4873"}]
["M2620","Aparelho de apoio metálico esférico fixo com 4 chumbadores e capacidade de 7.000 kN","un",{"v":86580.4695,"d":"86,580.4695"}]
["M2621","Aparelho de apoio metálico esférico fixo com 4 chumbadores e capacidade de 7.500 kN","un",{"v":96763.7715,"d":"96,763.7715"}]
["M2622","Aparelho de apoio metálico esférico fixo com 4 chumbadores e capacidade de 8.000 kN","un",{"v":103450.8508,"d":"103,450.8508"}]
["M2623","Grelha metálica para boca de lobo com capacidade de até 300 kN - C = 0,90 m e L = 0,30 m","un",556.6417]
["M2624","Grelha de piso em PVC para passagem de pedestres - C = 50 cm e L = 13 cm","un",71.4211]
["M2625","Marco em PVC para grelha de piso - L = 2,50 m","un",{"v":68.106,"d":"68.1060"}]
["M2626","Grelha de piso em PVC para passagem de veículos de até 3 t - C = 50 cm e L = 13 cm","un",{"v":92.078,"d":"92.0780"}]
["M2627","Grelha de piso em PVC para passagem de veículos de até 10 t - C = 50 cm e L = 13 cm","un",133.9975]
["M2628","Grelha de piso em PVC para passagem de pedestres - C = 50 cm e L = 20 cm","un",117.9678]
["M2629","Grelha de piso em PVC para passagem de veículos de até 3 t - C = 50 cm e L = 20 cm","un",142.5767]
["M2631","Grelha metálica para canaletas - C = 1,00 m e L = 0,10 m","un",64.7421]
["M2632","Grelha metálica para canaletas - C = 1,00 m e L = 0,15 m","un",129.3461]
["M2633","Porta-grelha metálica - C = 1,00 m e L = 0,15 m","m",88.2325]
["M2634","Grelha metálica para canaletas - C = 1,00 m e L = 0,20 m","un",290.0625]
["M2635","Porta-grelha metálica - C = 1,00 m e L = 0,20 m","m",87.3212]
["M2636","Porta-grelha metálica - C = 1,00 m e L = 0,10 m","m",72.3009]
["M2637","Aparelho de apoio metálico esférico fixo com 4 chumbadores e capacidade de 8.500 kN","un",{"v":105954.7784,"d":"105,954.7784"}]
["M2638","Aparelho de apoio metálico esférico fixo com 4 chumbadores e capacidade de 9.000 kN","un",{"v":114530.9397,"d":"114,530.9397"}]
["M2639","Aparelho de apoio metálico esférico fixo com 4 chumbadores e capacidade de 9.500 kN","un",{"v":120784.3127,"d":"120,784.3127"}]
["M2640","Aparelho de apoio metálico esférico fixo com 4 chumbadores e capacidade de 10.000 kN","un",{"v":128403.3757,"d":"128,403.3757"}]
["M2641","Aparelho de apoio metálico esférico unidirecional com 4 chumbadores e capacidade de 4.500 kN","un",{"v":59437.5927,"d":"59,437.5927"}]
["M2642","Aparelho de apoio metálico esférico unidirecional com 4 chumbadores e capacidade de 5.000 kN","un",{"v":65839.2603,"d":"65,839.2603"}]
["M2643","Aparelho de apoio metálico esférico unidirecional com 4 chumbadores e capacidade de 5.500 kN","un",{"v":71565.7356,"d":"71,565.7356"}]
["M2644","Aparelho de apoio metálico esférico unidirecional com 4 chumbadores e capacidade de 6.000 kN","un",{"v":75268.542,"d":"75,268.5420"}]
["M2645","Aparelho de apoio metálico esférico unidirecional com 4 chumbadores e capacidade de 6.500 kN","un",{"v":86034.1244,"d":"86,034.1244"}]
["M2646","Aparelho de apoio metálico esférico unidirecional com 4 chumbadores e capacidade de 7.000 kN","un",{"v":92427.6985,"d":"92,427.6985"}]
["M2647","Aparelho de apoio metálico esférico unidirecional com 4 chumbadores e capacidade de 7.500 kN","un",{"v":99418.2736,"d":"99,418.2736"}]
["M2648","Fincapino de ação direta e pino com furo - D = 6,35 mm (1/4\")","un",1.9738]
["M2649","Aparelho de apoio metálico esférico unidirecional com 4 chumbadores e capacidade de 8.000 kN","un",{"v":105608.0895,"d":"105,608.0895"}]
["M2650","Aparelho de apoio metálico esférico unidirecional com 4 chumbadores e capacidade de 8.500 kN","un",{"v":114252.853,"d":"114,252.8530"}]
["M2651","Chapa múltipla metálica corrugada revestida em epóxi tipo MP 100 ou similar - E = 1,60 mm e D = 0,60 m","m",{"v":1523.3158,"d":"1,523.3158"}]
["M2652","Chapa múltipla metálica corrugada revestida em epóxi tipo MP 100 ou similar - E = 1,60 mm e D = 0,70 m","m",{"v":1761.3323,"d":"1,761.3323"}]
["M2653","Chapa múltipla metálica corrugada revestida em epóxi tipo MP 100 ou similar - E = 1,60 mm e D = 0,80 m","m",{"v":1999.3537,"d":"1,999.3537"}]
["M2654","Chapa múltipla metálica corrugada revestida em epóxi tipo MP 100 ou similar - E = 1,60 mm e D = 0,90 m","m",{"v":2189.7642,"d":"2,189.7642"}]
["M2655","Chapa múltipla metálica corrugada revestida em epóxi tipo MP 100 ou similar - E = 1,60 mm e D = 1,00 m","m",{"v":2427.7946,"d":"2,427.7946"}]
["M2656","Chapa múltipla metálica corrugada revestida em epóxi tipo MP 100 ou similar - E = 1,60 mm e D = 1,10 m","m",{"v":2761.0401,"d":"2,761.0401"}]
["M2657","Chapa múltipla metálica corrugada revestida em epóxi tipo MP 100 ou similar - E = 1,60 mm e D = 1,20 m","m",{"v":2951.4553,"d":"2,951.4553"}]
["M2658","Chapa múltipla metálica corrugada revestida em epóxi tipo MP 100 ou similar - E = 1,60 mm e D = 1,30 m","m",{"v":3189.4688,"d":"3,189.4688"}]
["M2659","Chapa múltipla metálica corrugada revestida em epóxi tipo MP 100 ou similar - E = 1,60 mm e D = 1,40 m","m",{"v":3379.8952,"d":"3,379.8952"}]
["M2660","Chapa múltipla metálica corrugada revestida em epóxi tipo MP 100 ou similar - E = 1,60 mm e D = 1,50 m","m",{"v":3617.8713,"d":"3,617.8713"}]
["M2661","Chapa múltipla metálica corrugada revestida em epóxi tipo MP 100 ou similar - E = 1,60 mm e D = 1,60 m","m",{"v":3855.9227,"d":"3,855.9227"}]
["M2662","Chapa múltipla metálica corrugada revestida em epóxi tipo MP 100 ou similar - E = 1,60 mm e D = 1,70 m","m",{"v":4046.3378,"d":"4,046.3378"}]
["M2663","Chapa múltipla metálica corrugada revestida em epóxi tipo MP 100 ou similar - E = 1,60 mm e D = 1,80 m","m",{"v":4284.3193,"d":"4,284.3193"}]
["M2664","Chapa múltipla metálica corrugada revestida em epóxi tipo MP 100 ou similar - E = 2,00 mm e D = 1,90 m","m",{"v":5038.2496,"d":"5,038.2496"}]
["M2665","Chapa múltipla metálica corrugada revestida em epóxi tipo MP 100 ou similar - E = 2,00 mm e D = 2,00 m","m",{"v":5310.619,"d":"5,310.6190"}]
["M2666","Chapa múltipla metálica corrugada revestida em epóxi tipo MP 100 ou similar - E = 2,00 mm e D = 2,10 m","m",{"v":5673.6338,"d":"5,673.6338"}]
["M2667","Chapa múltipla metálica corrugada revestida em epóxi tipo MP 100 ou similar - E = 2,00 mm e D = 2,20 m","m",{"v":5809.9108,"d":"5,809.9108"}]
["M2668","Chapa múltipla metálica corrugada revestida em epóxi tipo MP 100 ou similar - E = 2,00 mm e D = 2,30 m","m",{"v":6036.8176,"d":"6,036.8176"}]
["M2669","Chapa múltipla metálica corrugada revestida em epóxi tipo MP 100 ou similar - E = 2,70 mm e D = 2,40 m","m",{"v":8222.7388,"d":"8,222.7388"}]
["M2670","Chapa múltipla metálica corrugada revestida em epóxi tipo MP 100 ou similar - E = 3,40 mm e D = 2,50 m","m",{"v":10422.4406,"d":"10,422.4406"}]
["M2671","Chapa múltipla metálica corrugada revestida em epóxi tipo MP 100 ou similar - E = 3,40 mm e D = 2,60 m","m",{"v":11014.9623,"d":"11,014.9623"}]
["M2672","Chapa múltipla metálica corrugada revestida em epóxi tipo MP 100 ou similar - E = 3,40 mm e D = 2,70 m","m",{"v":11227.3942,"d":"11,227.3942"}]
["M2673","Chapa múltipla metálica corrugada revestida em epóxi tipo MP 100 ou similar - E = 3,40 mm e D = 2,80 m","m",{"v":11778.2529,"d":"11,778.2529"}]
["M2674","Chapa múltipla metálica corrugada revestida em epóxi tipo MP 152 ou similar - E = 2,70 mm e D = 1,50 m","m",{"v":7390.8352,"d":"7,390.8352"}]
["M2675","Chapa múltipla metálica corrugada revestida em epóxi tipo MP 152 ou similar - E = 2,70 mm e D = 1,80 m","m",{"v":8936.69,"d":"8,936.6900"}]
["M2676","Chapa múltipla metálica corrugada revestida em epóxi tipo MP 152 ou similar - E = 2,70 mm e D = 1,90 m","m",{"v":9226.6808,"d":"9,226.6808"}]
["M2677","Chapa múltipla metálica corrugada revestida em epóxi tipo MP 152 ou similar - E = 2,70 mm e D = 2,15 m","m",{"v":10482.5878,"d":"10,482.5878"}]
["M2678","Chapa múltipla metálica corrugada revestida em epóxi tipo MP 152 ou similar - E = 2,70 mm e D = 2,30 m","m",{"v":11062.3663,"d":"11,062.3663"}]
["M2679","Chapa múltipla metálica corrugada revestida em epóxi tipo MP 152 ou similar - E = 2,70 mm e D = 2,65 m","m",{"v":12946.7477,"d":"12,946.7477"}]
["M2680","Chapa múltipla metálica corrugada revestida em epóxi tipo MP 152 ou similar - E = 2,70 mm e D = 3,05 m","m",{"v":14781.6704,"d":"14,781.6704"}]
["M2681","Chapa múltipla metálica corrugada revestida em epóxi tipo MP 152 ou similar - E = 2,70 mm e D = 3,20 m","m",{"v":15699.9852,"d":"15,699.9852"}]
["M2682","Chapa múltipla metálica corrugada revestida em epóxi tipo MP 152 ou similar - E = 2,70 mm e D = 3,40 m","m",{"v":16618.3536,"d":"16,618.3536"}]
["M2683","Chapa múltipla metálica corrugada revestida em epóxi tipo MP 152 ou similar - E = 2,70 mm e D = 3,65 m","m",{"v":17826.3967,"d":"17,826.3967"}]
["M2684","Chapa múltipla metálica corrugada revestida em epóxi tipo MP 152 ou similar - E = 2,70 mm e D = 3,80 m","m",{"v":18454.2266,"d":"18,454.2266"}]
["M2685","Chapa múltipla metálica corrugada revestida em epóxi tipo MP 152 ou similar - E = 2,70 mm e D = 4,20 m","m",{"v":20338.6308,"d":"20,338.6308"}]
["M2686","Chapa múltipla metálica corrugada revestida em epóxi tipo MP 152 ou similar - E = 2,70 mm e D = 4,60 m","m",{"v":22172.5056,"d":"22,172.5056"}]
["M2687","Chapa múltipla metálica corrugada revestida em epóxi tipo MP 152 ou similar - E = 3,40 mm e D = 4,80 m","m",{"v":28272.5655,"d":"28,272.5655"}]
["M2688","Chapa múltipla metálica corrugada revestida em epóxi tipo MP 152 ou similar - E = 3,40 mm e D = 5,00 m","m",{"v":29070.8109,"d":"29,070.8109"}]
["M2689","Chapa múltipla metálica corrugada revestida em epóxi tipo MP 152 ou similar - E = 3,90 mm e D = 5,35 m","m",{"v":35549.352,"d":"35,549.3520"}]
["M2690","Chapa múltipla metálica corrugada revestida em epóxi tipo MP 152 ou similar - E = 3,90 mm e D = 5,70 m","m",{"v":38092.9227,"d":"38,092.9227"}]
["M2691","Chapa múltipla metálica corrugada revestida em epóxi tipo MP 152 ou similar - E = 4,70 mm e D = 6,10 m","m",{"v":47091.8186,"d":"47,091.8186"}]
["M2692","Chapa múltipla metálica corrugada revestida em epóxi tipo MP 152 ou similar - E = 6,40 mm e D = 6,50 m","m",{"v":60390.0242,"d":"60,390.0242"}]
["M2693","Chapa múltipla metálica corrugada revestida em epóxi tipo MP 152 ou similar - E = 6,40 mm e D = 6,85 m","m",{"v":63940.9006,"d":"63,940.9006"}]
["M2694","Chapa múltipla metálica corrugada revestida em epóxi tipo MP 152 ou similar - E = 6,40 mm e D = 7,25 m","m",{"v":67465.2085,"d":"67,465.2085"}]
["M2695","Aparelho de apoio metálico esférico unidirecional com 4 chumbadores e capacidade de 9.000 kN","un",{"v":121326.8986,"d":"121,326.8986"}]
["M2696","Aparelho de apoio metálico esférico unidirecional com 4 chumbadores e capacidade de 9.500 kN","un",{"v":128444.7037,"d":"128,444.7037"}]
["M2697","Aparelho de apoio metálico esférico unidirecional com 4 chumbadores e capacidade de 10.000 kN","un",{"v":134926.9638,"d":"134,926.9638"}]
["M2698","Fincapino de ação indireta e pino liso - D = 6,35 mm (1/4\")","un",0.7381]
["M2700","Corpo de BSCC pré-moldado comercial - seção de 1,5 m x 1,5 m - tipo I","m",{"v":2117.7979,"d":"2,117.7979"}]
["M2701","Corpo de BSCC pré-moldado comercial - seção de 1,5 m x 1,5 m - tipo II","m",{"v":2205.2767,"d":"2,205.2767"}]
["M2702","Corpo de BSCC pré-moldado comercial - seção de 1,5 m x 1,5 m - tipo III","m",{"v":2272.2874,"d":"2,272.2874"}]
["M2703","Corpo de BSCC pré-moldado comercial - seção de 1,5 m x 1,5 m - tipo IV","m",{"v":2518.4817,"d":"2,518.4817"}]
["M2704","Corpo de BSCC pré-moldado comercial - seção de 1,5 m x 1,5 m - tipo V","m",{"v":2799.2237,"d":"2,799.2237"}]
["M2705","Corpo de BSCC pré-moldado comercial - seção de 1,5 m x 1,5 m - tipo VI","m",{"v":2910.2248,"d":"2,910.2248"}]
["M2706","Corpo de BSCC pré-moldado comercial - seção de 1,5 m x 1,5 m - tipo VII","m",{"v":3048.3757,"d":"3,048.3757"}]
["M2707","Corpo de BSCC pré-moldado comercial - seção de 2,0 m x 2,0 m - tipo I","m",{"v":3124.7357,"d":"3,124.7357"}]
["M2708","Corpo de BSCC pré-moldado comercial - seção de 2,0 m x 2,0 m - tipo II","m",{"v":3223.3079,"d":"3,223.3079"}]
["M2709","Corpo de BSCC pré-moldado comercial - seção de 2,0 m x 2,0 m - tipo III","m",{"v":3245.7746,"d":"3,245.7746"}]
["M2710","Corpo de BSCC pré-moldado comercial - seção de 2,0 m x 2,0 m - tipo IV","m",{"v":3671.2397,"d":"3,671.2397"}]
["M2711","Corpo de BSCC pré-moldado comercial - seção de 2,0 m x 2,0 m - tipo V","m",{"v":3803.6763,"d":"3,803.6763"}]
["M2712","Corpo de BSCC pré-moldado comercial - seção de 2,0 m x 2,0 m - tipo VI","m",{"v":3849.2522,"d":"3,849.2522"}]
["M2713","Corpo de BSCC pré-moldado comercial - seção de 2,0 m x 2,0 m - tipo VII","m",{"v":4165.0971,"d":"4,165.0971"}]
["M2714","Corpo de BSCC pré-moldado comercial - seção de 2,5 m x 2,5 m - tipo I","m",{"v":3834.0834,"d":"3,834.0834"}]
["M2715","Corpo de BSCC pré-moldado comercial - seção de 2,5 m x 2,5 m - tipo II","m",{"v":4034.0397,"d":"4,034.0397"}]
["M2716","Corpo de BSCC pré-moldado comercial - seção de 2,5 m x 2,5 m - tipo III","m",{"v":4609.2162,"d":"4,609.2162"}]
["M2717","Corpo de BSCC pré-moldado comercial - seção de 2,5 m x 2,5 m - tipo IV","m",{"v":4811.1829,"d":"4,811.1829"}]
["M2718","Corpo de BSCC pré-moldado comercial - seção de 2,5 m x 2,5 m - tipo V","m",{"v":4950.4164,"d":"4,950.4164"}]
["M2719","Corpo de BSCC pré-moldado comercial - seção de 2,5 m x 2,5 m - tipo VI","m",{"v":5485.4233,"d":"5,485.4233"}]
["M2720","Corpo de BSCC pré-moldado comercial - seção de 2,5 m x 2,5 m - tipo VII","m",{"v":5591.0659,"d":"5,591.0659"}]
["M2721","Corpo de BSCC pré-moldado comercial - seção de 3,0 m x 3,0 m - tipo I","m",{"v":4941.3075,"d":"4,941.3075"}]
["M2722","Corpo de BSCC pré-moldado comercial - seção de 3,0 m x 3,0 m - tipo II","m",{"v":5850.0219,"d":"5,850.0219"}]
["M2723","Corpo de BSCC pré-moldado comercial - seção de 3,0 m x 3,0 m - tipo III","m",{"v":6157.1679,"d":"6,157.1679"}]
["M2724","Corpo de BSCC pré-moldado comercial - seção de 3,0 m x 3,0 m - tipo IV","m",{"v":6557.3239,"d":"6,557.3239"}]
["M2725","Corpo de BSCC pré-moldado comercial - seção de 3,0 m x 3,0 m - tipo V","m",{"v":6820.352,"d":"6,820.3520"}]
["M2726","Corpo de BSCC pré-moldado comercial - seção de 3,0 m x 3,0 m - tipo VI","m",{"v":6971.0895,"d":"6,971.0895"}]
["M2727","Corpo de BSCC pré-moldado comercial - seção de 3,0 m x 3,0 m - tipo VII","m",{"v":7160.1285,"d":"7,160.1285"}]
["M2728","Corpo de BSCC pré-moldado comercial - seção canal de 1,5 m x 1,5 m","m",{"v":2140.1938,"d":"2,140.1938"}]
["M2729","Corpo de BSCC pré-moldado comercial - seção canal de 2,0 m x 1,5 m","m",{"v":2228.8478,"d":"2,228.8478"}]
["M2730","Corpo de BSCC pré-moldado comercial - seção canal de 2,0 m x 2,0 m - tipo I","m",{"v":3040.6293,"d":"3,040.6293"}]
["M2731","Corpo de BSCC pré-moldado comercial - seção canal de 2,0 m x 2,0 m - tipo II","m",{"v":3172.2324,"d":"3,172.2324"}]
["M2732","Corpo de BSCC pré-moldado comercial - seção canal de 2,5 m x 1,5 m","m",{"v":2706.0938,"d":"2,706.0938"}]
["M2733","Corpo de BSCC pré-moldado comercial - seção canal de 2,5 m x 2,0 m - tipo I","m",{"v":3614.1967,"d":"3,614.1967"}]
["M2734","Corpo de BSCC pré-moldado comercial - seção canal de 2,5 m x 2,0 m - tipo II","m",{"v":4203.3209,"d":"4,203.3209"}]
["M2735","Corpo de BSCC pré-moldado comercial - seção canal de 3,0 m x 1,5 m","m",{"v":3016.4851,"d":"3,016.4851"}]
["M2736","Corpo de BSCC pré-moldado comercial - seção canal de 3,0 m x 2,0 m - tipo I","m",{"v":4126.5804,"d":"4,126.5804"}]
["M2737","Corpo de BSCC pré-moldado comercial - seção canal de 3,0 m x 2,0 m - tipo II","m",{"v":4443.3931,"d":"4,443.3931"}]
["M2738","Aparelho de apoio metálico esférico multidirecional com 4 chumbadores e capacidade de 1.000 kN","un",{"v":12681.4561,"d":"12,681.4561"}]
["M2739","Aparelho de apoio metálico esférico multidirecional com 4 chumbadores e capacidade de 1.500 kN","un",{"v":18037.3168,"d":"18,037.3168"}]
["M2740","Aparelho de apoio metálico esférico multidirecional com 4 chumbadores e capacidade de 2.000 kN","un",{"v":24071.0564,"d":"24,071.0564"}]
["M2741","Aparelho de apoio metálico esférico multidirecional com 4 chumbadores e capacidade de 2.500 kN","un",{"v":28720.7068,"d":"28,720.7068"}]
["M2742","Aparelho de apoio metálico esférico multidirecional com 4 chumbadores e capacidade de 3.000 kN","un",{"v":33689.4461,"d":"33,689.4461"}]
["M2743","Aparelho de apoio metálico esférico multidirecional com 4 chumbadores e capacidade de 3.500 kN","un",{"v":38320.2473,"d":"38,320.2473"}]
["M2744","Aparelho de apoio metálico esférico multidirecional com 4 chumbadores e capacidade de 4.000 kN","un",{"v":43751.273,"d":"43,751.2730"}]
["M2745","Aparelho de apoio metálico esférico multidirecional com 4 chumbadores e capacidade de 4.500 kN","un",{"v":50736.6445,"d":"50,736.6445"}]
["M2746","Aparelho de apoio metálico esférico multidirecional com 4 chumbadores e capacidade de 5.000 kN","un",{"v":56509.1453,"d":"56,509.1453"}]
["M2747","Aparelho de apoio metálico esférico multidirecional com 4 chumbadores e capacidade de 5.500 kN","un",{"v":61235.7283,"d":"61,235.7283"}]
["M2748","Aparelho de apoio metálico esférico multidirecional com 4 chumbadores e capacidade de 6.000 kN","un",{"v":69892.6012,"d":"69,892.6012"}]
["M2749","Aparelho de apoio metálico esférico multidirecional com 4 chumbadores e capacidade de 6.500 kN","un",{"v":75545.7199,"d":"75,545.7199"}]
["M2750","Aparelho de apoio metálico esférico multidirecional com 4 chumbadores e capacidade de 7.000 kN","un",{"v":81361.0236,"d":"81,361.0236"}]
["M2751","Aparelho de apoio metálico esférico multidirecional com 4 chumbadores e capacidade de 7.500 kN","un",{"v":87825.771,"d":"87,825.7710"}]
["M2752","Aparelho de apoio metálico esférico multidirecional com 4 chumbadores e capacidade de 8.000 kN","un",{"v":93578.3824,"d":"93,578.3824"}]
["M2753","Aparelho de apoio metálico esférico multidirecional com 4 chumbadores e capacidade de 8.500 kN","un",{"v":102997.2817,"d":"102,997.2817"}]
["M2754","Aparelho de apoio metálico esférico multidirecional com 4 chumbadores e capacidade de 9.000 kN","un",{"v":108548.5439,"d":"108,548.5439"}]
["M2755","Aparelho de apoio metálico esférico multidirecional com 4 chumbadores e capacidade de 9.500 kN","un",{"v":115330.7361,"d":"115,330.7361"}]
["M2756","Aparelho de apoio metálico esférico multidirecional com 4 chumbadores e capacidade de 10.000 kN","un",{"v":121130.0436,"d":"121,130.0436"}]
["M2757","Aparelho de apoio metálico elastomérico fixo com 4 chumbadores e capacidade de 700 kN","un",{"v":9933.4292,"d":"9,933.4292"}]
["M2758","Aparelho de apoio metálico elastomérico fixo com 4 chumbadores e capacidade de 1.500 kN","un",{"v":13986.2296,"d":"13,986.2296"}]
["M2759","Aparelho de apoio metálico elastomérico fixo com 4 chumbadores e capacidade de 2.500 kN","un",{"v":22967.7718,"d":"22,967.7718"}]
["M2760","Aparelho de apoio metálico elastomérico fixo com 4 chumbadores e capacidade de 4.000 kN","un",{"v":37127.7801,"d":"37,127.7801"}]
["M2761","Aparelho de apoio metálico elastomérico fixo com 4 chumbadores e capacidade de 5.500 kN","un",{"v":49896.3334,"d":"49,896.3334"}]
["M2762","Aparelho de apoio metálico elastomérico fixo com 4 chumbadores e capacidade de 7.500 kN","un",{"v":68524.5875,"d":"68,524.5875"}]
["M2763","Aparelho de apoio metálico elastomérico fixo com 4 chumbadores e capacidade de 10.000 kN","un",{"v":92775.6819,"d":"92,775.6819"}]
["M2764","Aparelho de apoio metálico elastomérico unidirecional com 4 chumbadores e capacidade de 700 kN","un",{"v":6481.0166,"d":"6,481.0166"}]
["M2765","Aparelho de apoio metálico elastomérico unidirecional com 4 chumbadores e capacidade de 1.500 kN","un",{"v":10593.258,"d":"10,593.2580"}]
["M2766","Aparelho de apoio metálico elastomérico unidirecional com 4 chumbadores e capacidade de 2.500 kN","un",{"v":14585.9394,"d":"14,585.9394"}]
["M2767","Aparelho de apoio metálico elastomérico unidirecional com 4 chumbadores e capacidade de 4.000 kN","un",{"v":26277.8134,"d":"26,277.8134"}]
["M2768","Aparelho de apoio metálico elastomérico unidirecional com 4 chumbadores e capacidade de 5.500 kN","un",{"v":34207.939,"d":"34,207.9390"}]
["M2769","Aparelho de apoio metálico elastomérico unidirecional com 4 chumbadores e capacidade de 7.500 kN","un",{"v":47552.9597,"d":"47,552.9597"}]
["M2770","Aparelho de apoio metálico elastomérico unidirecional com 4 chumbadores e capacidade de 10.000 kN","un",{"v":62950.3882,"d":"62,950.3882"}]
["M2771","Aparelho de apoio metálico elastomérico multidirecional com 4 chumbadores e capacidade de 700 kN","un",{"v":5072.5602,"d":"5,072.5602"}]
["M2772","Aparelho de apoio metálico elastomérico multidirecional com 4 chumbadores e capacidade de 1.500 kN","un",{"v":8916.7034,"d":"8,916.7034"}]
["M2773","Aparelho de apoio metálico elastomérico multidirecional com 4 chumbadores e capacidade de 2.500 kN","un",{"v":12467.1885,"d":"12,467.1885"}]
["M2774","Aparelho de apoio metálico elastomérico multidirecional com 4 chumbadores e capacidade de 4.000 kN","un",{"v":20918.9741,"d":"20,918.9741"}]
["M2775","Aparelho de apoio metálico elastomérico multidirecional com 4 chumbadores e capacidade de 5.500 kN","un",{"v":30131.0335,"d":"30,131.0335"}]
["M2776","Aparelho de apoio metálico elastomérico multidirecional com 4 chumbadores e capacidade de 7.500 kN","un",{"v":42709.4669,"d":"42,709.4669"}]
["M2777","Aparelho de apoio metálico elastomérico multidirecional com 4 chumbadores e capacidade de 10.000 kN","un",{"v":59185.8553,"d":"59,185.8553"}]
["M2780","Chapa metálica corrugada galvanizada para tunnel liner - E = 2,7 mm e D = 1,2 m","m",{"v":5132.878,"d":"5,132.8780"}]
["M2781","Chapa metálica corrugada galvanizada para tunnel liner - E = 2,7 mm e D = 1,4 m","m",{"v":5785.3756,"d":"5,785.3756"}]
["M2782","Chapa metálica corrugada galvanizada para tunnel liner - E = 2,7 mm e D = 1,6 m","m",{"v":6742.3551,"d":"6,742.3551"}]
["M2783","Chapa metálica corrugada galvanizada para tunnel liner - E = 2,7 mm e D = 1,8 m","m",{"v":7699.322,"d":"7,699.3220"}]
["M2784","Chapa metálica corrugada galvanizada para tunnel liner - E = 2,7 mm e D = 2,0 m","m",{"v":8482.5532,"d":"8,482.5532"}]
["M2785","Chapa metálica corrugada galvanizada para tunnel liner - E = 3,4 mm e D = 2,2 m","m",{"v":11058.324,"d":"11,058.3240"}]
["M2786","Chapa metálica corrugada galvanizada para tunnel liner - E = 3,4 mm e D = 2,4 m","m",{"v":11969.7007,"d":"11,969.7007"}]
["M2787","Chapa metálica corrugada galvanizada para tunnel liner - E = 3,4 mm e D = 2,6 m","m",{"v":13046.8054,"d":"13,046.8054"}]
["M2788","Chapa metálica corrugada galvanizada para tunnel liner - E = 3,4 mm e D = 2,8 m","m",{"v":13957.6487,"d":"13,957.6487"}]
["M2789","Chapa metálica corrugada galvanizada para tunnel liner - E = 3,4 mm e D = 3,0 m","m",{"v":15035.2387,"d":"15,035.2387"}]
["M2790","Chapa metálica corrugada galvanizada para tunnel liner - E = 3,4 mm e D = 3,2 m","m",{"v":15946.4126,"d":"15,946.4126"}]
["M2791","Chapa metálica corrugada galvanizada para tunnel liner - E = 3,9 mm e D = 3,4 m","m",{"v":19017.566,"d":"19,017.5660"}]
["M2792","Chapa metálica corrugada galvanizada para tunnel liner - E = 3,9 mm e D = 3,6 m","m",{"v":20058.8881,"d":"20,058.8881"}]
["M2793","Chapa metálica corrugada galvanizada para tunnel liner - E = 3,9 mm e D = 3,8 m","m",{"v":21299.4337,"d":"21,299.4337"}]
["M2794","Chapa metálica corrugada galvanizada para tunnel liner - E = 3,9 mm e D = 4,0 m","m",{"v":22261.6827,"d":"22,261.6827"}]
["M2795","Chapa metálica corrugada galvanizada para tunnel liner - E = 3,9 mm e D = 4,2 m","m",{"v":23462.4636,"d":"23,462.4636"}]
["M2796","Chapa metálica corrugada galvanizada para tunnel liner - E = 3,9 mm e D = 4,4 m","m",{"v":24469.7668,"d":"24,469.7668"}]
["M2797","Chapa metálica corrugada galvanizada para tunnel liner - E = 3,9 mm e D = 4,6 m","m",{"v":25662.0458,"d":"25,662.0458"}]
["M2798","Chapa metálica corrugada galvanizada para tunnel liner - E = 4,7 mm e D = 4,8 m","m",{"v":30420.0078,"d":"30,420.0078"}]
["M2799","Chapa metálica corrugada galvanizada para tunnel liner - E = 4,7 mm e D = 5,0 m","m",{"v":32541.5886,"d":"32,541.5886"}]
["M2800","Chapa metálica corrugada galvanizada revestida com epóxi para tunnel liner - E = 2,7 mm e D = 1,2 m","m",{"v":5386.2057,"d":"5,386.2057"}]
["M2801","Chapa metálica corrugada galvanizada revestida com epóxi para tunnel liner - E = 2,7 mm e D = 1,4 m","m",{"v":6070.8996,"d":"6,070.8996"}]
["M2802","Chapa metálica corrugada galvanizada revestida com epóxi para tunnel liner - E = 2,7 mm e D = 1,6 m","m",{"v":7075.1104,"d":"7,075.1104"}]
["M2803","Chapa metálica corrugada galvanizada revestida com epóxi para tunnel liner - E = 2,7 mm e D = 1,8 m","m",{"v":8079.3086,"d":"8,079.3086"}]
["M2804","Chapa metálica corrugada galvanizada revestida com epóxi para tunnel liner - E = 2,7 mm e D = 2,0 m","m",{"v":8901.1753,"d":"8,901.1753"}]
["M2805","Chapa metálica corrugada galvanizada revestida com epóxi para tunnel liner - E = 3,4 mm e D = 2,2 m","m",{"v":11940.4525,"d":"11,940.4525"}]
["M2806","Chapa metálica corrugada galvanizada revestida com epóxi para tunnel liner - E = 3,4 mm e D = 2,4 m","m",{"v":12924.5165,"d":"12,924.5165"}]
["M2807","Chapa metálica corrugada galvanizada revestida com epóxi para tunnel liner - E = 3,4 mm e D = 2,6 m","m",{"v":14087.5182,"d":"14,087.5182"}]
["M2808","Chapa metálica corrugada galvanizada revestida com epóxi para tunnel liner - E = 3,4 mm e D = 2,8 m","m",{"v":15071.0489,"d":"15,071.0489"}]
["M2809","Chapa metálica corrugada galvanizada revestida com epóxi para tunnel liner - E = 3,4 mm e D = 3,0 m","m",{"v":16234.5358,"d":"16,234.5358"}]
["M2810","Chapa metálica corrugada galvanizada revestida com epóxi para tunnel liner - E = 3,4 mm e D = 3,2 m","m",{"v":17218.3972,"d":"17,218.3972"}]
["M2811","Chapa múltipla metálica corrugada galvanizada tipo MP 152 lenticular ou similar - E = 2,70 mm, H = 1,40 m e vão = 1,95 m","m",{"v":8555.1641,"d":"8,555.1641"}]
["M2812","Chapa múltipla metálica corrugada galvanizada tipo MP 152 lenticular ou similar - E = 2,70 mm, H = 1,50 m e vão = 2,15 m","m",{"v":9453.2505,"d":"9,453.2505"}]
["M2813","Chapa múltipla metálica corrugada galvanizada tipo MP 152 lenticular ou similar - E = 2,70 mm, H = 1,60 m e vão = 2,30 m","m",{"v":10083.34,"d":"10,083.3400"}]
["M2814","Chapa múltipla metálica corrugada galvanizada tipo MP 152 lenticular ou similar - E = 2,70 mm, H = 1,65 m e vão = 2,55 m","m",{"v":10698.2025,"d":"10,698.2025"}]
["M2815","Chapa múltipla metálica corrugada galvanizada tipo MP 152 lenticular ou similar - E = 2,70 mm, H = 1,85 m e vão = 2,70 m","m",{"v":11595.9011,"d":"11,595.9011"}]
["M2816","Chapa múltipla metálica corrugada galvanizada tipo MP 152 lenticular ou similar - E = 2,70 mm, H = 1,90 m e vão = 2,75 m","m",{"v":11911.0646,"d":"11,911.0646"}]
["M2817","Chapa múltipla metálica corrugada galvanizada tipo MP 152 lenticular ou similar - E = 2,70 mm, H = 2,00 m e vão = 3,00 m","m",{"v":12525.6183,"d":"12,525.6183"}]
["M2818","Chapa múltipla metálica corrugada galvanizada tipo MP 152 lenticular ou similar - E = 2,70 mm, H = 2,10 m e vão = 3,20 m","m",{"v":13140.0431,"d":"13,140.0431"}]
["M2819","Chapa múltipla metálica corrugada galvanizada tipo MP 152 lenticular ou similar - E = 2,70 mm, H = 2,15 m e vão = 3,35 m","m",{"v":13754.2019,"d":"13,754.2019"}]
["M2820","Chapa múltipla metálica corrugada galvanizada tipo MP 152 lenticular ou similar - E = 2,70 mm, H = 2,25 m e vão = 3,55 m","m",{"v":14368.9472,"d":"14,368.9472"}]
["M2821","Chapa múltipla metálica corrugada galvanizada tipo MP 152 lenticular ou similar - E = 2,70 mm, H = 2,35 m e vão = 3,70 m","m",{"v":15267.2072,"d":"15,267.2072"}]
["M2822","Chapa múltipla metálica corrugada galvanizada tipo MP 152 lenticular ou similar - E = 2,70 mm, H = 2,45 m e vão = 3,90 m","m",{"v":15897.9615,"d":"15,897.9615"}]
["M2823","Chapa múltipla metálica corrugada galvanizada tipo MP 152 lenticular ou similar - E = 2,70 mm, H = 2,55 m e vão = 4,00 m","m",{"v":16512.4167,"d":"16,512.4167"}]
["M2824","Chapa múltipla metálica corrugada galvanizada tipo MP 152 lenticular ou similar - E = 2,70 mm, H = 2,80 m e vão = 4,15 m","m",{"v":17125.9251,"d":"17,125.9251"}]
["M2825","Chapa múltipla metálica corrugada galvanizada tipo MP 152 lenticular ou similar - E = 2,70 mm, H = 2,90 m e vão = 4,40 m","m",{"v":17741.3924,"d":"17,741.3924"}]
["M2826","Chapa múltipla metálica corrugada galvanizada tipo MP 152 lenticular ou similar - E = 2,70 mm, H = 3,00 m e vão = 4,60 m","m",{"v":18655.3721,"d":"18,655.3721"}]
["M2827","Chapa múltipla metálica corrugada galvanizada tipo MP 152 lenticular ou similar - E = 3,40 mm, H = 3,05 m e vão = 4,80 m","m",{"v":23190.6694,"d":"23,190.6694"}]
["M2828","Chapa múltipla metálica corrugada galvanizada tipo MP 152 lenticular ou similar - E = 3,40 mm, H = 3,15 m e vão = 5,05 m","m",{"v":24273.1595,"d":"24,273.1595"}]
["M2829","Chapa múltipla metálica corrugada galvanizada tipo MP 152 lenticular ou similar - E = 3,40 mm, H = 3,25 m e vão = 5,25 m","m",{"v":25036.804,"d":"25,036.8040"}]
["M2830","Chapa múltipla metálica corrugada galvanizada tipo MP 152 lenticular ou similar - E = 3,90 mm, H = 3,35 m e vão = 5,45 m","m",{"v":28662.4701,"d":"28,662.4701"}]
["M2831","Chapa múltipla metálica corrugada galvanizada tipo MP 152 lenticular ou similar - E = 3,90 mm, H = 3,40 m e vão = 5,60 m","m",{"v":29088.1658,"d":"29,088.1658"}]
["M2832","Chapa múltipla metálica corrugada galvanizada tipo MP 152 lenticular ou similar - E = 4,70 mm, H = 3,50 m e vão = 5,80 m","m",{"v":34929.199,"d":"34,929.1990"}]
["M2833","Chapa múltipla metálica corrugada galvanizada tipo MP 152 lenticular ou similar - E = 4,70 mm, H = 3,55 m e vão = 5,90 m","m",{"v":35418.2915,"d":"35,418.2915"}]
["M2834","Chapa múltipla metálica corrugada galvanizada tipo MP 152 lenticular ou similar - E = 4,70 mm, H = 3,65 m e vão = 6,10 m","m",{"v":36779.674,"d":"36,779.6740"}]
["M2835","Chapa múltipla metálica corrugada galvanizada tipo MP 152 lenticular ou similar - E = 4,70 mm, H = 3,65 m e vão = 6,25 m","m",{"v":37269.6637,"d":"37,269.6637"}]
["M2836","Chapa múltipla metálica corrugada galvanizada tipo MP 152 lenticular ou similar - E = 6,40 mm, H = 3,75 m e vão = 6,40 m","m",{"v":51092.3818,"d":"51,092.3818"}]
["M2837","Chapa múltipla metálica corrugada galvanizada tipo MP 152 lenticular ou similar - E = 6,40 mm, H = 3,85 m e vão = 6,60 m","m",{"v":52884.5478,"d":"52,884.5478"}]
["M2838","Chapa múltipla metálica corrugada galvanizada tipo MP 152 ou similar para passagem de gado - E = 2,70 mm, H = 2,25 m e vão = 2,20 m","m",{"v":11627.7475,"d":"11,627.7475"}]
["M2839","Chapa múltipla metálica corrugada galvanizada tipo MP 152 ou similar para passagem de gado - E = 2,70 mm, H = 3,10 m e vão = 2,90 m","m",{"v":15267.2072,"d":"15,267.2072"}]
["M2840","Chapa múltipla metálica corrugada galvanizada tipo MP 152 ou similar para passagem inferior - E = 2,70 mm, H = 3,50 m e vão = 3,70 m","m",{"v":17725.8058,"d":"17,725.8058"}]
["M2841","Chapa múltipla metálica corrugada galvanizada tipo MP 152 ou similar para passagem inferior - E = 2,70 mm, H = 3,60 m e vão = 3,90 m","m",{"v":18639.7955,"d":"18,639.7955"}]
["M2842","Chapa múltipla metálica corrugada galvanizada tipo MP 152 ou similar para passagem inferior - E = 2,70 mm, H = 3,75 m e vão = 4,00 m","m",{"v":19253.0287,"d":"19,253.0287"}]
["M2843","Chapa múltipla metálica corrugada galvanizada tipo MP 152 ou similar para passagem inferior - E = 2,70 mm, H = 3,90 m e vão = 4,20 m","m",{"v":19868.5603,"d":"19,868.5603"}]
["M2844","Chapa múltipla metálica corrugada galvanizada tipo MP 152 ou similar para passagem inferior - E = 2,70 mm, H = 4,10 m e vão = 4,25 m","m",{"v":20482.5371,"d":"20,482.5371"}]
["M2845","Chapa múltipla metálica corrugada galvanizada tipo MP 152 ou similar para passagem inferior - E = 2,70 mm, H = 4,25 m e vão = 4,40 m","m",{"v":21397.5847,"d":"21,397.5847"}]
["M2846","Chapa múltipla metálica corrugada galvanizada tipo MP 152 ou similar para passagem inferior - E = 2,70 mm, H = 4,40 m e vão = 4,50 m","m",{"v":22010.14,"d":"22,010.1400"}]
["M2847","Chapa múltipla metálica corrugada galvanizada tipo MP 152 ou similar para passagem inferior - E = 3,40 mm, H = 4,50 m e vão = 4,70 m","m",{"v":27248.7986,"d":"27,248.7986"}]
["M2848","Chapa múltipla metálica corrugada galvanizada tipo MP 152 ou similar para passagem inferior - E = 3,40 mm, H = 4,75 m e vão = 4,80 m","m",{"v":28633.3633,"d":"28,633.3633"}]
["M2849","Chapa múltipla metálica corrugada galvanizada tipo MP 152 ou similar para passagem inferior - E = 3,40 mm, H = 4,85 m e vão = 5,00 m","m",{"v":29396.1889,"d":"29,396.1889"}]
["M2850","Chapa múltipla metálica corrugada galvanizada tipo MP 152 ou similar para passagem inferior - E = 3,40 mm, H = 4,90 m e vão = 5,15 m","m",{"v":30159.5504,"d":"30,159.5504"}]
["M2851","Chapa múltipla metálica corrugada galvanizada tipo MP 152 ou similar para passagem inferior - E = 3,40 mm, H = 5,00 m e vão = 5,25 m","m",{"v":30526.3727,"d":"30,526.3727"}]
["M2852","Chapa múltipla metálica corrugada galvanizada tipo MP 152 ou similar para passagem inferior - E = 3,40 mm, H = 5,30 m e vão = 5,30 m","m",{"v":31929.2465,"d":"31,929.2465"}]
["M2853","Chapa múltipla metálica corrugada galvanizada tipo MP 152 ou similar para passagem inferior - E = 3,90 mm, H = 5,25 m e vão = 5,65 m","m",{"v":36641.7723,"d":"36,641.7723"}]
["M2854","Chapa múltipla metálica corrugada galvanizada tipo MP 152 ou similar para passagem inferior - E = 4,70 mm, H = 5,30 m e vão = 5,85 m","m",{"v":43570.662,"d":"43,570.6620"}]
["M2855","Chapa múltipla metálica corrugada galvanizada tipo MP 152 ou similar para passagem inferior - E = 4,70 mm, H = 5,45 m e vão = 6,00 m","m",{"v":44545.4547,"d":"44,545.4547"}]
["M2856","Chapa múltipla metálica corrugada galvanizada tipo MP 152 ou similar para passagem inferior - E = 4,70 mm, H = 5,50 m e vão = 6,25 m","m",{"v":45655.776,"d":"45,655.7760"}]
["M2857","Chapa múltipla metálica corrugada galvanizada de arco alto tipo MP 152S ou similar - E = 4,70 mm, H = 2,77 m e vão = 6,12 m","m",{"v":26382.1945,"d":"26,382.1945"}]
["M2858","Chapa múltipla metálica corrugada galvanizada de arco alto tipo MP 152S ou similar - E = 4,70 mm, H = 3,68 m e vão = 6,30 m","m",{"v":31025.4189,"d":"31,025.4189"}]
["M2859","Chapa múltipla metálica corrugada galvanizada de arco alto tipo MP 152S ou similar - E = 4,70 mm, H = 3,56 m e vão = 6,55 m","m",{"v":31518.1806,"d":"31,518.1806"}]
["M2860","Chapa múltipla metálica corrugada galvanizada de arco alto tipo MP 152S ou similar - E = 4,70 mm, H = 4,42 m e vão = 6,96 m","m",{"v":37045.6986,"d":"37,045.6986"}]
["M2861","Chapa múltipla metálica corrugada galvanizada de arco alto tipo MP 152S ou similar - E = 4,70 mm, H = 3,61 m e vão = 6,78 m","m",{"v":32783.1974,"d":"32,783.1974"}]
["M2862","Chapa múltipla metálica corrugada galvanizada de arco alto tipo MP 152S ou similar - E = 4,70 mm, H = 4,27 m e vão = 6,99 m","m",{"v":36919.2504,"d":"36,919.2504"}]
["M2863","Chapa múltipla metálica corrugada galvanizada de arco alto tipo MP 152S ou similar - E = 4,70 mm, H = 3,63 m e vão = 7,01 m","m",{"v":33341.8918,"d":"33,341.8918"}]
["M2864","Chapa múltipla metálica corrugada galvanizada de arco alto tipo MP 152S ou similar - E = 4,70 mm, H = 4,52 m e vão = 7,42 m","m",{"v":38568.6247,"d":"38,568.6247"}]
["M2865","Chapa múltipla metálica corrugada galvanizada de arco alto tipo MP 152S ou similar - E = 4,70 mm, H = 3,68 m e vão = 7,24 m","m",{"v":33884.9501,"d":"33,884.9501"}]
["M2866","Chapa múltipla metálica corrugada galvanizada de arco alto tipo MP 152S ou similar - E = 4,70 mm, H = 4,19 m e vão = 7,47 m","m",{"v":36634.7394,"d":"36,634.7394"}]
["M2867","Chapa múltipla metálica corrugada galvanizada de arco alto tipo MP 152S ou similar - E = 4,70 mm, H = 4,60 m e vão = 7,85 m","m",{"v":39666.8791,"d":"39,666.8791"}]
["M2868","Chapa múltipla metálica corrugada galvanizada de arco alto tipo MP 152S ou similar - E = 4,70 mm, H = 3,99 m e vão = 7,67 m","m",{"v":36090.6814,"d":"36,090.6814"}]
["M2869","Chapa múltipla metálica corrugada galvanizada de arco alto tipo MP 152S ou similar - E = 4,70 mm, H = 4,65 m e vão = 8,08 m","m",{"v":40212.2016,"d":"40,212.2016"}]
["M2870","Chapa múltipla metálica corrugada galvanizada de arco alto tipo MP 152S ou similar - E = 4,70 mm, H = 4,04 m e vão = 7,90 m","m",{"v":37045.6986,"d":"37,045.6986"}]
["M2871","Chapa múltipla metálica corrugada galvanizada de arco alto tipo MP 152S ou similar - E = 4,70 mm, H = 4,70 m e vão = 8,31 m","m",{"v":41184.5892,"d":"41,184.5892"}]
["M2872","Chapa múltipla metálica corrugada galvanizada de arco alto tipo MP 152S ou similar - E = 4,70 mm, H = 4,11 m e vão = 8,36 m","m",{"v":38150.3009,"d":"38,150.3009"}]
["M2873","Chapa múltipla metálica corrugada galvanizada de arco alto tipo MP 152S ou similar - E = 4,70 mm, H = 5,00 m e vão = 8,97 m","m",{"v":43376.6486,"d":"43,376.6486"}]
["M2874","Chapa múltipla metálica corrugada galvanizada de arco alto tipo MP 152S ou similar - E = 4,70 mm, H = 4,39 m e vão = 8,59 m","m",{"v":39793.3273,"d":"39,793.3273"}]
["M2875","Chapa múltipla metálica corrugada galvanizada de arco alto tipo MP 152S ou similar - E = 4,70 mm, H = 5,49 m e vão = 9,17 m","m",{"v":46125.32,"d":"46,125.3200"}]
["M2876","Chapa múltipla metálica corrugada galvanizada de arco alto tipo MP 152S ou similar - E = 4,70 mm, H = 4,70 m e vão = 9,22 m","m",{"v":43250.2004,"d":"43,250.2004"}]
["M2877","Chapa múltipla metálica corrugada galvanizada de arco alto tipo MP 152S ou similar - E = 4,70 mm, H = 5,59 m e vão = 9,63 m","m",{"v":47637.7744,"d":"47,637.7744"}]
["M2878","Chapa múltipla metálica corrugada galvanizada de arco alto tipo MP 152S ou similar - E = 4,70 mm, H = 4,75 m e vão = 9,45 m","m",{"v":43787.6078,"d":"43,787.6078"}]
["M2879","Chapa múltipla metálica corrugada galvanizada de arco alto tipo MP 152S ou similar - E = 4,70 mm, H = 5,41 m e vão = 9,65 m","m",{"v":47100.367,"d":"47,100.3670"}]
["M2880","Chapa múltipla metálica corrugada galvanizada de arco alto tipo MP 152S ou similar - E = 4,70 mm, H = 6,07 m e vão = 9,86 m","m",{"v":51227.0246,"d":"51,227.0246"}]
["M2881","Chapa múltipla metálica corrugada galvanizada de arco alto tipo MP 152S ou similar - E = 4,70 mm, H = 5,23 m e vão = 9,68 m","m",{"v":46536.2792,"d":"46,536.2792"}]
["M2882","Chapa múltipla metálica corrugada galvanizada de arco alto tipo MP 152S ou similar - E = 4,70 mm, H = 6,12 m e vão = 10,08 m","m",{"v":51764.432,"d":"51,764.4320"}]
["M2883","Chapa múltipla metálica corrugada galvanizada de arco alto tipo MP 152S ou similar - E = 4,70 mm, H = 5,28 m e vão = 9,91 m","m",{"v":47100.367,"d":"47,100.3670"}]
["M2884","Chapa múltipla metálica corrugada galvanizada de arco alto tipo MP 152S ou similar - E = 4,70 mm, H = 6,17 m e vão = 10,31 m","m",{"v":52331.2981,"d":"52,331.2981"}]
["M2885","Chapa múltipla metálica corrugada galvanizada de arco alto tipo MP 152S ou similar - E = 4,70 mm, H = 5,38 m e vão = 10,36 m","m",{"v":48597.4974,"d":"48,597.4974"}]
["M2886","Chapa múltipla metálica corrugada galvanizada de arco alto tipo MP 152S ou similar - E = 4,70 mm, H = 6,05 m e vão = 10,54 m","m",{"v":52742.2573,"d":"52,742.2573"}]
["M2887","Chapa múltipla metálica corrugada galvanizada de arco alto tipo MP 152S ou similar - E = 4,70 mm, H = 6,48 m e vão = 10,74 m","m",{"v":54937.0971,"d":"54,937.0971"}]
["M2888","Chapa múltipla metálica corrugada galvanizada de arco alto tipo MP 152S ou similar - E = 4,70 mm, H = 7,12 m e vão = 11,35 m","m",{"v":59063.4735,"d":"59,063.4735"}]
["M2889","Chapa múltipla metálica corrugada galvanizada de arco alto tipo MP 152S ou similar - E = 6,40 mm, H = 5,41 m e vão = 10,57 m","m",{"v":65093.2843,"d":"65,093.2843"}]
["M2890","Chapa múltipla metálica corrugada galvanizada de arco alto tipo MP 152S ou similar - E = 6,40 mm, H = 6,10 m e vão = 10,77 m","m",{"v":70562.3704,"d":"70,562.3704"}]
["M2891","Chapa múltipla metálica corrugada galvanizada de arco alto tipo MP 152S ou similar - E = 6,40 mm, H = 6,53 m e vão = 10,97 m","m",{"v":73551.0229,"d":"73,551.0229"}]
["M2892","Chapa múltipla metálica corrugada galvanizada de arco alto tipo MP 152S ou similar - E = 6,40 mm, H = 7,16 m e vão = 11,58 m","m",{"v":79035.7162,"d":"79,035.7162"}]
["M2893","Chapa múltipla metálica corrugada galvanizada tipo MP 152S ovoide ou similar - E = 4,70 mm, H = 7,82 m e vão = 7,21 m","m",{"v":62714.7968,"d":"62,714.7968"}]
["M2894","Chapa múltipla metálica corrugada galvanizada tipo MP 152S ovoide ou similar - E = 4,70 mm, H = 7,87 m e vão = 7,31 m","m",{"v":65043.4508,"d":"65,043.4508"}]
["M2895","Chapa múltipla metálica corrugada galvanizada tipo MP 152S ovoide ou similar - E = 4,70 mm, H = 7,90 m e vão = 7,77 m","m",{"v":66576.6053,"d":"66,576.6053"}]
["M2896","Chapa múltipla metálica corrugada galvanizada tipo MP 152S ovoide ou similar - E = 4,70 mm, H = 8,44 m e vão = 7,57 m","m",{"v":67389.2115,"d":"67,389.2115"}]
["M2897","Chapa múltipla metálica corrugada galvanizada tipo MP 152S ovoide ou similar - E = 4,70 mm, H = 8,23 m e vão = 8,36 m","m",{"v":70413.4138,"d":"70,413.4138"}]
["M2898","Chapa múltipla metálica corrugada galvanizada tipo MP 152S ovoide ou similar - E = 4,70 mm, H = 8,01 m e vão = 8,13 m","m",{"v":70542.5296,"d":"70,542.5296"}]
["M2899","Chapa múltipla metálica corrugada galvanizada tipo MP 152S ovoide ou similar - E = 4,70 mm, H = 8,48 m e vão = 8,56 m","m",{"v":70835.3501,"d":"70,835.3501"}]
["M2900","Chapa múltipla metálica corrugada galvanizada tipo MP 152S ovoide ou similar - E = 4,70 mm, H = 9,32 m e vão = 8,71 m","m",{"v":76533.6877,"d":"76,533.6877"}]
["M2901","Chapa múltipla metálica corrugada galvanizada tipo MP 152S ovoide ou similar - E = 4,70 mm, H = 9,04 m e vão = 9,15 m","m",{"v":76740.7534,"d":"76,740.7534"}]
["M2902","Chapa múltipla metálica corrugada galvanizada tipo MP 152S ovoide ou similar - E = 4,70 mm, H = 9,50 m e vão = 9,15 m","m",{"v":76839.0671,"d":"76,839.0671"}]
["M2908","Terminal absorvedor de energia de abertura com nível de contenção TL3 para defensa metálica","un",{"v":45441.4953,"d":"45,441.4953"}]
["M2909","Terminal absorvedor de energia de não abertura com nível de contenção TL3 para defensa metálica","un",{"v":61797.4163,"d":"61,797.4163"}]
["M2979","Chumbador em aço CA 25","kg",8.6225]
["M3089","Arame liso em aço galvanizado - D = 1,24 mm (18 BWG)","kg",21.7324]
["M3091","Porca sextavada em aço para ancoragem de tirantes - 20 mm ≤ D ≤ 40 mm","un",35.1646]
["M3093","Tela de poliamida - malha de 60 fios/cm","m²",19.6342]
["M3094","Tirante de barra de aço - tensão de escoamento = 500 MPa, tensão de ruptura = 550 MPa e D = 32 mm","m",{"v":130.643,"d":"130.6430"}]
["M3095","Válvula manchete - D = 20 mm","un",2.3902]
["M3126","Barra chata em aço galvanizado","kg",13.1708]
["M3127","Luva para bainha metálica - D = 30 mm","un",3.7341]
["M3128","Luva para bainha metálica - D = 35 mm","un",3.7839]
["M3129","Luva para bainha metálica - D = 40 mm","un",4.1802]
["M3130","Luva para bainha metálica - D = 45 mm","un",5.2857]
["M3131","Luva para bainha metálica - D = 50 mm","un",5.6627]
["M3132","Luva para bainha metálica - D = 55 mm","un",6.4675]
["M3133","Luva para bainha metálica - D = 60 mm","un",6.8942]
["M3134","Luva para bainha metálica - D = 65 mm","un",7.4626]
["M3135","Luva para bainha metálica - D = 70 mm","un",7.5083]
["M3136","Luva para bainha metálica - D = 75 mm","un",8.4181]
["M3137","Luva para bainha metálica - D = 80 mm","un",8.6988]
["M3138","Luva para bainha metálica - D = 85 mm","un",8.9907]
["M3139","Luva para bainha metálica - D = 90 mm","un",9.9328]
["M3140","Luva para bainha metálica - D = 95 mm","un",{"v":10.475,"d":"10.4750"}]
["M3141","Luva para bainha metálica - D = 100 mm","un",10.9947]
["M3142","Luva para bainha metálica - D = 110 mm","un",12.1649]
["M3143","Luva para bainha metálica - D = 120 mm","un",13.3583]
["M3144","Luva para bainha metálica - D = 130 mm","un",15.4324]
["M3145","Luva para bainha metálica ovalizada de 19 x 36 mm","un",8.9701]
["M3146","Luva para bainha metálica ovalizada de 19 x 48 mm","un",9.5539]
["M3147","Luva para bainha metálica ovalizada de 19 x 62 mm","un",9.9982]
["M3148","Luva para bainha metálica ovalizada de 22 x 32 mm","un",10.6165]
["M3149","Luva para bainha metálica ovalizada de 22 x 55 mm","un",10.9475]
["M3150","Luva para bainha metálica ovalizada de 22 x 73 mm","un",11.6599]
["M3153","Tinta em pó à base de resina poliéster","kg",73.7206]
["M3170","Apoio de neoprene não fretado - C = 100 mm, L = 100 mm e E = 20 mm","un",24.7819]
["M3171","Porca sextavada em aço galvanizado para parafuso - D = 9,525 mm (3/8\")","un",0.3506]
["M3172","Porca sextavada em aço galvanizado para parafuso - D = 12 mm (M12)","un",0.5884]
["M3173","Parafuso de cabeça sextavada em aço galvanizado, classe 8.8 - D = 12 mm (M12) e C = 30 mm","un",1.9398]
["M3174","Ligação tipo barra chata em aço galvanizado para contenção - L = 45 mm e E = 4 mm","kg",19.8511]
["M3177","Fita metálica SAE 1010/1020 para solo reforçado - L = 50 mm e E = 4 mm","kg",20.0774]
["M3178","Material para aterro reforçado com fitas metálicas","m³","-"]
["M3179","Tubo PEAD PE 100 PN 5 para estais - D = 140 mm","m",563.0397]
["M3180","Tubo PEAD PE 100 PN 5 para estais - D = 160 mm","m",750.7506]
["M3181","Tubo PEAD PE 100 PN 5 para estais - D = 180 mm","m",975.7879]
["M3182","Tubo PEAD PE 100 PN 5 para estais - D = 200 mm","m",{"v":1126.232,"d":"1,126.2320"}]
["M3183","Tubo PEAD PE 100 PN 5 para estais - D = 225 mm","m",{"v":1426.6122,"d":"1,426.6122"}]
["M3184","Tubo PEAD PE 100 PN 5 para estais - D = 250 mm","m",{"v":1595.9343,"d":"1,595.9343"}]
["M3185","Tubo PEAD PE 100 PN 5 para estais - D = 280 mm","m",{"v":1858.8527,"d":"1,858.8527"}]
["M3186","Tubo PEAD PE 100 PN 5 para estais - D = 315 mm","m",{"v":2161.3315,"d":"2,161.3315"}]
["M3187","Tubo antivandalismo em aço galvanizado para estais de 12 cordoalhas - D = 15,7 mm","m",{"v":11216.1834,"d":"11,216.1834"}]
["M3188","Tubo antivandalismo em aço galvanizado para estais de 19 cordoalhas - D = 15,7 mm","m",{"v":13297.2441,"d":"13,297.2441"}]
["M3189","Tubo antivandalismo em aço galvanizado para estais de 22 cordoalhas - D = 15,7 mm","m",{"v":15543.2419,"d":"15,543.2419"}]
["M3190","Tubo antivandalismo em aço galvanizado para estais de 31 cordoalhas - D = 15,7 mm","m",{"v":19475.8768,"d":"19,475.8768"}]
["M3191","Tubo antivandalismo em aço galvanizado para estais de 37 cordoalhas - D = 15,7 mm","m",{"v":22474.7954,"d":"22,474.7954"}]
["M3192","Tubo antivandalismo em aço galvanizado para estais de 43 cordoalhas - D = 15,7 mm","m",{"v":29402.1565,"d":"29,402.1565"}]
["M3193","Tubo antivandalismo em aço galvanizado para estais de 55 cordoalhas - D = 15,7 mm","m",{"v":33152.5717,"d":"33,152.5717"}]
["M3194","Tubo antivandalismo em aço galvanizado para estais de 61 cordoalhas - D = 15,7 mm","m",{"v":38018.7566,"d":"38,018.7566"}]
["M3195","Tubo antivandalismo em aço galvanizado para estais de 73 cordoalhas - D = 15,7 mm","m",{"v":48243.0617,"d":"48,243.0617"}]
["M3196","Tubo antivandalismo em aço galvanizado para estais de 85 cordoalhas - D = 15,7 mm","m",{"v":56178.6673,"d":"56,178.6673"}]
["M3197","Tubo antivandalismo em aço galvanizado para estais de 91 cordoalhas - D = 15,7 mm","m",{"v":74490.2194,"d":"74,490.2194"}]
["M3198","Tubo fôrma lado fixo em aço galvanizado para estais de 12 cordoalhas - D = 15,7 mm","m",{"v":10497.75,"d":"10,497.7500"}]
["M3199","Tubo fôrma lado fixo em aço galvanizado para estais de 19 cordoalhas - D = 15,7 mm","m",{"v":12377.7336,"d":"12,377.7336"}]
["M3200","Tubo fôrma lado fixo em aço galvanizado para estais de 22 cordoalhas - D = 15,7 mm","m",{"v":15190.4905,"d":"15,190.4905"}]
["M3201","Tubo fôrma lado fixo em aço galvanizado para estais de 31 cordoalhas - D = 15,7 mm","m",{"v":18753.7702,"d":"18,753.7702"}]
["M3202","Tubo fôrma lado fixo em aço galvanizado para estais de 37 cordoalhas - D = 15,7 mm","m",{"v":21945.627,"d":"21,945.6270"}]
["M3203","Tubo fôrma lado fixo em aço galvanizado para estais de 43 cordoalhas - D = 15,7 mm","m",{"v":28885.5762,"d":"28,885.5762"}]
["M3204","Tubo fôrma lado fixo em aço galvanizado para estais de 55 cordoalhas - D = 15,7 mm","m",{"v":32263.4565,"d":"32,263.4565"}]
["M3205","Tubo fôrma lado fixo em aço galvanizado para estais de 61 cordoalhas - D = 15,7 mm","m",{"v":37316.7711,"d":"37,316.7711"}]
["M3206","Tubo fôrma lado fixo em aço galvanizado para estais de 73 cordoalhas - D = 15,7 mm","m",{"v":47452.1666,"d":"47,452.1666"}]
["M3207","Tubo fôrma lado fixo em aço galvanizado para estais de 85 cordoalhas - D = 15,7 mm","m",{"v":55499.0851,"d":"55,499.0851"}]
["M3208","Tubo fôrma lado fixo em aço galvanizado para estais de 91 cordoalhas - D = 15,7 mm","m",{"v":73517.7223,"d":"73,517.7223"}]
["M3209","Tubo fôrma lado regulável em aço galvanizado para estais de 12 cordoalhas - D = 15,7 mm","m",{"v":10486.3058,"d":"10,486.3058"}]
["M3210","Tubo fôrma lado regulável em aço galvanizado para estais de 19 cordoalhas - D = 15,7 mm","m",{"v":12377.7336,"d":"12,377.7336"}]
["M3211","Tubo fôrma lado regulável em aço galvanizado para estais de 22 cordoalhas - D = 15,7 mm","m",{"v":15190.4905,"d":"15,190.4905"}]
["M3212","Tubo fôrma lado regulável em aço galvanizado para estais de 31 cordoalhas - D = 15,7 mm","m",{"v":18753.7702,"d":"18,753.7702"}]
["M3213","Tubo fôrma lado regulável em aço galvanizado para estais de 37 cordoalhas - D = 15,7 mm","m",{"v":21945.627,"d":"21,945.6270"}]
["M3214","Tubo fôrma lado regulável em aço galvanizado para estais de 43 cordoalhas - D = 15,7 mm","m",{"v":28885.5762,"d":"28,885.5762"}]
["M3215","Tubo fôrma lado regulável em aço galvanizado para estais de 55 cordoalhas - D = 15,7 mm","m",{"v":32263.4565,"d":"32,263.4565"}]
["M3216","Tubo fôrma lado regulável em aço galvanizado para estais de 61 cordoalhas - D = 15,7 mm","m",{"v":37316.7711,"d":"37,316.7711"}]
["M3217","Tubo fôrma lado regulável em aço galvanizado para estais de 73 cordoalhas - D = 15,7 mm","m",{"v":47452.1666,"d":"47,452.1666"}]
["M3218","Tubo fôrma lado regulável em aço galvanizado para estais de 85 cordoalhas - D = 15,7 mm","m",{"v":55425.3901,"d":"55,425.3901"}]
["M3219","Tubo fôrma lado regulável em aço galvanizado para estais de 91 cordoalhas - D = 15,7 mm","m",{"v":73405.7054,"d":"73,405.7054"}]
["M3220","Coroa de botões esféricos - Ring bit - D = 104 mm (4 3/32\")","un",983.5236]
["M3225","Película retrorrefletiva tipo III + SI (sinal impresso com película de sobreposição tipo V)","m²",436.2747]
["M3227","Tubo de revestimento em aço-carbono schedule 40 - DN = 101,6 mm (4\")","m",239.7585]
["M3228","Cimento asfáltico de petróleo com borracha - CAP 50/70 com 15% de borracha de pneu","t","-"]
["M3229","Película retrorrefletiva tipo I + SI (sinal impresso com película de sobreposição tipo V)","m²",352.3616]
["M3230","Chapa de poliéster reforçada com fibra de vidro - E = 2,0 mm","m²",110.6397]
["M3231","Chapa de alumínio composto (ACM) - E = 3,0 mm","m²",150.9665]
["M3232","Película retrorrefletiva tipo X + SI (sinal impresso com película de sobreposição tipo V)","m²",534.3881]
["M3233","Fita adesiva estrutural dupla-face - E = 2 mm e L = 25 mm","m",8.8858]
["M3235","Película retrorrefletiva tipo I","m²",149.6645]
["M3236","Película retrorrefletiva tipo III + SI","m²",501.6768]
["M3237","Película retrorrefletiva tipo III","m²",242.6048]
["M3238","Película não retrorrefletiva tipo IV","m²",208.0765]
["M3239","Película retrorrefletiva tipo X","m²",399.6351]
["M3240","Duto flexível de ventilação de poliéster aluminizado sem isolamento - D = 200 mm","m",17.9538]
["M3241","Cabo de cobre flexível antichama isolado em HEPR - tensão de 0,6/1,0 kV e seção de 2 x 6 mm²","m",16.2522]
["M3242","Cabo de cobre flexível antichama isolado em HEPR - tensão de 0,6/1,0 kV e seção de 4 x 6 mm²","m",29.1002]
["M3245","Tinta plástica à base de resina metacrílica aplicada a frio por aspersão (spray)","kg",57.3763]
["M3270","Ancoragem fixa para estais de 12 cordoalhas - D = 15,7 mm","un",{"v":13354.6652,"d":"13,354.6652"}]
["M3271","Ancoragem fixa para estais de 22 cordoalhas - D = 15,7 mm","un",{"v":19570.4021,"d":"19,570.4021"}]
["M3272","Ancoragem fixa para estais de 43 cordoalhas - D = 15,7 mm","un",{"v":41389.5162,"d":"41,389.5162"}]
["M3273","Ancoragem fixa para estais de 85 cordoalhas - D = 15,7 mm","un",{"v":81469.5611,"d":"81,469.5611"}]
["M3274","Ancoragem regulável para estais de 12 cordoalhas - D = 15,7 mm","un",{"v":17764.926,"d":"17,764.9260"}]
["M3275","Ancoragem regulável para estais de 22 cordoalhas - D = 15,7 mm","un",{"v":28875.7461,"d":"28,875.7461"}]
["M3276","Ancoragem regulável para estais de 43 cordoalhas - D = 15,7 mm","un",{"v":56794.2362,"d":"56,794.2362"}]
["M3277","Ancoragem regulável para estais de 85 cordoalhas - D = 15,7 mm","un",{"v":111522.4275,"d":"111,522.4275"}]
["M3278","Tubo PEAD PE 100 PN 5 para estais - D = 110 mm","m",337.8548]
["M3279","Arruela lisa em aço zincado branco para parafuso - D = 9,525 mm (3/8\")","un",0.1707]
["M3280","Viga de madeira - E = 5 cm e L = 11 cm","m",{"v":23.012,"d":"23.0120"}]
["M3353","Purgador plástico","un",1.1281]
["M3360","Chumbador de expansão controlada por torque em aço zincado para concreto - D = 8,0 mm","un",2.9045]
["M3361","Corrente de elo soldado em aço SAE 1010/1020 com acabamento polido - E = 25,00 mm (1\")","m",374.1251]
["M3362","Corrente de elo soldado em aço SAE 1010/1020 com acabamento polido - E = 12,50 mm (1/2\")","m",97.1015]
["M3363","Corrente de elo soldado em aço SAE 1010/1020 com acabamento polido - E = 19,00 mm (3/4\")","m",252.8871]
["M3364","Lanterna de sinalização náutica com acessórios de fixação - alcance 2 mn","un",{"v":3599.2599,"d":"3,599.2599"}]
["M3365","Lanterna de sinalização náutica com acessórios de fixação - alcance 3 mn","un",{"v":4135.4085,"d":"4,135.4085"}]
["M3366","Lanterna de sinalização náutica com acessórios de fixação - alcance 4 mn","un",{"v":6461.1792,"d":"6,461.1792"}]
["M3367","Lanterna de sinalização náutica com acessórios de fixação - alcance 6 mn","un",{"v":7980.0979,"d":"7,980.0979"}]
["M3368","Lanterna de sinalização náutica com acessórios de fixação - alcance 8 mn","un",{"v":8950.0138,"d":"8,950.0138"}]
["M3369","Manilha âncora em aço forjado com porca e cupilha - DN = 16,0 mm (5/8\")","un",52.5701]
["M3370","Manilha reta em aço forjado com porca e cupilha - DN = 38,1 mm (1 1/2\")","un",566.8173]
["M3371","Manilha reta em aço forjado com porca e cupilha - DN = 25,4 mm (1\")","un",134.7505]
["M3372","Suporte polimérico ecológico maciço colapsível para placa de sinalização - seção de 10 x 10 cm","m",424.2242]
["M3501","Placa de ancoragem para tirante de barra de aço - E = 12,7 mm e seção de 160 x 160 mm","un",82.4278]
["M3502","Mistura betuminosa","m³","-"]
["M3503","Material de base","m³","-"]
["M3504","Concreto","m³","-"]
["M3505","Material demolido - concreto simples","m³","-"]
["M3506","Material demolido - madeira","m³","-"]
["M3507","Revestimento asfáltico","m³","-"]
["M3508","Camada granular (base ou sub-base)","m³","-"]
["M3509","Material demolido - remendo profundo","m³","-"]
["M3510","Material demolido - alvenaria","m³","-"]
["M3511","Acessórios e materiais metálicos","t","-"]
["M3512","Material demolido - concreto armado","m³","-"]
["M3513","Material de 3ª categoria","m³","-"]
["M3514","Solo","m³","-"]
["M3515","Grãos, agregados e solos derramados na pista","t","-"]
["M3516","Veículos de pequeno porte incendiados em rodovia","un","-"]
["M3518","Tinta à base de resina epóxi bicomponente","l",58.3961]
["M3519","Tinta à base de resina epóxi poliamida bicomponente para fundo preparador de pintura","l",{"v":100.373,"d":"100.3730"}]
["M3520","Tinta anticorrosiva à base de resina epóxi poliamida bicomponente","l",92.3583]
["M3521","Guincho manual com capacidade de tração de 100 kN com cabo de aço","un",{"v":151725.7899,"d":"151,725.7899"}]
["M3522","Guincho manual com capacidade de tração de 200 kN com cabo de aço","un",{"v":211580.2936,"d":"211,580.2936"}]
["M3523","Pneu reaproveitado","un",49.8046]
["M3524","Sapatilha em aço inox - D = 13 mm (1/2\")","un",16.2579]
["M3525","Molinete manual com capacidade de tração de 70 kN","un",{"v":240182.2431,"d":"240,182.2431"}]
["M3526","Ânodo de sacrifício em liga de zinco - peso = 20 kg","un",{"v":1663.3354,"d":"1,663.3354"}]
["M3527","Cabo de aço - D = 42,00 mm (1 5/8\")","m",295.0445]
["M3528","Terminal soquete fechado em aço galvanizado compatível com cabo de aço de D = 42 mm","un",{"v":4816.3662,"d":"4,816.3662"}]
["M3529","Manilha reta em aço forjado com porca e cupilha - D = 57,2 mm (2 1/4\")","un",{"v":2084.4434,"d":"2,084.4434"}]
["M3530","Tubo mecânico em aço-carbono","kg",40.0584]
["M3718","Material combustível removido","t","-"]
["M3719","Blocos de rocha ou matacões","m³","-"]
["M3720","Material asfáltico removido","t","-"]
["M3721","Estrutura de pórtico metálico removida","un","-"]
["M3722","Estrutura de semipórtico duplo metálico removida","un","-"]
["M3723","Estrutura de semipórtico metálico removida","un","-"]
["M3727","Mangueira para hidrojateamento com pressão de trabalho de até 17,5 MPa (2.538 psi) - D = 25 mm (1\")","m",152.7951]
["M3728","Mangueira para sistema de sucção a vácuo com vazão de entrada de até 3,6 m³/h (60 l/min) - D = 72,5 mm (3\")","m",151.7663]
["M3729","Detritos removidos de bueiros","m³","-"]
["M3730","Material triturado - galhos e troncos","m³","-"]
["M3772","Canal monobloco com corpo e grelha em concreto polímero com efeito autolimpante - carga de controle de 400 kN - C = 100,0 cm, L = 15,0 cm e H = 23,0 cm","m",382.8353]
["M3773","Canal monobloco com corpo e grelha em concreto polímero com efeito autolimpante - carga de controle de 400 kN - C = 100,0 cm, L = 25,0 cm e H = 32,0 cm","m",717.2349]
["M3774","Canal monobloco com corpo e grelha em concreto polímero com efeito autolimpante - carga de controle de 900 kN - C = 100,0 cm, L = 16,0 cm e H = 26,5 cm","m",718.2321]
["M3775","Canal monobloco com corpo e grelha em concreto polímero com efeito autolimpante - carga de controle de 900 kN - C = 100,0 cm, L = 21,0 cm e H = 28,0 cm","m",730.7843]
["M3776","Canal monobloco com corpo e grelha em concreto polímero com efeito autolimpante - carga de controle de 900 kN - C = 100,0 cm, L = 21,0 cm e H = 38,0 cm","m",796.3658]
["M3777","Canal monobloco com corpo e grelha em concreto polímero com efeito autolimpante - carga de controle de 900 kN - C = 100,0 cm, L = 21,0 cm e H = 48,0 cm","m",{"v":1016.3908,"d":"1,016.3908"}]
["M3778","Canal monobloco com corpo e grelha em concreto polímero com efeito autolimpante - carga de controle de 900 kN - C = 100,0 cm, L = 26,0 cm e H = 33,0 cm","m",978.2253]
["M3779","Canal monobloco com corpo e grelha em concreto polímero com efeito autolimpante - carga de controle de 900 kN - C = 100,0 cm, L = 26,0 cm e H = 53,0 cm","m",{"v":1169.2167,"d":"1,169.2167"}]
["M3780","Canal monobloco com corpo e grelha em concreto polímero com efeito autolimpante - carga de controle de 900 kN - C = 200,0 cm, L = 40,0 cm e H = 59,5 cm","m",{"v":4625.0894,"d":"4,625.0894"}]
["M3781","Canal em polietileno e polipropileno com efeito autolimpante e grelha de encaixe em poliamida reforçada - carga de controle de 250 kN - C = 100,0 cm, L = 16,0 cm e H = 12,2 cm","m",264.3614]
["M3782","Canal em polietileno e polipropileno com efeito autolimpante e grelha de encaixe em poliamida reforçada - carga de controle de 250 kN - C = 100,0 cm, L = 16,0 cm e H = 17,2 cm","m",{"v":284.837,"d":"284.8370"}]
["M3783","Canal em polietileno e polipropileno com efeito autolimpante e grelha de encaixe em poliamida reforçada - carga de controle de 250 kN - C = 100,0 cm, L = 16,0 cm e H = 5,5 cm","m",243.0052]
["M3784","Canal em polietileno e polipropileno com efeito autolimpante e grelha de encaixe em ferro fundido dúctil - carga de controle de 400 kN - C = 100,0 cm, L = 14,7 cm e H = 15,7 cm","m",406.5999]
["M3785","Canal em polietileno e polipropileno com efeito autolimpante e grelha de encaixe em ferro fundido dúctil - carga de controle de 400 kN - C = 100,0 cm, L = 24,7 cm e H = 20,8 cm","m",917.4039]
["M3786","Canal em polietileno e polipropileno com efeito autolimpante e grelha de encaixe em ferro fundido dúctil - carga de controle de 400 kN - C = 100,0 cm, L = 34,9 cm e H = 25,8 cm","m",{"v":1847.2952,"d":"1,847.2952"}]
["M3787","Canal em polietileno e polipropileno com efeito autolimpante e grelha de encaixe em ferro fundido dúctil - carga de controle de 600 kN - C = 100,0 cm, L = 16,0 cm e H = 12,2 cm","m",518.8758]
["M3788","Canal em polietileno e polipropileno com efeito autolimpante e grelha de encaixe em ferro fundido dúctil - carga de controle de 600 kN - C = 100,0 cm, L = 21,2 cm e H = 18,0 cm","m",641.0484]
["M3789","Canal em polietileno e polipropileno com efeito autolimpante e grelha de encaixe em ferro fundido dúctil - carga de controle de 600 kN - C = 100,0 cm, L = 26,2 cm e H = 17,2 cm","m",820.8701]
["M3790","Canal em polietileno e polipropileno com efeito autolimpante e abertura de captação em ferro fundido dúctil - carga de controle de 900 kN - C = 100,0 cm, L = 21,0 cm e H = 57,9 cm","m",695.7908]
["M3791","Canal em polietileno e polipropileno com efeito autolimpante e abertura de captação em ferro fundido dúctil - carga de controle de 900 kN - C = 100,0 cm, L = 25,2 cm e H = 57,8 cm","m",{"v":1136.0301,"d":"1,136.0301"}]
["M3792","Canal em polietileno e polipropileno com efeito autolimpante e abertura de captação em ferro fundido dúctil - carga de controle de 900 kN - C = 100,0 cm, L = 42,0 cm e H = 95,0 cm","m",{"v":1434.229,"d":"1,434.2290"}]
["M3793","Canal em polietileno e polipropileno com efeito autolimpante e abertura de captação em ferro fundido dúctil - carga de controle de 900 kN - C = 114,2 cm, L = 78,0 cm e H = 106,0 cm","m",{"v":1934.6684,"d":"1,934.6684"}]
["M3795","Custo equivalente da construção civil para construção do Estaleiro Padrão","m²",{"v":1868.69,"d":"1,868.6900"}]
["M3801","Animais de grande porte mortos em rodovia","t","-"]
["M3802","Animais de pequeno porte mortos em rodovia","t","-"]
["M3803","Emborrachados de pneus espalhados em rodovia","t","-"]
["M3804","Espécimes arbóreos de até 20 m tombados na pista","t","-"]
["M3805","Espécimes arbóreos de 20 a 40 m tombados na pista","t","-"]
["M3806","Sucatas derramadas em rodovia","t","-"]
["M3807","Veículos de grande porte incendiados em rodovia","un","-"]
["M3808","Veículos de médio porte incendiados em rodovia","un","-"]
["M3809","Veículos de grande porte tombados em rodovia","un","-"]
["M3810","Veículos de médio porte tombados em rodovia","un","-"]
["M3811","Veículos de pequeno porte tombados em rodovia","un","-"]
["M3813","Vidros, caixas e engradados derramados na pista","t","-"]
["M3821","Tacha refletiva em plástico injetado bidirecional com um pino - tipo I","un",21.6555]
["M3822","Tacha refletiva em plástico injetado bidirecional com um pino - tipo II","un",29.0777]
["M3823","Tacha refletiva em plástico injetado bidirecional com um pino - tipo III","un",29.0777]
["M3824","Tacha refletiva em plástico injetado bidirecional com um pino - tipo IV","un",24.4639]
["M3825","Tacha refletiva em plástico injetado bidirecional sem pino - tipo I","un",21.2547]
["M3826","Tacha refletiva em plástico injetado bidirecional sem pino - tipo II","un",24.0627]
["M3827","Tacha refletiva em plástico injetado bidirecional sem pino - tipo III","un",24.0627]
["M3828","Tacha refletiva em plástico injetado bidirecional sem pino - tipo IV","un",29.7196]
["M3829","Tacha refletiva em plástico injetado monodirecional com um pino - tipo I","un",17.5432]
["M3830","Tacha refletiva em plástico injetado monodirecional com um pino - tipo II","un",21.9063]
["M3831","Tacha refletiva em plástico injetado monodirecional com um pino - tipo III","un",22.7789]
["M3832","Tacha refletiva em plástico injetado monodirecional com um pino - tipo IV","un",{"v":29.178,"d":"29.1780"}]
["M3833","Tacha refletiva em plástico injetado monodirecional sem pino - tipo I","un",16.2699]
["M3834","Tacha refletiva em plástico injetado monodirecional sem pino - tipo II","un",21.3245]
["M3835","Tacha refletiva em plástico injetado monodirecional sem pino - tipo III","un",21.9063]
["M3836","Tacha refletiva em plástico injetado monodirecional sem pino - tipo IV","un",28.5963]
["M3837","Tacha refletiva em resina sintética bidirecional com um pino - tipo I","un",32.0981]
["M3838","Tacha refletiva em resina sintética bidirecional com um pino - tipo II","un",39.3511]
["M3839","Tacha refletiva em resina sintética bidirecional com um pino - tipo III","un",43.6704]
["M3840","Tacha refletiva em resina sintética bidirecional com um pino - tipo IV","un",45.3913]
["M3841","Tacha refletiva em resina sintética bidirecional sem pino - tipo I","un",31.5163]
["M3842","Tacha refletiva em resina sintética bidirecional sem pino - tipo II","un",38.7333]
["M3843","Tacha refletiva em resina sintética bidirecional sem pino - tipo III","un",42.9771]
["M3844","Tacha refletiva em resina sintética bidirecional sem pino - tipo IV","un",59.7809]
["M3845","Tacha refletiva em resina sintética monodirecional com um pino - tipo I","un",30.6538]
["M3846","Tacha refletiva em resina sintética monodirecional com um pino - tipo II","un",{"v":37.765,"d":"37.7650"}]
["M3847","Tacha refletiva em resina sintética monodirecional com um pino - tipo III","un",42.0278]
["M3848","Tacha refletiva em resina sintética monodirecional com um pino - tipo IV","un",{"v":43.937,"d":"43.9370"}]
["M3851","Tacha refletiva em resina sintética monodirecional sem pino - tipo I","un",29.9517]
["M3852","Tacha refletiva em resina sintética monodirecional sem pino - tipo II","un",37.0529]
["M3853","Tacha refletiva em resina sintética monodirecional sem pino - tipo III","un",41.2254]
["M3854","Tacha refletiva em resina sintética monodirecional sem pino - tipo IV","un",59.7809]
["M3855","Tacha refletiva metálica bidirecional com dois pinos - tipo II","un",26.1256]
["M3856","Tacha refletiva metálica bidirecional com dois pinos - tipo III","un",21.1407]
["M3857","Tacha refletiva metálica bidirecional com dois pinos - tipo IV","un",61.3892]
["M3858","Tacha refletiva metálica bidirecional com um pino - tipo II","un",23.4276]
["M3859","Tacha refletiva metálica bidirecional com um pino - tipo III","un",17.6001]
["M3860","Tacha refletiva metálica bidirecional com um pino - tipo IV","un",59.9348]
["M3861","Tacha refletiva metálica monodirecional com dois pinos - tipo II","un",20.9602]
["M3862","Tacha refletiva metálica monodirecional com dois pinos - tipo III","un",17.7406]
["M3863","Tacha refletiva metálica monodirecional com dois pinos - tipo IV","un",52.6631]
["M3864","Tacha refletiva metálica monodirecional com um pino - tipo II","un",17.3193]
["M3865","Tacha refletiva metálica monodirecional com um pino - tipo III","un",14.6814]
["M3866","Tacha refletiva metálica monodirecional com um pino - tipo IV","un",51.2087]
["M3867","Tachão refletivo em plástico injetado bidirecional","un",72.7067]
["M3868","Tachão refletivo em plástico injetado monodirecional","un",71.2524]
["M3869","Tachão refletivo em resina sintética bidirecional","un",56.5415]
["M3870","Tachão refletivo em resina sintética monodirecional","un",54.8335]
["M3900","Emulsão asfáltica com polímero - RR-1C-E","t","-"]
["M3901","Reservatório metálico tipo taça - capacidade de 5.000 l","un",{"v":15685,"d":"15,685.0000"}]
["M3902","Reservatório metálico tipo taça - capacidade de 10.000 l","un",{"v":22374.7396,"d":"22,374.7396"}]
["M3903","Reservatório metálico tipo taça - capacidade de 20.000 l","un",{"v":39741.6073,"d":"39,741.6073"}]
["M3904","Reservatório metálico tipo taça - capacidade de 30.000 l","un",{"v":48405.8203,"d":"48,405.8203"}]
["M3905","AMV tipo TR37, abertura 1:8, bitola métrica","un","-"]
["M3906","AMV tipo TR37, abertura 1:10, bitola métrica","un","-"]
["M3907","AMV tipo TR37, abertura 1:12, bitola métrica","un","-"]
["M3908","AMV tipo TR37, abertura 1:14, bitola métrica","un","-"]
["M3909","Bico para corte a plasma manual - 65A","un",61.0342]
["M3910","Bico para corte a plasma manual - 45A","un",59.1158]
["M3911","Bocal para corte a plasma manual - 45A/65A","un",150.7666]
["M3912","Capa de retenção para corte a plasma manual - 45A/65A","un",271.7384]
["M3913","Eletrodo para corte a plasma manual - 45A/65A","un",76.1091]
["M3914","Distribuidor de gás para corte a plasma manual - 45A/65A","un",173.0691]
["M3915","Parafuso de cabeça sextavada em aço inox - D = 12,7 mm (1/2\") e C = 38,1 mm (1.1/2\")","un",4.2539]
["M3916","Porca sextavada em aço inox para parafuso - D = 12,7 mm (1/2\")","un",1.4925]
["M3917","Arruela lisa em aço inox - D = 12,7 mm (1/2\")","un",0.8092]
["M3918","Disco de corte com 80 dentes multimaterial - D = 250 mm","un",{"v":337.675,"d":"337.6750"}]
["M3919","Lixa d'água Nº 360","un",1.0825]
["M3920","Diluente para tinta epóxi bicomponente ou tricomponente","l",59.7028]
["M3921","Tinta à base de resina epóxi óxido de ferro","l",{"v":154.115,"d":"154.1150"}]
["M3922","Diluente para esmalte poliuretano de dois componentes","l",92.2687]
["M3923","Tinta esmalte poliuretano bicomponente","l",190.6978]
["M3924","Catalisador para tinta fosfatizante","l",57.5524]
["M3925","Tinta fosfatizante para fundo preparador de pintura","l",64.8598]
["M3926","Luva em aço galvanizado com rosca BSP classe leve - D = 12,5 mm (1/2\")","un",3.0071]
["M3927","Plug tipo bujão em aço galvanizado com rosca BSP - D = 15 mm (1/2\")","un",4.0282]
["M3928","Tubo em aço-carbono - E = 3,35 mm e D = 80 mm (3\")","m",46.0793]
["M3929","Tubo em aço-carbono - E = 3,00 mm e D = 150 mm (6\")","m",169.1048]
["M3931","Cantoneira em alumínio de abas iguais - L = 38,1 mm e E = 4,76 mm","kg",34.6173]
["M3932","Parafuso de cabeça sextavada em aço inox - D = 8 mm (M8) e C = 20 mm","un",1.5167]
["M3933","Porca sextavada em aço inox para parafuso - D = 8 mm (M8)","un",0.5474]
["M3934","Arruela lisa em aço inox para parafuso - D = 8,4 mm (M8)","un",0.2193]
["M3935","Arruela de pressão em aço inox para parafuso - D = 8,1 mm (M8)","un",0.2648]
["M3936","Parafuso de cabeça sextavada em aço inox - D = 12,7 mm (1/2\") e C = 19,05 mm (3/4\")","un",4.9625]
["M3939","Barra redonda em aço SAE 1020 - D = 25,4 mm (1\")","m",51.1388]
["M3947","Tubo em aço - E = 3,00 mm e seção de 40 x 40 mm","m",27.7574]
["M3949","Desmoldante para fôrmas metálicas","l",17.8706]
["M4413","Arame E70S6 para solda MIG/MAG - D = 0,9 mm","kg",24.6037]

{"sheet":"EQUIPAMENTO COM DESONERAÇÃO","index":25,"n_rows":533,"n_cols":11,"rows_kept":533,"hidden":true,"merged":[[0,1,0,9],[1,1,1,9],[374,2,374,8],[377,2,377,8],[381,2,381,8],[384,2,384,8],[387,2,387,8],[391,2,391,8],[396,2,396,8],[399,2,399,8],[402,2,402,8],[405,2,405,8],[407,2,407,8],[409,2,409,8],[411,2,411,8],[414,2,414,8],[417,2,417,8],[421,2,421,8],[426,2,426,8],[431,2,431,8],[434,2,434,8],[437,2,437,8],[440,2,440,8],[443,2,443,8],[446,2,446,8],[449,2,449,8],[452,2,452,8],[455,2,455,8],[458,2,458,8],[461,2,461,8],[464,2,464,8],[467,2,467,8],[470,2,470,8],[473,2,473,8],[476,2,476,8],[480,2,480,8],[483,2,483,8],[486,2,486,8],[489,2,489,8],[492,2,492,8],[495,2,495,8],[498,2,498,8],[501,2,501,8],[506,2,506,8],[509,2,509,8],[513,2,513,8],[516,2,516,8],[521,2,521,8],[524,2,524,8],[527,2,527,8],[530,2,530,8]],"flags":["formulas_cached_only"]}
["CGCIT","SISTEMA DE CUSTOS REFERENCIAIS DE OBRAS - SICRO",{"$nulls":8},"DNIT"]
[null,"Mato Grosso - Julho/2023 - Com desoneração"]
["Código","Descrição","Valor de Aquisição (R$)","Depreciação (R$/h)","Oportunidade de Capital (R$/h)","Seguros e Impostos (R$/h)","Manutenção (R$/h)","Operação (R$/h)","Mão de Obra de Operação (R$/h)","Custo Produtivo (R$/h)","Custo Improdutivo (R$/h)"]
["E9001","Conjunto vibratório para tubos de concreto com encaixe PB e 3 jogos de fôrmas - D = 0,60 m - 2,20 kW",{"v":75816.0215,"d":"75,816.0215"},10.1088,2.3389,{"v":0,"d":"0.0000"},7.5816,{"v":0,"d":"0.0000"},{"v":0,"d":"0.0000"},20.0293,12.4477]
["E9002","Conjunto vibratório para tubos de concreto com encaixe PB e 3 jogos de fôrmas - D = 0,80 m - 2,20 kW",{"v":83553.6721,"d":"83,553.6721"},11.1405,2.5776,{"v":0,"d":"0.0000"},8.3554,{"v":0,"d":"0.0000"},{"v":0,"d":"0.0000"},22.0735,13.7181]
["E9003","Conjunto vibratório para tubos de concreto com encaixe PB e 3 jogos de fôrmas - D = 1,00 m - 2,20 kW",{"v":90711.0197,"d":"90,711.0197"},12.0948,2.7984,{"v":0,"d":"0.0000"},9.0711,{"v":0,"d":"0.0000"},{"v":0,"d":"0.0000"},23.9643,14.8932]
["E9004","Conjunto vibratório para tubos de concreto com encaixe PB e 3 jogos de fôrmas - D = 1,20 m - 2,20 kW",{"v":91230.8789,"d":"91,230.8789"},12.1641,2.8145,{"v":0,"d":"0.0000"},9.1231,{"v":0,"d":"0.0000"},{"v":0,"d":"0.0000"},24.1017,14.9786]
["E9005","Conjunto vibratório para tubos de concreto com encaixe PB e 3 jogos de fôrmas - D = 1,50 m - 2,20 kW",{"v":93224.6799,"d":"93,224.6799"},{"v":12.43,"d":"12.4300"},{"v":2.876,"d":"2.8760"},{"v":0,"d":"0.0000"},9.3225,{"v":0,"d":"0.0000"},{"v":0,"d":"0.0000"},24.6285,{"v":15.306,"d":"15.3060"}]
["E9006","Equipamento para sondagem manual",{"v":2724.6095,"d":"2,724.6095"},0.4632,0.1009,{"v":0,"d":"0.0000"},0.2725,{"v":0,"d":"0.0000"},{"v":0,"d":"0.0000"},0.8366,0.5641]
["E9007","Bomba de pistão triplex com capacidade de 7,80 m³/h (130 l/min) - 8,20 kW",{"v":134820.8304,"d":"134,820.8304"},10.7857,2.4955,{"v":0,"d":"0.0000"},9.4375,8.0737,{"v":0,"d":"0.0000"},30.7924,13.2812]
["E9008","Transportador manual de tubos de concreto com capacidade de 1 t",{"v":2334.3088,"d":"2,334.3088"},2.1009,{"v":0.144,"d":"0.1440"},{"v":0,"d":"0.0000"},1.1672,{"v":0,"d":"0.0000"},{"v":0,"d":"0.0000"},3.4121,2.2449]
["E9009","Embarcação rebocadora - 268 kW",{"v":629008.5943,"d":"629,008.5943"},8.1902,3.6497,{"v":0,"d":"0.0000"},18.2005,263.8725,118.2557,412.1686,130.0956]
["E9010","Balança plataforma digital à bateria, com mesa de 75 x 75 cm e capacidade de 500 kg",{"v":4731.87,"d":"4,731.8700"},0.7098,0.0973,{"v":0,"d":"0.0000"},0.3943,{"v":0,"d":"0.0000"},{"v":0,"d":"0.0000"},1.2014,0.8071]
["E9011","Carro manual modelo plataforma de 200 x 80 cm com capacidade de 800 kg",{"v":2045.4373,"d":"2,045.4373"},0.3682,0.0757,{"v":0,"d":"0.0000"},0.2045,{"v":0,"d":"0.0000"},{"v":0,"d":"0.0000"},0.6484,0.4439]
["E9014","Deflectômetro de impacto (FWD) instalado em picape com reboque e faixa de carga de 7 a 120 kN - 147 kW",{"v":2204429.849,"d":"2,204,429.8490"},176.3544,{"v":40.804,"d":"40.8040"},{"v":0,"d":"0.0000"},110.2215,{"v":0,"d":"0.0000"},29.3013,356.6812,246.4597]
["E9015","Elevador de obra com capacidade de 1.000 kg - 9 kW",{"v":64516.6822,"d":"64,516.6822"},5.1613,1.1942,{"v":0,"d":"0.0000"},4.5162,{"v":0,"d":"0.0000"},21.8232,32.6949,28.1787]
["E9016","Usina misturadora móvel de reciclagem a frio com sistema de espuma de asfalto - 129 kW",{"v":10083902.4,"d":"10,083,902.4000"},588.2276,181.4682,73.5285,756.2927,93.5887,37.1151,{"v":1730.2208,"d":"1,730.2208"},880.3394]
["E9017","Escavadeira hidráulica sobre esteira com capacidade de 0,4 m³ - 64 kW",{"v":855410.2904,"d":"855,410.2904"},59.8787,15.8336,{"v":0,"d":"0.0000"},59.8787,43.1151,28.3061,207.0122,104.0184]
["E9020","Recicladora a frio - 455 kW",{"v":4992119.0702,"d":"4,992,119.0702"},291.2069,89.8373,{"v":0,"d":"0.0000"},416.0099,471.5711,37.1151,{"v":1305.7403,"d":"1,305.7403"},418.1593]
["E9021","Grupo gerador - 456 kVA",{"v":337331.3782,"d":"337,331.3782"},16.8666,5.9467,{"v":0,"d":"0.0000"},12.0475,359.3786,{"v":0,"d":"0.0000"},394.2394,22.8133]
["E9022","Pórtico metálico rolante com capacidade de 25 t - 30 kW",{"v":853620.7258,"d":"853,620.7258"},38.4129,14.4838,{"v":0,"d":"0.0000"},29.8767,{"v":0,"d":"0.0000"},21.8232,104.5966,74.7199]
["E9023","Guindaste móvel sobre esteiras com dragline com capacidade de 1,9 a 2,3 m³ - 270 kW",{"v":3505495.0647,"d":"3,505,495.0647"},122.6923,59.4795,{"v":0,"d":"0.0000"},175.2748,69.9584,37.1151,464.5201,219.2869]
["E9024","Misturador de nata cimento - 1,50 kW",{"v":7257.3249,"d":"7,257.3249"},0.5806,0.1343,{"v":0,"d":"0.0000"},{"v":0.508,"d":"0.5080"},{"v":0,"d":"0.0000"},21.8232,23.0461,22.5381]
["E9025","Conjunto bomba e macaco hidráulico para protensão com capacidade de 7.000 kN - 15 kW",{"v":102218.8092,"d":"102,218.8092"},5.8411,{"v":1.802,"d":"1.8020"},{"v":0,"d":"0.0000"},5.8411,{"v":0,"d":"0.0000"},37.1151,50.5993,44.7582]
["E9026","Bomba para injeção de nata de cimento com capacidade de 2 MPa - 2,20 kW",{"v":29776.206,"d":"29,776.2060"},2.3821,0.5512,{"v":0,"d":"0.0000"},2.0843,{"v":0,"d":"0.0000"},{"v":0,"d":"0.0000"},5.0176,2.9333]
["E9028","Bomba de alta pressão para hidrojateamento com capacidade de 18 MPa - 5,20 kW",{"v":4802.2697,"d":"4,802.2697"},0.3842,0.0889,{"v":0,"d":"0.0000"},0.4322,{"v":8.813,"d":"8.8130"},21.8232,31.5415,22.2963]
["E9029","Conjunto bomba e macaco hidráulico para protensão com capacidade de 8.000 kN - 20 kW",{"v":129964.5512,"d":"129,964.5512"},7.4265,2.2911,{"v":0,"d":"0.0000"},7.4265,{"v":0,"d":"0.0000"},37.1151,54.2592,46.8327]
["E9030","Bomba de protensão com leitura digital para tensionamento de estais - 3 kW",{"v":13766.3576,"d":"13,766.3576"},0.7866,0.2427,{"v":0,"d":"0.0000"},0.7866,{"v":0,"d":"0.0000"},{"v":0,"d":"0.0000"},1.8159,1.0293]
["E9031","Elevador de cremalheira com cabine simples, com capacidade de 1.500 kg e altura de até 100 m - 15 kW",{"v":299262.7055,"d":"299,262.7055"},{"v":23.941,"d":"23.9410"},5.5394,{"v":0,"d":"0.0000"},20.9484,{"v":0,"d":"0.0000"},21.8232,{"v":72.252,"d":"72.2520"},51.3036]
["E9032","Equipamento para regulagem final de estais com até 37 cordoalhas - D = 15,7 mm - 20 kW",{"v":86536.2708,"d":"86,536.2708"},4.9449,1.5255,{"v":0,"d":"0.0000"},4.9449,{"v":0,"d":"0.0000"},37.1151,48.5304,43.5855]
["E9033","Equipamento para regulagem final de estais de 38 a 55 cordoalhas - D = 15,7 mm - 30 kW",{"v":123623.2441,"d":"123,623.2441"},7.0642,2.1793,{"v":0,"d":"0.0000"},7.0642,{"v":0,"d":"0.0000"},37.1151,53.4228,46.3586]
["E9034","Equipamento para regulagem final de estais de 56 a 73 cordoalhas - D = 15,7 mm - 40 kW",{"v":185434.8661,"d":"185,434.8661"},10.5963,{"v":3.269,"d":"3.2690"},{"v":0,"d":"0.0000"},10.5963,{"v":0,"d":"0.0000"},37.1151,61.5767,50.9804]
["E9035","Equipamento para regulagem final de estais de 74 a 91 cordoalhas - D = 15,7 mm - 50 kW",{"v":247246.4882,"d":"247,246.4882"},14.1284,4.3586,{"v":0,"d":"0.0000"},14.1284,{"v":0,"d":"0.0000"},37.1151,69.7305,55.6021]
["E9036","Grua fixa para alturas de 60 a 102 m, com alcance de 60 m com capacidade de 1.500 kg na ponta da lança - 37 kW",{"v":3248417.6638,"d":"3,248,417.6638"},162.4209,{"v":57.265,"d":"57.2650"},{"v":0,"d":"0.0000"},185.6239,{"v":0,"d":"0.0000"},37.1151,442.4249,{"v":256.801,"d":"256.8010"}]
["E9038","Macaco hidráulico monocordoalha para tensionamento de estais - 3 kW",{"v":17746.5851,"d":"17,746.5851"},1.0141,0.3128,{"v":0,"d":"0.0000"},1.0141,{"v":0,"d":"0.0000"},37.1151,39.4561,{"v":38.442,"d":"38.4420"}]
["E9039","Máquina de solda por termofusão para tubos PEAD com gerador de 4 kW",{"v":116485.842,"d":"116,485.8420"},6.6563,2.0535,{"v":0,"d":"0.0000"},6.6563,3.9384,37.1151,56.4196,45.8249]
["E9040","Serra mármore - 1,45 kW",445.0221,0.0401,0.0082,{"v":0,"d":"0.0000"},0.0223,{"v":0,"d":"0.0000"},{"v":0,"d":"0.0000"},0.0706,0.0483]
["E9042","Trator sobre esteiras com lâmina - 97 kW",{"v":1135263.6401,"d":"1,135,263.6401"},44.1491,19.4572,{"v":0,"d":"0.0000"},63.0702,70.3729,28.3061,225.3555,91.9124]
["E9043","Embarcação de alumínio com comprimento de 6 m e motor de popa - 18,60 kW",{"v":24139.9687,"d":"24,139.9687"},0.3772,0.1422,{"v":0,"d":"0.0000"},0.4191,36.0267,33.0513,70.0165,33.5707]
["E9044","Central de concreto com capacidade de 150 m³/h - dosadora e misturadora",{"v":3255418.2706,"d":"3,255,418.2706"},186.0239,57.3884,{"v":0,"d":"0.0000"},162.7709,{"v":0,"d":"0.0000"},37.1151,443.2983,280.5274]
["E9045","Conjunto bomba e macaco hidráulico para elevação com capacidade de 496 kN",{"v":61872.2579,"d":"61,872.2579"},4.9498,1.1453,{"v":0,"d":"0.0000"},4.9498,5.5783,37.1151,53.7383,43.2102]
["E9046","Conjunto bomba e macaco hidráulico para elevação com capacidade de 929 kN",{"v":75125.8098,"d":"75,125.8098"},6.0101,1.3906,{"v":0,"d":"0.0000"},6.0101,5.5783,37.1151,56.1042,44.5158]
["E9047","Conjunto bomba e macaco hidráulico para elevação com capacidade de 1.390 kN",{"v":109138.2276,"d":"109,138.2276"},8.7311,2.0201,{"v":0,"d":"0.0000"},8.7311,5.5783,37.1151,62.1757,47.8663]
["E9048","Conjunto bomba e macaco hidráulico para elevação com capacidade de 1.859 kN",{"v":126692.2911,"d":"126,692.2911"},10.1354,2.3451,{"v":0,"d":"0.0000"},10.1354,5.5783,37.1151,65.3093,49.5956]
["E9049","Bomba de alta pressão para hidrojateamento com capacidade de 250 MPa - 72 kW",{"v":591314.5302,"d":"591,314.5302"},47.3052,10.9452,{"v":0,"d":"0.0000"},53.2183,55.9667,21.8232,189.2586,80.0736]
["E9050","Guindaste móvel sobre pneus com 2 eixos com capacidade de 18 t - 97 kW",{"v":2825144.8353,"d":"2,825,144.8353"},141.2572,49.8033,{"v":0,"d":"0.0000"},181.6165,25.1332,29.3013,427.1115,220.3618]
["E9051","Máquina levantadora e posicionadora de via - 7,40 kW",{"v":774344.7169,"d":"774,344.7169"},61.9476,14.3331,{"v":0,"d":"0.0000"},54.2041,10.0332,21.8232,162.3412,98.1039]
["E9052","Empilhadeira a diesel com capacidade de 10 t - 82 kW",{"v":793267.0942,"d":"793,267.0942"},63.4614,14.6834,{"v":0,"d":"0.0000"},55.5287,63.7398,21.8232,219.2365,{"v":99.968,"d":"99.9680"}]
["E9053","Perfuratriz hidráulica montada em flutuante - 32 kW",{"v":358458.083,"d":"358,458.0830"},11.2018,2.3038,{"v":0,"d":"0.0000"},9.9572,16.5827,26.3869,66.4324,39.8925]
["E9054","Equipamento sobre forma-trilho para execução e acabamento de pavimento de concreto - 13,40 kW",{"v":1318363.0881,"d":"1,318,363.0881"},{"v":105.469,"d":"105.4690"},24.4029,{"v":0,"d":"0.0000"},65.9182,18.1683,21.8232,235.7816,151.6951]
["E9055","Guincho pneumático com capacidade de 2,5 t",{"v":524944.6712,"d":"524,944.6712"},{"v":47.245,"d":"47.2450"},9.7167,{"v":0,"d":"0.0000"},26.2472,{"v":0,"d":"0.0000"},{"v":0,"d":"0.0000"},83.2089,56.9617]
["E9056","Plataforma autoelevatória de 12 x 24 m com capacidade de 150 t",{"v":905997.2641,"d":"905,997.2641"},7.0781,5.0951,{"v":0,"d":"0.0000"},15.7291,{"v":0,"d":"0.0000"},85.4064,113.3087,97.5796]
["E9057","Batelão sem propulsão com capacidade de 66 m³",{"v":242277.3895,"d":"242,277.3895"},1.8928,1.3625,{"v":0,"d":"0.0000"},3.1547,{"v":0,"d":"0.0000"},22.3133,28.7233,25.5686]
["E9058","Plataforma flutuante de 12 x 24 x 1,8 m com capacidade de 150 t",{"v":724610.4532,"d":"724,610.4532"},{"v":5.661,"d":"5.6610"},{"v":4.075,"d":"4.0750"},{"v":0,"d":"0.0000"},{"v":9.435,"d":"9.4350"},{"v":0,"d":"0.0000"},22.3133,41.4843,32.0493]
["E9059","Plataforma autoelevatória de 12 x 24 m montada na obra com capacidade de 150 t",{"v":905997.2641,"d":"905,997.2641"},7.0781,5.0951,{"v":0,"d":"0.0000"},15.7291,{"v":0,"d":"0.0000"},85.4064,113.3087,97.5796]
["E9060","Perfuratriz pneumática rotopercussiva montada em flutuante com pressão de 0,70 MPa e capacidade de 2.500 gpm",{"v":22360.97,"d":"22,360.9700"},0.6988,0.1437,{"v":0,"d":"0.0000"},0.6211,{"v":0,"d":"0.0000"},52.7738,54.2374,53.6163]
["E9061","Lixadeira elétrica manual angular - 2 kW",{"v":1384.0011,"d":"1,384.0011"},0.1107,0.0256,{"v":0,"d":"0.0000"},0.0692,{"v":0,"d":"0.0000"},{"v":0,"d":"0.0000"},0.2055,0.1363]
["E9062","Soprador de ar quente manual - 1,60 kW",{"v":4566.7063,"d":"4,566.7063"},0.6089,0.0939,{"v":0,"d":"0.0000"},0.3806,{"v":0,"d":"0.0000"},{"v":0,"d":"0.0000"},1.0834,0.7028]
["E9063","Equipamento de estabilização dinâmica da via - 300 kW",{"v":24328392.7842,"d":"24,328,392.7842"},973.1357,{"v":412.792,"d":"412.7920"},{"v":0,"d":"0.0000"},973.1357,186.5556,37.1151,{"v":2582.7341,"d":"2,582.7341"},{"v":1423.0428,"d":"1,423.0428"}]
["E9064","Transportador manual gerica com capacidade de 180 l",{"v":1017.1323,"d":"1,017.1323"},1.0171,0.0628,{"v":0,"d":"0.0000"},0.5086,{"v":0,"d":"0.0000"},{"v":0,"d":"0.0000"},1.5885,1.0799]
["E9065","Carro controle ferroviário - 186 kW",{"v":28308540.7811,"d":"28,308,540.7811"},{"v":1132.3416,"d":"1,132.3416"},480.3252,{"v":0,"d":"0.0000"},990.7989,115.6645,37.1151,{"v":2756.2453,"d":"2,756.2453"},{"v":1649.7819,"d":"1,649.7819"}]
["E9066","Grupo gerador - 14 kVA",{"v":71327.8409,"d":"71,327.8409"},3.5664,1.2574,{"v":0,"d":"0.0000"},2.5474,10.8306,{"v":0,"d":"0.0000"},18.2018,4.8238]
["E9067","Veículo ferroviário para capina química com capacidade de 12.000 l - 115 kW",{"v":1673525.9899,"d":"1,673,525.9899"},{"v":66.941,"d":"66.9410"},28.3956,{"v":0,"d":"0.0000"},41.8381,{"v":71.513,"d":"71.5130"},21.8232,230.5109,117.1598]
["E9068","Perfuratriz hidráulica rotopercussiva para CCPH - 123 kW",{"v":2874705.0299,"d":"2,874,705.0299"},{"v":191.647,"d":"191.6470"},51.7327,{"v":0,"d":"0.0000"},{"v":191.647,"d":"191.6470"},95.6097,28.3061,558.9425,271.6858]
["E9069","Vibrador de imersão para concreto - 4,10 kW",{"v":3872.4473,"d":"3,872.4473"},0.6196,0.1434,{"v":0,"d":"0.0000"},0.3872,6.9487,{"v":0,"d":"0.0000"},8.0989,{"v":0.763,"d":"0.7630"}]
["E9070","Ponte rolante com capacidade de 5 t e vão de até 15 m - 10 kW",{"v":324894.1782,"d":"324,894.1782"},12.9958,5.5126,{"v":0,"d":"0.0000"},8.1224,{"v":0,"d":"0.0000"},21.8232,{"v":48.454,"d":"48.4540"},40.3316]
["E9071","Transportador manual carrinho de mão com capacidade de 80 l",{"v":484.723,"d":"484.7230"},0.4847,0.0299,{"v":0,"d":"0.0000"},0.2424,{"v":0,"d":"0.0000"},{"v":0,"d":"0.0000"},{"v":0.757,"d":"0.7570"},0.5146]
["E9072","Martelo hidráulico vibratório com unidade hidráulica - 486 kW",{"v":2866177.5493,"d":"2,866,177.5493"},191.0785,51.5793,{"v":0,"d":"0.0000"},167.1937,377.7751,37.1151,824.7417,279.7729]
["E9073","Bomba de concreto rebocável com capacidade de 30 m³/h - 74 kW",{"v":467320.1782,"d":"467,320.1782"},37.3856,8.6501,{"v":0,"d":"0.0000"},37.3856,72.8603,21.8232,178.1048,67.8589]
["E9074","Tanque de estocagem de asfalto com agitadores de 60.000 l",{"v":816000,"d":"816,000.0000"},{"v":34,"d":"34.0000"},11.8001,{"v":0,"d":"0.0000"},{"v":21.25,"d":"21.2500"},{"v":0,"d":"0.0000"},{"v":0,"d":"0.0000"},67.0501,45.8001]
["E9075","Trado cavadeira de 12\"",140.4727,0.0702,0.0065,{"v":0,"d":"0.0000"},0.0351,{"v":0,"d":"0.0000"},{"v":0,"d":"0.0000"},0.1118,0.0767]
["E9076","Equipamento para pintura eletrostática com cabine dupla de 7,00 kW e estufa de 80.000 kCal",{"v":163319.2392,"d":"163,319.2392"},10.4991,2.8791,{"v":0,"d":"0.0000"},5.8328,{"v":0,"d":"0.0000"},21.8232,41.0342,35.2014]
["E9077","Perfuratriz de circulação reversa tipo Wirth ou similar com unidade hidráulica (Power Pack) - 273 kW",{"v":4662123.6358,"d":"4,662,123.6358"},310.8082,83.8988,{"v":0,"d":"0.0000"},310.8082,141.4713,28.3061,875.2926,423.0131]
["E9078","Treliça lançadeira com capacidade de carga de 100 a 120 t e vão máximo de 45 m - 110 kW",{"v":3528694.7204,"d":"3,528,694.7204"},94.0985,58.0588,{"v":0,"d":"0.0000"},58.8116,{"v":0,"d":"0.0000"},37.1151,{"v":248.084,"d":"248.0840"},189.2724]
["E9079","Bomba submersível com capacidade de 360 m³/h - 23 kW",{"v":179614.7952,"d":"179,614.7952"},14.3692,3.3247,{"v":0,"d":"0.0000"},{"v":12.573,"d":"12.5730"},{"v":0,"d":"0.0000"},{"v":0,"d":"0.0000"},30.2669,17.6939]
["E9080","Carrelone com capacidade máxima de 70 t",{"v":1775090.5764,"d":"1,775,090.5764"},79.8791,30.1188,{"v":0,"d":"0.0000"},44.3773,{"v":0,"d":"0.0000"},21.8232,176.1984,131.8211]
["E9081","Fischietti simples com capacidade de 70 t",{"v":101349.9068,"d":"101,349.9068"},4.5607,1.7197,{"v":0,"d":"0.0000"},2.5337,{"v":0,"d":"0.0000"},21.8232,30.6373,28.1036]
["E9083","Vagão fechado FLT com capacidade de 99 t",{"v":800000,"d":"800,000.0000"},12.6667,12.7513,{"v":0,"d":"0.0000"},6.6667,{"v":0,"d":"0.0000"},{"v":0,"d":"0.0000"},32.0847,{"v":25.418,"d":"25.4180"}]
["E9084","Vagão tanque convencional TCT com capacidade de 97 t e 103.000 l",{"v":1195000,"d":"1,195,000.0000"},18.9208,19.0473,{"v":0,"d":"0.0000"},9.9583,{"v":0,"d":"0.0000"},{"v":0,"d":"0.0000"},47.9264,37.9681]
["E9085","Vagão gôndola GDE com capacidade de 93,5 t / 29 m³",{"v":620000,"d":"620,000.0000"},9.8167,9.8823,{"v":0,"d":"0.0000"},5.1667,{"v":0,"d":"0.0000"},{"v":0,"d":"0.0000"},24.8657,{"v":19.699,"d":"19.6990"}]
["E9086","Bomba de concreto rebocável com capacidade de 41 m³/h - 74 kW",{"v":517470.1782,"d":"517,470.1782"},41.3976,9.5784,{"v":0,"d":"0.0000"},41.3976,72.8603,21.8232,187.0571,72.7992]
["E9089","Roçadeira costal - 1,40 kW",{"v":2651.3111,"d":"2,651.3111"},0.3977,0.0545,{"v":0,"d":"0.0000"},0.3093,7.4571,{"v":0,"d":"0.0000"},8.2186,0.4522]
["E9091","Embarcação empurradora fluvial - 372 kW",{"v":1107113.1001,"d":"1,107,113.1001"},14.4155,6.4237,{"v":0,"d":"0.0000"},32.0345,366.2708,118.2557,537.4002,139.0949]
["E9093","Veículo leve - 53 kW (sem motorista)",{"v":77054.4738,"d":"77,054.4738"},4.6233,1.4263,0.5779,4.6233,23.0978,{"v":0,"d":"0.0000"},34.3486,6.6275]
["E9094","Guindaste móvel sobre pneus com 6 eixos com capacidade máxima de 350 t - 450 kW",{"v":16379291.8608,"d":"16,379,291.8608"},818.9646,288.7435,116.9949,{"v":1052.9545,"d":"1,052.9545"},116.5973,29.3013,{"v":2423.5561,"d":"2,423.5561"},{"v":1254.0043,"d":"1,254.0043"}]
["E9095","Guindaste móvel sobre pneus com 8 eixos com capacidade máxima de 500 t - 500 kW",{"v":28730230.0494,"d":"28,730,230.0494"},{"v":1436.5115,"d":"1,436.5115"},506.4729,205.2159,{"v":1846.9434,"d":"1,846.9434"},129.5525,29.3013,{"v":4153.9975,"d":"4,153.9975"},{"v":2177.5016,"d":"2,177.5016"}]
["E9096","Minicarregadeira de pneus - 45,50 kW",{"v":404105.6175,"d":"404,105.6175"},28.2874,{"v":7.48,"d":"7.4800"},{"v":0,"d":"0.0000"},28.2874,58.9464,28.3061,151.3073,64.0735]
["E9101","Removedora de faixas de sinalização viária - 9,69 kW",{"v":49889.0602,"d":"49,889.0602"},3.9911,0.9234,{"v":0,"d":"0.0000"},3.4922,16.4227,{"v":0,"d":"0.0000"},24.8294,4.9145]
["E9102","Extrusora para sarjeta de concreto - 10,44 kW",{"v":73646.3924,"d":"73,646.3924"},5.8917,1.3632,{"v":0,"d":"0.0000"},5.1552,8.1152,21.8232,42.3485,29.0781]
["E9103","Extrusora para meio-fio de concreto - 10,44 kW",{"v":62875.2406,"d":"62,875.2406"},{"v":5.03,"d":"5.0300"},1.1638,{"v":0,"d":"0.0000"},4.4013,8.1152,21.8232,40.5335,{"v":28.017,"d":"28.0170"}]
["E9105","Embarcação empurradora multipropósito - 2 x 186 kW",{"v":5069000.2294,"d":"5,069,000.2294"},66.0026,29.4115,{"v":0,"d":"0.0000"},146.6725,366.2708,118.2557,726.6131,213.6698]
["E9106","Balsa de convés com capacidade de 200 t",{"v":2074335.617,"d":"2,074,335.6170"},16.2057,11.6654,{"v":0,"d":"0.0000"},27.0096,{"v":0,"d":"0.0000"},22.3133,{"v":77.194,"d":"77.1940"},50.1844]
["E9107","Compactador manual com soquete vibratório - 2,24 kW",{"v":9390.1458,"d":"9,390.1458"},{"v":0.626,"d":"0.6260"},{"v":0.169,"d":"0.1690"},{"v":0,"d":"0.0000"},{"v":0.626,"d":"0.6260"},3.7964,{"v":0,"d":"0.0000"},5.2174,{"v":0.795,"d":"0.7950"}]
["E9108","Soldadora de trilho por caldeamento na via - 400 kW",{"v":8686885.8738,"d":"8,686,885.8738"},138.9902,{"v":139.355,"d":"139.3550"},{"v":0,"d":"0.0000"},173.7377,248.7408,74.2302,775.0539,352.5754]
["E9110","Escavadeira hidráulica sobre esteiras para rocha com caçamba com capacidade de 1,56 m³ - 118 kW",{"v":1259688.1852,"d":"1,259,688.1852"},125.9688,24.9823,{"v":0,"d":"0.0000"},125.9688,116.1827,28.3061,421.4087,179.2572]
["E9111","Jateador abrasivo úmido com capacidade de 350 kg de abrasivo",{"v":217369.804,"d":"217,369.8040"},19.5633,4.0235,{"v":0,"d":"0.0000"},19.5633,{"v":0,"d":"0.0000"},21.8232,64.9733,{"v":45.41,"d":"45.4100"}]
["E9112","Sinalizador direcional móvel com sistema fotovoltaico de energia e montado em chassi sobre pneus",{"v":21950.2321,"d":"21,950.2321"},1.9755,0.4063,{"v":0,"d":"0.0000"},1.0975,{"v":0,"d":"0.0000"},{"v":0,"d":"0.0000"},3.4793,2.3818]
["E9113","Painel de Mensagem Variável - PMV móvel, com sistema fotovoltaico de energia e montado em chassi sobre pneus",{"v":156390.1782,"d":"156,390.1782"},14.0751,2.8948,{"v":0,"d":"0.0000"},7.8195,{"v":0,"d":"0.0000"},{"v":0,"d":"0.0000"},24.7894,16.9699]
["E9116","Semáforo móvel com 3 lentes e bateria - D = 200 mm",{"v":7548.1278,"d":"7,548.1278"},0.6793,0.1397,{"v":0,"d":"0.0000"},0.3774,{"v":0,"d":"0.0000"},{"v":0,"d":"0.0000"},1.1964,{"v":0.819,"d":"0.8190"}]
["E9117","Carregadeira de pneus para rocha com capacidade de 2,50 m³ - 105 kW",{"v":824400.8337,"d":"824,400.8337"},82.4401,16.3496,{"v":0,"d":"0.0000"},82.4401,103.3829,28.3061,312.9188,127.0958]
["E9118","Cortadora de pavimento com disco diamantado de 450 a 1.500 mm - 55,40 kW",{"v":487248.2401,"d":"487,248.2401"},38.9799,{"v":9.019,"d":"9.0190"},{"v":0,"d":"0.0000"},38.9799,43.0633,21.8232,151.8653,69.8221]
["E9119","Minicarregadeira sobre pneus com valetadeira - 55,40 kW",{"v":558421.8422,"d":"558,421.8422"},39.0895,10.3364,{"v":0,"d":"0.0000"},39.0895,71.7721,28.3061,188.5936,{"v":77.732,"d":"77.7320"}]
["E9120","Equipamento de cravação sobre esteira para geodreno com haste para profundidade de até 20 m - 258 kW",{"v":3903675.8579,"d":"3,903,675.8579"},273.2573,{"v":72.257,"d":"72.2570"},{"v":0,"d":"0.0000"},273.2573,173.8076,21.8232,814.4024,367.3375]
["E9122","Perfuratriz tipo Bottom Feed para coluna de brita - 194 kW",{"v":4541688.1773,"d":"4,541,688.1773"},302.7792,81.7315,{"v":0,"d":"0.0000"},302.7792,100.5327,28.3061,816.1287,412.8168]
["E9125","Veículo tipo van furgão com capacidade de 1,54 t - 93 kW",{"v":221312.3073,"d":"221,312.3073"},11.0656,3.9827,1.6137,11.0656,24.0968,23.0109,74.8353,39.6729]
["E9126","Draga backhoe com capacidade de 7 m³ - 1.000 kW",{"v":83535013.4064,"d":"83,535,013.4064"},939.7689,{"v":676.477,"d":"676.4770"},{"v":0,"d":"0.0000"},{"v":2088.3753,"d":"2,088.3753"},{"v":984.599,"d":"984.5990"},58.0139,{"v":4747.2341,"d":"4,747.2341"},{"v":1674.2598,"d":"1,674.2598"}]
["E9127","Escavadeira hidráulica com martelo hidráulico de 520 kg - 75 kW",{"v":1425929.1469,"d":"1,425,929.1469"},162.9633,28.2792,{"v":0,"d":"0.0000"},203.7042,50.5255,28.3061,473.7783,219.5486]
["E9134","Miniônibus com capacidade para 30 passageiros - 111 kW",{"v":601839.3863,"d":"601,839.3863"},25.7931,10.6096,4.2989,38.6897,109.2905,24.8892,{"v":213.571,"d":"213.5710"},65.5908]
["E9141","Rebarbador hidráulico com bomba manual com capacidade de força de 9.000 kgf",{"v":89809.0857,"d":"89,809.0857"},7.1847,1.6624,{"v":0,"d":"0.0000"},4.4905,{"v":0,"d":"0.0000"},{"v":0,"d":"0.0000"},13.3376,8.8471]
["E9144","Pórtico metálico rolante com talha com capacidade de 5 t - 10 kW",{"v":302888.2224,"d":"302,888.2224"},12.1155,5.1393,{"v":0,"d":"0.0000"},7.5722,{"v":0,"d":"0.0000"},21.8232,46.6502,{"v":39.078,"d":"39.0780"}]
["E9148","Macaco de protensão de fios com bomba - 3,72 kW",{"v":95186.5587,"d":"95,186.5587"},5.4392,{"v":1.678,"d":"1.6780"},{"v":0,"d":"0.0000"},5.4392,{"v":0,"d":"0.0000"},37.1151,49.6715,44.2323]
["E9149","Máquina de aplicação e extração de grampo elástico tipo Pandrol - 6,70 kW",{"v":265086.6852,"d":"265,086.6852"},21.2069,4.9068,{"v":0,"d":"0.0000"},21.2069,9.0842,{"v":0,"d":"0.0000"},56.4048,26.1137]
["E9151","Britador de mandíbulas móvel sobre esteiras, sem peneira, com capacidade de 140 m³/h - 170 kW",{"v":3154351.4882,"d":"3,154,351.4882"},180.2487,55.6067,{"v":0,"d":"0.0000"},180.2487,158.5723,37.1151,611.7915,272.9705]
["E9152","Ferramenta de fixação à pólvora de ação direta",{"v":1027.6453,"d":"1,027.6453"},0.0873,{"v":0.019,"d":"0.0190"},{"v":0,"d":"0.0000"},0.0822,{"v":0,"d":"0.0000"},{"v":0,"d":"0.0000"},0.1885,0.1063]
["E9153","Ferramenta de fixação à pólvora e sistema à pistão",958.2492,0.0815,0.0177,{"v":0,"d":"0.0000"},0.0767,{"v":0,"d":"0.0000"},{"v":0,"d":"0.0000"},0.1759,0.0992]
["E9154","Equipamento para selagem com material asfáltico rebocável com capacidade de 370 l - 35 kW",{"v":439526.4148,"d":"439,526.4148"},28.2553,7.7482,{"v":0,"d":"0.0000"},9.4184,{"v":27.206,"d":"27.2060"},21.8232,94.4511,57.8267]
["E9155","Caldeira de asfalto rebocável com capacidade de 600 l - 5,20 kW",{"v":117765.3496,"d":"117,765.3496"},7.5706,{"v":2.076,"d":"2.0760"},{"v":0,"d":"0.0000"},2.5235,3.7726,{"v":0,"d":"0.0000"},15.9427,9.6466]
["E9156","Soprador de ar costal - 2,6 kW",{"v":2181.3038,"d":"2,181.3038"},{"v":0.349,"d":"0.3490"},0.0808,{"v":0,"d":"0.0000"},0.3054,4.4065,{"v":0,"d":"0.0000"},5.1417,0.4298]
["E9157","Locomotiva diesel-elétrica CC - bitola métrica - 2.237 kW",{"v":8250000,"d":"8,250,000.0000"},{"v":132,"d":"132.0000"},132.3465,{"v":0,"d":"0.0000"},{"v":165,"d":"165.0000"},{"v":1391.0829,"d":"1,391.0829"},29.0366,{"v":1849.466,"d":"1,849.4660"},293.3831]
["E9158","Locomotiva diesel-elétrica CC - bitola larga - 2.237 kW",{"v":8250000,"d":"8,250,000.0000"},{"v":132,"d":"132.0000"},132.3465,{"v":0,"d":"0.0000"},{"v":165,"d":"165.0000"},{"v":1391.0829,"d":"1,391.0829"},29.0366,{"v":1849.466,"d":"1,849.4660"},293.3831]
["E9159","Vagão plataforma PNE com capacidade de 82 t - bitola métrica",{"v":736000,"d":"736,000.0000"},11.6533,11.7312,{"v":0,"d":"0.0000"},6.1333,{"v":0,"d":"0.0000"},{"v":0,"d":"0.0000"},29.5178,23.3845]
["E9160","Vagão plataforma PNT com capacidade de 98 t - bitola larga",{"v":842000,"d":"842,000.0000"},13.3317,13.4208,{"v":0,"d":"0.0000"},7.0167,{"v":0,"d":"0.0000"},{"v":0,"d":"0.0000"},33.7692,26.7525]
["E9161","Vagão fechado com porta para carga e descarga de paletes FLD com capacidade de 64 t - bitola métrica",{"v":730000,"d":"730,000.0000"},11.5583,11.6356,{"v":0,"d":"0.0000"},6.0833,{"v":0,"d":"0.0000"},{"v":0,"d":"0.0000"},29.2772,23.1939]
["E9162","Vagão fechado com porta para carga e descarga de paletes FLT com capacidade de 99 t - bitola larga",{"v":800000,"d":"800,000.0000"},12.6667,12.7513,{"v":0,"d":"0.0000"},6.6667,{"v":0,"d":"0.0000"},{"v":0,"d":"0.0000"},32.0847,{"v":25.418,"d":"25.4180"}]
["E9163","Vagão hopper aberto com descarga automática HNE com capacidade de 45 m³ - bitola métrica",{"v":880000,"d":"880,000.0000"},13.9333,14.0265,{"v":0,"d":"0.0000"},7.3333,{"v":0,"d":"0.0000"},{"v":0,"d":"0.0000"},35.2931,27.9598]
["E9164","Vagão hopper aberto com descarga automática HNT com capacidade de 63 m³ - bitola larga",{"v":915000,"d":"915,000.0000"},14.4875,14.5843,{"v":0,"d":"0.0000"},{"v":7.625,"d":"7.6250"},{"v":0,"d":"0.0000"},{"v":0,"d":"0.0000"},36.6968,29.0718]
["E9167","Equipamento para carga e descarga de TLS de até 250 m - 90 kW",{"v":2821492.5149,"d":"2,821,492.5149"},45.1439,45.2624,{"v":0,"d":"0.0000"},56.4299,55.9667,37.1151,{"v":239.918,"d":"239.9180"},127.5214]
["E9168","Carregadeira de pneus com implemento de garfo - 195 kW",{"v":1793942.576,"d":"1,793,942.5760"},{"v":125.576,"d":"125.5760"},33.2059,{"v":0,"d":"0.0000"},{"v":125.576,"d":"125.5760"},80.8408,28.3061,393.5048,{"v":187.088,"d":"187.0880"}]
["E9200","Carregadeira de pneus para rocha com capacidade de 2,50 m³ - 105 kW com periculosidade",{"v":824400.8337,"d":"824,400.8337"},82.4401,16.3496,{"v":0,"d":"0.0000"},82.4401,103.3829,34.8159,319.4286,133.6056]
["E9203","Escavadeira hidráulica com martelo hidráulico de 1.700 kg - 103 kW com periculosidade",{"v":2306534.2392,"d":"2,306,534.2392"},263.6039,45.7435,{"v":0,"d":"0.0000"},329.5049,69.3883,34.8159,743.0565,344.1633]
["E9204","Perfuratriz sobre esteiras - 145 kW com periculosidade",{"v":1885839.3275,"d":"1,885,839.3275"},125.7226,33.9373,{"v":0,"d":"0.0000"},125.7226,112.7107,34.8159,432.9091,194.4758]
["E9205","Equipamento de corte a plasma CNC - 12.000 x 5.500 mm - 19,5 kW",{"v":1047128.4035,"d":"1,047,128.4035"},83.7703,19.3823,{"v":0,"d":"0.0000"},62.8277,{"v":0,"d":"0.0000"},{"v":0,"d":"0.0000"},165.9803,103.1526]
["E9206","Equipamento de solda MIG automática com acessórios - 14,6 kVA",{"v":87308.483,"d":"87,308.4830"},6.9847,1.6161,{"v":0,"d":"0.0000"},6.9847,{"v":0,"d":"0.0000"},{"v":0,"d":"0.0000"},15.5855,8.6008]
["E9207","Máquina de solda elétrica retificadora 425 A - 18,70 kW",{"v":5151.7581,"d":"5,151.7581"},0.4121,0.0954,{"v":0,"d":"0.0000"},0.4121,{"v":0,"d":"0.0000"},{"v":0,"d":"0.0000"},0.9196,0.5075]
["E9209","Martelete perfurador/rompedor a ar comprimido de 25 kg para rocha, com insalubridade, com capacidade de 2.040 gpm",{"v":25150.2555,"d":"25,150.2555"},{"v":2.012,"d":"2.0120"},0.4655,{"v":0,"d":"0.0000"},{"v":2.012,"d":"2.0120"},{"v":0,"d":"0.0000"},27.9759,32.4654,30.4534]
["E9213","Jumbo eletro-hidráulico com 3 braços - 155 kW/237 kW com periculosidade",{"v":11646621.8242,"d":"11,646,621.8242"},776.4415,209.5907,{"v":0,"d":"0.0000"},970.5518,168.6774,46.3263,{"v":2171.5877,"d":"2,171.5877"},{"v":1032.3585,"d":"1,032.3585"}]
["E9242","Estação transmissora de superfície para televisionamento",{"v":11503.7555,"d":"11,503.7555"},0.7395,0.2028,{"v":0,"d":"0.0000"},0.4108,{"v":0,"d":"0.0000"},{"v":0,"d":"0.0000"},1.3531,0.9423]
["E9243","Câmara hiperbárica com filtro, serpentina e reservatório de ar para mergulho raso - D = 1,80 m e H = 2,22 m.",{"v":345448.8495,"d":"345,448.8495"},6.0454,{"v":5.595,"d":"5.5950"},{"v":0,"d":"0.0000"},8.6362,{"v":0,"d":"0.0000"},45.5577,65.8343,57.1981]
["E9244","Estação transmissora de superfície para comunicação sem fio",{"v":38240.1711,"d":"38,240.1711"},2.4583,0.6741,{"v":0,"d":"0.0000"},1.3657,{"v":0,"d":"0.0000"},{"v":0,"d":"0.0000"},4.4981,3.1324]
["E9245","Estação transmissora de superfície para comunicação com fio",{"v":6409.2351,"d":"6,409.2351"},{"v":0.412,"d":"0.4120"},{"v":0.113,"d":"0.1130"},{"v":0,"d":"0.0000"},0.2289,{"v":0,"d":"0.0000"},{"v":0,"d":"0.0000"},0.7539,{"v":0.525,"d":"0.5250"}]
["E9246","Painel de controle de ar com manômetros e pneufatômetros",{"v":12299.4407,"d":"12,299.4407"},0.7907,0.2168,{"v":0,"d":"0.0000"},0.4393,{"v":0,"d":"0.0000"},{"v":0,"d":"0.0000"},1.4468,1.0075]
["E9247","Sistema de Sino aberto (sinete) para mergulho até 50 m  - 33,50 kW",{"v":547433.3329,"d":"547,433.3329"},14.5982,9.0071,{"v":0,"d":"0.0000"},14.5982,{"v":0,"d":"0.0000"},45.5577,83.7612,{"v":69.163,"d":"69.1630"}]
["E9248","Sistema de ar comprimido para mergulho até 30 m com pressão de trabalho de 1,4 MPa - 7,46 kW",{"v":50992.8171,"d":"50,992.8171"},3.3995,0.9177,{"v":0,"d":"0.0000"},3.3995,6.5719,{"v":0,"d":"0.0000"},14.2886,4.3172]
["E9249","Sistema de ar comprimido para mergulho até 50 m com pressão de trabalho de 1,7 MPa - 16,18 kW",{"v":78029.4261,"d":"78,029.4261"},{"v":5.202,"d":"5.2020"},1.4042,{"v":0,"d":"0.0000"},{"v":5.202,"d":"5.2020"},14.2539,{"v":0,"d":"0.0000"},26.0621,6.6062]
["E9251","Fonte de plasma para corte manual - 65A - 15 kW",{"v":32617.9745,"d":"32,617.9745"},2.6094,0.6038,{"v":0,"d":"0.0000"},2.6094,{"v":0,"d":"0.0000"},{"v":0,"d":"0.0000"},5.8226,3.2132]
["E9252","Serra de esquadria com braço telescópico - D = 250 mm (10\") - 1,80 kW",{"v":5255.2795,"d":"5,255.2795"},{"v":0.473,"d":"0.4730"},0.0973,{"v":0,"d":"0.0000"},0.2628,{"v":0,"d":"0.0000"},{"v":0,"d":"0.0000"},0.8331,0.5703]
["E9253","Rebordeadeira diâmetro máximo 3,00 m - 4,85 kW",{"v":69304.0391,"d":"69,304.0391"},2.7722,1.1759,{"v":0,"d":"0.0000"},2.4256,{"v":0,"d":"0.0000"},{"v":0,"d":"0.0000"},6.3737,3.9481]
["E9254","Dobradeira viradeira manual comprimento máximo de dobra de até 2.000 mm",{"v":17059.3262,"d":"17,059.3262"},0.6824,0.2895,{"v":0,"d":"0.0000"},0.5971,{"v":0,"d":"0.0000"},{"v":0,"d":"0.0000"},{"v":1.569,"d":"1.5690"},0.9719]
["E9255","Fonte de plasma para corte manual - 45A - 10 kW",{"v":21777.7747,"d":"21,777.7747"},1.7422,0.4031,{"v":0,"d":"0.0000"},1.7422,{"v":0,"d":"0.0000"},{"v":0,"d":"0.0000"},3.8875,2.1453]
["E9256","Equipamento para pintura com cal rebocável com dois bicos aplicadores e capacidade de 2.200 l",{"v":60750.8149,"d":"60,750.8149"},3.4715,{"v":1.071,"d":"1.0710"},{"v":0,"d":"0.0000"},3.4715,{"v":0,"d":"0.0000"},21.8232,29.8372,26.3657]
["E9501","Ventilador axial para ventilação forçada com velocidade de saída de 32,8 m/s - D = 1.000 mm - 30 kW",{"v":441185.0488,"d":"441,185.0488"},39.7067,8.1663,{"v":0,"d":"0.0000"},26.4711,{"v":0,"d":"0.0000"},{"v":0,"d":"0.0000"},74.3441,{"v":47.873,"d":"47.8730"}]
["E9502","Bate-estaca de gravidade para 6 t - 119 kW",{"v":960461.5714,"d":"960,461.5714"},54.8835,16.9316,{"v":0,"d":"0.0000"},41.1626,80.1671,28.3061,221.4509,100.1212]
["E9503","Guilhotina hidráulica 16 x 6.100 mm - 30 kW",{"v":1285100.1835,"d":"1,285,100.1835"},{"v":51.404,"d":"51.4040"},21.8049,{"v":0,"d":"0.0000"},44.9785,{"v":0,"d":"0.0000"},21.8232,140.0106,95.0321]
["E9505","Prensa dobradeira capacidade 320 t - comprimento até 3.100 mm - 30 kW",{"v":833463.8557,"d":"833,463.8557"},33.3386,14.1418,{"v":0,"d":"0.0000"},29.1712,{"v":0,"d":"0.0000"},21.8232,98.4748,69.3036]
["E9507","Plotadora de recorte com computador e programa computacional",{"v":87420.2761,"d":"87,420.2761"},{"v":13.113,"d":"13.1130"},1.7979,{"v":0,"d":"0.0000"},{"v":8.742,"d":"8.7420"},{"v":0,"d":"0.0000"},{"v":0,"d":"0.0000"},23.6529,14.9109]
["E9510","Ventilador centrífugo baixa pressão com capacidade de 58 m³/min - 3,68 kW",{"v":12882.389,"d":"12,882.3890"},1.1594,0.2385,{"v":0,"d":"0.0000"},0.7729,{"v":0,"d":"0.0000"},{"v":0,"d":"0.0000"},2.1708,1.3979]
["E9511","Carregadeira de pneus com capacidade de 3,40 m³ - 195 kW",{"v":1972596.0913,"d":"1,972,596.0913"},138.0817,36.5128,{"v":0,"d":"0.0000"},138.0817,80.8408,28.3061,421.8231,202.9006]
["E9512","Veículo leve - 53 kW",{"v":77054.4738,"d":"77,054.4738"},4.6233,1.4263,0.5779,4.6233,23.0978,23.0109,57.3595,29.6384]
["E9513","Compressor de ar portátil de 160,46 l/s (340 PCM) - 81 kW",{"v":305364.9031,"d":"305,364.9031"},20.3577,5.4953,{"v":0,"d":"0.0000"},20.3577,71.3575,{"v":0,"d":"0.0000"},117.5682,{"v":25.853,"d":"25.8530"}]
["E9514","Distribuidor de agregados sobre pneus autopropelido - 130 kW",{"v":896457.7402,"d":"896,457.7402"},51.2262,15.8033,{"v":0,"d":"0.0000"},44.8229,127.9979,28.3061,268.1564,95.3356]
["E9515","Escavadeira hidráulica sobre esteiras com caçamba com capacidade de 1,56 m³ - 118 kW",{"v":1259688.1852,"d":"1,259,688.1852"},88.1782,23.3168,{"v":0,"d":"0.0000"},88.1782,79.4934,28.3061,307.4727,139.8011]
["E9516","Perfuratriz hidráulica sobre esteiras - 283 kW",{"v":5013122.9182,"d":"5,013,122.9182"},334.2082,90.2153,{"v":0,"d":"0.0000"},334.2082,146.6534,28.3061,933.5912,452.7296]
["E9518","Grade de 24 discos rebocável de D = 60 cm (24\")",{"v":41081.309,"d":"41,081.3090"},2.6409,0.7242,{"v":0,"d":"0.0000"},1.4672,{"v":0,"d":"0.0000"},{"v":0,"d":"0.0000"},4.8323,3.3651]
["E9519","Betoneira com motor a gasolina com capacidade de 600 l - 10 kW",{"v":37267.0631,"d":"37,267.0631"},2.9814,0.6898,{"v":0,"d":"0.0000"},{"v":2.236,"d":"2.2360"},16.9481,21.8232,44.6785,25.4944]
["E9521","Grupo gerador - 3,2 kVA",{"v":3786.3738,"d":"3,786.3738"},0.1893,0.0667,{"v":0,"d":"0.0000"},0.1352,4.0288,{"v":0,"d":"0.0000"},{"v":4.42,"d":"4.4200"},{"v":0.256,"d":"0.2560"}]
["E9522","Caldeira de asfalto rebocável com capacidade de 1.500 l - 6,5 kW",{"v":186480.1782,"d":"186,480.1782"},{"v":11.988,"d":"11.9880"},3.2874,{"v":0,"d":"0.0000"},{"v":3.996,"d":"3.9960"},4.7157,{"v":0,"d":"0.0000"},23.9871,15.2754]
["E9523","Motoscraper - 304 kW",{"v":5549565.7633,"d":"5,549,565.7633"},{"v":261.156,"d":"261.1560"},95.6729,{"v":0,"d":"0.0000"},293.8005,252.0573,28.3061,930.9928,{"v":385.135,"d":"385.1350"}]
["E9524","Motoniveladora - 93 kW",{"v":1351255.0088,"d":"1,351,255.0088"},67.5628,23.8207,{"v":0,"d":"0.0000"},86.8664,72.2903,28.3061,278.8463,119.6896]
["E9525","Ponte rolante com capacidade de 15 t e vão de até 15 m - 20 kW",{"v":3369020.81,"d":"3,369,020.8100"},134.7608,57.1639,{"v":0,"d":"0.0000"},84.2255,{"v":0,"d":"0.0000"},43.6464,319.7966,235.5711]
["E9526","Retroescavadeira de pneus - capacidade da caçamba da pá-carregadeira de 0,76 m³ e da retroescavadeira de 0,29 m³ - 58 kW ",{"v":514421.5917,"d":"514,421.5917"},36.0095,9.5219,{"v":0,"d":"0.0000"},36.0095,{"v":39.073,"d":"39.0730"},28.3061,{"v":148.92,"d":"148.9200"},73.8375]
["E9527","Martelete perfurador/rompedor a ar comprimido de 25 kg para rocha com capacidade de 2.040 gpm",{"v":25150.2555,"d":"25,150.2555"},{"v":2.012,"d":"2.0120"},0.4655,{"v":0,"d":"0.0000"},{"v":2.012,"d":"2.0120"},{"v":0,"d":"0.0000"},21.8232,26.3127,24.3007]
["E9528","Empilhadeira a diesel com capacidade de 4 t - 60 kW",{"v":486101.1307,"d":"486,101.1307"},38.8881,8.9977,{"v":0,"d":"0.0000"},34.0271,46.6389,21.8232,{"v":150.375,"d":"150.3750"},{"v":69.709,"d":"69.7090"}]
["E9529","Jateador para estruturas metálicas com transportador a roletes - 22 kW",{"v":3896304.302,"d":"3,896,304.3020"},259.7536,70.1172,{"v":0,"d":"0.0000"},194.8152,{"v":0,"d":"0.0000"},21.8232,546.5092,{"v":351.694,"d":"351.6940"}]
["E9530","Rolo compactador liso vibratório autopropelido por pneus de 11 t - 97 kW",{"v":804395.0536,"d":"804,395.0536"},53.6263,14.4758,{"v":0,"d":"0.0000"},53.6263,80.4262,28.3061,230.4607,96.4082]
["E9532","Equipamento de solda MIG com acessórios - 14,6 kVA",{"v":80090.1172,"d":"80,090.1172"},6.4072,1.4825,{"v":0,"d":"0.0000"},6.4072,{"v":0,"d":"0.0000"},{"v":0,"d":"0.0000"},14.2969,7.8897]
["E9535","Serra circular com bancada - D = 30 cm - 4 kW",{"v":6978.2166,"d":"6,978.2166"},{"v":0.628,"d":"0.6280"},0.1292,{"v":0,"d":"0.0000"},0.3489,{"v":0,"d":"0.0000"},21.8232,22.9293,22.5804]
["E9536","Embarcação de transporte de pessoal e apoio logístico - 30 kW",{"v":115123.1678,"d":"115,123.1678"},1.7988,0.6782,{"v":0,"d":"0.0000"},1.9987,58.1076,33.0513,95.6346,35.5283]
["E9538","Conjunto vibratório para meio tubo de concreto com encaixe PB e 3 jogos de fôrmas - D = 0,30 m - 2,20 kW",{"v":16175.5396,"d":"16,175.5396"},2.1567,{"v":0.499,"d":"0.4990"},{"v":0,"d":"0.0000"},1.6176,{"v":0,"d":"0.0000"},{"v":0,"d":"0.0000"},4.2733,2.6557]
["E9539","Equipamento de batimetria monofeixe",{"v":98336.416,"d":"98,336.4160"},6.3216,1.7335,{"v":0,"d":"0.0000"},{"v":3.512,"d":"3.5120"},{"v":0,"d":"0.0000"},27.6254,39.1925,35.6805]
["E9540","Trator sobre esteiras com lâmina - 127 kW",{"v":1268369.749,"d":"1,268,369.7490"},49.3255,21.7384,{"v":0,"d":"0.0000"},{"v":70.465,"d":"70.4650"},92.1377,28.3061,261.9727,{"v":99.37,"d":"99.3700"}]
["E9541","Trator sobre esteiras com lâmina - 259 kW",{"v":4858614.7084,"d":"4,858,614.7084"},188.9461,83.2713,{"v":0,"d":"0.0000"},{"v":269.923,"d":"269.9230"},187.9029,28.3061,758.3494,300.5235]
["E9543","Compressor de ar respirável para recarga de cilindros de mergulho com capacidade de até 35 MPa e 3,58 l/s - 5,52 kW",{"v":50641.0277,"d":"50,641.0277"},3.3761,0.9113,{"v":0,"d":"0.0000"},3.3761,{"v":0,"d":"0.0000"},{"v":0,"d":"0.0000"},7.6635,4.2874]
["E9544","Vassoura mecânica rebocável com largura de 2,44 m",{"v":68504.7153,"d":"68,504.7153"},6.1654,{"v":1.268,"d":"1.2680"},{"v":0,"d":"0.0000"},4.1103,{"v":0,"d":"0.0000"},{"v":0,"d":"0.0000"},11.5437,7.4334]
["E9545","Vibroacabadora de asfalto sobre esteiras - 82 kW",{"v":2468070.4115,"d":"2,468,070.4115"},123.4035,43.5086,{"v":0,"d":"0.0000"},158.6617,80.7371,37.1151,{"v":443.426,"d":"443.4260"},204.0272]
["E9547","Máquina de solda elétrica transformadora 250 A - 9,20 kW",994.8406,0.0796,0.0184,{"v":0,"d":"0.0000"},0.0796,{"v":0,"d":"0.0000"},{"v":0,"d":"0.0000"},0.1776,{"v":0.098,"d":"0.0980"}]
["E9548","Bomba centrífuga com capacidade de 7,1 a 22 m³/h - 1,50 kW",{"v":2445.1936,"d":"2,445.1936"},0.1956,0.0453,{"v":0,"d":"0.0000"},0.1712,{"v":0,"d":"0.0000"},{"v":0,"d":"0.0000"},0.4121,0.2409]
["E9551","Obturador mecânico simples com extensão de 12 m",{"v":4872.3295,"d":"4,872.3295"},0.4385,0.0902,{"v":0,"d":"0.0000"},0.2436,{"v":0,"d":"0.0000"},{"v":0,"d":"0.0000"},0.7723,0.5287]
["E9552","Nível ótico com capacidade de aumento de 32x",{"v":15447.515,"d":"15,447.5150"},1.2358,0.2859,{"v":0,"d":"0.0000"},0.7724,{"v":0,"d":"0.0000"},{"v":0,"d":"0.0000"},2.2941,1.5217]
["E9553","Estação total eletrônica com alcance máximo de 3.000 m",{"v":32001.3712,"d":"32,001.3712"},2.8801,0.5923,{"v":0,"d":"0.0000"},1.6001,{"v":0,"d":"0.0000"},{"v":0,"d":"0.0000"},5.0725,3.4724]
["E9556","Compactador manual de placa vibratória - 3,00 kW",{"v":10242.0231,"d":"10,242.0231"},0.6828,0.1843,{"v":0,"d":"0.0000"},0.6828,5.0844,{"v":0,"d":"0.0000"},6.6343,0.8671]
["E9558","Tanque de estocagem de asfalto com capacidade de 30.000 l",{"v":674751.1783,"d":"674,751.1783"},28.1146,9.7575,{"v":0,"d":"0.0000"},17.5716,{"v":0,"d":"0.0000"},{"v":0,"d":"0.0000"},55.4437,37.8721]
["E9559","Aquecedor de fluido térmico - 12 kW",{"v":683838.9835,"d":"683,838.9835"},30.7728,9.4934,{"v":0,"d":"0.0000"},20.5152,9.3278,{"v":0,"d":"0.0000"},70.1092,40.2662]
["E9560","Ônibus com capacidade para 80 passageiros - 175 kW",{"v":1170897.7479,"d":"1,170,897.7479"},50.1813,20.6413,8.3636,{"v":75.272,"d":"75.2720"},172.3048,24.8892,351.6522,104.0754]
["E9561","GPS geodésico de simples frequência (L1)",{"v":27922.9207,"d":"27,922.9207"},2.2338,0.5169,{"v":0,"d":"0.0000"},1.3961,{"v":0,"d":"0.0000"},{"v":0,"d":"0.0000"},4.1468,2.7507]
["E9562","GPS geodésico de dupla frequência (L1/L2)",{"v":60181.5241,"d":"60,181.5241"},4.8145,{"v":1.114,"d":"1.1140"},{"v":0,"d":"0.0000"},3.0091,{"v":0,"d":"0.0000"},{"v":0,"d":"0.0000"},8.9376,5.9285]
["E9563","Perfuratriz hidráulica sobre esteiras com clamshell - 220 kW",{"v":3069331.5,"d":"3,069,331.5000"},204.6221,55.2352,{"v":0,"d":"0.0000"},204.6221,114.0062,28.3061,606.7917,288.1634]
["E9565","Trator sobre esteiras com lâmina e escarificador - 259 kW",{"v":5021961.2493,"d":"5,021,961.2493"},195.2985,86.0708,{"v":0,"d":"0.0000"},278.9978,187.9029,28.3061,776.5761,309.6754]
["E9566","Guindaste móvel sobre esteiras com clamshell de 1,9 m³ - 220 kW",{"v":3889136.0362,"d":"3,889,136.0362"},136.1198,65.9889,{"v":0,"d":"0.0000"},194.4568,57.0031,37.1151,490.6837,239.2238]
["E9567","Fresadora de piso de concreto - 6,7 kW",{"v":18732.9464,"d":"18,732.9464"},1.4986,0.3467,{"v":0,"d":"0.0000"},1.4986,11.3552,{"v":0,"d":"0.0000"},14.6991,1.8453]
["E9568","Furadeira de impacto de 12,5 mm - 0,80 kW",{"v":1382.5064,"d":"1,382.5064"},0.1106,0.0256,{"v":0,"d":"0.0000"},0.0691,{"v":0,"d":"0.0000"},{"v":0,"d":"0.0000"},0.2053,0.1362]
["E9569","Guindaste móvel sobre esteiras com clamshell de 4,6 m³ - 403 kW",{"v":6050624.6165,"d":"6,050,624.6165"},73.5319,35.6472,{"v":0,"d":"0.0000"},105.0456,104.4193,74.2302,392.8742,183.4093]
["E9570","Furadeira com base magnética - 1,20 kW",{"v":6397.5328,"d":"6,397.5328"},0.3656,0.1128,{"v":0,"d":"0.0000"},0.2742,{"v":0,"d":"0.0000"},{"v":0,"d":"0.0000"},0.7526,0.4784]
["E9574","Perfuratriz sobre esteiras - 145 kW",{"v":1885839.3275,"d":"1,885,839.3275"},125.7226,33.9373,{"v":0,"d":"0.0000"},125.7226,112.7107,28.3061,426.3993,{"v":187.966,"d":"187.9660"}]
["E9576","Escavadeira hidráulica de longo alcance sobre esteiras - 103 kW",{"v":1217071.666,"d":"1,217,071.6660"},{"v":85.195,"d":"85.1950"},{"v":22.528,"d":"22.5280"},{"v":0,"d":"0.0000"},{"v":85.195,"d":"85.1950"},69.3883,28.3061,290.6124,136.0291]
["E9577","Trator agrícola sobre pneus - 77 kW",{"v":244806.0141,"d":"244,806.0141"},16.3204,4.4055,{"v":0,"d":"0.0000"},14.2804,71.8239,21.8232,128.6534,42.5491]
["E9578","Conjunto vibratório para meio tubo de concreto com encaixe PB e 3 jogos de fôrmas - D = 0,40 m - 2,20 kW",{"v":17350.9764,"d":"17,350.9764"},2.3135,0.5353,{"v":0,"d":"0.0000"},1.7351,{"v":0,"d":"0.0000"},{"v":0,"d":"0.0000"},4.5839,2.8488]
["E9580","Fresadora e distribuidora com controle de greide - 287 kW",{"v":2835064.379,"d":"2,835,064.3790"},165.3788,51.0193,{"v":0,"d":"0.0000"},236.2554,267.7073,37.1151,757.4759,253.5132]
["E9581","Carregadeira de pneus para rocha com capacidade de 1,72 m³ - 113 kW",{"v":703025.1782,"d":"703,025.1782"},70.3025,13.9425,{"v":0,"d":"0.0000"},70.3025,111.2597,28.3061,294.1133,112.5511]
["E9583","Distribuidor de agregados rebocável com capacidade de 1,9 m³",{"v":82165.1333,"d":"82,165.1333"},7.3949,1.5209,{"v":0,"d":"0.0000"},4.9299,{"v":0,"d":"0.0000"},{"v":0,"d":"0.0000"},13.8457,8.9158]
["E9584","Carregadeira de pneus com capacidade de 1,72 m³ - 113 kW",{"v":703025.1782,"d":"703,025.1782"},49.2118,{"v":13.013,"d":"13.0130"},{"v":0,"d":"0.0000"},49.2118,46.8462,28.3061,186.5889,90.5309]
["E9585","Motosserra com motor a gasolina - 2,30 kW",{"v":1822.6303,"d":"1,822.6303"},{"v":1.367,"d":"1.3670"},0.1874,{"v":0,"d":"0.0000"},{"v":1.367,"d":"1.3670"},3.8981,21.8232,28.6427,23.3776]
["E9586","Régua vibratória dupla com 4 m - 4,10 kW",{"v":5169.9287,"d":"5,169.9287"},0.4653,0.0957,{"v":0,"d":"0.0000"},0.3619,6.9487,{"v":0,"d":"0.0000"},7.8716,{"v":0.561,"d":"0.5610"}]
["E9587","Serra para corte de concreto - 4 kW",{"v":11764.4166,"d":"11,764.4166"},0.9412,0.2178,{"v":0,"d":"0.0000"},0.8235,6.7792,{"v":0,"d":"0.0000"},8.7617,{"v":1.159,"d":"1.1590"}]
["E9588","Vibroacabadora de concreto sobre esteiras com fôrmas deslizantes - 205 kW",{"v":4872084.1355,"d":"4,872,084.1355"},243.6042,85.8879,{"v":0,"d":"0.0000"},313.2054,201.8428,37.1151,881.6554,366.6072]
["E9589","Máquina texturizadora e aplicadora de cura química em pavimento de concreto - 44,80 kW",{"v":1230290.9517,"d":"1,230,290.9517"},61.5145,21.6883,{"v":0,"d":"0.0000"},61.5145,34.8237,28.3061,207.8471,111.5089]
["E9590","Central de concreto com capacidade de 40 m³/h - dosadora fixa",{"v":408671.8801,"d":"408,671.8801"},23.3527,7.2043,{"v":0,"d":"0.0000"},20.4336,{"v":0,"d":"0.0000"},37.1151,88.1057,67.6721]
["E9591","Serra para corte de concreto e asfalto - 10 kW",{"v":18010.5309,"d":"18,010.5309"},1.4408,0.3334,{"v":0,"d":"0.0000"},1.2607,16.9481,{"v":0,"d":"0.0000"},{"v":19.983,"d":"19.9830"},1.7742]
["E9593","Draga hopper com capacidade de 750 m³",{"v":114817052.3558,"d":"114,817,052.3558"},897.0082,645.6964,{"v":0,"d":"0.0000"},{"v":1993.3516,"d":"1,993.3516"},{"v":621.852,"d":"621.8520"},146.8269,{"v":4304.7351,"d":"4,304.7351"},{"v":1689.5315,"d":"1,689.5315"}]
["E9594","Draga hopper com capacidade de 1.000 m³",{"v":126602888.9902,"d":"126,602,888.9902"},989.0851,711.9764,{"v":0,"d":"0.0000"},{"v":2197.9668,"d":"2,197.9668"},746.2224,169.1402,{"v":4814.3909,"d":"4,814.3909"},{"v":1870.2017,"d":"1,870.2017"}]
["E9595","Draga hopper com capacidade de 2.000 m³",{"v":173746235.5276,"d":"173,746,235.5276"},{"v":1357.3925,"d":"1,357.3925"},977.0963,{"v":0,"d":"0.0000"},{"v":3016.4277,"d":"3,016.4277"},{"v":1305.8892,"d":"1,305.8892"},169.1402,{"v":6825.9459,"d":"6,825.9459"},{"v":2503.629,"d":"2,503.6290"}]
["E9596","Draga hopper com capacidade de 3.000 m³",{"v":220889582.0651,"d":"220,889,582.0651"},{"v":1725.6999,"d":"1,725.6999"},{"v":1242.2163,"d":"1,242.2163"},{"v":0,"d":"0.0000"},{"v":3834.8886,"d":"3,834.8886"},{"v":1865.556,"d":"1,865.5560"},{"v":305.173,"d":"305.1730"},{"v":8973.5338,"d":"8,973.5338"},{"v":3273.0892,"d":"3,273.0892"}]
["E9597","Draga hopper com capacidade de 4.000 m³",{"v":268032928.6025,"d":"268,032,928.6025"},{"v":2094.0073,"d":"2,094.0073"},{"v":1507.3362,"d":"1,507.3362"},{"v":0,"d":"0.0000"},{"v":4653.3495,"d":"4,653.3495"},{"v":2425.2228,"d":"2,425.2228"},351.3656,{"v":11031.2814,"d":"11,031.2814"},{"v":3952.7091,"d":"3,952.7091"}]
["E9598","Draga hopper com capacidade de 5.000 m³",{"v":315176275.1398,"d":"315,176,275.1398"},{"v":2462.3146,"d":"2,462.3146"},{"v":1772.4562,"d":"1,772.4562"},{"v":0,"d":"0.0000"},{"v":5471.8103,"d":"5,471.8103"},{"v":2984.8896,"d":"2,984.8896"},351.3656,{"v":13042.8363,"d":"13,042.8363"},{"v":4586.1364,"d":"4,586.1364"}]
["E9599","Central de concreto com capacidade de 30 m³/h - dosadora RS",{"v":246619.4686,"d":"246,619.4686"},14.0925,4.3475,{"v":0,"d":"0.0000"},{"v":12.331,"d":"12.3310"},{"v":0,"d":"0.0000"},37.1151,67.8861,55.5551]
["E9601","Embarcação de transporte de pessoal e apoio logístico - 130 kW",{"v":464581.7361,"d":"464,581.7361"},7.2591,2.7371,{"v":0,"d":"0.0000"},8.0657,251.7996,33.0513,302.9128,43.0475]
["E9603","Embarcação empurradora multipropósito com guindaste hidráulico de 74 kN.m - 165 kW",{"v":2068054.0731,"d":"2,068,054.0731"},26.9278,11.9993,{"v":0,"d":"0.0000"},59.8395,162.4588,118.2557,379.4811,157.1828]
["E9606","Embarcação rebocadora - 2 x 268 kW",{"v":1110580.7573,"d":"1,110,580.7573"},14.4607,6.4438,{"v":0,"d":"0.0000"},32.1349,528.7297,118.2557,700.0248,139.1602]
["E9607","Conjunto de britagem para rachão com capacidade de 80 m³/h - 224 kW",{"v":2398327.5657,"d":"2,398,327.5657"},137.0473,42.2791,{"v":0,"d":"0.0000"},102.7855,{"v":0,"d":"0.0000"},37.1151,{"v":319.227,"d":"319.2270"},216.4415]
["E9609","Draga de sucção para extração de areia com tubo de descarga de 150 mm - 100 kW",{"v":631611.626,"d":"631,611.6260"},4.9345,{"v":3.552,"d":"3.5520"},{"v":0,"d":"0.0000"},10.9655,77.7315,35.7006,132.8841,44.1871]
["E9610","Compressor de ar portátil de 42,48 l/s (90 PCM) - 18,50 kW",{"v":113293.1642,"d":"113,293.1642"},7.5529,2.0388,{"v":0,"d":"0.0000"},7.5529,16.2977,{"v":0,"d":"0.0000"},33.4423,9.5917]
["E9611","Conjunto de britagem com capacidade de 80 m³/h - 313 kW",{"v":8563869.6256,"d":"8,563,869.6256"},{"v":489.364,"d":"489.3640"},150.9688,{"v":0,"d":"0.0000"},{"v":367.023,"d":"367.0230"},{"v":0,"d":"0.0000"},37.1151,{"v":1044.4709,"d":"1,044.4709"},677.4479]
["E9612","Plataforma flutuante montada na obra de 12 x 24 x 1,8 m com capacidade de 150 t",{"v":724610.4532,"d":"724,610.4532"},{"v":5.661,"d":"5.6610"},{"v":4.075,"d":"4.0750"},{"v":0,"d":"0.0000"},{"v":9.435,"d":"9.4350"},{"v":0,"d":"0.0000"},44.6266,63.7976,54.3626]
["E9613","Guindaste móvel sobre esteiras com pinça com capacidade de 40 t - 186 kW",{"v":6848555.3298,"d":"6,848,555.3298"},239.6994,116.2029,{"v":0,"d":"0.0000"},342.4278,48.1935,37.1151,783.6387,393.0174]
["E9614","Bomba com capacidade de 136 m³/h e câmara de vácuo - 5,60 kW",{"v":10156.9169,"d":"10,156.9169"},0.8126,{"v":0.188,"d":"0.1880"},{"v":0,"d":"0.0000"},{"v":0.711,"d":"0.7110"},{"v":0,"d":"0.0000"},{"v":0,"d":"0.0000"},1.7116,1.0006]
["E9615","Usina misturadora de solos com capacidade de 300 t/h - 44 kW",{"v":1490002.509,"d":"1,490,002.5090"},{"v":85.143,"d":"85.1430"},26.2666,{"v":0,"d":"0.0000"},74.5001,{"v":0,"d":"0.0000"},28.3061,214.2158,139.7157]
["E9617","Usina misturadora de pré-misturado a frio com capacidade de 60 t/h - 23,50 kW",{"v":217162.9088,"d":"217,162.9088"},12.4093,3.8283,{"v":0,"d":"0.0000"},10.8581,{"v":0,"d":"0.0000"},28.3061,55.4018,44.5437]
["E9618","Batelão autopropelido com capacidade de 300 m³ - 224 kW",{"v":20964092.7524,"d":"20,964,092.7524"},{"v":163.782,"d":"163.7820"},117.8957,{"v":0,"d":"0.0000"},363.9599,69.6474,94.3764,809.6614,376.0541]
["E9619","Batelão autopropelido com capacidade de 500 m³ - 373 kW",{"v":25718032.896,"d":"25,718,032.8960"},200.9221,144.6304,{"v":0,"d":"0.0000"},446.4936,115.9754,94.3764,{"v":1002.3979,"d":"1,002.3979"},439.9289]
["E9620","Pontão flutuante de 15 x 30 x 1,8 m com capacidade de 500 t",{"v":3576303.4896,"d":"3,576,303.4896"},27.9399,20.1121,{"v":0,"d":"0.0000"},46.5665,{"v":0,"d":"0.0000"},22.3133,116.9318,70.3653]
["E9621","Bomba de injeção de argamassa e nata com capacidade de 1,08 m³/h (18 l/min) e misturador com tambor de 0,100 m³ - 6,20 kW",{"v":45732.362,"d":"45,732.3620"},3.6586,0.8465,{"v":0,"d":"0.0000"},3.6586,{"v":0,"d":"0.0000"},21.8232,29.9869,26.3283]
["E9622","Máquina de bancada universal para corte de chapa - 1,50 kW",{"v":98105.9852,"d":"98,105.9852"},5.6061,1.7295,{"v":0,"d":"0.0000"},4.2045,{"v":0,"d":"0.0000"},{"v":0,"d":"0.0000"},11.5401,7.3356]
["E9623","Máquina de bancada guilhotina - 4,00 kW",{"v":126368.2722,"d":"126,368.2722"},{"v":7.221,"d":"7.2210"},2.2277,{"v":0,"d":"0.0000"},5.4158,{"v":0,"d":"0.0000"},{"v":0,"d":"0.0000"},14.8645,9.4487]
["E9624","Draga hopper com capacidade de 10.000 m³",{"v":550893007.8268,"d":"550,893,007.8268"},{"v":4303.8516,"d":"4,303.8516"},{"v":3098.0559,"d":"3,098.0559"},{"v":0,"d":"0.0000"},{"v":9564.1147,"d":"9,564.1147"},{"v":5099.1864,"d":"5,099.1864"},468.0553,{"v":22533.2639,"d":"22,533.2639"},{"v":7869.9628,"d":"7,869.9628"}]
["E9625","Draga hopper com capacidade de 15.000 m³",{"v":786609740.5138,"d":"786,609,740.5138"},{"v":6145.3886,"d":"6,145.3886"},{"v":4423.6556,"d":"4,423.6556"},{"v":0,"d":"0.0000"},{"v":13656.4191,"d":"13,656.4191"},{"v":7337.8536,"d":"7,337.8536"},490.9883,{"v":32054.3052,"d":"32,054.3052"},{"v":11060.0325,"d":"11,060.0325"}]
["E9626","Draga hopper com capacidade de 20.000 m³",{"v":1022326473.2007,"d":"1,022,326,473.2007"},{"v":7986.9256,"d":"7,986.9256"},{"v":5749.2553,"d":"5,749.2553"},{"v":0,"d":"0.0000"},{"v":17748.7235,"d":"17,748.7235"},{"v":9638.706,"d":"9,638.7060"},513.3016,{"v":41636.912,"d":"41,636.9120"},{"v":14249.4825,"d":"14,249.4825"}]
["E9627","Embarcação hotel com capacidade para 15 pessoas - 199 kW",{"v":2198709.0846,"d":"2,198,709.0846"},22.9032,10.2059,{"v":0,"d":"0.0000"},{"v":50.896,"d":"50.8960"},195.9352,46.1926,326.1329,79.3017]
["E9628","Fábrica de pré-moldado de concreto para balizador - 2,20 kW",{"v":14057.6941,"d":"14,057.6941"},1.8744,0.4337,{"v":0,"d":"0.0000"},1.4058,{"v":0,"d":"0.0000"},{"v":0,"d":"0.0000"},3.7139,2.3081]
["E9629","Compressor de ar portátil de 185,95 l/s (394 PCM) - 81,50 kW",{"v":315447.0455,"d":"315,447.0455"},21.0298,5.6767,{"v":0,"d":"0.0000"},21.0298,{"v":71.798,"d":"71.7980"},{"v":0,"d":"0.0000"},119.5343,26.7065]
["E9630","Bomba submersível com capacidade de 75 m³/h - 3,6 kW",{"v":5261.0994,"d":"5,261.0994"},0.4209,0.0974,{"v":0,"d":"0.0000"},0.3683,{"v":0,"d":"0.0000"},{"v":0,"d":"0.0000"},0.8866,0.5183]
["E9631","Bomba para concreto projetado via seca com capacidade de 6 m³/h - 7,5 kW",{"v":230100.1031,"d":"230,100.1031"},{"v":18.408,"d":"18.4080"},4.2592,{"v":0,"d":"0.0000"},{"v":16.107,"d":"16.1070"},{"v":0,"d":"0.0000"},37.1151,75.8893,59.7823]
["E9632","Conjunto vibratório para tubos de concreto com encaixe PB e 3 jogos de fôrmas - D = 0,20 m - 2,20 kW",{"v":50418.8704,"d":"50,418.8704"},6.7225,1.5554,{"v":0,"d":"0.0000"},5.0419,{"v":0,"d":"0.0000"},{"v":0,"d":"0.0000"},13.3198,8.2779]
["E9633","Conjunto vibratório para tubos de concreto com encaixe PB e 3 jogos de fôrmas - D = 0,30 m - 2,20 kW",{"v":57957.8784,"d":"57,957.8784"},7.7277,{"v":1.788,"d":"1.7880"},{"v":0,"d":"0.0000"},5.7958,{"v":0,"d":"0.0000"},{"v":0,"d":"0.0000"},15.3115,9.5157]
["E9634","Conjunto vibratório para tubos de concreto com encaixe PB e 3 jogos de fôrmas - D = 0,40 m - 2,20 kW",{"v":63835.062,"d":"63,835.0620"},8.5113,1.9693,{"v":0,"d":"0.0000"},6.3835,{"v":0,"d":"0.0000"},{"v":0,"d":"0.0000"},16.8641,10.4806]
["E9635","Draga de sucção e recalque com potência da bomba de 294 kW e cortador de 30 kW",{"v":4272511.8769,"d":"4,272,511.8769"},{"v":33.379,"d":"33.3790"},24.0273,{"v":0,"d":"0.0000"},74.1756,228.5306,58.0139,418.1264,115.4202]
["E9636","Draga de sucção e recalque com potência da bomba de 483 kW e cortador de 55 kW",{"v":7197096.2656,"d":"7,197,096.2656"},56.2273,40.4743,{"v":0,"d":"0.0000"},124.9496,375.4431,58.0139,655.1082,154.7155]
["E9637","Draga de sucção e recalque com potência da bomba de 746 kW e cortador de 110 kW",{"v":13538569.8921,"d":"13,538,569.8921"},105.7701,76.1368,{"v":0,"d":"0.0000"},235.0446,{"v":579.877,"d":"579.8770"},80.3272,{"v":1077.1557,"d":"1,077.1557"},262.2341]
["E9638","Draga de sucção e recalque com potência da bomba de 1.350 kW e cortador de 170 kW",{"v":20691344.3327,"d":"20,691,344.3327"},161.6511,116.3619,{"v":0,"d":"0.0000"},359.2247,{"v":1049.3753,"d":"1,049.3753"},80.3272,{"v":1766.9402,"d":"1,766.9402"},358.3402]
["E9639","Embarcação hotel com capacidade para 30 pessoas - 2 x 112 kW",{"v":3509107.9459,"d":"3,509,107.9459"},36.5532,16.2885,{"v":0,"d":"0.0000"},81.2294,220.5502,118.2557,{"v":472.877,"d":"472.8770"},171.0974]
["E9640","Compressor de ar portátil de 33,51 l/s (71 PCM) - 14 kW",{"v":97430.2841,"d":"97,430.2841"},6.4954,1.7533,{"v":0,"d":"0.0000"},6.4954,12.3334,{"v":0,"d":"0.0000"},27.0775,8.2487]
["E9641","Compressor de ar portátil de 75,04 l/s (159 PCM) - 33 kW",{"v":146338.0356,"d":"146,338.0356"},9.7559,2.6335,{"v":0,"d":"0.0000"},9.7559,29.0716,{"v":0,"d":"0.0000"},51.2169,12.3894]
["E9642","Perfuratriz hidráulica sobre esteiras para estaca raiz - 56 kW",{"v":1475204.6278,"d":"1,475,204.6278"},{"v":98.347,"d":"98.3470"},26.5475,{"v":0,"d":"0.0000"},{"v":98.347,"d":"98.3470"},29.0198,28.3061,280.5674,153.2006]
["E9643","Equipamento para pintura a ar comprimido de pistola com caneca com capacidade de 1.000 ml e compressor de 1,50 kW",{"v":2989.613,"d":"2,989.6130"},0.2691,0.0553,{"v":0,"d":"0.0000"},0.1495,{"v":0,"d":"0.0000"},{"v":0,"d":"0.0000"},0.4739,0.3244]
["E9646","Compressor de ar portátil de 58,52 l/s (124 PCM) - 27 kW",{"v":142074.2516,"d":"142,074.2516"},9.4716,2.5567,{"v":0,"d":"0.0000"},9.4716,23.7858,{"v":0,"d":"0.0000"},45.2857,12.0283]
["E9647","Compactador manual com soquete vibratório - 4,10 kW",{"v":12775.3114,"d":"12,775.3114"},0.8517,0.2299,{"v":0,"d":"0.0000"},0.8517,6.9487,{"v":0,"d":"0.0000"},{"v":8.882,"d":"8.8820"},1.0816]
["E9648","Compressor de ar portátil de 422,86 l/s (896 PCM) - 213 kW",{"v":630896.3526,"d":"630,896.3526"},42.0598,11.3535,{"v":0,"d":"0.0000"},42.0598,187.6438,{"v":0,"d":"0.0000"},283.1169,53.4133]
["E9649","Compressor de ar portátil de 94,39 l/s (200 PCM) - 36 kW",{"v":157822.2561,"d":"157,822.2561"},10.5215,2.8401,{"v":0,"d":"0.0000"},10.5215,31.7145,{"v":0,"d":"0.0000"},55.5976,13.3616]
["E9651","Guindaste móvel sobre esteiras com Hammer Grab - 186 kW",{"v":3916646.606,"d":"3,916,646.6060"},137.0826,66.4557,{"v":0,"d":"0.0000"},195.8323,48.1935,37.1151,484.6792,240.6534]
["E9652","Compressor de ar portátil de 540,85 l/s (1.146 PCM) - 331,10 kW",{"v":903173.8282,"d":"903,173.8282"},60.2116,16.2534,{"v":0,"d":"0.0000"},60.2116,291.6849,{"v":0,"d":"0.0000"},428.3615,{"v":76.465,"d":"76.4650"}]
["E9653","Guindaste móvel sobre esteiras com trado para escavação em solos - 186 kW",{"v":5330971.183,"d":"5,330,971.1830"},{"v":186.584,"d":"186.5840"},90.4533,{"v":0,"d":"0.0000"},266.5486,48.1935,37.1151,628.8945,314.1524]
["E9654","Guindaste móvel sobre esteiras com trado com bits escavação em rocha - 186 kW",{"v":5330971.183,"d":"5,330,971.1830"},{"v":186.584,"d":"186.5840"},90.4533,{"v":0,"d":"0.0000"},266.5486,48.1935,37.1151,628.8945,314.1524]
["E9656","Guindaste móvel sobre esteiras com caçamba para escavação em solos - 186 kW",{"v":5314076.3628,"d":"5,314,076.3628"},185.9927,90.1666,{"v":0,"d":"0.0000"},265.7038,48.1935,37.1151,627.1717,313.2744]
["E9657","Guindaste móvel sobre esteiras com caçamba para escavação em rocha - 186 kW",{"v":5314076.3628,"d":"5,314,076.3628"},185.9927,90.1666,{"v":0,"d":"0.0000"},265.7038,48.1935,37.1151,627.1717,313.2744]
["E9660","Guindaste móvel sobre esteiras com capacidade de 40 t - 186 kW",{"v":3391045.1182,"d":"3,391,045.1182"},118.6866,57.5376,{"v":0,"d":"0.0000"},169.5523,48.1935,37.1151,431.0851,213.3393]
["E9661","Compressor de ar portátil de 89,67 l/s (190 PCM) - 36 kW",{"v":152864.8255,"d":"152,864.8255"},{"v":10.191,"d":"10.1910"},2.7509,{"v":0,"d":"0.0000"},{"v":10.191,"d":"10.1910"},31.7145,{"v":0,"d":"0.0000"},54.8474,12.9419]
["E9662","Equipamento para solda e corte com oxiacetileno",{"v":5933.259,"d":"5,933.2590"},0.4747,0.1098,{"v":0,"d":"0.0000"},0.4747,{"v":0,"d":"0.0000"},{"v":0,"d":"0.0000"},1.0592,0.5845]
["E9664","Guindaste móvel sobre esteiras com capacidade de 80 t - 212 kW",{"v":5805380.5611,"d":"5,805,380.5611"},203.1883,98.5028,{"v":0,"d":"0.0000"},{"v":290.269,"d":"290.2690"},54.9303,37.1151,684.0055,338.8062]
["E9668","Mesa vibratória - 2,20 kW",{"v":13450.7589,"d":"13,450.7589"},1.7934,{"v":0.415,"d":"0.4150"},{"v":0,"d":"0.0000"},1.3451,{"v":0,"d":"0.0000"},{"v":0,"d":"0.0000"},3.5535,2.2084]
["E9671","Compressor de ar portátil de 363,87 l/s (771 PCM) - 158,13 kW",{"v":549987.4382,"d":"549,987.4382"},36.6658,9.8975,{"v":0,"d":"0.0000"},36.6658,139.3057,{"v":0,"d":"0.0000"},222.5348,46.5633]
["E9673","Equipamento de batimetria multifeixe",{"v":1906279.2952,"d":"1,906,279.2952"},61.2733,16.8025,{"v":0,"d":"0.0000"},68.0814,{"v":0,"d":"0.0000"},55.2508,{"v":201.408,"d":"201.4080"},133.3266]
["E9674","Equipamento de medição de descarga líquida com ADCP",{"v":391749.2952,"d":"391,749.2952"},12.5919,{"v":3.453,"d":"3.4530"},{"v":0,"d":"0.0000"},{"v":13.991,"d":"13.9910"},{"v":0,"d":"0.0000"},55.2508,85.2867,71.2957]
["E9675","Martelete perfurador/rompedor elétrico - 1,50 kW",{"v":4891.8867,"d":"4,891.8867"},0.3914,0.0905,{"v":0,"d":"0.0000"},0.3914,{"v":0,"d":"0.0000"},{"v":0,"d":"0.0000"},0.8733,0.4819]
["E9676","Embarcação de transporte de pessoal e apoio logístico - 90 kW",{"v":483078.3112,"d":"483,078.3112"},7.5481,2.8461,{"v":0,"d":"0.0000"},8.3868,174.3228,33.0513,226.1551,43.4455]
["E9677","Martelete perfurador/rompedor a ar comprimido de 10 kg com capacidade de 1.800 gpm",{"v":18665.6827,"d":"18,665.6827"},1.4933,0.3455,{"v":0,"d":"0.0000"},1.4933,{"v":0,"d":"0.0000"},21.8232,25.1553,{"v":23.662,"d":"23.6620"}]
["E9678","Fresadora a frio - 455 kW",{"v":5734959.9272,"d":"5,734,959.9272"},334.5393,103.2054,{"v":0,"d":"0.0000"},477.9133,{"v":424.414,"d":"424.4140"},37.1151,{"v":1377.1871,"d":"1,377.1871"},474.8598]
["E9681","Rolo compactador liso tandem vibratório autopropelido de 10,4 t - 82 kW",{"v":786020.5758,"d":"786,020.5758"},52.4014,14.1451,{"v":0,"d":"0.0000"},52.4014,114.7317,28.3061,261.9857,94.8526]
["E9682","Rolo compactador liso tandem vibratório autopropelido de 1,6 t - 18 kW",{"v":249737.0353,"d":"249,737.0353"},16.6491,4.4942,{"v":0,"d":"0.0000"},16.6491,{"v":25.185,"d":"25.1850"},28.3061,91.2835,49.4494]
["E9683","Martelete perfurador/rompedor elétrico - 0,90 kW",{"v":5302.1839,"d":"5,302.1839"},0.4242,0.0981,{"v":0,"d":"0.0000"},0.4242,{"v":0,"d":"0.0000"},{"v":0,"d":"0.0000"},0.9465,0.5223]
["E9684","Veículo leve picape 4 x 4 com capacidade de 1,10 t - 147 kW",{"v":333524.6674,"d":"333,524.6674"},20.0115,6.1735,2.5014,20.0115,38.0884,23.0109,109.7972,51.6973]
["E9685","Rolo compactador pé de carneiro vibratório autopropelido por pneus de 11,6 t - 82 kW",{"v":679817.6544,"d":"679,817.6544"},45.3212,12.2339,{"v":0,"d":"0.0000"},45.3212,67.9892,28.3061,199.1716,85.8612]
["E9689","Usina de asfalto a quente gravimétrica com capacidade de 100/140 t/h - 260 kW",{"v":8630500.3153,"d":"8,630,500.3153"},{"v":431.525,"d":"431.5250"},152.1434,{"v":0,"d":"0.0000"},554.8179,{"v":0,"d":"0.0000"},37.1151,{"v":1175.6014,"d":"1,175.6014"},620.7835]
["E9691","Guincho tracionador de cordoalhas - 7,50 kW",{"v":391486.22,"d":"391,486.2200"},31.3189,7.2464,{"v":0,"d":"0.0000"},19.5743,{"v":0,"d":"0.0000"},21.8232,79.9628,60.3885]
["E9692","Caldeira para aquecimento e injeção de cera - 1 kW",{"v":108534.4563,"d":"108,534.4563"},6.9772,1.9133,{"v":0,"d":"0.0000"},2.3257,{"v":0,"d":"0.0000"},21.8232,33.0394,30.7137]
["E9694","Misturador de argamassa de alta turbulência com capacidade de 220 l - 13 kW",{"v":24915.6283,"d":"24,915.6283"},1.9933,0.4612,{"v":0,"d":"0.0000"},1.7441,{"v":0,"d":"0.0000"},21.8232,26.0218,24.2777]
["E9697","Minicarregadeira de pneus com vassoura de 1,68 m - 45,50 kW",{"v":420648.3091,"d":"420,648.3091"},29.4454,7.7862,{"v":0,"d":"0.0000"},29.4454,58.9464,28.3061,153.9295,65.5377]
["E9699","Trituradora de galhos e troncos rebocável com capacidade de até 350 mm de diâmetro com guincho - 96,94 kW",{"v":374811.8463,"d":"374,811.8463"},42.1663,13.0083,{"v":0,"d":"0.0000"},46.8515,75.3529,21.8232,199.2022,76.9978]
["E9700","Fresadora a frio - 155 kW",{"v":3316173.4748,"d":"3,316,173.4748"},193.4435,59.6773,{"v":0,"d":"0.0000"},276.3478,144.5806,37.1151,711.1643,290.2359]
["E9701","Jateador pressurizado multiabrasivo com capacidade de 280 l",{"v":24295.9637,"d":"24,295.9637"},2.1866,0.4497,{"v":0,"d":"0.0000"},2.1866,{"v":0,"d":"0.0000"},21.8232,26.6461,24.4595]
["E9703","Fábrica de pré-moldado de concreto para mourão - 2,20 kW",{"v":14057.6941,"d":"14,057.6941"},1.8744,0.4337,{"v":0,"d":"0.0000"},1.4058,{"v":0,"d":"0.0000"},{"v":0,"d":"0.0000"},3.7139,2.3081]
["E9704","Batelão sem propulsão montado na obra com capacidade de 66 m³",{"v":242277.3895,"d":"242,277.3895"},1.8928,1.3625,{"v":0,"d":"0.0000"},3.1547,{"v":0,"d":"0.0000"},22.3133,28.7233,25.5686]
["E9705","Misturador de lama bentonítica - 4 kW",{"v":16059.1383,"d":"16,059.1383"},1.2847,0.2973,{"v":0,"d":"0.0000"},1.1241,{"v":0,"d":"0.0000"},21.8232,24.5293,23.4052]
["E9706","Martelete perfurador/rompedor a ar comprimido de 28 kg para concreto com capacidade de 1.230 gpm",{"v":24158.2896,"d":"24,158.2896"},1.9327,0.4472,{"v":0,"d":"0.0000"},1.9327,{"v":0,"d":"0.0000"},21.8232,26.1358,24.2031]
["E9707","Desarenador - 15 kW",{"v":13452.8494,"d":"13,452.8494"},1.0762,{"v":0.249,"d":"0.2490"},{"v":0,"d":"0.0000"},1.0762,{"v":0,"d":"0.0000"},21.8232,24.2246,23.1484]
["E9708","Microtrator com roçadeira - 10 kW",{"v":50280.706,"d":"50,280.7060"},{"v":3.352,"d":"3.3520"},0.9048,{"v":0,"d":"0.0000"},{"v":2.933,"d":"2.9330"},7.7732,21.8232,36.7862,{"v":26.08,"d":"26.0800"}]
["E9710","Socadora automática de linha - 253 kW",{"v":30804373.8313,"d":"30,804,373.8313"},{"v":1232.175,"d":"1,232.1750"},522.6732,{"v":0,"d":"0.0000"},{"v":1232.175,"d":"1,232.1750"},157.3286,74.2302,{"v":3218.582,"d":"3,218.5820"},{"v":1829.0784,"d":"1,829.0784"}]
["E9712","Reguladora e distribuidora de lastro - 300 kW",{"v":15414121.4632,"d":"15,414,121.4632"},616.5649,261.5391,{"v":0,"d":"0.0000"},616.5649,186.5556,74.2302,{"v":1755.4547,"d":"1,755.4547"},952.3342]
["E9714","Bate-estaca com martelo hidráulico - 450 kW",{"v":3174045.8018,"d":"3,174,045.8018"},{"v":181.374,"d":"181.3740"},55.9539,{"v":0,"d":"0.0000"},136.0305,303.1529,28.3061,704.8174,{"v":265.634,"d":"265.6340"}]
["E9716","Conjunto bomba e macaco hidráulico para protensão com capacidade de 590 kN - 3,70 kW",{"v":15348.8665,"d":"15,348.8665"},0.8771,0.2706,{"v":0,"d":"0.0000"},0.8771,{"v":0,"d":"0.0000"},37.1151,39.1399,38.2628]
["E9717","Máquina policorte - 2,20 kW",{"v":954.148,"d":"954.1480"},0.0859,0.0177,{"v":0,"d":"0.0000"},0.0477,{"v":0,"d":"0.0000"},{"v":0,"d":"0.0000"},0.1513,0.1036]
["E9718","Pórtico duplo de descarga e posicionamento de dormente - 89 kW",{"v":9738397.7588,"d":"9,738,397.7588"},389.5359,165.2363,{"v":0,"d":"0.0000"},292.1519,55.3448,74.2302,976.4991,629.0024]
["E9719","Talha manual com capacidade de 3 t",{"v":6976.4312,"d":"6,976.4312"},0.2791,0.1184,{"v":0,"d":"0.0000"},0.1744,{"v":0,"d":"0.0000"},{"v":0,"d":"0.0000"},0.5719,0.3975]
["E9720","Conjunto bomba e macaco hidráulico para protensão com capacidade de 250 kN - 3,70 kW",{"v":12132.4508,"d":"12,132.4508"},0.6933,0.2139,{"v":0,"d":"0.0000"},0.6933,{"v":0,"d":"0.0000"},37.1151,38.7156,38.0223]
["E9721","Conjunto bomba e macaco hidráulico para protensão com capacidade de 1.150 kN - 5 kW",{"v":25227.8006,"d":"25,227.8006"},1.4416,0.4447,{"v":0,"d":"0.0000"},1.4416,{"v":0,"d":"0.0000"},37.1151,{"v":40.443,"d":"40.4430"},39.0014]
["E9722","Conjunto bomba e macaco hidráulico para protensão com capacidade de 2.000 kN - 5 kW",{"v":40242.3263,"d":"40,242.3263"},2.2996,0.7094,{"v":0,"d":"0.0000"},2.2996,{"v":0,"d":"0.0000"},37.1151,42.4237,40.1241]
["E9723","Conjunto bomba e macaco hidráulico para protensão com capacidade de 2.500 kN - 7 kW",{"v":47553.1016,"d":"47,553.1016"},2.7173,0.8383,{"v":0,"d":"0.0000"},2.7173,{"v":0,"d":"0.0000"},37.1151,{"v":43.388,"d":"43.3880"},40.6707]
["E9724","Conjunto bomba e macaco hidráulico para protensão com capacidade de 4.000 kN - 10 kW",{"v":50849.4652,"d":"50,849.4652"},2.9057,0.8964,{"v":0,"d":"0.0000"},2.9057,{"v":0,"d":"0.0000"},37.1151,43.8229,40.9172]
["E9725","Conjunto bomba e macaco hidráulico para protensão com capacidade de 5.400 kN - 10 kW",{"v":54465.4958,"d":"54,465.4958"},3.1123,0.9601,{"v":0,"d":"0.0000"},3.1123,{"v":0,"d":"0.0000"},37.1151,44.2998,41.1875]
["E9726","Bate-estaca Strauss - 15 kW",{"v":142364.1333,"d":"142,364.1333"},8.1351,2.5097,{"v":0,"d":"0.0000"},6.1013,10.1051,28.3061,55.1573,38.9509]
["E9727","Posicionadora de trilhos - 7,40 kW",{"v":555789.9731,"d":"555,789.9731"},31.7594,9.7978,{"v":0,"d":"0.0000"},27.7895,4.6017,{"v":0,"d":"0.0000"},73.9484,41.5572]
["E9728","Tirefonadora/parafusadora portátil - 3,10 kW",{"v":51315.9153,"d":"51,315.9153"},4.1053,0.9499,{"v":0,"d":"0.0000"},4.1053,4.2031,{"v":0,"d":"0.0000"},13.3636,5.0552]
["E9729","Equipamento para pintura eletrostática com cabine simples de 5,50 kW e estufa de 2x120.000 kCal",{"v":140841.7697,"d":"140,841.7697"},10.7308,2.8966,{"v":0,"d":"0.0000"},10.7308,{"v":0,"d":"0.0000"},{"v":0,"d":"0.0000"},24.3582,13.6274]
["E9730","Grupo vibrador com gerador - 2,80 kW",{"v":75366.9764,"d":"75,366.9764"},3.7683,1.3286,{"v":0,"d":"0.0000"},2.6917,3.7964,{"v":0,"d":"0.0000"},{"v":11.585,"d":"11.5850"},5.0969]
["E9731","Máquina de furar dormente portátil - 1,50 kW",{"v":67824.8488,"d":"67,824.8488"},{"v":5.426,"d":"5.4260"},1.2554,{"v":0,"d":"0.0000"},{"v":5.426,"d":"5.4260"},2.0338,{"v":0,"d":"0.0000"},14.1412,6.6814]
["E9732","Máquina para furar dormente - 6,70 kW",{"v":77711.2615,"d":"77,711.2615"},6.2169,1.4384,{"v":0,"d":"0.0000"},6.2169,9.0842,{"v":0,"d":"0.0000"},22.9564,7.6553]
["E9733","Máquina tirefonadora e parafusadora - 6,70 kW",{"v":80899.6856,"d":"80,899.6856"},{"v":6.472,"d":"6.4720"},1.4975,{"v":0,"d":"0.0000"},{"v":6.472,"d":"6.4720"},9.0842,{"v":0,"d":"0.0000"},23.5257,7.9695]
["E9734","Bomba projetora de argamassa com capacidade de 2 m³/h - 5,50 kW",{"v":176116.488,"d":"176,116.4880"},14.0893,3.2599,{"v":0,"d":"0.0000"},12.3282,{"v":0,"d":"0.0000"},21.8232,51.5006,39.1724]
["E9735","Máquina para serrar trilho - 5,00 kW",{"v":25377.1951,"d":"25,377.1951"},2.0302,0.4697,{"v":0,"d":"0.0000"},2.0302,6.7792,{"v":0,"d":"0.0000"},11.3093,2.4999]
["E9736","Máquina para furar trilho - 1,20 kW",{"v":40517.3079,"d":"40,517.3079"},3.2414,{"v":0.75,"d":"0.7500"},{"v":0,"d":"0.0000"},3.2414,{"v":1.627,"d":"1.6270"},{"v":0,"d":"0.0000"},8.8598,3.9914]
["E9737","Conjunto para pré-aquecimento de trilho em solda aluminotérmica",{"v":3914.4954,"d":"3,914.4954"},0.3132,0.0725,{"v":0,"d":"0.0000"},0.3132,{"v":0,"d":"0.0000"},{"v":0,"d":"0.0000"},0.6989,0.3857]
["E9738","Máquina de esmerilhar topo e lateral de boleto - 5,20 kW",{"v":83496.4135,"d":"83,496.4135"},6.6797,1.5455,{"v":0,"d":"0.0000"},6.6797,7.0504,{"v":0,"d":"0.0000"},21.9553,8.2252]
["E9742","Trator agrícola sobre pneus com roçadeira articulada e capacidade de 1,12 m - 77 kW",{"v":520919.9812,"d":"520,919.9812"},{"v":34.728,"d":"34.7280"},9.3744,{"v":0,"d":"0.0000"},{"v":30.387,"d":"30.3870"},71.8239,21.8232,168.1365,65.9256]
["E9745","Trator agrícola sobre pneus com roçadeira de arraste e capacidade de 1,50 m - 77 kW",{"v":266253.2527,"d":"266,253.2527"},17.7502,4.7914,{"v":0,"d":"0.0000"},15.5314,71.8239,21.8232,131.7201,44.3648]
["E9746","Conjunto bomba e prensa para luva de emenda de 25 mm",{"v":25276.1157,"d":"25,276.1157"},2.0221,0.4679,{"v":0,"d":"0.0000"},1.2638,{"v":0,"d":"0.0000"},21.8232,{"v":25.577,"d":"25.5770"},24.3132]
["E9747","Conjunto bomba e prensa para luva de emenda de 32 mm",{"v":26539.9125,"d":"26,539.9125"},2.1232,0.4913,{"v":0,"d":"0.0000"},{"v":1.327,"d":"1.3270"},{"v":0,"d":"0.0000"},21.8232,25.7647,24.4377]
["E9748","Rosqueadeira para rosca cônica - 0,75 kW",{"v":6079.4317,"d":"6,079.4317"},0.3474,0.1072,{"v":0,"d":"0.0000"},0.3474,{"v":0,"d":"0.0000"},21.8232,22.6252,22.2778]
["E9749","Jateador portátil multiabrasivo com capacidade de 300 kg",{"v":7470.6059,"d":"7,470.6059"},0.6724,0.1383,{"v":0,"d":"0.0000"},0.6724,{"v":0,"d":"0.0000"},21.8232,23.3063,22.6339]
["E9750","Bomba de injeção de argamassa com capacidade de 50 l/min",{"v":38231.786,"d":"38,231.7860"},3.0585,0.7077,{"v":0,"d":"0.0000"},2.6762,{"v":0,"d":"0.0000"},{"v":0,"d":"0.0000"},6.4424,3.7662]
["E9753","Grupo gerador - 23 kVA",{"v":80666.6669,"d":"80,666.6669"},4.0333,{"v":1.422,"d":"1.4220"},{"v":0,"d":"0.0000"},{"v":2.881,"d":"2.8810"},17.7228,{"v":0,"d":"0.0000"},26.0591,5.4553]
["E9754","Grupo gerador - 68 kVA",{"v":111388.041,"d":"111,388.0410"},5.5694,1.9636,{"v":0,"d":"0.0000"},3.9781,53.1683,{"v":0,"d":"0.0000"},64.6794,{"v":7.533,"d":"7.5330"}]
["E9755","Bomba de alta pressão para jet grouting de até 45 MPa - 150 kW",{"v":1533120.0912,"d":"1,533,120.0912"},122.6496,28.3781,{"v":0,"d":"0.0000"},122.6496,147.6899,21.8232,443.1904,172.8509]
["E9756","Calandra para chapas de aço até 25 mm - 22 kW",{"v":1003998.5688,"d":"1,003,998.5688"},40.1599,17.0353,{"v":0,"d":"0.0000"},35.1399,{"v":0,"d":"0.0000"},21.8232,114.1583,79.0184]
["E9758","Vibroacabadora de asfalto sobre pneus - 82 kW",{"v":1717203.2121,"d":"1,717,203.2121"},98.1259,30.2718,{"v":0,"d":"0.0000"},110.3916,80.7371,37.1151,356.6415,165.5128]
["E9760","Perfuratriz manual para coroa diamantada - 1,60 kW",{"v":16845.1557,"d":"16,845.1557"},1.3476,0.3118,{"v":0,"d":"0.0000"},1.3476,{"v":0,"d":"0.0000"},{"v":0,"d":"0.0000"},{"v":3.007,"d":"3.0070"},1.6594]
["E9761","Guincho de coluna com capacidade de 200 kg - 0,92 kW",{"v":3940.758,"d":"3,940.7580"},0.3153,0.0729,{"v":0,"d":"0.0000"},0.2364,{"v":0,"d":"0.0000"},{"v":0,"d":"0.0000"},0.6246,0.3882]
["E9762","Rolo compactador de pneus autopropelido de 27 t - 85 kW",{"v":1016462.6782,"d":"1,016,462.6782"},67.7642,18.2921,{"v":0,"d":"0.0000"},67.7642,57.2622,28.3061,239.3888,114.3624]
["E9763","Grupo gerador - 40 kVA",{"v":105980.424,"d":"105,980.4240"},{"v":5.299,"d":"5.2990"},1.8683,{"v":0,"d":"0.0000"},{"v":3.785,"d":"3.7850"},31.5072,{"v":0,"d":"0.0000"},42.4595,7.1673]
["E9764","Grupo gerador - 7,2 kVA",{"v":7336.3987,"d":"7,336.3987"},0.3668,0.1293,{"v":0,"d":"0.0000"},{"v":0.262,"d":"0.2620"},9.0648,{"v":0,"d":"0.0000"},9.8229,0.4961]
["E9765","Grupo gerador - 569 kVA",{"v":428175.544,"d":"428,175.5440"},21.4088,7.5481,{"v":0,"d":"0.0000"},{"v":15.292,"d":"15.2920"},447.9925,{"v":0,"d":"0.0000"},492.2414,28.9569]
["E9766","Prensa hidráulica para fabricação de blocos pré-moldados - 20 kW",{"v":470043.6363,"d":"470,043.6363"},31.8958,8.2862,{"v":0,"d":"0.0000"},26.8596,{"v":0,"d":"0.0000"},21.8232,88.8648,62.0052]
["E9767","Compressor de ar portátil de 9,44 l/s (20 PCM) a gasolina - 5,22 kW",{"v":9828.8591,"d":"9,828.8591"},0.6553,0.1769,{"v":0,"d":"0.0000"},0.6553,8.8469,{"v":0,"d":"0.0000"},10.3344,0.8322]
["E9768","Compressor de ar portátil de 373,78 l/s (792 PCM) - 213,30 kW",{"v":587968.147,"d":"587,968.1470"},39.1979,{"v":10.581,"d":"10.5810"},{"v":0,"d":"0.0000"},39.1979,187.9081,{"v":0,"d":"0.0000"},276.8849,49.7789]
["E9769","Cunha hidráulica com três cilindros e acessórios com capacidade de 3.000 kN - 5,60 kW",{"v":243473.2079,"d":"243,473.2079"},19.4779,4.5067,{"v":0,"d":"0.0000"},19.4779,5.5138,21.8232,70.7995,45.8078]
["E9770","Retroescavadeira de pneus com caçamba de escavação trapezoidal ou triangular com seção de corte inferior a 0,10 m² - 58 kW",{"v":514421.5917,"d":"514,421.5917"},36.0095,9.5219,{"v":0,"d":"0.0000"},36.0095,{"v":39.073,"d":"39.0730"},28.3061,{"v":148.92,"d":"148.9200"},73.8375]
["E9771","Retroescavadeira de pneus com caçamba de escavação trapezoidal ou triangular com seção de corte de 0,10 a 0,15 m² - 58 kW",{"v":514421.5917,"d":"514,421.5917"},36.0095,9.5219,{"v":0,"d":"0.0000"},36.0095,{"v":39.073,"d":"39.0730"},28.3061,{"v":148.92,"d":"148.9200"},73.8375]
["E9772","Retroescavadeira de pneus com caçamba de escavação trapezoidal ou triangular com seção de corte de 0,15 a 0,20 m² - 58 kW",{"v":514421.5917,"d":"514,421.5917"},36.0095,9.5219,{"v":0,"d":"0.0000"},36.0095,{"v":39.073,"d":"39.0730"},28.3061,{"v":148.92,"d":"148.9200"},73.8375]
["E9773","Retroescavadeira de pneus com caçamba de escavação trapezoidal ou triangular com seção de corte de 0,20 a 0,30 m² - 58 kW",{"v":514421.5917,"d":"514,421.5917"},36.0095,9.5219,{"v":0,"d":"0.0000"},36.0095,{"v":39.073,"d":"39.0730"},28.3061,{"v":148.92,"d":"148.9200"},73.8375]
["E9774","Retroescavadeira de pneus com caçamba de escavação trapezoidal ou triangular com seção de corte de 0,30 a 0,50 m² - 58 kW",{"v":514421.5917,"d":"514,421.5917"},36.0095,9.5219,{"v":0,"d":"0.0000"},36.0095,{"v":39.073,"d":"39.0730"},28.3061,{"v":148.92,"d":"148.9200"},73.8375]
["E9775","Escavadeira hidráulica com martelo hidráulico de 1.700 kg - 103 kW",{"v":2306534.2392,"d":"2,306,534.2392"},263.6039,45.7435,{"v":0,"d":"0.0000"},329.5049,69.3883,28.3061,736.5467,337.6535]
["E9776","Grupo gerador - 174 kVA",{"v":186841.0246,"d":"186,841.0246"},9.3421,3.2937,{"v":0,"d":"0.0000"},6.6729,136.8593,{"v":0,"d":"0.0000"},{"v":156.168,"d":"156.1680"},12.6358]
["E9777","Extrusora de barreira de concreto - 74 kW",{"v":4373787.5272,"d":"4,373,787.5272"},306.1651,80.9588,{"v":0,"d":"0.0000"},393.6409,57.5213,28.3061,866.5922,{"v":415.43,"d":"415.4300"}]
["E9778","Grupo gerador - 338 kVA",{"v":256949.1445,"d":"256,949.1445"},12.8475,4.5296,{"v":0,"d":"0.0000"},9.1768,265.8417,{"v":0,"d":"0.0000"},292.3956,17.3771]
["E9779","Grupo gerador - 113 kVA",{"v":122747.7445,"d":"122,747.7445"},6.1374,2.1639,{"v":0,"d":"0.0000"},4.3838,88.6139,{"v":0,"d":"0.0000"},{"v":101.299,"d":"101.2990"},8.3013]
["E9780","Misturador automático para grauteamento com capacidade de 20 m³/h - 7 kW",{"v":245648.9481,"d":"245,648.9481"},19.6519,{"v":4.547,"d":"4.5470"},{"v":0,"d":"0.0000"},19.6519,6.8922,21.8232,72.5662,46.0221]
["E9781","Misturador com bomba para grauteamento tipo Flex E ou similar - 25 kW",{"v":504580.9237,"d":"504,580.9237"},40.3665,9.3398,{"v":0,"d":"0.0000"},40.3665,{"v":0,"d":"0.0000"},21.8232,{"v":111.896,"d":"111.8960"},71.5295]
["E9782","Perfuratriz pneumática com avanço de coluna de 33,5 kg com capacidade de 2.280 gpm",{"v":39492.7386,"d":"39,492.7386"},3.1594,{"v":0.731,"d":"0.7310"},{"v":0,"d":"0.0000"},3.1594,{"v":0,"d":"0.0000"},21.8232,{"v":28.873,"d":"28.8730"},25.7136]
["E9784","Plataforma autopropelida com alcance de 12 m com capacidade de 700 kg - 24 kW",{"v":542084.8012,"d":"542,084.8012"},{"v":36.139,"d":"36.1390"},9.7553,{"v":0,"d":"0.0000"},{"v":36.139,"d":"36.1390"},18.6556,21.8232,122.5121,67.7175]
["E9785","Guindaste móvel sobre pneus com 2 eixos com capacidade máxima de 55 t - 186 kW",{"v":2150208.7432,"d":"2,150,208.7432"},107.5104,37.9051,15.3586,138.2277,48.1935,29.3013,376.4966,190.0754]
["E9788","Misturador de argamassa com capacidade de 0,250 m³ - 3,70 kW",{"v":18047.4109,"d":"18,047.4109"},1.4438,0.3341,{"v":0,"d":"0.0000"},1.4438,{"v":3.643,"d":"3.6430"},21.8232,28.6879,23.6011]
["E9789","Carro manual modelo plataforma de 150 x 80 cm com capacidade de 800 kg",{"v":1898.8299,"d":"1,898.8299"},0.3418,0.0703,{"v":0,"d":"0.0000"},0.1899,{"v":0,"d":"0.0000"},{"v":0,"d":"0.0000"},{"v":0.602,"d":"0.6020"},0.4121]
["E9790","Bomba para concreto projetado via úmida com capacidade de 10 m³/h - 14,70 kW",{"v":279359.8742,"d":"279,359.8742"},22.3488,{"v":5.171,"d":"5.1710"},{"v":0,"d":"0.0000"},22.3488,14.4736,37.1151,101.4573,64.6349]
["E9791","Bomba pneumática para injeção de resina com capacidade de 0,18 m³/h",{"v":52800.216,"d":"52,800.2160"},{"v":4.224,"d":"4.2240"},0.9773,{"v":0,"d":"0.0000"},{"v":3.696,"d":"3.6960"},{"v":0,"d":"0.0000"},{"v":0,"d":"0.0000"},8.8973,5.2013]
["E9793","Robot para concreto projetado com capacidade de 30 m³/h - 70 kW - com compressor diesel",{"v":7237570.1782,"d":"7,237,570.1782"},579.0056,133.9674,{"v":0,"d":"0.0000"},579.0056,68.9219,37.1151,{"v":1398.0156,"d":"1,398.0156"},750.0881]
["E9795","Perfuratriz de superfície sobre pneus com martelo de topo e controle remoto via rádio - 60 kW",{"v":1452153.4464,"d":"1,452,153.4464"},96.8102,26.1327,{"v":0,"d":"0.0000"},96.8102,46.6389,28.3061,294.6981,{"v":151.249,"d":"151.2490"}]
["E9797","Jumbo eletro-hidráulico com 3 braços - 155 kW/237 kW",{"v":11646621.8242,"d":"11,646,621.8242"},776.4415,209.5907,{"v":0,"d":"0.0000"},970.5518,168.6774,37.1151,{"v":2162.3765,"d":"2,162.3765"},{"v":1023.1473,"d":"1,023.1473"}]
["E9798","Perfuratriz hidráulica rotopercussiva - 123 kW",{"v":1562562.7043,"d":"1,562,562.7043"},104.1708,28.1196,{"v":0,"d":"0.0000"},104.1708,95.6097,28.3061,{"v":360.377,"d":"360.3770"},160.5965]
["E9013","Caminhão tanque de asfalto com capacidade de 31.000 l - 265 kW",{"$nulls":7},428.7982,99.8023]
["A9335","Cavalo mecânico estradeiro 6 x 2, PBT 23.000 kg - 265 kW - condição de trabalho severa - motorista de caminhão",{"v":885228.4259,"d":"885,228.4259"},37.9384,15.6053,6.3231,56.9075,260.9187,24.8892,402.5822,{"v":84.756,"d":"84.7560"}]
["A9364","Tanque isotérmico de asfalto com capacidade de 31.000 l",{"v":279242.221,"d":"279,242.2210"},11.1697,3.8766,{"v":0,"d":"0.0000"},11.1697,{"v":0,"d":"0.0000"},{"v":0,"d":"0.0000"},{"v":26.216,"d":"26.2160"},15.0463]
["E9018","Cavalo mecânico com dolly intermediário e semirreboque de 4 eixos com capacidade de 53 t - 323 kW",{"$nulls":7},{"v":521.603,"d":"521.6030"},167.9532]
["A9324","Cavalo mecânico estradeiro 6 x 4, PBT 23.000 kg - 323 kW - motorista de veículo especial",{"v":1132902.8894,"d":"1,132,902.8894"},{"v":48.553,"d":"48.5530"},19.9715,8.0922,72.8295,234.3346,29.3013,413.0821,{"v":105.918,"d":"105.9180"}]
["A9355","Semirreboque com 4 eixos",{"v":516545,"d":"516,545.0000"},34.4363,17.2634,{"v":0,"d":"0.0000"},38.7409,{"v":0,"d":"0.0000"},{"v":0,"d":"0.0000"},90.4406,51.6997]
["A9382","Dolly intermediário com 2 eixos para semirreboque",{"v":103263.7713,"d":"103,263.7713"},6.8843,3.4512,{"v":0,"d":"0.0000"},7.7448,{"v":0,"d":"0.0000"},{"v":0,"d":"0.0000"},18.0803,10.3355]
["E9027","Caminhão distribuidor de cimento e cal com capacidade de 17 m³ - 210 kW",{"$nulls":7},428.5081,126.8875]
["A9333","Caminhão plataforma 8 x 2, PBTC 36.000 kg e distância entre eixos 4,8 m - 210 kW - motorista de caminhão",{"v":824590.4881,"d":"824,590.4881"},35.3396,14.5364,5.8899,53.0094,206.7658,24.8892,340.4303,80.6551]
["A9365","Distribuidor de cimento montado sobre chassi com capacidade de 17 m³",{"v":492846.116,"d":"492,846.1160"},37.1959,9.0365,{"v":0,"d":"0.0000"},41.8454,{"v":0,"d":"0.0000"},{"v":0,"d":"0.0000"},88.0778,46.2324]
["E9037","Plataforma de inspeção sob pontes montada em caminhão com capacidade de 500 kg e alcance de 15 m - 188 kW",{"$nulls":7},647.6921,269.7239]
["A9334","Caminhão plataforma 8 x 2, PBT 29.000 kg e distância entre eixos 4,8 m - 188 kW - condição de trabalho severa - motorista de veículo especial",{"v":801136.4502,"d":"801,136.4502"},34.3344,14.1229,5.7224,51.5016,185.1046,29.3013,320.0872,{"v":83.481,"d":"83.4810"}]
["A9378","Plataforma telescópica para inspeção de pontes montada sobre chassi com capacidade de 500 kg",{"v":2198964.0607,"d":"2,198,964.0607"},125.6551,38.7646,{"v":0,"d":"0.0000"},{"v":141.362,"d":"141.3620"},{"v":0,"d":"0.0000"},21.8232,327.6049,186.2429]
["E9041","Caminhão carroceria com guindauto com capacidade de 45 t.m - 188 kW",{"$nulls":7},387.8277,131.5093]
["A9313","Caminhão plataforma 6 x 2, PBT 23.000 kg e distância entre eixos 5,4 m - 188 kW - motorista de veículo especial",{"v":703164.9449,"d":"703,164.9449"},30.1356,12.3958,5.0226,45.2035,185.1046,29.3013,307.1634,76.8553]
["A9351","Carroceria de madeira com capacidade de 11 t",{"v":40141.7851,"d":"40,141.7851"},2.7684,0.7259,{"v":0,"d":"0.0000"},2.7684,{"v":0,"d":"0.0000"},{"v":0,"d":"0.0000"},6.2627,3.4943]
["A9373","Guindaste articulado montado sobre chassi com capacidade de 45 t.m",{"v":337008,"d":"337,008.0000"},23.2419,6.0946,{"v":0,"d":"0.0000"},23.2419,{"v":0,"d":"0.0000"},21.8232,74.4016,51.1597]
["E9082","Bate-estaca hidráulico para defensas montado em caminhão guindauto com capacidade de 20 t.m e carroceria de 4 t - 136 kW",{"$nulls":7},337.4083,141.6879]
["A9323","Caminhão plataforma 4 x 2, PBT 14.300 kg e distância entre eixos 4,8 m - 136 kW - condição de trabalho severa - motorista de caminhão",{"v":542642.3362,"d":"542,642.3362"},23.2561,{"v":9.566,"d":"9.5660"},{"v":3.876,"d":"3.8760"},34.8842,133.9055,24.8892,{"v":230.377,"d":"230.3770"},61.5873]
["A9347","Carroceria de madeira com capacidade de 4 t",{"v":21359.1658,"d":"21,359.1658"},{"v":1.473,"d":"1.4730"},0.3863,{"v":0,"d":"0.0000"},{"v":1.473,"d":"1.4730"},{"v":0,"d":"0.0000"},{"v":0,"d":"0.0000"},3.3323,1.8593]
["A9372","Guindaste articulado montado sobre chassi com capacidade de 20 t.m",{"v":210128.5,"d":"210,128.5000"},14.4916,3.8001,{"v":0,"d":"0.0000"},14.4916,{"v":0,"d":"0.0000"},21.8232,54.6065,40.1149]
["A9379","Bate-estaca hidráulico para defensas metálicas montada sobre chassi",{"v":205615,"d":"205,615.0000"},11.6515,4.6517,{"v":0,"d":"0.0000"},10.9661,{"v":0,"d":"0.0000"},21.8232,49.0925,38.1264]
["E9097","Caminhão de resgate de veículos leves com plataforma com capacidade de 4 t - 115 kW",{"$nulls":7},209.9578,64.1313]
["A9326","Caminhão plataforma 4 x 2 PBT 9.600 kg e distância entre eixos 3,7 m - 115 kW - motorista de veículo especial",{"v":431848.6994,"d":"431,848.6994"},18.5078,7.6129,3.0846,27.7617,113.2289,29.3013,199.4972,58.5066]
["A9374","Plataforma hidráulica para resgate de veículos montada sobre chassi com capacidade de 4 t",{"v":75225,"d":"75,225.0000"},4.2986,1.3261,{"v":0,"d":"0.0000"},4.8359,{"v":0,"d":"0.0000"},{"v":0,"d":"0.0000"},10.4606,5.6247]
["E9098","Caminhão de resgate de veículos de porte médio com capacidade do guincho de 20 t - 136 kW",{"$nulls":7},281.5525,101.1499]
["A9306","Caminhão plataforma 4 x 2, PBT 16.000 kg e distância entre eixos 3,6 m - 136 kW - motorista de veículo especial",{"v":567823.6649,"d":"567,823.6649"},24.3353,10.0099,4.0559,36.5029,133.9055,29.3013,238.1108,67.7024]
["A9375","Guincho rebocador para resgate de veículos montada sobre chassi com capacidade de 20 t",{"v":155465,"d":"155,465.0000"},8.8837,2.7406,{"v":0,"d":"0.0000"},9.9942,{"v":0,"d":"0.0000"},21.8232,43.4417,33.4475]
["E9099","Caminhão de resgate de veículos pesados com dois guinchos com capacidade de 35 t - 240 kW",{"$nulls":7},{"v":488.642,"d":"488.6420"},156.3582]
["A9320","Caminhão plataforma 6 x 2, PBT 23.000 kg e distância entre eixos 4,8 m - 240 kW - motorista de veículo especial",{"v":896236.6218,"d":"896,236.6218"},38.4101,15.7994,6.4017,57.6152,236.3038,29.3013,383.8315,89.9125]
["A9376","Guincho rebocador para resgate de veículos montada sobre chassi com capacidade de 35 t",{"v":596785,"d":"596,785.0000"},{"v":34.102,"d":"34.1020"},10.5205,{"v":0,"d":"0.0000"},38.3648,{"v":0,"d":"0.0000"},21.8232,104.8105,66.4457]
["E9100","Cavalo mecânico sem reboque - 210 kW",{"$nulls":7},{"v":259.874,"d":"259.8740"},67.2517]
["A9310","Cavalo mecânico 4 x 2, PBT 16.000 kg - 210 kW - motorista de caminhão",{"v":626400.3568,"d":"626,400.3568"},26.8457,11.0425,4.4743,40.2686,152.3537,24.8892,{"v":259.874,"d":"259.8740"},67.2517]
["E9114","Painel com seta luminosa para montagem em caminhão",{"$nulls":7},5.4287,3.7163]
["A9380","Painel com seta luminosa montado sobre chassi",{"v":34248.5589,"d":"34,248.5589"},3.0824,0.6339,{"v":0,"d":"0.0000"},1.7124,{"v":0,"d":"0.0000"},{"v":0,"d":"0.0000"},5.4287,3.7163]
["E9115","Amortecedor retrátil (AMC) para montagem em caminhão",{"$nulls":7},77.7844,42.5187]
["A9381","Amortecedor retrátil montado em caminhão",{"v":391841.5043,"d":"391,841.5043"},35.2657,{"v":7.253,"d":"7.2530"},{"v":0,"d":"0.0000"},35.2657,{"v":0,"d":"0.0000"},{"v":0,"d":"0.0000"},77.7844,42.5187]
["E9145","Caminhão basculante para concreto com capacidade de 7 m³ - 188 kW",{"$nulls":7},276.9848,84.3292]
["A9316","Caminhão plataforma 8 x 2, PBT 29.000 kg e distância entre eixos 4,8 m - 188 kW - motorista de caminhão",{"v":801136.4502,"d":"801,136.4502"},34.3344,14.1229,5.7224,51.5016,136.3929,24.8892,266.9634,79.0689]
["A9340","Caçamba basculante para concreto com capacidade de 7 m³",{"v":56074.7184,"d":"56,074.7184"},4.2321,1.0282,{"v":0,"d":"0.0000"},4.7611,{"v":0,"d":"0.0000"},{"v":0,"d":"0.0000"},10.0214,5.2603]
["E9146","Caminhão silo com capacidade de 30 m³ - 265 kW",{"$nulls":7},445.6152,108.7666]
["A9335","Cavalo mecânico estradeiro 6 x 2, PBT 23.000 kg - 265 kW - condição de trabalho severa - motorista de caminhão",{"v":885228.4259,"d":"885,228.4259"},37.9384,15.6053,6.3231,56.9075,260.9187,24.8892,402.5822,{"v":84.756,"d":"84.7560"}]
["A9357","Semirreboque silo para cimento com capacidade de 30 m³",{"v":275825,"d":"275,825.0000"},19.0224,4.9882,{"v":0,"d":"0.0000"},19.0224,{"v":0,"d":"0.0000"},{"v":0,"d":"0.0000"},{"v":43.033,"d":"43.0330"},24.0106]
["E9169","Cavalo mecânico com dolly pneumático de 4 eixos e mesas de giro com capacidade de 57 t - 323 kW",{"$nulls":7},562.2846,191.2085]
["A9324","Cavalo mecânico estradeiro 6 x 4, PBT 23.000 kg - 323 kW - motorista de veículo especial",{"v":1132902.8894,"d":"1,132,902.8894"},{"v":48.553,"d":"48.5530"},19.9715,8.0922,72.8295,234.3346,29.3013,413.0821,{"v":105.918,"d":"105.9180"}]
["A9385","Conjunto de duas mesas de giro para quinta roda ou reboque com capacidade de 100 t cada",{"v":314446.4578,"d":"314,446.4578"},20.9631,10.5091,{"v":0,"d":"0.0000"},23.5835,{"v":0,"d":"0.0000"},{"v":0,"d":"0.0000"},55.0557,31.4722]
["A9389","Dolly pneumático com capacidade de 48 t e 4 eixos",{"v":537712.8165,"d":"537,712.8165"},35.8475,17.9708,{"v":0,"d":"0.0000"},40.3285,{"v":0,"d":"0.0000"},{"v":0,"d":"0.0000"},94.1468,53.8183]
["E9170","Cavalo mecânico com dois dollys pneumáticos de 3 e 4 eixos e mesas de giro com capacidade de 77 t - 323 kW",{"$nulls":7},659.6661,245.3953]
["A9385","Conjunto de duas mesas de giro para quinta roda ou reboque com capacidade de 100 t cada",{"v":314446.4578,"d":"314,446.4578"},20.9631,10.5091,{"v":0,"d":"0.0000"},23.5835,{"v":0,"d":"0.0000"},{"v":0,"d":"0.0000"},55.0557,31.4722]
["A9386","Cavalo mecânico estradeiro 6 x 4, CMT 123.000 kg - 323 kW - motorista de veículo especial",{"v":1323234.0876,"d":"1,323,234.0876"},{"v":56.71,"d":"56.7100"},23.3267,9.4517,{"v":85.065,"d":"85.0650"},234.3346,29.3013,438.1893,118.7897]
["A9387","Dolly pneumático com capacidade de 28,5 t e 3 eixos",{"v":412789.6369,"d":"412,789.6369"},27.5193,13.7958,{"v":0,"d":"0.0000"},30.9592,{"v":0,"d":"0.0000"},{"v":0,"d":"0.0000"},72.2743,41.3151]
["A9389","Dolly pneumático com capacidade de 48 t e 4 eixos",{"v":537712.8165,"d":"537,712.8165"},35.8475,17.9708,{"v":0,"d":"0.0000"},40.3285,{"v":0,"d":"0.0000"},{"v":0,"d":"0.0000"},94.1468,53.8183]
["E9171","Cavalo mecânico com dois dollys pneumáticos de 4 e 5 eixos e mesas de giro com capacidade de 111 t - 440 kW",{"$nulls":7},{"v":1306.5576,"d":"1,306.5576"},536.1003]
["A9325","Cavalo mecânico 8 x 8, PBT 26.000 kg - 440 kW -  motorista de veículo especial",{"v":5252025.1081,"d":"5,252,025.1081"},225.0868,92.5857,37.5145,337.6302,319.2174,29.3013,{"v":1041.3359,"d":"1,041.3359"},384.4883]
["A9385","Conjunto de duas mesas de giro para quinta roda ou reboque com capacidade de 100 t cada",{"v":314446.4578,"d":"314,446.4578"},20.9631,10.5091,{"v":0,"d":"0.0000"},23.5835,{"v":0,"d":"0.0000"},{"v":0,"d":"0.0000"},55.0557,31.4722]
["A9388","Dolly pneumático com capacidade de 60 t e 5 eixos",{"v":662635.9961,"d":"662,635.9961"},44.1757,22.1458,{"v":0,"d":"0.0000"},49.6977,{"v":0,"d":"0.0000"},{"v":0,"d":"0.0000"},116.0192,66.3215]
["A9389","Dolly pneumático com capacidade de 48 t e 4 eixos",{"v":537712.8165,"d":"537,712.8165"},35.8475,17.9708,{"v":0,"d":"0.0000"},40.3285,{"v":0,"d":"0.0000"},{"v":0,"d":"0.0000"},94.1468,53.8183]
["E9199","Caminhão com sistema de hidrojateamento de alta pressão e vácuo para limpeza e desobstrução de bueiros com capacidade total de 15.600 l - 188 kW",{"$nulls":7},346.0668,99.7107]
["A9299","Equipamento com sistema de hidrojateamento de alta pressão e vácuo para limpeza e desobstrução de bueiros com diâmetro de até 1.500 mm com capacidade total de 15.600 l",{"v":401200,"d":"401,200.0000"},{"v":16.048,"d":"16.0480"},6.8074,{"v":0,"d":"0.0000"},{"v":16.048,"d":"16.0480"},{"v":0,"d":"0.0000"},{"v":0,"d":"0.0000"},38.9034,22.8554]
["A9313","Caminhão plataforma 6 x 2, PBT 23.000 kg e distância entre eixos 5,4 m - 188 kW - motorista de veículo especial",{"v":703164.9449,"d":"703,164.9449"},30.1356,12.3958,5.0226,45.2035,185.1046,29.3013,307.1634,76.8553]
["E9201","Caminhão basculante para rocha com capacidade de 12 m³ - 188 kW com periculosidade",{"$nulls":7},310.9311,107.5079]
["A9327","Caminhão plataforma 8 x 2 PBT 29.000 kg e distância entre eixos 4,8 m - 188 kW - motorista de veículo especial com periculosidade",{"v":801136.4502,"d":"801,136.4502"},34.3344,14.1229,5.7224,51.5016,136.3929,36.1715,278.2457,90.3512]
["A9343","Caçamba basculante para rocha com capacidade de 12 m³",{"v":182894.041,"d":"182,894.0410"},13.8033,3.3534,{"v":0,"d":"0.0000"},15.5287,{"v":0,"d":"0.0000"},{"v":0,"d":"0.0000"},32.6854,17.1567]
["E9202","Plataforma pantográfica montada em caminhão - 115 kW com periculosidade",{"$nulls":7},305.0119,132.3258]
["A9300","Caminhão plataforma 4 x 2, PBT 8.300 kg e distância entre eixos 3,7 m - 115 kW - motorista de veículo especial com periculosidade",{"v":409661.6084,"d":"409,661.6084"},17.5569,7.2217,2.9262,26.3354,113.2289,36.1715,203.4406,63.8763]
["A9383","Plataforma pantográfica hidráulica montada sobre chassi com capacidade de 600 kg - com periculosidade",{"v":496827.6047,"d":"496,827.6047"},33.1218,8.9408,{"v":0,"d":"0.0000"},33.1218,{"v":0,"d":"0.0000"},26.3869,101.5713,68.4495]
["E9506","Caminhão basculante com capacidade de 6 m³ - 136 kW",{"$nulls":7},{"v":182.424,"d":"182.4240"},69.6701]
["A9307","Caminhão plataforma 4 x 2, PBT 16.000 kg e distância entre eixos 3,6 m - 136 kW - motorista de caminhão",{"v":567823.6649,"d":"567,823.6649"},24.3353,10.0099,4.0559,36.5029,70.4766,24.8892,170.2698,63.2903]
["A9338","Caçamba basculante com capacidade de 6 m³",{"v":68010.0866,"d":"68,010.0866"},5.1328,{"v":1.247,"d":"1.2470"},{"v":0,"d":"0.0000"},5.7744,{"v":0,"d":"0.0000"},{"v":0,"d":"0.0000"},12.1542,6.3798]
["E9508","Caminhão carroceria com capacidade de 9 t - 136 kW",{"$nulls":7},178.8727,67.9633]
["A9309","Caminhão plataforma 4 x 2, PBT 16.000 kg e distância entre eixos 4,8 m - 136 kW - motorista de caminhão",{"v":589090.8612,"d":"589,090.8612"},25.2468,10.3848,4.2078,37.8701,70.4766,24.8892,173.0753,64.7286]
["A9350","Carroceria de madeira com capacidade de 9 t",{"v":37159.816,"d":"37,159.8160"},2.5627,{"v":0.672,"d":"0.6720"},{"v":0,"d":"0.0000"},2.5627,{"v":0,"d":"0.0000"},{"v":0,"d":"0.0000"},5.7974,3.2347]
["E9509","Caminhão tanque distribuidor de asfalto com capacidade de 6.000 l - 7 kW/136 kW",{"$nulls":7},255.5231,71.8557]
["A9323","Caminhão plataforma 4 x 2, PBT 14.300 kg e distância entre eixos 4,8 m - 136 kW - condição de trabalho severa - motorista de caminhão",{"v":542642.3362,"d":"542,642.3362"},23.2561,{"v":9.566,"d":"9.5660"},{"v":3.876,"d":"3.8760"},34.8842,133.9055,24.8892,{"v":230.377,"d":"230.3770"},61.5873]
["A9363","Tanque espargidor de asfalto com capacidade de 6.000 l - 7 kW",{"v":190570,"d":"190,570.0000"},7.6228,2.6456,{"v":0,"d":"0.0000"},7.6228,7.2549,{"v":0,"d":"0.0000"},25.1461,10.2684]
["E9520","Caminhão com caçamba térmica com capacidade de 6 m³ - 188 kW",{"$nulls":7},268.4936,80.3456]
["A9311","Caminhão plataforma 6 x 2, PBT 23.000 kg e distância entre eixos 4,8 m - 188 kW - motorista de caminhão",{"v":697013.1827,"d":"697,013.1827"},{"v":29.872,"d":"29.8720"},12.2873,4.9787,{"v":44.808,"d":"44.8080"},136.3929,24.8892,253.2281,72.0272]
["A9339","Caçamba térmica com capacidade de 6 m³",{"v":123503.9767,"d":"123,503.9767"},6.1752,2.1432,{"v":0,"d":"0.0000"},6.9471,{"v":0,"d":"0.0000"},{"v":0,"d":"0.0000"},15.2655,8.3184]
["E9571","Caminhão tanque com capacidade de 10.000 l - 188 kW",{"$nulls":7},318.6834,81.3694]
["A9332","Caminhão plataforma 6 x 2, PBT 23.000 kg e distância entre eixos 4,8 m - 188 kW - condição de trabalho severa - motorista de caminhão",{"v":697013.1827,"d":"697,013.1827"},{"v":29.872,"d":"29.8720"},12.2873,4.9787,{"v":44.808,"d":"44.8080"},185.1046,24.8892,301.9398,72.0272]
["A9360","Tanque para transporte de água com capacidade de 10.000 l",{"v":107321,"d":"107,321.0000"},7.4014,1.9408,{"v":0,"d":"0.0000"},7.4014,{"v":0,"d":"0.0000"},{"v":0,"d":"0.0000"},16.7436,9.3422]
["E9575","Caminhão basculante com caçamba estanque com capacidade de 14 m³ - 188 kW",{"$nulls":7},288.3032,92.3664]
["A9317","Caminhão plataforma 8 x 2, PBT 29.000 kg e distância entre eixos 4,8 m - 188 kW - motorista de veículo especial",{"v":801136.4502,"d":"801,136.4502"},34.3344,14.1229,5.7224,51.5016,136.3929,29.3013,271.3755,{"v":83.481,"d":"83.4810"}]
["A9345","Caçamba basculante estanque com capacidade de 14 m³",{"v":94720.2639,"d":"94,720.2639"},7.1487,1.7367,{"v":0,"d":"0.0000"},8.0423,{"v":0,"d":"0.0000"},{"v":0,"d":"0.0000"},16.9277,8.8854]
["E9579","Caminhão basculante com capacidade de 10 m³ - 188 kW",{"$nulls":7},282.4369,{"v":87.191,"d":"87.1910"}]
["A9316","Caminhão plataforma 8 x 2, PBT 29.000 kg e distância entre eixos 4,8 m - 188 kW - motorista de caminhão",{"v":801136.4502,"d":"801,136.4502"},34.3344,14.1229,5.7224,51.5016,136.3929,24.8892,266.9634,79.0689]
["A9342","Caçamba basculante com capacidade de 10 m³",{"v":86582.8662,"d":"86,582.8662"},6.5346,1.5875,{"v":0,"d":"0.0000"},7.3514,{"v":0,"d":"0.0000"},{"v":0,"d":"0.0000"},15.4735,8.1221]
["E9592","Caminhão carroceria com capacidade de 15 t - 188 kW",{"$nulls":7},260.9249,76.2849]
["A9314","Caminhão plataforma 6 x 2, PBT 23.000 kg e distância entre eixos 5,4 m - 188 kW - motorista de caminhão",{"v":703164.9449,"d":"703,164.9449"},30.1356,12.3958,5.0226,45.2035,136.3929,24.8892,254.0396,72.4432]
["A9352","Carroceria de madeira com capacidade de 15 t",{"v":44132,"d":"44,132.0000"},3.0436,0.7981,{"v":0,"d":"0.0000"},3.0436,{"v":0,"d":"0.0000"},{"v":0,"d":"0.0000"},6.8853,3.8417]
["E9600","Caminhão betoneira com capacidade de 8 m³ - 188 kW",{"$nulls":7},301.8479,99.4761]
["A9317","Caminhão plataforma 8 x 2, PBT 29.000 kg e distância entre eixos 4,8 m - 188 kW - motorista de veículo especial",{"v":801136.4502,"d":"801,136.4502"},34.3344,14.1229,5.7224,51.5016,136.3929,29.3013,271.3755,{"v":83.481,"d":"83.4810"}]
["A9346","Misturador de concreto para montagem em chassi de caminhão com capacidade de 8 m³",{"v":170510,"d":"170,510.0000"},12.8687,3.1264,{"v":0,"d":"0.0000"},14.4773,{"v":0,"d":"0.0000"},{"v":0,"d":"0.0000"},30.4724,15.9951]
["E9604","Caminhão basculante para rocha com capacidade de 8 m³ - 210 kW",{"$nulls":7},298.5229,87.2093]
["A9315","Caminhão basculante 6 x 4, PBT 23.000 kg e distância entre eixos 3,6 m - 210 kW -  motorista de caminhão",{"v":830496.6017,"d":"830,496.6017"},35.5927,14.6405,5.9321,53.3891,152.3537,24.8892,286.7973,81.0545]
["A9341","Caçamba basculante para rocha com capacidade de 8 m³",{"v":65611.567,"d":"65,611.5670"},4.9518,{"v":1.203,"d":"1.2030"},{"v":0,"d":"0.0000"},5.5708,{"v":0,"d":"0.0000"},{"v":0,"d":"0.0000"},11.7256,6.1548]
["E9605","Caminhão tanque com capacidade de 6.000 l - 136 kW",{"$nulls":7},244.4605,69.4453]
["A9323","Caminhão plataforma 4 x 2, PBT 14.300 kg e distância entre eixos 4,8 m - 136 kW - condição de trabalho severa - motorista de caminhão",{"v":542642.3362,"d":"542,642.3362"},23.2561,{"v":9.566,"d":"9.5660"},{"v":3.876,"d":"3.8760"},34.8842,133.9055,24.8892,{"v":230.377,"d":"230.3770"},61.5873]
["A9358","Tanque para transporte de água com capacidade de 6.000 l",{"v":90270,"d":"90,270.0000"},6.2255,1.6325,{"v":0,"d":"0.0000"},6.2255,{"v":0,"d":"0.0000"},{"v":0,"d":"0.0000"},14.0835,{"v":7.858,"d":"7.8580"}]
["E9644","Caminhão demarcador de faixas com sistema de pintura a frio - 28 kW/115 kW",{"$nulls":7},364.5769,150.6965]
["A9302","Caminhão plataforma 4 x 2, PBT 8.300 kg e distância entre eixos 4,4 m - 115 kW - motorista de veículo especial",{"v":410887.325,"d":"410,887.3250"},17.6095,7.2434,2.9349,26.4142,113.2289,29.3013,196.7322,57.0891]
["A9368","Equipamento demarcador de faixas a frio montado sobre chassi com capacidade de 800 l - 28 kW",{"v":697085,"d":"697,085.0000"},52.6686,19.1156,{"v":0,"d":"0.0000"},49.5705,24.6668,21.8232,167.8447,93.6074]
["E9645","Caminhão demarcador de faixas com sistema de pintura a quente - 5 kW/30,10 kW/136 kW",{"$nulls":7},526.0701,227.9313]
["A9305","Caminhão plataforma 4 x 2, PBT 14.300 kg e distância entre eixos 4,8 m - 136 kW - motorista de veículo especial",{"v":542642.3362,"d":"542,642.3362"},23.2561,{"v":9.566,"d":"9.5660"},{"v":3.876,"d":"3.8760"},34.8842,133.9055,29.3013,234.7891,65.9994]
["A9328","Compressor de ar portátil de 70,79 l/s (150 PCM) sem reboque - 30,10 kW",{"v":141111.2061,"d":"141,111.2061"},9.4074,2.5394,{"v":0,"d":"0.0000"},9.4074,26.5168,{"v":0,"d":"0.0000"},{"v":47.871,"d":"47.8710"},11.9468]
["A9369","Equipamento demarcador de faixas a quente montado sobre chassi com capacidade de 500 l - 5,0 kW",{"v":1244558.3262,"d":"1,244,558.3262"},94.0333,34.1286,{"v":0,"d":"0.0000"},88.5019,{"v":4.923,"d":"4.9230"},21.8232,{"v":243.41,"d":"243.4100"},149.9851]
["E9663","Caminhão basculante com capacidade de 4 m³ - 136 kW",{"$nulls":7},176.7074,{"v":66.71,"d":"66.7100"}]
["A9304","Caminhão plataforma 4 x 2, PBT 14.300 kg e distância entre eixos 4,8 m - 136 kW - motorista de caminhão",{"v":542642.3362,"d":"542,642.3362"},23.2561,{"v":9.566,"d":"9.5660"},{"v":3.876,"d":"3.8760"},34.8842,70.4766,24.8892,166.9481,61.5873]
["A9336","Caçamba basculante com capacidade de 4 m³",{"v":54608.6693,"d":"54,608.6693"},4.1214,1.0013,{"v":0,"d":"0.0000"},4.6366,{"v":0,"d":"0.0000"},{"v":0,"d":"0.0000"},9.7593,5.1227]
["E9665","Cavalo mecânico com semirreboque com capacidade de 22 t - 240 kW",{"$nulls":7},378.2354,122.7041]
["A9318","Cavalo mecânico 4 x 2, PBT 16.000 kg - 240 kW - motorista de veículo especial",{"v":839309.314,"d":"839,309.3140"},35.9704,14.7958,5.9951,53.9556,174.1186,29.3013,314.1368,86.0626]
["A9353","Semirreboque com 2 eixos",{"v":366095,"d":"366,095.0000"},24.4063,12.2352,{"v":0,"d":"0.0000"},27.4571,{"v":0,"d":"0.0000"},{"v":0,"d":"0.0000"},64.0986,36.6415]
["E9666","Cavalo mecânico com semirreboque com capacidade de 30 t - 265 kW",{"$nulls":7},405.9206,125.9149]
["A9321","Cavalo mecânico estradeiro 6 x 2, PBT 23.000 kg - 265 kW - motorista de caminhão",{"v":885228.4259,"d":"885,228.4259"},37.9384,15.6053,6.3231,56.9075,192.2559,24.8892,333.9194,{"v":84.756,"d":"84.7560"}]
["A9354","Semirreboque com 3 eixos",{"v":411230,"d":"411,230.0000"},27.4153,13.7436,{"v":0,"d":"0.0000"},30.8423,{"v":0,"d":"0.0000"},{"v":0,"d":"0.0000"},72.0012,41.1589]
["E9667","Caminhão basculante com capacidade de 14 m³ - 188 kW",{"$nulls":7},288.2161,92.3207]
["A9317","Caminhão plataforma 8 x 2, PBT 29.000 kg e distância entre eixos 4,8 m - 188 kW - motorista de veículo especial",{"v":801136.4502,"d":"801,136.4502"},34.3344,14.1229,5.7224,51.5016,136.3929,29.3013,271.3755,{"v":83.481,"d":"83.4810"}]
["A9344","Caçamba basculante com capacidade de 14 m³",{"v":94232.8839,"d":"94,232.8839"},7.1119,1.7278,{"v":0,"d":"0.0000"},8.0009,{"v":0,"d":"0.0000"},{"v":0,"d":"0.0000"},16.8406,8.8397]
["E9669","Caminhão tanque com capacidade de 8.000 l - 136 kW",{"$nulls":7},251.2136,72.9358]
["A9331","Caminhão plataforma 4 x 2, PBT 16.000 kg e distância entre eixos 4,8 m - 136 kW - condição de trabalho severa - motorista de caminhão",{"v":589090.8612,"d":"589,090.8612"},25.2468,10.3848,4.2078,37.8701,133.9055,24.8892,236.5042,64.7286]
["A9359","Tanque para transporte de água com capacidade de 8.000 l",{"v":94282,"d":"94,282.0000"},6.5022,{"v":1.705,"d":"1.7050"},{"v":0,"d":"0.0000"},6.5022,{"v":0,"d":"0.0000"},{"v":0,"d":"0.0000"},14.7094,8.2072]
["E9670","Usina móvel de lama asfáltica ou microrrevestimento com cavalo mecânico com capacidade de 12 m³ - 95,6 kW/240 kW",{"$nulls":7},720.0288,240.7981]
["A9319","Cavalo mecânico 4 x 2, PBT 16.000 kg - 240 kW - condição de trabalho severa - motorista de veículo especial",{"v":839309.314,"d":"839,309.3140"},35.9704,14.7958,5.9951,53.9556,236.3038,29.3013,{"v":376.322,"d":"376.3220"},86.0626]
["A9367","Usina de lama asfáltica ou microrrevestimento asfáltico rebocável com capacidade de 12 m³ - 95,6 kW",{"v":1398281.297,"d":"1,398,281.2970"},89.8895,27.7309,{"v":0,"d":"0.0000"},89.8895,99.0818,37.1151,343.7068,154.7355]
["E9672","Caminhão basculante para rocha com capacidade de 12 m³ - 188 kW",{"$nulls":7},304.0609,100.6377]
["A9317","Caminhão plataforma 8 x 2, PBT 29.000 kg e distância entre eixos 4,8 m - 188 kW - motorista de veículo especial",{"v":801136.4502,"d":"801,136.4502"},34.3344,14.1229,5.7224,51.5016,136.3929,29.3013,271.3755,{"v":83.481,"d":"83.4810"}]
["A9343","Caçamba basculante para rocha com capacidade de 12 m³",{"v":182894.041,"d":"182,894.0410"},13.8033,3.3534,{"v":0,"d":"0.0000"},15.5287,{"v":0,"d":"0.0000"},{"v":0,"d":"0.0000"},32.6854,17.1567]
["E9679","Cavalo mecânico com dois reboques hidropneumáticos de 5 e 4 eixos e mesas de giro com capacidade de 130 t - 440 kW",{"$nulls":7},{"v":1471.4699,"d":"1,471.4699"},630.3713]
["A9325","Cavalo mecânico 8 x 8, PBT 26.000 kg - 440 kW -  motorista de veículo especial",{"v":5252025.1081,"d":"5,252,025.1081"},225.0868,92.5857,37.5145,337.6302,319.2174,29.3013,{"v":1041.3359,"d":"1,041.3359"},384.4883]
["A9384","Reboque hidropneumático com capacidade de 166 t e 4 eixos",{"v":977917.6781,"d":"977,917.6781"},65.1945,32.6828,{"v":0,"d":"0.0000"},73.3438,{"v":0,"d":"0.0000"},{"v":0,"d":"0.0000"},171.2211,97.8773]
["A9385","Conjunto de duas mesas de giro para quinta roda ou reboque com capacidade de 100 t cada",{"v":314446.4578,"d":"314,446.4578"},20.9631,10.5091,{"v":0,"d":"0.0000"},23.5835,{"v":0,"d":"0.0000"},{"v":0,"d":"0.0000"},55.0557,31.4722]
["A9390","Reboque hidropneumático com capacidade de 117 t e 5 eixos",{"v":1164316.3515,"d":"1,164,316.3515"},77.6211,38.9124,{"v":0,"d":"0.0000"},87.3237,{"v":0,"d":"0.0000"},{"v":0,"d":"0.0000"},203.8572,116.5335]
["E9680","Caminhão tanque com capacidade de 13.000 l - 188 kW",{"$nulls":7},321.1873,82.7665]
["A9332","Caminhão plataforma 6 x 2, PBT 23.000 kg e distância entre eixos 4,8 m - 188 kW - condição de trabalho severa - motorista de caminhão",{"v":697013.1827,"d":"697,013.1827"},{"v":29.872,"d":"29.8720"},12.2873,4.9787,{"v":44.808,"d":"44.8080"},185.1046,24.8892,301.9398,72.0272]
["A9361","Tanque para transporte de água com capacidade de 13.000 l",{"v":123369,"d":"123,369.0000"},8.5082,2.2311,{"v":0,"d":"0.0000"},8.5082,{"v":0,"d":"0.0000"},{"v":0,"d":"0.0000"},19.2475,10.7393]
["E9686","Caminhão carroceria com guindauto com capacidade de 20 t.m - 136 kW",{"$nulls":7},299.5251,111.4887]
["A9308","Caminhão plataforma 4 x 2, PBT 16.000 kg e distância entre eixos 4,8 m - 136 kW - motorista de veículo especial",{"v":589090.8612,"d":"589,090.8612"},25.2468,10.3848,4.2078,37.8701,133.9055,29.3013,240.9163,69.1407]
["A9349","Carroceria de madeira com capacidade de 7 t",{"v":25653.1275,"d":"25,653.1275"},1.7692,0.4639,{"v":0,"d":"0.0000"},1.7692,{"v":0,"d":"0.0000"},{"v":0,"d":"0.0000"},4.0023,2.2331]
["A9372","Guindaste articulado montado sobre chassi com capacidade de 20 t.m",{"v":210128.5,"d":"210,128.5000"},14.4916,3.8001,{"v":0,"d":"0.0000"},14.4916,{"v":0,"d":"0.0000"},21.8232,54.6065,40.1149]
["E9687","Caminhão carroceria com capacidade de 5 t - 115 kW",{"$nulls":7},145.0516,56.1038]
["A9303","Caminhão plataforma 4 x 2, PBT 9.600 kg e distância entre eixos 3,7 m - 115 kW - motorista de caminhão",{"v":431848.6994,"d":"431,848.6994"},18.5078,7.6129,3.0846,27.7617,59.5942,24.8892,141.4504,54.0945]
["A9348","Carroceria de madeira com capacidade de 5 t",{"v":23082.5263,"d":"23,082.5263"},1.5919,0.4174,{"v":0,"d":"0.0000"},1.5919,{"v":0,"d":"0.0000"},{"v":0,"d":"0.0000"},3.6012,2.0093]
["E9690","Caminhão carroceria com guindauto e cesto aéreo com capacidade de 10 t.m - 136 kW",{"$nulls":7},320.7579,132.9825]
["A9308","Caminhão plataforma 4 x 2, PBT 16.000 kg e distância entre eixos 4,8 m - 136 kW - motorista de veículo especial",{"v":589090.8612,"d":"589,090.8612"},25.2468,10.3848,4.2078,37.8701,133.9055,29.3013,240.9163,69.1407]
["A9329","Cesto aéreo simples isolado com capacidade para 135 kg",{"v":24327.765,"d":"24,327.7650"},1.6778,{"v":0.44,"d":"0.4400"},{"v":0,"d":"0.0000"},1.6778,{"v":0,"d":"0.0000"},{"v":0,"d":"0.0000"},3.7956,2.1178]
["A9330","Guindaste articulado montado sobre chassi com capacidade de 10 t.m",{"v":170510,"d":"170,510.0000"},11.7593,3.0836,{"v":0,"d":"0.0000"},11.7593,{"v":0,"d":"0.0000"},43.6464,70.2486,58.4893]
["A9350","Carroceria de madeira com capacidade de 9 t",{"v":37159.816,"d":"37,159.8160"},2.5627,{"v":0.672,"d":"0.6720"},{"v":0,"d":"0.0000"},2.5627,{"v":0,"d":"0.0000"},{"v":0,"d":"0.0000"},5.7974,3.2347]
["E9693","Caminhão demarcador de faixas com sistema de pintura Spray - 115 kW",{"$nulls":7},778.5014,408.1136]
["A9322","Caminhão plataforma 4 x 2, PBT 9.600 kg e distância entre eixos 3,7 m - 115 kW - condição de trabalho severa - motorista de caminhão",{"v":431848.6994,"d":"431,848.6994"},18.5078,7.6129,3.0846,27.7617,113.2289,24.8892,195.0851,54.0945]
["A9370","Equipamento demarcador de faixas sistema spray montado sobre chassi com capacidade 1.080 l",{"v":3225898.75,"d":"3,225,898.7500"},243.7346,88.4613,{"v":0,"d":"0.0000"},229.3972,{"v":0,"d":"0.0000"},21.8232,583.4163,354.0191]
["E9783","Plataforma pantográfica montada em caminhão - 115 kW",{"$nulls":7},{"v":293.578,"d":"293.5780"},120.8919]
["A9301","Caminhão plataforma 4 x 2, PBT 8.300 kg e distância entre eixos 3,7 m - 115 kW - motorista de veículo especial",{"v":409661.6084,"d":"409,661.6084"},17.5569,7.2217,2.9262,26.3354,113.2289,29.3013,196.5704,57.0061]
["A9377","Plataforma pantográfica hidráulica montada sobre chassi com capacidade de 600 kg",{"v":496827.6047,"d":"496,827.6047"},33.1218,8.9408,{"v":0,"d":"0.0000"},33.1218,{"v":0,"d":"0.0000"},21.8232,97.0076,63.8858]
["E9787","Bomba para concreto com lança montada sobre chassi com capacidade de 50 m³/h - 136 kW",{"$nulls":7},581.6615,273.8128]
["A9308","Caminhão plataforma 4 x 2, PBT 16.000 kg e distância entre eixos 4,8 m - 136 kW - motorista de veículo especial",{"v":589090.8612,"d":"589,090.8612"},25.2468,10.3848,4.2078,37.8701,133.9055,29.3013,240.9163,69.1407]
["A9371","Bomba para concreto com lança montada sobre chassi com capacidade de 50 m³/h",{"v":1700914.183,"d":"1,700,914.1830"},136.0731,31.4839,{"v":0,"d":"0.0000"},136.0731,{"v":0,"d":"0.0000"},37.1151,340.7452,204.6721]
["E9792","Caminhão para hidrossemeadura com capacidade de 7.500 l - 136 kW",{"$nulls":7},333.6279,126.1522]
["A9323","Caminhão plataforma 4 x 2, PBT 14.300 kg e distância entre eixos 4,8 m - 136 kW - condição de trabalho severa - motorista de caminhão",{"v":542642.3362,"d":"542,642.3362"},23.2561,{"v":9.566,"d":"9.5660"},{"v":3.876,"d":"3.8760"},34.8842,133.9055,24.8892,{"v":230.377,"d":"230.3770"},61.5873]
["A9362","Tanque para hidrossemeadura com capacidade de 7.500 l",{"v":455634.816,"d":"455,634.8160"},34.3875,8.3542,{"v":0,"d":"0.0000"},{"v":38.686,"d":"38.6860"},{"v":0,"d":"0.0000"},21.8232,103.2509,64.5649]

{"sheet":"MOBILIZAÇÃO","index":26,"n_rows":53,"n_cols":14,"rows_kept":53,"hidden":true,"merged":[[0,0,0,13],[1,0,1,13],[2,1,2,10],[2,11,3,11],[2,12,3,13],[3,1,3,10],[4,1,4,10],[4,11,5,11],[4,12,5,12],[5,1,5,10],[6,0,6,13],[7,1,7,13],[8,0,9,4],[8,5,8,6],[8,8,8,9],[8,13,9,13],[9,8,9,9],[10,0,10,1],[10,2,10,4],[11,0,11,1],[12,0,12,1],[13,0,13,1],[14,0,14,1],[15,0,15,1],[16,0,16,1],[17,0,17,1],[18,0,18,1],[19,0,19,1],[20,0,20,1],[21,0,21,1],[22,0,22,1],[23,0,24,4],[23,5,23,6],[23,8,23,9],[23,13,24,13],[25,0,25,1],[25,2,25,4],[26,0,26,1],[27,0,27,1],[28,0,28,1],[29,0,29,1],[30,0,30,1],[31,0,31,1],[32,0,32,1],[33,0,33,1],[34,0,34,1],[35,0,35,7],[35,10,35,13],[36,0,36,13],[37,1,37,2],[38,1,38,2],[39,0,39,1],[41,0,41,13],[42,1,42,2],[43,1,43,2],[44,0,44,1],[45,0,45,1],[46,0,47,11]],"flags":["formulas_cached_only"]}
["ESTADO DE MATO GROSSO"]
["PREFEITURA MUNICIPAL DE SÃO JOSÉ DOS QUATRO MARCOS"]
["OBRA:","PAVIMENTAÇÃO ASFALTICA",{"$nulls":9},0,{"$error":"#REF!"}]
["LOCAL:","JARDIM BANDEIRANTES E ADJACÊNCIAS"]
["PROPR.:","CNPJ: 40.553.092/0001-51",{"$nulls":9},0,{"$error":"#REF!"},{"$error":"#REF!"}]
["ÁREA (m²):",19026.65,{"$nulls":11},{"$error":"#REF!"}]
[]
["COMP 02","MOBILIZAÇÃO E DESMOBILIZAÇÃO DE EQUIPAMENTOS "]
["ITEM DISCRIMINAÇÃO UNID QUANTIDADE",{"$nulls":4},"DMT (km)",null,"PESO","MOMENTO",null,"CONSUMO","CUSTO","CUSTO TOTAL","OBSERVAÇÕES"]
[{"$nulls":5},"PAV","N PAV","(ton)","(ton x km)",null,"(litros/km)","(R$)","(R$)"]
["CÓDIGO",null,"VEÍCULOS LEVES E CAMINHÕES COMUNS",{"$nulls":8},"Combustivel"]
["E400",null,"Caminhão basculante 5 m³ (8,8 t)","und",0,{"v":70,"d":"70.00"},0,{"$nulls":3},0.41,3.99,0]
["E402",null,"Caminhão carroceria de madeira 15 t","und",0,{"v":70,"d":"70.00"},0,{"$nulls":3},0.53,3.99,0]
["E403",null,"Caminhão basculante 6 m³ (10,5 t)","und",0,{"v":70,"d":"70.00"},0,{"$nulls":3},{"v":0.5,"d":"0.50"},3.99,0]
["E404",null,"Caminhão basculante 10 m³ (15 t)","und",{"v":4,"d":"4.00"},{"v":70,"d":"70.00"},0,{"$nulls":3},0.52,3.99,580.94]
["E407",null,"Caminhão tanque 10.000 l","und",null,{"v":70,"d":"70.00"},0,{"$nulls":3},0.52,3.99,0]
["E409",null,"Caminhão carroceria fixa 9 t","und",null,{"v":70,"d":"70.00"},0,{"$nulls":3},{"v":0.5,"d":"0.50"},3.99,0]
["E412",null,"Automóvel até 100 HP","und",null,{"v":70,"d":"70.00"},0,{"$nulls":3},0.14,3.99,0]
["E416",null,"Veículo leve - pick up (4 x 4)","und",{"v":1,"d":"1.00"},{"v":70,"d":"70.00"},0,{"$nulls":3},0.18,3.99,50.27]
["E432",null,"Caminhão basculante 14 m³ (20 t)","und",{"v":5,"d":"5.00"},{"v":70,"d":"70.00"},0,{"$nulls":3},0.91,3.99,{"v":1270.82,"d":"1,270.82"}]
["E433",null,"Caminhão basculante 6 x 4 para rocha 12 m³ (18 t)","und",0,{"v":70,"d":"70.00"},0,{"$nulls":3},{"v":0.9,"d":"0.90"},3.99,0]
["E434",null,"Caminhão Carroceria : Mercedes Benz : L 1620/51 - c/ guindauto 6 t x m","und",{"v":1,"d":"1.00"},{"v":70,"d":"70.00"},0,{"$nulls":3},0.47,3.99,131.27]
["SUB-TOTAL",{"$nulls":10},"TOTAL",{"v":2033.3,"d":"2,033.30"}]
["ITEM DISCRIMINAÇÃO UNID QUANTIDADE",{"$nulls":4},"DMT (km)",null,"PESO","MOMENTO",null,"CONSUMO","CUSTO","CUSTO TOTAL","OBSERVAÇÕES"]
[{"$nulls":5},"PAV","N PAV","(ton)","PAV","N PAV","(litros/km)","(R$)","(R$)"]
["CÓDIGO",null,"EQUIPAMENTOS DE GRANDE PORTE",{"$nulls":8},"R$ (Ton.xKm)"]
["E001",null,"Trator de esteiras D4E-PS/4A - com lâmina","und",{"v":3,"d":"3.00"},{"v":70,"d":"70.00"},0,9.77,{"v":2051.7,"d":"2,051.70"},0]
["E010",null,"Carregadeira de pneus 3,10 m³","und",{"v":2,"d":"2.00"},{"v":70,"d":"70.00"},0,16.26,{"v":2276.4,"d":"2,276.40"},0]
["E011",null,"Retroescavadeira MF-86HD","und",{"v":2,"d":"2.00"},{"v":70,"d":"70.00"},0,5.65,{"v":791,"d":"791.00"},0]
["E013",null,"Rolo compact. pé de carneiro autoprop. 11,25 t","und",{"v":5,"d":"5.00"},{"v":70,"d":"70.00"},0,11.24,{"v":3934,"d":"3,934.00"},0]
["E062",null,"Escavadeira hidráulica Caterpillar 320L - cap. 1,7 m³","und",{"v":1,"d":"1.00"},{"v":70,"d":"70.00"},0,{"v":31.5,"d":"31.50"},{"v":2205,"d":"2,205.00"},0]
["E107",null,"Vassoura mecânica CMV rebocável","und",0,{"v":70,"d":"70.00"},0,2.68,0,0]
["E501",null,"Grupo gerador 36/40 KVA","und",0,{"v":70,"d":"70.00"},0,{"v":1.2,"d":"1.20"},0,0]
["E503",null,"Grupo gerador 164/180 KVA","und",null,{"v":70,"d":"70.00"},0,{"v":2.3,"d":"2.30"},0,0]
["E9502",null,"BATE ESTACA DE GRAVIDADE","und",null,{"v":70,"d":"70.00"},0,{"v":3.5,"d":"3.50"},0,0]
[{"$nulls":8},{"v":11258.1,"d":"11,258.10"},0]
["CUSTO DO TRANSPORTE T/KM (DESONERADO)"]
["5914640 - SICRO","TRANSPORTE COM CAVALO MECÂNICO DE 30T - RODOVIA PAVIMENTADA",null,"Tkm",{"v":1,"d":"1.00"},{"$nulls":4},0.39,"X",{"v":11258.1,"d":"11,258.10"},{"v":4390.66,"d":"4,390.66"}]
["5914639 - SICRO","TRANSPORTE COM CAVALO MECÂNICO DE 30 T - RODOVIA COM REVESTIMENTO PRIMÁRIO",null,"Tkm",{"v":1,"d":"1.00"},{"$nulls":4},0.48,"X",0,0]
["SUB-TOTAL",{"$nulls":11},{"v":4390.66,"d":"4,390.66"}]
[]
["CUSTO DO TRANSPORTE T/KM (NÃO DESONERADO)"]
["5914640 - SICRO","TRANSPORTE COM CAVALO MECÂNICO DE 30T - RODOVIA PAVIMENTADA",null,"Tkm",{"v":1,"d":"1.00"},{"$nulls":4},0.39,"X",{"v":11258.1,"d":"11,258.10"},{"v":4390.66,"d":"4,390.66"}]
["5914639 - SICRO","TRANSPORTE COM CAVALO MECÂNICO DE 30 T - RODOVIA COM REVESTIMENTO PRIMÁRIO",null,"Tkm",{"v":1,"d":"1.00"},{"$nulls":4},0.48,"X",0,0]
["SUB-TOTAL",{"$nulls":11},{"v":4390.66,"d":"4,390.66"}]
[]
["TOTAL MOBILIZAÇÃO E DESMOBILIZAÇÃO",{"$nulls":11},{"v":6423.96,"d":"6,423.96"},"2 X (IDA E VOLTA)"]
[{"$nulls":12},{"v":12847.92,"d":"12,847.92"}]
[]
[]
[{"$nulls":5},0]
[{"$nulls":5},0]
[{"$nulls":5},0]

{"sheet":"M CALC PVD","index":27,"n_rows":27,"n_cols":26,"rows_kept":27,"hidden":true,"merged":[[0,0,0,25],[1,0,1,25],[2,1,2,19],[2,22,2,23],[2,24,2,25],[3,1,3,19],[3,20,5,21],[3,22,3,23],[3,24,3,25],[4,1,4,19],[4,22,4,23],[4,24,4,25],[5,1,5,19],[5,22,5,23],[5,24,5,25],[6,0,6,25],[7,0,7,25],[8,0,8,25],[9,0,10,0],[9,2,9,4],[9,5,9,7],[9,8,9,11],[9,12,9,14],[9,15,9,16],[9,19,9,21],[9,22,9,25]],"flags":["formulas_cached_only"]}
["ONO EMPREENDIMENTOS - ME"]
["CNPJ: 40.553.092/0001-51"]
["OBRA:","PAVIMENTAÇÃO ASFALTICA",{"$nulls":18},"REFERENCIA:",null,"BDI DESON",null,"BDI NÃO DES"]
["LOCAL:","JARDIM BANDEIRANTES E ADJACÊNCIAS",{"$nulls":18},"SINAPI 12/2023 - SICRO 07/2023 ANP 12/2023",null,{"v":0.2671,"d":"26.71%"},null,{"v":0.2067,"d":"20.67%"}]
["PROPR.:","CNPJ: 40.553.092/0001-51",{"$nulls":20},"DIFERENCIADO",null,"DIFERENCIADO"]
["ÁREA (m²):",21528.98,{"$nulls":20},{"v":0.15,"d":"15.00%"},null,{"v":0.15,"d":"15.00%"}]
[]
["QUANTIFICAÇÃO DE SERVIÇO"]
[]
["TIPO POÇO DE VISITA","DIAMETRO ","DADOS INICIAIS",null,null,"ALVEN",null,null,"ESCAVAÇÃO",{"$nulls":3},"REG F VALA",null,null,"LAJE FUNDO",null,"MAGRO","REATERRO","LAJE SUPERIOR",null,null,"VIGA"]
[null,null,"LARG","EXT","PROF","M²","TIJOLOS","ARGAM","LARG","EXT","PROF","VOL","LARG","EXT","AREA","CONC","AÇO-50","ESP 5,0 CM","VOL (m³)","CONC","AÇO-50","FORMA","CONC","AÇO-50","AÇO-60","FORMA"]
["PVD - 600",0.6,{"v":1.6,"d":"1.60"},2.12,{"v":1,"d":"1.00"},6.31,{"v":1262,"d":"1,262.00"},0.46,{"v":2.6,"d":"2.60"},1.56,{"v":2.2,"d":"2.20"},8.92,{"v":2.6,"d":"2.60"},1.56,4.06,0.34,20.93,3.39,5.53,0.51,55.81,3.39,0.33,18.36,7.64,2.98]
[]
["PVD - 800",0.8,{"v":1.9,"d":"1.90"},{"v":2.6,"d":"2.60"},{"v":1.1,"d":"1.10"},7.89,{"v":1578,"d":"1,578.00"},0.61,{"v":2.9,"d":"2.90"},{"v":1.8,"d":"1.80"},{"v":2.3,"d":"2.30"},12.01,{"v":2.9,"d":"2.90"},{"v":1.8,"d":"1.80"},5.22,0.49,30.48,4.94,6.58,0.74,81.28,4.94,0.41,22.21,9.24,{"v":1.8,"d":"1.80"}]
[]
["PVD - 1000",1,{"v":1.9,"d":"1.90"},3.08,1.32,10.01,{"v":2002,"d":"2,002.00"},0.81,{"v":2.9,"d":"2.90"},2.04,2.52,14.91,{"v":2.9,"d":"2.90"},2.04,5.92,0.59,36.11,5.85,7.19,0.88,96.28,5.85,0.45,24.58,10.23,1.99]
[]
["PVD - 1200",1.2,{"v":1.9,"d":"1.90"},3.52,1.52,11.96,{"v":2392,"d":"2,392.00"},1.01,{"v":2.9,"d":"2.90"},2.26,2.72,17.83,{"v":2.9,"d":"2.90"},2.26,6.55,0.67,41.26,6.69,7.66,{"v":1,"d":"1.00"},110.04,6.69,0.49,26.75,11.13,2.17]
[]
["PVD - 1500",1.5,{"v":1.9,"d":"1.90"},4.08,1.82,{"v":14.7,"d":"14.70"},{"v":2940,"d":"2,940.00"},1.34,{"v":2.9,"d":"2.90"},2.54,3.02,22.25,{"v":2.9,"d":"2.90"},2.54,7.37,0.78,47.83,7.75,8.14,1.16,127.55,7.75,0.54,29.52,12.28,2.39]
[]
["VER PROJETO DE DETALHAMENTO DE POÇO DE VISITA"]
[]
[]
[null,"Engº Yuri Bispo Neves Vuolo"]
[null,"ENGº CIVIL"]
[null," CREA - MT 047573"]

{"sheet":"SINAPI DESO","index":28,"n_rows":12472,"n_cols":9,"rows_kept":12472,"hidden":true,"flags":["formulas_cached_only"]}
["        PRECOS DE INSUMOS - BANCO NACIONAL"]
[""]
["MES DE COLETA: 12/2023"]
["LOCALIDADE: 4160 - CUIABA"]
["ENCARGOS SOCIAIS DESONERADOS (%) HORISTA  79,65  MENSALISTA  43,45",{"$nulls":4},{"v":0.821,"d":"0.82100"}]
[""]
["CODIGO  ","DESCRICAO DO INSUMO","UNIDADE DE MEDIDA","PRECO MEDIANO R$",{"$nulls":4},"PRECO MEDIANO R$"]
[38605,"ABERTURA PARA ENCAIXE DE CUBA OU LAVATORIO EM BANCADA DE MARMORE/ GRANITO OU OUTRO TIPO DE PEDRA NATURAL                                                                                                                                                                                                                                                                                                                                                                                                  ","UN    ",116.71,{"$nulls":4},142.15]
[11270,"ABRACADEIRA DE LATAO PARA FIXACAO DE CABO PARA-RAIO, DIMENSOES 32 X 24 X 24 MM                                                                                                                                                                                                                                                                                                                                                                                                                            ","UN    ",2.13,{"$nulls":4},2.59]
[412,"ABRACADEIRA DE NYLON PARA AMARRACAO DE CABOS, COMPRIMENTO DE *230* X *7,6* MM                                                                                                                                                                                                                                                                                                                                                                                                                             ","UN    ",1.09,{"$nulls":4},1.33]
[414,"ABRACADEIRA DE NYLON PARA AMARRACAO DE CABOS, COMPRIMENTO DE 100 X 2,5 MM                                                                                                                                                                                                                                                                                                                                                                                                                                 ","UN    ",0.07,{"$nulls":4},0.08]
[410,"ABRACADEIRA DE NYLON PARA AMARRACAO DE CABOS, COMPRIMENTO DE 150 X *3,6* MM                                                                                                                                                                                                                                                                                                                                                                                                                               ","UN    ",0.16,{"$nulls":4},0.2]
[411,"ABRACADEIRA DE NYLON PARA AMARRACAO DE CABOS, COMPRIMENTO DE 200 X *4,6* MM                                                                                                                                                                                                                                                                                                                                                                                                                               ","UN    ",0.21,{"$nulls":4},0.26]
[408,"ABRACADEIRA DE NYLON PARA AMARRACAO DE CABOS, COMPRIMENTO DE 390 X *4,6* MM                                                                                                                                                                                                                                                                                                                                                                                                                               ","UN    ",1.06,{"$nulls":4},1.29]
[39131,"ABRACADEIRA EM ACO PARA AMARRACAO DE ELETRODUTOS, TIPO D, COM 1 1/2\" E CUNHA DE FIXACAO                                                                                                                                                                                                                                                                                                                                                                                                                   ","UN    ",3.23,{"$nulls":4},3.94]
[394,"ABRACADEIRA EM ACO PARA AMARRACAO DE ELETRODUTOS, TIPO D, COM 1 1/2\" E PARAFUSO DE FIXACAO                                                                                                                                                                                                                                                                                                                                                                                                                ","UN    ",3.28,{"$nulls":4},3.99]
[39130,"ABRACADEIRA EM ACO PARA AMARRACAO DE ELETRODUTOS, TIPO D, COM 1 1/4\" E CUNHA DE FIXACAO                                                                                                                                                                                                                                                                                                                                                                                                                   ","UN    ",2.96,{"$nulls":4},3.6]
[395,"ABRACADEIRA EM ACO PARA AMARRACAO DE ELETRODUTOS, TIPO D, COM 1 1/4\" E PARAFUSO DE FIXACAO                                                                                                                                                                                                                                                                                                                                                                                                                ","UN    ",3.16,{"$nulls":4},3.85]
[39127,"ABRACADEIRA EM ACO PARA AMARRACAO DE ELETRODUTOS, TIPO D, COM 1/2\" E CUNHA DE FIXACAO                                                                                                                                                                                                                                                                                                                                                                                                                     ","UN    ",1.56,{"$nulls":4},1.9]
[392,"ABRACADEIRA EM ACO PARA AMARRACAO DE ELETRODUTOS, TIPO D, COM 1/2\" E PARAFUSO DE FIXACAO                                                                                                                                                                                                                                                                                                                                                                                                                  ","UN    ",1.59,{"$nulls":4},1.94]
[39129,"ABRACADEIRA EM ACO PARA AMARRACAO DE ELETRODUTOS, TIPO D, COM 1\" E CUNHA DE FIXACAO                                                                                                                                                                                                                                                                                                                                                                                                                       ","UN    ",1.82,{"$nulls":4},2.22]
[393,"ABRACADEIRA EM ACO PARA AMARRACAO DE ELETRODUTOS, TIPO D, COM 1\" E PARAFUSO DE FIXACAO                                                                                                                                                                                                                                                                                                                                                                                                                    ","UN    ",{"v":1.9,"d":"1.90"},{"$nulls":4},2.32]
[39133,"ABRACADEIRA EM ACO PARA AMARRACAO DE ELETRODUTOS, TIPO D, COM 2 1/2\" E CUNHA DE FIXACAO                                                                                                                                                                                                                                                                                                                                                                                                                   ","UN    ",4.25,{"$nulls":4},5.18]
[397,"ABRACADEIRA EM ACO PARA AMARRACAO DE ELETRODUTOS, TIPO D, COM 2 1/2\" E PARAFUSO DE FIXACAO                                                                                                                                                                                                                                                                                                                                                                                                                ","UN    ",{"v":4.7,"d":"4.70"},{"$nulls":4},5.72]
[39132,"ABRACADEIRA EM ACO PARA AMARRACAO DE ELETRODUTOS, TIPO D, COM 2\" E CUNHA DE FIXACAO                                                                                                                                                                                                                                                                                                                                                                                                                       ","UN    ",{"v":3.4,"d":"3.40"},{"$nulls":4},4.14]
[396,"ABRACADEIRA EM ACO PARA AMARRACAO DE ELETRODUTOS, TIPO D, COM 2\" E PARAFUSO DE FIXACAO                                                                                                                                                                                                                                                                                                                                                                                                                    ","UN    ",3.65,{"$nulls":4},4.44]
[39135,"ABRACADEIRA EM ACO PARA AMARRACAO DE ELETRODUTOS, TIPO D, COM 3 1/2\" E CUNHA DE FIXACAO                                                                                                                                                                                                                                                                                                                                                                                                                   ","UN    ",6.81,{"$nulls":4},8.29]
[39128,"ABRACADEIRA EM ACO PARA AMARRACAO DE ELETRODUTOS, TIPO D, COM 3/4\" E CUNHA DE FIXACAO                                                                                                                                                                                                                                                                                                                                                                                                                     ","UN    ",{"v":1.7,"d":"1.70"},{"$nulls":4},2.07]
[400,"ABRACADEIRA EM ACO PARA AMARRACAO DE ELETRODUTOS, TIPO D, COM 3/4\" E PARAFUSO DE FIXACAO                                                                                                                                                                                                                                                                                                                                                                                                                  ","UN    ",1.66,{"$nulls":4},2.02]
[39125,"ABRACADEIRA EM ACO PARA AMARRACAO DE ELETRODUTOS, TIPO D, COM 3/8\" E PARAFUSO DE FIXACAO                                                                                                                                                                                                                                                                                                                                                                                                                  ","UN    ",{"v":1.7,"d":"1.70"},{"$nulls":4},2.07]
[39134,"ABRACADEIRA EM ACO PARA AMARRACAO DE ELETRODUTOS, TIPO D, COM 3\" E CUNHA DE FIXACAO                                                                                                                                                                                                                                                                                                                                                                                                                       ","UN    ",5.67,{"$nulls":4},6.91]
[398,"ABRACADEIRA EM ACO PARA AMARRACAO DE ELETRODUTOS, TIPO D, COM 3\" E PARAFUSO DE FIXACAO                                                                                                                                                                                                                                                                                                                                                                                                                    ","UN    ",5.22,{"$nulls":4},6.36]
[39126,"ABRACADEIRA EM ACO PARA AMARRACAO DE ELETRODUTOS, TIPO D, COM 4\" E CUNHA DE FIXACAO                                                                                                                                                                                                                                                                                                                                                                                                                       ","UN    ",7.65,{"$nulls":4},9.32]
[399,"ABRACADEIRA EM ACO PARA AMARRACAO DE ELETRODUTOS, TIPO D, COM 4\" E PARAFUSO DE FIXACAO                                                                                                                                                                                                                                                                                                                                                                                                                    ","UN    ",6.74,{"$nulls":4},8.21]
[39158,"ABRACADEIRA EM ACO PARA AMARRACAO DE ELETRODUTOS, TIPO ECONOMICA (GOTA), COM 8\"                                                                                                                                                                                                                                                                                                                                                                                                                           ","UN    ",18.11,{"$nulls":4},22.06]
[39141,"ABRACADEIRA EM ACO PARA AMARRACAO DE ELETRODUTOS, TIPO U SIMPLES, COM 1 1/2\"                                                                                                                                                                                                                                                                                                                                                                                                                              ","UN    ",1.31,{"$nulls":4},1.6]
[39140,"ABRACADEIRA EM ACO PARA AMARRACAO DE ELETRODUTOS, TIPO U SIMPLES, COM 1 1/4\"                                                                                                                                                                                                                                                                                                                                                                                                                              ","UN    ",1.19,{"$nulls":4},1.45]
[39137,"ABRACADEIRA EM ACO PARA AMARRACAO DE ELETRODUTOS, TIPO U SIMPLES, COM 1/2\"                                                                                                                                                                                                                                                                                                                                                                                                                                ","UN    ",0.68,{"$nulls":4},0.83]
[39139,"ABRACADEIRA EM ACO PARA AMARRACAO DE ELETRODUTOS, TIPO U SIMPLES, COM 1\"                                                                                                                                                                                                                                                                                                                                                                                                                                  ","UN    ",0.99,{"$nulls":4},1.2]
[39143,"ABRACADEIRA EM ACO PARA AMARRACAO DE ELETRODUTOS, TIPO U SIMPLES, COM 2 1/2\"                                                                                                                                                                                                                                                                                                                                                                                                                              ","UN    ",2.71,{"$nulls":4},3.3]
[39142,"ABRACADEIRA EM ACO PARA AMARRACAO DE ELETRODUTOS, TIPO U SIMPLES, COM 2\"                                                                                                                                                                                                                                                                                                                                                                                                                                  ","UN    ",1.94,{"$nulls":4},2.36]
[39138,"ABRACADEIRA EM ACO PARA AMARRACAO DE ELETRODUTOS, TIPO U SIMPLES, COM 3/4\"                                                                                                                                                                                                                                                                                                                                                                                                                                ","UN    ",0.72,{"$nulls":4},0.88]
[39136,"ABRACADEIRA EM ACO PARA AMARRACAO DE ELETRODUTOS, TIPO U SIMPLES, COM 3/8\"                                                                                                                                                                                                                                                                                                                                                                                                                                ","UN    ",0.48,{"$nulls":4},0.59]
[39144,"ABRACADEIRA EM ACO PARA AMARRACAO DE ELETRODUTOS, TIPO U SIMPLES, COM 3\"                                                                                                                                                                                                                                                                                                                                                                                                                                  ","UN    ",3.16,{"$nulls":4},3.85]
[39145,"ABRACADEIRA EM ACO PARA AMARRACAO DE ELETRODUTOS, TIPO U SIMPLES, COM 4\"                                                                                                                                                                                                                                                                                                                                                                                                                                  ","UN    ",5.21,{"$nulls":4},6.34]
[12615,"ABRACADEIRA PVC, PARA CALHA PLUVIAL, DIAMETRO ENTRE *80 E 100* MM, PARA DRENAGEM PLUVIAL PREDIAL                                                                                                                                                                                                                                                                                                                                                                                                          ","UN    ",{"v":10.1,"d":"10.10"},{"$nulls":4},12.3]
[11927,"ABRACADEIRA, GALVANIZADA/ZINCADA, ROSCA SEM FIM, PARAFUSO INOX, LARGURA  FITA *12,6 A *14 MM, D = 2\" A 2 1/2\"                                                                                                                                                                                                                                                                                                                                                                                             ","UN    ",6.35,{"$nulls":4},7.73]
[11928,"ABRACADEIRA, GALVANIZADA/ZINCADA, ROSCA SEM FIM, PARAFUSO INOX, LARGURA  FITA *12,6 A *14 MM, D = 3\" A 3 3/4\"                                                                                                                                                                                                                                                                                                                                                                                             ","UN    ",7.27,{"$nulls":4},8.86]
[11929,"ABRACADEIRA, GALVANIZADA/ZINCADA, ROSCA SEM FIM, PARAFUSO INOX, LARGURA  FITA *12,6 A *14 MM, D = 4\" A 4 3/4\"                                                                                                                                                                                                                                                                                                                                                                                             ","UN    ",11.26,{"$nulls":4},13.71]
[36801,"ACABAMENTO DE METAL CROMADO PARA REGISTRO PEQUENO, DE PAREDE, 1/2 \" OU 3/4 \"                                                                                                                                                                                                                                                                                                                                                                                                                              ","UN    ",29.74,{"$nulls":4},36.22]
[36246,"ACABAMENTO SIMPLES/CONVENCIONAL PARA FORRO PVC, TIPO \"U\" OU \"C\", COR BRANCA, COMPRIMENTO 6 M                                                                                                                                                                                                                                                                                                                                                                                                              ","M     ",3.63,{"$nulls":4},4.42]
[37600,"ACESSORIO DE LIGACAO NAO ELETRICO PARA CARGAS EXPLOSIVAS, TUBO DE 6 M                                                                                                                                                                                                                                                                                                                                                                                                                                     ","UN    ",86.09,{"$nulls":4},104.86]
[37599,"ACESSORIO INICIADOR NAO ELETRICO, TUBO DE 6 M, TEMPO DE RETARDO DE *160* MS                                                                                                                                                                                                                                                                                                                                                                                                                               ","UN    ",80.13,{"$nulls":4},97.6]
[1,"ACETILENO (RECARGA DE GAS ACETILENO PARA CILINDRO DE CONJUNTO OXICORTE GRANDE) NAO INCLUI TROCA/MANUTENCAO DO CILINDRO                                                                                                                                                                                                                                                                                                                                                                                    ","KG    ",106.73,{"$nulls":4},130]
[3,"ACIDO CLORIDRICO / ACIDO MURIATICO, DILUICAO 10% A 12% PARA USO EM LIMPEZA                                                                                                                                                                                                                                                                                                                                                                                                                                ","L     ",12.34,{"$nulls":4},15.03]
[43054,"ACO CA-25, 10,0 MM, OU 12,5 MM, OU 16,0 MM, OU 20,0 MM, OU 25,0 MM, VERGALHAO                                                                                                                                                                                                                                                                                                                                                                                                                             ","KG    ",8.21,{"$nulls":4},10]
[42402,"ACO CA-25, 16,0 MM, BARRA DE TRANSFERENCIA                                                                                                                                                                                                                                                                                                                                                                                                                                                                ","KG    ",7.84,{"$nulls":4},9.55]
[42403,"ACO CA-25, 20,0 MM, BARRA DE TRANSFERENCIA                                                                                                                                                                                                                                                                                                                                                                                                                                                                ","KG    ",10.07,{"$nulls":4},12.26]
[42404,"ACO CA-25, 25,0 MM, BARRA DE TRANSFERENCIA                                                                                                                                                                                                                                                                                                                                                                                                                                                                ","KG    ",10.01,{"$nulls":4},12.19]
[42405,"ACO CA-25, 32,0 MM, BARRA DE TRANSFERENCIA                                                                                                                                                                                                                                                                                                                                                                                                                                                                ","KG    ",10.66,{"$nulls":4},12.98]
[34341,"ACO CA-25, 32,0 MM, VERGALHAO                                                                                                                                                                                                                                                                                                                                                                                                                                                                             ","KG    ",9.25,{"$nulls":4},11.27]
[43053,"ACO CA-25, 6,3 MM OU 8,0 MM, VERGALHAO                                                                                                                                                                                                                                                                                                                                                                                                                                                                    ","KG    ",7.33,{"$nulls":4},8.93]
[43058,"ACO CA-50, 10,0 MM, OU 12,5 MM, OU 16,0 MM, OU 20,0 MM, DOBRADO E CORTADO                                                                                                                                                                                                                                                                                                                                                                                                                                 ","KG    ",{"v":7.6,"d":"7.60"},{"$nulls":4},9.26]
[34,"ACO CA-50, 10,0 MM, VERGALHAO                                                                                                                                                                                                                                                                                                                                                                                                                                                                             ","KG    ",7.64,{"$nulls":4},9.3]
[43055,"ACO CA-50, 12,5 MM OU 16,0 MM, VERGALHAO                                                                                                                                                                                                                                                                                                                                                                                                                                                                  ","KG    ",6.62,{"$nulls":4},8.06]
[43056,"ACO CA-50, 20,0 MM OU 25,0 MM, VERGALHAO                                                                                                                                                                                                                                                                                                                                                                                                                                                                  ","KG    ",7.63,{"$nulls":4},9.29]
[43057,"ACO CA-50, 32,0 MM, VERGALHAO                                                                                                                                                                                                                                                                                                                                                                                                                                                                             ","KG    ",8.38,{"$nulls":4},10.21]
[34449,"ACO CA-50, 6,3 MM, DOBRADO E CORTADO                                                                                                                                                                                                                                                                                                                                                                                                                                                                      ","KG    ",8.97,{"$nulls":4},10.92]
[32,"ACO CA-50, 6,3 MM, VERGALHAO                                                                                                                                                                                                                                                                                                                                                                                                                                                                              ","KG    ",8.05,{"$nulls":4},9.81]
[33,"ACO CA-50, 8,0 MM, VERGALHAO                                                                                                                                                                                                                                                                                                                                                                                                                                                                              ","KG    ",{"v":8.1,"d":"8.10"},{"$nulls":4},9.87]
[43061,"ACO CA-60, 4,2 MM OU 5,0 MM, DOBRADO E CORTADO                                                                                                                                                                                                                                                                                                                                                                                                                                                            ","KG    ",7.57,{"$nulls":4},9.22]
[43059,"ACO CA-60, 4,2 MM, OU 5,0 MM, OU 6,0 MM, OU 7,0 MM, VERGALHAO                                                                                                                                                                                                                                                                                                                                                                                                                                             ","KG    ",7.22,{"$nulls":4},8.8]
[43062,"ACO CA-60, 6,0 MM OU 7,0 MM, DOBRADO E CORTADO                                                                                                                                                                                                                                                                                                                                                                                                                                                            ","KG    ",8.01,{"$nulls":4},9.76]
[43060,"ACO CA-60, 8,0 MM OU 9,5 MM, VERGALHAO                                                                                                                                                                                                                                                                                                                                                                                                                                                                    ","KG    ",{"v":6.3,"d":"6.30"},{"$nulls":4},7.67]
[40410,"ACOPLAMENTO RIGIDO EM FERRO FUNDIDO PARA SISTEMA DE TUBULACAO RANHURADA, DN 50 MM (2\")                                                                                                                                                                                                                                                                                                                                                                                                                    ","UN    ",19.47,{"$nulls":4},23.72]
[40411,"ACOPLAMENTO RIGIDO EM FERRO FUNDIDO PARA SISTEMA DE TUBULACAO RANHURADA, DN 65 MM (2 1/2\")                                                                                                                                                                                                                                                                                                                                                                                                                ","UN    ",21.13,{"$nulls":4},25.74]
[40412,"ACOPLAMENTO RIGIDO EM FERRO FUNDIDO PARA SISTEMA DE TUBULACAO RANHURADA, DN 80 MM (3\")                                                                                                                                                                                                                                                                                                                                                                                                                    ","UN    ",23.72,{"$nulls":4},28.89]
[44254,"ADAPTADOR CPVC, ROSCAVEL, COM FLANGES E ANEL DE VEDACAO, 15 MM, CAIXA D'AGUA PARA AGUA QUENTE                                                                                                                                                                                                                                                                                                                                                                                                             ","UN    ",22.42,{"$nulls":4},27.31]
[44255,"ADAPTADOR CPVC, ROSCAVEL, COM FLANGES E ANEL DE VEDACAO, 22 MM, CAIXA D'AGUA PARA AGUA QUENTE                                                                                                                                                                                                                                                                                                                                                                                                             ","UN    ",24.85,{"$nulls":4},30.27]
[44256,"ADAPTADOR CPVC, ROSCAVEL, COM FLANGES E ANEL DE VEDACAO, 28 MM, CAIXA D'AGUA PARA AGUA QUENTE                                                                                                                                                                                                                                                                                                                                                                                                             ","UN    ",28.07,{"$nulls":4},34.19]
[44257,"ADAPTADOR CPVC, ROSCAVEL, COM FLANGES E ANEL DE VEDACAO, 35 MM, CAIXA D'AGUA PARA AGUA QUENTE                                                                                                                                                                                                                                                                                                                                                                                                             ","UN    ",{"v":44.4,"d":"44.40"},{"$nulls":4},54.08]
[44258,"ADAPTADOR CPVC, ROSCAVEL, COM FLANGES E ANEL DE VEDACAO, 42 MM, CAIXA D'AGUA PARA AGUA QUENTE                                                                                                                                                                                                                                                                                                                                                                                                             ","UN    ",50.75,{"$nulls":4},61.81]
[44259,"ADAPTADOR CPVC, ROSCAVEL, COM FLANGES E ANEL DE VEDACAO, 54 MM, CAIXA D'AGUA PARA AGUA QUENTE                                                                                                                                                                                                                                                                                                                                                                                                             ","UN    ",69.65,{"$nulls":4},84.84]
[37997,"ADAPTADOR CPVC, SOLDAVEL, 15 MM, PARA AGUA QUENTE                                                                                                                                                                                                                                                                                                                                                                                                                                                         ","UN    ",13.36,{"$nulls":4},16.27]
[37998,"ADAPTADOR CPVC, SOLDAVEL, 22 MM, PARA AGUA QUENTE                                                                                                                                                                                                                                                                                                                                                                                                                                                         ","UN    ",17.88,{"$nulls":4},21.78]
[55,"ADAPTADOR DE COMPRESSAO EM POLIPROPILENO (PP), PARA TUBO EM PEAD, 20 MM X 1/2\", PARA LIGACAO PREDIAL DE AGUA (NTS 179)                                                                                                                                                                                                                                                                                                                                                                                    ","UN    ",3.45,{"$nulls":4},4.2]
[61,"ADAPTADOR DE COMPRESSAO EM POLIPROPILENO (PP), PARA TUBO EM PEAD, 20 MM X 3/4\", PARA LIGACAO PREDIAL DE AGUA (NTS 179)                                                                                                                                                                                                                                                                                                                                                                                    ","UN    ",3.26,{"$nulls":4},3.97]
[62,"ADAPTADOR DE COMPRESSAO EM POLIPROPILENO (PP), PARA TUBO EM PEAD, 32 MM X 1\", PARA LIGACAO PREDIAL DE AGUA (NTS 179)                                                                                                                                                                                                                                                                                                                                                                                      ","UN    ",6.76,{"$nulls":4},8.23]
[10899,"ADAPTADOR EM LATAO, ENGATE RAPIDO 2 1/2\" X ROSCA INTERNA 5 FIOS 2 1/2\", PARA INSTALACAO PREDIAL DE COMBATE A INCENDIO                                                                                                                                                                                                                                                                                                                                                                                     ","UN    ",64.74,{"$nulls":4},78.85]
[10900,"ADAPTADOR EM LATAO, ENGATE RAPIDO1 1/2\" X ROSCA INTERNA 5 FIOS 2 1/2\", PARA INSTALACAO PREDIAL DE COMBATE A INCENDIO                                                                                                                                                                                                                                                                                                                                                                                      ","UN    ",50.66,{"$nulls":4},61.71]
[103,"ADAPTADOR PVC SOLDAVEL CURTO COM BOLSA E ROSCA, 110 MM X 4\", PARA AGUA FRIA                                                                                                                                                                                                                                                                                                                                                                                                                               ","UN    ",35.48,{"$nulls":4},43.22]
[107,"ADAPTADOR PVC SOLDAVEL CURTO COM BOLSA E ROSCA, 20 MM X 1/2\", PARA AGUA FRIA                                                                                                                                                                                                                                                                                                                                                                                                                              ","UN    ",0.67,{"$nulls":4},0.81]
[65,"ADAPTADOR PVC SOLDAVEL CURTO COM BOLSA E ROSCA, 25 MM X 3/4\", PARA AGUA FRIA                                                                                                                                                                                                                                                                                                                                                                                                                              ","UN    ",0.73,{"$nulls":4},0.89]
[108,"ADAPTADOR PVC SOLDAVEL CURTO COM BOLSA E ROSCA, 32 MM X 1\", PARA AGUA FRIA                                                                                                                                                                                                                                                                                                                                                                                                                                ","UN    ",1.47,{"$nulls":4},1.79]
[110,"ADAPTADOR PVC SOLDAVEL CURTO COM BOLSA E ROSCA, 40 MM X 1 1/2\", PARA AGUA FRIA                                                                                                                                                                                                                                                                                                                                                                                                                            ","UN    ",5.11,{"$nulls":4},6.22]
[109,"ADAPTADOR PVC SOLDAVEL CURTO COM BOLSA E ROSCA, 40 MM X 1 1/4\", PARA AGUA FRIA                                                                                                                                                                                                                                                                                                                                                                                                                            ","UN    ",3.04,{"$nulls":4},3.7]
[111,"ADAPTADOR PVC SOLDAVEL CURTO COM BOLSA E ROSCA, 50 MM X 1 1/4\", PARA AGUA FRIA                                                                                                                                                                                                                                                                                                                                                                                                                            ","UN    ",{"v":6.9,"d":"6.90"},{"$nulls":4},8.41]
[112,"ADAPTADOR PVC SOLDAVEL CURTO COM BOLSA E ROSCA, 50 MM X1 1/2\", PARA AGUA FRIA                                                                                                                                                                                                                                                                                                                                                                                                                             ","UN    ",3.66,{"$nulls":4},4.46]
[113,"ADAPTADOR PVC SOLDAVEL CURTO COM BOLSA E ROSCA, 60 MM X 2\", PARA AGUA FRIA                                                                                                                                                                                                                                                                                                                                                                                                                                ","UN    ",9.16,{"$nulls":4},11.16]
[104,"ADAPTADOR PVC SOLDAVEL CURTO COM BOLSA E ROSCA, 75 MM X 2 1/2\", PARA AGUA FRIA                                                                                                                                                                                                                                                                                                                                                                                                                            ","UN    ",15.95,{"$nulls":4},19.43]
[102,"ADAPTADOR PVC SOLDAVEL CURTO COM BOLSA E ROSCA, 85 MM X 3\", PARA AGUA FRIA                                                                                                                                                                                                                                                                                                                                                                                                                                ","UN    ",21.99,{"$nulls":4},26.78]
[95,"ADAPTADOR PVC SOLDAVEL, COM FLANGE E ANEL DE VEDACAO, 20 MM X 1/2\", PARA CAIXA D'AGUA                                                                                                                                                                                                                                                                                                                                                                                                                     ","UN    ",9.29,{"$nulls":4},11.32]
[96,"ADAPTADOR PVC SOLDAVEL, COM FLANGE E ANEL DE VEDACAO, 25 MM X 3/4\", PARA CAIXA D'AGUA                                                                                                                                                                                                                                                                                                                                                                                                                     ","UN    ",10.11,{"$nulls":4},12.31]
[97,"ADAPTADOR PVC SOLDAVEL, COM FLANGE E ANEL DE VEDACAO, 32 MM X 1\", PARA CAIXA D'AGUA                                                                                                                                                                                                                                                                                                                                                                                                                       ","UN    ",{"v":15.2,"d":"15.20"},{"$nulls":4},18.52]
[98,"ADAPTADOR PVC SOLDAVEL, COM FLANGE E ANEL DE VEDACAO, 40 MM X 1 1/4\", PARA CAIXA D'AGUA                                                                                                                                                                                                                                                                                                                                                                                                                   ","UN    ",22.77,{"$nulls":4},27.73]
[99,"ADAPTADOR PVC SOLDAVEL, COM FLANGE E ANEL DE VEDACAO, 50 MM X 1 1/2\", PARA CAIXA D'AGUA                                                                                                                                                                                                                                                                                                                                                                                                                   ","UN    ",21.51,{"$nulls":4},26.2]
[100,"ADAPTADOR PVC SOLDAVEL, COM FLANGES E ANEL DE VEDACAO, 60 MM X 2\", PARA CAIXA D' AGUA                                                                                                                                                                                                                                                                                                                                                                                                                     ","UN    ",37.59,{"$nulls":4},45.78]
[75,"ADAPTADOR PVC SOLDAVEL, COM FLANGES LIVRES, 110 MM X 4\", PARA CAIXA D' AGUA                                                                                                                                                                                                                                                                                                                                                                                                                               ","UN    ",219.15,{"$nulls":4},266.93]
[83,"ADAPTADOR PVC SOLDAVEL, COM FLANGES LIVRES, 75 MM X 2  1/2\", PARA CAIXA D' AGUA                                                                                                                                                                                                                                                                                                                                                                                                                           ","UN    ",{"v":175.2,"d":"175.20"},{"$nulls":4},213.4]
[74,"ADAPTADOR PVC SOLDAVEL, COM FLANGES LIVRES, 85 MM X 3\", PARA CAIXA D' AGUA                                                                                                                                                                                                                                                                                                                                                                                                                                ","UN    ",{"v":250.5,"d":"250.50"},{"$nulls":4},305.11]
[106,"ADAPTADOR PVC SOLDAVEL, LONGO, COM FLANGE LIVRE,  110 MM X 4\", PARA CAIXA D' AGUA                                                                                                                                                                                                                                                                                                                                                                                                                         ","UN    ",316.76,{"$nulls":4},385.82]
[88,"ADAPTADOR PVC SOLDAVEL, LONGO, COM FLANGE LIVRE,  32 MM X 1\", PARA CAIXA D' AGUA                                                                                                                                                                                                                                                                                                                                                                                                                          ","UN    ",{"v":8.9,"d":"8.90"},{"$nulls":4},10.84]
[82,"ADAPTADOR PVC SOLDAVEL, LONGO, COM FLANGE LIVRE,  75 MM X 2 1/2\", PARA CAIXA D' AGUA                                                                                                                                                                                                                                                                                                                                                                                                                      ","UN    ",166.69,{"$nulls":4},203.03]
[105,"ADAPTADOR PVC SOLDAVEL, LONGO, COM FLANGE LIVRE,  85 MM X 3\", PARA CAIXA D' AGUA                                                                                                                                                                                                                                                                                                                                                                                                                          ","UN    ",{"v":236.2,"d":"236.20"},{"$nulls":4},287.7]
[60,"ADAPTADOR PVC, COM REGISTRO, PARA PEAD, 20 MM X 3/4\", PARA LIGACAO PREDIAL DE AGUA                                                                                                                                                                                                                                                                                                                                                                                                                        ","UN    ",4.47,{"$nulls":4},5.45]
[72,"ADAPTADOR PVC, ROSCAVEL, COM FLANGES E ANEL DE VEDACAO, 1 1/2\", PARA CAIXA D'AGUA                                                                                                                                                                                                                                                                                                                                                                                                                         ","UN    ",41.26,{"$nulls":4},50.26]
[67,"ADAPTADOR PVC, ROSCAVEL, COM FLANGES E ANEL DE VEDACAO, 1/2\", PARA CAIXA D' AGUA                                                                                                                                                                                                                                                                                                                                                                                                                          ","UN    ",13.34,{"$nulls":4},16.25]
[71,"ADAPTADOR PVC, ROSCAVEL, COM FLANGES E ANEL DE VEDACAO, 1\", PARA CAIXA D' AGUA                                                                                                                                                                                                                                                                                                                                                                                                                            ","UN    ",25.48,{"$nulls":4},31.04]
[73,"ADAPTADOR PVC, ROSCAVEL, COM FLANGES E ANEL DE VEDACAO, 3/4\", PARA CAIXA D' AGUA                                                                                                                                                                                                                                                                                                                                                                                                                          ","UN    ",12.77,{"$nulls":4},15.55]
[46,"ADAPTADOR, PVC PBA,  BOLSA/ROSCA, JE, DN 75 / DE  85 MM                                                                                                                                                                                                                                                                                                                                                                                                                                                   ","UN    ",32.09,{"$nulls":4},39.09]
[47,"ADAPTADOR, PVC PBA, BOLSA/ROSCA, JE, DN 100 / DE 110 MM                                                                                                                                                                                                                                                                                                                                                                                                                                                   ","UN    ",54.88,{"$nulls":4},66.84]
[48,"ADAPTADOR, PVC PBA, BOLSA/ROSCA, JE, DN 50 / DE 60 MM                                                                                                                                                                                                                                                                                                                                                                                                                                                     ","UN    ",14.31,{"$nulls":4},17.43]
[52,"ADAPTADOR, PVC PBA, PONTA/ROSCA, JE, DN 50 / DE  60 MM                                                                                                                                                                                                                                                                                                                                                                                                                                                    ","UN    ",10.87,{"$nulls":4},13.24]
[43,"ADAPTADOR, PVC PBA, PONTA/ROSCA, JE, DN 75 / DE  85 MM                                                                                                                                                                                                                                                                                                                                                                                                                                                    ","UN    ",{"v":36.7,"d":"36.70"},{"$nulls":4},44.7]
[39719,"ADESIVO / COLA DE CONTATO LIQUIDO, A BASE DE RESINAS, PARA COLAGEM DE ESPUMA PARA ISOLAMENTO TERMICO FLEXIVEL                                                                                                                                                                                                                                                                                                                                                                                             ","L     ",164.32,{"$nulls":4},200.15]
[3410,"ADESIVO / COLA PARA EPS (ISOPOR) E OUTROS MATERIAIS                                                                                                                                                                                                                                                                                                                                                                                                                                                       ","KG    ",36.96,{"$nulls":4},45.02]
[4791,"ADESIVO ACRILICO DE BASE AQUOSA / COLA DE CONTATO                                                                                                                                                                                                                                                                                                                                                                                                                                                         ","KG    ",22.35,{"$nulls":4},27.22]
[157,"ADESIVO ESTRUTURAL A BASE DE RESINA EPOXI PARA INJECAO EM TRINCAS, BICOMPONENTE, BAIXA VISCOSIDADE                                                                                                                                                                                                                                                                                                                                                                                                        ","KG    ",128.17,{"$nulls":4},156.12]
[156,"ADESIVO ESTRUTURAL A BASE DE RESINA EPOXI, BICOMPONENTE, FLUIDO                                                                                                                                                                                                                                                                                                                                                                                                                                           ","KG    ",45.63,{"$nulls":4},55.58]
[131,"ADESIVO ESTRUTURAL A BASE DE RESINA EPOXI, BICOMPONENTE, PASTOSO (TIXOTROPICO)                                                                                                                                                                                                                                                                                                                                                                                                                            ","KG    ",39.02,{"$nulls":4},47.53]
[21114,"ADESIVO PARA TUBOS CPVC, *75* G                                                                                                                                                                                                                                                                                                                                                                                                                                                                           ","UN    ",32.39,{"$nulls":4},39.45]
[119,"ADESIVO PLASTICO PARA PVC, BISNAGA COM 75 GR                                                                                                                                                                                                                                                                                                                                                                                                                                                              ","UN    ",8.21,{"$nulls":4},10]
[122,"ADESIVO PLASTICO PARA PVC, FRASCO COM *850* GR                                                                                                                                                                                                                                                                                                                                                                                                                                                            ","UN    ",63.17,{"$nulls":4},76.94]
[20080,"ADESIVO PLASTICO PARA PVC, FRASCO COM 175 GR                                                                                                                                                                                                                                                                                                                                                                                                                                                              ","UN    ",20.62,{"$nulls":4},25.11]
[124,"ADITIVO ACELERADOR DE PEGA E ENDURECIMENTO PARA ARGAMASSAS E CONCRETOS, LIQUIDO E ISENTO DE CLORETOS                                                                                                                                                                                                                                                                                                                                                                                                      ","L     ",15.05,{"$nulls":4},18.33]
[7334,"ADITIVO ADESIVO LIQUIDO PARA ARGAMASSAS DE REVESTIMENTOS CIMENTICIOS                                                                                                                                                                                                                                                                                                                                                                                                                                      ","L     ",14.21,{"$nulls":4},17.31]
[123,"ADITIVO IMPERMEABILIZANTE DE PEGA NORMAL PARA ARGAMASSAS E CONCRETOS SEM ARMACAO, LIQUIDO E ISENTO DE CLORETOS                                                                                                                                                                                                                                                                                                                                                                                            ","L     ",6.16,{"$nulls":4},7.5]
[127,"ADITIVO IMPERMEABILIZANTE DE PEGA ULTRARRAPIDA, LIQUIDO E ISENTO DE CLORETOS                                                                                                                                                                                                                                                                                                                                                                                                                              ","L     ",{"v":14.7,"d":"14.70"},{"$nulls":4},17.9]
[41373,"ADITIVO LIQUIDO IMPERMEABILIZANTE CRISTALIZANTE                                                                                                                                                                                                                                                                                                                                                                                                                                                           ","L     ",20.48,{"$nulls":4},24.95]
[133,"ADITIVO LIQUIDO INCORPORADOR DE AR PARA CONCRETO E ARGAMASSA, LIQUIDO E ISENTO DE CLORETOS                                                                                                                                                                                                                                                                                                                                                                                                                ","L     ",{"v":6.1,"d":"6.10"},{"$nulls":4},7.43]
[43617,"ADITIVO PLASTIFICANTE E ESTABILIZADOR PARA ARGAMASSAS DE ASSENTAMENTO E REBOCO, LIQUIDO E ISENTO DE CLORETOS                                                                                                                                                                                                                                                                                                                                                                                              ","L     ",6.82,{"$nulls":4},8.31]
[132,"ADITIVO PLASTIFICANTE RETARDADOR DE PEGA E REDUTOR DE AGUA PARA CONCRETO, LIQUIDO E ISENTO DE CLORETOS                                                                                                                                                                                                                                                                                                                                                                                                    ","L     ",6.33,{"$nulls":4},7.71]
[43618,"ADITIVO SUPERPLASTIFICANTE DE PEGA NORMAL PARA CONCRETO, LIQUIDO E ISENTO DE CLORETOS                                                                                                                                                                                                                                                                                                                                                                                                                     ","KG    ",15.94,{"$nulls":4},19.41]
[37476,"ADUELA/ GALERIA PRE-MOLDADA DE CONCRETO ARMADO, SECAO QUADRADA INTERNA DE 1,50 X 1,50 M (L X A), MISULA DE 20 X 20 CM, C = 1,00 M, ESPESSURA MIN = 15 CM, TB-45 E FCK DO CONCRETO = 30 MPA                                                                                                                                                                                                                                                                                                                ","UN    ",{"v":3210.18,"d":"3,210.18"},{"$nulls":4},{"v":3910.08,"d":"3,910.08"}]
[37478,"ADUELA/ GALERIA PRE-MOLDADA DE CONCRETO ARMADO, SECAO RETANGULAR INTERNA DE 2,00 X 2,00 M (L X A), MISULA DE 20 X 20 CM, C = 1,00 M, ESPESSURA MIN = 15 CM, TB-45 E FCK DO CONCRETO = 30 MPA                                                                                                                                                                                                                                                                                                              ","UN    ",{"v":4020.82,"d":"4,020.82"},{"$nulls":4},{"v":4897.47,"d":"4,897.47"}]
[37477,"ADUELA/ GALERIA PRE-MOLDADA DE CONCRETO ARMADO, SECAO RETANGULAR INTERNA DE 2,50 X 2,50 M (L X A), MISULA DE 20 X 20 CM, C = 1,00 M, ESPESSURA MIN = 15 CM, TB-45 E FCK DO CONCRETO = 30 MPA                                                                                                                                                                                                                                                                                                              ","UN    ",{"v":5447.57,"d":"5,447.57"},{"$nulls":4},{"v":6635.29,"d":"6,635.29"}]
[37479,"ADUELA/ GALERIA PRE-MOLDADA DE CONCRETO ARMADO, SECAO RETANGULAR INTERNA DE 3,00 X 3,00 M (L X A), MISULA DE 20 X 20 CM, C = 1.00 M, ESPESSURA MIN = 20 CM, TB-45 E FCK DO CONCRETO = 30 MPA                                                                                                                                                                                                                                                                                                              ","UN    ",{"v":6460.88,"d":"6,460.88"},{"$nulls":4},{"v":7869.53,"d":"7,869.53"}]
[4319,"AFASTADOR PARA TELHA DE FIBROCIMENTO CANALETE 90 OU KALHETAO                                                                                                                                                                                                                                                                                                                                                                                                                                              ","UN    ",1.44,{"$nulls":4},1.76]
[42409,"AGENTE DE CURA, PROTETOR DA EVAPORACAO DA AGUA DE HIDRATACAO DO CONCRETO                                                                                                                                                                                                                                                                                                                                                                                                                                  ","KG    ",10.03,{"$nulls":4},12.22]
[40553,"AGREGADO RECICLADO, TIPO RACHAO RECICLADO CINZA, CLASSE A                                                                                                                                                                                                                                                                                                                                                                                                                                                 ","M3    ",49.26,{"$nulls":4},60]
[6114,"AJUDANTE DE ARMADOR (HORISTA)                                                                                                                                                                                                                                                                                                                                                                                                                                                                             ","H     ",11.37,{"$nulls":4},13.85]
[40912,"AJUDANTE DE ARMADOR (MENSALISTA)                                                                                                                                                                                                                                                                                                                                                                                                                                                                          ","MES   ",{"v":1998.67,"d":"1,998.67"},{"$nulls":4},{"v":2434.43,"d":"2,434.43"}]
[247,"AJUDANTE DE ELETRICISTA (HORISTA)                                                                                                                                                                                                                                                                                                                                                                                                                                                                         ","H     ",11.37,{"$nulls":4},13.85]
[40919,"AJUDANTE DE ELETRICISTA (MENSALISTA)                                                                                                                                                                                                                                                                                                                                                                                                                                                                      ","MES   ",{"v":1998.67,"d":"1,998.67"},{"$nulls":4},{"v":2434.43,"d":"2,434.43"}]
[44499,"AJUDANTE DE ESTRUTURAS METALICAS (HORISTA)                                                                                                                                                                                                                                                                                                                                                                                                                                                                ","H     ",11.37,{"$nulls":4},13.85]
[40984,"AJUDANTE DE ESTRUTURAS METALICAS (MENSALISTA)                                                                                                                                                                                                                                                                                                                                                                                                                                                             ","MES   ",{"v":1998.67,"d":"1,998.67"},{"$nulls":4},{"v":2434.43,"d":"2,434.43"}]
[248,"AJUDANTE DE OPERACAO EM GERAL (HORISTA)                                                                                                                                                                                                                                                                                                                                                                                                                                                                   ","H     ",11.25,{"$nulls":4},13.7]
[41086,"AJUDANTE DE OPERACAO EM GERAL (MENSALISTA)                                                                                                                                                                                                                                                                                                                                                                                                                                                                ","MES   ",{"v":1977.99,"d":"1,977.99"},{"$nulls":4},{"v":2409.24,"d":"2,409.24"}]
[34466,"AJUDANTE DE PINTOR (HORISTA)                                                                                                                                                                                                                                                                                                                                                                                                                                                                              ","H     ",14.11,{"$nulls":4},17.19]
[41083,"AJUDANTE DE PINTOR (MENSALISTA)                                                                                                                                                                                                                                                                                                                                                                                                                                                                           ","MES   ",{"v":2480.68,"d":"2,480.68"},{"$nulls":4},{"v":3021.53,"d":"3,021.53"}]
[252,"AJUDANTE DE SERRALHEIRO (HORISTA)                                                                                                                                                                                                                                                                                                                                                                                                                                                                         ","H     ",11.37,{"$nulls":4},13.85]
[40909,"AJUDANTE DE SERRALHEIRO (MENSALISTA)                                                                                                                                                                                                                                                                                                                                                                                                                                                                      ","MES   ",{"v":1998.67,"d":"1,998.67"},{"$nulls":4},{"v":2434.43,"d":"2,434.43"}]
[242,"AJUDANTE ESPECIALIZADO (HORISTA)                                                                                                                                                                                                                                                                                                                                                                                                                                                                          ","H     ",11.25,{"$nulls":4},13.7]
[41085,"AJUDANTE ESPECIALIZADO (MENSALISTA)                                                                                                                                                                                                                                                                                                                                                                                                                                                                       ","MES   ",{"v":1977.99,"d":"1,977.99"},{"$nulls":4},{"v":2409.24,"d":"2,409.24"}]
[427,"ALCA PREFORMADA DE CONTRA POSTE, EM ACO GALVANIZADO, PARA CABO 3/16\", COMPRIMENTO *860* MM                                                                                                                                                                                                                                                                                                                                                                                                                ","UN    ",9.69,{"$nulls":4},11.8]
[417,"ALCA PREFORMADA DE DISTRIBUICAO, EM ACO GALVANIZADO, PARA CABO DE ALUMINIO DIAMETRO 16 A 25 MM                                                                                                                                                                                                                                                                                                                                                                                                            ","UN    ",4.56,{"$nulls":4},5.56]
[11273,"ALCA PREFORMADA DE DISTRIBUICAO, EM ACO GALVANIZADO, PARA CONDUTORES DE ALUMINIO AWG 1/0 (CAA 6/1 OU CA 7 FIOS)                                                                                                                                                                                                                                                                                                                                                                                           ","UN    ",14.18,{"$nulls":4},17.27]
[11272,"ALCA PREFORMADA DE DISTRIBUICAO, EM ACO GALVANIZADO, PARA CONDUTORES DE ALUMINIO AWG 2 (CAA 6/1 OU CA 7 FIOS)                                                                                                                                                                                                                                                                                                                                                                                             ","UN    ",8.55,{"$nulls":4},10.42]
[11275,"ALCA PREFORMADA DE SERVICO, EM ACO GALVANIZADO, PARA CONDUTORES DE ALUMINIO AWG 4 (CAA 6/1)                                                                                                                                                                                                                                                                                                                                                                                                               ","UN    ",3.43,{"$nulls":4},4.18]
[11274,"ALCA PREFORMADA DE SERVICO, EM ACO GALVANIZADO, PARA CONDUTORES DE ALUMINIO AWG 6 (CAA 6/1)                                                                                                                                                                                                                                                                                                                                                                                                               ","UN    ",2.62,{"$nulls":4},3.19]
[38470,"ALICATE DE CORTE DIAGONAL 6 \" COM ISOLAMENTO                                                                                                                                                                                                                                                                                                                                                                                                                                                              ","UN    ",36.25,{"$nulls":4},44.15]
[38547,"ALICATE DE CRIMPAR RJ11, RJ12 E RJ45                                                                                                                                                                                                                                                                                                                                                                                                                                                                      ","UN    ",98.91,{"$nulls":4},120.48]
[38469,"ALICATE DE PRESSAO PARA SOLDA DE CHAPA 18 \"                                                                                                                                                                                                                                                                                                                                                                                                                                                               ","UN    ",106.35,{"$nulls":4},129.54]
[38467,"ALICATE DE PRESSAO 11 \" PARA SOLDA, TIPO C                                                                                                                                                                                                                                                                                                                                                                                                                                                                ","UN    ",59.84,{"$nulls":4},72.89]
[38468,"ALICATE DE PRESSAO 11 \" PARA SOLDA, TIPO U                                                                                                                                                                                                                                                                                                                                                                                                                                                                ","UN    ",65.85,{"$nulls":4},80.21]
[38471,"ALICATE PARA ANEIS DE PISTAO, CAPACIDADE 50 A 100 MM                                                                                                                                                                                                                                                                                                                                                                                                                                                      ","UN    ",85.52,{"$nulls":4},104.16]
[37370,"ALIMENTACAO - HORISTA (COLETADO CAIXA - ENCARGOS COMPLEMENTARES)                                                                                                                                                                                                                                                                                                                                                                                                                                          ","H     ",0.89,{"$nulls":4},1.09]
[40862,"ALIMENTACAO - MENSALISTA (COLETADO CAIXA - ENCARGOS COMPLEMENTARES)                                                                                                                                                                                                                                                                                                                                                                                                                                       ","MES   ",168.97,{"$nulls":4},205.81]
[10658,"ALISADORA DE CONCRETO COM MOTOR A GASOLINA DE 5,5 HP, PESO COM MOTOR DE 78 KG, 4 PAS                                                                                                                                                                                                                                                                                                                                                                                                                      ","UN    ",{"v":6041.74,"d":"6,041.74"},{"$nulls":4},{"v":7359,"d":"7,359.00"}]
[253,"ALMOXARIFE (HORISTA)                                                                                                                                                                                                                                                                                                                                                                                                                                                                                      ","H     ",14.11,{"$nulls":4},17.19]
[40809,"ALMOXARIFE (MENSALISTA)                                                                                                                                                                                                                                                                                                                                                                                                                                                                                   ","MES   ",{"v":2479.58,"d":"2,479.58"},{"$nulls":4},{"v":3020.19,"d":"3,020.19"}]
[42428,"ALONGADOR COM TRES ALTURAS, EM TUBO DE ACO CARBONO, PINTURA NO PROCESSO ELETROSTATICO - EQUIPAMENTO DE GINASTICA PARA ACADEMIA AO AR LIVRE / ACADEMIA DA TERCEIRA IDADE - ATI                                                                                                                                                                                                                                                                                                                             ","UN    ",{"v":1864.49,"d":"1,864.49"},{"$nulls":4},{"v":2271,"d":"2,271.00"}]
[301,"ANEL BORRACHA PARA TUBO ESGOTO PREDIAL, DN 100 MM (NBR 5688)                                                                                                                                                                                                                                                                                                                                                                                                                                              ","UN    ",2.46,{"$nulls":4},3]
[296,"ANEL BORRACHA PARA TUBO ESGOTO PREDIAL, DN 50 MM (NBR 5688)                                                                                                                                                                                                                                                                                                                                                                                                                                               ","UN    ",1.39,{"$nulls":4},1.69]
[297,"ANEL BORRACHA PARA TUBO ESGOTO PREDIAL, DN 75 MM (NBR 5688)                                                                                                                                                                                                                                                                                                                                                                                                                                               ","UN    ",2.04,{"$nulls":4},2.49]
[299,"ANEL BORRACHA, DN 100 MM, PARA TUBO SERIE REFORCADA ESGOTO PREDIAL                                                                                                                                                                                                                                                                                                                                                                                                                                        ","UN    ",2.89,{"$nulls":4},3.52]
[300,"ANEL BORRACHA, DN 150 MM, PARA TUBO SERIE REFORCADA ESGOTO PREDIAL                                                                                                                                                                                                                                                                                                                                                                                                                                        ","UN    ",{"v":10,"d":"10.00"},{"$nulls":4},12.18]
[20085,"ANEL BORRACHA, DN 50 MM, PARA TUBO SERIE REFORCADA ESGOTO PREDIAL                                                                                                                                                                                                                                                                                                                                                                                                                                         ","UN    ",1.82,{"$nulls":4},2.22]
[298,"ANEL BORRACHA, DN 75 MM, PARA TUBO SERIE REFORCADA ESGOTO PREDIAL                                                                                                                                                                                                                                                                                                                                                                                                                                         ","UN    ",2.22,{"$nulls":4},2.7]
[311,"ANEL BORRACHA, PARA TUBO PVC DEFOFO, DN 100 MM (NBR 7665)                                                                                                                                                                                                                                                                                                                                                                                                                                                 ","UN    ",8.24,{"$nulls":4},10.04]
[318,"ANEL BORRACHA, PARA TUBO PVC DEFOFO, DN 150 MM (NBR 7665)                                                                                                                                                                                                                                                                                                                                                                                                                                                 ","UN    ",{"v":16.6,"d":"16.60"},{"$nulls":4},20.22]
[319,"ANEL BORRACHA, PARA TUBO PVC DEFOFO, DN 200 MM (NBR 7665)                                                                                                                                                                                                                                                                                                                                                                                                                                                 ","UN    ",26.03,{"$nulls":4},31.71]
[303,"ANEL BORRACHA, PARA TUBO PVC, REDE COLETOR ESGOTO, DN 100 MM (NBR 7362)                                                                                                                                                                                                                                                                                                                                                                                                                                   ","UN    ",2.73,{"$nulls":4},3.32]
[305,"ANEL BORRACHA, PARA TUBO PVC, REDE COLETOR ESGOTO, DN 150 MM (NBR 7362)                                                                                                                                                                                                                                                                                                                                                                                                                                   ","UN    ",8.58,{"$nulls":4},10.45]
[306,"ANEL BORRACHA, PARA TUBO PVC, REDE COLETOR ESGOTO, DN 200 MM (NBR 7362)                                                                                                                                                                                                                                                                                                                                                                                                                                   ","UN    ",13.01,{"$nulls":4},15.85]
[307,"ANEL BORRACHA, PARA TUBO PVC, REDE COLETOR ESGOTO, DN 250 MM (NBR 7362)                                                                                                                                                                                                                                                                                                                                                                                                                                   ","UN    ",32.89,{"$nulls":4},40.06]
[309,"ANEL BORRACHA, PARA TUBO PVC, REDE COLETOR ESGOTO, DN 350 MM (NBR 7362)                                                                                                                                                                                                                                                                                                                                                                                                                                   ","UN    ",53.87,{"$nulls":4},65.62]
[310,"ANEL BORRACHA, PARA TUBO PVC, REDE COLETOR ESGOTO, DN 400 MM (NBR 7362)                                                                                                                                                                                                                                                                                                                                                                                                                                   ","UN    ",74.67,{"$nulls":4},90.95]
[328,"ANEL BORRACHA, PARA TUBO/CONEXAO PVC PBA, DN 100 MM, PARA REDE AGUA                                                                                                                                                                                                                                                                                                                                                                                                                                       ","UN    ",6.53,{"$nulls":4},7.95]
[325,"ANEL BORRACHA, PARA TUBO/CONEXAO PVC PBA, DN 50 MM, PARA REDE AGUA                                                                                                                                                                                                                                                                                                                                                                                                                                        ","UN    ",1.92,{"$nulls":4},2.34]
[20326,"ANEL BORRACHA, PARA TUBO/CONEXAO PVC PBA, DN 60 MM, PARA REDE AGUA                                                                                                                                                                                                                                                                                                                                                                                                                                        ","UN    ",3.52,{"$nulls":4},4.29]
[329,"ANEL BORRACHA, PARA TUBO/CONEXAO PVC PBA, DN 75 MM, PARA REDE AGUA                                                                                                                                                                                                                                                                                                                                                                                                                                        ","UN    ",5.46,{"$nulls":4},6.65]
[308,"ANEL BORRACHA, PARA TUBO, PVC REDE COLETOR ESGOTO, DN 300 MM (NBR 7362)                                                                                                                                                                                                                                                                                                                                                                                                                                   ","UN    ",{"v":73.4,"d":"73.40"},{"$nulls":4},89.4]
[39642,"ANEL DE BORRACHA PARA VEDACAO DE DUTO PEAD CORRUGADO PARA ELETRICA, DN 1 1/2\" (NBR 15715)                                                                                                                                                                                                                                                                                                                                                                                                                 ","UN    ",2.41,{"$nulls":4},2.94]
[39641,"ANEL DE BORRACHA PARA VEDACAO DE DUTO PEAD CORRUGADO PARA ELETRICA, DN 1 1/4\" (NBR 15715)                                                                                                                                                                                                                                                                                                                                                                                                                 ","UN    ",2.12,{"$nulls":4},2.58]
[39643,"ANEL DE BORRACHA PARA VEDACAO DE DUTO PEAD CORRUGADO PARA ELETRICA, DN 2\" (NBR 15715)                                                                                                                                                                                                                                                                                                                                                                                                                     ","UN    ",2.84,{"$nulls":4},3.46]
[39644,"ANEL DE BORRACHA PARA VEDACAO DE DUTO PEAD CORRUGADO PARA ELETRICA, DN 3\" (NBR 15715)                                                                                                                                                                                                                                                                                                                                                                                                                     ","UN    ",{"v":4.4,"d":"4.40"},{"$nulls":4},5.36]
[39645,"ANEL DE BORRACHA PARA VEDACAO DE DUTO PEAD CORRUGADO PARA ELETRICA, DN 4\" (NBR 15715)                                                                                                                                                                                                                                                                                                                                                                                                                     ","UN    ",4.83,{"$nulls":4},5.88]
[41610,"ANEL DE CONCRETO ARMADO COM FUNDO, PARA FOSSA E POCO 1,50 X *0,50* M                                                                                                                                                                                                                                                                                                                                                                                                                                      ","UN    ",595.56,{"$nulls":4},725.41]
[41611,"ANEL DE CONCRETO ARMADO COM FUNDO, PARA FOSSA E POCO 2,00 X *0,50* M                                                                                                                                                                                                                                                                                                                                                                                                                                      ","UN    ",938.73,{"$nulls":4},{"v":1143.4,"d":"1,143.40"}]
[41612,"ANEL DE CONCRETO ARMADO COM FUNDO, PARA FOSSA E POCO 2,50 X *0,50* M                                                                                                                                                                                                                                                                                                                                                                                                                                      ","UN    ",{"v":1318.12,"d":"1,318.12"},{"$nulls":4},{"v":1605.5,"d":"1,605.50"}]
[41637,"ANEL DE CONCRETO ARMADO, COM FUROS/DRENO PARA SUMIDOURO, D = 0,80 M, H = 0,50 M                                                                                                                                                                                                                                                                                                                                                                                                                           ","UN    ",123.22,{"$nulls":4},150.08]
[41638,"ANEL DE CONCRETO ARMADO, COM FUROS/DRENO PARA SUMIDOURO, D = 1,00 M, H = 0,50M                                                                                                                                                                                                                                                                                                                                                                                                                            ","UN    ",160.51,{"$nulls":4},195.5]
[41639,"ANEL DE CONCRETO ARMADO, COM FUROS/DRENO PARA SUMIDOURO, D = 1,50 M, H = 0,50 M                                                                                                                                                                                                                                                                                                                                                                                                                           ","UN    ",{"v":388.3,"d":"388.30"},{"$nulls":4},472.96]
[11789,"ANEL DE DISTRIBUICAO EM ACO GALVANIZADO PARA FIO FE-160                                                                                                                                                                                                                                                                                                                                                                                                                                                   ","UN    ",1.29,{"$nulls":4},1.57]
[20975,"ANEL DE EXPANSAO EM COBRE, ENGATE RAPIDO 1 1/2\", PARA EMPATACAO MANGUEIRA DE COMBATE A INCENDIO PREDIAL                                                                                                                                                                                                                                                                                                                                                                                                   ","UN    ",10.15,{"$nulls":4},12.36]
[20976,"ANEL DE EXPANSAO EM COBRE, ENGATE RAPIDO 2 1/2\", PARA EMPATACAO MANGUEIRA DE COMBATE A INCENDIO PREDIAL                                                                                                                                                                                                                                                                                                                                                                                                   ","UN    ",15.34,{"$nulls":4},18.68]
[40340,"ANEL DE VEDACAO/JUNTA ELASTICA, H = *16* MM, PARA TUBO DE CONCRETO, DN 300 MM                                                                                                                                                                                                                                                                                                                                                                                                                             ","UN    ",18.12,{"$nulls":4},22.07]
[40341,"ANEL DE VEDACAO/JUNTA ELASTICA, H = *16* MM, PARA TUBO DE CONCRETO, DN 400 MM                                                                                                                                                                                                                                                                                                                                                                                                                             ","UN    ",21.63,{"$nulls":4},26.34]
[40342,"ANEL DE VEDACAO/JUNTA ELASTICA, H = *16* MM, PARA TUBO DE CONCRETO, DN 500 MM                                                                                                                                                                                                                                                                                                                                                                                                                             ","UN    ",25.79,{"$nulls":4},31.41]
[40343,"ANEL DE VEDACAO/JUNTA ELASTICA, H = *16* MM, PARA TUBO DE CONCRETO, DN 600 MM                                                                                                                                                                                                                                                                                                                                                                                                                             ","UN    ",30.59,{"$nulls":4},37.26]
[40344,"ANEL DE VEDACAO/JUNTA ELASTICA, H = *18* MM, PARA TUBO DE CONCRETO, DN 700 MM                                                                                                                                                                                                                                                                                                                                                                                                                             ","UN    ",{"v":41.7,"d":"41.70"},{"$nulls":4},50.79]
[40345,"ANEL DE VEDACAO/JUNTA ELASTICA, H = *19* MM, PARA TUBO DE CONCRETO, DN 800 MM                                                                                                                                                                                                                                                                                                                                                                                                                             ","UN    ",51.38,{"$nulls":4},62.58]
[40346,"ANEL DE VEDACAO/JUNTA ELASTICA, H = *19* MM, PARA TUBO DE CONCRETO, DN 900 MM                                                                                                                                                                                                                                                                                                                                                                                                                             ","UN    ",{"v":59.6,"d":"59.60"},{"$nulls":4},72.6]
[40347,"ANEL DE VEDACAO/JUNTA ELASTICA, H = *21* MM, PARA TUBO DE CONCRETO, DN 1000 MM                                                                                                                                                                                                                                                                                                                                                                                                                            ","UN    ",74.88,{"$nulls":4},91.21]
[6138,"ANEL DE VEDACAO, PVC FLEXIVEL, 100 MM, PARA SAIDA DE BACIA / VASO SANITARIO                                                                                                                                                                                                                                                                                                                                                                                                                               ","UN    ",{"v":9.5,"d":"9.50"},{"$nulls":4},11.57]
[43424,"ANEL EM CONCRETO ARMADO, LISO,  PARA FOSSAS SEPTICAS E SUMIDOUROS, COM FUNDO, DIAMETRO INTERNO DE 1,20 M E ALTURA DE 0,50 M                                                                                                                                                                                                                                                                                                                                                                               ","UN    ",498.99,{"$nulls":4},607.78]
[43426,"ANEL EM CONCRETO ARMADO, LISO, PARA FOSSAS SEPTICAS E SUMIDOUROS, COM FUNDO, DIAMETRO INTERNO DE 3,00 M E ALTURA DE 0,50 M                                                                                                                                                                                                                                                                                                                                                                                ","UN    ",{"v":1721,"d":"1,721.00"},{"$nulls":4},{"v":2096.23,"d":"2,096.23"}]
[12565,"ANEL EM CONCRETO ARMADO, LISO, PARA FOSSAS SEPTICAS E SUMIDOUROS, SEM FUNDO, DIAMETRO INTERNO DE 2,00 M E ALTURA DE 0,50 M                                                                                                                                                                                                                                                                                                                                                                                ","UN    ",603.53,{"$nulls":4},735.12]
[12567,"ANEL EM CONCRETO ARMADO, LISO, PARA FOSSAS SEPTICAS E SUMIDOUROS, SEM FUNDO, DIAMETRO INTERNO DE 2,50 M E ALTURA DE 0,50 M                                                                                                                                                                                                                                                                                                                                                                                ","UN    ",810.65,{"$nulls":4},987.39]
[12568,"ANEL EM CONCRETO ARMADO, LISO, PARA FOSSAS SEPTICAS E SUMIDOUROS, SEM FUNDO, DIAMETRO INTERNO DE 3,00 M E ALTURA DE 0,50 M                                                                                                                                                                                                                                                                                                                                                                                ","UN    ",{"v":1134.91,"d":"1,134.91"},{"$nulls":4},{"v":1382.35,"d":"1,382.35"}]
[43441,"ANEL EM CONCRETO ARMADO, LISO, PARA POCOS DE INSPECAO, COM FUNDO, DIAMETRO INTERNO DE 0,60 M E ALTURA DE 0,50 M                                                                                                                                                                                                                                                                                                                                                                                           ","UN    ",145.92,{"$nulls":4},177.73]
[43423,"ANEL EM CONCRETO ARMADO, LISO, PARA POCOS DE INSPECAO, SEM FUNDO, DIAMETRO INTERNO DE 0,60 M E ALTURA DE 0,20 M                                                                                                                                                                                                                                                                                                                                                                                           ","UN    ",68.09,{"$nulls":4},82.94]
[12532,"ANEL EM CONCRETO ARMADO, LISO, PARA POCOS DE INSPECAO, SEM FUNDO, DIAMETRO INTERNO DE 0,60 M E ALTURA DE 0,50 M                                                                                                                                                                                                                                                                                                                                                                                           ","UN    ",105.01,{"$nulls":4},127.91]
[43444,"ANEL EM CONCRETO ARMADO, LISO, PARA POCOS DE VISITA, POCOS DE INSPECAO, FOSSAS SEPTICAS E SUMIDOUROS, COM FUNDO, DIAMETRO INTERNO DE 1,20 M E ALTURA DE 0,75 M                                                                                                                                                                                                                                                                                                                                            ","UN    ",352.63,{"$nulls":4},429.51]
[12551,"ANEL EM CONCRETO ARMADO, LISO, PARA POCOS DE VISITA, POCOS DE INSPECAO, FOSSAS SEPTICAS E SUMIDOUROS, SEM FUNDO, DIAMETRO INTERNO DE 1,20 M E ALTURA DE 0,50 M                                                                                                                                                                                                                                                                                                                                            ","UN    ",251.59,{"$nulls":4},306.44]
[43442,"ANEL EM CONCRETO ARMADO, LISO, PARA POCOS DE VISITAS, POCOS DE INSPECAO, FOSSAS SEPTICAS E SUMIDOUROS, COM FUNDO, DIAMETRO INTERNO DE 0,80 M E ALTURA DE 0,50 M                                                                                                                                                                                                                                                                                                                                           ","UN    ",194.55,{"$nulls":4},236.97]
[43443,"ANEL EM CONCRETO ARMADO, LISO, PARA POCOS DE VISITAS, POCOS DE INSPECAO, FOSSAS SEPTICAS E SUMIDOUROS, COM FUNDO, DIAMETRO INTERNO DE 1,00 M E ALTURA DE 0,50 M                                                                                                                                                                                                                                                                                                                                           ","UN    ",255.35,{"$nulls":4},311.02]
[12544,"ANEL EM CONCRETO ARMADO, LISO, PARA POCOS DE VISITAS, POCOS DE INSPECAO, FOSSAS SEPTICAS E SUMIDOUROS, SEM FUNDO, DIAMETRO INTERNO DE 0,80 M E ALTURA DE 0,50 M                                                                                                                                                                                                                                                                                                                                           ","UN    ",{"v":137.8,"d":"137.80"},{"$nulls":4},167.85]
[12547,"ANEL EM CONCRETO ARMADO, LISO, PARA POCOS DE VISITAS, POCOS DE INSPECAO, FOSSAS SEPTICAS E SUMIDOUROS, SEM FUNDO, DIAMETRO INTERNO DE 1,00 M E ALTURA DE 0,50 M                                                                                                                                                                                                                                                                                                                                           ","UN    ",185.34,{"$nulls":4},225.75]
[43445,"ANEL EM CONCRETO ARMADO, LISO, PARA, POCOS DE VISITA, POCOS DE INSPECAO, FOSSAS SEPTICAS E SUMIDOUROS, COM FUNDO, DIAMETRO INTERNO DE 1,50 M E ALTURA DE 1,00 M                                                                                                                                                                                                                                                                                                                                           ","UN    ",486.39,{"$nulls":4},592.43]
[12563,"ANEL EM CONCRETO ARMADO, LISO, PARA, POCOS DE VISITA, POCOS DE INSPECAO, FOSSAS SEPTICAS E SUMIDOUROS, SEM FUNDO, DIAMETRO INTERNO DE 1,50 M E ALTURA DE 0,50 M                                                                                                                                                                                                                                                                                                                                           ","UN    ",347.99,{"$nulls":4},423.86]
[43425,"ANEL EM CONCRETO ARMADO, PERFURADO,  PARA FOSSAS SEPTICAS E SUMIDOUROS, SEM FUNDO, DIAMETRO INTERNO DE 1,20 M E ALTURA DE 0,50 M                                                                                                                                                                                                                                                                                                                                                                          ","UN    ",218.87,{"$nulls":4},266.59]
[43446,"ANEL EM CONCRETO ARMADO, PERFURADO, PARA FOSSAS SEPTICAS E SUMIDOUROS, SEM FUNDO, DIAMETRO INTERNO DE 2,00 M E ALTURA DE 0,50 M                                                                                                                                                                                                                                                                                                                                                                           ","UN    ",462.07,{"$nulls":4},562.81]
[43447,"ANEL EM CONCRETO ARMADO, PERFURADO, PARA FOSSAS SEPTICAS E SUMIDOUROS, SEM FUNDO, DIAMETRO INTERNO DE 2,50 M E ALTURA DE 0,50 M                                                                                                                                                                                                                                                                                                                                                                           ","UN    ",567.45,{"$nulls":4},691.17]
[43448,"ANEL EM CONCRETO ARMADO, PERFURADO, PARA FOSSAS SEPTICAS E SUMIDOUROS, SEM FUNDO, DIAMETRO INTERNO DE 3,00 M E ALTURA DE 0,50 M                                                                                                                                                                                                                                                                                                                                                                           ","UN    ",794.43,{"$nulls":4},967.64]
[13761,"APARELHO CORTE OXI-ACETILENO PARA SOLDA E CORTE CONTENDO MACARICO SOLDA, BICO DE CORTE, CILINDROS, REGULADORES, MANGUEIRAS E CARRINHO                                                                                                                                                                                                                                                                                                                                                                     ","UN    ",{"v":2534.17,"d":"2,534.17"},{"$nulls":4},{"v":3086.69,"d":"3,086.69"}]
[4814,"APARELHO SINALIZADOR LUMINOSO COM LED, PARA SAIDA GARAGEM, COM 2 LENTES EM POLICARBONATO, BIVOLT (INCLUI SUPORTE DE FIXACAO)                                                                                                                                                                                                                                                                                                                                                                              ","UN    ",43.29,{"$nulls":4},52.73]
[44473,"APOIO DO PORTA DENTE PARA FRESADORA DE  ASFALTO                                                                                                                                                                                                                                                                                                                                                                                                                                                           ","UN    ",{"v":1765.98,"d":"1,765.98"},{"$nulls":4},{"v":2151.01,"d":"2,151.01"}]
[6122,"APONTADOR OU APROPRIADOR DE MAO DE OBRA (HORISTA)                                                                                                                                                                                                                                                                                                                                                                                                                                                         ","H     ",14.56,{"$nulls":4},17.74]
[40810,"APONTADOR OU APROPRIADOR DE MAO DE OBRA (MENSALISTA)                                                                                                                                                                                                                                                                                                                                                                                                                                                      ","MES   ",{"v":2560.62,"d":"2,560.62"},{"$nulls":4},{"v":3118.9,"d":"3,118.90"}]
[21100,"AQUECEDOR DE AGUA A GAS GLP/GN COM CAPACIDADE DE ARMAZENAMENTO DE 50 A 80 L                                                                                                                                                                                                                                                                                                                                                                                                                               ","UN    ",{"v":3156.83,"d":"3,156.83"},{"$nulls":4},{"v":3845.1,"d":"3,845.10"}]
[11816,"AQUECEDOR DE AGUA ELETRICO  RESERVATORIO DE 100 L CILINDRICO EM COBRE, REFORCADO COM ACO CARBONO, MONOFASICO, TENSAO NOMINAL 220 V                                                                                                                                                                                                                                                                                                                                                                        ","UN    ",{"v":3366.1,"d":"3,366.10"},{"$nulls":4},{"v":4100,"d":"4,100.00"}]
[11814,"AQUECEDOR DE AGUA ELETRICO  RESERVATORIO DE 500 L CILINDRICO EM COBRE, REFORCADO COM ACO CARBONO, MONOFASICO, TENSAO NOMINAL 220 V                                                                                                                                                                                                                                                                                                                                                                        ","UN    ",{"v":7327.15,"d":"7,327.15"},{"$nulls":4},{"v":8924.67,"d":"8,924.67"}]
[14186,"AQUECEDOR DE AGUA ELETRICO  RESERVATORIO DE 500 L CILINDRICO EM COBRE, REFORCADO COM ACO CARBONO, TRIFASICO, TENSAO NOMINAL 220/380/400 V, POTENCIA 24 KW                                                                                                                                                                                                                                                                                                                                                 ","UN    ",{"v":9200.23,"d":"9,200.23"},{"$nulls":4},{"v":11206.13,"d":"11,206.13"}]
[14185,"AQUECEDOR DE AGUA ELETRICO  RESERVATORIO DE 700 L CILINDRICO EM COBRE, REFORCADO COM ACO CARBONO, MONOFASICO, TENSAO NOMINAL 220 V                                                                                                                                                                                                                                                                                                                                                                        ","UN    ",{"v":11917.88,"d":"11,917.88"},{"$nulls":4},{"v":14516.3,"d":"14,516.30"}]
[11811,"AQUECEDOR DE AGUA ELETRICO HORIZONTAL, RESERVATORIO DE 200 L CILINDRICO EM COBRE, REFORCADO COM ACO CARBONO, MONOFASICO, TENSAO NOMINAL 220 V                                                                                                                                                                                                                                                                                                                                                             ","UN    ",{"v":4556.94,"d":"4,556.94"},{"$nulls":4},{"v":5550.48,"d":"5,550.48"}]
[44498,"AQUECEDOR DE OLEO BPF (FLUIDO) TERMICO, CAPACIDADE DE 300.000  KCAL/H                                                                                                                                                                                                                                                                                                                                                                                                                                     ","UN    ",{"v":261245.88,"d":"261,245.88"},{"$nulls":4},{"v":318204.48,"d":"318,204.48"}]
[34469,"AQUECEDOR SOLAR COM RESERVATORIO TERMICO DE 1000 L E *5* PLACAS COLETORAS DE *2,0* M2 (NAO INCLUI ACESSORIOS) (SEM INSTALACAO)                                                                                                                                                                                                                                                                                                                                                                            ","UN    ",{"v":9286.22,"d":"9,286.22"},{"$nulls":4},{"v":11310.87,"d":"11,310.87"}]
[34476,"AQUECEDOR SOLAR COM RESERVATORIO TERMICO DE 400 L E *2* PLACAS COLETORAS DE *2,0* M2 (NAO INCLUI ACESSORIOS) (SEM INSTALACAO)                                                                                                                                                                                                                                                                                                                                                                             ","UN    ",{"v":4843.15,"d":"4,843.15"},{"$nulls":4},{"v":5899.09,"d":"5,899.09"}]
[34477,"AQUECEDOR SOLAR COM RESERVATORIO TERMICO DE 600 L E *3* PLACAS COLETORAS DE *2,0* M2 (NAO INCLUI ACESSORIOS) (SEM INSTALACAO)                                                                                                                                                                                                                                                                                                                                                                             ","UN    ",{"v":6427.81,"d":"6,427.81"},{"$nulls":4},{"v":7829.24,"d":"7,829.24"}]
[34482,"AQUECEDOR SOLAR COM RESERVATORIO TERMICO DE 800 L E *4* PLACAS COLETORAS DE *2,0* M2 (NAO INCLUI ACESSORIOS) (SEM INSTALACAO)                                                                                                                                                                                                                                                                                                                                                                             ","UN    ",{"v":6003.22,"d":"6,003.22"},{"$nulls":4},{"v":7312.08,"d":"7,312.08"}]
[34472,"AQUECEDOR SOLAR DE INSTALACAO EXTERNA, KIT COMPACTO, CONJUNTO COM RESERVATORIO TERMICO DE 200 L, PLACA COLETORA DE *2,0* M2 E INCLUSO ACESSORIOS (RESIDENCIAS ATE 120,00 M2 E DE 4 A 5 BANHOS POR DIA) (SEM INSTALACAO)                                                                                                                                                                                                                                                                                   ","UN    ",{"v":2857.08,"d":"2,857.08"},{"$nulls":4},{"v":3480,"d":"3,480.00"}]
[42425,"AR CONDICIONADO SPLIT INVERTER, HI-WALL (PAREDE), 12000 BTU/H, CICLO FRIO, 60HZ, CLASSIFICACAO A (SELO PROCEL), GAS HFC, CONTROLE S/FIO                                                                                                                                                                                                                                                                                                                                                                   ","UN    ",{"v":2014.71,"d":"2,014.71"},{"$nulls":4},{"v":2453.97,"d":"2,453.97"}]
[42422,"AR CONDICIONADO SPLIT INVERTER, HI-WALL (PAREDE), 18000 BTU/H, CICLO FRIO, 60HZ, CLASSIFICACAO A (SELO PROCEL), GAS HFC, CONTROLE S/FIO                                                                                                                                                                                                                                                                                                                                                                   ","UN    ",{"v":2990.9,"d":"2,990.90"},{"$nulls":4},{"v":3643,"d":"3,643.00"}]
[43184,"AR CONDICIONADO SPLIT INVERTER, HI-WALL (PAREDE), 24000 BTU/H, CICLO FRIO, 60HZ, CLASSIFICACAO A (SELO PROCEL), GAS HFC, CONTROLE S/FIO                                                                                                                                                                                                                                                                                                                                                                   ","UN    ",{"v":4133.71,"d":"4,133.71"},{"$nulls":4},{"v":5034.97,"d":"5,034.97"}]
[42424,"AR CONDICIONADO SPLIT INVERTER, HI-WALL (PAREDE), 9000 BTU/H, CICLO FRIO, 60HZ, CLASSIFICACAO A (SELO PROCEL), GAS HFC, CONTROLE S/FIO                                                                                                                                                                                                                                                                                                                                                                    ","UN    ",{"v":1799.31,"d":"1,799.31"},{"$nulls":4},{"v":2191.61,"d":"2,191.61"}]
[42421,"AR CONDICIONADO SPLIT INVERTER, PISO TETO, APRESENTANDO ENTRE 54000 E 58000 BTU/H, CICLO FRIO, 60HZ, CLASSIFICACAO ENERGETICA A OU B (SELO PROCEL), GAS HFC, CONTROLE S/FIO                                                                                                                                                                                                                                                                                                                               ","UN    ",{"v":16382.52,"d":"16,382.52"},{"$nulls":4},{"v":19954.35,"d":"19,954.35"}]
[42416,"AR CONDICIONADO SPLIT INVERTER, PISO TETO, 18000 BTU/H, CICLO FRIO, 60HZ, CLASSIFICACAO ENERGETICA A OU B (SELO PROCEL), GAS HFC, CONTROLE S/FIO                                                                                                                                                                                                                                                                                                                                                          ","UN    ",{"v":7756.62,"d":"7,756.62"},{"$nulls":4},{"v":9447.77,"d":"9,447.77"}]
[42417,"AR CONDICIONADO SPLIT INVERTER, PISO TETO, 24000 BTU/H, CICLO FRIO, 60HZ, CLASSIFICACAO ENERGETICA A OU B (SELO PROCEL), GAS HFC, CONTROLE S/FIO                                                                                                                                                                                                                                                                                                                                                          ","UN    ",{"v":8695.8,"d":"8,695.80"},{"$nulls":4},{"v":10591.72,"d":"10,591.72"}]
[42419,"AR CONDICIONADO SPLIT INVERTER, PISO TETO, 36000 BTU/H, CICLO FRIO, 60HZ, CLASSIFICACAO ENERGETICA A OU B (SELO PROCEL), GAS HFC, CONTROLE S/FIO                                                                                                                                                                                                                                                                                                                                                          ","UN    ",{"v":9824.41,"d":"9,824.41"},{"$nulls":4},{"v":11966.4,"d":"11,966.40"}]
[42420,"AR CONDICIONADO SPLIT INVERTER, PISO TETO, 48000 BTU/H, CICLO FRIO, 60HZ, CLASSIFICACAO ENERGETICA A OU B (SELO PROCEL), GAS HFC, CONTROLE S/FIO                                                                                                                                                                                                                                                                                                                                                          ","UN    ",{"v":13502.93,"d":"13,502.93"},{"$nulls":4},{"v":16446.93,"d":"16,446.93"}]
[43195,"AR CONDICIONADO SPLIT ON/OFF, CASSETE (TETO), FRIO 4 VIAS 18000 BTUS/H, CLASSIFICACAO ENERGETICA C - SELO PROCEL, GAS HFC, CONTROLE S/ FIO                                                                                                                                                                                                                                                                                                                                                                ","UN    ",{"v":4754.58,"d":"4,754.58"},{"$nulls":4},{"v":5791.2,"d":"5,791.20"}]
[43196,"AR CONDICIONADO SPLIT ON/OFF, CASSETE (TETO), FRIO 4 VIAS 24000 BTUS/H, CLASSIFICACAO ENERGETICA C - SELO PROCEL, GAS HFC, CONTROLE S/ FIO                                                                                                                                                                                                                                                                                                                                                                ","UN    ",{"v":5892.61,"d":"5,892.61"},{"$nulls":4},{"v":7177.36,"d":"7,177.36"}]
[43198,"AR CONDICIONADO SPLIT ON/OFF, CASSETE (TETO), FRIO 4 VIAS 36000 BTUS/H, CLASSIFICACAO ENERGETICA C - SELO PROCEL, GAS HFC, CONTROLE S/ FIO                                                                                                                                                                                                                                                                                                                                                                ","UN    ",{"v":8756.28,"d":"8,756.28"},{"$nulls":4},{"v":10665.38,"d":"10,665.38"}]
[43199,"AR CONDICIONADO SPLIT ON/OFF, CASSETE (TETO), FRIO 4 VIAS 48000 BTUS/H, CLASSIFICACAO ENERGETICA C - SELO PROCEL, GAS HFC, CONTROLE S/ FIO                                                                                                                                                                                                                                                                                                                                                                ","UN    ",{"v":9077.14,"d":"9,077.14"},{"$nulls":4},{"v":11056.2,"d":"11,056.20"}]
[43200,"AR CONDICIONADO SPLIT ON/OFF, CASSETE (TETO), FRIO 4 VIAS 60000 BTUS/H, CLASSIFICACAO ENERGETICA C - SELO PROCEL, GAS HFC, CONTROLE S/ FIO                                                                                                                                                                                                                                                                                                                                                                ","UN    ",{"v":10416.68,"d":"10,416.68"},{"$nulls":4},{"v":12687.79,"d":"12,687.79"}]
[39556,"AR CONDICIONADO SPLIT ON/OFF, CASSETE (TETO), 18000 BTUS/H, CICLO QUENTE/FRIO, 60 HZ, CLASSIFICACAO ENERGETICA C - SELO PROCEL, GAS HFC, CONTROLE S/ FIO                                                                                                                                                                                                                                                                                                                                                  ","UN    ",{"v":5689.28,"d":"5,689.28"},{"$nulls":4},{"v":6929.7,"d":"6,929.70"}]
[39557,"AR CONDICIONADO SPLIT ON/OFF, CASSETE (TETO), 24000 BTUS/H, CICLO QUENTE/FRIO, 60 HZ, CLASSIFICACAO ENERGETICA C - SELO PROCEL, GAS HFC, CONTROLE S/ FIO                                                                                                                                                                                                                                                                                                                                                  ","UN    ",{"v":6126.11,"d":"6,126.11"},{"$nulls":4},{"v":7461.77,"d":"7,461.77"}]
[39559,"AR CONDICIONADO SPLIT ON/OFF, CASSETE (TETO), 36000 BTUS/H, CICLO QUENTE/FRIO, 60 HZ, CLASSIFICACAO ENERGETICA A - SELO PROCEL, GAS HFC, CONTROLE S/ FIO                                                                                                                                                                                                                                                                                                                                                  ","UN    ",{"v":9053.22,"d":"9,053.22"},{"$nulls":4},{"v":11027.07,"d":"11,027.07"}]
[39560,"AR CONDICIONADO SPLIT ON/OFF, CASSETE (TETO), 48000 BTUS/H, CICLO QUENTE/FRIO, 60 HZ, CLASSIFICACAO ENERGETICA A - SELO PROCEL, GAS HFC, CONTROLE S/ FIO                                                                                                                                                                                                                                                                                                                                                  ","UN    ",{"v":10473.69,"d":"10,473.69"},{"$nulls":4},{"v":12757.24,"d":"12,757.24"}]
[39561,"AR CONDICIONADO SPLIT ON/OFF, CASSETE (TETO), 60000 BTUS/H, CICLO QUENTE/FRIO, 60 HZ, CLASSIFICACAO ENERGETICA A - SELO PROCEL, GAS HFC, CONTROLE S/ FIO                                                                                                                                                                                                                                                                                                                                                  ","UN    ",{"v":10956.82,"d":"10,956.82"},{"$nulls":4},{"v":13345.7,"d":"13,345.70"}]
[43190,"AR CONDICIONADO SPLIT ON/OFF, HI-WALL (PAREDE), 12000 BTUS/H, CICLO FRIO, 60 HZ, CLASSIFICACAO ENERGETICA A - SELO PROCEL, GAS HFC, CONTROLE S/ FIO                                                                                                                                                                                                                                                                                                                                                       ","UN    ",{"v":1616.93,"d":"1,616.93"},{"$nulls":4},{"v":1969.47,"d":"1,969.47"}]
[39555,"AR CONDICIONADO SPLIT ON/OFF, HI-WALL (PAREDE), 12000 BTUS/H, CICLO QUENTE/FRIO, 60 HZ, CLASSIFICACAO ENERGETICA A - SELO PROCEL, GAS HFC, CONTROLE S/ FIO                                                                                                                                                                                                                                                                                                                                                ","UN    ",{"v":1749.11,"d":"1,749.11"},{"$nulls":4},{"v":2130.46,"d":"2,130.46"}]
[43191,"AR CONDICIONADO SPLIT ON/OFF, HI-WALL (PAREDE), 18000 BTUS/H, CICLO FRIO, 60 HZ, CLASSIFICACAO ENERGETICA A - SELO PROCEL, GAS HFC, CONTROLE S/ FIO                                                                                                                                                                                                                                                                                                                                                       ","UN    ",{"v":2326.56,"d":"2,326.56"},{"$nulls":4},{"v":2833.81,"d":"2,833.81"}]
[39548,"AR CONDICIONADO SPLIT ON/OFF, HI-WALL (PAREDE), 18000 BTUS/H, CICLO QUENTE/FRIO, 60 HZ, CLASSIFICACAO ENERGETICA A - SELO PROCEL, GAS HFC, CONTROLE S/ FIO                                                                                                                                                                                                                                                                                                                                                ","UN    ",{"v":2594.47,"d":"2,594.47"},{"$nulls":4},{"v":3160.13,"d":"3,160.13"}]
[43192,"AR CONDICIONADO SPLIT ON/OFF, HI-WALL (PAREDE), 24000 BTUS/H, CICLO FRIO, 60 HZ, CLASSIFICACAO ENERGETICA A - SELO PROCEL, GAS HFC, CONTROLE S/ FIO                                                                                                                                                                                                                                                                                                                                                       ","UN    ",{"v":3047.58,"d":"3,047.58"},{"$nulls":4},{"v":3712.03,"d":"3,712.03"}]
[39554,"AR CONDICIONADO SPLIT ON/OFF, HI-WALL (PAREDE), 24000 BTUS/H, CICLO QUENTE/FRIO, 60 HZ, CLASSIFICACAO ENERGETICA A - SELO PROCEL, GAS HFC, CONTROLE S/ FIO                                                                                                                                                                                                                                                                                                                                                ","UN    ",{"v":3430.79,"d":"3,430.79"},{"$nulls":4},{"v":4178.8,"d":"4,178.80"}]
[43194,"AR CONDICIONADO SPLIT ON/OFF, HI-WALL (PAREDE), 9000 BTUS/H, CICLO FRIO, 60 HZ, CLASSIFICACAO ENERGETICA A - SELO PROCEL, GAS HFC, CONTROLE S/ FIO                                                                                                                                                                                                                                                                                                                                                        ","UN    ",{"v":1385.18,"d":"1,385.18"},{"$nulls":4},{"v":1687.19,"d":"1,687.19"}]
[39551,"AR CONDICIONADO SPLIT ON/OFF, HI-WALL (PAREDE), 9000 BTUS/H, CICLO QUENTE/FRIO, 60 HZ, CLASSIFICACAO ENERGETICA A - SELO PROCEL, GAS HFC, CONTROLE S/ FIO                                                                                                                                                                                                                                                                                                                                                 ","UN    ",{"v":1525.23,"d":"1,525.23"},{"$nulls":4},{"v":1857.77,"d":"1,857.77"}]
[43185,"AR CONDICIONADO SPLIT ON/OFF, PISO TETO, 18.000 BTU/H, CICLO FRIO, 60HZ, CLASSIFICACAO ENERGETICA C - SELO PROCEL, GAS HFC, CONTROLE S/FIO                                                                                                                                                                                                                                                                                                                                                                ","UN    ",{"v":4334.44,"d":"4,334.44"},{"$nulls":4},{"v":5279.46,"d":"5,279.46"}]
[43186,"AR CONDICIONADO SPLIT ON/OFF, PISO TETO, 24.000 BTU/H, CICLO FRIO, 60HZ, CLASSIFICACAO ENERGETICA C - SELO PROCEL, GAS HFC, CONTROLE S/FIO                                                                                                                                                                                                                                                                                                                                                                ","UN    ",{"v":4571.96,"d":"4,571.96"},{"$nulls":4},{"v":5568.77,"d":"5,568.77"}]
[43187,"AR CONDICIONADO SPLIT ON/OFF, PISO TETO, 36.000 BTU/H, CICLO FRIO, 60HZ, CLASSIFICACAO ENERGETICA C - SELO PROCEL, GAS HFC, CONTROLE S/FIO                                                                                                                                                                                                                                                                                                                                                                ","UN    ",{"v":6067.03,"d":"6,067.03"},{"$nulls":4},{"v":7389.81,"d":"7,389.81"}]
[43188,"AR CONDICIONADO SPLIT ON/OFF, PISO TETO, 48.000 BTU/H, CICLO FRIO, 60HZ, CLASSIFICACAO ENERGETICA C - SELO PROCEL, GAS HFC, CONTROLE S/FIO                                                                                                                                                                                                                                                                                                                                                                ","UN    ",{"v":7351.01,"d":"7,351.01"},{"$nulls":4},{"v":8953.73,"d":"8,953.73"}]
[43189,"AR CONDICIONADO SPLIT ON/OFF, PISO TETO, 60.000 BTU/H, CICLO FRIO, 60HZ, CLASSIFICACAO ENERGETICA C - SELO PROCEL, GAS HFC, CONTROLE S/FIO                                                                                                                                                                                                                                                                                                                                                                ","UN    ",{"v":8268.67,"d":"8,268.67"},{"$nulls":4},{"v":10071.46,"d":"10,071.46"}]
[39580,"AR-CONDICIONADO FRIO SPLITAO INVERTER 30 TR                                                                                                                                                                                                                                                                                                                                                                                                                                                               ","UN    ",{"v":65160.47,"d":"65,160.47"},{"$nulls":4},{"v":79367.2,"d":"79,367.20"}]
[39577,"AR-CONDICIONADO FRIO SPLITAO MODULAR 10 TR                                                                                                                                                                                                                                                                                                                                                                                                                                                                ","UN    ",{"v":20395.08,"d":"20,395.08"},{"$nulls":4},{"v":24841.76,"d":"24,841.76"}]
[39578,"AR-CONDICIONADO FRIO SPLITAO MODULAR 15 TR                                                                                                                                                                                                                                                                                                                                                                                                                                                                ","UN    ",{"v":26320.27,"d":"26,320.27"},{"$nulls":4},{"v":32058.79,"d":"32,058.79"}]
[39579,"AR-CONDICIONADO FRIO SPLITAO MODULAR 20 TR                                                                                                                                                                                                                                                                                                                                                                                                                                                                ","UN    ",{"v":38293.92,"d":"38,293.92"},{"$nulls":4},{"v":46643.02,"d":"46,643.02"}]
[39826,"AR-CONDICIONADO SPLIT INVERTER, PISO TETO, 24000 BTU/H, QUENTE/FRIO, 60HZ, CLASSIFICACAO ENERGETICA A - SELO PROCEL, GAS HFC, CONTROLE S/FIO                                                                                                                                                                                                                                                                                                                                                              ","UN    ",{"v":4703.19,"d":"4,703.19"},{"$nulls":4},{"v":5728.61,"d":"5,728.61"}]
[10700,"ARADO REVERSIVEL COM 3 DISCOS DE 26\" X 6MM REBOCAVEL                                                                                                                                                                                                                                                                                                                                                                                                                                                      ","UN    ",{"v":19764.65,"d":"19,764.65"},{"$nulls":4},{"v":24073.87,"d":"24,073.87"}]
[346,"ARAME DE ACO OVALADO 15 X 17 ( 45,7 KG, 700 KGF), ROLO 1000 M                                                                                                                                                                                                                                                                                                                                                                                                                                             ","KG    ",24.26,{"$nulls":4},29.55]
[3312,"ARAME DE AMARRACAO PARA GABIAO GALVANIZADO, DIAMETRO 2,2 MM                                                                                                                                                                                                                                                                                                                                                                                                                                               ","KG    ",21.49,{"$nulls":4},26.17]
[339,"ARAME FARPADO GALVANIZADO, 14 BWG (2,11 MM), CLASSE 250                                                                                                                                                                                                                                                                                                                                                                                                                                                   ","M     ",1.25,{"$nulls":4},1.52]
[340,"ARAME FARPADO GALVANIZADO, 16 BWG (1,65 MM), CLASSE 250                                                                                                                                                                                                                                                                                                                                                                                                                                                   ","M     ",1.12,{"$nulls":4},1.37]
[43130,"ARAME GALVANIZADO 12 BWG, D = 2,76 MM (0,048 KG/M) OU 14 BWG, D = 2,11 MM (0,026 KG/M)                                                                                                                                                                                                                                                                                                                                                                                                                    ","KG    ",20.48,{"$nulls":4},24.95]
[344,"ARAME GALVANIZADO 16 BWG, D = 1,65MM (0,0166 KG/M)                                                                                                                                                                                                                                                                                                                                                                                                                                                        ","KG    ",26.93,{"$nulls":4},32.8]
[345,"ARAME GALVANIZADO 18 BWG, D = 1,24MM (0,009 KG/M)                                                                                                                                                                                                                                                                                                                                                                                                                                                         ","KG    ",29.22,{"$nulls":4},35.59]
[43131,"ARAME GALVANIZADO 6 BWG, D = 5,16 MM (0,157 KG/M), OU 8 BWG, D = 4,19 MM (0,101 KG/M), OU 10 BWG, D = 3,40 MM (0,0713 KG/M)                                                                                                                                                                                                                                                                                                                                                                               ","KG    ",23.79,{"$nulls":4},28.98]
[3313,"ARAME PROTEGIDO COM POLIMERO PARA GABIAO, DIAMETRO 2,2 MM                                                                                                                                                                                                                                                                                                                                                                                                                                                 ","KG    ",27.65,{"$nulls":4},33.68]
[43132,"ARAME RECOZIDO 16 BWG, D = 1,65 MM (0,016 KG/M) OU 18 BWG, D = 1,25 MM (0,01 KG/M)                                                                                                                                                                                                                                                                                                                                                                                                                        ","KG    ",20.48,{"$nulls":4},24.95]
[366,"AREIA FINA - POSTO JAZIDA/FORNECEDOR (RETIRADO NA JAZIDA, SEM TRANSPORTE)                                                                                                                                                                                                                                                                                                                                                                                                                                 ","M3    ",119.05,{"$nulls":4},145]
[367,"AREIA GROSSA - POSTO JAZIDA/FORNECEDOR (RETIRADO NA JAZIDA, SEM TRANSPORTE)                                                                                                                                                                                                                                                                                                                                                                                                                               ","M3    ",{"v":120.6,"d":"120.60"},{"$nulls":4},146.89]
[370,"AREIA MEDIA - POSTO JAZIDA/FORNECEDOR (RETIRADO NA JAZIDA, SEM TRANSPORTE)                                                                                                                                                                                                                                                                                                                                                                                                                                ","M3    ",119.05,{"$nulls":4},145]
[368,"AREIA PARA ATERRO - POSTO JAZIDA/FORNECEDOR (RETIRADO NA JAZIDA, SEM TRANSPORTE)                                                                                                                                                                                                                                                                                                                                                                                                                          ","M3    ",59.52,{"$nulls":4},72.5]
[11075,"AREIA PARA LEITO FILTRANTE (0,42 A 1,68 MM) - POSTO JAZIDA/FORNECEDOR (RETIRADO NA JAZIDA, SEM TRANSPORTE)                                                                                                                                                                                                                                                                                                                                                                                                ","M3    ",{"v":1366.27,"d":"1,366.27"},{"$nulls":4},{"v":1664.15,"d":"1,664.15"}]
[1381,"ARGAMASSA COLANTE AC I PARA CERAMICAS                                                                                                                                                                                                                                                                                                                                                                                                                                                                     ","KG    ",0.94,{"$nulls":4},1.15]
[34353,"ARGAMASSA COLANTE AC II                                                                                                                                                                                                                                                                                                                                                                                                                                                                                   ","KG    ",1.76,{"$nulls":4},2.14]
[37595,"ARGAMASSA COLANTE TIPO AC III                                                                                                                                                                                                                                                                                                                                                                                                                                                                             ","KG    ",{"v":2.9,"d":"2.90"},{"$nulls":4},3.53]
[37596,"ARGAMASSA COLANTE TIPO AC III E                                                                                                                                                                                                                                                                                                                                                                                                                                                                           ","KG    ",3.33,{"$nulls":4},4.05]
[371,"ARGAMASSA INDUSTRIALIZADA MULTIUSO, PARA REVESTIMENTO INTERNO E EXTERNO E ASSENTAMENTO DE BLOCOS DIVERSOS                                                                                                                                                                                                                                                                                                                                                                                                 ","KG    ",1.03,{"$nulls":4},1.25]
[37553,"ARGAMASSA INDUSTRIALIZADA PARA CHAPISCO COLANTE                                                                                                                                                                                                                                                                                                                                                                                                                                                           ","KG    ",1.93,{"$nulls":4},2.35]
[37552,"ARGAMASSA INDUSTRIALIZADA PARA CHAPISCO ROLADO                                                                                                                                                                                                                                                                                                                                                                                                                                                            ","KG    ",{"v":3.1,"d":"3.10"},{"$nulls":4},3.78]
[36880,"ARGAMASSA PARA REVESTIMENTO DECORATIVO MONOCAMADA                                                                                                                                                                                                                                                                                                                                                                                                                                                         ","KG    ",3.15,{"$nulls":4},3.84]
[34355,"ARGAMASSA PISO SOBRE PISO                                                                                                                                                                                                                                                                                                                                                                                                                                                                                 ","KG    ",2.71,{"$nulls":4},3.3]
[130,"ARGAMASSA POLIMERICA DE REPARO ESTRUTURAL, BICOMPONENTE                                                                                                                                                                                                                                                                                                                                                                                                                                                   ","KG    ",3.51,{"$nulls":4},4.27]
[135,"ARGAMASSA POLIMERICA IMPERMEABILIZANTE SEMIFLEXIVEL, BICOMPONENTE, A BASE DE CIMENTO E ADITIVOS                                                                                                                                                                                                                                                                                                                                                                                                           ","KG    ",2.82,{"$nulls":4},3.44]
[36886,"ARGAMASSA PRONTA PARA CONTRAPISO                                                                                                                                                                                                                                                                                                                                                                                                                                                                          ","KG    ",0.98,{"$nulls":4},1.19]
[38546,"ARGAMASSA USINADA AUTOADENSAVEL E AUTONIVELANTE PARA CONTRAPISO, COM BOMBEAMENTO (DISPONIBILIZACAO DE BOMBA), SEM O LANCAMENTO                                                                                                                                                                                                                                                                                                                                                                            ","M3    ",603.34,{"$nulls":4},734.88]
[34549,"ARGILA EXPANDIDA, GRANULOMETRIA 2215                                                                                                                                                                                                                                                                                                                                                                                                                                                                      ","M3    ",{"v":599.6,"d":"599.60"},{"$nulls":4},730.33]
[6081,"ARGILA OU BARRO PARA ATERRO/REATERRO (COM TRANSPORTE ATE 10 KM)                                                                                                                                                                                                                                                                                                                                                                                                                                           ","M3    ",41.97,{"$nulls":4},51.12]
[6077,"ARGILA OU BARRO PARA ATERRO/REATERRO (RETIRADO NA JAZIDA, SEM TRANSPORTE)                                                                                                                                                                                                                                                                                                                                                                                                                                 ","M3    ",29.97,{"$nulls":4},36.51]
[6079,"ARGILA, ARGILA VERMELHA OU ARGILA ARENOSA (RETIRADA NA JAZIDA, SEM TRANSPORTE)                                                                                                                                                                                                                                                                                                                                                                                                                            ","M3    ",29.97,{"$nulls":4},36.51]
[1091,"ARMACAO VERTICAL COM HASTE E CONTRA-PINO, EM CHAPA DE ACO GALVANIZADO 3/16\", COM 1 ESTRIBO E 1 ISOLADOR                                                                                                                                                                                                                                                                                                                                                                                                   ","UN    ",{"v":38.6,"d":"38.60"},{"$nulls":4},47.02]
[1094,"ARMACAO VERTICAL COM HASTE E CONTRA-PINO, EM CHAPA DE ACO GALVANIZADO 3/16\", COM 1 ESTRIBO, SEM ISOLADOR                                                                                                                                                                                                                                                                                                                                                                                                  ","UN    ",{"v":27,"d":"27.00"},{"$nulls":4},32.89]
[1095,"ARMACAO VERTICAL COM HASTE E CONTRA-PINO, EM CHAPA DE ACO GALVANIZADO 3/16\", COM 2 ESTRIBOS, E 2 ISOLADORES                                                                                                                                                                                                                                                                                                                                                                                               ","UN    ",57.38,{"$nulls":4},69.89]
[1092,"ARMACAO VERTICAL COM HASTE E CONTRA-PINO, EM CHAPA DE ACO GALVANIZADO 3/16\", COM 2 ESTRIBOS, SEM ISOLADOR                                                                                                                                                                                                                                                                                                                                                                                                 ","UN    ",{"v":44.4,"d":"44.40"},{"$nulls":4},54.08]
[1093,"ARMACAO VERTICAL COM HASTE E CONTRA-PINO, EM CHAPA DE ACO GALVANIZADO 3/16\", COM 3 ESTRIBOS E 3 ISOLADORES                                                                                                                                                                                                                                                                                                                                                                                                ","UN    ",103.68,{"$nulls":4},126.29]
[1090,"ARMACAO VERTICAL COM HASTE E CONTRA-PINO, EM CHAPA DE ACO GALVANIZADO 3/16\", COM 3 ESTRIBOS, SEM ISOLADOR                                                                                                                                                                                                                                                                                                                                                                                                 ","UN    ",74.23,{"$nulls":4},90.42]
[1096,"ARMACAO VERTICAL COM HASTE E CONTRA-PINO, EM CHAPA DE ACO GALVANIZADO 3/16\", COM 4 ESTRIBOS E 4 ISOLADORES                                                                                                                                                                                                                                                                                                                                                                                                ","UN    ",{"v":133.6,"d":"133.60"},{"$nulls":4},162.73]
[1097,"ARMACAO VERTICAL COM HASTE E CONTRA-PINO, EM CHAPA DE ACO GALVANIZADO 3/16\", COM 4 ESTRIBOS, SEM ISOLADOR                                                                                                                                                                                                                                                                                                                                                                                                 ","UN    ",113.41,{"$nulls":4},138.14]
[378,"ARMADOR (HORISTA)                                                                                                                                                                                                                                                                                                                                                                                                                                                                                         ","H     ",14.11,{"$nulls":4},17.19]
[40911,"ARMADOR (MENSALISTA)                                                                                                                                                                                                                                                                                                                                                                                                                                                                                      ","MES   ",{"v":2479.58,"d":"2,479.58"},{"$nulls":4},{"v":3020.19,"d":"3,020.19"}]
[33939,"ARQUITETO JUNIOR (HORISTA)                                                                                                                                                                                                                                                                                                                                                                                                                                                                                ","H     ",73.82,{"$nulls":4},89.91]
[40815,"ARQUITETO JUNIOR (MENSALISTA)                                                                                                                                                                                                                                                                                                                                                                                                                                                                             ","MES   ",{"v":12969.84,"d":"12,969.84"},{"$nulls":4},{"v":15797.61,"d":"15,797.61"}]
[33952,"ARQUITETO PLENO (HORISTA)                                                                                                                                                                                                                                                                                                                                                                                                                                                                                 ","H     ",78.21,{"$nulls":4},95.26]
[40816,"ARQUITETO PLENO (MENSALISTA)                                                                                                                                                                                                                                                                                                                                                                                                                                                                              ","MES   ",{"v":13740.3,"d":"13,740.30"},{"$nulls":4},{"v":16736.05,"d":"16,736.05"}]
[33953,"ARQUITETO SENIOR (HORISTA)                                                                                                                                                                                                                                                                                                                                                                                                                                                                                ","H     ",81.96,{"$nulls":4},99.83]
[40817,"ARQUITETO SENIOR (MENSALISTA)                                                                                                                                                                                                                                                                                                                                                                                                                                                                             ","MES   ",{"v":14400.27,"d":"14,400.27"},{"$nulls":4},{"v":17539.91,"d":"17,539.91"}]
[13348,"ARRUELA  EM ACO GALVANIZADO, DIAMETRO EXTERNO = 35MM, ESPESSURA = 3MM, DIAMETRO DO FURO= 18MM                                                                                                                                                                                                                                                                                                                                                                                                             ","UN    ",1.47,{"$nulls":4},1.79]
[39211,"ARRUELA EM ALUMINIO, COM ROSCA, DE  1 1/4\", PARA ELETRODUTO                                                                                                                                                                                                                                                                                                                                                                                                                                               ","UN    ",1.33,{"$nulls":4},1.62]
[39212,"ARRUELA EM ALUMINIO, COM ROSCA, DE 1 1/2\", PARA ELETRODUTO                                                                                                                                                                                                                                                                                                                                                                                                                                                ","UN    ",1.49,{"$nulls":4},1.81]
[39208,"ARRUELA EM ALUMINIO, COM ROSCA, DE 1/2\", PARA ELETRODUTO                                                                                                                                                                                                                                                                                                                                                                                                                                                  ","UN    ",{"v":0.4,"d":"0.40"},{"$nulls":4},0.49]
[39210,"ARRUELA EM ALUMINIO, COM ROSCA, DE 1\", PARA ELETRODUTO                                                                                                                                                                                                                                                                                                                                                                                                                                                    ","UN    ",0.75,{"$nulls":4},0.91]
[39214,"ARRUELA EM ALUMINIO, COM ROSCA, DE 2 1/2\", PARA ELETRODUTO                                                                                                                                                                                                                                                                                                                                                                                                                                                ","UN    ",2.75,{"$nulls":4},3.35]
[39213,"ARRUELA EM ALUMINIO, COM ROSCA, DE 2\", PARA ELETRODUTO                                                                                                                                                                                                                                                                                                                                                                                                                                                    ","UN    ",1.94,{"$nulls":4},2.36]
[39209,"ARRUELA EM ALUMINIO, COM ROSCA, DE 3/4\", PARA ELETRODUTO                                                                                                                                                                                                                                                                                                                                                                                                                                                  ","UN    ",0.48,{"$nulls":4},0.58]
[39207,"ARRUELA EM ALUMINIO, COM ROSCA, DE 3/8\", PARA ELETRODUTO                                                                                                                                                                                                                                                                                                                                                                                                                                                  ","UN    ",0.75,{"$nulls":4},0.91]
[39215,"ARRUELA EM ALUMINIO, COM ROSCA, DE 3\", PARA ELETRODUTO                                                                                                                                                                                                                                                                                                                                                                                                                                                    ","UN    ",5.01,{"$nulls":4},6.1]
[39216,"ARRUELA EM ALUMINIO, COM ROSCA, DE 4\", PARA ELETRODUTO                                                                                                                                                                                                                                                                                                                                                                                                                                                    ","UN    ",6.99,{"$nulls":4},8.51]
[11267,"ARRUELA LISA, REDONDA, DE LATAO POLIDO, DIAMETRO NOMINAL 5/8\", DIAMETRO EXTERNO = 34 MM, DIAMETRO DO FURO = 17 MM, ESPESSURA = *2,5* MM                                                                                                                                                                                                                                                                                                                                                                   ","UN    ",1.28,{"$nulls":4},1.56]
[379,"ARRUELA QUADRADA EM ACO GALVANIZADO, DIMENSAO = 38 MM, ESPESSURA = 3MM, DIAMETRO DO FURO= 18 MM                                                                                                                                                                                                                                                                                                                                                                                                           ","UN    ",1.29,{"$nulls":4},1.57]
[510,"ASFALTO MODIFICADO TIPO I - NBR 9910 (ASFALTO OXIDADO PARA IMPERMEABILIZACAO, COEFICIENTE DE PENETRACAO 25-40)                                                                                                                                                                                                                                                                                                                                                                                            ","KG    ",15.14,{"$nulls":4},18.44]
[516,"ASFALTO MODIFICADO TIPO II - NBR 9910 (ASFALTO OXIDADO PARA IMPERMEABILIZACAO, COEFICIENTE DE PENETRACAO 20-35)                                                                                                                                                                                                                                                                                                                                                                                           ","KG    ",17.94,{"$nulls":4},21.85]
[509,"ASFALTO MODIFICADO TIPO III - NBR 9910 (ASFALTO OXIDADO PARA IMPERMEABILIZACAO, COEFICIENTE DE PENETRACAO 15-25)                                                                                                                                                                                                                                                                                                                                                                                          ","KG    ",20.13,{"$nulls":4},24.52]
[40331,"ASSENTADOR DE MANILHAS (HORISTA)                                                                                                                                                                                                                                                                                                                                                                                                                                                                          ","H     ",7.12,{"$nulls":4},8.67]
[40930,"ASSENTADOR DE MANILHAS (MENSALISTA)                                                                                                                                                                                                                                                                                                                                                                                                                                                                       ","MES   ",{"v":1253.49,"d":"1,253.49"},{"$nulls":4},{"v":1526.79,"d":"1,526.79"}]
[11761,"ASSENTO  VASO SANITARIO INFANTIL EM PLASTICO BRANCO                                                                                                                                                                                                                                                                                                                                                                                                                                                       ","UN    ",69.93,{"$nulls":4},85.18]
[377,"ASSENTO SANITARIO DE PLASTICO, TIPO CONVENCIONAL                                                                                                                                                                                                                                                                                                                                                                                                                                                          ","UN    ",32.86,{"$nulls":4},40.03]
[7588,"AUTOMATICO DE BOIA SUPERIOR / INFERIOR, *15* A / 250 V                                                                                                                                                                                                                                                                                                                                                                                                                                                    ","UN    ",44.29,{"$nulls":4},53.95]
[34392,"AUXILIAR DE ALMOXARIFE (HORISTA)                                                                                                                                                                                                                                                                                                                                                                                                                                                                          ","H     ",11.37,{"$nulls":4},13.85]
[40908,"AUXILIAR DE ALMOXARIFE (MENSALISTA)                                                                                                                                                                                                                                                                                                                                                                                                                                                                       ","MES   ",{"v":1997.86,"d":"1,997.86"},{"$nulls":4},{"v":2433.45,"d":"2,433.45"}]
[34551,"AUXILIAR DE AZULEJISTA (HORISTA)                                                                                                                                                                                                                                                                                                                                                                                                                                                                          ","H     ",{"v":10.5,"d":"10.50"},{"$nulls":4},12.79]
[41078,"AUXILIAR DE AZULEJISTA (MENSALISTA)                                                                                                                                                                                                                                                                                                                                                                                                                                                                       ","MES   ",{"v":1844.93,"d":"1,844.93"},{"$nulls":4},{"v":2247.17,"d":"2,247.17"}]
[246,"AUXILIAR DE ENCANADOR OU BOMBEIRO HIDRAULICO (HORISTA)                                                                                                                                                                                                                                                                                                                                                                                                                                                    ","H     ",11.37,{"$nulls":4},13.85]
[40927,"AUXILIAR DE ENCANADOR OU BOMBEIRO HIDRAULICO (MENSALISTA)                                                                                                                                                                                                                                                                                                                                                                                                                                                 ","MES   ",{"v":1998.67,"d":"1,998.67"},{"$nulls":4},{"v":2434.43,"d":"2,434.43"}]
[2350,"AUXILIAR DE ESCRITORIO (HORISTA)                                                                                                                                                                                                                                                                                                                                                                                                                                                                          ","H     ",10.97,{"$nulls":4},13.36]
[40812,"AUXILIAR DE ESCRITORIO (MENSALISTA)                                                                                                                                                                                                                                                                                                                                                                                                                                                                       ","MES   ",{"v":1929.12,"d":"1,929.12"},{"$nulls":4},{"v":2349.72,"d":"2,349.72"}]
[245,"AUXILIAR DE LABORATORISTA DE SOLOS E DE CONCRETO (HORISTA)                                                                                                                                                                                                                                                                                                                                                                                                                                                ","H     ",17.64,{"$nulls":4},21.48]
[41090,"AUXILIAR DE LABORATORISTA DE SOLOS E DE CONCRETO (MENSALISTA)                                                                                                                                                                                                                                                                                                                                                                                                                                             ","MES   ",{"v":3099.47,"d":"3,099.47"},{"$nulls":4},{"v":3775.24,"d":"3,775.24"}]
[251,"AUXILIAR DE MECANICO (HORISTA)                                                                                                                                                                                                                                                                                                                                                                                                                                                                            ","H     ",11.37,{"$nulls":4},13.85]
[40975,"AUXILIAR DE MECANICO (MENSALISTA)                                                                                                                                                                                                                                                                                                                                                                                                                                                                         ","MES   ",{"v":1998.67,"d":"1,998.67"},{"$nulls":4},{"v":2434.43,"d":"2,434.43"}]
[6127,"AUXILIAR DE PEDREIRO (HORISTA)                                                                                                                                                                                                                                                                                                                                                                                                                                                                            ","H     ",11.37,{"$nulls":4},13.85]
[41072,"AUXILIAR DE PEDREIRO (MENSALISTA)                                                                                                                                                                                                                                                                                                                                                                                                                                                                         ","MES   ",{"v":1998.67,"d":"1,998.67"},{"$nulls":4},{"v":2434.43,"d":"2,434.43"}]
[6121,"AUXILIAR DE SERVICOS GERAIS (HORISTA)                                                                                                                                                                                                                                                                                                                                                                                                                                                                     ","H     ",10.51,{"$nulls":4},12.8]
[41071,"AUXILIAR DE SERVICOS GERAIS (MENSALISTA)                                                                                                                                                                                                                                                                                                                                                                                                                                                                  ","MES   ",{"v":1847.37,"d":"1,847.37"},{"$nulls":4},{"v":2250.15,"d":"2,250.15"}]
[244,"AUXILIAR DE TOPOGRAFO (HORISTA)                                                                                                                                                                                                                                                                                                                                                                                                                                                                           ","H     ",6.34,{"$nulls":4},7.72]
[41093,"AUXILIAR DE TOPOGRAFO (MENSALISTA)                                                                                                                                                                                                                                                                                                                                                                                                                                                                        ","MES   ",{"v":1115.88,"d":"1,115.88"},{"$nulls":4},{"v":1359.17,"d":"1,359.17"}]
[532,"AUXILIAR TECNICO / ASSISTENTE DE ENGENHARIA (HORISTA)                                                                                                                                                                                                                                                                                                                                                                                                                                                     ","H     ",16.58,{"$nulls":4},20.19]
[40931,"AUXILIAR TECNICO / ASSISTENTE DE ENGENHARIA (MENSALISTA)                                                                                                                                                                                                                                                                                                                                                                                                                                                  ","MES   ",{"v":2914.02,"d":"2,914.02"},{"$nulls":4},{"v":3549.36,"d":"3,549.36"}]
[36150,"AVENTAL DE SEGURANCA DE RASPA DE COURO 1,00 X 0,60 M                                                                                                                                                                                                                                                                                                                                                                                                                                                      ","UN    ",42.96,{"$nulls":4},52.33]
[4760,"AZULEJISTA OU LADRILHEIRO (HORISTA)                                                                                                                                                                                                                                                                                                                                                                                                                                                                       ","H     ",14.11,{"$nulls":4},17.19]
[41069,"AZULEJISTA OU LADRILHEIRO (MENSALISTA)                                                                                                                                                                                                                                                                                                                                                                                                                                                                    ","MES   ",{"v":2479.58,"d":"2,479.58"},{"$nulls":4},{"v":3020.19,"d":"3,020.19"}]
[10422,"BACIA SANITARIA (VASO) COM CAIXA ACOPLADA, SIFAO APARENTE, DE LOUCA BRANCA (SEM ASSENTO)                                                                                                                                                                                                                                                                                                                                                                                                                  ","UN    ",305.23,{"$nulls":4},371.78]
[44019,"BACIA SANITARIA (VASO) COM CAIXA ACOPLADA, SIFAO OCULTO / CARENADO, DE LOUCA BRANCA (SEM ASSENTO ) - PADRAO ALTO                                                                                                                                                                                                                                                                                                                                                                                          ","UN    ",422.52,{"$nulls":4},514.64]
[36520,"BACIA SANITARIA (VASO) CONVENCIONAL PARA PCD, SEM FURO FRONTAL, DE LOUCA BRANCA (SEM ASSENTO)                                                                                                                                                                                                                                                                                                                                                                                                             ","UN    ",513.73,{"$nulls":4},625.74]
[42319,"BACIA SANITARIA (VASO) CONVENCIONAL PARA USO ESPECIFICO (HOSPITAIS, CLINICAS), COM FURO FRONTAL, DE LOUCA BRANCA, SEM ASSENTO                                                                                                                                                                                                                                                                                                                                                                             ","UN    ",460.33,{"$nulls":4},560.7]
[10420,"BACIA SANITARIA (VASO) CONVENCIONAL, DE LOUCA BRANCA, SIFAO APARENTE, SAIDA VERTICAL (SEM ASSENTO)                                                                                                                                                                                                                                                                                                                                                                                                        ","UN    ",{"v":163.3,"d":"163.30"},{"$nulls":4},198.9]
[10421,"BACIA SANITARIA (VASO) CONVENCIONAL, DE LOUCA COLORIDA, SIFAO APARENTE, SAIDA VERTICAL (SEM ASSENTO)                                                                                                                                                                                                                                                                                                                                                                                                      ","UN    ",179.45,{"$nulls":4},218.57]
[11786,"BACIA SANITARIA (VASO) INFANTIL, SIFONADO, DE LOUCA BRANCA, (SEM ASSENTO)                                                                                                                                                                                                                                                                                                                                                                                                                                 ","UN    ",361.82,{"$nulls":4},440.71]
[10,"BALDE PLASTICO CAPACIDADE *10* L                                                                                                                                                                                                                                                                                                                                                                                                                                                                          ","UN    ",16.31,{"$nulls":4},19.87]
[4815,"BALDE VERMELHO PARA SINALIZACAO DE VIAS                                                                                                                                                                                                                                                                                                                                                                                                                                                                   ","UN    ",6.08,{"$nulls":4},7.4]
[541,"BANCADA DE MARMORE SINTETICO COM UMA CUBA, 120 X *60* CM                                                                                                                                                                                                                                                                                                                                                                                                                                                  ","UN    ",196.96,{"$nulls":4},239.9]
[542,"BANCADA DE MARMORE SINTETICO COM UMA CUBA, 150 X *60* CM                                                                                                                                                                                                                                                                                                                                                                                                                                                  ","UN    ",246.88,{"$nulls":4},300.71]
[540,"BANCADA DE MARMORE SINTETICO COM UMA CUBA, 200 X *60* CM                                                                                                                                                                                                                                                                                                                                                                                                                                                  ","UN    ",556.36,{"$nulls":4},677.66]
[38364,"BANCADA/ BANCA EM GRANITO, POLIDO, TIPO ANDORINHA/ QUARTZ/ CASTELO/ CORUMBA OU OUTROS EQUIVALENTES DA REGIAO, COM CUBA INOX, FORMATO *120 X 60* CM, E=  *2* CM                                                                                                                                                                                                                                                                                                                                            ","UN    ",719.45,{"$nulls":4},876.31]
[11692,"BANCADA/ BANCA/ BALCAO/ TAMPO EM MARMORE BRANCO COMUM, POLIDO, LISO, ACABAMENTO RETO, E= *3* CM (SEM FUROS)                                                                                                                                                                                                                                                                                                                                                                                               ","M2    ",395.01,{"$nulls":4},481.13]
[1746,"BANCADA/BANCA/PIA DE ACO INOXIDAVEL (AISI 430) COM 1 CUBA CENTRAL, COM VALVULA, ESCORREDOR DUPLO, DE *0,55 X 1,20* M                                                                                                                                                                                                                                                                                                                                                                                      ","UN    ",196.96,{"$nulls":4},239.9]
[1748,"BANCADA/BANCA/PIA DE ACO INOXIDAVEL (AISI 430) COM 1 CUBA CENTRAL, COM VALVULA, ESCORREDOR DUPLO, DE *0,55 X 1,40* M                                                                                                                                                                                                                                                                                                                                                                                      ","UN    ",261.91,{"$nulls":4},319.01]
[1749,"BANCADA/BANCA/PIA DE ACO INOXIDAVEL (AISI 430) COM 1 CUBA CENTRAL, COM VALVULA, ESCORREDOR DUPLO, DE *0,55 X 1,80* M                                                                                                                                                                                                                                                                                                                                                                                      ","UN    ",379.46,{"$nulls":4},462.19]
[37412,"BANCADA/BANCA/PIA DE ACO INOXIDAVEL (AISI 430) COM 1 CUBA CENTRAL, COM VALVULA, LISA (SEM ESCORREDOR), DE *0,55 X 1,20* M                                                                                                                                                                                                                                                                                                                                                                                 ","UN    ",192.52,{"$nulls":4},234.5]
[1745,"BANCADA/BANCA/PIA DE ACO INOXIDAVEL (AISI 430) COM 1 CUBA CENTRAL, SEM VALVULA, ESCORREDOR DUPLO, DE *0,55 X 1,60* M                                                                                                                                                                                                                                                                                                                                                                                      ","UN    ",228.94,{"$nulls":4},278.85]
[1750,"BANCADA/BANCA/PIA DE ACO INOXIDAVEL (AISI 430) COM 2 CUBAS, COM VALVULAS, ESCORREDOR DUPLO, DE *0,55 X 2,00* M                                                                                                                                                                                                                                                                                                                                                                                            ","UN    ",{"v":535,"d":"535.00"},{"$nulls":4},651.64]
[11687,"BANCADA/TAMPO ACO INOX (AISI 304), LARGURA 60 CM, COM RODABANCA (NAO INCLUI PES DE APOIO)                                                                                                                                                                                                                                                                                                                                                                                                                 ","M     ",852.41,{"$nulls":4},{"v":1038.26,"d":"1,038.26"}]
[11689,"BANCADA/TAMPO ACO INOX (AISI 304), LARGURA 70 CM, COM RODABANCA (NAO INCLUI PES DE APOIO)                                                                                                                                                                                                                                                                                                                                                                                                                 ","M     ",{"v":1068.02,"d":"1,068.02"},{"$nulls":4},{"v":1300.88,"d":"1,300.88"}]
[11693,"BANCADA/TAMPO LISO (SEM CUBA) EM MARMORE SINTETICO                                                                                                                                                                                                                                                                                                                                                                                                                                                        ","M2    ",218.39,{"$nulls":4},266]
[36215,"BANCO ARTICULADO PARA BANHO, EM ACO INOX POLIDO, 70* CM X 45* CM                                                                                                                                                                                                                                                                                                                                                                                                                                          ","UN    ",782.17,{"$nulls":4},952.7]
[42439,"BANCO COM ENCOSTO, 1,60M* DE COMPRIMENTO, EM TUBO DE ACO CARBONO E PINTURA NO PROCESSO ELETROSTATICO - PARA ACADEMIA AO AR LIVRE / ACADEMIA DA TERCEIRA IDADE - ATI                                                                                                                                                                                                                                                                                                                                       ","UN    ",991.64,{"$nulls":4},{"v":1207.84,"d":"1,207.84"}]
[38381,"BANDEJA DE PINTURA PARA ROLO 23 CM                                                                                                                                                                                                                                                                                                                                                                                                                                                                        ","UN    ",10.29,{"$nulls":4},12.53]
[39621,"BARRA ANTIPANICO DUPLA, CEGA EM LADO OPOSTO, COR CINZA                                                                                                                                                                                                                                                                                                                                                                                                                                                    ","PAR   ",{"v":1048.11,"d":"1,048.11"},{"$nulls":4},{"v":1276.63,"d":"1,276.63"}]
[39624,"BARRA ANTIPANICO DUPLA, PARA PORTA DE VIDRO, COR CINZA                                                                                                                                                                                                                                                                                                                                                                                                                                                    ","PAR   ",{"v":1156.19,"d":"1,156.19"},{"$nulls":4},{"v":1408.27,"d":"1,408.27"}]
[39615,"BARRA ANTIPANICO SIMPLES, CEGA EM LADO OPOSTO, COR CINZA                                                                                                                                                                                                                                                                                                                                                                                                                                                  ","UN    ",467.21,{"$nulls":4},569.07]
[39620,"BARRA ANTIPANICO SIMPLES, COM FECHADURA LADO OPOSTO, COR CINZA                                                                                                                                                                                                                                                                                                                                                                                                                                            ","UN    ",713.55,{"$nulls":4},869.12]
[39623,"BARRA ANTIPANICO SIMPLES, PARA PORTA DE VIDRO, COR CINZA                                                                                                                                                                                                                                                                                                                                                                                                                                                  ","UN    ",764.28,{"$nulls":4},930.91]
[546,"BARRA DE ACO CHATA, RETANGULAR (QUALQUER BITOLA)                                                                                                                                                                                                                                                                                                                                                                                                                                                          ","KG    ",6.95,{"$nulls":4},8.47]
[566,"BARRA DE ACO CHATO, RETANGULAR, 19,05 MM X 3,17 MM (L X E), 0,47 KG/M                                                                                                                                                                                                                                                                                                                                                                                                                                     ","M     ",{"v":3.3,"d":"3.30"},{"$nulls":4},4.02]
[565,"BARRA DE ACO CHATO, RETANGULAR, 25,4 MM X 4,76 MM (L X E), 1,73 KG/M                                                                                                                                                                                                                                                                                                                                                                                                                                      ","M     ",12.03,{"$nulls":4},14.65]
[555,"BARRA DE ACO CHATO, RETANGULAR, 25,4 MM X 6,35 MM (L X E), 1,2265 KG/M                                                                                                                                                                                                                                                                                                                                                                                                                                    ","M     ",8.52,{"$nulls":4},10.38]
[557,"BARRA DE ACO CHATO, RETANGULAR, 38,1 MM X 12,7 MM (L X E), 3,79 KG/M                                                                                                                                                                                                                                                                                                                                                                                                                                      ","M     ",26.76,{"$nulls":4},32.59]
[552,"BARRA DE ACO CHATO, RETANGULAR, 38,1 MM X 6,35 MM (L X E), 1,89 KG/M                                                                                                                                                                                                                                                                                                                                                                                                                                      ","M     ",13.28,{"$nulls":4},16.17]
[563,"BARRA DE ACO CHATO, RETANGULAR, 38,1 MM X 9,53 MM (L X E), 2,84 KG/M                                                                                                                                                                                                                                                                                                                                                                                                                                      ","M     ",19.95,{"$nulls":4},24.3]
[549,"BARRA DE ACO CHATO, RETANGULAR, 50,8 MM X 12,7 MM (L X E), 5,06 KG/M                                                                                                                                                                                                                                                                                                                                                                                                                                      ","M     ",{"v":35.9,"d":"35.90"},{"$nulls":4},43.73]
[551,"BARRA DE ACO CHATO, RETANGULAR, 50,8 MM X 25,4 MM (L X E), 10,12 KG/M                                                                                                                                                                                                                                                                                                                                                                                                                                     ","M     ",71.09,{"$nulls":4},86.59]
[559,"BARRA DE ACO CHATO, RETANGULAR, 50,8 MM X 6,35 MM (L X E), 2,53 KG/M                                                                                                                                                                                                                                                                                                                                                                                                                                      ","M     ",17.77,{"$nulls":4},21.64]
[560,"BARRA DE ACO CHATO, RETANGULAR, 50,8 MM X 7,94 MM (L X E), 3,162 KG/M                                                                                                                                                                                                                                                                                                                                                                                                                                     ","M     ",22.23,{"$nulls":4},27.08]
[547,"BARRA DE ACO CHATO, RETANGULAR, 50,8 MM X 9,53 MM (L X E), 3,79KG/M                                                                                                                                                                                                                                                                                                                                                                                                                                       ","M     ",26.62,{"$nulls":4},32.42]
[36207,"BARRA DE APOIO EM \"L\", EM ACO INOX POLIDO 70 X 70 CM, DIAMETRO MINIMO 3 CM                                                                                                                                                                                                                                                                                                                                                                                                                                ","UN    ",346.45,{"$nulls":4},421.98]
[36209,"BARRA DE APOIO EM \"L\", EM ACO INOX POLIDO 80 X 80 CM, DIAMETRO MINIMO 3 CM                                                                                                                                                                                                                                                                                                                                                                                                                                ","UN    ",{"v":397.6,"d":"397.60"},{"$nulls":4},484.29]
[36210,"BARRA DE APOIO LATERAL ARTICULADA, COM TRAVA, EM ACO INOX POLIDO, 70 CM, DIAMETRO MINIMO 3 CM                                                                                                                                                                                                                                                                                                                                                                                                             ","UN    ",430.19,{"$nulls":4},523.98]
[36204,"BARRA DE APOIO RETA, EM ACO INOX POLIDO, COMPRIMENTO 60CM, DIAMETRO MINIMO 3 CM                                                                                                                                                                                                                                                                                                                                                                                                                           ","UN    ",152.53,{"$nulls":4},185.78]
[36205,"BARRA DE APOIO RETA, EM ACO INOX POLIDO, COMPRIMENTO 70CM, DIAMETRO MINIMO 3 CM                                                                                                                                                                                                                                                                                                                                                                                                                           ","UN    ",{"v":169.4,"d":"169.40"},{"$nulls":4},206.33]
[36081,"BARRA DE APOIO RETA, EM ACO INOX POLIDO, COMPRIMENTO 80CM, DIAMETRO MINIMO 3 CM                                                                                                                                                                                                                                                                                                                                                                                                                           ","UN    ",180.62,{"$nulls":4},220]
[36206,"BARRA DE APOIO RETA, EM ACO INOX POLIDO, COMPRIMENTO 90 CM, DIAMETRO MINIMO 3 CM                                                                                                                                                                                                                                                                                                                                                                                                                          ","UN    ",189.23,{"$nulls":4},230.49]
[36218,"BARRA DE APOIO RETA, EM ALUMINIO, COMPRIMENTO 60CM, DIAMETRO MINIMO 3 CM                                                                                                                                                                                                                                                                                                                                                                                                                                  ","UN    ",{"v":128.4,"d":"128.40"},{"$nulls":4},156.4]
[36220,"BARRA DE APOIO RETA, EM ALUMINIO, COMPRIMENTO 70CM, DIAMETRO MINIMO 3 CM                                                                                                                                                                                                                                                                                                                                                                                                                                  ","UN    ",147.24,{"$nulls":4},179.34]
[36080,"BARRA DE APOIO RETA, EM ALUMINIO, COMPRIMENTO 80 CM, DIAMETRO MINIMO 3 CM                                                                                                                                                                                                                                                                                                                                                                                                                                 ","UN    ",159.27,{"$nulls":4},193.99]
[36223,"BARRA DE APOIO RETA, EM ALUMINIO, COMPRIMENTO 90 CM, DIAMETRO MINIMO 3 CM                                                                                                                                                                                                                                                                                                                                                                                                                                 ","UN    ",166.78,{"$nulls":4},203.14]
[38127,"BASE DE MISTURADOR MONOCOMANDO PARA CHUVEIRO, DE PAREDE (NAO INCLUI ACABAMENTOS)                                                                                                                                                                                                                                                                                                                                                                                                                          ","UN    ",378.65,{"$nulls":4},461.2]
[38060,"BASE PARA MASTRO DE PARA-RAIOS DIAMETRO NOMINAL 1 1/2\"                                                                                                                                                                                                                                                                                                                                                                                                                                                    ","UN    ",48.37,{"$nulls":4},58.92]
[10956,"BASE PARA MASTRO DE PARA-RAIOS DIAMETRO NOMINAL 2\"                                                                                                                                                                                                                                                                                                                                                                                                                                                        ","UN    ",53.05,{"$nulls":4},64.62]
[39380,"BASE PARA RELE COM SUPORTE METALICO                                                                                                                                                                                                                                                                                                                                                                                                                                                                       ","UN    ",18.35,{"$nulls":4},22.35]
[44172,"BASTIDOR PARA BLOCO M10                                                                                                                                                                                                                                                                                                                                                                                                                                                                                   ","UN    ",5.47,{"$nulls":4},6.66]
[37597,"BATE-ESTACAS POR GRAVIDADE, POTENCIA160 HP, PESO DO MARTELO ATE 3 TONELADAS                                                                                                                                                                                                                                                                                                                                                                                                                               ","UN    ",{"v":519426.82,"d":"519,426.82"},{"$nulls":4},{"v":632675.78,"d":"632,675.78"}]
[183,"BATENTE / PORTAL / ADUELA / MARCO EM MADEIRA MACICA COM REBAIXO, E = *3* CM, L = *14* CM, PARA PORTAS DE  GIRO DE *60 CM A 120* CM  X *210* CM, CEDRINHO / ANGELIM COMERCIAL / TAURI / CURUPIXA / PEROBA / CUMARU OU EQUIVALENTE DA REGIAO (NAO INCLUI ALIZARES)                                                                                                                                                                                                                                          ","JG    ",203.92,{"$nulls":4},248.38]
[184,"BATENTE / PORTAL / ADUELA / MARCO EM MADEIRA MACICA COM REBAIXO, E = *3* CM, L = *14* CM, PARA PORTAS DE  GIRO DE *60 CM A 120* CM  X *210* CM, PINUS / EUCALIPTO / VIROLA OU EQUIVALENTE DA REGIAO (NAO INCLUI ALIZARES)                                                                                                                                                                                                                                                                                 ","JG    ",126.29,{"$nulls":4},153.83]
[181,"BATENTE / PORTAL / ADUELA / MARCO EM MADEIRA MACICA COM REBAIXO, E = *3* CM, L = *16* CM, PARA PORTAS DE  GIRO DE *60 CM A 120* CM  X *210* CM, CEDRINHO / ANGELIM COMERCIAL / TAURI / CURUPIXA / PEROBA / CUMARU OU EQUIVALENTE DA REGIAO (NAO INCLUI ALIZARES)                                                                                                                                                                                                                                          ","JG    ",272.33,{"$nulls":4},331.7]
[20001,"BATENTE / PORTAL / ADUELA / MARCO EM MADEIRA MACICA COM REBAIXO, E = *3* CM, L = *16* CM, PARA PORTAS DE  GIRO DE *60 CM A 120* CM  X *210* CM, PINUS / EUCALIPTO / VIROLA OU EQUIVALENTE DA REGIAO (NAO INCLUI ALIZARES)                                                                                                                                                                                                                                                                                 ","JG    ",157.87,{"$nulls":4},192.29]
[39837,"BATENTE/PORTAL/ADUELA/MARCO, EM MDF/PVC WOOD/POLIESTIRENO OU MADEIRA LAMINADA, L = *9,0* CM COM GUARNICAO REGULAVEL 2 FACES = *35* MM, PRIMER                                                                                                                                                                                                                                                                                                                                                             ","JG    ",454.97,{"$nulls":4},554.16]
[43366,"BENTONITA, ARGILA CONSTITUIDA POR  MONTMORILONITA                                                                                                                                                                                                                                                                                                                                                                                                                                                         ","KG    ",1.26,{"$nulls":4},1.54]
[10535,"BETONEIRA CAPACIDADE NOMINAL 400 L, CAPACIDADE DE MISTURA  280 L, MOTOR ELETRICO TRIFASICO 220/380 V POTENCIA 2 CV, SEM CARREGADOR                                                                                                                                                                                                                                                                                                                                                                        ","UN    ",{"v":4796.07,"d":"4,796.07"},{"$nulls":4},{"v":5841.74,"d":"5,841.74"}]
[10537,"BETONEIRA CAPACIDADE NOMINAL 400 L, CAPACIDADE DE MISTURA 310 L, MOTOR A DIESEL POTENCIA 5 CV, SEM CARREGADOR                                                                                                                                                                                                                                                                                                                                                                                             ","UN    ",{"v":6540.53,"d":"6,540.53"},{"$nulls":4},{"v":7966.54,"d":"7,966.54"}]
[13891,"BETONEIRA CAPACIDADE NOMINAL 400 L, CAPACIDADE DE MISTURA 310 L, MOTOR A GASOLINA POTENCIA 5,5 CV, SEM CARREGADOR                                                                                                                                                                                                                                                                                                                                                                                         ","UN    ",{"v":5999.15,"d":"5,999.15"},{"$nulls":4},{"v":7307.12,"d":"7,307.12"}]
[44492,"BETONEIRA CAPACIDADE NOMINAL 600 L, CAPACIDADE DE MISTURA 440 L, MOTOR A GASOLINA POTENCIA 10 HP, COM  CARREGADOR                                                                                                                                                                                                                                                                                                                                                                                         ","UN    ",{"v":26093.86,"d":"26,093.86"},{"$nulls":4},{"v":31783.02,"d":"31,783.02"}]
[36396,"BETONEIRA, CAPACIDADE NOMINAL 400 L, CAPACIDADE DE MISTURA 310L, MOTOR ELETRICO TRIFASICO 220/380V POTENCIA 2 CV, SEM CARREGADOR                                                                                                                                                                                                                                                                                                                                                                          ","UN    ",{"v":5487.02,"d":"5,487.02"},{"$nulls":4},{"v":6683.34,"d":"6,683.34"}]
[36397,"BETONEIRA, CAPACIDADE NOMINAL 600 L, CAPACIDADE DE MISTURA  360L, MOTOR ELETRICO TRIFASICO 220/380V, POTENCIA 4CV, EXCLUSO CARREGADOR                                                                                                                                                                                                                                                                                                                                                                     ","UN    ",{"v":19509.43,"d":"19,509.43"},{"$nulls":4},{"v":23763.01,"d":"23,763.01"}]
[36398,"BETONEIRA, CAPACIDADE NOMINAL 600 L, CAPACIDADE DE MISTURA 440 L, MOTOR A DIESEL POTENCIA 10 CV, COM CARREGADOR                                                                                                                                                                                                                                                                                                                                                                                           ","UN    ",{"v":23712.08,"d":"23,712.08"},{"$nulls":4},{"v":28881.95,"d":"28,881.95"}]
[647,"BLASTER, DINAMITADOR OU CABO DE FOGO (HORISTA)                                                                                                                                                                                                                                                                                                                                                                                                                                                            ","H     ",10.02,{"$nulls":4},12.21]
[40920,"BLASTER, DINAMITADOR OU CABO DE FOGO (MENSALISTA)                                                                                                                                                                                                                                                                                                                                                                                                                                                         ","MES   ",{"v":1762.78,"d":"1,762.78"},{"$nulls":4},{"v":2147.11,"d":"2,147.11"}]
[715,"BLOCO / TIJOLO DE VIDRO INCOLOR, CANELADO / ONDULADO, *19 X 19 X 8* CM (A X L X E)                                                                                                                                                                                                                                                                                                                                                                                                                        ","UN    ",25.04,{"$nulls":4},30.5]
[716,"BLOCO / TIJOLO DE VIDRO INCOLOR, XADREZ, *20 X 20 X 10* CM (A X L X E)                                                                                                                                                                                                                                                                                                                                                                                                                                    ","UN    ",28.32,{"$nulls":4},34.49]
[38783,"BLOCO CERAMICO / TIJOLO VAZADO PARA ALVENARIA DE VEDACAO, FUROS NA HORIZONTAL, 11,5 X 19 X 19 CM (NBR 15270)                                                                                                                                                                                                                                                                                                                                                                                              ","UN    ",1.02,{"$nulls":4},1.24]
[37593,"BLOCO CERAMICO / TIJOLO VAZADO PARA ALVENARIA DE VEDACAO, FUROS NA VERTICAL, 14 X 19 X 39 CM (NBR 15270)                                                                                                                                                                                                                                                                                                                                                                                                  ","UN    ",{"v":2.5,"d":"2.50"},{"$nulls":4},3.05]
[37594,"BLOCO CERAMICO / TIJOLO VAZADO PARA ALVENARIA DE VEDACAO, FUROS NA VERTICAL, 19 X 19 X 39 CM (NBR 15270)                                                                                                                                                                                                                                                                                                                                                                                                  ","UN    ",3.12,{"$nulls":4},3.8]
[37592,"BLOCO CERAMICO / TIJOLO VAZADO PARA ALVENARIA DE VEDACAO, FUROS NA VERTICAL,, 9 X 19 X 39 CM (NBR 15270)                                                                                                                                                                                                                                                                                                                                                                                                  ","UN    ",1.97,{"$nulls":4},2.4]
[7270,"BLOCO CERAMICO / TIJOLO VAZADO PARA ALVENARIA DE VEDACAO, 4 FUROS NA HORIZONTAL, DE 9 X 9 X 19 CM (L X A X C)                                                                                                                                                                                                                                                                                                                                                                                             ","UN    ",0.88,{"$nulls":4},1.07]
[7267,"BLOCO CERAMICO / TIJOLO VAZADO PARA ALVENARIA DE VEDACAO, 6 FUROS NA HORIZONTAL, 9 X 14 X 19 CM (L X A X C)                                                                                                                                                                                                                                                                                                                                                                                               ","UN    ",0.69,{"$nulls":4},0.84]
[7271,"BLOCO CERAMICO / TIJOLO VAZADO PARA ALVENARIA DE VEDACAO, 8 FUROS NA HORIZONTAL, DE 9 X 19 X 19 CM (L XA X C)                                                                                                                                                                                                                                                                                                                                                                                             ","UN    ",0.76,{"$nulls":4},0.93]
[7268,"BLOCO CERAMICO / TIJOLO VAZADO PARA ALVENARIA DE VEDACAO, 8 FUROS NA HORIZONTAL, 9 X 19 X 29 CM (L X A X C)                                                                                                                                                                                                                                                                                                                                                                                               ","UN    ",1.06,{"$nulls":4},1.29]
[41372,"BLOCO CONCRETO CELULAR AUTOCLAVADO 12,5 X 30 X 60 CM (E X A X C)                                                                                                                                                                                                                                                                                                                                                                                                                                          ","M2    ",97.94,{"$nulls":4},119.29]
[41371,"BLOCO CONCRETO CELULAR AUTOCLAVADO 7,5 X 30 X 60 CM (E X A X C)                                                                                                                                                                                                                                                                                                                                                                                                                                           ","M2    ",57.89,{"$nulls":4},70.51]
[34556,"BLOCO DE CONCRETO ESTRUTURAL 14 X 19 X 29 CM, FBK 10 MPA (NBR 6136)                                                                                                                                                                                                                                                                                                                                                                                                                                       ","UN    ",4.17,{"$nulls":4},5.08]
[37873,"BLOCO DE CONCRETO ESTRUTURAL 14 X 19 X 29 CM, FBK 12 MPA (NBR 6136)                                                                                                                                                                                                                                                                                                                                                                                                                                       ","UN    ",4.24,{"$nulls":4},5.17]
[34564,"BLOCO DE CONCRETO ESTRUTURAL 14 X 19 X 29 CM, FBK 14 MPA (NBR 6136)                                                                                                                                                                                                                                                                                                                                                                                                                                       ","UN    ",4.45,{"$nulls":4},5.42]
[34565,"BLOCO DE CONCRETO ESTRUTURAL 14 X 19 X 29 CM, FBK 16 MPA (NBR 6136)                                                                                                                                                                                                                                                                                                                                                                                                                                       ","UN    ",{"v":4.7,"d":"4.70"},{"$nulls":4},5.73]
[38590,"BLOCO DE CONCRETO ESTRUTURAL 14 X 19 X 29 CM, FBK 4,5 MPA (NBR 6136)                                                                                                                                                                                                                                                                                                                                                                                                                                      ","UN    ",3.47,{"$nulls":4},4.23]
[34566,"BLOCO DE CONCRETO ESTRUTURAL 14 X 19 X 29 CM, FBK 6 MPA (NBR 6136)                                                                                                                                                                                                                                                                                                                                                                                                                                        ","UN    ",3.65,{"$nulls":4},4.45]
[34567,"BLOCO DE CONCRETO ESTRUTURAL 14 X 19 X 29 CM, FBK 8 MPA (NBR 6136)                                                                                                                                                                                                                                                                                                                                                                                                                                        ","UN    ",3.87,{"$nulls":4},4.71]
[38591,"BLOCO DE CONCRETO ESTRUTURAL 14 X 19 X 34 CM, FBK 4,5 MPA (NBR 6136)                                                                                                                                                                                                                                                                                                                                                                                                                                      ","UN    ",3.51,{"$nulls":4},4.28]
[34568,"BLOCO DE CONCRETO ESTRUTURAL 14 X 19 X 39 CM, FBK 10 MPA (NBR 6136)                                                                                                                                                                                                                                                                                                                                                                                                                                       ","UN    ",4.57,{"$nulls":4},5.57]
[34569,"BLOCO DE CONCRETO ESTRUTURAL 14 X 19 X 39 CM, FBK 12 MPA (NBR 6136)                                                                                                                                                                                                                                                                                                                                                                                                                                       ","UN    ",{"v":4.7,"d":"4.70"},{"$nulls":4},5.73]
[34570,"BLOCO DE CONCRETO ESTRUTURAL 14 X 19 X 39 CM, FBK 14 MPA (NBR 6136)                                                                                                                                                                                                                                                                                                                                                                                                                                       ","UN    ",5.11,{"$nulls":4},6.22]
[25070,"BLOCO DE CONCRETO ESTRUTURAL 14 X 19 X 39 CM, FBK 4,5 MPA (NBR 6136)                                                                                                                                                                                                                                                                                                                                                                                                                                      ","UN    ",3.84,{"$nulls":4},4.68]
[34571,"BLOCO DE CONCRETO ESTRUTURAL 14 X 19 X 39 CM, FBK 6 MPA (NBR 6136)                                                                                                                                                                                                                                                                                                                                                                                                                                        ","UN    ",3.88,{"$nulls":4},4.73]
[34573,"BLOCO DE CONCRETO ESTRUTURAL 14 X 19 X 39 CM, FBK 8 MPA (NBR 6136)                                                                                                                                                                                                                                                                                                                                                                                                                                        ","UN    ",4.08,{"$nulls":4},4.97]
[37107,"BLOCO DE CONCRETO ESTRUTURAL 14 X 19 X 39, FCK 16 MPA (NBR 6136)                                                                                                                                                                                                                                                                                                                                                                                                                                          ","UN    ",5.39,{"$nulls":4},6.57]
[34576,"BLOCO DE CONCRETO ESTRUTURAL 19 X 19 X 39 CM, FBK 10 MPA (NBR 6136)                                                                                                                                                                                                                                                                                                                                                                                                                                       ","UN    ",5.95,{"$nulls":4},7.25]
[34577,"BLOCO DE CONCRETO ESTRUTURAL 19 X 19 X 39 CM, FBK 12 MPA (NBR 6136)                                                                                                                                                                                                                                                                                                                                                                                                                                       ","UN    ",6.21,{"$nulls":4},7.56]
[34578,"BLOCO DE CONCRETO ESTRUTURAL 19 X 19 X 39 CM, FBK 14 MPA (NBR 6136)                                                                                                                                                                                                                                                                                                                                                                                                                                       ","UN    ",6.73,{"$nulls":4},8.2]
[34579,"BLOCO DE CONCRETO ESTRUTURAL 19 X 19 X 39 CM, FBK 16 MPA (NBR 6136)                                                                                                                                                                                                                                                                                                                                                                                                                                       ","UN    ",7.18,{"$nulls":4},8.74]
[25067,"BLOCO DE CONCRETO ESTRUTURAL 19 X 19 X 39 CM, FBK 4,5 MPA (NBR 6136)                                                                                                                                                                                                                                                                                                                                                                                                                                      ","UN    ",{"v":4.8,"d":"4.80"},{"$nulls":4},5.85]
[34580,"BLOCO DE CONCRETO ESTRUTURAL 19 X 19 X 39 CM, FBK 8 MPA (NBR 6136)                                                                                                                                                                                                                                                                                                                                                                                                                                        ","UN    ",5.36,{"$nulls":4},6.53]
[25071,"BLOCO DE CONCRETO ESTRUTURAL 9 X 19 X 39 CM, FBK 4,5 MPA (NBR 6136)                                                                                                                                                                                                                                                                                                                                                                                                                                       ","UN    ",2.67,{"$nulls":4},3.25]
[44171,"BLOCO DE ENGATE RAPIDO PARA BASTIDOR TIPO M10                                                                                                                                                                                                                                                                                                                                                                                                                                                             ","UN    ",{"v":15.6,"d":"15.60"},{"$nulls":4},19]
[38395,"BLOCO DE ESPUMA MULTIUSO *23 X 13 X 8* CM                                                                                                                                                                                                                                                                                                                                                                                                                                                                 ","UN    ",8.59,{"$nulls":4},10.46]
[34583,"BLOCO DE GESSO COMPACTO / MACICO, BRANCO, E = 10 CM, DIMENSOES *67 X 50* CM                                                                                                                                                                                                                                                                                                                                                                                                                               ","M2    ",59.53,{"$nulls":4},72.51]
[34584,"BLOCO DE GESSO VAZADO, BRANCO, E = *7* CM, DIMENSOES *67 X 50* CM                                                                                                                                                                                                                                                                                                                                                                                                                                         ","M2    ",43.65,{"$nulls":4},53.17]
[709,"BLOCO DE POLIETILENO ALTA DENSIDADE, *27* X *30* X *100* CM, ACOMPANHADOS PLACAS  TERMINAIS  E LONGARINAS, PARA FUNDO DE FILTRO                                                                                                                                                                                                                                                                                                                                                                           ","M2    ",608.15,{"$nulls":4},740.74]
[34599,"BLOCO DE VEDACAO CONCRETO APARENTE 9 X 19 X 39 CM (CLASSE C - NBR 6136)                                                                                                                                                                                                                                                                                                                                                                                                                                   ","UN    ",2.74,{"$nulls":4},3.34]
[34592,"BLOCO DE VEDACAO CONCRETO 14 X 19 X 29 CM (CLASSE C - NBR 6136)                                                                                                                                                                                                                                                                                                                                                                                                                                           ","UN    ",3.05,{"$nulls":4},3.72]
[37103,"BLOCO DE VEDACAO DE CONCRETO APARENTE 14 X 19 X 39 CM (CLASSE C - NBR 6136)                                                                                                                                                                                                                                                                                                                                                                                                                               ","UN    ",{"v":3.5,"d":"3.50"},{"$nulls":4},4.26]
[34555,"BLOCO DE VEDACAO DE CONCRETO APARENTE 19 X 19 X 39 CM  (CLASSE C - NBR 6136)                                                                                                                                                                                                                                                                                                                                                                                                                              ","UN    ",4.44,{"$nulls":4},5.41]
[674,"BLOCO DE VEDACAO DE CONCRETO CELULAR AUTOCLAVADO 10 X 30 X 60 CM (E X A X C)                                                                                                                                                                                                                                                                                                                                                                                                                              ","M2    ",69.79,{"$nulls":4},85]
[34600,"BLOCO DE VEDACAO DE CONCRETO CELULAR AUTOCLAVADO 15 X 30 X 60 CM (E X A X C)                                                                                                                                                                                                                                                                                                                                                                                                                              ","M2    ",{"v":102.5,"d":"102.50"},{"$nulls":4},124.85]
[652,"BLOCO DE VEDACAO DE CONCRETO CELULAR AUTOCLAVADO 20 X 30 X 60 CM (E X A X C)                                                                                                                                                                                                                                                                                                                                                                                                                              ","M2    ",157.02,{"$nulls":4},191.25]
[651,"BLOCO DE VEDACAO DE CONCRETO 14 X 19 X 39 CM (CLASSE C - NBR 6136)                                                                                                                                                                                                                                                                                                                                                                                                                                        ","UN    ",3.37,{"$nulls":4},4.1]
[654,"BLOCO DE VEDACAO DE CONCRETO 19 X 19 X 39 CM (CLASSE C - NBR 6136)                                                                                                                                                                                                                                                                                                                                                                                                                                        ","UN    ",4.17,{"$nulls":4},5.08]
[650,"BLOCO DE VEDACAO DE CONCRETO, 9 X 19 X 39 CM (CLASSE C - NBR 6136)                                                                                                                                                                                                                                                                                                                                                                                                                                        ","UN    ",2.69,{"$nulls":4},3.28]
[718,"BLOCO DE VIDRO / ELEMENTO VAZADO, INCOLOR, VENEZIANA, *20 X 20 X 6* CM (A X L X E)                                                                                                                                                                                                                                                                                                                                                                                                                        ","UN    ",24.74,{"$nulls":4},30.14]
[11981,"BLOCO DE VIDRO / ELEMENTO VAZADO, INCOLOR, VENEZIANA, DE *20 X 10 X 8* CM (A X L X E)                                                                                                                                                                                                                                                                                                                                                                                                                     ","UN    ",24.04,{"$nulls":4},29.28]
[34586,"BLOCO ESTRUTURAL CERAMICO 14 X 19 X 29 CM, 6,0 MPA (NBR 15270)                                                                                                                                                                                                                                                                                                                                                                                                                                            ","UN    ",2.14,{"$nulls":4},2.61]
[38603,"BLOCO ESTRUTURAL CERAMICO 14 X 19 X 34 CM, 6,0 MPA (NBR 15270)                                                                                                                                                                                                                                                                                                                                                                                                                                            ","UN    ",2.59,{"$nulls":4},3.16]
[34588,"BLOCO ESTRUTURAL CERAMICO 14 X 19 X 39 CM, 6,0 MPA (NBR 15270)                                                                                                                                                                                                                                                                                                                                                                                                                                            ","UN    ",{"v":2.8,"d":"2.80"},{"$nulls":4},3.41]
[34590,"BLOCO ESTRUTURAL CERAMICO 19 X 19 X 29 CM, 6,0 MPA (NBR 15270)                                                                                                                                                                                                                                                                                                                                                                                                                                            ","UN    ",2.55,{"$nulls":4},3.11]
[34591,"BLOCO ESTRUTURAL CERAMICO 19 X 19 X 39 CM, 6,0 MPA (NBR 15270)                                                                                                                                                                                                                                                                                                                                                                                                                                            ","UN    ",3.46,{"$nulls":4},4.22]
[40517,"BLOQUETE/PISO DE CONCRETO - MODELO BLOCO PISOGRAMA/CONCREGRAMA 2 FUROS, DIMENSOES APROX. DE 35 CM X 15 CM E ESPESSURA DE 7 CM (+/- 1 CM), COR NATURAL                                                                                                                                                                                                                                                                                                                                                     ","M2    ",58.55,{"$nulls":4},71.31]
[40515,"BLOQUETE/PISO DE CONCRETO - MODELO PISOGRAMA/CONCREGRAMA/PAVI-GRADE/GRAMEIRO, DIMENSOES APROXIMADAS DE 60 CM X 45 CM E ESPESSURA DE 8 CM (+/- 1 CM), COR NATURAL                                                                                                                                                                                                                                                                                                                                          ","M2    ",131.73,{"$nulls":4},160.45]
[40529,"BLOQUETE/PISO INTERTRAVADO DE CONCRETO - MODELO ONDA/16 FACES/RETANGULAR/TIJOLINHO/PAVER/HOLANDES/PARALELEPIPEDO, *22 CM X *11 CM, E = 10 CM, RESISTENCIA DE 50 MPA (NBR 9781), COR NATURAL                                                                                                                                                                                                                                                                                                               ","M2    ",84.16,{"$nulls":4},102.51]
[36170,"BLOQUETE/PISO INTERTRAVADO DE CONCRETO - MODELO ONDA/16 FACES/RETANGULAR/TIJOLINHO/PAVER/HOLANDES/PARALELEPIPEDO, *22 CM X 11* CM, E = 8 CM, RESISTENCIA DE 35 MPA (NBR 9781), COR NATURAL                                                                                                                                                                                                                                                                                                                ","M2    ",69.83,{"$nulls":4},85.05]
[40524,"BLOQUETE/PISO INTERTRAVADO DE CONCRETO - MODELO ONDA/16 FACES/RETANGULAR/TIJOLINHO/PAVER/HOLANDES/PARALELEPIPEDO, 20 CM X 10 CM, E = 10 CM, RESISTENCIA DE 35 MPA (NBR 9781), COR NATURAL                                                                                                                                                                                                                                                                                                                 ","M2    ",82.33,{"$nulls":4},100.28]
[36156,"BLOQUETE/PISO INTERTRAVADO DE CONCRETO - MODELO ONDA/16 FACES/RETANGULAR/TIJOLINHO/PAVER/HOLANDES/PARALELEPIPEDO, 20 CM X 10 CM, E = 6 CM, RESISTENCIA DE 35 MPA (NBR 9781), COLORIDO                                                                                                                                                                                                                                                                                                                     ","M2    ",64.03,{"$nulls":4},77.99]
[36155,"BLOQUETE/PISO INTERTRAVADO DE CONCRETO - MODELO ONDA/16 FACES/RETANGULAR/TIJOLINHO/PAVER/HOLANDES/PARALELEPIPEDO, 20 CM X 10 CM, E = 6 CM, RESISTENCIA DE 35 MPA (NBR 9781), COR NATURAL                                                                                                                                                                                                                                                                                                                  ","M2    ",55.28,{"$nulls":4},67.33]
[36154,"BLOQUETE/PISO INTERTRAVADO DE CONCRETO - MODELO ONDA/16 FACES/RETANGULAR/TIJOLINHO/PAVER/HOLANDES/PARALELEPIPEDO, 20 CM X 10 CM, E = 8 CM, RESISTENCIA DE 35 MPA (NBR 9781), COLORIDO                                                                                                                                                                                                                                                                                                                     ","M2    ",76.84,{"$nulls":4},93.59]
[695,"BLOQUETE/PISO INTERTRAVADO DE CONCRETO - MODELO RAQUETE, *22 CM X 13,5* CM, E = 6 CM, RESISTENCIA DE 35 MPA (NBR 9781), COR NATURAL                                                                                                                                                                                                                                                                                                                                                                       ","M2    ",56.44,{"$nulls":4},68.74]
[679,"BLOQUETE/PISO INTERTRAVADO DE CONCRETO - MODELO SEXTAVADO / HEXAGONAL, 25 CM X 25 CM, E = 10 CM, RESISTENCIA DE 35 MPA (NBR 9781), COR NATURAL                                                                                                                                                                                                                                                                                                                                                            ","M2    ",84.16,{"$nulls":4},102.51]
[711,"BLOQUETE/PISO INTERTRAVADO DE CONCRETO - MODELO SEXTAVADO / HEXAGONAL, 25 CM X 25 CM, E = 6 CM, RESISTENCIA DE 35 MPA (NBR 9781), COR NATURAL                                                                                                                                                                                                                                                                                                                                                             ","M2    ",55.67,{"$nulls":4},67.81]
[712,"BLOQUETE/PISO INTERTRAVADO DE CONCRETO - MODELO SEXTAVADO / HEXAGONAL, 25 CM X 25 CM, E = 8 CM, RESISTENCIA DE 35 MPA (NBR 9781), COR NATURAL                                                                                                                                                                                                                                                                                                                                                             ","M2    ",70.12,{"$nulls":4},85.41]
[12614,"BOCAL PVC, PARA CALHA PLUVIAL, DIAMETRO DA SAIDA ENTRE *75 E 120* MM, PARA DRENAGEM PLUVIAL PREDIAL                                                                                                                                                                                                                                                                                                                                                                                                       ","UN    ",43.55,{"$nulls":4},53.04]
[6140,"BOLSA DE LIGACAO EM PVC FLEXIVEL PARA VASO SANITARIO 40 MM (1 1/2\")                                                                                                                                                                                                                                                                                                                                                                                                                                       ","UN    ",2.96,{"$nulls":4},3.6]
[38399,"BOLSA DE LONA PARA FERRAMENTAS *50 X 35 X 25* CM                                                                                                                                                                                                                                                                                                                                                                                                                                                          ","UN    ",316.04,{"$nulls":4},384.95]
[735,"BOMBA CENTRIFUGA  MOTOR ELETRICO TRIFASICO 1,48HP  DIAMETRO DE SUCCAO X ELEVACAO 1\" X 1\", 4 ESTAGIOS, DIAMETRO DOS ROTORES 3 X 107 MM + 1 X 100 MM, HM/Q: 10 M / 5,3 M3/H A 70 M / 1,8 M3/H                                                                                                                                                                                                                                                                                                               ","UN    ",{"v":1761.12,"d":"1,761.12"},{"$nulls":4},{"v":2145.09,"d":"2,145.09"}]
[736,"BOMBA CENTRIFUGA  MOTOR ELETRICO TRIFASICO 2,96HP, DIAMETRO DE SUCCAO X ELEVACAO 1 1/2\" X 1 1/4\", DIAMETRO DO ROTOR 148 MM, HM/Q: 34 M / 14,80 M3/H A 40 M / 8,60 M3/H                                                                                                                                                                                                                                                                                                                                    ","UN    ",{"v":1480.78,"d":"1,480.78"},{"$nulls":4},{"v":1803.63,"d":"1,803.63"}]
[729,"BOMBA CENTRIFUGA COM MOTOR ELETRICO MONOFASICO, POTENCIA 0,33 HP,  BOCAIS 1\" X 3/4\", DIAMETRO DO ROTOR 99 MM, HM/Q = 4 MCA / 8,5 M3/H A 18 MCA / 0,90 M3/H                                                                                                                                                                                                                                                                                                                                                ","UN    ",603.44,{"$nulls":4},735]
[39925,"BOMBA CENTRIFUGA MONOESTAGIO COM MOTOR ELETRICO MONOFASICO, POTENCIA 15 HP,  DIAMETRO DO ROTOR *173* MM, HM/Q = *30* MCA / *90* M3/H A *45* MCA / *55* M3/H                                                                                                                                                                                                                                                                                                                                               ","UN    ",{"v":8719.58,"d":"8,719.58"},{"$nulls":4},{"v":10620.68,"d":"10,620.68"}]
[731,"BOMBA CENTRIFUGA MOTOR ELETRICO MONOFASICO 0,49 HP  BOCAIS 1\" X 3/4\", DIAMETRO DO ROTOR 110 MM, HM/Q: 6 M / 8,3 M3/H A 20 M / 1,2 M3/H                                                                                                                                                                                                                                                                                                                                                                    ","UN    ",587.29,{"$nulls":4},715.33]
[10575,"BOMBA CENTRIFUGA MOTOR ELETRICO MONOFASICO 0,50 CV DIAMETRO DE SUCCAO X ELEVACAO 3/4\" X 3/4\", MONOESTAGIO, DIAMETRO DOS ROTORES 114 MM, HM/Q: 2 M / 2,99 M3/H A 24 M / 0,71 M3/H                                                                                                                                                                                                                                                                                                                          ","UN    ",916.51,{"$nulls":4},{"v":1116.33,"d":"1,116.33"}]
[733,"BOMBA CENTRIFUGA MOTOR ELETRICO MONOFASICO 0,74HP  DIAMETRO DE SUCCAO X ELEVACAO 1 1/4\" X 1\", DIAMETRO DO ROTOR 120 MM, HM/Q: 8 M / 7,70 M3/H A 24 M / 2,80 M3/H                                                                                                                                                                                                                                                                                                                                          ","UN    ",{"v":1003.47,"d":"1,003.47"},{"$nulls":4},{"v":1222.25,"d":"1,222.25"}]
[732,"BOMBA CENTRIFUGA MOTOR ELETRICO TRIFASICO 0,99HP  DIAMETRO DE SUCCAO X ELEVACAO 1\" X 1\", DIAMETRO DO ROTOR 145 MM, HM/Q: 14 M / 8,4 M3/H A 40 M / 0,60 M3/H                                                                                                                                                                                                                                                                                                                                               ","UN    ",989.98,{"$nulls":4},{"v":1205.82,"d":"1,205.82"}]
[737,"BOMBA CENTRIFUGA MOTOR ELETRICO TRIFASICO 14,8 HP, DIAMETRO DE SUCCAO X ELEVACAO 2 1/2\" X 2\", DIAMETRO DO ROTOR 195 MM, HM/Q: 62 M / 55,5 M3/H A 80 M / 31,50 M3/H                                                                                                                                                                                                                                                                                                                                        ","UN    ",{"v":5551.5,"d":"5,551.50"},{"$nulls":4},{"v":6761.88,"d":"6,761.88"}]
[738,"BOMBA CENTRIFUGA MOTOR ELETRICO TRIFASICO 5HP, DIAMETRO DE SUCCAO X ELEVACAO 2\" X 1 1/2\", DIAMETRO DO ROTOR 155 MM, HM/Q: 40 M / 20,40 M3/H A 46 M / 9,20 M3/H                                                                                                                                                                                                                                                                                                                                            ","UN    ",{"v":2574.19,"d":"2,574.19"},{"$nulls":4},{"v":3135.43,"d":"3,135.43"}]
[740,"BOMBA CENTRIFUGA MOTOR ELETRICO TRIFASICO 9,86 DIAMETRO DE SUCCAO X ELEVACAO 1\" X 1\", 4 ESTAGIOS, DIAMETRO DOS ROTORES 4 X 146 MM, HM/Q: 85 M / 14,9 M3/H A 140 M / 4,2 M3/H                                                                                                                                                                                                                                                                                                                              ","UN    ",{"v":5222.5,"d":"5,222.50"},{"$nulls":4},{"v":6361.15,"d":"6,361.15"}]
[734,"BOMBA CENTRIFUGA,  MOTOR ELETRICO TRIFASICO 1,48HP  DIAMETRO DE SUCCAO X ELEVACAO 1 1/2\" X 1\", DIAMETRO DO ROTOR 117 MM, HM/Q: 10 M / 21,9 M3/H A 24 M / 6,1 M3/H                                                                                                                                                                                                                                                                                                                                         ","UN    ",{"v":1061.25,"d":"1,061.25"},{"$nulls":4},{"v":1292.63,"d":"1,292.63"}]
[39008,"BOMBA DE PROJECAO DE CONCRETO SECO, POTENCIA 10 CV, VAZAO 3 M3/H                                                                                                                                                                                                                                                                                                                                                                                                                                          ","UN    ",{"v":58465.54,"d":"58,465.54"},{"$nulls":4},{"v":71212.59,"d":"71,212.59"}]
[39009,"BOMBA DE PROJECAO DE CONCRETO SECO, POTENCIA 10 CV, VAZAO 6 M3/H                                                                                                                                                                                                                                                                                                                                                                                                                                          ","UN    ",{"v":62638.58,"d":"62,638.58"},{"$nulls":4},{"v":76295.47,"d":"76,295.47"}]
[10587,"BOMBA SUBMERSA PARA POCOS TUBULARES PROFUNDOS DIAMETRO DE 4 POLEGADAS, ELETRICA, MONOFASICA, POTENCIA 0,49 HP, 13 ESTAGIOS, BOCAL DE DESCARGA DIAMETRO DE UMA POLEGADA E MEIA, HM/Q = 18 M / 1,90 M3/H A 85 M / 0,60 M3/H                                                                                                                                                                                                                                                                                 ","UN    ",{"v":2567.67,"d":"2,567.67"},{"$nulls":4},{"v":3127.49,"d":"3,127.49"}]
[759,"BOMBA SUBMERSA PARA POCOS TUBULARES PROFUNDOS DIAMETRO DE 4 POLEGADAS, ELETRICA, TRIFASICA, POTENCIA 1,97 HP, 20 ESTAGIOS, BOCAL DE DESCARGA DIAMETRO DE UMA POLEGADA E MEIA, HM/Q = 18 M / 5,40 M3/H A 164 M / 0,80 M3/H                                                                                                                                                                                                                                                                                 ","UN    ",{"v":3691.81,"d":"3,691.81"},{"$nulls":4},{"v":4496.72,"d":"4,496.72"}]
[761,"BOMBA SUBMERSA PARA POCOS TUBULARES PROFUNDOS DIAMETRO DE 4 POLEGADAS, ELETRICA, TRIFASICA, POTENCIA 5,42 HP, 15 ESTAGIOS, BOCAL DE DESCARGA DIAMETRO DE 2 POLEGADAS, HM/Q = 18 M / 18,10 M3/H A 121 M / 2,90 M3/H                                                                                                                                                                                                                                                                                        ","UN    ",{"v":6257.92,"d":"6,257.92"},{"$nulls":4},{"v":7622.32,"d":"7,622.32"}]
[750,"BOMBA SUBMERSA PARA POCOS TUBULARES PROFUNDOS DIAMETRO DE 4 POLEGADAS, ELETRICA, TRIFASICA, POTENCIA 5,42 HP, 29 ESTAGIOS, BOCAL DE DESCARGA DE UMA POLEGADA E MEIA, HM/Q = 18 M / 8,10 M3/H A 201 M / 3,2 M3/H                                                                                                                                                                                                                                                                                           ","UN    ",{"v":5941.4,"d":"5,941.40"},{"$nulls":4},{"v":7236.79,"d":"7,236.79"}]
[755,"BOMBA SUBMERSA PARA POCOS TUBULARES PROFUNDOS DIAMETRO DE 6 POLEGADAS, ELETRICA, TRIFASICA, POTENCIA 27,12 HP, 7 ESTAGIOS, BOCAL DE DESCARGA DIAMETRO DE 4 POLEGADAS, HM/Q = 13,9 M / 90 M3/H A 44,0 M / 25,0 M3/H                                                                                                                                                                                                                                                                                        ","UN    ",{"v":24380.64,"d":"24,380.64"},{"$nulls":4},{"v":29696.27,"d":"29,696.27"}]
[749,"BOMBA SUBMERSA PARA POCOS TUBULARES PROFUNDOS DIAMETRO DE 6 POLEGADAS, ELETRICA, TRIFASICA, POTENCIA 3,45 HP, 5 ESTAGIOS, BOCAL DE DESCARGA DIAMETRO DE 2 POLEGADAS, HM/Q = 68,5 M / 6,12 M3/H A 39,5 M / 14,04 M3/H                                                                                                                                                                                                                                                                                      ","UN    ",{"v":8966.74,"d":"8,966.74"},{"$nulls":4},{"v":10921.73,"d":"10,921.73"}]
[756,"BOMBA SUBMERSA PARA POCOS TUBULARES PROFUNDOS DIAMETRO DE 6 POLEGADAS, ELETRICA, TRIFASICA, POTENCIA 32 HP, 9 ESTAGIOS, BOCAL DE DESCARGA DIAMETRO DE 4 POLEGADAS, HM/Q = 114,0 M / 13,9 M3/H A 57,0 M / 25,0 M3/H                                                                                                                                                                                                                                                                                        ","UN    ",{"v":26590.35,"d":"26,590.35"},{"$nulls":4},{"v":32387.76,"d":"32,387.76"}]
[757,"BOMBA SUBMERSIVEL,  ELETRICA, TRIFASICA, POTENCIA 6 HP, DIAMETRO DO ROTOR 127 MM, BOCAL DE SAIDA DIAMETRO DE 3 POLEGADAS, HM/Q = 7 M / 66,90 M3/H A 26 M / 2,88 M3/H                                                                                                                                                                                                                                                                                                                                      ","UN    ",{"v":12073.72,"d":"12,073.72"},{"$nulls":4},{"v":14706.11,"d":"14,706.11"}]
[10588,"BOMBA SUBMERSIVEL, ELETRICA, TRIFASICA, POTENCIA 0,98 HP, DIAMETRO DO ROTOR 142 MM SEMIABERTO, BOCAL DE SAIDA DIAMETRO DE 2 POLEGADAS, HM/Q = 2 M / 32 M3/H A 8 M / 16 M3/H                                                                                                                                                                                                                                                                                                                               ","UN    ",{"v":2665.57,"d":"2,665.57"},{"$nulls":4},{"v":3246.74,"d":"3,246.74"}]
[10592,"BOMBA SUBMERSIVEL, ELETRICA, TRIFASICA, POTENCIA 0,99 HP, DIAMETRO ROTOR 98 MM SEMIABERTO, BOCAL DE SAIDA DIAMETRO 2 POLEGADAS, HM/Q = 2 M / 28,90 M3/H A 14 M / 7 M3/H                                                                                                                                                                                                                                                                                                                                   ","UN    ",{"v":3219.66,"d":"3,219.66"},{"$nulls":4},{"v":3921.63,"d":"3,921.63"}]
[10589,"BOMBA SUBMERSIVEL, ELETRICA, TRIFASICA, POTENCIA 1,97 HP, DIAMETRO DO ROTOR 144 MM SEMIABERTO, BOCAL DE SAIDA DIAMETRO DE 2 POLEGADAS, HM/Q = 2 M / 26,8 M3/H A 28 M / 4,6 M3/H                                                                                                                                                                                                                                                                                                                           ","UN    ",{"v":4325.41,"d":"4,325.41"},{"$nulls":4},{"v":5268.46,"d":"5,268.46"}]
[760,"BOMBA SUBMERSIVEL, ELETRICA, TRIFASICA, POTENCIA 13 HP, DIAMETRO DO ROTOR 170 MM, BOCAL DE SAIDA DIAMETRO DE 3 POLEGADAS, HM/Q = 11 M / 68,40 M3/H A 72 M / 3,6 M3/H                                                                                                                                                                                                                                                                                                                                      ","UN    ",{"v":24147.43,"d":"24,147.43"},{"$nulls":4},{"v":29412.22,"d":"29,412.22"}]
[751,"BOMBA SUBMERSIVEL, ELETRICA, TRIFASICA, POTENCIA 2,96 HP, DIAMETRO DO ROTOR 144 MM SEMIABERTO, BOCAL DE SAIDA DIAMETRO DE DUAS POLEGADAS, HM/Q = 2 M / 38,8 M3/H A 28 M / 5 M3/H                                                                                                                                                                                                                                                                                                                          ","UN    ",{"v":3803.22,"d":"3,803.22"},{"$nulls":4},{"v":4632.42,"d":"4,632.42"}]
[754,"BOMBA SUBMERSIVEL, ELETRICA, TRIFASICA, POTENCIA 3,75 HP, DIAMETRO DO ROTOR 90 MM SEMIABERTO, BOCAL DE SAIDA DIAMETRO DE 2 POLEGADAS, HM/Q = 5 M / 61,2 M3/H A 25,5 M / 3,6 M3/H                                                                                                                                                                                                                                                                                                                          ","UN    ",{"v":6036.85,"d":"6,036.85"},{"$nulls":4},{"v":7353.05,"d":"7,353.05"}]
[44489,"BOMBA TRIPLEX COM MOTOR A DIESEL, NACIONAL, DIAMETRO DE SUCCAO DE 2  1/2''                                                                                                                                                                                                                                                                                                                                                                                                                                ","UN    ",{"v":150013.67,"d":"150,013.67"},{"$nulls":4},{"v":182720.67,"d":"182,720.67"}]
[39917,"BOMBA TRIPLEX, PARA INJECAO DE CALDA DE CIMENTO, VAZAO MAXIMA DE *100* LITROS/MINUTO, PRESSAO MAXIMA DE *70* BAR, POTENCIA DE 15 CV                                                                                                                                                                                                                                                                                                                                                                       ","UN    ",{"v":89807.29,"d":"89,807.29"},{"$nulls":4},{"v":109387.68,"d":"109,387.68"}]
[38167,"BORBOLETA PARA JANELA TIPO GUILHOTINA, EM ZAMAC CROMADO                                                                                                                                                                                                                                                                                                                                                                                                                                                   ","PAR   ",26.67,{"$nulls":4},32.48]
[36145,"BOTA DE PVC PRETA, CANO MEDIO, SEM FORRO                                                                                                                                                                                                                                                                                                                                                                                                                                                                  ","PAR   ",41.66,{"$nulls":4},50.74]
[12893,"BOTA DE SEGURANCA COM BIQUEIRA DE ACO E COLARINHO ACOLCHOADO                                                                                                                                                                                                                                                                                                                                                                                                                                              ","PAR   ",69.43,{"$nulls":4},84.57]
[11685,"BRACO / CANO PARA CHUVEIRO ELETRICO, EM ALUMINIO, 30 CM X 1/2 \"                                                                                                                                                                                                                                                                                                                                                                                                                                           ","UN    ",25.48,{"$nulls":4},31.04]
[11680,"BRACO OU HASTE COM CANOPLA PLASTICA, 1/2 \", PARA CHUVEIRO SIMPLES                                                                                                                                                                                                                                                                                                                                                                                                                                         ","UN    ",14.54,{"$nulls":4},17.71]
[11679,"BRACO OU HASTE RETA COM CANOPLA PLASTICA, 1/2 \", PARA CHUVEIRO ELETRICO                                                                                                                                                                                                                                                                                                                                                                                                                                   ","UN    ",19.71,{"$nulls":4},24.01]
[2512,"BRACO P/ LUMINARIA PUBLICA 1 X 1,50M ROMAGNOLE OU EQUIV                                                                                                                                                                                                                                                                                                                                                                                                                                                   ","UN    ",35.28,{"$nulls":4},42.97]
[4374,"BUCHA DE NYLON SEM ABA S10                                                                                                                                                                                                                                                                                                                                                                                                                                                                                ","UN    ",{"v":0.3,"d":"0.30"},{"$nulls":4},0.37]
[7568,"BUCHA DE NYLON SEM ABA S10, COM PARAFUSO DE 6,10 X 65 MM EM ACO ZINCADO COM ROSCA SOBERBA, CABECA CHATA E FENDA PHILLIPS                                                                                                                                                                                                                                                                                                                                                                                  ","UN    ",{"v":0.5,"d":"0.50"},{"$nulls":4},0.61]
[7584,"BUCHA DE NYLON SEM ABA S12, COM PARAFUSO DE 5/16\" X 80 MM EM ACO ZINCADO COM ROSCA SOBERBA E CABECA SEXTAVADA                                                                                                                                                                                                                                                                                                                                                                                             ","UN    ",0.76,{"$nulls":4},0.93]
[11945,"BUCHA DE NYLON SEM ABA S4                                                                                                                                                                                                                                                                                                                                                                                                                                                                                 ","UN    ",0.05,{"$nulls":4},0.06]
[11946,"BUCHA DE NYLON SEM ABA S5                                                                                                                                                                                                                                                                                                                                                                                                                                                                                 ","UN    ",0.05,{"$nulls":4},0.06]
[4375,"BUCHA DE NYLON SEM ABA S6                                                                                                                                                                                                                                                                                                                                                                                                                                                                                 ","UN    ",0.08,{"$nulls":4},0.1]
[11950,"BUCHA DE NYLON SEM ABA S6, COM PARAFUSO DE 4,20 X 40 MM EM ACO ZINCADO COM ROSCA SOBERBA, CABECA CHATA E FENDA PHILLIPS                                                                                                                                                                                                                                                                                                                                                                                   ","UN    ",0.16,{"$nulls":4},0.2]
[4376,"BUCHA DE NYLON SEM ABA S8                                                                                                                                                                                                                                                                                                                                                                                                                                                                                 ","UN    ",0.16,{"$nulls":4},0.19]
[7583,"BUCHA DE NYLON SEM ABA S8, COM PARAFUSO DE 4,80 X 50 MM EM ACO ZINCADO COM ROSCA SOBERBA, CABECA CHATA E FENDA PHILLIPS                                                                                                                                                                                                                                                                                                                                                                                   ","UN    ",0.34,{"$nulls":4},0.41]
[4350,"BUCHA DE NYLON, DIAMETRO DO FURO 8 MM, COMPRIMENTO 40 MM, COM PARAFUSO DE ROSCA SOBERBA, CABECA CHATA, FENDA SIMPLES, 4,8 X 50 MM                                                                                                                                                                                                                                                                                                                                                                         ","UN    ",0.52,{"$nulls":4},0.63]
[44400,"BUCHA DE REDUCAO CPVC, SOLDAVEL, 54 X 28 MM, PARA AGUA QUENTE                                                                                                                                                                                                                                                                                                                                                                                                                                             ","UN    ",24.76,{"$nulls":4},30.16]
[39886,"BUCHA DE REDUCAO DE COBRE (REF 600-2) SEM ANEL DE SOLDA, PONTA X BOLSA, 22 X 15 MM                                                                                                                                                                                                                                                                                                                                                                                                                        ","UN    ",{"v":4.6,"d":"4.60"},{"$nulls":4},5.6]
[39887,"BUCHA DE REDUCAO DE COBRE (REF 600-2) SEM ANEL DE SOLDA, PONTA X BOLSA, 28 X 22 MM                                                                                                                                                                                                                                                                                                                                                                                                                        ","UN    ",{"v":6.9,"d":"6.90"},{"$nulls":4},8.4]
[39888,"BUCHA DE REDUCAO DE COBRE (REF 600-2) SEM ANEL DE SOLDA, PONTA X BOLSA, 35 X 28 MM                                                                                                                                                                                                                                                                                                                                                                                                                        ","UN    ",15.77,{"$nulls":4},19.21]
[39890,"BUCHA DE REDUCAO DE COBRE (REF 600-2) SEM ANEL DE SOLDA, PONTA X BOLSA, 42 X 35 MM                                                                                                                                                                                                                                                                                                                                                                                                                        ","UN    ",26.91,{"$nulls":4},32.78]
[39891,"BUCHA DE REDUCAO DE COBRE (REF 600-2) SEM ANEL DE SOLDA, PONTA X BOLSA, 54 X 42 MM                                                                                                                                                                                                                                                                                                                                                                                                                        ","UN    ",37.95,{"$nulls":4},46.22]
[39892,"BUCHA DE REDUCAO DE COBRE (REF 600-2) SEM ANEL DE SOLDA, PONTA X BOLSA, 66 X 54 MM                                                                                                                                                                                                                                                                                                                                                                                                                        ","UN    ",{"v":118.3,"d":"118.30"},{"$nulls":4},144.09]
[790,"BUCHA DE REDUCAO DE FERRO GALVANIZADO, COM ROSCA BSP, DE 1 1/2\" X 1 1/4\"                                                                                                                                                                                                                                                                                                                                                                                                                                  ","UN    ",13.79,{"$nulls":4},16.8]
[766,"BUCHA DE REDUCAO DE FERRO GALVANIZADO, COM ROSCA BSP, DE 1 1/2\" X 1/2\"                                                                                                                                                                                                                                                                                                                                                                                                                                    ","UN    ",13.79,{"$nulls":4},16.8]
[791,"BUCHA DE REDUCAO DE FERRO GALVANIZADO, COM ROSCA BSP, DE 1 1/2\" X 1\"                                                                                                                                                                                                                                                                                                                                                                                                                                      ","UN    ",13.79,{"$nulls":4},16.8]
[767,"BUCHA DE REDUCAO DE FERRO GALVANIZADO, COM ROSCA BSP, DE 1 1/2\" X 3/4\"                                                                                                                                                                                                                                                                                                                                                                                                                                    ","UN    ",13.79,{"$nulls":4},16.8]
[768,"BUCHA DE REDUCAO DE FERRO GALVANIZADO, COM ROSCA BSP, DE 1 1/4\" X 1/2\"                                                                                                                                                                                                                                                                                                                                                                                                                                    ","UN    ",10.83,{"$nulls":4},13.19]
[789,"BUCHA DE REDUCAO DE FERRO GALVANIZADO, COM ROSCA BSP, DE 1 1/4\" X 1\"                                                                                                                                                                                                                                                                                                                                                                                                                                      ","UN    ",{"v":10.6,"d":"10.60"},{"$nulls":4},12.91]
[769,"BUCHA DE REDUCAO DE FERRO GALVANIZADO, COM ROSCA BSP, DE 1 1/4\" X 3/4\"                                                                                                                                                                                                                                                                                                                                                                                                                                    ","UN    ",10.83,{"$nulls":4},13.19]
[770,"BUCHA DE REDUCAO DE FERRO GALVANIZADO, COM ROSCA BSP, DE 1/2\" X 1/4\"                                                                                                                                                                                                                                                                                                                                                                                                                                      ","UN    ",3.82,{"$nulls":4},4.65]
[12394,"BUCHA DE REDUCAO DE FERRO GALVANIZADO, COM ROSCA BSP, DE 1/2\" X 3/8\"                                                                                                                                                                                                                                                                                                                                                                                                                                      ","UN    ",3.82,{"$nulls":4},4.65]
[764,"BUCHA DE REDUCAO DE FERRO GALVANIZADO, COM ROSCA BSP, DE 1\" X 1/2\"                                                                                                                                                                                                                                                                                                                                                                                                                                        ","UN    ",6.67,{"$nulls":4},8.12]
[765,"BUCHA DE REDUCAO DE FERRO GALVANIZADO, COM ROSCA BSP, DE 1\" X 3/4\"                                                                                                                                                                                                                                                                                                                                                                                                                                        ","UN    ",6.67,{"$nulls":4},8.12]
[787,"BUCHA DE REDUCAO DE FERRO GALVANIZADO, COM ROSCA BSP, DE 2 1/2\" X 1 1/2\"                                                                                                                                                                                                                                                                                                                                                                                                                                  ","UN    ",29.78,{"$nulls":4},36.27]
[774,"BUCHA DE REDUCAO DE FERRO GALVANIZADO, COM ROSCA BSP, DE 2 1/2\" X 1 1/4\"                                                                                                                                                                                                                                                                                                                                                                                                                                  ","UN    ",29.78,{"$nulls":4},36.27]
[773,"BUCHA DE REDUCAO DE FERRO GALVANIZADO, COM ROSCA BSP, DE 2 1/2\" X 1\"                                                                                                                                                                                                                                                                                                                                                                                                                                      ","UN    ",29.78,{"$nulls":4},36.27]
[775,"BUCHA DE REDUCAO DE FERRO GALVANIZADO, COM ROSCA BSP, DE 2 1/2\" X 2\"                                                                                                                                                                                                                                                                                                                                                                                                                                      ","UN    ",29.78,{"$nulls":4},36.27]
[788,"BUCHA DE REDUCAO DE FERRO GALVANIZADO, COM ROSCA BSP, DE 2\" X 1 1/2\"                                                                                                                                                                                                                                                                                                                                                                                                                                      ","UN    ",18.51,{"$nulls":4},22.54]
[772,"BUCHA DE REDUCAO DE FERRO GALVANIZADO, COM ROSCA BSP, DE 2\" X 1 1/4\"                                                                                                                                                                                                                                                                                                                                                                                                                                      ","UN    ",18.51,{"$nulls":4},22.54]
[771,"BUCHA DE REDUCAO DE FERRO GALVANIZADO, COM ROSCA BSP, DE 2\" X 1\"                                                                                                                                                                                                                                                                                                                                                                                                                                          ","UN    ",18.51,{"$nulls":4},22.54]
[779,"BUCHA DE REDUCAO DE FERRO GALVANIZADO, COM ROSCA BSP, DE 3/4\" X 1/2\"                                                                                                                                                                                                                                                                                                                                                                                                                                      ","UN    ",{"v":4.6,"d":"4.60"},{"$nulls":4},5.6]
[776,"BUCHA DE REDUCAO DE FERRO GALVANIZADO, COM ROSCA BSP, DE 3\" X 1 1/2\"                                                                                                                                                                                                                                                                                                                                                                                                                                      ","UN    ",{"v":43.9,"d":"43.90"},{"$nulls":4},53.47]
[777,"BUCHA DE REDUCAO DE FERRO GALVANIZADO, COM ROSCA BSP, DE 3\" X 1 1/4\"                                                                                                                                                                                                                                                                                                                                                                                                                                      ","UN    ",42.68,{"$nulls":4},51.98]
[780,"BUCHA DE REDUCAO DE FERRO GALVANIZADO, COM ROSCA BSP, DE 3\" X 2 1/2\"                                                                                                                                                                                                                                                                                                                                                                                                                                      ","UN    ",42.89,{"$nulls":4},52.24]
[778,"BUCHA DE REDUCAO DE FERRO GALVANIZADO, COM ROSCA BSP, DE 3\" X 2\"                                                                                                                                                                                                                                                                                                                                                                                                                                          ","UN    ",{"v":43.9,"d":"43.90"},{"$nulls":4},53.47]
[781,"BUCHA DE REDUCAO DE FERRO GALVANIZADO, COM ROSCA BSP, DE 4\" X 2 1/2\"                                                                                                                                                                                                                                                                                                                                                                                                                                      ","UN    ",81.11,{"$nulls":4},98.79]
[786,"BUCHA DE REDUCAO DE FERRO GALVANIZADO, COM ROSCA BSP, DE 4\" X 2\"                                                                                                                                                                                                                                                                                                                                                                                                                                          ","UN    ",81.11,{"$nulls":4},98.79]
[782,"BUCHA DE REDUCAO DE FERRO GALVANIZADO, COM ROSCA BSP, DE 4\" X 3\"                                                                                                                                                                                                                                                                                                                                                                                                                                          ","UN    ",81.11,{"$nulls":4},98.79]
[783,"BUCHA DE REDUCAO DE FERRO GALVANIZADO, COM ROSCA BSP, DE 5\" X 4\"                                                                                                                                                                                                                                                                                                                                                                                                                                          ","UN    ",221.98,{"$nulls":4},270.38]
[785,"BUCHA DE REDUCAO DE FERRO GALVANIZADO, COM ROSCA BSP, DE 6\" X 4\"                                                                                                                                                                                                                                                                                                                                                                                                                                          ","UN    ",234.55,{"$nulls":4},285.69]
[784,"BUCHA DE REDUCAO DE FERRO GALVANIZADO, COM ROSCA BSP, DE 6\" X 5\"                                                                                                                                                                                                                                                                                                                                                                                                                                          ","UN    ",251.61,{"$nulls":4},306.47]
[828,"BUCHA DE REDUCAO DE PVC, SOLDAVEL, CURTA, COM 25 X 20 MM, PARA AGUA FRIA PREDIAL                                                                                                                                                                                                                                                                                                                                                                                                                          ","UN    ",0.48,{"$nulls":4},0.59]
[829,"BUCHA DE REDUCAO DE PVC, SOLDAVEL, CURTA, COM 32 X 25 MM, PARA AGUA FRIA PREDIAL                                                                                                                                                                                                                                                                                                                                                                                                                          ","UN    ",0.78,{"$nulls":4},0.95]
[812,"BUCHA DE REDUCAO DE PVC, SOLDAVEL, CURTA, COM 40 X 32 MM, PARA AGUA FRIA PREDIAL                                                                                                                                                                                                                                                                                                                                                                                                                          ","UN    ",1.72,{"$nulls":4},2.1]
[819,"BUCHA DE REDUCAO DE PVC, SOLDAVEL, CURTA, COM 50 X 40 MM, PARA AGUA FRIA PREDIAL                                                                                                                                                                                                                                                                                                                                                                                                                          ","UN    ",{"v":3,"d":"3.00"},{"$nulls":4},3.65]
[818,"BUCHA DE REDUCAO DE PVC, SOLDAVEL, CURTA, COM 60 X 50 MM, PARA AGUA FRIA PREDIAL                                                                                                                                                                                                                                                                                                                                                                                                                          ","UN    ",5.59,{"$nulls":4},6.81]
[832,"BUCHA DE REDUCAO DE PVC, SOLDAVEL, LONGA, COM 32 X 20 MM, PARA AGUA FRIA PREDIAL                                                                                                                                                                                                                                                                                                                                                                                                                          ","UN    ",2.31,{"$nulls":4},2.81]
[834,"BUCHA DE REDUCAO DE PVC, SOLDAVEL, LONGA, COM 40 X 25 MM, PARA AGUA FRIA PREDIAL                                                                                                                                                                                                                                                                                                                                                                                                                          ","UN    ",2.99,{"$nulls":4},3.64]
[813,"BUCHA DE REDUCAO DE PVC, SOLDAVEL, LONGA, COM 50 X 25 MM, PARA AGUA FRIA PREDIAL                                                                                                                                                                                                                                                                                                                                                                                                                          ","UN    ",3.48,{"$nulls":4},4.24]
[820,"BUCHA DE REDUCAO DE PVC, SOLDAVEL, LONGA, COM 50 X 32 MM, PARA AGUA FRIA PREDIAL                                                                                                                                                                                                                                                                                                                                                                                                                          ","UN    ",4.69,{"$nulls":4},5.71]
[816,"BUCHA DE REDUCAO DE PVC, SOLDAVEL, LONGA, COM 60 X 25 MM, PARA AGUA FRIA PREDIAL                                                                                                                                                                                                                                                                                                                                                                                                                          ","UN    ",8.35,{"$nulls":4},10.17]
[814,"BUCHA DE REDUCAO DE PVC, SOLDAVEL, LONGA, COM 60 X 32 MM, PARA AGUA FRIA PREDIAL                                                                                                                                                                                                                                                                                                                                                                                                                          ","UN    ",10.37,{"$nulls":4},12.63]
[822,"BUCHA DE REDUCAO DE PVC, SOLDAVEL, LONGA, COM 60 X 50 MM, PARA AGUA FRIA PREDIAL                                                                                                                                                                                                                                                                                                                                                                                                                          ","UN    ",13.54,{"$nulls":4},16.49]
[821,"BUCHA DE REDUCAO DE PVC, SOLDAVEL, LONGA, COM 75 X 50 MM, PARA AGUA FRIA PREDIAL                                                                                                                                                                                                                                                                                                                                                                                                                          ","UN    ",15.48,{"$nulls":4},18.86]
[20086,"BUCHA DE REDUCAO DE PVC, SOLDAVEL, LONGA, 50 X 40 MM, PARA ESGOTO PREDIAL                                                                                                                                                                                                                                                                                                                                                                                                                                 ","UN    ",2.49,{"$nulls":4},3.03]
[39191,"BUCHA DE REDUCAO EM ALUMINIO, COM ROSCA, DE 1 1/2\" X 1 1/4\", PARA ELETRODUTO                                                                                                                                                                                                                                                                                                                                                                                                                              ","UN    ",15.61,{"$nulls":4},19.01]
[39190,"BUCHA DE REDUCAO EM ALUMINIO, COM ROSCA, DE 1 1/2\" X 1\", PARA ELETRODUTO                                                                                                                                                                                                                                                                                                                                                                                                                                  ","UN    ",16.31,{"$nulls":4},19.86]
[39189,"BUCHA DE REDUCAO EM ALUMINIO, COM ROSCA, DE 1 1/2\" X 3/4\", PARA ELETRODUTO                                                                                                                                                                                                                                                                                                                                                                                                                                ","UN    ",17.26,{"$nulls":4},21.02]
[39186,"BUCHA DE REDUCAO EM ALUMINIO, COM ROSCA, DE 1 1/4\" X 1/2\", PARA ELETRODUTO                                                                                                                                                                                                                                                                                                                                                                                                                                ","UN    ",15.44,{"$nulls":4},18.81]
[39188,"BUCHA DE REDUCAO EM ALUMINIO, COM ROSCA, DE 1 1/4\" X 1\", PARA ELETRODUTO                                                                                                                                                                                                                                                                                                                                                                                                                                  ","UN    ",{"v":12.7,"d":"12.70"},{"$nulls":4},15.47]
[39187,"BUCHA DE REDUCAO EM ALUMINIO, COM ROSCA, DE 1 1/4\" X 3/4\", PARA ELETRODUTO                                                                                                                                                                                                                                                                                                                                                                                                                                ","UN    ",13.32,{"$nulls":4},16.22]
[39184,"BUCHA DE REDUCAO EM ALUMINIO, COM ROSCA, DE 1\" X 1/2\", PARA ELETRODUTO                                                                                                                                                                                                                                                                                                                                                                                                                                    ","UN    ",5.01,{"$nulls":4},6.1]
[39185,"BUCHA DE REDUCAO EM ALUMINIO, COM ROSCA, DE 1\" X 3/4\", PARA ELETRODUTO                                                                                                                                                                                                                                                                                                                                                                                                                                    ","UN    ",4.56,{"$nulls":4},5.56]
[39198,"BUCHA DE REDUCAO EM ALUMINIO, COM ROSCA, DE 2 1/2\" X 1 1/2\", PARA ELETRODUTO                                                                                                                                                                                                                                                                                                                                                                                                                              ","UN    ",51.21,{"$nulls":4},62.38]
[39197,"BUCHA DE REDUCAO EM ALUMINIO, COM ROSCA, DE 2 1/2\" X 1 1/4\", PARA ELETRODUTO                                                                                                                                                                                                                                                                                                                                                                                                                              ","UN    ",{"v":53.5,"d":"53.50"},{"$nulls":4},65.16]
[39196,"BUCHA DE REDUCAO EM ALUMINIO, COM ROSCA, DE 2 1/2\" X 1\", PARA ELETRODUTO                                                                                                                                                                                                                                                                                                                                                                                                                                  ","UN    ",55.17,{"$nulls":4},67.2]
[39199,"BUCHA DE REDUCAO EM ALUMINIO, COM ROSCA, DE 2 1/2\" X 2\", PARA ELETRODUTO                                                                                                                                                                                                                                                                                                                                                                                                                                  ","UN    ",49.28,{"$nulls":4},60.03]
[39195,"BUCHA DE REDUCAO EM ALUMINIO, COM ROSCA, DE 2\" X 1 1/2\", PARA ELETRODUTO                                                                                                                                                                                                                                                                                                                                                                                                                                  ","UN    ",28.45,{"$nulls":4},34.65]
[39194,"BUCHA DE REDUCAO EM ALUMINIO, COM ROSCA, DE 2\" X 1 1/4\", PARA ELETRODUTO                                                                                                                                                                                                                                                                                                                                                                                                                                  ","UN    ",30.44,{"$nulls":4},37.08]
[39193,"BUCHA DE REDUCAO EM ALUMINIO, COM ROSCA, DE 2\" X 1\", PARA ELETRODUTO                                                                                                                                                                                                                                                                                                                                                                                                                                      ","UN    ",33.37,{"$nulls":4},40.64]
[39192,"BUCHA DE REDUCAO EM ALUMINIO, COM ROSCA, DE 2\" X 3/4\", PARA ELETRODUTO                                                                                                                                                                                                                                                                                                                                                                                                                                    ","UN    ",34.71,{"$nulls":4},42.28]
[39920,"BUCHA DE REDUCAO EM ALUMINIO, COM ROSCA, DE 3/4\" X 1/2\",  PARA ELETRODUTO                                                                                                                                                                                                                                                                                                                                                                                                                                 ","UN    ",{"v":4.2,"d":"4.20"},{"$nulls":4},5.12]
[39201,"BUCHA DE REDUCAO EM ALUMINIO, COM ROSCA, DE 3\" X 1 1/2\", PARA ELETRODUTO                                                                                                                                                                                                                                                                                                                                                                                                                                  ","UN    ",61.23,{"$nulls":4},74.58]
[39200,"BUCHA DE REDUCAO EM ALUMINIO, COM ROSCA, DE 3\" X 1 1/4\", PARA ELETRODUTO                                                                                                                                                                                                                                                                                                                                                                                                                                  ","UN    ",61.72,{"$nulls":4},75.18]
[39203,"BUCHA DE REDUCAO EM ALUMINIO, COM ROSCA, DE 3\" X 2 1/2\", PARA ELETRODUTO                                                                                                                                                                                                                                                                                                                                                                                                                                  ","UN    ",49.83,{"$nulls":4},60.7]
[39202,"BUCHA DE REDUCAO EM ALUMINIO, COM ROSCA, DE 3\" X 2\", PARA ELETRODUTO                                                                                                                                                                                                                                                                                                                                                                                                                                      ","UN    ",58.55,{"$nulls":4},71.31]
[39205,"BUCHA DE REDUCAO EM ALUMINIO, COM ROSCA, DE 4\" X 2 1/2\", PARA ELETRODUTO                                                                                                                                                                                                                                                                                                                                                                                                                                  ","UN    ",97.67,{"$nulls":4},118.97]
[39204,"BUCHA DE REDUCAO EM ALUMINIO, COM ROSCA, DE 4\" X 2\", PARA ELETRODUTO                                                                                                                                                                                                                                                                                                                                                                                                                                      ","UN    ",100.04,{"$nulls":4},121.85]
[39206,"BUCHA DE REDUCAO EM ALUMINIO, COM ROSCA, DE 4\" X 3\", PARA ELETRODUTO                                                                                                                                                                                                                                                                                                                                                                                                                                      ","UN    ",94.91,{"$nulls":4},115.6]
[798,"BUCHA DE REDUCAO PVC ROSCAVEL 3/4\" X 1/2\"                                                                                                                                                                                                                                                                                                                                                                                                                                                                 ","UN    ",0.96,{"$nulls":4},1.17]
[797,"BUCHA DE REDUCAO PVC, ROSCAVEL 1 1/2\" X 1\"                                                                                                                                                                                                                                                                                                                                                                                                                                                                ","UN    ",7.01,{"$nulls":4},8.54]
[796,"BUCHA DE REDUCAO PVC, ROSCAVEL, 1 1/2\" X 3/4\"                                                                                                                                                                                                                                                                                                                                                                                                                                                             ","UN    ",5.95,{"$nulls":4},7.25]
[799,"BUCHA DE REDUCAO PVC, ROSCAVEL, 1\" X 1/2\"                                                                                                                                                                                                                                                                                                                                                                                                                                                                 ","UN    ",2.88,{"$nulls":4},3.51]
[792,"BUCHA DE REDUCAO PVC, ROSCAVEL, 1\" X 3/4\"                                                                                                                                                                                                                                                                                                                                                                                                                                                                 ","UN    ",2.79,{"$nulls":4},3.4]
[38001,"BUCHA DE REDUCAO, CPVC, SOLDAVEL, 22 X 15 MM, PARA AGUA QUENTE                                                                                                                                                                                                                                                                                                                                                                                                                                            ","UN    ",0.92,{"$nulls":4},1.12]
[38002,"BUCHA DE REDUCAO, CPVC, SOLDAVEL, 28 X 22 MM, PARA AGUA QUENTE                                                                                                                                                                                                                                                                                                                                                                                                                                            ","UN    ",3.19,{"$nulls":4},3.89]
[38003,"BUCHA DE REDUCAO, CPVC, SOLDAVEL, 35 X 28 MM, PARA AGUA QUENTE                                                                                                                                                                                                                                                                                                                                                                                                                                            ","UN    ",21.83,{"$nulls":4},26.59]
[38004,"BUCHA DE REDUCAO, CPVC, SOLDAVEL, 42 X 22 MM, PARA AGUA QUENTE                                                                                                                                                                                                                                                                                                                                                                                                                                            ","UN    ",25.11,{"$nulls":4},30.58]
[44263,"BUCHA DE REDUCAO, CPVC, SOLDAVEL, 54 X 35 MM, PARA AGUA QUENTE                                                                                                                                                                                                                                                                                                                                                                                                                                            ","UN    ",45.07,{"$nulls":4},54.9]
[36327,"BUCHA DE REDUCAO, PPR, DN 25 X 20 MM, PARA AGUA QUENTE PREDIAL                                                                                                                                                                                                                                                                                                                                                                                                                                            ","UN    ",3.08,{"$nulls":4},3.75]
[38992,"BUCHA DE REDUCAO, PPR, DN 32 X 25 MM, PARA AGUA QUENTE E FRIA PREDIAL                                                                                                                                                                                                                                                                                                                                                                                                                                     ","UN    ",3.74,{"$nulls":4},4.56]
[38993,"BUCHA DE REDUCAO, PPR, DN 40 X 25 MM, PARA AGUA QUENTE E FRIA PREDIAL                                                                                                                                                                                                                                                                                                                                                                                                                                     ","UN    ",9.73,{"$nulls":4},11.85]
[44175,"BUCHA DE REDUCAO, PPR, DN 50 X 25 MM, PARA AGUA QUENTE E FRIA PREDIAL                                                                                                                                                                                                                                                                                                                                                                                                                                     ","UN    ",16.98,{"$nulls":4},20.68]
[44177,"BUCHA DE REDUCAO, PPR, DN 50 X 32 MM, PARA AGUA QUENTE E FRIA PREDIAL                                                                                                                                                                                                                                                                                                                                                                                                                                     ","UN    ",12.68,{"$nulls":4},15.45]
[38418,"BUCHA DE REDUCAO, PVC, LONGA, SERIE R, DN 50 X 40 MM, PARA ESGOTO PREDIAL                                                                                                                                                                                                                                                                                                                                                                                                                                 ","UN    ",4.28,{"$nulls":4},5.21]
[39178,"BUCHA EM ALUMINIO, COM ROSCA, DE  1 1/2\", PARA ELETRODUTO                                                                                                                                                                                                                                                                                                                                                                                                                                                 ","UN    ",1.68,{"$nulls":4},2.05]
[39177,"BUCHA EM ALUMINIO, COM ROSCA, DE 1 1/4\", PARA ELETRODUTO                                                                                                                                                                                                                                                                                                                                                                                                                                                  ","UN    ",1.53,{"$nulls":4},1.86]
[39174,"BUCHA EM ALUMINIO, COM ROSCA, DE 1/2\", PARA ELETRODUTO                                                                                                                                                                                                                                                                                                                                                                                                                                                    ","UN    ",0.76,{"$nulls":4},0.93]
[39176,"BUCHA EM ALUMINIO, COM ROSCA, DE 1\", PARA ELETRODUTO                                                                                                                                                                                                                                                                                                                                                                                                                                                      ","UN    ",{"v":1,"d":"1.00"},{"$nulls":4},1.22]
[39180,"BUCHA EM ALUMINIO, COM ROSCA, DE 2 1/2\", PARA ELETRODUTO                                                                                                                                                                                                                                                                                                                                                                                                                                                  ","UN    ",4.58,{"$nulls":4},5.58]
[39179,"BUCHA EM ALUMINIO, COM ROSCA, DE 2\", PARA ELETRODUTO                                                                                                                                                                                                                                                                                                                                                                                                                                                      ","UN    ",4.06,{"$nulls":4},4.94]
[39175,"BUCHA EM ALUMINIO, COM ROSCA, DE 3/4\", PARA ELETRODUTO                                                                                                                                                                                                                                                                                                                                                                                                                                                    ","UN    ",0.93,{"$nulls":4},1.13]
[39217,"BUCHA EM ALUMINIO, COM ROSCA, DE 3/8\", PARA ELETRODUTO                                                                                                                                                                                                                                                                                                                                                                                                                                                    ","UN    ",0.71,{"$nulls":4},0.87]
[39181,"BUCHA EM ALUMINIO, COM ROSCA, DE 3\", PARA ELETRODUTO                                                                                                                                                                                                                                                                                                                                                                                                                                                      ","UN    ",6.15,{"$nulls":4},7.49]
[39182,"BUCHA EM ALUMINIO, COM ROSCA, DE 4\", PARA ELETRODUTO                                                                                                                                                                                                                                                                                                                                                                                                                                                      ","UN    ",8.65,{"$nulls":4},10.53]
[12616,"CABECEIRA DIREITA OU ESQUERDA, PVC, PARA CALHA PLUVIAL, DIAMETRO ENTRE *119 E 170* MM, PARA DRENAGEM PLUVIAL PREDIAL                                                                                                                                                                                                                                                                                                                                                                                      ","UN    ",{"v":13.2,"d":"13.20"},{"$nulls":4},16.08]
[1049,"CABECOTE PARA ENTRADA DE LINHA DE ALIMENTACAO PARA ELETRODUTO, EM LIGA DE ALUMINIO COM ACABAMENTO ANTI CORROSIVO, COM FIXACAO POR ENCAIXE LISO DE 360 GRAUS, DE 1 1/2\"                                                                                                                                                                                                                                                                                                                                    ","UN    ",7.23,{"$nulls":4},8.81]
[1099,"CABECOTE PARA ENTRADA DE LINHA DE ALIMENTACAO PARA ELETRODUTO, EM LIGA DE ALUMINIO COM ACABAMENTO ANTI CORROSIVO, COM FIXACAO POR ENCAIXE LISO DE 360 GRAUS, DE 1 1/4\"                                                                                                                                                                                                                                                                                                                                    ","UN    ",5.53,{"$nulls":4},6.74]
[39678,"CABECOTE PARA ENTRADA DE LINHA DE ALIMENTACAO PARA ELETRODUTO, EM LIGA DE ALUMINIO COM ACABAMENTO ANTI CORROSIVO, COM FIXACAO POR ENCAIXE LISO DE 360 GRAUS, DE 1/2\"                                                                                                                                                                                                                                                                                                                                      ","UN    ",2.23,{"$nulls":4},2.72]
[1050,"CABECOTE PARA ENTRADA DE LINHA DE ALIMENTACAO PARA ELETRODUTO, EM LIGA DE ALUMINIO COM ACABAMENTO ANTI CORROSIVO, COM FIXACAO POR ENCAIXE LISO DE 360 GRAUS, DE 1\"                                                                                                                                                                                                                                                                                                                                        ","UN    ",3.78,{"$nulls":4},4.61]
[1101,"CABECOTE PARA ENTRADA DE LINHA DE ALIMENTACAO PARA ELETRODUTO, EM LIGA DE ALUMINIO COM ACABAMENTO ANTI CORROSIVO, COM FIXACAO POR ENCAIXE LISO DE 360 GRAUS, DE 2 1/2\"                                                                                                                                                                                                                                                                                                                                    ","UN    ",23.87,{"$nulls":4},29.07]
[1100,"CABECOTE PARA ENTRADA DE LINHA DE ALIMENTACAO PARA ELETRODUTO, EM LIGA DE ALUMINIO COM ACABAMENTO ANTI CORROSIVO, COM FIXACAO POR ENCAIXE LISO DE 360 GRAUS, DE 2\"                                                                                                                                                                                                                                                                                                                                        ","UN    ",12.32,{"$nulls":4},15]
[39679,"CABECOTE PARA ENTRADA DE LINHA DE ALIMENTACAO PARA ELETRODUTO, EM LIGA DE ALUMINIO COM ACABAMENTO ANTI CORROSIVO, COM FIXACAO POR ENCAIXE LISO DE 360 GRAUS, DE 3 1/2\"                                                                                                                                                                                                                                                                                                                                    ","UN    ",47.57,{"$nulls":4},57.94]
[1098,"CABECOTE PARA ENTRADA DE LINHA DE ALIMENTACAO PARA ELETRODUTO, EM LIGA DE ALUMINIO COM ACABAMENTO ANTI CORROSIVO, COM FIXACAO POR ENCAIXE LISO DE 360 GRAUS, DE 3/4\"                                                                                                                                                                                                                                                                                                                                      ","UN    ",2.96,{"$nulls":4},3.6]
[1102,"CABECOTE PARA ENTRADA DE LINHA DE ALIMENTACAO PARA ELETRODUTO, EM LIGA DE ALUMINIO COM ACABAMENTO ANTI CORROSIVO, COM FIXACAO POR ENCAIXE LISO DE 360 GRAUS, DE 3\"                                                                                                                                                                                                                                                                                                                                        ","UN    ",35.59,{"$nulls":4},43.35]
[1051,"CABECOTE PARA ENTRADA DE LINHA DE ALIMENTACAO PARA ELETRODUTO, EM LIGA DE ALUMINIO COM ACABAMENTO ANTI CORROSIVO, COM FIXACAO POR ENCAIXE LISO DE 360 GRAUS, DE 4\"                                                                                                                                                                                                                                                                                                                                        ","UN    ",51.73,{"$nulls":4},63.01]
[37399,"CABIDE/GANCHO DE BANHEIRO SIMPLES EM METAL CROMADO                                                                                                                                                                                                                                                                                                                                                                                                                                                        ","UN    ",16.36,{"$nulls":4},19.93]
[43834,"CABO COAXIAL RG11 95% DE MALHA                                                                                                                                                                                                                                                                                                                                                                                                                                                                            ","M     ",16.49,{"$nulls":4},20.09]
[43835,"CABO COAXIAL RG59 95% DE MALHA                                                                                                                                                                                                                                                                                                                                                                                                                                                                            ","M     ",1.48,{"$nulls":4},1.8]
[43833,"CABO COAXIAL RG6 95% DE MALHA                                                                                                                                                                                                                                                                                                                                                                                                                                                                             ","M     ",1.54,{"$nulls":4},1.87]
[41955,"CABO DE ACO GALVANIZADO, DIAMETRO 12,7 MM (1/2\"), COM ALMA DE ACO CABO INDEPENDENTE 6 X 25 F                                                                                                                                                                                                                                                                                                                                                                                                              ","KG    ",68.55,{"$nulls":4},83.5]
[41953,"CABO DE ACO GALVANIZADO, DIAMETRO 12,7 MM (1/2\"), COM ALMA DE FIBRA 6 X 25 F                                                                                                                                                                                                                                                                                                                                                                                                                              ","KG    ",65.43,{"$nulls":4},79.69]
[41954,"CABO DE ACO GALVANIZADO, DIAMETRO 9,53 MM (3/8\"), COM ALMA DE FIBRA 6 X 25 F                                                                                                                                                                                                                                                                                                                                                                                                                              ","KG    ",{"v":64.8,"d":"64.80"},{"$nulls":4},78.93]
[25004,"CABO DE ALUMINIO NU COM ALMA DE ACO, BITOLA 1/0 AWG                                                                                                                                                                                                                                                                                                                                                                                                                                                       ","KG    ",36.65,{"$nulls":4},44.64]
[25002,"CABO DE ALUMINIO NU COM ALMA DE ACO, BITOLA 2 AWG                                                                                                                                                                                                                                                                                                                                                                                                                                                         ","KG    ",36.65,{"$nulls":4},44.64]
[37409,"CABO DE ALUMINIO NU COM ALMA DE ACO, BITOLA 2/0 AWG                                                                                                                                                                                                                                                                                                                                                                                                                                                       ","KG    ",36.65,{"$nulls":4},44.64]
[841,"CABO DE ALUMINIO NU COM ALMA DE ACO, BITOLA 4 AWG                                                                                                                                                                                                                                                                                                                                                                                                                                                         ","KG    ",{"v":37.1,"d":"37.10"},{"$nulls":4},45.19]
[25005,"CABO DE ALUMINIO NU SEM ALMA DE ACO, BITOLA 1/0 AWG                                                                                                                                                                                                                                                                                                                                                                                                                                                       ","KG    ",40.22,{"$nulls":4},48.99]
[25003,"CABO DE ALUMINIO NU SEM ALMA DE ACO, BITOLA 2 AWG                                                                                                                                                                                                                                                                                                                                                                                                                                                         ","KG    ",40.82,{"$nulls":4},49.72]
[37410,"CABO DE ALUMINIO NU SEM ALMA DE ACO, BITOLA 2/0 AWG                                                                                                                                                                                                                                                                                                                                                                                                                                                       ","KG    ",40.22,{"$nulls":4},48.99]
[842,"CABO DE ALUMINIO NU SEM ALMA DE ACO, BITOLA 4 AWG                                                                                                                                                                                                                                                                                                                                                                                                                                                         ","KG    ",40.79,{"$nulls":4},49.68]
[44391,"CABO DE COBRE FLEXIVEL NAO HALOGENADO, SEM EMISSAO DE FUMACA, 750V, SECAO NOMINAL 120 MM                                                                                                                                                                                                                                                                                                                                                                                                                  ","M     ",86.91,{"$nulls":4},105.86]
[44388,"CABO DE COBRE FLEXIVEL NAO HALOGENADO, SEM EMISSAO DE FUMACA, 750V, SECAO NOMINAL 2,5 MM                                                                                                                                                                                                                                                                                                                                                                                                                  ","M     ",1.88,{"$nulls":4},2.29]
[44392,"CABO DE COBRE FLEXIVEL NAO HALOGENADO, SEM EMISSAO DE FUMACA, 750V, SECAO NOMINAL 240 MM                                                                                                                                                                                                                                                                                                                                                                                                                  ","M     ",173.06,{"$nulls":4},210.79]
[44390,"CABO DE COBRE FLEXIVEL NAO HALOGENADO, SEM EMISSAO DE FUMACA, 750V, SECAO NOMINAL 50 MM                                                                                                                                                                                                                                                                                                                                                                                                                   ","M     ",36.67,{"$nulls":4},44.66]
[44389,"CABO DE COBRE FLEXIVEL NAO HALOGENADO, SEM EMISSAO DE FUMACA, 750V, SECAO NOMINAL 6,0 MM                                                                                                                                                                                                                                                                                                                                                                                                                  ","M     ",4.33,{"$nulls":4},5.27]
[862,"CABO DE COBRE NU 10 MM2 MEIO-DURO                                                                                                                                                                                                                                                                                                                                                                                                                                                                         ","M     ",7.93,{"$nulls":4},9.66]
[866,"CABO DE COBRE NU 120 MM2 MEIO-DURO                                                                                                                                                                                                                                                                                                                                                                                                                                                                        ","M     ",100.77,{"$nulls":4},122.74]
[892,"CABO DE COBRE NU 150 MM2 MEIO-DURO                                                                                                                                                                                                                                                                                                                                                                                                                                                                        ","M     ",121.98,{"$nulls":4},148.58]
[857,"CABO DE COBRE NU 16 MM2 MEIO-DURO                                                                                                                                                                                                                                                                                                                                                                                                                                                                         ","M     ",13.27,{"$nulls":4},16.16]
[37404,"CABO DE COBRE NU 185 MM2 MEIO-DURO                                                                                                                                                                                                                                                                                                                                                                                                                                                                        ","M     ",141.13,{"$nulls":4},171.9]
[868,"CABO DE COBRE NU 25 MM2 MEIO-DURO                                                                                                                                                                                                                                                                                                                                                                                                                                                                         ","M     ",18.91,{"$nulls":4},23.03]
[863,"CABO DE COBRE NU 35 MM2 MEIO-DURO                                                                                                                                                                                                                                                                                                                                                                                                                                                                         ","M     ",27.85,{"$nulls":4},33.92]
[867,"CABO DE COBRE NU 50 MM2 MEIO-DURO                                                                                                                                                                                                                                                                                                                                                                                                                                                                         ","M     ",39.67,{"$nulls":4},48.32]
[864,"CABO DE COBRE NU 70 MM2 MEIO-DURO                                                                                                                                                                                                                                                                                                                                                                                                                                                                         ","M     ",{"v":52.4,"d":"52.40"},{"$nulls":4},63.82]
[865,"CABO DE COBRE NU 95 MM2 MEIO-DURO                                                                                                                                                                                                                                                                                                                                                                                                                                                                         ","M     ",75.37,{"$nulls":4},91.8]
[993,"CABO DE COBRE, FLEXIVEL, CLASSE 4 OU 5, ISOLACAO EM PVC/A, ANTICHAMA BWF-B, COBERTURA PVC-ST1, ANTICHAMA BWF-B, 1 CONDUTOR, 0,6/1 KV, SECAO NOMINAL 1,5 MM2                                                                                                                                                                                                                                                                                                                                               ","M     ",1.43,{"$nulls":4},1.74]
[1020,"CABO DE COBRE, FLEXIVEL, CLASSE 4 OU 5, ISOLACAO EM PVC/A, ANTICHAMA BWF-B, COBERTURA PVC-ST1, ANTICHAMA BWF-B, 1 CONDUTOR, 0,6/1 KV, SECAO NOMINAL 10 MM2                                                                                                                                                                                                                                                                                                                                                ","M     ",7.31,{"$nulls":4},8.9]
[1017,"CABO DE COBRE, FLEXIVEL, CLASSE 4 OU 5, ISOLACAO EM PVC/A, ANTICHAMA BWF-B, COBERTURA PVC-ST1, ANTICHAMA BWF-B, 1 CONDUTOR, 0,6/1 KV, SECAO NOMINAL 120 MM2                                                                                                                                                                                                                                                                                                                                               ","M     ",89.61,{"$nulls":4},109.15]
[999,"CABO DE COBRE, FLEXIVEL, CLASSE 4 OU 5, ISOLACAO EM PVC/A, ANTICHAMA BWF-B, COBERTURA PVC-ST1, ANTICHAMA BWF-B, 1 CONDUTOR, 0,6/1 KV, SECAO NOMINAL 150 MM2                                                                                                                                                                                                                                                                                                                                               ","M     ",108.57,{"$nulls":4},132.24]
[995,"CABO DE COBRE, FLEXIVEL, CLASSE 4 OU 5, ISOLACAO EM PVC/A, ANTICHAMA BWF-B, COBERTURA PVC-ST1, ANTICHAMA BWF-B, 1 CONDUTOR, 0,6/1 KV, SECAO NOMINAL 16 MM2                                                                                                                                                                                                                                                                                                                                                ","M     ",11.64,{"$nulls":4},14.18]
[1000,"CABO DE COBRE, FLEXIVEL, CLASSE 4 OU 5, ISOLACAO EM PVC/A, ANTICHAMA BWF-B, COBERTURA PVC-ST1, ANTICHAMA BWF-B, 1 CONDUTOR, 0,6/1 KV, SECAO NOMINAL 185 MM2                                                                                                                                                                                                                                                                                                                                               ","M     ",133.36,{"$nulls":4},162.43]
[1022,"CABO DE COBRE, FLEXIVEL, CLASSE 4 OU 5, ISOLACAO EM PVC/A, ANTICHAMA BWF-B, COBERTURA PVC-ST1, ANTICHAMA BWF-B, 1 CONDUTOR, 0,6/1 KV, SECAO NOMINAL 2,5 MM2                                                                                                                                                                                                                                                                                                                                               ","M     ",{"v":2,"d":"2.00"},{"$nulls":4},2.43]
[1015,"CABO DE COBRE, FLEXIVEL, CLASSE 4 OU 5, ISOLACAO EM PVC/A, ANTICHAMA BWF-B, COBERTURA PVC-ST1, ANTICHAMA BWF-B, 1 CONDUTOR, 0,6/1 KV, SECAO NOMINAL 240 MM2                                                                                                                                                                                                                              